{"text_format":"2","workbook":"xlsx","n_sheets":28,"sheets":["RESUMO MODULO TOTAL","CRONOGRAMA TOTAL","Mob"," Canteiro","Adm Local","Projeto Executivo"," CONSUMO DE MAT. B TOTAL","CPU CODEVASF","BDI","ENC. SOCIAIS","Transporte Cap 50-70","Transporte RR-1C","RESUMO_Transp","MOMENTO DE TRANSPORTE - PRINC","MOMENTO DE TRANSPORTE - AUX","MC MODULO","ANP ESTADO","ANP REGIÃO","Curva ABC","MATERIAL SICRO","Pessoal Sicro","Equipamentos","SINTÉTICO SICRO","INSUMOS SINAPI","COMP Sint. Sinapi","Tabela 1","Tabelas 1 e 2","Tabelas 2 e 3 mob"],"not_rendered":{"charts":0,"images":20,"macros":1,"external_links":203,"defined_names":32581,"comments":3,"pivot_tables":0},"unopened":[],"bounds":{"document_bytes":16777216,"sheet_cells":100000,"run_cost":"one","rows_first":2000,"rows_last":500,"rows_between":2000,"halvings":0,"cell_chars":16384,"cell_head_chars":4096},"cells_cut":0,"cells_raw":0,"read":"whole","date_system":"1900"}

{"sheet":"RESUMO MODULO TOTAL","index":0,"n_rows":49,"n_cols":21,"rows_kept":49,"cut":false,"hidden":false,"merged":[[4,1,4,13],[10,4,10,7],[11,4,11,7],[13,4,13,7],[14,4,14,7],[16,4,16,7],[18,4,18,7],[19,4,19,7],[20,4,20,7],[21,4,21,7],[23,4,23,7],[24,4,24,7],[25,4,25,7],[26,4,26,7],[28,4,28,7],[29,4,29,7],[30,4,30,7],[31,4,31,7],[33,4,33,7],[34,4,34,7],[36,4,36,7],[38,4,38,7],[39,4,39,7],[40,4,40,7],[41,4,41,7],[42,4,42,7],[43,4,43,7],[44,4,44,7],[45,4,45,7],[46,4,46,7],[5,1,8,1],[5,2,8,2],[5,3,8,3],[6,9,7,9],[6,12,8,12],[6,13,8,13],[1,1,3,11],[5,4,8,7]]}
[null,"CONTRATAÇÃO DE SERVIÇOS DE EXECUÇÃO CAPA ASFÁLTICA COM CONCRETO BETUMINOSO USINADO A QUENTE (CBUQ) EM VIAS DE DIVERSOS MUNICÍPIOS DA MESOREGIÃO DA MATA PERNAMBUCANA, ÁREA DE ATUAÇÃO DA 15ª SUPERINTENDÊNCIA REGIONAL DA CODEVASF, EM RECIFE",{"$nulls":11},"xxxxxxxxxxxx"]
[{"$nulls":12},"SICRO:",{"$f":"'SINTÉTICO SICRO'!B2","v":"Pernambuco - Abril/2024"}]
[{"$nulls":12},"SINAPI:",{"$f":"RIGHT('INSUMOS SINAPI'!A3,7)","v":"08/2024"}]
[{"$nulls":12},"Data base do orçamento: ","2024-10-01"]
[null,{"$f":"B1","v":"CONTRATAÇÃO DE SERVIÇOS DE EXECUÇÃO CAPA ASFÁLTICA COM CONCRETO BETUMINOSO USINADO A QUENTE (CBUQ) EM VIAS DE DIVERSOS MUNICÍPIOS DA MESOREGIÃO DA MATA PERNAMBUCANA, ÁREA DE ATUAÇÃO DA 15ª SUPERINTENDÊNCIA REGIONAL DA CODEVASF, EM RECIFE"}]
[null,"ITEM","ORIGEM\nCOMPOSIÇÃO","CÓDIGO\nCOMPOSIÇÃO","DISCRIMINAÇÃO DOS SERVIÇOS",null,null,null,"BDI % =",{"$f":"BDI!C16","v":0.2339},"BDI  DIFERENCIADO%:",{"$f":"BDI!C66","v":0.15},"R$/m² =",{"$f":"N48/I8","v":98.04}]
[{"$nulls":8},"Total de m²","Encargos Sociais:","Horista R$","Mensalista R$","PREÇO UNITÁRIO COM BDI","PREÇO TOTAL COM BDI "]
[{"$nulls":8},{"$f":"'MC MODULO'!G1*'MC MODULO'!C1*'MC MODULO'!C2","v":308000},null,{"$f":"'ENC. SOCIAIS'!$E$51","v":113.98},{"$f":"'ENC. SOCIAIS'!$F$51","v":70}]
[{"$nulls":8},"UND","QTDE.","BDI","PREÇO UNITÁRIO "]
[{"$nulls":4},"MOBILIZAÇÃO/DESMOBILIZAÇÃO"]
[{"$f":"VLOOKUP(N11,'RESUMO MODULO TOTAL'!$O$11:$P$44,2,0)","v":{"$error":"#N/A"}},1,"Codevasf","Mob","Mobilização",null,null,null,"kmxfrente",{"$f":"Mob!B65*Mob!H6","v":1848},{"$f":"(M11/L11-1)","v":0.2339},{"$f":"Mob!B62","v":107.215318333333},{"$f":"Mob!B64","v":132.2929812915},{"$f":"ROUND(ROUND(J11,2)*ROUND(M11,6),2)","v":244477.43},null,"INCC",null,"N1","TERRAPLENAGEM",{"$f":"(SUMIF(P:P,\"TERRAPLENAGEM\",N:N)/$N$49)","v":0},{"$f":"(SUMIF(P:P,\"TERRAPLENAGEM\",N:N))","v":0}]
[{"$f":"VLOOKUP(N12,'RESUMO MODULO TOTAL'!$O$11:$P$44,2,0)","v":{"$error":"#N/A"}},2,"Codevasf","Mob","Desmobilização",null,null,null,"kmxfrente",{"$f":"Mob!H6*Mob!B65","v":1848},{"$f":"(M12/L12-1)","v":0.2339},{"$f":"Mob!B62","v":107.215318333333},{"$f":"Mob!B64","v":132.2929812915},{"$f":"ROUND(ROUND(J12,2)*ROUND(M12,6),2)","v":244477.43},null,"INCC",null,"N2","PAVIMENTAÇÃO",{"$f":"SUMIF(P:P,\"PAVIMENTAÇÃO\",N:N)/$N$49","v":0.889449814083305},{"$f":"(SUMIF(P:P,\"PAVIMENTAÇÃO\",N:N))","v":26858111.21}]
[{"$nulls":4},"INSTALAÇÃO DE CANTEIRO",{"$nulls":12},"N3","CONSULTORIA",{"$f":"SUMIF(P:P,\"CONSULTORIA\",N:N)/$N$49","v":0},{"$f":"(SUMIF(P:P,\"CONSULTORIA\",N:N))","v":0}]
[{"$f":"VLOOKUP(#REF!,'RESUMO MODULO TOTAL'!$O$11:$P$44,2,0)","v":{"$error":"#REF!"}},3,"Codevasf","Canteiro","Canteiro de Obras",null,null,null,"frente",{"$f":"'MC MODULO'!G1","v":22},{"$f":"(M14/L14-1)","v":0.2339},{"$f":"' Canteiro'!F11","v":19147.44},{"$f":"' Canteiro'!F13","v":23626.026216},{"$f":"ROUND(ROUND(J14,2)*ROUND(M14,6),2)","v":519772.58},null,"INCC",null,"N4","DRENAGEM",{"$f":"SUMIF(P:P,\"DRENAGEM\",N:N)/$N$49","v":0.00255309488043576},{"$f":"(SUMIF(P:P,\"DRENAGEM\",N:N))","v":77094.07}]
[{"$f":"VLOOKUP(N14,'RESUMO MODULO TOTAL'!$O$11:$P$44,2,0)","v":{"$error":"#N/A"}},4,"SINAPI",103689,"Fornecimento e instalação de placa de obra com chapa galvanizada e estrutura de madeira. af_03/2022_ps",null,null,null,"m²",{"$f":"'MC MODULO'!H25","v":352},{"$f":"(M15/L15-1)","v":0.2339},{"$f":"VLOOKUP(D15,'COMP Sint. Sinapi'!G7:K1048576,5,0)","v":"462,54"},{"$f":"L15*(1+$J$6)","v":570.728106},{"$f":"ROUND(ROUND(J15,2)*ROUND(M15,6),2)","v":200896.29},null,"INCC",null,"N5","ADMINISTRAÇÃO LOCAL",{"$f":"SUMIF(P:P,\"ADMINISTRAÇÃO LOCAL\",N:N)/$N$49","v":0},{"$f":"(SUMIF(P:P,\"ADMINISTRAÇÃO LOCAL\",N:N))","v":0}]
[{"$nulls":4},"ADMINISTRAÇÃO LOCAL DA OBRA",{"$nulls":12},"N6","SINALIZAÇÃO VERTICAL",{"$f":"SUMIF(P:P,\"SINALIZAÇÃO VERTICAL\",N:N)/$N$49","v":0},{"$f":"(SUMIF(P:P,\"SINALIZAÇÃO VERTICAL\",N:N))","v":0}]
[null,5,"Codevasf","Adm Local","Administração Local da Obra",null,null,null,"und",1,{"$f":"(M17/L17-1)","v":0.2339},{"$f":"'Adm Local'!J249","v":801175.983722506},{"$f":"'Adm Local'!I251","v":988571.0463152},{"$f":"ROUND(ROUND(J17,2)*ROUND(M17,6),2)","v":988571.05},null,"INCC",null,"N7","SINALIZAÇÃO HORIZONTAL",{"$f":"SUMIF(P:P,\"SINALIZAÇÃO HORIZONTAL\",N:N)/$N$49","v":0},{"$f":"(SUMIF(P:P,\"SINALIZAÇÃO HORIZONTAL\",N:N))","v":0}]
[{"$f":"VLOOKUP(N18,'RESUMO MODULO TOTAL'!$O$11:$P$44,2,0)","v":{"$error":"#N/A"}},null,null,null,"PAVIMENTAÇÃO",{"$nulls":12},"N8","CAP",{"$f":"(SUMIF(P:P,\"CAP\",N:N))/$N$49","v":0},{"$f":"(SUMIF(P:P,\"CAP\",N:N))","v":0}]
[{"$f":"VLOOKUP(N19,'RESUMO MODULO TOTAL'!$O$11:$P$44,2,0)","v":{"$error":"#N/A"}},6,"SICRO",4011463,{"$f":"VLOOKUP(D19,'SINTÉTICO SICRO'!$A$4:$D$1048576,2,0)","v":"Concreto asfáltico - faixa C - areia e brita comerciais"},null,null,null,"t",{"$f":"'MC MODULO'!H33","v":36960},{"$f":"(M19/L19-1)","v":0.2339},{"$f":"ROUND(IF(C19=\"CODEVASF\",VLOOKUP(D19,'CPU CODEVASF'!E:I,5,FALSE),VLOOKUP(D19,'SINTÉTICO SICRO'!A:D,4,FALSE)),6)","v":193.45},{"$f":"ROUND(IF(C19=\"CODEVASF\",VLOOKUP(D19,'CPU CODEVASF'!E:H,4,FALSE),VLOOKUP(D19,'SINTÉTICO SICRO'!A:D,4,FALSE)*(1+$J$6)),6)","v":238.697955},{"$f":"ROUND(ROUND(J19,2)*ROUND(M19,6),2)","v":8822276.42},null,"PAVIMENTAÇÃO",null,"N9","IMPRIMAÇÃO",{"$f":"(SUMIF(P:P,\"IMPRIMAÇÃO\",N:N))/$N$49","v":0},{"$f":"(SUMIF(P:P,\"IMPRIMAÇÃO\",N:N))","v":0}]
[{"$f":"VLOOKUP(N20,'RESUMO MODULO TOTAL'!$O$11:$P$44,2,0)","v":{"$error":"#N/A"}},7,"SICRO",4011353,{"$f":"VLOOKUP(D20,'SINTÉTICO SICRO'!$A$4:$D$1048576,2,0)","v":"Pintura de ligação"},null,null,null,"m²",{"$f":"'MC MODULO'!H39","v":308000},0.2339,{"$f":"ROUND(IF(C20=\"CODEVASF\",VLOOKUP(D20,'CPU CODEVASF'!E:I,5,FALSE),VLOOKUP(D20,'SINTÉTICO SICRO'!A:D,4,FALSE)),6)","v":0.28},{"$f":"ROUND(IF(C20=\"CODEVASF\",VLOOKUP(D20,'CPU CODEVASF'!E:H,4,FALSE),VLOOKUP(D20,'SINTÉTICO SICRO'!A:D,4,FALSE)*(1+$J$6)),6)","v":0.345492},106411.54,null,"PAVIMENTAÇÃO",null,"N10","EMULSÃO ASFÁLTICA",{"$f":"(SUMIF(P:P,\"EMULSÃO ASFÁLTICA\",N:N))/$N$49","v":0},{"$f":"(SUMIF(P:P,\"EMULSÃO ASFÁLTICA\",N:N))","v":0}]
[{"$f":"VLOOKUP(N21,'RESUMO MODULO TOTAL'!$O$11:$P$44,2,0)","v":{"$error":"#N/A"}},8,"SICRO",4915663,{"$f":"VLOOKUP(D21,'SINTÉTICO SICRO'!$A$4:$D$1048576,2,0)","v":"Fresagem descontínua de revestimento asfáltico - espessura de 5 cm"},null,null,null,"m³",{"$f":"'MC MODULO'!H45","v":1540},0.2339,{"$f":"ROUND(IF(C21=\"CODEVASF\",VLOOKUP(D21,'CPU CODEVASF'!E:I,5,FALSE),VLOOKUP(D21,'SINTÉTICO SICRO'!A:D,4,FALSE)),6)","v":72.34},{"$f":"ROUND(IF(C21=\"CODEVASF\",VLOOKUP(D21,'CPU CODEVASF'!E:H,4,FALSE),VLOOKUP(D21,'SINTÉTICO SICRO'!A:D,4,FALSE)*(1+$J$6)),6)","v":89.260326},137460.9,null,"PAVIMENTAÇÃO",null,"N11","OBRAS COMPLEMENTARES",{"$f":"(SUMIF(P:P,\"OBRAS COMPLEMENTARES\",N:N))/$N$49","v":0},{"$f":"(SUMIF(P:P,\"OBRAS COMPLEMENTARES\",N:N))","v":0}]
[{"$f":"VLOOKUP(N22,'RESUMO MODULO TOTAL'!$O$11:$P$44,2,0)","v":{"$error":"#N/A"}},9,"SICRO",4915618,{"$f":"VLOOKUP(D22,'SINTÉTICO SICRO'!$A$4:$D$1048576,2,0)","v":"Recomposição de camada granular do pavimento com material de jazida"},null,null,null,"m²",{"$f":"'MC MODULO'!H51","v":30800},0.2339,{"$f":"ROUND(IF(C22=\"CODEVASF\",VLOOKUP(D22,'CPU CODEVASF'!E:I,5,FALSE),VLOOKUP(D22,'SINTÉTICO SICRO'!A:D,4,FALSE)),6)","v":3.13},{"$f":"ROUND(IF(C22=\"CODEVASF\",VLOOKUP(D22,'CPU CODEVASF'!E:H,4,FALSE),VLOOKUP(D22,'SINTÉTICO SICRO'!A:D,4,FALSE)*(1+$J$6)),6)","v":3.862107},118952.9,null,"PAVIMENTAÇÃO",null,"N12","MOBILIZAÇÃO",{"$f":"(SUMIF(P:P,\"MOBILIZAÇÃO\",N:N))/$N$49","v":0},{"$f":"(SUMIF(P:P,\"MOBILIZAÇÃO\",N:N))","v":0}]
[{"$f":"VLOOKUP(N23,'RESUMO MODULO TOTAL'!$O$11:$P$44,2,0)","v":{"$error":"#N/A"}},null,null,null,"AQUISIÇÃO E TRANSPORTE DO MATERIAL BETUMINOSO",{"$nulls":12},"N13","INCC",{"$f":"(SUMIF(P:P,\"INCC\",N:N))/$N$49","v":0.107997092029757},{"$f":"(SUMIF(P:P,\"INCC\",N:N))","v":3261114.75}]
[{"$f":"VLOOKUP(N24,'RESUMO MODULO TOTAL'!$O$11:$P$44,2,0)","v":{"$error":"#N/A"}},10,"CODEVASF","CPU-13","AQUISIÇÃO DE CIMENTO ASFALTICO CAP 50/70",null,null,null,"t",{"$f":"' CONSUMO DE MAT. B TOTAL'!O16","v":2383.55},{"$f":"(M24/L24-1)","v":0.150000000049076},{"$f":"ROUND(IF(C24=\"CODEVASF\",VLOOKUP(D24,'CPU CODEVASF'!E:I,5,FALSE),VLOOKUP(D24,'SINTÉTICO SICRO'!A:D,4,FALSE)),6)","v":5094.100045},{"$f":"ROUND(IF(C24=\"CODEVASF\",VLOOKUP(D24,'CPU CODEVASF'!E:H,4,FALSE),VLOOKUP(D24,'SINTÉTICO SICRO'!A:D,4,FALSE)*(1+$J$6)),6)","v":5858.215052},{"$f":"ROUND(ROUND(J24,2)*ROUND(M24,6),2)","v":13963348.49},null,"PAVIMENTAÇÃO"]
[{"$f":"VLOOKUP(N25,'RESUMO MODULO TOTAL'!$O$11:$P$44,2,0)","v":{"$error":"#N/A"}},11,"CODEVASF","CPU-17","TRANSPORTE CAP 50/70",null,null,null,"t",{"$f":"' CONSUMO DE MAT. B TOTAL'!O16","v":2383.55},0.149976381672178,{"$f":"ROUND(IF(C25=\"CODEVASF\",VLOOKUP(D25,'CPU CODEVASF'!E:I,5,FALSE),VLOOKUP(D25,'SINTÉTICO SICRO'!A:D,4,FALSE)),6)","v":127.02},{"$f":"ROUND(IF(C25=\"CODEVASF\",VLOOKUP(D25,'CPU CODEVASF'!E:H,4,FALSE),VLOOKUP(D25,'SINTÉTICO SICRO'!A:D,4,FALSE)*(1+$J$6)),6)","v":146.07},348165.15,null,"PAVIMENTAÇÃO"]
[{"$f":"VLOOKUP(N26,'RESUMO MODULO TOTAL'!$O$11:$P$44,2,0)","v":{"$error":"#N/A"}},12,"CODEVASF","CPU-15","AQUISIÇÃO DE EMULSÃO ASFÁLTICA RR-1C",null,null,null,"t",{"$f":"' CONSUMO DE MAT. B TOTAL'!O14","v":138.6},0.15000000013799,{"$f":"ROUND(IF(C26=\"CODEVASF\",VLOOKUP(D26,'CPU CODEVASF'!E:I,5,FALSE),VLOOKUP(D26,'SINTÉTICO SICRO'!A:D,4,FALSE)),6)","v":3261.095777},{"$f":"ROUND(IF(C26=\"CODEVASF\",VLOOKUP(D26,'CPU CODEVASF'!E:H,4,FALSE),VLOOKUP(D26,'SINTÉTICO SICRO'!A:D,4,FALSE)*(1+$J$6)),6)","v":3750.260144},519786.06,null,"PAVIMENTAÇÃO"]
[{"$f":"VLOOKUP(N27,'RESUMO MODULO TOTAL'!$O$11:$P$44,2,0)","v":{"$error":"#N/A"}},13,"CODEVASF","CPU-19","TRANSPORTE RR-1C",null,null,null,"t",{"$f":"' CONSUMO DE MAT. B TOTAL'!O14","v":138.6},0.150000000380464,{"$f":"ROUND(IF(C27=\"CODEVASF\",VLOOKUP(D27,'CPU CODEVASF'!E:I,5,FALSE),VLOOKUP(D27,'SINTÉTICO SICRO'!A:D,4,FALSE)),6)","v":1445.603463},{"$f":"ROUND(IF(C27=\"CODEVASF\",VLOOKUP(D27,'CPU CODEVASF'!E:H,4,FALSE),VLOOKUP(D27,'SINTÉTICO SICRO'!A:D,4,FALSE)*(1+$J$6)),6)","v":1662.443983},230414.74,null,"PAVIMENTAÇÃO"]
[{"$f":"VLOOKUP(N28,'RESUMO MODULO TOTAL'!$O$11:$P$44,2,0)","v":{"$error":"#N/A"}},null,null,null,"SINALIZAÇÃO"]
[{"$f":"VLOOKUP(N29,'RESUMO MODULO TOTAL'!$O$11:$P$44,2,0)","v":{"$error":"#N/A"}},14,"SICRO",5213440,{"$f":"VLOOKUP(D29,'SINTÉTICO SICRO'!$A$4:$D$1048576,2,0)","v":"Placa de regulamentação em aço D = 0,60 m - película retrorrefletiva tipo I + SI - fornecimento e implantação"},null,null,null,"und",{"$f":"'MC MODULO'!H58","v":132},{"$f":"(M29/L29-1)","v":0.2339},{"$f":"ROUND(IF(C29=\"CODEVASF\",VLOOKUP(D29,'CPU CODEVASF'!E:I,5,FALSE),VLOOKUP(D29,'SINTÉTICO SICRO'!A:D,4,FALSE)),6)","v":257.26},{"$f":"ROUND(IF(C29=\"CODEVASF\",VLOOKUP(D29,'CPU CODEVASF'!E:H,4,FALSE),VLOOKUP(D29,'SINTÉTICO SICRO'!A:D,4,FALSE)*(1+$J$6)),6)","v":317.433114},{"$f":"ROUND(ROUND(J29,2)*ROUND(M29,6),2)","v":41901.17},null,"INCC"]
[null,15,"SICRO",5213464,{"$f":"VLOOKUP(D30,'SINTÉTICO SICRO'!$A$4:$D$1048576,2,0)","v":"Placa de advertência em aço, lado de 0,60 m - película retrorrefletiva tipo I + SI - fornecimento e implantação"},null,null,null,"und",{"$f":"'MC MODULO'!H63","v":132},{"$f":"M30/L30-1","v":0.2339},{"$f":"ROUND(IF(C30=\"CODEVASF\",VLOOKUP(D30,'CPU CODEVASF'!E:I,5,FALSE),VLOOKUP(D30,'SINTÉTICO SICRO'!A:D,4,FALSE)),6)","v":257.29},{"$f":"ROUND(IF(C30=\"CODEVASF\",VLOOKUP(D30,'CPU CODEVASF'!E:H,4,FALSE),VLOOKUP(D30,'SINTÉTICO SICRO'!A:D,4,FALSE)*(1+$J$6)),6)","v":317.470131},41906.06,null,"INCC"]
[{"$f":"VLOOKUP(N31,'RESUMO MODULO TOTAL'!$O$11:$P$44,2,0)","v":{"$error":"#N/A"}},16,"SICRO",5213863,{"$f":"VLOOKUP(D31,'SINTÉTICO SICRO'!$A$4:$D$1048576,2,0)","v":"Suporte metálico galvanizado para placa de advertência ou regulamentação - lado ou diâmetro de 0,60 m - fornecimento e implantação"},null,null,null,"und",{"$f":"'MC MODULO'!H69","v":264},{"$f":"(M31/L31-1)","v":0.2339},{"$f":"ROUND(IF(C31=\"CODEVASF\",VLOOKUP(D31,'CPU CODEVASF'!E:I,5,FALSE),VLOOKUP(D31,'SINTÉTICO SICRO'!A:D,4,FALSE)),6)","v":453.74},{"$f":"ROUND(IF(C31=\"CODEVASF\",VLOOKUP(D31,'CPU CODEVASF'!E:H,4,FALSE),VLOOKUP(D31,'SINTÉTICO SICRO'!A:D,4,FALSE)*(1+$J$6)),6)","v":559.869786},147805.62,null,"INCC"]
[{"$f":"VLOOKUP(N32,'RESUMO MODULO TOTAL'!$O$11:$P$44,2,0)","v":{"$error":"#N/A"}},17,"SICRO",5213400,{"$f":"VLOOKUP(D32,'SINTÉTICO SICRO'!$A$4:$D$1048576,2,0)","v":"Pintura de faixa com tinta acrílica - espessura de 0,4 mm"},null,null,null,"m²",{"$f":"'MC MODULO'!H74+'MC MODULO'!H79","v":10560},0.2339,{"$f":"ROUND(IF(C32=\"CODEVASF\",VLOOKUP(D32,'CPU CODEVASF'!E:I,5,FALSE),VLOOKUP(D32,'SINTÉTICO SICRO'!A:D,4,FALSE)),6)","v":24.58},{"$f":"ROUND(IF(C32=\"CODEVASF\",VLOOKUP(D32,'CPU CODEVASF'!E:H,4,FALSE),VLOOKUP(D32,'SINTÉTICO SICRO'!A:D,4,FALSE)*(1+$J$6)),6)","v":30.329262},320277.01,null,"INCC"]
[{"$f":"VLOOKUP(N33,'RESUMO MODULO TOTAL'!$O$11:$P$44,2,0)","v":{"$error":"#N/A"}},null,null,null,"DRENAGEM"]
[{"$f":"VLOOKUP(N34,'RESUMO MODULO TOTAL'!$O$11:$P$44,2,0)","v":{"$error":"#N/A"}},18,"SICRO",4915708,{"$f":"VLOOKUP(D34,'SINTÉTICO SICRO'!$A$4:$D$1048576,2,0)","v":"Limpeza de sarjeta e meio-fio"},null,null,null,"m",{"$f":"'MC MODULO'!H91","v":88000},{"$f":"(M34/L34-1)","v":0.2339},{"$f":"ROUND(IF(C34=\"CODEVASF\",VLOOKUP(D34,'CPU CODEVASF'!E:I,5,FALSE),VLOOKUP(D34,'SINTÉTICO SICRO'!A:D,4,FALSE)),6)","v":0.71},{"$f":"ROUND(IF(C34=\"CODEVASF\",VLOOKUP(D34,'CPU CODEVASF'!E:H,4,FALSE),VLOOKUP(D34,'SINTÉTICO SICRO'!A:D,4,FALSE)*(1+$J$6)),6)","v":0.876069},{"$f":"ROUND(ROUND(J34,2)*ROUND(M34,6),2)","v":77094.07},null,"DRENAGEM"]
[{"$f":"VLOOKUP(N35,'RESUMO MODULO TOTAL'!$O$11:$P$44,2,0)","v":{"$error":"#N/A"}},19,"SICRO",4915724,{"$f":"VLOOKUP(D35,'SINTÉTICO SICRO'!$A$4:$D$1048576,2,0)","v":"Caiação mecanizada com fixador de cal"},null,null,null,"m²",{"$f":"'MC MODULO'!H96","v":10560},0.2339,{"$f":"ROUND(IF(C35=\"CODEVASF\",VLOOKUP(D35,'CPU CODEVASF'!E:I,5,FALSE),VLOOKUP(D35,'SINTÉTICO SICRO'!A:D,4,FALSE)),6)","v":1.88},{"$f":"ROUND(IF(C35=\"CODEVASF\",VLOOKUP(D35,'CPU CODEVASF'!E:H,4,FALSE),VLOOKUP(D35,'SINTÉTICO SICRO'!A:D,4,FALSE)*(1+$J$6)),6)","v":2.319732},24496.37,null,"INCC"]
[{"$f":"VLOOKUP(N36,'RESUMO MODULO TOTAL'!$O$11:$P$44,2,0)","v":{"$error":"#N/A"}},null,null,null,"PROJETO EXECUTIVO"]
[{"$f":"VLOOKUP(N37,'RESUMO MODULO TOTAL'!$O$11:$P$44,2,0)","v":{"$error":"#N/A"}},20,"Codevasf","Composição Própria","Projeto Executivo",null,null,null,"m²",{"$f":"'MC MODULO'!H110","v":308000},{"$f":"(M37/L37-1)","v":0.23389954997311},{"$f":"ROUND(('Projeto Executivo'!G29)/(1+J6),6)","v":1.280214},{"$f":"'Projeto Executivo'!G29","v":1.57965547846928},{"$f":"ROUND(ROUND(J37,2)*ROUND(M37,6),2)","v":486533.74},null,"INCC"]
[{"$f":"VLOOKUP(N38,'RESUMO MODULO TOTAL'!$O$11:$P$44,2,0)","v":{"$error":"#N/A"}},null,null,null,"MOMENTO DE TRANSPORTE"]
[{"$f":"VLOOKUP(N39,'RESUMO MODULO TOTAL'!$O$11:$P$44,2,0)","v":{"$error":"#N/A"}},21,"SICRO",5914359,{"$f":"VLOOKUP(D39,'SINTÉTICO SICRO'!$A$4:$D$1048576,2,0)","v":"Transporte com caminhão basculante de 10 m³ - rodovia em leito natural"},null,null,null,"tkm",{"$f":"ROUND(SUMIF('MOMENTO DE TRANSPORTE - PRINC'!A:A,'RESUMO MODULO TOTAL'!D39,'MOMENTO DE TRANSPORTE - PRINC'!K:K)+SUMIF('MOMENTO DE TRANSPORTE - AUX'!A:A,'RESUMO MODULO TOTAL'!D39,'MOMENTO DE TRANSPORTE - AUX'!K:K),2)","v":1848},{"$f":"(M39/L39-1)","v":0.2339},{"$f":"ROUND(IF(C39=\"CODEVASF\",VLOOKUP(D39,'CPU CODEVASF'!E:I,5,FALSE),VLOOKUP(D39,'SINTÉTICO SICRO'!A:D,4,FALSE)),6)","v":1.2},{"$f":"ROUND(IF(C39=\"CODEVASF\",VLOOKUP(D39,'CPU CODEVASF'!E:H,4,FALSE),VLOOKUP(D39,'SINTÉTICO SICRO'!A:D,4,FALSE)*(1+$J$6)),6)","v":1.48068},{"$f":"ROUND(ROUND(J39,2)*ROUND(M39,6),2)","v":2736.3},null,"PAVIMENTAÇÃO"]
[{"$f":"VLOOKUP(N40,'RESUMO MODULO TOTAL'!$O$11:$P$44,2,0)","v":{"$error":"#N/A"}},22,"SICRO",5914374,{"$f":"VLOOKUP(D40,'SINTÉTICO SICRO'!$A$4:$D$1048576,2,0)","v":"Transporte com caminhão basculante de 10 m³ - rodovia em revestimento primário"},null,null,null,"tkm",{"$f":"ROUND(SUMIF('MOMENTO DE TRANSPORTE - PRINC'!A:A,'RESUMO MODULO TOTAL'!D40,'MOMENTO DE TRANSPORTE - PRINC'!K:K)+SUMIF('MOMENTO DE TRANSPORTE - AUX'!A:A,'RESUMO MODULO TOTAL'!D40,'MOMENTO DE TRANSPORTE - AUX'!K:K),2)","v":1848},0.2339,{"$f":"ROUND(IF(C40=\"CODEVASF\",VLOOKUP(D40,'CPU CODEVASF'!E:I,5,FALSE),VLOOKUP(D40,'SINTÉTICO SICRO'!A:D,4,FALSE)),6)","v":0.96},{"$f":"ROUND(IF(C40=\"CODEVASF\",VLOOKUP(D40,'CPU CODEVASF'!E:H,4,FALSE),VLOOKUP(D40,'SINTÉTICO SICRO'!A:D,4,FALSE)*(1+$J$6)),6)","v":1.184544},2189.04,null,"PAVIMENTAÇÃO"]
[{"$f":"VLOOKUP(N41,'RESUMO MODULO TOTAL'!$O$11:$P$44,2,0)","v":{"$error":"#N/A"}},23,"SICRO",5914389,{"$f":"VLOOKUP(D41,'SINTÉTICO SICRO'!$A$4:$D$1048576,2,0)","v":"Transporte com caminhão basculante de 10 m³ - rodovia pavimentada"},null,null,null,"tkm",{"$f":"ROUND(SUMIF('MOMENTO DE TRANSPORTE - PRINC'!A:A,'RESUMO MODULO TOTAL'!D41,'MOMENTO DE TRANSPORTE - PRINC'!K:K)+SUMIF('MOMENTO DE TRANSPORTE - AUX'!A:A,'RESUMO MODULO TOTAL'!D41,'MOMENTO DE TRANSPORTE - AUX'!K:K),2)","v":2548170.24},0.2339,{"$f":"ROUND(IF(C41=\"CODEVASF\",VLOOKUP(D41,'CPU CODEVASF'!E:I,5,FALSE),VLOOKUP(D41,'SINTÉTICO SICRO'!A:D,4,FALSE)),6)","v":0.79},{"$f":"ROUND(IF(C41=\"CODEVASF\",VLOOKUP(D41,'CPU CODEVASF'!E:H,4,FALSE),VLOOKUP(D41,'SINTÉTICO SICRO'!A:D,4,FALSE)*(1+$J$6)),6)","v":0.974781},2483907.93,null,"PAVIMENTAÇÃO"]
[{"$f":"VLOOKUP(N42,'RESUMO MODULO TOTAL'!$O$11:$P$44,2,0)","v":{"$error":"#N/A"}},24,"SICRO",5914364,{"$f":"VLOOKUP(D42,'SINTÉTICO SICRO'!$A$4:$D$1048576,2,0)","v":"Transporte de cimento ou cal hidratada a granel com caminhão silo de 30 m³ - rodovia em leito natural"},null,null,null,"tkm",{"$f":"ROUND(SUMIF('MOMENTO DE TRANSPORTE - PRINC'!A:A,'RESUMO MODULO TOTAL'!D42,'MOMENTO DE TRANSPORTE - PRINC'!K:K)+SUMIF('MOMENTO DE TRANSPORTE - AUX'!A:A,'RESUMO MODULO TOTAL'!D42,'MOMENTO DE TRANSPORTE - AUX'!K:K),2)","v":0},0.2339,{"$f":"ROUND(IF(C42=\"CODEVASF\",VLOOKUP(D42,'CPU CODEVASF'!E:I,5,FALSE),VLOOKUP(D42,'SINTÉTICO SICRO'!A:D,4,FALSE)),6)","v":0.87},{"$f":"ROUND(IF(C42=\"CODEVASF\",VLOOKUP(D42,'CPU CODEVASF'!E:H,4,FALSE),VLOOKUP(D42,'SINTÉTICO SICRO'!A:D,4,FALSE)*(1+$J$6)),6)","v":1.073493},0,null,"PAVIMENTAÇÃO"]
[{"$f":"VLOOKUP(N43,'RESUMO MODULO TOTAL'!$O$11:$P$44,2,0)","v":{"$error":"#N/A"}},25,"SICRO",5914365,{"$f":"VLOOKUP(D43,'SINTÉTICO SICRO'!$A$4:$D$1048576,2,0)","v":"Transporte de cimento ou cal hidratada a granel com caminhão silo de 30 m³ - rodovia em revestimento primário"},null,null,null,"tkm",{"$f":"ROUND(SUMIF('MOMENTO DE TRANSPORTE - PRINC'!A:A,'RESUMO MODULO TOTAL'!D43,'MOMENTO DE TRANSPORTE - PRINC'!K:K)+SUMIF('MOMENTO DE TRANSPORTE - AUX'!A:A,'RESUMO MODULO TOTAL'!D43,'MOMENTO DE TRANSPORTE - AUX'!K:K),2)","v":0},0.2339,{"$f":"ROUND(IF(C43=\"CODEVASF\",VLOOKUP(D43,'CPU CODEVASF'!E:I,5,FALSE),VLOOKUP(D43,'SINTÉTICO SICRO'!A:D,4,FALSE)),6)","v":0.7},{"$f":"ROUND(IF(C43=\"CODEVASF\",VLOOKUP(D43,'CPU CODEVASF'!E:H,4,FALSE),VLOOKUP(D43,'SINTÉTICO SICRO'!A:D,4,FALSE)*(1+$J$6)),6)","v":0.86373},0,null,"PAVIMENTAÇÃO"]
[{"$f":"VLOOKUP(N44,'RESUMO MODULO TOTAL'!$O$11:$P$44,2,0)","v":{"$error":"#N/A"}},26,"SICRO",5914366,{"$f":"VLOOKUP(D44,'SINTÉTICO SICRO'!$A$4:$D$1048576,2,0)","v":"Transporte de cimento ou cal hidratada a granel com caminhão silo de 30 m³ - rodovia pavimentada"},null,null,null,"tkm",{"$f":"ROUND(SUMIF('MOMENTO DE TRANSPORTE - PRINC'!A:A,'RESUMO MODULO TOTAL'!D44,'MOMENTO DE TRANSPORTE - PRINC'!K:K)+SUMIF('MOMENTO DE TRANSPORTE - AUX'!A:A,'RESUMO MODULO TOTAL'!D44,'MOMENTO DE TRANSPORTE - AUX'!K:K),2)","v":0},0.2339,{"$f":"ROUND(IF(C44=\"CODEVASF\",VLOOKUP(D44,'CPU CODEVASF'!E:I,5,FALSE),VLOOKUP(D44,'SINTÉTICO SICRO'!A:D,4,FALSE)),6)","v":0.57},{"$f":"ROUND(IF(C44=\"CODEVASF\",VLOOKUP(D44,'CPU CODEVASF'!E:H,4,FALSE),VLOOKUP(D44,'SINTÉTICO SICRO'!A:D,4,FALSE)*(1+$J$6)),6)","v":0.703323},0,null,"PAVIMENTAÇÃO"]
[{"$f":"VLOOKUP(N45,'RESUMO MODULO TOTAL'!$O$11:$P$44,2,0)","v":{"$error":"#N/A"}},27,"SICRO",5914314,{"$f":"VLOOKUP(D45,'SINTÉTICO SICRO'!$A$4:$D$1048576,2,0)","v":"Transporte com caminhão basculante de 6 m³ - rodovia em leito natural"},null,null,null,"tkm",{"$f":"ROUND(SUMIF('MOMENTO DE TRANSPORTE - PRINC'!A:A,'RESUMO MODULO TOTAL'!D45,'MOMENTO DE TRANSPORTE - PRINC'!K:K)+SUMIF('MOMENTO DE TRANSPORTE - AUX'!A:A,'RESUMO MODULO TOTAL'!D45,'MOMENTO DE TRANSPORTE - AUX'!K:K),2)","v":12707.77},0.2339,{"$f":"ROUND(IF(C45=\"CODEVASF\",VLOOKUP(D45,'CPU CODEVASF'!E:I,5,FALSE),VLOOKUP(D45,'SINTÉTICO SICRO'!A:D,4,FALSE)),6)","v":1.25},{"$f":"ROUND(IF(C45=\"CODEVASF\",VLOOKUP(D45,'CPU CODEVASF'!E:H,4,FALSE),VLOOKUP(D45,'SINTÉTICO SICRO'!A:D,4,FALSE)*(1+$J$6)),6)","v":1.542375},19600.15,null,"PAVIMENTAÇÃO"]
[{"$f":"VLOOKUP(N46,'RESUMO MODULO TOTAL'!$O$11:$P$44,2,0)","v":{"$error":"#N/A"}},28,"SICRO",5914329,{"$f":"VLOOKUP(D46,'SINTÉTICO SICRO'!$A$4:$D$1048576,2,0)","v":"Transporte com caminhão basculante de 6 m³ - rodovia em revestimento primário"},null,null,null,"tkm",{"$f":"ROUND(SUMIF('MOMENTO DE TRANSPORTE - PRINC'!A:A,'RESUMO MODULO TOTAL'!D46,'MOMENTO DE TRANSPORTE - PRINC'!K:K)+SUMIF('MOMENTO DE TRANSPORTE - AUX'!A:A,'RESUMO MODULO TOTAL'!D46,'MOMENTO DE TRANSPORTE - AUX'!K:K),2)","v":0},0.2339,{"$f":"ROUND(IF(C46=\"CODEVASF\",VLOOKUP(D46,'CPU CODEVASF'!E:I,5,FALSE),VLOOKUP(D46,'SINTÉTICO SICRO'!A:D,4,FALSE)),6)","v":1},{"$f":"ROUND(IF(C46=\"CODEVASF\",VLOOKUP(D46,'CPU CODEVASF'!E:H,4,FALSE),VLOOKUP(D46,'SINTÉTICO SICRO'!A:D,4,FALSE)*(1+$J$6)),6)","v":1.2339},0,null,"PAVIMENTAÇÃO"]
[{"$f":"VLOOKUP(N47,'RESUMO MODULO TOTAL'!$O$11:$P$44,2,0)","v":{"$error":"#N/A"}},29,"SICRO",5914344,{"$f":"VLOOKUP(D47,'SINTÉTICO SICRO'!$A$4:$D$1048576,2,0)","v":"Transporte com caminhão basculante de 6 m³ - rodovia pavimentada"},null,null,null,"tkm",{"$f":"ROUND(SUMIF('MOMENTO DE TRANSPORTE - PRINC'!A:A,'RESUMO MODULO TOTAL'!D47,'MOMENTO DE TRANSPORTE - PRINC'!K:K)+SUMIF('MOMENTO DE TRANSPORTE - AUX'!A:A,'RESUMO MODULO TOTAL'!D47,'MOMENTO DE TRANSPORTE - AUX'!K:K),2)","v":101662.18},0.2339,{"$f":"ROUND(IF(C47=\"CODEVASF\",VLOOKUP(D47,'CPU CODEVASF'!E:I,5,FALSE),VLOOKUP(D47,'SINTÉTICO SICRO'!A:D,4,FALSE)),6)","v":0.82},{"$f":"ROUND(IF(C47=\"CODEVASF\",VLOOKUP(D47,'CPU CODEVASF'!E:H,4,FALSE),VLOOKUP(D47,'SINTÉTICO SICRO'!A:D,4,FALSE)*(1+$J$6)),6)","v":1.011798},102861.59,null,"PAVIMENTAÇÃO"]
[{"$nulls":9},"VALOR TOTAL DO SRP",null,null,null,{"$f":"INT(SUM(N11:N47))","v":30196320}]
[null,"Obs.: Os valores estão apresentados com apenas 2 casas decimais, mas os valores da presente planilha foram calculados utilizando a precisão de 6 casa decimais. ",{"$nulls":11},{"$f":"98.04*I8","v":30196320}]

{"sheet":"CRONOGRAMA TOTAL","index":1,"n_rows":36,"n_cols":17,"rows_kept":36,"cut":false,"hidden":false,"merged":[[1,0,1,14],[2,0,2,14],[23,0,23,1],[24,0,24,1],[25,0,25,1],[26,0,26,1]]}
[]
[{"$f":"'RESUMO MODULO TOTAL'!B1","v":"CONTRATAÇÃO DE SERVIÇOS DE EXECUÇÃO CAPA ASFÁLTICA COM CONCRETO BETUMINOSO USINADO A QUENTE (CBUQ) EM VIAS DE DIVERSOS MUNICÍPIOS DA MESOREGIÃO DA MATA PERNAMBUCANA, ÁREA DE ATUAÇÃO DA 15ª SUPERINTENDÊNCIA REGIONAL DA CODEVASF, EM RECIFE"}]
["Cronograma Físico e Financeiro "]
["Item","Descrição","Total Por Etapa","30 DIAS","60 DIAS","90 DIAS","120 DIAS","150 DIAS","180 DIAS","210 DIAS","240 DIAS","270 DIAS","300 DIAS","330 DIAS","360 DIAS"]
[null,{"$f":"'RESUMO MODULO TOTAL'!E10","v":"MOBILIZAÇÃO/DESMOBILIZAÇÃO"},{"$f":"SUM(D5:O5)","v":1},0.5,{"$nulls":10},0.5]
[null,null,{"$f":"SUM('RESUMO MODULO TOTAL'!N11:N12)","v":488954.86},{"$f":"$C$6*D5","v":244477.43},{"$nulls":10},{"$f":"$C$6*O5","v":244477.43},{"$f":"SUM(D6:O6)","v":488954.86},{"$f":"IF(P6=C6,\"OK\",\"\")","v":"OK"}]
[null,{"$f":"'RESUMO MODULO TOTAL'!E13","v":"INSTALAÇÃO DE CANTEIRO"},{"$f":"SUM(D7:O7)","v":1},0.1,0.5,0.4]
[null,null,{"$f":"SUM('RESUMO MODULO TOTAL'!N14:N15)","v":720668.87},{"$f":"$C$8*D7","v":72066.887},{"$f":"$C$8*E7","v":360334.435},288267.548,0,0,0,0,0,0,0,0,0,{"$f":"SUM(D8:O8)","v":720668.87},{"$f":"IF(P8=C8,\"OK\",\"\")","v":"OK"}]
[null,{"$f":"'RESUMO MODULO TOTAL'!E16","v":"ADMINISTRAÇÃO LOCAL DA OBRA"},{"$f":"SUM(D9:O9)","v":1},{"$f":"(D6+D8+D12+D14+D16+D18+D20+D22)/($O$29-$C$10)","v":0.0274953765711253},{"$f":"(E6+E8+E12+E14+E16+E18+E20+E22)/($O$29-$C$10)","v":0.012336946446874},0.00986955715749924,0.153259050240349,0.153259050240349,0.153259050240349,0.153259050240349,0.153259050240349,0.153259050240349,0.0017391008131021,0.0017391008131021,0.027265616756201]
[null,null,{"$f":"SUM('RESUMO MODULO TOTAL'!N17)","v":988571.05},{"$f":"$C$10*D9","v":27181.1332870627},{"$f":"$C$10*E9","v":12195.94810278},{"$f":"$C$10*F9","v":9756.75848222404},151507.460218105,151507.460218105,151507.460218105,151507.460218105,151507.460218105,151507.460218105,1719.2247168642,1719.2247168642,26953.9993855752,{"$f":"SUM(D10:O10)","v":988571.05},{"$f":"IF(P10=C10,\"OK\",\"\")","v":"OK"}]
[null,{"$f":"'RESUMO MODULO TOTAL'!E18","v":"PAVIMENTAÇÃO"},{"$f":"SUM(D11:O11)","v":1},null,null,null,{"$f":"1/6","v":0.166666666666667},{"$f":"1/6","v":0.166666666666667},0.166666666666667,0.166666666666667,0.166666666666667,0.166666666666667]
[null,null,{"$f":"SUM('RESUMO MODULO TOTAL'!N19:N22)","v":9185101.76},{"$f":"$C$14*D11","v":0},{"$f":"$C$12*E11","v":0},0,1530850.29333333,1530850.29333333,1530850.29333333,1530850.29333333,1530850.29333333,1530850.29333333,0,0,0,{"$f":"SUM(D12:O12)","v":9185101.76},{"$f":"IF(P12=C12,\"OK\",\"\")","v":"OK"}]
[null,{"$f":"'RESUMO MODULO TOTAL'!E23","v":"AQUISIÇÃO E TRANSPORTE DO MATERIAL BETUMINOSO"},{"$f":"SUM(D13:O13)","v":1},null,null,null,{"$f":"1/6","v":0.166666666666667},0.166666666666667,0.166666666666667,0.166666666666667,0.166666666666667,0.166666666666667]
[null,null,{"$f":"SUM('RESUMO MODULO TOTAL'!N24:N27)","v":15061714.44},{"$f":"$C$14*D13","v":0},{"$f":"$C$14*E13","v":0},0,2510285.74,2510285.74,2510285.74,2510285.74,2510285.74,2510285.74,0,0,0,{"$f":"SUM(D14:O14)","v":15061714.44},{"$f":"IF(P14=C14,\"OK\",\"\")","v":"OK"}]
[null,{"$f":"'RESUMO MODULO TOTAL'!E28","v":"SINALIZAÇÃO"},{"$f":"SUM(D15:O15)","v":1},{"$nulls":11},1]
[null,null,{"$f":"SUM('RESUMO MODULO TOTAL'!N29:N32)","v":551889.86},{"$f":"$C$16*D15","v":0},{"$f":"$C$16*E15","v":0},0,0,0,0,0,0,0,0,0,551889.86,{"$f":"SUM(D16:O16)","v":551889.86},{"$f":"IF(P16=C16,\"OK\",\"\")","v":"OK"}]
[null,{"$f":"'RESUMO MODULO TOTAL'!E33","v":"DRENAGEM"},{"$f":"SUM(D17:O17)","v":1},{"$nulls":9},0.5,0.5]
[null,null,{"$f":"SUM('RESUMO MODULO TOTAL'!N34:N35)","v":101590.44},{"$f":"$C$18*D17","v":0},{"$f":"$C$18*E17","v":0},0,0,0,0,0,0,0,50795.22,50795.22,0,{"$f":"SUM(D18:O18)","v":101590.44},{"$f":"IF(P18=C18,\"OK\",\"\")","v":"OK"}]
[null,{"$f":"'RESUMO MODULO TOTAL'!E36","v":"PROJETO EXECUTIVO"},{"$f":"SUM(D19:O19)","v":1},1]
[null,null,{"$f":"SUM('RESUMO MODULO TOTAL'!N37)","v":486533.74},{"$f":"$C$20*D19","v":486533.74},{"$f":"$C$20*E19","v":0},0,0,0,0,0,0,0,0,0,0,{"$f":"SUM(D20:O20)","v":486533.74},{"$f":"IF(P20=C20,\"OK\",\"\")","v":"OK"}]
[null,{"$f":"'RESUMO MODULO TOTAL'!E38","v":"MOMENTO DE TRANSPORTE"},{"$f":"SUM(D21:O21)","v":1},null,null,null,{"$f":"1/6","v":0.166666666666667},{"$f":"1/6","v":0.166666666666667},0.166666666666667,0.166666666666667,0.166666666666667,0.166666666666667]
[null,null,{"$f":"SUM('RESUMO MODULO TOTAL'!N39:N47)","v":2611295.01},{"$f":"$C$22*D21","v":0},{"$f":"$C$22*E21","v":0},0,435215.835,435215.835,435215.835,435215.835,435215.835,435215.835,0,0,0,{"$f":"SUM(D22:O22)","v":2611295.01},{"$f":"IF(P22=C22,\"OK\",\"\")","v":"OK"}]
[]
["Porcentagem",null,null,{"$f":"SUM(D6+D8+D10+D12+D14+D16+D18+D20+D22)/$O$29","v":0.0274953765711253},{"$f":"SUM(E6+E8+E10+E12+E14+E16+E18+E20+E22)/$O$29","v":0.012336946446874},0.00986955715749924,0.153259050240349,0.153259050240349,0.153259050240349,0.153259050240349,0.153259050240349,0.153259050240349,0.0017391008131021,0.0017391008131021,0.027265616756201]
["Custo",null,null,{"$f":"$O$29*D24","v":830259.190287063},{"$f":"$O$29*E24","v":372530.38310278},{"$f":"$O$29*F24","v":298024.306482224},4627859.32855144,4627859.32855144,4627859.32855144,4627859.32855144,4627859.32855144,4627859.32855144,52514.4447168642,52514.4447168642,823321.289385575]
["Porcentagem Acumulado",null,null,{"$f":"D24","v":0.0274953765711253},{"$f":"D26+E24","v":0.0398323230179993},{"$f":"E26+F24","v":0.0497018801754986},0.202960930415848,0.356219980656197,0.509479030896547,0.662738081136896,0.815997131377245,0.969256181617595,0.970995282430697,0.972734383243799,{"$f":"N26+O24","v":1}]
["Custo Acumulado",null,null,{"$f":"D25","v":830259.190287063},{"$f":"D27+E25","v":1202789.57338984},1500813.87987207,6128673.20842351,10756532.5369749,15384391.8655264,20012251.1940778,24640110.5226293,29267969.8511807,29320484.2958976,29372998.7406144,30196320.03]
[]
[null,null,null,"Total Geral",{"$nulls":9},"R$",{"$f":"C6+C8+C10+C12+C14+C16+C18+C20+C22","v":30196320.03}]
[]
[]
[{"$nulls":14},{"$f":"O27-O29","v":0}]
[]
[{"$nulls":14},{"$f":"'RESUMO MODULO TOTAL'!N48","v":30196320}]
[]
[{"$nulls":14},{"$f":"O29-O34","v":0.0300000011920929}]

{"sheet":"Mob","index":2,"n_rows":66,"n_cols":9,"rows_kept":66,"cut":false,"hidden":false,"merged":[[3,0,3,7],[4,5,4,6],[10,6,10,7],[59,0,59,1],[10,0,11,0],[10,1,11,1],[10,2,11,2],[10,3,11,3],[10,4,11,4],[10,5,11,5],[5,7,6,7],[7,7,8,7],[4,0,8,4],[5,5,6,6],[7,5,8,6]]}
[]
[]
[]
[{"$f":"#REF!","v":{"$error":"#REF!"}}]
["MOBILIZAÇÃO/DESMOBILIZAÇÃO (MOB)",{"$nulls":4},"Frentes de serviços",null,{"$f":"'MC MODULO'!G1","v":22}]
[{"$nulls":5},"Distância da Capital ao Canteiro:",null,84,"Fica a cargo de cada SR colocar a distancia adequada de acordo com o historico de mobilização"]
[]
[{"$nulls":5},"Velocidade média de transporte (pavim.):",null,60]
[]
["Transporte dos equipamentos"]
["CODIGO","EQUIPAMENTO","VEÍCULO TRANSPORTADOR","QTDE","K","FU","CUSTO DO TRANSPORTE"]
[{"$nulls":6},"(R$/h)","(R$)/km"]
["E9524",{"$f":"VLOOKUP(A13,Equipamentos!$A:$K,2,FALSE)","v":"Motoniveladora - 93 kW"},{"$f":"IFERROR(INDEX('Tabelas 2 e 3 mob'!A:K,MATCH(A13,'Tabelas 2 e 3 mob'!A:A,0),9),\"ERRO\")","v":"E9665"},0,2,1,{"$f":"IF(C13=\"Veículo(s) da própria frota.\",0,INDEX(Equipamentos!B:K,MATCH(C13,Equipamentos!A:A,0),9))","v":382.4024},{"$f":"((D13*E13*F13)/$H$8)*G13","v":0}]
["E9526",{"$f":"VLOOKUP(A14,Equipamentos!$A:$K,2,FALSE)","v":"Retroescavadeira de pneus - capacidade da caçamba da pá-carregadeira de 0,76 m³ e da retroescavadeira de 0,29 m³ - 58 kW "},{"$f":"IFERROR(INDEX('Tabelas 2 e 3 mob'!A:K,MATCH(A14,'Tabelas 2 e 3 mob'!A:A,0),9),\"ERRO\")","v":"E9665"},0,2,1,{"$f":"IF(C14=\"Veículo(s) da própria frota.\",0,INDEX(Equipamentos!B:K,MATCH(C14,Equipamentos!A:A,0),9))","v":382.4024},{"$f":"((D14*E14*F14)/$H$8)*G14","v":0}]
["E9577",{"$f":"VLOOKUP(A15,Equipamentos!$A:$K,2,FALSE)","v":"Trator agrícola sobre pneus - 77 kW"},{"$f":"IFERROR(INDEX('Tabelas 2 e 3 mob'!A:K,MATCH(A15,'Tabelas 2 e 3 mob'!A:A,0),9),\"ERRO\")","v":"E9665"},0,2,0.5,{"$f":"IF(C15=\"Veículo(s) da própria frota.\",0,INDEX(Equipamentos!B:K,MATCH(C15,Equipamentos!A:A,0),9))","v":382.4024},0]
["E9518",{"$f":"VLOOKUP(A16,Equipamentos!$A:$K,2,FALSE)","v":"Grade de 24 discos rebocável de D = 60 cm (24\")"},{"$f":"IFERROR(INDEX('Tabelas 2 e 3 mob'!A:K,MATCH(A16,'Tabelas 2 e 3 mob'!A:A,0),9),\"ERRO\")","v":"Veículo(s) da própria frota."},1,2,0,{"$f":"IF(C16=\"Veículo(s) da própria frota.\",0,INDEX(Equipamentos!B:K,MATCH(C16,Equipamentos!A:A,0),9))","v":0},0]
["E9615",{"$f":"VLOOKUP(A17,Equipamentos!$A:$K,2,FALSE)","v":"Usina misturadora de solos com capacidade de 300 t/h - 44 kW"},{"$f":"IFERROR(INDEX('Tabelas 2 e 3 mob'!A:K,MATCH(A17,'Tabelas 2 e 3 mob'!A:A,0),9),\"ERRO\")","v":"E9018"},0,2,2,{"$f":"IF(C17=\"Veículo(s) da própria frota.\",0,INDEX(Equipamentos!B:K,MATCH(C17,Equipamentos!A:A,0),9))","v":514.2698},0]
["E9530",{"$f":"VLOOKUP(A18,Equipamentos!$A:$K,2,FALSE)","v":"Rolo compactador liso vibratório autopropelido por pneus de 11 t - 97 kW"},{"$f":"IFERROR(INDEX('Tabelas 2 e 3 mob'!A:K,MATCH(A18,'Tabelas 2 e 3 mob'!A:A,0),9),\"ERRO\")","v":"E9666"},0,2,0.5,{"$f":"IF(C18=\"Veículo(s) da própria frota.\",0,INDEX(Equipamentos!B:K,MATCH(C18,Equipamentos!A:A,0),9))","v":410.5072},0]
["E9558",{"$f":"VLOOKUP(A19,Equipamentos!$A:$K,2,FALSE)","v":"Tanque de estocagem de asfalto com capacidade de 30.000 l"},{"$f":"IFERROR(INDEX('Tabelas 2 e 3 mob'!A:K,MATCH(A19,'Tabelas 2 e 3 mob'!A:A,0),9),\"ERRO\")","v":"E9665"},1,2,1,{"$f":"IF(C19=\"Veículo(s) da própria frota.\",0,INDEX(Equipamentos!B:K,MATCH(C19,Equipamentos!A:A,0),9))","v":382.4024},12.7467466666667]
["E9758",{"$f":"VLOOKUP(A20,Equipamentos!$A:$K,2,FALSE)","v":"Vibroacabadora de asfalto sobre pneus - 82 kW"},{"$f":"IFERROR(INDEX('Tabelas 2 e 3 mob'!A:K,MATCH(A20,'Tabelas 2 e 3 mob'!A:A,0),9),\"ERRO\")","v":"E9018"},0,2,0.5,{"$f":"IF(C20=\"Veículo(s) da própria frota.\",0,INDEX(Equipamentos!B:K,MATCH(C20,Equipamentos!A:A,0),9))","v":514.2698},0]
["E9685",{"$f":"VLOOKUP(A21,Equipamentos!$A:$K,2,FALSE)","v":"Rolo compactador pé de carneiro vibratório autopropelido por pneus de 11,6 t - 82 kW"},{"$f":"IFERROR(INDEX('Tabelas 2 e 3 mob'!A:K,MATCH(A21,'Tabelas 2 e 3 mob'!A:A,0),9),\"ERRO\")","v":"E9666"},0,2,0.5,{"$f":"IF(C21=\"Veículo(s) da própria frota.\",0,INDEX(Equipamentos!B:K,MATCH(C21,Equipamentos!A:A,0),9))","v":410.5072},0]
["E9605",{"$f":"VLOOKUP(A22,Equipamentos!$A:$K,2,FALSE)","v":"Caminhão tanque com capacidade de 6.000 l - 136 kW"},{"$f":"IFERROR(INDEX('Tabelas 2 e 3 mob'!A:K,MATCH(A22,'Tabelas 2 e 3 mob'!A:A,0),9),\"ERRO\")","v":"E9605"},0,1,1,{"$f":"IF(C22=\"Veículo(s) da própria frota.\",0,INDEX(Equipamentos!B:K,MATCH(C22,Equipamentos!A:A,0),9))","v":245.3455},0]
["E9579",{"$f":"VLOOKUP(A23,Equipamentos!$A:$K,2,FALSE)","v":"Caminhão basculante com capacidade de 10 m³ - 210 kW"},{"$f":"IFERROR(INDEX('Tabelas 2 e 3 mob'!A:K,MATCH(A23,'Tabelas 2 e 3 mob'!A:A,0),9),\"ERRO\")","v":"E9579"},5,1,1,{"$f":"IF(C23=\"Veículo(s) da própria frota.\",0,INDEX(Equipamentos!B:K,MATCH(C23,Equipamentos!A:A,0),9))","v":295.0614},24.58845]
["E9509",{"$f":"VLOOKUP(A24,Equipamentos!$A:$K,2,FALSE)","v":"Caminhão tanque distribuidor de asfalto com capacidade de 6.000 l - 7 kW/136 kW"},{"$f":"IFERROR(INDEX('Tabelas 2 e 3 mob'!A:K,MATCH(A24,'Tabelas 2 e 3 mob'!A:A,0),9),\"ERRO\")","v":"E9509"},1,1,1,{"$f":"IF(C24=\"Veículo(s) da própria frota.\",0,INDEX(Equipamentos!B:K,MATCH(C24,Equipamentos!A:A,0),9))","v":256.3204},4.27200666666667]
["E9762",{"$f":"VLOOKUP(A25,Equipamentos!$A:$K,2,FALSE)","v":"Rolo compactador de pneus autopropelido de 27 t - 85 kW"},{"$f":"IFERROR(INDEX('Tabelas 2 e 3 mob'!A:K,MATCH(A25,'Tabelas 2 e 3 mob'!A:A,0),9),\"ERRO\")","v":"E9666"},1,2,0.5,{"$f":"IF(C25=\"Veículo(s) da própria frota.\",0,INDEX(Equipamentos!B:K,MATCH(C25,Equipamentos!A:A,0),9))","v":410.5072},6.84178666666667]
["E9681",{"$f":"VLOOKUP(A26,Equipamentos!$A:$K,2,FALSE)","v":"Rolo compactador liso tandem vibratório autopropelido de 10,4 t - 82 kW"},{"$f":"IFERROR(INDEX('Tabelas 2 e 3 mob'!A:K,MATCH(A26,'Tabelas 2 e 3 mob'!A:A,0),9),\"ERRO\")","v":"E9666"},1,2,0.5,{"$f":"IF(C26=\"Veículo(s) da própria frota.\",0,INDEX(Equipamentos!B:K,MATCH(C26,Equipamentos!A:A,0),9))","v":410.5072},6.84178666666667]
["E9545",{"$f":"VLOOKUP(A27,Equipamentos!$A:$K,2,FALSE)","v":"Vibroacabadora de asfalto sobre esteiras - 82 kW"},{"$f":"IFERROR(INDEX('Tabelas 2 e 3 mob'!A:K,MATCH(A27,'Tabelas 2 e 3 mob'!A:A,0),9),\"ERRO\")","v":"E9018"},1,2,0.5,{"$f":"IF(C27=\"Veículo(s) da própria frota.\",0,INDEX(Equipamentos!B:K,MATCH(C27,Equipamentos!A:A,0),9))","v":514.2698},8.57116333333333]
["E9571",{"$f":"VLOOKUP(A28,Equipamentos!$A:$K,2,FALSE)","v":"Caminhão tanque com capacidade de 10.000 l - 188 kW"},{"$f":"IFERROR(INDEX('Tabelas 2 e 3 mob'!A:K,MATCH(A28,'Tabelas 2 e 3 mob'!A:A,0),9),\"ERRO\")","v":"E9571"},0,1,1,{"$f":"IF(C28=\"Veículo(s) da própria frota.\",0,INDEX(Equipamentos!B:K,MATCH(C28,Equipamentos!A:A,0),9))","v":320.5074},0]
["E9514",{"$f":"VLOOKUP(A29,Equipamentos!$A:$K,2,FALSE)","v":"Distribuidor de agregados sobre pneus autopropelido - 130 kW"},{"$f":"IFERROR(INDEX('Tabelas 2 e 3 mob'!A:K,MATCH(A29,'Tabelas 2 e 3 mob'!A:A,0),9),\"ERRO\")","v":"E9665"},0,2,0.5,{"$f":"IF(C29=\"Veículo(s) da própria frota.\",0,INDEX(Equipamentos!B:K,MATCH(C29,Equipamentos!A:A,0),9))","v":382.4024},0]
["E9511",{"$f":"VLOOKUP(A30,Equipamentos!$A:$K,2,FALSE)","v":"Carregadeira de pneus com capacidade de 3,40 m³ - 195 kW"},{"$f":"IFERROR(INDEX('Tabelas 2 e 3 mob'!A:K,MATCH(A30,'Tabelas 2 e 3 mob'!A:A,0),9),\"ERRO\")","v":"E9665"},0,2,1,{"$f":"IF(C30=\"Veículo(s) da própria frota.\",0,INDEX(Equipamentos!B:K,MATCH(C30,Equipamentos!A:A,0),9))","v":382.4024},0]
["E9779",{"$f":"VLOOKUP(A31,Equipamentos!$A:$K,2,FALSE)","v":"Grupo gerador - 113 kVA"},{"$f":"IFERROR(INDEX('Tabelas 2 e 3 mob'!A:K,MATCH(A31,'Tabelas 2 e 3 mob'!A:A,0),9),\"ERRO\")","v":"Veículo(s) da própria frota."},1,2,0,{"$f":"IF(C31=\"Veículo(s) da própria frota.\",0,INDEX(Equipamentos!B:K,MATCH(C31,Equipamentos!A:A,0),9))","v":0},0]
["E9559",{"$f":"VLOOKUP(A32,Equipamentos!$A:$K,2,FALSE)","v":"Aquecedor de fluido térmico - 12 kW"},{"$f":"IFERROR(INDEX('Tabelas 2 e 3 mob'!A:K,MATCH(A32,'Tabelas 2 e 3 mob'!A:A,0),9),\"ERRO\")","v":"Veículo(s) da própria frota."},1,2,0,{"$f":"IF(C32=\"Veículo(s) da própria frota.\",0,INDEX(Equipamentos!B:K,MATCH(C32,Equipamentos!A:A,0),9))","v":0},0]
["E9584",{"$f":"VLOOKUP(A33,Equipamentos!$A:$K,2,FALSE)","v":"Carregadeira de pneus com capacidade de 1,72 m³ - 113 kW"},{"$f":"IFERROR(INDEX('Tabelas 2 e 3 mob'!A:K,MATCH(A33,'Tabelas 2 e 3 mob'!A:A,0),9),\"ERRO\")","v":"E9665"},0,2,1,{"$f":"IF(C33=\"Veículo(s) da própria frota.\",0,INDEX(Equipamentos!B:K,MATCH(C33,Equipamentos!A:A,0),9))","v":382.4024},0]
["E9021",{"$f":"VLOOKUP(A34,Equipamentos!$A:$K,2,FALSE)","v":"Grupo gerador - 456 kVA"},{"$f":"IFERROR(INDEX('Tabelas 2 e 3 mob'!A:K,MATCH(A34,'Tabelas 2 e 3 mob'!A:A,0),9),\"ERRO\")","v":"E9508"},1,2,1,{"$f":"IF(C34=\"Veículo(s) da própria frota.\",0,INDEX(Equipamentos!B:K,MATCH(C34,Equipamentos!A:A,0),9))","v":182.7291},6.09097]
["E9687",{"$f":"VLOOKUP(A35,Equipamentos!$A:$K,2,FALSE)","v":"Caminhão carroceria com capacidade de 5 t - 115 kW"},{"$f":"IFERROR(INDEX('Tabelas 2 e 3 mob'!A:K,MATCH(A35,'Tabelas 2 e 3 mob'!A:A,0),9),\"ERRO\")","v":"E9687"},1,1,1,{"$f":"IF(C35=\"Veículo(s) da própria frota.\",0,INDEX(Equipamentos!B:K,MATCH(C35,Equipamentos!A:A,0),9))","v":150.3159},2.505265]
["E9667",{"$f":"VLOOKUP(A36,Equipamentos!$A:$K,2,FALSE)","v":"Caminhão basculante com capacidade de 14 m³ - 210 kW"},{"$f":"IFERROR(INDEX('Tabelas 2 e 3 mob'!A:K,MATCH(A36,'Tabelas 2 e 3 mob'!A:A,0),9),\"ERRO\")","v":"E9667"},0,1,1,{"$f":"IF(C36=\"Veículo(s) da própria frota.\",0,INDEX(Equipamentos!B:K,MATCH(C36,Equipamentos!A:A,0),9))","v":296.1368},0]
["E9644",{"$f":"VLOOKUP(A37,Equipamentos!$A:$K,2,FALSE)","v":"Caminhão demarcador de faixas com sistema de pintura a frio - 28 kW/115 kW"},{"$f":"IFERROR(INDEX('Tabelas 2 e 3 mob'!A:K,MATCH(A37,'Tabelas 2 e 3 mob'!A:A,0),9),\"ERRO\")","v":"E9644"},1,1,1,{"$f":"IF(C37=\"Veículo(s) da própria frota.\",0,INDEX(Equipamentos!B:K,MATCH(C37,Equipamentos!A:A,0),9))","v":368.9457},6.149095]
["E9592",{"$f":"VLOOKUP(A38,Equipamentos!$A:$K,2,FALSE)","v":"Caminhão carroceria com capacidade de 15 t - 188 kW"},{"$f":"IFERROR(INDEX('Tabelas 2 e 3 mob'!A:K,MATCH(A38,'Tabelas 2 e 3 mob'!A:A,0),9),\"ERRO\")","v":"E9592"},1,1,1,{"$f":"IF(C38=\"Veículo(s) da própria frota.\",0,INDEX(Equipamentos!B:K,MATCH(C38,Equipamentos!A:A,0),9))","v":262.6946},4.37824333333333]
["E9540",{"$f":"VLOOKUP(A39,Equipamentos!$A:$K,2,FALSE)","v":"Trator sobre esteiras com lâmina - 127 kW"},{"$f":"IFERROR(INDEX('Tabelas 2 e 3 mob'!A:K,MATCH(A39,'Tabelas 2 e 3 mob'!A:A,0),9),\"ERRO\")","v":"E9018"},0,2,0.5,{"$f":"IF(C39=\"Veículo(s) da própria frota.\",0,INDEX(Equipamentos!B:K,MATCH(C39,Equipamentos!A:A,0),9))","v":514.2698},0]
["E9515",{"$f":"VLOOKUP(A40,Equipamentos!$A:$K,2,FALSE)","v":"Escavadeira hidráulica sobre esteiras com caçamba com capacidade de 1,56 m³ - 118 kW"},{"$f":"IFERROR(INDEX('Tabelas 2 e 3 mob'!A:K,MATCH(A40,'Tabelas 2 e 3 mob'!A:A,0),9),\"ERRO\")","v":"E9666"},0,2,1,{"$f":"IF(C40=\"Veículo(s) da própria frota.\",0,INDEX(Equipamentos!B:K,MATCH(C40,Equipamentos!A:A,0),9))","v":410.5072},0]
["E9506",{"$f":"VLOOKUP(A41,Equipamentos!$A:$K,2,FALSE)","v":"Caminhão basculante com capacidade de 6 m³ - 136 kW"},{"$f":"IFERROR(INDEX('Tabelas 2 e 3 mob'!A:K,MATCH(A41,'Tabelas 2 e 3 mob'!A:A,0),9),\"ERRO\")","v":"E9506"},1,1,1,{"$f":"IF(C41=\"Veículo(s) da própria frota.\",0,INDEX(Equipamentos!B:K,MATCH(C41,Equipamentos!A:A,0),9))","v":183.4028},3.05671333333333]
["E9256",{"$f":"VLOOKUP(A42,Equipamentos!$A:$K,2,FALSE)","v":"Equipamento para pintura com cal rebocável com dois bicos aplicadores e capacidade de 2.200 l"},{"$f":"IFERROR(INDEX('Tabelas 2 e 3 mob'!A:K,MATCH(A42,'Tabelas 2 e 3 mob'!A:A,0),9),\"ERRO\")","v":"Veículo(s) da própria frota."},1,2,0,{"$f":"IF(C42=\"Veículo(s) da própria frota.\",0,INDEX(Equipamentos!B:K,MATCH(C42,Equipamentos!A:A,0),9))","v":0},0]
["E9156",{"$f":"VLOOKUP(A43,Equipamentos!$A:$K,2,FALSE)","v":"Soprador de ar costal - 2,6 kW"},{"$f":"IFERROR(INDEX('Tabelas 2 e 3 mob'!A:K,MATCH(A43,'Tabelas 2 e 3 mob'!A:A,0),9),\"ERRO\")","v":"Veículo(s) da própria frota."},1,2,0,{"$f":"IF(C43=\"Veículo(s) da própria frota.\",0,INDEX(Equipamentos!B:K,MATCH(C43,Equipamentos!A:A,0),9))","v":0},0]
["E9146",{"$f":"VLOOKUP(A44,Equipamentos!$A:$K,2,FALSE)","v":"Caminhão silo com capacidade de 30 m³ - 265 kW"},{"$f":"IFERROR(INDEX('Tabelas 2 e 3 mob'!A:K,MATCH(A44,'Tabelas 2 e 3 mob'!A:A,0),9),\"ERRO\")","v":"E9146"},1,1,1,{"$f":"IF(C44=\"Veículo(s) da própria frota.\",0,INDEX(Equipamentos!B:K,MATCH(C44,Equipamentos!A:A,0),9))","v":449.3711},7.48951833333333]
["E9599",{"$f":"VLOOKUP(A45,Equipamentos!$A:$K,2,FALSE)","v":"Central de concreto com capacidade de 30 m³/h - dosadora RS"},{"$f":"IFERROR(INDEX('Tabelas 2 e 3 mob'!A:K,MATCH(A45,'Tabelas 2 e 3 mob'!A:A,0),9),\"ERRO\")","v":"E9018"},0,2,1,{"$f":"IF(C45=\"Veículo(s) da própria frota.\",0,INDEX(Equipamentos!B:K,MATCH(C45,Equipamentos!A:A,0),9))","v":514.2698},0]
["E9103",{"$f":"VLOOKUP(A46,Equipamentos!$A:$K,2,FALSE)","v":"Extrusora para meio-fio de concreto - 10,44 kW"},{"$f":"IFERROR(INDEX('Tabelas 2 e 3 mob'!A:K,MATCH(A46,'Tabelas 2 e 3 mob'!A:A,0),9),\"ERRO\")","v":"Veículo(s) da própria frota."},0,2,0,{"$f":"IF(C46=\"Veículo(s) da própria frota.\",0,INDEX(Equipamentos!B:K,MATCH(C46,Equipamentos!A:A,0),9))","v":0},0]
["E9071",{"$f":"VLOOKUP(A47,Equipamentos!$A:$K,2,FALSE)","v":"Transportador manual carrinho de mão com capacidade de 80 l"},{"$f":"IFERROR(INDEX('Tabelas 2 e 3 mob'!A:K,MATCH(A47,'Tabelas 2 e 3 mob'!A:A,0),9),\"ERRO\")","v":"Veículo(s) da própria frota."},0,2,0,{"$f":"IF(C47=\"Veículo(s) da própria frota.\",0,INDEX(Equipamentos!B:K,MATCH(C47,Equipamentos!A:A,0),9))","v":0},0]
["E9064",{"$f":"VLOOKUP(A48,Equipamentos!$A:$K,2,FALSE)","v":"Transportador manual gerica com capacidade de 180 l"},{"$f":"IFERROR(INDEX('Tabelas 2 e 3 mob'!A:K,MATCH(A48,'Tabelas 2 e 3 mob'!A:A,0),9),\"ERRO\")","v":"Veículo(s) da própria frota."},0,2,0,{"$f":"IF(C48=\"Veículo(s) da própria frota.\",0,INDEX(Equipamentos!B:K,MATCH(C48,Equipamentos!A:A,0),9))","v":0},0]
["E9066",{"$f":"VLOOKUP(A49,Equipamentos!$A:$K,2,FALSE)","v":"Grupo gerador - 14 kVA"},{"$f":"IFERROR(INDEX('Tabelas 2 e 3 mob'!A:K,MATCH(A49,'Tabelas 2 e 3 mob'!A:A,0),9),\"ERRO\")","v":"Veículo(s) da própria frota."},0,2,0,{"$f":"IF(C49=\"Veículo(s) da própria frota.\",0,INDEX(Equipamentos!B:K,MATCH(C49,Equipamentos!A:A,0),9))","v":0},0]
["E9535",{"$f":"VLOOKUP(A50,Equipamentos!$A:$K,2,FALSE)","v":"Serra circular com bancada - D = 30 cm - 4 kW"},{"$f":"IFERROR(INDEX('Tabelas 2 e 3 mob'!A:K,MATCH(A50,'Tabelas 2 e 3 mob'!A:A,0),9),\"ERRO\")","v":"Veículo(s) da própria frota."},0,2,0,{"$f":"IF(C50=\"Veículo(s) da própria frota.\",0,INDEX(Equipamentos!B:K,MATCH(C50,Equipamentos!A:A,0),9))","v":0},0]
["E9507",{"$f":"VLOOKUP(A51,Equipamentos!$A:$K,2,FALSE)","v":"Plotadora de recorte com computador e programa computacional"},{"$f":"IFERROR(INDEX('Tabelas 2 e 3 mob'!A:K,MATCH(A51,'Tabelas 2 e 3 mob'!A:A,0),9),\"ERRO\")","v":"Veículo(s) da própria frota."},0,2,0,{"$f":"IF(C51=\"Veículo(s) da própria frota.\",0,INDEX(Equipamentos!B:K,MATCH(C51,Equipamentos!A:A,0),9))","v":0},0]
["E9568",{"$f":"VLOOKUP(A52,Equipamentos!$A:$K,2,FALSE)","v":"Furadeira de impacto de 12,5 mm - 0,80 kW"},{"$f":"IFERROR(INDEX('Tabelas 2 e 3 mob'!A:K,MATCH(A52,'Tabelas 2 e 3 mob'!A:A,0),9),\"ERRO\")","v":"Veículo(s) da própria frota."},0,2,0,{"$f":"IF(C52=\"Veículo(s) da própria frota.\",0,INDEX(Equipamentos!B:K,MATCH(C52,Equipamentos!A:A,0),9))","v":0},0]
["E9753",{"$f":"VLOOKUP(A53,Equipamentos!$A:$K,2,FALSE)","v":"Grupo gerador - 23 kVA"},{"$f":"IFERROR(INDEX('Tabelas 2 e 3 mob'!A:K,MATCH(A53,'Tabelas 2 e 3 mob'!A:A,0),9),\"ERRO\")","v":"Veículo(s) da própria frota."},0,2,0,{"$f":"IF(C53=\"Veículo(s) da própria frota.\",0,INDEX(Equipamentos!B:K,MATCH(C53,Equipamentos!A:A,0),9))","v":0},0]
["E9623",{"$f":"VLOOKUP(A54,Equipamentos!$A:$K,2,FALSE)","v":"Máquina de bancada guilhotina - 4,00 kW"},{"$f":"IFERROR(INDEX('Tabelas 2 e 3 mob'!A:K,MATCH(A54,'Tabelas 2 e 3 mob'!A:A,0),9),\"ERRO\")","v":"Veículo(s) da própria frota."},0,2,0,{"$f":"IF(C54=\"Veículo(s) da própria frota.\",0,INDEX(Equipamentos!B:K,MATCH(C54,Equipamentos!A:A,0),9))","v":0},0]
["E9622",{"$f":"VLOOKUP(A55,Equipamentos!$A:$K,2,FALSE)","v":"Máquina de bancada universal para corte de chapa - 1,50 kW"},{"$f":"IFERROR(INDEX('Tabelas 2 e 3 mob'!A:K,MATCH(A55,'Tabelas 2 e 3 mob'!A:A,0),9),\"ERRO\")","v":"Veículo(s) da própria frota."},0,2,0,{"$f":"IF(C55=\"Veículo(s) da própria frota.\",0,INDEX(Equipamentos!B:K,MATCH(C55,Equipamentos!A:A,0),9))","v":0},0]
["E9678",{"$f":"VLOOKUP(A56,Equipamentos!$A:$K,2,FALSE)","v":"Fresadora a frio - 455 kW"},{"$f":"IFERROR(INDEX('Tabelas 2 e 3 mob'!A:K,MATCH(A56,'Tabelas 2 e 3 mob'!A:A,0),9),\"ERRO\")","v":"E9666"},1,2,1,{"$f":"IF(C56=\"Veículo(s) da própria frota.\",0,INDEX(Equipamentos!B:K,MATCH(C56,Equipamentos!A:A,0),9))","v":410.5072},13.6835733333333]
[{"$nulls":6},"TOTAL",{"$f":"SUM(H13:H56)","v":107.215318333333}]
[]
[]
["CUSTO TOTAL MOBILIZAÇÃO E DESMOBILIZAÇÃO"]
["DESCRIÇÃO","VALOR"]
["Custo Mobilização (km)",{"$f":"H57","v":107.215318333333}]
["BDI (%)",{"$f":"BDI!C16","v":0.2339}]
["Custo Mobilização (R$/km) com BDI",{"$f":"B62+(B62*B63)","v":132.2929812915}]
["Total de Frentes",{"$f":"'MC MODULO'!G1","v":22}]
["Custo Mobilização (frentes x distancia)",{"$f":"B64*H6*B65","v":244477.429426692}]

{"sheet":" Canteiro","index":3,"n_rows":13,"n_cols":6,"rows_kept":13,"cut":false,"hidden":false,"merged":[[3,0,3,5],[4,7,4,8],[9,3,9,4],[12,3,12,4],[3,9,4,9]]}
[]
[]
[]
["CANTEIRO DE OBRAS PARA CONSTRUÇAO RODOVIÁRIA"]
["Descrição dos serviços","Tipo de container","Unidade","Quantidade","Preço unitário (R$)","Total (R$)"]
["Escritório e seção técnica"]
[{"$f":"VLOOKUP(B7,'INSUMOS SINAPI'!A:E,2,0)","v":"LOCACAO DE CONTAINER 2,30 X 6,00 M, ALT. 2,50 M, PARA ESCRITORIO, SEM DIVISORIAS INTERNAS E SEM SANITARIO (NAO INCLUI MOBILIZACAO/DESMOBILIZACAO)                                                                                                                                                                                                                                                                                                                                                         "},10776,"und",1,{"$f":"VLOOKUP(B7,'INSUMOS SINAPI'!A:E,5,0)","v":"650,39"},{"$f":"TRUNC(D7*E7,2)","v":650.39}]
["Banheiro e vestiário"]
[{"$f":"VLOOKUP(B9,'INSUMOS SINAPI'!A:E,2,0)","v":"LOCACAO DE CONTAINER 2,30 X 4,30 M, ALT. 2,50 M, PARA SANITARIO, COM 3 BACIAS, 4 CHUVEIROS, 1 LAVATORIO E 1 MICTORIO (NAO INCLUI MOBILIZACAO/DESMOBILIZACAO)                                                                                                                                                                                                                                                                                                                                              "},10777,"und",1,{"$f":"VLOOKUP(B9,'INSUMOS SINAPI'!A:E,5,0)","v":"945,23"},{"$f":"TRUNC(D9*E9,2)","v":945.23}]
[null,null,null,"TOTAL DO CANTEIRO",null,{"$f":"SUM(F7:F9)","v":1595.62}]
[null,null,null,"DURAÇÃO (MESES)",12,{"$f":"F10*E11","v":19147.44}]
[null,null,null,"BDI",null,{"$f":"BDI!C16","v":0.2339}]
[null,null,null,"TOTAL DO CANTEIRO (com BDI)",null,{"$f":"F11+(F11*F12)","v":23626.026216}]

{"sheet":"Adm Local","index":4,"n_rows":251,"n_cols":10,"rows_kept":251,"cut":false,"hidden":false,"merged":[[3,0,3,8],[4,3,4,4],[4,5,4,6],[4,7,4,8],[5,3,5,4],[5,5,5,6],[5,7,5,8],[6,3,6,4],[6,5,6,6],[6,7,6,8],[7,3,7,4],[7,5,7,6],[7,7,7,8],[8,3,8,4],[8,5,8,6],[8,7,8,8],[9,3,9,4],[9,5,9,6],[9,7,9,8],[10,3,10,4],[10,5,10,6],[10,7,10,8],[11,3,11,4],[11,5,11,6],[11,7,11,8],[12,3,12,4],[12,5,12,6],[12,7,12,8],[13,3,13,4],[13,5,13,6],[13,7,13,8],[14,3,14,4],[14,5,14,6],[14,7,14,8],[15,3,15,4],[15,5,15,6],[15,7,15,8],[16,3,16,4],[16,5,16,6],[16,7,16,8],[17,3,17,4],[17,5,17,6],[17,7,17,8],[18,3,18,4],[18,5,18,6],[18,7,18,8],[19,3,19,4],[19,5,19,6],[19,7,19,8],[20,3,20,4],[20,5,20,6],[20,7,20,8],[21,3,21,4],[21,5,21,6],[21,7,21,8],[22,3,22,4],[22,5,22,6],[22,7,22,8],[23,3,23,4],[23,5,23,6],[23,7,23,8],[24,3,24,4],[24,5,24,6],[24,7,24,8],[25,3,25,4],[25,5,25,6],[25,7,25,8],[26,3,26,4],[26,5,26,6],[26,7,26,8],[27,3,27,4],[27,5,27,6],[27,7,27,8],[28,3,28,4],[28,5,28,6],[28,7,28,8],[29,3,29,4],[29,5,29,6],[29,7,29,8],[32,0,32,8],[48,0,48,8],[49,3,49,4],[49,5,49,6],[49,7,49,8],[50,3,50,4],[50,5,50,6],[50,7,50,8],[51,3,51,4],[51,5,51,6],[51,7,51,8],[52,3,52,4],[52,5,52,6],[52,7,52,8],[53,5,53,6],[53,7,53,8],[60,0,60,8],[61,3,61,4],[61,5,61,6],[61,7,61,8],[62,3,62,4],[62,5,62,6],[62,7,62,8],[63,3,63,4],[63,5,63,6],[63,7,63,8],[64,3,64,4],[64,5,64,6],[64,7,64,8],[65,5,65,6],[65,7,65,8],[72,0,72,8],[73,3,73,4],[73,5,73,6],[73,7,73,8],[74,3,74,4],[74,5,74,6],[74,7,74,8],[75,3,75,4],[75,5,75,6],[75,7,75,8],[76,3,76,4],[76,5,76,6],[76,7,76,8],[77,5,77,6],[77,7,77,8],[84,0,84,8],[85,3,85,4],[85,5,85,6],[85,7,85,8],[86,3,86,4],[86,5,86,6],[86,7,86,8],[87,3,87,4],[87,5,87,6],[87,7,87,8],[88,3,88,4],[88,5,88,6],[88,7,88,8],[89,5,89,6],[89,7,89,8],[96,0,96,8],[97,3,97,4],[97,5,97,6],[97,7,97,8],[98,3,98,4],[98,5,98,6],[98,7,98,8],[99,3,99,4],[99,5,99,6],[99,7,99,8],[100,3,100,4],[100,5,100,6],[100,7,100,8],[101,3,101,4],[101,5,101,6],[101,7,101,8],[102,5,102,6],[102,7,102,8],[109,0,109,8],[110,3,110,4],[110,5,110,6],[110,7,110,8],[111,3,111,4],[111,5,111,6],[111,7,111,8],[112,3,112,4],[112,5,112,6],[112,7,112,8],[113,3,113,4],[113,5,113,6],[113,7,113,8],[114,3,114,4],[114,5,114,6],[114,7,114,8],[115,3,115,4],[115,5,115,6],[115,7,115,8],[116,5,116,6],[116,7,116,8],[118,0,118,8],[119,3,119,4],[119,5,119,6],[119,7,119,8],[120,3,120,4],[120,5,120,6],[120,7,120,8],[121,3,121,4],[121,5,121,6],[121,7,121,8],[122,3,122,4],[122,5,122,6],[122,7,122,8],[123,5,123,6],[123,7,123,8],[125,0,125,8],[126,3,126,4],[126,5,126,6],[126,7,126,8],[127,3,127,4],[127,5,127,6],[127,7,127,8],[128,3,128,4],[128,5,128,6],[128,7,128,8],[129,3,129,4],[129,5,129,6],[129,7,129,8],[130,3,130,4],[130,5,130,6],[130,7,130,8],[131,5,131,6],[131,7,131,8],[133,0,133,8],[134,3,134,4],[134,5,134,6],[134,7,134,8],[135,3,135,4],[135,5,135,6],[135,7,135,8],[136,3,136,4],[136,5,136,6],[136,7,136,8],[137,3,137,4],[137,5,137,6],[137,7,137,8],[138,3,138,4],[138,5,138,6],[138,7,138,8],[139,3,139,4],[139,5,139,6],[139,7,139,8],[140,5,140,6],[140,7,140,8],[142,0,142,8],[143,3,143,4],[143,5,143,6],[143,7,143,8],[144,3,144,4],[144,5,144,6],[144,7,144,8],[145,3,145,4],[145,5,145,6],[145,7,145,8],[146,3,146,4],[146,5,146,6],[146,7,146,8],[147,3,147,4],[147,5,147,6],[147,7,147,8],[148,5,148,6],[148,7,148,8],[150,0,150,8],[151,3,151,4],[151,5,151,6],[151,7,151,8],[152,3,152,4],[152,5,152,6],[152,7,152,8],[153,3,153,4],[153,5,153,6],[153,7,153,8],[154,3,154,4],[154,5,154,6],[154,7,154,8],[155,3,155,4],[155,5,155,6],[155,7,155,8],[156,3,156,4],[156,5,156,6],[156,7,156,8],[157,5,157,6],[157,7,157,8],[159,0,159,8],[160,0,160,8],[161,1,161,4],[174,0,174,8],[175,0,175,8],[176,1,176,4],[189,0,189,8],[190,1,190,4],[191,1,191,4],[192,1,192,4],[195,0,195,8],[196,1,196,4],[197,1,197,4],[198,1,198,4],[201,0,201,8],[202,3,202,4],[202,5,202,6],[202,7,202,8],[203,3,203,4],[203,5,203,6],[203,7,203,8],[204,3,204,4],[204,5,204,6],[204,7,204,8],[205,3,205,4],[205,5,205,6],[205,7,205,8],[206,3,206,4],[206,5,206,6],[206,7,206,8],[207,3,207,4],[207,5,207,6],[207,7,207,8],[208,3,208,4],[208,5,208,6],[208,7,208,8],[210,3,210,4],[210,5,210,6],[210,7,210,8],[211,3,211,4],[211,5,211,6],[211,7,211,8],[212,3,212,4],[212,5,212,6],[212,7,212,8],[213,3,213,4],[213,5,213,6],[213,7,213,8],[214,3,214,4],[214,5,214,6],[214,7,214,8],[215,3,215,4],[215,5,215,6],[215,7,215,8],[216,7,216,8],[220,0,220,8],[221,3,221,4],[221,5,221,6],[221,7,221,8],[222,3,222,4],[222,5,222,6],[222,7,222,8],[223,3,223,4],[223,5,223,6],[223,7,223,8],[224,3,224,4],[224,5,224,6],[224,7,224,8],[225,3,225,4],[225,5,225,6],[225,7,225,8],[226,3,226,4],[226,5,226,6],[226,7,226,8],[227,3,227,4],[227,5,227,6],[227,7,227,8],[228,3,228,4],[228,5,228,6],[228,7,228,8],[229,3,229,4],[229,5,229,6],[229,7,229,8],[230,3,230,4],[230,5,230,6],[230,7,230,8],[231,3,231,4],[231,5,231,6],[231,7,231,8],[232,3,232,4],[232,5,232,6],[232,7,232,8],[233,3,233,4],[233,5,233,6],[233,7,233,8],[234,3,234,4],[234,5,234,6],[234,7,234,8],[235,3,235,4],[235,5,235,6],[235,7,235,8],[236,3,236,4],[236,5,236,6],[236,7,236,8],[237,3,237,4],[237,5,237,6],[237,7,237,8],[238,3,238,4],[238,5,238,6],[238,7,238,8],[239,3,239,4],[239,5,239,6],[239,7,239,8],[240,3,240,4],[240,5,240,6],[240,7,240,8],[241,3,241,4],[241,5,241,6],[241,7,241,8],[242,3,242,4],[242,5,242,6],[242,7,242,8],[243,3,243,4],[243,5,243,6],[243,7,243,8],[244,3,244,4],[244,5,244,6],[244,7,244,8],[245,3,245,4],[245,5,245,6],[245,7,245,8],[246,7,246,8],[247,3,247,4],[247,5,247,6],[247,7,247,8],[248,3,248,4],[248,5,248,6],[248,7,248,8],[249,3,249,4],[249,5,249,6],[250,3,250,4],[250,5,250,6],[0,0,2,8]]}
[]
[]
[]
["parcela fixa da administração local \n(mão de obra)"]
["Código","Discriminação ","Unidade"," Quantidade ",null,"Custo Unitário (R$)",null," Custo Total (R$)"]
[null,"Mão de Obra"]
[null,"Gerência Técnica"]
[null,"Geral"]
["P9955","Engenheiro chefe","mês",0.5,null,{"$f":"VLOOKUP(A9,'Pessoal Sicro'!$A$6:$G$118,6,0)","v":30056.5778},null,{"$f":"F9*D9","v":15028.2889}]
["P9840","Encarregado geral","mês",0.5,null,{"$f":"VLOOKUP(A10,'Pessoal Sicro'!$A$6:$G$118,6,0)","v":10604.707},null,{"$f":"F10*D10","v":5302.3535}]
["P9897","Técnico de meio ambiente","mês",0,null,{"$f":"VLOOKUP(A11,'Pessoal Sicro'!$A$6:$G$118,6,0)","v":7271.4868},null,{"$f":"F11*D11","v":0}]
["P9948","Motorista","mês",0,null,{"$f":"VLOOKUP(A12,'Pessoal Sicro'!$A$6:$G$118,6,0)","v":5369.6939},null,{"$f":"F12*D12","v":0}]
["P9878","Secretária","mês",0,null,{"$f":"VLOOKUP(A13,'Pessoal Sicro'!$A$6:$G$118,6,0)","v":6147.5963},null,{"$f":"F13*D13","v":0}]
[{"$nulls":5},"Subtotal do Item 1.1",null,{"$f":"SUM(H9:I13)","v":20330.6424}]
[null,"Auxiliar"]
["P9946","Engenheiro auxiliar","mês",1,null,{"$f":"VLOOKUP(A16,'Pessoal Sicro'!$A$6:$G$118,6,0)","v":21985.0115},null,{"$f":"D16*F16","v":21985.0115}]
["P9903","Auxiliar técnico","mês",0,null,{"$f":"VLOOKUP(A17,'Pessoal Sicro'!$A$6:$G$118,6,0)","v":4332.9166},null,{"$f":"D17*F17","v":0}]
[{"$nulls":5},"Subtotal do Item 1.2",null,{"$f":"SUM(H16:I17)","v":21985.0115}]
[null,"Gerência Administrativa"]
[null,"Geral"]
["P9883","Chefe do setor administrativo","mês",1,null,{"$f":"VLOOKUP(A21,'Pessoal Sicro'!$A$6:$G$118,6,0)","v":7395.5377},null,{"$f":"F21*D21","v":7395.5377}]
["P9809","Encarregado administrativo","mês",1,null,{"$f":"VLOOKUP(A22,'Pessoal Sicro'!$A$6:$G$118,6,0)","v":7395.5416},null,{"$f":"F22*D22","v":7395.5416}]
["P9896","Porteiro","mês",0,null,{"$f":"VLOOKUP(A23,'Pessoal Sicro'!$A$6:$G$118,6,0)","v":3769.6368},null,{"$f":"F23*D23","v":0}]
["P9827","Vigia","mês",0,null,{"$f":"VLOOKUP(A24,'Pessoal Sicro'!$A$6:$G$118,6,0)","v":4603.7539},null,{"$f":"F24*D24","v":0}]
["P9948","Motorista","mês",0,null,{"$f":"VLOOKUP(A25,'Pessoal Sicro'!$A$6:$G$118,6,0)","v":5369.6939},null,{"$f":"F25*D25","v":0}]
[{"$nulls":5},"Subtotal do Item 1.3",null,{"$f":"SUM(H21:I25)","v":14791.0793}]
[null,"Auxiliar"]
["P9806","Auxiliar administrativo","mês",1,null,{"$f":"VLOOKUP(A28,'Pessoal Sicro'!$A$6:$G$118,6,0)","v":4785.8758},null,{"$f":"F28*D28","v":4785.8758}]
["P9842","Faxineiro","mês",0,null,{"$f":"VLOOKUP(A29,'Pessoal Sicro'!$A$6:$G$118,6,0)","v":3769.6674},null,{"$f":"F29*D29","v":0}]
[{"$nulls":5},"Subtotal do Item 1.4",null,{"$f":"SUM(H28:I29)","v":4785.8758}]
[{"$nulls":7},"Total da Mão de Obra da Parcela Fixa",{"$f":"H30+H26+H18+H14","v":61892.609}]
[]
["parcela fixa da administração local \n(veículos)"]
["Código","Discriminação ","Unidade"," Quantidade ","Utilização Produtiva","Utilização Improdutiva","Custo Horário \nProdutivo (R$)","Custo Horário Improdutivo (R$)","Custo Total (R$)"]
[2,"Veículos"]
[null,"Gerência Técnica"]
["2.1","Geral"]
["E9093","Veículo Leve 53 kw","mês",1,44,176,{"$f":"VLOOKUP(A38,Equipamentos!$A$4:$K$541,10,0)","v":34.4589},{"$f":"VLOOKUP(A38,Equipamentos!$A$4:$K$541,11,0)","v":6.1263},{"$f":"((E38*G38)+(F38*H38))*D38","v":2594.4204}]
["E9560","Ônibus coletivo - 175 kw","mês",0,44,176,{"$f":"VLOOKUP(A39,Equipamentos!$A$4:$K$541,10,0)","v":346.6572},{"$f":"VLOOKUP(A39,Equipamentos!$A$4:$K$541,11,0)","v":106.0977},{"$f":"((E39*G39)+(F39*H39))*D39","v":0}]
[{"$nulls":7},"Subtotal do Item 2",{"$f":"SUM(I38:I39)","v":2594.4204}]
["2.2","Auxiliar"]
["E9093","Veículo Leve 53 kw","mês",0,44,176,{"$f":"G38","v":34.4589},{"$f":"H38","v":6.1263},{"$f":"((E42*G42)+(F42*H42))*D42","v":0}]
[{"$nulls":7},"Subtotal do Item 2",{"$f":"SUM(I42)","v":0}]
["2.3","Gerência Administrativa"]
["E9093","Veículo Leve 53 kw","mês",0,44,176,{"$f":"G38","v":34.4589},{"$f":"H38","v":6.1263},{"$f":"((E45*G45)+(F45*H45))*D45","v":0}]
[{"$nulls":7},"Subtotal do Item 2",{"$f":"I45","v":0}]
[{"$nulls":7},"Total dos Veículos da Parcela Fixa",{"$f":"I46+I43+I40","v":2594.4204}]
[]
["Composição de custo da equipe de produção de terraplenagem"]
["Código","Discriminação ","Unidade"," Quantidade ",null,"Custo Unitário (R$)",null," Custo Total (R$)"]
[null,"Equipe de Produção de Terraplenagem"]
["3.1","Mão de Obra"]
[{"$f":"'Pessoal Sicro'!A65","v":"P9892"},"Encarregado de produção ","mês",0,null,{"$f":"VLOOKUP(A53,'Pessoal Sicro'!$A$6:$G$118,6,0)","v":33.5536},null,{"$f":"F53*D53","v":0}]
[{"$nulls":5},"Subtotal do Item 3.1",null,{"$f":"SUM(H53:H53)","v":0}]
["Código","Discriminação ","Unidade"," Quantidade ","Utilização Produtiva","Utilização Improdutiva","Custo Horário \nProdutivo (R$)","Custo Horário Improdutivo (R$)","Custo Total (R$)"]
["3.2","Veículos"]
[null,"Veículo Leve 53 kw","mês",0,44,176,{"$f":"G38","v":34.4589},{"$f":"H38","v":6.1263},{"$f":"((E57*G57)+(F57*H57))*D57","v":0}]
[{"$nulls":7},"Subtotal do Item 3.2",{"$f":"SUM(I57:I57)","v":0}]
[{"$nulls":7},"Total da Equipe de Produção de Terraplenagem",{"$f":"I58+H54","v":0}]
[]
["Composição de custo da equipe de produção de pavimentação"]
["Código","Discriminação ","Unidade"," Quantidade ",null,"Custo Unitário (R$)",null," Custo Total (R$)"]
[null,"Equipe de Produção de Pavimentação"]
["3.1","Mão de Obra"]
[{"$f":"'Pessoal Sicro'!A70","v":"P9901"},"Encarregado de produção ","mês",1,null,{"$f":"VLOOKUP(A65,'Pessoal Sicro'!$A$6:$G$118,6,0)","v":7482.2737},null,{"$f":"F65*D65","v":7482.2737}]
[{"$nulls":5},"Subtotal do Item 3.1",null,{"$f":"SUM(H65:H65)","v":7482.2737}]
["Código","Discriminação ","Unidade"," Quantidade ","Utilização Produtiva","Utilização Improdutiva","Custo Horário \nProdutivo (R$)","Custo Horário Improdutivo (R$)","Custo Total (R$)"]
["3.2","Veículos"]
[null,"Veículo Leve 53 kw","mês",1,44,176,{"$f":"$G$38","v":34.4589},{"$f":"$H$38","v":6.1263},{"$f":"((E69*G69)+(F69*H69))*D69","v":2594.4204}]
[{"$nulls":7},"Subtotal do Item 3.2",{"$f":"SUM(I69:I69)","v":2594.4204}]
[{"$nulls":7},"Total da Equipe de Produção de Pavimentação",{"$f":"I70+H66","v":10076.6941}]
[]
["Composição de custo da equipe de produção de drenagem"]
["Código","Discriminação ","Unidade"," Quantidade ",null,"Custo Unitário (R$)",null," Custo Total (R$)"]
[null,"Equipe de Produção de Pavimentação"]
["3.1","Mão de Obra"]
[{"$f":"'Pessoal Sicro'!$A$70","v":"P9901"},"Encarregado de produção ","mês",1,null,{"$f":"VLOOKUP(A77,'Pessoal Sicro'!$A$6:$G$118,6,0)","v":7482.2737},null,{"$f":"F77*D77","v":7482.2737}]
[{"$nulls":5},"Subtotal do Item 3.1",null,{"$f":"SUM(H77:H77)","v":7482.2737}]
["Código","Discriminação ","Unidade"," Quantidade ","Utilização Produtiva","Utilização Improdutiva","Custo Horário \nProdutivo (R$)","Custo Horário Improdutivo (R$)","Custo Total (R$)"]
["3.2","Veículos"]
[null,"Veículo Leve 53 kw","mês",1,44,176,{"$f":"$G$38","v":34.4589},{"$f":"$H$38","v":6.1263},{"$f":"((E81*G81)+(F81*H81))*D81","v":2594.4204}]
[{"$nulls":7},"Subtotal do Item 3.2",{"$f":"SUM(I81:I81)","v":2594.4204}]
[{"$nulls":7},"Total da Equipe de Produção de Pavimentação",{"$f":"I82+H78","v":10076.6941}]
[]
["Composição de custo da equipe de produção de sinalização"]
["Código","Discriminação ","Unidade"," Quantidade ",null,"Custo Unitário (R$)",null," Custo Total (R$)"]
[null,"Equipe de Produção de Pavimentação"]
["3.1","Mão de Obra"]
[{"$f":"'Pessoal Sicro'!$A$70","v":"P9901"},"Encarregado de produção ","mês",1,null,{"$f":"VLOOKUP(A89,'Pessoal Sicro'!$A$6:$G$118,6,0)","v":7482.2737},null,{"$f":"F89*D89","v":7482.2737}]
[{"$nulls":5},"Subtotal do Item 3.1",null,{"$f":"SUM(H89:H89)","v":7482.2737}]
["Código","Discriminação ","Unidade"," Quantidade ","Utilização Produtiva","Utilização Improdutiva","Custo Horário \nProdutivo (R$)","Custo Horário Improdutivo (R$)","Custo Total (R$)"]
["3.2","Veículos"]
[null,"Veículo Leve 53 kw","mês",1,44,176,{"$f":"$G$38","v":34.4589},{"$f":"$H$38","v":6.1263},{"$f":"((E93*G93)+(F93*H93))*D93","v":2594.4204}]
[{"$nulls":7},"Subtotal do Item 3.2",{"$f":"SUM(I93:I93)","v":2594.4204}]
[{"$nulls":7},"Total da Equipe de Produção de Pavimentação",{"$f":"I94+H90","v":10076.6941}]
[]
["Composição de custo da equipe topografia"]
["Código","Discriminação ","Unidade"," Quantidade ",null,"Custo Unitário (R$)",null," Custo Total (R$)"]
[null,"Equipe de Topografia"]
["3.1","Mão de Obra"]
["P9949","Topográfo","mês",1,null,{"$f":"VLOOKUP(A101,'Pessoal Sicro'!$A$6:$G$118,6,0)","v":8082.2879},null,{"$f":"F101*D101","v":8082.2879}]
["P9950","Auxiliar de topografia","mês",1,null,{"$f":"VLOOKUP(A102,'Pessoal Sicro'!$A$6:$G$118,6,0)","v":5435.6762},null,{"$f":"F102*D102","v":5435.6762}]
[{"$nulls":5},"Subtotal do Item 3.1",null,{"$f":"SUM(H101:I102)","v":13517.9641}]
["Código","Discriminação ","Unidade"," Quantidade ","Utilização Produtiva","Utilização Improdutiva","Custo Horário \nProdutivo (R$)","Custo Horário Improdutivo (R$)","Custo Total (R$)"]
["3.2","Veículos"]
[null,"Veículo Leve 53 kw","mês",1,44,176,{"$f":"G38","v":34.4589},{"$f":"H38","v":6.1263},{"$f":"((E106*G106)+(F106*H106))*D106","v":2594.4204}]
[{"$nulls":7},"Subtotal do Item 3.2",{"$f":"SUM(I106:I106)","v":2594.4204}]
[{"$nulls":7},"Total da Equipe de Produção de Topografia",{"$f":"I107+H103","v":16112.3845}]
[]
["Composição de custo do setor de medicina e segurança do trabalho"]
["Código","Discriminação ","Unidade"," Quantidade ",null,"Custo Unitário (R$)",null," Custo Total (R$)"]
[4,"Setor de Medicina e Segurança do Trabalho"]
["P9876","Técnico de segurança do trabalho","mês",1,null,{"$f":"VLOOKUP(A113,'Pessoal Sicro'!$A$6:$G$118,6,0)","v":6955.5956},null,{"$f":"F113*D113","v":6955.5956}]
["P9864","Engenheiro de segurança do trabalho","mês",0,null,{"$f":"VLOOKUP(A114,'Pessoal Sicro'!$A$6:$G$118,6,0)","v":22507.3887},null,{"$f":"F114*D114","v":0}]
["P9851","Médico do trabalho","mês",0,null,{"$f":"VLOOKUP(A115,'Pessoal Sicro'!$A$6:$G$118,6,0)","v":17926.4742},null,{"$f":"F115*D115","v":0}]
["P9951","Médico de câmara hiperbárica","mês",0,null,{"$f":"VLOOKUP(A116,'Pessoal Sicro'!$A$6:$G$118,6,0)","v":19875.1916},null,{"$f":"F116*D116","v":0}]
[{"$nulls":5},"Subtotal do Item 4",null,{"$f":"SUM(H113:I116)","v":6955.5956}]
[]
["Parcela Variável - Composição de custo da equipe de frente de serviço"]
["Código","Discriminação ","Unidade"," Quantidade ",null,"Custo Unitário (R$)",null," Custo Total (R$)"]
[5,"Equipe de Frente de Serviço","equipexmês"]
["P9875","Encarregado de Turma","mês",1,null,{"$f":"VLOOKUP(A122,'Pessoal Sicro'!$A$6:$G$118,6,0)","v":5378.3671},null,{"$f":"F122*D122","v":5378.3671}]
["P9804","Apontador","mês",0.5,null,{"$f":"VLOOKUP(A123,'Pessoal Sicro'!$A$6:$G$118,6,0)","v":4813.304},null,{"$f":"F123*D123","v":2406.652}]
[{"$nulls":5},"Subtotal do Item 5",null,{"$f":"SUM(H122:I123)","v":7785.0191}]
[]
["Parcela Variável - Composição de custo da equipe de frente de serviço (Terraplenagem) - Somente Compactação "]
["Código","Discriminação ","Unidade"," Quantidade ",null,"Produção Horária \n(und/h)",null,"Efs"]
["5.1","Equipe de Frente de Serviço","equipexmês"]
[null,null,"mês",{"$nulls":4},{"$f":"(D129)/(F129*182.49)","v":{"$error":"#DIV/0!"}}]
[null,null,"mês",{"$nulls":4},{"$f":"(D130)/(F130*182.49)","v":{"$error":"#DIV/0!"}}]
[null,null,"mês",{"$nulls":4},{"$f":"(D131)/(F131*182.49)","v":{"$error":"#DIV/0!"}}]
[{"$nulls":5},"Total de Equipes para Terraplenagem",null,{"$f":"SUM(H131:I131)","v":{"$error":"#DIV/0!"}}]
[]
["Parcela Variável - Composição de custo da acompanhamento das frentes de serviço de pavimentação"]
["Código","Discriminação ","Unidade"," Quantidade ",null,"Produção Horária \n(und/h)",null,"Efs"]
["5.2","Equipe de Frente de Serviço","equipe x mês"]
[4011463,{"$f":"VLOOKUP(A137,'SINTÉTICO SICRO'!$A$4:$D$6373,2,0)","v":"Concreto asfáltico - faixa C - areia e brita comerciais"},"m²",{"$f":"'RESUMO MODULO TOTAL'!J19","v":36960},null,99.6,null,{"$f":"(D137)/(F137*182.49)","v":2.03345025672309}]
[4011353,{"$f":"VLOOKUP(A138,'SINTÉTICO SICRO'!$A$4:$D$6373,2,0)","v":"Pintura de ligação"},"m²",{"$f":"'RESUMO MODULO TOTAL'!J20","v":308000},null,1125,null,{"$f":"(D138)/(F138*182.49)","v":1.50023441162682}]
[4915663,{"$f":"VLOOKUP(A139,'SINTÉTICO SICRO'!$A$4:$D$6373,2,0)","v":"Fresagem descontínua de revestimento asfáltico - espessura de 5 cm"},"m²",{"$f":"'RESUMO MODULO TOTAL'!J21","v":1540},null,1500,null,{"$f":"(D139)/(F139*182.49)","v":0.00562587904360056}]
[4915618,{"$f":"VLOOKUP(A140,'SINTÉTICO SICRO'!$A$4:$D$6373,2,0)","v":"Recomposição de camada granular do pavimento com material de jazida"},"m³",{"$f":"'RESUMO MODULO TOTAL'!J22","v":30800},null,120.7,null,{"$f":"(D140)/(F140*182.49)","v":1.39831293544339}]
[{"$nulls":5},"Total de Equipes para Pavimentação",null,{"$f":"SUM(H137:I140)","v":4.9376234828369}]
[]
["Parcela Variável - Composição de custo da acompanhamento das frentes de serviço de drenagem"]
["Código","Discriminação ","Unidade"," Quantidade ",null,"Efsdu",null,"Efs"]
["5.3","Frentes de Serviço para Drenagem","equipe x mês"]
[4915777,{"$f":"VLOOKUP(A146,'SINTÉTICO SICRO'!$A$4:$D$6373,2,0)","v":"Reassentamento manual de meio-fio com material arrancado da pista"},"m",{"$f":"'RESUMO MODULO TOTAL'!J34","v":88000},null,0.00021,null,{"$f":"D146*F146","v":18.48}]
[4915708,{"$f":"VLOOKUP(A147,'SINTÉTICO SICRO'!$A$4:$D$6373,2,0)","v":"Limpeza de sarjeta e meio-fio"},"m",{"$f":"'RESUMO MODULO TOTAL'!J35","v":10560},null,0.00021,null,{"$f":"D147*F147","v":2.2176}]
[4915724,{"$f":"VLOOKUP(A148,'SINTÉTICO SICRO'!$A$4:$D$6373,2,0)","v":"Caiação mecanizada com fixador de cal"},"m",{"$f":"'RESUMO MODULO TOTAL'!J36","v":0},null,0.00021,null,{"$f":"D148*F148","v":0}]
[{"$nulls":5},"Total de Equipes para Drenagem",null,{"$f":"H148","v":0}]
[]
["Parcela Variável - Composição de custo da acompanhamento das frentes de serviço de sinalização"]
["Código","Discriminação ","Unidade"," Quantidade ",null,"Produção Horária (und/h)",null,"Efs"]
["5.4","Frentes de Serviço para Sinalização","equipe x mês"]
[5213440,{"$f":"VLOOKUP(A154,'SINTÉTICO SICRO'!$A$4:$D$6373,2,0)","v":"Placa de regulamentação em aço D = 0,60 m - película retrorrefletiva tipo I + SI - fornecimento e implantação"},"Unidade",{"$f":"'RESUMO MODULO TOTAL'!J29","v":132},null,3,null,{"$f":"0.2*((D154)/(F154*182.49))","v":0.0482218203737191}]
[5213464,{"$f":"VLOOKUP(A155,'SINTÉTICO SICRO'!$A$4:$D$6373,2,0)","v":"Placa de advertência em aço, lado de 0,60 m - película retrorrefletiva tipo I + SI - fornecimento e implantação"},"Unidade",{"$f":"'RESUMO MODULO TOTAL'!J30","v":132},null,4.1,null,{"$f":"0.2*((D155)/(F155*182.49))","v":0.0352842588100384}]
[5213863,{"$f":"VLOOKUP(A156,'SINTÉTICO SICRO'!$A$4:$D$6373,2,0)","v":"Suporte metálico galvanizado para placa de advertência ou regulamentação - lado ou diâmetro de 0,60 m - fornecimento e implantação"},"Unidade",{"$f":"'RESUMO MODULO TOTAL'!J31","v":264},null,4.1,null,{"$f":"0.2*((D156)/(F156*182.49))","v":0.0705685176200768}]
[5213400,{"$f":"VLOOKUP(A157,'SINTÉTICO SICRO'!$A$4:$D$6373,2,0)","v":"Pintura de faixa com tinta acrílica - espessura de 0,4 mm"},"m²",{"$f":"'RESUMO MODULO TOTAL'!J32","v":10560},null,177.07,null,{"$f":"0.2*((D157)/(F157*182.49))","v":0.0653596706934692}]
[{"$nulls":5},"Total de Equipes para Sinalização",null,{"$f":"SUM(H154:I157)","v":0.219434267497303},null,{"$f":"H158+H149","v":0.219434267497303}]
[]
["3. PARCELA VARIÁVEL - EQUIPE DE CONTROLE TECNOLÓGICO"]
["LABORATÓRIO DE SOLOS"]
["Item","Discriminação",null,null,null,"Unidade","Quantidade","Custo Unitário (R$)","Custo Total (R$)"]
[null,"Laboratório de Solos (equipe x mês)"]
[null,"Mão de Obra"]
["P9858","Laboratorista",null,null,null,"func./mês",1,{"$f":"VLOOKUP(A165,'Pessoal Sicro'!$A$6:$G$118,6,0)","v":7073.6206},{"$f":"TRUNC(G165*H165,2)","v":7073.62}]
["P9833","Auxiliar de laboratório",null,null,null,"func./mês",1,{"$f":"VLOOKUP(A166,'Pessoal Sicro'!$A$6:$G$118,6,0)","v":5402.9669},{"$f":"TRUNC(G166*H166,2)","v":5402.96}]
[{"$nulls":7},"Subtotal do Item",{"$f":"SUM(I165:I166)","v":12476.58}]
["Item","Discriminação","Und","Quant","Utilização Produtiva","Utilização Improdutiva","Horário Produtivo (R$)","Horário Improdutivo (R$)","Total (R$)"]
[null,"Equipe de Controle Tecnológico"]
[null,"Veículos"]
["E9125","Van furgão a diesel - 93 kW","veic./mês",0.5,44,176,{"$f":"VLOOKUP(A171,Equipamentos!$A$4:$K$533,10,0)","v":82.253},{"$f":"VLOOKUP(A171,Equipamentos!$A$4:$K$533,11,0)","v":46.7195},{"$f":"D171*((E171*G171)+(F171*H171))","v":5920.882}]
[{"$nulls":7},"Subtotal do Item",{"$f":"SUM(I171:I171)","v":5920.882}]
[{"$nulls":7},"Total da Equipe do Laboratório de Solos",{"$f":"I167+I172","v":18397.462}]
[]
["3. PARCELA VARIÁVEL - EQUIPE DE CONTROLE TECNOLÓGICO"]
["LABORATÓRIO DE ASFALTOS"]
["Item","Discriminação",null,null,null,"Unidade","Quantidade","Custo Unitário (R$)","Custo Total (R$)"]
[null,"Laboratório de Solos (equipe x mês)"]
[null,"Mão de Obra"]
["P9858","Laboratorista",null,null,null,"func./mês",1,{"$f":"VLOOKUP(A180,'Pessoal Sicro'!$A$6:$G$118,6,0)","v":7073.6206},{"$f":"TRUNC(G180*H180,2)","v":7073.62}]
["P9833","Auxiliar de laboratório",null,null,null,"func./mês",1,{"$f":"VLOOKUP(A181,'Pessoal Sicro'!$A$6:$G$118,6,0)","v":5402.9669},{"$f":"TRUNC(G181*H181,2)","v":5402.96}]
[{"$nulls":7},"Subtotal do Item",{"$f":"SUM(I180:I181)","v":12476.58}]
["Item","Discriminação","Und","Quant","Utilização Produtiva","Utilização Improdutiva","Horário Produtivo (R$)","Horário Improdutivo (R$)","Total (R$)"]
[null,"Equipe de Controle Tecnológico"]
[null,"Veículos"]
["E9125","Van furgão a diesel - 93 kW","veic./mês",0.5,44,176,{"$f":"VLOOKUP(A186,Equipamentos!$A$4:$K$533,10,0)","v":82.253},{"$f":"VLOOKUP(A186,Equipamentos!$A$4:$K$533,11,0)","v":46.7195},{"$f":"D186*((E186*G186)+(F186*H186))","v":5920.882}]
[{"$nulls":7},"Subtotal do Item",{"$f":"SUM(I186:I186)","v":5920.882}]
[{"$nulls":7},"Total da Equipe do Laboratório de Asfaltos",{"$f":"I182+I187","v":18397.462}]
[]
["Equipes de laboratório de solos para pavimentação"]
["Item","Discriminação",null,null,null,"Und","Quant","QE","Els"]
["-","-",null,null,null,"-","-","-","-"]
["-","-",null,null,null,"-","-","-","-"]
[{"$nulls":7},"Total de equipes de Laboratório de Solos para Pavimentação","-"]
[]
["Equipes de laboratório de Asfalto"]
["Item","Discriminação",null,null,null,"Und","Quant","QE","Ela"]
[4011463,{"$f":"VLOOKUP(A198,'SINTÉTICO SICRO'!A:D,2,0)","v":"Concreto asfáltico - faixa C - areia e brita comerciais"},null,null,null,{"$f":"VLOOKUP(A198,'SINTÉTICO SICRO'!A:D,3,0)","v":"t"},{"$f":"VLOOKUP(A198,'RESUMO MODULO TOTAL'!D:J,7,FALSE)","v":36960},9000,{"$f":"G198/H198","v":4.10666666666667}]
[4011353,{"$f":"VLOOKUP(A199,'SINTÉTICO SICRO'!A:D,2,0)","v":"Pintura de ligação"},null,null,null,{"$f":"VLOOKUP(A199,'SINTÉTICO SICRO'!A:D,3,0)","v":"m²"},{"$f":"VLOOKUP(A199,'RESUMO MODULO TOTAL'!D:J,7,FALSE)","v":308000},1610000,{"$f":"G199/H199","v":0.191304347826087}]
[{"$nulls":7},"Total de equipes de Laboratório de Asfaltos",{"$f":"SUM(I198:I199)","v":4.29797101449275}]
[]
["manutenção do canteiro de obras e acampamentos"]
["Código","Discriminação ","Unidade"," Quantidade ",null,"Custo Unitário (R$)",null," Custo Total (R$)"]
[null,"Manutenção do Canteiro de Obras e Acampamentos"]
["6.1","Mão de Obra"]
["P9952","Pedreiro","mês",0,null,{"$f":"VLOOKUP(A206,'Pessoal Sicro'!$A$6:$G$118,6,0)","v":4864.0022},null,{"$f":"F206*D206","v":0}]
["P9954","Servente","mês",0,null,{"$f":"VLOOKUP(A207,'Pessoal Sicro'!$A$6:$G$118,6,0)","v":3953.2123},null,{"$f":"F207*D207","v":0}]
["P9953","Eletricista","mês",0,null,{"$f":"VLOOKUP(A208,'Pessoal Sicro'!$A$6:$G$118,6,0)","v":5494.7815},null,{"$f":"F208*D208","v":0}]
[{"$nulls":5},"Subtotal do Item 6.1",null,{"$f":"SUM(H206:I208)","v":0}]
[]
["Código","Discriminação ","Unidade"," Quantidade ",null,"Custo Produtivo (R$)",null," Custo Total (R$)"]
["6.2","Equipamentos"]
[null,"Caminhão guindauto de 6 toneladas","h/mês",0,null,null,null,{"$f":"F213*D213","v":0}]
[null,"Caminhão tanque de 8.000 litros","h/mês",0,null,null,null,{"$f":"F214*D214","v":0}]
["E9524","Motoniveladora","h/mês",0,null,{"$f":"VLOOKUP(A215,Equipamentos!$A$4:$K$541,10,0)","v":283.3267},null,{"$f":"F215*D215","v":0}]
[{"$nulls":5},"Subtotal do Item 6.2",null,{"$f":"SUM(H213:I215)","v":0}]
[{"$nulls":6},"Total da Manutenção do Canteiro de Obras e Acampamentos",{"$f":"H216+H209","v":0}]
[]
[]
[]
["Resumo das parcelas de administração local"]
["Código","Discriminação ","Unidade"," Quantidade ",null,"Custo Unitário (R$)",null," Custo Total (R$)"]
[null,"Parcela Fixa"]
[null,"Mão de Obra","mês",5,null,{"$f":"H14+H18+H26+H30","v":61892.609},null,{"$f":"F224*D224","v":309463.045}]
[null,"Veículos","mês",5,null,{"$f":"I47","v":2594.4204},null,{"$f":"F225*D225","v":12972.102}]
[{"$nulls":5},"Subtotal do Item 1",null,{"$f":"SUM(H224:I225)","v":322435.147}]
[null,"Parcela Vinculada"]
[null,"Equipe de produção de terraplenagem","mês",4,null,{"$f":"I59","v":0},null,{"$f":"F228*D228","v":0}]
[null,"Equipe de produção de pavimentação","mês",6,null,{"$f":"I71","v":10076.6941},null,60460.1646]
[null,"Equipe de produção de drenagem","mês",2,null,{"$f":"I83","v":10076.6941},null,20153.3882]
[null,"Equipe de produção de sinalização","mês",1,null,{"$f":"I95","v":10076.6941},null,10076.6941]
[null,"Equipe de topografia","mês",10,null,{"$f":"I108","v":16112.3845},null,161123.845]
[null,"Equipe de medicina e segurança do trabalho","mês",10,null,{"$f":"H117","v":6955.5956},null,69555.956]
[null,"Técnicos especializados","mês",0,null,null,null,0]
[{"$nulls":5},"Subtotal do Item 2",null,{"$f":"SUM(H228:I234)","v":321370.0479}]
[null,"Parcela Variável"]
[null,"Acompanhamento da Terraplenagem","equipe x mês","-",null,{"$f":"$H$124","v":7785.0191},null,"-"]
[null,"Acompanhamento da Pavimentação","equipe x mês",{"$f":"H141","v":4.9376234828369},null,{"$f":"$H$124","v":7785.0191},null,{"$f":"F238*D238","v":38439.4931224938}]
[null,"Acompanhamento da Drenagem","equipe x mês",{"$f":"H149","v":0},null,{"$f":"$H$124","v":7785.0191},null,{"$f":"F239*D239","v":0}]
[null,"Acompanhamento da Sinalização","equipe x mês",{"$f":"H158","v":0.219434267497303},null,{"$f":"$H$124","v":7785.0191},null,{"$f":"F240*D240","v":1708.29996366102}]
[null,"Laboratório de Solos","equipe x mês",{"$f":"I194","v":"-"},null,{"$f":"I173","v":18397.462},null,"-"]
[null,"Laboratório de asfaltos","equipe x mês",{"$f":"I200","v":4.29797101449275},null,{"$f":"I188","v":18397.462},null,{"$f":"F242*D242","v":79071.7584162319}]
[{"$nulls":5},"Subtotal do Item 3",null,{"$f":"SUM(H237:I242)","v":119219.551502387}]
[null,"Manutenção dos Canteiros de Obras e Acampamentos"]
[null,"Equipe de manutenção","mês",0,null,{"$f":"H217","v":0},null,{"$f":"F245*D245","v":0}]
[{"$nulls":5},"Subtotal do Item 4",null,{"$f":"SUM(H245:I245)","v":0}]
[{"$nulls":6},"Subtotal",{"$f":"H246+H243+H235+H226","v":763024.746402387}]
[null,"Despesas Diversas","%",0.05,null,"-",null,{"$f":"D248*H247","v":38151.2373201193}]
[{"$nulls":5},"TOTAL",null,{"$f":"H247+H248","v":801175.983722506},null,{"$f":"H249","v":801175.983722506}]
[{"$nulls":5},"BDI",null,null,{"$f":"BDI!C16","v":0.2339}]
[{"$nulls":5},"TOTAL COM BDI",null,null,{"$f":"H249+(H249*I250)","v":988571.0463152}]

{"sheet":"Projeto Executivo","index":5,"n_rows":29,"n_cols":7,"rows_kept":29,"cut":false,"hidden":false,"merged":[[3,0,3,6],[5,0,5,1],[16,0,16,1],[20,0,20,1],[25,0,25,1],[26,0,26,1],[27,0,27,1],[0,0,2,6],[4,2,6,4]]}
[]
[]
[]
["COMPOSIÇAO PREÇO PROJETO EXECUTIVO"]
[]
["DISCRIMINAÇAO",{"$nulls":4},"Pr. Unit.","Pr. Total"]
[]
["A· EOUIPE TECNICA",{"$nulls":5},{"$f":"G9+G12","v":13957.910024}]
[null,"A. 1 - Pessoal de Nível Superior","Unidade","Quantitativo","SICRO e Rel.Custos Gerais",null,{"$f":"G10+G11","v":11139.17058}]
[null,"Engenheiro","mês",0.4,"P9812",{"$f":"VLOOKUP(E10,'Pessoal Sicro'!A:G,6,0)","v":23806.7825},{"$f":"F10*D10","v":9522.713}]
[null,"Topógrafo","mês",0.2,"P9949",{"$f":"VLOOKUP(E11,'Pessoal Sicro'!A:G,6,0)","v":8082.2879},{"$f":"F11*D11","v":1616.45758}]
[null,"A.2 - Pessoal de Nível Técnico e Aux.",{"$nulls":4},{"$f":"G13+G14","v":2818.739444}]
[null,"Auxiliar de topógrafo","mês",0.12,"P9950",{"$f":"VLOOKUP(E13,'Pessoal Sicro'!A:G,6,0)","v":5435.6762},{"$f":"F13*D13","v":652.281144}]
[null,"Auxiliar Técnico/Assistente de Engenharia ","mês",0.5,"P9903",{"$f":"VLOOKUP(E14,'Pessoal Sicro'!A:G,6,0)","v":4332.9166},{"$f":"F14*D14","v":2166.4583}]
["B - ENCARGOS SOCIAIS",{"$nulls":5},{"$f":"G16","v":0}]
[null,{"$f":"CONCATENATE(\"Taxas \",'ENC. SOCIAIS'!E51,\"%\")","v":"Taxas 113,98%"},"JÁ INCLUSAS EM \"A\""]
["C - DESPESAS GERAIS",{"$nulls":5},{"$f":"G18+G20+G19","v":4980.73892656985}]
[null,"C.1 - MATERIAIS DE CONSUMO","Estimativa % como referência de equipe técnica com encargos sociais ",0.03,null,{"$f":"G8+G16","v":13957.910024},{"$f":"F18*D18","v":418.73730072}]
[null,"C.2 - VEÍCULOS (Veículo leve picape 4 x 4 com capacidade de 1,10 t - 147 kW)","h",40,"E9684",{"$f":"VLOOKUP(E19,Equipamentos!A:K,10,0)","v":106.3136},{"$f":"F19*D19","v":4252.544}]
[null,"C.3 - Estação total eletrônica com alcance máximo de 3.000 m","h",60.9973046833137,"E9553",{"$f":"VLOOKUP(E20,Equipamentos!A:K,10,0)","v":5.0733},{"$f":"F20*D20","v":309.457625849855}]
["D - ENSAIOS",{"$nulls":5},{"$f":"SUM(G22:G25)","v":3176.527748}]
[null,"Laboratorista","mês",0.2,"P9858",{"$f":"VLOOKUP(E22,'Pessoal Sicro'!A:G,6,0)","v":7073.6206},{"$f":"F22*D22","v":1414.72412}]
[null,"Auxiliar de Laboratório","mês",0.12,"P9833",{"$f":"VLOOKUP(E23,'Pessoal Sicro'!A:G,6,0)","v":5402.9669},{"$f":"F23*D23","v":648.356028}]
[null,"Laboratório de solos","mês",0.12,"B8957",{"$f":"VLOOKUP(E24,'Tabelas 1 e 2'!C14:G23,5,0)","v":4073.25},{"$f":"F24*D24","v":488.79}]
[null,"Laboratório de asfalto","mês",0.12,"B8955",{"$f":"VLOOKUP(E25,'Tabelas 1 e 2'!C15:G24,5,0)","v":5205.48},{"$f":"F25*D25","v":624.6576}]
["I - SOMA (A+B+C+D)",{"$nulls":5},{"$f":"G8+G15+G17+G21","v":22115.1766985699}]
["II - CUSTOS ADMINISTRATIVOS",null,null,{"$f":"BDI!C17","v":0},null,null,{"$f":"D27*G26","v":0}]
[" TOTAL",{"$nulls":5},{"$f":"G26+G27","v":22115.1766985699}]
[{"$nulls":5},"Por m²:",{"$f":"G28/('MC MODULO'!C1*'MC MODULO'!C2)","v":1.57965547846928}]

{"sheet":" CONSUMO DE MAT. B TOTAL","index":6,"n_rows":18,"n_cols":17,"rows_kept":18,"cut":false,"hidden":false,"merged":[[7,0,7,1],[7,2,7,10],[7,11,7,14],[9,0,9,14],[12,0,12,14],[14,0,14,14],[16,0,16,14],[18,0,18,14],[3,0,4,14],[5,0,6,14]]}
[]
[]
[]
[]
[]
["CONSUMO DO MATERIAL BETUMINOSO TOTAL"]
[]
["TRECHO",null,"QUANTIDADES",{"$nulls":8},"MAT. BETUMINOSO"]
["Inicio           (km)","Fim              (km)","Extensão     (m)","Largura       (m)","Espess.       (m)","Área            (m2)","Volume              (m3)","Densidade (t/m3)","Massa            (t)","Unid","Quant.","Tipo","Consumo Taxa de Aplicação","Unid. ","Quant."]
[]
[{"$nulls":4},1,{"$nulls":9},{"$f":"ROUND((F11*1.3)/1000,2)","v":0}]
[{"$nulls":4},1,null,{"$f":"F12*E12","v":0},{"$nulls":7},{"$f":"ROUND((F12*1.2)/1000,2)","v":0}]
["PINTURA DE LIGAÇÃO"]
[{"$nulls":4},1,{"$f":"'MC MODULO'!H39","v":308000},{"$f":"F14*E14","v":308000},{"$nulls":4},"RR-1C","0,4 l/m2","t",{"$f":"ROUND((F14*0.45)/1000,2)","v":138.6}]
["CBUQ FAIXA \"C\""]
[{"$nulls":6},{"$f":"F16*E16","v":0},null,{"$f":"'MC MODULO'!H33","v":36960},null,null,"CAP-50/70",0.06449,"t",{"$f":"ROUND((I16*64.49)/1000,2)","v":2383.55},null,0.06449]
[]
[{"$nulls":6},{"$f":"F18*E18","v":0}]

{"sheet":"CPU CODEVASF","index":7,"n_rows":52,"n_cols":9,"rows_kept":52,"cut":false,"hidden":false,"merged":[[3,0,3,7],[4,6,4,7],[7,0,7,7],[11,4,11,6],[14,5,14,6],[20,4,20,6],[23,5,23,6],[29,4,29,6],[32,5,32,6],[38,4,38,6],[41,5,41,6],[49,4,49,6],[51,5,51,6],[8,0,9,0],[17,0,18,0],[26,0,27,0],[35,0,36,0],[43,0,44,0],[8,1,9,1],[17,1,18,1],[26,1,27,1],[35,1,36,1],[43,1,44,1],[8,2,9,2],[17,2,18,2],[26,2,27,2],[35,2,36,2],[43,2,44,2],[8,3,9,3],[17,3,18,3],[26,3,27,3],[35,3,36,3],[43,3,44,3],[8,4,9,4],[17,4,18,4],[26,4,27,4],[35,4,36,4],[43,4,44,4],[8,5,9,5],[17,5,18,5],[26,5,27,5],[35,5,36,5],[43,5,44,5],[8,6,9,6],[17,6,18,6],[26,6,27,6],[35,6,36,6],[43,6,44,6],[8,7,9,7],[17,7,18,7],[26,7,27,7],[35,7,36,7],[43,7,44,7],[0,0,2,7],[4,0,6,3],[5,4,6,5]]}
[]
[]
[]
[{"$f":"#REF!","v":{"$error":"#REF!"}}]
[{"$nulls":5},"BDI %:",{"$f":"BDI!C16","v":0.2339}]
[{"$nulls":4},"Encargos Sociais:",null,"Horista","Mensalista"]
[{"$nulls":6},{"$f":"'ENC. SOCIAIS'!E47/100","v":0.1768},{"$f":"'ENC. SOCIAIS'!F47/100","v":0.0659}]
["COMPOSIÇÕES DE CUSTO UNITARIO"]
["CPU-13","CODEVASF",null,"AQUISIÇÃO DE CIMENTO ASFALTICO CAP 50/70","t","COEF.","PRECO UNITÁRIO (R$)","TOTAL (R$)"]
[]
[null,null,null,"CIMENTO ASFALTICO 50/70","t",1,{"$f":"RESUMO_Transp!V14","v":5094.10004511621},{"$f":"F11*G11","v":5094.10004511621}]
[{"$nulls":4},"Sub total:",null,null,{"$f":"SUM(H11)","v":5094.10004511621}]
[{"$nulls":5},"BDI",0.15,{"$f":"H12*G13","v":764.115006767431}]
[{"$nulls":6},"Total Serviços:",{"$f":"H12+H13","v":5858.21505188364}]
[{"$nulls":4},{"$f":"A9","v":"CPU-13"},"PREÇO UNITÁRIO TOTAL:",null,{"$f":"H14","v":5858.21505188364},{"$f":"H12","v":5094.10004511621}]
[]
[]
["CPU-15","CODEVASF",null,"AQUISIÇÃO DE EMULSÃO ASFÁLTICA RR-1C","t","COEF.","PRECO UNITÁRIO (R$)","TOTAL (R$)"]
[]
[null,null,null,"EMULSÃO ASFÁLTICA RR-1C","t",1,{"$f":"RESUMO_Transp!V33","v":3261.09577737547},{"$f":"F20*G20","v":3261.09577737547}]
[{"$nulls":4},"Sub total:",null,null,{"$f":"SUM(H20)","v":3261.09577737547}]
[{"$nulls":5},"BDI",0.15,{"$f":"H21*G22","v":489.16436660632}]
[{"$nulls":6},"Total Serviços:",{"$f":"H21+H22","v":3750.26014398179}]
[{"$nulls":4},{"$f":"A18","v":"CPU-15"},"PREÇO UNITÁRIO TOTAL:",null,{"$f":"H23","v":3750.26014398179},{"$f":"H21","v":3261.09577737547}]
[]
[]
["CPU-17","CODEVASF",null,"TRANSPORTE DE CIMENTO ASFALTICO CAP 50/70","t","COEF.","PRECO UNITÁRIO (R$)","TOTAL (R$)"]
[]
[null,null,null,"TRANSPORTE DE CIMENTO ASFALTICO 50/70","t",1,{"$f":"RESUMO_Transp!U14","v":127.02},{"$f":"F29*G29","v":127.02}]
[{"$nulls":4},"Sub total:",null,null,{"$f":"SUM(H29)","v":127.02}]
[{"$nulls":5},"BDI",0.15,{"$f":"ROUND(H30*G31,2)","v":19.05}]
[{"$nulls":6},"Total Serviços:",{"$f":"H30+H31","v":146.07}]
[{"$nulls":4},{"$f":"A27","v":"CPU-17"},"PREÇO UNITÁRIO TOTAL:",null,{"$f":"H32","v":146.07},{"$f":"H30","v":127.02}]
[]
[]
["CPU-19","CODEVASF",null,"TRANSPORTE DE EMULSÃO ASFÁLTICA RR-1C","UNID","COEF.","PRECO UNITÁRIO (R$)","TOTAL (R$)"]
[]
[null,null,null,"TRANSPORTE DE EMULSÃO ASFÁLTICA RR-1C","t",1,{"$f":"RESUMO_Transp!$U$33","v":1445.60346320346},{"$f":"F38*G38","v":1445.60346320346}]
[{"$nulls":4},"Sub total:",null,null,{"$f":"SUM(H38)","v":1445.60346320346}]
[{"$nulls":5},"BDI",0.15,{"$f":"H39*G40","v":216.840519480519}]
[{"$nulls":6},"Total Serviços:",{"$f":"H39+H40","v":1662.44398268398}]
[{"$nulls":4},{"$f":"A36","v":"CPU-19"},"PREÇO UNITÁRIO TOTAL:",null,{"$f":"H41","v":1662.44398268398},{"$f":"H39","v":1445.60346320346}]
[]
["CPU-20","CODEVASF",null,"CONTROLE TECNOLÓGICO - PROJETO","m²","COEF.","PRECO UNITÁRIO (R$)","TOTAL (R$)"]
[]
["Insumo","SICRO","P9858","Laboratorista","mês",1.07142857142857e-5,5576.2888,{"$f":"F46*G46","v":0.0597459514285714}]
["Composição","SICRO","P9833","Auxiliar de Laboratório","mês",1.07142857142857e-5,4221.2468,0.0452276442857143]
["Composição","SICRO","*B8957","Laboratório de Solos","mês",1.07142857142857e-5,4235.59,0.0453813214285714]
["Composição","SICRO","*B8955","Laboratório de Asfalto","mês",1.07142857142857e-5,5144.99,0.0551248928571429]
[null,"*Relatório de Custos Gerais do DNIT, página 1",null,null,"Sub total:",null,null,{"$f":"SUM(H46:H49)","v":0.20547981}]
[{"$nulls":5},"BDI",{"$f":"BDI!$C$16","v":0.2339},{"$f":"G51*H50","v":0.048061727559}]
[{"$nulls":4},"CPU-20","PREÇO UNITÁRIO TOTAL:",null,{"$f":"H50+H51","v":0.253541537559},{"$f":"H50","v":0.20547981}]

{"sheet":"BDI","index":8,"n_rows":67,"n_cols":3,"rows_kept":67,"cut":false,"hidden":false,"merged":[[3,0,3,3],[4,0,4,3],[16,1,16,3],[53,0,53,3],[54,0,54,3],[17,1,18,3]]}
[]
[]
[]
["DETALHAMENTO DO BDI  - SEM DESONERAÇÃO"]
[{"$f":"#REF!","v":{"$error":"#REF!"}}]
["Descrição dos serviços","Preço de Venda (%)","Custo Direto (%)"]
["ADMINISTRAÇÃO CENTRAL",null,0.06]
["CUSTOS FINANCEIROS",0.0102]
["RISCOS",0.0025]
["SEGUROS E GARANTIAS CONTRATUAIS",0.005]
["LUCRO OPERACIONAL",null,0.07]
["PIS",0.0065]
["COFINS",0.03]
["ISSQN",0.03]
["Contribuição Previdenciaria",0]
[null,"BDI",{"$f":"ROUND(((1+(C7+C11))/(1-(B8+B9+B10+B12+B13+B14+B15))-1),4)","v":0.2339}]
["Observação: ","O percentual de ISSQN aqui utilizado consiste apenas em um referencial médio."]
[null,"O valor real do ISSQN a ser adotado deve ser aquele proveniente das alíquotas dos municípios situados na área de influência das obras."]
{"$rows_empty":35}
["DETALHAMENTO DO BDI DIFERENCIADO  - SEM DESONERAÇÃO"]
["EXECUÇÃO DE SERVIÇOS DE PAVIMENTAÇÃO COM CONCRETO BETUMINOSO USINADO A QUENTE (CBUQ), EM VIAS DE MUNICÍPIOS DIVERSOS INSERIDOS NA ÁREA DE ATUAÇÃO DA CIDEVASF, NO ESTADO DO RIO GRANDE DO NORTE - LOTE 1"]
["DESCRIÇÃO DOS SERVIÇOS","PREÇO DE VENDA (%)","CUSTO DIRETO (%)"]
["ADMINISTRAÇÃO CENTRAL",null,0.0377]
["DESPESA FINANCEIRAS",0.0102]
["SEGUROS E GARANTIAS CONTRATUAIS",0.0025]
["RISCOS",0.005]
["LUCRO OPERACIONAL",null,0.05]
["PIS",0.0065]
["COFINS",0.03]
["ISSQN",0]
["Contribuição Previdenciaria",0]
[null,"BDI",{"$f":"ROUND((1+(C57+C61))/(1-(B58+B59+B60+B62+B63+B64+B65))-1,4)","v":0.15}]
["Fonte da composição, valores de referência e fórmula do BDI:  Instrução Normativa N° 62/DNIT SEDE"]

{"sheet":"ENC. SOCIAIS","index":9,"n_rows":51,"n_cols":8,"rows_kept":51,"cut":false,"hidden":false,"merged":[[10,0,10,5],[11,2,11,3],[11,4,11,5],[12,0,12,5],[15,0,15,5],[26,0,26,5],[38,0,38,5],[45,0,45,5],[49,0,49,5],[50,0,50,1],[13,2,14,2],[13,3,14,3],[13,4,14,4],[13,5,14,5],[8,0,9,5],[13,0,14,1]]}
[]
[]
[]
[]
[]
["NOME DA CONCORRENTE:"]
["EDITAL:"]
["FOLHA:"]
[{"$f":"'RESUMO MODULO TOTAL'!B1","v":"CONTRATAÇÃO DE SERVIÇOS DE EXECUÇÃO CAPA ASFÁLTICA COM CONCRETO BETUMINOSO USINADO A QUENTE (CBUQ) EM VIAS DE DIVERSOS MUNICÍPIOS DA MESOREGIÃO DA MATA PERNAMBUCANA, ÁREA DE ATUAÇÃO DA 15ª SUPERINTENDÊNCIA REGIONAL DA CODEVASF, EM RECIFE"}]
[]
["DETALHAMENTO DOS ENCARGOS SOCIAIS (%)"]
["VIGÊNCIA A PARTIR DE 12/2023",null,"COM DESONERAÇÃO",null,"SEM DESONERAÇÃO"]
[]
[null,null,"HORISTA","MENSALISTA","HORISTA","MENSALISTA"]
[]
["GRUPO A"]
["A1","INSS",0,0,20,20]
["A2","SESI",1.5,1.5,1.5,1.5]
["A3","SENAI",1,1,1,1]
["A4","INCRA",0.2,0.2,0.2,0.2]
["A5","SEBRAE",0.6,0.6,0.6,0.6]
["A6","Salário Educação",2.5,2.5,2.5,2.5]
["A7","Seguro Contra Acidentes de Trabalho",3,3,3,3]
["A8","FGTS",8,8,8,8]
["A9","SECONCI",1,1,0,0]
["A","Total",{"$f":"SUM(C17:C25)","v":17.8},{"$f":"SUM(D17:D25)","v":17.8},{"$f":"SUM(E17:E25)","v":36.8},{"$f":"SUM(F17:F25)","v":36.8}]
["GRUPO B"]
["B1","Repouso Semanal Remunerado",17.88,"-",18.01,"-"]
["B2","Feriados",3.94,"-",4.32,"-"]
["B3","Auxílio-enfermidade",0.91,0.69,0.85,0.64]
["B4","13° salário",10.98,8.33,11.03,8.33]
["B5","Licença-paternidade",0.07,0.06,0.06,0.04]
["B6","Faltas Justificadas",0.73,0.56,0.74,0.56]
["B7","Dias de chuva",1.45,"-",1.98,"-"]
["B8","Auxílio Acidente de Trabalho",0.11,0.09,0.1,0.08]
["B9","Férias Gozadas",11.35,8.62,10.9,8.24]
["B10","Salário Maternidade",0.03,0.03,0.04,0.03]
["B","Total ",{"$f":"SUM(C28:C37)","v":47.45},{"$f":"SUM(D28:D37)","v":18.38},{"$f":"SUM(E28:E37)","v":48.03},{"$f":"SUM(F28:F37)","v":17.92}]
["GRUPO C"]
["C1","Aviso Prévio Indenizado",6.76,5.14,4.8,3.63]
["C2","Aviso Prévio Trabalhado",0.16,0.12,0.11,0.09]
["C3","Férias Indenizadas",2.28,1.73,2.91,2.2]
["C4","Depósito Rescisão Sem Justa Causa",3.81,2.89,2.83,2.14]
["C5","Indenização Adicional",0.57,0.43,0.4,0.31]
["C","Total ",{"$f":"SUM(C40:C44)","v":13.58},{"$f":"SUM(D40:D44)","v":10.31},{"$f":"SUM(E40:E44)","v":11.05},{"$f":"SUM(F40:F44)","v":8.37}]
["GRUPO D"]
["D1","Reincidência de A sobre B",8.45,3.27,17.68,6.59]
["D2","Reincidência de Grupo A sobre Aviso Prévio Trabalhado e Reincidência do FGTS sobre Aviso Prévio Indenizado",0.57,0.43,0.42,0.32]
["D","Total",{"$f":"SUM(C47:C48)","v":9.02},{"$f":"SUM(D47:D48)","v":3.7},{"$f":"SUM(E47:E48)","v":18.1},{"$f":"SUM(F47:F48)","v":6.91},null,"Fonte: Sinapi Cálculos e Parâmetros 5ª Edição - Atualizada em Agosto 2023"]
[]
["T O T A L (%)",null,{"$f":"C26+C38+C45+C49","v":87.85},{"$f":"D26+D38+D45+D49","v":50.19},{"$f":"E26+E38+E45+E49","v":113.98},{"$f":"F26+F38+F45+F49","v":70}]

{"sheet":"Transporte Cap 50-70","index":10,"n_rows":94,"n_cols":34,"rows_kept":94,"cut":false,"hidden":false,"merged":[[9,5,9,7],[10,4,10,5],[10,19,10,20],[13,4,13,8],[13,9,13,10],[13,22,13,23],[9,2,11,2],[15,3,27,3],[10,6,11,6],[9,12,11,12],[4,2,6,26]]}
[]
[]
[]
[]
[null,null,"MEMÓRIA DE CÁLCULO"]
[]
[]
[]
[]
[null,null,"REAJUSTE",null,null,"TIPOLOGIA DO MATERIAL",null,null,"CIMENTOS ASFÁLTICOS CAP-50-70",null,null,null,"IMPOSTOS","COFINS",0.0065,0.0065]
[{"$nulls":6},"ÍNDICE DE PAVIMENTAÇÃO DNIT","2014-07-01","ÍNDICE INICIAL",270.237,null,null,null,"PIS",0.03,0.03,null,null,null,"LEGENDA",{"$nulls":8},"As empresas tributadas pelo Lucro Presumido pagam 0,65% de PIS e 3% de COFINS"]
[{"$nulls":7},"2024-08-01","ÍNDICE FINAL",576.816,null,null,null," ICMS",0.18,0.18,{"$f":"1-(O12/1)","v":0.82},{"$f":"1-(P12/1)","v":0.82},{"$f":"1-(Q12/1)","v":0.18},"ENTRADA DE DADOS",{"$nulls":8},"As empresas tributadas pelo Lucro Real pagam 1,65% de PIS e 7,60% de COFINS"]
[{"$nulls":6},"Data ANP","2024-08-01"]
[null,null,"DATA-BASE","PRODUTOS","LOCALIDADES",{"$nulls":4},"CUSTO ANP (R$/Kg)",null,"CUSTO ANP","IMPOSTOS DO PRODUTO","CUSTO DO PRODUTO COM IMPOSTOS","DMT's","DMT's FLUVIAL","CUSTO DO TRANSPORTE RODOVIA PAVIMENTADA","CUSTO DO TRANSPORTE FLUVIAL","CUSTO DO TRANSPORTE TOTAL","ICMS","ATUALIZAÇÃO DO CUSTO DE TRANSPORTE","CUSTO DO TRANSPORTE RODOVIA PAVIMENTADA COM IMPOSTOS E ATUALIZAÇÃO MONETÁRIA","PEDÁGIO ",null,"TOTAL TRANSPORTE","AQUISIÇÃO DO PRODUTO","TOTAL GERAL ( TRANSP + AQUISIÇÃO)",null,1,2,3]
[null,null,{"$f":"H12","v":"2024-08-01"},null,"REFINARIAS","ENDEREÇO","ESTADO","CIDADE","DESTINO","ESTADO","REGIÃO","R$/t","R$/t","R$/t","KM","KM","R$/t","R$/t","R$/t","R$/t","R$/t","R$/t","CUSTO ","R$/t","R$/t","R$/t","R$/t",null,"TOTAL GERAL ( TRANSP + AQUISIÇÃO)","TOTAL TRANSPORTE","AQUISIÇÃO DO PRODUTO"]
[null,{"$f":"AA16","v":5221.12004511621},1,{"$f":"I10","v":"CIMENTOS ASFÁLTICOS CAP-50-70"},"Refinaria Abreu e Lima","Rodovia PE 60, Km 10 - Ipojuca - PE CEP:55590-000","Pernambuco","IPOJUCA - PE","Vitória de Santo Antão",{"$f":"VLOOKUP('Transporte Cap 50-70'!G16,OFFSET('ANP ESTADO'!$A$1,MATCH('Transporte Cap 50-70'!$I$10,'ANP ESTADO'!B:B,0)+MATCH('Transporte Cap 50-70'!$H$13,OFFSET('ANP ESTADO'!$A$1,MATCH('Transporte Cap 50-70'!$I$10,'ANP ESTADO'!B:B,0),0,100000,1),0),2,100000,2),2,FALSE)","v":"-"},{"$f":"VLOOKUP($H$13,OFFSET('ANP REGIÃO'!$A$9,MATCH('Transporte Cap 50-70'!$I$10,'ANP REGIÃO'!A:A,0),1,10000,10000),MATCH('Transporte Cap 50-70'!AH16,'ANP REGIÃO'!$B$8:$G$8,0),FALSE)","v":3.99123004511621},{"$f":"IF(AND(J16=\"-\",K16=\"-\"),\"\",IF(AND(J16<>0,K16=\"-\"),J16*1000,IF(AND(J16=\"-\",K16<>0),K16*1000,IF(AND(J16<>0,K16<>0),J16*1000,\"\"))))","v":3991.23004511621},{"$f":"ROUND(((L16/(1-$O$10-$O$11-$O$12))-L16),2)","v":1102.87},{"$f":"L16+M16","v":5094.10004511621},86.4,null,{"$f":"ROUND((26.939+0.253*O16),2)","v":48.8},null,{"$f":"Q16+R16","v":48.8},{"$f":"TRUNC(S16*($O$12/(1-$O$12)),2)","v":10.71},{"$f":"TRUNC(IF($J$11=\"\",\"\",(($J$12-$J$11)/$J$11)*(S16+T16)),2)","v":67.51},{"$f":"S16+T16+U16","v":127.02},0,{"$f":"EVEN((' CONSUMO DE MAT. B TOTAL'!$O$16)*2/28)*W16/(' CONSUMO DE MAT. B TOTAL'!$O$16)","v":0},{"$f":"IF(AND(S16=\"\",T16=\"\"),\"\",V16+X16)","v":127.02},{"$f":"IF(OR(L16=\"\",M16=\"\"),\"\",L16+M16)","v":5094.10004511621},{"$f":"IF(OR(Y16=\"\",Z16=\"\"),\"\",Y16+Z16)","v":5221.12004511621},null,{"$f":"AA16","v":5221.12004511621},{"$f":"Y16","v":127.02},{"$f":"Z16","v":5094.10004511621},null,null,{"$f":"IF(OR(G16=$D$54,G16=$D$55,G16=$D$57,G16=$D$63,G16=$D$47,G16=$D$43,G16=$D$39,G16=$D$52,G16=$D$42),\"NORDESTE\",IF(OR(G16=$D$38,G16=$D$40,G16=$D$41,G16=$D$51,G16=$D$59,G16=$D$60,G16=$D$64),\"NORTE\",IF(OR(G16=$D$44,G16=$D$46,G16=$D$48,G16=$D$49),\"CENTRO-OESTE\",IF(OR(G16=$D$62,G16=$D$56,G16=$D$50,G16=$D$45),\"SUDESTE\",IF(OR(G16=$D$61,G16=$D$53,G16=$D$58),\"SUL\",\"\")))))","v":"NORDESTE"}]
[null,{"$f":"AA17","v":5491.77004511621},3,null,"Refinaria Potiguar Clara Camarão","Rodovia RN 221, KM 25 - Guamaré - RN CEP:59598-000","Rio Grande do Norte","GUAMARÉ - RN","Vitória de Santo Antão",{"$f":"VLOOKUP('Transporte Cap 50-70'!G17,OFFSET('ANP ESTADO'!$A$1,MATCH('Transporte Cap 50-70'!$I$10,'ANP ESTADO'!B:B,0)+MATCH('Transporte Cap 50-70'!$H$13,OFFSET('ANP ESTADO'!$A$1,MATCH('Transporte Cap 50-70'!$I$10,'ANP ESTADO'!B:B,0),0,100000,1),0),2,100000,2),2,FALSE)","v":"-"},{"$f":"VLOOKUP($H$13,OFFSET('ANP REGIÃO'!$A$9,MATCH('Transporte Cap 50-70'!$I$10,'ANP REGIÃO'!A:A,0),1,10000,10000),MATCH('Transporte Cap 50-70'!AH17,'ANP REGIÃO'!$B$8:$G$8,0),FALSE)","v":3.99123004511621},{"$f":"IF(AND(J17=\"-\",K17=\"\"),\"\",IF(AND(J17<>0,K17=\"\"),J17*1000,IF(AND(J17=\"-\",K17<>0),K17*1000,IF(AND(J17<>0,K17<>0),J17*1000,\"\"))))","v":3991.23004511621},{"$f":"ROUND(((L17/(1-$O$10-$O$11-$O$12))-L17),2)","v":1102.87},{"$f":"L17+M17","v":5094.10004511621},497.4,null,152.78,null,{"$f":"Q17+R17","v":152.78},{"$f":"TRUNC(S17*($O$12/(1-$O$12)),2)","v":33.53},{"$f":"TRUNC(IF($J$11=\"\",\"\",(($J$12-$J$11)/$J$11)*(S17+T17)),2)","v":211.36},{"$f":"S17+T17+U17","v":397.67},0,{"$f":"EVEN((' CONSUMO DE MAT. B TOTAL'!$O$16)*2/28)*W17/(' CONSUMO DE MAT. B TOTAL'!$O$16)","v":0},{"$f":"IF(AND(S17=\"\",T17=\"\"),\"\",V17+X17)","v":397.67},5094.10004511621,{"$f":"IF(OR(Y17=\"\",Z17=\"\"),\"\",Y17+Z17)","v":5491.77004511621},null,{"$f":"AA17","v":5491.77004511621},{"$f":"Y17","v":397.67},{"$f":"Z17","v":5094.10004511621},null,null,{"$f":"IF(OR(G17=$D$54,G17=$D$55,G17=$D$57,G17=$D$63,G17=$D$47,G17=$D$43,G17=$D$39,G17=$D$52,G17=$D$42),\"NORDESTE\",IF(OR(G17=$D$38,G17=$D$40,G17=$D$41,G17=$D$51,G17=$D$59,G17=$D$60,G17=$D$64),\"NORTE\",IF(OR(G17=$D$44,G17=$D$46,G17=$D$48,G17=$D$49),\"CENTRO-OESTE\",IF(OR(G17=$D$62,G17=$D$56,G17=$D$50,G17=$D$45),\"SUDESTE\",IF(OR(G17=$D$61,G17=$D$53,G17=$D$58),\"SUL\",\"\")))))","v":"NORDESTE"}]
[null,5731.6727892349,4,null,"Refinaria Landulpho Alves (RLAM)","Rodovia BA 523, KM 4 – Mataripe São Francisco do Conde - BA CEP:43900-000","Bahia","SÃO FRANCISCO DO CONDE - BA","Vitória de Santo Antão",{"$f":"VLOOKUP('Transporte Cap 50-70'!G18,OFFSET('ANP ESTADO'!$A$1,MATCH('Transporte Cap 50-70'!$I$10,'ANP ESTADO'!B:B,0)+MATCH('Transporte Cap 50-70'!$H$13,OFFSET('ANP ESTADO'!$A$1,MATCH('Transporte Cap 50-70'!$I$10,'ANP ESTADO'!B:B,0),0,100000,1),0),2,100000,2),2,FALSE)","v":4.0167427892349},{"$f":"VLOOKUP($H$13,OFFSET('ANP REGIÃO'!$A$9,MATCH('Transporte Cap 50-70'!$I$10,'ANP REGIÃO'!A:A,0),1,10000,10000),MATCH('Transporte Cap 50-70'!AH18,'ANP REGIÃO'!$B$8:$G$8,0),FALSE)","v":3.99123004511621},4016.7427892349,1109.92,5126.6627892349,812.2,null,232.43,null,232.43,51.02,321.56,605.01,0,{"$f":"EVEN((' CONSUMO DE MAT. B TOTAL'!$O$16)*2/28)*W18/(' CONSUMO DE MAT. B TOTAL'!$O$16)","v":0},605.01,5126.6627892349,5731.6727892349,null,5731.6727892349,605.01,5126.6627892349,null,null,"NORDESTE"]
[null,5643.45818789604,5,null,"Refinaria Lubrificantes e Derivados do Nordeste (Lubnor)","Av. Leite Barbosa, s/nº - Mucuripe Fortaleza - Ceará CEP:60180-420","Ceará","FORTALEZA - CE","Vitória de Santo Antão",{"$f":"VLOOKUP('Transporte Cap 50-70'!G19,OFFSET('ANP ESTADO'!$A$1,MATCH('Transporte Cap 50-70'!$I$10,'ANP ESTADO'!B:B,0)+MATCH('Transporte Cap 50-70'!$H$13,OFFSET('ANP ESTADO'!$A$1,MATCH('Transporte Cap 50-70'!$I$10,'ANP ESTADO'!B:B,0),0,100000,1),0),2,100000,2),2,FALSE)","v":3.97084818789604},{"$f":"VLOOKUP($H$13,OFFSET('ANP REGIÃO'!$A$9,MATCH('Transporte Cap 50-70'!$I$10,'ANP REGIÃO'!A:A,0),1,10000,10000),MATCH('Transporte Cap 50-70'!AH19,'ANP REGIÃO'!$B$8:$G$8,0),FALSE)","v":3.99123004511621},3970.84818789604,1097.24,5068.08818789604,767.2,null,221.04,null,221.04,48.52,305.81,575.37,0,{"$f":"EVEN((' CONSUMO DE MAT. B TOTAL'!$O$16)*2/28)*W19/(' CONSUMO DE MAT. B TOTAL'!$O$16)","v":0},575.37,5068.08818789604,5643.45818789604,null,5643.45818789604,575.37,5068.08818789604,null,null,"NORDESTE"]
[null,6359.00482054103,6,null,"Refinaria Capuava (Recap)","Av. Alberto Soares Sampaio, 2122-A Capuava – Mauá - SP","São Paulo","MAUÁ - SP","Vitória de Santo Antão",{"$f":"VLOOKUP('Transporte Cap 50-70'!G20,OFFSET('ANP ESTADO'!$A$1,MATCH('Transporte Cap 50-70'!$I$10,'ANP ESTADO'!B:B,0)+MATCH('Transporte Cap 50-70'!$H$13,OFFSET('ANP ESTADO'!$A$1,MATCH('Transporte Cap 50-70'!$I$10,'ANP ESTADO'!B:B,0),0,100000,1),0),2,100000,2),2,FALSE)","v":3.54760445868582},{"$f":"VLOOKUP($H$13,OFFSET('ANP REGIÃO'!$A$9,MATCH('Transporte Cap 50-70'!$I$10,'ANP REGIÃO'!A:A,0),1,10000,10000),MATCH('Transporte Cap 50-70'!AH20,'ANP REGIÃO'!$B$8:$G$8,0),FALSE)","v":3.57010322631051},3547.60445868582,980.29,4527.89445868582,2638.7,null,694.53,null,694.53,152.45,960.88,1807.86,322.2,{"$f":"EVEN((' CONSUMO DE MAT. B TOTAL'!$O$16)*2/28)*W20/(' CONSUMO DE MAT. B TOTAL'!$O$16)","v":23.250361855216},1831.11036185522,4527.89445868582,6359.00482054103,null,6359.00482054103,1831.11036185522,4527.89445868582,null,null,"SUDESTE"]
[null,6026.31831185787,7,null,"Refinaria Duque de Caxias (Reduc)","Rodovia Washington Luiz, km 113,7 Campos Elíseos – Duque de Caxias - RJ CEP:25213-005","Rio de Janeiro","DUQUE DE CAXIAS - RJ","Vitória de Santo Antão",{"$f":"VLOOKUP('Transporte Cap 50-70'!G21,OFFSET('ANP ESTADO'!$A$1,MATCH('Transporte Cap 50-70'!$I$10,'ANP ESTADO'!B:B,0)+MATCH('Transporte Cap 50-70'!$H$13,OFFSET('ANP ESTADO'!$A$1,MATCH('Transporte Cap 50-70'!$I$10,'ANP ESTADO'!B:B,0),0,100000,1),0),2,100000,2),2,FALSE)","v":3.44694935442044},{"$f":"VLOOKUP($H$13,OFFSET('ANP REGIÃO'!$A$9,MATCH('Transporte Cap 50-70'!$I$10,'ANP REGIÃO'!A:A,0),1,10000,10000),MATCH('Transporte Cap 50-70'!AH21,'ANP REGIÃO'!$B$8:$G$8,0),FALSE)","v":3.57010322631051},3446.94935442044,952.48,4399.42935442044,2302.1,null,609.37,null,609.37,133.76,843.06,1586.19,564,{"$f":"EVEN((' CONSUMO DE MAT. B TOTAL'!$O$16)*2/28)*W21/(' CONSUMO DE MAT. B TOTAL'!$O$16)","v":40.6989574374358},1626.88895743744,4399.42935442044,6026.31831185787,null,6026.31831185787,1626.88895743744,4399.42935442044,null,null,"SUDESTE"]
[null,7186.54825406654,8,null,"Refinaria Alberto Pasqualini (Refap)","Avenida Getúlio Vargas, 11001 - Bairro Brigadeira Canoas - RS - Brasil CEP:92420-221","Rio Grande do Sul","CANOAS - RS","Vitória de Santo Antão",{"$f":"VLOOKUP('Transporte Cap 50-70'!G22,OFFSET('ANP ESTADO'!$A$1,MATCH('Transporte Cap 50-70'!$I$10,'ANP ESTADO'!B:B,0)+MATCH('Transporte Cap 50-70'!$H$13,OFFSET('ANP ESTADO'!$A$1,MATCH('Transporte Cap 50-70'!$I$10,'ANP ESTADO'!B:B,0),0,100000,1),0),2,100000,2),2,FALSE)","v":3.59749737701341},{"$f":"VLOOKUP($H$13,OFFSET('ANP REGIÃO'!$A$9,MATCH('Transporte Cap 50-70'!$I$10,'ANP REGIÃO'!A:A,0),1,10000,10000),MATCH('Transporte Cap 50-70'!AH22,'ANP REGIÃO'!$B$8:$G$8,0),FALSE)","v":3.59114546590677},3597.49737701341,994.08,4591.57737701341,3715.6,null,966.99,null,966.99,212.26,1337.83,2517.08,1079.4,{"$f":"EVEN((' CONSUMO DE MAT. B TOTAL'!$O$16)*2/28)*W22/(' CONSUMO DE MAT. B TOTAL'!$O$16)","v":77.890877053135},2594.97087705314,4591.57737701341,7186.54825406654,null,7186.54825406654,2594.97087705314,4591.57737701341,null,null,"SUL"]
[null,6791.77922796439,9,null,"Unidade de Industrialização do Xisto (SIX)","Rodovia do Xisto, BR 476, km 153 São Mateus do Sul – PR CEP 83900-000","Paraná","SÃO MATEUS DO SUL - PR","Vitória de Santo Antão",{"$f":"VLOOKUP('Transporte Cap 50-70'!G23,OFFSET('ANP ESTADO'!$A$1,MATCH('Transporte Cap 50-70'!$I$10,'ANP ESTADO'!B:B,0)+MATCH('Transporte Cap 50-70'!$H$13,OFFSET('ANP ESTADO'!$A$1,MATCH('Transporte Cap 50-70'!$I$10,'ANP ESTADO'!B:B,0),0,100000,1),0),2,100000,2),2,FALSE)","v":3.58738685314532},{"$f":"VLOOKUP($H$13,OFFSET('ANP REGIÃO'!$A$9,MATCH('Transporte Cap 50-70'!$I$10,'ANP REGIÃO'!A:A,0),1,10000,10000),MATCH('Transporte Cap 50-70'!AH23,'ANP REGIÃO'!$B$8:$G$8,0),FALSE)","v":3.59114546590677},3587.38685314532,991.28,4578.66685314532,3180.4,null,831.58,null,831.58,182.54,1150.5,2164.62,672,{"$f":"EVEN((' CONSUMO DE MAT. B TOTAL'!$O$16)*2/28)*W23/(' CONSUMO DE MAT. B TOTAL'!$O$16)","v":48.4923748190724},2213.11237481907,4578.66685314532,6791.77922796439,null,6791.77922796439,2213.11237481907,4578.66685314532,null,null,"SUL"]
[null,6003.00891532712,10,null,"Refinaria Gabriel Passos (Regap)","Av. Refinaria Gabriel Passos, 690 Distrito Industrial Paulo Camilo Sul Betim - MG CEP:32669-205","Minas Gerais","BETIM - MG","Vitória de Santo Antão",{"$f":"VLOOKUP('Transporte Cap 50-70'!G24,OFFSET('ANP ESTADO'!$A$1,MATCH('Transporte Cap 50-70'!$I$10,'ANP ESTADO'!B:B,0)+MATCH('Transporte Cap 50-70'!$H$13,OFFSET('ANP ESTADO'!$A$1,MATCH('Transporte Cap 50-70'!$I$10,'ANP ESTADO'!B:B,0),0,100000,1),0),2,100000,2),2,FALSE)","v":3.57072340254157},{"$f":"VLOOKUP($H$13,OFFSET('ANP REGIÃO'!$A$9,MATCH('Transporte Cap 50-70'!$I$10,'ANP REGIÃO'!A:A,0),1,10000,10000),MATCH('Transporte Cap 50-70'!AH24,'ANP REGIÃO'!$B$8:$G$8,0),FALSE)","v":3.57010322631051},3570.72340254157,986.68,4557.40340254157,2068.6,null,550.29,null,550.29,120.79,761.32,1432.4,183,{"$f":"EVEN((' CONSUMO DE MAT. B TOTAL'!$O$16)*2/28)*W24/(' CONSUMO DE MAT. B TOTAL'!$O$16)","v":13.205512785551},1445.60551278555,4557.40340254157,6003.00891532712,null,6003.00891532712,1445.60551278555,4557.40340254157,null,null,"SUDESTE"]
[null,6707.16010019279,11,null,"Refinaria Presidente Getúlio Vargas (Repar)","Rodovia do Xisto, BR 476, km 16 Araucária - PR CEP:83707-440","Paraná","ARAUCÁRIA - PR","Vitória de Santo Antão",{"$f":"VLOOKUP('Transporte Cap 50-70'!G25,OFFSET('ANP ESTADO'!$A$1,MATCH('Transporte Cap 50-70'!$I$10,'ANP ESTADO'!B:B,0)+MATCH('Transporte Cap 50-70'!$H$13,OFFSET('ANP ESTADO'!$A$1,MATCH('Transporte Cap 50-70'!$I$10,'ANP ESTADO'!B:B,0),0,100000,1),0),2,100000,2),2,FALSE)","v":3.58738685314532},{"$f":"VLOOKUP($H$13,OFFSET('ANP REGIÃO'!$A$9,MATCH('Transporte Cap 50-70'!$I$10,'ANP REGIÃO'!A:A,0),1,10000,10000),MATCH('Transporte Cap 50-70'!AH25,'ANP REGIÃO'!$B$8:$G$8,0),FALSE)","v":3.59114546590677},3587.38685314532,991.28,4578.66685314532,3059.5,null,800.99,null,800.99,175.82,1108.17,2084.98,603,{"$f":"EVEN((' CONSUMO DE MAT. B TOTAL'!$O$16)*2/28)*W25/(' CONSUMO DE MAT. B TOTAL'!$O$16)","v":43.5132470474712},2128.49324704747,4578.66685314532,6707.16010019279,null,6707.16010019279,2128.49324704747,4578.66685314532,null,null,"SUL"]
[null,6383.31482054103,12,null,"Refinaria Presidente Bernardes (RPBC)","Av. 9 de abril, 777 - Jardim das Indústrias Cubatão - SP CEP:11505-000","São Paulo","CUBATÃO - SP","Vitória de Santo Antão",{"$f":"VLOOKUP('Transporte Cap 50-70'!G26,OFFSET('ANP ESTADO'!$A$1,MATCH('Transporte Cap 50-70'!$I$10,'ANP ESTADO'!B:B,0)+MATCH('Transporte Cap 50-70'!$H$13,OFFSET('ANP ESTADO'!$A$1,MATCH('Transporte Cap 50-70'!$I$10,'ANP ESTADO'!B:B,0),0,100000,1),0),2,100000,2),2,FALSE)","v":3.54760445868582},{"$f":"VLOOKUP($H$13,OFFSET('ANP REGIÃO'!$A$9,MATCH('Transporte Cap 50-70'!$I$10,'ANP REGIÃO'!A:A,0),1,10000,10000),MATCH('Transporte Cap 50-70'!AH26,'ANP REGIÃO'!$B$8:$G$8,0),FALSE)","v":3.57010322631051},3547.60445868582,980.29,4527.89445868582,2675.6,null,703.87,null,703.87,154.5,973.8,1832.17,322.2,{"$f":"EVEN((' CONSUMO DE MAT. B TOTAL'!$O$16)*2/28)*W26/(' CONSUMO DE MAT. B TOTAL'!$O$16)","v":23.250361855216},1855.42036185522,4527.89445868582,6383.31482054103,null,6383.31482054103,1855.42036185522,4527.89445868582,null,null,"SUDESTE"]
[null,6366.86373434607,13,null,"Refinaria de Paulínia (Replan)","Rodovia SP 332 - Km. 130 Bonfim - Paulínia – SP CEP:13140-000","São Paulo","PAULÍNIA - SP","Vitória de Santo Antão",{"$f":"VLOOKUP('Transporte Cap 50-70'!G27,OFFSET('ANP ESTADO'!$A$1,MATCH('Transporte Cap 50-70'!$I$10,'ANP ESTADO'!B:B,0)+MATCH('Transporte Cap 50-70'!$H$13,OFFSET('ANP ESTADO'!$A$1,MATCH('Transporte Cap 50-70'!$I$10,'ANP ESTADO'!B:B,0),0,100000,1),0),2,100000,2),2,FALSE)","v":3.54760445868582},{"$f":"VLOOKUP($H$13,OFFSET('ANP REGIÃO'!$A$9,MATCH('Transporte Cap 50-70'!$I$10,'ANP REGIÃO'!A:A,0),1,10000,10000),MATCH('Transporte Cap 50-70'!AH27,'ANP REGIÃO'!$B$8:$G$8,0),FALSE)","v":3.57010322631051},3547.60445868582,980.29,4527.89445868582,2636.7,null,694.02,null,694.02,152.34,960.18,1806.54,449.4,{"$f":"EVEN((' CONSUMO DE MAT. B TOTAL'!$O$16)*2/28)*W27/(' CONSUMO DE MAT. B TOTAL'!$O$16)","v":32.4292756602547},1838.96927566025,4527.89445868582,6366.86373434607,null,6366.86373434607,1838.96927566025,4527.89445868582,null,null,"SUDESTE"]
[null,6308.29496297564,14,null,"Refinaria Henrique Lage (Revap)","Rodovia Presidente Dutra, KM 143, S/N Bairro Jardim Diamante - São José dos Campos – SP CEP:12223-900","São Paulo","SÃO JOSÉ DOS CAMPOS - SP","Vitória de Santo Antão",{"$f":"VLOOKUP('Transporte Cap 50-70'!G28,OFFSET('ANP ESTADO'!$A$1,MATCH('Transporte Cap 50-70'!$I$10,'ANP ESTADO'!B:B,0)+MATCH('Transporte Cap 50-70'!$H$13,OFFSET('ANP ESTADO'!$A$1,MATCH('Transporte Cap 50-70'!$I$10,'ANP ESTADO'!B:B,0),0,100000,1),0),2,100000,2),2,FALSE)","v":3.54760445868582},{"$f":"VLOOKUP($H$13,OFFSET('ANP REGIÃO'!$A$9,MATCH('Transporte Cap 50-70'!$I$10,'ANP REGIÃO'!A:A,0),1,10000,10000),MATCH('Transporte Cap 50-70'!AH28,'ANP REGIÃO'!$B$8:$G$8,0),FALSE)","v":3.57010322631051},3547.60445868582,980.29,4527.89445868582,2526,null,666.02,null,666.02,146.19,921.43,1733.64,648,{"$f":"EVEN((' CONSUMO DE MAT. B TOTAL'!$O$16)*2/28)*W28/(' CONSUMO DE MAT. B TOTAL'!$O$16)","v":46.7605042898198},1780.40050428982,4527.89445868582,6308.29496297564,null,6308.29496297564,1780.40050428982,4527.89445868582,null,null,"SUDESTE"]
{"$rows_empty":9}
[null,null,null,"Acre"]
[null,null,null,"Alagoas"]
[null,null,null,"Amapá"]
[null,null,null,"Amazonas"]
[null,null,null,"Bahia"]
[null,null,null,"Ceará"]
[null,null,null,"Distrito Federal"]
[null,null,null,"Espírito Santo"]
[null,null,null,"Goiás"]
[null,null,null,"Maranhão"]
[null,null,null,"Mato Grosso"]
[null,null,null,"Mato Grosso do Sul"]
[null,null,null,"Minas Gerais"]
[null,null,null,"Pará"]
[null,null,null,"Paraíba"]
[null,null,null,"Paraná"]
[null,null,null,"Pernambuco"]
[null,null,null,"Piauí"]
[null,null,null,"Rio de Janeiro"]
[null,null,null,"Rio Grande do Norte"]
[null,null,null,"Rio Grande do Sul"]
[null,null,null,"Rondônia"]
[null,null,null,"Roraima"]
[null,null,null,"Santa Catarina"]
[null,null,null,"São Paulo"]
[null,null,null,"Sergipe"]
[null,null,null,"Tocantins"]
[]
[]
[]
[null,null,null,"ASFALTOS DILUÍDOS CM-30"]
[null,null,null,"ASFALTOS DILUÍDOS CM-70"]
[null,null,null,"ASFALTOS DILUÍDOS CR-250"]
[null,null,null,"ASFALTOS DILUÍDOS CR-70"]
[null,null,null,"CAP MODIFICADO POR BORRACHA DE PNEU AB22"]
[null,null,null,"CAP MODIFICADO POR BORRACHA DE PNEU AB8"]
[null,null,null,"CAP MODIFICADO POR POLÍMERO 55-75-E"]
[null,null,null,"CAP MODIFICADO POR POLÍMERO 60-85-E"]
[null,null,null,"CAP MODIFICADO POR POLÍMERO 65-90-E"]
[null,null,null,"CIMENTOS ASFÁLTICOS CAP-150-200"]
[null,null,null,"CIMENTOS ASFÁLTICOS CAP-30-45"]
[null,null,null,"CIMENTOS ASFÁLTICOS CAP-50-70"]
[null,null,null,"CIMENTOS ASFÁLTICOS CAP-85-100"]
[null,null,null,"EMULSÃO ASFÁLTICA CATIÔNICA DE RUPTURA CONTROLADA PARA SERVIÇO DE LAMA ASFÁLTICA"]
[null,null,null,"EMULSÃO ASFÁLTICA DE RUPTURA LENTA CATIÔNICA PARA SERVIÇO DE LAMA ASFÁLTICA"]
[null,null,null,"EMULSÃO ASFÁLTICA DE RUPTURA LENTA DE CARGA NEUTRA PARA SERVIÇO DE LAMA ASFÁLTICA"]
[null,null,null,"EMULSÃO ASFÁLTICA PARA SERVIÇO DE IMPRIMAÇÃO"]
[null,null,null,"EMULSÕES ASF. MOD. POR POLÍMEROS RC1C-E"]
[null,null,null,"EMULSÕES ASF. MOD. POR POLÍMEROS RL1C-E"]
[null,null,null,"EMULSÕES ASF. MOD. POR POLÍMEROS RM1C-E"]
[null,null,null,"EMULSÕES ASF. MOD. POR POLÍMEROS RR1C-E"]
[null,null,null,"EMULSÕES ASF. MOD. POR POLÍMEROS RR2C-E"]
[null,null,null,"EMULSÕES ASFÁLTICAS RL-1C"]
[null,null,null,"EMULSÕES ASFÁLTICAS RM-1C"]
[null,null,null,"EMULSÕES ASFÁLTICAS RM-2C"]
[null,null,null,"EMULSÕES ASFÁLTICAS RR-1C"]
[null,null,null,"EMULSÕES ASFÁLTICAS RR-2C"]

{"sheet":"Transporte RR-1C","index":11,"n_rows":101,"n_cols":34,"rows_kept":101,"cut":false,"hidden":false,"merged":[[9,5,9,7],[10,4,10,5],[10,19,10,20],[13,4,13,8],[13,9,13,10],[13,22,13,23],[9,2,11,2],[15,3,34,3],[10,6,11,6],[9,12,11,12],[4,2,6,26]]}
[]
[]
[]
[]
[null,null,"MEMÓRIA DE CÁLCULO"]
[]
[]
[]
[]
[null,null,"REAJUSTE",null,null,"TIPOLOGIA DO MATERIAL",null,null,"EMULSÕES ASFÁLTICAS RR-1C",null,null,null,"IMPOSTOS","COFINS",0.0065,0.0065]
[{"$nulls":6},"ÍNDICE DE PAVIMENTAÇÃO DNIT","2014-07-01","ÍNDICE INICIAL",270.237,null,null,null,"PIS",0.03,0.03,null,null,null,"LEGENDA",{"$nulls":8},"As empresas tributadas pelo Lucro Presumido pagam 0,65% de PIS e 3% de COFINS"]
[{"$nulls":7},"2024-08-01","ÍNDICE FINAL",576.816,null,null,null," ICMS",0.18,0.18,{"$f":"1-(O12/1)","v":0.82},{"$f":"1-(P12/1)","v":0.82},{"$f":"1-(Q12/1)","v":0.18},"ENTRADA DE DADOS",{"$nulls":8},"As empresas tributadas pelo Lucro Real pagam 1,65% de PIS e 7,60% de COFINS"]
[{"$nulls":6},"Data ANP","2024-08-01"]
[null,null,"DATA-BASE","PRODUTOS","LOCALIDADES",{"$nulls":4},"CUSTO ANP (R$/Kg)",null,"CUSTO ANP","IMPOSTOS DO PRODUTO","CUSTO DO PRODUTO COM IMPOSTOS","DMT's","DMT'S FLUVIAL","CUSTO DO TRANSPORTE RODOVIA PAVIMENTADA","CUSTO DO TRANSPORTE FLUVIAL","CUSTO DO TRANSPORTE TOTAL","ICMS","ATUALIZAÇÃO DO CUSTO DE TRANSPORTE","CUSTO DO TRANSPORTE RODOVIA PAVIMENTADA COM IMPOSTOS E ATUALIZAÇÃO MONETÁRIA","PEDÁGIO ",null,"TOTAL TRANSPORTE","AQUISIÇÃO DO PRODUTO","TOTAL GERAL ( TRANSP + AQUISIÇÃO)",null,1,2,3]
[null,null,{"$f":"H12","v":"2024-08-01"},null,"REFINARIAS","ENDEREÇO","ESTADO","CIDADE","DESTINO","ESTADO","REGIÃO","R$/t","R$/t","R$/t","KM","KM","R$/t","R$/t","R$/t","R$/t","R$/t","R$/t","CUSTO ","R$/t","R$/t","R$/t","R$/t",null,"TOTAL GERAL ( TRANSP + AQUISIÇÃO)","TOTAL TRANSPORTE","AQUISIÇÃO DO PRODUTO"]
[null,{"$f":"AA16","v":5287.89678199176},1,{"$f":"I10","v":"EMULSÕES ASFÁLTICAS RR-1C"},"'CENTRO OESTE ASFALTOS LTDA.","SETOR DE INFLAMÁVEIS, S/N TRECHO 02 - LOTE 1.100 - GUARÁ - CEP:71225-000","Distrito Federal","BRASÍLIA - DF","Vitória de Santo Antão",{"$f":"VLOOKUP(G16,OFFSET('ANP ESTADO'!$A$1,MATCH($I$10,'ANP ESTADO'!B:B,0)+MATCH($H$13,OFFSET('ANP ESTADO'!$A$1,MATCH($I$10,'ANP ESTADO'!B:B,0),0,100000,1),0),2,100000,2),2,FALSE)","v":"-"},{"$f":"VLOOKUP($H$13,OFFSET('ANP REGIÃO'!$A$9,MATCH('Transporte RR-1C'!$I$10,'ANP REGIÃO'!A:A,0),1,10000,10000),MATCH('Transporte RR-1C'!AH16,'ANP REGIÃO'!$B$8:$G$8,0),FALSE)","v":2.98302539671038},{"$f":"IF(AND(J16=\"-\",K16=\"-\"),\"\",IF(AND(J16<>0,K16=\"-\"),J16*1000,IF(AND(J16=\"-\",K16<>0),K16*1000,IF(AND(J16<>0,K16<>0),J16*1000,\"\"))))","v":2983.02539671038},{"$f":"ROUND(((L16/(1-$O$10-$O$11-$O$12))-L16),2)","v":824.28},{"$f":"L16+M16","v":3807.30539671038},2133.7,null,{"$f":"ROUND((26.939+0.253*O16),2)","v":566.77},null,{"$f":"R16+Q16","v":566.77},{"$f":"TRUNC(S16*($O$12/(1-$O$12)),2)","v":124.41},{"$f":"TRUNC(IF($J$11=\"\",\"\",(($J$12-$J$11)/$J$11)*(Q16+T16)),2)","v":784.13},{"$f":"S16+T16+U16","v":1475.31},73.2,{"$f":"EVEN(' CONSUMO DE MAT. B TOTAL'!$O$14*2/28)*W16/' CONSUMO DE MAT. B TOTAL'!$O$14","v":5.28138528138528},{"$f":"IF(AND(Q16=\"\",T16=\"\"),\"\",V16+X16)","v":1480.59138528139},{"$f":"IF(OR(L16=\"\",M16=\"\"),\"\",L16+M16)","v":3807.30539671038},{"$f":"IF(OR(Y16=\"\",Z16=\"\"),\"\",Y16+Z16)","v":5287.89678199176},null,{"$f":"AA16","v":5287.89678199176},{"$f":"Y16","v":1480.59138528139},{"$f":"Z16","v":3807.30539671038},null,null,{"$f":"IF(OR(G16=$D$61,G16=$D$62,G16=$D$64,G16=$D$70,G16=$D$54,G16=$D$50,G16=$D$46,G16=$D$59,G16=$D$49),\"NORDESTE\",IF(OR(G16=$D$45,G16=$D$47,G16=$D$48,G16=$D$58,G16=$D$66,G16=$D$67,G16=$D$71),\"NORTE\",IF(OR(G16=$D$51,G16=$D$53,G16=$D$55,G16=$D$56),\"CENTRO-OESTE\",IF(OR(G16=$D$69,G16=$D$63,G16=$D$57,G16=$D$52),\"SUDESTE\",IF(OR(G16=$D$68,G16=$D$60,G16=$D$65),\"SUL\",\"\")))))","v":"CENTRO-OESTE"}]
[null,{"$f":"AA17","v":5230.77892802015},3,null,"STRATURA ASFALTOS S/A","AVENIDA PRESIDENTE WILSON, 08  - JUNDIAÍ - CEP:75115-100","Goiás","ANÁPOLIS - GO","Vitória de Santo Antão",{"$f":"VLOOKUP(G17,OFFSET('ANP ESTADO'!$A$1,MATCH($I$10,'ANP ESTADO'!B:B,0)+MATCH($H$13,OFFSET('ANP ESTADO'!$A$1,MATCH($I$10,'ANP ESTADO'!B:B,0),0,100000,1),0),2,100000,2),2,FALSE)","v":2.86160052975175},{"$f":"VLOOKUP($H$13,OFFSET('ANP REGIÃO'!$A$9,MATCH('Transporte RR-1C'!$I$10,'ANP REGIÃO'!A:A,0),1,10000,10000),MATCH('Transporte RR-1C'!AH17,'ANP REGIÃO'!$B$8:$G$8,0),FALSE)","v":2.98302539671038},{"$f":"IF(AND(J17=\"-\",K17=\"-\"),\"\",IF(AND(J17<>0,K17=\"-\"),J17*1000,IF(AND(J17=\"-\",K17<>0),K17*1000,IF(AND(J17<>0,K17<>0),J17*1000,\"\"))))","v":2861.60052975175},{"$f":"ROUND(((L17/(1-$O$10-$O$11-$O$12))-L17),2)","v":790.73},{"$f":"L17+M17","v":3652.33052975175},2277.8,null,{"$f":"ROUND((26.939+0.253*O17),2)","v":603.22},null,{"$f":"R17+Q17","v":603.22},{"$f":"TRUNC(S17*($O$12/(1-$O$12)),2)","v":132.41},{"$f":"TRUNC(IF($J$11=\"\",\"\",(($J$12-$J$11)/$J$11)*(Q17+T17)),2)","v":834.55},{"$f":"S17+T17+U17","v":1570.18},114.6,{"$f":"EVEN(' CONSUMO DE MAT. B TOTAL'!$O$14*2/28)*W17/' CONSUMO DE MAT. B TOTAL'!$O$14","v":8.26839826839827},1578.4483982684,3652.33052975175,{"$f":"IF(OR(Y17=\"\",Z17=\"\"),\"\",Y17+Z17)","v":5230.77892802015},null,{"$f":"AA17","v":5230.77892802015},{"$f":"Y17","v":1578.4483982684},3652.33052975175,null,null,{"$f":"IF(OR(G17=$D$61,G17=$D$62,G17=$D$64,G17=$D$70,G17=$D$54,G17=$D$50,G17=$D$46,G17=$D$59,G17=$D$49),\"NORDESTE\",IF(OR(G17=$D$45,G17=$D$47,G17=$D$48,G17=$D$58,G17=$D$66,G17=$D$67,G17=$D$71),\"NORTE\",IF(OR(G17=$D$51,G17=$D$53,G17=$D$55,G17=$D$56),\"CENTRO-OESTE\",IF(OR(G17=$D$69,G17=$D$63,G17=$D$57,G17=$D$52),\"SUDESTE\",IF(OR(G17=$D$68,G17=$D$60,G17=$D$65),\"SUL\",\"\")))))","v":"CENTRO-OESTE"}]
[null,5277.53672022794,4,null,"DISTRIBUIDORA BRASILEIRA DE ASFALTO SA - DISBRAL","VIA PRIMARIA 8, S/N QD-18, MODS. 24/47 - DAIAG - CEP:74980-970","Goiás","APARECIDA DE GOIANIA - GO","Vitória de Santo Antão",{"$f":"VLOOKUP(G18,OFFSET('ANP ESTADO'!$A$1,MATCH($I$10,'ANP ESTADO'!B:B,0)+MATCH($H$13,OFFSET('ANP ESTADO'!$A$1,MATCH($I$10,'ANP ESTADO'!B:B,0),0,100000,1),0),2,100000,2),2,FALSE)","v":2.86160052975175},{"$f":"VLOOKUP($H$13,OFFSET('ANP REGIÃO'!$A$9,MATCH('Transporte RR-1C'!$I$10,'ANP REGIÃO'!A:A,0),1,10000,10000),MATCH('Transporte RR-1C'!AH18,'ANP REGIÃO'!$B$8:$G$8,0),FALSE)","v":2.98302539671038},2861.60052975175,790.73,3652.33052975175,2345.4,null,620.33,null,620.33,136.17,858.23,1614.73,145.2,{"$f":"EVEN(' CONSUMO DE MAT. B TOTAL'!$O$14*2/28)*W18/' CONSUMO DE MAT. B TOTAL'!$O$14","v":10.4761904761905},1625.20619047619,3652.33052975175,5277.53672022794,null,5277.53672022794,1625.20619047619,3652.33052975175,null,null,"CENTRO-OESTE"]
[2403,5277.48892802015,5,null,"INDÚSTRIA NACIONAL DE ASFALTOS LTDA.","VIA PRIMEIRA E SEGUNDA 3, S/N.º LOTES 01 A 10 - DISTRITO AGROINDUSTRIAL - CEP:75370-000","Goiás","GOIANIRA - GO","Vitória de Santo Antão",{"$f":"VLOOKUP(G19,OFFSET('ANP ESTADO'!$A$1,MATCH($I$10,'ANP ESTADO'!B:B,0)+MATCH($H$13,OFFSET('ANP ESTADO'!$A$1,MATCH($I$10,'ANP ESTADO'!B:B,0),0,100000,1),0),2,100000,2),2,FALSE)","v":2.86160052975175},{"$f":"VLOOKUP($H$13,OFFSET('ANP REGIÃO'!$A$9,MATCH('Transporte RR-1C'!$I$10,'ANP REGIÃO'!A:A,0),1,10000,10000),MATCH('Transporte RR-1C'!AH19,'ANP REGIÃO'!$B$8:$G$8,0),FALSE)","v":2.98302539671038},2861.60052975175,790.73,3652.33052975175,2348.7,null,621.16,null,621.16,136.35,859.38,1616.89,114.6,{"$f":"EVEN(' CONSUMO DE MAT. B TOTAL'!$O$14*2/28)*W19/' CONSUMO DE MAT. B TOTAL'!$O$14","v":8.26839826839827},1625.1583982684,3652.33052975175,5277.48892802015,null,5277.48892802015,1625.1583982684,3652.33052975175,null,null,"CENTRO-OESTE"]
[null,4869.7549115746,6,null,"STRATURA ASFALTOS S/A","RUA VICTOR RODRIGUES RESENDE, 333  - DISTRITO IND. DE UBERLÂNDIA - CEP:38405-440","Minas Gerais","UBERLANDIA - MG","Vitória de Santo Antão",{"$f":"VLOOKUP(G20,OFFSET('ANP ESTADO'!$A$1,MATCH($I$10,'ANP ESTADO'!B:B,0)+MATCH($H$13,OFFSET('ANP ESTADO'!$A$1,MATCH($I$10,'ANP ESTADO'!B:B,0),0,100000,1),0),2,100000,2),2,FALSE)","v":2.55506577737547},{"$f":"VLOOKUP($H$13,OFFSET('ANP REGIÃO'!$A$9,MATCH('Transporte RR-1C'!$I$10,'ANP REGIÃO'!A:A,0),1,10000,10000),MATCH('Transporte RR-1C'!AH20,'ANP REGIÃO'!$B$8:$G$8,0),FALSE)","v":2.66995984118828},2555.06577737547,706.03,3261.09577737547,2299.5,null,608.71,null,608.71,133.61,842.14,1584.46,335.4,{"$f":"EVEN(' CONSUMO DE MAT. B TOTAL'!$O$14*2/28)*W20/' CONSUMO DE MAT. B TOTAL'!$O$14","v":24.1991341991342},1608.65913419913,3261.09577737547,4869.7549115746,null,4869.7549115746,1608.65913419913,3261.09577737547,null,null,"SUDESTE"]
[null,4872.4649115746,7,null,"BETUNEL INDÚSTRIA E COMÉRCIO LTDA.","RUA   VICTOR RODRIGUES DE REZENDE, 185  - DISTRITO INDUSTRIAL - CEP:38402-334","Minas Gerais","UBERLANDIA - MG","Vitória de Santo Antão",{"$f":"VLOOKUP(G21,OFFSET('ANP ESTADO'!$A$1,MATCH($I$10,'ANP ESTADO'!B:B,0)+MATCH($H$13,OFFSET('ANP ESTADO'!$A$1,MATCH($I$10,'ANP ESTADO'!B:B,0),0,100000,1),0),2,100000,2),2,FALSE)","v":2.55506577737547},{"$f":"VLOOKUP($H$13,OFFSET('ANP REGIÃO'!$A$9,MATCH('Transporte RR-1C'!$I$10,'ANP REGIÃO'!A:A,0),1,10000,10000),MATCH('Transporte RR-1C'!AH21,'ANP REGIÃO'!$B$8:$G$8,0),FALSE)","v":2.66995984118828},2555.06577737547,706.03,3261.09577737547,2303.6,null,609.75,null,609.75,133.84,843.58,1587.17,335.4,{"$f":"EVEN(' CONSUMO DE MAT. B TOTAL'!$O$14*2/28)*W21/' CONSUMO DE MAT. B TOTAL'!$O$14","v":24.1991341991342},1611.36913419913,3261.09577737547,4872.4649115746,null,4872.4649115746,1611.36913419913,3261.09577737547,null,null,"SUDESTE"]
[null,6365.94737989605,8,null,"ARAPETRO DISTRIBUIDORA DE PETRÓLEO LTDA.","RUA 04, S/N° LOTES 17 A 20. - DISTRITO INDUSTRIAL 1/8 - CEP:78600-000","Mato grosso","BARRA DO GARCAS - MT","Vitória de Santo Antão",{"$f":"VLOOKUP(G22,OFFSET('ANP ESTADO'!$A$1,MATCH($I$10,'ANP ESTADO'!B:B,0)+MATCH($H$13,OFFSET('ANP ESTADO'!$A$1,MATCH($I$10,'ANP ESTADO'!B:B,0),0,100000,1),0),2,100000,2),2,FALSE)","v":3.54454898162765},{"$f":"VLOOKUP($H$13,OFFSET('ANP REGIÃO'!$A$9,MATCH('Transporte RR-1C'!$I$10,'ANP REGIÃO'!A:A,0),1,10000,10000),MATCH('Transporte RR-1C'!AH22,'ANP REGIÃO'!$B$8:$G$8,0),FALSE)","v":2.98302539671038},3544.54898162765,979.44,4523.98898162765,2677.9,null,704.45,null,704.45,154.63,974.61,1833.69,114.6,{"$f":"EVEN(' CONSUMO DE MAT. B TOTAL'!$O$14*2/28)*W22/' CONSUMO DE MAT. B TOTAL'!$O$14","v":8.26839826839827},1841.9583982684,4523.98898162765,6365.94737989605,{"$nulls":6},"CENTRO-OESTE"]
[null,4706.69924057893,9,null,"DISTRIBUIDORA BRASILEIRA DE ASFALTO SA - DISBRAL","SÃO JUDAS TADEU, 288  - DISTRITO INDUSTRIAL - CEP:32450-000","Minas Gerais","SARZEDO - MG","Vitória de Santo Antão",{"$f":"VLOOKUP(G23,OFFSET('ANP ESTADO'!$A$1,MATCH($I$10,'ANP ESTADO'!B:B,0)+MATCH($H$13,OFFSET('ANP ESTADO'!$A$1,MATCH($I$10,'ANP ESTADO'!B:B,0),0,100000,1),0),2,100000,2),2,FALSE)","v":2.55506577737547},{"$f":"VLOOKUP($H$13,OFFSET('ANP REGIÃO'!$A$9,MATCH('Transporte RR-1C'!$I$10,'ANP REGIÃO'!A:A,0),1,10000,10000),MATCH('Transporte RR-1C'!AH23,'ANP REGIÃO'!$B$8:$G$8,0),FALSE)","v":2.66995984118828},2555.06577737547,706.03,3261.09577737547,2068.6,null,550.29,null,550.29,120.79,761.32,1432.4,183,{"$f":"EVEN(' CONSUMO DE MAT. B TOTAL'!$O$14*2/28)*W23/' CONSUMO DE MAT. B TOTAL'!$O$14","v":13.2034632034632},1445.60346320346,3261.09577737547,4706.69924057893,{"$nulls":6},"SUDESTE"]
[null,6135.34130703325,10,null,"'INDÚSTRIA NACIONAL DE ASFALTOS LTDA.","INDÚSTRIA NACIONAL DE ASFALTOS LTDA - CEP:77053-080","Tocantins"," PALMAS - TO","Vitória de Santo Antão",{"$f":"VLOOKUP(G24,OFFSET('ANP ESTADO'!$A$1,MATCH($I$10,'ANP ESTADO'!B:B,0)+MATCH($H$13,OFFSET('ANP ESTADO'!$A$1,MATCH($I$10,'ANP ESTADO'!B:B,0),0,100000,1),0),2,100000,2),2,FALSE)","v":"-"},{"$f":"VLOOKUP($H$13,OFFSET('ANP REGIÃO'!$A$9,MATCH('Transporte RR-1C'!$I$10,'ANP REGIÃO'!A:A,0),1,10000,10000),MATCH('Transporte RR-1C'!AH24,'ANP REGIÃO'!$B$8:$G$8,0),FALSE)","v":3.65388061439255},3653.88061439255,1009.66,4663.54061439255,2124.4,null,564.41,null,564.41,123.89,{"$f":"TRUNC(IF($J$11=\"\",\"\",(($J$12-$J$11)/$J$11)*(Q24+T24)),2)","v":780.86},1469.16,36.6,{"$f":"EVEN(' CONSUMO DE MAT. B TOTAL'!$O$14*2/28)*W24/' CONSUMO DE MAT. B TOTAL'!$O$14","v":2.64069264069264},1471.80069264069,4663.54061439255,6135.34130703325,{"$nulls":6},"NORTE"]
[null,5532.72382866374,11,null,"'NTA - NOVAS TÉCNICAS DE ASFALTOS S/A","RUA SOFIA ATAURI FADIN, 150 SALA A - B. SANTA TEREZINHA - CEP:13140-000","São Paulo","PAULINIA - SP","Vitória de Santo Antão",{"$f":"VLOOKUP(G25,OFFSET('ANP ESTADO'!$A$1,MATCH($I$10,'ANP ESTADO'!B:B,0)+MATCH($H$13,OFFSET('ANP ESTADO'!$A$1,MATCH($I$10,'ANP ESTADO'!B:B,0),0,100000,1),0),2,100000,2),2,FALSE)","v":2.8940595862395},{"$f":"VLOOKUP($H$13,OFFSET('ANP REGIÃO'!$A$9,MATCH('Transporte RR-1C'!$I$10,'ANP REGIÃO'!A:A,0),1,10000,10000),MATCH('Transporte RR-1C'!AH25,'ANP REGIÃO'!$B$8:$G$8,0),FALSE)","v":2.66995984118828},2894.0595862395,799.7,3693.7595862395,2636.7,null,694.02,null,694.02,152.34,960.18,1806.54,449.4,{"$f":"EVEN(' CONSUMO DE MAT. B TOTAL'!$O$14*2/28)*W25/' CONSUMO DE MAT. B TOTAL'!$O$14","v":32.4242424242424},1838.96424242424,3693.7595862395,5532.72382866374,null,5532.72382866374,1838.96424242424,3693.7595862395,null,null,"SUDESTE"]
[null,5501.41092823084,12,null,"COMPANHIA BRASILEIRA DE ASFALTOS DA AMAZÔNIA - IMPORTAÇÃO E EXPORTAÇÃO","Avenida Doutor Olindo Dártora 2451, Galpão 02, Morro Grande - CEP:07726-555","São Paulo","CAIEIRAS - SP","Vitória de Santo Antão",{"$f":"VLOOKUP(G26,OFFSET('ANP ESTADO'!$A$1,MATCH($I$10,'ANP ESTADO'!B:B,0)+MATCH($H$13,OFFSET('ANP ESTADO'!$A$1,MATCH($I$10,'ANP ESTADO'!B:B,0),0,100000,1),0),2,100000,2),2,FALSE)","v":2.8940595862395},{"$f":"VLOOKUP($H$13,OFFSET('ANP REGIÃO'!$A$9,MATCH('Transporte RR-1C'!$I$10,'ANP REGIÃO'!A:A,0),1,10000,10000),MATCH('Transporte RR-1C'!AH26,'ANP REGIÃO'!$B$8:$G$8,0),FALSE)","v":2.66995984118828},2894.0595862395,799.7,3693.7595862395,2605,null,686,null,686,150.58,949.08,1785.66,304.8,{"$f":"EVEN(' CONSUMO DE MAT. B TOTAL'!$O$14*2/28)*W26/' CONSUMO DE MAT. B TOTAL'!$O$14","v":21.991341991342},1807.65134199134,3693.7595862395,5501.41092823084,{"$nulls":6},"SUDESTE"]
[null,5826.11192065527,13,null,"BETUNEL INDÚSTRIA E COMÉRCIO LTDA.","R 16 , 82, Vila Nova Campo Grande - CEP:79.103-834","Mato Grosso do Sul","CAMPO GRANDE - MS","Vitória de Santo Antão",{"$f":"VLOOKUP(G27,OFFSET('ANP ESTADO'!$A$1,MATCH($I$10,'ANP ESTADO'!B:B,0)+MATCH($H$13,OFFSET('ANP ESTADO'!$A$1,MATCH($I$10,'ANP ESTADO'!B:B,0),0,100000,1),0),2,100000,2),2,FALSE)","v":2.88062278645613},{"$f":"VLOOKUP($H$13,OFFSET('ANP REGIÃO'!$A$9,MATCH('Transporte RR-1C'!$I$10,'ANP REGIÃO'!A:A,0),1,10000,10000),MATCH('Transporte RR-1C'!AH27,'ANP REGIÃO'!$B$8:$G$8,0),FALSE)","v":2.98302539671038},2880.62278645613,{"$f":"ROUND(((L27/(1-$O$10-$O$11-$O$12))-L27),2)","v":795.99},3676.61278645613,3120.7,null,816.48,null,816.48,179.22,1129.6,2125.3,335.4,{"$f":"EVEN(' CONSUMO DE MAT. B TOTAL'!$O$14*2/28)*W27/' CONSUMO DE MAT. B TOTAL'!$O$14","v":24.1991341991342},2149.49913419913,3676.61278645613,5826.11192065527,{"$nulls":6},"CENTRO-OESTE"]
[null,6753.08712015579,14,null,"CENTRO OESTE ASFALTOS LTDA.","RUA   N, S/N.º LOTES 39/43 E LOTES 129/133 - DISTRITO INDUSTRIAL - CEP:78098-400","Mato Grosso","CUIABA - MT","Vitória de Santo Antão",{"$f":"VLOOKUP(G28,OFFSET('ANP ESTADO'!$A$1,MATCH($I$10,'ANP ESTADO'!B:B,0)+MATCH($H$13,OFFSET('ANP ESTADO'!$A$1,MATCH($I$10,'ANP ESTADO'!B:B,0),0,100000,1),0),2,100000,2),2,FALSE)","v":3.54454898162765},{"$f":"VLOOKUP($H$13,OFFSET('ANP REGIÃO'!$A$9,MATCH('Transporte RR-1C'!$I$10,'ANP REGIÃO'!A:A,0),1,10000,10000),MATCH('Transporte RR-1C'!AH28,'ANP REGIÃO'!$B$8:$G$8,0),FALSE)","v":2.98302539671038},3544.54898162765,979.44,4523.98898162765,3250.2,null,849.24,null,849.24,186.41,1174.92,2210.57,256.8,{"$f":"EVEN(' CONSUMO DE MAT. B TOTAL'!$O$14*2/28)*W28/' CONSUMO DE MAT. B TOTAL'!$O$14","v":18.5281385281385},2229.09813852814,4523.98898162765,6753.08712015579,{"$nulls":6},"CENTRO-OESTE"]
[null,6761.32712015579,15,null,"BETUNEL INDÚSTRIA E COMÉRCIO LTDA.","RUA N ESQUINA COM RUA X, S/N QD. IND. 7 L 01/08 - DIST. IND. - CEP:78015-285","Mato Grosso","CUIABA - MT","Vitória de Santo Antão",{"$f":"VLOOKUP(G29,OFFSET('ANP ESTADO'!$A$1,MATCH($I$10,'ANP ESTADO'!B:B,0)+MATCH($H$13,OFFSET('ANP ESTADO'!$A$1,MATCH($I$10,'ANP ESTADO'!B:B,0),0,100000,1),0),2,100000,2),2,FALSE)","v":3.54454898162765},{"$f":"VLOOKUP($H$13,OFFSET('ANP REGIÃO'!$A$9,MATCH('Transporte RR-1C'!$I$10,'ANP REGIÃO'!A:A,0),1,10000,10000),MATCH('Transporte RR-1C'!AH29,'ANP REGIÃO'!$B$8:$G$8,0),FALSE)","v":2.98302539671038},3544.54898162765,979.44,4523.98898162765,3262.7,null,852.4,null,852.4,187.11,1179.3,2218.81,256.8,{"$f":"EVEN(' CONSUMO DE MAT. B TOTAL'!$O$14*2/28)*W29/' CONSUMO DE MAT. B TOTAL'!$O$14","v":18.5281385281385},2237.33813852814,4523.98898162765,6761.32712015579,{"$nulls":6},"CENTRO-OESTE"]
[null,6765.78712015579,16,null,"EMAM - EMULSÕES E TRANSPORTES LTDA.","RODOVIA DOS IMIGRANTES, S/Nº KM 8,6 -  - CEP:60035-351","Mato Grosso","VARZEA GRANDE - MT","Vitória de Santo Antão",{"$f":"VLOOKUP(G30,OFFSET('ANP ESTADO'!$A$1,MATCH($I$10,'ANP ESTADO'!B:B,0)+MATCH($H$13,OFFSET('ANP ESTADO'!$A$1,MATCH($I$10,'ANP ESTADO'!B:B,0),0,100000,1),0),2,100000,2),2,FALSE)","v":3.54454898162765},{"$f":"VLOOKUP($H$13,OFFSET('ANP REGIÃO'!$A$9,MATCH('Transporte RR-1C'!$I$10,'ANP REGIÃO'!A:A,0),1,10000,10000),MATCH('Transporte RR-1C'!AH30,'ANP REGIÃO'!$B$8:$G$8,0),FALSE)","v":2.98302539671038},3544.54898162765,{"$f":"ROUND(((L30/(1-$O$10-$O$11-$O$12))-L30),2)","v":979.44},4523.98898162765,3269.5,null,854.12,null,854.12,187.48,1181.67,2223.27,256.8,{"$f":"EVEN(' CONSUMO DE MAT. B TOTAL'!$O$14*2/28)*W30/' CONSUMO DE MAT. B TOTAL'!$O$14","v":18.5281385281385},2241.79813852814,4523.98898162765,6765.78712015579,null,6765.78712015579,2241.79813852814,4523.98898162765,null,null,"CENTRO-OESTE"]
[null,5464.53283299275,17,null,"VIAPOL LTDA.","VITO ARDITO, 6401 KM 118,5 - JARDIM CAMPO GRANDE - CEP:12282-535","São Paulo","CACAPAVA - SP","Vitória de Santo Antão",{"$f":"VLOOKUP(G31,OFFSET('ANP ESTADO'!$A$1,MATCH($I$10,'ANP ESTADO'!B:B,0)+MATCH($H$13,OFFSET('ANP ESTADO'!$A$1,MATCH($I$10,'ANP ESTADO'!B:B,0),0,100000,1),0),2,100000,2),2,FALSE)","v":2.8940595862395},{"$f":"VLOOKUP($H$13,OFFSET('ANP REGIÃO'!$A$9,MATCH('Transporte RR-1C'!$I$10,'ANP REGIÃO'!A:A,0),1,10000,10000),MATCH('Transporte RR-1C'!AH31,'ANP REGIÃO'!$B$8:$G$8,0),FALSE)","v":2.66995984118828},2894.0595862395,799.7,3693.7595862395,2511.4,null,662.32,null,662.32,145.38,916.32,1724.02,648,{"$f":"EVEN(' CONSUMO DE MAT. B TOTAL'!$O$14*2/28)*W31/' CONSUMO DE MAT. B TOTAL'!$O$14","v":46.7532467532468},1770.77324675325,3693.7595862395,5464.53283299275,null,5464.53283299275,1770.77324675325,3693.7595862395,null,null,"SUDESTE"]
[null,5026.52248188092,18,null,"STRATURA ASFALTOS S/A","RUA LUIS DE CAMÕES, 26  - CAMPOS ELÍSEOS - CEP:25225-030","Rio de Janeiro","DUQUE DE CAXIAS - RJ","Vitória de Santo Antão",{"$f":"VLOOKUP(G32,OFFSET('ANP ESTADO'!$A$1,MATCH($I$10,'ANP ESTADO'!B:B,0)+MATCH($H$13,OFFSET('ANP ESTADO'!$A$1,MATCH($I$10,'ANP ESTADO'!B:B,0),0,100000,1),0),2,100000,2),2,FALSE)","v":"-"},{"$f":"VLOOKUP($H$13,OFFSET('ANP REGIÃO'!$A$9,MATCH('Transporte RR-1C'!$I$10,'ANP REGIÃO'!A:A,0),1,10000,10000),MATCH('Transporte RR-1C'!AH32,'ANP REGIÃO'!$B$8:$G$8,0),FALSE)","v":2.66995984118828},2669.95984118828,737.77,3407.72984118828,2289.8,null,606.26,null,606.26,133.08,838.76,1578.1,564,{"$f":"EVEN(' CONSUMO DE MAT. B TOTAL'!$O$14*2/28)*W32/' CONSUMO DE MAT. B TOTAL'!$O$14","v":40.6926406926407},1618.79264069264,3407.72984118828,5026.52248188092,null,5026.52248188092,1618.79264069264,3407.72984118828,null,null,"SUDESTE"]
[null,5037.49248188092,19,null,"PROBITEC - PRODUTOS BETUMINOSOS E TECNOLOGIA DE APLICAÇÃO LTDA.","AVENIDA CANAL DA PAVUNA, 620  - PAVUNA - CEP:21535-630","Rio de Janeiro","RIO DE JANEIRO - RJ","Vitória de Santo Antão",{"$f":"VLOOKUP(G33,OFFSET('ANP ESTADO'!$A$1,MATCH($I$10,'ANP ESTADO'!B:B,0)+MATCH($H$13,OFFSET('ANP ESTADO'!$A$1,MATCH($I$10,'ANP ESTADO'!B:B,0),0,100000,1),0),2,100000,2),2,FALSE)","v":"-"},{"$f":"VLOOKUP($H$13,OFFSET('ANP REGIÃO'!$A$9,MATCH('Transporte RR-1C'!$I$10,'ANP REGIÃO'!A:A,0),1,10000,10000),MATCH('Transporte RR-1C'!AH33,'ANP REGIÃO'!$B$8:$G$8,0),FALSE)","v":2.66995984118828},2669.95984118828,737.77,3407.72984118828,2306.5,null,610.48,null,610.48,134,844.59,1589.07,564,{"$f":"EVEN(' CONSUMO DE MAT. B TOTAL'!$O$14*2/28)*W33/' CONSUMO DE MAT. B TOTAL'!$O$14","v":40.6926406926407},1629.76264069264,3407.72984118828,5037.49248188092,null,5037.49248188092,1629.76264069264,3407.72984118828,null,null,"SUDESTE"]
[null,5580.13925218341,20,null,"CASA DO ASFALTO DISTRIBUIDORA, INDÚSTRIA E COMÉRCIO DE ASFALTO LTDA.","BR 376, PARQUE INDUSTRIAL, S/N LOTE 6/7/7-A-3-1 - GL.PATR.MARIALVA - CEP:86990-000","Paraná","MARIALVA - PR","Vitória de Santo Antão",{"$f":"VLOOKUP(G34,OFFSET('ANP ESTADO'!$A$1,MATCH($I$10,'ANP ESTADO'!B:B,0)+MATCH($H$13,OFFSET('ANP ESTADO'!$A$1,MATCH($I$10,'ANP ESTADO'!B:B,0),0,100000,1),0),2,100000,2),2,FALSE)","v":2.61516639504055},{"$f":"VLOOKUP($H$13,OFFSET('ANP REGIÃO'!$A$9,MATCH('Transporte RR-1C'!$I$10,'ANP REGIÃO'!A:A,0),1,10000,10000),MATCH('Transporte RR-1C'!AH34,'ANP REGIÃO'!$B$8:$G$8,0),FALSE)","v":2.61836831218142},2615.16639504055,722.63,3337.79639504055,3196.5,null,835.65,null,835.65,183.43,1156.12,2175.2,930.6,{"$f":"EVEN(' CONSUMO DE MAT. B TOTAL'!$O$14*2/28)*W34/' CONSUMO DE MAT. B TOTAL'!$O$14","v":67.1428571428571},2242.34285714286,3337.79639504055,5580.13925218341,null,5580.13925218341,2242.34285714286,3337.79639504055,null,null,"SUL"]
[null,5527.67007469423,21,null,"PETROBRAS DISTRIBUIDORA S.A.","RUA MAQUINISTA  ELEODORO JACINTO, 100  - OFICINAS - CEP:84045-170","Paraná","PONTA GROSSA - PR","Vitória de Santo Antão",{"$f":"VLOOKUP(G35,OFFSET('ANP ESTADO'!$A$1,MATCH($I$10,'ANP ESTADO'!B:B,0)+MATCH($H$13,OFFSET('ANP ESTADO'!$A$1,MATCH($I$10,'ANP ESTADO'!B:B,0),0,100000,1),0),2,100000,2),2,FALSE)","v":2.61516639504055},{"$f":"VLOOKUP($H$13,OFFSET('ANP REGIÃO'!$A$9,MATCH('Transporte RR-1C'!$I$10,'ANP REGIÃO'!A:A,0),1,10000,10000),MATCH('Transporte RR-1C'!AH35,'ANP REGIÃO'!$B$8:$G$8,0),FALSE)","v":2.61836831218142},2615.16639504055,722.63,3337.79639504055,3113,null,814.53,null,814.53,178.79,1126.9,2120.22,965.4,{"$f":"EVEN(' CONSUMO DE MAT. B TOTAL'!$O$14*2/28)*W35/' CONSUMO DE MAT. B TOTAL'!$O$14","v":69.6536796536797},2189.87367965368,3337.79639504055,5527.67007469423,null,5527.67007469423,2189.87367965368,3337.79639504055,null,null,"SUL"]
{"$rows_empty":9}
[null,null,null,"Acre"]
[null,null,null,"Alagoas"]
[null,null,null,"Amapá"]
[null,null,null,"Amazonas"]
[null,null,null,"Bahia"]
[null,null,null,"Ceará"]
[null,null,null,"Distrito Federal"]
[null,null,null,"Espírito Santo"]
[null,null,null,"Goiás"]
[null,null,null,"Maranhão"]
[null,null,null,"Mato Grosso"]
[null,null,null,"Mato Grosso do Sul"]
[null,null,null,"Minas Gerais"]
[null,null,null,"Pará"]
[null,null,null,"Paraíba"]
[null,null,null,"Paraná"]
[null,null,null,"Pernambuco"]
[null,null,null,"Piauí"]
[null,null,null,"Rio de Janeiro"]
[null,null,null,"Rio Grande do Norte"]
[null,null,null,"Rio Grande do Sul"]
[null,null,null,"Rondônia"]
[null,null,null,"Roraima"]
[null,null,null,"Santa Catarina"]
[null,null,null,"São Paulo"]
[null,null,null,"Sergipe"]
[null,null,null,"Tocantins"]
[]
[]
[]
[null,null,null,"ASFALTOS DILUÍDOS CM-30"]
[null,null,null,"ASFALTOS DILUÍDOS CM-70"]
[null,null,null,"ASFALTOS DILUÍDOS CR-250"]
[null,null,null,"ASFALTOS DILUÍDOS CR-70"]
[null,null,null,"CAP MODIFICADO POR BORRACHA DE PNEU AB22"]
[null,null,null,"CAP MODIFICADO POR BORRACHA DE PNEU AB8"]
[null,null,null,"CAP MODIFICADO POR POLÍMERO 55-75-E"]
[null,null,null,"CAP MODIFICADO POR POLÍMERO 60-85-E"]
[null,null,null,"CAP MODIFICADO POR POLÍMERO 65-90-E"]
[null,null,null,"CIMENTOS ASFÁLTICOS CAP-150-200"]
[null,null,null,"CIMENTOS ASFÁLTICOS CAP-30-45"]
[null,null,null,"CIMENTOS ASFÁLTICOS CAP-50-70"]
[null,null,null,"CIMENTOS ASFÁLTICOS CAP-85-100"]
[null,null,null,"EMULSÃO ASFÁLTICA CATIÔNICA DE RUPTURA CONTROLADA PARA SERVIÇO DE LAMA ASFÁLTICA"]
[null,null,null,"EMULSÃO ASFÁLTICA DE RUPTURA LENTA CATIÔNICA PARA SERVIÇO DE LAMA ASFÁLTICA"]
[null,null,null,"EMULSÃO ASFÁLTICA DE RUPTURA LENTA DE CARGA NEUTRA PARA SERVIÇO DE LAMA ASFÁLTICA"]
[null,null,null,"EMULSÃO ASFÁLTICA PARA SERVIÇO DE IMPRIMAÇÃO"]
[null,null,null,"EMULSÕES ASF. MOD. POR POLÍMEROS RC1C-E"]
[null,null,null,"EMULSÕES ASF. MOD. POR POLÍMEROS RL1C-E"]
[null,null,null,"EMULSÕES ASF. MOD. POR POLÍMEROS RM1C-E"]
[null,null,null,"EMULSÕES ASF. MOD. POR POLÍMEROS RR1C-E"]
[null,null,null,"EMULSÕES ASF. MOD. POR POLÍMEROS RR2C-E"]
[null,null,null,"EMULSÕES ASFÁLTICAS RL-1C"]
[null,null,null,"EMULSÕES ASFÁLTICAS RM-1C"]
[null,null,null,"EMULSÕES ASFÁLTICAS RM-2C"]
[null,null,null,"EMULSÕES ASFÁLTICAS RR-1C"]
[null,null,null,"EMULSÕES ASFÁLTICAS RR-2C"]

{"sheet":"RESUMO_Transp","index":12,"n_rows":38,"n_cols":23,"rows_kept":38,"cut":false,"hidden":false,"merged":[[2,1,2,8],[3,1,3,8],[4,1,4,8],[7,4,7,5],[7,6,7,7],[8,15,8,16],[11,3,11,6],[11,7,11,8],[11,18,11,19],[7,1,9,1],[13,2,18,2],[24,2,29,2],[32,2,37,2],[7,10,9,10]]}
{"$rows_empty":7}
[null,"REAJUSTE",null,null,"TIPOLOGIA DO MATERIAL",null,"LIGANTE BETUMINOSO",null,null,null,"IMPOSTOS","COFINS",{"$f":"'Transporte Cap 50-70'!O10","v":0.0065}]
[null,null,"DATA INICIAL",null,null,"2014-07-01","ÍNDICE INICIAL",{"$f":"'Transporte Cap 50-70'!J11","v":270.237},null,null,null,"PIS",{"$f":"'Transporte Cap 50-70'!O11","v":0.03},null,null,"LEGENDA"]
[null,null,"DATA FINAL",null,null,"2023-10-01","ÍNDICE FINAL",{"$f":"'Transporte Cap 50-70'!J12","v":576.816},null,null,null," ICMS",{"$f":"'Transporte Cap 50-70'!O12","v":0.18},null,null,"ENTRADA DE DADOS"]
[]
[null,"DATA-BASE","PRODUTOS","LOCALIDADES",null,null,null,"CUSTO ANP (R$/Kg)",null,"CUSTO ANP","IMPOSTOS DO PRODUTO","CUSTO DO PRODUTO COM IMPOSTOS","DMT's","DMT's FLUVIAL","CUSTO DO TRANSPORTE TOTAL","ICMS","ATUALIZAÇÃO DO CUSTO DE TRANSPORTE","CUSTO DO TRANSPORTE RODOVIA PAVIMENTADA COM IMPOSTOS E ATUALIZAÇÃO MONETÁRIA","PEDÁGIO ",null,"TOTAL TRANSPORTE","TOTAL PRODUTO","TOTAL GERAL"]
[null,{"$f":"F10","v":"2023-10-01"},null,"REFINARIAS","ENDEREÇO","ORIGEM\nREFINARIAS / DISTRIBUIDORAS","DESTINO","ESTADO","REGIÃO","R$/t","R$/t","R$/t","KM","KM","R$/t","R$/t","R$/t","R$/t","CUSTO POR EIXO","R$/t","R$/t","R$/t","R$/t"]
[null,1,"CAP 50/70","Refinaria Abreu e Lima","Rodovia PE 60, Km 10 - Ipojuca - PE CEP:55590-000",{"$f":"VLOOKUP($W14,'Transporte Cap 50-70'!$B:$AA,7,FALSE)","v":"IPOJUCA - PE"},{"$f":"VLOOKUP($W14,'Transporte Cap 50-70'!$B:$AA,8,FALSE)","v":"Vitória de Santo Antão"},{"$f":"VLOOKUP($W14,'Transporte Cap 50-70'!$B:$AA,9,FALSE)","v":"-"},{"$f":"VLOOKUP($W14,'Transporte Cap 50-70'!$B:$AA,10,FALSE)","v":3.99123004511621},{"$f":"VLOOKUP($W14,'Transporte Cap 50-70'!$B:$AA,11,FALSE)","v":3991.23004511621},{"$f":"VLOOKUP($W14,'Transporte Cap 50-70'!$B:$AA,12,FALSE)","v":1102.87},{"$f":"VLOOKUP($W14,'Transporte Cap 50-70'!$B:$AA,13,FALSE)","v":5094.10004511621},{"$f":"VLOOKUP($W14,'Transporte Cap 50-70'!$B:$AA,14,FALSE)","v":86.4},{"$f":"VLOOKUP($W14,'Transporte Cap 50-70'!$B:$AA,15,FALSE)","v":0},{"$f":"VLOOKUP(W14,'Transporte Cap 50-70'!$B$16:$AA$28,18,0)","v":48.8},{"$f":"VLOOKUP(W14,'Transporte Cap 50-70'!$B$16:$AA$28,19,0)","v":10.71},{"$f":"VLOOKUP(W14,'Transporte Cap 50-70'!$B$16:$AA$28,20,0)","v":67.51},{"$f":"VLOOKUP(W14,'Transporte Cap 50-70'!$B$16:$AA$28,21,0)","v":127.02},{"$f":"VLOOKUP(W14,'Transporte Cap 50-70'!$B$16:$AA$28,22,0)","v":0},{"$f":"VLOOKUP(W14,'Transporte Cap 50-70'!$B$16:$AA$28,23,0)","v":0},{"$f":"VLOOKUP(W14,'Transporte Cap 50-70'!$B$16:$AA$28,24,0)","v":127.02},{"$f":"VLOOKUP(W14,'Transporte Cap 50-70'!$B$16:$AA$28,25,0)","v":5094.10004511621},{"$f":"SMALL('Transporte Cap 50-70'!$AA:$AA,1)","v":5221.12004511621}]
[null,2,null,"Refinaria Potiguar Clara Camarão","Rodovia RN 221, KM 25 - Guamaré - RN CEP:59598-000",{"$f":"VLOOKUP($W15,'Transporte Cap 50-70'!$B:$AA,7,FALSE)","v":"GUAMARÉ - RN"},{"$f":"VLOOKUP($W15,'Transporte Cap 50-70'!$B:$AA,8,FALSE)","v":"Vitória de Santo Antão"},{"$f":"VLOOKUP($W15,'Transporte Cap 50-70'!$B:$AA,9,FALSE)","v":"-"},{"$f":"VLOOKUP($W15,'Transporte Cap 50-70'!$B:$AA,10,FALSE)","v":3.99123004511621},{"$f":"VLOOKUP($W15,'Transporte Cap 50-70'!$B:$AA,11,FALSE)","v":3991.23004511621},{"$f":"VLOOKUP($W15,'Transporte Cap 50-70'!$B:$AA,12,FALSE)","v":1102.87},{"$f":"VLOOKUP($W15,'Transporte Cap 50-70'!$B:$AA,13,FALSE)","v":5094.10004511621},{"$f":"VLOOKUP($W15,'Transporte Cap 50-70'!$B:$AA,14,FALSE)","v":497.4},{"$f":"VLOOKUP($W15,'Transporte Cap 50-70'!$B:$AA,15,FALSE)","v":0},{"$f":"VLOOKUP(W15,'Transporte Cap 50-70'!$B$16:$AA$28,18,0)","v":152.78},{"$f":"VLOOKUP(W15,'Transporte Cap 50-70'!$B$16:$AA$28,19,0)","v":33.53},{"$f":"VLOOKUP(W15,'Transporte Cap 50-70'!$B$16:$AA$28,20,0)","v":211.36},{"$f":"VLOOKUP(W15,'Transporte Cap 50-70'!$B$16:$AA$28,21,0)","v":397.67},{"$f":"VLOOKUP(W15,'Transporte Cap 50-70'!$B$16:$AA$28,22,0)","v":0},{"$f":"VLOOKUP(W15,'Transporte Cap 50-70'!$B$16:$AA$28,23,0)","v":0},{"$f":"VLOOKUP(W15,'Transporte Cap 50-70'!$B$16:$AA$28,24,0)","v":397.67},{"$f":"VLOOKUP(W15,'Transporte Cap 50-70'!$B$16:$AA$28,25,0)","v":5094.10004511621},{"$f":"SMALL('Transporte Cap 50-70'!$AA:$AA,2)","v":5491.77004511621}]
[null,3,null,"Complexo Petroquímico do Rio de Janeiro (Comperj)","Rodovia Estadual RJ-116 - Km 5,2 - Acesso A-1, s/n, Complemento Sambaetiba - Zona Urbana do 4º Distrito de Itaboraí - RJ CEP:24841-203",{"$f":"VLOOKUP($W16,'Transporte Cap 50-70'!$B:$AA,7,FALSE)","v":"FORTALEZA - CE"},{"$f":"VLOOKUP($W16,'Transporte Cap 50-70'!$B:$AA,8,FALSE)","v":"Vitória de Santo Antão"},{"$f":"VLOOKUP($W16,'Transporte Cap 50-70'!$B:$AA,9,FALSE)","v":3.97084818789604},{"$f":"VLOOKUP($W16,'Transporte Cap 50-70'!$B:$AA,10,FALSE)","v":3.99123004511621},{"$f":"VLOOKUP($W16,'Transporte Cap 50-70'!$B:$AA,11,FALSE)","v":3970.84818789604},{"$f":"VLOOKUP($W16,'Transporte Cap 50-70'!$B:$AA,12,FALSE)","v":1097.24},{"$f":"VLOOKUP($W16,'Transporte Cap 50-70'!$B:$AA,13,FALSE)","v":5068.08818789604},{"$f":"VLOOKUP($W16,'Transporte Cap 50-70'!$B:$AA,14,FALSE)","v":767.2},{"$f":"VLOOKUP($W16,'Transporte Cap 50-70'!$B:$AA,15,FALSE)","v":0},{"$f":"VLOOKUP(W16,'Transporte Cap 50-70'!$B$16:$AA$28,18,0)","v":221.04},{"$f":"VLOOKUP(W16,'Transporte Cap 50-70'!$B$16:$AA$28,19,0)","v":48.52},{"$f":"VLOOKUP(W16,'Transporte Cap 50-70'!$B$16:$AA$28,20,0)","v":305.81},{"$f":"VLOOKUP(W16,'Transporte Cap 50-70'!$B$16:$AA$28,21,0)","v":575.37},{"$f":"VLOOKUP(W16,'Transporte Cap 50-70'!$B$16:$AA$28,22,0)","v":0},{"$f":"VLOOKUP(W16,'Transporte Cap 50-70'!$B$16:$AA$28,23,0)","v":0},{"$f":"VLOOKUP(W16,'Transporte Cap 50-70'!$B$16:$AA$28,24,0)","v":575.37},{"$f":"VLOOKUP(W16,'Transporte Cap 50-70'!$B$16:$AA$28,25,0)","v":5068.08818789604},{"$f":"SMALL('Transporte Cap 50-70'!$AA:$AA,3)","v":5643.45818789604}]
[null,4,null,null,null,{"$f":"VLOOKUP($W17,'Transporte Cap 50-70'!$B:$AA,7,FALSE)","v":"SÃO FRANCISCO DO CONDE - BA"},{"$f":"VLOOKUP($W17,'Transporte Cap 50-70'!$B:$AA,8,FALSE)","v":"Vitória de Santo Antão"},{"$f":"VLOOKUP($W17,'Transporte Cap 50-70'!$B:$AA,9,FALSE)","v":4.0167427892349},{"$f":"VLOOKUP($W17,'Transporte Cap 50-70'!$B:$AA,10,FALSE)","v":3.99123004511621},{"$f":"VLOOKUP($W17,'Transporte Cap 50-70'!$B:$AA,11,FALSE)","v":4016.7427892349},{"$f":"VLOOKUP($W17,'Transporte Cap 50-70'!$B:$AA,12,FALSE)","v":1109.92},{"$f":"VLOOKUP($W17,'Transporte Cap 50-70'!$B:$AA,13,FALSE)","v":5126.6627892349},{"$f":"VLOOKUP($W17,'Transporte Cap 50-70'!$B:$AA,14,FALSE)","v":812.2},{"$f":"VLOOKUP($W17,'Transporte Cap 50-70'!$B:$AA,15,FALSE)","v":0},{"$f":"VLOOKUP(W17,'Transporte Cap 50-70'!$B$16:$AA$28,18,0)","v":232.43},{"$f":"VLOOKUP(W17,'Transporte Cap 50-70'!$B$16:$AA$28,19,0)","v":51.02},{"$f":"VLOOKUP(W17,'Transporte Cap 50-70'!$B$16:$AA$28,20,0)","v":321.56},{"$f":"VLOOKUP(W17,'Transporte Cap 50-70'!$B$16:$AA$28,21,0)","v":605.01},{"$f":"VLOOKUP(W17,'Transporte Cap 50-70'!$B$16:$AA$28,22,0)","v":0},{"$f":"VLOOKUP(W17,'Transporte Cap 50-70'!$B$16:$AA$28,23,0)","v":0},{"$f":"VLOOKUP(W17,'Transporte Cap 50-70'!$B$16:$AA$28,24,0)","v":605.01},{"$f":"VLOOKUP(W17,'Transporte Cap 50-70'!$B$16:$AA$28,25,0)","v":5126.6627892349},{"$f":"SMALL('Transporte Cap 50-70'!$AA:$AA,4)","v":5731.6727892349}]
[null,5,null,null,null,{"$f":"VLOOKUP($W18,'Transporte Cap 50-70'!$B:$AA,7,FALSE)","v":"BETIM - MG"},{"$f":"VLOOKUP($W18,'Transporte Cap 50-70'!$B:$AA,8,FALSE)","v":"Vitória de Santo Antão"},{"$f":"VLOOKUP($W18,'Transporte Cap 50-70'!$B:$AA,9,FALSE)","v":3.57072340254157},{"$f":"VLOOKUP($W18,'Transporte Cap 50-70'!$B:$AA,10,FALSE)","v":3.57010322631051},{"$f":"VLOOKUP($W18,'Transporte Cap 50-70'!$B:$AA,11,FALSE)","v":3570.72340254157},{"$f":"VLOOKUP($W18,'Transporte Cap 50-70'!$B:$AA,12,FALSE)","v":986.68},{"$f":"VLOOKUP($W18,'Transporte Cap 50-70'!$B:$AA,13,FALSE)","v":4557.40340254157},{"$f":"VLOOKUP($W18,'Transporte Cap 50-70'!$B:$AA,14,FALSE)","v":2068.6},{"$f":"VLOOKUP($W18,'Transporte Cap 50-70'!$B:$AA,15,FALSE)","v":0},{"$f":"VLOOKUP(W18,'Transporte Cap 50-70'!$B$16:$AA$28,18,0)","v":550.29},{"$f":"VLOOKUP(W18,'Transporte Cap 50-70'!$B$16:$AA$28,19,0)","v":120.79},{"$f":"VLOOKUP(W18,'Transporte Cap 50-70'!$B$16:$AA$28,20,0)","v":761.32},{"$f":"VLOOKUP(W18,'Transporte Cap 50-70'!$B$16:$AA$28,21,0)","v":1432.4},{"$f":"VLOOKUP(W18,'Transporte Cap 50-70'!$B$16:$AA$28,22,0)","v":183},{"$f":"VLOOKUP(W18,'Transporte Cap 50-70'!$B$16:$AA$28,23,0)","v":13.205512785551},{"$f":"VLOOKUP(W18,'Transporte Cap 50-70'!$B$16:$AA$28,24,0)","v":1445.60551278555},{"$f":"VLOOKUP(W18,'Transporte Cap 50-70'!$B$16:$AA$28,25,0)","v":4557.40340254157},{"$f":"SMALL('Transporte Cap 50-70'!$AA:$AA,5)","v":6003.00891532712}]
[null,6,null,null,null,{"$f":"VLOOKUP($W19,'Transporte Cap 50-70'!$B:$AA,7,FALSE)","v":"DUQUE DE CAXIAS - RJ"},{"$f":"VLOOKUP($W19,'Transporte Cap 50-70'!$B:$AA,8,FALSE)","v":"Vitória de Santo Antão"},{"$f":"VLOOKUP($W19,'Transporte Cap 50-70'!$B:$AA,9,FALSE)","v":3.44694935442044},{"$f":"VLOOKUP($W19,'Transporte Cap 50-70'!$B:$AA,10,FALSE)","v":3.57010322631051},{"$f":"VLOOKUP($W19,'Transporte Cap 50-70'!$B:$AA,11,FALSE)","v":3446.94935442044},{"$f":"VLOOKUP($W19,'Transporte Cap 50-70'!$B:$AA,12,FALSE)","v":952.48},{"$f":"VLOOKUP($W19,'Transporte Cap 50-70'!$B:$AA,13,FALSE)","v":4399.42935442044},{"$f":"VLOOKUP($W19,'Transporte Cap 50-70'!$B:$AA,14,FALSE)","v":2302.1},{"$f":"VLOOKUP($W19,'Transporte Cap 50-70'!$B:$AA,15,FALSE)","v":0},{"$f":"VLOOKUP(W19,'Transporte Cap 50-70'!$B$16:$AA$28,18,0)","v":609.37},{"$f":"VLOOKUP(W19,'Transporte Cap 50-70'!$B$16:$AA$28,19,0)","v":133.76},{"$f":"VLOOKUP(W19,'Transporte Cap 50-70'!$B$16:$AA$28,20,0)","v":843.06},{"$f":"VLOOKUP(W19,'Transporte Cap 50-70'!$B$16:$AA$28,21,0)","v":1586.19},{"$f":"VLOOKUP(W19,'Transporte Cap 50-70'!$B$16:$AA$28,22,0)","v":564},{"$f":"VLOOKUP(W19,'Transporte Cap 50-70'!$B$16:$AA$28,23,0)","v":40.6989574374358},{"$f":"VLOOKUP(W19,'Transporte Cap 50-70'!$B$16:$AA$28,24,0)","v":1626.88895743744},{"$f":"VLOOKUP(W19,'Transporte Cap 50-70'!$B$16:$AA$28,25,0)","v":4399.42935442044},{"$f":"SMALL('Transporte Cap 50-70'!$AA:$AA,6)","v":6026.31831185787}]
[{"$nulls":17},{"$f":"VLOOKUP(W20,'Transporte Cap 50-70'!$B$16:$AA$28,21,0)","v":{"$error":"#N/A"}},null,null,{"$f":"VLOOKUP(W20,'Transporte Cap 50-70'!$B$16:$AA$28,24,0)","v":{"$error":"#N/A"}}]
[{"$nulls":17},{"$f":"VLOOKUP(W21,'Transporte Cap 50-70'!$B$16:$AA$28,21,0)","v":{"$error":"#N/A"}},null,null,{"$f":"VLOOKUP(W21,'Transporte Cap 50-70'!$B$16:$AA$28,24,0)","v":{"$error":"#N/A"}}]
[{"$nulls":17},{"$f":"VLOOKUP(W22,'Transporte Cap 50-70'!$B$16:$AA$28,21,0)","v":{"$error":"#N/A"}},null,null,{"$f":"VLOOKUP(W22,'Transporte Cap 50-70'!$B$16:$AA$28,24,0)","v":{"$error":"#N/A"}}]
[{"$nulls":17},{"$f":"VLOOKUP(W23,'Transporte Cap 50-70'!$B$16:$AA$28,21,0)","v":{"$error":"#N/A"}},null,null,{"$f":"VLOOKUP(W23,'Transporte Cap 50-70'!$B$16:$AA$28,24,0)","v":{"$error":"#N/A"}}]
[{"$nulls":17},{"$f":"VLOOKUP(W24,'Transporte Cap 50-70'!$B$16:$AA$28,21,0)","v":{"$error":"#N/A"}},null,null,{"$f":"VLOOKUP(W24,'Transporte Cap 50-70'!$B$16:$AA$28,24,0)","v":{"$error":"#N/A"}}]
[null,1,"CAP MODIF. C/ POLÍMERO 60/85","Refinaria Abreu e Lima","Rodovia PE 60, Km 10 - Ipojuca - PE CEP:55590-000",{"$error":"#REF!"},"Palmas - TO",2.26189494832031,2.353413905075,2261.89494832031,393.19,2655.08494832031,1181,1181,325.73,44.41,202.55,{"$f":"VLOOKUP(W25,'Transporte Cap 50-70'!$B$16:$AA$28,21,0)","v":{"$error":"#N/A"}},102,102,{"$f":"VLOOKUP(W25,'Transporte Cap 50-70'!$B$16:$AA$28,24,0)","v":{"$error":"#N/A"}},2655.08494832031,3329.77494832031]
[null,2,null,"Refinaria Potiguar Clara Camarão","Rodovia RN 221, KM 25 - Guamaré - RN CEP:59598-000","UBERLANDIA - MG","Palmas - TO",2.26189494832031,2.353413905075,2261.89494832031,393.19,2655.08494832031,1182,1182,325.98,44.45,202.71,{"$f":"VLOOKUP(W26,'Transporte Cap 50-70'!$B$16:$AA$28,21,0)","v":{"$error":"#N/A"}},102,102,{"$f":"VLOOKUP(W26,'Transporte Cap 50-70'!$B$16:$AA$28,24,0)","v":{"$error":"#N/A"}},2655.08494832031,3330.22494832031]
[null,3,null,"Complexo Petroquímico do Rio de Janeiro (Comperj)","Rodovia Estadual RJ-116 - Km 5,2 - Acesso A-1, s/n, Complemento Sambaetiba - Zona Urbana do 4º Distrito de Itaboraí - RJ CEP:24841-203","GOIANIRA - GO","Palmas - TO","",2.55520695524326,2555.20695524326,444.18,2999.38695524326,814,814,232.88,31.75,144.81,{"$f":"VLOOKUP(W27,'Transporte Cap 50-70'!$B$16:$AA$28,21,0)","v":{"$error":"#N/A"}},0,0,{"$f":"VLOOKUP(W27,'Transporte Cap 50-70'!$B$16:$AA$28,24,0)","v":{"$error":"#N/A"}},2999.38695524326,3408.82695524326]
[null,4,null,null,null,"BRASÍLIA - DF","Palmas - TO","",2.55520695524326,2555.20695524326,444.18,2999.38695524326,822,822,234.9,32.03,146.07,{"$f":"VLOOKUP(W28,'Transporte Cap 50-70'!$B$16:$AA$28,21,0)","v":{"$error":"#N/A"}},0,0,{"$f":"VLOOKUP(W28,'Transporte Cap 50-70'!$B$16:$AA$28,24,0)","v":{"$error":"#N/A"}},2999.38695524326,3412.38695524326]
[null,5,null,null,null,"APARECIDA DE GOIANIA - GO","Palmas - TO","",2.55520695524326,2555.20695524326,444.18,2999.38695524326,842,842,239.96,32.72,149.22,{"$f":"VLOOKUP(W29,'Transporte Cap 50-70'!$B$16:$AA$28,21,0)","v":{"$error":"#N/A"}},0,0,{"$f":"VLOOKUP(W29,'Transporte Cap 50-70'!$B$16:$AA$28,24,0)","v":{"$error":"#N/A"}},2999.38695524326,3421.28695524326]
[null,6,null,null,null,"ANÁPOLIS - GO","Palmas - TO","",2.55520695524326,2555.20695524326,444.18,2999.38695524326,950,950,267.28,36.44,166.21,{"$f":"VLOOKUP(W30,'Transporte Cap 50-70'!$B$16:$AA$28,21,0)","v":{"$error":"#N/A"}},0,0,{"$f":"VLOOKUP(W30,'Transporte Cap 50-70'!$B$16:$AA$28,24,0)","v":{"$error":"#N/A"}},2999.38695524326,3469.31695524326]
[]
[]
[null,1,"RR1-C","Refinaria Abreu e Lima","Rodovia PE 60, Km 10 - Ipojuca - PE CEP:55590-000",{"$f":"VLOOKUP($W33,'Transporte RR-1C'!$B:$AA,7,FALSE)","v":"SARZEDO - MG"},{"$f":"VLOOKUP($W33,'Transporte RR-1C'!$B:$AA,8,FALSE)","v":"Vitória de Santo Antão"},{"$f":"VLOOKUP($W33,'Transporte RR-1C'!$B:$AA,9,FALSE)","v":2.55506577737547},{"$f":"VLOOKUP($W33,'Transporte RR-1C'!$B:$AA,10,FALSE)","v":2.66995984118828},{"$f":"VLOOKUP($W33,'Transporte RR-1C'!$B:$AA,11,FALSE)","v":2555.06577737547},{"$f":"VLOOKUP($W33,'Transporte RR-1C'!$B:$AA,12,FALSE)","v":706.03},{"$f":"VLOOKUP($W33,'Transporte RR-1C'!$B:$AA,13,FALSE)","v":3261.09577737547},{"$f":"VLOOKUP($W33,'Transporte RR-1C'!$B:$AA,14,FALSE)","v":2068.6},{"$f":"VLOOKUP($W33,'Transporte RR-1C'!$B:$AA,15,FALSE)","v":0},{"$f":"VLOOKUP($W33,'Transporte RR-1C'!$B:$AA,18,FALSE)","v":550.29},{"$f":"VLOOKUP($W33,'Transporte RR-1C'!$B:$AA,19,FALSE)","v":120.79},{"$f":"VLOOKUP($W33,'Transporte RR-1C'!$B:$AA,20,FALSE)","v":761.32},{"$f":"VLOOKUP($W33,'Transporte RR-1C'!$B:$AA,21,FALSE)","v":1432.4},{"$f":"VLOOKUP($W33,'Transporte RR-1C'!$B:$AA,22,FALSE)","v":183},{"$f":"VLOOKUP($W33,'Transporte RR-1C'!$B:$AA,23,FALSE)","v":13.2034632034632},{"$f":"VLOOKUP($W$33,'Transporte RR-1C'!$B$16:$AA$35,24,0)","v":1445.60346320346},{"$f":"VLOOKUP(W33,'Transporte RR-1C'!$B$16:$AA$35,25,0)","v":3261.09577737547},{"$f":"SMALL('Transporte RR-1C'!$AA:$AA,1)","v":4706.69924057893}]
[null,2,null,"Refinaria Potiguar Clara Camarão","Rodovia RN 221, KM 25 - Guamaré - RN CEP:59598-000",{"$f":"VLOOKUP($W34,'Transporte RR-1C'!$B:$AA,7,FALSE)","v":"UBERLANDIA - MG"},{"$f":"VLOOKUP($W34,'Transporte RR-1C'!$B:$AA,8,FALSE)","v":"Vitória de Santo Antão"},{"$f":"VLOOKUP($W34,'Transporte RR-1C'!$B:$AA,9,FALSE)","v":2.55506577737547},{"$f":"VLOOKUP($W34,'Transporte RR-1C'!$B:$AA,10,FALSE)","v":2.66995984118828},{"$f":"VLOOKUP($W34,'Transporte RR-1C'!$B:$AA,11,FALSE)","v":2555.06577737547},{"$f":"VLOOKUP($W34,'Transporte RR-1C'!$B:$AA,12,FALSE)","v":706.03},{"$f":"VLOOKUP($W34,'Transporte RR-1C'!$B:$AA,13,FALSE)","v":3261.09577737547},{"$f":"VLOOKUP($W34,'Transporte RR-1C'!$B:$AA,14,FALSE)","v":2299.5},{"$f":"VLOOKUP($W34,'Transporte RR-1C'!$B:$AA,15,FALSE)","v":0},{"$f":"VLOOKUP($W34,'Transporte RR-1C'!$B:$AA,18,FALSE)","v":608.71},{"$f":"VLOOKUP($W34,'Transporte RR-1C'!$B:$AA,19,FALSE)","v":133.61},{"$f":"VLOOKUP($W34,'Transporte RR-1C'!$B:$AA,20,FALSE)","v":842.14},{"$f":"VLOOKUP($W34,'Transporte RR-1C'!$B:$AA,21,FALSE)","v":1584.46},{"$f":"VLOOKUP($W34,'Transporte RR-1C'!$B:$AA,22,FALSE)","v":335.4},{"$f":"VLOOKUP($W34,'Transporte RR-1C'!$B:$AA,23,FALSE)","v":24.1991341991342},{"$f":"VLOOKUP($W$33,'Transporte RR-1C'!$B$16:$AA$35,24,0)","v":1445.60346320346},{"$f":"VLOOKUP(W34,'Transporte RR-1C'!$B$16:$AA$35,25,0)","v":3261.09577737547},{"$f":"SMALL('Transporte RR-1C'!$AA:$AA,2)","v":4869.7549115746}]
[null,3,null,"Complexo Petroquímico do Rio de Janeiro (Comperj)","Rodovia Estadual RJ-116 - Km 5,2 - Acesso A-1, s/n, Complemento Sambaetiba - Zona Urbana do 4º Distrito de Itaboraí - RJ CEP:24841-203",{"$f":"VLOOKUP($W35,'Transporte RR-1C'!$B:$AA,7,FALSE)","v":"UBERLANDIA - MG"},{"$f":"VLOOKUP($W35,'Transporte RR-1C'!$B:$AA,8,FALSE)","v":"Vitória de Santo Antão"},{"$f":"VLOOKUP($W35,'Transporte RR-1C'!$B:$AA,9,FALSE)","v":2.55506577737547},{"$f":"VLOOKUP($W35,'Transporte RR-1C'!$B:$AA,10,FALSE)","v":2.66995984118828},{"$f":"VLOOKUP($W35,'Transporte RR-1C'!$B:$AA,11,FALSE)","v":2555.06577737547},{"$f":"VLOOKUP($W35,'Transporte RR-1C'!$B:$AA,12,FALSE)","v":706.03},{"$f":"VLOOKUP($W35,'Transporte RR-1C'!$B:$AA,13,FALSE)","v":3261.09577737547},{"$f":"VLOOKUP($W35,'Transporte RR-1C'!$B:$AA,14,FALSE)","v":2303.6},{"$f":"VLOOKUP($W35,'Transporte RR-1C'!$B:$AA,15,FALSE)","v":0},{"$f":"VLOOKUP($W35,'Transporte RR-1C'!$B:$AA,18,FALSE)","v":609.75},{"$f":"VLOOKUP($W35,'Transporte RR-1C'!$B:$AA,19,FALSE)","v":133.84},{"$f":"VLOOKUP($W35,'Transporte RR-1C'!$B:$AA,20,FALSE)","v":843.58},{"$f":"VLOOKUP($W35,'Transporte RR-1C'!$B:$AA,21,FALSE)","v":1587.17},{"$f":"VLOOKUP($W35,'Transporte RR-1C'!$B:$AA,22,FALSE)","v":335.4},{"$f":"VLOOKUP($W35,'Transporte RR-1C'!$B:$AA,23,FALSE)","v":24.1991341991342},{"$f":"VLOOKUP($W$33,'Transporte RR-1C'!$B$16:$AA$35,24,0)","v":1445.60346320346},{"$f":"VLOOKUP(W35,'Transporte RR-1C'!$B$16:$AA$35,25,0)","v":3261.09577737547},{"$f":"SMALL('Transporte RR-1C'!$AA:$AA,3)","v":4872.4649115746}]
[null,4,null,"Refinaria Abreu e Lima","Rodovia PE 60, Km 10 - Ipojuca - PE CEP:55590-000",{"$f":"VLOOKUP($W36,'Transporte RR-1C'!$B:$AA,7,FALSE)","v":"DUQUE DE CAXIAS - RJ"},{"$f":"VLOOKUP($W36,'Transporte RR-1C'!$B:$AA,8,FALSE)","v":"Vitória de Santo Antão"},{"$f":"VLOOKUP($W36,'Transporte RR-1C'!$B:$AA,9,FALSE)","v":"-"},{"$f":"VLOOKUP($W36,'Transporte RR-1C'!$B:$AA,10,FALSE)","v":2.66995984118828},{"$f":"VLOOKUP($W36,'Transporte RR-1C'!$B:$AA,11,FALSE)","v":2669.95984118828},{"$f":"VLOOKUP($W36,'Transporte RR-1C'!$B:$AA,12,FALSE)","v":737.77},{"$f":"VLOOKUP($W36,'Transporte RR-1C'!$B:$AA,13,FALSE)","v":3407.72984118828},{"$f":"VLOOKUP($W36,'Transporte RR-1C'!$B:$AA,14,FALSE)","v":2289.8},{"$f":"VLOOKUP($W36,'Transporte RR-1C'!$B:$AA,15,FALSE)","v":0},{"$f":"VLOOKUP($W36,'Transporte RR-1C'!$B:$AA,18,FALSE)","v":606.26},{"$f":"VLOOKUP($W36,'Transporte RR-1C'!$B:$AA,19,FALSE)","v":133.08},{"$f":"VLOOKUP($W36,'Transporte RR-1C'!$B:$AA,20,FALSE)","v":838.76},{"$f":"VLOOKUP($W36,'Transporte RR-1C'!$B:$AA,21,FALSE)","v":1578.1},{"$f":"VLOOKUP($W36,'Transporte RR-1C'!$B:$AA,22,FALSE)","v":564},{"$f":"VLOOKUP($W36,'Transporte RR-1C'!$B:$AA,23,FALSE)","v":40.6926406926407},{"$f":"VLOOKUP($W$33,'Transporte RR-1C'!$B$16:$AA$35,24,0)","v":1445.60346320346},{"$f":"VLOOKUP(W36,'Transporte RR-1C'!$B$16:$AA$35,25,0)","v":3407.72984118828},{"$f":"SMALL('Transporte RR-1C'!$AA:$AA,4)","v":5026.52248188092}]
[null,5,null,"Refinaria Potiguar Clara Camarão","Rodovia RN 221, KM 25 - Guamaré - RN CEP:59598-000",{"$f":"VLOOKUP($W37,'Transporte RR-1C'!$B:$AA,7,FALSE)","v":"RIO DE JANEIRO - RJ"},{"$f":"VLOOKUP($W37,'Transporte RR-1C'!$B:$AA,8,FALSE)","v":"Vitória de Santo Antão"},{"$f":"VLOOKUP($W37,'Transporte RR-1C'!$B:$AA,9,FALSE)","v":"-"},{"$f":"VLOOKUP($W37,'Transporte RR-1C'!$B:$AA,10,FALSE)","v":2.66995984118828},{"$f":"VLOOKUP($W37,'Transporte RR-1C'!$B:$AA,11,FALSE)","v":2669.95984118828},{"$f":"VLOOKUP($W37,'Transporte RR-1C'!$B:$AA,12,FALSE)","v":737.77},{"$f":"VLOOKUP($W37,'Transporte RR-1C'!$B:$AA,13,FALSE)","v":3407.72984118828},{"$f":"VLOOKUP($W37,'Transporte RR-1C'!$B:$AA,14,FALSE)","v":2306.5},{"$f":"VLOOKUP($W37,'Transporte RR-1C'!$B:$AA,15,FALSE)","v":0},{"$f":"VLOOKUP($W37,'Transporte RR-1C'!$B:$AA,18,FALSE)","v":610.48},{"$f":"VLOOKUP($W37,'Transporte RR-1C'!$B:$AA,19,FALSE)","v":134},{"$f":"VLOOKUP($W37,'Transporte RR-1C'!$B:$AA,20,FALSE)","v":844.59},{"$f":"VLOOKUP($W37,'Transporte RR-1C'!$B:$AA,21,FALSE)","v":1589.07},{"$f":"VLOOKUP($W37,'Transporte RR-1C'!$B:$AA,22,FALSE)","v":564},{"$f":"VLOOKUP($W37,'Transporte RR-1C'!$B:$AA,23,FALSE)","v":40.6926406926407},{"$f":"VLOOKUP($W$33,'Transporte RR-1C'!$B$16:$AA$35,24,0)","v":1445.60346320346},{"$f":"VLOOKUP(W37,'Transporte RR-1C'!$B$16:$AA$35,25,0)","v":3407.72984118828},{"$f":"SMALL('Transporte RR-1C'!$AA:$AA,5)","v":5037.49248188092}]
[null,6,null,"Complexo Petroquímico do Rio de Janeiro (Comperj)","Rodovia Estadual RJ-116 - Km 5,2 - Acesso A-1, s/n, Complemento Sambaetiba - Zona Urbana do 4º Distrito de Itaboraí - RJ CEP:24841-203",{"$f":"VLOOKUP($W38,'Transporte RR-1C'!$B:$AA,7,FALSE)","v":"ANÁPOLIS - GO"},{"$f":"VLOOKUP($W38,'Transporte RR-1C'!$B:$AA,8,FALSE)","v":"Vitória de Santo Antão"},{"$f":"VLOOKUP($W38,'Transporte RR-1C'!$B:$AA,9,FALSE)","v":2.86160052975175},{"$f":"VLOOKUP($W38,'Transporte RR-1C'!$B:$AA,10,FALSE)","v":2.98302539671038},{"$f":"VLOOKUP($W38,'Transporte RR-1C'!$B:$AA,11,FALSE)","v":2861.60052975175},{"$f":"VLOOKUP($W38,'Transporte RR-1C'!$B:$AA,12,FALSE)","v":790.73},{"$f":"VLOOKUP($W38,'Transporte RR-1C'!$B:$AA,13,FALSE)","v":3652.33052975175},{"$f":"VLOOKUP($W38,'Transporte RR-1C'!$B:$AA,14,FALSE)","v":2277.8},{"$f":"VLOOKUP($W38,'Transporte RR-1C'!$B:$AA,15,FALSE)","v":0},{"$f":"VLOOKUP($W38,'Transporte RR-1C'!$B:$AA,18,FALSE)","v":603.22},{"$f":"VLOOKUP($W38,'Transporte RR-1C'!$B:$AA,19,FALSE)","v":132.41},{"$f":"VLOOKUP($W38,'Transporte RR-1C'!$B:$AA,20,FALSE)","v":834.55},{"$f":"VLOOKUP($W38,'Transporte RR-1C'!$B:$AA,21,FALSE)","v":1570.18},{"$f":"VLOOKUP($W38,'Transporte RR-1C'!$B:$AA,22,FALSE)","v":114.6},{"$f":"VLOOKUP($W38,'Transporte RR-1C'!$B:$AA,23,FALSE)","v":8.26839826839827},{"$f":"VLOOKUP($W$33,'Transporte RR-1C'!$B$16:$AA$35,24,0)","v":1445.60346320346},{"$f":"VLOOKUP(W38,'Transporte RR-1C'!$B$16:$AA$35,25,0)","v":3652.33052975175},{"$f":"SMALL('Transporte RR-1C'!$AA:$AA,6)","v":5230.77892802015}]

{"sheet":"MOMENTO DE TRANSPORTE - PRINC","index":13,"n_rows":130,"n_cols":11,"rows_kept":130,"cut":false,"hidden":false,"merged":[[4,1,4,10],[19,1,19,10],[22,2,22,7],[22,9,22,10],[23,7,23,10],[25,3,25,7],[26,5,26,7],[29,5,29,7],[33,2,33,7],[33,9,33,10],[34,7,34,10],[36,3,36,7],[37,5,37,7],[40,5,40,7],[42,1,42,10],[45,2,45,7],[45,9,45,10],[46,7,46,10],[48,3,48,7],[49,5,49,7],[52,5,52,7],[57,1,57,10],[60,2,60,7],[60,9,60,10],[61,7,61,10],[63,3,63,7],[64,5,64,7],[67,5,67,7],[71,2,71,7],[71,9,71,10],[72,7,72,10],[74,3,74,7],[75,5,75,7],[78,5,78,7],[80,1,80,10],[83,2,83,7],[83,9,83,10],[84,7,84,10],[86,3,86,7],[87,5,87,7],[90,5,90,7],[95,1,95,10],[98,2,98,7],[98,9,98,10],[99,7,99,10],[101,3,101,7],[102,5,102,7],[105,5,105,7],[109,2,109,7],[109,9,109,10],[110,7,110,10],[112,3,112,7],[113,5,113,7],[116,5,116,7],[118,1,118,10],[121,2,121,7],[121,9,121,10],[122,7,122,10],[124,3,124,7],[125,5,125,7],[128,5,128,7],[26,3,27,3],[37,3,38,3],[49,3,50,3],[64,3,65,3],[75,3,76,3],[87,3,88,3],[102,3,103,3],[113,3,114,3],[125,3,126,3],[26,4,27,4],[37,4,38,4],[49,4,50,4],[64,4,65,4],[75,4,76,4],[87,4,88,4],[102,4,103,4],[113,4,114,4],[125,4,126,4],[125,1,126,2],[113,1,114,2],[102,1,103,2],[64,1,65,2],[87,1,88,2],[75,1,76,2],[49,1,50,2],[26,1,27,2],[37,1,38,2]]}
[]
[]
[]
[]
[null,{"$f":"'RESUMO MODULO TOTAL'!B1","v":"CONTRATAÇÃO DE SERVIÇOS DE EXECUÇÃO CAPA ASFÁLTICA COM CONCRETO BETUMINOSO USINADO A QUENTE (CBUQ) EM VIAS DE DIVERSOS MUNICÍPIOS DA MESOREGIÃO DA MATA PERNAMBUCANA, ÁREA DE ATUAÇÃO DA 15ª SUPERINTENDÊNCIA REGIONAL DA CODEVASF, EM RECIFE"}]
[null,"ESTADO:",{"$f":"'RESUMO MODULO TOTAL'!N1","v":"xxxxxxxxxxxx"},"DATA BASE:",{"$f":"'RESUMO MODULO TOTAL'!N2","v":"Pernambuco - Abril/2024"}]
[]
[null,null,"RESUMO DO TRANSPORTE PRINCIPAL"]
[null,"CODIGO ","DESCRIÇÃO","TKM"]
[null,5914359,{"$f":"VLOOKUP(B10,'SINTÉTICO SICRO'!$A:$D,2,0)","v":"Transporte com caminhão basculante de 10 m³ - rodovia em leito natural"},{"$f":"ROUND(SUMIF('MOMENTO DE TRANSPORTE - PRINC'!A:A,B10,'MOMENTO DE TRANSPORTE - PRINC'!K:K),2)","v":1848}]
[null,5914374,{"$f":"VLOOKUP(B11,'SINTÉTICO SICRO'!$A:$D,2,0)","v":"Transporte com caminhão basculante de 10 m³ - rodovia em revestimento primário"},{"$f":"ROUND(SUMIF('MOMENTO DE TRANSPORTE - PRINC'!A:A,B11,'MOMENTO DE TRANSPORTE - PRINC'!K:K),2)","v":1848}]
[null,5914389,{"$f":"VLOOKUP(B12,'SINTÉTICO SICRO'!$A:$D,2,0)","v":"Transporte com caminhão basculante de 10 m³ - rodovia pavimentada"},{"$f":"ROUND(SUMIF('MOMENTO DE TRANSPORTE - PRINC'!A:A,B12,'MOMENTO DE TRANSPORTE - PRINC'!K:K),2)","v":2548170.24}]
[null,5914314,{"$f":"VLOOKUP(B13,'SINTÉTICO SICRO'!$A:$D,2,0)","v":"Transporte com caminhão basculante de 6 m³ - rodovia em leito natural"},{"$f":"ROUND(SUMIF('MOMENTO DE TRANSPORTE - PRINC'!A:A,B13,'MOMENTO DE TRANSPORTE - PRINC'!K:K),2)","v":12707.77}]
[null,5914329,{"$f":"VLOOKUP(B14,'SINTÉTICO SICRO'!$A:$D,2,0)","v":"Transporte com caminhão basculante de 6 m³ - rodovia em revestimento primário"},{"$f":"ROUND(SUMIF('MOMENTO DE TRANSPORTE - PRINC'!A:A,B14,'MOMENTO DE TRANSPORTE - PRINC'!K:K),2)","v":0}]
[null,5914344,{"$f":"VLOOKUP(B15,'SINTÉTICO SICRO'!$A:$D,2,0)","v":"Transporte com caminhão basculante de 6 m³ - rodovia pavimentada"},{"$f":"ROUND(SUMIF('MOMENTO DE TRANSPORTE - PRINC'!A:A,B15,'MOMENTO DE TRANSPORTE - PRINC'!K:K),2)","v":101662.18}]
[]
[null,"TIPO (P, RP ou LN)","DMT ESTIMADA"]
[null,"P",1]
[]
[null,"COMPOSIÇÕES PRINCIPAIS"]
[null,"SISTEMA DE CUSTOS REFERENCIAIS DE OBRAS - SICRO"]
[null,"Custo Unitário de Referência",null,null,{"$f":"$E$6","v":"Pernambuco - Abril/2024"},null,null,null,"Quantitativo",null,"t"]
[null,4011463,{"$f":"VLOOKUP(B23,'SINTÉTICO SICRO'!$A:$D,2,0)","v":"Concreto asfáltico - faixa C - areia e brita comerciais"},{"$nulls":5},{"$f":"SUMIF('RESUMO MODULO TOTAL'!D:D,B23,'RESUMO MODULO TOTAL'!J:J)*0.8","v":29568}]
[null,"D - ATIVIDADES AUXILIARES",null,"Quantidade","Unidade"]
[null,6416078,{"$f":"VLOOKUP(B25,'SINTÉTICO SICRO'!$A:$D,2,0)","v":"Usinagem de concreto asfáltico - faixa C - areia e brita comerciais"},1.02,"t"]
[]
[null,"F - MOMENTO DE TRANSPORTE",null,"Quantidade","Unidade","CÓDIGO TRANSPORTE"]
[{"$nulls":5},"LN","RP","P","TIPO (P, RP ou LN)","DMT ESTIMADA (km)","QUANTITATIVO TOTAL DE TRANSPORTE (tkm)"]
[{"$f":"IF(I29=\"P\",H29,IF(I29=\"RP\",G29,IF(I29=\"LN\",F29,\"\")))","v":5914389},6416078,{"$f":"VLOOKUP(B29,'SINTÉTICO SICRO'!$A:$D,2,0)","v":"Usinagem de concreto asfáltico - faixa C - areia e brita comerciais"},1.02,"tkm",5914359,5914374,5914389,{"$f":"$B$18","v":"P"},84,{"$f":"IF(ISBLANK(J29),\"\",J29*D29)*I23","v":2533386.24}]
[{"$f":"IF(I30=\"P\",H30,IF(I30=\"RP\",G30,IF(I30=\"LN\",F30,\"\")))","v":""}]
["","Obs."]
[null,"SISTEMA DE CUSTOS REFERENCIAIS DE OBRAS - SICRO"]
[null,"Custo Unitário de Referência",null,null,{"$f":"$E$6","v":"Pernambuco - Abril/2024"},null,null,null,"Quantitativo",null,"m³"]
[null,4915663,{"$f":"VLOOKUP(B34,'SINTÉTICO SICRO'!$A:$D,2,0)","v":"Fresagem descontínua de revestimento asfáltico - espessura de 5 cm"},{"$nulls":5},{"$f":"SUMIF('RESUMO MODULO TOTAL'!D:D,B34,'RESUMO MODULO TOTAL'!J:J)*0.8","v":1232}]
[null,"D - ATIVIDADES AUXILIARES",null,"Quantidade","Unidade"]
[]
[]
[null,"F - MOMENTO DE TRANSPORTE",null,"Quantidade","Unidade","CÓDIGO TRANSPORTE"]
[{"$nulls":5},"LN","RP","P","TIPO (P, RP ou LN)","DMT ESTIMADA (km)","QUANTITATIVO TOTAL DE TRANSPORTE (tkm)"]
[{"$f":"IF(I40=\"P\",H40,IF(I40=\"RP\",G40,IF(I40=\"LN\",F40,\"\")))","v":5914389},"M3507","Revestimento asfáltico - Caminhão basculante 10 m³",2.4,"tkm",5914359,5914374,5914389,{"$f":"$B$18","v":"P"},5,{"$f":"IF(ISBLANK(J40),\"\",J40*D40)*I34","v":14784}]
[{"$f":"IF(I41=\"P\",H41,IF(I41=\"RP\",G41,IF(I41=\"LN\",F41,\"\")))","v":""}]
["","Obs."]
[null,"COMPOSIÇÕES PRINCIPAIS"]
[null,"SISTEMA DE CUSTOS REFERENCIAIS DE OBRAS - SICRO"]
[null,"Custo Unitário de Referência",null,null,{"$f":"$E$6","v":"Pernambuco - Abril/2024"},null,null,null,"Quantitativo",null,"m²"]
[null,4915618,{"$f":"VLOOKUP(B46,'SINTÉTICO SICRO'!$A:$D,2,0)","v":"Recomposição de camada granular do pavimento com material de jazida"},{"$nulls":5},{"$f":"SUMIF('RESUMO MODULO TOTAL'!D:D,B46,'RESUMO MODULO TOTAL'!J:J)*0.8","v":24640}]
[null,"D - ATIVIDADES AUXILIARES",null,"Quantidade","Unidade"]
[null,4016096,{"$f":"VLOOKUP(B48,'SINTÉTICO SICRO'!$A:$D,2,0)","v":"Escavação e carga de material de jazida com escavadeira hidráulica de 1,56 m³"},0.22005,"t"]
[]
[null,"F - MOMENTO DE TRANSPORTE",null,"Quantidade","Unidade","CÓDIGO TRANSPORTE"]
[{"$nulls":5},"LN","RP","P","TIPO (P, RP ou LN)","DMT ESTIMADA (km)","QUANTITATIVO TOTAL DE TRANSPORTE (tkm)"]
[{"$f":"IF(I52=\"P\",H52,IF(I52=\"RP\",G52,IF(I52=\"LN\",F52,\"\")))","v":5914344},4016096,{"$f":"VLOOKUP(B52,'SINTÉTICO SICRO'!$A:$D,2,0)","v":"Escavação e carga de material de jazida com escavadeira hidráulica de 1,56 m³"},0.41259,"tkm",5914314,5914329,5914344,{"$f":"$B$18","v":"P"},10,{"$f":"IF(ISBLANK(J52),\"\",J52*D52)*I46","v":101662.176}]
[{"$f":"IF(I53=\"P\",H53,IF(I53=\"RP\",G53,IF(I53=\"LN\",F53,\"\")))","v":""}]
["","Obs."]
[null,"TIPO (P, RP ou LN)","DMT ESTIMADA"]
[null,"LN"]
[]
[null,"COMPOSIÇÕES PRINCIPAIS"]
[null,"SISTEMA DE CUSTOS REFERENCIAIS DE OBRAS - SICRO"]
[null,"Custo Unitário de Referência",null,null,{"$f":"$E$6","v":"Pernambuco - Abril/2024"},null,null,null,"Quantitativo",null,"t"]
[null,4011463,{"$f":"VLOOKUP(B61,'SINTÉTICO SICRO'!$A:$D,2,0)","v":"Concreto asfáltico - faixa C - areia e brita comerciais"},{"$nulls":5},{"$f":"SUMIF('RESUMO MODULO TOTAL'!D:D,B61,'RESUMO MODULO TOTAL'!J:J)*0.1","v":3696}]
[null,"D - ATIVIDADES AUXILIARES",null,"Quantidade","Unidade"]
[null,6416078,{"$f":"VLOOKUP(B63,'SINTÉTICO SICRO'!$A:$D,2,0)","v":"Usinagem de concreto asfáltico - faixa C - areia e brita comerciais"},1.02,"t"]
[]
[null,"F - MOMENTO DE TRANSPORTE",null,"Quantidade","Unidade","CÓDIGO TRANSPORTE"]
[{"$nulls":5},"LN","RP","P","TIPO (P, RP ou LN)","DMT ESTIMADA (km)","QUANTITATIVO TOTAL DE TRANSPORTE (tkm)"]
[{"$f":"IF(I67=\"P\",H67,IF(I67=\"RP\",G67,IF(I67=\"LN\",F67,\"\")))","v":5914359},6416078,{"$f":"VLOOKUP(B67,'SINTÉTICO SICRO'!$A:$D,2,0)","v":"Usinagem de concreto asfáltico - faixa C - areia e brita comerciais"},1.02,"tkm",5914359,5914374,5914389,{"$f":"$B$56","v":"LN"},0,{"$f":"IF(ISBLANK(J67),\"\",J67*D67)*I61","v":0}]
[{"$f":"IF(I68=\"P\",H68,IF(I68=\"RP\",G68,IF(I68=\"LN\",F68,\"\")))","v":""}]
["","Obs."]
[null,"SISTEMA DE CUSTOS REFERENCIAIS DE OBRAS - SICRO"]
[null,"Custo Unitário de Referência",null,null,{"$f":"$E$6","v":"Pernambuco - Abril/2024"},null,null,null,"Quantitativo",null,"m³"]
[null,4915663,{"$f":"VLOOKUP(B72,'SINTÉTICO SICRO'!$A:$D,2,0)","v":"Fresagem descontínua de revestimento asfáltico - espessura de 5 cm"},{"$nulls":5},{"$f":"SUMIF('RESUMO MODULO TOTAL'!D:D,B72,'RESUMO MODULO TOTAL'!J:J)*0.1","v":154}]
[null,"D - ATIVIDADES AUXILIARES",null,"Quantidade","Unidade"]
[]
[]
[null,"F - MOMENTO DE TRANSPORTE",null,"Quantidade","Unidade","CÓDIGO TRANSPORTE"]
[{"$nulls":5},"LN","RP","P","TIPO (P, RP ou LN)","DMT ESTIMADA (km)","QUANTITATIVO TOTAL DE TRANSPORTE (tkm)"]
[{"$f":"IF(I78=\"P\",H78,IF(I78=\"RP\",G78,IF(I78=\"LN\",F78,\"\")))","v":5914359},"M3507","Revestimento asfáltico - Caminhão basculante 10 m³",2.4,"tkm",5914359,5914374,5914389,{"$f":"$B$56","v":"LN"},5,{"$f":"IF(ISBLANK(J78),\"\",J78*D78)*I72","v":1848}]
[{"$f":"IF(I79=\"P\",H79,IF(I79=\"RP\",G79,IF(I79=\"LN\",F79,\"\")))","v":""}]
["","Obs."]
[null,"COMPOSIÇÕES PRINCIPAIS"]
[null,"SISTEMA DE CUSTOS REFERENCIAIS DE OBRAS - SICRO"]
[null,"Custo Unitário de Referência",null,null,{"$f":"$E$6","v":"Pernambuco - Abril/2024"},null,null,null,"Quantitativo",null,"m²"]
[null,4915618,{"$f":"VLOOKUP(B84,'SINTÉTICO SICRO'!$A:$D,2,0)","v":"Recomposição de camada granular do pavimento com material de jazida"},{"$nulls":5},{"$f":"SUMIF('RESUMO MODULO TOTAL'!D:D,B84,'RESUMO MODULO TOTAL'!J:J)*0.1","v":3080}]
[null,"D - ATIVIDADES AUXILIARES",null,"Quantidade","Unidade"]
[null,4016096,{"$f":"VLOOKUP(B86,'SINTÉTICO SICRO'!$A:$D,2,0)","v":"Escavação e carga de material de jazida com escavadeira hidráulica de 1,56 m³"},0.22005,"t"]
[]
[null,"F - MOMENTO DE TRANSPORTE",null,"Quantidade","Unidade","CÓDIGO TRANSPORTE"]
[{"$nulls":5},"LN","RP","P","TIPO (P, RP ou LN)","DMT ESTIMADA (km)","QUANTITATIVO TOTAL DE TRANSPORTE (tkm)"]
[{"$f":"IF(I90=\"P\",H90,IF(I90=\"RP\",G90,IF(I90=\"LN\",F90,\"\")))","v":5914314},4016096,{"$f":"VLOOKUP(B90,'SINTÉTICO SICRO'!$A:$D,2,0)","v":"Escavação e carga de material de jazida com escavadeira hidráulica de 1,56 m³"},0.41259,"tkm",5914314,5914329,5914344,{"$f":"$B$56","v":"LN"},10,{"$f":"IF(ISBLANK(J90),\"\",J90*D90)*I84","v":12707.772}]
[{"$f":"IF(I91=\"P\",H91,IF(I91=\"RP\",G91,IF(I91=\"LN\",F91,\"\")))","v":""}]
["","Obs."]
[null,"TIPO (P, RP ou LN)","DMT ESTIMADA"]
[null,"RP"]
[]
[null,"COMPOSIÇÕES PRINCIPAIS"]
[null,"SISTEMA DE CUSTOS REFERENCIAIS DE OBRAS - SICRO"]
[null,"Custo Unitário de Referência",null,null,{"$f":"$E$6","v":"Pernambuco - Abril/2024"},null,null,null,"Quantitativo",null,"t"]
[null,4011463,{"$f":"VLOOKUP(B99,'SINTÉTICO SICRO'!$A:$D,2,0)","v":"Concreto asfáltico - faixa C - areia e brita comerciais"},{"$nulls":5},{"$f":"SUMIF('RESUMO MODULO TOTAL'!D:D,B99,'RESUMO MODULO TOTAL'!J:J)*0.1","v":3696}]
[null,"D - ATIVIDADES AUXILIARES",null,"Quantidade","Unidade"]
[null,6416078,{"$f":"VLOOKUP(B101,'SINTÉTICO SICRO'!$A:$D,2,0)","v":"Usinagem de concreto asfáltico - faixa C - areia e brita comerciais"},1.02,"t"]
[]
[null,"F - MOMENTO DE TRANSPORTE",null,"Quantidade","Unidade","CÓDIGO TRANSPORTE"]
[{"$nulls":5},"LN","RP","P","TIPO (P, RP ou LN)","DMT ESTIMADA (km)","QUANTITATIVO TOTAL DE TRANSPORTE (tkm)"]
[{"$f":"IF(I105=\"P\",H105,IF(I105=\"RP\",G105,IF(I105=\"LN\",F105,\"\")))","v":5914374},6416078,{"$f":"VLOOKUP(B105,'SINTÉTICO SICRO'!$A:$D,2,0)","v":"Usinagem de concreto asfáltico - faixa C - areia e brita comerciais"},1.02,"tkm",5914359,5914374,5914389,{"$f":"$B$94","v":"RP"},0,{"$f":"IF(ISBLANK(J105),\"\",J105*D105)*I99","v":0}]
[{"$f":"IF(I106=\"P\",H106,IF(I106=\"RP\",G106,IF(I106=\"LN\",F106,\"\")))","v":""}]
["","Obs."]
[null,"SISTEMA DE CUSTOS REFERENCIAIS DE OBRAS - SICRO"]
[null,"Custo Unitário de Referência",null,null,{"$f":"$E$6","v":"Pernambuco - Abril/2024"},null,null,null,"Quantitativo",null,"m³"]
[null,4915663,{"$f":"VLOOKUP(B110,'SINTÉTICO SICRO'!$A:$D,2,0)","v":"Fresagem descontínua de revestimento asfáltico - espessura de 5 cm"},{"$nulls":5},{"$f":"SUMIF('RESUMO MODULO TOTAL'!D:D,B110,'RESUMO MODULO TOTAL'!J:J)*0.1","v":154}]
[null,"D - ATIVIDADES AUXILIARES",null,"Quantidade","Unidade"]
[]
[]
[null,"F - MOMENTO DE TRANSPORTE",null,"Quantidade","Unidade","CÓDIGO TRANSPORTE"]
[{"$nulls":5},"LN","RP","P","TIPO (P, RP ou LN)","DMT ESTIMADA (km)","QUANTITATIVO TOTAL DE TRANSPORTE (tkm)"]
[{"$f":"IF(I116=\"P\",H116,IF(I116=\"RP\",G116,IF(I116=\"LN\",F116,\"\")))","v":5914374},"M3507","Revestimento asfáltico - Caminhão basculante 10 m³",2.4,"tkm",5914359,5914374,5914389,{"$f":"$B$94","v":"RP"},5,{"$f":"IF(ISBLANK(J116),\"\",J116*D116)*I110","v":1848}]
[{"$f":"IF(I117=\"P\",H117,IF(I117=\"RP\",G117,IF(I117=\"LN\",F117,\"\")))","v":""}]
["","Obs."]
[null,"COMPOSIÇÕES PRINCIPAIS"]
[null,"SISTEMA DE CUSTOS REFERENCIAIS DE OBRAS - SICRO"]
[null,"Custo Unitário de Referência",null,null,{"$f":"$E$6","v":"Pernambuco - Abril/2024"},null,null,null,"Quantitativo",null,"m²"]
[null,4915618,{"$f":"VLOOKUP(B122,'SINTÉTICO SICRO'!$A:$D,2,0)","v":"Recomposição de camada granular do pavimento com material de jazida"},{"$nulls":5},{"$f":"SUMIF('RESUMO MODULO TOTAL'!D:D,B122,'RESUMO MODULO TOTAL'!J:J)*0.1","v":3080}]
[null,"D - ATIVIDADES AUXILIARES",null,"Quantidade","Unidade"]
[null,4016096,{"$f":"VLOOKUP(B124,'SINTÉTICO SICRO'!$A:$D,2,0)","v":"Escavação e carga de material de jazida com escavadeira hidráulica de 1,56 m³"},0.22005,"t"]
[]
[null,"F - MOMENTO DE TRANSPORTE",null,"Quantidade","Unidade","CÓDIGO TRANSPORTE"]
[{"$nulls":5},"LN","RP","P","TIPO (P, RP ou LN)","DMT ESTIMADA (km)","QUANTITATIVO TOTAL DE TRANSPORTE (tkm)"]
[{"$f":"IF(I128=\"P\",H128,IF(I128=\"RP\",G128,IF(I128=\"LN\",F128,\"\")))","v":5914329},4016096,{"$f":"VLOOKUP(B128,'SINTÉTICO SICRO'!$A:$D,2,0)","v":"Escavação e carga de material de jazida com escavadeira hidráulica de 1,56 m³"},0.41259,"tkm",5914314,5914329,5914344,{"$f":"$B$94","v":"RP"},0,{"$f":"IF(ISBLANK(J128),\"\",J128*D128)*I122","v":0}]
[{"$f":"IF(I129=\"P\",H129,IF(I129=\"RP\",G129,IF(I129=\"LN\",F129,\"\")))","v":""}]
["","Obs."]

{"sheet":"MOMENTO DE TRANSPORTE - AUX","index":14,"n_rows":103,"n_cols":13,"rows_kept":103,"cut":false,"hidden":false,"merged":[[3,1,3,10],[6,1,6,3],[20,2,20,7],[20,9,20,10],[21,5,21,7],[28,5,28,7],[42,2,42,7],[42,9,42,10],[43,5,43,7],[50,5,50,7],[64,2,64,7],[64,9,64,10],[65,5,65,7],[72,5,72,7],[21,3,22,3],[43,3,44,3],[65,3,66,3],[21,4,22,4],[43,4,44,4],[65,4,66,4],[65,1,66,2],[43,1,44,2],[21,1,22,2]]}
[]
[]
[]
[null,{"$f":"'RESUMO MODULO TOTAL'!B1","v":"CONTRATAÇÃO DE SERVIÇOS DE EXECUÇÃO CAPA ASFÁLTICA COM CONCRETO BETUMINOSO USINADO A QUENTE (CBUQ) EM VIAS DE DIVERSOS MUNICÍPIOS DA MESOREGIÃO DA MATA PERNAMBUCANA, ÁREA DE ATUAÇÃO DA 15ª SUPERINTENDÊNCIA REGIONAL DA CODEVASF, EM RECIFE"}]
[null,"ESTADO:",{"$f":"'RESUMO MODULO TOTAL'!N1","v":"xxxxxxxxxxxx"},"DATA BASE:",{"$f":"'MOMENTO DE TRANSPORTE - PRINC'!E6","v":"Pernambuco - Abril/2024"}]
[]
[null,"RESUMO DO TRANSPORTE AUXILIAR"]
[null,"CODIGO ","DESCRIÇÃO","TKM"]
[null,5914359,{"$f":"VLOOKUP(B9,'SINTÉTICO SICRO'!$A:$D,2,0)","v":"Transporte com caminhão basculante de 10 m³ - rodovia em leito natural"},{"$f":"ROUND(SUMIF(A:A,B9,K:K),2)","v":0}]
[null,5914374,{"$f":"VLOOKUP(B10,'SINTÉTICO SICRO'!$A:$D,2,0)","v":"Transporte com caminhão basculante de 10 m³ - rodovia em revestimento primário"},0]
[null,5914389,{"$f":"VLOOKUP(B11,'SINTÉTICO SICRO'!$A:$D,2,0)","v":"Transporte com caminhão basculante de 10 m³ - rodovia pavimentada"},0]
[null,5914364,{"$f":"VLOOKUP(B12,'SINTÉTICO SICRO'!$A:$D,2,0)","v":"Transporte de cimento ou cal hidratada a granel com caminhão silo de 30 m³ - rodovia em leito natural"},0]
[null,5914365,{"$f":"VLOOKUP(B13,'SINTÉTICO SICRO'!$A:$D,2,0)","v":"Transporte de cimento ou cal hidratada a granel com caminhão silo de 30 m³ - rodovia em revestimento primário"},0]
[null,5914366,{"$f":"VLOOKUP(B14,'SINTÉTICO SICRO'!$A:$D,2,0)","v":"Transporte de cimento ou cal hidratada a granel com caminhão silo de 30 m³ - rodovia pavimentada"},0]
[]
[null,"TIPO (P, RP ou LN)","DMT ATÉ 50 KM NÃO DEVE SER PAGA","SOMENTE DEVE SER ADICIONADO A DISTÂNCIA EXCEDENTE A 50 KM"]
[null,"P",null,0]
[]
[null,"SISTEMA DE CUSTOS REFERENCIAIS DE OBRAS - SICRO",{"$nulls":6},"Quantitivo"]
[null,"Custo Unitário de Referência",null,null,{"$f":"$E$5","v":"Pernambuco - Abril/2024"},null,null,null,"(Coeficiente na composição principal) x (quantidade da principal no orçamento)",null,"t"]
[null,6416078,"Usinagem de concreto asfáltico - faixa C - areia e brita comerciais",{"$nulls":5},{"$f":"('MOMENTO DE TRANSPORTE - PRINC'!D25*VLOOKUP(C30,'RESUMO MODULO TOTAL'!D:O,7,FALSE))*0.8","v":30159.36}]
[null,"F - MOMENTO DE TRANSPORTE",null,"Quantidade","Unidade","DMT"]
[{"$nulls":5},"LN","RP","P","TIPO (P, RP ou LN)","DMT ESTIMADA (km)","QUANTITATIVO TOTAL DE TRANSPORTE DE MATERIAL (tkm)"]
[{"$f":"IF(I24=\"P\",H24,IF(I24=\"RP\",G24,IF(I24=\"LN\",F24,\"\")))","v":5914389},"M0028","Areia média - Caminhão basculante 10 m³",0.48713,"tkm",5914359,5914374,5914389,{"$f":"$B$17","v":"P"},{"$f":"$D$17","v":0},{"$f":"IF(ISBLANK(J24),\"\",J24*(D24*$I$21))","v":0}]
[{"$f":"IF(I25=\"P\",H25,IF(I25=\"RP\",G25,IF(I25=\"LN\",F25,\"\")))","v":5914389},"M0005","Brita 0 - Caminhão basculante 10 m³",0.09368,"tkm",5914359,5914374,5914389,"P",{"$f":"$D$17","v":0},{"$f":"IF(ISBLANK(J25),\"\",J25*(D25*$I$21))","v":0}]
[5914389,"M0191","Brita 1 - Caminhão basculante 10 m³",0.09368,"tkm",5914359,5914374,5914389,"P",{"$f":"$D$17","v":0},0]
[5914366,"M0344","Cal hidratada - a granel - Caminhão silo 30 m³",0.0562,"tkm",5914364,5914365,5914366,"P",{"$f":"$D$17","v":0},0]
[5914389,"M1103","Pedrisco - Caminhão basculante 10 m³",0.20609,"tkm",5914359,5914374,5914389,"P",{"$f":"$D$17","v":0},0]
[""]
[{"$f":"IF(I30=\"P\",H30,IF(I30=\"RP\",G30,IF(I30=\"LN\",F30,\"\")))","v":""},"PRINCIPAL:",{"$f":"'MOMENTO DE TRANSPORTE - PRINC'!B23","v":4011463}]
[null,"SISTEMA DE CUSTOS REFERENCIAIS DE OBRAS - SICRO",{"$nulls":6},"Quantitivo"]
[null,"Custo Unitário de Referência",null,null,{"$f":"$E$5","v":"Pernambuco - Abril/2024"},null,null,null,"(Coeficiente na composição principal) x (quantidade da principal no orçamento)",null,"m³"]
[null,4016096,{"$f":"VLOOKUP(B33,'SINTÉTICO SICRO'!$A:$D,2,0)","v":"Escavação e carga de material de jazida com escavadeira hidráulica de 1,56 m³"}]
[null,"F - MOMENTO DE TRANSPORTE",null,"''","Unidade","DMT"]
[{"$nulls":5},"LN","RP","P","TIPO (P, RP ou LN)","DMT ESTIMADA (km)","QUANTITATIVO TOTAL DE TRANSPORTE DE MATERIAL (tkm)"]
[{"$f":"IF(I36=\"P\",H36,IF(I36=\"RP\",G36,IF(I36=\"LN\",F36,\"\")))","v":""},null,null,null,"tkm",{"$nulls":5},{"$f":"IF(ISBLANK(J36),\"\",J36*(D36*#REF!))","v":""}]
["","PRINCIPAL:",{"$f":"'MOMENTO DE TRANSPORTE - PRINC'!B46","v":4915618}]
[null,"TIPO (P, RP ou LN)","DMT ATÉ 50 KM NÃO DEVE SER PAGA","DMT ACIMA DE 50 KM"]
[null,"LN",0,0]
[]
[null,"SISTEMA DE CUSTOS REFERENCIAIS DE OBRAS - SICRO",{"$nulls":6},"Quantitivo"]
[null,"Custo Unitário de Referência",null,null,{"$f":"$E$5","v":"Pernambuco - Abril/2024"},null,null,null,"(Coeficiente na composição principal) x (quantidade da principal no orçamento)",null,"t"]
[null,6416078,"Usinagem de concreto asfáltico - faixa C - areia e brita comerciais",{"$nulls":5},{"$f":"('MOMENTO DE TRANSPORTE - PRINC'!D25*VLOOKUP(C52,'RESUMO MODULO TOTAL'!D:O,7,FALSE))*0.1","v":3769.92}]
[null,"F - MOMENTO DE TRANSPORTE",null,"Quantidade","Unidade","DMT"]
[{"$nulls":5},"LN","RP","P","TIPO (P, RP ou LN)","DMT ESTIMADA (km)","QUANTITATIVO TOTAL DE TRANSPORTE DE MATERIAL (tkm)"]
[{"$f":"IF(I46=\"P\",H46,IF(I46=\"RP\",G46,IF(I46=\"LN\",F46,\"\")))","v":5914359},"M0028","Areia média - Caminhão basculante 10 m³",0.48713,"tkm",5914359,5914374,5914389,{"$f":"$B$39","v":"LN"},{"$f":"$D$39","v":0},{"$f":"IF(ISBLANK(J46),\"\",J46*(D46*$I$21))","v":0}]
[5914359,"M0005","Brita 0 - Caminhão basculante 10 m³",0.09368,"tkm",5914359,5914374,5914389,{"$f":"$B$39","v":"LN"},{"$f":"$D$39","v":0},{"$f":"IF(ISBLANK(J47),\"\",J47*(D47*$I$21))","v":0}]
[5914359,"M0191","Brita 1 - Caminhão basculante 10 m³",0.09368,"tkm",5914359,5914374,5914389,"LN",0,0]
[5914364,"M0344","Cal hidratada - a granel - Caminhão silo 30 m³",0.0562,"tkm",5914364,5914365,5914366,"LN",0,0]
[5914359,"M1103","Pedrisco - Caminhão basculante 10 m³",0.20609,"tkm",5914359,5914374,5914389,"LN",0,0]
[""]
["","PRINCIPAL:",{"$f":"'MOMENTO DE TRANSPORTE - PRINC'!B23","v":4011463}]
[null,"SISTEMA DE CUSTOS REFERENCIAIS DE OBRAS - SICRO",{"$nulls":6},"Quantitivo"]
[null,"Custo Unitário de Referência",null,null,{"$f":"$E$5","v":"Pernambuco - Abril/2024"},null,null,null,"(Coeficiente na composição principal) x (quantidade da principal no orçamento)",null,"m³"]
[null,4016096,{"$f":"VLOOKUP(B55,'SINTÉTICO SICRO'!$A:$D,2,0)","v":"Escavação e carga de material de jazida com escavadeira hidráulica de 1,56 m³"}]
[null,"F - MOMENTO DE TRANSPORTE",null,"''","Unidade","DMT"]
[{"$nulls":5},"LN","RP","P","TIPO (P, RP ou LN)","DMT ESTIMADA (km)","QUANTITATIVO TOTAL DE TRANSPORTE DE MATERIAL (tkm)"]
[{"$f":"IF(I58=\"P\",H58,IF(I58=\"RP\",G58,IF(I58=\"LN\",F58,\"\")))","v":""},null,null,null,"tkm",{"$nulls":5},{"$f":"IF(ISBLANK(J58),\"\",J58*(D58*#REF!))","v":""}]
["","PRINCIPAL:",{"$f":"'MOMENTO DE TRANSPORTE - PRINC'!B46","v":4915618}]
[null,"TIPO (P, RP ou LN)","DMT ATÉ 50 KM NÃO DEVE SER PAGA","DMT ACIMA DE 50 KM"]
[null,"RP",0,0]
[]
[null,"SISTEMA DE CUSTOS REFERENCIAIS DE OBRAS - SICRO",{"$nulls":6},"Quantitivo"]
[null,"Custo Unitário de Referência",null,null,{"$f":"$E$5","v":"Pernambuco - Abril/2024"},null,null,null,"(Coeficiente na composição principal) x (quantidade da principal no orçamento)",null,"t"]
[null,6416078,"Usinagem de concreto asfáltico - faixa C - areia e brita comerciais",{"$nulls":5},{"$f":"('MOMENTO DE TRANSPORTE - PRINC'!D25*VLOOKUP(C74,'RESUMO MODULO TOTAL'!D:O,7,FALSE))*0.1","v":3769.92}]
[null,"F - MOMENTO DE TRANSPORTE",null,"Quantidade","Unidade","DMT"]
[{"$nulls":5},"LN","RP","P","TIPO (P, RP ou LN)","DMT ESTIMADA (km)","QUANTITATIVO TOTAL DE TRANSPORTE DE MATERIAL (tkm)"]
[{"$f":"IF(I68=\"P\",H68,IF(I68=\"RP\",G68,IF(I68=\"LN\",F68,\"\")))","v":5914374},"M0028","Areia média - Caminhão basculante 10 m³",0.48713,"tkm",5914359,5914374,5914389,{"$f":"$B$61","v":"RP"},{"$f":"$D$61","v":0},{"$f":"IF(ISBLANK(J68),\"\",J68*(D68*$I$21))","v":0}]
[5914374,"M0005","Brita 0 - Caminhão basculante 10 m³",0.09368,"tkm",5914359,5914374,5914389,{"$f":"$B$61","v":"RP"},{"$f":"$D$61","v":0},{"$f":"IF(ISBLANK(J69),\"\",J69*(D69*$I$21))","v":0}]
[5914374,"M0191","Brita 1 - Caminhão basculante 10 m³",0.09368,"tkm",5914359,5914374,5914389,"RP",0,0]
[5914365,"M0344","Cal hidratada - a granel - Caminhão silo 30 m³",0.0562,"tkm",5914364,5914365,5914366,"RP",0,0]
[5914374,"M1103","Pedrisco - Caminhão basculante 10 m³",0.20609,"tkm",5914359,5914374,5914389,"RP",0,0]
[""]
["","PRINCIPAL:",{"$f":"'MOMENTO DE TRANSPORTE - PRINC'!B23","v":4011463}]
[null,"SISTEMA DE CUSTOS REFERENCIAIS DE OBRAS - SICRO",{"$nulls":6},"Quantitivo"]
[null,"Custo Unitário de Referência",null,null,{"$f":"$E$5","v":"Pernambuco - Abril/2024"},null,null,null,"(Coeficiente na composição principal) x (quantidade da principal no orçamento)",null,"m³"]
[null,4016096,{"$f":"VLOOKUP(B77,'SINTÉTICO SICRO'!$A:$D,2,0)","v":"Escavação e carga de material de jazida com escavadeira hidráulica de 1,56 m³"}]
[null,"F - MOMENTO DE TRANSPORTE",null,"''","Unidade","DMT"]
[{"$nulls":5},"LN","RP","P","TIPO (P, RP ou LN)","DMT ESTIMADA (km)","QUANTITATIVO TOTAL DE TRANSPORTE DE MATERIAL (tkm)"]
[{"$f":"IF(I80=\"P\",H80,IF(I80=\"RP\",G80,IF(I80=\"LN\",F80,\"\")))","v":""},null,null,null,"tkm",{"$nulls":5},{"$f":"IF(ISBLANK(J80),\"\",J80*(D80*#REF!))","v":""}]
["","PRINCIPAL:",{"$f":"'MOMENTO DE TRANSPORTE - PRINC'!B68","v":0}]
[{"$f":"IF(I82=\"P\",H82,IF(I82=\"RP\",G82,IF(I82=\"LN\",F82,\"\")))","v":""}]
[""]
{"$rows_empty":19}
[{"$nulls":12},{"$f":"(#REF!)","v":{"$error":"#REF!"}}]

{"sheet":"MC MODULO","index":15,"n_rows":132,"n_cols":8,"rows_kept":132,"cut":false,"hidden":false,"merged":[[6,1,6,4],[11,1,11,4],[16,1,16,4],[21,1,21,4],[29,1,29,5],[35,1,35,4],[41,1,41,4],[47,1,47,4],[54,1,54,4],[59,1,59,4],[123,0,123,4]]}
["Extensão","=",2000,"m",null,"QUANTIDADE DE MODULOS",22]
["Largura","=",7,"m"]
[]
["Extensão","=",2,"km"]
[]
[null,"MOBUILIZAÇÃO"]
[1,"Implantação da obra"]
[]
[null,"Módulos(un)",null,"Módulos(un)"]
[null,{"$f":"G1","v":22},"=",{"$f":"B10","v":22}]
[]
[2,"Administração da obra"]
[]
[null,"Módulos(un)",null,"Módulos(un)"]
[null,{"$f":"G1","v":22},"=",{"$f":"B15","v":22}]
[]
[3,"Canteiro de Obras e Almoxarifado"]
[]
[null,"Módulos(un)",null,"Módulos(un)"]
[null,{"$f":"G1","v":22},"=",{"$f":"B20","v":22}]
[]
[4,"Placa de Obra em Chapa de Aço Galvanizado"]
[]
[null,"Módulos(un)","Comprimento(m)","Largura (m)",null,null,null,"Total de Area de placa (m²)"]
[null,{"$f":"G1","v":22},2,4,null,null,null,{"$f":"C25*D25*B25*2","v":352}]
[]
[]
[null,"PAVIMENTAÇÃO"]
[]
[5,"Concreto asfáltico - faixa C - areia e brita comerciais"]
[]
[null,"Extensão (m)","Largura (m)","Espessura (m)","Densidade (t/m³)","A",null,"Volume (t)"]
[null,{"$f":"$C$1*G1","v":44000},{"$f":"$C$2","v":7},0.05,2.4,null,"=",{"$f":"B33*C33*D33*E33","v":36960}]
[]
[]
[7,"Pintura de ligação"]
[]
[null,"Extensão (m)",null,"Largura (m)",null,null,null,"area (m2)"]
[null,{"$f":"$C$1*G1","v":44000},"x",{"$f":"$C$2","v":7},null,null,"=",{"$f":"B39*D39","v":308000}]
[]
[]
[9,"Fresagem descontínua de revestimento asfáltico - espessura de 5 cm"]
[]
[null,"Extensão (m)",null,"Largura (m)","Espessura (m)",null,null,"Volume (m3)"]
[null,{"$f":"$C$1*G1","v":44000},"x",{"$f":"$C$2","v":7},0.05,0.1,"=",{"$f":"B45*D45*E45*F45","v":1540}]
[]
[]
[9,"Recomposição de camada granular do pavimento com material de jazida"]
[]
[null,"Extensão (m)",null,"Largura (m)",null,null,null,"area (m2)"]
[null,{"$f":"$C$1*G1","v":44000},"x",{"$f":"$C$2","v":7},null,{"$f":"F45","v":0.1},"=",{"$f":"B51*D51*F51","v":30800}]
[]
[null,"SINALIZAÇÃO"]
[]
[14,"Fornecimento e implantação de placa de regulamentação em aço D = 0,60 m - película retrorrefletiva tipo I + SI"]
[]
[null,"Extensão (km)",null,"Quant. (un)",null,null,null,"Quant. (un)"]
[null,{"$f":"$C$4*$G$1","v":44},"x",3,null,null,"=",{"$f":"B58*D58","v":132}]
[]
[14,"Placa de advertência em aço, lado de 0,60 m - película retrorrefletiva tipo I + SI - fornecimento e implantação"]
[]
[null,"Extensão (km)",null,"Quant. (un)",null,null,null,"Quant. (un)"]
[null,{"$f":"$C$4*$G$1","v":44},"x",3,null,null,"=",{"$f":"B63*D63","v":132}]
[]
[]
[15,"Fornecimento e implantação de suporte metálico galvanizado para placa de regulamentação - D = 0,60 m"]
[]
[null,"Extensão (km)",null,"Quant. (un)",null,null,null,"Quant. (un)"]
[null,{"$f":"$C$4*$G$1","v":44},"x",null,null,null,"=",{"$f":"H58+H63","v":264}]
[]
[16,"Pintura de faixa com tinta acrílica - espessura de 0,4 mm (bordos)"]
[]
[null,"Extensão (m)",null,"Espessura (m)",null,null,null,"Quant. (m²)"]
[null,{"$f":"C1*G1","v":44000},"x",0.1,null,null,"=",{"$f":"B74*D74*2","v":8800}]
[]
[16,"Pintura de faixa com tinta acrílica - espessura de 0,4 mm (faixa central)"]
[]
[{"$nulls":7},"Quant. (m²)"]
[{"$nulls":7},{"$f":"B74*D74*0.4","v":1760}]
[]
[]
[null,"DRENAGEM"]
[17,"Reassentamento manual de meio fio com material arrancado da pista"]
[]
[null,"Extensão (m)",null,"Quant. (un)",null,null,0.1,"Extensão(m)"]
[null,{"$f":"$C$1*$G$1","v":44000},"x",2,null,null,"=",{"$f":"B86*D86*G85","v":8800}]
[]
[18,"Limpeza de sarjeta e meio-fio"]
[]
[null,"Extensão (m)",null,"Quant. (un)",null,null,null,"Extensão(m)"]
[null,{"$f":"$C$1*$G$1","v":44000},"x",2,null,null,"=",{"$f":"B91*D91","v":88000}]
[]
[19,"Caiação mecanizada com fixador de cal"]
[]
[null,"Extensão (m)",null,"Perimetro (m)",null,null,null,"Area (m²)"]
[null,{"$f":"$C$1*$G$1","v":44000},"x",{"$f":"0.24","v":0.24},null,null,"=",{"$f":"B96*D96","v":10560}]
[]
[]
[null,"SERVIÇOS COMPLEMENTARES"]
[20]
[]
[null,"Extensão (m)",null,"Largura (m)",null,null,0.1,"extensão (m)"]
[null,{"$f":"$C$1*G1","v":44000},"x",1,"x",null,"=",{"$f":"G102*B103","v":4400}]
[]
[]
[null,"PROJETO EXECUTIVO"]
[21,"Projeto Executivo"]
[]
[null,"Extensão (m)",null,"Largura (m)",null,"Quant. (un)",null,"Área (m²)"]
[null,{"$f":"$C$1*G1","v":44000},"x",{"$f":"C2","v":7},"x",1,"=",{"$f":"B110*D110","v":308000}]
[]
[null,"CONTROLE TECNOLOGICO - OBRA"]
[22,"Projeto Executivo"]
[]
[null,"Extensão (m)",null,"Largura (m)",null,"Quant. (un)",null,"meses"]
[{"$nulls":6},"=",{"$f":"0.5*G1","v":11}]
{"$rows_empty":15}
[{"$nulls":4},"   Perímetro caiação = 0,09 + 0,15"]

{"sheet":"ANP ESTADO","index":16,"n_rows":100343,"n_cols":4,"rows_kept":4500,"cut":true,"hidden":false,"merged":[[4,0,4,3],[4,7,4,13]],"bounds":{"rows_first":2000,"rows_last":500,"rows_between":2000,"halvings":0}}
["                       Agência Nacional do Petróleo, Gás Natural e Biocombustíveis"]
["                       Superintendência de Defesa da Concorrência"]
[]
[]
["PREÇO MÉDIO MENSAL PONDERADO PRATICADO PELOS DISTRIBUIDORES DE PRODUTOS ASFÁLTICOS (R$/KG)"]
[]
["Importante:","Quando não houver declaração de venda do produto selecionado, ou quando a declaração de venda do produto ocorrer por menos de 03 (três) distribuidoras, a tabela indicará campo vazio."]
["Mês","Produto","Estado","Preço"]
["2013-01-01","ASFALTOS DILUÍDOS CM-30","Acre","-"]
["2013-01-01","ASFALTOS DILUÍDOS CM-30","Alagoas","-"]
["2013-01-01","ASFALTOS DILUÍDOS CM-30","Amapá","-"]
["2013-01-01","ASFALTOS DILUÍDOS CM-30","Amazonas",1.45352702140602]
["2013-01-01","ASFALTOS DILUÍDOS CM-30","Bahia",1.46404414205175]
["2013-01-01","ASFALTOS DILUÍDOS CM-30","Ceará",1.44799793398466]
["2013-01-01","ASFALTOS DILUÍDOS CM-30","Distrito Federal","-"]
["2013-01-01","ASFALTOS DILUÍDOS CM-30","Espírito Santo","-"]
["2013-01-01","ASFALTOS DILUÍDOS CM-30","Goiás",1.6863830648778]
["2013-01-01","ASFALTOS DILUÍDOS CM-30","Maranhão","-"]
["2013-01-01","ASFALTOS DILUÍDOS CM-30","Mato Grosso","-"]
["2013-01-01","ASFALTOS DILUÍDOS CM-30","Mato Grosso do Sul","-"]
["2013-01-01","ASFALTOS DILUÍDOS CM-30","Minas Gerais",1.45110611369496]
["2013-01-01","ASFALTOS DILUÍDOS CM-30","Pará","-"]
["2013-01-01","ASFALTOS DILUÍDOS CM-30","Paraíba","-"]
["2013-01-01","ASFALTOS DILUÍDOS CM-30","Paraná",1.52012503133276]
["2013-01-01","ASFALTOS DILUÍDOS CM-30","Pernambuco","-"]
["2013-01-01","ASFALTOS DILUÍDOS CM-30","Piauí","-"]
["2013-01-01","ASFALTOS DILUÍDOS CM-30","Rio de Janeiro",1.33047510642782]
["2013-01-01","ASFALTOS DILUÍDOS CM-30","Rio Grande do Norte","-"]
["2013-01-01","ASFALTOS DILUÍDOS CM-30","Rio Grande do Sul",1.59861107424166]
["2013-01-01","ASFALTOS DILUÍDOS CM-30","Rondônia","-"]
["2013-01-01","ASFALTOS DILUÍDOS CM-30","Roraima","-"]
["2013-01-01","ASFALTOS DILUÍDOS CM-30","Santa Catarina","-"]
["2013-01-01","ASFALTOS DILUÍDOS CM-30","São Paulo",1.47100842321943]
["2013-01-01","ASFALTOS DILUÍDOS CM-30","Sergipe","-"]
["2013-01-01","ASFALTOS DILUÍDOS CM-30","Tocantins","-"]
["2013-02-01","ASFALTOS DILUÍDOS CM-30","Acre","-"]
["2013-02-01","ASFALTOS DILUÍDOS CM-30","Alagoas","-"]
["2013-02-01","ASFALTOS DILUÍDOS CM-30","Amapá","-"]
["2013-02-01","ASFALTOS DILUÍDOS CM-30","Amazonas",1.48557817878307]
["2013-02-01","ASFALTOS DILUÍDOS CM-30","Bahia",1.45701410129741]
["2013-02-01","ASFALTOS DILUÍDOS CM-30","Ceará",1.41319233609764]
["2013-02-01","ASFALTOS DILUÍDOS CM-30","Distrito Federal","-"]
["2013-02-01","ASFALTOS DILUÍDOS CM-30","Espírito Santo","-"]
["2013-02-01","ASFALTOS DILUÍDOS CM-30","Goiás",1.66745971059532]
["2013-02-01","ASFALTOS DILUÍDOS CM-30","Maranhão","-"]
["2013-02-01","ASFALTOS DILUÍDOS CM-30","Mato Grosso","-"]
["2013-02-01","ASFALTOS DILUÍDOS CM-30","Mato Grosso do Sul","-"]
["2013-02-01","ASFALTOS DILUÍDOS CM-30","Minas Gerais",1.45212111688481]
["2013-02-01","ASFALTOS DILUÍDOS CM-30","Pará","-"]
["2013-02-01","ASFALTOS DILUÍDOS CM-30","Paraíba","-"]
["2013-02-01","ASFALTOS DILUÍDOS CM-30","Paraná",1.49378317262348]
["2013-02-01","ASFALTOS DILUÍDOS CM-30","Pernambuco","-"]
["2013-02-01","ASFALTOS DILUÍDOS CM-30","Piauí","-"]
["2013-02-01","ASFALTOS DILUÍDOS CM-30","Rio de Janeiro",1.4182349010293]
["2013-02-01","ASFALTOS DILUÍDOS CM-30","Rio Grande do Norte","-"]
["2013-02-01","ASFALTOS DILUÍDOS CM-30","Rio Grande do Sul",1.43586178192361]
["2013-02-01","ASFALTOS DILUÍDOS CM-30","Rondônia","-"]
["2013-02-01","ASFALTOS DILUÍDOS CM-30","Roraima","-"]
["2013-02-01","ASFALTOS DILUÍDOS CM-30","Santa Catarina","-"]
["2013-02-01","ASFALTOS DILUÍDOS CM-30","São Paulo",1.43419020429534]
["2013-02-01","ASFALTOS DILUÍDOS CM-30","Sergipe","-"]
["2013-02-01","ASFALTOS DILUÍDOS CM-30","Tocantins","-"]
["2013-03-01","ASFALTOS DILUÍDOS CM-30","Acre","-"]
["2013-03-01","ASFALTOS DILUÍDOS CM-30","Alagoas","-"]
["2013-03-01","ASFALTOS DILUÍDOS CM-30","Amapá","-"]
["2013-03-01","ASFALTOS DILUÍDOS CM-30","Amazonas",1.50792392058627]
["2013-03-01","ASFALTOS DILUÍDOS CM-30","Bahia",1.44944032511781]
["2013-03-01","ASFALTOS DILUÍDOS CM-30","Ceará",1.40160748529481]
["2013-03-01","ASFALTOS DILUÍDOS CM-30","Distrito Federal","-"]
["2013-03-01","ASFALTOS DILUÍDOS CM-30","Espírito Santo","-"]
["2013-03-01","ASFALTOS DILUÍDOS CM-30","Goiás",1.66175870072658]
["2013-03-01","ASFALTOS DILUÍDOS CM-30","Maranhão","-"]
["2013-03-01","ASFALTOS DILUÍDOS CM-30","Mato Grosso","-"]
["2013-03-01","ASFALTOS DILUÍDOS CM-30","Mato Grosso do Sul","-"]
["2013-03-01","ASFALTOS DILUÍDOS CM-30","Minas Gerais",1.44324332966456]
["2013-03-01","ASFALTOS DILUÍDOS CM-30","Pará","-"]
["2013-03-01","ASFALTOS DILUÍDOS CM-30","Paraíba","-"]
["2013-03-01","ASFALTOS DILUÍDOS CM-30","Paraná",1.46899599595013]
["2013-03-01","ASFALTOS DILUÍDOS CM-30","Pernambuco","-"]
["2013-03-01","ASFALTOS DILUÍDOS CM-30","Piauí","-"]
["2013-03-01","ASFALTOS DILUÍDOS CM-30","Rio de Janeiro",1.43805557388105]
["2013-03-01","ASFALTOS DILUÍDOS CM-30","Rio Grande do Norte","-"]
["2013-03-01","ASFALTOS DILUÍDOS CM-30","Rio Grande do Sul",1.58142587826587]
["2013-03-01","ASFALTOS DILUÍDOS CM-30","Rondônia","-"]
["2013-03-01","ASFALTOS DILUÍDOS CM-30","Roraima","-"]
["2013-03-01","ASFALTOS DILUÍDOS CM-30","Santa Catarina","-"]
["2013-03-01","ASFALTOS DILUÍDOS CM-30","São Paulo",1.4660617024058]
["2013-03-01","ASFALTOS DILUÍDOS CM-30","Sergipe","-"]
["2013-03-01","ASFALTOS DILUÍDOS CM-30","Tocantins","-"]
["2013-04-01","ASFALTOS DILUÍDOS CM-30","Acre","-"]
["2013-04-01","ASFALTOS DILUÍDOS CM-30","Alagoas","-"]
["2013-04-01","ASFALTOS DILUÍDOS CM-30","Amapá","-"]
["2013-04-01","ASFALTOS DILUÍDOS CM-30","Amazonas",1.4847966561231]
["2013-04-01","ASFALTOS DILUÍDOS CM-30","Bahia",1.45483654630711]
["2013-04-01","ASFALTOS DILUÍDOS CM-30","Ceará",1.38707396179745]
["2013-04-01","ASFALTOS DILUÍDOS CM-30","Distrito Federal","-"]
["2013-04-01","ASFALTOS DILUÍDOS CM-30","Espírito Santo","-"]
["2013-04-01","ASFALTOS DILUÍDOS CM-30","Goiás",1.67348183556048]
["2013-04-01","ASFALTOS DILUÍDOS CM-30","Maranhão","-"]
["2013-04-01","ASFALTOS DILUÍDOS CM-30","Mato Grosso",1.92193842183898]
["2013-04-01","ASFALTOS DILUÍDOS CM-30","Mato Grosso do Sul","-"]
["2013-04-01","ASFALTOS DILUÍDOS CM-30","Minas Gerais",1.4565566827656]
["2013-04-01","ASFALTOS DILUÍDOS CM-30","Pará","-"]
["2013-04-01","ASFALTOS DILUÍDOS CM-30","Paraíba","-"]
["2013-04-01","ASFALTOS DILUÍDOS CM-30","Paraná",1.5344194983915]
["2013-04-01","ASFALTOS DILUÍDOS CM-30","Pernambuco","-"]
["2013-04-01","ASFALTOS DILUÍDOS CM-30","Piauí","-"]
["2013-04-01","ASFALTOS DILUÍDOS CM-30","Rio de Janeiro",1.41841951612241]
["2013-04-01","ASFALTOS DILUÍDOS CM-30","Rio Grande do Norte","-"]
["2013-04-01","ASFALTOS DILUÍDOS CM-30","Rio Grande do Sul",1.5725824563898]
["2013-04-01","ASFALTOS DILUÍDOS CM-30","Rondônia","-"]
["2013-04-01","ASFALTOS DILUÍDOS CM-30","Roraima","-"]
["2013-04-01","ASFALTOS DILUÍDOS CM-30","Santa Catarina","-"]
["2013-04-01","ASFALTOS DILUÍDOS CM-30","São Paulo",1.4757643482956]
["2013-04-01","ASFALTOS DILUÍDOS CM-30","Sergipe","-"]
["2013-04-01","ASFALTOS DILUÍDOS CM-30","Tocantins","-"]
["2013-05-01","ASFALTOS DILUÍDOS CM-30","Acre","-"]
["2013-05-01","ASFALTOS DILUÍDOS CM-30","Alagoas","-"]
["2013-05-01","ASFALTOS DILUÍDOS CM-30","Amapá","-"]
["2013-05-01","ASFALTOS DILUÍDOS CM-30","Amazonas","-"]
["2013-05-01","ASFALTOS DILUÍDOS CM-30","Bahia",1.49258742421451]
["2013-05-01","ASFALTOS DILUÍDOS CM-30","Ceará",1.37626302051888]
["2013-05-01","ASFALTOS DILUÍDOS CM-30","Distrito Federal","-"]
["2013-05-01","ASFALTOS DILUÍDOS CM-30","Espírito Santo","-"]
["2013-05-01","ASFALTOS DILUÍDOS CM-30","Goiás",1.66821481895247]
["2013-05-01","ASFALTOS DILUÍDOS CM-30","Maranhão","-"]
["2013-05-01","ASFALTOS DILUÍDOS CM-30","Mato Grosso",1.90309815901455]
["2013-05-01","ASFALTOS DILUÍDOS CM-30","Mato Grosso do Sul","-"]
["2013-05-01","ASFALTOS DILUÍDOS CM-30","Minas Gerais",1.4647097164455]
["2013-05-01","ASFALTOS DILUÍDOS CM-30","Pará","-"]
["2013-05-01","ASFALTOS DILUÍDOS CM-30","Paraíba","-"]
["2013-05-01","ASFALTOS DILUÍDOS CM-30","Paraná",1.48902784920545]
["2013-05-01","ASFALTOS DILUÍDOS CM-30","Pernambuco","-"]
["2013-05-01","ASFALTOS DILUÍDOS CM-30","Piauí","-"]
["2013-05-01","ASFALTOS DILUÍDOS CM-30","Rio de Janeiro",1.39925604781936]
["2013-05-01","ASFALTOS DILUÍDOS CM-30","Rio Grande do Norte","-"]
["2013-05-01","ASFALTOS DILUÍDOS CM-30","Rio Grande do Sul",1.5396369613878]
["2013-05-01","ASFALTOS DILUÍDOS CM-30","Rondônia","-"]
["2013-05-01","ASFALTOS DILUÍDOS CM-30","Roraima","-"]
["2013-05-01","ASFALTOS DILUÍDOS CM-30","Santa Catarina","-"]
["2013-05-01","ASFALTOS DILUÍDOS CM-30","São Paulo",1.45121593643408]
["2013-05-01","ASFALTOS DILUÍDOS CM-30","Sergipe","-"]
["2013-05-01","ASFALTOS DILUÍDOS CM-30","Tocantins","-"]
["2013-06-01","ASFALTOS DILUÍDOS CM-30","Acre","-"]
["2013-06-01","ASFALTOS DILUÍDOS CM-30","Alagoas","-"]
["2013-06-01","ASFALTOS DILUÍDOS CM-30","Amapá","-"]
["2013-06-01","ASFALTOS DILUÍDOS CM-30","Amazonas",1.58632581750488]
["2013-06-01","ASFALTOS DILUÍDOS CM-30","Bahia",1.44812906981256]
["2013-06-01","ASFALTOS DILUÍDOS CM-30","Ceará",1.38270098852515]
["2013-06-01","ASFALTOS DILUÍDOS CM-30","Distrito Federal","-"]
["2013-06-01","ASFALTOS DILUÍDOS CM-30","Espírito Santo","-"]
["2013-06-01","ASFALTOS DILUÍDOS CM-30","Goiás",1.69961386712898]
["2013-06-01","ASFALTOS DILUÍDOS CM-30","Maranhão","-"]
["2013-06-01","ASFALTOS DILUÍDOS CM-30","Mato Grosso",1.91597565779276]
["2013-06-01","ASFALTOS DILUÍDOS CM-30","Mato Grosso do Sul","-"]
["2013-06-01","ASFALTOS DILUÍDOS CM-30","Minas Gerais",1.47536689628969]
["2013-06-01","ASFALTOS DILUÍDOS CM-30","Pará","-"]
["2013-06-01","ASFALTOS DILUÍDOS CM-30","Paraíba","-"]
["2013-06-01","ASFALTOS DILUÍDOS CM-30","Paraná",1.43216697403854]
["2013-06-01","ASFALTOS DILUÍDOS CM-30","Pernambuco","-"]
["2013-06-01","ASFALTOS DILUÍDOS CM-30","Piauí","-"]
["2013-06-01","ASFALTOS DILUÍDOS CM-30","Rio de Janeiro",1.52742022637372]
["2013-06-01","ASFALTOS DILUÍDOS CM-30","Rio Grande do Norte","-"]
["2013-06-01","ASFALTOS DILUÍDOS CM-30","Rio Grande do Sul",1.59868349013485]
["2013-06-01","ASFALTOS DILUÍDOS CM-30","Rondônia","-"]
["2013-06-01","ASFALTOS DILUÍDOS CM-30","Roraima","-"]
["2013-06-01","ASFALTOS DILUÍDOS CM-30","Santa Catarina","-"]
["2013-06-01","ASFALTOS DILUÍDOS CM-30","São Paulo",1.43274818735781]
["2013-06-01","ASFALTOS DILUÍDOS CM-30","Sergipe","-"]
["2013-06-01","ASFALTOS DILUÍDOS CM-30","Tocantins","-"]
["2013-07-01","ASFALTOS DILUÍDOS CM-30","Acre","-"]
["2013-07-01","ASFALTOS DILUÍDOS CM-30","Alagoas","-"]
["2013-07-01","ASFALTOS DILUÍDOS CM-30","Amapá","-"]
["2013-07-01","ASFALTOS DILUÍDOS CM-30","Amazonas",1.50989093071141]
["2013-07-01","ASFALTOS DILUÍDOS CM-30","Bahia",1.43615001613961]
["2013-07-01","ASFALTOS DILUÍDOS CM-30","Ceará",1.42483584460839]
["2013-07-01","ASFALTOS DILUÍDOS CM-30","Distrito Federal","-"]
["2013-07-01","ASFALTOS DILUÍDOS CM-30","Espírito Santo","-"]
["2013-07-01","ASFALTOS DILUÍDOS CM-30","Goiás",1.66377845377828]
["2013-07-01","ASFALTOS DILUÍDOS CM-30","Maranhão","-"]
["2013-07-01","ASFALTOS DILUÍDOS CM-30","Mato Grosso",1.93058955062268]
["2013-07-01","ASFALTOS DILUÍDOS CM-30","Mato Grosso do Sul","-"]
["2013-07-01","ASFALTOS DILUÍDOS CM-30","Minas Gerais",1.47657235246175]
["2013-07-01","ASFALTOS DILUÍDOS CM-30","Pará","-"]
["2013-07-01","ASFALTOS DILUÍDOS CM-30","Paraíba","-"]
["2013-07-01","ASFALTOS DILUÍDOS CM-30","Paraná",1.47716727385319]
["2013-07-01","ASFALTOS DILUÍDOS CM-30","Pernambuco","-"]
["2013-07-01","ASFALTOS DILUÍDOS CM-30","Piauí","-"]
["2013-07-01","ASFALTOS DILUÍDOS CM-30","Rio de Janeiro",1.58446471308728]
["2013-07-01","ASFALTOS DILUÍDOS CM-30","Rio Grande do Norte","-"]
["2013-07-01","ASFALTOS DILUÍDOS CM-30","Rio Grande do Sul",1.61248792530379]
["2013-07-01","ASFALTOS DILUÍDOS CM-30","Rondônia","-"]
["2013-07-01","ASFALTOS DILUÍDOS CM-30","Roraima","-"]
["2013-07-01","ASFALTOS DILUÍDOS CM-30","Santa Catarina","-"]
["2013-07-01","ASFALTOS DILUÍDOS CM-30","São Paulo",1.50784490852216]
["2013-07-01","ASFALTOS DILUÍDOS CM-30","Sergipe","-"]
["2013-07-01","ASFALTOS DILUÍDOS CM-30","Tocantins","-"]
["2013-08-01","ASFALTOS DILUÍDOS CM-30","Acre","-"]
["2013-08-01","ASFALTOS DILUÍDOS CM-30","Alagoas","-"]
["2013-08-01","ASFALTOS DILUÍDOS CM-30","Amapá","-"]
["2013-08-01","ASFALTOS DILUÍDOS CM-30","Amazonas",1.50927564124656]
["2013-08-01","ASFALTOS DILUÍDOS CM-30","Bahia",1.4166993230668]
["2013-08-01","ASFALTOS DILUÍDOS CM-30","Ceará",1.44740336366218]
["2013-08-01","ASFALTOS DILUÍDOS CM-30","Distrito Federal","-"]
["2013-08-01","ASFALTOS DILUÍDOS CM-30","Espírito Santo","-"]
["2013-08-01","ASFALTOS DILUÍDOS CM-30","Goiás",1.73340729068767]
["2013-08-01","ASFALTOS DILUÍDOS CM-30","Maranhão","-"]
["2013-08-01","ASFALTOS DILUÍDOS CM-30","Mato Grosso",1.9368734488373]
["2013-08-01","ASFALTOS DILUÍDOS CM-30","Mato Grosso do Sul","-"]
["2013-08-01","ASFALTOS DILUÍDOS CM-30","Minas Gerais",1.49713586627636]
["2013-08-01","ASFALTOS DILUÍDOS CM-30","Pará","-"]
["2013-08-01","ASFALTOS DILUÍDOS CM-30","Paraíba","-"]
["2013-08-01","ASFALTOS DILUÍDOS CM-30","Paraná",1.55496043176478]
["2013-08-01","ASFALTOS DILUÍDOS CM-30","Pernambuco","-"]
["2013-08-01","ASFALTOS DILUÍDOS CM-30","Piauí","-"]
["2013-08-01","ASFALTOS DILUÍDOS CM-30","Rio de Janeiro",1.61007213222856]
["2013-08-01","ASFALTOS DILUÍDOS CM-30","Rio Grande do Norte","-"]
["2013-08-01","ASFALTOS DILUÍDOS CM-30","Rio Grande do Sul",1.48575288857195]
["2013-08-01","ASFALTOS DILUÍDOS CM-30","Rondônia","-"]
["2013-08-01","ASFALTOS DILUÍDOS CM-30","Roraima","-"]
["2013-08-01","ASFALTOS DILUÍDOS CM-30","Santa Catarina","-"]
["2013-08-01","ASFALTOS DILUÍDOS CM-30","São Paulo",1.49337070141824]
["2013-08-01","ASFALTOS DILUÍDOS CM-30","Sergipe","-"]
["2013-08-01","ASFALTOS DILUÍDOS CM-30","Tocantins","-"]
["2013-09-01","ASFALTOS DILUÍDOS CM-30","Acre","-"]
["2013-09-01","ASFALTOS DILUÍDOS CM-30","Alagoas","-"]
["2013-09-01","ASFALTOS DILUÍDOS CM-30","Amapá","-"]
["2013-09-01","ASFALTOS DILUÍDOS CM-30","Amazonas",1.46090167261296]
["2013-09-01","ASFALTOS DILUÍDOS CM-30","Bahia",1.45522577826118]
["2013-09-01","ASFALTOS DILUÍDOS CM-30","Ceará",1.48325785668347]
["2013-09-01","ASFALTOS DILUÍDOS CM-30","Distrito Federal","-"]
["2013-09-01","ASFALTOS DILUÍDOS CM-30","Espírito Santo","-"]
["2013-09-01","ASFALTOS DILUÍDOS CM-30","Goiás",1.7695439322714]
["2013-09-01","ASFALTOS DILUÍDOS CM-30","Maranhão","-"]
["2013-09-01","ASFALTOS DILUÍDOS CM-30","Mato Grosso",1.99444910350949]
["2013-09-01","ASFALTOS DILUÍDOS CM-30","Mato Grosso do Sul","-"]
["2013-09-01","ASFALTOS DILUÍDOS CM-30","Minas Gerais",1.55204458999805]
["2013-09-01","ASFALTOS DILUÍDOS CM-30","Pará","-"]
["2013-09-01","ASFALTOS DILUÍDOS CM-30","Paraíba","-"]
["2013-09-01","ASFALTOS DILUÍDOS CM-30","Paraná",1.49882536313079]
["2013-09-01","ASFALTOS DILUÍDOS CM-30","Pernambuco","-"]
["2013-09-01","ASFALTOS DILUÍDOS CM-30","Piauí","-"]
["2013-09-01","ASFALTOS DILUÍDOS CM-30","Rio de Janeiro",1.54852008820736]
["2013-09-01","ASFALTOS DILUÍDOS CM-30","Rio Grande do Norte","-"]
["2013-09-01","ASFALTOS DILUÍDOS CM-30","Rio Grande do Sul",1.46623145140087]
["2013-09-01","ASFALTOS DILUÍDOS CM-30","Rondônia","-"]
["2013-09-01","ASFALTOS DILUÍDOS CM-30","Roraima","-"]
["2013-09-01","ASFALTOS DILUÍDOS CM-30","Santa Catarina","-"]
["2013-09-01","ASFALTOS DILUÍDOS CM-30","São Paulo",1.51833233081067]
["2013-09-01","ASFALTOS DILUÍDOS CM-30","Sergipe","-"]
["2013-09-01","ASFALTOS DILUÍDOS CM-30","Tocantins","-"]
["2013-10-01","ASFALTOS DILUÍDOS CM-30","Acre","-"]
["2013-10-01","ASFALTOS DILUÍDOS CM-30","Alagoas","-"]
["2013-10-01","ASFALTOS DILUÍDOS CM-30","Amapá","-"]
["2013-10-01","ASFALTOS DILUÍDOS CM-30","Amazonas",1.52433495376114]
["2013-10-01","ASFALTOS DILUÍDOS CM-30","Bahia",1.47278367194388]
["2013-10-01","ASFALTOS DILUÍDOS CM-30","Ceará",1.48034120157571]
["2013-10-01","ASFALTOS DILUÍDOS CM-30","Distrito Federal","-"]
["2013-10-01","ASFALTOS DILUÍDOS CM-30","Espírito Santo","-"]
["2013-10-01","ASFALTOS DILUÍDOS CM-30","Goiás",1.70027485190932]
["2013-10-01","ASFALTOS DILUÍDOS CM-30","Maranhão","-"]
["2013-10-01","ASFALTOS DILUÍDOS CM-30","Mato Grosso",1.95604748735329]
["2013-10-01","ASFALTOS DILUÍDOS CM-30","Mato Grosso do Sul","-"]
["2013-10-01","ASFALTOS DILUÍDOS CM-30","Minas Gerais",1.50612745992796]
["2013-10-01","ASFALTOS DILUÍDOS CM-30","Pará",1.74310224846561]
["2013-10-01","ASFALTOS DILUÍDOS CM-30","Paraíba","-"]
["2013-10-01","ASFALTOS DILUÍDOS CM-30","Paraná",1.51234316243578]
["2013-10-01","ASFALTOS DILUÍDOS CM-30","Pernambuco","-"]
["2013-10-01","ASFALTOS DILUÍDOS CM-30","Piauí","-"]
["2013-10-01","ASFALTOS DILUÍDOS CM-30","Rio de Janeiro",1.51048489244135]
["2013-10-01","ASFALTOS DILUÍDOS CM-30","Rio Grande do Norte","-"]
["2013-10-01","ASFALTOS DILUÍDOS CM-30","Rio Grande do Sul",1.43666654144292]
["2013-10-01","ASFALTOS DILUÍDOS CM-30","Rondônia","-"]
["2013-10-01","ASFALTOS DILUÍDOS CM-30","Roraima","-"]
["2013-10-01","ASFALTOS DILUÍDOS CM-30","Santa Catarina","-"]
["2013-10-01","ASFALTOS DILUÍDOS CM-30","São Paulo",1.47934669558268]
["2013-10-01","ASFALTOS DILUÍDOS CM-30","Sergipe","-"]
["2013-10-01","ASFALTOS DILUÍDOS CM-30","Tocantins","-"]
["2013-11-01","ASFALTOS DILUÍDOS CM-30","Acre","-"]
["2013-11-01","ASFALTOS DILUÍDOS CM-30","Alagoas","-"]
["2013-11-01","ASFALTOS DILUÍDOS CM-30","Amapá","-"]
["2013-11-01","ASFALTOS DILUÍDOS CM-30","Amazonas",1.49955128098935]
["2013-11-01","ASFALTOS DILUÍDOS CM-30","Bahia",1.50087727386112]
["2013-11-01","ASFALTOS DILUÍDOS CM-30","Ceará",1.48756214241749]
["2013-11-01","ASFALTOS DILUÍDOS CM-30","Distrito Federal","-"]
["2013-11-01","ASFALTOS DILUÍDOS CM-30","Espírito Santo","-"]
["2013-11-01","ASFALTOS DILUÍDOS CM-30","Goiás",1.79294058304126]
["2013-11-01","ASFALTOS DILUÍDOS CM-30","Maranhão","-"]
["2013-11-01","ASFALTOS DILUÍDOS CM-30","Mato Grosso",1.94347620423343]
["2013-11-01","ASFALTOS DILUÍDOS CM-30","Mato Grosso do Sul","-"]
["2013-11-01","ASFALTOS DILUÍDOS CM-30","Minas Gerais",1.48515207326047]
["2013-11-01","ASFALTOS DILUÍDOS CM-30","Pará",1.7240862433505]
["2013-11-01","ASFALTOS DILUÍDOS CM-30","Paraíba","-"]
["2013-11-01","ASFALTOS DILUÍDOS CM-30","Paraná",1.5581010922629]
["2013-11-01","ASFALTOS DILUÍDOS CM-30","Pernambuco","-"]
["2013-11-01","ASFALTOS DILUÍDOS CM-30","Piauí","-"]
["2013-11-01","ASFALTOS DILUÍDOS CM-30","Rio de Janeiro",1.56733902778344]
["2013-11-01","ASFALTOS DILUÍDOS CM-30","Rio Grande do Norte","-"]
["2013-11-01","ASFALTOS DILUÍDOS CM-30","Rio Grande do Sul",1.42577118458476]
["2013-11-01","ASFALTOS DILUÍDOS CM-30","Rondônia","-"]
["2013-11-01","ASFALTOS DILUÍDOS CM-30","Roraima","-"]
["2013-11-01","ASFALTOS DILUÍDOS CM-30","Santa Catarina","-"]
["2013-11-01","ASFALTOS DILUÍDOS CM-30","São Paulo",1.4885140871545]
["2013-11-01","ASFALTOS DILUÍDOS CM-30","Sergipe","-"]
["2013-11-01","ASFALTOS DILUÍDOS CM-30","Tocantins","-"]
["2013-12-01","ASFALTOS DILUÍDOS CM-30","Acre","-"]
["2013-12-01","ASFALTOS DILUÍDOS CM-30","Alagoas","-"]
["2013-12-01","ASFALTOS DILUÍDOS CM-30","Amapá","-"]
["2013-12-01","ASFALTOS DILUÍDOS CM-30","Amazonas",1.52602904483609]
["2013-12-01","ASFALTOS DILUÍDOS CM-30","Bahia",1.47671103585234]
["2013-12-01","ASFALTOS DILUÍDOS CM-30","Ceará",1.50360288556646]
["2013-12-01","ASFALTOS DILUÍDOS CM-30","Distrito Federal","-"]
["2013-12-01","ASFALTOS DILUÍDOS CM-30","Espírito Santo","-"]
["2013-12-01","ASFALTOS DILUÍDOS CM-30","Goiás",1.81174398452379]
["2013-12-01","ASFALTOS DILUÍDOS CM-30","Maranhão","-"]
["2013-12-01","ASFALTOS DILUÍDOS CM-30","Mato Grosso",1.93391864912437]
["2013-12-01","ASFALTOS DILUÍDOS CM-30","Mato Grosso do Sul","-"]
["2013-12-01","ASFALTOS DILUÍDOS CM-30","Minas Gerais",1.46744775204855]
["2013-12-01","ASFALTOS DILUÍDOS CM-30","Pará",1.743900230929]
["2013-12-01","ASFALTOS DILUÍDOS CM-30","Paraíba","-"]
["2013-12-01","ASFALTOS DILUÍDOS CM-30","Paraná",1.65687452323416]
["2013-12-01","ASFALTOS DILUÍDOS CM-30","Pernambuco","-"]
["2013-12-01","ASFALTOS DILUÍDOS CM-30","Piauí","-"]
["2013-12-01","ASFALTOS DILUÍDOS CM-30","Rio de Janeiro",1.5550002197863]
["2013-12-01","ASFALTOS DILUÍDOS CM-30","Rio Grande do Norte","-"]
["2013-12-01","ASFALTOS DILUÍDOS CM-30","Rio Grande do Sul",1.44629515634088]
["2013-12-01","ASFALTOS DILUÍDOS CM-30","Rondônia","-"]
["2013-12-01","ASFALTOS DILUÍDOS CM-30","Roraima","-"]
["2013-12-01","ASFALTOS DILUÍDOS CM-30","Santa Catarina","-"]
["2013-12-01","ASFALTOS DILUÍDOS CM-30","São Paulo",1.5130913326024]
["2013-12-01","ASFALTOS DILUÍDOS CM-30","Sergipe","-"]
["2013-12-01","ASFALTOS DILUÍDOS CM-30","Tocantins","-"]
["2014-01-01","ASFALTOS DILUÍDOS CM-30","Acre","-"]
["2014-01-01","ASFALTOS DILUÍDOS CM-30","Alagoas","-"]
["2014-01-01","ASFALTOS DILUÍDOS CM-30","Amapá","-"]
["2014-01-01","ASFALTOS DILUÍDOS CM-30","Amazonas",1.54704494444526]
["2014-01-01","ASFALTOS DILUÍDOS CM-30","Bahia",1.49203290637053]
["2014-01-01","ASFALTOS DILUÍDOS CM-30","Ceará",1.50065304896633]
["2014-01-01","ASFALTOS DILUÍDOS CM-30","Distrito Federal","-"]
["2014-01-01","ASFALTOS DILUÍDOS CM-30","Espírito Santo","-"]
["2014-01-01","ASFALTOS DILUÍDOS CM-30","Goiás",1.77385966717711]
["2014-01-01","ASFALTOS DILUÍDOS CM-30","Maranhão","-"]
["2014-01-01","ASFALTOS DILUÍDOS CM-30","Mato Grosso",1.95805584593117]
["2014-01-01","ASFALTOS DILUÍDOS CM-30","Mato Grosso do Sul","-"]
["2014-01-01","ASFALTOS DILUÍDOS CM-30","Minas Gerais",1.43791640162197]
["2014-01-01","ASFALTOS DILUÍDOS CM-30","Pará","-"]
["2014-01-01","ASFALTOS DILUÍDOS CM-30","Paraíba","-"]
["2014-01-01","ASFALTOS DILUÍDOS CM-30","Paraná",1.59316265521854]
["2014-01-01","ASFALTOS DILUÍDOS CM-30","Pernambuco","-"]
["2014-01-01","ASFALTOS DILUÍDOS CM-30","Piauí","-"]
["2014-01-01","ASFALTOS DILUÍDOS CM-30","Rio de Janeiro",1.52970248067415]
["2014-01-01","ASFALTOS DILUÍDOS CM-30","Rio Grande do Norte","-"]
["2014-01-01","ASFALTOS DILUÍDOS CM-30","Rio Grande do Sul",1.43835764338091]
["2014-01-01","ASFALTOS DILUÍDOS CM-30","Rondônia","-"]
["2014-01-01","ASFALTOS DILUÍDOS CM-30","Roraima","-"]
["2014-01-01","ASFALTOS DILUÍDOS CM-30","Santa Catarina","-"]
["2014-01-01","ASFALTOS DILUÍDOS CM-30","São Paulo",1.50950898379732]
["2014-01-01","ASFALTOS DILUÍDOS CM-30","Sergipe","-"]
["2014-01-01","ASFALTOS DILUÍDOS CM-30","Tocantins","-"]
["2014-02-01","ASFALTOS DILUÍDOS CM-30","Acre","-"]
["2014-02-01","ASFALTOS DILUÍDOS CM-30","Alagoas","-"]
["2014-02-01","ASFALTOS DILUÍDOS CM-30","Amapá","-"]
["2014-02-01","ASFALTOS DILUÍDOS CM-30","Amazonas",1.5421134264326]
["2014-02-01","ASFALTOS DILUÍDOS CM-30","Bahia",1.47568501454133]
["2014-02-01","ASFALTOS DILUÍDOS CM-30","Ceará",1.49039630453471]
["2014-02-01","ASFALTOS DILUÍDOS CM-30","Distrito Federal","-"]
["2014-02-01","ASFALTOS DILUÍDOS CM-30","Espírito Santo","-"]
["2014-02-01","ASFALTOS DILUÍDOS CM-30","Goiás",1.74973480233057]
["2014-02-01","ASFALTOS DILUÍDOS CM-30","Maranhão","-"]
["2014-02-01","ASFALTOS DILUÍDOS CM-30","Mato Grosso",1.94526101699539]
["2014-02-01","ASFALTOS DILUÍDOS CM-30","Mato Grosso do Sul","-"]
["2014-02-01","ASFALTOS DILUÍDOS CM-30","Minas Gerais",1.50172093914021]
["2014-02-01","ASFALTOS DILUÍDOS CM-30","Pará","-"]
["2014-02-01","ASFALTOS DILUÍDOS CM-30","Paraíba","-"]
["2014-02-01","ASFALTOS DILUÍDOS CM-30","Paraná",1.56236995446473]
["2014-02-01","ASFALTOS DILUÍDOS CM-30","Pernambuco","-"]
["2014-02-01","ASFALTOS DILUÍDOS CM-30","Piauí","-"]
["2014-02-01","ASFALTOS DILUÍDOS CM-30","Rio de Janeiro",1.57042597235582]
["2014-02-01","ASFALTOS DILUÍDOS CM-30","Rio Grande do Norte","-"]
["2014-02-01","ASFALTOS DILUÍDOS CM-30","Rio Grande do Sul",1.44712499201718]
["2014-02-01","ASFALTOS DILUÍDOS CM-30","Rondônia","-"]
["2014-02-01","ASFALTOS DILUÍDOS CM-30","Roraima","-"]
["2014-02-01","ASFALTOS DILUÍDOS CM-30","Santa Catarina","-"]
["2014-02-01","ASFALTOS DILUÍDOS CM-30","São Paulo",1.49404661558925]
["2014-02-01","ASFALTOS DILUÍDOS CM-30","Sergipe","-"]
["2014-02-01","ASFALTOS DILUÍDOS CM-30","Tocantins","-"]
["2014-03-01","ASFALTOS DILUÍDOS CM-30","Acre","-"]
["2014-03-01","ASFALTOS DILUÍDOS CM-30","Alagoas","-"]
["2014-03-01","ASFALTOS DILUÍDOS CM-30","Amapá","-"]
["2014-03-01","ASFALTOS DILUÍDOS CM-30","Amazonas",1.60424105114522]
["2014-03-01","ASFALTOS DILUÍDOS CM-30","Bahia",1.49235052349712]
["2014-03-01","ASFALTOS DILUÍDOS CM-30","Ceará",1.48238966561652]
["2014-03-01","ASFALTOS DILUÍDOS CM-30","Distrito Federal","-"]
["2014-03-01","ASFALTOS DILUÍDOS CM-30","Espírito Santo","-"]
["2014-03-01","ASFALTOS DILUÍDOS CM-30","Goiás","-"]
["2014-03-01","ASFALTOS DILUÍDOS CM-30","Maranhão","-"]
["2014-03-01","ASFALTOS DILUÍDOS CM-30","Mato Grosso",2.01484210963382]
["2014-03-01","ASFALTOS DILUÍDOS CM-30","Mato Grosso do Sul","-"]
["2014-03-01","ASFALTOS DILUÍDOS CM-30","Minas Gerais",1.48089346160735]
["2014-03-01","ASFALTOS DILUÍDOS CM-30","Pará",1.78977774142165]
["2014-03-01","ASFALTOS DILUÍDOS CM-30","Paraíba","-"]
["2014-03-01","ASFALTOS DILUÍDOS CM-30","Paraná",1.5533261261552]
["2014-03-01","ASFALTOS DILUÍDOS CM-30","Pernambuco","-"]
["2014-03-01","ASFALTOS DILUÍDOS CM-30","Piauí","-"]
["2014-03-01","ASFALTOS DILUÍDOS CM-30","Rio de Janeiro",1.55253731387424]
["2014-03-01","ASFALTOS DILUÍDOS CM-30","Rio Grande do Norte","-"]
["2014-03-01","ASFALTOS DILUÍDOS CM-30","Rio Grande do Sul",1.4385954794679]
["2014-03-01","ASFALTOS DILUÍDOS CM-30","Rondônia","-"]
["2014-03-01","ASFALTOS DILUÍDOS CM-30","Roraima","-"]
["2014-03-01","ASFALTOS DILUÍDOS CM-30","Santa Catarina","-"]
["2014-03-01","ASFALTOS DILUÍDOS CM-30","São Paulo",1.53320476941235]
["2014-03-01","ASFALTOS DILUÍDOS CM-30","Sergipe","-"]
["2014-03-01","ASFALTOS DILUÍDOS CM-30","Tocantins","-"]
["2014-04-01","ASFALTOS DILUÍDOS CM-30","Acre","-"]
["2014-04-01","ASFALTOS DILUÍDOS CM-30","Alagoas","-"]
["2014-04-01","ASFALTOS DILUÍDOS CM-30","Amapá","-"]
["2014-04-01","ASFALTOS DILUÍDOS CM-30","Amazonas","-"]
["2014-04-01","ASFALTOS DILUÍDOS CM-30","Bahia",1.49342695898461]
["2014-04-01","ASFALTOS DILUÍDOS CM-30","Ceará",1.5100887018001]
["2014-04-01","ASFALTOS DILUÍDOS CM-30","Distrito Federal","-"]
["2014-04-01","ASFALTOS DILUÍDOS CM-30","Espírito Santo","-"]
["2014-04-01","ASFALTOS DILUÍDOS CM-30","Goiás",1.71631652964593]
["2014-04-01","ASFALTOS DILUÍDOS CM-30","Maranhão","-"]
["2014-04-01","ASFALTOS DILUÍDOS CM-30","Mato Grosso",1.87506893354593]
["2014-04-01","ASFALTOS DILUÍDOS CM-30","Mato Grosso do Sul","-"]
["2014-04-01","ASFALTOS DILUÍDOS CM-30","Minas Gerais",1.50672855786102]
["2014-04-01","ASFALTOS DILUÍDOS CM-30","Pará","-"]
["2014-04-01","ASFALTOS DILUÍDOS CM-30","Paraíba","-"]
["2014-04-01","ASFALTOS DILUÍDOS CM-30","Paraná",1.56528827383979]
["2014-04-01","ASFALTOS DILUÍDOS CM-30","Pernambuco","-"]
["2014-04-01","ASFALTOS DILUÍDOS CM-30","Piauí","-"]
["2014-04-01","ASFALTOS DILUÍDOS CM-30","Rio de Janeiro",1.57160359908041]
["2014-04-01","ASFALTOS DILUÍDOS CM-30","Rio Grande do Norte","-"]
["2014-04-01","ASFALTOS DILUÍDOS CM-30","Rio Grande do Sul",1.47461218566561]
["2014-04-01","ASFALTOS DILUÍDOS CM-30","Rondônia","-"]
["2014-04-01","ASFALTOS DILUÍDOS CM-30","Roraima","-"]
["2014-04-01","ASFALTOS DILUÍDOS CM-30","Santa Catarina","-"]
["2014-04-01","ASFALTOS DILUÍDOS CM-30","São Paulo",1.55357145515167]
["2014-04-01","ASFALTOS DILUÍDOS CM-30","Sergipe","-"]
["2014-04-01","ASFALTOS DILUÍDOS CM-30","Tocantins","-"]
["2014-05-01","ASFALTOS DILUÍDOS CM-30","Acre","-"]
["2014-05-01","ASFALTOS DILUÍDOS CM-30","Alagoas","-"]
["2014-05-01","ASFALTOS DILUÍDOS CM-30","Amapá","-"]
["2014-05-01","ASFALTOS DILUÍDOS CM-30","Amazonas",1.49123855959919]
["2014-05-01","ASFALTOS DILUÍDOS CM-30","Bahia",1.49103227142567]
["2014-05-01","ASFALTOS DILUÍDOS CM-30","Ceará",1.50016489619416]
["2014-05-01","ASFALTOS DILUÍDOS CM-30","Distrito Federal","-"]
["2014-05-01","ASFALTOS DILUÍDOS CM-30","Espírito Santo","-"]
["2014-05-01","ASFALTOS DILUÍDOS CM-30","Goiás",1.73088352282442]
["2014-05-01","ASFALTOS DILUÍDOS CM-30","Maranhão","-"]
["2014-05-01","ASFALTOS DILUÍDOS CM-30","Mato Grosso",2.00180303604691]
["2014-05-01","ASFALTOS DILUÍDOS CM-30","Mato Grosso do Sul","-"]
["2014-05-01","ASFALTOS DILUÍDOS CM-30","Minas Gerais",1.49508854052918]
["2014-05-01","ASFALTOS DILUÍDOS CM-30","Pará",1.91225892436728]
["2014-05-01","ASFALTOS DILUÍDOS CM-30","Paraíba","-"]
["2014-05-01","ASFALTOS DILUÍDOS CM-30","Paraná",1.60335342055933]
["2014-05-01","ASFALTOS DILUÍDOS CM-30","Pernambuco","-"]
["2014-05-01","ASFALTOS DILUÍDOS CM-30","Piauí","-"]
["2014-05-01","ASFALTOS DILUÍDOS CM-30","Rio de Janeiro",1.51786031405884]
["2014-05-01","ASFALTOS DILUÍDOS CM-30","Rio Grande do Norte","-"]
["2014-05-01","ASFALTOS DILUÍDOS CM-30","Rio Grande do Sul",1.50790217456116]
["2014-05-01","ASFALTOS DILUÍDOS CM-30","Rondônia","-"]
["2014-05-01","ASFALTOS DILUÍDOS CM-30","Roraima","-"]
["2014-05-01","ASFALTOS DILUÍDOS CM-30","Santa Catarina","-"]
["2014-05-01","ASFALTOS DILUÍDOS CM-30","São Paulo",1.50431343662242]
["2014-05-01","ASFALTOS DILUÍDOS CM-30","Sergipe","-"]
["2014-05-01","ASFALTOS DILUÍDOS CM-30","Tocantins","-"]
["2014-06-01","ASFALTOS DILUÍDOS CM-30","Acre","-"]
["2014-06-01","ASFALTOS DILUÍDOS CM-30","Alagoas","-"]
["2014-06-01","ASFALTOS DILUÍDOS CM-30","Amapá","-"]
["2014-06-01","ASFALTOS DILUÍDOS CM-30","Amazonas","-"]
["2014-06-01","ASFALTOS DILUÍDOS CM-30","Bahia",1.49214394112986]
["2014-06-01","ASFALTOS DILUÍDOS CM-30","Ceará",1.51403833044806]
["2014-06-01","ASFALTOS DILUÍDOS CM-30","Distrito Federal","-"]
["2014-06-01","ASFALTOS DILUÍDOS CM-30","Espírito Santo","-"]
["2014-06-01","ASFALTOS DILUÍDOS CM-30","Goiás",1.77539811004434]
["2014-06-01","ASFALTOS DILUÍDOS CM-30","Maranhão","-"]
["2014-06-01","ASFALTOS DILUÍDOS CM-30","Mato Grosso",1.9737997193641]
["2014-06-01","ASFALTOS DILUÍDOS CM-30","Mato Grosso do Sul","-"]
["2014-06-01","ASFALTOS DILUÍDOS CM-30","Minas Gerais",1.49294168607042]
["2014-06-01","ASFALTOS DILUÍDOS CM-30","Pará",1.821515523267]
["2014-06-01","ASFALTOS DILUÍDOS CM-30","Paraíba","-"]
["2014-06-01","ASFALTOS DILUÍDOS CM-30","Paraná",1.53214872925383]
["2014-06-01","ASFALTOS DILUÍDOS CM-30","Pernambuco","-"]
["2014-06-01","ASFALTOS DILUÍDOS CM-30","Piauí","-"]
["2014-06-01","ASFALTOS DILUÍDOS CM-30","Rio de Janeiro",1.56388972660821]
["2014-06-01","ASFALTOS DILUÍDOS CM-30","Rio Grande do Norte","-"]
["2014-06-01","ASFALTOS DILUÍDOS CM-30","Rio Grande do Sul",1.50099900387775]
["2014-06-01","ASFALTOS DILUÍDOS CM-30","Rondônia","-"]
["2014-06-01","ASFALTOS DILUÍDOS CM-30","Roraima","-"]
["2014-06-01","ASFALTOS DILUÍDOS CM-30","Santa Catarina","-"]
["2014-06-01","ASFALTOS DILUÍDOS CM-30","São Paulo",1.50578814341287]
["2014-06-01","ASFALTOS DILUÍDOS CM-30","Sergipe","-"]
["2014-06-01","ASFALTOS DILUÍDOS CM-30","Tocantins","-"]
["2014-07-01","ASFALTOS DILUÍDOS CM-30","Acre","-"]
["2014-07-01","ASFALTOS DILUÍDOS CM-30","Alagoas","-"]
["2014-07-01","ASFALTOS DILUÍDOS CM-30","Amapá","-"]
["2014-07-01","ASFALTOS DILUÍDOS CM-30","Amazonas",1.51263033569632]
["2014-07-01","ASFALTOS DILUÍDOS CM-30","Bahia",1.48656075902185]
["2014-07-01","ASFALTOS DILUÍDOS CM-30","Ceará",1.50929752235883]
["2014-07-01","ASFALTOS DILUÍDOS CM-30","Distrito Federal","-"]
["2014-07-01","ASFALTOS DILUÍDOS CM-30","Espírito Santo","-"]
["2014-07-01","ASFALTOS DILUÍDOS CM-30","Goiás",1.5204314593094]
["2014-07-01","ASFALTOS DILUÍDOS CM-30","Maranhão","-"]
["2014-07-01","ASFALTOS DILUÍDOS CM-30","Mato Grosso",1.89100403122273]
["2014-07-01","ASFALTOS DILUÍDOS CM-30","Mato Grosso do Sul","-"]
["2014-07-01","ASFALTOS DILUÍDOS CM-30","Minas Gerais",1.45419981072371]
["2014-07-01","ASFALTOS DILUÍDOS CM-30","Pará",1.82776207274848]
["2014-07-01","ASFALTOS DILUÍDOS CM-30","Paraíba","-"]
["2014-07-01","ASFALTOS DILUÍDOS CM-30","Paraná",1.51018037398838]
["2014-07-01","ASFALTOS DILUÍDOS CM-30","Pernambuco","-"]
["2014-07-01","ASFALTOS DILUÍDOS CM-30","Piauí","-"]
["2014-07-01","ASFALTOS DILUÍDOS CM-30","Rio de Janeiro",1.43982840278959]
["2014-07-01","ASFALTOS DILUÍDOS CM-30","Rio Grande do Norte","-"]
["2014-07-01","ASFALTOS DILUÍDOS CM-30","Rio Grande do Sul",1.49527814100151]
["2014-07-01","ASFALTOS DILUÍDOS CM-30","Rondônia","-"]
["2014-07-01","ASFALTOS DILUÍDOS CM-30","Roraima","-"]
["2014-07-01","ASFALTOS DILUÍDOS CM-30","Santa Catarina","-"]
["2014-07-01","ASFALTOS DILUÍDOS CM-30","São Paulo",1.56922589422865]
["2014-07-01","ASFALTOS DILUÍDOS CM-30","Sergipe","-"]
["2014-07-01","ASFALTOS DILUÍDOS CM-30","Tocantins","-"]
["2014-08-01","ASFALTOS DILUÍDOS CM-30","Acre","-"]
["2014-08-01","ASFALTOS DILUÍDOS CM-30","Alagoas","-"]
["2014-08-01","ASFALTOS DILUÍDOS CM-30","Amapá","-"]
["2014-08-01","ASFALTOS DILUÍDOS CM-30","Amazonas",1.520805670095]
["2014-08-01","ASFALTOS DILUÍDOS CM-30","Bahia",1.47850353685115]
["2014-08-01","ASFALTOS DILUÍDOS CM-30","Ceará",1.51551921969545]
["2014-08-01","ASFALTOS DILUÍDOS CM-30","Distrito Federal","-"]
["2014-08-01","ASFALTOS DILUÍDOS CM-30","Espírito Santo","-"]
["2014-08-01","ASFALTOS DILUÍDOS CM-30","Goiás",1.46316988996874]
["2014-08-01","ASFALTOS DILUÍDOS CM-30","Maranhão","-"]
["2014-08-01","ASFALTOS DILUÍDOS CM-30","Mato Grosso",1.93046259108873]
["2014-08-01","ASFALTOS DILUÍDOS CM-30","Mato Grosso do Sul","-"]
["2014-08-01","ASFALTOS DILUÍDOS CM-30","Minas Gerais",1.49923684802936]
["2014-08-01","ASFALTOS DILUÍDOS CM-30","Pará","-"]
["2014-08-01","ASFALTOS DILUÍDOS CM-30","Paraíba","-"]
["2014-08-01","ASFALTOS DILUÍDOS CM-30","Paraná",1.52403053043832]
["2014-08-01","ASFALTOS DILUÍDOS CM-30","Pernambuco","-"]
["2014-08-01","ASFALTOS DILUÍDOS CM-30","Piauí","-"]
["2014-08-01","ASFALTOS DILUÍDOS CM-30","Rio de Janeiro",1.40578516251884]
["2014-08-01","ASFALTOS DILUÍDOS CM-30","Rio Grande do Norte","-"]
["2014-08-01","ASFALTOS DILUÍDOS CM-30","Rio Grande do Sul",1.47021431715405]
["2014-08-01","ASFALTOS DILUÍDOS CM-30","Rondônia","-"]
["2014-08-01","ASFALTOS DILUÍDOS CM-30","Roraima","-"]
["2014-08-01","ASFALTOS DILUÍDOS CM-30","Santa Catarina","-"]
["2014-08-01","ASFALTOS DILUÍDOS CM-30","São Paulo",1.47096988043928]
["2014-08-01","ASFALTOS DILUÍDOS CM-30","Sergipe","-"]
["2014-08-01","ASFALTOS DILUÍDOS CM-30","Tocantins","-"]
["2014-09-01","ASFALTOS DILUÍDOS CM-30","Acre","-"]
["2014-09-01","ASFALTOS DILUÍDOS CM-30","Alagoas","-"]
["2014-09-01","ASFALTOS DILUÍDOS CM-30","Amapá","-"]
["2014-09-01","ASFALTOS DILUÍDOS CM-30","Amazonas",1.51352465910786]
["2014-09-01","ASFALTOS DILUÍDOS CM-30","Bahia",1.51066241632629]
["2014-09-01","ASFALTOS DILUÍDOS CM-30","Ceará",1.56733094533511]
["2014-09-01","ASFALTOS DILUÍDOS CM-30","Distrito Federal","-"]
["2014-09-01","ASFALTOS DILUÍDOS CM-30","Espírito Santo","-"]
["2014-09-01","ASFALTOS DILUÍDOS CM-30","Goiás",1.77757770874367]
["2014-09-01","ASFALTOS DILUÍDOS CM-30","Maranhão","-"]
["2014-09-01","ASFALTOS DILUÍDOS CM-30","Mato Grosso",2.0381650401319]
["2014-09-01","ASFALTOS DILUÍDOS CM-30","Mato Grosso do Sul","-"]
["2014-09-01","ASFALTOS DILUÍDOS CM-30","Minas Gerais",1.48379173430541]
["2014-09-01","ASFALTOS DILUÍDOS CM-30","Pará",1.85923592509145]
["2014-09-01","ASFALTOS DILUÍDOS CM-30","Paraíba","-"]
["2014-09-01","ASFALTOS DILUÍDOS CM-30","Paraná",1.57600802386836]
["2014-09-01","ASFALTOS DILUÍDOS CM-30","Pernambuco","-"]
["2014-09-01","ASFALTOS DILUÍDOS CM-30","Piauí","-"]
["2014-09-01","ASFALTOS DILUÍDOS CM-30","Rio de Janeiro",1.47836824499791]
["2014-09-01","ASFALTOS DILUÍDOS CM-30","Rio Grande do Norte","-"]
["2014-09-01","ASFALTOS DILUÍDOS CM-30","Rio Grande do Sul",1.55720154583796]
["2014-09-01","ASFALTOS DILUÍDOS CM-30","Rondônia","-"]
["2014-09-01","ASFALTOS DILUÍDOS CM-30","Roraima","-"]
["2014-09-01","ASFALTOS DILUÍDOS CM-30","Santa Catarina","-"]
["2014-09-01","ASFALTOS DILUÍDOS CM-30","São Paulo",1.53470526857858]
["2014-09-01","ASFALTOS DILUÍDOS CM-30","Sergipe","-"]
["2014-09-01","ASFALTOS DILUÍDOS CM-30","Tocantins","-"]
["2014-10-01","ASFALTOS DILUÍDOS CM-30","Acre","-"]
["2014-10-01","ASFALTOS DILUÍDOS CM-30","Alagoas","-"]
["2014-10-01","ASFALTOS DILUÍDOS CM-30","Amapá","-"]
["2014-10-01","ASFALTOS DILUÍDOS CM-30","Amazonas",1.56960357317704]
["2014-10-01","ASFALTOS DILUÍDOS CM-30","Bahia",1.50923531088579]
["2014-10-01","ASFALTOS DILUÍDOS CM-30","Ceará",1.511094700896]
["2014-10-01","ASFALTOS DILUÍDOS CM-30","Distrito Federal","-"]
["2014-10-01","ASFALTOS DILUÍDOS CM-30","Espírito Santo","-"]
["2014-10-01","ASFALTOS DILUÍDOS CM-30","Goiás",1.62460918577551]
["2014-10-01","ASFALTOS DILUÍDOS CM-30","Maranhão","-"]
["2014-10-01","ASFALTOS DILUÍDOS CM-30","Mato Grosso",1.93810794636825]
["2014-10-01","ASFALTOS DILUÍDOS CM-30","Mato Grosso do Sul","-"]
["2014-10-01","ASFALTOS DILUÍDOS CM-30","Minas Gerais",1.47691738078873]
["2014-10-01","ASFALTOS DILUÍDOS CM-30","Pará",1.91477244451381]
["2014-10-01","ASFALTOS DILUÍDOS CM-30","Paraíba","-"]
["2014-10-01","ASFALTOS DILUÍDOS CM-30","Paraná",1.43657462138281]
["2014-10-01","ASFALTOS DILUÍDOS CM-30","Pernambuco","-"]
["2014-10-01","ASFALTOS DILUÍDOS CM-30","Piauí","-"]
["2014-10-01","ASFALTOS DILUÍDOS CM-30","Rio de Janeiro",1.43911310195606]
["2014-10-01","ASFALTOS DILUÍDOS CM-30","Rio Grande do Norte","-"]
["2014-10-01","ASFALTOS DILUÍDOS CM-30","Rio Grande do Sul",1.4898313701464]
["2014-10-01","ASFALTOS DILUÍDOS CM-30","Rondônia","-"]
["2014-10-01","ASFALTOS DILUÍDOS CM-30","Roraima","-"]
["2014-10-01","ASFALTOS DILUÍDOS CM-30","Santa Catarina","-"]
["2014-10-01","ASFALTOS DILUÍDOS CM-30","São Paulo",1.47017267177993]
["2014-10-01","ASFALTOS DILUÍDOS CM-30","Sergipe","-"]
["2014-10-01","ASFALTOS DILUÍDOS CM-30","Tocantins","-"]
["2014-11-01","ASFALTOS DILUÍDOS CM-30","Acre","-"]
["2014-11-01","ASFALTOS DILUÍDOS CM-30","Alagoas","-"]
["2014-11-01","ASFALTOS DILUÍDOS CM-30","Amapá","-"]
["2014-11-01","ASFALTOS DILUÍDOS CM-30","Amazonas",1.4787561973044]
["2014-11-01","ASFALTOS DILUÍDOS CM-30","Bahia",1.55278675740761]
["2014-11-01","ASFALTOS DILUÍDOS CM-30","Ceará",1.59267390847445]
["2014-11-01","ASFALTOS DILUÍDOS CM-30","Distrito Federal","-"]
["2014-11-01","ASFALTOS DILUÍDOS CM-30","Espírito Santo","-"]
["2014-11-01","ASFALTOS DILUÍDOS CM-30","Goiás",1.57567912190706]
["2014-11-01","ASFALTOS DILUÍDOS CM-30","Maranhão","-"]
["2014-11-01","ASFALTOS DILUÍDOS CM-30","Mato Grosso",1.99296768768046]
["2014-11-01","ASFALTOS DILUÍDOS CM-30","Mato Grosso do Sul","-"]
["2014-11-01","ASFALTOS DILUÍDOS CM-30","Minas Gerais",1.43903412321918]
["2014-11-01","ASFALTOS DILUÍDOS CM-30","Pará","-"]
["2014-11-01","ASFALTOS DILUÍDOS CM-30","Paraíba","-"]
["2014-11-01","ASFALTOS DILUÍDOS CM-30","Paraná",1.55366672250068]
["2014-11-01","ASFALTOS DILUÍDOS CM-30","Pernambuco","-"]
["2014-11-01","ASFALTOS DILUÍDOS CM-30","Piauí","-"]
["2014-11-01","ASFALTOS DILUÍDOS CM-30","Rio de Janeiro",1.48005450917899]
["2014-11-01","ASFALTOS DILUÍDOS CM-30","Rio Grande do Norte","-"]
["2014-11-01","ASFALTOS DILUÍDOS CM-30","Rio Grande do Sul",1.49256919510289]
["2014-11-01","ASFALTOS DILUÍDOS CM-30","Rondônia","-"]
["2014-11-01","ASFALTOS DILUÍDOS CM-30","Roraima","-"]
["2014-11-01","ASFALTOS DILUÍDOS CM-30","Santa Catarina","-"]
["2014-11-01","ASFALTOS DILUÍDOS CM-30","São Paulo",1.51227191094156]
["2014-11-01","ASFALTOS DILUÍDOS CM-30","Sergipe","-"]
["2014-11-01","ASFALTOS DILUÍDOS CM-30","Tocantins","-"]
["2014-12-01","ASFALTOS DILUÍDOS CM-30","Acre","-"]
["2014-12-01","ASFALTOS DILUÍDOS CM-30","Alagoas","-"]
["2014-12-01","ASFALTOS DILUÍDOS CM-30","Amapá","-"]
["2014-12-01","ASFALTOS DILUÍDOS CM-30","Amazonas",1.58222828221178]
["2014-12-01","ASFALTOS DILUÍDOS CM-30","Bahia",1.67872127808158]
["2014-12-01","ASFALTOS DILUÍDOS CM-30","Ceará",1.71663216685087]
["2014-12-01","ASFALTOS DILUÍDOS CM-30","Distrito Federal","-"]
["2014-12-01","ASFALTOS DILUÍDOS CM-30","Espírito Santo","-"]
["2014-12-01","ASFALTOS DILUÍDOS CM-30","Goiás",1.93561900006269]
["2014-12-01","ASFALTOS DILUÍDOS CM-30","Maranhão","-"]
["2014-12-01","ASFALTOS DILUÍDOS CM-30","Mato Grosso",2.0111752628723]
["2014-12-01","ASFALTOS DILUÍDOS CM-30","Mato Grosso do Sul","-"]
["2014-12-01","ASFALTOS DILUÍDOS CM-30","Minas Gerais",1.67014881878089]
["2014-12-01","ASFALTOS DILUÍDOS CM-30","Pará",1.96671027479323]
["2014-12-01","ASFALTOS DILUÍDOS CM-30","Paraíba","-"]
["2014-12-01","ASFALTOS DILUÍDOS CM-30","Paraná",1.68869104603983]
["2014-12-01","ASFALTOS DILUÍDOS CM-30","Pernambuco","-"]
["2014-12-01","ASFALTOS DILUÍDOS CM-30","Piauí","-"]
["2014-12-01","ASFALTOS DILUÍDOS CM-30","Rio de Janeiro",1.58838433612655]
["2014-12-01","ASFALTOS DILUÍDOS CM-30","Rio Grande do Norte","-"]
["2014-12-01","ASFALTOS DILUÍDOS CM-30","Rio Grande do Sul",1.60996531479459]
["2014-12-01","ASFALTOS DILUÍDOS CM-30","Rondônia","-"]
["2014-12-01","ASFALTOS DILUÍDOS CM-30","Roraima","-"]
["2014-12-01","ASFALTOS DILUÍDOS CM-30","Santa Catarina","-"]
["2014-12-01","ASFALTOS DILUÍDOS CM-30","São Paulo",1.59553050716484]
["2014-12-01","ASFALTOS DILUÍDOS CM-30","Sergipe","-"]
["2014-12-01","ASFALTOS DILUÍDOS CM-30","Tocantins","-"]
["2015-01-01","ASFALTOS DILUÍDOS CM-30","Acre","-"]
["2015-01-01","ASFALTOS DILUÍDOS CM-30","Alagoas","-"]
["2015-01-01","ASFALTOS DILUÍDOS CM-30","Amapá","-"]
["2015-01-01","ASFALTOS DILUÍDOS CM-30","Amazonas",1.84367529730618]
["2015-01-01","ASFALTOS DILUÍDOS CM-30","Bahia",2.03806521863038]
["2015-01-01","ASFALTOS DILUÍDOS CM-30","Ceará",2.02633859586595]
["2015-01-01","ASFALTOS DILUÍDOS CM-30","Distrito Federal","-"]
["2015-01-01","ASFALTOS DILUÍDOS CM-30","Espírito Santo","-"]
["2015-01-01","ASFALTOS DILUÍDOS CM-30","Goiás",2.22537876242572]
["2015-01-01","ASFALTOS DILUÍDOS CM-30","Maranhão","-"]
["2015-01-01","ASFALTOS DILUÍDOS CM-30","Mato Grosso",2.48578494121903]
["2015-01-01","ASFALTOS DILUÍDOS CM-30","Mato Grosso do Sul","-"]
["2015-01-01","ASFALTOS DILUÍDOS CM-30","Minas Gerais",1.81086361934477]
["2015-01-01","ASFALTOS DILUÍDOS CM-30","Pará","-"]
["2015-01-01","ASFALTOS DILUÍDOS CM-30","Paraíba","-"]
["2015-01-01","ASFALTOS DILUÍDOS CM-30","Paraná",1.84709651820587]
["2015-01-01","ASFALTOS DILUÍDOS CM-30","Pernambuco","-"]
["2015-01-01","ASFALTOS DILUÍDOS CM-30","Piauí","-"]
["2015-01-01","ASFALTOS DILUÍDOS CM-30","Rio de Janeiro",1.9044150109152]
["2015-01-01","ASFALTOS DILUÍDOS CM-30","Rio Grande do Norte","-"]
["2015-01-01","ASFALTOS DILUÍDOS CM-30","Rio Grande do Sul",1.98503779173431]
["2015-01-01","ASFALTOS DILUÍDOS CM-30","Rondônia","-"]
["2015-01-01","ASFALTOS DILUÍDOS CM-30","Roraima","-"]
["2015-01-01","ASFALTOS DILUÍDOS CM-30","Santa Catarina","-"]
["2015-01-01","ASFALTOS DILUÍDOS CM-30","São Paulo",1.98062670675497]
["2015-01-01","ASFALTOS DILUÍDOS CM-30","Sergipe","-"]
["2015-01-01","ASFALTOS DILUÍDOS CM-30","Tocantins","-"]
["2015-02-01","ASFALTOS DILUÍDOS CM-30","Acre","-"]
["2015-02-01","ASFALTOS DILUÍDOS CM-30","Alagoas","-"]
["2015-02-01","ASFALTOS DILUÍDOS CM-30","Amapá","-"]
["2015-02-01","ASFALTOS DILUÍDOS CM-30","Amazonas",1.90573931083763]
["2015-02-01","ASFALTOS DILUÍDOS CM-30","Bahia",1.95903683022809]
["2015-02-01","ASFALTOS DILUÍDOS CM-30","Ceará",2.01167376158331]
["2015-02-01","ASFALTOS DILUÍDOS CM-30","Distrito Federal","-"]
["2015-02-01","ASFALTOS DILUÍDOS CM-30","Espírito Santo","-"]
["2015-02-01","ASFALTOS DILUÍDOS CM-30","Goiás","-"]
["2015-02-01","ASFALTOS DILUÍDOS CM-30","Maranhão","-"]
["2015-02-01","ASFALTOS DILUÍDOS CM-30","Mato Grosso",2.42819811965812]
["2015-02-01","ASFALTOS DILUÍDOS CM-30","Mato Grosso do Sul","-"]
["2015-02-01","ASFALTOS DILUÍDOS CM-30","Minas Gerais",1.79164643818149]
["2015-02-01","ASFALTOS DILUÍDOS CM-30","Pará","-"]
["2015-02-01","ASFALTOS DILUÍDOS CM-30","Paraíba","-"]
["2015-02-01","ASFALTOS DILUÍDOS CM-30","Paraná",1.91951907580912]
["2015-02-01","ASFALTOS DILUÍDOS CM-30","Pernambuco","-"]
["2015-02-01","ASFALTOS DILUÍDOS CM-30","Piauí","-"]
["2015-02-01","ASFALTOS DILUÍDOS CM-30","Rio de Janeiro",1.84877251595836]
["2015-02-01","ASFALTOS DILUÍDOS CM-30","Rio Grande do Norte","-"]
["2015-02-01","ASFALTOS DILUÍDOS CM-30","Rio Grande do Sul",1.93648370980564]
["2015-02-01","ASFALTOS DILUÍDOS CM-30","Rondônia","-"]
["2015-02-01","ASFALTOS DILUÍDOS CM-30","Roraima","-"]
["2015-02-01","ASFALTOS DILUÍDOS CM-30","Santa Catarina","-"]
["2015-02-01","ASFALTOS DILUÍDOS CM-30","São Paulo",2.07793006024642]
["2015-02-01","ASFALTOS DILUÍDOS CM-30","Sergipe","-"]
["2015-02-01","ASFALTOS DILUÍDOS CM-30","Tocantins","-"]
["2015-03-01","ASFALTOS DILUÍDOS CM-30","Acre","-"]
["2015-03-01","ASFALTOS DILUÍDOS CM-30","Alagoas","-"]
["2015-03-01","ASFALTOS DILUÍDOS CM-30","Amapá","-"]
["2015-03-01","ASFALTOS DILUÍDOS CM-30","Amazonas",1.80358111532057]
["2015-03-01","ASFALTOS DILUÍDOS CM-30","Bahia",1.97971245841424]
["2015-03-01","ASFALTOS DILUÍDOS CM-30","Ceará",1.95145484179818]
["2015-03-01","ASFALTOS DILUÍDOS CM-30","Distrito Federal","-"]
["2015-03-01","ASFALTOS DILUÍDOS CM-30","Espírito Santo","-"]
["2015-03-01","ASFALTOS DILUÍDOS CM-30","Goiás",2.19273325656797]
["2015-03-01","ASFALTOS DILUÍDOS CM-30","Maranhão","-"]
["2015-03-01","ASFALTOS DILUÍDOS CM-30","Mato Grosso","-"]
["2015-03-01","ASFALTOS DILUÍDOS CM-30","Mato Grosso do Sul","-"]
["2015-03-01","ASFALTOS DILUÍDOS CM-30","Minas Gerais",1.85924654714867]
["2015-03-01","ASFALTOS DILUÍDOS CM-30","Pará","-"]
["2015-03-01","ASFALTOS DILUÍDOS CM-30","Paraíba","-"]
["2015-03-01","ASFALTOS DILUÍDOS CM-30","Paraná",1.93910085242889]
["2015-03-01","ASFALTOS DILUÍDOS CM-30","Pernambuco","-"]
["2015-03-01","ASFALTOS DILUÍDOS CM-30","Piauí","-"]
["2015-03-01","ASFALTOS DILUÍDOS CM-30","Rio de Janeiro",1.86561786373874]
["2015-03-01","ASFALTOS DILUÍDOS CM-30","Rio Grande do Norte","-"]
["2015-03-01","ASFALTOS DILUÍDOS CM-30","Rio Grande do Sul",1.92211349516095]
["2015-03-01","ASFALTOS DILUÍDOS CM-30","Rondônia","-"]
["2015-03-01","ASFALTOS DILUÍDOS CM-30","Roraima","-"]
["2015-03-01","ASFALTOS DILUÍDOS CM-30","Santa Catarina","-"]
["2015-03-01","ASFALTOS DILUÍDOS CM-30","São Paulo",1.9826086541771]
["2015-03-01","ASFALTOS DILUÍDOS CM-30","Sergipe","-"]
["2015-03-01","ASFALTOS DILUÍDOS CM-30","Tocantins","-"]
["2015-04-01","ASFALTOS DILUÍDOS CM-30","Acre","-"]
["2015-04-01","ASFALTOS DILUÍDOS CM-30","Alagoas","-"]
["2015-04-01","ASFALTOS DILUÍDOS CM-30","Amapá","-"]
["2015-04-01","ASFALTOS DILUÍDOS CM-30","Amazonas","-"]
["2015-04-01","ASFALTOS DILUÍDOS CM-30","Bahia",2.01821865312839]
["2015-04-01","ASFALTOS DILUÍDOS CM-30","Ceará",1.97809901070539]
["2015-04-01","ASFALTOS DILUÍDOS CM-30","Distrito Federal","-"]
["2015-04-01","ASFALTOS DILUÍDOS CM-30","Espírito Santo","-"]
["2015-04-01","ASFALTOS DILUÍDOS CM-30","Goiás",2.25209551083319]
["2015-04-01","ASFALTOS DILUÍDOS CM-30","Maranhão","-"]
["2015-04-01","ASFALTOS DILUÍDOS CM-30","Mato Grosso",2.47064389558233]
["2015-04-01","ASFALTOS DILUÍDOS CM-30","Mato Grosso do Sul","-"]
["2015-04-01","ASFALTOS DILUÍDOS CM-30","Minas Gerais",1.82132347212224]
["2015-04-01","ASFALTOS DILUÍDOS CM-30","Pará","-"]
["2015-04-01","ASFALTOS DILUÍDOS CM-30","Paraíba","-"]
["2015-04-01","ASFALTOS DILUÍDOS CM-30","Paraná",1.96990060094852]
["2015-04-01","ASFALTOS DILUÍDOS CM-30","Pernambuco","-"]
["2015-04-01","ASFALTOS DILUÍDOS CM-30","Piauí","-"]
["2015-04-01","ASFALTOS DILUÍDOS CM-30","Rio de Janeiro",1.84082279677077]
["2015-04-01","ASFALTOS DILUÍDOS CM-30","Rio Grande do Norte","-"]
["2015-04-01","ASFALTOS DILUÍDOS CM-30","Rio Grande do Sul",1.90630360269961]
["2015-04-01","ASFALTOS DILUÍDOS CM-30","Rondônia","-"]
["2015-04-01","ASFALTOS DILUÍDOS CM-30","Roraima","-"]
["2015-04-01","ASFALTOS DILUÍDOS CM-30","Santa Catarina","-"]
["2015-04-01","ASFALTOS DILUÍDOS CM-30","São Paulo",1.90373449953227]
["2015-04-01","ASFALTOS DILUÍDOS CM-30","Sergipe","-"]
["2015-04-01","ASFALTOS DILUÍDOS CM-30","Tocantins","-"]
["2015-05-01","ASFALTOS DILUÍDOS CM-30","Acre","-"]
["2015-05-01","ASFALTOS DILUÍDOS CM-30","Alagoas","-"]
["2015-05-01","ASFALTOS DILUÍDOS CM-30","Amapá","-"]
["2015-05-01","ASFALTOS DILUÍDOS CM-30","Amazonas",1.91135168127392]
["2015-05-01","ASFALTOS DILUÍDOS CM-30","Bahia",1.96436497976127]
["2015-05-01","ASFALTOS DILUÍDOS CM-30","Ceará",1.93854916920408]
["2015-05-01","ASFALTOS DILUÍDOS CM-30","Distrito Federal","-"]
["2015-05-01","ASFALTOS DILUÍDOS CM-30","Espírito Santo","-"]
["2015-05-01","ASFALTOS DILUÍDOS CM-30","Goiás",2.20601837426749]
["2015-05-01","ASFALTOS DILUÍDOS CM-30","Maranhão","-"]
["2015-05-01","ASFALTOS DILUÍDOS CM-30","Mato Grosso",2.4085516525116]
["2015-05-01","ASFALTOS DILUÍDOS CM-30","Mato Grosso do Sul","-"]
["2015-05-01","ASFALTOS DILUÍDOS CM-30","Minas Gerais",1.76469302028059]
["2015-05-01","ASFALTOS DILUÍDOS CM-30","Pará","-"]
["2015-05-01","ASFALTOS DILUÍDOS CM-30","Paraíba","-"]
["2015-05-01","ASFALTOS DILUÍDOS CM-30","Paraná",2.07626379176993]
["2015-05-01","ASFALTOS DILUÍDOS CM-30","Pernambuco","-"]
["2015-05-01","ASFALTOS DILUÍDOS CM-30","Piauí","-"]
["2015-05-01","ASFALTOS DILUÍDOS CM-30","Rio de Janeiro",1.85130920862194]
["2015-05-01","ASFALTOS DILUÍDOS CM-30","Rio Grande do Norte","-"]
["2015-05-01","ASFALTOS DILUÍDOS CM-30","Rio Grande do Sul",1.94672323288502]
["2015-05-01","ASFALTOS DILUÍDOS CM-30","Rondônia","-"]
["2015-05-01","ASFALTOS DILUÍDOS CM-30","Roraima","-"]
["2015-05-01","ASFALTOS DILUÍDOS CM-30","Santa Catarina","-"]
["2015-05-01","ASFALTOS DILUÍDOS CM-30","São Paulo",1.88186843858742]
["2015-05-01","ASFALTOS DILUÍDOS CM-30","Sergipe","-"]
["2015-05-01","ASFALTOS DILUÍDOS CM-30","Tocantins","-"]
["2015-06-01","ASFALTOS DILUÍDOS CM-30","Acre","-"]
["2015-06-01","ASFALTOS DILUÍDOS CM-30","Alagoas","-"]
["2015-06-01","ASFALTOS DILUÍDOS CM-30","Amapá","-"]
["2015-06-01","ASFALTOS DILUÍDOS CM-30","Amazonas","-"]
["2015-06-01","ASFALTOS DILUÍDOS CM-30","Bahia",2.06497188235294]
["2015-06-01","ASFALTOS DILUÍDOS CM-30","Ceará",1.92201202922464]
["2015-06-01","ASFALTOS DILUÍDOS CM-30","Distrito Federal","-"]
["2015-06-01","ASFALTOS DILUÍDOS CM-30","Espírito Santo","-"]
["2015-06-01","ASFALTOS DILUÍDOS CM-30","Goiás",2.25062418294557]
["2015-06-01","ASFALTOS DILUÍDOS CM-30","Maranhão","-"]
["2015-06-01","ASFALTOS DILUÍDOS CM-30","Mato Grosso",2.4281963182154]
["2015-06-01","ASFALTOS DILUÍDOS CM-30","Mato Grosso do Sul","-"]
["2015-06-01","ASFALTOS DILUÍDOS CM-30","Minas Gerais",1.81233557261916]
["2015-06-01","ASFALTOS DILUÍDOS CM-30","Pará","-"]
["2015-06-01","ASFALTOS DILUÍDOS CM-30","Paraíba","-"]
["2015-06-01","ASFALTOS DILUÍDOS CM-30","Paraná",2.00036768008845]
["2015-06-01","ASFALTOS DILUÍDOS CM-30","Pernambuco","-"]
["2015-06-01","ASFALTOS DILUÍDOS CM-30","Piauí","-"]
["2015-06-01","ASFALTOS DILUÍDOS CM-30","Rio de Janeiro",1.75764092432373]
["2015-06-01","ASFALTOS DILUÍDOS CM-30","Rio Grande do Norte","-"]
["2015-06-01","ASFALTOS DILUÍDOS CM-30","Rio Grande do Sul",1.91478102653317]
["2015-06-01","ASFALTOS DILUÍDOS CM-30","Rondônia","-"]
["2015-06-01","ASFALTOS DILUÍDOS CM-30","Roraima","-"]
["2015-06-01","ASFALTOS DILUÍDOS CM-30","Santa Catarina","-"]
["2015-06-01","ASFALTOS DILUÍDOS CM-30","São Paulo",1.92056628794144]
["2015-06-01","ASFALTOS DILUÍDOS CM-30","Sergipe","-"]
["2015-06-01","ASFALTOS DILUÍDOS CM-30","Tocantins","-"]
["2015-07-01","ASFALTOS DILUÍDOS CM-30","Acre","-"]
["2015-07-01","ASFALTOS DILUÍDOS CM-30","Alagoas","-"]
["2015-07-01","ASFALTOS DILUÍDOS CM-30","Amapá","-"]
["2015-07-01","ASFALTOS DILUÍDOS CM-30","Amazonas","-"]
["2015-07-01","ASFALTOS DILUÍDOS CM-30","Bahia",1.95256831964799]
["2015-07-01","ASFALTOS DILUÍDOS CM-30","Ceará",2.01010018232245]
["2015-07-01","ASFALTOS DILUÍDOS CM-30","Distrito Federal","-"]
["2015-07-01","ASFALTOS DILUÍDOS CM-30","Espírito Santo","-"]
["2015-07-01","ASFALTOS DILUÍDOS CM-30","Goiás",1.98930524777588]
["2015-07-01","ASFALTOS DILUÍDOS CM-30","Maranhão","-"]
["2015-07-01","ASFALTOS DILUÍDOS CM-30","Mato Grosso",2.24065436459446]
["2015-07-01","ASFALTOS DILUÍDOS CM-30","Mato Grosso do Sul","-"]
["2015-07-01","ASFALTOS DILUÍDOS CM-30","Minas Gerais",1.72247949432225]
["2015-07-01","ASFALTOS DILUÍDOS CM-30","Pará","-"]
["2015-07-01","ASFALTOS DILUÍDOS CM-30","Paraíba","-"]
["2015-07-01","ASFALTOS DILUÍDOS CM-30","Paraná",1.93092992836776]
["2015-07-01","ASFALTOS DILUÍDOS CM-30","Pernambuco","-"]
["2015-07-01","ASFALTOS DILUÍDOS CM-30","Piauí","-"]
["2015-07-01","ASFALTOS DILUÍDOS CM-30","Rio de Janeiro",1.83065787943299]
["2015-07-01","ASFALTOS DILUÍDOS CM-30","Rio Grande do Norte","-"]
["2015-07-01","ASFALTOS DILUÍDOS CM-30","Rio Grande do Sul",1.93321569552412]
["2015-07-01","ASFALTOS DILUÍDOS CM-30","Rondônia","-"]
["2015-07-01","ASFALTOS DILUÍDOS CM-30","Roraima","-"]
["2015-07-01","ASFALTOS DILUÍDOS CM-30","Santa Catarina","-"]
["2015-07-01","ASFALTOS DILUÍDOS CM-30","São Paulo",1.88091980598016]
["2015-07-01","ASFALTOS DILUÍDOS CM-30","Sergipe","-"]
["2015-07-01","ASFALTOS DILUÍDOS CM-30","Tocantins","-"]
["2015-08-01","ASFALTOS DILUÍDOS CM-30","Acre","-"]
["2015-08-01","ASFALTOS DILUÍDOS CM-30","Alagoas","-"]
["2015-08-01","ASFALTOS DILUÍDOS CM-30","Amapá","-"]
["2015-08-01","ASFALTOS DILUÍDOS CM-30","Amazonas","-"]
["2015-08-01","ASFALTOS DILUÍDOS CM-30","Bahia",1.99435191454642]
["2015-08-01","ASFALTOS DILUÍDOS CM-30","Ceará",2.04611205630626]
["2015-08-01","ASFALTOS DILUÍDOS CM-30","Distrito Federal","-"]
["2015-08-01","ASFALTOS DILUÍDOS CM-30","Espírito Santo","-"]
["2015-08-01","ASFALTOS DILUÍDOS CM-30","Goiás",2.22956482119882]
["2015-08-01","ASFALTOS DILUÍDOS CM-30","Maranhão","-"]
["2015-08-01","ASFALTOS DILUÍDOS CM-30","Mato Grosso",2.39195242210032]
["2015-08-01","ASFALTOS DILUÍDOS CM-30","Mato Grosso do Sul","-"]
["2015-08-01","ASFALTOS DILUÍDOS CM-30","Minas Gerais",1.82518503639825]
["2015-08-01","ASFALTOS DILUÍDOS CM-30","Pará","-"]
["2015-08-01","ASFALTOS DILUÍDOS CM-30","Paraíba","-"]
["2015-08-01","ASFALTOS DILUÍDOS CM-30","Paraná",1.97798246726063]
["2015-08-01","ASFALTOS DILUÍDOS CM-30","Pernambuco","-"]
["2015-08-01","ASFALTOS DILUÍDOS CM-30","Piauí","-"]
["2015-08-01","ASFALTOS DILUÍDOS CM-30","Rio de Janeiro",1.763843787684]
["2015-08-01","ASFALTOS DILUÍDOS CM-30","Rio Grande do Norte","-"]
["2015-08-01","ASFALTOS DILUÍDOS CM-30","Rio Grande do Sul",1.87189894427592]
["2015-08-01","ASFALTOS DILUÍDOS CM-30","Rondônia","-"]
["2015-08-01","ASFALTOS DILUÍDOS CM-30","Roraima","-"]
["2015-08-01","ASFALTOS DILUÍDOS CM-30","Santa Catarina","-"]
["2015-08-01","ASFALTOS DILUÍDOS CM-30","São Paulo",1.85600409241012]
["2015-08-01","ASFALTOS DILUÍDOS CM-30","Sergipe","-"]
["2015-08-01","ASFALTOS DILUÍDOS CM-30","Tocantins","-"]
["2015-09-01","ASFALTOS DILUÍDOS CM-30","Acre","-"]
["2015-09-01","ASFALTOS DILUÍDOS CM-30","Alagoas","-"]
["2015-09-01","ASFALTOS DILUÍDOS CM-30","Amapá","-"]
["2015-09-01","ASFALTOS DILUÍDOS CM-30","Amazonas","-"]
["2015-09-01","ASFALTOS DILUÍDOS CM-30","Bahia",2.07774843952031]
["2015-09-01","ASFALTOS DILUÍDOS CM-30","Ceará",2.09315770646816]
["2015-09-01","ASFALTOS DILUÍDOS CM-30","Distrito Federal","-"]
["2015-09-01","ASFALTOS DILUÍDOS CM-30","Espírito Santo","-"]
["2015-09-01","ASFALTOS DILUÍDOS CM-30","Goiás",2.26314442642731]
["2015-09-01","ASFALTOS DILUÍDOS CM-30","Maranhão","-"]
["2015-09-01","ASFALTOS DILUÍDOS CM-30","Mato Grosso",2.4318366613694]
["2015-09-01","ASFALTOS DILUÍDOS CM-30","Mato Grosso do Sul","-"]
["2015-09-01","ASFALTOS DILUÍDOS CM-30","Minas Gerais",1.91862037981075]
["2015-09-01","ASFALTOS DILUÍDOS CM-30","Pará","-"]
["2015-09-01","ASFALTOS DILUÍDOS CM-30","Paraíba","-"]
["2015-09-01","ASFALTOS DILUÍDOS CM-30","Paraná",2.05152919332184]
["2015-09-01","ASFALTOS DILUÍDOS CM-30","Pernambuco","-"]
["2015-09-01","ASFALTOS DILUÍDOS CM-30","Piauí","-"]
["2015-09-01","ASFALTOS DILUÍDOS CM-30","Rio de Janeiro",1.91603957825948]
["2015-09-01","ASFALTOS DILUÍDOS CM-30","Rio Grande do Norte","-"]
["2015-09-01","ASFALTOS DILUÍDOS CM-30","Rio Grande do Sul",1.93404459597485]
["2015-09-01","ASFALTOS DILUÍDOS CM-30","Rondônia","-"]
["2015-09-01","ASFALTOS DILUÍDOS CM-30","Roraima","-"]
["2015-09-01","ASFALTOS DILUÍDOS CM-30","Santa Catarina","-"]
["2015-09-01","ASFALTOS DILUÍDOS CM-30","São Paulo",1.9898352439836]
["2015-09-01","ASFALTOS DILUÍDOS CM-30","Sergipe","-"]
["2015-09-01","ASFALTOS DILUÍDOS CM-30","Tocantins","-"]
["2015-10-01","ASFALTOS DILUÍDOS CM-30","Acre","-"]
["2015-10-01","ASFALTOS DILUÍDOS CM-30","Alagoas","-"]
["2015-10-01","ASFALTOS DILUÍDOS CM-30","Amapá","-"]
["2015-10-01","ASFALTOS DILUÍDOS CM-30","Amazonas",2.08222796511901]
["2015-10-01","ASFALTOS DILUÍDOS CM-30","Bahia",2.20508390638691]
["2015-10-01","ASFALTOS DILUÍDOS CM-30","Ceará",2.14762633517978]
["2015-10-01","ASFALTOS DILUÍDOS CM-30","Distrito Federal","-"]
["2015-10-01","ASFALTOS DILUÍDOS CM-30","Espírito Santo","-"]
["2015-10-01","ASFALTOS DILUÍDOS CM-30","Goiás",2.35255898661951]
["2015-10-01","ASFALTOS DILUÍDOS CM-30","Maranhão","-"]
["2015-10-01","ASFALTOS DILUÍDOS CM-30","Mato Grosso",2.53287475154676]
["2015-10-01","ASFALTOS DILUÍDOS CM-30","Mato Grosso do Sul","-"]
["2015-10-01","ASFALTOS DILUÍDOS CM-30","Minas Gerais",1.99202394200051]
["2015-10-01","ASFALTOS DILUÍDOS CM-30","Pará","-"]
["2015-10-01","ASFALTOS DILUÍDOS CM-30","Paraíba","-"]
["2015-10-01","ASFALTOS DILUÍDOS CM-30","Paraná",2.1713156086739]
["2015-10-01","ASFALTOS DILUÍDOS CM-30","Pernambuco","-"]
["2015-10-01","ASFALTOS DILUÍDOS CM-30","Piauí","-"]
["2015-10-01","ASFALTOS DILUÍDOS CM-30","Rio de Janeiro",1.99958623118359]
["2015-10-01","ASFALTOS DILUÍDOS CM-30","Rio Grande do Norte","-"]
["2015-10-01","ASFALTOS DILUÍDOS CM-30","Rio Grande do Sul",2.0477011168422]
["2015-10-01","ASFALTOS DILUÍDOS CM-30","Rondônia","-"]
["2015-10-01","ASFALTOS DILUÍDOS CM-30","Roraima","-"]
["2015-10-01","ASFALTOS DILUÍDOS CM-30","Santa Catarina","-"]
["2015-10-01","ASFALTOS DILUÍDOS CM-30","São Paulo",2.13788723055089]
["2015-10-01","ASFALTOS DILUÍDOS CM-30","Sergipe","-"]
["2015-10-01","ASFALTOS DILUÍDOS CM-30","Tocantins","-"]
["2015-11-01","ASFALTOS DILUÍDOS CM-30","Acre","-"]
["2015-11-01","ASFALTOS DILUÍDOS CM-30","Alagoas","-"]
["2015-11-01","ASFALTOS DILUÍDOS CM-30","Amapá","-"]
["2015-11-01","ASFALTOS DILUÍDOS CM-30","Amazonas","-"]
["2015-11-01","ASFALTOS DILUÍDOS CM-30","Bahia",2.49116492867146]
["2015-11-01","ASFALTOS DILUÍDOS CM-30","Ceará",2.40761588070452]
["2015-11-01","ASFALTOS DILUÍDOS CM-30","Distrito Federal","-"]
["2015-11-01","ASFALTOS DILUÍDOS CM-30","Espírito Santo","-"]
["2015-11-01","ASFALTOS DILUÍDOS CM-30","Goiás",2.65198429010303]
["2015-11-01","ASFALTOS DILUÍDOS CM-30","Maranhão","-"]
["2015-11-01","ASFALTOS DILUÍDOS CM-30","Mato Grosso",2.77634791348694]
["2015-11-01","ASFALTOS DILUÍDOS CM-30","Mato Grosso do Sul","-"]
["2015-11-01","ASFALTOS DILUÍDOS CM-30","Minas Gerais",2.24766058084003]
["2015-11-01","ASFALTOS DILUÍDOS CM-30","Pará","-"]
["2015-11-01","ASFALTOS DILUÍDOS CM-30","Paraíba","-"]
["2015-11-01","ASFALTOS DILUÍDOS CM-30","Paraná",2.38981348864748]
["2015-11-01","ASFALTOS DILUÍDOS CM-30","Pernambuco","-"]
["2015-11-01","ASFALTOS DILUÍDOS CM-30","Piauí","-"]
["2015-11-01","ASFALTOS DILUÍDOS CM-30","Rio de Janeiro",2.29044098067071]
["2015-11-01","ASFALTOS DILUÍDOS CM-30","Rio Grande do Norte","-"]
["2015-11-01","ASFALTOS DILUÍDOS CM-30","Rio Grande do Sul",2.24186525925162]
["2015-11-01","ASFALTOS DILUÍDOS CM-30","Rondônia","-"]
["2015-11-01","ASFALTOS DILUÍDOS CM-30","Roraima","-"]
["2015-11-01","ASFALTOS DILUÍDOS CM-30","Santa Catarina","-"]
["2015-11-01","ASFALTOS DILUÍDOS CM-30","São Paulo",2.35260863546382]
["2015-11-01","ASFALTOS DILUÍDOS CM-30","Sergipe","-"]
["2015-11-01","ASFALTOS DILUÍDOS CM-30","Tocantins","-"]
["2015-12-01","ASFALTOS DILUÍDOS CM-30","Acre","-"]
["2015-12-01","ASFALTOS DILUÍDOS CM-30","Alagoas","-"]
["2015-12-01","ASFALTOS DILUÍDOS CM-30","Amapá","-"]
["2015-12-01","ASFALTOS DILUÍDOS CM-30","Amazonas",2.65657021612607]
["2015-12-01","ASFALTOS DILUÍDOS CM-30","Bahia",2.46792760249201]
["2015-12-01","ASFALTOS DILUÍDOS CM-30","Ceará",2.36172217058712]
["2015-12-01","ASFALTOS DILUÍDOS CM-30","Distrito Federal","-"]
["2015-12-01","ASFALTOS DILUÍDOS CM-30","Espírito Santo","-"]
["2015-12-01","ASFALTOS DILUÍDOS CM-30","Goiás","-"]
["2015-12-01","ASFALTOS DILUÍDOS CM-30","Maranhão","-"]
["2015-12-01","ASFALTOS DILUÍDOS CM-30","Mato Grosso",2.78088904177186]
["2015-12-01","ASFALTOS DILUÍDOS CM-30","Mato Grosso do Sul","-"]
["2015-12-01","ASFALTOS DILUÍDOS CM-30","Minas Gerais",2.21621363498461]
["2015-12-01","ASFALTOS DILUÍDOS CM-30","Pará","-"]
["2015-12-01","ASFALTOS DILUÍDOS CM-30","Paraíba","-"]
["2015-12-01","ASFALTOS DILUÍDOS CM-30","Paraná",2.51781762583031]
["2015-12-01","ASFALTOS DILUÍDOS CM-30","Pernambuco","-"]
["2015-12-01","ASFALTOS DILUÍDOS CM-30","Piauí","-"]
["2015-12-01","ASFALTOS DILUÍDOS CM-30","Rio de Janeiro",2.2919812498533]
["2015-12-01","ASFALTOS DILUÍDOS CM-30","Rio Grande do Norte","-"]
["2015-12-01","ASFALTOS DILUÍDOS CM-30","Rio Grande do Sul",2.24988934771671]
["2015-12-01","ASFALTOS DILUÍDOS CM-30","Rondônia","-"]
["2015-12-01","ASFALTOS DILUÍDOS CM-30","Roraima","-"]
["2015-12-01","ASFALTOS DILUÍDOS CM-30","Santa Catarina","-"]
["2015-12-01","ASFALTOS DILUÍDOS CM-30","São Paulo",2.42762494747994]
["2015-12-01","ASFALTOS DILUÍDOS CM-30","Sergipe","-"]
["2015-12-01","ASFALTOS DILUÍDOS CM-30","Tocantins","-"]
["2016-01-01","ASFALTOS DILUÍDOS CM-30","Acre","-"]
["2016-01-01","ASFALTOS DILUÍDOS CM-30","Alagoas","-"]
["2016-01-01","ASFALTOS DILUÍDOS CM-30","Amapá","-"]
["2016-01-01","ASFALTOS DILUÍDOS CM-30","Amazonas",2.69187650836985]
["2016-01-01","ASFALTOS DILUÍDOS CM-30","Bahia",2.44714598915499]
["2016-01-01","ASFALTOS DILUÍDOS CM-30","Ceará",2.31212241807703]
["2016-01-01","ASFALTOS DILUÍDOS CM-30","Distrito Federal","-"]
["2016-01-01","ASFALTOS DILUÍDOS CM-30","Espírito Santo","-"]
["2016-01-01","ASFALTOS DILUÍDOS CM-30","Goiás","-"]
["2016-01-01","ASFALTOS DILUÍDOS CM-30","Maranhão","-"]
["2016-01-01","ASFALTOS DILUÍDOS CM-30","Mato Grosso",3.10737306378476]
["2016-01-01","ASFALTOS DILUÍDOS CM-30","Mato Grosso do Sul","-"]
["2016-01-01","ASFALTOS DILUÍDOS CM-30","Minas Gerais",2.2423714141725]
["2016-01-01","ASFALTOS DILUÍDOS CM-30","Pará","-"]
["2016-01-01","ASFALTOS DILUÍDOS CM-30","Paraíba","-"]
["2016-01-01","ASFALTOS DILUÍDOS CM-30","Paraná",2.21943131661489]
["2016-01-01","ASFALTOS DILUÍDOS CM-30","Pernambuco","-"]
["2016-01-01","ASFALTOS DILUÍDOS CM-30","Piauí","-"]
["2016-01-01","ASFALTOS DILUÍDOS CM-30","Rio de Janeiro",2.29771231286168]
["2016-01-01","ASFALTOS DILUÍDOS CM-30","Rio Grande do Norte","-"]
["2016-01-01","ASFALTOS DILUÍDOS CM-30","Rio Grande do Sul",2.2461993368984]
["2016-01-01","ASFALTOS DILUÍDOS CM-30","Rondônia","-"]
["2016-01-01","ASFALTOS DILUÍDOS CM-30","Roraima","-"]
["2016-01-01","ASFALTOS DILUÍDOS CM-30","Santa Catarina","-"]
["2016-01-01","ASFALTOS DILUÍDOS CM-30","São Paulo",2.25606373189557]
["2016-01-01","ASFALTOS DILUÍDOS CM-30","Sergipe","-"]
["2016-01-01","ASFALTOS DILUÍDOS CM-30","Tocantins","-"]
["2016-02-01","ASFALTOS DILUÍDOS CM-30","Acre","-"]
["2016-02-01","ASFALTOS DILUÍDOS CM-30","Alagoas","-"]
["2016-02-01","ASFALTOS DILUÍDOS CM-30","Amapá","-"]
["2016-02-01","ASFALTOS DILUÍDOS CM-30","Amazonas",2.44558231662139]
["2016-02-01","ASFALTOS DILUÍDOS CM-30","Bahia",2.58774623113456]
["2016-02-01","ASFALTOS DILUÍDOS CM-30","Ceará",2.41433945147726]
["2016-02-01","ASFALTOS DILUÍDOS CM-30","Distrito Federal","-"]
["2016-02-01","ASFALTOS DILUÍDOS CM-30","Espírito Santo","-"]
["2016-02-01","ASFALTOS DILUÍDOS CM-30","Goiás","-"]
["2016-02-01","ASFALTOS DILUÍDOS CM-30","Maranhão","-"]
["2016-02-01","ASFALTOS DILUÍDOS CM-30","Mato Grosso",2.98048776108051]
["2016-02-01","ASFALTOS DILUÍDOS CM-30","Mato Grosso do Sul","-"]
["2016-02-01","ASFALTOS DILUÍDOS CM-30","Minas Gerais",2.24827211033116]
["2016-02-01","ASFALTOS DILUÍDOS CM-30","Pará","-"]
["2016-02-01","ASFALTOS DILUÍDOS CM-30","Paraíba","-"]
["2016-02-01","ASFALTOS DILUÍDOS CM-30","Paraná",2.38183840643211]
["2016-02-01","ASFALTOS DILUÍDOS CM-30","Pernambuco","-"]
["2016-02-01","ASFALTOS DILUÍDOS CM-30","Piauí","-"]
["2016-02-01","ASFALTOS DILUÍDOS CM-30","Rio de Janeiro","-"]
["2016-02-01","ASFALTOS DILUÍDOS CM-30","Rio Grande do Norte","-"]
["2016-02-01","ASFALTOS DILUÍDOS CM-30","Rio Grande do Sul",2.32111475182459]
["2016-02-01","ASFALTOS DILUÍDOS CM-30","Rondônia","-"]
["2016-02-01","ASFALTOS DILUÍDOS CM-30","Roraima","-"]
["2016-02-01","ASFALTOS DILUÍDOS CM-30","Santa Catarina","-"]
["2016-02-01","ASFALTOS DILUÍDOS CM-30","São Paulo",2.42290833780745]
["2016-02-01","ASFALTOS DILUÍDOS CM-30","Sergipe","-"]
["2016-02-01","ASFALTOS DILUÍDOS CM-30","Tocantins","-"]
["2016-03-01","ASFALTOS DILUÍDOS CM-30","Acre","-"]
["2016-03-01","ASFALTOS DILUÍDOS CM-30","Alagoas","-"]
["2016-03-01","ASFALTOS DILUÍDOS CM-30","Amapá","-"]
["2016-03-01","ASFALTOS DILUÍDOS CM-30","Amazonas",2.30184748133145]
["2016-03-01","ASFALTOS DILUÍDOS CM-30","Bahia",2.60295867221644]
["2016-03-01","ASFALTOS DILUÍDOS CM-30","Ceará",2.41115784505349]
["2016-03-01","ASFALTOS DILUÍDOS CM-30","Distrito Federal","-"]
["2016-03-01","ASFALTOS DILUÍDOS CM-30","Espírito Santo","-"]
["2016-03-01","ASFALTOS DILUÍDOS CM-30","Goiás",2.71194229075726]
["2016-03-01","ASFALTOS DILUÍDOS CM-30","Maranhão","-"]
["2016-03-01","ASFALTOS DILUÍDOS CM-30","Mato Grosso",2.98658815172791]
["2016-03-01","ASFALTOS DILUÍDOS CM-30","Mato Grosso do Sul","-"]
["2016-03-01","ASFALTOS DILUÍDOS CM-30","Minas Gerais",2.21012645185412]
["2016-03-01","ASFALTOS DILUÍDOS CM-30","Pará","-"]
["2016-03-01","ASFALTOS DILUÍDOS CM-30","Paraíba","-"]
["2016-03-01","ASFALTOS DILUÍDOS CM-30","Paraná",2.57176083089107]
["2016-03-01","ASFALTOS DILUÍDOS CM-30","Pernambuco","-"]
["2016-03-01","ASFALTOS DILUÍDOS CM-30","Piauí","-"]
["2016-03-01","ASFALTOS DILUÍDOS CM-30","Rio de Janeiro",2.10245230152176]
["2016-03-01","ASFALTOS DILUÍDOS CM-30","Rio Grande do Norte","-"]
["2016-03-01","ASFALTOS DILUÍDOS CM-30","Rio Grande do Sul",2.23808765281552]
["2016-03-01","ASFALTOS DILUÍDOS CM-30","Rondônia","-"]
["2016-03-01","ASFALTOS DILUÍDOS CM-30","Roraima","-"]
["2016-03-01","ASFALTOS DILUÍDOS CM-30","Santa Catarina","-"]
["2016-03-01","ASFALTOS DILUÍDOS CM-30","São Paulo",2.35783788814861]
["2016-03-01","ASFALTOS DILUÍDOS CM-30","Sergipe","-"]
["2016-03-01","ASFALTOS DILUÍDOS CM-30","Tocantins","-"]
["2016-04-01","ASFALTOS DILUÍDOS CM-30","Acre","-"]
["2016-04-01","ASFALTOS DILUÍDOS CM-30","Alagoas","-"]
["2016-04-01","ASFALTOS DILUÍDOS CM-30","Amapá","-"]
["2016-04-01","ASFALTOS DILUÍDOS CM-30","Amazonas","-"]
["2016-04-01","ASFALTOS DILUÍDOS CM-30","Bahia",2.7312179952104]
["2016-04-01","ASFALTOS DILUÍDOS CM-30","Ceará",2.74674424261456]
["2016-04-01","ASFALTOS DILUÍDOS CM-30","Distrito Federal","-"]
["2016-04-01","ASFALTOS DILUÍDOS CM-30","Espírito Santo","-"]
["2016-04-01","ASFALTOS DILUÍDOS CM-30","Goiás",2.67702269252963]
["2016-04-01","ASFALTOS DILUÍDOS CM-30","Maranhão","-"]
["2016-04-01","ASFALTOS DILUÍDOS CM-30","Mato Grosso",3.02602577678636]
["2016-04-01","ASFALTOS DILUÍDOS CM-30","Mato Grosso do Sul","-"]
["2016-04-01","ASFALTOS DILUÍDOS CM-30","Minas Gerais",2.50616846926811]
["2016-04-01","ASFALTOS DILUÍDOS CM-30","Pará","-"]
["2016-04-01","ASFALTOS DILUÍDOS CM-30","Paraíba","-"]
["2016-04-01","ASFALTOS DILUÍDOS CM-30","Paraná",2.85122770713238]
["2016-04-01","ASFALTOS DILUÍDOS CM-30","Pernambuco","-"]
["2016-04-01","ASFALTOS DILUÍDOS CM-30","Piauí","-"]
["2016-04-01","ASFALTOS DILUÍDOS CM-30","Rio de Janeiro",2.61286970420392]
["2016-04-01","ASFALTOS DILUÍDOS CM-30","Rio Grande do Norte","-"]
["2016-04-01","ASFALTOS DILUÍDOS CM-30","Rio Grande do Sul",2.5896347572273]
["2016-04-01","ASFALTOS DILUÍDOS CM-30","Rondônia","-"]
["2016-04-01","ASFALTOS DILUÍDOS CM-30","Roraima","-"]
["2016-04-01","ASFALTOS DILUÍDOS CM-30","Santa Catarina","-"]
["2016-04-01","ASFALTOS DILUÍDOS CM-30","São Paulo",2.58140421719993]
["2016-04-01","ASFALTOS DILUÍDOS CM-30","Sergipe","-"]
["2016-04-01","ASFALTOS DILUÍDOS CM-30","Tocantins","-"]
["2016-05-01","ASFALTOS DILUÍDOS CM-30","Acre","-"]
["2016-05-01","ASFALTOS DILUÍDOS CM-30","Alagoas","-"]
["2016-05-01","ASFALTOS DILUÍDOS CM-30","Amapá","-"]
["2016-05-01","ASFALTOS DILUÍDOS CM-30","Amazonas","-"]
["2016-05-01","ASFALTOS DILUÍDOS CM-30","Bahia",2.74696811537447]
["2016-05-01","ASFALTOS DILUÍDOS CM-30","Ceará",2.62360721504194]
["2016-05-01","ASFALTOS DILUÍDOS CM-30","Distrito Federal","-"]
["2016-05-01","ASFALTOS DILUÍDOS CM-30","Espírito Santo","-"]
["2016-05-01","ASFALTOS DILUÍDOS CM-30","Goiás",2.68805147417289]
["2016-05-01","ASFALTOS DILUÍDOS CM-30","Maranhão","-"]
["2016-05-01","ASFALTOS DILUÍDOS CM-30","Mato Grosso",3.15696528979498]
["2016-05-01","ASFALTOS DILUÍDOS CM-30","Mato Grosso do Sul","-"]
["2016-05-01","ASFALTOS DILUÍDOS CM-30","Minas Gerais",2.58380042248148]
["2016-05-01","ASFALTOS DILUÍDOS CM-30","Pará","-"]
["2016-05-01","ASFALTOS DILUÍDOS CM-30","Paraíba","-"]
["2016-05-01","ASFALTOS DILUÍDOS CM-30","Paraná",2.93917778920308]
["2016-05-01","ASFALTOS DILUÍDOS CM-30","Pernambuco","-"]
["2016-05-01","ASFALTOS DILUÍDOS CM-30","Piauí","-"]
["2016-05-01","ASFALTOS DILUÍDOS CM-30","Rio de Janeiro",2.56684618559094]
["2016-05-01","ASFALTOS DILUÍDOS CM-30","Rio Grande do Norte","-"]
["2016-05-01","ASFALTOS DILUÍDOS CM-30","Rio Grande do Sul",2.6476469066542]
["2016-05-01","ASFALTOS DILUÍDOS CM-30","Rondônia","-"]
["2016-05-01","ASFALTOS DILUÍDOS CM-30","Roraima","-"]
["2016-05-01","ASFALTOS DILUÍDOS CM-30","Santa Catarina","-"]
["2016-05-01","ASFALTOS DILUÍDOS CM-30","São Paulo",2.56284396224493]
["2016-05-01","ASFALTOS DILUÍDOS CM-30","Sergipe","-"]
["2016-05-01","ASFALTOS DILUÍDOS CM-30","Tocantins","-"]
["2016-06-01","ASFALTOS DILUÍDOS CM-30","Acre","-"]
["2016-06-01","ASFALTOS DILUÍDOS CM-30","Alagoas","-"]
["2016-06-01","ASFALTOS DILUÍDOS CM-30","Amapá","-"]
["2016-06-01","ASFALTOS DILUÍDOS CM-30","Amazonas",2.45212809604932]
["2016-06-01","ASFALTOS DILUÍDOS CM-30","Bahia",2.69179806579067]
["2016-06-01","ASFALTOS DILUÍDOS CM-30","Ceará",2.59806292524708]
["2016-06-01","ASFALTOS DILUÍDOS CM-30","Distrito Federal","-"]
["2016-06-01","ASFALTOS DILUÍDOS CM-30","Espírito Santo","-"]
["2016-06-01","ASFALTOS DILUÍDOS CM-30","Goiás",2.80167392393197]
["2016-06-01","ASFALTOS DILUÍDOS CM-30","Maranhão","-"]
["2016-06-01","ASFALTOS DILUÍDOS CM-30","Mato Grosso",3.19308156659598]
["2016-06-01","ASFALTOS DILUÍDOS CM-30","Mato Grosso do Sul","-"]
["2016-06-01","ASFALTOS DILUÍDOS CM-30","Minas Gerais",2.69126205122646]
["2016-06-01","ASFALTOS DILUÍDOS CM-30","Pará","-"]
["2016-06-01","ASFALTOS DILUÍDOS CM-30","Paraíba","-"]
["2016-06-01","ASFALTOS DILUÍDOS CM-30","Paraná",2.78051168845379]
["2016-06-01","ASFALTOS DILUÍDOS CM-30","Pernambuco","-"]
["2016-06-01","ASFALTOS DILUÍDOS CM-30","Piauí","-"]
["2016-06-01","ASFALTOS DILUÍDOS CM-30","Rio de Janeiro",2.69517152379773]
["2016-06-01","ASFALTOS DILUÍDOS CM-30","Rio Grande do Norte","-"]
["2016-06-01","ASFALTOS DILUÍDOS CM-30","Rio Grande do Sul",2.59203067721579]
["2016-06-01","ASFALTOS DILUÍDOS CM-30","Rondônia","-"]
["2016-06-01","ASFALTOS DILUÍDOS CM-30","Roraima","-"]
["2016-06-01","ASFALTOS DILUÍDOS CM-30","Santa Catarina","-"]
["2016-06-01","ASFALTOS DILUÍDOS CM-30","São Paulo",2.55950214028801]
["2016-06-01","ASFALTOS DILUÍDOS CM-30","Sergipe","-"]
["2016-06-01","ASFALTOS DILUÍDOS CM-30","Tocantins","-"]
["2016-07-01","ASFALTOS DILUÍDOS CM-30","Acre","-"]
["2016-07-01","ASFALTOS DILUÍDOS CM-30","Alagoas","-"]
["2016-07-01","ASFALTOS DILUÍDOS CM-30","Amapá","-"]
["2016-07-01","ASFALTOS DILUÍDOS CM-30","Amazonas","-"]
["2016-07-01","ASFALTOS DILUÍDOS CM-30","Bahia",2.71138701301641]
["2016-07-01","ASFALTOS DILUÍDOS CM-30","Ceará",2.5356660574301]
["2016-07-01","ASFALTOS DILUÍDOS CM-30","Distrito Federal","-"]
["2016-07-01","ASFALTOS DILUÍDOS CM-30","Espírito Santo","-"]
["2016-07-01","ASFALTOS DILUÍDOS CM-30","Goiás",2.88655161220862]
["2016-07-01","ASFALTOS DILUÍDOS CM-30","Maranhão","-"]
["2016-07-01","ASFALTOS DILUÍDOS CM-30","Mato Grosso",3.21695032785063]
["2016-07-01","ASFALTOS DILUÍDOS CM-30","Mato Grosso do Sul","-"]
["2016-07-01","ASFALTOS DILUÍDOS CM-30","Minas Gerais",2.58830525484648]
["2016-07-01","ASFALTOS DILUÍDOS CM-30","Pará","-"]
["2016-07-01","ASFALTOS DILUÍDOS CM-30","Paraíba","-"]
["2016-07-01","ASFALTOS DILUÍDOS CM-30","Paraná",2.74955660919364]
["2016-07-01","ASFALTOS DILUÍDOS CM-30","Pernambuco","-"]
["2016-07-01","ASFALTOS DILUÍDOS CM-30","Piauí","-"]
["2016-07-01","ASFALTOS DILUÍDOS CM-30","Rio de Janeiro",2.6186810834868]
["2016-07-01","ASFALTOS DILUÍDOS CM-30","Rio Grande do Norte","-"]
["2016-07-01","ASFALTOS DILUÍDOS CM-30","Rio Grande do Sul",2.5812876305806]
["2016-07-01","ASFALTOS DILUÍDOS CM-30","Rondônia","-"]
["2016-07-01","ASFALTOS DILUÍDOS CM-30","Roraima","-"]
["2016-07-01","ASFALTOS DILUÍDOS CM-30","Santa Catarina","-"]
["2016-07-01","ASFALTOS DILUÍDOS CM-30","São Paulo",2.6258306371136]
["2016-07-01","ASFALTOS DILUÍDOS CM-30","Sergipe","-"]
["2016-07-01","ASFALTOS DILUÍDOS CM-30","Tocantins","-"]
["2016-08-01","ASFALTOS DILUÍDOS CM-30","Acre","-"]
["2016-08-01","ASFALTOS DILUÍDOS CM-30","Alagoas","-"]
["2016-08-01","ASFALTOS DILUÍDOS CM-30","Amapá","-"]
["2016-08-01","ASFALTOS DILUÍDOS CM-30","Amazonas",2.62992631232632]
["2016-08-01","ASFALTOS DILUÍDOS CM-30","Bahia",2.69866667098659]
["2016-08-01","ASFALTOS DILUÍDOS CM-30","Ceará",2.599667416777]
["2016-08-01","ASFALTOS DILUÍDOS CM-30","Distrito Federal","-"]
["2016-08-01","ASFALTOS DILUÍDOS CM-30","Espírito Santo","-"]
["2016-08-01","ASFALTOS DILUÍDOS CM-30","Goiás",2.86706929182889]
["2016-08-01","ASFALTOS DILUÍDOS CM-30","Maranhão","-"]
["2016-08-01","ASFALTOS DILUÍDOS CM-30","Mato Grosso",3.12685232355329]
["2016-08-01","ASFALTOS DILUÍDOS CM-30","Mato Grosso do Sul","-"]
["2016-08-01","ASFALTOS DILUÍDOS CM-30","Minas Gerais",2.71475314993798]
["2016-08-01","ASFALTOS DILUÍDOS CM-30","Pará","-"]
["2016-08-01","ASFALTOS DILUÍDOS CM-30","Paraíba","-"]
["2016-08-01","ASFALTOS DILUÍDOS CM-30","Paraná",2.85360938555391]
["2016-08-01","ASFALTOS DILUÍDOS CM-30","Pernambuco","-"]
["2016-08-01","ASFALTOS DILUÍDOS CM-30","Piauí","-"]
["2016-08-01","ASFALTOS DILUÍDOS CM-30","Rio de Janeiro",2.56753015610481]
["2016-08-01","ASFALTOS DILUÍDOS CM-30","Rio Grande do Norte","-"]
["2016-08-01","ASFALTOS DILUÍDOS CM-30","Rio Grande do Sul",2.64494148651129]
["2016-08-01","ASFALTOS DILUÍDOS CM-30","Rondônia","-"]
["2016-08-01","ASFALTOS DILUÍDOS CM-30","Roraima","-"]
["2016-08-01","ASFALTOS DILUÍDOS CM-30","Santa Catarina","-"]
["2016-08-01","ASFALTOS DILUÍDOS CM-30","São Paulo",2.64658306555584]
["2016-08-01","ASFALTOS DILUÍDOS CM-30","Sergipe","-"]
["2016-08-01","ASFALTOS DILUÍDOS CM-30","Tocantins","-"]
["2016-09-01","ASFALTOS DILUÍDOS CM-30","Acre","-"]
["2016-09-01","ASFALTOS DILUÍDOS CM-30","Alagoas","-"]
["2016-09-01","ASFALTOS DILUÍDOS CM-30","Amapá","-"]
["2016-09-01","ASFALTOS DILUÍDOS CM-30","Amazonas","-"]
["2016-09-01","ASFALTOS DILUÍDOS CM-30","Bahia",2.63728019154044]
["2016-09-01","ASFALTOS DILUÍDOS CM-30","Ceará",2.44889151019734]
["2016-09-01","ASFALTOS DILUÍDOS CM-30","Distrito Federal","-"]
["2016-09-01","ASFALTOS DILUÍDOS CM-30","Espírito Santo","-"]
["2016-09-01","ASFALTOS DILUÍDOS CM-30","Goiás",2.7830674796008]
["2016-09-01","ASFALTOS DILUÍDOS CM-30","Maranhão","-"]
["2016-09-01","ASFALTOS DILUÍDOS CM-30","Mato Grosso",2.8643657377691]
["2016-09-01","ASFALTOS DILUÍDOS CM-30","Mato Grosso do Sul","-"]
["2016-09-01","ASFALTOS DILUÍDOS CM-30","Minas Gerais",2.49187398404475]
["2016-09-01","ASFALTOS DILUÍDOS CM-30","Pará","-"]
["2016-09-01","ASFALTOS DILUÍDOS CM-30","Paraíba","-"]
["2016-09-01","ASFALTOS DILUÍDOS CM-30","Paraná",2.44212000733102]
["2016-09-01","ASFALTOS DILUÍDOS CM-30","Pernambuco","-"]
["2016-09-01","ASFALTOS DILUÍDOS CM-30","Piauí","-"]
["2016-09-01","ASFALTOS DILUÍDOS CM-30","Rio de Janeiro",2.44856226175168]
["2016-09-01","ASFALTOS DILUÍDOS CM-30","Rio Grande do Norte","-"]
["2016-09-01","ASFALTOS DILUÍDOS CM-30","Rio Grande do Sul",2.33305693652133]
["2016-09-01","ASFALTOS DILUÍDOS CM-30","Rondônia","-"]
["2016-09-01","ASFALTOS DILUÍDOS CM-30","Roraima","-"]
["2016-09-01","ASFALTOS DILUÍDOS CM-30","Santa Catarina","-"]
["2016-09-01","ASFALTOS DILUÍDOS CM-30","São Paulo",2.61075315495322]
["2016-09-01","ASFALTOS DILUÍDOS CM-30","Sergipe","-"]
["2016-09-01","ASFALTOS DILUÍDOS CM-30","Tocantins","-"]
["2016-10-01","ASFALTOS DILUÍDOS CM-30","Acre","-"]
["2016-10-01","ASFALTOS DILUÍDOS CM-30","Alagoas","-"]
["2016-10-01","ASFALTOS DILUÍDOS CM-30","Amapá","-"]
["2016-10-01","ASFALTOS DILUÍDOS CM-30","Amazonas","-"]
["2016-10-01","ASFALTOS DILUÍDOS CM-30","Bahia",2.50174362139092]
["2016-10-01","ASFALTOS DILUÍDOS CM-30","Ceará",2.39407265151098]
["2016-10-01","ASFALTOS DILUÍDOS CM-30","Distrito Federal","-"]
["2016-10-01","ASFALTOS DILUÍDOS CM-30","Espírito Santo","-"]
["2016-10-01","ASFALTOS DILUÍDOS CM-30","Goiás",2.76757571817656]
["2016-10-01","ASFALTOS DILUÍDOS CM-30","Maranhão","-"]
["2016-10-01","ASFALTOS DILUÍDOS CM-30","Mato Grosso",2.88032397469623]
["2016-10-01","ASFALTOS DILUÍDOS CM-30","Mato Grosso do Sul","-"]
["2016-10-01","ASFALTOS DILUÍDOS CM-30","Minas Gerais",2.51627905471119]
["2016-10-01","ASFALTOS DILUÍDOS CM-30","Pará",2.66643202776815]
["2016-10-01","ASFALTOS DILUÍDOS CM-30","Paraíba","-"]
["2016-10-01","ASFALTOS DILUÍDOS CM-30","Paraná",2.42968342772716]
["2016-10-01","ASFALTOS DILUÍDOS CM-30","Pernambuco","-"]
["2016-10-01","ASFALTOS DILUÍDOS CM-30","Piauí","-"]
["2016-10-01","ASFALTOS DILUÍDOS CM-30","Rio de Janeiro",2.30201781027668]
["2016-10-01","ASFALTOS DILUÍDOS CM-30","Rio Grande do Norte","-"]
["2016-10-01","ASFALTOS DILUÍDOS CM-30","Rio Grande do Sul",2.36393188404683]
["2016-10-01","ASFALTOS DILUÍDOS CM-30","Rondônia","-"]
["2016-10-01","ASFALTOS DILUÍDOS CM-30","Roraima","-"]
["2016-10-01","ASFALTOS DILUÍDOS CM-30","Santa Catarina","-"]
["2016-10-01","ASFALTOS DILUÍDOS CM-30","São Paulo",2.54413469853925]
["2016-10-01","ASFALTOS DILUÍDOS CM-30","Sergipe","-"]
["2016-10-01","ASFALTOS DILUÍDOS CM-30","Tocantins","-"]
["2016-11-01","ASFALTOS DILUÍDOS CM-30","Acre","-"]
["2016-11-01","ASFALTOS DILUÍDOS CM-30","Alagoas","-"]
["2016-11-01","ASFALTOS DILUÍDOS CM-30","Amapá","-"]
["2016-11-01","ASFALTOS DILUÍDOS CM-30","Amazonas",2.28436678995937]
["2016-11-01","ASFALTOS DILUÍDOS CM-30","Bahia","-"]
["2016-11-01","ASFALTOS DILUÍDOS CM-30","Ceará",2.33285744668218]
["2016-11-01","ASFALTOS DILUÍDOS CM-30","Distrito Federal","-"]
["2016-11-01","ASFALTOS DILUÍDOS CM-30","Espírito Santo","-"]
["2016-11-01","ASFALTOS DILUÍDOS CM-30","Goiás",3.23339792344899]
["2016-11-01","ASFALTOS DILUÍDOS CM-30","Maranhão","-"]
["2016-11-01","ASFALTOS DILUÍDOS CM-30","Mato Grosso",2.74931245752393]
["2016-11-01","ASFALTOS DILUÍDOS CM-30","Mato Grosso do Sul","-"]
["2016-11-01","ASFALTOS DILUÍDOS CM-30","Minas Gerais",2.41731149098345]
["2016-11-01","ASFALTOS DILUÍDOS CM-30","Pará","-"]
["2016-11-01","ASFALTOS DILUÍDOS CM-30","Paraíba","-"]
["2016-11-01","ASFALTOS DILUÍDOS CM-30","Paraná",2.46863063481381]
["2016-11-01","ASFALTOS DILUÍDOS CM-30","Pernambuco","-"]
["2016-11-01","ASFALTOS DILUÍDOS CM-30","Piauí","-"]
["2016-11-01","ASFALTOS DILUÍDOS CM-30","Rio de Janeiro","-"]
["2016-11-01","ASFALTOS DILUÍDOS CM-30","Rio Grande do Norte","-"]
["2016-11-01","ASFALTOS DILUÍDOS CM-30","Rio Grande do Sul",2.30848068179187]
["2016-11-01","ASFALTOS DILUÍDOS CM-30","Rondônia","-"]
["2016-11-01","ASFALTOS DILUÍDOS CM-30","Roraima","-"]
["2016-11-01","ASFALTOS DILUÍDOS CM-30","Santa Catarina","-"]
["2016-11-01","ASFALTOS DILUÍDOS CM-30","São Paulo",2.60433681815265]
["2016-11-01","ASFALTOS DILUÍDOS CM-30","Sergipe","-"]
["2016-11-01","ASFALTOS DILUÍDOS CM-30","Tocantins","-"]
["2016-12-01","ASFALTOS DILUÍDOS CM-30","Acre","-"]
["2016-12-01","ASFALTOS DILUÍDOS CM-30","Alagoas","-"]
["2016-12-01","ASFALTOS DILUÍDOS CM-30","Amapá","-"]
["2016-12-01","ASFALTOS DILUÍDOS CM-30","Amazonas",2.28305331563096]
["2016-12-01","ASFALTOS DILUÍDOS CM-30","Bahia",3.00306892957253]
["2016-12-01","ASFALTOS DILUÍDOS CM-30","Ceará",2.21891819632585]
["2016-12-01","ASFALTOS DILUÍDOS CM-30","Distrito Federal","-"]
["2016-12-01","ASFALTOS DILUÍDOS CM-30","Espírito Santo","-"]
["2016-12-01","ASFALTOS DILUÍDOS CM-30","Goiás","-"]
["2016-12-01","ASFALTOS DILUÍDOS CM-30","Maranhão","-"]
["2016-12-01","ASFALTOS DILUÍDOS CM-30","Mato Grosso",2.86553210725425]
["2016-12-01","ASFALTOS DILUÍDOS CM-30","Mato Grosso do Sul","-"]
["2016-12-01","ASFALTOS DILUÍDOS CM-30","Minas Gerais",2.62741746426437]
["2016-12-01","ASFALTOS DILUÍDOS CM-30","Pará","-"]
["2016-12-01","ASFALTOS DILUÍDOS CM-30","Paraíba","-"]
["2016-12-01","ASFALTOS DILUÍDOS CM-30","Paraná",2.51078622131175]
["2016-12-01","ASFALTOS DILUÍDOS CM-30","Pernambuco","-"]
["2016-12-01","ASFALTOS DILUÍDOS CM-30","Piauí","-"]
["2016-12-01","ASFALTOS DILUÍDOS CM-30","Rio de Janeiro","-"]
["2016-12-01","ASFALTOS DILUÍDOS CM-30","Rio Grande do Norte","-"]
["2016-12-01","ASFALTOS DILUÍDOS CM-30","Rio Grande do Sul",2.281047333007]
["2016-12-01","ASFALTOS DILUÍDOS CM-30","Rondônia","-"]
["2016-12-01","ASFALTOS DILUÍDOS CM-30","Roraima","-"]
["2016-12-01","ASFALTOS DILUÍDOS CM-30","Santa Catarina","-"]
["2016-12-01","ASFALTOS DILUÍDOS CM-30","São Paulo",2.55820331198411]
["2016-12-01","ASFALTOS DILUÍDOS CM-30","Sergipe","-"]
["2016-12-01","ASFALTOS DILUÍDOS CM-30","Tocantins","-"]
["2017-01-01","ASFALTOS DILUÍDOS CM-30","Acre","-"]
["2017-01-01","ASFALTOS DILUÍDOS CM-30","Alagoas","-"]
["2017-01-01","ASFALTOS DILUÍDOS CM-30","Amapá","-"]
["2017-01-01","ASFALTOS DILUÍDOS CM-30","Amazonas","-"]
["2017-01-01","ASFALTOS DILUÍDOS CM-30","Bahia","-"]
["2017-01-01","ASFALTOS DILUÍDOS CM-30","Ceará",2.189809582145]
["2017-01-01","ASFALTOS DILUÍDOS CM-30","Distrito Federal","-"]
["2017-01-01","ASFALTOS DILUÍDOS CM-30","Espírito Santo","-"]
["2017-01-01","ASFALTOS DILUÍDOS CM-30","Goiás","-"]
["2017-01-01","ASFALTOS DILUÍDOS CM-30","Maranhão","-"]
["2017-01-01","ASFALTOS DILUÍDOS CM-30","Mato Grosso",2.83953294520548]
["2017-01-01","ASFALTOS DILUÍDOS CM-30","Mato Grosso do Sul","-"]
["2017-01-01","ASFALTOS DILUÍDOS CM-30","Minas Gerais",2.51922935807608]
["2017-01-01","ASFALTOS DILUÍDOS CM-30","Pará","-"]
["2017-01-01","ASFALTOS DILUÍDOS CM-30","Paraíba","-"]
["2017-01-01","ASFALTOS DILUÍDOS CM-30","Paraná",2.4342778643485]
["2017-01-01","ASFALTOS DILUÍDOS CM-30","Pernambuco","-"]
["2017-01-01","ASFALTOS DILUÍDOS CM-30","Piauí","-"]
["2017-01-01","ASFALTOS DILUÍDOS CM-30","Rio de Janeiro","-"]
["2017-01-01","ASFALTOS DILUÍDOS CM-30","Rio Grande do Norte","-"]
["2017-01-01","ASFALTOS DILUÍDOS CM-30","Rio Grande do Sul",2.34386760416243]
["2017-01-01","ASFALTOS DILUÍDOS CM-30","Rondônia","-"]
["2017-01-01","ASFALTOS DILUÍDOS CM-30","Roraima","-"]
["2017-01-01","ASFALTOS DILUÍDOS CM-30","Santa Catarina","-"]
["2017-01-01","ASFALTOS DILUÍDOS CM-30","São Paulo",2.61076818988791]
["2017-01-01","ASFALTOS DILUÍDOS CM-30","Sergipe","-"]
["2017-01-01","ASFALTOS DILUÍDOS CM-30","Tocantins","-"]
["2017-02-01","ASFALTOS DILUÍDOS CM-30","Acre","-"]
["2017-02-01","ASFALTOS DILUÍDOS CM-30","Alagoas","-"]
["2017-02-01","ASFALTOS DILUÍDOS CM-30","Amapá","-"]
["2017-02-01","ASFALTOS DILUÍDOS CM-30","Amazonas","-"]
["2017-02-01","ASFALTOS DILUÍDOS CM-30","Bahia","-"]
["2017-02-01","ASFALTOS DILUÍDOS CM-30","Ceará",2.23393918478047]
["2017-02-01","ASFALTOS DILUÍDOS CM-30","Distrito Federal","-"]
["2017-02-01","ASFALTOS DILUÍDOS CM-30","Espírito Santo","-"]
["2017-02-01","ASFALTOS DILUÍDOS CM-30","Goiás","-"]
["2017-02-01","ASFALTOS DILUÍDOS CM-30","Maranhão","-"]
["2017-02-01","ASFALTOS DILUÍDOS CM-30","Mato Grosso",2.77310964349535]
["2017-02-01","ASFALTOS DILUÍDOS CM-30","Mato Grosso do Sul","-"]
["2017-02-01","ASFALTOS DILUÍDOS CM-30","Minas Gerais",2.58192616183054]
["2017-02-01","ASFALTOS DILUÍDOS CM-30","Pará","-"]
["2017-02-01","ASFALTOS DILUÍDOS CM-30","Paraíba","-"]
["2017-02-01","ASFALTOS DILUÍDOS CM-30","Paraná",2.54199594667823]
["2017-02-01","ASFALTOS DILUÍDOS CM-30","Pernambuco","-"]
["2017-02-01","ASFALTOS DILUÍDOS CM-30","Piauí","-"]
["2017-02-01","ASFALTOS DILUÍDOS CM-30","Rio de Janeiro","-"]
["2017-02-01","ASFALTOS DILUÍDOS CM-30","Rio Grande do Norte","-"]
["2017-02-01","ASFALTOS DILUÍDOS CM-30","Rio Grande do Sul",2.26068958379578]
["2017-02-01","ASFALTOS DILUÍDOS CM-30","Rondônia","-"]
["2017-02-01","ASFALTOS DILUÍDOS CM-30","Roraima","-"]
["2017-02-01","ASFALTOS DILUÍDOS CM-30","Santa Catarina","-"]
["2017-02-01","ASFALTOS DILUÍDOS CM-30","São Paulo",2.55418874692664]
["2017-02-01","ASFALTOS DILUÍDOS CM-30","Sergipe","-"]
["2017-02-01","ASFALTOS DILUÍDOS CM-30","Tocantins","-"]
["2017-03-01","ASFALTOS DILUÍDOS CM-30","Acre","-"]
["2017-03-01","ASFALTOS DILUÍDOS CM-30","Alagoas","-"]
["2017-03-01","ASFALTOS DILUÍDOS CM-30","Amapá","-"]
["2017-03-01","ASFALTOS DILUÍDOS CM-30","Amazonas","-"]
["2017-03-01","ASFALTOS DILUÍDOS CM-30","Bahia",2.80708220166296]
["2017-03-01","ASFALTOS DILUÍDOS CM-30","Ceará",2.30731857496528]
["2017-03-01","ASFALTOS DILUÍDOS CM-30","Distrito Federal","-"]
["2017-03-01","ASFALTOS DILUÍDOS CM-30","Espírito Santo","-"]
["2017-03-01","ASFALTOS DILUÍDOS CM-30","Goiás","-"]
["2017-03-01","ASFALTOS DILUÍDOS CM-30","Maranhão","-"]
["2017-03-01","ASFALTOS DILUÍDOS CM-30","Mato Grosso",2.78803547100712]
["2017-03-01","ASFALTOS DILUÍDOS CM-30","Mato Grosso do Sul","-"]
["2017-03-01","ASFALTOS DILUÍDOS CM-30","Minas Gerais",2.35070182869467]
["2017-03-01","ASFALTOS DILUÍDOS CM-30","Pará","-"]
["2017-03-01","ASFALTOS DILUÍDOS CM-30","Paraíba","-"]
["2017-03-01","ASFALTOS DILUÍDOS CM-30","Paraná",2.39121265913723]
["2017-03-01","ASFALTOS DILUÍDOS CM-30","Pernambuco","-"]
["2017-03-01","ASFALTOS DILUÍDOS CM-30","Piauí","-"]
["2017-03-01","ASFALTOS DILUÍDOS CM-30","Rio de Janeiro",2.28054685417804]
["2017-03-01","ASFALTOS DILUÍDOS CM-30","Rio Grande do Norte","-"]
["2017-03-01","ASFALTOS DILUÍDOS CM-30","Rio Grande do Sul",2.23865221739534]
["2017-03-01","ASFALTOS DILUÍDOS CM-30","Rondônia","-"]
["2017-03-01","ASFALTOS DILUÍDOS CM-30","Roraima","-"]
["2017-03-01","ASFALTOS DILUÍDOS CM-30","Santa Catarina","-"]
["2017-03-01","ASFALTOS DILUÍDOS CM-30","São Paulo",2.50842696790516]
["2017-03-01","ASFALTOS DILUÍDOS CM-30","Sergipe","-"]
["2017-03-01","ASFALTOS DILUÍDOS CM-30","Tocantins","-"]
["2017-04-01","ASFALTOS DILUÍDOS CM-30","Acre","-"]
["2017-04-01","ASFALTOS DILUÍDOS CM-30","Alagoas","-"]
["2017-04-01","ASFALTOS DILUÍDOS CM-30","Amapá","-"]
["2017-04-01","ASFALTOS DILUÍDOS CM-30","Amazonas",2.43790953372223]
["2017-04-01","ASFALTOS DILUÍDOS CM-30","Bahia","-"]
["2017-04-01","ASFALTOS DILUÍDOS CM-30","Ceará",2.21281075346749]
["2017-04-01","ASFALTOS DILUÍDOS CM-30","Distrito Federal","-"]
["2017-04-01","ASFALTOS DILUÍDOS CM-30","Espírito Santo","-"]
["2017-04-01","ASFALTOS DILUÍDOS CM-30","Goiás",2.9329097686984]
["2017-04-01","ASFALTOS DILUÍDOS CM-30","Maranhão","-"]
["2017-04-01","ASFALTOS DILUÍDOS CM-30","Mato Grosso",2.60340401549841]
["2017-04-01","ASFALTOS DILUÍDOS CM-30","Mato Grosso do Sul","-"]
["2017-04-01","ASFALTOS DILUÍDOS CM-30","Minas Gerais",2.22790086867579]
["2017-04-01","ASFALTOS DILUÍDOS CM-30","Pará","-"]
["2017-04-01","ASFALTOS DILUÍDOS CM-30","Paraíba","-"]
["2017-04-01","ASFALTOS DILUÍDOS CM-30","Paraná",2.25549139280211]
["2017-04-01","ASFALTOS DILUÍDOS CM-30","Pernambuco","-"]
["2017-04-01","ASFALTOS DILUÍDOS CM-30","Piauí","-"]
["2017-04-01","ASFALTOS DILUÍDOS CM-30","Rio de Janeiro","-"]
["2017-04-01","ASFALTOS DILUÍDOS CM-30","Rio Grande do Norte","-"]
["2017-04-01","ASFALTOS DILUÍDOS CM-30","Rio Grande do Sul",2.25721622826633]
["2017-04-01","ASFALTOS DILUÍDOS CM-30","Rondônia","-"]
["2017-04-01","ASFALTOS DILUÍDOS CM-30","Roraima","-"]
["2017-04-01","ASFALTOS DILUÍDOS CM-30","Santa Catarina","-"]
["2017-04-01","ASFALTOS DILUÍDOS CM-30","São Paulo",2.54602692440896]
["2017-04-01","ASFALTOS DILUÍDOS CM-30","Sergipe","-"]
["2017-04-01","ASFALTOS DILUÍDOS CM-30","Tocantins","-"]
["2017-05-01","ASFALTOS DILUÍDOS CM-30","Acre","-"]
["2017-05-01","ASFALTOS DILUÍDOS CM-30","Alagoas","-"]
["2017-05-01","ASFALTOS DILUÍDOS CM-30","Amapá","-"]
["2017-05-01","ASFALTOS DILUÍDOS CM-30","Amazonas",2.10724145884157]
["2017-05-01","ASFALTOS DILUÍDOS CM-30","Bahia",2.82550761737269]
["2017-05-01","ASFALTOS DILUÍDOS CM-30","Ceará",2.12321369561155]
["2017-05-01","ASFALTOS DILUÍDOS CM-30","Distrito Federal","-"]
["2017-05-01","ASFALTOS DILUÍDOS CM-30","Espírito Santo","-"]
["2017-05-01","ASFALTOS DILUÍDOS CM-30","Goiás","-"]
["2017-05-01","ASFALTOS DILUÍDOS CM-30","Maranhão","-"]
["2017-05-01","ASFALTOS DILUÍDOS CM-30","Mato Grosso",2.65091949305375]
["2017-05-01","ASFALTOS DILUÍDOS CM-30","Mato Grosso do Sul","-"]
["2017-05-01","ASFALTOS DILUÍDOS CM-30","Minas Gerais",2.21155166942484]
["2017-05-01","ASFALTOS DILUÍDOS CM-30","Pará","-"]
["2017-05-01","ASFALTOS DILUÍDOS CM-30","Paraíba","-"]
["2017-05-01","ASFALTOS DILUÍDOS CM-30","Paraná",2.2482531859736]
["2017-05-01","ASFALTOS DILUÍDOS CM-30","Pernambuco","-"]
["2017-05-01","ASFALTOS DILUÍDOS CM-30","Piauí","-"]
["2017-05-01","ASFALTOS DILUÍDOS CM-30","Rio de Janeiro",2.04979930631333]
["2017-05-01","ASFALTOS DILUÍDOS CM-30","Rio Grande do Norte","-"]
["2017-05-01","ASFALTOS DILUÍDOS CM-30","Rio Grande do Sul",2.16733455117279]
["2017-05-01","ASFALTOS DILUÍDOS CM-30","Rondônia","-"]
["2017-05-01","ASFALTOS DILUÍDOS CM-30","Roraima","-"]
["2017-05-01","ASFALTOS DILUÍDOS CM-30","Santa Catarina","-"]
["2017-05-01","ASFALTOS DILUÍDOS CM-30","São Paulo",2.43104855800119]
["2017-05-01","ASFALTOS DILUÍDOS CM-30","Sergipe","-"]
["2017-05-01","ASFALTOS DILUÍDOS CM-30","Tocantins","-"]
["2017-06-01","ASFALTOS DILUÍDOS CM-30","Acre","-"]
["2017-06-01","ASFALTOS DILUÍDOS CM-30","Alagoas","-"]
["2017-06-01","ASFALTOS DILUÍDOS CM-30","Amapá","-"]
["2017-06-01","ASFALTOS DILUÍDOS CM-30","Amazonas",2.19144988091238]
["2017-06-01","ASFALTOS DILUÍDOS CM-30","Bahia",2.66915663002748]
["2017-06-01","ASFALTOS DILUÍDOS CM-30","Ceará",2.14968811298726]
["2017-06-01","ASFALTOS DILUÍDOS CM-30","Distrito Federal","-"]
["2017-06-01","ASFALTOS DILUÍDOS CM-30","Espírito Santo","-"]
["2017-06-01","ASFALTOS DILUÍDOS CM-30","Goiás",2.86526996674136]
["2017-06-01","ASFALTOS DILUÍDOS CM-30","Maranhão","-"]
["2017-06-01","ASFALTOS DILUÍDOS CM-30","Mato Grosso",2.69060010569432]
["2017-06-01","ASFALTOS DILUÍDOS CM-30","Mato Grosso do Sul","-"]
["2017-06-01","ASFALTOS DILUÍDOS CM-30","Minas Gerais",2.19956359743698]
["2017-06-01","ASFALTOS DILUÍDOS CM-30","Pará","-"]
["2017-06-01","ASFALTOS DILUÍDOS CM-30","Paraíba","-"]
["2017-06-01","ASFALTOS DILUÍDOS CM-30","Paraná",2.36627718263577]
["2017-06-01","ASFALTOS DILUÍDOS CM-30","Pernambuco","-"]
["2017-06-01","ASFALTOS DILUÍDOS CM-30","Piauí","-"]
["2017-06-01","ASFALTOS DILUÍDOS CM-30","Rio de Janeiro",2.12218754138945]
["2017-06-01","ASFALTOS DILUÍDOS CM-30","Rio Grande do Norte","-"]
["2017-06-01","ASFALTOS DILUÍDOS CM-30","Rio Grande do Sul",2.26659808859767]
["2017-06-01","ASFALTOS DILUÍDOS CM-30","Rondônia","-"]
["2017-06-01","ASFALTOS DILUÍDOS CM-30","Roraima","-"]
["2017-06-01","ASFALTOS DILUÍDOS CM-30","Santa Catarina","-"]
["2017-06-01","ASFALTOS DILUÍDOS CM-30","São Paulo",2.34297590371948]
["2017-06-01","ASFALTOS DILUÍDOS CM-30","Sergipe","-"]
["2017-06-01","ASFALTOS DILUÍDOS CM-30","Tocantins","-"]
["2017-07-01","ASFALTOS DILUÍDOS CM-30","Acre","-"]
["2017-07-01","ASFALTOS DILUÍDOS CM-30","Alagoas","-"]
["2017-07-01","ASFALTOS DILUÍDOS CM-30","Amapá","-"]
["2017-07-01","ASFALTOS DILUÍDOS CM-30","Amazonas",2.34307417222413]
["2017-07-01","ASFALTOS DILUÍDOS CM-30","Bahia","-"]
["2017-07-01","ASFALTOS DILUÍDOS CM-30","Ceará",2.20496992752621]
["2017-07-01","ASFALTOS DILUÍDOS CM-30","Distrito Federal","-"]
["2017-07-01","ASFALTOS DILUÍDOS CM-30","Espírito Santo","-"]
["2017-07-01","ASFALTOS DILUÍDOS CM-30","Goiás","-"]
["2017-07-01","ASFALTOS DILUÍDOS CM-30","Maranhão","-"]
["2017-07-01","ASFALTOS DILUÍDOS CM-30","Mato Grosso",2.66212600120709]
["2017-07-01","ASFALTOS DILUÍDOS CM-30","Mato Grosso do Sul","-"]
["2017-07-01","ASFALTOS DILUÍDOS CM-30","Minas Gerais",2.45341350842382]
["2017-07-01","ASFALTOS DILUÍDOS CM-30","Pará","-"]
["2017-07-01","ASFALTOS DILUÍDOS CM-30","Paraíba","-"]
["2017-07-01","ASFALTOS DILUÍDOS CM-30","Paraná",2.3514182303854]
["2017-07-01","ASFALTOS DILUÍDOS CM-30","Pernambuco","-"]
["2017-07-01","ASFALTOS DILUÍDOS CM-30","Piauí","-"]
["2017-07-01","ASFALTOS DILUÍDOS CM-30","Rio de Janeiro","-"]
["2017-07-01","ASFALTOS DILUÍDOS CM-30","Rio Grande do Norte","-"]
["2017-07-01","ASFALTOS DILUÍDOS CM-30","Rio Grande do Sul",2.21223177878028]
["2017-07-01","ASFALTOS DILUÍDOS CM-30","Rondônia","-"]
["2017-07-01","ASFALTOS DILUÍDOS CM-30","Roraima","-"]
["2017-07-01","ASFALTOS DILUÍDOS CM-30","Santa Catarina","-"]
["2017-07-01","ASFALTOS DILUÍDOS CM-30","São Paulo",2.33472958518648]
["2017-07-01","ASFALTOS DILUÍDOS CM-30","Sergipe","-"]
["2017-07-01","ASFALTOS DILUÍDOS CM-30","Tocantins","-"]
["2017-08-01","ASFALTOS DILUÍDOS CM-30","Acre","-"]
["2017-08-01","ASFALTOS DILUÍDOS CM-30","Alagoas","-"]
["2017-08-01","ASFALTOS DILUÍDOS CM-30","Amapá","-"]
["2017-08-01","ASFALTOS DILUÍDOS CM-30","Amazonas",2.2035632961867]
["2017-08-01","ASFALTOS DILUÍDOS CM-30","Bahia","-"]
["2017-08-01","ASFALTOS DILUÍDOS CM-30","Ceará",2.13515372385091]
["2017-08-01","ASFALTOS DILUÍDOS CM-30","Distrito Federal","-"]
["2017-08-01","ASFALTOS DILUÍDOS CM-30","Espírito Santo","-"]
["2017-08-01","ASFALTOS DILUÍDOS CM-30","Goiás",2.64086281056746]
["2017-08-01","ASFALTOS DILUÍDOS CM-30","Maranhão","-"]
["2017-08-01","ASFALTOS DILUÍDOS CM-30","Mato Grosso",2.62104767727109]
["2017-08-01","ASFALTOS DILUÍDOS CM-30","Mato Grosso do Sul","-"]
["2017-08-01","ASFALTOS DILUÍDOS CM-30","Minas Gerais",2.37789843914754]
["2017-08-01","ASFALTOS DILUÍDOS CM-30","Pará",2.70057764625575]
["2017-08-01","ASFALTOS DILUÍDOS CM-30","Paraíba","-"]
["2017-08-01","ASFALTOS DILUÍDOS CM-30","Paraná",2.10182177673567]
["2017-08-01","ASFALTOS DILUÍDOS CM-30","Pernambuco","-"]
["2017-08-01","ASFALTOS DILUÍDOS CM-30","Piauí","-"]
["2017-08-01","ASFALTOS DILUÍDOS CM-30","Rio de Janeiro","-"]
["2017-08-01","ASFALTOS DILUÍDOS CM-30","Rio Grande do Norte","-"]
["2017-08-01","ASFALTOS DILUÍDOS CM-30","Rio Grande do Sul",2.22454101405933]
["2017-08-01","ASFALTOS DILUÍDOS CM-30","Rondônia","-"]
["2017-08-01","ASFALTOS DILUÍDOS CM-30","Roraima","-"]
["2017-08-01","ASFALTOS DILUÍDOS CM-30","Santa Catarina","-"]
["2017-08-01","ASFALTOS DILUÍDOS CM-30","São Paulo",2.2125572921988]
["2017-08-01","ASFALTOS DILUÍDOS CM-30","Sergipe","-"]
["2017-08-01","ASFALTOS DILUÍDOS CM-30","Tocantins","-"]
["2017-09-01","ASFALTOS DILUÍDOS CM-30","Acre","-"]
["2017-09-01","ASFALTOS DILUÍDOS CM-30","Alagoas","-"]
["2017-09-01","ASFALTOS DILUÍDOS CM-30","Amapá","-"]
["2017-09-01","ASFALTOS DILUÍDOS CM-30","Amazonas",2.33138142461443]
["2017-09-01","ASFALTOS DILUÍDOS CM-30","Bahia","-"]
["2017-09-01","ASFALTOS DILUÍDOS CM-30","Ceará",2.12132002049929]
["2017-09-01","ASFALTOS DILUÍDOS CM-30","Distrito Federal","-"]
["2017-09-01","ASFALTOS DILUÍDOS CM-30","Espírito Santo","-"]
["2017-09-01","ASFALTOS DILUÍDOS CM-30","Goiás",2.6367790282924]
["2017-09-01","ASFALTOS DILUÍDOS CM-30","Maranhão","-"]
["2017-09-01","ASFALTOS DILUÍDOS CM-30","Mato Grosso",2.69730946344191]
["2017-09-01","ASFALTOS DILUÍDOS CM-30","Mato Grosso do Sul","-"]
["2017-09-01","ASFALTOS DILUÍDOS CM-30","Minas Gerais",2.51088701718939]
["2017-09-01","ASFALTOS DILUÍDOS CM-30","Pará",2.70903992307331]
["2017-09-01","ASFALTOS DILUÍDOS CM-30","Paraíba","-"]
["2017-09-01","ASFALTOS DILUÍDOS CM-30","Paraná",2.39665836006059]
["2017-09-01","ASFALTOS DILUÍDOS CM-30","Pernambuco","-"]
["2017-09-01","ASFALTOS DILUÍDOS CM-30","Piauí","-"]
["2017-09-01","ASFALTOS DILUÍDOS CM-30","Rio de Janeiro","-"]
["2017-09-01","ASFALTOS DILUÍDOS CM-30","Rio Grande do Norte","-"]
["2017-09-01","ASFALTOS DILUÍDOS CM-30","Rio Grande do Sul",2.19121361766007]
["2017-09-01","ASFALTOS DILUÍDOS CM-30","Rondônia","-"]
["2017-09-01","ASFALTOS DILUÍDOS CM-30","Roraima","-"]
["2017-09-01","ASFALTOS DILUÍDOS CM-30","Santa Catarina","-"]
["2017-09-01","ASFALTOS DILUÍDOS CM-30","São Paulo",2.30974022547809]
["2017-09-01","ASFALTOS DILUÍDOS CM-30","Sergipe","-"]
["2017-09-01","ASFALTOS DILUÍDOS CM-30","Tocantins","-"]
["2017-10-01","ASFALTOS DILUÍDOS CM-30","Acre","-"]
["2017-10-01","ASFALTOS DILUÍDOS CM-30","Alagoas","-"]
["2017-10-01","ASFALTOS DILUÍDOS CM-30","Amapá","-"]
["2017-10-01","ASFALTOS DILUÍDOS CM-30","Amazonas",2.20918435854414]
["2017-10-01","ASFALTOS DILUÍDOS CM-30","Bahia","-"]
["2017-10-01","ASFALTOS DILUÍDOS CM-30","Ceará",2.16023775416547]
["2017-10-01","ASFALTOS DILUÍDOS CM-30","Distrito Federal","-"]
["2017-10-01","ASFALTOS DILUÍDOS CM-30","Espírito Santo","-"]
["2017-10-01","ASFALTOS DILUÍDOS CM-30","Goiás",2.54821660178037]
["2017-10-01","ASFALTOS DILUÍDOS CM-30","Maranhão","-"]
["2017-10-01","ASFALTOS DILUÍDOS CM-30","Mato Grosso",2.78486128507792]
["2017-10-01","ASFALTOS DILUÍDOS CM-30","Mato Grosso do Sul","-"]
["2017-10-01","ASFALTOS DILUÍDOS CM-30","Minas Gerais",2.6378402947765]
["2017-10-01","ASFALTOS DILUÍDOS CM-30","Pará","-"]
["2017-10-01","ASFALTOS DILUÍDOS CM-30","Paraíba","-"]
["2017-10-01","ASFALTOS DILUÍDOS CM-30","Paraná",2.21648026531222]
["2017-10-01","ASFALTOS DILUÍDOS CM-30","Pernambuco","-"]
["2017-10-01","ASFALTOS DILUÍDOS CM-30","Piauí","-"]
["2017-10-01","ASFALTOS DILUÍDOS CM-30","Rio de Janeiro","-"]
["2017-10-01","ASFALTOS DILUÍDOS CM-30","Rio Grande do Norte","-"]
["2017-10-01","ASFALTOS DILUÍDOS CM-30","Rio Grande do Sul",2.17310302444171]
["2017-10-01","ASFALTOS DILUÍDOS CM-30","Rondônia","-"]
["2017-10-01","ASFALTOS DILUÍDOS CM-30","Roraima","-"]
["2017-10-01","ASFALTOS DILUÍDOS CM-30","Santa Catarina","-"]
["2017-10-01","ASFALTOS DILUÍDOS CM-30","São Paulo",2.20409388606073]
["2017-10-01","ASFALTOS DILUÍDOS CM-30","Sergipe","-"]
["2017-10-01","ASFALTOS DILUÍDOS CM-30","Tocantins","-"]
["2017-11-01","ASFALTOS DILUÍDOS CM-30","Acre","-"]
["2017-11-01","ASFALTOS DILUÍDOS CM-30","Alagoas","-"]
["2017-11-01","ASFALTOS DILUÍDOS CM-30","Amapá","-"]
["2017-11-01","ASFALTOS DILUÍDOS CM-30","Amazonas",2.38456683367062]
["2017-11-01","ASFALTOS DILUÍDOS CM-30","Bahia","-"]
["2017-11-01","ASFALTOS DILUÍDOS CM-30","Ceará",2.38833174737882]
["2017-11-01","ASFALTOS DILUÍDOS CM-30","Distrito Federal","-"]
["2017-11-01","ASFALTOS DILUÍDOS CM-30","Espírito Santo","-"]
["2017-11-01","ASFALTOS DILUÍDOS CM-30","Goiás",2.99423424824532]
["2017-11-01","ASFALTOS DILUÍDOS CM-30","Maranhão","-"]
["2017-11-01","ASFALTOS DILUÍDOS CM-30","Mato Grosso",2.88901617755493]
["2017-11-01","ASFALTOS DILUÍDOS CM-30","Mato Grosso do Sul","-"]
["2017-11-01","ASFALTOS DILUÍDOS CM-30","Minas Gerais",2.57270773617246]
["2017-11-01","ASFALTOS DILUÍDOS CM-30","Pará",2.73058347664896]
["2017-11-01","ASFALTOS DILUÍDOS CM-30","Paraíba","-"]
["2017-11-01","ASFALTOS DILUÍDOS CM-30","Paraná",2.48177342874754]
["2017-11-01","ASFALTOS DILUÍDOS CM-30","Pernambuco","-"]
["2017-11-01","ASFALTOS DILUÍDOS CM-30","Piauí","-"]
["2017-11-01","ASFALTOS DILUÍDOS CM-30","Rio de Janeiro","-"]
["2017-11-01","ASFALTOS DILUÍDOS CM-30","Rio Grande do Norte","-"]
["2017-11-01","ASFALTOS DILUÍDOS CM-30","Rio Grande do Sul",2.32958986824508]
["2017-11-01","ASFALTOS DILUÍDOS CM-30","Rondônia","-"]
["2017-11-01","ASFALTOS DILUÍDOS CM-30","Roraima","-"]
["2017-11-01","ASFALTOS DILUÍDOS CM-30","Santa Catarina","-"]
["2017-11-01","ASFALTOS DILUÍDOS CM-30","São Paulo",2.6140330131825]
["2017-11-01","ASFALTOS DILUÍDOS CM-30","Sergipe","-"]
["2017-11-01","ASFALTOS DILUÍDOS CM-30","Tocantins","-"]
["2017-12-01","ASFALTOS DILUÍDOS CM-30","Acre","-"]
["2017-12-01","ASFALTOS DILUÍDOS CM-30","Alagoas","-"]
["2017-12-01","ASFALTOS DILUÍDOS CM-30","Amapá","-"]
["2017-12-01","ASFALTOS DILUÍDOS CM-30","Amazonas",2.33431616593914]
["2017-12-01","ASFALTOS DILUÍDOS CM-30","Bahia","-"]
["2017-12-01","ASFALTOS DILUÍDOS CM-30","Ceará",2.40480998622471]
["2017-12-01","ASFALTOS DILUÍDOS CM-30","Distrito Federal","-"]
["2017-12-01","ASFALTOS DILUÍDOS CM-30","Espírito Santo","-"]
["2017-12-01","ASFALTOS DILUÍDOS CM-30","Goiás","-"]
["2017-12-01","ASFALTOS DILUÍDOS CM-30","Maranhão","-"]
["2017-12-01","ASFALTOS DILUÍDOS CM-30","Mato Grosso",3.04006812464002]
["2017-12-01","ASFALTOS DILUÍDOS CM-30","Mato Grosso do Sul","-"]
["2017-12-01","ASFALTOS DILUÍDOS CM-30","Minas Gerais",2.72401217309865]
["2017-12-01","ASFALTOS DILUÍDOS CM-30","Pará","-"]
["2017-12-01","ASFALTOS DILUÍDOS CM-30","Paraíba","-"]
["2017-12-01","ASFALTOS DILUÍDOS CM-30","Paraná",2.43977888542251]
["2017-12-01","ASFALTOS DILUÍDOS CM-30","Pernambuco","-"]
["2017-12-01","ASFALTOS DILUÍDOS CM-30","Piauí","-"]
["2017-12-01","ASFALTOS DILUÍDOS CM-30","Rio de Janeiro","-"]
["2017-12-01","ASFALTOS DILUÍDOS CM-30","Rio Grande do Norte","-"]
["2017-12-01","ASFALTOS DILUÍDOS CM-30","Rio Grande do Sul",2.39571229164215]
["2017-12-01","ASFALTOS DILUÍDOS CM-30","Rondônia","-"]
["2017-12-01","ASFALTOS DILUÍDOS CM-30","Roraima","-"]
["2017-12-01","ASFALTOS DILUÍDOS CM-30","Santa Catarina","-"]
["2017-12-01","ASFALTOS DILUÍDOS CM-30","São Paulo",2.56884338026169]
["2017-12-01","ASFALTOS DILUÍDOS CM-30","Sergipe","-"]
["2017-12-01","ASFALTOS DILUÍDOS CM-30","Tocantins","-"]
["2018-01-01","ASFALTOS DILUÍDOS CM-30","Acre","-"]
["2018-01-01","ASFALTOS DILUÍDOS CM-30","Alagoas","-"]
["2018-01-01","ASFALTOS DILUÍDOS CM-30","Amapá","-"]
["2018-01-01","ASFALTOS DILUÍDOS CM-30","Amazonas",2.82960973147061]
["2018-01-01","ASFALTOS DILUÍDOS CM-30","Bahia",2.63907750752669]
["2018-01-01","ASFALTOS DILUÍDOS CM-30","Ceará",2.65946964601343]
["2018-01-01","ASFALTOS DILUÍDOS CM-30","Distrito Federal","-"]
["2018-01-01","ASFALTOS DILUÍDOS CM-30","Espírito Santo","-"]
["2018-01-01","ASFALTOS DILUÍDOS CM-30","Goiás","-"]
["2018-01-01","ASFALTOS DILUÍDOS CM-30","Maranhão","-"]
["2018-01-01","ASFALTOS DILUÍDOS CM-30","Mato Grosso",2.93537762011569]
["2018-01-01","ASFALTOS DILUÍDOS CM-30","Mato Grosso do Sul","-"]
["2018-01-01","ASFALTOS DILUÍDOS CM-30","Minas Gerais",2.70774141037886]
["2018-01-01","ASFALTOS DILUÍDOS CM-30","Pará","-"]
["2018-01-01","ASFALTOS DILUÍDOS CM-30","Paraíba","-"]
["2018-01-01","ASFALTOS DILUÍDOS CM-30","Paraná",2.71484376042542]
["2018-01-01","ASFALTOS DILUÍDOS CM-30","Pernambuco","-"]
["2018-01-01","ASFALTOS DILUÍDOS CM-30","Piauí","-"]
["2018-01-01","ASFALTOS DILUÍDOS CM-30","Rio de Janeiro","-"]
["2018-01-01","ASFALTOS DILUÍDOS CM-30","Rio Grande do Norte","-"]
["2018-01-01","ASFALTOS DILUÍDOS CM-30","Rio Grande do Sul",2.49582085323092]
["2018-01-01","ASFALTOS DILUÍDOS CM-30","Rondônia","-"]
["2018-01-01","ASFALTOS DILUÍDOS CM-30","Roraima","-"]
["2018-01-01","ASFALTOS DILUÍDOS CM-30","Santa Catarina","-"]
["2018-01-01","ASFALTOS DILUÍDOS CM-30","São Paulo",2.57343131761886]
["2018-01-01","ASFALTOS DILUÍDOS CM-30","Sergipe","-"]
["2018-01-01","ASFALTOS DILUÍDOS CM-30","Tocantins","-"]
["2018-02-01","ASFALTOS DILUÍDOS CM-30","Acre","-"]
["2018-02-01","ASFALTOS DILUÍDOS CM-30","Alagoas","-"]
["2018-02-01","ASFALTOS DILUÍDOS CM-30","Amapá","-"]
["2018-02-01","ASFALTOS DILUÍDOS CM-30","Amazonas",2.76771575373441]
["2018-02-01","ASFALTOS DILUÍDOS CM-30","Bahia","-"]
["2018-02-01","ASFALTOS DILUÍDOS CM-30","Ceará",2.6714016746816]
["2018-02-01","ASFALTOS DILUÍDOS CM-30","Distrito Federal","-"]
["2018-02-01","ASFALTOS DILUÍDOS CM-30","Espírito Santo","-"]
["2018-02-01","ASFALTOS DILUÍDOS CM-30","Goiás","-"]
["2018-02-01","ASFALTOS DILUÍDOS CM-30","Maranhão","-"]
["2018-02-01","ASFALTOS DILUÍDOS CM-30","Mato Grosso",3.41551917742707]
["2018-02-01","ASFALTOS DILUÍDOS CM-30","Mato Grosso do Sul","-"]
["2018-02-01","ASFALTOS DILUÍDOS CM-30","Minas Gerais",2.5914875887944]
["2018-02-01","ASFALTOS DILUÍDOS CM-30","Pará","-"]
["2018-02-01","ASFALTOS DILUÍDOS CM-30","Paraíba","-"]
["2018-02-01","ASFALTOS DILUÍDOS CM-30","Paraná",2.60212143492351]
["2018-02-01","ASFALTOS DILUÍDOS CM-30","Pernambuco","-"]
["2018-02-01","ASFALTOS DILUÍDOS CM-30","Piauí","-"]
["2018-02-01","ASFALTOS DILUÍDOS CM-30","Rio de Janeiro","-"]
["2018-02-01","ASFALTOS DILUÍDOS CM-30","Rio Grande do Norte","-"]
["2018-02-01","ASFALTOS DILUÍDOS CM-30","Rio Grande do Sul",2.52001690902705]
["2018-02-01","ASFALTOS DILUÍDOS CM-30","Rondônia","-"]
["2018-02-01","ASFALTOS DILUÍDOS CM-30","Roraima","-"]
["2018-02-01","ASFALTOS DILUÍDOS CM-30","Santa Catarina","-"]
["2018-02-01","ASFALTOS DILUÍDOS CM-30","São Paulo",2.64922819705719]
["2018-02-01","ASFALTOS DILUÍDOS CM-30","Sergipe","-"]
["2018-02-01","ASFALTOS DILUÍDOS CM-30","Tocantins","-"]
["2018-03-01","ASFALTOS DILUÍDOS CM-30","Acre","-"]
["2018-03-01","ASFALTOS DILUÍDOS CM-30","Alagoas","-"]
["2018-03-01","ASFALTOS DILUÍDOS CM-30","Amapá","-"]
["2018-03-01","ASFALTOS DILUÍDOS CM-30","Amazonas","-"]
["2018-03-01","ASFALTOS DILUÍDOS CM-30","Bahia","-"]
["2018-03-01","ASFALTOS DILUÍDOS CM-30","Ceará",2.53053523670217]
["2018-03-01","ASFALTOS DILUÍDOS CM-30","Distrito Federal","-"]
["2018-03-01","ASFALTOS DILUÍDOS CM-30","Espírito Santo","-"]
["2018-03-01","ASFALTOS DILUÍDOS CM-30","Goiás",2.57230756188916]
["2018-03-01","ASFALTOS DILUÍDOS CM-30","Maranhão","-"]
["2018-03-01","ASFALTOS DILUÍDOS CM-30","Mato Grosso","-"]
["2018-03-01","ASFALTOS DILUÍDOS CM-30","Mato Grosso do Sul","-"]
["2018-03-01","ASFALTOS DILUÍDOS CM-30","Minas Gerais",2.58031707896118]
["2018-03-01","ASFALTOS DILUÍDOS CM-30","Pará","-"]
["2018-03-01","ASFALTOS DILUÍDOS CM-30","Paraíba","-"]
["2018-03-01","ASFALTOS DILUÍDOS CM-30","Paraná",2.63889811503812]
["2018-03-01","ASFALTOS DILUÍDOS CM-30","Pernambuco","-"]
["2018-03-01","ASFALTOS DILUÍDOS CM-30","Piauí","-"]
["2018-03-01","ASFALTOS DILUÍDOS CM-30","Rio de Janeiro","-"]
["2018-03-01","ASFALTOS DILUÍDOS CM-30","Rio Grande do Norte","-"]
["2018-03-01","ASFALTOS DILUÍDOS CM-30","Rio Grande do Sul",2.53921073122312]
["2018-03-01","ASFALTOS DILUÍDOS CM-30","Rondônia","-"]
["2018-03-01","ASFALTOS DILUÍDOS CM-30","Roraima","-"]
["2018-03-01","ASFALTOS DILUÍDOS CM-30","Santa Catarina","-"]
["2018-03-01","ASFALTOS DILUÍDOS CM-30","São Paulo",2.56544643022488]
["2018-03-01","ASFALTOS DILUÍDOS CM-30","Sergipe","-"]
["2018-03-01","ASFALTOS DILUÍDOS CM-30","Tocantins","-"]
["2018-04-01","ASFALTOS DILUÍDOS CM-30","Acre","-"]
["2018-04-01","ASFALTOS DILUÍDOS CM-30","Alagoas","-"]
["2018-04-01","ASFALTOS DILUÍDOS CM-30","Amapá","-"]
["2018-04-01","ASFALTOS DILUÍDOS CM-30","Amazonas","-"]
["2018-04-01","ASFALTOS DILUÍDOS CM-30","Bahia","-"]
["2018-04-01","ASFALTOS DILUÍDOS CM-30","Ceará",2.56905957726214]
["2018-04-01","ASFALTOS DILUÍDOS CM-30","Distrito Federal","-"]
["2018-04-01","ASFALTOS DILUÍDOS CM-30","Espírito Santo","-"]
["2018-04-01","ASFALTOS DILUÍDOS CM-30","Goiás","-"]
["2018-04-01","ASFALTOS DILUÍDOS CM-30","Maranhão","-"]
["2018-04-01","ASFALTOS DILUÍDOS CM-30","Mato Grosso",3.01500902661525]
["2018-04-01","ASFALTOS DILUÍDOS CM-30","Mato Grosso do Sul","-"]
["2018-04-01","ASFALTOS DILUÍDOS CM-30","Minas Gerais",2.60389370029624]
["2018-04-01","ASFALTOS DILUÍDOS CM-30","Pará","-"]
["2018-04-01","ASFALTOS DILUÍDOS CM-30","Paraíba","-"]
["2018-04-01","ASFALTOS DILUÍDOS CM-30","Paraná",2.56653854850975]
["2018-04-01","ASFALTOS DILUÍDOS CM-30","Pernambuco","-"]
["2018-04-01","ASFALTOS DILUÍDOS CM-30","Piauí","-"]
["2018-04-01","ASFALTOS DILUÍDOS CM-30","Rio de Janeiro","-"]
["2018-04-01","ASFALTOS DILUÍDOS CM-30","Rio Grande do Norte","-"]
["2018-04-01","ASFALTOS DILUÍDOS CM-30","Rio Grande do Sul",2.52273170883612]
["2018-04-01","ASFALTOS DILUÍDOS CM-30","Rondônia","-"]
["2018-04-01","ASFALTOS DILUÍDOS CM-30","Roraima","-"]
["2018-04-01","ASFALTOS DILUÍDOS CM-30","Santa Catarina","-"]
["2018-04-01","ASFALTOS DILUÍDOS CM-30","São Paulo",2.62670790830096]
["2018-04-01","ASFALTOS DILUÍDOS CM-30","Sergipe","-"]
["2018-04-01","ASFALTOS DILUÍDOS CM-30","Tocantins","-"]
["2018-05-01","ASFALTOS DILUÍDOS CM-30","Acre","-"]
["2018-05-01","ASFALTOS DILUÍDOS CM-30","Alagoas","-"]
["2018-05-01","ASFALTOS DILUÍDOS CM-30","Amapá","-"]
["2018-05-01","ASFALTOS DILUÍDOS CM-30","Amazonas","-"]
["2018-05-01","ASFALTOS DILUÍDOS CM-30","Bahia","-"]
["2018-05-01","ASFALTOS DILUÍDOS CM-30","Ceará",2.67037916053197]
["2018-05-01","ASFALTOS DILUÍDOS CM-30","Distrito Federal","-"]
["2018-05-01","ASFALTOS DILUÍDOS CM-30","Espírito Santo","-"]
["2018-05-01","ASFALTOS DILUÍDOS CM-30","Goiás",2.68501867966936]
["2018-05-01","ASFALTOS DILUÍDOS CM-30","Maranhão","-"]
["2018-05-01","ASFALTOS DILUÍDOS CM-30","Mato Grosso",3.29477667683064]
["2018-05-01","ASFALTOS DILUÍDOS CM-30","Mato Grosso do Sul","-"]
["2018-05-01","ASFALTOS DILUÍDOS CM-30","Minas Gerais",2.69305834117647]
["2018-05-01","ASFALTOS DILUÍDOS CM-30","Pará","-"]
["2018-05-01","ASFALTOS DILUÍDOS CM-30","Paraíba","-"]
["2018-05-01","ASFALTOS DILUÍDOS CM-30","Paraná",2.72201667767166]
["2018-05-01","ASFALTOS DILUÍDOS CM-30","Pernambuco","-"]
["2018-05-01","ASFALTOS DILUÍDOS CM-30","Piauí","-"]
["2018-05-01","ASFALTOS DILUÍDOS CM-30","Rio de Janeiro","-"]
["2018-05-01","ASFALTOS DILUÍDOS CM-30","Rio Grande do Norte","-"]
["2018-05-01","ASFALTOS DILUÍDOS CM-30","Rio Grande do Sul",2.76921853281167]
["2018-05-01","ASFALTOS DILUÍDOS CM-30","Rondônia","-"]
["2018-05-01","ASFALTOS DILUÍDOS CM-30","Roraima","-"]
["2018-05-01","ASFALTOS DILUÍDOS CM-30","Santa Catarina","-"]
["2018-05-01","ASFALTOS DILUÍDOS CM-30","São Paulo",2.68734120049016]
["2018-05-01","ASFALTOS DILUÍDOS CM-30","Sergipe","-"]
["2018-05-01","ASFALTOS DILUÍDOS CM-30","Tocantins","-"]
["2018-06-01","ASFALTOS DILUÍDOS CM-30","Acre","-"]
["2018-06-01","ASFALTOS DILUÍDOS CM-30","Alagoas","-"]
["2018-06-01","ASFALTOS DILUÍDOS CM-30","Amapá","-"]
["2018-06-01","ASFALTOS DILUÍDOS CM-30","Amazonas","-"]
["2018-06-01","ASFALTOS DILUÍDOS CM-30","Bahia",3.98295969990997]
["2018-06-01","ASFALTOS DILUÍDOS CM-30","Ceará",2.82207177352455]
["2018-06-01","ASFALTOS DILUÍDOS CM-30","Distrito Federal","-"]
["2018-06-01","ASFALTOS DILUÍDOS CM-30","Espírito Santo","-"]
["2018-06-01","ASFALTOS DILUÍDOS CM-30","Goiás",3.04092202753776]
["2018-06-01","ASFALTOS DILUÍDOS CM-30","Maranhão","-"]
["2018-06-01","ASFALTOS DILUÍDOS CM-30","Mato Grosso",3.38744274501096]
["2018-06-01","ASFALTOS DILUÍDOS CM-30","Mato Grosso do Sul","-"]
["2018-06-01","ASFALTOS DILUÍDOS CM-30","Minas Gerais",2.81935148119257]
["2018-06-01","ASFALTOS DILUÍDOS CM-30","Pará","-"]
["2018-06-01","ASFALTOS DILUÍDOS CM-30","Paraíba","-"]
["2018-06-01","ASFALTOS DILUÍDOS CM-30","Paraná",2.99999968309499]
["2018-06-01","ASFALTOS DILUÍDOS CM-30","Pernambuco","-"]
["2018-06-01","ASFALTOS DILUÍDOS CM-30","Piauí","-"]
["2018-06-01","ASFALTOS DILUÍDOS CM-30","Rio de Janeiro","-"]
["2018-06-01","ASFALTOS DILUÍDOS CM-30","Rio Grande do Norte","-"]
["2018-06-01","ASFALTOS DILUÍDOS CM-30","Rio Grande do Sul",2.8766923463357]
["2018-06-01","ASFALTOS DILUÍDOS CM-30","Rondônia","-"]
["2018-06-01","ASFALTOS DILUÍDOS CM-30","Roraima","-"]
["2018-06-01","ASFALTOS DILUÍDOS CM-30","Santa Catarina","-"]
["2018-06-01","ASFALTOS DILUÍDOS CM-30","São Paulo",2.8970185401167]
["2018-06-01","ASFALTOS DILUÍDOS CM-30","Sergipe","-"]
["2018-06-01","ASFALTOS DILUÍDOS CM-30","Tocantins","-"]
["2018-07-01","ASFALTOS DILUÍDOS CM-30","Acre","-"]
["2018-07-01","ASFALTOS DILUÍDOS CM-30","Alagoas","-"]
["2018-07-01","ASFALTOS DILUÍDOS CM-30","Amapá","-"]
["2018-07-01","ASFALTOS DILUÍDOS CM-30","Amazonas",3.24984072129349]
["2018-07-01","ASFALTOS DILUÍDOS CM-30","Bahia","-"]
["2018-07-01","ASFALTOS DILUÍDOS CM-30","Ceará",3.00548144897211]
["2018-07-01","ASFALTOS DILUÍDOS CM-30","Distrito Federal","-"]
["2018-07-01","ASFALTOS DILUÍDOS CM-30","Espírito Santo","-"]
["2018-07-01","ASFALTOS DILUÍDOS CM-30","Goiás",3.11598718027306]
["2018-07-01","ASFALTOS DILUÍDOS CM-30","Maranhão","-"]
["2018-07-01","ASFALTOS DILUÍDOS CM-30","Mato Grosso",3.73251595313328]
["2018-07-01","ASFALTOS DILUÍDOS CM-30","Mato Grosso do Sul","-"]
["2018-07-01","ASFALTOS DILUÍDOS CM-30","Minas Gerais",3.01201472300993]
["2018-07-01","ASFALTOS DILUÍDOS CM-30","Pará","-"]
["2018-07-01","ASFALTOS DILUÍDOS CM-30","Paraíba","-"]
["2018-07-01","ASFALTOS DILUÍDOS CM-30","Paraná",3.27954998502994]
["2018-07-01","ASFALTOS DILUÍDOS CM-30","Pernambuco","-"]
["2018-07-01","ASFALTOS DILUÍDOS CM-30","Piauí","-"]
["2018-07-01","ASFALTOS DILUÍDOS CM-30","Rio de Janeiro","-"]
["2018-07-01","ASFALTOS DILUÍDOS CM-30","Rio Grande do Norte","-"]
["2018-07-01","ASFALTOS DILUÍDOS CM-30","Rio Grande do Sul",2.96443151885449]
["2018-07-01","ASFALTOS DILUÍDOS CM-30","Rondônia","-"]
["2018-07-01","ASFALTOS DILUÍDOS CM-30","Roraima","-"]
["2018-07-01","ASFALTOS DILUÍDOS CM-30","Santa Catarina","-"]
["2018-07-01","ASFALTOS DILUÍDOS CM-30","São Paulo",3.11229493011914]
["2018-07-01","ASFALTOS DILUÍDOS CM-30","Sergipe","-"]
["2018-07-01","ASFALTOS DILUÍDOS CM-30","Tocantins","-"]
["2018-08-01","ASFALTOS DILUÍDOS CM-30","Acre","-"]
["2018-08-01","ASFALTOS DILUÍDOS CM-30","Alagoas","-"]
["2018-08-01","ASFALTOS DILUÍDOS CM-30","Amapá","-"]
["2018-08-01","ASFALTOS DILUÍDOS CM-30","Amazonas",3.42973626572969]
["2018-08-01","ASFALTOS DILUÍDOS CM-30","Bahia",5.21192985175017]
["2018-08-01","ASFALTOS DILUÍDOS CM-30","Ceará",3.30828032677858]
["2018-08-01","ASFALTOS DILUÍDOS CM-30","Distrito Federal","-"]
["2018-08-01","ASFALTOS DILUÍDOS CM-30","Espírito Santo","-"]
["2018-08-01","ASFALTOS DILUÍDOS CM-30","Goiás",3.56045127979432]
["2018-08-01","ASFALTOS DILUÍDOS CM-30","Maranhão","-"]
["2018-08-01","ASFALTOS DILUÍDOS CM-30","Mato Grosso",3.89209581877508]
["2018-08-01","ASFALTOS DILUÍDOS CM-30","Mato Grosso do Sul","-"]
["2018-08-01","ASFALTOS DILUÍDOS CM-30","Minas Gerais",3.49574521233854]
["2018-08-01","ASFALTOS DILUÍDOS CM-30","Pará","-"]
["2018-08-01","ASFALTOS DILUÍDOS CM-30","Paraíba","-"]
["2018-08-01","ASFALTOS DILUÍDOS CM-30","Paraná",3.35268534064972]
["2018-08-01","ASFALTOS DILUÍDOS CM-30","Pernambuco","-"]
["2018-08-01","ASFALTOS DILUÍDOS CM-30","Piauí","-"]
["2018-08-01","ASFALTOS DILUÍDOS CM-30","Rio de Janeiro","-"]
["2018-08-01","ASFALTOS DILUÍDOS CM-30","Rio Grande do Norte","-"]
["2018-08-01","ASFALTOS DILUÍDOS CM-30","Rio Grande do Sul",3.36139764428996]
["2018-08-01","ASFALTOS DILUÍDOS CM-30","Rondônia","-"]
["2018-08-01","ASFALTOS DILUÍDOS CM-30","Roraima","-"]
["2018-08-01","ASFALTOS DILUÍDOS CM-30","Santa Catarina","-"]
["2018-08-01","ASFALTOS DILUÍDOS CM-30","São Paulo",3.33348994244245]
["2018-08-01","ASFALTOS DILUÍDOS CM-30","Sergipe","-"]
["2018-08-01","ASFALTOS DILUÍDOS CM-30","Tocantins","-"]
["2018-09-01","ASFALTOS DILUÍDOS CM-30","Acre","-"]
["2018-09-01","ASFALTOS DILUÍDOS CM-30","Alagoas","-"]
["2018-09-01","ASFALTOS DILUÍDOS CM-30","Amapá","-"]
["2018-09-01","ASFALTOS DILUÍDOS CM-30","Amazonas","-"]
["2018-09-01","ASFALTOS DILUÍDOS CM-30","Bahia",4.70189114395741]
["2018-09-01","ASFALTOS DILUÍDOS CM-30","Ceará",3.35274051833303]
["2018-09-01","ASFALTOS DILUÍDOS CM-30","Distrito Federal","-"]
["2018-09-01","ASFALTOS DILUÍDOS CM-30","Espírito Santo","-"]
["2018-09-01","ASFALTOS DILUÍDOS CM-30","Goiás","-"]
["2018-09-01","ASFALTOS DILUÍDOS CM-30","Maranhão","-"]
["2018-09-01","ASFALTOS DILUÍDOS CM-30","Mato Grosso",3.95868419204169]
["2018-09-01","ASFALTOS DILUÍDOS CM-30","Mato Grosso do Sul","-"]
["2018-09-01","ASFALTOS DILUÍDOS CM-30","Minas Gerais",3.33665881001145]
["2018-09-01","ASFALTOS DILUÍDOS CM-30","Pará",2.96653879187336]
["2018-09-01","ASFALTOS DILUÍDOS CM-30","Paraíba","-"]
["2018-09-01","ASFALTOS DILUÍDOS CM-30","Paraná",3.70118861268224]
["2018-09-01","ASFALTOS DILUÍDOS CM-30","Pernambuco","-"]
["2018-09-01","ASFALTOS DILUÍDOS CM-30","Piauí","-"]
["2018-09-01","ASFALTOS DILUÍDOS CM-30","Rio de Janeiro","-"]
["2018-09-01","ASFALTOS DILUÍDOS CM-30","Rio Grande do Norte","-"]
["2018-09-01","ASFALTOS DILUÍDOS CM-30","Rio Grande do Sul",3.42241564242718]
["2018-09-01","ASFALTOS DILUÍDOS CM-30","Rondônia","-"]
["2018-09-01","ASFALTOS DILUÍDOS CM-30","Roraima","-"]
["2018-09-01","ASFALTOS DILUÍDOS CM-30","Santa Catarina","-"]
["2018-09-01","ASFALTOS DILUÍDOS CM-30","São Paulo",3.45258638910439]
["2018-09-01","ASFALTOS DILUÍDOS CM-30","Sergipe","-"]
["2018-09-01","ASFALTOS DILUÍDOS CM-30","Tocantins","-"]
["2018-10-01","ASFALTOS DILUÍDOS CM-30","Acre","-"]
["2018-10-01","ASFALTOS DILUÍDOS CM-30","Alagoas","-"]
["2018-10-01","ASFALTOS DILUÍDOS CM-30","Amapá","-"]
["2018-10-01","ASFALTOS DILUÍDOS CM-30","Amazonas","-"]
["2018-10-01","ASFALTOS DILUÍDOS CM-30","Bahia",3.6442821123509]
["2018-10-01","ASFALTOS DILUÍDOS CM-30","Ceará",3.43280214373766]
["2018-10-01","ASFALTOS DILUÍDOS CM-30","Distrito Federal","-"]
["2018-10-01","ASFALTOS DILUÍDOS CM-30","Espírito Santo","-"]
["2018-10-01","ASFALTOS DILUÍDOS CM-30","Goiás","-"]
["2018-10-01","ASFALTOS DILUÍDOS CM-30","Maranhão","-"]
["2018-10-01","ASFALTOS DILUÍDOS CM-30","Mato Grosso",3.99258745691931]
["2018-10-01","ASFALTOS DILUÍDOS CM-30","Mato Grosso do Sul","-"]
["2018-10-01","ASFALTOS DILUÍDOS CM-30","Minas Gerais",3.50045616864817]
["2018-10-01","ASFALTOS DILUÍDOS CM-30","Pará","-"]
["2018-10-01","ASFALTOS DILUÍDOS CM-30","Paraíba","-"]
["2018-10-01","ASFALTOS DILUÍDOS CM-30","Paraná",3.76500161691505]
["2018-10-01","ASFALTOS DILUÍDOS CM-30","Pernambuco","-"]
["2018-10-01","ASFALTOS DILUÍDOS CM-30","Piauí","-"]
["2018-10-01","ASFALTOS DILUÍDOS CM-30","Rio de Janeiro","-"]
["2018-10-01","ASFALTOS DILUÍDOS CM-30","Rio Grande do Norte","-"]
["2018-10-01","ASFALTOS DILUÍDOS CM-30","Rio Grande do Sul",3.3743601784009]
["2018-10-01","ASFALTOS DILUÍDOS CM-30","Rondônia","-"]
["2018-10-01","ASFALTOS DILUÍDOS CM-30","Roraima","-"]
["2018-10-01","ASFALTOS DILUÍDOS CM-30","Santa Catarina","-"]
["2018-10-01","ASFALTOS DILUÍDOS CM-30","São Paulo",3.35924405628243]
["2018-10-01","ASFALTOS DILUÍDOS CM-30","Sergipe","-"]
["2018-10-01","ASFALTOS DILUÍDOS CM-30","Tocantins","-"]
["2018-11-01","ASFALTOS DILUÍDOS CM-30","Acre","-"]
["2018-11-01","ASFALTOS DILUÍDOS CM-30","Alagoas","-"]
["2018-11-01","ASFALTOS DILUÍDOS CM-30","Amapá","-"]
["2018-11-01","ASFALTOS DILUÍDOS CM-30","Amazonas","-"]
["2018-11-01","ASFALTOS DILUÍDOS CM-30","Bahia","-"]
["2018-11-01","ASFALTOS DILUÍDOS CM-30","Ceará",3.78558621898975]
["2018-11-01","ASFALTOS DILUÍDOS CM-30","Distrito Federal","-"]
["2018-11-01","ASFALTOS DILUÍDOS CM-30","Espírito Santo","-"]
["2018-11-01","ASFALTOS DILUÍDOS CM-30","Goiás","-"]
["2018-11-01","ASFALTOS DILUÍDOS CM-30","Maranhão","-"]
["2018-11-01","ASFALTOS DILUÍDOS CM-30","Mato Grosso",4.44190166278223]
["2018-11-01","ASFALTOS DILUÍDOS CM-30","Mato Grosso do Sul","-"]
["2018-11-01","ASFALTOS DILUÍDOS CM-30","Minas Gerais",4.46443631070699]
["2018-11-01","ASFALTOS DILUÍDOS CM-30","Pará","-"]
["2018-11-01","ASFALTOS DILUÍDOS CM-30","Paraíba","-"]
["2018-11-01","ASFALTOS DILUÍDOS CM-30","Paraná",4.17215862691549]
["2018-11-01","ASFALTOS DILUÍDOS CM-30","Pernambuco","-"]
["2018-11-01","ASFALTOS DILUÍDOS CM-30","Piauí","-"]
["2018-11-01","ASFALTOS DILUÍDOS CM-30","Rio de Janeiro","-"]
["2018-11-01","ASFALTOS DILUÍDOS CM-30","Rio Grande do Norte","-"]
["2018-11-01","ASFALTOS DILUÍDOS CM-30","Rio Grande do Sul",3.68046613269873]
["2018-11-01","ASFALTOS DILUÍDOS CM-30","Rondônia","-"]
["2018-11-01","ASFALTOS DILUÍDOS CM-30","Roraima","-"]
["2018-11-01","ASFALTOS DILUÍDOS CM-30","Santa Catarina","-"]
["2018-11-01","ASFALTOS DILUÍDOS CM-30","São Paulo",3.92157447472456]
["2018-11-01","ASFALTOS DILUÍDOS CM-30","Sergipe","-"]
["2018-11-01","ASFALTOS DILUÍDOS CM-30","Tocantins","-"]
["2018-12-01","ASFALTOS DILUÍDOS CM-30","Acre","-"]
["2018-12-01","ASFALTOS DILUÍDOS CM-30","Alagoas","-"]
["2018-12-01","ASFALTOS DILUÍDOS CM-30","Amapá","-"]
["2018-12-01","ASFALTOS DILUÍDOS CM-30","Amazonas","-"]
["2018-12-01","ASFALTOS DILUÍDOS CM-30","Bahia","-"]
["2018-12-01","ASFALTOS DILUÍDOS CM-30","Ceará",3.87558576300864]
["2018-12-01","ASFALTOS DILUÍDOS CM-30","Distrito Federal","-"]
["2018-12-01","ASFALTOS DILUÍDOS CM-30","Espírito Santo","-"]
["2018-12-01","ASFALTOS DILUÍDOS CM-30","Goiás","-"]
["2018-12-01","ASFALTOS DILUÍDOS CM-30","Maranhão","-"]
["2018-12-01","ASFALTOS DILUÍDOS CM-30","Mato Grosso",4.63298954716465]
["2018-12-01","ASFALTOS DILUÍDOS CM-30","Mato Grosso do Sul","-"]
["2018-12-01","ASFALTOS DILUÍDOS CM-30","Minas Gerais",3.81181143594211]
["2018-12-01","ASFALTOS DILUÍDOS CM-30","Pará","-"]
["2018-12-01","ASFALTOS DILUÍDOS CM-30","Paraíba","-"]
["2018-12-01","ASFALTOS DILUÍDOS CM-30","Paraná",4.01691909979599]
["2018-12-01","ASFALTOS DILUÍDOS CM-30","Pernambuco","-"]
["2018-12-01","ASFALTOS DILUÍDOS CM-30","Piauí","-"]
["2018-12-01","ASFALTOS DILUÍDOS CM-30","Rio de Janeiro","-"]
["2018-12-01","ASFALTOS DILUÍDOS CM-30","Rio Grande do Norte","-"]
["2018-12-01","ASFALTOS DILUÍDOS CM-30","Rio Grande do Sul",3.82299296560675]
["2018-12-01","ASFALTOS DILUÍDOS CM-30","Rondônia","-"]
["2018-12-01","ASFALTOS DILUÍDOS CM-30","Roraima","-"]
["2018-12-01","ASFALTOS DILUÍDOS CM-30","Santa Catarina","-"]
["2018-12-01","ASFALTOS DILUÍDOS CM-30","São Paulo",4.05616532749874]
["2018-12-01","ASFALTOS DILUÍDOS CM-30","Sergipe","-"]
["2018-12-01","ASFALTOS DILUÍDOS CM-30","Tocantins","-"]
["2019-01-01","ASFALTOS DILUÍDOS CM-30","Acre","-"]
["2019-01-01","ASFALTOS DILUÍDOS CM-30","Alagoas","-"]
["2019-01-01","ASFALTOS DILUÍDOS CM-30","Amapá","-"]
["2019-01-01","ASFALTOS DILUÍDOS CM-30","Amazonas","-"]
["2019-01-01","ASFALTOS DILUÍDOS CM-30","Bahia","-"]
["2019-01-01","ASFALTOS DILUÍDOS CM-30","Ceará",3.80493289820554]
["2019-01-01","ASFALTOS DILUÍDOS CM-30","Distrito Federal","-"]
["2019-01-01","ASFALTOS DILUÍDOS CM-30","Espírito Santo","-"]
["2019-01-01","ASFALTOS DILUÍDOS CM-30","Goiás","-"]
["2019-01-01","ASFALTOS DILUÍDOS CM-30","Maranhão","-"]
["2019-01-01","ASFALTOS DILUÍDOS CM-30","Mato Grosso","-"]
["2019-01-01","ASFALTOS DILUÍDOS CM-30","Mato Grosso do Sul","-"]
["2019-01-01","ASFALTOS DILUÍDOS CM-30","Minas Gerais",3.91116675772861]
["2019-01-01","ASFALTOS DILUÍDOS CM-30","Pará","-"]
["2019-01-01","ASFALTOS DILUÍDOS CM-30","Paraíba","-"]
["2019-01-01","ASFALTOS DILUÍDOS CM-30","Paraná",4.37460545062878]
["2019-01-01","ASFALTOS DILUÍDOS CM-30","Pernambuco","-"]
["2019-01-01","ASFALTOS DILUÍDOS CM-30","Piauí","-"]
["2019-01-01","ASFALTOS DILUÍDOS CM-30","Rio de Janeiro","-"]
["2019-01-01","ASFALTOS DILUÍDOS CM-30","Rio Grande do Norte","-"]
["2019-01-01","ASFALTOS DILUÍDOS CM-30","Rio Grande do Sul",3.821329268781]
["2019-01-01","ASFALTOS DILUÍDOS CM-30","Rondônia","-"]
["2019-01-01","ASFALTOS DILUÍDOS CM-30","Roraima","-"]
["2019-01-01","ASFALTOS DILUÍDOS CM-30","Santa Catarina","-"]
["2019-01-01","ASFALTOS DILUÍDOS CM-30","São Paulo",4.01455037579591]
["2019-01-01","ASFALTOS DILUÍDOS CM-30","Sergipe","-"]
["2019-01-01","ASFALTOS DILUÍDOS CM-30","Tocantins","-"]
["2019-02-01","ASFALTOS DILUÍDOS CM-30","Acre","-"]
["2019-02-01","ASFALTOS DILUÍDOS CM-30","Alagoas","-"]
["2019-02-01","ASFALTOS DILUÍDOS CM-30","Amapá","-"]
["2019-02-01","ASFALTOS DILUÍDOS CM-30","Amazonas","-"]
["2019-02-01","ASFALTOS DILUÍDOS CM-30","Bahia","-"]
["2019-02-01","ASFALTOS DILUÍDOS CM-30","Ceará",4.00572874697875]
["2019-02-01","ASFALTOS DILUÍDOS CM-30","Distrito Federal","-"]
["2019-02-01","ASFALTOS DILUÍDOS CM-30","Espírito Santo","-"]
["2019-02-01","ASFALTOS DILUÍDOS CM-30","Goiás","-"]
["2019-02-01","ASFALTOS DILUÍDOS CM-30","Maranhão","-"]
["2019-02-01","ASFALTOS DILUÍDOS CM-30","Mato Grosso","-"]
["2019-02-01","ASFALTOS DILUÍDOS CM-30","Mato Grosso do Sul","-"]
["2019-02-01","ASFALTOS DILUÍDOS CM-30","Minas Gerais",4.61189041500994]
["2019-02-01","ASFALTOS DILUÍDOS CM-30","Pará","-"]
["2019-02-01","ASFALTOS DILUÍDOS CM-30","Paraíba","-"]
["2019-02-01","ASFALTOS DILUÍDOS CM-30","Paraná",4.42036087776252]
["2019-02-01","ASFALTOS DILUÍDOS CM-30","Pernambuco","-"]
["2019-02-01","ASFALTOS DILUÍDOS CM-30","Piauí","-"]
["2019-02-01","ASFALTOS DILUÍDOS CM-30","Rio de Janeiro","-"]
["2019-02-01","ASFALTOS DILUÍDOS CM-30","Rio Grande do Norte","-"]
["2019-02-01","ASFALTOS DILUÍDOS CM-30","Rio Grande do Sul",4.18434385608466]
["2019-03-01","ASFALTOS DILUÍDOS CM-30","Amazonas","-"]
["2019-05-01","ASFALTOS DILUÍDOS CM-30","Bahia","-"]
["2019-08-01","ASFALTOS DILUÍDOS CM-30","Alagoas","-"]
["2019-08-01","ASFALTOS DILUÍDOS CM-30","Rio Grande do Sul",3.90510847682652]
["2019-11-01","ASFALTOS DILUÍDOS CM-30","Piauí","-"]
["2019-12-01","ASFALTOS DILUÍDOS CM-30","Rio Grande do Norte","-"]
["2020-03-01","ASFALTOS DILUÍDOS CM-30","Distrito Federal","-"]
["2020-04-01","ASFALTOS DILUÍDOS CM-30","Goiás",3.968611961584]
["2020-06-01","ASFALTOS DILUÍDOS CM-30","Roraima","-"]
["2020-07-01","ASFALTOS DILUÍDOS CM-30","São Paulo",4.19415606837607]
["2020-08-01","ASFALTOS DILUÍDOS CM-30","Tocantins","-"]
["2020-11-01","ASFALTOS DILUÍDOS CM-30","Pará",3.93127525994265]
["2020-12-01","ASFALTOS DILUÍDOS CM-30","Rio Grande do Norte","-"]
["2021-03-01","ASFALTOS DILUÍDOS CM-30","Mato Grosso do Sul","-"]
["2021-04-01","ASFALTOS DILUÍDOS CM-30","Amazonas","-"]
["2021-07-01","ASFALTOS DILUÍDOS CM-30","Acre","-"]
["2021-09-01","ASFALTOS DILUÍDOS CM-30","Paraíba","-"]
["2021-10-01","ASFALTOS DILUÍDOS CM-30","Pernambuco","-"]
["2021-11-01","ASFALTOS DILUÍDOS CM-30","Rio de Janeiro","-"]
["2022-02-01","ASFALTOS DILUÍDOS CM-30","Ceará",5.70261198625859]
["2022-03-01","ASFALTOS DILUÍDOS CM-30","Espírito Santo","-"]
["2022-05-01","ASFALTOS DILUÍDOS CM-30","Rondônia","-"]
["2022-06-01","ASFALTOS DILUÍDOS CM-30","Santa Catarina","-"]
["2022-09-01","ASFALTOS DILUÍDOS CM-30","Rio Grande do Sul",4.95905554608332]
["2022-10-01","ASFALTOS DILUÍDOS CM-30","Minas Gerais",5.10904995630007]
["2023-01-01","ASFALTOS DILUÍDOS CM-30","Maranhão","-"]
["2023-02-01","ASFALTOS DILUÍDOS CM-30","Mato Grosso","-"]
["2023-04-01","ASFALTOS DILUÍDOS CM-30","São Paulo","-"]
["2023-05-01","ASFALTOS DILUÍDOS CM-30","Tocantins","-"]
["2023-08-01","ASFALTOS DILUÍDOS CM-30","Pará","-"]
["2023-09-01","ASFALTOS DILUÍDOS CM-30","Paraná",4.29149268428139]
["2023-12-01","ASFALTOS DILUÍDOS CM-30","Minas Gerais","-"]
["2024-01-01","ASFALTOS DILUÍDOS CM-30","Bahia","-"]
["2024-04-01","ASFALTOS DILUÍDOS CM-30","Alagoas","-"]
["2024-05-01","ASFALTOS DILUÍDOS CM-30","Amazonas","-"]
["2024-07-01","ASFALTOS DILUÍDOS CM-30","Piauí","-"]
["2024-08-01","ASFALTOS DILUÍDOS CM-30","Rio Grande do Norte","-"]
["2013-03-01","ASFALTOS DILUÍDOS CM-70","Distrito Federal","-"]
["2013-04-01","ASFALTOS DILUÍDOS CM-70","Ceará","-"]
["2013-07-01","ASFALTOS DILUÍDOS CM-70","Bahia","-"]
["2013-07-01","ASFALTOS DILUÍDOS CM-70","Santa Catarina","-"]
["2013-10-01","ASFALTOS DILUÍDOS CM-70","Rio Grande do Sul","-"]
["2013-11-01","ASFALTOS DILUÍDOS CM-70","Minas Gerais","-"]
["2014-02-01","ASFALTOS DILUÍDOS CM-70","Maranhão","-"]
["2014-03-01","ASFALTOS DILUÍDOS CM-70","Mato Grosso do Sul","-"]
["2014-05-01","ASFALTOS DILUÍDOS CM-70","Sergipe","-"]
["2014-07-01","ASFALTOS DILUÍDOS CM-70","Acre","-"]
["2014-08-01","ASFALTOS DILUÍDOS CM-70","Amapá","-"]
["2014-10-01","ASFALTOS DILUÍDOS CM-70","Pernambuco","-"]
["2014-11-01","ASFALTOS DILUÍDOS CM-70","Rio de Janeiro","-"]
["2015-01-01","ASFALTOS DILUÍDOS CM-70","Rondônia","-"]
["2015-03-01","ASFALTOS DILUÍDOS CM-70","Distrito Federal","-"]
["2015-06-01","ASFALTOS DILUÍDOS CM-70","Amazonas","-"]
["2015-06-01","ASFALTOS DILUÍDOS CM-70","Roraima","-"]
["2015-09-01","ASFALTOS DILUÍDOS CM-70","Rio Grande do Norte","-"]
["2015-10-01","ASFALTOS DILUÍDOS CM-70","Mato Grosso do Sul","-"]
["2016-01-01","ASFALTOS DILUÍDOS CM-70","Goiás","-"]
["2016-02-01","ASFALTOS DILUÍDOS CM-70","Mato Grosso","-"]
["2016-04-01","ASFALTOS DILUÍDOS CM-70","São Paulo","-"]
["2016-05-01","ASFALTOS DILUÍDOS CM-70","Tocantins","-"]
["2016-08-01","ASFALTOS DILUÍDOS CM-70","Santa Catarina","-"]
["2016-09-01","ASFALTOS DILUÍDOS CM-70","Paraná","-"]
["2016-12-01","ASFALTOS DILUÍDOS CM-70","Minas Gerais","-"]
["2017-02-01","ASFALTOS DILUÍDOS CM-70","Mato Grosso do Sul","-"]
["2017-04-01","ASFALTOS DILUÍDOS CM-70","Acre","-"]
["2017-05-01","ASFALTOS DILUÍDOS CM-70","Amapá","-"]
["2017-07-01","ASFALTOS DILUÍDOS CM-70","Pernambuco","-"]
["2017-08-01","ASFALTOS DILUÍDOS CM-70","Rio de Janeiro","-"]
["2017-11-01","ASFALTOS DILUÍDOS CM-70","Paraná","-"]
["2017-12-01","ASFALTOS DILUÍDOS CM-70","Espírito Santo","-"]
["2018-03-01","ASFALTOS DILUÍDOS CM-70","Bahia","-"]
["2018-03-01","ASFALTOS DILUÍDOS CM-70","Santa Catarina","-"]
["2018-06-01","ASFALTOS DILUÍDOS CM-70","Rio Grande do Sul","-"]
["2018-07-01","ASFALTOS DILUÍDOS CM-70","Roraima","-"]
["2018-10-01","ASFALTOS DILUÍDOS CM-70","Maranhão","-"]
["2018-11-01","ASFALTOS DILUÍDOS CM-70","Mato Grosso do Sul","-"]
["2019-01-01","ASFALTOS DILUÍDOS CM-70","Espírito Santo","-"]
["2019-02-01","ASFALTOS DILUÍDOS CM-70","Tocantins","-"]
["2019-05-01","ASFALTOS DILUÍDOS CM-70","Santa Catarina","-"]
["2019-06-01","ASFALTOS DILUÍDOS CM-70","Paraná","-"]
["2019-09-01","ASFALTOS DILUÍDOS CM-70","Minas Gerais","-"]
["2019-10-01","ASFALTOS DILUÍDOS CM-70","Paraíba","-"]
["2020-01-01","ASFALTOS DILUÍDOS CM-70","Alagoas","-"]
["2020-02-01","ASFALTOS DILUÍDOS CM-70","Amazonas","-"]
["2020-04-01","ASFALTOS DILUÍDOS CM-70","Piauí","-"]
["2020-05-01","ASFALTOS DILUÍDOS CM-70","Rio Grande do Norte","-"]
["2020-06-01","ASFALTOS DILUÍDOS CM-70","Rondônia","-"]
["2020-09-01","ASFALTOS DILUÍDOS CM-70","Goiás","-"]
["2020-10-01","ASFALTOS DILUÍDOS CM-70","Mato Grosso","-"]
["2021-01-01","ASFALTOS DILUÍDOS CM-70","Goiás","-"]
["2021-01-01","ASFALTOS DILUÍDOS CM-70","Sergipe","-"]
["2021-04-01","ASFALTOS DILUÍDOS CM-70","Roraima","-"]
["2021-05-01","ASFALTOS DILUÍDOS CM-70","Paraíba","-"]
["2021-08-01","ASFALTOS DILUÍDOS CM-70","Mato Grosso do Sul","-"]
["2021-09-01","ASFALTOS DILUÍDOS CM-70","Pará","-"]
["2021-12-01","ASFALTOS DILUÍDOS CM-70","Acre","-"]
["2022-01-01","ASFALTOS DILUÍDOS CM-70","Amapá","-"]
["2022-03-01","ASFALTOS DILUÍDOS CM-70","Pernambuco","-"]
["2022-04-01","ASFALTOS DILUÍDOS CM-70","Rio de Janeiro","-"]
["2022-07-01","ASFALTOS DILUÍDOS CM-70","Paraná","-"]
["2022-08-01","ASFALTOS DILUÍDOS CM-70","Espírito Santo","-"]
["2022-10-01","ASFALTOS DILUÍDOS CM-70","São Paulo","-"]
["2022-12-01","ASFALTOS DILUÍDOS CM-70","Ceará","-"]
["2023-02-01","ASFALTOS DILUÍDOS CM-70","Rio Grande do Norte","-"]
["2023-03-01","ASFALTOS DILUÍDOS CM-70","Rondônia","-"]
["2023-06-01","ASFALTOS DILUÍDOS CM-70","Goiás","-"]
["2023-07-01","ASFALTOS DILUÍDOS CM-70","Mato Grosso","-"]
["2023-10-01","ASFALTOS DILUÍDOS CM-70","Espírito Santo","-"]
["2023-10-01","ASFALTOS DILUÍDOS CM-70","Tocantins","-"]
["2024-01-01","ASFALTOS DILUÍDOS CM-70","Santa Catarina","-"]
["2024-02-01","ASFALTOS DILUÍDOS CM-70","Paraná","-"]
["2024-05-01","ASFALTOS DILUÍDOS CM-70","Minas Gerais","-"]
["2024-06-01","ASFALTOS DILUÍDOS CM-70","Paraíba","-"]
["2013-01-01","ASFALTOS DILUÍDOS CR-250","Alagoas","-"]
["2013-01-01","ASFALTOS DILUÍDOS CR-250","Rio Grande do Sul","-"]
["2013-03-01","ASFALTOS DILUÍDOS CR-250","Bahia","-"]
["2013-05-01","ASFALTOS DILUÍDOS CR-250","Rio de Janeiro","-"]
["2013-06-01","ASFALTOS DILUÍDOS CR-250","Rio Grande do Sul","-"]
["2013-09-01","ASFALTOS DILUÍDOS CR-250","Espírito Santo","-"]
["2013-12-01","ASFALTOS DILUÍDOS CR-250","Bahia","-"]
["2014-01-01","ASFALTOS DILUÍDOS CR-250","Distrito Federal","-"]
["2014-03-01","ASFALTOS DILUÍDOS CR-250","Rio Grande do Sul","-"]
["2014-04-01","ASFALTOS DILUÍDOS CR-250","Roraima","-"]
["2014-05-01","ASFALTOS DILUÍDOS CR-250","São Paulo","-"]
["2014-08-01","ASFALTOS DILUÍDOS CR-250","Mato Grosso do Sul","-"]
["2014-09-01","ASFALTOS DILUÍDOS CR-250","Pará","-"]
["2014-12-01","ASFALTOS DILUÍDOS CR-250","Acre","-"]
["2015-02-01","ASFALTOS DILUÍDOS CR-250","Mato Grosso","-"]
["2015-03-01","ASFALTOS DILUÍDOS CR-250","Sergipe","-"]
["2015-04-01","ASFALTOS DILUÍDOS CR-250","Piauí","-"]
["2015-07-01","ASFALTOS DILUÍDOS CR-250","Paraíba","-"]
["2015-08-01","ASFALTOS DILUÍDOS CR-250","Distrito Federal","-"]
["2015-11-01","ASFALTOS DILUÍDOS CR-250","Amazonas","-"]
["2015-12-01","ASFALTOS DILUÍDOS CR-250","Ceará","-"]
["2016-02-01","ASFALTOS DILUÍDOS CR-250","Rio Grande do Norte","-"]
["2016-03-01","ASFALTOS DILUÍDOS CR-250","Rondônia","-"]
["2016-06-01","ASFALTOS DILUÍDOS CR-250","Rio de Janeiro","-"]
["2016-07-01","ASFALTOS DILUÍDOS CR-250","Mato Grosso","-"]
["2016-10-01","ASFALTOS DILUÍDOS CR-250","Espírito Santo","-"]
["2016-10-01","ASFALTOS DILUÍDOS CR-250","Tocantins","-"]
["2017-01-01","ASFALTOS DILUÍDOS CR-250","Distrito Federal","-"]
["2017-02-01","ASFALTOS DILUÍDOS CR-250","São Paulo","-"]
["2017-05-01","ASFALTOS DILUÍDOS CR-250","Mato Grosso do Sul","-"]
["2017-06-01","ASFALTOS DILUÍDOS CR-250","Pará","-"]
["2017-09-01","ASFALTOS DILUÍDOS CR-250","Acre","-"]
["2017-10-01","ASFALTOS DILUÍDOS CR-250","Amapá","-"]
["2017-12-01","ASFALTOS DILUÍDOS CR-250","Tocantins","-"]
["2018-01-01","ASFALTOS DILUÍDOS CR-250","Rio de Janeiro","-"]
["2018-04-01","ASFALTOS DILUÍDOS CR-250","Paraná","-"]
["2018-05-01","ASFALTOS DILUÍDOS CR-250","Piauí","-"]
["2018-08-01","ASFALTOS DILUÍDOS CR-250","Bahia","-"]
["2018-09-01","ASFALTOS DILUÍDOS CR-250","Distrito Federal","-"]
["2018-10-01","ASFALTOS DILUÍDOS CR-250","Roraima","-"]
["2018-12-01","ASFALTOS DILUÍDOS CR-250","Rondônia","-"]
["2019-01-01","ASFALTOS DILUÍDOS CR-250","Santa Catarina","-"]
["2019-04-01","ASFALTOS DILUÍDOS CR-250","Mato Grosso","-"]
["2019-05-01","ASFALTOS DILUÍDOS CR-250","Minas Gerais","-"]
["2019-08-01","ASFALTOS DILUÍDOS CR-250","Maranhão","-"]
["2019-09-01","ASFALTOS DILUÍDOS CR-250","Alagoas","-"]
["2019-11-01","ASFALTOS DILUÍDOS CR-250","Sergipe","-"]
["2020-02-01","ASFALTOS DILUÍDOS CR-250","Minas Gerais","-"]
["2020-03-01","ASFALTOS DILUÍDOS CR-250","Paraíba","-"]
["2020-04-01","ASFALTOS DILUÍDOS CR-250","Pernambuco","-"]
["2020-07-01","ASFALTOS DILUÍDOS CR-250","Amazonas","-"]
["2020-08-01","ASFALTOS DILUÍDOS CR-250","Ceará","-"]
["2020-11-01","ASFALTOS DILUÍDOS CR-250","Minas Gerais","-"]
["2020-11-01","ASFALTOS DILUÍDOS CR-250","Rio Grande do Sul","-"]
["2021-02-01","ASFALTOS DILUÍDOS CR-250","Piauí","-"]
["2021-03-01","ASFALTOS DILUÍDOS CR-250","Maranhão","-"]
["2021-06-01","ASFALTOS DILUÍDOS CR-250","Distrito Federal","-"]
["2021-07-01","ASFALTOS DILUÍDOS CR-250","Goiás","-"]
["2021-09-01","ASFALTOS DILUÍDOS CR-250","Roraima","-"]
["2021-10-01","ASFALTOS DILUÍDOS CR-250","São Paulo","-"]
["2022-01-01","ASFALTOS DILUÍDOS CR-250","Mato Grosso do Sul","-"]
["2022-02-01","ASFALTOS DILUÍDOS CR-250","Pará","-"]
["2022-05-01","ASFALTOS DILUÍDOS CR-250","Mato Grosso","-"]
["2022-06-01","ASFALTOS DILUÍDOS CR-250","Amapá","-"]
["2022-08-01","ASFALTOS DILUÍDOS CR-250","Tocantins","-"]
["2022-09-01","ASFALTOS DILUÍDOS CR-250","Rio Grande do Norte","-"]
["2022-12-01","ASFALTOS DILUÍDOS CR-250","Paraíba","-"]
["2023-01-01","ASFALTOS DILUÍDOS CR-250","Pernambuco","-"]
["2023-04-01","ASFALTOS DILUÍDOS CR-250","Amazonas","-"]
["2023-05-01","ASFALTOS DILUÍDOS CR-250","Ceará","-"]
["2023-08-01","ASFALTOS DILUÍDOS CR-250","Amapá","-"]
["2023-08-01","ASFALTOS DILUÍDOS CR-250","Rondônia","-"]
["2023-11-01","ASFALTOS DILUÍDOS CR-250","Rio de Janeiro","-"]
["2023-12-01","ASFALTOS DILUÍDOS CR-250","Mato Grosso","-"]
["2024-03-01","ASFALTOS DILUÍDOS CR-250","Espírito Santo","-"]
["2024-04-01","ASFALTOS DILUÍDOS CR-250","Maranhão","-"]
["2024-06-01","ASFALTOS DILUÍDOS CR-250","Santa Catarina","-"]
["2024-07-01","ASFALTOS DILUÍDOS CR-250","Sergipe","-"]
["2013-02-01","ASFALTOS DILUÍDOS CR-70","Maranhão","-"]
["2013-03-01","ASFALTOS DILUÍDOS CR-70","Pará","-"]
["2013-04-01","ASFALTOS DILUÍDOS CR-70","Paraná","-"]
["2013-07-01","ASFALTOS DILUÍDOS CR-70","Amapá","-"]
["2013-08-01","ASFALTOS DILUÍDOS CR-70","Bahia","-"]
["2013-11-01","ASFALTOS DILUÍDOS CR-70","Alagoas","-"]
["2013-11-01","ASFALTOS DILUÍDOS CR-70","Rio Grande do Sul","-"]
["2014-02-01","ASFALTOS DILUÍDOS CR-70","Piauí","-"]
["2014-03-01","ASFALTOS DILUÍDOS CR-70","Maranhão","-"]
["2014-06-01","ASFALTOS DILUÍDOS CR-70","Distrito Federal","-"]
["2014-07-01","ASFALTOS DILUÍDOS CR-70","Goiás","-"]
["2014-09-01","ASFALTOS DILUÍDOS CR-70","Roraima","-"]
["2014-11-01","ASFALTOS DILUÍDOS CR-70","Sergipe","-"]
["2015-01-01","ASFALTOS DILUÍDOS CR-70","Rio Grande do Sul","-"]
["2015-02-01","ASFALTOS DILUÍDOS CR-70","Minas Gerais","-"]
["2015-05-01","ASFALTOS DILUÍDOS CR-70","Maranhão","-"]
["2015-06-01","ASFALTOS DILUÍDOS CR-70","Alagoas","-"]
["2015-08-01","ASFALTOS DILUÍDOS CR-70","Sergipe","-"]
["2015-10-01","ASFALTOS DILUÍDOS CR-70","Acre","-"]
["2015-12-01","ASFALTOS DILUÍDOS CR-70","Paraíba","-"]
["2016-01-01","ASFALTOS DILUÍDOS CR-70","Pernambuco","-"]
["2016-04-01","ASFALTOS DILUÍDOS CR-70","Pará","-"]
["2016-05-01","ASFALTOS DILUÍDOS CR-70","Ceará","-"]
["2016-08-01","ASFALTOS DILUÍDOS CR-70","Amapá","-"]
["2016-08-01","ASFALTOS DILUÍDOS CR-70","Rondônia","-"]
["2016-10-01","ASFALTOS DILUÍDOS CR-70","Rondônia","-"]
["2016-12-01","ASFALTOS DILUÍDOS CR-70","Rio Grande do Norte","-"]
["2017-03-01","ASFALTOS DILUÍDOS CR-70","Distrito Federal","-"]
["2017-04-01","ASFALTOS DILUÍDOS CR-70","Goiás","-"]
["2017-06-01","ASFALTOS DILUÍDOS CR-70","Roraima","-"]
["2017-07-01","ASFALTOS DILUÍDOS CR-70","São Paulo","-"]
["2017-10-01","ASFALTOS DILUÍDOS CR-70","Rondônia","-"]
["2017-11-01","ASFALTOS DILUÍDOS CR-70","Pará","-"]
["2018-02-01","ASFALTOS DILUÍDOS CR-70","Mato Grosso","-"]
["2018-03-01","ASFALTOS DILUÍDOS CR-70","Minas Gerais","-"]
["2018-05-01","ASFALTOS DILUÍDOS CR-70","Tocantins","-"]
["2018-07-01","ASFALTOS DILUÍDOS CR-70","Alagoas","-"]
["2018-09-01","ASFALTOS DILUÍDOS CR-70","Paraná","-"]
["2018-11-01","ASFALTOS DILUÍDOS CR-70","Mato Grosso do Sul","-"]
["2018-11-01","ASFALTOS DILUÍDOS CR-70","Rio de Janeiro","-"]
["2019-02-01","ASFALTOS DILUÍDOS CR-70","Ceará","-"]
["2019-03-01","ASFALTOS DILUÍDOS CR-70","Espírito Santo","-"]
["2019-06-01","ASFALTOS DILUÍDOS CR-70","Bahia","-"]
["2019-06-01","ASFALTOS DILUÍDOS CR-70","Santa Catarina","-"]
["2019-09-01","ASFALTOS DILUÍDOS CR-70","Rio Grande do Sul","-"]
["2019-10-01","ASFALTOS DILUÍDOS CR-70","Minas Gerais","-"]
["2020-01-01","ASFALTOS DILUÍDOS CR-70","Maranhão","-"]
["2020-02-01","ASFALTOS DILUÍDOS CR-70","Mato Grosso do Sul","-"]
["2020-04-01","ASFALTOS DILUÍDOS CR-70","Sergipe","-"]
["2020-06-01","ASFALTOS DILUÍDOS CR-70","Acre","-"]
["2020-08-01","ASFALTOS DILUÍDOS CR-70","Paraíba","-"]
["2020-10-01","ASFALTOS DILUÍDOS CR-70","Espírito Santo","-"]
["2020-12-01","ASFALTOS DILUÍDOS CR-70","Minas Gerais","-"]
["2021-01-01","ASFALTOS DILUÍDOS CR-70","Bahia","-"]
["2021-04-01","ASFALTOS DILUÍDOS CR-70","Alagoas","-"]
["2021-05-01","ASFALTOS DILUÍDOS CR-70","Amazonas","-"]
["2021-07-01","ASFALTOS DILUÍDOS CR-70","Piauí","-"]
["2021-08-01","ASFALTOS DILUÍDOS CR-70","Rio Grande do Norte","-"]
["2021-11-01","ASFALTOS DILUÍDOS CR-70","Distrito Federal","-"]
["2021-12-01","ASFALTOS DILUÍDOS CR-70","Goiás","-"]
["2022-03-01","ASFALTOS DILUÍDOS CR-70","Ceará","-"]
["2022-03-01","ASFALTOS DILUÍDOS CR-70","São Paulo","-"]
["2022-06-01","ASFALTOS DILUÍDOS CR-70","Rondônia","-"]
["2022-07-01","ASFALTOS DILUÍDOS CR-70","Santa Catarina","-"]
["2022-10-01","ASFALTOS DILUÍDOS CR-70","Maranhão","-"]
["2022-11-01","ASFALTOS DILUÍDOS CR-70","Mato Grosso do Sul","-"]
["2023-01-01","ASFALTOS DILUÍDOS CR-70","Sergipe","-"]
["2023-03-01","ASFALTOS DILUÍDOS CR-70","Acre","-"]
["2023-04-01","ASFALTOS DILUÍDOS CR-70","Amapá","-"]
["2023-06-01","ASFALTOS DILUÍDOS CR-70","Pernambuco","-"]
["2023-07-01","ASFALTOS DILUÍDOS CR-70","Rio de Janeiro","-"]
["2023-10-01","ASFALTOS DILUÍDOS CR-70","Ceará","-"]
["2024-01-01","ASFALTOS DILUÍDOS CR-70","Amapá","-"]
["2024-02-01","ASFALTOS DILUÍDOS CR-70","Bahia","-"]
["2024-04-01","ASFALTOS DILUÍDOS CR-70","Rio de Janeiro","-"]
["2024-05-01","ASFALTOS DILUÍDOS CR-70","Rio Grande do Sul","-"]
["2024-07-01","ASFALTOS DILUÍDOS CR-70","São Paulo","-"]
["2013-01-01","CAP MODIFICADO POR BORRACHA DE PNEU AB22","Goiás","-"]
["2013-02-01","CAP MODIFICADO POR BORRACHA DE PNEU AB22","Mato Grosso","-"]
["2013-04-01","CAP MODIFICADO POR BORRACHA DE PNEU AB22","São Paulo","-"]
["2013-05-01","CAP MODIFICADO POR BORRACHA DE PNEU AB22","Tocantins","-"]
["2013-08-01","CAP MODIFICADO POR BORRACHA DE PNEU AB22","Santa Catarina","-"]
["2013-09-01","CAP MODIFICADO POR BORRACHA DE PNEU AB22","Paraná","-"]
["2013-12-01","CAP MODIFICADO POR BORRACHA DE PNEU AB22","Minas Gerais","-"]
["2014-01-01","CAP MODIFICADO POR BORRACHA DE PNEU AB22","Bahia","-"]
["2014-04-01","CAP MODIFICADO POR BORRACHA DE PNEU AB22","Alagoas","-"]
["2014-05-01","CAP MODIFICADO POR BORRACHA DE PNEU AB22","Amazonas","-"]
["2014-07-01","CAP MODIFICADO POR BORRACHA DE PNEU AB22","Piauí","-"]
["2014-08-01","CAP MODIFICADO POR BORRACHA DE PNEU AB22","Rio Grande do Norte","-"]
["2014-10-01","CAP MODIFICADO POR BORRACHA DE PNEU AB22","Rio Grande do Sul","-"]
["2014-12-01","CAP MODIFICADO POR BORRACHA DE PNEU AB22","Espírito Santo","-"]
["2015-03-01","CAP MODIFICADO POR BORRACHA DE PNEU AB22","Bahia","-"]
["2015-03-01","CAP MODIFICADO POR BORRACHA DE PNEU AB22","Santa Catarina","-"]
["2015-06-01","CAP MODIFICADO POR BORRACHA DE PNEU AB22","Rio Grande do Sul","-"]
["2015-07-01","CAP MODIFICADO POR BORRACHA DE PNEU AB22","Roraima","-"]
["2015-10-01","CAP MODIFICADO POR BORRACHA DE PNEU AB22","Maranhão","-"]
["2015-11-01","CAP MODIFICADO POR BORRACHA DE PNEU AB22","Mato Grosso do Sul","-"]
["2016-01-01","CAP MODIFICADO POR BORRACHA DE PNEU AB22","Sergipe","-"]
["2016-03-01","CAP MODIFICADO POR BORRACHA DE PNEU AB22","Acre","-"]
["2016-05-01","CAP MODIFICADO POR BORRACHA DE PNEU AB22","São Paulo","-"]
["2016-06-01","CAP MODIFICADO POR BORRACHA DE PNEU AB22","Pernambuco","-"]
["2016-08-01","CAP MODIFICADO POR BORRACHA DE PNEU AB22","Maranhão","-"]
["2016-10-01","CAP MODIFICADO POR BORRACHA DE PNEU AB22","Paraíba","-"]
["2017-01-01","CAP MODIFICADO POR BORRACHA DE PNEU AB22","Alagoas","-"]
["2017-02-01","CAP MODIFICADO POR BORRACHA DE PNEU AB22","Amazonas","-"]
["2017-04-01","CAP MODIFICADO POR BORRACHA DE PNEU AB22","Piauí","-"]
["2017-05-01","CAP MODIFICADO POR BORRACHA DE PNEU AB22","Rio Grande do Norte","-"]
["2017-06-01","CAP MODIFICADO POR BORRACHA DE PNEU AB22","Rondônia","-"]
["2017-09-01","CAP MODIFICADO POR BORRACHA DE PNEU AB22","Goiás","-"]
["2017-10-01","CAP MODIFICADO POR BORRACHA DE PNEU AB22","Mato Grosso","-"]
["2018-01-01","CAP MODIFICADO POR BORRACHA DE PNEU AB22","Espírito Santo","-"]
["2018-01-01","CAP MODIFICADO POR BORRACHA DE PNEU AB22","Tocantins","-"]
["2018-04-01","CAP MODIFICADO POR BORRACHA DE PNEU AB22","Santa Catarina","-"]
["2018-07-01","CAP MODIFICADO POR BORRACHA DE PNEU AB22","Mato Grosso","-"]
["2018-08-01","CAP MODIFICADO POR BORRACHA DE PNEU AB22","Tocantins","-"]
["2018-09-01","CAP MODIFICADO POR BORRACHA DE PNEU AB22","Pará","-"]
["2018-12-01","CAP MODIFICADO POR BORRACHA DE PNEU AB22","Acre","-"]
["2019-01-01","CAP MODIFICADO POR BORRACHA DE PNEU AB22","Amapá","-"]
["2019-03-01","CAP MODIFICADO POR BORRACHA DE PNEU AB22","Pernambuco","-"]
["2019-04-01","CAP MODIFICADO POR BORRACHA DE PNEU AB22","Rio de Janeiro","-"]
["2019-07-01","CAP MODIFICADO POR BORRACHA DE PNEU AB22","Paraná","-"]
["2019-08-01","CAP MODIFICADO POR BORRACHA DE PNEU AB22","Espírito Santo","-"]
["2019-11-01","CAP MODIFICADO POR BORRACHA DE PNEU AB22","Bahia","-"]
["2019-12-01","CAP MODIFICADO POR BORRACHA DE PNEU AB22","Distrito Federal","-"]
["2020-02-01","CAP MODIFICADO POR BORRACHA DE PNEU AB22","Rio Grande do Sul","-"]
["2020-03-01","CAP MODIFICADO POR BORRACHA DE PNEU AB22","Roraima","-"]
["2020-06-01","CAP MODIFICADO POR BORRACHA DE PNEU AB22","Maranhão","-"]
["2020-07-01","CAP MODIFICADO POR BORRACHA DE PNEU AB22","Roraima","-"]
["2020-10-01","CAP MODIFICADO POR BORRACHA DE PNEU AB22","Espírito Santo","-"]
["2020-10-01","CAP MODIFICADO POR BORRACHA DE PNEU AB22","Tocantins","-"]
["2021-01-01","CAP MODIFICADO POR BORRACHA DE PNEU AB22","Santa Catarina","-"]
["2021-02-01","CAP MODIFICADO POR BORRACHA DE PNEU AB22","Sergipe","-"]
["2021-05-01","CAP MODIFICADO POR BORRACHA DE PNEU AB22","Minas Gerais","-"]
["2021-06-01","CAP MODIFICADO POR BORRACHA DE PNEU AB22","Paraíba","-"]
["2021-09-01","CAP MODIFICADO POR BORRACHA DE PNEU AB22","Alagoas","-"]
["2021-10-01","CAP MODIFICADO POR BORRACHA DE PNEU AB22","Amazonas","-"]
["2022-01-01","CAP MODIFICADO POR BORRACHA DE PNEU AB22","Acre","-"]
["2022-01-01","CAP MODIFICADO POR BORRACHA DE PNEU AB22","Rio Grande do Norte","-"]
["2022-04-01","CAP MODIFICADO POR BORRACHA DE PNEU AB22","Pernambuco","-"]
["2022-05-01","CAP MODIFICADO POR BORRACHA DE PNEU AB22","Goiás","-"]
["2022-06-01","CAP MODIFICADO POR BORRACHA DE PNEU AB22","Rio de Janeiro","-"]
["2022-09-01","CAP MODIFICADO POR BORRACHA DE PNEU AB22","Distrito Federal","-"]
["2022-11-01","CAP MODIFICADO POR BORRACHA DE PNEU AB22","Rio Grande do Sul","-"]
["2022-12-01","CAP MODIFICADO POR BORRACHA DE PNEU AB22","Roraima","-"]
["2023-01-01","CAP MODIFICADO POR BORRACHA DE PNEU AB22","São Paulo","-"]
["2023-04-01","CAP MODIFICADO POR BORRACHA DE PNEU AB22","Mato Grosso do Sul","-"]
["2023-05-01","CAP MODIFICADO POR BORRACHA DE PNEU AB22","Pará","-"]
["2023-08-01","CAP MODIFICADO POR BORRACHA DE PNEU AB22","Acre","-"]
["2023-09-01","CAP MODIFICADO POR BORRACHA DE PNEU AB22","Amapá","-"]
["2023-11-01","CAP MODIFICADO POR BORRACHA DE PNEU AB22","Tocantins","-"]
["2023-12-01","CAP MODIFICADO POR BORRACHA DE PNEU AB22","Rio de Janeiro","-"]
["2024-03-01","CAP MODIFICADO POR BORRACHA DE PNEU AB22","Paraná","-"]
["2024-04-01","CAP MODIFICADO POR BORRACHA DE PNEU AB22","Espírito Santo","-"]
["2024-07-01","CAP MODIFICADO POR BORRACHA DE PNEU AB22","Amazonas","-"]
["2024-08-01","CAP MODIFICADO POR BORRACHA DE PNEU AB22","Ceará","-"]
["2013-02-01","CAP MODIFICADO POR BORRACHA DE PNEU AB8","Rio Grande do Norte","-"]
["2013-03-01","CAP MODIFICADO POR BORRACHA DE PNEU AB8","Rondônia","-"]
["2013-06-01","CAP MODIFICADO POR BORRACHA DE PNEU AB8","Rio de Janeiro","-"]
["2013-07-01","CAP MODIFICADO POR BORRACHA DE PNEU AB8","Mato Grosso","-"]
["2013-10-01","CAP MODIFICADO POR BORRACHA DE PNEU AB8","Espírito Santo","-"]
["2013-10-01","CAP MODIFICADO POR BORRACHA DE PNEU AB8","Tocantins","-"]
["2014-01-01","CAP MODIFICADO POR BORRACHA DE PNEU AB8","Santa Catarina","-"]
["2014-02-01","CAP MODIFICADO POR BORRACHA DE PNEU AB8","Sergipe","-"]
["2014-05-01","CAP MODIFICADO POR BORRACHA DE PNEU AB8","Minas Gerais","-"]
["2014-06-01","CAP MODIFICADO POR BORRACHA DE PNEU AB8","Paraíba","-"]
["2014-08-01","CAP MODIFICADO POR BORRACHA DE PNEU AB8","Goiás","-"]
["2014-10-01","CAP MODIFICADO POR BORRACHA DE PNEU AB8","Amapá","-"]
["2014-12-01","CAP MODIFICADO POR BORRACHA DE PNEU AB8","Tocantins","-"]
["2015-01-01","CAP MODIFICADO POR BORRACHA DE PNEU AB8","Rio de Janeiro","-"]
["2015-04-01","CAP MODIFICADO POR BORRACHA DE PNEU AB8","Paraná",1.60366356844034]
["2015-05-01","CAP MODIFICADO POR BORRACHA DE PNEU AB8","Piauí","-"]
["2015-08-01","CAP MODIFICADO POR BORRACHA DE PNEU AB8","Bahia","-"]
["2015-09-01","CAP MODIFICADO POR BORRACHA DE PNEU AB8","Distrito Federal","-"]
["2015-11-01","CAP MODIFICADO POR BORRACHA DE PNEU AB8","Rio Grande do Sul","-"]
["2015-12-01","CAP MODIFICADO POR BORRACHA DE PNEU AB8","Roraima","-"]
["2016-03-01","CAP MODIFICADO POR BORRACHA DE PNEU AB8","Rio Grande do Norte","-"]
["2016-04-01","CAP MODIFICADO POR BORRACHA DE PNEU AB8","Mato Grosso do Sul","-"]
["2016-07-01","CAP MODIFICADO POR BORRACHA DE PNEU AB8","Goiás","-"]
["2016-08-01","CAP MODIFICADO POR BORRACHA DE PNEU AB8","Sergipe","-"]
["2016-10-01","CAP MODIFICADO POR BORRACHA DE PNEU AB8","Santa Catarina","-"]
["2016-11-01","CAP MODIFICADO POR BORRACHA DE PNEU AB8","Sergipe","-"]
["2017-02-01","CAP MODIFICADO POR BORRACHA DE PNEU AB8","Minas Gerais","-"]
["2017-03-01","CAP MODIFICADO POR BORRACHA DE PNEU AB8","Paraíba","-"]
["2017-04-01","CAP MODIFICADO POR BORRACHA DE PNEU AB8","Pernambuco","-"]
["2017-07-01","CAP MODIFICADO POR BORRACHA DE PNEU AB8","Amazonas","-"]
["2017-08-01","CAP MODIFICADO POR BORRACHA DE PNEU AB8","Ceará","-"]
["2017-10-01","CAP MODIFICADO POR BORRACHA DE PNEU AB8","Rio Grande do Norte","-"]
["2017-11-01","CAP MODIFICADO POR BORRACHA DE PNEU AB8","Rondônia","-"]
["2018-02-01","CAP MODIFICADO POR BORRACHA DE PNEU AB8","Rio de Janeiro","-"]
["2018-03-01","CAP MODIFICADO POR BORRACHA DE PNEU AB8","Mato Grosso","-"]
["2018-06-01","CAP MODIFICADO POR BORRACHA DE PNEU AB8","Espírito Santo","-"]
["2018-07-01","CAP MODIFICADO POR BORRACHA DE PNEU AB8","Rondônia","-"]
["2018-09-01","CAP MODIFICADO POR BORRACHA DE PNEU AB8","Roraima","-"]
["2018-10-01","CAP MODIFICADO POR BORRACHA DE PNEU AB8","São Paulo","-"]
["2019-01-01","CAP MODIFICADO POR BORRACHA DE PNEU AB8","Mato Grosso do Sul","-"]
["2019-02-01","CAP MODIFICADO POR BORRACHA DE PNEU AB8","Pará","-"]
["2019-05-01","CAP MODIFICADO POR BORRACHA DE PNEU AB8","Mato Grosso","-"]
["2019-06-01","CAP MODIFICADO POR BORRACHA DE PNEU AB8","Amapá","-"]
["2019-08-01","CAP MODIFICADO POR BORRACHA DE PNEU AB8","Tocantins","-"]
["2019-10-01","CAP MODIFICADO POR BORRACHA DE PNEU AB8","Alagoas","-"]
["2019-12-01","CAP MODIFICADO POR BORRACHA DE PNEU AB8","Paraná",3.00686065243979]
["2020-01-01","CAP MODIFICADO POR BORRACHA DE PNEU AB8","Piauí","-"]
["2020-04-01","CAP MODIFICADO POR BORRACHA DE PNEU AB8","Bahia","-"]
["2020-05-01","CAP MODIFICADO POR BORRACHA DE PNEU AB8","Mato Grosso","-"]
["2020-08-01","CAP MODIFICADO POR BORRACHA DE PNEU AB8","Amapá","-"]
["2020-08-01","CAP MODIFICADO POR BORRACHA DE PNEU AB8","Rondônia","-"]
["2020-11-01","CAP MODIFICADO POR BORRACHA DE PNEU AB8","Rio de Janeiro","-"]
["2020-12-01","CAP MODIFICADO POR BORRACHA DE PNEU AB8","Mato Grosso","-"]
["2021-03-01","CAP MODIFICADO POR BORRACHA DE PNEU AB8","Espírito Santo","-"]
["2021-04-01","CAP MODIFICADO POR BORRACHA DE PNEU AB8","Maranhão","-"]
["2021-06-01","CAP MODIFICADO POR BORRACHA DE PNEU AB8","Santa Catarina","-"]
["2021-07-01","CAP MODIFICADO POR BORRACHA DE PNEU AB8","Sergipe","-"]
["2021-09-01","CAP MODIFICADO POR BORRACHA DE PNEU AB8","Acre","-"]
["2021-11-01","CAP MODIFICADO POR BORRACHA DE PNEU AB8","Paraíba","-"]
["2021-12-01","CAP MODIFICADO POR BORRACHA DE PNEU AB8","Pernambuco","-"]
["2022-03-01","CAP MODIFICADO POR BORRACHA DE PNEU AB8","Amazonas","-"]
["2022-04-01","CAP MODIFICADO POR BORRACHA DE PNEU AB8","Distrito Federal","-"]
["2022-07-01","CAP MODIFICADO POR BORRACHA DE PNEU AB8","Alagoas","-"]
["2022-09-01","CAP MODIFICADO POR BORRACHA DE PNEU AB8","Paraná",4.63381321121517]
["2022-10-01","CAP MODIFICADO POR BORRACHA DE PNEU AB8","Piauí","-"]
["2022-11-01","CAP MODIFICADO POR BORRACHA DE PNEU AB8","Rio Grande do Norte","-"]
["2023-02-01","CAP MODIFICADO POR BORRACHA DE PNEU AB8","Distrito Federal","-"]
["2023-03-01","CAP MODIFICADO POR BORRACHA DE PNEU AB8","Goiás","-"]
["2023-05-01","CAP MODIFICADO POR BORRACHA DE PNEU AB8","Roraima","-"]
["2023-06-01","CAP MODIFICADO POR BORRACHA DE PNEU AB8","São Paulo",3.68478137109174]
["2023-09-01","CAP MODIFICADO POR BORRACHA DE PNEU AB8","Rondônia","-"]
["2023-10-01","CAP MODIFICADO POR BORRACHA DE PNEU AB8","Pará","-"]
["2024-01-01","CAP MODIFICADO POR BORRACHA DE PNEU AB8","Mato Grosso","-"]
["2024-02-01","CAP MODIFICADO POR BORRACHA DE PNEU AB8","Amapá","-"]
["2024-04-01","CAP MODIFICADO POR BORRACHA DE PNEU AB8","Santa Catarina","-"]
["2024-06-01","CAP MODIFICADO POR BORRACHA DE PNEU AB8","Acre","-"]
["2024-08-01","CAP MODIFICADO POR BORRACHA DE PNEU AB8","Paraíba","-"]
["2015-09-01","CAP MODIFICADO POR POLÍMERO 55-75-E","Pernambuco","-"]
["2015-12-01","CAP MODIFICADO POR POLÍMERO 55-75-E","Pará","-"]
["2016-01-01","CAP MODIFICADO POR POLÍMERO 55-75-E","Ceará","-"]
["2016-04-01","CAP MODIFICADO POR POLÍMERO 55-75-E","Amapá","-"]
["2016-04-01","CAP MODIFICADO POR POLÍMERO 55-75-E","Rondônia","-"]
["2016-07-01","CAP MODIFICADO POR POLÍMERO 55-75-E","Rio de Janeiro","-"]
["2016-08-01","CAP MODIFICADO POR POLÍMERO 55-75-E","Rio Grande do Sul","-"]
["2016-11-01","CAP MODIFICADO POR POLÍMERO 55-75-E","Espírito Santo","-"]
["2016-12-01","CAP MODIFICADO POR POLÍMERO 55-75-E","Maranhão","-"]
["2017-02-01","CAP MODIFICADO POR POLÍMERO 55-75-E","Santa Catarina","-"]
["2017-03-01","CAP MODIFICADO POR POLÍMERO 55-75-E","Rio Grande do Norte","-"]
["2017-06-01","CAP MODIFICADO POR POLÍMERO 55-75-E","Rondônia","-"]
["2017-07-01","CAP MODIFICADO POR POLÍMERO 55-75-E","Pará","-"]
["2017-10-01","CAP MODIFICADO POR POLÍMERO 55-75-E","Mato Grosso","-"]
["2017-11-01","CAP MODIFICADO POR POLÍMERO 55-75-E","Minas Gerais","-"]
["2018-01-01","CAP MODIFICADO POR POLÍMERO 55-75-E","Tocantins","-"]
["2018-03-01","CAP MODIFICADO POR POLÍMERO 55-75-E","Alagoas","-"]
["2018-05-01","CAP MODIFICADO POR POLÍMERO 55-75-E","Paraná","-"]
["2018-06-01","CAP MODIFICADO POR POLÍMERO 55-75-E","Piauí","-"]
["2018-07-01","CAP MODIFICADO POR POLÍMERO 55-75-E","Rio Grande do Norte","-"]
["2018-10-01","CAP MODIFICADO POR POLÍMERO 55-75-E","Distrito Federal","-"]
["2018-11-01","CAP MODIFICADO POR POLÍMERO 55-75-E","Goiás","-"]
["2019-02-01","CAP MODIFICADO POR POLÍMERO 55-75-E","Pará","-"]
["2019-02-01","CAP MODIFICADO POR POLÍMERO 55-75-E","Santa Catarina","-"]
["2019-05-01","CAP MODIFICADO POR POLÍMERO 55-75-E","Rio Grande do Sul","-"]
["2019-08-01","CAP MODIFICADO POR POLÍMERO 55-75-E","Espírito Santo","-"]
["2019-09-01","CAP MODIFICADO POR POLÍMERO 55-75-E","Maranhão","-"]
["2019-10-01","CAP MODIFICADO POR POLÍMERO 55-75-E","Mato Grosso do Sul","-"]
["2019-12-01","CAP MODIFICADO POR POLÍMERO 55-75-E","Sergipe","-"]
["2020-02-01","CAP MODIFICADO POR POLÍMERO 55-75-E","Acre","-"]
["2020-04-01","CAP MODIFICADO POR POLÍMERO 55-75-E","Paraíba","-"]
["2020-05-01","CAP MODIFICADO POR POLÍMERO 55-75-E","Pernambuco","-"]
["2020-08-01","CAP MODIFICADO POR POLÍMERO 55-75-E","Pará","-"]
["2020-09-01","CAP MODIFICADO POR POLÍMERO 55-75-E","Ceará",3.1052601397982]
["2020-12-01","CAP MODIFICADO POR POLÍMERO 55-75-E","Amapá","-"]
["2021-01-01","CAP MODIFICADO POR POLÍMERO 55-75-E","Maranhão","-"]
["2021-03-01","CAP MODIFICADO POR POLÍMERO 55-75-E","Piauí","-"]
["2021-04-01","CAP MODIFICADO POR POLÍMERO 55-75-E","Rio Grande do Norte","-"]
["2021-07-01","CAP MODIFICADO POR POLÍMERO 55-75-E","Distrito Federal","-"]
["2021-08-01","CAP MODIFICADO POR POLÍMERO 55-75-E","Goiás","-"]
["2021-11-01","CAP MODIFICADO POR POLÍMERO 55-75-E","Ceará","-"]
["2021-11-01","CAP MODIFICADO POR POLÍMERO 55-75-E","São Paulo","-"]
["2022-02-01","CAP MODIFICADO POR POLÍMERO 55-75-E","Rondônia","-"]
["2022-03-01","CAP MODIFICADO POR POLÍMERO 55-75-E","Santa Catarina","-"]
["2022-06-01","CAP MODIFICADO POR POLÍMERO 55-75-E","Mato Grosso","-"]
["2022-07-01","CAP MODIFICADO POR POLÍMERO 55-75-E","Minas Gerais","-"]
["2022-09-01","CAP MODIFICADO POR POLÍMERO 55-75-E","Tocantins","-"]
["2022-11-01","CAP MODIFICADO POR POLÍMERO 55-75-E","Alagoas","-"]
["2022-12-01","CAP MODIFICADO POR POLÍMERO 55-75-E","Ceará",4.82773012503775]
["2023-02-01","CAP MODIFICADO POR POLÍMERO 55-75-E","Pernambuco","-"]
["2023-05-01","CAP MODIFICADO POR POLÍMERO 55-75-E","Pará","-"]
["2023-06-01","CAP MODIFICADO POR POLÍMERO 55-75-E","Ceará","-"]
["2023-09-01","CAP MODIFICADO POR POLÍMERO 55-75-E","Amapá","-"]
["2023-10-01","CAP MODIFICADO POR POLÍMERO 55-75-E","Bahia","-"]
["2023-12-01","CAP MODIFICADO POR POLÍMERO 55-75-E","Rio de Janeiro","-"]
["2024-01-01","CAP MODIFICADO POR POLÍMERO 55-75-E","Rio Grande do Sul",3.88583827160645]
["2024-02-01","CAP MODIFICADO POR POLÍMERO 55-75-E","Roraima","-"]
["2024-05-01","CAP MODIFICADO POR POLÍMERO 55-75-E","Maranhão","-"]
["2024-06-01","CAP MODIFICADO POR POLÍMERO 55-75-E","Mato Grosso do Sul","-"]
["2024-08-01","CAP MODIFICADO POR POLÍMERO 55-75-E","Sergipe","-"]
["2015-10-01","CAP MODIFICADO POR POLÍMERO 60-85-E","Acre","-"]
["2015-12-01","CAP MODIFICADO POR POLÍMERO 60-85-E","Roraima","-"]
["2016-01-01","CAP MODIFICADO POR POLÍMERO 60-85-E","Paraná","-"]
["2016-04-01","CAP MODIFICADO POR POLÍMERO 60-85-E","Minas Gerais",2.14571486023445]
["2016-05-01","CAP MODIFICADO POR POLÍMERO 60-85-E","Bahia","-"]
["2016-08-01","CAP MODIFICADO POR POLÍMERO 60-85-E","Alagoas","-"]
["2016-09-01","CAP MODIFICADO POR POLÍMERO 60-85-E","Amazonas","-"]
["2016-11-01","CAP MODIFICADO POR POLÍMERO 60-85-E","Piauí","-"]
["2016-12-01","CAP MODIFICADO POR POLÍMERO 60-85-E","Rio Grande do Norte","-"]
["2017-03-01","CAP MODIFICADO POR POLÍMERO 60-85-E","Pernambuco","-"]
["2017-04-01","CAP MODIFICADO POR POLÍMERO 60-85-E","Goiás","-"]
["2017-07-01","CAP MODIFICADO POR POLÍMERO 60-85-E","Ceará","-"]
["2017-07-01","CAP MODIFICADO POR POLÍMERO 60-85-E","São Paulo",1.9105927852408]
["2017-10-01","CAP MODIFICADO POR POLÍMERO 60-85-E","Mato Grosso do Sul","-"]
["2017-11-01","CAP MODIFICADO POR POLÍMERO 60-85-E","Roraima","-"]
["2018-02-01","CAP MODIFICADO POR POLÍMERO 60-85-E","Maranhão","-"]
["2018-03-01","CAP MODIFICADO POR POLÍMERO 60-85-E","Mato Grosso do Sul","-"]
["2018-06-01","CAP MODIFICADO POR POLÍMERO 60-85-E","Goiás","-"]
["2018-07-01","CAP MODIFICADO POR POLÍMERO 60-85-E","Acre","-"]
["2018-09-01","CAP MODIFICADO POR POLÍMERO 60-85-E","São Paulo",2.84009810673434]
["2018-10-01","CAP MODIFICADO POR POLÍMERO 60-85-E","Pernambuco","-"]
["2019-01-01","CAP MODIFICADO POR POLÍMERO 60-85-E","Pará","-"]
["2019-02-01","CAP MODIFICADO POR POLÍMERO 60-85-E","Paraná",3.44147652887171]
["2019-05-01","CAP MODIFICADO POR POLÍMERO 60-85-E","Amapá","-"]
["2019-06-01","CAP MODIFICADO POR POLÍMERO 60-85-E","Bahia","-"]
["2019-08-01","CAP MODIFICADO POR POLÍMERO 60-85-E","Rio de Janeiro","-"]
["2019-09-01","CAP MODIFICADO POR POLÍMERO 60-85-E","Espírito Santo","-"]
["2019-12-01","CAP MODIFICADO POR POLÍMERO 60-85-E","Pernambuco","-"]
["2020-01-01","CAP MODIFICADO POR POLÍMERO 60-85-E","Goiás","-"]
["2020-04-01","CAP MODIFICADO POR POLÍMERO 60-85-E","Ceará","-"]
["2020-05-01","CAP MODIFICADO POR POLÍMERO 60-85-E","Espírito Santo","-"]
["2020-07-01","CAP MODIFICADO POR POLÍMERO 60-85-E","Rondônia","-"]
["2020-08-01","CAP MODIFICADO POR POLÍMERO 60-85-E","Santa Catarina","-"]
["2020-11-01","CAP MODIFICADO POR POLÍMERO 60-85-E","Mato Grosso","-"]
["2020-12-01","CAP MODIFICADO POR POLÍMERO 60-85-E","Minas Gerais",3.44051850779569]
["2021-01-01","CAP MODIFICADO POR POLÍMERO 60-85-E","Paraíba","-"]
["2021-04-01","CAP MODIFICADO POR POLÍMERO 60-85-E","Alagoas","-"]
["2021-05-01","CAP MODIFICADO POR POLÍMERO 60-85-E","Amazonas","-"]
["2021-07-01","CAP MODIFICADO POR POLÍMERO 60-85-E","Piauí","-"]
["2021-09-01","CAP MODIFICADO POR POLÍMERO 60-85-E","São Paulo",4.48219311168292]
["2021-11-01","CAP MODIFICADO POR POLÍMERO 60-85-E","Paraná",4.74874656937406]
["2021-12-01","CAP MODIFICADO POR POLÍMERO 60-85-E","Espírito Santo","-"]
["2022-03-01","CAP MODIFICADO POR POLÍMERO 60-85-E","Bahia","-"]
["2022-04-01","CAP MODIFICADO POR POLÍMERO 60-85-E","Distrito Federal","-"]
["2022-06-01","CAP MODIFICADO POR POLÍMERO 60-85-E","Rio Grande do Sul","-"]
["2022-07-01","CAP MODIFICADO POR POLÍMERO 60-85-E","Roraima","-"]
["2022-10-01","CAP MODIFICADO POR POLÍMERO 60-85-E","Maranhão","-"]
["2022-11-01","CAP MODIFICADO POR POLÍMERO 60-85-E","Mato Grosso do Sul","-"]
["2023-02-01","CAP MODIFICADO POR POLÍMERO 60-85-E","Goiás","-"]
["2023-03-01","CAP MODIFICADO POR POLÍMERO 60-85-E","Acre","-"]
["2023-05-01","CAP MODIFICADO POR POLÍMERO 60-85-E","São Paulo",4.09237393856059]
["2023-06-01","CAP MODIFICADO POR POLÍMERO 60-85-E","Tocantins","-"]
["2023-08-01","CAP MODIFICADO POR POLÍMERO 60-85-E","Rio Grande do Sul",3.78237695643197]
["2023-10-01","CAP MODIFICADO POR POLÍMERO 60-85-E","Paraíba","-"]
["2024-01-01","CAP MODIFICADO POR POLÍMERO 60-85-E","Alagoas","-"]
["2024-02-01","CAP MODIFICADO POR POLÍMERO 60-85-E","Amazonas","-"]
["2024-05-01","CAP MODIFICADO POR POLÍMERO 60-85-E","Acre","-"]
["2024-05-01","CAP MODIFICADO POR POLÍMERO 60-85-E","Rio Grande do Norte","-"]
["2024-08-01","CAP MODIFICADO POR POLÍMERO 60-85-E","Pernambuco","-"]
["2015-09-01","CAP MODIFICADO POR POLÍMERO 65-90-E","Goiás","-"]
["2015-12-01","CAP MODIFICADO POR POLÍMERO 65-90-E","Ceará","-"]
["2016-01-01","CAP MODIFICADO POR POLÍMERO 65-90-E","Espírito Santo","-"]
["2016-03-01","CAP MODIFICADO POR POLÍMERO 65-90-E","Rondônia","-"]
["2016-04-01","CAP MODIFICADO POR POLÍMERO 65-90-E","Santa Catarina","-"]
["2016-07-01","CAP MODIFICADO POR POLÍMERO 65-90-E","Paraíba","-"]
["2016-08-01","CAP MODIFICADO POR POLÍMERO 65-90-E","Mato Grosso do Sul","-"]
["2016-09-01","CAP MODIFICADO POR POLÍMERO 65-90-E","Pará","-"]
["2016-12-01","CAP MODIFICADO POR POLÍMERO 65-90-E","Acre","-"]
["2017-02-01","CAP MODIFICADO POR POLÍMERO 65-90-E","São Paulo","-"]
["2017-03-01","CAP MODIFICADO POR POLÍMERO 65-90-E","Tocantins","-"]
["2017-06-01","CAP MODIFICADO POR POLÍMERO 65-90-E","Pará","-"]
["2017-07-01","CAP MODIFICADO POR POLÍMERO 65-90-E","Paraná","-"]
["2017-08-01","CAP MODIFICADO POR POLÍMERO 65-90-E","Piauí","-"]
["2017-11-01","CAP MODIFICADO POR POLÍMERO 65-90-E","Bahia","-"]
["2017-12-01","CAP MODIFICADO POR POLÍMERO 65-90-E","Distrito Federal","-"]
["2018-02-01","CAP MODIFICADO POR POLÍMERO 65-90-E","Rio Grande do Sul","-"]
["2018-03-01","CAP MODIFICADO POR POLÍMERO 65-90-E","Roraima","-"]
["2018-06-01","CAP MODIFICADO POR POLÍMERO 65-90-E","Mato Grosso","-"]
["2018-07-01","CAP MODIFICADO POR POLÍMERO 65-90-E","Mato Grosso","-"]
["2018-10-01","CAP MODIFICADO POR POLÍMERO 65-90-E","Espírito Santo","-"]
["2018-10-01","CAP MODIFICADO POR POLÍMERO 65-90-E","Tocantins","-"]
["2019-01-01","CAP MODIFICADO POR POLÍMERO 65-90-E","Santa Catarina","-"]
["2019-02-01","CAP MODIFICADO POR POLÍMERO 65-90-E","Sergipe","-"]
["2019-05-01","CAP MODIFICADO POR POLÍMERO 65-90-E","Minas Gerais","-"]
["2019-06-01","CAP MODIFICADO POR POLÍMERO 65-90-E","Paraíba","-"]
["2019-09-01","CAP MODIFICADO POR POLÍMERO 65-90-E","Mato Grosso do Sul","-"]
["2019-10-01","CAP MODIFICADO POR POLÍMERO 65-90-E","Amazonas","-"]
["2020-01-01","CAP MODIFICADO POR POLÍMERO 65-90-E","Acre","-"]
["2020-01-01","CAP MODIFICADO POR POLÍMERO 65-90-E","Rio Grande do Norte","-"]
["2020-04-01","CAP MODIFICADO POR POLÍMERO 65-90-E","Pernambuco","-"]
["2020-05-01","CAP MODIFICADO POR POLÍMERO 65-90-E","Distrito Federal","-"]
["2020-08-01","CAP MODIFICADO POR POLÍMERO 65-90-E","Bahia","-"]
["2020-09-01","CAP MODIFICADO POR POLÍMERO 65-90-E","Distrito Federal","-"]
["2020-11-01","CAP MODIFICADO POR POLÍMERO 65-90-E","Rio Grande do Sul","-"]
["2020-12-01","CAP MODIFICADO POR POLÍMERO 65-90-E","Roraima","-"]
["2021-03-01","CAP MODIFICADO POR POLÍMERO 65-90-E","Rio Grande do Norte","-"]
["2021-04-01","CAP MODIFICADO POR POLÍMERO 65-90-E","Mato Grosso do Sul","-"]
["2021-07-01","CAP MODIFICADO POR POLÍMERO 65-90-E","Goiás","-"]
["2021-08-01","CAP MODIFICADO POR POLÍMERO 65-90-E","Mato Grosso","-"]
["2021-10-01","CAP MODIFICADO POR POLÍMERO 65-90-E","São Paulo","-"]
["2021-11-01","CAP MODIFICADO POR POLÍMERO 65-90-E","Tocantins","-"]
["2022-02-01","CAP MODIFICADO POR POLÍMERO 65-90-E","Pará","-"]
["2022-02-01","CAP MODIFICADO POR POLÍMERO 65-90-E","Roraima","-"]
["2022-04-01","CAP MODIFICADO POR POLÍMERO 65-90-E","Pernambuco","-"]
["2022-07-01","CAP MODIFICADO POR POLÍMERO 65-90-E","Amazonas","-"]
["2022-08-01","CAP MODIFICADO POR POLÍMERO 65-90-E","Ceará","-"]
["2022-11-01","CAP MODIFICADO POR POLÍMERO 65-90-E","Amapá","-"]
["2022-11-01","CAP MODIFICADO POR POLÍMERO 65-90-E","Rondônia","-"]
["2023-02-01","CAP MODIFICADO POR POLÍMERO 65-90-E","Rio de Janeiro","-"]
["2023-05-01","CAP MODIFICADO POR POLÍMERO 65-90-E","Ceará","-"]
["2023-06-01","CAP MODIFICADO POR POLÍMERO 65-90-E","Espírito Santo","-"]
["2023-07-01","CAP MODIFICADO POR POLÍMERO 65-90-E","Maranhão","-"]
["2023-09-01","CAP MODIFICADO POR POLÍMERO 65-90-E","Santa Catarina","-"]
["2023-10-01","CAP MODIFICADO POR POLÍMERO 65-90-E","Sergipe","-"]
["2024-01-01","CAP MODIFICADO POR POLÍMERO 65-90-E","Minas Gerais","-"]
["2024-03-01","CAP MODIFICADO POR POLÍMERO 65-90-E","Minas Gerais","-"]
["2024-05-01","CAP MODIFICADO POR POLÍMERO 65-90-E","Mato Grosso","-"]
["2024-06-01","CAP MODIFICADO POR POLÍMERO 65-90-E","Amapá","-"]
["2024-08-01","CAP MODIFICADO POR POLÍMERO 65-90-E","Tocantins","-"]
["2013-02-01","CIMENTO ASFÁLTICO MODIFICADO POR POLÍMERO SBS 50-65","Alagoas","-"]
["2013-04-01","CIMENTO ASFÁLTICO MODIFICADO POR POLÍMERO SBS 50-65","Paraná","-"]
["2013-05-01","CIMENTO ASFÁLTICO MODIFICADO POR POLÍMERO SBS 50-65","Piauí","-"]
["2013-08-01","CIMENTO ASFÁLTICO MODIFICADO POR POLÍMERO SBS 50-65","Bahia","-"]
["2013-09-01","CIMENTO ASFÁLTICO MODIFICADO POR POLÍMERO SBS 50-65","Distrito Federal","-"]
["2013-12-01","CIMENTO ASFÁLTICO MODIFICADO POR POLÍMERO SBS 50-65","Amazonas","-"]
["2013-12-01","CIMENTO ASFÁLTICO MODIFICADO POR POLÍMERO SBS 50-65","Roraima","-"]
["2014-03-01","CIMENTO ASFÁLTICO MODIFICADO POR POLÍMERO SBS 50-65","Rio Grande do Norte","-"]
["2014-04-01","CIMENTO ASFÁLTICO MODIFICADO POR POLÍMERO SBS 50-65","Rondônia","-"]
["2014-06-01","CIMENTO ASFÁLTICO MODIFICADO POR POLÍMERO SBS 50-65","Goiás","-"]
["2014-08-01","CIMENTO ASFÁLTICO MODIFICADO POR POLÍMERO SBS 50-65","Maranhão","-"]
["2014-10-01","CIMENTO ASFÁLTICO MODIFICADO POR POLÍMERO SBS 50-65","Santa Catarina","-"]
["2014-11-01","CIMENTO ASFÁLTICO MODIFICADO POR POLÍMERO SBS 50-65","Sergipe","-"]
["2015-02-01","CIMENTO ASFÁLTICO MODIFICADO POR POLÍMERO SBS 50-65","Roraima","-"]
["2015-03-01","CIMENTO ASFÁLTICO MODIFICADO POR POLÍMERO SBS 50-65","Paraíba","-"]
["2015-06-01","CIMENTO ASFÁLTICO MODIFICADO POR POLÍMERO SBS 50-65","Mato Grosso do Sul","-"]
["2015-07-01","CIMENTO ASFÁLTICO MODIFICADO POR POLÍMERO SBS 50-65","Amazonas","-"]
["2013-02-01","CIMENTO ASFÁLTICO MODIFICADO POR POLÍMERO SBS 55-75","Acre","-"]
["2013-03-01","CIMENTO ASFÁLTICO MODIFICADO POR POLÍMERO SBS 55-75","Amapá","-"]
["2013-05-01","CIMENTO ASFÁLTICO MODIFICADO POR POLÍMERO SBS 55-75","Pernambuco","-"]
["2013-06-01","CIMENTO ASFÁLTICO MODIFICADO POR POLÍMERO SBS 55-75","Rio de Janeiro","-"]
["2013-07-01","CIMENTO ASFÁLTICO MODIFICADO POR POLÍMERO SBS 55-75","Rio Grande do Sul","-"]
["2013-10-01","CIMENTO ASFÁLTICO MODIFICADO POR POLÍMERO SBS 55-75","Sergipe","-"]
["2013-11-01","CIMENTO ASFÁLTICO MODIFICADO POR POLÍMERO SBS 55-75","Goiás","-"]
["2014-01-01","CIMENTO ASFÁLTICO MODIFICADO POR POLÍMERO SBS 55-75","Roraima","-"]
["2014-02-01","CIMENTO ASFÁLTICO MODIFICADO POR POLÍMERO SBS 55-75","São Paulo","-"]
["2014-05-01","CIMENTO ASFÁLTICO MODIFICADO POR POLÍMERO SBS 55-75","Rondônia","-"]
["2014-06-01","CIMENTO ASFÁLTICO MODIFICADO POR POLÍMERO SBS 55-75","Pará","-"]
["2014-09-01","CIMENTO ASFÁLTICO MODIFICADO POR POLÍMERO SBS 55-75","Mato Grosso","-"]
["2014-10-01","CIMENTO ASFÁLTICO MODIFICADO POR POLÍMERO SBS 55-75","Amapá","-"]
["2014-12-01","CIMENTO ASFÁLTICO MODIFICADO POR POLÍMERO SBS 55-75","Tocantins","-"]
["2015-02-01","CIMENTO ASFÁLTICO MODIFICADO POR POLÍMERO SBS 55-75","Alagoas","-"]
["2015-04-01","CIMENTO ASFÁLTICO MODIFICADO POR POLÍMERO SBS 55-75","Paraná","-"]
["2015-05-01","CIMENTO ASFÁLTICO MODIFICADO POR POLÍMERO SBS 55-75","Piauí","-"]
["2015-07-01","CIMENTO ASFÁLTICO MODIFICADO POR POLÍMERO SBS 55-75","Sergipe","-"]
["2013-01-01","CIMENTO ASFÁLTICO MODIFICADO POR POLÍMERO SBS 60-85","Ceará","-"]
["2013-04-01","CIMENTO ASFÁLTICO MODIFICADO POR POLÍMERO SBS 60-85","Amapá","-"]
["2013-04-01","CIMENTO ASFÁLTICO MODIFICADO POR POLÍMERO SBS 60-85","Rondônia","-"]
["2013-07-01","CIMENTO ASFÁLTICO MODIFICADO POR POLÍMERO SBS 60-85","Rio de Janeiro","-"]
["2013-08-01","CIMENTO ASFÁLTICO MODIFICADO POR POLÍMERO SBS 60-85","Rio Grande do Sul","-"]
["2013-11-01","CIMENTO ASFÁLTICO MODIFICADO POR POLÍMERO SBS 60-85","Espírito Santo","-"]
["2013-12-01","CIMENTO ASFÁLTICO MODIFICADO POR POLÍMERO SBS 60-85","Maranhão","-"]
["2014-03-01","CIMENTO ASFÁLTICO MODIFICADO POR POLÍMERO SBS 60-85","Distrito Federal","-"]
["2014-03-01","CIMENTO ASFÁLTICO MODIFICADO POR POLÍMERO SBS 60-85","Sergipe","-"]
["2014-06-01","CIMENTO ASFÁLTICO MODIFICADO POR POLÍMERO SBS 60-85","Roraima","-"]
["2014-07-01","CIMENTO ASFÁLTICO MODIFICADO POR POLÍMERO SBS 60-85","Paraíba","-"]
["2014-10-01","CIMENTO ASFÁLTICO MODIFICADO POR POLÍMERO SBS 60-85","Mato Grosso do Sul","-"]
["2014-10-01","CIMENTO ASFÁLTICO MODIFICADO POR POLÍMERO SBS 60-85","Rondônia","-"]
["2015-01-01","CIMENTO ASFÁLTICO MODIFICADO POR POLÍMERO SBS 60-85","Tocantins","-"]
["2015-03-01","CIMENTO ASFÁLTICO MODIFICADO POR POLÍMERO SBS 60-85","Alagoas","-"]
["2015-05-01","CIMENTO ASFÁLTICO MODIFICADO POR POLÍMERO SBS 60-85","Paraná",1.677625237571]
["2015-06-01","CIMENTO ASFÁLTICO MODIFICADO POR POLÍMERO SBS 60-85","Piauí","-"]
["2013-01-01","CIMENTO ASFÁLTICO MODIFICADO POR POLÍMERO SBS 65-90","Paraíba","-"]
["2013-02-01","CIMENTO ASFÁLTICO MODIFICADO POR POLÍMERO SBS 65-90","Distrito Federal","-"]
["2013-05-01","CIMENTO ASFÁLTICO MODIFICADO POR POLÍMERO SBS 65-90","Amazonas","-"]
["2013-06-01","CIMENTO ASFÁLTICO MODIFICADO POR POLÍMERO SBS 65-90","Ceará","-"]
["2013-08-01","CIMENTO ASFÁLTICO MODIFICADO POR POLÍMERO SBS 65-90","Rio Grande do Norte","-"]
["2013-09-01","CIMENTO ASFÁLTICO MODIFICADO POR POLÍMERO SBS 65-90","Rondônia","-"]
["2013-12-01","CIMENTO ASFÁLTICO MODIFICADO POR POLÍMERO SBS 65-90","Goiás","-"]
["2014-01-01","CIMENTO ASFÁLTICO MODIFICADO POR POLÍMERO SBS 65-90","Mato Grosso","-"]
["2014-03-01","CIMENTO ASFÁLTICO MODIFICADO POR POLÍMERO SBS 65-90","Mato Grosso do Sul","-"]
["2014-04-01","CIMENTO ASFÁLTICO MODIFICADO POR POLÍMERO SBS 65-90","Sergipe","-"]
["2014-06-01","CIMENTO ASFÁLTICO MODIFICADO POR POLÍMERO SBS 65-90","Acre","-"]
["2014-08-01","CIMENTO ASFÁLTICO MODIFICADO POR POLÍMERO SBS 65-90","Paraíba","-"]
["2014-09-01","CIMENTO ASFÁLTICO MODIFICADO POR POLÍMERO SBS 65-90","Pernambuco","-"]
["2014-12-01","CIMENTO ASFÁLTICO MODIFICADO POR POLÍMERO SBS 65-90","Pará","-"]
["2015-01-01","CIMENTO ASFÁLTICO MODIFICADO POR POLÍMERO SBS 65-90","Ceará","-"]
["2015-04-01","CIMENTO ASFÁLTICO MODIFICADO POR POLÍMERO SBS 65-90","Amapá","-"]
["2015-05-01","CIMENTO ASFÁLTICO MODIFICADO POR POLÍMERO SBS 65-90","Bahia","-"]
["2015-07-01","CIMENTO ASFÁLTICO MODIFICADO POR POLÍMERO SBS 65-90","Rio de Janeiro","-"]
["2015-08-01","CIMENTO ASFÁLTICO MODIFICADO POR POLÍMERO SBS 65-90","Rio Grande do Sul","-"]
["2013-03-01","CIMENTOS ASFÁLTICOS CAP-150-200","Espírito Santo","-"]
["2013-04-01","CIMENTOS ASFÁLTICOS CAP-150-200","Maranhão","-"]
["2013-06-01","CIMENTOS ASFÁLTICOS CAP-150-200","Espírito Santo","-"]
["2013-07-01","CIMENTOS ASFÁLTICOS CAP-150-200","São Paulo","-"]
["2013-10-01","CIMENTOS ASFÁLTICOS CAP-150-200","Rondônia","-"]
["2013-11-01","CIMENTOS ASFÁLTICOS CAP-150-200","Santa Catarina","-"]
["2014-02-01","CIMENTOS ASFÁLTICOS CAP-150-200","Mato Grosso","-"]
["2014-03-01","CIMENTOS ASFÁLTICOS CAP-150-200","Minas Gerais","-"]
["2014-05-01","CIMENTOS ASFÁLTICOS CAP-150-200","Tocantins","-"]
["2014-07-01","CIMENTOS ASFÁLTICOS CAP-150-200","Alagoas","-"]
["2014-09-01","CIMENTOS ASFÁLTICOS CAP-150-200","Sergipe","-"]
["2014-10-01","CIMENTOS ASFÁLTICOS CAP-150-200","Piauí","-"]
["2015-01-01","CIMENTOS ASFÁLTICOS CAP-150-200","Paraíba","-"]
["2015-02-01","CIMENTOS ASFÁLTICOS CAP-150-200","Distrito Federal","-"]
["2015-03-01","CIMENTOS ASFÁLTICOS CAP-150-200","Santa Catarina","-"]
["2015-06-01","CIMENTOS ASFÁLTICOS CAP-150-200","Bahia","-"]
["2015-08-01","CIMENTOS ASFÁLTICOS CAP-150-200","Rio de Janeiro","-"]
["2015-09-01","CIMENTOS ASFÁLTICOS CAP-150-200","Rio Grande do Sul","-"]
["2015-10-01","CIMENTOS ASFÁLTICOS CAP-150-200","Roraima","-"]
["2016-01-01","CIMENTOS ASFÁLTICOS CAP-150-200","Maranhão","-"]
["2016-02-01","CIMENTOS ASFÁLTICOS CAP-150-200","Mato Grosso do Sul","-"]
["2016-04-01","CIMENTOS ASFÁLTICOS CAP-150-200","Sergipe","-"]
["2016-07-01","CIMENTOS ASFÁLTICOS CAP-150-200","Roraima","-"]
["2016-08-01","CIMENTOS ASFÁLTICOS CAP-150-200","São Paulo","-"]
["2016-11-01","CIMENTOS ASFÁLTICOS CAP-150-200","Mato Grosso do Sul","-"]
["2016-12-01","CIMENTOS ASFÁLTICOS CAP-150-200","Pará","-"]
["2017-01-01","CIMENTOS ASFÁLTICOS CAP-150-200","Paraná","-"]
["2017-04-01","CIMENTOS ASFÁLTICOS CAP-150-200","Pará","-"]
["2017-05-01","CIMENTOS ASFÁLTICOS CAP-150-200","Amazonas","-"]
["2017-07-01","CIMENTOS ASFÁLTICOS CAP-150-200","Piauí","-"]
["2017-08-01","CIMENTOS ASFÁLTICOS CAP-150-200","Rio Grande do Norte","-"]
["2017-11-01","CIMENTOS ASFÁLTICOS CAP-150-200","Pernambuco","-"]
["2017-12-01","CIMENTOS ASFÁLTICOS CAP-150-200","Goiás","-"]
["2018-03-01","CIMENTOS ASFÁLTICOS CAP-150-200","Ceará","-"]
["2018-03-01","CIMENTOS ASFÁLTICOS CAP-150-200","São Paulo","-"]
["2018-06-01","CIMENTOS ASFÁLTICOS CAP-150-200","Rondônia","-"]
["2018-07-01","CIMENTOS ASFÁLTICOS CAP-150-200","Santa Catarina","-"]
["2018-10-01","CIMENTOS ASFÁLTICOS CAP-150-200","Mato Grosso","-"]
["2018-11-01","CIMENTOS ASFÁLTICOS CAP-150-200","Minas Gerais","-"]
["2019-02-01","CIMENTOS ASFÁLTICOS CAP-150-200","Maranhão","-"]
["2019-03-01","CIMENTOS ASFÁLTICOS CAP-150-200","Maranhão","-"]
["2019-05-01","CIMENTOS ASFÁLTICOS CAP-150-200","São Paulo","-"]
["2019-06-01","CIMENTOS ASFÁLTICOS CAP-150-200","Pernambuco","-"]
["2019-09-01","CIMENTOS ASFÁLTICOS CAP-150-200","Pará","-"]
["2019-10-01","CIMENTOS ASFÁLTICOS CAP-150-200","Paraná","-"]
["2020-01-01","CIMENTOS ASFÁLTICOS CAP-150-200","Amapá","-"]
["2020-02-01","CIMENTOS ASFÁLTICOS CAP-150-200","Bahia","-"]
["2020-04-01","CIMENTOS ASFÁLTICOS CAP-150-200","Rio de Janeiro","-"]
["2020-05-01","CIMENTOS ASFÁLTICOS CAP-150-200","Rio Grande do Sul","-"]
["2020-08-01","CIMENTOS ASFÁLTICOS CAP-150-200","Piauí","-"]
["2020-09-01","CIMENTOS ASFÁLTICOS CAP-150-200","Maranhão","-"]
["2020-12-01","CIMENTOS ASFÁLTICOS CAP-150-200","Distrito Federal","-"]
["2021-01-01","CIMENTOS ASFÁLTICOS CAP-150-200","Goiás","-"]
["2021-03-01","CIMENTOS ASFÁLTICOS CAP-150-200","Tocantins","-"]
["2021-04-01","CIMENTOS ASFÁLTICOS CAP-150-200","Santa Catarina","-"]
["2021-07-01","CIMENTOS ASFÁLTICOS CAP-150-200","Mato Grosso","-"]
["2021-08-01","CIMENTOS ASFÁLTICOS CAP-150-200","Minas Gerais","-"]
["2021-09-01","CIMENTOS ASFÁLTICOS CAP-150-200","Paraíba","-"]
["2021-12-01","CIMENTOS ASFÁLTICOS CAP-150-200","Alagoas","-"]
["2022-01-01","CIMENTOS ASFÁLTICOS CAP-150-200","Amazonas","-"]
["2022-04-01","CIMENTOS ASFÁLTICOS CAP-150-200","Acre","-"]
["2022-04-01","CIMENTOS ASFÁLTICOS CAP-150-200","Rio Grande do Norte","-"]
["2022-07-01","CIMENTOS ASFÁLTICOS CAP-150-200","Pernambuco","-"]
["2022-10-01","CIMENTOS ASFÁLTICOS CAP-150-200","Amazonas","-"]
["2022-11-01","CIMENTOS ASFÁLTICOS CAP-150-200","Ceará","-"]
["2022-12-01","CIMENTOS ASFÁLTICOS CAP-150-200","Tocantins","-"]
["2023-02-01","CIMENTOS ASFÁLTICOS CAP-150-200","Rio Grande do Sul","-"]
["2023-03-01","CIMENTOS ASFÁLTICOS CAP-150-200","Roraima","-"]
["2023-06-01","CIMENTOS ASFÁLTICOS CAP-150-200","Maranhão","-"]
["2023-07-01","CIMENTOS ASFÁLTICOS CAP-150-200","Mato Grosso do Sul","-"]
["2023-10-01","CIMENTOS ASFÁLTICOS CAP-150-200","Goiás","-"]
["2023-11-01","CIMENTOS ASFÁLTICOS CAP-150-200","Acre","-"]
["2024-01-01","CIMENTOS ASFÁLTICOS CAP-150-200","São Paulo","-"]
["2024-02-01","CIMENTOS ASFÁLTICOS CAP-150-200","Tocantins","-"]
["2024-05-01","CIMENTOS ASFÁLTICOS CAP-150-200","Pará","-"]
["2024-06-01","CIMENTOS ASFÁLTICOS CAP-150-200","Paraná","-"]
["2013-01-01","CIMENTOS ASFÁLTICOS CAP-30-45","Amapá","-"]
["2013-02-01","CIMENTOS ASFÁLTICOS CAP-30-45","Bahia","-"]
["2013-03-01","CIMENTOS ASFÁLTICOS CAP-30-45","Roraima","-"]
["2013-05-01","CIMENTOS ASFÁLTICOS CAP-30-45","Rio Grande do Norte","-"]
["2013-08-01","CIMENTOS ASFÁLTICOS CAP-30-45","Pernambuco","-"]
["2013-09-01","CIMENTOS ASFÁLTICOS CAP-30-45","Goiás","-"]
["2013-12-01","CIMENTOS ASFÁLTICOS CAP-30-45","Ceará","-"]
["2014-01-01","CIMENTOS ASFÁLTICOS CAP-30-45","Espírito Santo","-"]
["2014-03-01","CIMENTOS ASFÁLTICOS CAP-30-45","Rondônia","-"]
["2014-04-01","CIMENTOS ASFÁLTICOS CAP-30-45","Santa Catarina","-"]
["2014-07-01","CIMENTOS ASFÁLTICOS CAP-30-45","Rio Grande do Sul","-"]
["2014-08-01","CIMENTOS ASFÁLTICOS CAP-30-45","Minas Gerais",0.934323792312559]
["2014-11-01","CIMENTOS ASFÁLTICOS CAP-30-45","Maranhão","-"]
["2014-12-01","CIMENTOS ASFÁLTICOS CAP-30-45","Alagoas","-"]
["2015-02-01","CIMENTOS ASFÁLTICOS CAP-30-45","Sergipe","-"]
["2015-04-01","CIMENTOS ASFÁLTICOS CAP-30-45","Minas Gerais",1.11565968001098]
["2015-06-01","CIMENTOS ASFÁLTICOS CAP-30-45","Pará","-"]
["2015-07-01","CIMENTOS ASFÁLTICOS CAP-30-45","Paraná","-"]
["2015-08-01","CIMENTOS ASFÁLTICOS CAP-30-45","Piauí","-"]
["2015-11-01","CIMENTOS ASFÁLTICOS CAP-30-45","Bahia","-"]
["2015-12-01","CIMENTOS ASFÁLTICOS CAP-30-45","Distrito Federal","-"]
["2016-02-01","CIMENTOS ASFÁLTICOS CAP-30-45","Rio Grande do Sul","-"]
["2016-03-01","CIMENTOS ASFÁLTICOS CAP-30-45","Roraima","-"]
["2016-06-01","CIMENTOS ASFÁLTICOS CAP-30-45","Rio Grande do Norte","-"]
["2016-07-01","CIMENTOS ASFÁLTICOS CAP-30-45","Mato Grosso do Sul","-"]
["2016-10-01","CIMENTOS ASFÁLTICOS CAP-30-45","Goiás",1.69337041023918]
["2016-11-01","CIMENTOS ASFÁLTICOS CAP-30-45","Acre","-"]
["2017-01-01","CIMENTOS ASFÁLTICOS CAP-30-45","São Paulo",1.48780147854889]
["2017-03-01","CIMENTOS ASFÁLTICOS CAP-30-45","Goiás",1.78553032440971]
["2017-05-01","CIMENTOS ASFÁLTICOS CAP-30-45","Minas Gerais",1.31248626678908]
["2017-06-01","CIMENTOS ASFÁLTICOS CAP-30-45","Paraíba","-"]
["2017-09-01","CIMENTOS ASFÁLTICOS CAP-30-45","Mato Grosso do Sul","-"]
["2017-10-01","CIMENTOS ASFÁLTICOS CAP-30-45","Amazonas","-"]
["2018-01-01","CIMENTOS ASFÁLTICOS CAP-30-45","Acre","-"]
["2018-01-01","CIMENTOS ASFÁLTICOS CAP-30-45","Rio Grande do Norte","-"]
["2018-04-01","CIMENTOS ASFÁLTICOS CAP-30-45","Pernambuco","-"]
["2018-05-01","CIMENTOS ASFÁLTICOS CAP-30-45","Rio de Janeiro",1.60144600112269]
["2018-08-01","CIMENTOS ASFÁLTICOS CAP-30-45","Ceará","-"]
["2018-09-01","CIMENTOS ASFÁLTICOS CAP-30-45","Espírito Santo","-"]
["2018-12-01","CIMENTOS ASFÁLTICOS CAP-30-45","Bahia","-"]
["2018-12-01","CIMENTOS ASFÁLTICOS CAP-30-45","São Paulo",2.53209890441153]
["2019-03-01","CIMENTOS ASFÁLTICOS CAP-30-45","Rio Grande do Norte","-"]
["2019-04-01","CIMENTOS ASFÁLTICOS CAP-30-45","Mato Grosso do Sul","-"]
["2019-07-01","CIMENTOS ASFÁLTICOS CAP-30-45","Goiás",3.039884969661]
["2019-08-01","CIMENTOS ASFÁLTICOS CAP-30-45","Mato Grosso",2.96729928334276]
["2019-10-01","CIMENTOS ASFÁLTICOS CAP-30-45","São Paulo",2.47314097288515]
["2019-11-01","CIMENTOS ASFÁLTICOS CAP-30-45","Tocantins","-"]
["2020-02-01","CIMENTOS ASFÁLTICOS CAP-30-45","Pará","-"]
["2020-03-01","CIMENTOS ASFÁLTICOS CAP-30-45","Paraná",2.34680827948109]
["2020-06-01","CIMENTOS ASFÁLTICOS CAP-30-45","Minas Gerais",2.19170242077001]
["2020-07-01","CIMENTOS ASFÁLTICOS CAP-30-45","Bahia","-"]
["2020-10-01","CIMENTOS ASFÁLTICOS CAP-30-45","Alagoas","-"]
["2020-11-01","CIMENTOS ASFÁLTICOS CAP-30-45","Amazonas","-"]
["2021-01-01","CIMENTOS ASFÁLTICOS CAP-30-45","Paraíba","-"]
["2021-02-01","CIMENTOS ASFÁLTICOS CAP-30-45","Rio de Janeiro",2.69405930455065]
["2021-05-01","CIMENTOS ASFÁLTICOS CAP-30-45","Ceará","-"]
["2021-06-01","CIMENTOS ASFÁLTICOS CAP-30-45","Espírito Santo",3.33037535173731]
["2021-07-01","CIMENTOS ASFÁLTICOS CAP-30-45","Maranhão","-"]
["2021-09-01","CIMENTOS ASFÁLTICOS CAP-30-45","Santa Catarina","-"]
["2021-10-01","CIMENTOS ASFÁLTICOS CAP-30-45","Sergipe","-"]
["2022-01-01","CIMENTOS ASFÁLTICOS CAP-30-45","Minas Gerais",4.0683985782709]
["2022-02-01","CIMENTOS ASFÁLTICOS CAP-30-45","Paraíba","-"]
["2022-05-01","CIMENTOS ASFÁLTICOS CAP-30-45","Mato Grosso do Sul",4.52832529627297]
["2022-06-01","CIMENTOS ASFÁLTICOS CAP-30-45","Amazonas","-"]
["2022-09-01","CIMENTOS ASFÁLTICOS CAP-30-45","Acre","-"]
["2022-10-01","CIMENTOS ASFÁLTICOS CAP-30-45","Amapá","-"]
["2022-12-01","CIMENTOS ASFÁLTICOS CAP-30-45","Mato Grosso",4.27181140706105]
["2023-01-01","CIMENTOS ASFÁLTICOS CAP-30-45","Piauí","-"]
["2023-04-01","CIMENTOS ASFÁLTICOS CAP-30-45","Bahia","-"]
["2023-05-01","CIMENTOS ASFÁLTICOS CAP-30-45","Distrito Federal","-"]
["2023-08-01","CIMENTOS ASFÁLTICOS CAP-30-45","Amazonas","-"]
["2023-08-01","CIMENTOS ASFÁLTICOS CAP-30-45","Roraima","-"]
["2023-11-01","CIMENTOS ASFÁLTICOS CAP-30-45","Rio Grande do Norte","-"]
["2023-12-01","CIMENTOS ASFÁLTICOS CAP-30-45","Rondônia","-"]
["2024-03-01","CIMENTOS ASFÁLTICOS CAP-30-45","Goiás",3.26388246862303]
["2024-04-01","CIMENTOS ASFÁLTICOS CAP-30-45","Mato Grosso",4.12032430976988]
["2024-06-01","CIMENTOS ASFÁLTICOS CAP-30-45","São Paulo",3.34579833383611]
["2024-07-01","CIMENTOS ASFÁLTICOS CAP-30-45","Tocantins",3.35082355727538]
["2013-02-01","CIMENTOS ASFÁLTICOS CAP-50-70","Santa Catarina","-"]
["2013-03-01","CIMENTOS ASFÁLTICOS CAP-50-70","Distrito Federal","-"]
["2013-06-01","CIMENTOS ASFÁLTICOS CAP-50-70","Mato Grosso do Sul","-"]
["2013-07-01","CIMENTOS ASFÁLTICOS CAP-50-70","Amazonas",0.974148263086537]
["2013-10-01","CIMENTOS ASFÁLTICOS CAP-50-70","Acre","-"]
["2013-11-01","CIMENTOS ASFÁLTICOS CAP-50-70","Amapá","-"]
["2014-01-01","CIMENTOS ASFÁLTICOS CAP-50-70","Pernambuco","-"]
["2014-02-01","CIMENTOS ASFÁLTICOS CAP-50-70","Rio de Janeiro",0.915933292595406]
["2014-03-01","CIMENTOS ASFÁLTICOS CAP-50-70","Rio Grande do Sul",0.897613394115411]
["2014-06-01","CIMENTOS ASFÁLTICOS CAP-50-70","Espírito Santo","-"]
["2014-07-01","CIMENTOS ASFÁLTICOS CAP-50-70","Maranhão","-"]
["2014-09-01","CIMENTOS ASFÁLTICOS CAP-50-70","Santa Catarina","-"]
["2014-12-01","CIMENTOS ASFÁLTICOS CAP-50-70","Rio Grande do Sul",0.981608886048379]
["2015-02-01","CIMENTOS ASFÁLTICOS CAP-50-70","Acre","-"]
["2015-04-01","CIMENTOS ASFÁLTICOS CAP-50-70","Goiás",1.49477977395171]
["2015-05-01","CIMENTOS ASFÁLTICOS CAP-50-70","Mato Grosso",1.58362001302208]
["2015-06-01","CIMENTOS ASFÁLTICOS CAP-50-70","Minas Gerais",1.11114595617773]
["2015-08-01","CIMENTOS ASFÁLTICOS CAP-50-70","Tocantins","-"]
["2015-10-01","CIMENTOS ASFÁLTICOS CAP-50-70","Alagoas","-"]
["2015-12-01","CIMENTOS ASFÁLTICOS CAP-50-70","Paraná",1.49278620614948]
["2016-01-01","CIMENTOS ASFÁLTICOS CAP-50-70","Piauí","-"]
["2016-04-01","CIMENTOS ASFÁLTICOS CAP-50-70","Paraíba","-"]
["2016-05-01","CIMENTOS ASFÁLTICOS CAP-50-70","Distrito Federal","-"]
["2016-08-01","CIMENTOS ASFÁLTICOS CAP-50-70","Amazonas",1.59451465689958]
["2016-08-01","CIMENTOS ASFÁLTICOS CAP-50-70","Roraima","-"]
["2016-11-01","CIMENTOS ASFÁLTICOS CAP-50-70","Rio Grande do Norte","-"]
["2016-12-01","CIMENTOS ASFÁLTICOS CAP-50-70","Santa Catarina","-"]
["2017-03-01","CIMENTOS ASFÁLTICOS CAP-50-70","Espírito Santo","-"]
["2017-04-01","CIMENTOS ASFÁLTICOS CAP-50-70","Maranhão","-"]
["2017-07-01","CIMENTOS ASFÁLTICOS CAP-50-70","Distrito Federal","-"]
["2017-07-01","CIMENTOS ASFÁLTICOS CAP-50-70","Sergipe","-"]
["2017-10-01","CIMENTOS ASFÁLTICOS CAP-50-70","Roraima","-"]
["2017-11-01","CIMENTOS ASFÁLTICOS CAP-50-70","Paraíba","-"]
["2018-02-01","CIMENTOS ASFÁLTICOS CAP-50-70","Mato Grosso do Sul","-"]
["2018-03-01","CIMENTOS ASFÁLTICOS CAP-50-70","Pará",1.97005262926411]
["2018-06-01","CIMENTOS ASFÁLTICOS CAP-50-70","Acre","-"]
["2018-07-01","CIMENTOS ASFÁLTICOS CAP-50-70","Amapá","-"]
["2018-09-01","CIMENTOS ASFÁLTICOS CAP-50-70","Pernambuco","-"]
["2018-10-01","CIMENTOS ASFÁLTICOS CAP-50-70","Rio de Janeiro",2.67153792107404]
["2019-01-01","CIMENTOS ASFÁLTICOS CAP-50-70","Pará","-"]
["2019-02-01","CIMENTOS ASFÁLTICOS CAP-50-70","Distrito Federal","-"]
["2019-05-01","CIMENTOS ASFÁLTICOS CAP-50-70","Amazonas",2.77123102430275]
["2019-06-01","CIMENTOS ASFÁLTICOS CAP-50-70","Ceará",2.54146625618173]
["2019-08-01","CIMENTOS ASFÁLTICOS CAP-50-70","Rio Grande do Norte","-"]
["2019-09-01","CIMENTOS ASFÁLTICOS CAP-50-70","Rondônia","-"]
["2019-12-01","CIMENTOS ASFÁLTICOS CAP-50-70","Goiás","-"]
["2020-01-01","CIMENTOS ASFÁLTICOS CAP-50-70","Mato Grosso",3.10361813168844]
["2020-02-01","CIMENTOS ASFÁLTICOS CAP-50-70","Minas Gerais",2.23499451869383]
["2020-04-01","CIMENTOS ASFÁLTICOS CAP-50-70","Tocantins",2.31542083033373]
["2020-06-01","CIMENTOS ASFÁLTICOS CAP-50-70","Alagoas","-"]
["2020-08-01","CIMENTOS ASFÁLTICOS CAP-50-70","Sergipe","-"]
["2020-11-01","CIMENTOS ASFÁLTICOS CAP-50-70","Amapá","-"]
["2020-12-01","CIMENTOS ASFÁLTICOS CAP-50-70","Pará",2.68183779415477]
["2021-03-01","CIMENTOS ASFÁLTICOS CAP-50-70","Acre","-"]
["2021-04-01","CIMENTOS ASFÁLTICOS CAP-50-70","Amapá","-"]
["2021-05-01","CIMENTOS ASFÁLTICOS CAP-50-70","Bahia",3.19883005736342]
["2021-07-01","CIMENTOS ASFÁLTICOS CAP-50-70","Rio de Janeiro",3.73809696496049]
["2021-08-01","CIMENTOS ASFÁLTICOS CAP-50-70","Rio Grande do Sul",3.63550576701921]
["2021-11-01","CIMENTOS ASFÁLTICOS CAP-50-70","Espírito Santo",3.81054948528046]
["2021-12-01","CIMENTOS ASFÁLTICOS CAP-50-70","Maranhão","-"]
["2022-03-01","CIMENTOS ASFÁLTICOS CAP-50-70","Distrito Federal","-"]
["2022-03-01","CIMENTOS ASFÁLTICOS CAP-50-70","Sergipe","-"]
["2022-06-01","CIMENTOS ASFÁLTICOS CAP-50-70","Roraima","-"]
["2022-07-01","CIMENTOS ASFÁLTICOS CAP-50-70","São Paulo",4.3417589876139]
["2022-09-01","CIMENTOS ASFÁLTICOS CAP-50-70","Sergipe","-"]
["2022-11-01","CIMENTOS ASFÁLTICOS CAP-50-70","Minas Gerais",3.55335152138923]
["2023-01-01","CIMENTOS ASFÁLTICOS CAP-50-70","Tocantins",3.44118781151144]
["2023-03-01","CIMENTOS ASFÁLTICOS CAP-50-70","Alagoas","-"]
["2023-05-01","CIMENTOS ASFÁLTICOS CAP-50-70","Sergipe","-"]
["2023-06-01","CIMENTOS ASFÁLTICOS CAP-50-70","Piauí","-"]
["2023-09-01","CIMENTOS ASFÁLTICOS CAP-50-70","Paraíba","-"]
["2023-10-01","CIMENTOS ASFÁLTICOS CAP-50-70","Distrito Federal",3.24971728028141]
["2024-01-01","CIMENTOS ASFÁLTICOS CAP-50-70","Amazonas","-"]
["2024-02-01","CIMENTOS ASFÁLTICOS CAP-50-70","Ceará",3.36672049970837]
["2024-04-01","CIMENTOS ASFÁLTICOS CAP-50-70","Rio Grande do Norte","-"]
["2024-05-01","CIMENTOS ASFÁLTICOS CAP-50-70","Rondônia","-"]
["2024-08-01","CIMENTOS ASFÁLTICOS CAP-50-70","Rio de Janeiro",3.44694935442044]
["2024-08-01","CIMENTOS ASFÁLTICOS CAP-50-70","Rondônia","-"]
["2013-04-01","CIMENTOS ASFÁLTICOS CAP-85-100","Distrito Federal","-"]
["2013-04-01","CIMENTOS ASFÁLTICOS CAP-85-100","Sergipe","-"]
["2013-07-01","CIMENTOS ASFÁLTICOS CAP-85-100","Roraima","-"]
["2013-08-01","CIMENTOS ASFÁLTICOS CAP-85-100","São Paulo","-"]
["2013-11-01","CIMENTOS ASFÁLTICOS CAP-85-100","Mato Grosso do Sul","-"]
["2013-12-01","CIMENTOS ASFÁLTICOS CAP-85-100","Pará","-"]
["2014-01-01","CIMENTOS ASFÁLTICOS CAP-85-100","Paraná","-"]
["2014-04-01","CIMENTOS ASFÁLTICOS CAP-85-100","Amapá","-"]
["2014-05-01","CIMENTOS ASFÁLTICOS CAP-85-100","Bahia","-"]
["2014-07-01","CIMENTOS ASFÁLTICOS CAP-85-100","Rio de Janeiro","-"]
["2014-08-01","CIMENTOS ASFÁLTICOS CAP-85-100","Rio Grande do Sul","-"]
["2014-11-01","CIMENTOS ASFÁLTICOS CAP-85-100","Piauí","-"]
["2015-01-01","CIMENTOS ASFÁLTICOS CAP-85-100","Mato Grosso do Sul","-"]
["2015-03-01","CIMENTOS ASFÁLTICOS CAP-85-100","Ceará","-"]
["2015-03-01","CIMENTOS ASFÁLTICOS CAP-85-100","São Paulo","-"]
["2015-06-01","CIMENTOS ASFÁLTICOS CAP-85-100","Rondônia","-"]
["2015-07-01","CIMENTOS ASFÁLTICOS CAP-85-100","Santa Catarina","-"]
["2015-10-01","CIMENTOS ASFÁLTICOS CAP-85-100","Mato Grosso","-"]
["2015-11-01","CIMENTOS ASFÁLTICOS CAP-85-100","Minas Gerais","-"]
["2016-02-01","CIMENTOS ASFÁLTICOS CAP-85-100","Maranhão","-"]
["2016-03-01","CIMENTOS ASFÁLTICOS CAP-85-100","Alagoas","-"]
["2016-05-01","CIMENTOS ASFÁLTICOS CAP-85-100","Sergipe","-"]
["2016-06-01","CIMENTOS ASFÁLTICOS CAP-85-100","Piauí","-"]
["2016-09-01","CIMENTOS ASFÁLTICOS CAP-85-100","Paraíba","-"]
["2016-10-01","CIMENTOS ASFÁLTICOS CAP-85-100","Mato Grosso do Sul","-"]
["2017-01-01","CIMENTOS ASFÁLTICOS CAP-85-100","Amapá","-"]
["2017-02-01","CIMENTOS ASFÁLTICOS CAP-85-100","Bahia","-"]
["2017-05-01","CIMENTOS ASFÁLTICOS CAP-85-100","Alagoas","-"]
["2017-05-01","CIMENTOS ASFÁLTICOS CAP-85-100","Rio Grande do Sul","-"]
["2017-08-01","CIMENTOS ASFÁLTICOS CAP-85-100","Piauí","-"]
["2017-09-01","CIMENTOS ASFÁLTICOS CAP-85-100","Maranhão","-"]
["2017-12-01","CIMENTOS ASFÁLTICOS CAP-85-100","Distrito Federal","-"]
["2018-01-01","CIMENTOS ASFÁLTICOS CAP-85-100","Goiás","-"]
["2018-03-01","CIMENTOS ASFÁLTICOS CAP-85-100","Roraima","-"]
["2018-04-01","CIMENTOS ASFÁLTICOS CAP-85-100","São Paulo","-"]
["2018-07-01","CIMENTOS ASFÁLTICOS CAP-85-100","Mato Grosso do Sul","-"]
["2018-08-01","CIMENTOS ASFÁLTICOS CAP-85-100","Pará","-"]
["2018-11-01","CIMENTOS ASFÁLTICOS CAP-85-100","Alagoas","-"]
["2018-12-01","CIMENTOS ASFÁLTICOS CAP-85-100","Alagoas","-"]
["2019-02-01","CIMENTOS ASFÁLTICOS CAP-85-100","Sergipe","-"]
["2019-04-01","CIMENTOS ASFÁLTICOS CAP-85-100","Acre","-"]
["2019-06-01","CIMENTOS ASFÁLTICOS CAP-85-100","Paraíba","-"]
["2019-07-01","CIMENTOS ASFÁLTICOS CAP-85-100","Pernambuco","-"]
["2019-10-01","CIMENTOS ASFÁLTICOS CAP-85-100","Amazonas","-"]
["2019-11-01","CIMENTOS ASFÁLTICOS CAP-85-100","Ceará","-"]
["2019-12-01","CIMENTOS ASFÁLTICOS CAP-85-100","Espírito Santo","-"]
["2020-02-01","CIMENTOS ASFÁLTICOS CAP-85-100","Rondônia","-"]
["2020-03-01","CIMENTOS ASFÁLTICOS CAP-85-100","Santa Catarina","-"]
["2020-06-01","CIMENTOS ASFÁLTICOS CAP-85-100","Mato Grosso","-"]
["2020-07-01","CIMENTOS ASFÁLTICOS CAP-85-100","Minas Gerais","-"]
["2020-09-01","CIMENTOS ASFÁLTICOS CAP-85-100","São Paulo","-"]
["2020-11-01","CIMENTOS ASFÁLTICOS CAP-85-100","Acre","-"]
["2021-01-01","CIMENTOS ASFÁLTICOS CAP-85-100","São Paulo","-"]
["2021-02-01","CIMENTOS ASFÁLTICOS CAP-85-100","Tocantins","-"]
["2021-05-01","CIMENTOS ASFÁLTICOS CAP-85-100","Pará","-"]
["2021-06-01","CIMENTOS ASFÁLTICOS CAP-85-100","Paraná","-"]
["2021-09-01","CIMENTOS ASFÁLTICOS CAP-85-100","Amapá","-"]
["2021-10-01","CIMENTOS ASFÁLTICOS CAP-85-100","Bahia","-"]
["2022-01-01","CIMENTOS ASFÁLTICOS CAP-85-100","Alagoas","-"]
["2022-01-01","CIMENTOS ASFÁLTICOS CAP-85-100","Rio Grande do Sul","-"]
["2022-04-01","CIMENTOS ASFÁLTICOS CAP-85-100","Piauí","-"]
["2022-05-01","CIMENTOS ASFÁLTICOS CAP-85-100","Rio Grande do Norte","-"]
["2022-08-01","CIMENTOS ASFÁLTICOS CAP-85-100","Distrito Federal","-"]
["2022-08-01","CIMENTOS ASFÁLTICOS CAP-85-100","Rio Grande do Sul","-"]
["2022-11-01","CIMENTOS ASFÁLTICOS CAP-85-100","Rondônia","-"]
["2022-12-01","CIMENTOS ASFÁLTICOS CAP-85-100","Santa Catarina","-"]
["2023-03-01","CIMENTOS ASFÁLTICOS CAP-85-100","Rio Grande do Sul","-"]
["2023-04-01","CIMENTOS ASFÁLTICOS CAP-85-100","Minas Gerais","-"]
["2023-07-01","CIMENTOS ASFÁLTICOS CAP-85-100","Maranhão","-"]
["2023-08-01","CIMENTOS ASFÁLTICOS CAP-85-100","Alagoas","-"]
["2023-10-01","CIMENTOS ASFÁLTICOS CAP-85-100","Sergipe","-"]
["2023-12-01","CIMENTOS ASFÁLTICOS CAP-85-100","Acre","-"]
["2024-02-01","CIMENTOS ASFÁLTICOS CAP-85-100","Paraíba","-"]
["2024-03-01","CIMENTOS ASFÁLTICOS CAP-85-100","Pernambuco","-"]
["2024-04-01","CIMENTOS ASFÁLTICOS CAP-85-100","Rio de Janeiro","-"]
["2024-08-01","CIMENTOS ASFÁLTICOS CAP-85-100","Amazonas","-"]
["2024-08-01","CIMENTOS ASFÁLTICOS CAP-85-100","Distrito Federal","-"]
["2015-10-01","EMULSÃO ASFÁLTICA CATIÔNICA DE RUPTURA CONTROLADA PARA SERVIÇO DE LAMA ASFÁLTICA","Rio Grande do Sul","-"]
["2016-01-01","EMULSÃO ASFÁLTICA CATIÔNICA DE RUPTURA CONTROLADA PARA SERVIÇO DE LAMA ASFÁLTICA","Piauí","-"]
["2016-02-01","EMULSÃO ASFÁLTICA CATIÔNICA DE RUPTURA CONTROLADA PARA SERVIÇO DE LAMA ASFÁLTICA","Rio Grande do Norte","-"]
["2016-05-01","EMULSÃO ASFÁLTICA CATIÔNICA DE RUPTURA CONTROLADA PARA SERVIÇO DE LAMA ASFÁLTICA","Distrito Federal","-"]
["2016-06-01","EMULSÃO ASFÁLTICA CATIÔNICA DE RUPTURA CONTROLADA PARA SERVIÇO DE LAMA ASFÁLTICA","Goiás","-"]
["2016-08-01","EMULSÃO ASFÁLTICA CATIÔNICA DE RUPTURA CONTROLADA PARA SERVIÇO DE LAMA ASFÁLTICA","Roraima","-"]
["2016-09-01","EMULSÃO ASFÁLTICA CATIÔNICA DE RUPTURA CONTROLADA PARA SERVIÇO DE LAMA ASFÁLTICA","São Paulo","-"]
["2016-10-01","EMULSÃO ASFÁLTICA CATIÔNICA DE RUPTURA CONTROLADA PARA SERVIÇO DE LAMA ASFÁLTICA","Tocantins","-"]
["2017-01-01","EMULSÃO ASFÁLTICA CATIÔNICA DE RUPTURA CONTROLADA PARA SERVIÇO DE LAMA ASFÁLTICA","Pará","-"]
["2017-02-01","EMULSÃO ASFÁLTICA CATIÔNICA DE RUPTURA CONTROLADA PARA SERVIÇO DE LAMA ASFÁLTICA","Paraná","-"]
["2017-05-01","EMULSÃO ASFÁLTICA CATIÔNICA DE RUPTURA CONTROLADA PARA SERVIÇO DE LAMA ASFÁLTICA","Minas Gerais","-"]
["2017-06-01","EMULSÃO ASFÁLTICA CATIÔNICA DE RUPTURA CONTROLADA PARA SERVIÇO DE LAMA ASFÁLTICA","Tocantins","-"]
["2017-09-01","EMULSÃO ASFÁLTICA CATIÔNICA DE RUPTURA CONTROLADA PARA SERVIÇO DE LAMA ASFÁLTICA","Acre","-"]
["2017-09-01","EMULSÃO ASFÁLTICA CATIÔNICA DE RUPTURA CONTROLADA PARA SERVIÇO DE LAMA ASFÁLTICA","Rio Grande do Norte","-"]
["2017-12-01","EMULSÃO ASFÁLTICA CATIÔNICA DE RUPTURA CONTROLADA PARA SERVIÇO DE LAMA ASFÁLTICA","Pernambuco","-"]
["2018-01-01","EMULSÃO ASFÁLTICA CATIÔNICA DE RUPTURA CONTROLADA PARA SERVIÇO DE LAMA ASFÁLTICA","Rio de Janeiro","-"]
["2018-04-01","EMULSÃO ASFÁLTICA CATIÔNICA DE RUPTURA CONTROLADA PARA SERVIÇO DE LAMA ASFÁLTICA","Ceará","-"]
["2018-05-01","EMULSÃO ASFÁLTICA CATIÔNICA DE RUPTURA CONTROLADA PARA SERVIÇO DE LAMA ASFÁLTICA","Espírito Santo","-"]
["2018-08-01","EMULSÃO ASFÁLTICA CATIÔNICA DE RUPTURA CONTROLADA PARA SERVIÇO DE LAMA ASFÁLTICA","Bahia","-"]
["2018-08-01","EMULSÃO ASFÁLTICA CATIÔNICA DE RUPTURA CONTROLADA PARA SERVIÇO DE LAMA ASFÁLTICA","Santa Catarina","-"]
["2018-11-01","EMULSÃO ASFÁLTICA CATIÔNICA DE RUPTURA CONTROLADA PARA SERVIÇO DE LAMA ASFÁLTICA","Rio Grande do Sul","-"]
["2018-12-01","EMULSÃO ASFÁLTICA CATIÔNICA DE RUPTURA CONTROLADA PARA SERVIÇO DE LAMA ASFÁLTICA","Minas Gerais","-"]
["2019-03-01","EMULSÃO ASFÁLTICA CATIÔNICA DE RUPTURA CONTROLADA PARA SERVIÇO DE LAMA ASFÁLTICA","Maranhão","-"]
["2019-04-01","EMULSÃO ASFÁLTICA CATIÔNICA DE RUPTURA CONTROLADA PARA SERVIÇO DE LAMA ASFÁLTICA","Mato Grosso do Sul","-"]
["2019-05-01","EMULSÃO ASFÁLTICA CATIÔNICA DE RUPTURA CONTROLADA PARA SERVIÇO DE LAMA ASFÁLTICA","Roraima","-"]
["2019-07-01","EMULSÃO ASFÁLTICA CATIÔNICA DE RUPTURA CONTROLADA PARA SERVIÇO DE LAMA ASFÁLTICA","Tocantins","-"]
["2019-10-01","EMULSÃO ASFÁLTICA CATIÔNICA DE RUPTURA CONTROLADA PARA SERVIÇO DE LAMA ASFÁLTICA","Pará","-"]
["2019-11-01","EMULSÃO ASFÁLTICA CATIÔNICA DE RUPTURA CONTROLADA PARA SERVIÇO DE LAMA ASFÁLTICA","Paraná","-"]
["2020-02-01","EMULSÃO ASFÁLTICA CATIÔNICA DE RUPTURA CONTROLADA PARA SERVIÇO DE LAMA ASFÁLTICA","Minas Gerais","-"]
["2020-03-01","EMULSÃO ASFÁLTICA CATIÔNICA DE RUPTURA CONTROLADA PARA SERVIÇO DE LAMA ASFÁLTICA","Bahia","-"]
["2020-06-01","EMULSÃO ASFÁLTICA CATIÔNICA DE RUPTURA CONTROLADA PARA SERVIÇO DE LAMA ASFÁLTICA","Alagoas","-"]
["2020-07-01","EMULSÃO ASFÁLTICA CATIÔNICA DE RUPTURA CONTROLADA PARA SERVIÇO DE LAMA ASFÁLTICA","Amazonas","-"]
["2020-09-01","EMULSÃO ASFÁLTICA CATIÔNICA DE RUPTURA CONTROLADA PARA SERVIÇO DE LAMA ASFÁLTICA","Piauí","-"]
["2020-10-01","EMULSÃO ASFÁLTICA CATIÔNICA DE RUPTURA CONTROLADA PARA SERVIÇO DE LAMA ASFÁLTICA","Rio Grande do Norte","-"]
["2021-01-01","EMULSÃO ASFÁLTICA CATIÔNICA DE RUPTURA CONTROLADA PARA SERVIÇO DE LAMA ASFÁLTICA","Distrito Federal","-"]
["2021-02-01","EMULSÃO ASFÁLTICA CATIÔNICA DE RUPTURA CONTROLADA PARA SERVIÇO DE LAMA ASFÁLTICA","Goiás","-"]
["2021-03-01","EMULSÃO ASFÁLTICA CATIÔNICA DE RUPTURA CONTROLADA PARA SERVIÇO DE LAMA ASFÁLTICA","Mato Grosso","-"]
["2021-06-01","EMULSÃO ASFÁLTICA CATIÔNICA DE RUPTURA CONTROLADA PARA SERVIÇO DE LAMA ASFÁLTICA","Minas Gerais","-"]
["2021-06-01","EMULSÃO ASFÁLTICA CATIÔNICA DE RUPTURA CONTROLADA PARA SERVIÇO DE LAMA ASFÁLTICA","Sergipe","-"]
["2021-09-01","EMULSÃO ASFÁLTICA CATIÔNICA DE RUPTURA CONTROLADA PARA SERVIÇO DE LAMA ASFÁLTICA","Roraima","-"]
["2021-10-01","EMULSÃO ASFÁLTICA CATIÔNICA DE RUPTURA CONTROLADA PARA SERVIÇO DE LAMA ASFÁLTICA","Paraíba","-"]
["2022-01-01","EMULSÃO ASFÁLTICA CATIÔNICA DE RUPTURA CONTROLADA PARA SERVIÇO DE LAMA ASFÁLTICA","Mato Grosso do Sul","-"]
["2022-03-01","EMULSÃO ASFÁLTICA CATIÔNICA DE RUPTURA CONTROLADA PARA SERVIÇO DE LAMA ASFÁLTICA","Sergipe","-"]
["2022-05-01","EMULSÃO ASFÁLTICA CATIÔNICA DE RUPTURA CONTROLADA PARA SERVIÇO DE LAMA ASFÁLTICA","Acre","-"]
["2022-06-01","EMULSÃO ASFÁLTICA CATIÔNICA DE RUPTURA CONTROLADA PARA SERVIÇO DE LAMA ASFÁLTICA","Amapá","-"]
["2022-08-01","EMULSÃO ASFÁLTICA CATIÔNICA DE RUPTURA CONTROLADA PARA SERVIÇO DE LAMA ASFÁLTICA","Pernambuco","-"]
["2022-09-01","EMULSÃO ASFÁLTICA CATIÔNICA DE RUPTURA CONTROLADA PARA SERVIÇO DE LAMA ASFÁLTICA","Rio de Janeiro","-"]
["2022-12-01","EMULSÃO ASFÁLTICA CATIÔNICA DE RUPTURA CONTROLADA PARA SERVIÇO DE LAMA ASFÁLTICA","Ceará","-"]
["2023-01-01","EMULSÃO ASFÁLTICA CATIÔNICA DE RUPTURA CONTROLADA PARA SERVIÇO DE LAMA ASFÁLTICA","Espírito Santo","-"]
["2023-03-01","EMULSÃO ASFÁLTICA CATIÔNICA DE RUPTURA CONTROLADA PARA SERVIÇO DE LAMA ASFÁLTICA","Minas Gerais","-"]
["2023-04-01","EMULSÃO ASFÁLTICA CATIÔNICA DE RUPTURA CONTROLADA PARA SERVIÇO DE LAMA ASFÁLTICA","Roraima","-"]
["2023-07-01","EMULSÃO ASFÁLTICA CATIÔNICA DE RUPTURA CONTROLADA PARA SERVIÇO DE LAMA ASFÁLTICA","Rio Grande do Norte","-"]
["2023-08-01","EMULSÃO ASFÁLTICA CATIÔNICA DE RUPTURA CONTROLADA PARA SERVIÇO DE LAMA ASFÁLTICA","Rondônia","-"]
["2023-11-01","EMULSÃO ASFÁLTICA CATIÔNICA DE RUPTURA CONTROLADA PARA SERVIÇO DE LAMA ASFÁLTICA","Goiás","-"]
["2023-12-01","EMULSÃO ASFÁLTICA CATIÔNICA DE RUPTURA CONTROLADA PARA SERVIÇO DE LAMA ASFÁLTICA","Mato Grosso","-"]
["2024-02-01","EMULSÃO ASFÁLTICA CATIÔNICA DE RUPTURA CONTROLADA PARA SERVIÇO DE LAMA ASFÁLTICA","São Paulo","-"]
["2024-03-01","EMULSÃO ASFÁLTICA CATIÔNICA DE RUPTURA CONTROLADA PARA SERVIÇO DE LAMA ASFÁLTICA","Tocantins","-"]
["2024-06-01","EMULSÃO ASFÁLTICA CATIÔNICA DE RUPTURA CONTROLADA PARA SERVIÇO DE LAMA ASFÁLTICA","Santa Catarina","-"]
["2024-07-01","EMULSÃO ASFÁLTICA CATIÔNICA DE RUPTURA CONTROLADA PARA SERVIÇO DE LAMA ASFÁLTICA","Paraná","-"]
["2015-10-01","EMULSÃO ASFÁLTICA DE RUPTURA LENTA CATIÔNICA PARA SERVIÇO DE LAMA ASFÁLTICA","Minas Gerais","-"]
["2015-11-01","EMULSÃO ASFÁLTICA DE RUPTURA LENTA CATIÔNICA PARA SERVIÇO DE LAMA ASFÁLTICA","Bahia","-"]
["2016-02-01","EMULSÃO ASFÁLTICA DE RUPTURA LENTA CATIÔNICA PARA SERVIÇO DE LAMA ASFÁLTICA","Alagoas","-"]
["2016-04-01","EMULSÃO ASFÁLTICA DE RUPTURA LENTA CATIÔNICA PARA SERVIÇO DE LAMA ASFÁLTICA","Amapá","-"]
["2016-05-01","EMULSÃO ASFÁLTICA DE RUPTURA LENTA CATIÔNICA PARA SERVIÇO DE LAMA ASFÁLTICA","Pernambuco","-"]
["2016-06-01","EMULSÃO ASFÁLTICA DE RUPTURA LENTA CATIÔNICA PARA SERVIÇO DE LAMA ASFÁLTICA","Rio de Janeiro","-"]
["2016-09-01","EMULSÃO ASFÁLTICA DE RUPTURA LENTA CATIÔNICA PARA SERVIÇO DE LAMA ASFÁLTICA","Paraná","-"]
["2016-10-01","EMULSÃO ASFÁLTICA DE RUPTURA LENTA CATIÔNICA PARA SERVIÇO DE LAMA ASFÁLTICA","Espírito Santo","-"]
["2017-01-01","EMULSÃO ASFÁLTICA DE RUPTURA LENTA CATIÔNICA PARA SERVIÇO DE LAMA ASFÁLTICA","Bahia","-"]
["2017-01-01","EMULSÃO ASFÁLTICA DE RUPTURA LENTA CATIÔNICA PARA SERVIÇO DE LAMA ASFÁLTICA","Santa Catarina","-"]
["2017-04-01","EMULSÃO ASFÁLTICA DE RUPTURA LENTA CATIÔNICA PARA SERVIÇO DE LAMA ASFÁLTICA","Rio Grande do Sul","-"]
["2017-05-01","EMULSÃO ASFÁLTICA DE RUPTURA LENTA CATIÔNICA PARA SERVIÇO DE LAMA ASFÁLTICA","Roraima","-"]
["2017-08-01","EMULSÃO ASFÁLTICA DE RUPTURA LENTA CATIÔNICA PARA SERVIÇO DE LAMA ASFÁLTICA","Maranhão","-"]
["2017-09-01","EMULSÃO ASFÁLTICA DE RUPTURA LENTA CATIÔNICA PARA SERVIÇO DE LAMA ASFÁLTICA","Mato Grosso do Sul","-"]
["2017-10-01","EMULSÃO ASFÁLTICA DE RUPTURA LENTA CATIÔNICA PARA SERVIÇO DE LAMA ASFÁLTICA","Pará","-"]
["2018-01-01","EMULSÃO ASFÁLTICA DE RUPTURA LENTA CATIÔNICA PARA SERVIÇO DE LAMA ASFÁLTICA","Acre","-"]
["2018-02-01","EMULSÃO ASFÁLTICA DE RUPTURA LENTA CATIÔNICA PARA SERVIÇO DE LAMA ASFÁLTICA","Sergipe","-"]
["2018-04-01","EMULSÃO ASFÁLTICA DE RUPTURA LENTA CATIÔNICA PARA SERVIÇO DE LAMA ASFÁLTICA","Paraná","-"]
["2018-05-01","EMULSÃO ASFÁLTICA DE RUPTURA LENTA CATIÔNICA PARA SERVIÇO DE LAMA ASFÁLTICA","Piauí","-"]
["2018-08-01","EMULSÃO ASFÁLTICA DE RUPTURA LENTA CATIÔNICA PARA SERVIÇO DE LAMA ASFÁLTICA","Paraíba","-"]
["2018-09-01","EMULSÃO ASFÁLTICA DE RUPTURA LENTA CATIÔNICA PARA SERVIÇO DE LAMA ASFÁLTICA","Distrito Federal","-"]
["2018-12-01","EMULSÃO ASFÁLTICA DE RUPTURA LENTA CATIÔNICA PARA SERVIÇO DE LAMA ASFÁLTICA","Amazonas","-"]
["2018-12-01","EMULSÃO ASFÁLTICA DE RUPTURA LENTA CATIÔNICA PARA SERVIÇO DE LAMA ASFÁLTICA","Roraima","-"]
["2019-03-01","EMULSÃO ASFÁLTICA DE RUPTURA LENTA CATIÔNICA PARA SERVIÇO DE LAMA ASFÁLTICA","Rio Grande do Norte","-"]
["2019-04-01","EMULSÃO ASFÁLTICA DE RUPTURA LENTA CATIÔNICA PARA SERVIÇO DE LAMA ASFÁLTICA","Rondônia","-"]
["2019-07-01","EMULSÃO ASFÁLTICA DE RUPTURA LENTA CATIÔNICA PARA SERVIÇO DE LAMA ASFÁLTICA","Goiás","-"]
["2019-08-01","EMULSÃO ASFÁLTICA DE RUPTURA LENTA CATIÔNICA PARA SERVIÇO DE LAMA ASFÁLTICA","Mato Grosso","-"]
["2019-11-01","EMULSÃO ASFÁLTICA DE RUPTURA LENTA CATIÔNICA PARA SERVIÇO DE LAMA ASFÁLTICA","Espírito Santo","-"]
["2019-11-01","EMULSÃO ASFÁLTICA DE RUPTURA LENTA CATIÔNICA PARA SERVIÇO DE LAMA ASFÁLTICA","Tocantins","-"]
["2020-01-01","EMULSÃO ASFÁLTICA DE RUPTURA LENTA CATIÔNICA PARA SERVIÇO DE LAMA ASFÁLTICA","Rondônia","-"]
["2020-03-01","EMULSÃO ASFÁLTICA DE RUPTURA LENTA CATIÔNICA PARA SERVIÇO DE LAMA ASFÁLTICA","Paraíba","-"]
["2020-06-01","EMULSÃO ASFÁLTICA DE RUPTURA LENTA CATIÔNICA PARA SERVIÇO DE LAMA ASFÁLTICA","Mato Grosso do Sul","-"]
["2020-07-01","EMULSÃO ASFÁLTICA DE RUPTURA LENTA CATIÔNICA PARA SERVIÇO DE LAMA ASFÁLTICA","Pará","-"]
["2020-10-01","EMULSÃO ASFÁLTICA DE RUPTURA LENTA CATIÔNICA PARA SERVIÇO DE LAMA ASFÁLTICA","Acre","-"]
["2020-11-01","EMULSÃO ASFÁLTICA DE RUPTURA LENTA CATIÔNICA PARA SERVIÇO DE LAMA ASFÁLTICA","Amapá","-"]
["2021-01-01","EMULSÃO ASFÁLTICA DE RUPTURA LENTA CATIÔNICA PARA SERVIÇO DE LAMA ASFÁLTICA","Tocantins","-"]
["2021-02-01","EMULSÃO ASFÁLTICA DE RUPTURA LENTA CATIÔNICA PARA SERVIÇO DE LAMA ASFÁLTICA","Rio de Janeiro","-"]
["2021-05-01","EMULSÃO ASFÁLTICA DE RUPTURA LENTA CATIÔNICA PARA SERVIÇO DE LAMA ASFÁLTICA","Paraná","-"]
["2021-06-01","EMULSÃO ASFÁLTICA DE RUPTURA LENTA CATIÔNICA PARA SERVIÇO DE LAMA ASFÁLTICA","Espírito Santo","-"]
["2021-09-01","EMULSÃO ASFÁLTICA DE RUPTURA LENTA CATIÔNICA PARA SERVIÇO DE LAMA ASFÁLTICA","Bahia","-"]
["2021-10-01","EMULSÃO ASFÁLTICA DE RUPTURA LENTA CATIÔNICA PARA SERVIÇO DE LAMA ASFÁLTICA","Distrito Federal","-"]
["2021-11-01","EMULSÃO ASFÁLTICA DE RUPTURA LENTA CATIÔNICA PARA SERVIÇO DE LAMA ASFÁLTICA","Mato Grosso","-"]
["2022-01-01","EMULSÃO ASFÁLTICA DE RUPTURA LENTA CATIÔNICA PARA SERVIÇO DE LAMA ASFÁLTICA","Rondônia","-"]
["2022-04-01","EMULSÃO ASFÁLTICA DE RUPTURA LENTA CATIÔNICA PARA SERVIÇO DE LAMA ASFÁLTICA","Goiás","-"]
["2022-05-01","EMULSÃO ASFÁLTICA DE RUPTURA LENTA CATIÔNICA PARA SERVIÇO DE LAMA ASFÁLTICA","Mato Grosso","-"]
["2022-08-01","EMULSÃO ASFÁLTICA DE RUPTURA LENTA CATIÔNICA PARA SERVIÇO DE LAMA ASFÁLTICA","Espírito Santo","-"]
["2022-08-01","EMULSÃO ASFÁLTICA DE RUPTURA LENTA CATIÔNICA PARA SERVIÇO DE LAMA ASFÁLTICA","Tocantins","-"]
["2022-11-01","EMULSÃO ASFÁLTICA DE RUPTURA LENTA CATIÔNICA PARA SERVIÇO DE LAMA ASFÁLTICA","Santa Catarina","-"]
["2022-12-01","EMULSÃO ASFÁLTICA DE RUPTURA LENTA CATIÔNICA PARA SERVIÇO DE LAMA ASFÁLTICA","Sergipe","-"]
["2023-03-01","EMULSÃO ASFÁLTICA DE RUPTURA LENTA CATIÔNICA PARA SERVIÇO DE LAMA ASFÁLTICA","Minas Gerais","-"]
["2023-04-01","EMULSÃO ASFÁLTICA DE RUPTURA LENTA CATIÔNICA PARA SERVIÇO DE LAMA ASFÁLTICA","Paraíba","-"]
["2023-07-01","EMULSÃO ASFÁLTICA DE RUPTURA LENTA CATIÔNICA PARA SERVIÇO DE LAMA ASFÁLTICA","Alagoas","-"]
["2023-08-01","EMULSÃO ASFÁLTICA DE RUPTURA LENTA CATIÔNICA PARA SERVIÇO DE LAMA ASFÁLTICA","Amazonas","-"]
["2023-09-01","EMULSÃO ASFÁLTICA DE RUPTURA LENTA CATIÔNICA PARA SERVIÇO DE LAMA ASFÁLTICA","Ceará","-"]
["2023-12-01","EMULSÃO ASFÁLTICA DE RUPTURA LENTA CATIÔNICA PARA SERVIÇO DE LAMA ASFÁLTICA","Acre","-"]
["2023-12-01","EMULSÃO ASFÁLTICA DE RUPTURA LENTA CATIÔNICA PARA SERVIÇO DE LAMA ASFÁLTICA","Rio Grande do Sul","-"]
["2024-03-01","EMULSÃO ASFÁLTICA DE RUPTURA LENTA CATIÔNICA PARA SERVIÇO DE LAMA ASFÁLTICA","Espírito Santo","-"]
["2024-04-01","EMULSÃO ASFÁLTICA DE RUPTURA LENTA CATIÔNICA PARA SERVIÇO DE LAMA ASFÁLTICA","Maranhão","-"]
["2024-07-01","EMULSÃO ASFÁLTICA DE RUPTURA LENTA CATIÔNICA PARA SERVIÇO DE LAMA ASFÁLTICA","Distrito Federal","-"]
["2024-07-01","EMULSÃO ASFÁLTICA DE RUPTURA LENTA CATIÔNICA PARA SERVIÇO DE LAMA ASFÁLTICA","Sergipe","-"]
["2015-10-01","EMULSÃO ASFÁLTICA DE RUPTURA LENTA DE CARGA NEUTRA PARA SERVIÇO DE LAMA ASFÁLTICA","Roraima","-"]
["2015-11-01","EMULSÃO ASFÁLTICA DE RUPTURA LENTA DE CARGA NEUTRA PARA SERVIÇO DE LAMA ASFÁLTICA","São Paulo","-"]
["2016-02-01","EMULSÃO ASFÁLTICA DE RUPTURA LENTA DE CARGA NEUTRA PARA SERVIÇO DE LAMA ASFÁLTICA","Mato Grosso do Sul","-"]
["2016-03-01","EMULSÃO ASFÁLTICA DE RUPTURA LENTA DE CARGA NEUTRA PARA SERVIÇO DE LAMA ASFÁLTICA","Pará","-"]
["2016-06-01","EMULSÃO ASFÁLTICA DE RUPTURA LENTA DE CARGA NEUTRA PARA SERVIÇO DE LAMA ASFÁLTICA","Acre","-"]
["2016-07-01","EMULSÃO ASFÁLTICA DE RUPTURA LENTA DE CARGA NEUTRA PARA SERVIÇO DE LAMA ASFÁLTICA","Amapá","-"]
["2016-09-01","EMULSÃO ASFÁLTICA DE RUPTURA LENTA DE CARGA NEUTRA PARA SERVIÇO DE LAMA ASFÁLTICA","Tocantins","-"]
["2016-10-01","EMULSÃO ASFÁLTICA DE RUPTURA LENTA DE CARGA NEUTRA PARA SERVIÇO DE LAMA ASFÁLTICA","Santa Catarina","-"]
["2017-01-01","EMULSÃO ASFÁLTICA DE RUPTURA LENTA DE CARGA NEUTRA PARA SERVIÇO DE LAMA ASFÁLTICA","Paraíba","-"]
["2017-02-01","EMULSÃO ASFÁLTICA DE RUPTURA LENTA DE CARGA NEUTRA PARA SERVIÇO DE LAMA ASFÁLTICA","Pernambuco","-"]
["2017-05-01","EMULSÃO ASFÁLTICA DE RUPTURA LENTA DE CARGA NEUTRA PARA SERVIÇO DE LAMA ASFÁLTICA","Amazonas","-"]
["2017-06-01","EMULSÃO ASFÁLTICA DE RUPTURA LENTA DE CARGA NEUTRA PARA SERVIÇO DE LAMA ASFÁLTICA","Ceará","-"]
["2017-08-01","EMULSÃO ASFÁLTICA DE RUPTURA LENTA DE CARGA NEUTRA PARA SERVIÇO DE LAMA ASFÁLTICA","Rio Grande do Norte","-"]
["2017-09-01","EMULSÃO ASFÁLTICA DE RUPTURA LENTA DE CARGA NEUTRA PARA SERVIÇO DE LAMA ASFÁLTICA","Rondônia","-"]
["2017-12-01","EMULSÃO ASFÁLTICA DE RUPTURA LENTA DE CARGA NEUTRA PARA SERVIÇO DE LAMA ASFÁLTICA","Rio de Janeiro","-"]
["2018-01-01","EMULSÃO ASFÁLTICA DE RUPTURA LENTA DE CARGA NEUTRA PARA SERVIÇO DE LAMA ASFÁLTICA","Mato Grosso","-"]
["2018-04-01","EMULSÃO ASFÁLTICA DE RUPTURA LENTA DE CARGA NEUTRA PARA SERVIÇO DE LAMA ASFÁLTICA","Espírito Santo","-"]
["2018-04-01","EMULSÃO ASFÁLTICA DE RUPTURA LENTA DE CARGA NEUTRA PARA SERVIÇO DE LAMA ASFÁLTICA","Tocantins","-"]
["2018-07-01","EMULSÃO ASFÁLTICA DE RUPTURA LENTA DE CARGA NEUTRA PARA SERVIÇO DE LAMA ASFÁLTICA","Santa Catarina","-"]
["2018-08-01","EMULSÃO ASFÁLTICA DE RUPTURA LENTA DE CARGA NEUTRA PARA SERVIÇO DE LAMA ASFÁLTICA","Sergipe","-"]
["2018-11-01","EMULSÃO ASFÁLTICA DE RUPTURA LENTA DE CARGA NEUTRA PARA SERVIÇO DE LAMA ASFÁLTICA","Pará","-"]
["2018-12-01","EMULSÃO ASFÁLTICA DE RUPTURA LENTA DE CARGA NEUTRA PARA SERVIÇO DE LAMA ASFÁLTICA","Pará","-"]
["2019-01-01","EMULSÃO ASFÁLTICA DE RUPTURA LENTA DE CARGA NEUTRA PARA SERVIÇO DE LAMA ASFÁLTICA","Paraná","-"]
["2019-04-01","EMULSÃO ASFÁLTICA DE RUPTURA LENTA DE CARGA NEUTRA PARA SERVIÇO DE LAMA ASFÁLTICA","Amapá","-"]
["2019-05-01","EMULSÃO ASFÁLTICA DE RUPTURA LENTA DE CARGA NEUTRA PARA SERVIÇO DE LAMA ASFÁLTICA","Bahia","-"]
["2019-07-01","EMULSÃO ASFÁLTICA DE RUPTURA LENTA DE CARGA NEUTRA PARA SERVIÇO DE LAMA ASFÁLTICA","Rio de Janeiro","-"]
["2019-10-01","EMULSÃO ASFÁLTICA DE RUPTURA LENTA DE CARGA NEUTRA PARA SERVIÇO DE LAMA ASFÁLTICA","Paraná","-"]
["2019-11-01","EMULSÃO ASFÁLTICA DE RUPTURA LENTA DE CARGA NEUTRA PARA SERVIÇO DE LAMA ASFÁLTICA","Piauí","-"]
["2020-02-01","EMULSÃO ASFÁLTICA DE RUPTURA LENTA DE CARGA NEUTRA PARA SERVIÇO DE LAMA ASFÁLTICA","Bahia","-"]
["2020-03-01","EMULSÃO ASFÁLTICA DE RUPTURA LENTA DE CARGA NEUTRA PARA SERVIÇO DE LAMA ASFÁLTICA","Distrito Federal","-"]
["2020-05-01","EMULSÃO ASFÁLTICA DE RUPTURA LENTA DE CARGA NEUTRA PARA SERVIÇO DE LAMA ASFÁLTICA","Rio Grande do Sul","-"]
["2020-06-01","EMULSÃO ASFÁLTICA DE RUPTURA LENTA DE CARGA NEUTRA PARA SERVIÇO DE LAMA ASFÁLTICA","Roraima","-"]
["2020-08-01","EMULSÃO ASFÁLTICA DE RUPTURA LENTA DE CARGA NEUTRA PARA SERVIÇO DE LAMA ASFÁLTICA","Pará","-"]
["2020-10-01","EMULSÃO ASFÁLTICA DE RUPTURA LENTA DE CARGA NEUTRA PARA SERVIÇO DE LAMA ASFÁLTICA","Mato Grosso","-"]
["2020-11-01","EMULSÃO ASFÁLTICA DE RUPTURA LENTA DE CARGA NEUTRA PARA SERVIÇO DE LAMA ASFÁLTICA","Minas Gerais","-"]
["2021-02-01","EMULSÃO ASFÁLTICA DE RUPTURA LENTA DE CARGA NEUTRA PARA SERVIÇO DE LAMA ASFÁLTICA","Maranhão","-"]
["2021-03-01","EMULSÃO ASFÁLTICA DE RUPTURA LENTA DE CARGA NEUTRA PARA SERVIÇO DE LAMA ASFÁLTICA","Alagoas","-"]
["2021-05-01","EMULSÃO ASFÁLTICA DE RUPTURA LENTA DE CARGA NEUTRA PARA SERVIÇO DE LAMA ASFÁLTICA","Sergipe","-"]
["2021-06-01","EMULSÃO ASFÁLTICA DE RUPTURA LENTA DE CARGA NEUTRA PARA SERVIÇO DE LAMA ASFÁLTICA","Piauí","-"]
["2021-09-01","EMULSÃO ASFÁLTICA DE RUPTURA LENTA DE CARGA NEUTRA PARA SERVIÇO DE LAMA ASFÁLTICA","Paraíba","-"]
["2021-10-01","EMULSÃO ASFÁLTICA DE RUPTURA LENTA DE CARGA NEUTRA PARA SERVIÇO DE LAMA ASFÁLTICA","Pernambuco","-"]
["2022-01-01","EMULSÃO ASFÁLTICA DE RUPTURA LENTA DE CARGA NEUTRA PARA SERVIÇO DE LAMA ASFÁLTICA","Amazonas","-"]
["2022-02-01","EMULSÃO ASFÁLTICA DE RUPTURA LENTA DE CARGA NEUTRA PARA SERVIÇO DE LAMA ASFÁLTICA","Ceará","-"]
["2022-05-01","EMULSÃO ASFÁLTICA DE RUPTURA LENTA DE CARGA NEUTRA PARA SERVIÇO DE LAMA ASFÁLTICA","Amapá","-"]
["2022-05-01","EMULSÃO ASFÁLTICA DE RUPTURA LENTA DE CARGA NEUTRA PARA SERVIÇO DE LAMA ASFÁLTICA","Rondônia","-"]
["2022-07-01","EMULSÃO ASFÁLTICA DE RUPTURA LENTA DE CARGA NEUTRA PARA SERVIÇO DE LAMA ASFÁLTICA","Maranhão","-"]
["2022-09-01","EMULSÃO ASFÁLTICA DE RUPTURA LENTA DE CARGA NEUTRA PARA SERVIÇO DE LAMA ASFÁLTICA","Maranhão","-"]
["2022-12-01","EMULSÃO ASFÁLTICA DE RUPTURA LENTA DE CARGA NEUTRA PARA SERVIÇO DE LAMA ASFÁLTICA","Distrito Federal","-"]
["2023-01-01","EMULSÃO ASFÁLTICA DE RUPTURA LENTA DE CARGA NEUTRA PARA SERVIÇO DE LAMA ASFÁLTICA","Goiás","-"]
["2023-03-01","EMULSÃO ASFÁLTICA DE RUPTURA LENTA DE CARGA NEUTRA PARA SERVIÇO DE LAMA ASFÁLTICA","Roraima","-"]
["2023-04-01","EMULSÃO ASFÁLTICA DE RUPTURA LENTA DE CARGA NEUTRA PARA SERVIÇO DE LAMA ASFÁLTICA","São Paulo","-"]
["2023-07-01","EMULSÃO ASFÁLTICA DE RUPTURA LENTA DE CARGA NEUTRA PARA SERVIÇO DE LAMA ASFÁLTICA","Mato Grosso do Sul","-"]
["2023-08-01","EMULSÃO ASFÁLTICA DE RUPTURA LENTA DE CARGA NEUTRA PARA SERVIÇO DE LAMA ASFÁLTICA","Pará","-"]
["2023-11-01","EMULSÃO ASFÁLTICA DE RUPTURA LENTA DE CARGA NEUTRA PARA SERVIÇO DE LAMA ASFÁLTICA","Mato Grosso","-"]
["2023-12-01","EMULSÃO ASFÁLTICA DE RUPTURA LENTA DE CARGA NEUTRA PARA SERVIÇO DE LAMA ASFÁLTICA","Amapá","-"]
["2024-02-01","EMULSÃO ASFÁLTICA DE RUPTURA LENTA DE CARGA NEUTRA PARA SERVIÇO DE LAMA ASFÁLTICA","Tocantins","-"]
["2024-04-01","EMULSÃO ASFÁLTICA DE RUPTURA LENTA DE CARGA NEUTRA PARA SERVIÇO DE LAMA ASFÁLTICA","Alagoas","-"]
["2024-06-01","EMULSÃO ASFÁLTICA DE RUPTURA LENTA DE CARGA NEUTRA PARA SERVIÇO DE LAMA ASFÁLTICA","Paraná","-"]
["2024-07-01","EMULSÃO ASFÁLTICA DE RUPTURA LENTA DE CARGA NEUTRA PARA SERVIÇO DE LAMA ASFÁLTICA","Tocantins","-"]
["2015-10-01","EMULSÃO ASFÁLTICA PARA SERVIÇO DE IMPRIMAÇÃO","Amazonas","-"]
["2015-11-01","EMULSÃO ASFÁLTICA PARA SERVIÇO DE IMPRIMAÇÃO","Ceará","-"]
["2015-12-01","EMULSÃO ASFÁLTICA PARA SERVIÇO DE IMPRIMAÇÃO","Espírito Santo","-"]
["2016-02-01","EMULSÃO ASFÁLTICA PARA SERVIÇO DE IMPRIMAÇÃO","Rondônia","-"]
["2016-03-01","EMULSÃO ASFÁLTICA PARA SERVIÇO DE IMPRIMAÇÃO","Santa Catarina","-"]
["2016-06-01","EMULSÃO ASFÁLTICA PARA SERVIÇO DE IMPRIMAÇÃO","Rio Grande do Sul","-"]
["2016-07-01","EMULSÃO ASFÁLTICA PARA SERVIÇO DE IMPRIMAÇÃO","Minas Gerais","-"]
["2016-10-01","EMULSÃO ASFÁLTICA PARA SERVIÇO DE IMPRIMAÇÃO","Maranhão","-"]
["2016-12-01","EMULSÃO ASFÁLTICA PARA SERVIÇO DE IMPRIMAÇÃO","Santa Catarina","-"]
["2017-01-01","EMULSÃO ASFÁLTICA PARA SERVIÇO DE IMPRIMAÇÃO","Sergipe","-"]
["2017-03-01","EMULSÃO ASFÁLTICA PARA SERVIÇO DE IMPRIMAÇÃO","Acre","-"]
["2017-05-01","EMULSÃO ASFÁLTICA PARA SERVIÇO DE IMPRIMAÇÃO","Paraná",1.47906230697732]
["2017-06-01","EMULSÃO ASFÁLTICA PARA SERVIÇO DE IMPRIMAÇÃO","Paraná",1.61578932044781]
["2017-09-01","EMULSÃO ASFÁLTICA PARA SERVIÇO DE IMPRIMAÇÃO","Amapá","-"]
["2017-10-01","EMULSÃO ASFÁLTICA PARA SERVIÇO DE IMPRIMAÇÃO","Bahia","-"]
["2018-01-01","EMULSÃO ASFÁLTICA PARA SERVIÇO DE IMPRIMAÇÃO","Alagoas","-"]
["2018-01-01","EMULSÃO ASFÁLTICA PARA SERVIÇO DE IMPRIMAÇÃO","Rio Grande do Sul","-"]
["2018-04-01","EMULSÃO ASFÁLTICA PARA SERVIÇO DE IMPRIMAÇÃO","Piauí","-"]
["2018-05-01","EMULSÃO ASFÁLTICA PARA SERVIÇO DE IMPRIMAÇÃO","Rio Grande do Norte","-"]
["2018-08-01","EMULSÃO ASFÁLTICA PARA SERVIÇO DE IMPRIMAÇÃO","Distrito Federal","-"]
["2018-09-01","EMULSÃO ASFÁLTICA PARA SERVIÇO DE IMPRIMAÇÃO","Goiás","-"]
["2018-11-01","EMULSÃO ASFÁLTICA PARA SERVIÇO DE IMPRIMAÇÃO","Roraima","-"]
["2018-12-01","EMULSÃO ASFÁLTICA PARA SERVIÇO DE IMPRIMAÇÃO","São Paulo","-"]
["2019-03-01","EMULSÃO ASFÁLTICA PARA SERVIÇO DE IMPRIMAÇÃO","Rondônia","-"]
["2019-04-01","EMULSÃO ASFÁLTICA PARA SERVIÇO DE IMPRIMAÇÃO","Mato Grosso do Sul","-"]
["2019-07-01","EMULSÃO ASFÁLTICA PARA SERVIÇO DE IMPRIMAÇÃO","Maranhão","-"]
["2019-08-01","EMULSÃO ASFÁLTICA PARA SERVIÇO DE IMPRIMAÇÃO","Alagoas","-"]
["2019-10-01","EMULSÃO ASFÁLTICA PARA SERVIÇO DE IMPRIMAÇÃO","Sergipe","-"]
["2019-12-01","EMULSÃO ASFÁLTICA PARA SERVIÇO DE IMPRIMAÇÃO","Acre","-"]
["2020-02-01","EMULSÃO ASFÁLTICA PARA SERVIÇO DE IMPRIMAÇÃO","Paraíba","-"]
["2020-03-01","EMULSÃO ASFÁLTICA PARA SERVIÇO DE IMPRIMAÇÃO","Pernambuco","-"]
["2020-06-01","EMULSÃO ASFÁLTICA PARA SERVIÇO DE IMPRIMAÇÃO","Pará","-"]
["2020-07-01","EMULSÃO ASFÁLTICA PARA SERVIÇO DE IMPRIMAÇÃO","Ceará",1.83855083406443]
["2020-10-01","EMULSÃO ASFÁLTICA PARA SERVIÇO DE IMPRIMAÇÃO","Amapá","-"]
["2020-10-01","EMULSÃO ASFÁLTICA PARA SERVIÇO DE IMPRIMAÇÃO","Rondônia","-"]
["2021-01-01","EMULSÃO ASFÁLTICA PARA SERVIÇO DE IMPRIMAÇÃO","Rio de Janeiro","-"]
["2021-02-01","EMULSÃO ASFÁLTICA PARA SERVIÇO DE IMPRIMAÇÃO","Rio Grande do Sul","-"]
["2021-05-01","EMULSÃO ASFÁLTICA PARA SERVIÇO DE IMPRIMAÇÃO","Alagoas","-"]
["2021-06-01","EMULSÃO ASFÁLTICA PARA SERVIÇO DE IMPRIMAÇÃO","Goiás","-"]
["2021-07-01","EMULSÃO ASFÁLTICA PARA SERVIÇO DE IMPRIMAÇÃO","Mato Grosso",2.46120202785426]
["2021-09-01","EMULSÃO ASFÁLTICA PARA SERVIÇO DE IMPRIMAÇÃO","São Paulo","-"]
["2021-10-01","EMULSÃO ASFÁLTICA PARA SERVIÇO DE IMPRIMAÇÃO","Tocantins","-"]
["2022-01-01","EMULSÃO ASFÁLTICA PARA SERVIÇO DE IMPRIMAÇÃO","Pará","-"]
["2022-02-01","EMULSÃO ASFÁLTICA PARA SERVIÇO DE IMPRIMAÇÃO","Paraná",3.19514693704435]
["2022-05-01","EMULSÃO ASFÁLTICA PARA SERVIÇO DE IMPRIMAÇÃO","Minas Gerais",2.91755335766829]
["2022-06-01","EMULSÃO ASFÁLTICA PARA SERVIÇO DE IMPRIMAÇÃO","Bahia","-"]
["2022-09-01","EMULSÃO ASFÁLTICA PARA SERVIÇO DE IMPRIMAÇÃO","Alagoas","-"]
["2022-09-01","EMULSÃO ASFÁLTICA PARA SERVIÇO DE IMPRIMAÇÃO","Rio Grande do Sul","-"]
["2022-12-01","EMULSÃO ASFÁLTICA PARA SERVIÇO DE IMPRIMAÇÃO","Piauí","-"]
["2023-01-01","EMULSÃO ASFÁLTICA PARA SERVIÇO DE IMPRIMAÇÃO","Rio Grande do Norte","-"]
["2023-03-01","EMULSÃO ASFÁLTICA PARA SERVIÇO DE IMPRIMAÇÃO","São Paulo",2.6340208460751]
["2023-05-01","EMULSÃO ASFÁLTICA PARA SERVIÇO DE IMPRIMAÇÃO","Espírito Santo","-"]
["2023-08-01","EMULSÃO ASFÁLTICA PARA SERVIÇO DE IMPRIMAÇÃO","Bahia","-"]
["2023-08-01","EMULSÃO ASFÁLTICA PARA SERVIÇO DE IMPRIMAÇÃO","Santa Catarina","-"]
["2023-11-01","EMULSÃO ASFÁLTICA PARA SERVIÇO DE IMPRIMAÇÃO","Rio Grande do Sul",2.63517037121665]
["2023-12-01","EMULSÃO ASFÁLTICA PARA SERVIÇO DE IMPRIMAÇÃO","Minas Gerais",2.25220494824991]
["2024-03-01","EMULSÃO ASFÁLTICA PARA SERVIÇO DE IMPRIMAÇÃO","Maranhão","-"]
["2024-04-01","EMULSÃO ASFÁLTICA PARA SERVIÇO DE IMPRIMAÇÃO","Mato Grosso do Sul",2.76821558188284]
["2024-06-01","EMULSÃO ASFÁLTICA PARA SERVIÇO DE IMPRIMAÇÃO","Sergipe","-"]
["2024-08-01","EMULSÃO ASFÁLTICA PARA SERVIÇO DE IMPRIMAÇÃO","Acre","-"]
["2013-02-01","EMULSÕES ASF. MOD. POR POLÍMEROS RC1C-E","São Paulo",1.13635253294016]
["2013-03-01","EMULSÕES ASF. MOD. POR POLÍMEROS RC1C-E","Pernambuco","-"]
["2013-06-01","EMULSÕES ASF. MOD. POR POLÍMEROS RC1C-E","Rio de Janeiro","-"]
["2013-07-01","EMULSÕES ASF. MOD. POR POLÍMEROS RC1C-E","Bahia","-"]
["2013-10-01","EMULSÕES ASF. MOD. POR POLÍMEROS RC1C-E","Alagoas","-"]
["2013-11-01","EMULSÕES ASF. MOD. POR POLÍMEROS RC1C-E","Amazonas","-"]
["2014-01-01","EMULSÕES ASF. MOD. POR POLÍMEROS RC1C-E","Piauí","-"]
["2014-02-01","EMULSÕES ASF. MOD. POR POLÍMEROS RC1C-E","Rio Grande do Norte","-"]
["2014-05-01","EMULSÕES ASF. MOD. POR POLÍMEROS RC1C-E","Distrito Federal","-"]
["2014-06-01","EMULSÕES ASF. MOD. POR POLÍMEROS RC1C-E","Goiás","-"]
["2014-09-01","EMULSÕES ASF. MOD. POR POLÍMEROS RC1C-E","Ceará","-"]
["2014-09-01","EMULSÕES ASF. MOD. POR POLÍMEROS RC1C-E","São Paulo",1.44044991210024]
["2014-12-01","EMULSÕES ASF. MOD. POR POLÍMEROS RC1C-E","Rondônia","-"]
["2015-01-01","EMULSÕES ASF. MOD. POR POLÍMEROS RC1C-E","Santa Catarina","-"]
["2015-04-01","EMULSÕES ASF. MOD. POR POLÍMEROS RC1C-E","Mato Grosso","-"]
["2015-05-01","EMULSÕES ASF. MOD. POR POLÍMEROS RC1C-E","Paraíba","-"]
["2015-07-01","EMULSÕES ASF. MOD. POR POLÍMEROS RC1C-E","Sergipe","-"]
["2015-09-01","EMULSÕES ASF. MOD. POR POLÍMEROS RC1C-E","Acre","-"]
["2015-10-01","EMULSÕES ASF. MOD. POR POLÍMEROS RC1C-E","Amapá","-"]
["2015-12-01","EMULSÕES ASF. MOD. POR POLÍMEROS RC1C-E","Pernambuco","-"]
["2016-01-01","EMULSÕES ASF. MOD. POR POLÍMEROS RC1C-E","Rio de Janeiro","-"]
["2016-04-01","EMULSÕES ASF. MOD. POR POLÍMEROS RC1C-E","Ceará","-"]
["2016-05-01","EMULSÕES ASF. MOD. POR POLÍMEROS RC1C-E","Espírito Santo","-"]
["2016-08-01","EMULSÕES ASF. MOD. POR POLÍMEROS RC1C-E","Bahia","-"]
["2016-08-01","EMULSÕES ASF. MOD. POR POLÍMEROS RC1C-E","Santa Catarina","-"]
["2016-11-01","EMULSÕES ASF. MOD. POR POLÍMEROS RC1C-E","Rio Grande do Sul","-"]
["2016-12-01","EMULSÕES ASF. MOD. POR POLÍMEROS RC1C-E","Roraima","-"]
["2017-03-01","EMULSÕES ASF. MOD. POR POLÍMEROS RC1C-E","Maranhão","-"]
["2017-04-01","EMULSÕES ASF. MOD. POR POLÍMEROS RC1C-E","Mato Grosso","-"]
["2017-06-01","EMULSÕES ASF. MOD. POR POLÍMEROS RC1C-E","São Paulo",1.46703189340083]
["2017-07-01","EMULSÕES ASF. MOD. POR POLÍMEROS RC1C-E","Tocantins","-"]
["2017-10-01","EMULSÕES ASF. MOD. POR POLÍMEROS RC1C-E","Santa Catarina","-"]
["2017-11-01","EMULSÕES ASF. MOD. POR POLÍMEROS RC1C-E","Paraná",1.73309513086448]
["2018-02-01","EMULSÕES ASF. MOD. POR POLÍMEROS RC1C-E","Minas Gerais",1.68794324951461]
["2018-03-01","EMULSÕES ASF. MOD. POR POLÍMEROS RC1C-E","Paraíba","-"]
["2018-06-01","EMULSÕES ASF. MOD. POR POLÍMEROS RC1C-E","Alagoas","-"]
["2018-07-01","EMULSÕES ASF. MOD. POR POLÍMEROS RC1C-E","Amazonas","-"]
["2018-09-01","EMULSÕES ASF. MOD. POR POLÍMEROS RC1C-E","Piauí","-"]
["2018-10-01","EMULSÕES ASF. MOD. POR POLÍMEROS RC1C-E","Rio Grande do Norte","-"]
["2019-01-01","EMULSÕES ASF. MOD. POR POLÍMEROS RC1C-E","Pernambuco","-"]
["2019-02-01","EMULSÕES ASF. MOD. POR POLÍMEROS RC1C-E","Goiás","-"]
["2019-05-01","EMULSÕES ASF. MOD. POR POLÍMEROS RC1C-E","Acre","-"]
["2019-05-01","EMULSÕES ASF. MOD. POR POLÍMEROS RC1C-E","Santa Catarina","-"]
["2019-08-01","EMULSÕES ASF. MOD. POR POLÍMEROS RC1C-E","Rio Grande do Sul","-"]
["2019-09-01","EMULSÕES ASF. MOD. POR POLÍMEROS RC1C-E","Roraima","-"]
["2019-12-01","EMULSÕES ASF. MOD. POR POLÍMEROS RC1C-E","Maranhão","-"]
["2020-01-01","EMULSÕES ASF. MOD. POR POLÍMEROS RC1C-E","Mato Grosso do Sul","-"]
["2020-02-01","EMULSÕES ASF. MOD. POR POLÍMEROS RC1C-E","Pará","-"]
["2020-05-01","EMULSÕES ASF. MOD. POR POLÍMEROS RC1C-E","Acre","-"]
["2020-06-01","EMULSÕES ASF. MOD. POR POLÍMEROS RC1C-E","Amapá","-"]
["2020-08-01","EMULSÕES ASF. MOD. POR POLÍMEROS RC1C-E","Pernambuco","-"]
["2020-11-01","EMULSÕES ASF. MOD. POR POLÍMEROS RC1C-E","Pará","-"]
["2020-12-01","EMULSÕES ASF. MOD. POR POLÍMEROS RC1C-E","Paraná",2.60194055750511]
["2021-02-01","EMULSÕES ASF. MOD. POR POLÍMEROS RC1C-E","Pernambuco","-"]
["2021-04-01","EMULSÕES ASF. MOD. POR POLÍMEROS RC1C-E","Amazonas","-"]
["2021-06-01","EMULSÕES ASF. MOD. POR POLÍMEROS RC1C-E","Piauí","-"]
["2021-07-01","EMULSÕES ASF. MOD. POR POLÍMEROS RC1C-E","Rio Grande do Norte","-"]
["2021-08-01","EMULSÕES ASF. MOD. POR POLÍMEROS RC1C-E","Rondônia","-"]
["2021-11-01","EMULSÕES ASF. MOD. POR POLÍMEROS RC1C-E","Goiás","-"]
["2021-12-01","EMULSÕES ASF. MOD. POR POLÍMEROS RC1C-E","Mato Grosso","-"]
["2022-03-01","EMULSÕES ASF. MOD. POR POLÍMEROS RC1C-E","Espírito Santo","-"]
["2022-03-01","EMULSÕES ASF. MOD. POR POLÍMEROS RC1C-E","Tocantins","-"]
["2022-06-01","EMULSÕES ASF. MOD. POR POLÍMEROS RC1C-E","Santa Catarina","-"]
["2022-07-01","EMULSÕES ASF. MOD. POR POLÍMEROS RC1C-E","Paraná",3.92749420767216]
["2022-10-01","EMULSÕES ASF. MOD. POR POLÍMEROS RC1C-E","Minas Gerais",3.61616733958511]
["2022-11-01","EMULSÕES ASF. MOD. POR POLÍMEROS RC1C-E","Paraíba","-"]
["2023-01-01","EMULSÕES ASF. MOD. POR POLÍMEROS RC1C-E","Minas Gerais",3.49397481154312]
["2023-03-01","EMULSÕES ASF. MOD. POR POLÍMEROS RC1C-E","Amapá","-"]
["2023-05-01","EMULSÕES ASF. MOD. POR POLÍMEROS RC1C-E","Tocantins","-"]
["2023-06-01","EMULSÕES ASF. MOD. POR POLÍMEROS RC1C-E","Rio de Janeiro","-"]
["2023-09-01","EMULSÕES ASF. MOD. POR POLÍMEROS RC1C-E","Paraná",3.22782173239779]
["2023-10-01","EMULSÕES ASF. MOD. POR POLÍMEROS RC1C-E","Espírito Santo","-"]
["2024-01-01","EMULSÕES ASF. MOD. POR POLÍMEROS RC1C-E","Bahia","-"]
["2024-02-01","EMULSÕES ASF. MOD. POR POLÍMEROS RC1C-E","Distrito Federal","-"]
["2024-04-01","EMULSÕES ASF. MOD. POR POLÍMEROS RC1C-E","Rio Grande do Sul",3.29884015539131]
["2024-05-01","EMULSÕES ASF. MOD. POR POLÍMEROS RC1C-E","Roraima","-"]
["2024-08-01","EMULSÕES ASF. MOD. POR POLÍMEROS RC1C-E","Maranhão","-"]
["2013-01-01","EMULSÕES ASF. MOD. POR POLÍMEROS RL1C-E","Mato Grosso do Sul","-"]
["2013-04-01","EMULSÕES ASF. MOD. POR POLÍMEROS RL1C-E","Goiás","-"]
["2013-06-01","EMULSÕES ASF. MOD. POR POLÍMEROS RL1C-E","Amapá","-"]
["2013-07-01","EMULSÕES ASF. MOD. POR POLÍMEROS RL1C-E","Santa Catarina","-"]
["2013-08-01","EMULSÕES ASF. MOD. POR POLÍMEROS RL1C-E","Sergipe","-"]
["2013-11-01","EMULSÕES ASF. MOD. POR POLÍMEROS RL1C-E","Minas Gerais","-"]
["2013-12-01","EMULSÕES ASF. MOD. POR POLÍMEROS RL1C-E","Paraíba","-"]
["2014-03-01","EMULSÕES ASF. MOD. POR POLÍMEROS RL1C-E","Alagoas","-"]
["2014-04-01","EMULSÕES ASF. MOD. POR POLÍMEROS RL1C-E","Amazonas","-"]
["2014-05-01","EMULSÕES ASF. MOD. POR POLÍMEROS RL1C-E","Ceará","-"]
["2014-07-01","EMULSÕES ASF. MOD. POR POLÍMEROS RL1C-E","Rio Grande do Norte","-"]
["2014-08-01","EMULSÕES ASF. MOD. POR POLÍMEROS RL1C-E","Rondônia","-"]
["2014-11-01","EMULSÕES ASF. MOD. POR POLÍMEROS RL1C-E","Rio de Janeiro","-"]
["2014-12-01","EMULSÕES ASF. MOD. POR POLÍMEROS RL1C-E","Mato Grosso","-"]
["2015-03-01","EMULSÕES ASF. MOD. POR POLÍMEROS RL1C-E","Espírito Santo","-"]
["2015-04-01","EMULSÕES ASF. MOD. POR POLÍMEROS RL1C-E","Sergipe","-"]
["2015-06-01","EMULSÕES ASF. MOD. POR POLÍMEROS RL1C-E","Roraima","-"]
["2015-07-01","EMULSÕES ASF. MOD. POR POLÍMEROS RL1C-E","São Paulo","-"]
["2015-10-01","EMULSÕES ASF. MOD. POR POLÍMEROS RL1C-E","Mato Grosso do Sul","-"]
["2015-11-01","EMULSÕES ASF. MOD. POR POLÍMEROS RL1C-E","Pará","-"]
["2016-02-01","EMULSÕES ASF. MOD. POR POLÍMEROS RL1C-E","Acre","-"]
["2016-03-01","EMULSÕES ASF. MOD. POR POLÍMEROS RL1C-E","Amapá","-"]
["2016-05-01","EMULSÕES ASF. MOD. POR POLÍMEROS RL1C-E","Tocantins","-"]
["2016-06-01","EMULSÕES ASF. MOD. POR POLÍMEROS RL1C-E","Rio de Janeiro","-"]
["2016-09-01","EMULSÕES ASF. MOD. POR POLÍMEROS RL1C-E","Paraná","-"]
["2016-10-01","EMULSÕES ASF. MOD. POR POLÍMEROS RL1C-E","Piauí","-"]
["2017-01-01","EMULSÕES ASF. MOD. POR POLÍMEROS RL1C-E","Bahia","-"]
["2017-01-01","EMULSÕES ASF. MOD. POR POLÍMEROS RL1C-E","Sergipe","-"]
["2017-04-01","EMULSÕES ASF. MOD. POR POLÍMEROS RL1C-E","Rio Grande do Norte","-"]
["2017-05-01","EMULSÕES ASF. MOD. POR POLÍMEROS RL1C-E","Rondônia","-"]
["2017-08-01","EMULSÕES ASF. MOD. POR POLÍMEROS RL1C-E","Rio de Janeiro","-"]
["2017-09-01","EMULSÕES ASF. MOD. POR POLÍMEROS RL1C-E","Mato Grosso","-"]
["2017-12-01","EMULSÕES ASF. MOD. POR POLÍMEROS RL1C-E","Espírito Santo","-"]
["2017-12-01","EMULSÕES ASF. MOD. POR POLÍMEROS RL1C-E","Tocantins","-"]
["2018-03-01","EMULSÕES ASF. MOD. POR POLÍMEROS RL1C-E","Santa Catarina","-"]
["2018-04-01","EMULSÕES ASF. MOD. POR POLÍMEROS RL1C-E","Sergipe","-"]
["2018-07-01","EMULSÕES ASF. MOD. POR POLÍMEROS RL1C-E","Minas Gerais","-"]
["2018-08-01","EMULSÕES ASF. MOD. POR POLÍMEROS RL1C-E","Paraíba","-"]
["2018-11-01","EMULSÕES ASF. MOD. POR POLÍMEROS RL1C-E","Mato Grosso do Sul","-"]
["2018-12-01","EMULSÕES ASF. MOD. POR POLÍMEROS RL1C-E","Amazonas","-"]
["2019-02-01","EMULSÕES ASF. MOD. POR POLÍMEROS RL1C-E","Paraná","-"]
["2019-03-01","EMULSÕES ASF. MOD. POR POLÍMEROS RL1C-E","Rio de Janeiro","-"]
["2019-06-01","EMULSÕES ASF. MOD. POR POLÍMEROS RL1C-E","Paraná","-"]
["2019-07-01","EMULSÕES ASF. MOD. POR POLÍMEROS RL1C-E","Piauí","-"]
["2019-10-01","EMULSÕES ASF. MOD. POR POLÍMEROS RL1C-E","Bahia","-"]
["2019-11-01","EMULSÕES ASF. MOD. POR POLÍMEROS RL1C-E","Distrito Federal","-"]
["2019-12-01","EMULSÕES ASF. MOD. POR POLÍMEROS RL1C-E","Goiás","-"]
["2020-02-01","EMULSÕES ASF. MOD. POR POLÍMEROS RL1C-E","Roraima","-"]
["2020-03-01","EMULSÕES ASF. MOD. POR POLÍMEROS RL1C-E","São Paulo","-"]
["2020-06-01","EMULSÕES ASF. MOD. POR POLÍMEROS RL1C-E","Mato Grosso do Sul","-"]
["2020-07-01","EMULSÕES ASF. MOD. POR POLÍMEROS RL1C-E","Pará","-"]
["2020-10-01","EMULSÕES ASF. MOD. POR POLÍMEROS RL1C-E","Mato Grosso","-"]
["2020-11-01","EMULSÕES ASF. MOD. POR POLÍMEROS RL1C-E","Amapá","-"]
["2021-01-01","EMULSÕES ASF. MOD. POR POLÍMEROS RL1C-E","Mato Grosso do Sul","-"]
["2021-02-01","EMULSÕES ASF. MOD. POR POLÍMEROS RL1C-E","Piauí","-"]
["2021-05-01","EMULSÕES ASF. MOD. POR POLÍMEROS RL1C-E","Paraíba","-"]
["2021-06-01","EMULSÕES ASF. MOD. POR POLÍMEROS RL1C-E","Pernambuco","-"]
["2021-09-01","EMULSÕES ASF. MOD. POR POLÍMEROS RL1C-E","Amazonas","-"]
["2021-10-01","EMULSÕES ASF. MOD. POR POLÍMEROS RL1C-E","Ceará","-"]
["2022-01-01","EMULSÕES ASF. MOD. POR POLÍMEROS RL1C-E","Amapá","-"]
["2022-01-01","EMULSÕES ASF. MOD. POR POLÍMEROS RL1C-E","Rondônia","-"]
["2022-04-01","EMULSÕES ASF. MOD. POR POLÍMEROS RL1C-E","Rio de Janeiro","-"]
["2022-05-01","EMULSÕES ASF. MOD. POR POLÍMEROS RL1C-E","Mato Grosso","-"]
["2022-08-01","EMULSÕES ASF. MOD. POR POLÍMEROS RL1C-E","Espírito Santo","-"]
["2022-09-01","EMULSÕES ASF. MOD. POR POLÍMEROS RL1C-E","Maranhão","-"]
["2022-11-01","EMULSÕES ASF. MOD. POR POLÍMEROS RL1C-E","Santa Catarina","-"]
["2023-02-01","EMULSÕES ASF. MOD. POR POLÍMEROS RL1C-E","Alagoas","-"]
["2023-03-01","EMULSÕES ASF. MOD. POR POLÍMEROS RL1C-E","Mato Grosso do Sul","-"]
["2023-04-01","EMULSÕES ASF. MOD. POR POLÍMEROS RL1C-E","Pará","-"]
["2023-07-01","EMULSÕES ASF. MOD. POR POLÍMEROS RL1C-E","Mato Grosso","-"]
["2023-08-01","EMULSÕES ASF. MOD. POR POLÍMEROS RL1C-E","Amapá","-"]
["2023-10-01","EMULSÕES ASF. MOD. POR POLÍMEROS RL1C-E","Tocantins","-"]
["2023-12-01","EMULSÕES ASF. MOD. POR POLÍMEROS RL1C-E","Alagoas","-"]
["2024-02-01","EMULSÕES ASF. MOD. POR POLÍMEROS RL1C-E","Paraná","-"]
["2024-03-01","EMULSÕES ASF. MOD. POR POLÍMEROS RL1C-E","Piauí","-"]
["2024-06-01","EMULSÕES ASF. MOD. POR POLÍMEROS RL1C-E","Bahia","-"]
["2024-07-01","EMULSÕES ASF. MOD. POR POLÍMEROS RL1C-E","Distrito Federal","-"]
["2013-02-01","EMULSÕES ASF. MOD. POR POLÍMEROS RM1C-E","Amazonas","-"]
["2013-03-01","EMULSÕES ASF. MOD. POR POLÍMEROS RM1C-E","Piauí","-"]
["2013-05-01","EMULSÕES ASF. MOD. POR POLÍMEROS RM1C-E","Rio de Janeiro","-"]
["2013-06-01","EMULSÕES ASF. MOD. POR POLÍMEROS RM1C-E","Rio Grande do Sul","-"]
["2013-09-01","EMULSÕES ASF. MOD. POR POLÍMEROS RM1C-E","Espírito Santo","-"]
["2013-10-01","EMULSÕES ASF. MOD. POR POLÍMEROS RM1C-E","Maranhão","-"]
["2013-12-01","EMULSÕES ASF. MOD. POR POLÍMEROS RM1C-E","Santa Catarina","-"]
["2014-01-01","EMULSÕES ASF. MOD. POR POLÍMEROS RM1C-E","Sergipe","-"]
["2014-03-01","EMULSÕES ASF. MOD. POR POLÍMEROS RM1C-E","Acre","-"]
["2014-05-01","EMULSÕES ASF. MOD. POR POLÍMEROS RM1C-E","Paraíba","-"]
["2014-06-01","EMULSÕES ASF. MOD. POR POLÍMEROS RM1C-E","Pernambuco","-"]
["2014-09-01","EMULSÕES ASF. MOD. POR POLÍMEROS RM1C-E","Amazonas","-"]
["2014-10-01","EMULSÕES ASF. MOD. POR POLÍMEROS RM1C-E","Ceará","-"]
["2015-01-01","EMULSÕES ASF. MOD. POR POLÍMEROS RM1C-E","Amapá","-"]
["2015-02-01","EMULSÕES ASF. MOD. POR POLÍMEROS RM1C-E","Pará","-"]
["2015-04-01","EMULSÕES ASF. MOD. POR POLÍMEROS RM1C-E","Piauí","-"]
["2015-05-01","EMULSÕES ASF. MOD. POR POLÍMEROS RM1C-E","Rio Grande do Norte","-"]
["2015-08-01","EMULSÕES ASF. MOD. POR POLÍMEROS RM1C-E","Distrito Federal","-"]
["2015-09-01","EMULSÕES ASF. MOD. POR POLÍMEROS RM1C-E","Goiás","-"]
["2015-11-01","EMULSÕES ASF. MOD. POR POLÍMEROS RM1C-E","Roraima","-"]
["2015-12-01","EMULSÕES ASF. MOD. POR POLÍMEROS RM1C-E","São Paulo","-"]
["2016-03-01","EMULSÕES ASF. MOD. POR POLÍMEROS RM1C-E","Rondônia","-"]
["2016-04-01","EMULSÕES ASF. MOD. POR POLÍMEROS RM1C-E","Pará","-"]
["2016-07-01","EMULSÕES ASF. MOD. POR POLÍMEROS RM1C-E","Mato Grosso","-"]
["2016-08-01","EMULSÕES ASF. MOD. POR POLÍMEROS RM1C-E","Minas Gerais","-"]
["2016-10-01","EMULSÕES ASF. MOD. POR POLÍMEROS RM1C-E","Tocantins","-"]
["2016-12-01","EMULSÕES ASF. MOD. POR POLÍMEROS RM1C-E","Alagoas","-"]
["2017-01-01","EMULSÕES ASF. MOD. POR POLÍMEROS RM1C-E","Maranhão","-"]
["2017-03-01","EMULSÕES ASF. MOD. POR POLÍMEROS RM1C-E","Pernambuco","-"]
["2017-06-01","EMULSÕES ASF. MOD. POR POLÍMEROS RM1C-E","Pará","-"]
["2017-07-01","EMULSÕES ASF. MOD. POR POLÍMEROS RM1C-E","Ceará","-"]
["2017-10-01","EMULSÕES ASF. MOD. POR POLÍMEROS RM1C-E","Amapá","-"]
["2017-10-01","EMULSÕES ASF. MOD. POR POLÍMEROS RM1C-E","Rondônia","-"]
["2018-01-01","EMULSÕES ASF. MOD. POR POLÍMEROS RM1C-E","Rio de Janeiro","-"]
["2018-02-01","EMULSÕES ASF. MOD. POR POLÍMEROS RM1C-E","Rio Grande do Sul","-"]
["2018-05-01","EMULSÕES ASF. MOD. POR POLÍMEROS RM1C-E","Espírito Santo","-"]
["2018-06-01","EMULSÕES ASF. MOD. POR POLÍMEROS RM1C-E","Maranhão","-"]
["2018-07-01","EMULSÕES ASF. MOD. POR POLÍMEROS RM1C-E","Mato Grosso do Sul","-"]
["2018-09-01","EMULSÕES ASF. MOD. POR POLÍMEROS RM1C-E","Sergipe","-"]
["2018-11-01","EMULSÕES ASF. MOD. POR POLÍMEROS RM1C-E","Acre","-"]
["2019-01-01","EMULSÕES ASF. MOD. POR POLÍMEROS RM1C-E","Tocantins","-"]
["2019-04-01","EMULSÕES ASF. MOD. POR POLÍMEROS RM1C-E","Mato Grosso","-"]
["2019-05-01","EMULSÕES ASF. MOD. POR POLÍMEROS RM1C-E","Minas Gerais","-"]
["2019-07-01","EMULSÕES ASF. MOD. POR POLÍMEROS RM1C-E","Tocantins","-"]
["2019-09-01","EMULSÕES ASF. MOD. POR POLÍMEROS RM1C-E","Alagoas","-"]
["2019-11-01","EMULSÕES ASF. MOD. POR POLÍMEROS RM1C-E","Paraná","-"]
["2019-12-01","EMULSÕES ASF. MOD. POR POLÍMEROS RM1C-E","Piauí","-"]
["2020-01-01","EMULSÕES ASF. MOD. POR POLÍMEROS RM1C-E","Rio Grande do Norte","-"]
["2020-04-01","EMULSÕES ASF. MOD. POR POLÍMEROS RM1C-E","Distrito Federal","-"]
["2020-05-01","EMULSÕES ASF. MOD. POR POLÍMEROS RM1C-E","Goiás","-"]
["2020-08-01","EMULSÕES ASF. MOD. POR POLÍMEROS RM1C-E","Ceará","-"]
["2020-08-01","EMULSÕES ASF. MOD. POR POLÍMEROS RM1C-E","São Paulo","-"]
["2020-10-01","EMULSÕES ASF. MOD. POR POLÍMEROS RM1C-E","Tocantins","-"]
["2020-12-01","EMULSÕES ASF. MOD. POR POLÍMEROS RM1C-E","Minas Gerais","-"]
["2021-03-01","EMULSÕES ASF. MOD. POR POLÍMEROS RM1C-E","Maranhão","-"]
["2021-04-01","EMULSÕES ASF. MOD. POR POLÍMEROS RM1C-E","Mato Grosso do Sul","-"]
["2021-06-01","EMULSÕES ASF. MOD. POR POLÍMEROS RM1C-E","Sergipe","-"]
["2021-08-01","EMULSÕES ASF. MOD. POR POLÍMEROS RM1C-E","Acre","-"]
["2021-10-01","EMULSÕES ASF. MOD. POR POLÍMEROS RM1C-E","São Paulo","-"]
["2021-11-01","EMULSÕES ASF. MOD. POR POLÍMEROS RM1C-E","Pernambuco","-"]
["2022-02-01","EMULSÕES ASF. MOD. POR POLÍMEROS RM1C-E","Pará","-"]
["2022-03-01","EMULSÕES ASF. MOD. POR POLÍMEROS RM1C-E","Ceará","-"]
["2022-06-01","EMULSÕES ASF. MOD. POR POLÍMEROS RM1C-E","Amapá","-"]
["2022-07-01","EMULSÕES ASF. MOD. POR POLÍMEROS RM1C-E","Bahia","-"]
["2022-09-01","EMULSÕES ASF. MOD. POR POLÍMEROS RM1C-E","Rio de Janeiro","-"]
["2022-11-01","EMULSÕES ASF. MOD. POR POLÍMEROS RM1C-E","Pernambuco","-"]
["2023-01-01","EMULSÕES ASF. MOD. POR POLÍMEROS RM1C-E","Distrito Federal","-"]
["2023-02-01","EMULSÕES ASF. MOD. POR POLÍMEROS RM1C-E","Goiás","-"]
["2023-05-01","EMULSÕES ASF. MOD. POR POLÍMEROS RM1C-E","Ceará","-"]
["2023-05-01","EMULSÕES ASF. MOD. POR POLÍMEROS RM1C-E","São Paulo","-"]
["2023-08-01","EMULSÕES ASF. MOD. POR POLÍMEROS RM1C-E","Rondônia","-"]
["2023-09-01","EMULSÕES ASF. MOD. POR POLÍMEROS RM1C-E","Santa Catarina","-"]
["2023-12-01","EMULSÕES ASF. MOD. POR POLÍMEROS RM1C-E","Mato Grosso","-"]
["2024-01-01","EMULSÕES ASF. MOD. POR POLÍMEROS RM1C-E","Minas Gerais","-"]
["2024-03-01","EMULSÕES ASF. MOD. POR POLÍMEROS RM1C-E","Tocantins","-"]
["2024-05-01","EMULSÕES ASF. MOD. POR POLÍMEROS RM1C-E","Alagoas","-"]
["2024-06-01","EMULSÕES ASF. MOD. POR POLÍMEROS RM1C-E","Amazonas","-"]
["2024-08-01","EMULSÕES ASF. MOD. POR POLÍMEROS RM1C-E","Piauí","-"]
["2013-02-01","EMULSÕES ASF. MOD. POR POLÍMEROS RR1C-E","Minas Gerais","-"]
["2013-04-01","EMULSÕES ASF. MOD. POR POLÍMEROS RR1C-E","Paraná","-"]
["2013-05-01","EMULSÕES ASF. MOD. POR POLÍMEROS RR1C-E","Espírito Santo","-"]
["2013-08-01","EMULSÕES ASF. MOD. POR POLÍMEROS RR1C-E","Bahia","-"]
["2013-10-01","EMULSÕES ASF. MOD. POR POLÍMEROS RR1C-E","Rio de Janeiro","-"]
["2013-11-01","EMULSÕES ASF. MOD. POR POLÍMEROS RR1C-E","Rio Grande do Sul","-"]
["2013-12-01","EMULSÕES ASF. MOD. POR POLÍMEROS RR1C-E","Roraima","-"]
["2014-03-01","EMULSÕES ASF. MOD. POR POLÍMEROS RR1C-E","Maranhão","-"]
["2014-04-01","EMULSÕES ASF. MOD. POR POLÍMEROS RR1C-E","Mato Grosso do Sul","-"]
["2014-06-01","EMULSÕES ASF. MOD. POR POLÍMEROS RR1C-E","Sergipe","-"]
["2014-08-01","EMULSÕES ASF. MOD. POR POLÍMEROS RR1C-E","Acre","-"]
["2014-10-01","EMULSÕES ASF. MOD. POR POLÍMEROS RR1C-E","São Paulo","-"]
["2014-12-01","EMULSÕES ASF. MOD. POR POLÍMEROS RR1C-E","Alagoas","-"]
["2015-02-01","EMULSÕES ASF. MOD. POR POLÍMEROS RR1C-E","Minas Gerais","-"]
["2015-03-01","EMULSÕES ASF. MOD. POR POLÍMEROS RR1C-E","Paraíba","-"]
["2015-06-01","EMULSÕES ASF. MOD. POR POLÍMEROS RR1C-E","Alagoas","-"]
["2015-07-01","EMULSÕES ASF. MOD. POR POLÍMEROS RR1C-E","Amazonas","-"]
["2015-09-01","EMULSÕES ASF. MOD. POR POLÍMEROS RR1C-E","Piauí","-"]
["2015-10-01","EMULSÕES ASF. MOD. POR POLÍMEROS RR1C-E","Rio Grande do Norte","-"]
["2016-01-01","EMULSÕES ASF. MOD. POR POLÍMEROS RR1C-E","Pernambuco","-"]
["2016-02-01","EMULSÕES ASF. MOD. POR POLÍMEROS RR1C-E","Goiás","-"]
["2016-05-01","EMULSÕES ASF. MOD. POR POLÍMEROS RR1C-E","Ceará","-"]
["2016-05-01","EMULSÕES ASF. MOD. POR POLÍMEROS RR1C-E","São Paulo","-"]
["2016-08-01","EMULSÕES ASF. MOD. POR POLÍMEROS RR1C-E","Rondônia","-"]
["2016-09-01","EMULSÕES ASF. MOD. POR POLÍMEROS RR1C-E","Santa Catarina","-"]
["2016-12-01","EMULSÕES ASF. MOD. POR POLÍMEROS RR1C-E","Rio de Janeiro","-"]
["2017-01-01","EMULSÕES ASF. MOD. POR POLÍMEROS RR1C-E","Mato Grosso do Sul","-"]
["2017-04-01","EMULSÕES ASF. MOD. POR POLÍMEROS RR1C-E","Goiás","-"]
["2017-05-01","EMULSÕES ASF. MOD. POR POLÍMEROS RR1C-E","Acre","-"]
["2017-07-01","EMULSÕES ASF. MOD. POR POLÍMEROS RR1C-E","São Paulo","-"]
["2017-08-01","EMULSÕES ASF. MOD. POR POLÍMEROS RR1C-E","Pernambuco","-"]
["2017-11-01","EMULSÕES ASF. MOD. POR POLÍMEROS RR1C-E","Pará","-"]
["2017-12-01","EMULSÕES ASF. MOD. POR POLÍMEROS RR1C-E","Paraná",1.40722382559775]
["2018-03-01","EMULSÕES ASF. MOD. POR POLÍMEROS RR1C-E","Amapá","-"]
["2018-04-01","EMULSÕES ASF. MOD. POR POLÍMEROS RR1C-E","Bahia","-"]
["2018-05-01","EMULSÕES ASF. MOD. POR POLÍMEROS RR1C-E","Distrito Federal","-"]
["2018-07-01","EMULSÕES ASF. MOD. POR POLÍMEROS RR1C-E","Rio Grande do Sul","-"]
["2018-08-01","EMULSÕES ASF. MOD. POR POLÍMEROS RR1C-E","Roraima","-"]
["2018-11-01","EMULSÕES ASF. MOD. POR POLÍMEROS RR1C-E","Paraíba","-"]
["2018-12-01","EMULSÕES ASF. MOD. POR POLÍMEROS RR1C-E","Mato Grosso","-"]
["2019-03-01","EMULSÕES ASF. MOD. POR POLÍMEROS RR1C-E","Espírito Santo","-"]
["2019-03-01","EMULSÕES ASF. MOD. POR POLÍMEROS RR1C-E","Tocantins","-"]
["2019-06-01","EMULSÕES ASF. MOD. POR POLÍMEROS RR1C-E","Santa Catarina","-"]
["2019-07-01","EMULSÕES ASF. MOD. POR POLÍMEROS RR1C-E","Paraná","-"]
["2019-10-01","EMULSÕES ASF. MOD. POR POLÍMEROS RR1C-E","Minas Gerais","-"]
["2019-11-01","EMULSÕES ASF. MOD. POR POLÍMEROS RR1C-E","Paraíba","-"]
["2020-02-01","EMULSÕES ASF. MOD. POR POLÍMEROS RR1C-E","Alagoas","-"]
["2020-03-01","EMULSÕES ASF. MOD. POR POLÍMEROS RR1C-E","Amazonas","-"]
["2020-06-01","EMULSÕES ASF. MOD. POR POLÍMEROS RR1C-E","Acre","-"]
["2020-06-01","EMULSÕES ASF. MOD. POR POLÍMEROS RR1C-E","Rio Grande do Norte","-"]
["2020-09-01","EMULSÕES ASF. MOD. POR POLÍMEROS RR1C-E","Pernambuco","-"]
["2020-10-01","EMULSÕES ASF. MOD. POR POLÍMEROS RR1C-E","Mato Grosso","-"]
["2021-01-01","EMULSÕES ASF. MOD. POR POLÍMEROS RR1C-E","Bahia","-"]
["2021-02-01","EMULSÕES ASF. MOD. POR POLÍMEROS RR1C-E","Distrito Federal","-"]
["2021-04-01","EMULSÕES ASF. MOD. POR POLÍMEROS RR1C-E","Rio Grande do Sul","-"]
["2021-05-01","EMULSÕES ASF. MOD. POR POLÍMEROS RR1C-E","Roraima","-"]
["2021-08-01","EMULSÕES ASF. MOD. POR POLÍMEROS RR1C-E","Maranhão","-"]
["2021-09-01","EMULSÕES ASF. MOD. POR POLÍMEROS RR1C-E","Mato Grosso do Sul","-"]
["2021-12-01","EMULSÕES ASF. MOD. POR POLÍMEROS RR1C-E","Goiás","-"]
["2022-01-01","EMULSÕES ASF. MOD. POR POLÍMEROS RR1C-E","Acre","-"]
["2022-03-01","EMULSÕES ASF. MOD. POR POLÍMEROS RR1C-E","São Paulo","-"]
["2022-04-01","EMULSÕES ASF. MOD. POR POLÍMEROS RR1C-E","Tocantins","-"]
["2022-07-01","EMULSÕES ASF. MOD. POR POLÍMEROS RR1C-E","Pará","-"]
["2022-09-01","EMULSÕES ASF. MOD. POR POLÍMEROS RR1C-E","Bahia","-"]
["2022-11-01","EMULSÕES ASF. MOD. POR POLÍMEROS RR1C-E","Alagoas","-"]
["2022-12-01","EMULSÕES ASF. MOD. POR POLÍMEROS RR1C-E","Amazonas","-"]
["2023-03-01","EMULSÕES ASF. MOD. POR POLÍMEROS RR1C-E","Acre","-"]
["2023-03-01","EMULSÕES ASF. MOD. POR POLÍMEROS RR1C-E","Rio Grande do Norte","-"]
["2023-06-01","EMULSÕES ASF. MOD. POR POLÍMEROS RR1C-E","Pernambuco","-"]
["2023-07-01","EMULSÕES ASF. MOD. POR POLÍMEROS RR1C-E","Rio de Janeiro","-"]
["2023-10-01","EMULSÕES ASF. MOD. POR POLÍMEROS RR1C-E","Ceará","-"]
["2023-11-01","EMULSÕES ASF. MOD. POR POLÍMEROS RR1C-E","Espírito Santo","-"]
["2024-01-01","EMULSÕES ASF. MOD. POR POLÍMEROS RR1C-E","Rondônia","-"]
["2024-02-01","EMULSÕES ASF. MOD. POR POLÍMEROS RR1C-E","Santa Catarina","-"]
["2024-03-01","EMULSÕES ASF. MOD. POR POLÍMEROS RR1C-E","Sergipe","-"]
["2024-06-01","EMULSÕES ASF. MOD. POR POLÍMEROS RR1C-E","Minas Gerais","-"]
["2024-08-01","EMULSÕES ASF. MOD. POR POLÍMEROS RR1C-E","Acre","-"]
["2013-02-01","EMULSÕES ASF. MOD. POR POLÍMEROS RR2C-E","Acre","-"]
["2013-03-01","EMULSÕES ASF. MOD. POR POLÍMEROS RR2C-E","Amapá","-"]
["2013-05-01","EMULSÕES ASF. MOD. POR POLÍMEROS RR2C-E","Tocantins","-"]
["2013-06-01","EMULSÕES ASF. MOD. POR POLÍMEROS RR2C-E","Rio de Janeiro","-"]
["2013-09-01","EMULSÕES ASF. MOD. POR POLÍMEROS RR2C-E","Paraná","-"]
["2013-10-01","EMULSÕES ASF. MOD. POR POLÍMEROS RR2C-E","Piauí","-"]
["2014-01-01","EMULSÕES ASF. MOD. POR POLÍMEROS RR2C-E","Bahia","-"]
["2014-02-01","EMULSÕES ASF. MOD. POR POLÍMEROS RR2C-E","Distrito Federal","-"]
["2014-04-01","EMULSÕES ASF. MOD. POR POLÍMEROS RR2C-E","Rio Grande do Sul","-"]
["2014-05-01","EMULSÕES ASF. MOD. POR POLÍMEROS RR2C-E","Roraima","-"]
["2014-08-01","EMULSÕES ASF. MOD. POR POLÍMEROS RR2C-E","Rio Grande do Norte","-"]
["2014-09-01","EMULSÕES ASF. MOD. POR POLÍMEROS RR2C-E","Mato Grosso do Sul","-"]
["2014-12-01","EMULSÕES ASF. MOD. POR POLÍMEROS RR2C-E","Piauí","-"]
["2015-01-01","EMULSÕES ASF. MOD. POR POLÍMEROS RR2C-E","Maranhão","-"]
["2015-03-01","EMULSÕES ASF. MOD. POR POLÍMEROS RR2C-E","Santa Catarina","-"]
["2015-04-01","EMULSÕES ASF. MOD. POR POLÍMEROS RR2C-E","Sergipe","-"]
["2015-07-01","EMULSÕES ASF. MOD. POR POLÍMEROS RR2C-E","Minas Gerais","-"]
["2015-08-01","EMULSÕES ASF. MOD. POR POLÍMEROS RR2C-E","Paraíba","-"]
["2015-11-01","EMULSÕES ASF. MOD. POR POLÍMEROS RR2C-E","Mato Grosso do Sul","-"]
["2015-12-01","EMULSÕES ASF. MOD. POR POLÍMEROS RR2C-E","Amazonas","-"]
["2016-03-01","EMULSÕES ASF. MOD. POR POLÍMEROS RR2C-E","Acre","-"]
["2016-03-01","EMULSÕES ASF. MOD. POR POLÍMEROS RR2C-E","Rio Grande do Norte","-"]
["2016-06-01","EMULSÕES ASF. MOD. POR POLÍMEROS RR2C-E","Pernambuco","-"]
["2016-07-01","EMULSÕES ASF. MOD. POR POLÍMEROS RR2C-E","Rio de Janeiro","-"]
["2016-10-01","EMULSÕES ASF. MOD. POR POLÍMEROS RR2C-E","Ceará","-"]
["2016-11-01","EMULSÕES ASF. MOD. POR POLÍMEROS RR2C-E","Pará","-"]
["2016-12-01","EMULSÕES ASF. MOD. POR POLÍMEROS RR2C-E","Goiás","-"]
["2017-02-01","EMULSÕES ASF. MOD. POR POLÍMEROS RR2C-E","Roraima","-"]
["2017-03-01","EMULSÕES ASF. MOD. POR POLÍMEROS RR2C-E","São Paulo","-"]
["2017-06-01","EMULSÕES ASF. MOD. POR POLÍMEROS RR2C-E","Mato Grosso do Sul","-"]
["2017-09-01","EMULSÕES ASF. MOD. POR POLÍMEROS RR2C-E","Goiás","-"]
["2017-10-01","EMULSÕES ASF. MOD. POR POLÍMEROS RR2C-E","Mato Grosso","-"]
["2017-12-01","EMULSÕES ASF. MOD. POR POLÍMEROS RR2C-E","São Paulo","-"]
["2018-01-01","EMULSÕES ASF. MOD. POR POLÍMEROS RR2C-E","Tocantins","-"]
["2018-04-01","EMULSÕES ASF. MOD. POR POLÍMEROS RR2C-E","Pará","-"]
["2018-05-01","EMULSÕES ASF. MOD. POR POLÍMEROS RR2C-E","Paraná","-"]
["2018-06-01","EMULSÕES ASF. MOD. POR POLÍMEROS RR2C-E","Piauí","-"]
["2018-09-01","EMULSÕES ASF. MOD. POR POLÍMEROS RR2C-E","Amapá","-"]
["2018-10-01","EMULSÕES ASF. MOD. POR POLÍMEROS RR2C-E","Ceará","-"]
["2019-01-01","EMULSÕES ASF. MOD. POR POLÍMEROS RR2C-E","Amapá","-"]
["2019-01-01","EMULSÕES ASF. MOD. POR POLÍMEROS RR2C-E","Rondônia","-"]
["2019-04-01","EMULSÕES ASF. MOD. POR POLÍMEROS RR2C-E","Rio de Janeiro","-"]
["2019-05-01","EMULSÕES ASF. MOD. POR POLÍMEROS RR2C-E","Mato Grosso","-"]
["2019-08-01","EMULSÕES ASF. MOD. POR POLÍMEROS RR2C-E","Espírito Santo","-"]
["2019-09-01","EMULSÕES ASF. MOD. POR POLÍMEROS RR2C-E","Maranhão","-"]
["2019-11-01","EMULSÕES ASF. MOD. POR POLÍMEROS RR2C-E","Santa Catarina","-"]
["2019-12-01","EMULSÕES ASF. MOD. POR POLÍMEROS RR2C-E","Sergipe","-"]
["2020-03-01","EMULSÕES ASF. MOD. POR POLÍMEROS RR2C-E","Roraima","-"]
["2020-04-01","EMULSÕES ASF. MOD. POR POLÍMEROS RR2C-E","Paraíba","-"]
["2020-07-01","EMULSÕES ASF. MOD. POR POLÍMEROS RR2C-E","Mato Grosso do Sul","-"]
["2020-07-01","EMULSÕES ASF. MOD. POR POLÍMEROS RR2C-E","Sergipe","-"]
["2020-10-01","EMULSÕES ASF. MOD. POR POLÍMEROS RR2C-E","Tocantins","-"]
["2020-12-01","EMULSÕES ASF. MOD. POR POLÍMEROS RR2C-E","Alagoas","-"]
["2021-02-01","EMULSÕES ASF. MOD. POR POLÍMEROS RR2C-E","Paraná","-"]
["2021-03-01","EMULSÕES ASF. MOD. POR POLÍMEROS RR2C-E","Piauí","-"]
["2021-06-01","EMULSÕES ASF. MOD. POR POLÍMEROS RR2C-E","Bahia","-"]
["2021-07-01","EMULSÕES ASF. MOD. POR POLÍMEROS RR2C-E","Distrito Federal","-"]
["2021-10-01","EMULSÕES ASF. MOD. POR POLÍMEROS RR2C-E","Amazonas","-"]
["2021-10-01","EMULSÕES ASF. MOD. POR POLÍMEROS RR2C-E","Roraima","-"]
["2022-01-01","EMULSÕES ASF. MOD. POR POLÍMEROS RR2C-E","Rio Grande do Norte","-"]
["2022-02-01","EMULSÕES ASF. MOD. POR POLÍMEROS RR2C-E","Rondônia","-"]
["2022-05-01","EMULSÕES ASF. MOD. POR POLÍMEROS RR2C-E","Goiás","-"]
["2022-06-01","EMULSÕES ASF. MOD. POR POLÍMEROS RR2C-E","Mato Grosso","-"]
["2022-08-01","EMULSÕES ASF. MOD. POR POLÍMEROS RR2C-E","Paraná","-"]
["2022-09-01","EMULSÕES ASF. MOD. POR POLÍMEROS RR2C-E","Sergipe","-"]
["2022-11-01","EMULSÕES ASF. MOD. POR POLÍMEROS RR2C-E","Acre","-"]
["2023-01-01","EMULSÕES ASF. MOD. POR POLÍMEROS RR2C-E","Paraíba","-"]
["2023-02-01","EMULSÕES ASF. MOD. POR POLÍMEROS RR2C-E","Pernambuco","-"]
["2023-05-01","EMULSÕES ASF. MOD. POR POLÍMEROS RR2C-E","Pará","-"]
["2023-06-01","EMULSÕES ASF. MOD. POR POLÍMEROS RR2C-E","Ceará","-"]
["2023-09-01","EMULSÕES ASF. MOD. POR POLÍMEROS RR2C-E","Amapá","-"]
["2023-11-01","EMULSÕES ASF. MOD. POR POLÍMEROS RR2C-E","Pernambuco","-"]
["2023-12-01","EMULSÕES ASF. MOD. POR POLÍMEROS RR2C-E","Rio de Janeiro","-"]
["2024-01-01","EMULSÕES ASF. MOD. POR POLÍMEROS RR2C-E","Rio Grande do Sul","-"]
["2024-04-01","EMULSÕES ASF. MOD. POR POLÍMEROS RR2C-E","Espírito Santo","-"]
["2024-05-01","EMULSÕES ASF. MOD. POR POLÍMEROS RR2C-E","Maranhão","-"]
["2024-07-01","EMULSÕES ASF. MOD. POR POLÍMEROS RR2C-E","Mato Grosso do Sul","-"]
["2024-08-01","EMULSÕES ASF. MOD. POR POLÍMEROS RR2C-E","São Paulo","-"]
["2013-03-01","EMULSÕES ASFÁLTICAS LA-E","Rondônia","-"]
["2013-04-01","EMULSÕES ASFÁLTICAS LA-E","Pará","-"]
["2013-07-01","EMULSÕES ASFÁLTICAS LA-E","Mato Grosso","-"]
["2013-08-01","EMULSÕES ASFÁLTICAS LA-E","Minas Gerais","-"]
["2013-10-01","EMULSÕES ASFÁLTICAS LA-E","Tocantins","-"]
["2013-12-01","EMULSÕES ASFÁLTICAS LA-E","Alagoas","-"]
["2014-02-01","EMULSÕES ASFÁLTICAS LA-E","Paraná","-"]
["2014-03-01","EMULSÕES ASFÁLTICAS LA-E","Piauí","-"]
["2014-06-01","EMULSÕES ASFÁLTICAS LA-E","Paraíba","-"]
["2014-07-01","EMULSÕES ASFÁLTICAS LA-E","Distrito Federal","-"]
["2014-10-01","EMULSÕES ASFÁLTICAS LA-E","Ceará","-"]
["2014-10-01","EMULSÕES ASFÁLTICAS LA-E","Rondônia","-"]
["2015-01-01","EMULSÕES ASFÁLTICAS LA-E","Rio de Janeiro","-"]
["2015-02-01","EMULSÕES ASFÁLTICAS LA-E","Rio Grande do Sul","-"]
["2015-05-01","EMULSÕES ASFÁLTICAS LA-E","Espírito Santo","-"]
["2015-06-01","EMULSÕES ASFÁLTICAS LA-E","Maranhão","-"]
["2013-01-01","EMULSÕES ASFÁLTICAS RL-1C","Distrito Federal","-"]
["2013-01-01","EMULSÕES ASFÁLTICAS RL-1C","Sergipe","-"]
["2013-04-01","EMULSÕES ASFÁLTICAS RL-1C","Roraima","-"]
["2013-05-01","EMULSÕES ASFÁLTICAS RL-1C","Paraíba","-"]
["2013-08-01","EMULSÕES ASFÁLTICAS RL-1C","Mato Grosso do Sul","-"]
["2013-09-01","EMULSÕES ASFÁLTICAS RL-1C","Pará","-"]
["2013-12-01","EMULSÕES ASFÁLTICAS RL-1C","Acre","-"]
["2014-01-01","EMULSÕES ASFÁLTICAS RL-1C","Alagoas","-"]
["2014-02-01","EMULSÕES ASFÁLTICAS RL-1C","Amazonas","-"]
["2014-04-01","EMULSÕES ASFÁLTICAS RL-1C","Piauí","-"]
["2014-05-01","EMULSÕES ASFÁLTICAS RL-1C","Rio Grande do Norte","-"]
["2014-08-01","EMULSÕES ASFÁLTICAS RL-1C","Distrito Federal","-"]
["2014-09-01","EMULSÕES ASFÁLTICAS RL-1C","Goiás",1.04758127526337]
["2014-12-01","EMULSÕES ASFÁLTICAS RL-1C","Ceará","-"]
["2014-12-01","EMULSÕES ASFÁLTICAS RL-1C","São Paulo",1.06652037470327]
["2015-03-01","EMULSÕES ASFÁLTICAS RL-1C","Rondônia","-"]
["2015-04-01","EMULSÕES ASFÁLTICAS RL-1C","Pará","-"]
["2015-07-01","EMULSÕES ASFÁLTICAS RL-1C","Mato Grosso",1.38858682879888]
["2015-08-01","EMULSÕES ASFÁLTICAS RL-1C","Minas Gerais",0.86558769428144]
["2015-10-01","EMULSÕES ASFÁLTICAS RL-1C","Tocantins","-"]
["2015-11-01","EMULSÕES ASFÁLTICAS RL-1C","São Paulo",1.2041460034316]
["2016-02-01","EMULSÕES ASFÁLTICAS RL-1C","São Paulo",1.1849375825455]
["2016-03-01","EMULSÕES ASFÁLTICAS RL-1C","Pernambuco","-"]
["2016-06-01","EMULSÕES ASFÁLTICAS RL-1C","Pará","-"]
["2016-07-01","EMULSÕES ASFÁLTICAS RL-1C","Ceará","-"]
["2016-10-01","EMULSÕES ASFÁLTICAS RL-1C","Amapá","-"]
["2016-11-01","EMULSÕES ASFÁLTICAS RL-1C","Bahia","-"]
["2017-01-01","EMULSÕES ASFÁLTICAS RL-1C","Rio de Janeiro","-"]
["2017-02-01","EMULSÕES ASFÁLTICAS RL-1C","Rio Grande do Sul",1.18533218844221]
["2017-05-01","EMULSÕES ASFÁLTICAS RL-1C","Espírito Santo","-"]
["2017-06-01","EMULSÕES ASFÁLTICAS RL-1C","Maranhão","-"]
["2017-09-01","EMULSÕES ASFÁLTICAS RL-1C","Distrito Federal","-"]
["2017-09-01","EMULSÕES ASFÁLTICAS RL-1C","Sergipe","-"]
["2017-12-01","EMULSÕES ASFÁLTICAS RL-1C","Paraíba","-"]
["2018-01-01","EMULSÕES ASFÁLTICAS RL-1C","Santa Catarina","-"]
["2018-04-01","EMULSÕES ASFÁLTICAS RL-1C","Mato Grosso",1.52307178415982]
["2018-05-01","EMULSÕES ASFÁLTICAS RL-1C","Minas Gerais",1.31020900126616]
["2018-07-01","EMULSÕES ASFÁLTICAS RL-1C","Tocantins","-"]
["2018-09-01","EMULSÕES ASFÁLTICAS RL-1C","Alagoas","-"]
["2018-11-01","EMULSÕES ASFÁLTICAS RL-1C","Sergipe","-"]
["2018-12-01","EMULSÕES ASFÁLTICAS RL-1C","Piauí","-"]
["2019-03-01","EMULSÕES ASFÁLTICAS RL-1C","Paraíba","-"]
["2019-04-01","EMULSÕES ASFÁLTICAS RL-1C","Pernambuco","-"]
["2019-07-01","EMULSÕES ASFÁLTICAS RL-1C","Amazonas","-"]
["2019-08-01","EMULSÕES ASFÁLTICAS RL-1C","Ceará","-"]
["2019-10-01","EMULSÕES ASFÁLTICAS RL-1C","Amazonas","-"]
["2019-11-01","EMULSÕES ASFÁLTICAS RL-1C","Rio Grande do Sul","-"]
["2019-12-01","EMULSÕES ASFÁLTICAS RL-1C","Roraima","-"]
["2020-03-01","EMULSÕES ASFÁLTICAS RL-1C","Maranhão","-"]
["2020-04-01","EMULSÕES ASFÁLTICAS RL-1C","Mato Grosso do Sul","-"]
["2020-06-01","EMULSÕES ASFÁLTICAS RL-1C","Sergipe","-"]
["2020-08-01","EMULSÕES ASFÁLTICAS RL-1C","Acre","-"]
["2020-10-01","EMULSÕES ASFÁLTICAS RL-1C","São Paulo",1.92544980629704]
["2020-11-01","EMULSÕES ASFÁLTICAS RL-1C","Pernambuco","-"]
["2021-02-01","EMULSÕES ASFÁLTICAS RL-1C","Pará","-"]
["2021-03-01","EMULSÕES ASFÁLTICAS RL-1C","Paraná",2.21923032872654]
["2021-06-01","EMULSÕES ASFÁLTICAS RL-1C","Amapá","-"]
["2021-07-01","EMULSÕES ASFÁLTICAS RL-1C","Bahia","-"]
["2021-08-01","EMULSÕES ASFÁLTICAS RL-1C","Tocantins","-"]
["2021-10-01","EMULSÕES ASFÁLTICAS RL-1C","Rio Grande do Norte","-"]
["2022-01-01","EMULSÕES ASFÁLTICAS RL-1C","Pernambuco","-"]
["2022-02-01","EMULSÕES ASFÁLTICAS RL-1C","Goiás",3.03318362161465]
["2022-05-01","EMULSÕES ASFÁLTICAS RL-1C","Ceará","-"]
["2022-06-01","EMULSÕES ASFÁLTICAS RL-1C","Espírito Santo","-"]
["2022-08-01","EMULSÕES ASFÁLTICAS RL-1C","Rondônia","-"]
["2022-09-01","EMULSÕES ASFÁLTICAS RL-1C","Santa Catarina","-"]
["2022-12-01","EMULSÕES ASFÁLTICAS RL-1C","Mato Grosso",2.82237594500206]
["2023-01-01","EMULSÕES ASFÁLTICAS RL-1C","Minas Gerais",2.56815867465003]
["2023-04-01","EMULSÕES ASFÁLTICAS RL-1C","Maranhão","-"]
["2023-05-01","EMULSÕES ASFÁLTICAS RL-1C","Alagoas","-"]
["2023-07-01","EMULSÕES ASFÁLTICAS RL-1C","Sergipe","-"]
["2023-09-01","EMULSÕES ASFÁLTICAS RL-1C","Pernambuco","-"]
["2023-11-01","EMULSÕES ASFÁLTICAS RL-1C","Pará","-"]
["2023-12-01","EMULSÕES ASFÁLTICAS RL-1C","Paraná",2.65720865202965]
["2024-03-01","EMULSÕES ASFÁLTICAS RL-1C","Amapá","-"]
["2024-04-01","EMULSÕES ASFÁLTICAS RL-1C","Bahia","-"]
["2024-05-01","EMULSÕES ASFÁLTICAS RL-1C","Distrito Federal","-"]
["2024-07-01","EMULSÕES ASFÁLTICAS RL-1C","Rio Grande do Sul","-"]
["2024-08-01","EMULSÕES ASFÁLTICAS RL-1C","Roraima","-"]
["2013-03-01","EMULSÕES ASFÁLTICAS RM-1C","Maranhão","-"]
["2013-06-01","EMULSÕES ASFÁLTICAS RM-1C","Distrito Federal","-"]
["2013-07-01","EMULSÕES ASFÁLTICAS RM-1C","Goiás","-"]
["2013-09-01","EMULSÕES ASFÁLTICAS RM-1C","Roraima","-"]
["2013-10-01","EMULSÕES ASFÁLTICAS RM-1C","São Paulo",0.888862880538158]
["2013-12-01","EMULSÕES ASFÁLTICAS RM-1C","Minas Gerais",0.841897955473459]
["2014-02-01","EMULSÕES ASFÁLTICAS RM-1C","Minas Gerais",0.844898064387917]
["2014-03-01","EMULSÕES ASFÁLTICAS RM-1C","Paraíba","-"]
["2014-06-01","EMULSÕES ASFÁLTICAS RM-1C","Alagoas","-"]
["2014-07-01","EMULSÕES ASFÁLTICAS RM-1C","Amazonas","-"]
["2014-10-01","EMULSÕES ASFÁLTICAS RM-1C","Acre","-"]
["2014-10-01","EMULSÕES ASFÁLTICAS RM-1C","Rio Grande do Norte","-"]
["2015-01-01","EMULSÕES ASFÁLTICAS RM-1C","Pernambuco","-"]
["2015-02-01","EMULSÕES ASFÁLTICAS RM-1C","Goiás",1.3574763803823]
["2015-05-01","EMULSÕES ASFÁLTICAS RM-1C","Ceará",1.29690478364746]
["2015-06-01","EMULSÕES ASFÁLTICAS RM-1C","Espírito Santo","-"]
["2015-08-01","EMULSÕES ASFÁLTICAS RM-1C","Rondônia","-"]
["2015-09-01","EMULSÕES ASFÁLTICAS RM-1C","Minas Gerais","-"]
["2015-12-01","EMULSÕES ASFÁLTICAS RM-1C","Rio Grande do Norte","-"]
["2016-01-01","EMULSÕES ASFÁLTICAS RM-1C","Mato Grosso do Sul","-"]
["2016-04-01","EMULSÕES ASFÁLTICAS RM-1C","Goiás","-"]
["2016-05-01","EMULSÕES ASFÁLTICAS RM-1C","Acre","-"]
["2016-07-01","EMULSÕES ASFÁLTICAS RM-1C","São Paulo",1.46886500597104]
["2016-08-01","EMULSÕES ASFÁLTICAS RM-1C","Tocantins","-"]
["2016-11-01","EMULSÕES ASFÁLTICAS RM-1C","Pará","-"]
["2016-12-01","EMULSÕES ASFÁLTICAS RM-1C","Paraná","-"]
["2017-03-01","EMULSÕES ASFÁLTICAS RM-1C","Amapá","-"]
["2017-04-01","EMULSÕES ASFÁLTICAS RM-1C","Bahia",1.13768930861196]
["2017-07-01","EMULSÕES ASFÁLTICAS RM-1C","Alagoas","-"]
["2017-07-01","EMULSÕES ASFÁLTICAS RM-1C","Rio Grande do Sul",1.16875604560724]
["2017-10-01","EMULSÕES ASFÁLTICAS RM-1C","Amapá","-"]
["2017-11-01","EMULSÕES ASFÁLTICAS RM-1C","Rio de Janeiro","-"]
["2018-02-01","EMULSÕES ASFÁLTICAS RM-1C","Ceará",1.38310533439626]
["2018-03-01","EMULSÕES ASFÁLTICAS RM-1C","Espírito Santo","-"]
["2018-05-01","EMULSÕES ASFÁLTICAS RM-1C","Rondônia","-"]
["2018-06-01","EMULSÕES ASFÁLTICAS RM-1C","Santa Catarina","-"]
["2018-07-01","EMULSÕES ASFÁLTICAS RM-1C","Sergipe","-"]
["2018-10-01","EMULSÕES ASFÁLTICAS RM-1C","Minas Gerais",2.06326773967473]
["2018-11-01","EMULSÕES ASFÁLTICAS RM-1C","Paraíba","-"]
["2019-02-01","EMULSÕES ASFÁLTICAS RM-1C","Alagoas","-"]
["2019-03-01","EMULSÕES ASFÁLTICAS RM-1C","Amazonas","-"]
["2019-06-01","EMULSÕES ASFÁLTICAS RM-1C","Acre","-"]
["2019-08-01","EMULSÕES ASFÁLTICAS RM-1C","Paraíba","-"]
["2019-08-01","EMULSÕES ASFÁLTICAS RM-1C","Sergipe","-"]
["2019-10-01","EMULSÕES ASFÁLTICAS RM-1C","Piauí","-"]
["2020-01-01","EMULSÕES ASFÁLTICAS RM-1C","Bahia","-"]
["2020-02-01","EMULSÕES ASFÁLTICAS RM-1C","Distrito Federal","-"]
["2020-04-01","EMULSÕES ASFÁLTICAS RM-1C","Rio Grande do Sul","-"]
["2020-05-01","EMULSÕES ASFÁLTICAS RM-1C","Roraima","-"]
["2020-08-01","EMULSÕES ASFÁLTICAS RM-1C","Rio Grande do Norte","-"]
["2020-09-01","EMULSÕES ASFÁLTICAS RM-1C","Mato Grosso do Sul","-"]
["2020-12-01","EMULSÕES ASFÁLTICAS RM-1C","Goiás","-"]
["2021-01-01","EMULSÕES ASFÁLTICAS RM-1C","Mato Grosso","-"]
["2021-03-01","EMULSÕES ASFÁLTICAS RM-1C","São Paulo","-"]
["2021-04-01","EMULSÕES ASFÁLTICAS RM-1C","Tocantins","-"]
["2021-06-01","EMULSÕES ASFÁLTICAS RM-1C","Paraíba","-"]
["2021-08-01","EMULSÕES ASFÁLTICAS RM-1C","Paraíba","-"]
["2021-11-01","EMULSÕES ASFÁLTICAS RM-1C","Mato Grosso do Sul","-"]
["2021-12-01","EMULSÕES ASFÁLTICAS RM-1C","Amazonas","-"]
["2022-03-01","EMULSÕES ASFÁLTICAS RM-1C","Acre","-"]
["2022-03-01","EMULSÕES ASFÁLTICAS RM-1C","Rio Grande do Norte","-"]
["2022-06-01","EMULSÕES ASFÁLTICAS RM-1C","Pernambuco","-"]
["2022-07-01","EMULSÕES ASFÁLTICAS RM-1C","Rio de Janeiro","-"]
["2022-10-01","EMULSÕES ASFÁLTICAS RM-1C","Ceará",3.10331092232468]
["2022-11-01","EMULSÕES ASFÁLTICAS RM-1C","Espírito Santo","-"]
["2023-02-01","EMULSÕES ASFÁLTICAS RM-1C","Bahia","-"]
["2023-02-01","EMULSÕES ASFÁLTICAS RM-1C","Santa Catarina","-"]
["2023-05-01","EMULSÕES ASFÁLTICAS RM-1C","Rio Grande do Sul","-"]
["2023-07-01","EMULSÕES ASFÁLTICAS RM-1C","Bahia","-"]
["2023-09-01","EMULSÕES ASFÁLTICAS RM-1C","Goiás","-"]
["2023-10-01","EMULSÕES ASFÁLTICAS RM-1C","Mato Grosso","-"]
["2023-12-01","EMULSÕES ASFÁLTICAS RM-1C","São Paulo","-"]
["2024-01-01","EMULSÕES ASFÁLTICAS RM-1C","Tocantins","-"]
["2024-03-01","EMULSÕES ASFÁLTICAS RM-1C","Alagoas","-"]
["2024-05-01","EMULSÕES ASFÁLTICAS RM-1C","Paraná",2.67088713747838]
["2024-06-01","EMULSÕES ASFÁLTICAS RM-1C","Piauí","-"]
["2013-01-01","EMULSÕES ASFÁLTICAS RM-2C","Bahia","-"]
["2013-02-01","EMULSÕES ASFÁLTICAS RM-2C","Distrito Federal","-"]
["2013-05-01","EMULSÕES ASFÁLTICAS RM-2C","Amazonas","-"]
["2013-05-01","EMULSÕES ASFÁLTICAS RM-2C","Roraima","-"]
["2013-08-01","EMULSÕES ASFÁLTICAS RM-2C","Rio Grande do Norte","-"]
["2013-10-01","EMULSÕES ASFÁLTICAS RM-2C","Acre","-"]
["2013-12-01","EMULSÕES ASFÁLTICAS RM-2C","Espírito Santo","-"]
["2014-01-01","EMULSÕES ASFÁLTICAS RM-2C","Maranhão","-"]
["2014-03-01","EMULSÕES ASFÁLTICAS RM-2C","Santa Catarina","-"]
["2014-04-01","EMULSÕES ASFÁLTICAS RM-2C","Sergipe","-"]
["2014-07-01","EMULSÕES ASFÁLTICAS RM-2C","Roraima","-"]
["2014-08-01","EMULSÕES ASFÁLTICAS RM-2C","Paraíba","-"]
["2014-11-01","EMULSÕES ASFÁLTICAS RM-2C","Mato Grosso do Sul","-"]
["2014-12-01","EMULSÕES ASFÁLTICAS RM-2C","Amazonas","-"]
["2015-03-01","EMULSÕES ASFÁLTICAS RM-2C","Acre","-"]
["2015-04-01","EMULSÕES ASFÁLTICAS RM-2C","Amapá","-"]
["2015-06-01","EMULSÕES ASFÁLTICAS RM-2C","Pernambuco","-"]
["2015-07-01","EMULSÕES ASFÁLTICAS RM-2C","Rio de Janeiro","-"]
["2015-10-01","EMULSÕES ASFÁLTICAS RM-2C","Piauí","-"]
["2015-11-01","EMULSÕES ASFÁLTICAS RM-2C","Distrito Federal","-"]
["2016-02-01","EMULSÕES ASFÁLTICAS RM-2C","Amazonas","-"]
["2016-02-01","EMULSÕES ASFÁLTICAS RM-2C","Roraima","-"]
["2016-05-01","EMULSÕES ASFÁLTICAS RM-2C","Rio Grande do Norte","-"]
["2016-06-01","EMULSÕES ASFÁLTICAS RM-2C","Rondônia","-"]
["2016-09-01","EMULSÕES ASFÁLTICAS RM-2C","Goiás","-"]
["2016-10-01","EMULSÕES ASFÁLTICAS RM-2C","Mato Grosso","-"]
["2016-12-01","EMULSÕES ASFÁLTICAS RM-2C","São Paulo","-"]
["2017-01-01","EMULSÕES ASFÁLTICAS RM-2C","Tocantins","-"]
["2017-04-01","EMULSÕES ASFÁLTICAS RM-2C","Santa Catarina","-"]
["2017-05-01","EMULSÕES ASFÁLTICAS RM-2C","Paraná","-"]
["2017-07-01","EMULSÕES ASFÁLTICAS RM-2C","Piauí","-"]
["2017-09-01","EMULSÕES ASFÁLTICAS RM-2C","Pará","-"]
["2017-12-01","EMULSÕES ASFÁLTICAS RM-2C","Acre","-"]
["2018-01-01","EMULSÕES ASFÁLTICAS RM-2C","Amapá","-"]
["2018-03-01","EMULSÕES ASFÁLTICAS RM-2C","Pernambuco","-"]
["2018-04-01","EMULSÕES ASFÁLTICAS RM-2C","Rio de Janeiro","-"]
["2018-05-01","EMULSÕES ASFÁLTICAS RM-2C","Rio Grande do Sul","-"]
["2018-08-01","EMULSÕES ASFÁLTICAS RM-2C","Espírito Santo","-"]
["2018-09-01","EMULSÕES ASFÁLTICAS RM-2C","Maranhão","-"]
["2018-11-01","EMULSÕES ASFÁLTICAS RM-2C","Santa Catarina","-"]
["2018-12-01","EMULSÕES ASFÁLTICAS RM-2C","Sergipe","-"]
["2019-03-01","EMULSÕES ASFÁLTICAS RM-2C","Roraima","-"]
["2019-04-01","EMULSÕES ASFÁLTICAS RM-2C","Paraíba","-"]
["2019-06-01","EMULSÕES ASFÁLTICAS RM-2C","Pará","-"]
["2019-08-01","EMULSÕES ASFÁLTICAS RM-2C","Minas Gerais","-"]
["2019-10-01","EMULSÕES ASFÁLTICAS RM-2C","Tocantins","-"]
["2019-12-01","EMULSÕES ASFÁLTICAS RM-2C","Alagoas","-"]
["2020-02-01","EMULSÕES ASFÁLTICAS RM-2C","Paraná","-"]
["2020-03-01","EMULSÕES ASFÁLTICAS RM-2C","Piauí","-"]
["2020-06-01","EMULSÕES ASFÁLTICAS RM-2C","Paraíba","-"]
["2020-07-01","EMULSÕES ASFÁLTICAS RM-2C","Distrito Federal","-"]
["2020-10-01","EMULSÕES ASFÁLTICAS RM-2C","Amazonas","-"]
["2020-11-01","EMULSÕES ASFÁLTICAS RM-2C","Ceará","-"]
["2021-01-01","EMULSÕES ASFÁLTICAS RM-2C","Rio Grande do Norte","-"]
["2021-02-01","EMULSÕES ASFÁLTICAS RM-2C","Rondônia","-"]
["2021-05-01","EMULSÕES ASFÁLTICAS RM-2C","Goiás","-"]
["2021-07-01","EMULSÕES ASFÁLTICAS RM-2C","Amazonas","-"]
["2021-09-01","EMULSÕES ASFÁLTICAS RM-2C","Distrito Federal","-"]
["2021-09-01","EMULSÕES ASFÁLTICAS RM-2C","Sergipe","-"]
["2021-12-01","EMULSÕES ASFÁLTICAS RM-2C","Roraima","-"]
["2022-01-01","EMULSÕES ASFÁLTICAS RM-2C","Paraíba","-"]
["2022-04-01","EMULSÕES ASFÁLTICAS RM-2C","Mato Grosso do Sul","-"]
["2022-05-01","EMULSÕES ASFÁLTICAS RM-2C","Pará","-"]
["2022-08-01","EMULSÕES ASFÁLTICAS RM-2C","Acre","-"]
["2022-09-01","EMULSÕES ASFÁLTICAS RM-2C","Amapá","-"]
["2022-10-01","EMULSÕES ASFÁLTICAS RM-2C","Bahia","-"]
["2022-12-01","EMULSÕES ASFÁLTICAS RM-2C","Rio de Janeiro","-"]
["2023-01-01","EMULSÕES ASFÁLTICAS RM-2C","Rio Grande do Sul","-"]
["2023-04-01","EMULSÕES ASFÁLTICAS RM-2C","Espírito Santo","-"]
["2023-05-01","EMULSÕES ASFÁLTICAS RM-2C","Tocantins","-"]
["2023-08-01","EMULSÕES ASFÁLTICAS RM-2C","Ceará","-"]
["2023-10-01","EMULSÕES ASFÁLTICAS RM-2C","Rio Grande do Norte","-"]
["2023-11-01","EMULSÕES ASFÁLTICAS RM-2C","Rondônia","-"]
["2024-02-01","EMULSÕES ASFÁLTICAS RM-2C","Goiás","-"]
["2024-03-01","EMULSÕES ASFÁLTICAS RM-2C","Mato Grosso","-"]
["2024-04-01","EMULSÕES ASFÁLTICAS RM-2C","Minas Gerais","-"]
["2024-06-01","EMULSÕES ASFÁLTICAS RM-2C","Tocantins","-"]
["2024-08-01","EMULSÕES ASFÁLTICAS RM-2C","Alagoas","-"]
["2013-02-01","EMULSÕES ASFÁLTICAS RR-1C","Sergipe","-"]
["2013-03-01","EMULSÕES ASFÁLTICAS RR-1C","Piauí","-"]
["2013-06-01","EMULSÕES ASFÁLTICAS RR-1C","Paraíba","-"]
["2013-07-01","EMULSÕES ASFÁLTICAS RR-1C","Paraná",0.772817502580977]
["2013-10-01","EMULSÕES ASFÁLTICAS RR-1C","Amapá","-"]
["2013-11-01","EMULSÕES ASFÁLTICAS RR-1C","Bahia","-"]
["2014-01-01","EMULSÕES ASFÁLTICAS RR-1C","Rio de Janeiro","-"]
["2014-02-01","EMULSÕES ASFÁLTICAS RR-1C","Rio Grande do Sul",0.976061586739449]
["2014-05-01","EMULSÕES ASFÁLTICAS RR-1C","Piauí","-"]
["2014-06-01","EMULSÕES ASFÁLTICAS RR-1C","Maranhão","-"]
["2014-09-01","EMULSÕES ASFÁLTICAS RR-1C","Distrito Federal","-"]
["2014-09-01","EMULSÕES ASFÁLTICAS RR-1C","Sergipe","-"]
["2014-12-01","EMULSÕES ASFÁLTICAS RR-1C","Roraima","-"]
["2015-01-01","EMULSÕES ASFÁLTICAS RR-1C","São Paulo",0.961604463167043]
["2015-04-01","EMULSÕES ASFÁLTICAS RR-1C","Mato Grosso do Sul","-"]
["2015-05-01","EMULSÕES ASFÁLTICAS RR-1C","Pará","-"]
["2015-08-01","EMULSÕES ASFÁLTICAS RR-1C","Ceará",1.17673908358827]
["2015-09-01","EMULSÕES ASFÁLTICAS RR-1C","Alagoas","-"]
["2015-11-01","EMULSÕES ASFÁLTICAS RR-1C","Sergipe","-"]
["2015-12-01","EMULSÕES ASFÁLTICAS RR-1C","Piauí","-"]
["2016-03-01","EMULSÕES ASFÁLTICAS RR-1C","Paraíba","-"]
["2016-04-01","EMULSÕES ASFÁLTICAS RR-1C","Pernambuco","-"]
["2016-07-01","EMULSÕES ASFÁLTICAS RR-1C","Amazonas","-"]
["2016-08-01","EMULSÕES ASFÁLTICAS RR-1C","Ceará",1.20163429477147]
["2016-10-01","EMULSÕES ASFÁLTICAS RR-1C","Rio Grande do Norte","-"]
["2016-11-01","EMULSÕES ASFÁLTICAS RR-1C","Rondônia","-"]
["2016-12-01","EMULSÕES ASFÁLTICAS RR-1C","Santa Catarina","-"]
["2017-03-01","EMULSÕES ASFÁLTICAS RR-1C","Mato Grosso","-"]
["2017-04-01","EMULSÕES ASFÁLTICAS RR-1C","Minas Gerais",1.13403303840764]
["2017-07-01","EMULSÕES ASFÁLTICAS RR-1C","Alagoas","-"]
["2017-08-01","EMULSÕES ASFÁLTICAS RR-1C","Acre","-"]
["2017-10-01","EMULSÕES ASFÁLTICAS RR-1C","São Paulo",1.05037684581158]
["2018-01-01","EMULSÕES ASFÁLTICAS RR-1C","Mato Grosso do Sul","-"]
["2018-02-01","EMULSÕES ASFÁLTICAS RR-1C","Pará","-"]
["2018-03-01","EMULSÕES ASFÁLTICAS RR-1C","Paraná",1.28604187216162]
["2018-06-01","EMULSÕES ASFÁLTICAS RR-1C","Amapá","-"]
["2018-07-01","EMULSÕES ASFÁLTICAS RR-1C","Bahia",1.37100664795779]
["2018-09-01","EMULSÕES ASFÁLTICAS RR-1C","Rio de Janeiro","-"]
["2018-10-01","EMULSÕES ASFÁLTICAS RR-1C","Rio Grande do Sul",1.56744738907182]
["2019-01-01","EMULSÕES ASFÁLTICAS RR-1C","Piauí","-"]
["2019-02-01","EMULSÕES ASFÁLTICAS RR-1C","Maranhão","-"]
["2019-05-01","EMULSÕES ASFÁLTICAS RR-1C","Distrito Federal","-"]
["2019-07-01","EMULSÕES ASFÁLTICAS RR-1C","Amapá","-"]
["2019-08-01","EMULSÕES ASFÁLTICAS RR-1C","Rondônia","-"]
["2019-09-01","EMULSÕES ASFÁLTICAS RR-1C","Santa Catarina","-"]
["2019-12-01","EMULSÕES ASFÁLTICAS RR-1C","Mato Grosso","-"]
["2020-01-01","EMULSÕES ASFÁLTICAS RR-1C","Minas Gerais",1.84970031176319]
["2020-04-01","EMULSÕES ASFÁLTICAS RR-1C","Maranhão","-"]
["2020-05-01","EMULSÕES ASFÁLTICAS RR-1C","Alagoas","-"]
["2020-07-01","EMULSÕES ASFÁLTICAS RR-1C","Sergipe","-"]
["2020-08-01","EMULSÕES ASFÁLTICAS RR-1C","Piauí","-"]
["2020-11-01","EMULSÕES ASFÁLTICAS RR-1C","Paraíba","-"]
["2020-12-01","EMULSÕES ASFÁLTICAS RR-1C","Pernambuco","-"]
["2021-03-01","EMULSÕES ASFÁLTICAS RR-1C","Amazonas","-"]
["2021-04-01","EMULSÕES ASFÁLTICAS RR-1C","Rio de Janeiro","-"]
["2021-07-01","EMULSÕES ASFÁLTICAS RR-1C","Alagoas","-"]
["2021-07-01","EMULSÕES ASFÁLTICAS RR-1C","Rio Grande do Sul",2.49006619729342]
["2021-10-01","EMULSÕES ASFÁLTICAS RR-1C","Piauí","-"]
["2021-11-01","EMULSÕES ASFÁLTICAS RR-1C","Maranhão","-"]
["2022-02-01","EMULSÕES ASFÁLTICAS RR-1C","Distrito Federal","-"]
["2022-03-01","EMULSÕES ASFÁLTICAS RR-1C","Goiás","-"]
["2022-05-01","EMULSÕES ASFÁLTICAS RR-1C","Roraima","-"]
["2022-06-01","EMULSÕES ASFÁLTICAS RR-1C","São Paulo",3.12309389953992]
["2022-07-01","EMULSÕES ASFÁLTICAS RR-1C","Tocantins",2.73001202531646]
["2022-10-01","EMULSÕES ASFÁLTICAS RR-1C","Pará","-"]
["2022-11-01","EMULSÕES ASFÁLTICAS RR-1C","Paraná",2.69420571868759]
["2023-02-01","EMULSÕES ASFÁLTICAS RR-1C","Amapá","-"]
["2023-03-01","EMULSÕES ASFÁLTICAS RR-1C","Paraíba","-"]
["2023-06-01","EMULSÕES ASFÁLTICAS RR-1C","Acre","-"]
["2023-06-01","EMULSÕES ASFÁLTICAS RR-1C","Rio Grande do Norte","-"]
["2023-09-01","EMULSÕES ASFÁLTICAS RR-1C","Pernambuco","-"]
["2023-10-01","EMULSÕES ASFÁLTICAS RR-1C","Goiás",2.59863772295491]
["2024-01-01","EMULSÕES ASFÁLTICAS RR-1C","Ceará",2.46822550101845]
["2024-02-01","EMULSÕES ASFÁLTICAS RR-1C","Espírito Santo","-"]
["2024-04-01","EMULSÕES ASFÁLTICAS RR-1C","Rondônia","-"]
["2024-05-01","EMULSÕES ASFÁLTICAS RR-1C","Santa Catarina","-"]
["2024-08-01","EMULSÕES ASFÁLTICAS RR-1C","Rio Grande do Sul",2.624811609935]
["2013-01-01","EMULSÕES ASFÁLTICAS RR-2C","Minas Gerais",0.778899760044915]
["2013-04-01","EMULSÕES ASFÁLTICAS RR-2C","Maranhão","-"]
["2013-05-01","EMULSÕES ASFÁLTICAS RR-2C","Alagoas","-"]
["2013-08-01","EMULSÕES ASFÁLTICAS RR-2C","Bahia","-"]
["2013-08-01","EMULSÕES ASFÁLTICAS RR-2C","Tocantins","-"]
["2013-11-01","EMULSÕES ASFÁLTICAS RR-2C","Pará","-"]
["2013-12-01","EMULSÕES ASFÁLTICAS RR-2C","Paraná",0.889494701112141]
["2014-03-01","EMULSÕES ASFÁLTICAS RR-2C","Amapá","-"]
["2014-04-01","EMULSÕES ASFÁLTICAS RR-2C","Bahia",0.77366336575641]
["2014-07-01","EMULSÕES ASFÁLTICAS RR-2C","Alagoas","-"]
["2014-07-01","EMULSÕES ASFÁLTICAS RR-2C","Rio Grande do Sul",0.823488573247368]
["2014-10-01","EMULSÕES ASFÁLTICAS RR-2C","Piauí","-"]
["2014-11-01","EMULSÕES ASFÁLTICAS RR-2C","Rio Grande do Norte","-"]
["2015-02-01","EMULSÕES ASFÁLTICAS RR-2C","Distrito Federal","-"]
["2015-03-01","EMULSÕES ASFÁLTICAS RR-2C","Goiás","-"]
["2015-05-01","EMULSÕES ASFÁLTICAS RR-2C","Roraima","-"]
["2015-07-01","EMULSÕES ASFÁLTICAS RR-2C","Acre","-"]
["2015-09-01","EMULSÕES ASFÁLTICAS RR-2C","Rio Grande do Sul",0.947187746466083]
["2015-10-01","EMULSÕES ASFÁLTICAS RR-2C","Minas Gerais",1.08425076319796]
["2016-01-01","EMULSÕES ASFÁLTICAS RR-2C","Maranhão","-"]
["2016-02-01","EMULSÕES ASFÁLTICAS RR-2C","Mato Grosso do Sul","-"]
["2016-04-01","EMULSÕES ASFÁLTICAS RR-2C","Sergipe","-"]
["2016-06-01","EMULSÕES ASFÁLTICAS RR-2C","Acre","-"]
["2016-08-01","EMULSÕES ASFÁLTICAS RR-2C","Paraíba","-"]
["2016-09-01","EMULSÕES ASFÁLTICAS RR-2C","Pernambuco","-"]
["2016-10-01","EMULSÕES ASFÁLTICAS RR-2C","Rio de Janeiro",1.29608315920916]
["2017-01-01","EMULSÕES ASFÁLTICAS RR-2C","Ceará",0.992334151462074]
["2017-02-01","EMULSÕES ASFÁLTICAS RR-2C","Espírito Santo","-"]
["2017-04-01","EMULSÕES ASFÁLTICAS RR-2C","Pernambuco","-"]
["2017-05-01","EMULSÕES ASFÁLTICAS RR-2C","Roraima","-"]
["2017-08-01","EMULSÕES ASFÁLTICAS RR-2C","Rio Grande do Norte","-"]
["2017-09-01","EMULSÕES ASFÁLTICAS RR-2C","Mato Grosso do Sul","-"]
["2017-12-01","EMULSÕES ASFÁLTICAS RR-2C","Goiás",1.65017363453581]
["2018-01-01","EMULSÕES ASFÁLTICAS RR-2C","Mato Grosso",1.61887511777598]
["2018-03-01","EMULSÕES ASFÁLTICAS RR-2C","São Paulo",1.45383282180261]
["2018-04-01","EMULSÕES ASFÁLTICAS RR-2C","Tocantins","-"]
["2018-07-01","EMULSÕES ASFÁLTICAS RR-2C","Pará","-"]
["2018-08-01","EMULSÕES ASFÁLTICAS RR-2C","Paraná",1.72827545880122]
["2018-11-01","EMULSÕES ASFÁLTICAS RR-2C","Minas Gerais",1.93337265595939]
["2018-12-01","EMULSÕES ASFÁLTICAS RR-2C","Bahia","-"]
["2019-03-01","EMULSÕES ASFÁLTICAS RR-2C","Alagoas","-"]
["2019-05-01","EMULSÕES ASFÁLTICAS RR-2C","Distrito Federal","-"]
["2019-06-01","EMULSÕES ASFÁLTICAS RR-2C","Pernambuco","-"]
["2019-07-01","EMULSÕES ASFÁLTICAS RR-2C","Rio de Janeiro",2.31942118108472]
["2019-10-01","EMULSÕES ASFÁLTICAS RR-2C","Ceará",1.98651917507261]
["2019-11-01","EMULSÕES ASFÁLTICAS RR-2C","Espírito Santo","-"]
["2020-02-01","EMULSÕES ASFÁLTICAS RR-2C","Bahia","-"]
["2020-02-01","EMULSÕES ASFÁLTICAS RR-2C","Santa Catarina","-"]
["2020-05-01","EMULSÕES ASFÁLTICAS RR-2C","Rio Grande do Sul",2.15795721606335]
["2020-06-01","EMULSÕES ASFÁLTICAS RR-2C","Minas Gerais",1.80816691432886]
["2020-09-01","EMULSÕES ASFÁLTICAS RR-2C","Maranhão","-"]
["2020-10-01","EMULSÕES ASFÁLTICAS RR-2C","Mato Grosso do Sul",2.02830683564037]
["2020-12-01","EMULSÕES ASFÁLTICAS RR-2C","Sergipe","-"]
["2021-02-01","EMULSÕES ASFÁLTICAS RR-2C","Acre","-"]
["2021-03-01","EMULSÕES ASFÁLTICAS RR-2C","Pará","-"]
["2021-05-01","EMULSÕES ASFÁLTICAS RR-2C","Paraná",2.59706647108979]
["2021-06-01","EMULSÕES ASFÁLTICAS RR-2C","Piauí","-"]
["2021-09-01","EMULSÕES ASFÁLTICAS RR-2C","Bahia","-"]
["2021-12-01","EMULSÕES ASFÁLTICAS RR-2C","Alagoas","-"]
["2022-01-01","EMULSÕES ASFÁLTICAS RR-2C","Amazonas","-"]
["2022-03-01","EMULSÕES ASFÁLTICAS RR-2C","Piauí","-"]
["2022-04-01","EMULSÕES ASFÁLTICAS RR-2C","Rio Grande do Norte","-"]
["2022-07-01","EMULSÕES ASFÁLTICAS RR-2C","Distrito Federal","-"]
["2022-08-01","EMULSÕES ASFÁLTICAS RR-2C","Goiás",3.55035219095679]
["2022-09-01","EMULSÕES ASFÁLTICAS RR-2C","Mato Grosso",3.42030815245928]
["2022-11-01","EMULSÕES ASFÁLTICAS RR-2C","São Paulo",2.85561639833882]
["2022-12-01","EMULSÕES ASFÁLTICAS RR-2C","Tocantins","-"]
["2023-02-01","EMULSÕES ASFÁLTICAS RR-2C","Pernambuco","-"]
["2023-02-01","EMULSÕES ASFÁLTICAS RR-2C","Piauí","-"]
["2023-02-01","EMULSÕES ASFÁLTICAS RR-2C","Rio de Janeiro","-"]
["2023-02-01","EMULSÕES ASFÁLTICAS RR-2C","Rio Grande do Norte","-"]
["2023-02-01","EMULSÕES ASFÁLTICAS RR-2C","Rio Grande do Sul",2.57708347100911]
["2023-02-01","EMULSÕES ASFÁLTICAS RR-2C","Rondônia","-"]
["2023-02-01","EMULSÕES ASFÁLTICAS RR-2C","Roraima","-"]
["2023-02-01","EMULSÕES ASFÁLTICAS RR-2C","Santa Catarina","-"]
["2023-02-01","EMULSÕES ASFÁLTICAS RR-2C","São Paulo",2.62409508466879]
["2023-02-01","EMULSÕES ASFÁLTICAS RR-2C","Sergipe","-"]
["2023-02-01","EMULSÕES ASFÁLTICAS RR-2C","Tocantins",2.92038346646749]
["2023-03-01","EMULSÕES ASFÁLTICAS RR-2C","Acre","-"]
["2023-03-01","EMULSÕES ASFÁLTICAS RR-2C","Alagoas","-"]
["2023-03-01","EMULSÕES ASFÁLTICAS RR-2C","Amapá","-"]
["2023-03-01","EMULSÕES ASFÁLTICAS RR-2C","Amazonas",3.51923586823055]
["2023-03-01","EMULSÕES ASFÁLTICAS RR-2C","Bahia","-"]
["2023-03-01","EMULSÕES ASFÁLTICAS RR-2C","Ceará",2.53256218137557]
["2023-03-01","EMULSÕES ASFÁLTICAS RR-2C","Distrito Federal","-"]
["2023-03-01","EMULSÕES ASFÁLTICAS RR-2C","Espírito Santo","-"]
["2023-03-01","EMULSÕES ASFÁLTICAS RR-2C","Goiás",2.84952057086444]
["2023-03-01","EMULSÕES ASFÁLTICAS RR-2C","Maranhão","-"]
["2023-03-01","EMULSÕES ASFÁLTICAS RR-2C","Mato Grosso",2.97063064885954]
["2023-03-01","EMULSÕES ASFÁLTICAS RR-2C","Mato Grosso do Sul","-"]
["2023-03-01","EMULSÕES ASFÁLTICAS RR-2C","Minas Gerais",3.05764649582698]
["2023-03-01","EMULSÕES ASFÁLTICAS RR-2C","Pará",3.10118221946375]
["2023-03-01","EMULSÕES ASFÁLTICAS RR-2C","Paraíba","-"]
["2023-03-01","EMULSÕES ASFÁLTICAS RR-2C","Paraná",2.57266604430444]
["2023-03-01","EMULSÕES ASFÁLTICAS RR-2C","Pernambuco","-"]
["2023-03-01","EMULSÕES ASFÁLTICAS RR-2C","Piauí","-"]
["2023-03-01","EMULSÕES ASFÁLTICAS RR-2C","Rio de Janeiro","-"]
["2023-03-01","EMULSÕES ASFÁLTICAS RR-2C","Rio Grande do Norte","-"]
["2023-03-01","EMULSÕES ASFÁLTICAS RR-2C","Rio Grande do Sul","-"]
["2023-03-01","EMULSÕES ASFÁLTICAS RR-2C","Rondônia","-"]
["2023-03-01","EMULSÕES ASFÁLTICAS RR-2C","Roraima","-"]
["2023-03-01","EMULSÕES ASFÁLTICAS RR-2C","Santa Catarina","-"]
["2023-03-01","EMULSÕES ASFÁLTICAS RR-2C","São Paulo",2.62906268349602]
["2023-03-01","EMULSÕES ASFÁLTICAS RR-2C","Sergipe","-"]
["2023-03-01","EMULSÕES ASFÁLTICAS RR-2C","Tocantins",2.99696863634385]
["2023-04-01","EMULSÕES ASFÁLTICAS RR-2C","Acre","-"]
["2023-04-01","EMULSÕES ASFÁLTICAS RR-2C","Alagoas","-"]
["2023-04-01","EMULSÕES ASFÁLTICAS RR-2C","Amapá","-"]
["2023-04-01","EMULSÕES ASFÁLTICAS RR-2C","Amazonas",3.88259057794817]
["2023-04-01","EMULSÕES ASFÁLTICAS RR-2C","Bahia","-"]
["2023-04-01","EMULSÕES ASFÁLTICAS RR-2C","Ceará",2.51962665969031]
["2023-04-01","EMULSÕES ASFÁLTICAS RR-2C","Distrito Federal","-"]
["2023-04-01","EMULSÕES ASFÁLTICAS RR-2C","Espírito Santo","-"]
["2023-04-01","EMULSÕES ASFÁLTICAS RR-2C","Goiás",2.82199240574235]
["2023-04-01","EMULSÕES ASFÁLTICAS RR-2C","Maranhão","-"]
["2023-04-01","EMULSÕES ASFÁLTICAS RR-2C","Mato Grosso",3.0079968754055]
["2023-04-01","EMULSÕES ASFÁLTICAS RR-2C","Mato Grosso do Sul","-"]
["2023-04-01","EMULSÕES ASFÁLTICAS RR-2C","Minas Gerais",2.79038077736582]
["2023-04-01","EMULSÕES ASFÁLTICAS RR-2C","Pará","-"]
["2023-04-01","EMULSÕES ASFÁLTICAS RR-2C","Paraíba","-"]
["2023-04-01","EMULSÕES ASFÁLTICAS RR-2C","Paraná",2.5806566520972]
["2023-04-01","EMULSÕES ASFÁLTICAS RR-2C","Pernambuco","-"]
["2023-04-01","EMULSÕES ASFÁLTICAS RR-2C","Piauí","-"]
["2023-04-01","EMULSÕES ASFÁLTICAS RR-2C","Rio de Janeiro","-"]
["2023-04-01","EMULSÕES ASFÁLTICAS RR-2C","Rio Grande do Norte","-"]
["2023-04-01","EMULSÕES ASFÁLTICAS RR-2C","Rio Grande do Sul","-"]
["2023-04-01","EMULSÕES ASFÁLTICAS RR-2C","Rondônia","-"]
["2023-04-01","EMULSÕES ASFÁLTICAS RR-2C","Roraima","-"]
["2023-04-01","EMULSÕES ASFÁLTICAS RR-2C","Santa Catarina","-"]
["2023-04-01","EMULSÕES ASFÁLTICAS RR-2C","São Paulo",2.68784446423547]
["2023-04-01","EMULSÕES ASFÁLTICAS RR-2C","Sergipe","-"]
["2023-04-01","EMULSÕES ASFÁLTICAS RR-2C","Tocantins",2.93869546587709]
["2023-05-01","EMULSÕES ASFÁLTICAS RR-2C","Acre","-"]
["2023-05-01","EMULSÕES ASFÁLTICAS RR-2C","Alagoas","-"]
["2023-05-01","EMULSÕES ASFÁLTICAS RR-2C","Amapá","-"]
["2023-05-01","EMULSÕES ASFÁLTICAS RR-2C","Amazonas",3.6815654557752]
["2023-05-01","EMULSÕES ASFÁLTICAS RR-2C","Bahia","-"]
["2023-05-01","EMULSÕES ASFÁLTICAS RR-2C","Ceará",2.57013301608399]
["2023-05-01","EMULSÕES ASFÁLTICAS RR-2C","Distrito Federal","-"]
["2023-05-01","EMULSÕES ASFÁLTICAS RR-2C","Espírito Santo","-"]
["2023-05-01","EMULSÕES ASFÁLTICAS RR-2C","Goiás",2.79227858543324]
["2023-05-01","EMULSÕES ASFÁLTICAS RR-2C","Maranhão","-"]
["2023-05-01","EMULSÕES ASFÁLTICAS RR-2C","Mato Grosso",3.00235051564599]
["2023-05-01","EMULSÕES ASFÁLTICAS RR-2C","Mato Grosso do Sul","-"]
["2023-05-01","EMULSÕES ASFÁLTICAS RR-2C","Minas Gerais",2.77685142567098]
["2023-05-01","EMULSÕES ASFÁLTICAS RR-2C","Pará",3.17121974032856]
["2023-05-01","EMULSÕES ASFÁLTICAS RR-2C","Paraíba","-"]
["2023-05-01","EMULSÕES ASFÁLTICAS RR-2C","Paraná",2.38762269393066]
["2023-05-01","EMULSÕES ASFÁLTICAS RR-2C","Pernambuco","-"]
["2023-05-01","EMULSÕES ASFÁLTICAS RR-2C","Piauí","-"]
["2023-05-01","EMULSÕES ASFÁLTICAS RR-2C","Rio de Janeiro","-"]
["2023-05-01","EMULSÕES ASFÁLTICAS RR-2C","Rio Grande do Norte","-"]
["2023-05-01","EMULSÕES ASFÁLTICAS RR-2C","Rio Grande do Sul","-"]
["2023-05-01","EMULSÕES ASFÁLTICAS RR-2C","Rondônia","-"]
["2023-05-01","EMULSÕES ASFÁLTICAS RR-2C","Roraima","-"]
["2023-05-01","EMULSÕES ASFÁLTICAS RR-2C","Santa Catarina","-"]
["2023-05-01","EMULSÕES ASFÁLTICAS RR-2C","São Paulo",2.49617349191633]
["2023-05-01","EMULSÕES ASFÁLTICAS RR-2C","Sergipe","-"]
["2023-05-01","EMULSÕES ASFÁLTICAS RR-2C","Tocantins","-"]
["2023-06-01","EMULSÕES ASFÁLTICAS RR-2C","Acre","-"]
["2023-06-01","EMULSÕES ASFÁLTICAS RR-2C","Alagoas","-"]
["2023-06-01","EMULSÕES ASFÁLTICAS RR-2C","Amapá","-"]
["2023-06-01","EMULSÕES ASFÁLTICAS RR-2C","Amazonas",4.00929924887416]
["2023-06-01","EMULSÕES ASFÁLTICAS RR-2C","Bahia","-"]
["2023-06-01","EMULSÕES ASFÁLTICAS RR-2C","Ceará",2.55248367263949]
["2023-06-01","EMULSÕES ASFÁLTICAS RR-2C","Distrito Federal","-"]
["2023-06-01","EMULSÕES ASFÁLTICAS RR-2C","Espírito Santo","-"]
["2023-06-01","EMULSÕES ASFÁLTICAS RR-2C","Goiás",2.73155229588491]
["2023-06-01","EMULSÕES ASFÁLTICAS RR-2C","Maranhão","-"]
["2023-06-01","EMULSÕES ASFÁLTICAS RR-2C","Mato Grosso",2.98142980189245]
["2023-06-01","EMULSÕES ASFÁLTICAS RR-2C","Mato Grosso do Sul","-"]
["2023-06-01","EMULSÕES ASFÁLTICAS RR-2C","Minas Gerais",2.72460735561482]
["2023-06-01","EMULSÕES ASFÁLTICAS RR-2C","Pará","-"]
["2023-06-01","EMULSÕES ASFÁLTICAS RR-2C","Paraíba","-"]
["2023-06-01","EMULSÕES ASFÁLTICAS RR-2C","Paraná",2.55973690576482]
["2023-06-01","EMULSÕES ASFÁLTICAS RR-2C","Pernambuco","-"]
["2023-06-01","EMULSÕES ASFÁLTICAS RR-2C","Piauí","-"]
["2023-06-01","EMULSÕES ASFÁLTICAS RR-2C","Rio de Janeiro","-"]
["2023-06-01","EMULSÕES ASFÁLTICAS RR-2C","Rio Grande do Norte","-"]
["2023-06-01","EMULSÕES ASFÁLTICAS RR-2C","Rio Grande do Sul","-"]
["2023-06-01","EMULSÕES ASFÁLTICAS RR-2C","Rondônia","-"]
["2023-06-01","EMULSÕES ASFÁLTICAS RR-2C","Roraima","-"]
["2023-06-01","EMULSÕES ASFÁLTICAS RR-2C","Santa Catarina","-"]
["2023-06-01","EMULSÕES ASFÁLTICAS RR-2C","São Paulo",2.49245485461671]
["2023-06-01","EMULSÕES ASFÁLTICAS RR-2C","Sergipe","-"]
["2023-06-01","EMULSÕES ASFÁLTICAS RR-2C","Tocantins",2.67529450782488]
["2023-07-01","EMULSÕES ASFÁLTICAS RR-2C","Acre","-"]
["2023-07-01","EMULSÕES ASFÁLTICAS RR-2C","Alagoas","-"]
["2023-07-01","EMULSÕES ASFÁLTICAS RR-2C","Amapá","-"]
["2023-07-01","EMULSÕES ASFÁLTICAS RR-2C","Amazonas",3.60652135820954]
["2023-07-01","EMULSÕES ASFÁLTICAS RR-2C","Bahia","-"]
["2023-07-01","EMULSÕES ASFÁLTICAS RR-2C","Ceará",2.56724153325752]
["2023-07-01","EMULSÕES ASFÁLTICAS RR-2C","Distrito Federal","-"]
["2023-07-01","EMULSÕES ASFÁLTICAS RR-2C","Espírito Santo","-"]
["2023-07-01","EMULSÕES ASFÁLTICAS RR-2C","Goiás",2.67960717024481]
["2023-07-01","EMULSÕES ASFÁLTICAS RR-2C","Maranhão","-"]
["2023-07-01","EMULSÕES ASFÁLTICAS RR-2C","Mato Grosso",2.9798254759573]
["2023-07-01","EMULSÕES ASFÁLTICAS RR-2C","Mato Grosso do Sul",2.73783865173308]
["2023-07-01","EMULSÕES ASFÁLTICAS RR-2C","Minas Gerais",2.64557194492024]
["2023-07-01","EMULSÕES ASFÁLTICAS RR-2C","Pará","-"]
["2023-07-01","EMULSÕES ASFÁLTICAS RR-2C","Paraíba","-"]
["2023-07-01","EMULSÕES ASFÁLTICAS RR-2C","Paraná",2.56318976376774]
["2023-07-01","EMULSÕES ASFÁLTICAS RR-2C","Pernambuco","-"]
["2023-07-01","EMULSÕES ASFÁLTICAS RR-2C","Piauí","-"]
["2023-07-01","EMULSÕES ASFÁLTICAS RR-2C","Rio de Janeiro","-"]
["2023-07-01","EMULSÕES ASFÁLTICAS RR-2C","Rio Grande do Norte","-"]
["2023-07-01","EMULSÕES ASFÁLTICAS RR-2C","Rio Grande do Sul","-"]
["2023-07-01","EMULSÕES ASFÁLTICAS RR-2C","Rondônia","-"]
["2023-07-01","EMULSÕES ASFÁLTICAS RR-2C","Roraima","-"]
["2023-07-01","EMULSÕES ASFÁLTICAS RR-2C","Santa Catarina","-"]
["2023-07-01","EMULSÕES ASFÁLTICAS RR-2C","São Paulo",2.5241436463351]
["2023-07-01","EMULSÕES ASFÁLTICAS RR-2C","Sergipe","-"]
["2023-07-01","EMULSÕES ASFÁLTICAS RR-2C","Tocantins",2.70420015331184]
["2023-08-01","EMULSÕES ASFÁLTICAS RR-2C","Acre","-"]
["2023-08-01","EMULSÕES ASFÁLTICAS RR-2C","Alagoas","-"]
["2023-08-01","EMULSÕES ASFÁLTICAS RR-2C","Amapá","-"]
["2023-08-01","EMULSÕES ASFÁLTICAS RR-2C","Amazonas",3.68478885458235]
["2023-08-01","EMULSÕES ASFÁLTICAS RR-2C","Bahia","-"]
["2023-08-01","EMULSÕES ASFÁLTICAS RR-2C","Ceará",2.58327332333031]
["2023-08-01","EMULSÕES ASFÁLTICAS RR-2C","Distrito Federal","-"]
["2023-08-01","EMULSÕES ASFÁLTICAS RR-2C","Espírito Santo","-"]
["2023-08-01","EMULSÕES ASFÁLTICAS RR-2C","Goiás",2.88032415876426]
["2023-08-01","EMULSÕES ASFÁLTICAS RR-2C","Maranhão","-"]
["2023-08-01","EMULSÕES ASFÁLTICAS RR-2C","Mato Grosso",2.97329800904849]
["2023-08-01","EMULSÕES ASFÁLTICAS RR-2C","Mato Grosso do Sul",2.77700913526928]
["2023-08-01","EMULSÕES ASFÁLTICAS RR-2C","Minas Gerais",2.68166831384635]
["2023-08-01","EMULSÕES ASFÁLTICAS RR-2C","Pará","-"]
["2023-08-01","EMULSÕES ASFÁLTICAS RR-2C","Paraíba","-"]
["2023-08-01","EMULSÕES ASFÁLTICAS RR-2C","Paraná",2.66218562876635]
["2023-08-01","EMULSÕES ASFÁLTICAS RR-2C","Pernambuco","-"]
["2023-08-01","EMULSÕES ASFÁLTICAS RR-2C","Piauí","-"]
["2023-08-01","EMULSÕES ASFÁLTICAS RR-2C","Rio de Janeiro","-"]
["2023-08-01","EMULSÕES ASFÁLTICAS RR-2C","Rio Grande do Norte","-"]
["2023-08-01","EMULSÕES ASFÁLTICAS RR-2C","Rio Grande do Sul","-"]
["2023-08-01","EMULSÕES ASFÁLTICAS RR-2C","Rondônia","-"]
["2023-08-01","EMULSÕES ASFÁLTICAS RR-2C","Roraima","-"]
["2023-08-01","EMULSÕES ASFÁLTICAS RR-2C","Santa Catarina","-"]
["2023-08-01","EMULSÕES ASFÁLTICAS RR-2C","São Paulo",2.57381272401292]
["2023-08-01","EMULSÕES ASFÁLTICAS RR-2C","Sergipe","-"]
["2023-08-01","EMULSÕES ASFÁLTICAS RR-2C","Tocantins",2.7318124093818]
["2023-09-01","EMULSÕES ASFÁLTICAS RR-2C","Acre","-"]
["2023-09-01","EMULSÕES ASFÁLTICAS RR-2C","Alagoas","-"]
["2023-09-01","EMULSÕES ASFÁLTICAS RR-2C","Amapá","-"]
["2023-09-01","EMULSÕES ASFÁLTICAS RR-2C","Amazonas",3.75738682926389]
["2023-09-01","EMULSÕES ASFÁLTICAS RR-2C","Bahia","-"]
["2023-09-01","EMULSÕES ASFÁLTICAS RR-2C","Ceará",2.69877632512802]
["2023-09-01","EMULSÕES ASFÁLTICAS RR-2C","Distrito Federal","-"]
["2023-09-01","EMULSÕES ASFÁLTICAS RR-2C","Espírito Santo","-"]
["2023-09-01","EMULSÕES ASFÁLTICAS RR-2C","Goiás",3.00143883432092]
["2023-09-01","EMULSÕES ASFÁLTICAS RR-2C","Maranhão","-"]
["2023-09-01","EMULSÕES ASFÁLTICAS RR-2C","Mato Grosso",3.15783369934613]
["2023-09-01","EMULSÕES ASFÁLTICAS RR-2C","Mato Grosso do Sul",2.90575546818649]
["2023-09-01","EMULSÕES ASFÁLTICAS RR-2C","Minas Gerais",2.88673926443492]
["2023-09-01","EMULSÕES ASFÁLTICAS RR-2C","Pará","-"]
["2023-09-01","EMULSÕES ASFÁLTICAS RR-2C","Paraíba","-"]
["2023-09-01","EMULSÕES ASFÁLTICAS RR-2C","Paraná",2.38759912563824]
["2023-09-01","EMULSÕES ASFÁLTICAS RR-2C","Pernambuco","-"]
["2023-09-01","EMULSÕES ASFÁLTICAS RR-2C","Piauí","-"]
["2023-09-01","EMULSÕES ASFÁLTICAS RR-2C","Rio de Janeiro","-"]
["2023-09-01","EMULSÕES ASFÁLTICAS RR-2C","Rio Grande do Norte","-"]
["2023-09-01","EMULSÕES ASFÁLTICAS RR-2C","Rio Grande do Sul",2.61836373458078]
["2023-09-01","EMULSÕES ASFÁLTICAS RR-2C","Rondônia","-"]
["2023-09-01","EMULSÕES ASFÁLTICAS RR-2C","Roraima","-"]
["2023-09-01","EMULSÕES ASFÁLTICAS RR-2C","Santa Catarina","-"]
["2023-09-01","EMULSÕES ASFÁLTICAS RR-2C","São Paulo",2.60869166832739]
["2023-09-01","EMULSÕES ASFÁLTICAS RR-2C","Sergipe","-"]
["2023-09-01","EMULSÕES ASFÁLTICAS RR-2C","Tocantins","-"]
["2023-10-01","EMULSÕES ASFÁLTICAS RR-2C","Acre","-"]
["2023-10-01","EMULSÕES ASFÁLTICAS RR-2C","Alagoas","-"]
["2023-10-01","EMULSÕES ASFÁLTICAS RR-2C","Amapá","-"]
["2023-10-01","EMULSÕES ASFÁLTICAS RR-2C","Amazonas",4.13093636330714]
["2023-10-01","EMULSÕES ASFÁLTICAS RR-2C","Bahia","-"]
["2023-10-01","EMULSÕES ASFÁLTICAS RR-2C","Ceará",2.70881969504546]
["2023-10-01","EMULSÕES ASFÁLTICAS RR-2C","Distrito Federal","-"]
["2023-10-01","EMULSÕES ASFÁLTICAS RR-2C","Espírito Santo","-"]
["2023-10-01","EMULSÕES ASFÁLTICAS RR-2C","Goiás",2.97677185084702]
["2023-10-01","EMULSÕES ASFÁLTICAS RR-2C","Maranhão","-"]
["2023-10-01","EMULSÕES ASFÁLTICAS RR-2C","Mato Grosso",2.97091190710232]
["2023-10-01","EMULSÕES ASFÁLTICAS RR-2C","Mato Grosso do Sul","-"]
["2023-10-01","EMULSÕES ASFÁLTICAS RR-2C","Minas Gerais",2.7764861019123]
["2023-10-01","EMULSÕES ASFÁLTICAS RR-2C","Pará",3.45771608815553]
["2023-10-01","EMULSÕES ASFÁLTICAS RR-2C","Paraíba","-"]
["2023-10-01","EMULSÕES ASFÁLTICAS RR-2C","Paraná",2.59441719882056]
["2023-10-01","EMULSÕES ASFÁLTICAS RR-2C","Pernambuco","-"]
["2023-10-01","EMULSÕES ASFÁLTICAS RR-2C","Piauí","-"]
["2023-10-01","EMULSÕES ASFÁLTICAS RR-2C","Rio de Janeiro","-"]
["2023-10-01","EMULSÕES ASFÁLTICAS RR-2C","Rio Grande do Norte","-"]
["2023-10-01","EMULSÕES ASFÁLTICAS RR-2C","Rio Grande do Sul",2.63460910775058]
["2023-10-01","EMULSÕES ASFÁLTICAS RR-2C","Rondônia","-"]
["2023-10-01","EMULSÕES ASFÁLTICAS RR-2C","Roraima","-"]
["2023-10-01","EMULSÕES ASFÁLTICAS RR-2C","Santa Catarina","-"]
["2023-10-01","EMULSÕES ASFÁLTICAS RR-2C","São Paulo",2.64642449457868]
["2023-10-01","EMULSÕES ASFÁLTICAS RR-2C","Sergipe","-"]
["2023-10-01","EMULSÕES ASFÁLTICAS RR-2C","Tocantins",2.92930604406371]
["2023-11-01","EMULSÕES ASFÁLTICAS RR-2C","Acre","-"]
["2023-11-01","EMULSÕES ASFÁLTICAS RR-2C","Alagoas","-"]
["2023-11-01","EMULSÕES ASFÁLTICAS RR-2C","Amapá","-"]
["2023-11-01","EMULSÕES ASFÁLTICAS RR-2C","Amazonas",3.65779048836719]
["2023-11-01","EMULSÕES ASFÁLTICAS RR-2C","Bahia","-"]
["2023-11-01","EMULSÕES ASFÁLTICAS RR-2C","Ceará",2.75538799959562]
["2023-11-01","EMULSÕES ASFÁLTICAS RR-2C","Distrito Federal","-"]
["2023-11-01","EMULSÕES ASFÁLTICAS RR-2C","Espírito Santo","-"]
["2023-11-01","EMULSÕES ASFÁLTICAS RR-2C","Goiás",3.23459926595561]
["2023-11-01","EMULSÕES ASFÁLTICAS RR-2C","Maranhão","-"]
["2023-11-01","EMULSÕES ASFÁLTICAS RR-2C","Mato Grosso",3.20824429786527]
["2023-11-01","EMULSÕES ASFÁLTICAS RR-2C","Mato Grosso do Sul",2.82078508376876]
["2023-11-01","EMULSÕES ASFÁLTICAS RR-2C","Minas Gerais",2.85851025089375]
["2023-11-01","EMULSÕES ASFÁLTICAS RR-2C","Pará","-"]
["2023-11-01","EMULSÕES ASFÁLTICAS RR-2C","Paraíba","-"]
["2023-11-01","EMULSÕES ASFÁLTICAS RR-2C","Paraná",2.48652168616784]
["2023-11-01","EMULSÕES ASFÁLTICAS RR-2C","Pernambuco","-"]
["2023-11-01","EMULSÕES ASFÁLTICAS RR-2C","Piauí","-"]
["2023-11-01","EMULSÕES ASFÁLTICAS RR-2C","Rio de Janeiro","-"]
["2023-11-01","EMULSÕES ASFÁLTICAS RR-2C","Rio Grande do Norte","-"]
["2023-11-01","EMULSÕES ASFÁLTICAS RR-2C","Rio Grande do Sul",2.57836351100545]
["2023-11-01","EMULSÕES ASFÁLTICAS RR-2C","Rondônia","-"]
["2023-11-01","EMULSÕES ASFÁLTICAS RR-2C","Roraima","-"]
["2023-11-01","EMULSÕES ASFÁLTICAS RR-2C","Santa Catarina","-"]
["2023-11-01","EMULSÕES ASFÁLTICAS RR-2C","São Paulo",2.67561829151045]
["2023-11-01","EMULSÕES ASFÁLTICAS RR-2C","Sergipe","-"]
["2023-11-01","EMULSÕES ASFÁLTICAS RR-2C","Tocantins",2.93482319517856]
["2023-12-01","EMULSÕES ASFÁLTICAS RR-2C","Acre","-"]
["2023-12-01","EMULSÕES ASFÁLTICAS RR-2C","Alagoas","-"]
["2023-12-01","EMULSÕES ASFÁLTICAS RR-2C","Amapá","-"]
["2023-12-01","EMULSÕES ASFÁLTICAS RR-2C","Amazonas",4.11459438944614]
["2023-12-01","EMULSÕES ASFÁLTICAS RR-2C","Bahia","-"]
["2023-12-01","EMULSÕES ASFÁLTICAS RR-2C","Ceará",2.74758019906865]
["2023-12-01","EMULSÕES ASFÁLTICAS RR-2C","Distrito Federal","-"]
["2023-12-01","EMULSÕES ASFÁLTICAS RR-2C","Espírito Santo","-"]
["2023-12-01","EMULSÕES ASFÁLTICAS RR-2C","Goiás",2.67179299533256]
["2023-12-01","EMULSÕES ASFÁLTICAS RR-2C","Maranhão","-"]
["2023-12-01","EMULSÕES ASFÁLTICAS RR-2C","Mato Grosso",3.01049117307128]
["2023-12-01","EMULSÕES ASFÁLTICAS RR-2C","Mato Grosso do Sul",2.96564437014315]
["2023-12-01","EMULSÕES ASFÁLTICAS RR-2C","Minas Gerais",2.72094419898341]
["2023-12-01","EMULSÕES ASFÁLTICAS RR-2C","Pará",3.41130749773032]
["2023-12-01","EMULSÕES ASFÁLTICAS RR-2C","Paraíba","-"]
["2023-12-01","EMULSÕES ASFÁLTICAS RR-2C","Paraná",2.54613237897804]
["2023-12-01","EMULSÕES ASFÁLTICAS RR-2C","Pernambuco","-"]
["2023-12-01","EMULSÕES ASFÁLTICAS RR-2C","Piauí","-"]
["2023-12-01","EMULSÕES ASFÁLTICAS RR-2C","Rio de Janeiro","-"]
["2023-12-01","EMULSÕES ASFÁLTICAS RR-2C","Rio Grande do Norte","-"]
["2023-12-01","EMULSÕES ASFÁLTICAS RR-2C","Rio Grande do Sul",2.70295700109326]
["2023-12-01","EMULSÕES ASFÁLTICAS RR-2C","Rondônia","-"]
["2023-12-01","EMULSÕES ASFÁLTICAS RR-2C","Roraima","-"]
["2023-12-01","EMULSÕES ASFÁLTICAS RR-2C","Santa Catarina","-"]
["2023-12-01","EMULSÕES ASFÁLTICAS RR-2C","São Paulo",2.64453207354039]
["2023-12-01","EMULSÕES ASFÁLTICAS RR-2C","Sergipe","-"]
["2023-12-01","EMULSÕES ASFÁLTICAS RR-2C","Tocantins","-"]
["2024-01-01","EMULSÕES ASFÁLTICAS RR-2C","Acre","-"]
["2024-01-01","EMULSÕES ASFÁLTICAS RR-2C","Alagoas","-"]
["2024-01-01","EMULSÕES ASFÁLTICAS RR-2C","Amapá","-"]
["2024-01-01","EMULSÕES ASFÁLTICAS RR-2C","Amazonas",3.31032103635799]
["2024-01-01","EMULSÕES ASFÁLTICAS RR-2C","Bahia","-"]
["2024-01-01","EMULSÕES ASFÁLTICAS RR-2C","Ceará",2.53161984613337]
["2024-01-01","EMULSÕES ASFÁLTICAS RR-2C","Distrito Federal","-"]
["2024-01-01","EMULSÕES ASFÁLTICAS RR-2C","Espírito Santo","-"]
["2024-01-01","EMULSÕES ASFÁLTICAS RR-2C","Goiás",2.87439347799169]
["2024-01-01","EMULSÕES ASFÁLTICAS RR-2C","Maranhão","-"]
["2024-01-01","EMULSÕES ASFÁLTICAS RR-2C","Mato Grosso",3.39770534132122]
["2024-01-01","EMULSÕES ASFÁLTICAS RR-2C","Mato Grosso do Sul",2.69653746162928]
["2024-01-01","EMULSÕES ASFÁLTICAS RR-2C","Minas Gerais",2.88335121076283]
["2024-01-01","EMULSÕES ASFÁLTICAS RR-2C","Pará","-"]
["2024-01-01","EMULSÕES ASFÁLTICAS RR-2C","Paraíba","-"]
["2024-01-01","EMULSÕES ASFÁLTICAS RR-2C","Paraná",2.55252408989172]
["2024-01-01","EMULSÕES ASFÁLTICAS RR-2C","Pernambuco","-"]
["2024-01-01","EMULSÕES ASFÁLTICAS RR-2C","Piauí","-"]
["2024-01-01","EMULSÕES ASFÁLTICAS RR-2C","Rio de Janeiro","-"]
["2024-01-01","EMULSÕES ASFÁLTICAS RR-2C","Rio Grande do Norte","-"]
["2024-01-01","EMULSÕES ASFÁLTICAS RR-2C","Rio Grande do Sul",2.69214881239334]
["2024-01-01","EMULSÕES ASFÁLTICAS RR-2C","Rondônia","-"]
["2024-01-01","EMULSÕES ASFÁLTICAS RR-2C","Roraima","-"]
["2024-01-01","EMULSÕES ASFÁLTICAS RR-2C","Santa Catarina","-"]
["2024-01-01","EMULSÕES ASFÁLTICAS RR-2C","São Paulo",2.54422664364295]
["2024-01-01","EMULSÕES ASFÁLTICAS RR-2C","Sergipe","-"]
["2024-01-01","EMULSÕES ASFÁLTICAS RR-2C","Tocantins","-"]
["2024-02-01","EMULSÕES ASFÁLTICAS RR-2C","Acre","-"]
["2024-02-01","EMULSÕES ASFÁLTICAS RR-2C","Alagoas","-"]
["2024-02-01","EMULSÕES ASFÁLTICAS RR-2C","Amapá","-"]
["2024-02-01","EMULSÕES ASFÁLTICAS RR-2C","Amazonas",4.24829829060043]
["2024-02-01","EMULSÕES ASFÁLTICAS RR-2C","Bahia","-"]
["2024-02-01","EMULSÕES ASFÁLTICAS RR-2C","Ceará",2.51915033707521]
["2024-02-01","EMULSÕES ASFÁLTICAS RR-2C","Distrito Federal","-"]
["2024-02-01","EMULSÕES ASFÁLTICAS RR-2C","Espírito Santo","-"]
["2024-02-01","EMULSÕES ASFÁLTICAS RR-2C","Goiás",2.79663680107815]
["2024-02-01","EMULSÕES ASFÁLTICAS RR-2C","Maranhão","-"]
["2024-02-01","EMULSÕES ASFÁLTICAS RR-2C","Mato Grosso",3.2252323227305]
["2024-02-01","EMULSÕES ASFÁLTICAS RR-2C","Mato Grosso do Sul",2.74139129677844]
["2024-02-01","EMULSÕES ASFÁLTICAS RR-2C","Minas Gerais",2.87787147440494]
["2024-02-01","EMULSÕES ASFÁLTICAS RR-2C","Pará","-"]
["2024-02-01","EMULSÕES ASFÁLTICAS RR-2C","Paraíba","-"]
["2024-02-01","EMULSÕES ASFÁLTICAS RR-2C","Paraná",2.56231278552147]
["2024-02-01","EMULSÕES ASFÁLTICAS RR-2C","Pernambuco","-"]
["2024-02-01","EMULSÕES ASFÁLTICAS RR-2C","Piauí","-"]
["2024-02-01","EMULSÕES ASFÁLTICAS RR-2C","Rio de Janeiro","-"]
["2024-02-01","EMULSÕES ASFÁLTICAS RR-2C","Rio Grande do Norte","-"]
["2024-02-01","EMULSÕES ASFÁLTICAS RR-2C","Rio Grande do Sul",2.61754487784859]
["2024-02-01","EMULSÕES ASFÁLTICAS RR-2C","Rondônia","-"]
["2024-02-01","EMULSÕES ASFÁLTICAS RR-2C","Roraima","-"]
["2024-02-01","EMULSÕES ASFÁLTICAS RR-2C","Santa Catarina","-"]
["2024-02-01","EMULSÕES ASFÁLTICAS RR-2C","São Paulo",2.59352002283704]
["2024-02-01","EMULSÕES ASFÁLTICAS RR-2C","Sergipe","-"]
["2024-02-01","EMULSÕES ASFÁLTICAS RR-2C","Tocantins","-"]
["2024-03-01","EMULSÕES ASFÁLTICAS RR-2C","Acre","-"]
["2024-03-01","EMULSÕES ASFÁLTICAS RR-2C","Alagoas","-"]
["2024-03-01","EMULSÕES ASFÁLTICAS RR-2C","Amapá","-"]
["2024-03-01","EMULSÕES ASFÁLTICAS RR-2C","Amazonas","-"]
["2024-03-01","EMULSÕES ASFÁLTICAS RR-2C","Bahia","-"]
["2024-03-01","EMULSÕES ASFÁLTICAS RR-2C","Ceará",2.5578626906299]
["2024-03-01","EMULSÕES ASFÁLTICAS RR-2C","Distrito Federal","-"]
["2024-03-01","EMULSÕES ASFÁLTICAS RR-2C","Espírito Santo","-"]
["2024-03-01","EMULSÕES ASFÁLTICAS RR-2C","Goiás",2.53248591140874]
["2024-03-01","EMULSÕES ASFÁLTICAS RR-2C","Maranhão","-"]
["2024-03-01","EMULSÕES ASFÁLTICAS RR-2C","Mato Grosso",3.21420333140189]
["2024-03-01","EMULSÕES ASFÁLTICAS RR-2C","Mato Grosso do Sul",2.72132201984895]
["2024-03-01","EMULSÕES ASFÁLTICAS RR-2C","Minas Gerais",2.83768337006064]
["2024-03-01","EMULSÕES ASFÁLTICAS RR-2C","Pará","-"]
["2024-03-01","EMULSÕES ASFÁLTICAS RR-2C","Paraíba","-"]
["2024-03-01","EMULSÕES ASFÁLTICAS RR-2C","Paraná",2.57981545992224]
["2024-03-01","EMULSÕES ASFÁLTICAS RR-2C","Pernambuco","-"]
["2024-03-01","EMULSÕES ASFÁLTICAS RR-2C","Piauí","-"]
["2024-03-01","EMULSÕES ASFÁLTICAS RR-2C","Rio de Janeiro","-"]
["2024-03-01","EMULSÕES ASFÁLTICAS RR-2C","Rio Grande do Norte","-"]
["2024-03-01","EMULSÕES ASFÁLTICAS RR-2C","Rio Grande do Sul",2.70206028591458]
["2024-03-01","EMULSÕES ASFÁLTICAS RR-2C","Rondônia","-"]
["2024-03-01","EMULSÕES ASFÁLTICAS RR-2C","Roraima","-"]
["2024-03-01","EMULSÕES ASFÁLTICAS RR-2C","Santa Catarina","-"]
["2024-03-01","EMULSÕES ASFÁLTICAS RR-2C","São Paulo",2.60758449732723]
["2024-03-01","EMULSÕES ASFÁLTICAS RR-2C","Sergipe","-"]
["2024-03-01","EMULSÕES ASFÁLTICAS RR-2C","Tocantins","-"]
["2024-04-01","EMULSÕES ASFÁLTICAS RR-2C","Acre","-"]
["2024-04-01","EMULSÕES ASFÁLTICAS RR-2C","Alagoas","-"]
["2024-04-01","EMULSÕES ASFÁLTICAS RR-2C","Amapá","-"]
["2024-04-01","EMULSÕES ASFÁLTICAS RR-2C","Amazonas",3.75113688825697]
["2024-04-01","EMULSÕES ASFÁLTICAS RR-2C","Bahia","-"]
["2024-04-01","EMULSÕES ASFÁLTICAS RR-2C","Ceará",2.44319611778295]
["2024-04-01","EMULSÕES ASFÁLTICAS RR-2C","Distrito Federal","-"]
["2024-04-01","EMULSÕES ASFÁLTICAS RR-2C","Espírito Santo","-"]
["2024-04-01","EMULSÕES ASFÁLTICAS RR-2C","Goiás",2.77403289790515]
["2024-04-01","EMULSÕES ASFÁLTICAS RR-2C","Maranhão","-"]
["2024-04-01","EMULSÕES ASFÁLTICAS RR-2C","Mato Grosso",3.16492471011182]
["2024-04-01","EMULSÕES ASFÁLTICAS RR-2C","Mato Grosso do Sul",2.83155298233618]
["2024-04-01","EMULSÕES ASFÁLTICAS RR-2C","Minas Gerais",2.77070795649808]
["2024-04-01","EMULSÕES ASFÁLTICAS RR-2C","Pará",3.10696073524687]
["2024-04-01","EMULSÕES ASFÁLTICAS RR-2C","Paraíba","-"]
["2024-04-01","EMULSÕES ASFÁLTICAS RR-2C","Paraná",2.6175822397737]
["2024-04-01","EMULSÕES ASFÁLTICAS RR-2C","Pernambuco","-"]
["2024-04-01","EMULSÕES ASFÁLTICAS RR-2C","Piauí","-"]
["2024-04-01","EMULSÕES ASFÁLTICAS RR-2C","Rio de Janeiro",3.52372295232081]
["2024-04-01","EMULSÕES ASFÁLTICAS RR-2C","Rio Grande do Norte","-"]
["2024-04-01","EMULSÕES ASFÁLTICAS RR-2C","Rio Grande do Sul",2.66391914726474]
["2024-04-01","EMULSÕES ASFÁLTICAS RR-2C","Rondônia","-"]
["2024-04-01","EMULSÕES ASFÁLTICAS RR-2C","Roraima","-"]
["2024-04-01","EMULSÕES ASFÁLTICAS RR-2C","Santa Catarina","-"]
["2024-04-01","EMULSÕES ASFÁLTICAS RR-2C","São Paulo",2.63811438486074]
["2024-04-01","EMULSÕES ASFÁLTICAS RR-2C","Sergipe","-"]
["2024-04-01","EMULSÕES ASFÁLTICAS RR-2C","Tocantins","-"]
["2024-05-01","EMULSÕES ASFÁLTICAS RR-2C","Acre","-"]
["2024-05-01","EMULSÕES ASFÁLTICAS RR-2C","Alagoas","-"]
["2024-05-01","EMULSÕES ASFÁLTICAS RR-2C","Amapá","-"]
["2024-05-01","EMULSÕES ASFÁLTICAS RR-2C","Amazonas",3.08229558533573]
["2024-05-01","EMULSÕES ASFÁLTICAS RR-2C","Bahia","-"]
["2024-05-01","EMULSÕES ASFÁLTICAS RR-2C","Ceará",2.52558272166316]
["2024-05-01","EMULSÕES ASFÁLTICAS RR-2C","Distrito Federal","-"]
["2024-05-01","EMULSÕES ASFÁLTICAS RR-2C","Espírito Santo","-"]
["2024-05-01","EMULSÕES ASFÁLTICAS RR-2C","Goiás",2.7231072303771]
["2024-05-01","EMULSÕES ASFÁLTICAS RR-2C","Maranhão","-"]
["2024-05-01","EMULSÕES ASFÁLTICAS RR-2C","Mato Grosso",3.33754361072947]
["2024-05-01","EMULSÕES ASFÁLTICAS RR-2C","Mato Grosso do Sul","-"]
["2024-05-01","EMULSÕES ASFÁLTICAS RR-2C","Minas Gerais",2.62373639093379]
["2024-05-01","EMULSÕES ASFÁLTICAS RR-2C","Pará","-"]
["2024-05-01","EMULSÕES ASFÁLTICAS RR-2C","Paraíba","-"]
["2024-05-01","EMULSÕES ASFÁLTICAS RR-2C","Paraná",2.72111458330239]
["2024-05-01","EMULSÕES ASFÁLTICAS RR-2C","Pernambuco","-"]
["2024-05-01","EMULSÕES ASFÁLTICAS RR-2C","Piauí","-"]
["2024-05-01","EMULSÕES ASFÁLTICAS RR-2C","Rio de Janeiro","-"]
["2024-05-01","EMULSÕES ASFÁLTICAS RR-2C","Rio Grande do Norte","-"]
["2024-05-01","EMULSÕES ASFÁLTICAS RR-2C","Rio Grande do Sul",2.80271017174904]
["2024-05-01","EMULSÕES ASFÁLTICAS RR-2C","Rondônia","-"]
["2024-05-01","EMULSÕES ASFÁLTICAS RR-2C","Roraima","-"]
["2024-05-01","EMULSÕES ASFÁLTICAS RR-2C","Santa Catarina","-"]
["2024-05-01","EMULSÕES ASFÁLTICAS RR-2C","São Paulo",2.67272973384563]
["2024-05-01","EMULSÕES ASFÁLTICAS RR-2C","Sergipe","-"]
["2024-05-01","EMULSÕES ASFÁLTICAS RR-2C","Tocantins",2.6018508264547]
["2024-06-01","EMULSÕES ASFÁLTICAS RR-2C","Acre","-"]
["2024-06-01","EMULSÕES ASFÁLTICAS RR-2C","Alagoas","-"]
["2024-06-01","EMULSÕES ASFÁLTICAS RR-2C","Amapá","-"]
["2024-06-01","EMULSÕES ASFÁLTICAS RR-2C","Amazonas",3.61743718741716]
["2024-06-01","EMULSÕES ASFÁLTICAS RR-2C","Bahia","-"]
["2024-06-01","EMULSÕES ASFÁLTICAS RR-2C","Ceará",2.47658284776216]
["2024-06-01","EMULSÕES ASFÁLTICAS RR-2C","Distrito Federal","-"]
["2024-06-01","EMULSÕES ASFÁLTICAS RR-2C","Espírito Santo","-"]
["2024-06-01","EMULSÕES ASFÁLTICAS RR-2C","Goiás",2.67077844207821]
["2024-06-01","EMULSÕES ASFÁLTICAS RR-2C","Maranhão","-"]
["2024-06-01","EMULSÕES ASFÁLTICAS RR-2C","Mato Grosso",3.33658568664435]
["2024-06-01","EMULSÕES ASFÁLTICAS RR-2C","Mato Grosso do Sul",2.76964915271224]
["2024-06-01","EMULSÕES ASFÁLTICAS RR-2C","Minas Gerais",2.57087715868927]
["2024-06-01","EMULSÕES ASFÁLTICAS RR-2C","Pará",3.27255613026287]
["2024-06-01","EMULSÕES ASFÁLTICAS RR-2C","Paraíba","-"]
["2024-06-01","EMULSÕES ASFÁLTICAS RR-2C","Paraná",2.78010350953387]
["2024-06-01","EMULSÕES ASFÁLTICAS RR-2C","Pernambuco","-"]
["2024-06-01","EMULSÕES ASFÁLTICAS RR-2C","Piauí","-"]
["2024-06-01","EMULSÕES ASFÁLTICAS RR-2C","Rio de Janeiro","-"]
["2024-06-01","EMULSÕES ASFÁLTICAS RR-2C","Rio Grande do Norte","-"]
["2024-06-01","EMULSÕES ASFÁLTICAS RR-2C","Rio Grande do Sul",2.83234976888965]
["2024-06-01","EMULSÕES ASFÁLTICAS RR-2C","Rondônia","-"]
["2024-06-01","EMULSÕES ASFÁLTICAS RR-2C","Roraima","-"]
["2024-06-01","EMULSÕES ASFÁLTICAS RR-2C","Santa Catarina","-"]
["2024-06-01","EMULSÕES ASFÁLTICAS RR-2C","São Paulo",2.61324368657777]
["2024-06-01","EMULSÕES ASFÁLTICAS RR-2C","Sergipe","-"]
["2024-06-01","EMULSÕES ASFÁLTICAS RR-2C","Tocantins",2.61627121586429]
["2024-07-01","EMULSÕES ASFÁLTICAS RR-2C","Acre","-"]
["2024-07-01","EMULSÕES ASFÁLTICAS RR-2C","Alagoas","-"]
["2024-07-01","EMULSÕES ASFÁLTICAS RR-2C","Amapá","-"]
["2024-07-01","EMULSÕES ASFÁLTICAS RR-2C","Amazonas",3.60971038894559]
["2024-07-01","EMULSÕES ASFÁLTICAS RR-2C","Bahia","-"]
["2024-07-01","EMULSÕES ASFÁLTICAS RR-2C","Ceará",2.69639787396911]
["2024-07-01","EMULSÕES ASFÁLTICAS RR-2C","Distrito Federal","-"]
["2024-07-01","EMULSÕES ASFÁLTICAS RR-2C","Espírito Santo","-"]
["2024-07-01","EMULSÕES ASFÁLTICAS RR-2C","Goiás",2.88797246414086]
["2024-07-01","EMULSÕES ASFÁLTICAS RR-2C","Maranhão","-"]
["2024-07-01","EMULSÕES ASFÁLTICAS RR-2C","Mato Grosso",3.39758059759073]
["2024-07-01","EMULSÕES ASFÁLTICAS RR-2C","Mato Grosso do Sul",2.90213893429261]
["2024-07-01","EMULSÕES ASFÁLTICAS RR-2C","Minas Gerais",2.74981100564382]
["2024-07-01","EMULSÕES ASFÁLTICAS RR-2C","Pará",3.33223213324705]
["2024-07-01","EMULSÕES ASFÁLTICAS RR-2C","Paraíba","-"]
["2024-07-01","EMULSÕES ASFÁLTICAS RR-2C","Paraná",2.71711091210955]
["2024-07-01","EMULSÕES ASFÁLTICAS RR-2C","Pernambuco","-"]
["2024-07-01","EMULSÕES ASFÁLTICAS RR-2C","Piauí","-"]
["2024-07-01","EMULSÕES ASFÁLTICAS RR-2C","Rio de Janeiro","-"]
["2024-07-01","EMULSÕES ASFÁLTICAS RR-2C","Rio Grande do Norte","-"]
["2024-07-01","EMULSÕES ASFÁLTICAS RR-2C","Rio Grande do Sul",2.7370878896556]
["2024-07-01","EMULSÕES ASFÁLTICAS RR-2C","Rondônia","-"]
["2024-07-01","EMULSÕES ASFÁLTICAS RR-2C","Roraima","-"]
["2024-07-01","EMULSÕES ASFÁLTICAS RR-2C","Santa Catarina","-"]
["2024-07-01","EMULSÕES ASFÁLTICAS RR-2C","São Paulo",2.67129652572139]
["2024-07-01","EMULSÕES ASFÁLTICAS RR-2C","Sergipe","-"]
["2024-07-01","EMULSÕES ASFÁLTICAS RR-2C","Tocantins","-"]
["2024-08-01","EMULSÕES ASFÁLTICAS RR-2C","Acre","-"]
["2024-08-01","EMULSÕES ASFÁLTICAS RR-2C","Alagoas","-"]
["2024-08-01","EMULSÕES ASFÁLTICAS RR-2C","Amapá","-"]
["2024-08-01","EMULSÕES ASFÁLTICAS RR-2C","Amazonas",3.71676845981892]
["2024-08-01","EMULSÕES ASFÁLTICAS RR-2C","Bahia","-"]
["2024-08-01","EMULSÕES ASFÁLTICAS RR-2C","Ceará",2.93199811800803]
["2024-08-01","EMULSÕES ASFÁLTICAS RR-2C","Distrito Federal","-"]
["2024-08-01","EMULSÕES ASFÁLTICAS RR-2C","Espírito Santo","-"]
["2024-08-01","EMULSÕES ASFÁLTICAS RR-2C","Goiás",3.10938339037591]
["2024-08-01","EMULSÕES ASFÁLTICAS RR-2C","Maranhão","-"]
["2024-08-01","EMULSÕES ASFÁLTICAS RR-2C","Mato Grosso",3.61455477421659]
["2024-08-01","EMULSÕES ASFÁLTICAS RR-2C","Mato Grosso do Sul",3.05769966896552]
["2024-08-01","EMULSÕES ASFÁLTICAS RR-2C","Minas Gerais",2.90427626507288]
["2024-08-01","EMULSÕES ASFÁLTICAS RR-2C","Pará","-"]
["2024-08-01","EMULSÕES ASFÁLTICAS RR-2C","Paraíba","-"]
["2024-08-01","EMULSÕES ASFÁLTICAS RR-2C","Paraná",2.84248044937795]
["2024-08-01","EMULSÕES ASFÁLTICAS RR-2C","Pernambuco","-"]
["2024-08-01","EMULSÕES ASFÁLTICAS RR-2C","Piauí","-"]
["2024-08-01","EMULSÕES ASFÁLTICAS RR-2C","Rio de Janeiro","-"]
["2024-08-01","EMULSÕES ASFÁLTICAS RR-2C","Rio Grande do Norte","-"]
["2024-08-01","EMULSÕES ASFÁLTICAS RR-2C","Rio Grande do Sul",3.02512420148166]
["2024-08-01","EMULSÕES ASFÁLTICAS RR-2C","Rondônia","-"]
["2024-08-01","EMULSÕES ASFÁLTICAS RR-2C","Roraima","-"]
["2024-08-01","EMULSÕES ASFÁLTICAS RR-2C","Santa Catarina","-"]
["2024-08-01","EMULSÕES ASFÁLTICAS RR-2C","São Paulo",2.88358258026472]
["2024-08-01","EMULSÕES ASFÁLTICAS RR-2C","Sergipe","-"]
["2024-08-01","EMULSÕES ASFÁLTICAS RR-2C","Tocantins","-"]
["Nota 1: Preços à vista, sem frete, com todos os impostos inclusos, à exceção do ICMS, do PIS/Pasep e da Cofins."]
["Nota 2: As informações são baseadas em dados preliminares, portanto sujeitos a reprocessamento por parte dos informantes nos moldes da Resolução ANP nº 729/2018."]
["Nota 3: Quando não houver declaração de venda do produto selecionado, ou quando a declaração de venda do produto ocorrer por menos de 03 (três) distribuidoras, a tabela indicará campo vazio."]

{"sheet":"ANP REGIÃO","index":17,"n_rows":4831,"n_cols":8,"rows_kept":4831,"cut":false,"hidden":false,"merged":[[4,11,4,17],[5,0,5,7]]}
["                       Agência Nacional do Petróleo, Gás Natural e Biocombustíveis"]
["                       Superintendência de Defesa da Concorrência"]
[]
[]
[]
["PREÇO MÉDIO MENSAL PONDERADO PRATICADO PELOS DISTRIBUIDORES DE PRODUTOS ASFÁLTICOS (R$/KG)"]
[]
["Produto","Mês","Norte","Nordeste","Centro-Oeste","Sudeste","Sul","Brasil"]
["ASFALTOS DILUÍDOS CM-30","2008-11-01",1.77546829189986,1.550878529555,2.02214329125852,1.55449366962941,1.5845328987092,1.64286836961704]
["ASFALTOS DILUÍDOS CM-30","2008-12-01",1.80683766686717,1.50911819182929,2.01302012385215,1.61090222316824,1.60718759060469,1.63758147079418]
["ASFALTOS DILUÍDOS CM-30","2009-01-01",1.49705285760788,1.50429634564956,1.96309767074974,1.52467224661994,1.58513720878701,1.56494587647639]
["ASFALTOS DILUÍDOS CM-30","2009-02-01",1.4278711198663,1.49769328314874,1.98106509838221,1.58349023121992,1.59592406203023,1.56545103578343]
["ASFALTOS DILUÍDOS CM-30","2009-03-01",1.40494140488565,1.49764798670541,1.8934302630295,1.52754781962842,1.58872002905704,1.53271314666768]
["ASFALTOS DILUÍDOS CM-30","2009-04-01",1.41051074751906,1.48482626123974,1.90922642871696,1.46414937057964,1.55383192849663,1.5167176477873]
["ASFALTOS DILUÍDOS CM-30","2009-05-01",1.48035567824698,1.46689892810416,1.89159043509598,1.43544371838286,1.54161117986973,1.53757437092669]
["ASFALTOS DILUÍDOS CM-30","2009-06-01",1.5807510393098,1.44488883710485,1.8420741185475,1.42426431487869,1.5015266955746,1.54131557536043]
["ASFALTOS DILUÍDOS CM-30","2009-07-01",1.90543247648309,1.48261821130071,1.94904634466626,1.5844352989751,1.61031043627529,1.65103252279669]
["ASFALTOS DILUÍDOS CM-30","2009-08-01",1.71699518394512,1.42385491467324,1.71238547839995,1.41800080530824,1.5206434973011,1.50491146862119]
["ASFALTOS DILUÍDOS CM-30","2009-09-01",1.64329493990732,1.4453177609909,1.73151880278428,1.41937425134828,1.5007358948821,1.50552311970753]
["ASFALTOS DILUÍDOS CM-30","2009-10-01",1.58803192424106,1.45893264851292,1.76201505576589,1.42902441920688,1.51375383089617,1.51168190412433]
["ASFALTOS DILUÍDOS CM-30","2009-11-01",1.63934860368467,1.44905977729413,1.77265081685657,1.43412267701216,1.52604318845395,1.49965739239959]
["ASFALTOS DILUÍDOS CM-30","2009-12-01",1.66426685256868,1.44196663648049,1.89057480209378,1.42907772712909,1.52053933402031,1.50886459791075]
["ASFALTOS DILUÍDOS CM-30","2010-01-01",1.84250614423061,1.45497712886771,1.86502244737054,1.41481760845573,1.47445076513561,1.49773522712127]
["ASFALTOS DILUÍDOS CM-30","2010-02-01",1.70988691539767,1.44295648723314,1.91984474110405,1.43314625058519,1.50088244788775,1.49654225079097]
["ASFALTOS DILUÍDOS CM-30","2010-03-01",1.53574341601411,1.44888049926364,1.93506272767668,1.43502611632982,1.48061863472735,1.48678980227001]
["ASFALTOS DILUÍDOS CM-30","2010-04-01",1.71004647936427,1.44030025427472,1.91193596086285,1.42110215320455,1.48127093672067,1.51108643134524]
["ASFALTOS DILUÍDOS CM-30","2010-05-01",1.75561046526016,1.43527722078748,1.87329388879634,1.40694443196261,1.48177604950248,1.53717056543976]
["ASFALTOS DILUÍDOS CM-30","2010-06-01",1.60222431364512,1.39600433598251,1.73173472148983,1.39999622708047,1.49193962048935,1.4980734181535]
["ASFALTOS DILUÍDOS CM-30","2010-07-01",1.55990162657336,1.38101670849199,1.73268821398304,1.40290485561038,1.47385442736659,1.49007526945858]
["ASFALTOS DILUÍDOS CM-30","2010-08-01",1.52663938941797,1.38817836049793,1.73894608657559,1.39875123622145,1.45574984912516,1.49582851552362]
["ASFALTOS DILUÍDOS CM-30","2010-09-01",1.56537882918275,1.40820466393689,1.75702737820829,1.41164287530193,1.48725774462806,1.51225712792556]
["ASFALTOS DILUÍDOS CM-30","2010-10-01",1.481711294072,1.40435771516393,1.75115994660561,1.40348943663518,1.46934084704194,1.49988826027769]
["ASFALTOS DILUÍDOS CM-30","2010-11-01",1.51926767187201,1.41013090369693,1.77940562542027,1.42128382162457,1.45855911234894,1.48165863498716]
["ASFALTOS DILUÍDOS CM-30","2010-12-01",1.55928755568463,1.40982051014559,1.82518561826431,1.41767357242667,1.473243884411,1.46911303094829]
["ASFALTOS DILUÍDOS CM-30","2011-01-01",1.52592330496967,1.44579409190183,1.77460092359038,1.40327423482064,1.46600281389102,1.45725606620142]
["ASFALTOS DILUÍDOS CM-30","2011-02-01",1.55282511224223,1.39209425922809,1.7638361229572,1.38519493711195,1.44955884019836,1.42625047832512]
["ASFALTOS DILUÍDOS CM-30","2011-03-01",1.46921969255447,1.36944291639261,1.69601792225859,1.35381280409622,1.43517069396331,1.40013024899142]
["ASFALTOS DILUÍDOS CM-30","2011-04-01",1.47057026172935,1.3732204915694,1.65082939356418,1.34592810348141,1.42199893967761,1.40049352195201]
["ASFALTOS DILUÍDOS CM-30","2011-05-01",1.42852895521029,1.32264626665125,1.70038091262445,1.34506816329685,1.43936143124935,1.4280580185794]
["ASFALTOS DILUÍDOS CM-30","2011-06-01",1.40762216335467,1.30570865679807,1.74184366915138,1.35462049487305,1.39950169272639,1.44029982009843]
["ASFALTOS DILUÍDOS CM-30","2011-07-01",1.25923406513321,1.31203330503768,1.7374896957007,1.33656388024799,1.42247488727441,1.42083925243847]
["ASFALTOS DILUÍDOS CM-30","2011-08-01",1.47068006097884,1.29977876459346,1.72744348472012,1.34147782147911,1.35301835178684,1.425675533731]
["ASFALTOS DILUÍDOS CM-30","2011-09-01",1.5613287195813,1.32119608413652,1.72982154764967,1.35745148320338,1.39568479771556,1.45520241346116]
["ASFALTOS DILUÍDOS CM-30","2011-10-01",1.5205697215343,1.32621873554519,1.71738045969171,1.33269139232668,1.35777740020148,1.44229587102011]
["ASFALTOS DILUÍDOS CM-30","2011-11-01",1.46588633421922,1.33704115355612,1.74100488561302,1.3454861032743,1.44758056509169,1.44535413743928]
["ASFALTOS DILUÍDOS CM-30","2011-12-01",1.47088389868187,1.33558763601559,1.77872414103756,1.40829306779798,1.42811230573727,1.42241860380463]
["ASFALTOS DILUÍDOS CM-30","2012-01-01",1.38495501534378,1.35013015565112,1.78078388266024,1.42135410695759,1.43035247420828,1.39465816725768]
["ASFALTOS DILUÍDOS CM-30","2012-02-01",1.33218167759685,1.36814389106827,1.74102039363452,1.40020098496868,1.42540098572952,1.41060570735841]
["ASFALTOS DILUÍDOS CM-30","2012-03-01",1.41162186722536,1.34912221416966,1.62009600570765,1.39329576418639,1.40613056853642,1.40976878577184]
["ASFALTOS DILUÍDOS CM-30","2012-04-01",1.54900791153671,1.38397645642291,1.64071275204396,1.40471639698853,1.44061779329094,1.45608481951581]
["ASFALTOS DILUÍDOS CM-30","2012-05-01",1.59617894076318,1.38636227234183,1.71206118310141,1.3992395496324,1.44835088710384,1.49846196901143]
["ASFALTOS DILUÍDOS CM-30","2012-06-01",1.70143257563009,1.38805351760536,1.74035200721355,1.42211874933151,1.44919607195729,1.52772271688927]
["ASFALTOS DILUÍDOS CM-30","2012-07-01",1.65202674168012,1.3943685703484,1.71864484609739,1.43967026065446,1.46187566983982,1.52306915852142]
["ASFALTOS DILUÍDOS CM-30","2012-08-01",1.68999883484865,1.40333785041177,1.7418950411876,1.42172336948824,1.44568579908647,1.53653307839077]
["ASFALTOS DILUÍDOS CM-30","2012-09-01",1.69017797197561,1.42150000299454,1.78092072425426,1.44518043248148,1.48364586620957,1.54941065294832]
["ASFALTOS DILUÍDOS CM-30","2012-10-01",1.57484034177359,1.41706610899378,1.79483203593867,1.45130452564271,1.48203710892643,1.55063180157561]
["ASFALTOS DILUÍDOS CM-30","2012-11-01",1.65516352572317,1.45587874775564,1.84012976643882,1.46120461470242,1.48349972244076,1.55250077592774]
["ASFALTOS DILUÍDOS CM-30","2012-12-01",1.71487612524763,1.43585474140429,1.80406657302355,1.45222765028946,1.50941764842658,1.52341199897343]
["ASFALTOS DILUÍDOS CM-30","2013-01-01",1.49577633531191,1.44949458828046,1.85405052492697,1.44638752042326,1.56375367464338,1.50213725855157]
["ASFALTOS DILUÍDOS CM-30","2013-02-01",1.63506766632928,1.42060963800563,1.73107149837683,1.4427463556626,1.46182840452314,1.47395609980963]
["ASFALTOS DILUÍDOS CM-30","2013-03-01",1.64622909837702,1.41329998267647,1.83828087021425,1.45001515158123,1.52576041321319,1.50654290402751]
["ASFALTOS DILUÍDOS CM-30","2013-04-01",1.58186447420957,1.39918956446167,1.79382511315724,1.45870475480117,1.55191370196381,1.52362363569827]
["ASFALTOS DILUÍDOS CM-30","2013-05-01",1.8156467734021,1.39014351735734,1.8127833125556,1.44951051987609,1.50423345709171,1.54991859161486]
["ASFALTOS DILUÍDOS CM-30","2013-06-01",1.63110158326941,1.38318653634939,1.81664210531178,1.47423264052107,1.5030436887514,1.58104942874325]
["ASFALTOS DILUÍDOS CM-30","2013-07-01",1.8659656299136,1.42205111668206,1.79307275349939,1.4980188082142,1.53339190121303,1.59880513004973]
["ASFALTOS DILUÍDOS CM-30","2013-08-01",1.70032554637977,1.43509441521295,1.82145261353941,1.51172286771259,1.5307935959615,1.60617658502356]
["ASFALTOS DILUÍDOS CM-30","2013-09-01",1.56287373344678,1.4721977478464,1.87984271218963,1.54265286665147,1.49066754335186,1.6279458927397]
["ASFALTOS DILUÍDOS CM-30","2013-10-01",1.6485040126782,1.47215234523797,1.82549499737359,1.50117768225326,1.48378911995961,1.59753877508546]
["ASFALTOS DILUÍDOS CM-30","2013-11-01",1.61917906168021,1.48641331720331,1.84401267887188,1.49632680919947,1.50609687786851,1.58166584406372]
["ASFALTOS DILUÍDOS CM-30","2013-12-01",1.63335829329363,1.49481809746932,1.89719717550119,1.50286453781545,1.51707429615723,1.57247524350845]
["ASFALTOS DILUÍDOS CM-30","2014-01-01",1.68831126455424,1.49418130532374,1.79835590330192,1.48420229300637,1.53335381271635,1.54290973739171]
["ASFALTOS DILUÍDOS CM-30","2014-02-01",1.59830443443186,1.4797065865711,1.81439021548748,1.51482939242944,1.52280058764901,1.52897028728187]
["ASFALTOS DILUÍDOS CM-30","2014-03-01",1.64828768671459,1.47285250091483,1.76657318987587,1.51302067306437,1.50618524765863,1.53018117765972]
["ASFALTOS DILUÍDOS CM-30","2014-04-01",1.53445998674139,1.49389876740947,1.75727127765707,1.53302130899487,1.52427527376532,1.55056630528423]
["ASFALTOS DILUÍDOS CM-30","2014-05-01",1.58658326950179,1.49083468540556,1.80433925149228,1.50113813137112,1.56704382429026,1.58645227239476]
["ASFALTOS DILUÍDOS CM-30","2014-06-01",1.65827716419978,1.50580112108833,1.83959344462177,1.50686319967449,1.52377695257519,1.63607070229279]
["ASFALTOS DILUÍDOS CM-30","2014-07-01",1.8902995420864,1.5007305138568,1.70827786515476,1.48729396381471,1.50595606887474,1.58706515833709]
["ASFALTOS DILUÍDOS CM-30","2014-08-01",1.63274183169974,1.50194532395852,1.67120318927315,1.48235934061425,1.5063273663854,1.55791037732443]
["ASFALTOS DILUÍDOS CM-30","2014-09-01",1.66956717025727,1.54683042688175,1.86479701607652,1.49676458469109,1.57053324178022,1.63928105678855]
["ASFALTOS DILUÍDOS CM-30","2014-10-01",1.7428769161762,1.50897856900642,1.74665046580874,1.47077364528261,1.45427346192267,1.5791202203838]
["ASFALTOS DILUÍDOS CM-30","2014-11-01",1.86472341935598,1.57943058990273,1.74915621813821,1.46508447944351,1.52914798786573,1.60135982109714]
["ASFALTOS DILUÍDOS CM-30","2014-12-01",1.81267191410511,1.70484434847557,1.96331006616174,1.62367670168688,1.64964465948884,1.7188269809752]
["ASFALTOS DILUÍDOS CM-30","2015-01-01",2.15480706223786,2.02376044659928,2.31886373625009,1.86658896699595,1.89838043414166,2.00779203176422]
["ASFALTOS DILUÍDOS CM-30","2015-02-01",2.26023862498728,2.00567376547996,2.39387576246911,1.85451976590239,1.92739510742712,2.00765378088209]
["ASFALTOS DILUÍDOS CM-30","2015-03-01",2.12417646227242,1.96882284881577,2.27964325444856,1.88776091061912,1.93021714482716,1.98481691569003]
["ASFALTOS DILUÍDOS CM-30","2015-04-01",2.03004950548393,2.00150644786819,2.37911890337146,1.85245166957993,1.94902525403085,1.98064321047518]
["ASFALTOS DILUÍDOS CM-30","2015-05-01",2.50727165130009,1.94686990847855,2.25475819219993,1.8074700012303,2.01692953578045,2.0054742341523]
["ASFALTOS DILUÍDOS CM-30","2015-06-01",2.24832004177904,1.94425973597255,2.31433179560318,1.84699859474213,1.96856512489006,2.04258134377832]
["ASFALTOS DILUÍDOS CM-30","2015-07-01",1.99222275766836,1.99279163539869,2.04676995324464,1.78264860325734,1.93167138500814,1.94262736172009]
["ASFALTOS DILUÍDOS CM-30","2015-08-01",2.30760593068221,2.0380891268645,2.25274810470972,1.82809770482563,1.93982448060484,2.08193616028927]
["ASFALTOS DILUÍDOS CM-30","2015-09-01",2.31428970416549,2.09530753103976,2.3445619869159,1.94255109073593,2.00535261428386,2.16817554141326]
["ASFALTOS DILUÍDOS CM-30","2015-10-01",2.32945666335428,2.17057001202108,2.4327301201698,2.03562475106614,2.11026114839426,2.23753378158704]
["ASFALTOS DILUÍDOS CM-30","2015-11-01",2.60605656633517,2.43709830395909,2.71161214122229,2.28011389626954,2.32644629678141,2.47499878079039]
["ASFALTOS DILUÍDOS CM-30","2015-12-01",2.63537400595577,2.39592030869905,2.69352838552549,2.27252812935787,2.33074065878658,2.45284815645558]
["ASFALTOS DILUÍDOS CM-30","2016-01-01",2.7158639925713,2.37386164738306,2.84467060214034,2.26365065797102,2.23263169129226,2.4005633937967]
["ASFALTOS DILUÍDOS CM-30","2016-02-01",2.8046831597962,2.46684681630628,2.79178700686342,2.29563711507637,2.3465561728531,2.46434854836793]
["ASFALTOS DILUÍDOS CM-30","2016-03-01",2.58050210005156,2.47067875282824,2.70768802468674,2.23530199850789,2.38311597213174,2.42356392433509]
["ASFALTOS DILUÍDOS CM-30","2016-04-01",2.94200631175202,2.74074203233578,2.75907185498739,2.54443917825685,2.71075163202779,2.68027483342588]
["ASFALTOS DILUÍDOS CM-30","2016-05-01",3.0105794721905,2.65027704733787,2.85712136069997,2.57558315246037,2.77041336220117,2.70973326996283]
["ASFALTOS DILUÍDOS CM-30","2016-06-01",2.9091798437334,2.62138504102378,2.9434872809732,2.65910951514445,2.68475955475873,2.74361951682696]
["ASFALTOS DILUÍDOS CM-30","2016-07-01",2.98574038072348,2.59164404490525,2.98927803003645,2.60439659939591,2.66088442263397,2.74513553928587]
["ASFALTOS DILUÍDOS CM-30","2016-08-01",2.93524391868148,2.62391732898939,2.97049085389155,2.67948650352701,2.72702564892012,2.78138596218754]
["ASFALTOS DILUÍDOS CM-30","2016-09-01",2.64913682130549,2.52105485145432,2.78158392467622,2.51393313025029,2.37127150098467,2.5956171278003]
["ASFALTOS DILUÍDOS CM-30","2016-10-01",2.62610925653189,2.44446909262635,2.78161787273371,2.50738312678421,2.38325399044811,2.56699903659785]
["ASFALTOS DILUÍDOS CM-30","2016-11-01",2.53508740825688,2.37414552714068,2.95276867436709,2.4812637646204,2.38220677056004,2.54284236635901]
["ASFALTOS DILUÍDOS CM-30","2016-12-01",2.50039107036389,2.25341348278521,3.03851945809923,2.58943889248022,2.39559342362872,2.47643929496448]
["ASFALTOS DILUÍDOS CM-30","2017-01-01",2.39287550432943,2.23269567376388,3.0890809705268,2.53574403943575,2.37869483250241,2.37421619190829]
["ASFALTOS DILUÍDOS CM-30","2017-02-01",2.68039413994501,2.27189722474419,2.76440803150245,2.57393368523973,2.38464439804202,2.47072146601505]
["ASFALTOS DILUÍDOS CM-30","2017-03-01",2.23884120995463,2.38695807904557,2.66722025196969,2.37216594749682,2.30121886999301,2.3787969856691]
["ASFALTOS DILUÍDOS CM-30","2017-04-01",2.42019139844837,2.3079695958725,2.79409301444174,2.25840991209692,2.25643429711862,2.38026848369313]
["ASFALTOS DILUÍDOS CM-30","2017-05-01",2.43210669244062,2.16791912770817,2.69983693619078,2.2553871917774,2.20402695763458,2.36151590915269]
["ASFALTOS DILUÍDOS CM-30","2017-06-01",2.42830177618807,2.18193868910736,2.75667205477901,2.23454902150521,2.30577854554725,2.44553453024702]
["ASFALTOS DILUÍDOS CM-30","2017-07-01",2.45375206066473,2.21807533392643,2.69462502178798,2.41432924713057,2.2696011017893,2.4734361063107]
["ASFALTOS DILUÍDOS CM-30","2017-08-01",2.44793097601266,2.15311203071778,2.59534995160228,2.3029190650855,2.17014866658246,2.3808764233569]
["ASFALTOS DILUÍDOS CM-30","2017-09-01",2.49455150447676,2.14243989042013,2.62316650318406,2.3713080947914,2.30369850679251,2.39354220376366]
["ASFALTOS DILUÍDOS CM-30","2017-10-01",2.34995394368981,2.18056004014164,2.61416095673844,2.41525496166201,2.20079573016277,2.36794712080817]
["ASFALTOS DILUÍDOS CM-30","2017-11-01",2.67012699062159,2.43316919520277,2.90862746413155,2.58469482033717,2.41519270879383,2.6021013475835]
["ASFALTOS DILUÍDOS CM-30","2017-12-01",2.58735264467795,2.42535888170716,2.90663376479325,2.60289029771015,2.42288976024412,2.53176446441612]
["ASFALTOS DILUÍDOS CM-30","2018-01-01",2.95036075472562,2.66286292320601,2.87595399343292,2.62073848356275,2.64695525152936,2.73595636859334]
["ASFALTOS DILUÍDOS CM-30","2018-02-01",2.67789956745748,2.67249816406369,2.94259547379821,2.62043112978615,2.56788566222886,2.66836993275889]
["ASFALTOS DILUÍDOS CM-30","2018-03-01",2.73336302484226,2.58905002174842,2.80917255635991,2.56192839298006,2.57594606676882,2.63487658353311]
["ASFALTOS DILUÍDOS CM-30","2018-04-01",2.75780112039758,2.6695536015406,2.77390824170397,2.59547006003556,2.55604239376982,2.6643301999713]
["ASFALTOS DILUÍDOS CM-30","2018-05-01",2.84121336225102,2.67202587700164,2.8845014821466,2.68671802063202,2.73648510316444,2.7773789604101]
["ASFALTOS DILUÍDOS CM-30","2018-06-01",3.00844478932461,2.91960517833009,3.15845488613088,2.84673108019242,2.95352399264893,2.98229163460159]
["ASFALTOS DILUÍDOS CM-30","2018-07-01",3.26823754924007,3.03652409441906,3.39936039851178,3.02646759827369,3.19779630963727,3.1641265459601]
["ASFALTOS DILUÍDOS CM-30","2018-08-01",3.56441315037675,3.41519376932574,3.70770620618162,3.42507934896044,3.35672246086475,3.51555811246781]
["ASFALTOS DILUÍDOS CM-30","2018-09-01",3.17391377757007,3.44506411839981,3.73526323951332,3.3858161855531,3.60730945384221,3.48323842858605]
["ASFALTOS DILUÍDOS CM-30","2018-10-01",3.48777811940321,3.46050880371845,3.72144405700193,3.43252556485746,3.60602087987408,3.54539034402789]
["ASFALTOS DILUÍDOS CM-30","2018-11-01",4.04727248350138,3.81489331234266,4.28013158579909,4.17812677704484,3.96768136720827,3.99014718319198]
["ASFALTOS DILUÍDOS CM-30","2018-12-01",3.95149114643009,3.9671131945587,4.34114420160615,3.91676606614593,3.91199335739086,3.99974265409723]
["ASFALTOS DILUÍDOS CM-30","2019-01-01",3.79685532544033,3.87001888895473,4.20190176238561,3.9541969966833,3.97678602813676,3.93395191134517]
["ASFALTOS DILUÍDOS CM-30","2019-02-01",3.51658407320685,4.09036117845843,4.49842295286326,4.46994247540838,4.25459025419005,4.18854467878996]
["ASFALTOS DILUÍDOS CM-30","2019-03-01",4.21675811701549,4.36191072769045,4.90719488850503,4.39871772856729,4.29082392245653,4.36029527856779]
["ASFALTOS DILUÍDOS CM-30","2019-04-01",4.28164820538309,4.23466142823818,4.53162721524151,4.43722652980889,4.46688147105323,4.38082044004295]
["ASFALTOS DILUÍDOS CM-30","2019-05-01",4.2876446588586,4.19069973816074,4.85791087230379,4.26746196323173,4.63380637945493,4.3664021512935]
["ASFALTOS DILUÍDOS CM-30","2019-06-01",4.47560989195748,3.96505293385586,4.66272933981567,4.35060060408813,4.21122992081303,4.31932366858292]
["ASFALTOS DILUÍDOS CM-30","2019-07-01",4.39449898927507,4.05803930465763,4.83422194531424,4.09465941361235,4.23300328129846,4.34697775688243]
["ASFALTOS DILUÍDOS CM-30","2019-08-01",4.48173503987154,3.91066249615963,4.57632908088449,4.11161654007053,4.25541998512888,4.25834508344252]
["ASFALTOS DILUÍDOS CM-30","2019-09-01",4.4395787959021,3.8599048964692,4.49525696770161,4.11132147463063,4.11735915151285,4.25160708518944]
["ASFALTOS DILUÍDOS CM-30","2019-10-01",4.3358886308543,3.77232496201687,4.45924235663644,4.056084114978,3.94245801107015,4.07740702008243]
["ASFALTOS DILUÍDOS CM-30","2019-11-01",4.31623869236167,3.91024550861622,4.58184107697514,4.0790240402787,4.10662127448621,4.0945612118041]
["ASFALTOS DILUÍDOS CM-30","2019-12-01",4.19943597234481,3.98011966251145,4.67377480508822,4.43426814236178,3.98641031206209,4.1646916164145]
["ASFALTOS DILUÍDOS CM-30","2020-01-01",3.59298002973861,3.8953206167915,4.68542062341463,4.38707467367047,4.12446766805704,4.05333893731718]
["ASFALTOS DILUÍDOS CM-30","2020-02-01",3.64266701638664,3.87739518687917,4.43819454340575,3.69994460674715,3.77816401143791,3.83901043828598]
["ASFALTOS DILUÍDOS CM-30","2020-03-01",4.67666833875407,3.79113897701503,4.28922234337571,3.71840273362262,3.60908619041506,3.93117068008563]
["ASFALTOS DILUÍDOS CM-30","2020-04-01",4.31336283667377,3.69576550030741,4.25539532074671,3.86589553064745,3.73225338211708,3.96412521091021]
["ASFALTOS DILUÍDOS CM-30","2020-05-01",3.24913465796395,3.63776991242073,4.11354488209795,3.76055002638747,3.71061809897736,3.65617503964037]
["ASFALTOS DILUÍDOS CM-30","2020-06-01",4.0179030762543,3.5670314916964,4.27736917093809,3.93788648517161,3.62583006862084,3.92452450609796]
["ASFALTOS DILUÍDOS CM-30","2020-07-01",3.84049750920317,3.51327047999256,4.21549068977505,3.95422388563724,3.68884127491649,3.84377444846668]
["ASFALTOS DILUÍDOS CM-30","2020-08-01",4.17446720262345,3.46539421931017,4.27771021123555,4.06746494031575,3.62858863005747,3.9471669167666]
["ASFALTOS DILUÍDOS CM-30","2020-09-01",4.16737133051302,3.74636081592961,4.16742435607532,3.79562179145913,3.62772993502085,3.97312994543096]
["ASFALTOS DILUÍDOS CM-30","2020-10-01",4.40809952702582,3.71898987800588,4.27897919227523,4.00874690562096,3.5910481828141,4.03964377014089]
["ASFALTOS DILUÍDOS CM-30","2020-11-01",4.05630600587546,3.96920928082452,4.54790089251735,4.27945542040045,3.97334724441311,4.17582614875739]
["ASFALTOS DILUÍDOS CM-30","2020-12-01",4.13206413815923,3.85163275125498,4.42670438595605,3.906236421875,3.87093980049875,4.03534737414368]
["ASFALTOS DILUÍDOS CM-30","2021-01-01",3.48983633345406,3.95152593658434,4.62826970159406,4.01157701109328,3.93513663802212,3.91709239084917]
["ASFALTOS DILUÍDOS CM-30","2021-02-01",4.09931811602713,4.26710952279807,4.83206161549992,4.41420270559298,4.14904893160308,4.26819704002445]
["ASFALTOS DILUÍDOS CM-30","2021-03-01",4.52835579223428,4.23983173062846,4.92631456233898,4.26969783863248,4.1306554091488,4.37783378514862]
["ASFALTOS DILUÍDOS CM-30","2021-04-01",4.34927186676995,4.08699515395609,4.47759752233292,4.15611339847778,4.04418982167891,4.25336179787145]
["ASFALTOS DILUÍDOS CM-30","2021-05-01",4.48888941306853,4.70794581524764,5.1014896859269,4.78403489557613,4.52398661478261,4.79054808450007]
["ASFALTOS DILUÍDOS CM-30","2021-06-01",4.01046771101574,4.47959212630826,5.11304121218771,4.77973990515606,4.72121430660532,4.76489088436033]
["ASFALTOS DILUÍDOS CM-30","2021-07-01",4.75223412816691,4.55935050600519,5.00475828289119,4.80272971997511,4.74855067775724,4.81758604703071]
["ASFALTOS DILUÍDOS CM-30","2021-08-01",5.08528453187959,4.77250125549667,5.19853714161667,5.24473525854608,4.76131174966799,5.09816919989092]
["ASFALTOS DILUÍDOS CM-30","2021-09-01",5.11030026667144,4.5380723645607,5.24172118513262,5.01714419680293,4.86286124468922,5.01695888613482]
["ASFALTOS DILUÍDOS CM-30","2021-10-01",5.08069726144802,4.66826741972578,5.11954419943447,5.38477906472012,4.65851643171488,5.02129431160898]
["ASFALTOS DILUÍDOS CM-30","2021-11-01",5.43651875334304,5.08776780960841,5.15006398536585,5.63425788362133,5.1745301312734,5.22814128931454]
["ASFALTOS DILUÍDOS CM-30","2021-12-01",5.18429138638228,4.9754869746436,5.57212225123442,6.13565520531028,5.01180991961415,5.33956580141793]
["ASFALTOS DILUÍDOS CM-30","2022-01-01",4.92819197412554,5.02355562266268,6.01840751157765,5.21477302640887,5.48197924386423,5.25078967885338]
["ASFALTOS DILUÍDOS CM-30","2022-02-01",5.54568418875432,5.70862841289523,6.01106589416059,4.8651,5.76336714711359,5.73605742799089]
["ASFALTOS DILUÍDOS CM-30","2022-03-01",6.32684473454407,5.64468790441408,5.93080722524753,6.18114114260794,5.49804168230563,5.92278103768527]
["ASFALTOS DILUÍDOS CM-30","2022-04-01",5.97422068064824,5.83274732429239,6.20669261461671,5.72032999673842,6.17800291018998,6.01235422873244]
["ASFALTOS DILUÍDOS CM-30","2022-05-01",5.35401558640535,5.46433530932953,6.00761163923955,5.99509558297786,5.49095009022229,5.67072274366762]
["ASFALTOS DILUÍDOS CM-30","2022-06-01",5.8024437980979,5.31696420291505,5.25267889043317,5.81393151810771,5.64499632764921,5.46949868662942]
["ASFALTOS DILUÍDOS CM-30","2022-07-01",5.96561476502994,5.8293148785416,5.91909971068941,5.74248477528565,5.67443054316803,5.8620207016826]
["ASFALTOS DILUÍDOS CM-30","2022-08-01",6.42423046331214,5.75825687770843,5.75235284253403,5.79190535217959,5.31271723966176,5.82318605062018]
["ASFALTOS DILUÍDOS CM-30","2022-09-01",5.54009707387272,5.60992161851355,5.9635924887053,5.30218119377748,4.97792916072262,5.699429920794]
["ASFALTOS DILUÍDOS CM-30","2022-10-01",4.78567099899766,4.72752109375766,5.33910514670248,4.85116000714158,4.53258051310694,5.04166171533522]
["ASFALTOS DILUÍDOS CM-30","2022-11-01",7.76585592257765,4.7756549822431,5.23762612747626,4.6363831377551,4.46059317879985,5.07499386224938]
["ASFALTOS DILUÍDOS CM-30","2022-12-01",4.65725,4.96690536197047,5.6551615535898,4.84093567164179,4.66100786144769,5.11324948962591]
["ASFALTOS DILUÍDOS CM-30","2023-01-01",4.94895031942634,5.05626492208921,5.35959796560709,4.4264979589429,4.10326788826943,4.71560512886389]
["ASFALTOS DILUÍDOS CM-30","2023-02-01",5.40749466666667,4.33577119530659,4.74664660078829,4.67488472697368,4.01454717345058,4.41780073618996]
["ASFALTOS DILUÍDOS CM-30","2023-03-01",4.99131,4.01354911984764,4.74625027992745,4.08071937047466,4.08248495381729,4.2703457233889]
["ASFALTOS DILUÍDOS CM-30","2023-04-01",4.43847901474011,4.0942013541235,5.13581618578767,4.36826509463722,3.85930814922642,4.15381879712951]
["ASFALTOS DILUÍDOS CM-30","2023-05-01",5.018589296875,4.50628264329702,5.61663829272681,4.03475692545623,4.06370171716813,4.68649272458402]
["ASFALTOS DILUÍDOS CM-30","2023-06-01",4.4396445256167,4.49580535429412,5.22817452435233,3.77202874480151,4.00904207331527,4.58804514798023]
["ASFALTOS DILUÍDOS CM-30","2023-07-01",4.36039935171006,4.25018763372658,6.18804915476398,3.69921678148994,4.31577376772812,4.79071755288417]
["ASFALTOS DILUÍDOS CM-30","2023-08-01",4.04321599904928,4.10090170940862,5.41419822764851,3.96429794879298,4.05598977834314,4.60781069732032]
["ASFALTOS DILUÍDOS CM-30","2023-09-01",5.69501625,4.35858627641966,5.18725251698534,4.11250865646909,4.21164623570894,4.74864021139438]
["ASFALTOS DILUÍDOS CM-30","2023-10-01",5.685185,4.29407564703485,4.91291947557125,4.36509510118179,4.25737016228976,4.6094459052459]
["ASFALTOS DILUÍDOS CM-30","2023-11-01",4.81508539748954,4.34559944712789,5.40450274666412,4.04527110440252,4.16469740525164,4.78149894255943]
["ASFALTOS DILUÍDOS CM-30","2023-12-01",5.41149230769231,4.70004389569453,5.30641573383809,4.31321686192469,4.18873206238112,4.66484535292508]
["ASFALTOS DILUÍDOS CM-30","2024-01-01",3.7161783908046,4.39516381065174,4.88812694665291,3.97719679704645,4.05709533135559,4.29022890280232]
["ASFALTOS DILUÍDOS CM-30","2024-02-01",5.34958857142857,4.2818818708452,5.36118055980861,4.28778615487316,4.15111294585126,4.36619499632434]
["ASFALTOS DILUÍDOS CM-30","2024-03-01",6.43762416520211,4.51294835765455,4.99403593240351,4.68061030353896,4.19738812283009,4.7251379668917]
["ASFALTOS DILUÍDOS CM-30","2024-04-01",6.52401001779359,5.33366887464753,5.01137035736826,3.99199962553556,4.15116123989156,4.43940698617377]
["ASFALTOS DILUÍDOS CM-30","2024-05-01",6.61993633021606,"***",5.2153828803501,4.24855795972546,4.47817076690281,4.96007856830651]
["ASFALTOS DILUÍDOS CM-30","2024-06-01",6.46182080557444,4.28816926343439,4.92160612403673,4.51733974069588,4.89758578694158,4.92285080268145]
["ASFALTOS DILUÍDOS CM-30","2024-07-01",6.12061223880597,4.59925543264942,5.49745106946266,4.66783853333333,4.51445265308578,4.96274039677289]
["ASFALTOS DILUÍDOS CM-30","2024-08-01",4.99322534860307,4.42802528325379,5.66194752829008,4.95868815360318,4.60903984954604,5.14362504169477]
["ASFALTOS DILUÍDOS CM-70","2008-11-01","***","***","***","***","***","***"]
["ASFALTOS DILUÍDOS CM-70","2008-12-01","***","***","***","***","***","***"]
["ASFALTOS DILUÍDOS CM-70","2009-01-01","***","***","***","***","***","***"]
["ASFALTOS DILUÍDOS CM-70","2009-02-01","***","***","***","***","***","***"]
["ASFALTOS DILUÍDOS CM-70","2009-03-01","***","***","***","***","***","***"]
["ASFALTOS DILUÍDOS CM-70","2009-04-01","***","***","***","***","***","***"]
["ASFALTOS DILUÍDOS CM-70","2009-05-01","***","***","***","***","***","***"]
["ASFALTOS DILUÍDOS CM-70","2009-06-01","***","***","***","***","***","***"]
["ASFALTOS DILUÍDOS CM-70","2009-07-01","***","***","***","***","***","***"]
["ASFALTOS DILUÍDOS CM-70","2009-08-01","***","***","***","***","***","***"]
["ASFALTOS DILUÍDOS CM-70","2009-09-01","***","***","***","***","***","***"]
["ASFALTOS DILUÍDOS CM-70","2009-10-01","***","***","***","***","***","***"]
["ASFALTOS DILUÍDOS CM-70","2009-11-01","***","***","***","***","***","***"]
["ASFALTOS DILUÍDOS CM-70","2009-12-01","***","***","***","***","***","***"]
["ASFALTOS DILUÍDOS CM-70","2010-01-01","***","***","***","***","***","***"]
["ASFALTOS DILUÍDOS CM-70","2010-02-01","***","***","***","***","***","***"]
["ASFALTOS DILUÍDOS CM-70","2010-03-01","***","***","***","***","***","***"]
["ASFALTOS DILUÍDOS CM-70","2010-04-01","***","***","***","***","***","***"]
["ASFALTOS DILUÍDOS CM-70","2010-05-01","***","***","***","***","***","***"]
["ASFALTOS DILUÍDOS CM-70","2010-06-01","***","***","***","***","***","***"]
["ASFALTOS DILUÍDOS CM-70","2010-07-01","***","***","***","***","***","***"]
["ASFALTOS DILUÍDOS CM-70","2010-08-01","***","***","***","***","***","***"]
["ASFALTOS DILUÍDOS CM-70","2010-09-01","***","***","***","***","***","***"]
["ASFALTOS DILUÍDOS CM-70","2010-10-01","***","***","***","***","***","***"]
["ASFALTOS DILUÍDOS CM-70","2010-11-01","***","***","***","***","***","***"]
["ASFALTOS DILUÍDOS CM-70","2010-12-01","***","***","***","***","***","***"]
["ASFALTOS DILUÍDOS CM-70","2011-01-01","***","***","***","***","***","***"]
["ASFALTOS DILUÍDOS CM-70","2011-02-01","***","***","***","***","***","***"]
["ASFALTOS DILUÍDOS CM-70","2011-03-01","***","***","***","***","***","***"]
["ASFALTOS DILUÍDOS CM-70","2011-04-01","***","***","***","***","***","***"]
["ASFALTOS DILUÍDOS CM-70","2011-05-01","***","***","***","***","***","***"]
["ASFALTOS DILUÍDOS CM-70","2011-06-01","***","***","***","***","***","***"]
["ASFALTOS DILUÍDOS CM-70","2011-07-01","***","***","***","***","***","***"]
["ASFALTOS DILUÍDOS CM-70","2011-08-01","***","***","***","***","***","***"]
["ASFALTOS DILUÍDOS CM-70","2011-09-01","***","***","***","***","***","***"]
["ASFALTOS DILUÍDOS CM-70","2011-10-01","***","***","***","***","***","***"]
["ASFALTOS DILUÍDOS CM-70","2011-11-01","***","***","***","***","***","***"]
["ASFALTOS DILUÍDOS CM-70","2011-12-01","***","***","***","***","***","***"]
["ASFALTOS DILUÍDOS CM-70","2012-01-01","***","***","***","***","***","***"]
["ASFALTOS DILUÍDOS CM-70","2012-02-01","***","***","***","***","***","***"]
["ASFALTOS DILUÍDOS CM-70","2012-03-01","***","***","***","***","***","***"]
["ASFALTOS DILUÍDOS CM-70","2012-04-01","***","***","***","***","***","***"]
["ASFALTOS DILUÍDOS CM-70","2012-05-01","***","***","***","***","***","***"]
["ASFALTOS DILUÍDOS CM-70","2012-06-01","***","***","***","***","***","***"]
["ASFALTOS DILUÍDOS CM-70","2012-07-01","***","***","***","***","***","***"]
["ASFALTOS DILUÍDOS CM-70","2012-08-01","***","***","***","***","***","***"]
["ASFALTOS DILUÍDOS CM-70","2012-09-01","***","***","***","***","***","***"]
["ASFALTOS DILUÍDOS CM-70","2012-10-01","***","***","***","***","***","***"]
["ASFALTOS DILUÍDOS CM-70","2012-11-01","***","***","***","***","***","***"]
["ASFALTOS DILUÍDOS CM-70","2012-12-01","***","***","***","***","***","***"]
["ASFALTOS DILUÍDOS CM-70","2013-01-01","***","***","***","***","***","***"]
["ASFALTOS DILUÍDOS CM-70","2013-02-01","***","***","***","***","***","***"]
["ASFALTOS DILUÍDOS CM-70","2013-03-01","***","***","***","***","***","***"]
["ASFALTOS DILUÍDOS CM-70","2013-04-01","***","***","***","***","***","***"]
["ASFALTOS DILUÍDOS CM-70","2013-05-01","***","***","***","***","***","***"]
["ASFALTOS DILUÍDOS CM-70","2013-06-01","***","***","***","***","***","***"]
["ASFALTOS DILUÍDOS CM-70","2013-07-01","***","***","***","***","***","***"]
["ASFALTOS DILUÍDOS CM-70","2013-08-01","***","***","***","***","***","***"]
["ASFALTOS DILUÍDOS CM-70","2013-09-01","***","***","***","***","***","***"]
["ASFALTOS DILUÍDOS CM-70","2013-10-01","***","***","***","***","***","***"]
["ASFALTOS DILUÍDOS CM-70","2013-11-01","***","***","***","***","***","***"]
["ASFALTOS DILUÍDOS CM-70","2013-12-01","***","***","***","***","***","***"]
["ASFALTOS DILUÍDOS CM-70","2014-01-01","***","***","***","***","***","***"]
["ASFALTOS DILUÍDOS CM-70","2014-02-01","***","***","***","***","***","***"]
["ASFALTOS DILUÍDOS CM-70","2014-03-01","***","***","***","***","***","***"]
["ASFALTOS DILUÍDOS CM-70","2014-04-01","***","***","***","***","***","***"]
["ASFALTOS DILUÍDOS CM-70","2014-05-01","***","***","***","***","***","***"]
["ASFALTOS DILUÍDOS CM-70","2014-06-01","***","***","***","***","***","***"]
["ASFALTOS DILUÍDOS CM-70","2014-07-01","***","***","***","***","***","***"]
["ASFALTOS DILUÍDOS CM-70","2014-08-01","***","***","***","***","***","***"]
["ASFALTOS DILUÍDOS CM-70","2014-09-01","***","***","***","***","***","***"]
["ASFALTOS DILUÍDOS CM-70","2014-10-01","***","***","***","***","***","***"]
["ASFALTOS DILUÍDOS CM-70","2014-11-01","***","***","***","***","***","***"]
["ASFALTOS DILUÍDOS CM-70","2014-12-01","***","***","***","***","***","***"]
["ASFALTOS DILUÍDOS CM-70","2015-01-01","***","***","***","***","***","***"]
["ASFALTOS DILUÍDOS CM-70","2015-02-01","***","***","***","***","***","***"]
["ASFALTOS DILUÍDOS CM-70","2015-03-01","***","***","***","***","***","***"]
["ASFALTOS DILUÍDOS CM-70","2015-04-01","***","***","***","***","***","***"]
["ASFALTOS DILUÍDOS CM-70","2015-05-01","***","***","***","***","***","***"]
["ASFALTOS DILUÍDOS CM-70","2015-06-01","***","***","***","***","***","***"]
["ASFALTOS DILUÍDOS CM-70","2015-07-01","***","***","***","***","***","***"]
["ASFALTOS DILUÍDOS CM-70","2015-08-01","***","***","***","***","***","***"]
["ASFALTOS DILUÍDOS CM-70","2015-09-01","***","***","***","***","***","***"]
["ASFALTOS DILUÍDOS CM-70","2015-10-01","***","***","***","***","***","***"]
["ASFALTOS DILUÍDOS CM-70","2015-11-01","***","***","***","***","***","***"]
["ASFALTOS DILUÍDOS CM-70","2015-12-01","***","***","***","***","***","***"]
["ASFALTOS DILUÍDOS CM-70","2016-01-01","***","***","***","***","***","***"]
["ASFALTOS DILUÍDOS CM-70","2016-02-01","***","***","***","***","***","***"]
["ASFALTOS DILUÍDOS CM-70","2016-03-01","***","***","***","***","***","***"]
["ASFALTOS DILUÍDOS CM-70","2016-04-01","***","***","***","***","***","***"]
["ASFALTOS DILUÍDOS CM-70","2016-05-01","***","***","***","***","***","***"]
["ASFALTOS DILUÍDOS CM-70","2016-06-01","***","***","***","***","***","***"]
["ASFALTOS DILUÍDOS CM-70","2016-07-01","***","***","***","***","***","***"]
["ASFALTOS DILUÍDOS CM-70","2016-08-01","***","***","***","***","***","***"]
["ASFALTOS DILUÍDOS CM-70","2016-09-01","***","***","***","***","***","***"]
["ASFALTOS DILUÍDOS CM-70","2016-10-01","***","***","***","***","***","***"]
["ASFALTOS DILUÍDOS CM-70","2016-11-01","***","***","***","***","***","***"]
["ASFALTOS DILUÍDOS CM-70","2016-12-01","***","***","***","***","***","***"]
["ASFALTOS DILUÍDOS CM-70","2017-01-01","***","***","***","***","***","***"]
["ASFALTOS DILUÍDOS CM-70","2017-02-01","***","***","***","***","***","***"]
["ASFALTOS DILUÍDOS CM-70","2017-03-01","***","***","***","***","***","***"]
["ASFALTOS DILUÍDOS CM-70","2017-04-01","***","***","***","***","***","***"]
["ASFALTOS DILUÍDOS CM-70","2017-05-01","***","***","***","***","***","***"]
["ASFALTOS DILUÍDOS CM-70","2017-06-01","***","***","***","***","***","***"]
["ASFALTOS DILUÍDOS CM-70","2017-07-01","***","***","***","***","***","***"]
["ASFALTOS DILUÍDOS CM-70","2017-08-01","***","***","***","***","***","***"]
["ASFALTOS DILUÍDOS CM-70","2017-09-01","***","***","***","***","***","***"]
["ASFALTOS DILUÍDOS CM-70","2017-10-01","***","***","***","***","***","***"]
["ASFALTOS DILUÍDOS CM-70","2017-11-01","***","***","***","***","***","***"]
["ASFALTOS DILUÍDOS CM-70","2017-12-01","***","***","***","***","***","***"]
["ASFALTOS DILUÍDOS CM-70","2018-01-01","***","***","***","***","***","***"]
["ASFALTOS DILUÍDOS CM-70","2018-02-01","***","***","***","***","***","***"]
["ASFALTOS DILUÍDOS CM-70","2018-03-01","***","***","***","***","***","***"]
["ASFALTOS DILUÍDOS CM-70","2018-04-01","***","***","***","***","***","***"]
["ASFALTOS DILUÍDOS CM-70","2018-05-01","***","***","***","***","***","***"]
["ASFALTOS DILUÍDOS CM-70","2018-06-01","***","***","***","***","***","***"]
["ASFALTOS DILUÍDOS CM-70","2018-07-01","***","***","***","***","***","***"]
["ASFALTOS DILUÍDOS CM-70","2018-08-01","***","***","***","***","***","***"]
["ASFALTOS DILUÍDOS CM-70","2018-09-01","***","***","***","***","***","***"]
["ASFALTOS DILUÍDOS CM-70","2018-10-01","***","***","***","***","***","***"]
["ASFALTOS DILUÍDOS CM-70","2018-11-01","***","***","***","***","***","***"]
["ASFALTOS DILUÍDOS CM-70","2018-12-01","***","***","***","***","***","***"]
["ASFALTOS DILUÍDOS CM-70","2019-01-01","***","***","***","***","***","***"]
["ASFALTOS DILUÍDOS CM-70","2019-02-01","***","***","***","***","***","***"]
["ASFALTOS DILUÍDOS CM-70","2019-03-01","***","***","***","***","***","***"]
["ASFALTOS DILUÍDOS CM-70","2019-04-01","***","***","***","***","***","***"]
["ASFALTOS DILUÍDOS CM-70","2019-05-01","***","***","***","***","***","***"]
["ASFALTOS DILUÍDOS CM-70","2019-06-01","***","***","***","***","***","***"]
["ASFALTOS DILUÍDOS CM-70","2019-07-01","***","***","***","***","***","***"]
["ASFALTOS DILUÍDOS CM-70","2019-08-01","***","***","***","***","***","***"]
["ASFALTOS DILUÍDOS CM-70","2019-09-01","***","***","***","***","***","***"]
["ASFALTOS DILUÍDOS CM-70","2019-10-01","***","***","***","***","***","***"]
["ASFALTOS DILUÍDOS CM-70","2019-11-01","***","***","***","***","***","***"]
["ASFALTOS DILUÍDOS CM-70","2019-12-01","***","***","***","***","***","***"]
["ASFALTOS DILUÍDOS CM-70","2020-01-01","***","***","***","***","***","***"]
["ASFALTOS DILUÍDOS CM-70","2020-02-01","***","***","***","***","***","***"]
["ASFALTOS DILUÍDOS CM-70","2020-03-01","***","***","***","***","***","***"]
["ASFALTOS DILUÍDOS CM-70","2020-04-01","***","***","***","***","***","***"]
["ASFALTOS DILUÍDOS CM-70","2020-05-01","***","***","***","***","***","***"]
["ASFALTOS DILUÍDOS CM-70","2020-06-01","***","***","***","***","***","***"]
["ASFALTOS DILUÍDOS CM-70","2020-07-01","***","***","***","***","***","***"]
["ASFALTOS DILUÍDOS CM-70","2020-08-01","***","***","***","***","***","***"]
["ASFALTOS DILUÍDOS CM-70","2020-09-01","***","***","***","***","***","***"]
["ASFALTOS DILUÍDOS CM-70","2020-10-01","***","***","***","***","***","***"]
["ASFALTOS DILUÍDOS CM-70","2020-11-01","***","***","***","***","***","***"]
["ASFALTOS DILUÍDOS CM-70","2020-12-01","***","***","***","***","***","***"]
["ASFALTOS DILUÍDOS CM-70","2021-01-01","***","***","***","***","***","***"]
["ASFALTOS DILUÍDOS CM-70","2021-02-01","***","***","***","***","***","***"]
["ASFALTOS DILUÍDOS CM-70","2021-03-01","***","***","***","***","***","***"]
["ASFALTOS DILUÍDOS CM-70","2021-04-01","***","***","***","***","***","***"]
["ASFALTOS DILUÍDOS CM-70","2021-05-01","***","***","***","***","***","***"]
["ASFALTOS DILUÍDOS CM-70","2021-06-01","***","***","***","***","***","***"]
["ASFALTOS DILUÍDOS CM-70","2021-07-01","***","***","***","***","***","***"]
["ASFALTOS DILUÍDOS CM-70","2021-08-01","***","***","***","***","***","***"]
["ASFALTOS DILUÍDOS CM-70","2021-09-01","***","***","***","***","***","***"]
["ASFALTOS DILUÍDOS CM-70","2021-10-01","***","***","***","***","***","***"]
["ASFALTOS DILUÍDOS CM-70","2021-11-01","***","***","***","***","***","***"]
["ASFALTOS DILUÍDOS CM-70","2021-12-01","***","***","***","***","***","***"]
["ASFALTOS DILUÍDOS CM-70","2022-01-01","***","***","***","***","***","***"]
["ASFALTOS DILUÍDOS CM-70","2022-02-01","***","***","***","***","***","***"]
["ASFALTOS DILUÍDOS CM-70","2022-03-01","***","***","***","***","***","***"]
["ASFALTOS DILUÍDOS CM-70","2022-04-01","***","***","***","***","***","***"]
["ASFALTOS DILUÍDOS CM-70","2022-05-01","***","***","***","***","***","***"]
["ASFALTOS DILUÍDOS CM-70","2022-06-01","***","***","***","***","***","***"]
["ASFALTOS DILUÍDOS CM-70","2022-07-01","***","***","***","***","***","***"]
["ASFALTOS DILUÍDOS CM-70","2022-08-01","***","***","***","***","***","***"]
["ASFALTOS DILUÍDOS CM-70","2022-09-01","***","***","***","***","***","***"]
["ASFALTOS DILUÍDOS CM-70","2022-10-01","***","***","***","***","***","***"]
["ASFALTOS DILUÍDOS CM-70","2022-11-01","***","***","***","***","***","***"]
["ASFALTOS DILUÍDOS CM-70","2022-12-01","***","***","***","***","***","***"]
["ASFALTOS DILUÍDOS CM-70","2023-01-01","***","***","***","***","***","***"]
["ASFALTOS DILUÍDOS CM-70","2023-02-01","***","***","***","***","***","***"]
["ASFALTOS DILUÍDOS CM-70","2023-03-01","***","***","***","***","***","***"]
["ASFALTOS DILUÍDOS CM-70","2023-04-01","***","***","***","***","***","***"]
["ASFALTOS DILUÍDOS CM-70","2023-05-01","***","***","***","***","***","***"]
["ASFALTOS DILUÍDOS CM-70","2023-06-01","***","***","***","***","***","***"]
["ASFALTOS DILUÍDOS CM-70","2023-07-01","***","***","***","***","***","***"]
["ASFALTOS DILUÍDOS CM-70","2023-08-01","***","***","***","***","***","***"]
["ASFALTOS DILUÍDOS CM-70","2023-09-01","***","***","***","***","***","***"]
["ASFALTOS DILUÍDOS CM-70","2023-10-01","***","***","***","***","***","***"]
["ASFALTOS DILUÍDOS CM-70","2023-11-01","***","***","***","***","***","***"]
["ASFALTOS DILUÍDOS CM-70","2023-12-01","***","***","***","***","***","***"]
["ASFALTOS DILUÍDOS CM-70","2024-01-01","***","***","***","***","***","***"]
["ASFALTOS DILUÍDOS CM-70","2024-02-01","***","***","***","***","***","***"]
["ASFALTOS DILUÍDOS CM-70","2024-03-01","***","***","***","***","***","***"]
["ASFALTOS DILUÍDOS CM-70","2024-04-01","***","***","***","***","***","***"]
["ASFALTOS DILUÍDOS CM-70","2024-05-01","***","***","***","***","***","***"]
["ASFALTOS DILUÍDOS CM-70","2024-06-01","***","***","***","***","***","***"]
["ASFALTOS DILUÍDOS CM-70","2024-07-01","***","***","***","***","***","***"]
["ASFALTOS DILUÍDOS CM-70","2024-08-01","***","***","***","***","***","***"]
["ASFALTOS DILUÍDOS CR-250","2008-11-01",1.52933,1.3827812319296,"***",1.64556255303422,"***",1.52712025618211]
["ASFALTOS DILUÍDOS CR-250","2008-12-01","***",1.36440347098033,"***","***",1.97516,1.36805537653523]
["ASFALTOS DILUÍDOS CR-250","2009-01-01",1.46539,1.31613874687287,"***","***","***",1.3472730525558]
["ASFALTOS DILUÍDOS CR-250","2009-02-01",1.46539,"***","***",1.6850369047619,"***",1.49251288129364]
["ASFALTOS DILUÍDOS CR-250","2009-03-01","***","***",2.08783852159378,1.2574649116905,1.97517,1.99386240040083]
["ASFALTOS DILUÍDOS CR-250","2009-04-01","***",1.31658085692229,2.1016071220565,1.53739209039548,1.376,2.02357380927339]
["ASFALTOS DILUÍDOS CR-250","2009-05-01","***",1.29169736960524,2.01124198738514,"***",1.44496331674959,1.96304023981724]
["ASFALTOS DILUÍDOS CR-250","2009-06-01","***","***",2.048666699541,1.62178017334778,1.77066666666667,2.04315790814239]
["ASFALTOS DILUÍDOS CR-250","2009-07-01","***",1.37852783695085,2.04978710732382,1.5477,2.223,1.98084345813792]
["ASFALTOS DILUÍDOS CR-250","2009-08-01","***",1.26075619436202,2.06877099434673,1.58386502115656,"***",1.98208973282843]
["ASFALTOS DILUÍDOS CR-250","2009-09-01","***",1.35370276335463,2.05405666020971,1.5477,"***",1.99758281622832]
["ASFALTOS DILUÍDOS CR-250","2009-10-01","***",1.34604821617294,2.10488158153364,"***","***",2.05749690624174]
["ASFALTOS DILUÍDOS CR-250","2009-11-01","***",1.34677479674797,2.04784447687511,1.66550344827586,"***",1.98235811803497]
["ASFALTOS DILUÍDOS CR-250","2009-12-01",2.0884,"***","***",1.5476,"***",2.05191746031746]
["ASFALTOS DILUÍDOS CR-250","2010-01-01",1.4896,1.35377765633211,"***",1.5476,"***",1.41232588637069]
["ASFALTOS DILUÍDOS CR-250","2010-02-01","***","***","***","***","***","***"]
["ASFALTOS DILUÍDOS CR-250","2010-03-01","***","***","***",1.54768,1.533,1.53617529780564]
["ASFALTOS DILUÍDOS CR-250","2010-04-01","***",1.37868,"***",1.54768,"***",1.39733857024565]
["ASFALTOS DILUÍDOS CR-250","2010-05-01","***",1.46934,"***",1.54768,"***",1.48714454545455]
["ASFALTOS DILUÍDOS CR-250","2010-06-01","***",1.2052,"***","***",1.54274803149606,1.33569802130898]
["ASFALTOS DILUÍDOS CR-250","2010-07-01","***","***","***",1.54768,"***",1.54768]
["ASFALTOS DILUÍDOS CR-250","2010-08-01","***","***","***","***","***","***"]
["ASFALTOS DILUÍDOS CR-250","2010-09-01","***","***","***",1.54768,1.72225,1.59902411764706]
["ASFALTOS DILUÍDOS CR-250","2010-10-01",1.6425,1.34763,"***","***","***",1.47193607488702]
["ASFALTOS DILUÍDOS CR-250","2010-11-01",1.59692,"***","***","***","***",1.59692]
["ASFALTOS DILUÍDOS CR-250","2010-12-01",1.59692,"***","***",1.54768,"***",1.59117823321555]
["ASFALTOS DILUÍDOS CR-250","2011-01-01",1.4896,"***","***",1.54768,"***",1.49209113576576]
["ASFALTOS DILUÍDOS CR-250","2011-02-01",1.4896,"***","***","***","***",1.4896]
["ASFALTOS DILUÍDOS CR-250","2011-03-01","***","***","***","***","***","***"]
["ASFALTOS DILUÍDOS CR-250","2011-04-01","***","***","***",1.6362,1.4339,1.52175895904437]
["ASFALTOS DILUÍDOS CR-250","2011-05-01","***","***","***","***","***","***"]
["ASFALTOS DILUÍDOS CR-250","2011-06-01","***","***","***",1.54767,"***",1.54767]
["ASFALTOS DILUÍDOS CR-250","2011-07-01",1.4896,"***","***","***",1.826,1.52804571428571]
["ASFALTOS DILUÍDOS CR-250","2011-08-01","***","***","***","***","***","***"]
["ASFALTOS DILUÍDOS CR-250","2011-09-01","***","***","***","***","***","***"]
["ASFALTOS DILUÍDOS CR-250","2011-10-01","***","***","***","***","***","***"]
["ASFALTOS DILUÍDOS CR-250","2011-11-01","***","***","***","***","***","***"]
["ASFALTOS DILUÍDOS CR-250","2011-12-01","***","***","***","***","***","***"]
["ASFALTOS DILUÍDOS CR-250","2012-01-01","***","***","***","***","***","***"]
["ASFALTOS DILUÍDOS CR-250","2012-02-01",1.4896,"***","***",1.57168,"***",1.51007031476998]
["ASFALTOS DILUÍDOS CR-250","2012-03-01","***","***","***","***","***","***"]
["ASFALTOS DILUÍDOS CR-250","2012-04-01","***","***","***","***","***","***"]
["ASFALTOS DILUÍDOS CR-250","2012-05-01","***","***","***","***",1.4344,1.4344]
["ASFALTOS DILUÍDOS CR-250","2012-06-01",1.4896,"***","***","***","***",1.4896]
["ASFALTOS DILUÍDOS CR-250","2012-07-01","***","***","***","***","***","***"]
["ASFALTOS DILUÍDOS CR-250","2012-08-01","***","***","***",1.6972,"***",1.6972]
["ASFALTOS DILUÍDOS CR-250","2012-09-01","***","***","***","***","***","***"]
["ASFALTOS DILUÍDOS CR-250","2012-10-01","***","***","***","***","***","***"]
["ASFALTOS DILUÍDOS CR-250","2012-11-01","***","***","***","***","***","***"]
["ASFALTOS DILUÍDOS CR-250","2012-12-01","***","***","***","***","***","***"]
["ASFALTOS DILUÍDOS CR-250","2013-01-01",1.95122,"***","***",1.39585,"***",1.46175899437851]
["ASFALTOS DILUÍDOS CR-250","2013-02-01",1.95122,"***","***","***","***",1.95122]
["ASFALTOS DILUÍDOS CR-250","2013-03-01",1.95122,"***","***","***","***",1.95122]
["ASFALTOS DILUÍDOS CR-250","2013-04-01","***","***","***",1.7105,"***",1.7105]
["ASFALTOS DILUÍDOS CR-250","2013-05-01","***","***","***","***","***","***"]
["ASFALTOS DILUÍDOS CR-250","2013-06-01","***","***","***","***",1.3348,1.3348]
["ASFALTOS DILUÍDOS CR-250","2013-07-01","***","***","***","***","***","***"]
["ASFALTOS DILUÍDOS CR-250","2013-08-01","***","***","***",1.7069,"***",1.7069]
["ASFALTOS DILUÍDOS CR-250","2013-09-01","***","***","***","***","***","***"]
["ASFALTOS DILUÍDOS CR-250","2013-10-01","***","***","***",1.7071,"***",1.7071]
["ASFALTOS DILUÍDOS CR-250","2013-11-01","***","***","***","***","***","***"]
["ASFALTOS DILUÍDOS CR-250","2013-12-01","***","***","***","***","***","***"]
["ASFALTOS DILUÍDOS CR-250","2014-01-01","***","***","***",1.7055,"***",1.7055]
["ASFALTOS DILUÍDOS CR-250","2014-02-01","***","***","***","***","***","***"]
["ASFALTOS DILUÍDOS CR-250","2014-03-01","***","***","***","***","***","***"]
["ASFALTOS DILUÍDOS CR-250","2014-04-01","***","***","***","***","***","***"]
["ASFALTOS DILUÍDOS CR-250","2014-05-01","***","***","***","***",1.334,1.334]
["ASFALTOS DILUÍDOS CR-250","2014-06-01","***","***","***","***",1.7875,1.7875]
["ASFALTOS DILUÍDOS CR-250","2014-07-01","***","***","***","***","***","***"]
["ASFALTOS DILUÍDOS CR-250","2014-08-01","***","***","***",1.7022,"***",1.7022]
["ASFALTOS DILUÍDOS CR-250","2014-09-01","***","***","***",1.7039,"***",1.7039]
["ASFALTOS DILUÍDOS CR-250","2014-10-01","***","***","***",1.703,"***",1.703]
["ASFALTOS DILUÍDOS CR-250","2014-11-01","***","***","***","***","***","***"]
["ASFALTOS DILUÍDOS CR-250","2014-12-01","***","***","***","***","***","***"]
["ASFALTOS DILUÍDOS CR-250","2015-01-01","***","***","***","***","***","***"]
["ASFALTOS DILUÍDOS CR-250","2015-02-01","***","***","***","***",1.5871,1.5871]
["ASFALTOS DILUÍDOS CR-250","2015-03-01","***","***","***","***","***","***"]
["ASFALTOS DILUÍDOS CR-250","2015-04-01","***","***","***","***","***","***"]
["ASFALTOS DILUÍDOS CR-250","2015-05-01","***","***","***","***","***","***"]
["ASFALTOS DILUÍDOS CR-250","2015-06-01","***","***","***",2.3921,"***",2.3921]
["ASFALTOS DILUÍDOS CR-250","2015-07-01","***","***","***","***","***","***"]
["ASFALTOS DILUÍDOS CR-250","2015-08-01","***","***","***","***","***","***"]
["ASFALTOS DILUÍDOS CR-250","2015-09-01","***","***","***",2.3886,"***",2.3886]
["ASFALTOS DILUÍDOS CR-250","2015-10-01","***","***","***","***","***","***"]
["ASFALTOS DILUÍDOS CR-250","2015-11-01","***","***","***","***",1.2641,1.2641]
["ASFALTOS DILUÍDOS CR-250","2015-12-01","***","***","***","***","***","***"]
["ASFALTOS DILUÍDOS CR-250","2016-01-01","***","***","***","***","***","***"]
["ASFALTOS DILUÍDOS CR-250","2016-02-01","***","***","***","***","***","***"]
["ASFALTOS DILUÍDOS CR-250","2016-03-01","***","***","***","***","***","***"]
["ASFALTOS DILUÍDOS CR-250","2016-04-01","***","***","***","***","***","***"]
["ASFALTOS DILUÍDOS CR-250","2016-05-01","***","***","***","***","***","***"]
["ASFALTOS DILUÍDOS CR-250","2016-06-01","***","***","***","***","***","***"]
["ASFALTOS DILUÍDOS CR-250","2016-07-01","***","***","***","***","***","***"]
["ASFALTOS DILUÍDOS CR-250","2016-08-01","***","***","***","***","***","***"]
["ASFALTOS DILUÍDOS CR-250","2016-09-01","***","***","***","***","***","***"]
["ASFALTOS DILUÍDOS CR-250","2016-10-01","***","***","***","***","***","***"]
["ASFALTOS DILUÍDOS CR-250","2016-11-01","***","***","***","***","***","***"]
["ASFALTOS DILUÍDOS CR-250","2016-12-01","***","***","***","***","***","***"]
["ASFALTOS DILUÍDOS CR-250","2017-01-01","***","***","***","***","***","***"]
["ASFALTOS DILUÍDOS CR-250","2017-02-01","***","***","***","***","***","***"]
["ASFALTOS DILUÍDOS CR-250","2017-03-01","***","***","***","***","***","***"]
["ASFALTOS DILUÍDOS CR-250","2017-04-01","***","***","***","***","***","***"]
["ASFALTOS DILUÍDOS CR-250","2017-05-01","***","***","***","***","***","***"]
["ASFALTOS DILUÍDOS CR-250","2017-06-01","***","***","***","***","***","***"]
["ASFALTOS DILUÍDOS CR-250","2017-07-01","***","***","***","***","***","***"]
["ASFALTOS DILUÍDOS CR-250","2017-08-01","***","***","***","***","***","***"]
["ASFALTOS DILUÍDOS CR-250","2017-09-01","***","***","***","***","***","***"]
["ASFALTOS DILUÍDOS CR-250","2017-10-01","***","***","***","***","***","***"]
["ASFALTOS DILUÍDOS CR-250","2017-11-01","***","***","***","***","***","***"]
["ASFALTOS DILUÍDOS CR-250","2017-12-01","***","***","***","***","***","***"]
["ASFALTOS DILUÍDOS CR-250","2018-01-01","***","***","***","***","***","***"]
["ASFALTOS DILUÍDOS CR-250","2018-02-01","***","***","***","***","***","***"]
["ASFALTOS DILUÍDOS CR-250","2018-03-01","***","***","***","***","***","***"]
["ASFALTOS DILUÍDOS CR-250","2018-04-01","***","***","***","***","***","***"]
["ASFALTOS DILUÍDOS CR-250","2018-05-01","***","***","***","***","***","***"]
["ASFALTOS DILUÍDOS CR-250","2018-06-01","***","***","***","***","***","***"]
["ASFALTOS DILUÍDOS CR-250","2018-07-01","***","***","***","***","***","***"]
["ASFALTOS DILUÍDOS CR-250","2018-08-01","***","***","***","***","***","***"]
["ASFALTOS DILUÍDOS CR-250","2018-09-01","***","***","***","***","***","***"]
["ASFALTOS DILUÍDOS CR-250","2018-10-01","***","***","***","***","***","***"]
["ASFALTOS DILUÍDOS CR-250","2018-11-01","***","***","***","***","***","***"]
["ASFALTOS DILUÍDOS CR-250","2018-12-01","***","***","***","***","***","***"]
["ASFALTOS DILUÍDOS CR-250","2019-01-01","***","***","***","***","***","***"]
["ASFALTOS DILUÍDOS CR-250","2019-02-01","***","***","***","***","***","***"]
["ASFALTOS DILUÍDOS CR-250","2019-03-01","***","***","***","***","***","***"]
["ASFALTOS DILUÍDOS CR-250","2019-04-01","***","***","***","***","***","***"]
["ASFALTOS DILUÍDOS CR-250","2019-05-01","***","***","***","***","***","***"]
["ASFALTOS DILUÍDOS CR-250","2019-06-01","***","***","***","***","***","***"]
["ASFALTOS DILUÍDOS CR-250","2019-07-01","***","***","***","***","***","***"]
["ASFALTOS DILUÍDOS CR-250","2019-08-01","***","***","***","***","***","***"]
["ASFALTOS DILUÍDOS CR-250","2019-09-01","***","***","***","***","***","***"]
["ASFALTOS DILUÍDOS CR-250","2019-10-01","***","***","***","***","***","***"]
["ASFALTOS DILUÍDOS CR-250","2019-11-01","***","***","***","***","***","***"]
["ASFALTOS DILUÍDOS CR-250","2019-12-01","***","***","***","***","***","***"]
["ASFALTOS DILUÍDOS CR-250","2020-01-01","***","***","***","***","***","***"]
["ASFALTOS DILUÍDOS CR-250","2020-02-01","***","***","***","***","***","***"]
["ASFALTOS DILUÍDOS CR-250","2020-03-01","***","***","***","***","***","***"]
["ASFALTOS DILUÍDOS CR-250","2020-04-01","***","***","***","***","***","***"]
["ASFALTOS DILUÍDOS CR-250","2020-05-01","***","***","***","***","***","***"]
["ASFALTOS DILUÍDOS CR-250","2020-06-01","***","***","***","***","***","***"]
["ASFALTOS DILUÍDOS CR-250","2020-07-01","***","***","***","***","***","***"]
["ASFALTOS DILUÍDOS CR-250","2020-08-01","***","***","***","***","***","***"]
["ASFALTOS DILUÍDOS CR-250","2020-09-01","***","***","***","***","***","***"]
["ASFALTOS DILUÍDOS CR-250","2020-10-01","***","***","***","***","***","***"]
["ASFALTOS DILUÍDOS CR-250","2020-11-01","***","***","***","***","***","***"]
["ASFALTOS DILUÍDOS CR-250","2020-12-01","***","***","***","***","***","***"]
["ASFALTOS DILUÍDOS CR-250","2021-01-01","***","***","***","***","***","***"]
["ASFALTOS DILUÍDOS CR-250","2021-02-01","***","***","***","***","***","***"]
["ASFALTOS DILUÍDOS CR-250","2021-03-01","***","***","***","***","***","***"]
["ASFALTOS DILUÍDOS CR-250","2021-04-01","***","***","***","***","***","***"]
["ASFALTOS DILUÍDOS CR-250","2021-05-01","***","***","***","***","***","***"]
["ASFALTOS DILUÍDOS CR-250","2021-06-01","***","***","***","***","***","***"]
["ASFALTOS DILUÍDOS CR-250","2021-07-01","***","***","***","***","***","***"]
["ASFALTOS DILUÍDOS CR-250","2021-08-01","***","***","***","***","***","***"]
["ASFALTOS DILUÍDOS CR-250","2021-09-01","***","***","***","***","***","***"]
["ASFALTOS DILUÍDOS CR-250","2021-10-01","***","***","***","***","***","***"]
["ASFALTOS DILUÍDOS CR-250","2021-11-01","***","***","***","***","***","***"]
["ASFALTOS DILUÍDOS CR-250","2021-12-01","***","***","***","***","***","***"]
["ASFALTOS DILUÍDOS CR-250","2022-01-01","***","***","***","***","***","***"]
["ASFALTOS DILUÍDOS CR-250","2022-02-01","***","***","***","***","***","***"]
["ASFALTOS DILUÍDOS CR-250","2022-03-01","***","***","***","***","***","***"]
["ASFALTOS DILUÍDOS CR-250","2022-04-01","***","***","***","***","***","***"]
["ASFALTOS DILUÍDOS CR-250","2022-05-01","***","***","***","***","***","***"]
["ASFALTOS DILUÍDOS CR-250","2022-06-01","***","***","***","***","***","***"]
["ASFALTOS DILUÍDOS CR-250","2022-07-01","***","***","***","***","***","***"]
["ASFALTOS DILUÍDOS CR-250","2022-08-01","***","***","***","***","***","***"]
["ASFALTOS DILUÍDOS CR-250","2022-09-01","***","***","***","***","***","***"]
["ASFALTOS DILUÍDOS CR-250","2022-10-01","***","***","***","***","***","***"]
["ASFALTOS DILUÍDOS CR-250","2022-11-01","***","***","***","***","***","***"]
["ASFALTOS DILUÍDOS CR-250","2022-12-01","***","***","***","***","***","***"]
["ASFALTOS DILUÍDOS CR-250","2023-01-01","***","***","***","***","***","***"]
["ASFALTOS DILUÍDOS CR-250","2023-02-01","***","***","***","***","***","***"]
["ASFALTOS DILUÍDOS CR-250","2023-03-01","***","***","***","***","***","***"]
["ASFALTOS DILUÍDOS CR-250","2023-04-01","***","***","***","***","***","***"]
["ASFALTOS DILUÍDOS CR-250","2023-05-01","***","***","***","***","***","***"]
["ASFALTOS DILUÍDOS CR-250","2023-06-01","***","***","***","***","***","***"]
["ASFALTOS DILUÍDOS CR-250","2023-07-01","***","***","***","***","***","***"]
["ASFALTOS DILUÍDOS CR-250","2023-08-01","***","***","***","***","***","***"]
["ASFALTOS DILUÍDOS CR-250","2023-09-01","***","***","***","***","***","***"]
["ASFALTOS DILUÍDOS CR-250","2023-10-01","***","***","***","***","***","***"]
["ASFALTOS DILUÍDOS CR-250","2023-11-01","***","***","***","***","***","***"]
["ASFALTOS DILUÍDOS CR-250","2023-12-01","***","***","***","***","***","***"]
["ASFALTOS DILUÍDOS CR-250","2024-01-01","***","***","***","***","***","***"]
["ASFALTOS DILUÍDOS CR-250","2024-02-01","***","***","***","***","***","***"]
["ASFALTOS DILUÍDOS CR-250","2024-03-01","***","***","***","***","***","***"]
["ASFALTOS DILUÍDOS CR-250","2024-04-01","***","***","***","***","***","***"]
["ASFALTOS DILUÍDOS CR-250","2024-05-01","***","***","***","***","***","***"]
["ASFALTOS DILUÍDOS CR-250","2024-06-01","***","***","***","***","***","***"]
["ASFALTOS DILUÍDOS CR-250","2024-07-01","***","***","***","***","***","***"]
["ASFALTOS DILUÍDOS CR-250","2024-08-01","***","***","***","***","***","***"]
["ASFALTOS DILUÍDOS CR-70","2008-11-01","***","***","***","***","***","***"]
["ASFALTOS DILUÍDOS CR-70","2008-12-01","***","***","***",1.92362,"***",1.92362]
["ASFALTOS DILUÍDOS CR-70","2009-01-01","***","***","***","***","***","***"]
["ASFALTOS DILUÍDOS CR-70","2009-02-01","***","***","***","***","***","***"]
["ASFALTOS DILUÍDOS CR-70","2009-03-01","***","***","***","***","***","***"]
["ASFALTOS DILUÍDOS CR-70","2009-04-01","***","***","***","***","***","***"]
["ASFALTOS DILUÍDOS CR-70","2009-05-01","***","***","***","***","***","***"]
["ASFALTOS DILUÍDOS CR-70","2009-06-01","***","***","***","***","***","***"]
["ASFALTOS DILUÍDOS CR-70","2009-07-01","***","***","***","***","***","***"]
["ASFALTOS DILUÍDOS CR-70","2009-08-01","***","***","***","***","***","***"]
["ASFALTOS DILUÍDOS CR-70","2009-09-01","***","***","***","***","***","***"]
["ASFALTOS DILUÍDOS CR-70","2009-10-01","***","***","***","***","***","***"]
["ASFALTOS DILUÍDOS CR-70","2009-11-01","***","***","***","***","***","***"]
["ASFALTOS DILUÍDOS CR-70","2009-12-01","***","***","***","***","***","***"]
["ASFALTOS DILUÍDOS CR-70","2010-01-01","***","***","***","***","***","***"]
["ASFALTOS DILUÍDOS CR-70","2010-02-01","***","***","***","***","***","***"]
["ASFALTOS DILUÍDOS CR-70","2010-03-01","***","***","***","***","***","***"]
["ASFALTOS DILUÍDOS CR-70","2010-04-01","***","***","***","***","***","***"]
["ASFALTOS DILUÍDOS CR-70","2010-05-01","***","***","***","***","***","***"]
["ASFALTOS DILUÍDOS CR-70","2010-06-01","***","***","***","***","***","***"]
["ASFALTOS DILUÍDOS CR-70","2010-07-01","***","***","***","***","***","***"]
["ASFALTOS DILUÍDOS CR-70","2010-08-01","***","***","***","***","***","***"]
["ASFALTOS DILUÍDOS CR-70","2010-09-01","***","***","***","***","***","***"]
["ASFALTOS DILUÍDOS CR-70","2010-10-01","***","***","***","***","***","***"]
["ASFALTOS DILUÍDOS CR-70","2010-11-01","***","***","***","***","***","***"]
["ASFALTOS DILUÍDOS CR-70","2010-12-01","***","***","***","***","***","***"]
["ASFALTOS DILUÍDOS CR-70","2011-01-01","***","***","***","***","***","***"]
["ASFALTOS DILUÍDOS CR-70","2011-02-01","***","***","***","***","***","***"]
["ASFALTOS DILUÍDOS CR-70","2011-03-01","***","***","***","***","***","***"]
["ASFALTOS DILUÍDOS CR-70","2011-04-01","***","***","***","***","***","***"]
["ASFALTOS DILUÍDOS CR-70","2011-05-01","***","***","***","***","***","***"]
["ASFALTOS DILUÍDOS CR-70","2011-06-01","***","***","***","***","***","***"]
["ASFALTOS DILUÍDOS CR-70","2011-07-01","***","***","***","***","***","***"]
["ASFALTOS DILUÍDOS CR-70","2011-08-01","***","***","***","***","***","***"]
["ASFALTOS DILUÍDOS CR-70","2011-09-01","***","***","***","***","***","***"]
["ASFALTOS DILUÍDOS CR-70","2011-10-01","***","***","***","***","***","***"]
["ASFALTOS DILUÍDOS CR-70","2011-11-01","***","***","***","***","***","***"]
["ASFALTOS DILUÍDOS CR-70","2011-12-01","***","***","***","***","***","***"]
["ASFALTOS DILUÍDOS CR-70","2012-01-01","***","***","***","***","***","***"]
["ASFALTOS DILUÍDOS CR-70","2012-02-01","***","***","***","***","***","***"]
["ASFALTOS DILUÍDOS CR-70","2012-03-01","***","***","***","***","***","***"]
["ASFALTOS DILUÍDOS CR-70","2012-04-01","***","***","***","***","***","***"]
["ASFALTOS DILUÍDOS CR-70","2012-05-01","***","***","***","***","***","***"]
["ASFALTOS DILUÍDOS CR-70","2012-06-01","***","***","***","***","***","***"]
["ASFALTOS DILUÍDOS CR-70","2012-07-01","***","***","***","***","***","***"]
["ASFALTOS DILUÍDOS CR-70","2012-08-01","***","***","***","***","***","***"]
["ASFALTOS DILUÍDOS CR-70","2012-09-01","***","***","***","***","***","***"]
["ASFALTOS DILUÍDOS CR-70","2012-10-01","***","***","***","***","***","***"]
["ASFALTOS DILUÍDOS CR-70","2012-11-01","***","***","***","***","***","***"]
["ASFALTOS DILUÍDOS CR-70","2012-12-01","***","***","***","***","***","***"]
["ASFALTOS DILUÍDOS CR-70","2013-01-01","***","***","***","***","***","***"]
["ASFALTOS DILUÍDOS CR-70","2013-02-01","***","***","***","***","***","***"]
["ASFALTOS DILUÍDOS CR-70","2013-03-01","***","***","***","***","***","***"]
["ASFALTOS DILUÍDOS CR-70","2013-04-01","***","***","***","***","***","***"]
["ASFALTOS DILUÍDOS CR-70","2013-05-01","***","***","***","***","***","***"]
["ASFALTOS DILUÍDOS CR-70","2013-06-01","***","***","***","***","***","***"]
["ASFALTOS DILUÍDOS CR-70","2013-07-01","***","***","***","***","***","***"]
["ASFALTOS DILUÍDOS CR-70","2013-08-01","***","***","***","***","***","***"]
["ASFALTOS DILUÍDOS CR-70","2013-09-01","***","***","***","***","***","***"]
["ASFALTOS DILUÍDOS CR-70","2013-10-01","***","***","***","***","***","***"]
["ASFALTOS DILUÍDOS CR-70","2013-11-01","***","***","***","***","***","***"]
["ASFALTOS DILUÍDOS CR-70","2013-12-01","***","***","***","***","***","***"]
["ASFALTOS DILUÍDOS CR-70","2014-01-01","***","***","***","***","***","***"]
["ASFALTOS DILUÍDOS CR-70","2014-02-01","***","***","***","***","***","***"]
["ASFALTOS DILUÍDOS CR-70","2014-03-01","***","***","***","***","***","***"]
["ASFALTOS DILUÍDOS CR-70","2014-04-01","***","***","***","***","***","***"]
["ASFALTOS DILUÍDOS CR-70","2014-05-01","***","***","***","***","***","***"]
["ASFALTOS DILUÍDOS CR-70","2014-06-01","***","***","***","***","***","***"]
["ASFALTOS DILUÍDOS CR-70","2014-07-01","***","***","***","***","***","***"]
["ASFALTOS DILUÍDOS CR-70","2014-08-01","***","***","***","***","***","***"]
["ASFALTOS DILUÍDOS CR-70","2014-09-01","***","***","***","***","***","***"]
["ASFALTOS DILUÍDOS CR-70","2014-10-01","***","***","***","***","***","***"]
["ASFALTOS DILUÍDOS CR-70","2014-11-01","***","***","***","***","***","***"]
["ASFALTOS DILUÍDOS CR-70","2014-12-01","***","***","***","***","***","***"]
["ASFALTOS DILUÍDOS CR-70","2015-01-01","***","***","***","***","***","***"]
["ASFALTOS DILUÍDOS CR-70","2015-02-01","***","***","***","***","***","***"]
["ASFALTOS DILUÍDOS CR-70","2015-03-01","***","***","***","***","***","***"]
["ASFALTOS DILUÍDOS CR-70","2015-04-01","***","***","***","***","***","***"]
["ASFALTOS DILUÍDOS CR-70","2015-05-01","***","***","***","***","***","***"]
["ASFALTOS DILUÍDOS CR-70","2015-06-01","***","***","***","***","***","***"]
["ASFALTOS DILUÍDOS CR-70","2015-07-01","***","***","***","***","***","***"]
["ASFALTOS DILUÍDOS CR-70","2015-08-01","***","***","***","***","***","***"]
["ASFALTOS DILUÍDOS CR-70","2015-09-01","***","***","***","***","***","***"]
["ASFALTOS DILUÍDOS CR-70","2015-10-01","***","***","***","***","***","***"]
["ASFALTOS DILUÍDOS CR-70","2015-11-01","***","***","***","***","***","***"]
["ASFALTOS DILUÍDOS CR-70","2015-12-01","***","***","***","***","***","***"]
["ASFALTOS DILUÍDOS CR-70","2016-01-01","***","***","***","***","***","***"]
["ASFALTOS DILUÍDOS CR-70","2016-02-01","***","***","***","***","***","***"]
["ASFALTOS DILUÍDOS CR-70","2016-03-01","***","***","***","***","***","***"]
["ASFALTOS DILUÍDOS CR-70","2016-04-01","***","***","***","***","***","***"]
["ASFALTOS DILUÍDOS CR-70","2016-05-01","***","***","***","***","***","***"]
["ASFALTOS DILUÍDOS CR-70","2016-06-01","***","***","***","***","***","***"]
["ASFALTOS DILUÍDOS CR-70","2016-07-01","***","***","***","***","***","***"]
["ASFALTOS DILUÍDOS CR-70","2016-08-01","***","***","***","***","***","***"]
["ASFALTOS DILUÍDOS CR-70","2016-09-01","***","***","***","***","***","***"]
["ASFALTOS DILUÍDOS CR-70","2016-10-01","***","***","***","***","***","***"]
["ASFALTOS DILUÍDOS CR-70","2016-11-01","***","***","***","***","***","***"]
["ASFALTOS DILUÍDOS CR-70","2016-12-01","***","***","***","***","***","***"]
["ASFALTOS DILUÍDOS CR-70","2017-01-01","***","***","***","***","***","***"]
["ASFALTOS DILUÍDOS CR-70","2017-02-01","***","***","***","***","***","***"]
["ASFALTOS DILUÍDOS CR-70","2017-03-01","***","***","***","***","***","***"]
["ASFALTOS DILUÍDOS CR-70","2017-04-01","***","***","***","***","***","***"]
["ASFALTOS DILUÍDOS CR-70","2017-05-01","***","***","***","***","***","***"]
["ASFALTOS DILUÍDOS CR-70","2017-06-01","***","***","***","***","***","***"]
["ASFALTOS DILUÍDOS CR-70","2017-07-01","***","***","***","***","***","***"]
["ASFALTOS DILUÍDOS CR-70","2017-08-01","***","***","***","***","***","***"]
["ASFALTOS DILUÍDOS CR-70","2017-09-01","***","***","***","***","***","***"]
["ASFALTOS DILUÍDOS CR-70","2017-10-01","***","***","***","***","***","***"]
["ASFALTOS DILUÍDOS CR-70","2017-11-01","***","***","***","***","***","***"]
["ASFALTOS DILUÍDOS CR-70","2017-12-01","***","***","***","***","***","***"]
["ASFALTOS DILUÍDOS CR-70","2018-01-01","***","***","***","***","***","***"]
["ASFALTOS DILUÍDOS CR-70","2018-02-01","***","***","***","***","***","***"]
["ASFALTOS DILUÍDOS CR-70","2018-03-01","***","***","***","***","***","***"]
["ASFALTOS DILUÍDOS CR-70","2018-04-01","***","***","***","***","***","***"]
["ASFALTOS DILUÍDOS CR-70","2018-05-01","***","***","***","***","***","***"]
["ASFALTOS DILUÍDOS CR-70","2018-06-01","***","***","***","***","***","***"]
["ASFALTOS DILUÍDOS CR-70","2018-07-01","***","***","***","***","***","***"]
["ASFALTOS DILUÍDOS CR-70","2018-08-01","***","***","***","***","***","***"]
["ASFALTOS DILUÍDOS CR-70","2018-09-01","***","***","***","***","***","***"]
["ASFALTOS DILUÍDOS CR-70","2018-10-01","***","***","***","***","***","***"]
["ASFALTOS DILUÍDOS CR-70","2018-11-01","***","***","***","***","***","***"]
["ASFALTOS DILUÍDOS CR-70","2018-12-01","***","***","***","***","***","***"]
["ASFALTOS DILUÍDOS CR-70","2019-01-01","***","***","***","***","***","***"]
["ASFALTOS DILUÍDOS CR-70","2019-02-01","***","***","***","***","***","***"]
["ASFALTOS DILUÍDOS CR-70","2019-03-01","***","***","***","***","***","***"]
["ASFALTOS DILUÍDOS CR-70","2019-04-01","***","***","***","***","***","***"]
["ASFALTOS DILUÍDOS CR-70","2019-05-01","***","***","***","***","***","***"]
["ASFALTOS DILUÍDOS CR-70","2019-06-01","***","***","***","***","***","***"]
["ASFALTOS DILUÍDOS CR-70","2019-07-01","***","***","***","***","***","***"]
["ASFALTOS DILUÍDOS CR-70","2019-08-01","***","***","***","***","***","***"]
["ASFALTOS DILUÍDOS CR-70","2019-09-01","***","***","***","***","***","***"]
["ASFALTOS DILUÍDOS CR-70","2019-10-01","***","***","***","***","***","***"]
["ASFALTOS DILUÍDOS CR-70","2019-11-01","***","***","***","***","***","***"]
["ASFALTOS DILUÍDOS CR-70","2019-12-01","***","***","***","***","***","***"]
["ASFALTOS DILUÍDOS CR-70","2020-01-01","***","***","***","***","***","***"]
["ASFALTOS DILUÍDOS CR-70","2020-02-01","***","***","***","***","***","***"]
["ASFALTOS DILUÍDOS CR-70","2020-03-01","***","***","***","***","***","***"]
["ASFALTOS DILUÍDOS CR-70","2020-04-01","***","***","***","***","***","***"]
["ASFALTOS DILUÍDOS CR-70","2020-05-01","***","***","***","***","***","***"]
["ASFALTOS DILUÍDOS CR-70","2020-06-01","***","***","***","***","***","***"]
["ASFALTOS DILUÍDOS CR-70","2020-07-01","***","***","***","***","***","***"]
["ASFALTOS DILUÍDOS CR-70","2020-08-01","***","***","***","***","***","***"]
["ASFALTOS DILUÍDOS CR-70","2020-09-01","***","***","***","***","***","***"]
["ASFALTOS DILUÍDOS CR-70","2020-10-01","***","***","***","***","***","***"]
["ASFALTOS DILUÍDOS CR-70","2020-11-01","***","***","***","***","***","***"]
["ASFALTOS DILUÍDOS CR-70","2020-12-01","***","***","***","***","***","***"]
["ASFALTOS DILUÍDOS CR-70","2021-01-01","***","***","***","***","***","***"]
["ASFALTOS DILUÍDOS CR-70","2021-02-01","***","***","***","***","***","***"]
["ASFALTOS DILUÍDOS CR-70","2021-03-01","***","***","***","***","***","***"]
["ASFALTOS DILUÍDOS CR-70","2021-04-01","***","***","***","***","***","***"]
["ASFALTOS DILUÍDOS CR-70","2021-05-01","***","***","***","***","***","***"]
["ASFALTOS DILUÍDOS CR-70","2021-06-01","***","***","***","***","***","***"]
["ASFALTOS DILUÍDOS CR-70","2021-07-01","***","***","***","***","***","***"]
["ASFALTOS DILUÍDOS CR-70","2021-08-01","***","***","***","***","***","***"]
["ASFALTOS DILUÍDOS CR-70","2021-09-01","***","***","***","***","***","***"]
["ASFALTOS DILUÍDOS CR-70","2021-10-01","***","***","***","***","***","***"]
["ASFALTOS DILUÍDOS CR-70","2021-11-01","***","***","***","***","***","***"]
["ASFALTOS DILUÍDOS CR-70","2021-12-01","***","***","***","***","***","***"]
["ASFALTOS DILUÍDOS CR-70","2022-01-01","***","***","***","***","***","***"]
["ASFALTOS DILUÍDOS CR-70","2022-02-01","***","***","***","***","***","***"]
["ASFALTOS DILUÍDOS CR-70","2022-03-01","***","***","***","***","***","***"]
["ASFALTOS DILUÍDOS CR-70","2022-04-01","***","***","***","***","***","***"]
["ASFALTOS DILUÍDOS CR-70","2022-05-01","***","***","***","***","***","***"]
["ASFALTOS DILUÍDOS CR-70","2022-06-01","***","***","***","***","***","***"]
["ASFALTOS DILUÍDOS CR-70","2022-07-01","***","***","***","***","***","***"]
["ASFALTOS DILUÍDOS CR-70","2022-08-01","***","***","***","***","***","***"]
["ASFALTOS DILUÍDOS CR-70","2022-09-01","***","***","***","***","***","***"]
["ASFALTOS DILUÍDOS CR-70","2022-10-01","***","***","***","***","***","***"]
["ASFALTOS DILUÍDOS CR-70","2022-11-01","***","***","***","***","***","***"]
["ASFALTOS DILUÍDOS CR-70","2022-12-01","***","***","***","***","***","***"]
["ASFALTOS DILUÍDOS CR-70","2023-01-01","***","***","***","***","***","***"]
["ASFALTOS DILUÍDOS CR-70","2023-02-01","***","***","***","***","***","***"]
["ASFALTOS DILUÍDOS CR-70","2023-03-01","***","***","***","***","***","***"]
["ASFALTOS DILUÍDOS CR-70","2023-04-01","***","***","***","***","***","***"]
["ASFALTOS DILUÍDOS CR-70","2023-05-01","***","***","***","***","***","***"]
["ASFALTOS DILUÍDOS CR-70","2023-06-01","***","***","***","***","***","***"]
["ASFALTOS DILUÍDOS CR-70","2023-07-01","***","***","***","***","***","***"]
["ASFALTOS DILUÍDOS CR-70","2023-08-01","***","***","***","***","***","***"]
["ASFALTOS DILUÍDOS CR-70","2023-09-01","***","***","***","***","***","***"]
["ASFALTOS DILUÍDOS CR-70","2023-10-01","***","***","***","***","***","***"]
["ASFALTOS DILUÍDOS CR-70","2023-11-01","***","***","***","***","***","***"]
["ASFALTOS DILUÍDOS CR-70","2023-12-01","***","***","***","***","***","***"]
["ASFALTOS DILUÍDOS CR-70","2024-01-01","***","***","***","***","***","***"]
["ASFALTOS DILUÍDOS CR-70","2024-02-01","***","***","***","***","***","***"]
["ASFALTOS DILUÍDOS CR-70","2024-03-01","***","***","***","***","***","***"]
["ASFALTOS DILUÍDOS CR-70","2024-04-01","***","***","***","***","***","***"]
["ASFALTOS DILUÍDOS CR-70","2024-05-01","***","***","***","***","***","***"]
["ASFALTOS DILUÍDOS CR-70","2024-06-01","***","***","***","***","***","***"]
["ASFALTOS DILUÍDOS CR-70","2024-07-01","***","***","***","***","***","***"]
["ASFALTOS DILUÍDOS CR-70","2024-08-01","***","***","***","***","***","***"]
["CAP MODIFICADO POR BORRACHA DE PNEU AB22","2009-12-01","***","***","***",1.123465,1.14841602384517,1.14352879836629]
["CAP MODIFICADO POR BORRACHA DE PNEU AB22","2010-01-01","***","***","***",1.15307,1.11355689543527,1.11727379781872]
["CAP MODIFICADO POR BORRACHA DE PNEU AB22","2010-02-01","***","***","***",1.15263,1.0478505613046,1.05584250609796]
["CAP MODIFICADO POR BORRACHA DE PNEU AB22","2010-03-01","***","***","***",1.15307,1.31,1.23787552880398]
["CAP MODIFICADO POR BORRACHA DE PNEU AB22","2010-04-01","***","***","***",1.15307,1.2383678377406,1.22350010471593]
["CAP MODIFICADO POR BORRACHA DE PNEU AB22","2010-05-01","***","***","***",1.15307,1.33598924774323,1.2764934501895]
["CAP MODIFICADO POR BORRACHA DE PNEU AB22","2010-06-01","***","***","***",1.15307,1.23805302172289,1.23292365204744]
["CAP MODIFICADO POR BORRACHA DE PNEU AB22","2010-07-01","***","***","***",1.22255129215116,1.19691654370939,1.1987192796909]
["CAP MODIFICADO POR BORRACHA DE PNEU AB22","2010-08-01","***","***","***",1.15198,1.10951533400309,1.11015994296941]
["CAP MODIFICADO POR BORRACHA DE PNEU AB22","2010-09-01","***","***","***",1.14992443589224,1.10835866411113,1.11018411791916]
["CAP MODIFICADO POR BORRACHA DE PNEU AB22","2010-10-01","***","***","***",1.18340258631817,1.11934211231611,1.12604694560775]
["CAP MODIFICADO POR BORRACHA DE PNEU AB22","2010-11-01","***","***","***",1.22886443305187,1.06414014881364,1.08885110158067]
["CAP MODIFICADO POR BORRACHA DE PNEU AB22","2010-12-01","***","***","***",1.24628,1.07197751535279,1.07893235184097]
["CAP MODIFICADO POR BORRACHA DE PNEU AB22","2011-01-01","***","***","***",1.24628,0.986896948326913,1.03500259773603]
["CAP MODIFICADO POR BORRACHA DE PNEU AB22","2011-02-01","***","***","***",1.22263095851776,1.09275169426462,1.11805610644728]
["CAP MODIFICADO POR BORRACHA DE PNEU AB22","2011-03-01","***","***","***",1.23556025335056,1.09455771184085,1.14616859610891]
["CAP MODIFICADO POR BORRACHA DE PNEU AB22","2011-04-01","***","***","***",1.10591893363101,1.08143331705332,1.09980965107895]
["CAP MODIFICADO POR BORRACHA DE PNEU AB22","2011-05-01","***","***","***",1.12767874276006,1.17281046651747,1.13454516192397]
["CAP MODIFICADO POR BORRACHA DE PNEU AB22","2011-06-01","***","***","***",1.10881648208522,1.04174121565362,1.09883215980059]
["CAP MODIFICADO POR BORRACHA DE PNEU AB22","2011-07-01","***","***","***",1.16905082660696,1.19844243575537,1.17702278002004]
["CAP MODIFICADO POR BORRACHA DE PNEU AB22","2011-08-01","***","***","***",1.17398939415592,1.19788061479924,1.17701568210241]
["CAP MODIFICADO POR BORRACHA DE PNEU AB22","2011-09-01","***","***","***",1.21206134285992,1.19754998609179,1.20946360319089]
["CAP MODIFICADO POR BORRACHA DE PNEU AB22","2011-10-01","***","***","***",1.28062079261243,1.05204504663116,1.19023026800578]
["CAP MODIFICADO POR BORRACHA DE PNEU AB22","2011-11-01","***","***","***",1.23827088142907,1.05597039475261,1.16512327807188]
["CAP MODIFICADO POR BORRACHA DE PNEU AB22","2011-12-01","***","***","***",1.27929694805836,1.1310173506943,1.23204237484196]
["CAP MODIFICADO POR BORRACHA DE PNEU AB22","2012-01-01","***","***","***",1.28229887431821,1.17346682510885,1.2535014543418]
["CAP MODIFICADO POR BORRACHA DE PNEU AB22","2012-02-01","***","***","***",1.29660075602638,1.07840725864584,1.22349632035192]
["CAP MODIFICADO POR BORRACHA DE PNEU AB22","2012-03-01","***","***","***",1.29781835631012,1.14579790525495,1.23042711225724]
["CAP MODIFICADO POR BORRACHA DE PNEU AB22","2012-04-01","***","***","***",1.29488572339705,1.04996731285895,1.15352643920007]
["CAP MODIFICADO POR BORRACHA DE PNEU AB22","2012-05-01","***","***","***",1.33,1.14880803211425,1.16606964555968]
["CAP MODIFICADO POR BORRACHA DE PNEU AB22","2012-06-01","***","***","***","***",1.1093051257435,1.1093051257435]
["CAP MODIFICADO POR BORRACHA DE PNEU AB22","2012-07-01","***","***","***","***",1.16358684022887,1.16358684022887]
["CAP MODIFICADO POR BORRACHA DE PNEU AB22","2012-08-01","***","***","***",1.06374,1.14140617138184,1.13630619355763]
["CAP MODIFICADO POR BORRACHA DE PNEU AB22","2012-09-01","***","***","***",1.06374,1.27977738874656,1.20691809332159]
["CAP MODIFICADO POR BORRACHA DE PNEU AB22","2012-10-01","***","***","***",1.06867,1.2379055871702,1.21588767247199]
["CAP MODIFICADO POR BORRACHA DE PNEU AB22","2012-11-01","***","***","***","***",1.26174773969631,1.26174773969631]
["CAP MODIFICADO POR BORRACHA DE PNEU AB22","2012-12-01","***","***","***","***",1.31180675726689,1.31180675726689]
["CAP MODIFICADO POR BORRACHA DE PNEU AB22","2013-01-01","***","***","***","***",1.29059891459513,1.29059891459513]
["CAP MODIFICADO POR BORRACHA DE PNEU AB22","2013-02-01","***","***","***","***",1.15569691154971,1.15569691154971]
["CAP MODIFICADO POR BORRACHA DE PNEU AB22","2013-03-01","***","***","***","***",1.3072032579042,1.3072032579042]
["CAP MODIFICADO POR BORRACHA DE PNEU AB22","2013-04-01","***","***","***","***",1.19642693878824,1.19642693878824]
["CAP MODIFICADO POR BORRACHA DE PNEU AB22","2013-05-01","***","***","***","***",1.2685492001459,1.2685492001459]
["CAP MODIFICADO POR BORRACHA DE PNEU AB22","2013-06-01","***","***","***","***",1.15636300364002,1.15636300364002]
["CAP MODIFICADO POR BORRACHA DE PNEU AB22","2013-07-01","***","***","***","***",1.28725862182348,1.28725862182348]
["CAP MODIFICADO POR BORRACHA DE PNEU AB22","2013-08-01","***","***","***","***",1.3293076114274,1.3293076114274]
["CAP MODIFICADO POR BORRACHA DE PNEU AB22","2013-09-01","***","***","***","***","***","***"]
["CAP MODIFICADO POR BORRACHA DE PNEU AB22","2013-10-01","***","***","***","***","***","***"]
["CAP MODIFICADO POR BORRACHA DE PNEU AB22","2013-11-01","***","***","***",1.2402,"***",1.2402]
["CAP MODIFICADO POR BORRACHA DE PNEU AB22","2013-12-01","***","***","***",1.2402,"***",1.2402]
["CAP MODIFICADO POR BORRACHA DE PNEU AB22","2014-01-01","***","***","***",1.2376,"***",1.2376]
["CAP MODIFICADO POR BORRACHA DE PNEU AB22","2014-02-01","***","***","***",1.2376,"***",1.2376]
["CAP MODIFICADO POR BORRACHA DE PNEU AB22","2014-03-01","***","***","***",1.258,1.5686,1.28524816648822]
["CAP MODIFICADO POR BORRACHA DE PNEU AB22","2014-04-01","***","***","***",1.2567,"***",1.2567]
["CAP MODIFICADO POR BORRACHA DE PNEU AB22","2014-05-01","***","***","***",1.26485285091997,"***",1.26485285091997]
["CAP MODIFICADO POR BORRACHA DE PNEU AB22","2014-06-01","***","***","***",1.26965625574373,"***",1.26965625574373]
["CAP MODIFICADO POR BORRACHA DE PNEU AB22","2014-07-01","***","***","***",1.2954,"***",1.2954]
["CAP MODIFICADO POR BORRACHA DE PNEU AB22","2014-08-01","***","***","***",1.31185050578693,"***",1.31185050578693]
["CAP MODIFICADO POR BORRACHA DE PNEU AB22","2014-09-01","***","***","***","***","***","***"]
["CAP MODIFICADO POR BORRACHA DE PNEU AB22","2014-10-01","***","***","***","***",1.24963657289003,1.24963657289003]
["CAP MODIFICADO POR BORRACHA DE PNEU AB22","2014-11-01","***","***","***","***","***","***"]
["CAP MODIFICADO POR BORRACHA DE PNEU AB22","2014-12-01","***","***","***","***","***","***"]
["CAP MODIFICADO POR BORRACHA DE PNEU AB22","2015-01-01","***","***","***","***","***","***"]
["CAP MODIFICADO POR BORRACHA DE PNEU AB22","2015-02-01","***","***","***","***","***","***"]
["CAP MODIFICADO POR BORRACHA DE PNEU AB22","2015-03-01","***","***","***","***","***","***"]
["CAP MODIFICADO POR BORRACHA DE PNEU AB22","2015-04-01","***","***","***","***","***","***"]
["CAP MODIFICADO POR BORRACHA DE PNEU AB22","2015-05-01","***","***","***","***","***","***"]
["CAP MODIFICADO POR BORRACHA DE PNEU AB22","2015-06-01","***","***","***","***","***","***"]
["CAP MODIFICADO POR BORRACHA DE PNEU AB22","2015-07-01","***","***","***","***","***","***"]
["CAP MODIFICADO POR BORRACHA DE PNEU AB22","2015-08-01","***","***","***",1.2886,1.575,1.43168759321443]
["CAP MODIFICADO POR BORRACHA DE PNEU AB22","2015-09-01","***","***","***",1.34940401695297,1.63024999771088,1.46059448885264]
["CAP MODIFICADO POR BORRACHA DE PNEU AB22","2015-10-01","***","***","***",1.38312191948101,1.67199,1.46172395044582]
["CAP MODIFICADO POR BORRACHA DE PNEU AB22","2015-11-01","***","***","***",1.47754997256666,"***",1.47754997256666]
["CAP MODIFICADO POR BORRACHA DE PNEU AB22","2015-12-01","***","***","***","***","***","***"]
["CAP MODIFICADO POR BORRACHA DE PNEU AB22","2016-01-01","***","***","***","***","***","***"]
["CAP MODIFICADO POR BORRACHA DE PNEU AB22","2016-02-01","***","***","***","***","***","***"]
["CAP MODIFICADO POR BORRACHA DE PNEU AB22","2016-03-01","***","***","***","***",1.6474,1.6474]
["CAP MODIFICADO POR BORRACHA DE PNEU AB22","2016-04-01","***","***","***","***",1.9315,1.9315]
["CAP MODIFICADO POR BORRACHA DE PNEU AB22","2016-05-01","***","***","***","***",1.9306,1.9306]
["CAP MODIFICADO POR BORRACHA DE PNEU AB22","2016-06-01","***","***","***","***",1.9298,1.9298]
["CAP MODIFICADO POR BORRACHA DE PNEU AB22","2016-07-01","***","***","***","***",1.9291,1.9291]
["CAP MODIFICADO POR BORRACHA DE PNEU AB22","2016-08-01","***","***","***","***",1.75626579565393,1.75626579565393]
["CAP MODIFICADO POR BORRACHA DE PNEU AB22","2016-09-01","***","***",1.9316,1.70237608111738,1.6322832917768,1.68371566885369]
["CAP MODIFICADO POR BORRACHA DE PNEU AB22","2016-10-01","***","***",1.9358,1.7030172137301,1.61430205455537,1.72006962319735]
["CAP MODIFICADO POR BORRACHA DE PNEU AB22","2016-11-01","***","***",1.9358,"***",1.62578037915956,1.6876625635444]
["CAP MODIFICADO POR BORRACHA DE PNEU AB22","2016-12-01","***","***","***","***",1.68726217150853,1.68726217150853]
["CAP MODIFICADO POR BORRACHA DE PNEU AB22","2017-01-01","***","***","***","***",1.67340796989816,1.67340796989816]
["CAP MODIFICADO POR BORRACHA DE PNEU AB22","2017-02-01","***","***","***","***",1.64194293570105,1.64194293570105]
["CAP MODIFICADO POR BORRACHA DE PNEU AB22","2017-03-01","***","***","***","***",1.63011325718945,1.63011325718945]
["CAP MODIFICADO POR BORRACHA DE PNEU AB22","2017-04-01","***","***","***","***","***","***"]
["CAP MODIFICADO POR BORRACHA DE PNEU AB22","2017-05-01","***","***","***",1.7444,1.61607518008958,1.6507208966854]
["CAP MODIFICADO POR BORRACHA DE PNEU AB22","2017-06-01","***","***","***",1.73417588842698,1.61373363738558,1.67266366812657]
["CAP MODIFICADO POR BORRACHA DE PNEU AB22","2017-07-01","***","***","***","***",1.52186749024209,1.52186749024209]
["CAP MODIFICADO POR BORRACHA DE PNEU AB22","2017-08-01","***","***","***","***",1.51543070045386,1.51543070045386]
["CAP MODIFICADO POR BORRACHA DE PNEU AB22","2017-09-01","***","***","***","***",1.43008103000714,1.43008103000714]
["CAP MODIFICADO POR BORRACHA DE PNEU AB22","2017-10-01","***","***","***","***",1.65000834302386,1.65000834302386]
["CAP MODIFICADO POR BORRACHA DE PNEU AB22","2017-11-01","***","***","***","***",1.60113260726308,1.60113260726308]
["CAP MODIFICADO POR BORRACHA DE PNEU AB22","2017-12-01","***","***","***",1.67927,1.58672305341452,1.59022672179169]
["CAP MODIFICADO POR BORRACHA DE PNEU AB22","2018-01-01","***","***","***","***",1.90395177893795,1.90395177893795]
["CAP MODIFICADO POR BORRACHA DE PNEU AB22","2018-02-01","***","***","***","***",1.79221573142559,1.79221573142559]
["CAP MODIFICADO POR BORRACHA DE PNEU AB22","2018-03-01","***","***",2.0982,"***",2.02366599892723,2.03428269426556]
["CAP MODIFICADO POR BORRACHA DE PNEU AB22","2018-04-01","***","***",2.1002,"***",2.06748642506585,2.07406262256585]
["CAP MODIFICADO POR BORRACHA DE PNEU AB22","2018-05-01","***","***","***",1.8197,2.18752938960102,2.16138316649485]
["CAP MODIFICADO POR BORRACHA DE PNEU AB22","2018-06-01","***","***","***",1.9635,2.21242540399462,2.12022591116621]
["CAP MODIFICADO POR BORRACHA DE PNEU AB22","2018-07-01","***","***","***",2.1217,2.27665395307299,2.24296360251604]
["CAP MODIFICADO POR BORRACHA DE PNEU AB22","2018-08-01","***","***","***",2.29724191343964,2.39634968579153,2.37202426727916]
["CAP MODIFICADO POR BORRACHA DE PNEU AB22","2018-09-01","***","***","***",2.29419688593844,2.26473567103873,2.27076859734546]
["CAP MODIFICADO POR BORRACHA DE PNEU AB22","2018-10-01","***","***","***",2.29882848610985,2.33568485062714,2.32478311661893]
["CAP MODIFICADO POR BORRACHA DE PNEU AB22","2018-11-01","***","***","***","***",2.42982557346061,2.42982557346061]
["CAP MODIFICADO POR BORRACHA DE PNEU AB22","2018-12-01","***","***","***","***",2.71396302786425,2.71396302786425]
["CAP MODIFICADO POR BORRACHA DE PNEU AB22","2019-01-01","***","***","***","***",2.53960189757058,2.53960189757058]
["CAP MODIFICADO POR BORRACHA DE PNEU AB22","2019-02-01","***","***","***","***",2.88936194862073,2.88936194862073]
["CAP MODIFICADO POR BORRACHA DE PNEU AB22","2019-03-01","***","***","***","***",2.91027694798946,2.91027694798946]
["CAP MODIFICADO POR BORRACHA DE PNEU AB22","2019-04-01","***","***","***","***",3.00293169058119,3.00293169058119]
["CAP MODIFICADO POR BORRACHA DE PNEU AB22","2019-05-01","***","***","***","***",2.98352107519441,2.98352107519441]
["CAP MODIFICADO POR BORRACHA DE PNEU AB22","2019-06-01","***","***","***","***",3.0021841383602,3.0021841383602]
["CAP MODIFICADO POR BORRACHA DE PNEU AB22","2019-07-01","***","***","***","***",2.96313061968959,2.96313061968959]
["CAP MODIFICADO POR BORRACHA DE PNEU AB22","2019-08-01","***","***","***","***",2.91222229731135,2.91222229731135]
["CAP MODIFICADO POR BORRACHA DE PNEU AB22","2019-09-01","***","***","***","***",2.99734327402834,2.99734327402834]
["CAP MODIFICADO POR BORRACHA DE PNEU AB22","2019-10-01","***","***","***","***",2.97281684994651,2.97281684994651]
["CAP MODIFICADO POR BORRACHA DE PNEU AB22","2019-11-01","***","***","***","***",2.92578573309313,2.92578573309313]
["CAP MODIFICADO POR BORRACHA DE PNEU AB22","2019-12-01","***","***","***","***",2.92628665582111,2.92628665582111]
["CAP MODIFICADO POR BORRACHA DE PNEU AB22","2020-01-01","***","***","***","***",3.06148535707277,3.06148535707277]
["CAP MODIFICADO POR BORRACHA DE PNEU AB22","2020-02-01","***","***","***","***",2.94412497545481,2.94412497545481]
["CAP MODIFICADO POR BORRACHA DE PNEU AB22","2020-03-01","***","***","***",2.33381336564171,2.8701788772267,2.60264191401474]
["CAP MODIFICADO POR BORRACHA DE PNEU AB22","2020-04-01","***","***","***","***",2.66652694068374,2.66652694068374]
["CAP MODIFICADO POR BORRACHA DE PNEU AB22","2020-05-01","***","***","***","***",2.54515357908891,2.54515357908891]
["CAP MODIFICADO POR BORRACHA DE PNEU AB22","2020-06-01","***","***","***","***",2.5092568125,2.5092568125]
["CAP MODIFICADO POR BORRACHA DE PNEU AB22","2020-07-01","***","***","***","***",2.59246198552185,2.59246198552185]
["CAP MODIFICADO POR BORRACHA DE PNEU AB22","2020-08-01","***","***","***","***",2.72462333389896,2.72462333389896]
["CAP MODIFICADO POR BORRACHA DE PNEU AB22","2020-09-01","***","***","***","***",2.83532519731142,2.83532519731142]
["CAP MODIFICADO POR BORRACHA DE PNEU AB22","2020-10-01","***","***","***","***",2.92237073090903,2.92237073090903]
["CAP MODIFICADO POR BORRACHA DE PNEU AB22","2020-11-01","***","***","***","***",3.02336794103818,3.02336794103818]
["CAP MODIFICADO POR BORRACHA DE PNEU AB22","2020-12-01","***","***","***","***",2.75972169738418,2.75972169738418]
["CAP MODIFICADO POR BORRACHA DE PNEU AB22","2021-01-01","***","***","***","***",2.68982698839372,2.68982698839372]
["CAP MODIFICADO POR BORRACHA DE PNEU AB22","2021-02-01","***","***","***","***",2.9053264217353,2.9053264217353]
["CAP MODIFICADO POR BORRACHA DE PNEU AB22","2021-03-01","***","***","***","***",2.98232041044201,2.98232041044201]
["CAP MODIFICADO POR BORRACHA DE PNEU AB22","2021-04-01","***","***","***","***",2.98876479487925,2.98876479487925]
["CAP MODIFICADO POR BORRACHA DE PNEU AB22","2021-05-01","***","***","***",3.18985,"***",3.18985]
["CAP MODIFICADO POR BORRACHA DE PNEU AB22","2021-06-01","***","***","***",3.18985,3.43068424488908,3.3592222633833]
["CAP MODIFICADO POR BORRACHA DE PNEU AB22","2021-07-01","***","***",3.33216,3.18985,3.59975057955446,3.55079114586973]
["CAP MODIFICADO POR BORRACHA DE PNEU AB22","2021-08-01","***","***",3.48042,3.41946,3.76509191442902,3.6250442978492]
["CAP MODIFICADO POR BORRACHA DE PNEU AB22","2021-09-01","***","***",3.48769685188887,3.41946,3.7067812736464,3.57110465229687]
["CAP MODIFICADO POR BORRACHA DE PNEU AB22","2021-10-01","***","***",3.4891,"***",3.84273067140072,3.72671980109277]
["CAP MODIFICADO POR BORRACHA DE PNEU AB22","2021-11-01","***","***",3.83361253022975,"***",3.69441553673506,3.76007243624148]
["CAP MODIFICADO POR BORRACHA DE PNEU AB22","2021-12-01","***","***",3.8337,"***",4.0219128668427,3.97131670773191]
["CAP MODIFICADO POR BORRACHA DE PNEU AB22","2022-01-01","***","***","***","***",4.32824435066259,4.32824435066259]
["CAP MODIFICADO POR BORRACHA DE PNEU AB22","2022-02-01","***","***","***","***","***","***"]
["CAP MODIFICADO POR BORRACHA DE PNEU AB22","2022-03-01","***","***","***","***",4.10555734537443,4.10555734537443]
["CAP MODIFICADO POR BORRACHA DE PNEU AB22","2022-04-01","***","***","***","***",4.80644777561923,4.80644777561923]
["CAP MODIFICADO POR BORRACHA DE PNEU AB22","2022-05-01","***","***","***","***",4.34261545658469,4.34261545658469]
["CAP MODIFICADO POR BORRACHA DE PNEU AB22","2022-06-01","***","***","***",4.73407457042349,4.3603267557128,4.54335001805473]
["CAP MODIFICADO POR BORRACHA DE PNEU AB22","2022-07-01","***","***","***",4.82506184663611,4.47060224446503,4.66809277594009]
["CAP MODIFICADO POR BORRACHA DE PNEU AB22","2022-08-01","***","***",4.36579,4.71021,4.26371945470053,4.45023423696687]
["CAP MODIFICADO POR BORRACHA DE PNEU AB22","2022-09-01","***","***","***",4.46248976251667,4.35532289254788,4.42907868008086]
["CAP MODIFICADO POR BORRACHA DE PNEU AB22","2022-10-01","***","***","***",4.11825702880178,3.9235122437037,4.03911869465097]
["CAP MODIFICADO POR BORRACHA DE PNEU AB22","2022-11-01","***","***","***",4.18084083181304,3.7396840026283,4.00420461595979]
["CAP MODIFICADO POR BORRACHA DE PNEU AB22","2022-12-01","***","***","***",4.09506,3.8371325407279,4.01702720637584]
["CAP MODIFICADO POR BORRACHA DE PNEU AB22","2023-01-01","***","***","***","***",3.57402935987407,3.57402935987407]
["CAP MODIFICADO POR BORRACHA DE PNEU AB22","2023-02-01","***","***","***","***",3.62517985978013,3.62517985978013]
["CAP MODIFICADO POR BORRACHA DE PNEU AB22","2023-03-01","***","***","***","***",3.41897906718585,3.41897906718585]
["CAP MODIFICADO POR BORRACHA DE PNEU AB22","2023-04-01","***","***","***","***",3.64975677807487,3.64975677807487]
["CAP MODIFICADO POR BORRACHA DE PNEU AB22","2023-05-01","***","***","***",3.82083,3.51503875964793,3.69329465748009]
["CAP MODIFICADO POR BORRACHA DE PNEU AB22","2023-06-01","***","***","***",3.5966049338667,"***",3.5966049338667]
["CAP MODIFICADO POR BORRACHA DE PNEU AB22","2023-07-01","***","***","***",3.38003598714295,"***",3.38003598714295]
["CAP MODIFICADO POR BORRACHA DE PNEU AB22","2023-08-01","***","***","***",3.38003471116816,"***",3.38003471116816]
["CAP MODIFICADO POR BORRACHA DE PNEU AB22","2023-09-01","***","***","***","***","***","***"]
["CAP MODIFICADO POR BORRACHA DE PNEU AB22","2023-10-01","***","***","***","***","***","***"]
["CAP MODIFICADO POR BORRACHA DE PNEU AB22","2023-11-01","***","***","***","***","***","***"]
["CAP MODIFICADO POR BORRACHA DE PNEU AB22","2023-12-01","***","***","***","***","***","***"]
["CAP MODIFICADO POR BORRACHA DE PNEU AB22","2024-01-01","***","***","***","***","***","***"]
["CAP MODIFICADO POR BORRACHA DE PNEU AB22","2024-02-01","***","***","***","***","***","***"]
["CAP MODIFICADO POR BORRACHA DE PNEU AB22","2024-03-01","***","***","***","***","***","***"]
["CAP MODIFICADO POR BORRACHA DE PNEU AB22","2024-04-01","***","***","***","***","***","***"]
["CAP MODIFICADO POR BORRACHA DE PNEU AB22","2024-05-01","***","***","***","***","***","***"]
["CAP MODIFICADO POR BORRACHA DE PNEU AB22","2024-06-01","***","***","***","***","***","***"]
["CAP MODIFICADO POR BORRACHA DE PNEU AB22","2024-07-01","***","***","***","***","***","***"]
["CAP MODIFICADO POR BORRACHA DE PNEU AB22","2024-08-01","***","***","***","***","***","***"]
["CAP MODIFICADO POR BORRACHA DE PNEU AB8","2009-12-01","***",1.61917298981608,"***",1.06095235819394,1.30987759704975,1.2964571042515]
["CAP MODIFICADO POR BORRACHA DE PNEU AB8","2010-01-01","***",1.52873956380183,"***",1.04371364677307,1.23312769013706,1.24926279741791]
["CAP MODIFICADO POR BORRACHA DE PNEU AB8","2010-02-01","***",1.6189,"***",1.13432787504401,1.25944699316493,1.2953022436583]
["CAP MODIFICADO POR BORRACHA DE PNEU AB8","2010-03-01","***",1.53376939546313,"***",1.12032695477366,1.25874456834396,1.25447567722838]
["CAP MODIFICADO POR BORRACHA DE PNEU AB8","2010-04-01","***","***",1.5584,1.1320152246167,1.23349201456664,1.19587278327276]
["CAP MODIFICADO POR BORRACHA DE PNEU AB8","2010-05-01","***","***",1.5571,1.12687218545271,1.13585770033972,1.14481667936157]
["CAP MODIFICADO POR BORRACHA DE PNEU AB8","2010-06-01","***","***","***","***",1.10098526290389,1.10098526290389]
["CAP MODIFICADO POR BORRACHA DE PNEU AB8","2010-07-01","***","***","***","***",1.15759271796212,1.15759271796212]
["CAP MODIFICADO POR BORRACHA DE PNEU AB8","2010-08-01","***","***","***",1.14677616377184,1.13696461983119,1.13939012855648]
["CAP MODIFICADO POR BORRACHA DE PNEU AB8","2010-09-01","***","***","***",1.00592660417902,1.10571086273232,1.09127520200667]
["CAP MODIFICADO POR BORRACHA DE PNEU AB8","2010-10-01","***",1.5018,"***",1.0477,1.09833520772915,1.10349817590709]
["CAP MODIFICADO POR BORRACHA DE PNEU AB8","2010-11-01","***",1.46328889226561,"***",1.17657657249688,1.20322374180225,1.20739108890879]
["CAP MODIFICADO POR BORRACHA DE PNEU AB8","2010-12-01","***",1.4987,"***",1.16086774341432,1.21405732059893,1.21039229899638]
["CAP MODIFICADO POR BORRACHA DE PNEU AB8","2011-01-01","***",1.4987,"***",1.2286,1.07743576215413,1.09585223441868]
["CAP MODIFICADO POR BORRACHA DE PNEU AB8","2011-02-01","***","***","***","***",1.15316828624185,1.15316828624185]
["CAP MODIFICADO POR BORRACHA DE PNEU AB8","2011-03-01","***",1.499,"***",1.16898375564638,1.1981252852301,1.1968295138359]
["CAP MODIFICADO POR BORRACHA DE PNEU AB8","2011-04-01","***","***","***",1.00360645109135,1.1113628611714,1.10858853585537]
["CAP MODIFICADO POR BORRACHA DE PNEU AB8","2011-05-01","***",1.6555,"***",1.0112,1.08754338620108,1.09307472907116]
["CAP MODIFICADO POR BORRACHA DE PNEU AB8","2011-06-01","***",1.4972,"***",1.06949870785192,1.07942936980784,1.11463883488493]
["CAP MODIFICADO POR BORRACHA DE PNEU AB8","2011-07-01","***",1.6524,"***","***",1.06167280047466,1.13230283718045]
["CAP MODIFICADO POR BORRACHA DE PNEU AB8","2011-08-01","***","***","***",0.9768,1.05878763437244,1.05574106392212]
["CAP MODIFICADO POR BORRACHA DE PNEU AB8","2011-09-01","***","***","***",1.18659916789036,1.12612703841236,1.12751757522323]
["CAP MODIFICADO POR BORRACHA DE PNEU AB8","2011-10-01","***","***","***",0.9804,1.08119853699909,1.08004770917326]
["CAP MODIFICADO POR BORRACHA DE PNEU AB8","2011-11-01","***",1.6526,"***",1.1782,1.16903514532487,1.17877415675167]
["CAP MODIFICADO POR BORRACHA DE PNEU AB8","2011-12-01","***","***","***",1.10218302374844,1.26199891412703,1.18922165733537]
["CAP MODIFICADO POR BORRACHA DE PNEU AB8","2012-01-01","***","***","***",1.06617089114114,1.1428234076622,1.10218354522079]
["CAP MODIFICADO POR BORRACHA DE PNEU AB8","2012-02-01","***","***","***",1.10224991349481,1.25726687247061,1.1660677742649]
["CAP MODIFICADO POR BORRACHA DE PNEU AB8","2012-03-01","***","***","***",1.05492617973754,1.08845008868193,1.06798354574681]
["CAP MODIFICADO POR BORRACHA DE PNEU AB8","2012-04-01","***",1.6051,"***",1.07771339337136,1.07383064776721,1.08021407529683]
["CAP MODIFICADO POR BORRACHA DE PNEU AB8","2012-05-01","***","***","***",1.09189851037044,1.11614294059575,1.10268486082779]
["CAP MODIFICADO POR BORRACHA DE PNEU AB8","2012-06-01","***","***","***",1.15270018515071,1.1714950737584,1.16473505589783]
["CAP MODIFICADO POR BORRACHA DE PNEU AB8","2012-07-01","***","***","***",1.15704351714978,1.34227251185455,1.27409758894394]
["CAP MODIFICADO POR BORRACHA DE PNEU AB8","2012-08-01","***","***","***",1.16194572649351,1.2164282367,1.18960141178879]
["CAP MODIFICADO POR BORRACHA DE PNEU AB8","2012-09-01","***","***","***",1.17309729328795,1.37047384161935,1.28859100189589]
["CAP MODIFICADO POR BORRACHA DE PNEU AB8","2012-10-01","***","***","***",1.16730127870803,1.18751306579109,1.17884452214894]
["CAP MODIFICADO POR BORRACHA DE PNEU AB8","2012-11-01","***","***","***",1.19815213826663,1.35674554796904,1.27115752507785]
["CAP MODIFICADO POR BORRACHA DE PNEU AB8","2012-12-01","***","***","***",1.18699559881706,1.34079994403205,1.23100099197236]
["CAP MODIFICADO POR BORRACHA DE PNEU AB8","2013-01-01","***","***","***",1.15664299835535,1.35906487257732,1.25924680863516]
["CAP MODIFICADO POR BORRACHA DE PNEU AB8","2013-02-01","***","***","***",1.17066047148815,1.23268134401114,1.19833407958653]
["CAP MODIFICADO POR BORRACHA DE PNEU AB8","2013-03-01","***","***","***",1.17810834041616,1.38739082500873,1.25351695705361]
["CAP MODIFICADO POR BORRACHA DE PNEU AB8","2013-04-01","***","***",1.65,1.17547678551481,1.29652831186485,1.23829290260966]
["CAP MODIFICADO POR BORRACHA DE PNEU AB8","2013-05-01","***","***",1.65,1.21876663329577,1.20147096762552,1.23343131719229]
["CAP MODIFICADO POR BORRACHA DE PNEU AB8","2013-06-01","***","***","***",1.23366710671424,1.20652055491383,1.22253625034086]
["CAP MODIFICADO POR BORRACHA DE PNEU AB8","2013-07-01","***","***","***",1.23304441793758,1.39895006336514,1.34416140542568]
["CAP MODIFICADO POR BORRACHA DE PNEU AB8","2013-08-01","***","***","***",1.24523991625081,1.37169845748284,1.34449552516085]
["CAP MODIFICADO POR BORRACHA DE PNEU AB8","2013-09-01","***","***","***",1.24845823071139,1.27571308856668,1.26694499418455]
["CAP MODIFICADO POR BORRACHA DE PNEU AB8","2013-10-01","***","***","***",1.25744175358439,1.25130719263607,1.25321139466595]
["CAP MODIFICADO POR BORRACHA DE PNEU AB8","2013-11-01","***","***","***",1.25614182551456,1.27492478039385,1.26804684987418]
["CAP MODIFICADO POR BORRACHA DE PNEU AB8","2013-12-01","***","***","***",1.24778746682262,1.27204760449627,1.2618957613008]
["CAP MODIFICADO POR BORRACHA DE PNEU AB8","2014-01-01","***","***","***",1.29328107193611,1.31618198463996,1.3066017256717]
["CAP MODIFICADO POR BORRACHA DE PNEU AB8","2014-02-01","***","***","***",1.21931017380865,1.25943899828175,1.24870409101825]
["CAP MODIFICADO POR BORRACHA DE PNEU AB8","2014-03-01","***","***","***",1.31257831591041,1.32014035224973,1.31867649237063]
["CAP MODIFICADO POR BORRACHA DE PNEU AB8","2014-04-01","***","***",1.2972,1.22979584653206,1.2907811578845,1.26755862415077]
["CAP MODIFICADO POR BORRACHA DE PNEU AB8","2014-05-01","***","***",1.2981,1.23122888839423,1.29512432140922,1.26872469879952]
["CAP MODIFICADO POR BORRACHA DE PNEU AB8","2014-06-01","***","***",1.29376687628432,1.14983242703161,1.27052086573409,1.22930136865234]
["CAP MODIFICADO POR BORRACHA DE PNEU AB8","2014-07-01","***","***",1.297,1.08296891202907,1.32176997199358,1.23076172336615]
["CAP MODIFICADO POR BORRACHA DE PNEU AB8","2014-08-01","***","***",1.3862,1.22337431532631,1.36456650260793,1.3129158027905]
["CAP MODIFICADO POR BORRACHA DE PNEU AB8","2014-09-01","***","***",1.3862,1.2218415041373,1.3120346346156,1.29565179099075]
["CAP MODIFICADO POR BORRACHA DE PNEU AB8","2014-10-01","***","***",1.26138486567173,1.06200097999633,1.26190967378427,1.21503853416829]
["CAP MODIFICADO POR BORRACHA DE PNEU AB8","2014-11-01","***","***",1.44534412591226,1.06700258915421,1.40663481077096,1.32205953636272]
["CAP MODIFICADO POR BORRACHA DE PNEU AB8","2014-12-01","***","***","***","***","***","***"]
["CAP MODIFICADO POR BORRACHA DE PNEU AB8","2015-01-01","***","***",1.5612,1.48007577022639,1.81749483430833,1.65799977341903]
["CAP MODIFICADO POR BORRACHA DE PNEU AB8","2015-02-01","***","***",1.4702,1.42102372393113,1.76009902710875,1.66420728815014]
["CAP MODIFICADO POR BORRACHA DE PNEU AB8","2015-03-01","***","***",1.5612,1.41045654599891,1.72169445279415,1.67582041027849]
["CAP MODIFICADO POR BORRACHA DE PNEU AB8","2015-04-01","***","***","***",1.60887420462223,1.58609212025741,1.59098470543302]
["CAP MODIFICADO POR BORRACHA DE PNEU AB8","2015-05-01","***","***",1.4702,1.69121243891078,1.62079777541851,1.62390522139567]
["CAP MODIFICADO POR BORRACHA DE PNEU AB8","2015-06-01","***","***",1.517901130682,1.61451622715009,1.60174835069777,1.59356215284978]
["CAP MODIFICADO POR BORRACHA DE PNEU AB8","2015-07-01","***","***",1.59779346130203,1.71664256518952,1.60462054317702,1.62290787044692]
["CAP MODIFICADO POR BORRACHA DE PNEU AB8","2015-08-01","***","***",1.59434167031131,1.5501896015113,1.72209422880834,1.6543857819324]
["CAP MODIFICADO POR BORRACHA DE PNEU AB8","2015-09-01","***","***",1.69265614016371,1.57384269356433,1.65532414121913,1.66479469400909]
["CAP MODIFICADO POR BORRACHA DE PNEU AB8","2015-10-01","***","***",1.81829440912575,1.75060962959515,1.78625214132573,1.78457216208998]
["CAP MODIFICADO POR BORRACHA DE PNEU AB8","2015-11-01","***","***",1.7654,1.69741743402483,1.89798853889546,1.85654464391732]
["CAP MODIFICADO POR BORRACHA DE PNEU AB8","2015-12-01","***","***","***",1.61075529000386,1.85392033549881,1.79547655622279]
["CAP MODIFICADO POR BORRACHA DE PNEU AB8","2016-01-01","***","***","***",1.43575957050803,1.88490568936436,1.81370646565309]
["CAP MODIFICADO POR BORRACHA DE PNEU AB8","2016-02-01","***","***","***",1.44527179524965,1.81617989496429,1.67998781235079]
["CAP MODIFICADO POR BORRACHA DE PNEU AB8","2016-03-01","***","***",1.7392,1.7191866791116,1.83936533847651,1.81082446270343]
["CAP MODIFICADO POR BORRACHA DE PNEU AB8","2016-04-01","***","***","***",1.98441190464343,2.0758937691257,2.0604458450313]
["CAP MODIFICADO POR BORRACHA DE PNEU AB8","2016-05-01","***","***","***",1.87469380100709,1.97881407835791,1.96139064644896]
["CAP MODIFICADO POR BORRACHA DE PNEU AB8","2016-06-01","***","***","***",2.08889761608858,2.07065279326736,2.07315749955795]
["CAP MODIFICADO POR BORRACHA DE PNEU AB8","2016-07-01","***","***","***",1.87772699441778,2.06550028511937,2.05111841125935]
["CAP MODIFICADO POR BORRACHA DE PNEU AB8","2016-08-01","***","***","***",1.57255197581995,2.00249544416723,1.889755798276]
["CAP MODIFICADO POR BORRACHA DE PNEU AB8","2016-09-01","***","***","***",1.67881937315819,1.91168513050452,1.87286382687442]
["CAP MODIFICADO POR BORRACHA DE PNEU AB8","2016-10-01","***","***","***",1.72551962910762,1.89190597113153,1.83040535954631]
["CAP MODIFICADO POR BORRACHA DE PNEU AB8","2016-11-01","***","***",1.74604513615255,1.71104428433425,1.87794683727685,1.85007043139548]
["CAP MODIFICADO POR BORRACHA DE PNEU AB8","2016-12-01","***","***",1.74638234573764,1.67692291032771,1.9051327058536,1.87184925493933]
["CAP MODIFICADO POR BORRACHA DE PNEU AB8","2017-01-01","***","***",1.74644980979712,"***",1.89421950293719,1.87543750908698]
["CAP MODIFICADO POR BORRACHA DE PNEU AB8","2017-02-01","***","***",1.84454098989195,1.6539,1.89343840044743,1.88878692965865]
["CAP MODIFICADO POR BORRACHA DE PNEU AB8","2017-03-01","***","***",1.85351469111151,1.8960315506589,1.88857907611438,1.88721789876484]
["CAP MODIFICADO POR BORRACHA DE PNEU AB8","2017-04-01","***","***","***","***","***","***"]
["CAP MODIFICADO POR BORRACHA DE PNEU AB8","2017-05-01","***","***",1.80659256924397,1.69540622457528,1.88040920853315,1.82764404336319]
["CAP MODIFICADO POR BORRACHA DE PNEU AB8","2017-06-01","***","***",1.82475011993011,1.5850772602869,1.88242918763492,1.80608533586115]
["CAP MODIFICADO POR BORRACHA DE PNEU AB8","2017-07-01","***","***",1.81839324748815,1.47955399048866,1.88799766544302,1.81232181764954]
["CAP MODIFICADO POR BORRACHA DE PNEU AB8","2017-08-01","***","***",1.78724802782916,1.57380036382536,1.87916116633274,1.83614621380098]
["CAP MODIFICADO POR BORRACHA DE PNEU AB8","2017-09-01","***","***",1.79024696894204,1.53349237880254,1.82324273971734,1.80841092619879]
["CAP MODIFICADO POR BORRACHA DE PNEU AB8","2017-10-01","***","***",1.93432833799883,1.62790140964287,1.84147674659383,1.82524308486868]
["CAP MODIFICADO POR BORRACHA DE PNEU AB8","2017-11-01","***","***",1.95630799342249,1.79100559675261,1.91403573381655,1.90419992469904]
["CAP MODIFICADO POR BORRACHA DE PNEU AB8","2017-12-01","***","***",2.06705488108632,1.92874186613475,1.91718692048615,1.93870468380923]
["CAP MODIFICADO POR BORRACHA DE PNEU AB8","2018-01-01","***","***",2.44361763813188,1.87121435857857,2.08751290347185,2.11167692746615]
["CAP MODIFICADO POR BORRACHA DE PNEU AB8","2018-02-01","***","***",2.45729730951356,2.12597227427792,2.13207528433373,2.15269919089481]
["CAP MODIFICADO POR BORRACHA DE PNEU AB8","2018-03-01","***","***",2.35126856720342,1.90816668746455,2.11978199393517,2.10669068636597]
["CAP MODIFICADO POR BORRACHA DE PNEU AB8","2018-04-01","***","***",2.179366560429,1.9260251322613,2.05946702059227,2.02851026403602]
["CAP MODIFICADO POR BORRACHA DE PNEU AB8","2018-05-01","***","***",2.27683852586818,1.96581838093763,2.12889017240124,2.08987196567843]
["CAP MODIFICADO POR BORRACHA DE PNEU AB8","2018-06-01","***","***",2.37696156026325,1.9730709160902,2.25082389096739,2.22305855675064]
["CAP MODIFICADO POR BORRACHA DE PNEU AB8","2018-07-01","***","***",2.47706078158046,2.10140441412057,2.37306490155791,2.33983413793547]
["CAP MODIFICADO POR BORRACHA DE PNEU AB8","2018-08-01","***","***",2.6996309021653,2.34625093564716,2.49774450307867,2.47862838191831]
["CAP MODIFICADO POR BORRACHA DE PNEU AB8","2018-09-01","***","***",2.66479261895476,2.43297522695413,2.58217702373109,2.53622256871736]
["CAP MODIFICADO POR BORRACHA DE PNEU AB8","2018-10-01","***","***",2.67012706701981,2.39001184102209,2.71085483346019,2.58766388603883]
["CAP MODIFICADO POR BORRACHA DE PNEU AB8","2018-11-01","***","***",2.87511604855024,2.48211563361111,2.8874585188209,2.77973831096345]
["CAP MODIFICADO POR BORRACHA DE PNEU AB8","2018-12-01","***","***",2.9101,2.48101770044953,3.15773477810291,2.92275521292283]
["CAP MODIFICADO POR BORRACHA DE PNEU AB8","2019-01-01","***","***","***",2.47979089810508,2.94470650199135,2.71761810488086]
["CAP MODIFICADO POR BORRACHA DE PNEU AB8","2019-02-01","***","***","***",2.57744102224375,3.07670866707366,2.92994808956981]
["CAP MODIFICADO POR BORRACHA DE PNEU AB8","2019-03-01","***","***","***",2.6794149903996,3.1125870325206,2.96759063070154]
["CAP MODIFICADO POR BORRACHA DE PNEU AB8","2019-04-01","***","***","***",2.70282488996209,3.15383579544722,2.99665093085595]
["CAP MODIFICADO POR BORRACHA DE PNEU AB8","2019-05-01","***","***","***",2.66862326619302,3.03767170198183,2.87024285282264]
["CAP MODIFICADO POR BORRACHA DE PNEU AB8","2019-06-01","***","***","***",2.73160310688855,3.64814462805703,3.38049596589999]
["CAP MODIFICADO POR BORRACHA DE PNEU AB8","2019-07-01",2.77362,"***",3.02282137108529,2.99237632654224,3.43900247733958,3.22371238914449]
["CAP MODIFICADO POR BORRACHA DE PNEU AB8","2019-08-01","***","***",2.84231134166187,2.5535686564548,3.01396074190423,2.86227217938461]
["CAP MODIFICADO POR BORRACHA DE PNEU AB8","2019-09-01","***","***",2.72825,2.76038011285455,2.9754597949444,2.89146586198808]
["CAP MODIFICADO POR BORRACHA DE PNEU AB8","2019-10-01","***","***",2.68104037877799,2.54491241141257,2.95888279052019,2.85633838092776]
["CAP MODIFICADO POR BORRACHA DE PNEU AB8","2019-11-01","***","***",2.70824322414673,2.57587340268576,3.00630705903131,2.83702600677494]
["CAP MODIFICADO POR BORRACHA DE PNEU AB8","2019-12-01","***","***","***",2.62149928388875,3.04157988495799,2.88954583246973]
["CAP MODIFICADO POR BORRACHA DE PNEU AB8","2020-01-01","***",2.9614,2.82853808585649,2.64205034973036,3.06422467389052,2.87521010943738]
["CAP MODIFICADO POR BORRACHA DE PNEU AB8","2020-02-01","***","***","***",2.45902150089395,2.89026765146516,2.72529617313355]
["CAP MODIFICADO POR BORRACHA DE PNEU AB8","2020-03-01","***","***","***",2.36040124982641,2.83135326910758,2.65590684001497]
["CAP MODIFICADO POR BORRACHA DE PNEU AB8","2020-04-01","***","***","***",2.33961499248461,2.82443906832533,2.67310355680132]
["CAP MODIFICADO POR BORRACHA DE PNEU AB8","2020-05-01","***","***","***",2.38508879068734,2.79574737883408,2.74172922731631]
["CAP MODIFICADO POR BORRACHA DE PNEU AB8","2020-06-01","***","***",2.57717,2.37673810428812,2.82185003686778,2.74191145662417]
["CAP MODIFICADO POR BORRACHA DE PNEU AB8","2020-07-01","***","***",2.57717,2.31298965297389,2.83279865194047,2.74726290976306]
["CAP MODIFICADO POR BORRACHA DE PNEU AB8","2020-08-01","***","***",2.65700664683079,2.36215879924158,2.97304787999937,2.87763434644823]
["CAP MODIFICADO POR BORRACHA DE PNEU AB8","2020-09-01","***","***",2.68574055857254,2.39202216498975,2.89959376684678,2.80481623111055]
["CAP MODIFICADO POR BORRACHA DE PNEU AB8","2020-10-01","***","***",2.71152969862794,2.5988855005412,2.94566029683594,2.86013205907322]
["CAP MODIFICADO POR BORRACHA DE PNEU AB8","2020-11-01","***","***",2.93557852729156,2.67572878144694,3.10363677910208,2.98212294542027]
["CAP MODIFICADO POR BORRACHA DE PNEU AB8","2020-12-01","***","***","***",2.81039807179314,3.15600166429977,3.01983282224216]
["CAP MODIFICADO POR BORRACHA DE PNEU AB8","2021-01-01","***","***","***",2.6067625684844,3.02354891558771,2.91695186217042]
["CAP MODIFICADO POR BORRACHA DE PNEU AB8","2021-02-01","***","***","***",2.75393415251839,3.23782793763696,3.214295635411]
["CAP MODIFICADO POR BORRACHA DE PNEU AB8","2021-03-01","***","***","***",2.86674803806302,3.26645036203279,3.24443123541527]
["CAP MODIFICADO POR BORRACHA DE PNEU AB8","2021-04-01","***","***","***",3.24128206832884,3.24035264381449,3.2404824221822]
["CAP MODIFICADO POR BORRACHA DE PNEU AB8","2021-05-01","***","***","***",3.45803157014434,3.96057394836707,3.89898073290141]
["CAP MODIFICADO POR BORRACHA DE PNEU AB8","2021-06-01","***","***","***",3.38950598921066,3.99601514563107,3.79013550699542]
["CAP MODIFICADO POR BORRACHA DE PNEU AB8","2021-07-01","***","***","***",3.36345105222824,4.04460075214218,3.75937778563962]
["CAP MODIFICADO POR BORRACHA DE PNEU AB8","2021-08-01","***","***","***",3.5297912801513,4.22211243968687,3.89424943538644]
["CAP MODIFICADO POR BORRACHA DE PNEU AB8","2021-09-01",3.1512,"***","***",3.6011649158391,4.24373210775185,3.98349781231321]
["CAP MODIFICADO POR BORRACHA DE PNEU AB8","2021-10-01",3.1512,"***","***",3.52458370513416,4.2745912764257,3.93256644813505]
["CAP MODIFICADO POR BORRACHA DE PNEU AB8","2021-11-01",3.52045270712581,"***","***",3.80066282690917,4.62124620537607,4.24021525717368]
["CAP MODIFICADO POR BORRACHA DE PNEU AB8","2021-12-01",3.58334574101045,"***","***",3.8033828378326,4.68544963310913,4.26499758708022]
["CAP MODIFICADO POR BORRACHA DE PNEU AB8","2022-01-01",3.49705753875551,"***","***",4.01444217487244,4.7195601493471,4.38159221283668]
["CAP MODIFICADO POR BORRACHA DE PNEU AB8","2022-02-01",3.91371178884454,"***","***",4.1654182392976,4.92386469930388,4.57164818793465]
["CAP MODIFICADO POR BORRACHA DE PNEU AB8","2022-03-01",3.93048427802592,"***","***",4.61311773048259,4.97702671319397,4.69893905141467]
["CAP MODIFICADO POR BORRACHA DE PNEU AB8","2022-04-01",3.87743674645143,"***","***",4.82428166226331,5.19658371940622,4.78743382824788]
["CAP MODIFICADO POR BORRACHA DE PNEU AB8","2022-05-01",3.66083192782608,"***","***",4.82440258110173,5.04641764272127,4.65489604256683]
["CAP MODIFICADO POR BORRACHA DE PNEU AB8","2022-06-01",3.67190774803595,"***","***",4.74379721213491,5.02902727997596,4.68663286668994]
["CAP MODIFICADO POR BORRACHA DE PNEU AB8","2022-07-01",3.73435293588123,"***","***",4.66062891613445,5.08251264018024,4.66180900618253]
["CAP MODIFICADO POR BORRACHA DE PNEU AB8","2022-08-01",3.57503217294387,"***",4.03127,4.44896139864055,4.87685083749171,4.4361456542627]
["CAP MODIFICADO POR BORRACHA DE PNEU AB8","2022-09-01",3.33658573636223,"***",3.82406,4.61975922315586,4.62170780433601,4.5503008775891]
["CAP MODIFICADO POR BORRACHA DE PNEU AB8","2022-10-01","***","***",3.47411,4.30217143043303,4.45115350000149,4.34052928206689]
["CAP MODIFICADO POR BORRACHA DE PNEU AB8","2022-11-01","***","***",3.47411,4.07082639844585,4.43458661528487,4.19069879463516]
["CAP MODIFICADO POR BORRACHA DE PNEU AB8","2022-12-01","***","***",3.47411,4.09763800538117,4.34631662715761,4.19221393777145]
["CAP MODIFICADO POR BORRACHA DE PNEU AB8","2023-01-01","***","***",3.28768,3.94313340194147,4.09413817316382,3.97028650711793]
["CAP MODIFICADO POR BORRACHA DE PNEU AB8","2023-02-01","***","***",3.16482,3.84714878545153,3.9488899722169,3.82644347649153]
["CAP MODIFICADO POR BORRACHA DE PNEU AB8","2023-03-01","***","***",3.11102399671053,3.75120553020474,3.73772403755286,3.74055070585142]
["CAP MODIFICADO POR BORRACHA DE PNEU AB8","2023-04-01","***","***",3.42143526505795,3.75767109289236,3.80938157784803,3.76895906170578]
["CAP MODIFICADO POR BORRACHA DE PNEU AB8","2023-05-01","***","***",3.03627,3.66467414777702,3.7394772019109,3.67505386682587]
["CAP MODIFICADO POR BORRACHA DE PNEU AB8","2023-06-01","***","***",3.06854205434955,3.58024357811078,3.66927374431661,3.60105905441062]
["CAP MODIFICADO POR BORRACHA DE PNEU AB8","2023-07-01","***","***",3.07276,3.60198335235336,3.71605594155678,3.62780604366454]
["CAP MODIFICADO POR BORRACHA DE PNEU AB8","2023-08-01","***","***",3.14724642451759,3.5125904038929,3.77387803073501,3.57879457284901]
["CAP MODIFICADO POR BORRACHA DE PNEU AB8","2023-09-01","***","***",3.35036923379315,3.68432987683851,3.88359239265328,3.72659463985258]
["CAP MODIFICADO POR BORRACHA DE PNEU AB8","2023-10-01","***","***",3.43300225779907,3.7877844310716,3.90851902946755,3.80521854866371]
["CAP MODIFICADO POR BORRACHA DE PNEU AB8","2023-11-01","***","***",3.39845162880668,3.69093020223075,3.8649913965636,3.74862216821923]
["CAP MODIFICADO POR BORRACHA DE PNEU AB8","2023-12-01","***","***",3.33291260106619,3.66006209781337,3.93068657090164,3.74840439688308]
["CAP MODIFICADO POR BORRACHA DE PNEU AB8","2024-01-01","***","***",3.2687299428881,3.5459523431317,3.73282561939858,3.61292666993628]
["CAP MODIFICADO POR BORRACHA DE PNEU AB8","2024-02-01","***","***",3.24615298892679,3.57593730311081,3.71368364751078,3.62776337649468]
["CAP MODIFICADO POR BORRACHA DE PNEU AB8","2024-03-01","***","***",3.76800166158433,3.68629798931768,3.97387067112665,3.78443696408549]
["CAP MODIFICADO POR BORRACHA DE PNEU AB8","2024-04-01","***","***",3.54185375697656,3.77902293051875,3.95267928847311,3.83201615070531]
["CAP MODIFICADO POR BORRACHA DE PNEU AB8","2024-05-01","***","***",3.61557939976657,3.91627064834862,4.03380947117557,3.93889723554902]
["CAP MODIFICADO POR BORRACHA DE PNEU AB8","2024-06-01","***","***",3.64280018993646,3.94782373563402,3.97837072028142,3.9376222781339]
["CAP MODIFICADO POR BORRACHA DE PNEU AB8","2024-07-01","***","***",3.78521168737448,4.09604183761434,4.12444858760317,4.08614142606801]
["CAP MODIFICADO POR BORRACHA DE PNEU AB8","2024-08-01","***","***",3.98697267523966,4.28223884053561,4.32049133730904,4.27820781020309]
["CAP MODIFICADO POR POLÍMERO 55-75-E","2015-09-01","***",1.69539545420243,"***",1.71717805935697,1.84276705601809,1.79308564507173]
["CAP MODIFICADO POR POLÍMERO 55-75-E","2015-10-01","***",1.79192951460051,"***",1.82169813731703,1.94314438287154,1.83271005087555]
["CAP MODIFICADO POR POLÍMERO 55-75-E","2015-11-01","***",2.08994,"***",2.0610623072335,2.09808682067194,2.08216800175005]
["CAP MODIFICADO POR POLÍMERO 55-75-E","2015-12-01","***",2.08994,"***",2.11940417202572,1.91024330559541,2.04057897629725]
["CAP MODIFICADO POR POLÍMERO 55-75-E","2016-01-01","***",2.00919575574476,"***",2.07851023532153,1.72018593742223,1.89579233407821]
["CAP MODIFICADO POR POLÍMERO 55-75-E","2016-02-01","***",2.0063301928428,2.310905,2.07918454876742,1.80231181184313,1.98415436145254]
["CAP MODIFICADO POR POLÍMERO 55-75-E","2016-03-01","***",2.0214688655216,"***",2.06725557465217,2.03477511351038,2.0276903371049]
["CAP MODIFICADO POR POLÍMERO 55-75-E","2016-04-01","***",2.25454179374413,"***","***",2.18241630047983,2.2168656133643]
["CAP MODIFICADO POR POLÍMERO 55-75-E","2016-05-01","***",2.17411202396874,"***",2.19832283590308,2.12022842243428,2.17614797735328]
["CAP MODIFICADO POR POLÍMERO 55-75-E","2016-06-01","***",2.20136906965699,2.72265046597503,2.33718644289126,1.89510299852984,2.23860150678226]
["CAP MODIFICADO POR POLÍMERO 55-75-E","2016-07-01","***",2.00941584781442,2.74449267158153,2.15134158372771,1.90306797300535,2.12099478048021]
["CAP MODIFICADO POR POLÍMERO 55-75-E","2016-08-01","***",2.34559075044289,2.78787796235679,2.20060049020737,1.9521915117939,2.26666565275417]
["CAP MODIFICADO POR POLÍMERO 55-75-E","2016-09-01","***",1.91695686939919,2.68762,2.19864462158991,1.84824406256486,2.00904039775169]
["CAP MODIFICADO POR POLÍMERO 55-75-E","2016-10-01","***",1.65095999371568,2.64695,2.22375554202279,1.9299261856512,1.93008608356374]
["CAP MODIFICADO POR POLÍMERO 55-75-E","2016-11-01","***",1.66941853731785,3.0738,"***",1.98796450837901,2.03932907271494]
["CAP MODIFICADO POR POLÍMERO 55-75-E","2016-12-01","***",2.01489667919745,3.06496,1.84661,1.87984492079705,1.93597081820546]
["CAP MODIFICADO POR POLÍMERO 55-75-E","2017-01-01","***",1.7502856718241,3.07675,1.84661,1.86664490052935,1.84445763180921]
["CAP MODIFICADO POR POLÍMERO 55-75-E","2017-02-01","***",1.93854344141369,"***",1.76774499453622,1.85378788593413,1.87516903521699]
["CAP MODIFICADO POR POLÍMERO 55-75-E","2017-03-01","***",1.93537369568126,2.26618853498946,1.73479530410466,1.85796109600315,1.91585269952529]
["CAP MODIFICADO POR POLÍMERO 55-75-E","2017-04-01","***",1.94643336786718,3.09899547280335,1.85507782509293,1.84277254992661,1.9250968210901]
["CAP MODIFICADO POR POLÍMERO 55-75-E","2017-05-01","***",1.90395632317339,2.52690777433219,1.90441286803825,1.89283335880705,1.94138719215475]
["CAP MODIFICADO POR POLÍMERO 55-75-E","2017-06-01","***",2.11720960846646,2.66938450730264,2.02728064625541,1.87059943267381,2.01036937595212]
["CAP MODIFICADO POR POLÍMERO 55-75-E","2017-07-01","***",2.15249253598083,2.3494,2.19911315947242,1.81214193143843,2.08373300960155]
["CAP MODIFICADO POR POLÍMERO 55-75-E","2017-08-01","***",1.76925632203409,2.3960307059868,2.24346442475813,1.79692277017583,1.90725112822774]
["CAP MODIFICADO POR POLÍMERO 55-75-E","2017-09-01","***",2.04814445755141,2.51922970146586,2.02755131575771,1.94372923456447,2.02747487604123]
["CAP MODIFICADO POR POLÍMERO 55-75-E","2017-10-01","***",1.96446840254237,2.3753,1.85730664250684,1.95136756557872,1.9461461992359]
["CAP MODIFICADO POR POLÍMERO 55-75-E","2017-11-01","***",2.13347924584095,2.34960335875275,2.14985660524161,2.00258314622706,2.11665161416054]
["CAP MODIFICADO POR POLÍMERO 55-75-E","2017-12-01","***",2.27162492709931,"***",1.86373604967156,1.92683075131223,2.0939470518103]
["CAP MODIFICADO POR POLÍMERO 55-75-E","2018-01-01","***",2.37644153324593,"***",2.09603603223807,2.0950740781508,2.34068262803821]
["CAP MODIFICADO POR POLÍMERO 55-75-E","2018-02-01","***",2.3612414132643,"***",2.002609625625,2.13709453839141,2.28908389572223]
["CAP MODIFICADO POR POLÍMERO 55-75-E","2018-03-01","***",2.26274763662627,"***",2.14418196974822,2.10949141644796,2.20981905141162]
["CAP MODIFICADO POR POLÍMERO 55-75-E","2018-04-01","***",2.26555585139831,"***",2.10738678800592,2.21547948205689,2.23374989374185]
["CAP MODIFICADO POR POLÍMERO 55-75-E","2018-05-01","***",2.47865048085058,2.72545,2.0666626759144,2.26050897841551,2.35046006139737]
["CAP MODIFICADO POR POLÍMERO 55-75-E","2018-06-01","***",2.54318267089818,2.99715,2.55166235779698,2.38134413062125,2.51868925909829]
["CAP MODIFICADO POR POLÍMERO 55-75-E","2018-07-01","***",2.53980669909891,3.08349369514536,2.46443520954079,2.55362404685986,2.60501179970313]
["CAP MODIFICADO POR POLÍMERO 55-75-E","2018-08-01",3.59696276080084,2.80708646258817,3.26618875684932,2.56130596155595,2.65978704310489,2.8346884803199]
["CAP MODIFICADO POR POLÍMERO 55-75-E","2018-09-01",2.95706,2.75897424995578,3.31119,2.70676198146727,2.84811248144991,2.79581738050091]
["CAP MODIFICADO POR POLÍMERO 55-75-E","2018-10-01","***",2.7354,2.75389164765154,2.6397216811079,2.80056117628056,2.72466129521917]
["CAP MODIFICADO POR POLÍMERO 55-75-E","2018-11-01","***",3.05897575827218,3.31925026647341,3.01765016460569,3.10713342863198,3.07912761475497]
["CAP MODIFICADO POR POLÍMERO 55-75-E","2018-12-01","***",2.993634292311,"***",3.01053668248767,3.12363334599415,3.05835561146164]
["CAP MODIFICADO POR POLÍMERO 55-75-E","2019-01-01","***",3.11857653946707,3.94463,2.8912531535673,3.07406119916861,3.05360029113991]
["CAP MODIFICADO POR POLÍMERO 55-75-E","2019-02-01","***",3.29604936624078,4.33036,3.14592,3.38615948220354,3.3458827981003]
["CAP MODIFICADO POR POLÍMERO 55-75-E","2019-03-01","***",3.29720544330722,"***",3.14592,3.2780724567711,3.28541073595337]
["CAP MODIFICADO POR POLÍMERO 55-75-E","2019-04-01","***",3.33195585155958,"***",2.99595414697074,3.33961901540134,3.28045325883474]
["CAP MODIFICADO POR POLÍMERO 55-75-E","2019-05-01","***",3.18235341186723,"***",3.29688604667635,3.30797482174756,3.24965892264778]
["CAP MODIFICADO POR POLÍMERO 55-75-E","2019-06-01","***",3.96361781876953,"***",3.4129229658092,3.3003987022606,3.58826727782376]
["CAP MODIFICADO POR POLÍMERO 55-75-E","2019-07-01","***",3.66976434089208,"***",3.28541230865612,2.96357888798956,3.39253711693339]
["CAP MODIFICADO POR POLÍMERO 55-75-E","2019-08-01","***",3.30631961102318,"***",3.11392979909009,3.11234435856857,3.19022827006229]
["CAP MODIFICADO POR POLÍMERO 55-75-E","2019-09-01","***",3.10197752838896,"***",3.09222150435471,3.11850720794492,3.10799620596266]
["CAP MODIFICADO POR POLÍMERO 55-75-E","2019-10-01","***",3.05075538034257,"***",3.20938793894827,3.11851241045662,3.12792850503186]
["CAP MODIFICADO POR POLÍMERO 55-75-E","2019-11-01","***",3.06667595567796,"***",3.23382726201342,3.11741608774675,3.11881624931522]
["CAP MODIFICADO POR POLÍMERO 55-75-E","2019-12-01","***",2.92953883682503,3.8813,3.30937,3.22278818422569,3.09990350890923]
["CAP MODIFICADO POR POLÍMERO 55-75-E","2020-01-01","***",2.80314947368421,"***",3.30199564472107,3.11881164099516,3.13836439115747]
["CAP MODIFICADO POR POLÍMERO 55-75-E","2020-02-01","***",2.68279008318099,"***",3.15670653777247,3.00957997350862,2.9649531492284]
["CAP MODIFICADO POR POLÍMERO 55-75-E","2020-03-01","***",3.06486631300363,3.92503,3.03582776442754,3.00897434990235,3.05330980605577]
["CAP MODIFICADO POR POLÍMERO 55-75-E","2020-04-01","***",3.0405163384275,"***",3.17259938190401,2.93483989134309,3.00103054057547]
["CAP MODIFICADO POR POLÍMERO 55-75-E","2020-05-01","***",2.87021015656593,"***",3.06718654307269,3.07463399404879,3.02349551010199]
["CAP MODIFICADO POR POLÍMERO 55-75-E","2020-06-01","***",3.10160146530792,3.33189,2.98889017398776,2.99251502233254,3.07606708689443]
["CAP MODIFICADO POR POLÍMERO 55-75-E","2020-07-01","***",3.05932835646529,3.33255,3.03002960721953,2.82265763505574,2.95102182882361]
["CAP MODIFICADO POR POLÍMERO 55-75-E","2020-08-01","***",3.2288710413132,"***",3.34536,3.00060631280119,3.10017705055255]
["CAP MODIFICADO POR POLÍMERO 55-75-E","2020-09-01","***",3.15710413261532,"***",3.48471,2.92749158139919,3.05785323920313]
["CAP MODIFICADO POR POLÍMERO 55-75-E","2020-10-01","***",3.16686484364478,"***",3.26938975402564,2.95315205591269,3.06131761378545]
["CAP MODIFICADO POR POLÍMERO 55-75-E","2020-11-01","***",3.25849218147905,"***",3.52420998087482,3.09567132224279,3.18356954568048]
["CAP MODIFICADO POR POLÍMERO 55-75-E","2020-12-01","***",3.35741348903298,3.60977,"***",3.05026694513838,3.12058995781048]
["CAP MODIFICADO POR POLÍMERO 55-75-E","2021-01-01","***",3.33688749043273,"***",3.50262017827111,3.12597193695984,3.25387218695915]
["CAP MODIFICADO POR POLÍMERO 55-75-E","2021-02-01","***",3.46081836145437,"***",3.73207845256371,3.25036687488171,3.29910327596597]
["CAP MODIFICADO POR POLÍMERO 55-75-E","2021-03-01","***",3.3307011078341,"***",3.66293213152487,3.34440967891817,3.36299476161779]
["CAP MODIFICADO POR POLÍMERO 55-75-E","2021-04-01","***",3.50728443290342,"***",3.1572029695122,3.19855831813481,3.22813334221663]
["CAP MODIFICADO POR POLÍMERO 55-75-E","2021-05-01","***",4.18162,"***",3.93314708978328,3.37783929235426,3.53479289984582]
["CAP MODIFICADO POR POLÍMERO 55-75-E","2021-06-01","***",3.73428914334947,"***",4.10639,2.96209408881109,3.30029145020977]
["CAP MODIFICADO POR POLÍMERO 55-75-E","2021-07-01","***",3.82710795309168,"***",4.10639,3.7443847338036,3.77034982320054]
["CAP MODIFICADO POR POLÍMERO 55-75-E","2021-08-01","***",3.86072870187615,4.39299033141605,"***",4.53445337082372,4.38541747995163]
["CAP MODIFICADO POR POLÍMERO 55-75-E","2021-09-01","***",4.0217578722262,"***","***",4.65689410195431,4.45410727476169]
["CAP MODIFICADO POR POLÍMERO 55-75-E","2021-10-01","***",4.04203719298548,"***","***",4.59167816431159,4.2886668760516]
["CAP MODIFICADO POR POLÍMERO 55-75-E","2021-11-01","***",4.08315311404794,"***","***",4.970370498907,4.39029787816957]
["CAP MODIFICADO POR POLÍMERO 55-75-E","2021-12-01","***",4.3545857000429,"***","***",4.94704422736638,4.56880256521215]
["CAP MODIFICADO POR POLÍMERO 55-75-E","2022-01-01","***",4.6346160249794,"***","***",4.98807488922767,4.74357732056077]
["CAP MODIFICADO POR POLÍMERO 55-75-E","2022-02-01","***",5.29453015353426,"***","***",4.88737204403244,5.03545319091624]
["CAP MODIFICADO POR POLÍMERO 55-75-E","2022-03-01","***",5.3661709190209,"***",6.42,4.77833165350329,5.09986913231961]
["CAP MODIFICADO POR POLÍMERO 55-75-E","2022-04-01","***",5.65944055100997,"***",5.55129582614695,5.42038223075757,5.47759544044086]
["CAP MODIFICADO POR POLÍMERO 55-75-E","2022-05-01",5.27157,5.47972912472402,"***",4.85123949935301,5.20783086823752,5.18575128990428]
["CAP MODIFICADO POR POLÍMERO 55-75-E","2022-06-01","***",5.54872969389068,5.09087671644295,5.16397180029318,5.18676469060959,5.22667019231154]
["CAP MODIFICADO POR POLÍMERO 55-75-E","2022-07-01","***",5.41551891751556,5.6180787800312,5.14122636408429,5.25079520187356,5.26985311991448]
["CAP MODIFICADO POR POLÍMERO 55-75-E","2022-08-01","***",5.46440960959767,5.64951,4.93781138561871,5.05380724268161,5.16589884718627]
["CAP MODIFICADO POR POLÍMERO 55-75-E","2022-09-01","***",5.13443060364605,5.34124741706284,4.75939037368933,5.00932277278479,5.08587475848032]
["CAP MODIFICADO POR POLÍMERO 55-75-E","2022-10-01","***",5.35346180396632,"***",4.35571781207004,4.50032255818748,4.63180693141001]
["CAP MODIFICADO POR POLÍMERO 55-75-E","2022-11-01","***",4.59910011279721,"***",4.23617733487111,4.46725150388994,4.352245441927]
["CAP MODIFICADO POR POLÍMERO 55-75-E","2022-12-01","***",4.82773012503775,"***",4.10383872758912,4.46229445478056,4.4468637076693]
["CAP MODIFICADO POR POLÍMERO 55-75-E","2023-01-01","***",4.69718852168938,"***",4.94214,4.22348593347253,4.50945094210152]
["CAP MODIFICADO POR POLÍMERO 55-75-E","2023-02-01","***",4.61690357036689,4.25309,4.1887398852445,4.13263099594616,4.27980106455054]
["CAP MODIFICADO POR POLÍMERO 55-75-E","2023-03-01","***",4.6876675178117,4.21659,4.1128664946311,3.81426438765295,3.93902685315367]
["CAP MODIFICADO POR POLÍMERO 55-75-E","2023-04-01","***",4.65341,"***",4.78178,3.68775009652942,3.77407876686811]
["CAP MODIFICADO POR POLÍMERO 55-75-E","2023-05-01","***",4.90230705248271,"***",4.78178,3.79896925217238,4.00871289778413]
["CAP MODIFICADO POR POLÍMERO 55-75-E","2023-06-01","***",4.26848514999189,"***",4.46670555862742,3.79818459361659,3.84203508049485]
["CAP MODIFICADO POR POLÍMERO 55-75-E","2023-07-01","***",4.25372887000662,"***",5.12624,3.65741673156469,3.71105572112959]
["CAP MODIFICADO POR POLÍMERO 55-75-E","2023-08-01","***",3.98856252699607,3.84602,4.90145689528796,3.71470351204495,3.81173973923889]
["CAP MODIFICADO POR POLÍMERO 55-75-E","2023-09-01","***",4.51884426204324,"***",4.4313,3.86004824044851,3.91796781272515]
["CAP MODIFICADO POR POLÍMERO 55-75-E","2023-10-01","***",5.05472994778688,"***",4.46273904077313,3.8631680943559,3.96473670417785]
["CAP MODIFICADO POR POLÍMERO 55-75-E","2023-11-01","***",4.57523,"***",4.57407387726336,3.87620630596892,4.01552951341332]
["CAP MODIFICADO POR POLÍMERO 55-75-E","2023-12-01","***",4.54804837032098,"***",4.5020226271276,3.95495613759861,4.07043668909226]
["CAP MODIFICADO POR POLÍMERO 55-75-E","2024-01-01","***",3.90674408797983,"***",4.55698407555072,3.86928083963879,3.95899365106605]
["CAP MODIFICADO POR POLÍMERO 55-75-E","2024-02-01","***",3.8469255551638,"***",3.96581167801278,3.87324376534788,3.87852662158615]
["CAP MODIFICADO POR POLÍMERO 55-75-E","2024-03-01","***",4.2227967064871,"***",4.08883,3.91595696548599,3.9935745200867]
["CAP MODIFICADO POR POLÍMERO 55-75-E","2024-04-01","***",4.26493511276809,"***",4.18000049716283,3.96527005204901,4.04057536683825]
["CAP MODIFICADO POR POLÍMERO 55-75-E","2024-05-01","***",4.23241071938824,"***",3.56596,4.00662073314054,4.00484256928324]
["CAP MODIFICADO POR POLÍMERO 55-75-E","2024-06-01","***",4.27025470126983,"***",4.07660819880303,3.99126762803621,4.05761483785515]
["CAP MODIFICADO POR POLÍMERO 55-75-E","2024-07-01","***",4.40138798582369,5.96833,4.36815701218062,4.01781261800569,4.1537813108592]
["CAP MODIFICADO POR POLÍMERO 55-75-E","2024-08-01","***",5.04016771882902,6.40014,4.53637949149046,4.24907507346455,4.49914593364085]
["CAP MODIFICADO POR POLÍMERO 60-85-E","2015-09-01","***",1.25317123420797,1.892662375356,1.91144233547075,1.92411504661792,1.89304332545831]
["CAP MODIFICADO POR POLÍMERO 60-85-E","2015-10-01","***",0.605272386831276,1.9355650039974,1.91581864914363,2.05098383520728,1.94527970874623]
["CAP MODIFICADO POR POLÍMERO 60-85-E","2015-11-01","***",2.0164,2.11002147710632,2.10819836995823,2.19859270812895,2.13441719438221]
["CAP MODIFICADO POR POLÍMERO 60-85-E","2015-12-01","***",1.41113,2.12393985006481,2.18560244751403,2.12206016985718,2.15295683475305]
["CAP MODIFICADO POR POLÍMERO 60-85-E","2016-01-01","***",0.60105,"***",2.13136611207421,2.29083109689739,2.19361358097892]
["CAP MODIFICADO POR POLÍMERO 60-85-E","2016-02-01","***",2.22216,2.14000398009652,2.12681406730792,2.31903243460524,2.22225270570651]
["CAP MODIFICADO POR POLÍMERO 60-85-E","2016-03-01","***","***",2.39816555295112,2.04574643495603,2.28307419747016,2.15058943212091]
["CAP MODIFICADO POR POLÍMERO 60-85-E","2016-04-01","***","***",2.58789654743648,2.27581361600714,2.33709589164228,2.30892703271117]
["CAP MODIFICADO POR POLÍMERO 60-85-E","2016-05-01","***",2.55309,2.35838027020061,2.33588521374152,2.36719553605975,2.3505973897908]
["CAP MODIFICADO POR POLÍMERO 60-85-E","2016-06-01","***",1.75820714982578,2.48760853261764,2.2965793568049,2.35858878607904,2.32162511195715]
["CAP MODIFICADO POR POLÍMERO 60-85-E","2016-07-01","***",1.78162165490819,2.3945574321139,2.33017685118187,2.45642128839436,2.35374269150807]
["CAP MODIFICADO POR POLÍMERO 60-85-E","2016-08-01","***",2.5130892984062,2.44303940032478,2.35672640416978,2.43401847654131,2.4047886594623]
["CAP MODIFICADO POR POLÍMERO 60-85-E","2016-09-01",2.2291,"***",1.98644940380001,2.06602292435601,2.30496257428648,2.16564765568899]
["CAP MODIFICADO POR POLÍMERO 60-85-E","2016-10-01","***","***",2.25032048373278,2.03038231841015,2.33698209886907,2.22318074240112]
["CAP MODIFICADO POR POLÍMERO 60-85-E","2016-11-01","***","***",2.27457310038629,2.01962142991505,2.30002851771571,2.18567632152483]
["CAP MODIFICADO POR POLÍMERO 60-85-E","2016-12-01","***","***",2.17926314142894,1.98245626587555,2.16529248216421,2.0670076788227]
["CAP MODIFICADO POR POLÍMERO 60-85-E","2017-01-01",1.81125,"***",1.9145261666202,1.94515766806878,2.05366844915662,1.9851466366801]
["CAP MODIFICADO POR POLÍMERO 60-85-E","2017-02-01","***","***",2.40488,2.00473657118367,2.02150994730277,2.01538498113355]
["CAP MODIFICADO POR POLÍMERO 60-85-E","2017-03-01","***","***",1.97180927294844,2.04314063681491,1.93300778334916,1.99164890411521]
["CAP MODIFICADO POR POLÍMERO 60-85-E","2017-04-01","***","***",1.94173924745485,1.92746301779478,1.97011312382094,1.95341936391941]
["CAP MODIFICADO POR POLÍMERO 60-85-E","2017-05-01","***","***",1.83981756643555,1.92369302274548,1.92524434416541,1.92124158556655]
["CAP MODIFICADO POR POLÍMERO 60-85-E","2017-06-01","***","***",1.95903916836764,2.02345781056242,1.95469336021635,1.98740790663678]
["CAP MODIFICADO POR POLÍMERO 60-85-E","2017-07-01","***","***",1.95991388105227,1.91231186772283,1.9285653669325,1.92578652173089]
["CAP MODIFICADO POR POLÍMERO 60-85-E","2017-08-01","***",1.91,2.17889779233189,1.87543820170513,1.90526114917619,1.939707201138]
["CAP MODIFICADO POR POLÍMERO 60-85-E","2017-09-01","***",2.02172685908102,2.01314674773204,1.87550090078663,1.92855918995273,1.91744367549308]
["CAP MODIFICADO POR POLÍMERO 60-85-E","2017-10-01","***",2.23521179354643,1.89190905173041,1.87508148234081,1.9318636366355,1.90840709308672]
["CAP MODIFICADO POR POLÍMERO 60-85-E","2017-11-01","***",2.46645258887134,2.11270294847248,2.10184673979683,2.0434117083884,2.11525146071731]
["CAP MODIFICADO POR POLÍMERO 60-85-E","2017-12-01","***",2.46646952315275,2.02556639798558,2.10739036986697,2.01629795028557,2.09844027131343]
["CAP MODIFICADO POR POLÍMERO 60-85-E","2018-01-01","***",2.54699494759473,2.43843714265666,2.23586145273127,2.21711680147744,2.26290548950052]
["CAP MODIFICADO POR POLÍMERO 60-85-E","2018-02-01","***",2.56129476805664,2.23606923671498,2.23157462891097,2.17629609051453,2.2149567719183]
["CAP MODIFICADO POR POLÍMERO 60-85-E","2018-03-01","***","***",2.26460032292086,2.20704693917996,2.12647913842999,2.1795876274408]
["CAP MODIFICADO POR POLÍMERO 60-85-E","2018-04-01","***","***",2.25301,2.23753015065009,2.19211675283852,2.22446673194313]
["CAP MODIFICADO POR POLÍMERO 60-85-E","2018-05-01","***",2.62237496113184,2.41596091887685,2.41350102475295,2.25482174903222,2.37657459126799]
["CAP MODIFICADO POR POLÍMERO 60-85-E","2018-06-01","***",2.70726101029429,2.63667352775451,2.4961148170595,2.41970776535459,2.48639985589446]
["CAP MODIFICADO POR POLÍMERO 60-85-E","2018-07-01","***","***",2.98565200550145,2.76879757131771,2.5975237297685,2.71838209188408]
["CAP MODIFICADO POR POLÍMERO 60-85-E","2018-08-01","***",2.97857984404673,3.43775198740865,2.80994983148632,2.83774361803564,2.85953217848848]
["CAP MODIFICADO POR POLÍMERO 60-85-E","2018-09-01","***",3.02883178373514,3.15265826633047,2.82299012679302,2.83191820671227,2.86612171531914]
["CAP MODIFICADO POR POLÍMERO 60-85-E","2018-10-01","***",2.97547359576866,2.69781033922628,2.83996031718824,2.90875843418587,2.8305252775557]
["CAP MODIFICADO POR POLÍMERO 60-85-E","2018-11-01","***",3.49604,3.50656281786867,3.24795933738902,3.21540828213836,3.26535351505404]
["CAP MODIFICADO POR POLÍMERO 60-85-E","2018-12-01","***",3.47626394860915,"***",3.06241702236474,3.27610207183992,3.18500090253288]
["CAP MODIFICADO POR POLÍMERO 60-85-E","2019-01-01","***","***",3.29849,3.15379287818185,3.31048923049975,3.20909430709353]
["CAP MODIFICADO POR POLÍMERO 60-85-E","2019-02-01","***",3.8243,3.43709,3.24457251776904,3.50673034364815,3.39282745896584]
["CAP MODIFICADO POR POLÍMERO 60-85-E","2019-03-01","***","***",3.43881,3.58171242894941,3.49573962955065,3.53141468297267]
["CAP MODIFICADO POR POLÍMERO 60-85-E","2019-04-01","***","***",3.60300539066597,3.62307221791142,3.40863595672586,3.50137931463887]
["CAP MODIFICADO POR POLÍMERO 60-85-E","2019-05-01","***",2.92,3.40844851621372,3.37717102163665,3.33697120963277,3.35130165145413]
["CAP MODIFICADO POR POLÍMERO 60-85-E","2019-06-01","***",2.83,3.49564639673901,3.29590674334936,3.31727091172297,3.31984275808237]
["CAP MODIFICADO POR POLÍMERO 60-85-E","2019-07-01","***",2.88061427843515,3.37146098493034,3.25059220601701,3.29931358930472,3.27505012330589]
["CAP MODIFICADO POR POLÍMERO 60-85-E","2019-08-01","***",2.89016628904909,3.52049718266254,3.04000726184178,3.02173548007963,3.04319849716752]
["CAP MODIFICADO POR POLÍMERO 60-85-E","2019-09-01","***",2.93093017768301,3.34545650782422,3.09246202318758,2.94480023463993,3.01290073172698]
["CAP MODIFICADO POR POLÍMERO 60-85-E","2019-10-01",5.11572868198259,2.95216,3.48351604165869,3.20677119052802,3.0223676088137,3.171619274485]
["CAP MODIFICADO POR POLÍMERO 60-85-E","2019-11-01",5.05233742417358,3.00476,3.22704158661503,3.13962444215806,3.06441360042646,3.19223223164904]
["CAP MODIFICADO POR POLÍMERO 60-85-E","2019-12-01",2.9656266577628,2.96655913175164,3.3373148398802,3.12918213374562,3.10058524681449,3.11897101405706]
["CAP MODIFICADO POR POLÍMERO 60-85-E","2020-01-01","***","***",3.30634723985591,3.20191475456183,3.17040329488585,3.19963121896122]
["CAP MODIFICADO POR POLÍMERO 60-85-E","2020-02-01","***",3.09,3.3666734313374,3.02846766659895,3.02715250631246,3.0350577961538]
["CAP MODIFICADO POR POLÍMERO 60-85-E","2020-03-01",3.16199,"***",3.02093524214774,3.01050974716001,2.99413715545964,3.00730749230399]
["CAP MODIFICADO POR POLÍMERO 60-85-E","2020-04-01","***","***",2.85106694118398,3.03951849570518,3.06760361613032,3.03703925976954]
["CAP MODIFICADO POR POLÍMERO 60-85-E","2020-05-01",3.10619512300017,"***",2.91281906261236,2.86637226838744,2.94755433021574,2.89632647085947]
["CAP MODIFICADO POR POLÍMERO 60-85-E","2020-06-01",3.36092313814555,"***",2.97733874261762,2.88570631785541,3.00328417753961,2.93283071824928]
["CAP MODIFICADO POR POLÍMERO 60-85-E","2020-07-01","***",2.72475,3.05556681475599,2.83744579060555,2.9169283312165,2.8975763172694]
["CAP MODIFICADO POR POLÍMERO 60-85-E","2020-08-01","***",3.17039932171841,3.20927920194299,3.00189738634832,3.03863479691719,3.07488556232843]
["CAP MODIFICADO POR POLÍMERO 60-85-E","2020-09-01","***",3.08782520154789,3.21739518957871,2.9978681642551,3.06799122733065,3.06995566795826]
["CAP MODIFICADO POR POLÍMERO 60-85-E","2020-10-01","***",2.77987,3.07230388199399,2.97207625574942,3.08580625167874,3.02620816884545]
["CAP MODIFICADO POR POLÍMERO 60-85-E","2020-11-01","***",3.67614356332623,3.26755406072142,3.27091851810302,3.32094845621586,3.29060195657708]
["CAP MODIFICADO POR POLÍMERO 60-85-E","2020-12-01","***",3.39606761985816,3.30948098520239,3.20380270198163,3.38322634428156,3.27864264512973]
["CAP MODIFICADO POR POLÍMERO 60-85-E","2021-01-01","***",3.17658171390566,3.58698013147811,3.25394757201545,3.34933463956865,3.31078041709878]
["CAP MODIFICADO POR POLÍMERO 60-85-E","2021-02-01","***",3.31777483838127,3.77007108626297,3.60722485694767,3.54501437941511,3.57828122686981]
["CAP MODIFICADO POR POLÍMERO 60-85-E","2021-03-01","***",3.3587524163479,3.27354673240699,3.35928291292455,3.51508513083025,3.41299564751563]
["CAP MODIFICADO POR POLÍMERO 60-85-E","2021-04-01",3.32939,3.32864,3.56220060018378,3.38892209698853,3.47560626184345,3.42538478982966]
["CAP MODIFICADO POR POLÍMERO 60-85-E","2021-05-01","***",3.47235970611362,3.95151458224606,4.16157682978915,4.09450941792509,4.10019756496795]
["CAP MODIFICADO POR POLÍMERO 60-85-E","2021-06-01","***",3.48198018726344,4.17615604352457,4.08199606968997,4.13849353397858,4.05488365790465]
["CAP MODIFICADO POR POLÍMERO 60-85-E","2021-07-01","***",3.66656,4.94519737852012,4.1727019915175,4.09258848638526,4.19614728047048]
["CAP MODIFICADO POR POLÍMERO 60-85-E","2021-08-01","***",3.80820091788613,5.24572613518033,4.25548472819755,4.18908391704856,4.32440939170707]
["CAP MODIFICADO POR POLÍMERO 60-85-E","2021-09-01","***",4.28905166088069,5.27280181556087,4.46507833961203,4.32448188314833,4.52484910202289]
["CAP MODIFICADO POR POLÍMERO 60-85-E","2021-10-01","***",4.44068068129886,4.86864895903947,4.37979388830918,4.39806373340598,4.4496488853661]
["CAP MODIFICADO POR POLÍMERO 60-85-E","2021-11-01","***",4.70707844692993,5.28632633107919,4.84401228514808,4.88748827678509,4.88691156395821]
["CAP MODIFICADO POR POLÍMERO 60-85-E","2021-12-01","***",4.95472959070377,5.20709015847801,4.87092014392755,4.99471074930784,4.94461467152791]
["CAP MODIFICADO POR POLÍMERO 60-85-E","2022-01-01","***",4.80811028172464,5.26390303718699,4.87845634361623,5.00110908534986,4.91866885745366]
["CAP MODIFICADO POR POLÍMERO 60-85-E","2022-02-01","***",4.65294603323472,5.57069808894834,5.20451274355683,5.31457227990095,5.22283612924571]
["CAP MODIFICADO POR POLÍMERO 60-85-E","2022-03-01","***",5.15949668660306,5.05339349269028,5.21739320491725,5.36961560392345,5.23855026635641]
["CAP MODIFICADO POR POLÍMERO 60-85-E","2022-04-01","***",5.62254527871613,5.61891189143188,5.69650277713828,5.25293544143356,5.56249270793381]
["CAP MODIFICADO POR POLÍMERO 60-85-E","2022-05-01","***",5.40803996979425,5.61601512502283,5.62953704777164,5.12519079841518,5.4850449368409]
["CAP MODIFICADO POR POLÍMERO 60-85-E","2022-06-01","***",5.31968714777976,5.62023481370243,5.52156252296333,5.09010596042669,5.41823524620248]
["CAP MODIFICADO POR POLÍMERO 60-85-E","2022-07-01","***",6.24059481217163,5.70308230821372,5.49337909965136,5.2367948669495,5.51668044255538]
["CAP MODIFICADO POR POLÍMERO 60-85-E","2022-08-01","***",5.684075747742,5.58532049348375,5.36712127982476,5.01369216542537,5.40484446887376]
["CAP MODIFICADO POR POLÍMERO 60-85-E","2022-09-01","***",5.41072267573014,5.65916062222363,5.1154518178758,4.80874740577137,5.18213170683724]
["CAP MODIFICADO POR POLÍMERO 60-85-E","2022-10-01","***",5.04636895665943,4.90835784731484,4.73233365339619,4.75120573781174,4.78764770222457]
["CAP MODIFICADO POR POLÍMERO 60-85-E","2022-11-01","***",5.03022103721124,5.23201664096687,4.67092512487868,4.81356149456334,4.83090316081337]
["CAP MODIFICADO POR POLÍMERO 60-85-E","2022-12-01",4.95449969008618,4.81255025094636,6.08463935511667,4.50584426607364,4.78570410076916,4.82648770205918]
["CAP MODIFICADO POR POLÍMERO 60-85-E","2023-01-01","***",4.66646999201751,5.54067989545357,4.29458197549375,4.38952636869757,4.45777887927925]
["CAP MODIFICADO POR POLÍMERO 60-85-E","2023-02-01","***",4.85321264944313,4.6698196309429,4.30893465411802,4.22178516756982,4.35425311747483]
["CAP MODIFICADO POR POLÍMERO 60-85-E","2023-03-01","***",5.42514707189023,4.55024842656624,4.24045648527975,3.98989598942925,4.22005512883053]
["CAP MODIFICADO POR POLÍMERO 60-85-E","2023-04-01","***",4.7344,4.49031043108198,4.35761094147629,3.90087230720628,4.24688022700241]
["CAP MODIFICADO POR POLÍMERO 60-85-E","2023-05-01",4.80711737069144,4.44991568334113,5.18928296010186,4.3340402856941,3.88084920040964,4.49829690397457]
["CAP MODIFICADO POR POLÍMERO 60-85-E","2023-06-01",4.58753394043313,4.25946,5.09412071082132,4.23213672433528,3.74544325397045,4.46744815535591]
["CAP MODIFICADO POR POLÍMERO 60-85-E","2023-07-01",4.91550005938691,4.60694,4.77888684361448,4.03582226977194,3.86357915052479,4.25003231938573]
["CAP MODIFICADO POR POLÍMERO 60-85-E","2023-08-01",4.85674133866939,4.52336408668731,4.83706532031466,3.92704281338545,3.8512205596235,4.12822076569522]
["CAP MODIFICADO POR POLÍMERO 60-85-E","2023-09-01",5.26536984516686,5.47420805525318,5.09568111034291,4.22668711119813,4.06607621195023,4.43716412765569]
["CAP MODIFICADO POR POLÍMERO 60-85-E","2023-10-01",4.63182934282858,5.49918821778655,4.81083859493357,4.26036931828957,4.05776381194595,4.3307554912631]
["CAP MODIFICADO POR POLÍMERO 60-85-E","2023-11-01",5.44636912952375,5.47146688894807,4.8121900238038,4.27760233473524,4.09351004857975,4.41688695488137]
["CAP MODIFICADO POR POLÍMERO 60-85-E","2023-12-01",4.48439922216863,4.42131355986281,4.94583891476612,4.26894629295264,4.10033982155814,4.40649600236669]
["CAP MODIFICADO POR POLÍMERO 60-85-E","2024-01-01",6.22448669988926,4.47383817987929,4.47038007721147,4.04666760901012,3.92665833110417,4.11536986525145]
["CAP MODIFICADO POR POLÍMERO 60-85-E","2024-02-01",5.722156003276,4.33468053983228,4.51587524516111,3.95329627537874,3.89998506166685,4.1035095870814]
["CAP MODIFICADO POR POLÍMERO 60-85-E","2024-03-01",5.51713483917289,5.17504498688283,4.34993486393625,3.94975625191239,3.99063406110678,4.09880883161478]
["CAP MODIFICADO POR POLÍMERO 60-85-E","2024-04-01",5.04080987927992,4.00671556604863,4.55927808703976,3.89975356639546,4.03837491149607,4.1189074066869]
["CAP MODIFICADO POR POLÍMERO 60-85-E","2024-05-01",4.69911323294601,4.01856366093366,4.95408936304554,4.08065854331153,4.15724053511459,4.39018087549939]
["CAP MODIFICADO POR POLÍMERO 60-85-E","2024-06-01",5.14784709557109,4.35775413685443,5.01821292832,3.9916539087047,4.09344217990167,4.34582905564012]
["CAP MODIFICADO POR POLÍMERO 60-85-E","2024-07-01",5.01459292737076,4.70015408902965,4.96957870739927,4.12848790617771,4.1464196187752,4.41729120732289]
["CAP MODIFICADO POR POLÍMERO 60-85-E","2024-08-01",5.23623078270443,4.91226186799989,5.4050185788527,4.38209822204637,4.35728053637278,4.7807443369158]
["CAP MODIFICADO POR POLÍMERO 65-90-E","2015-09-01","***","***","***","***","***","***"]
["CAP MODIFICADO POR POLÍMERO 65-90-E","2015-10-01","***","***",1.82155,1.55888,1.9466,1.87005762520147]
["CAP MODIFICADO POR POLÍMERO 65-90-E","2015-11-01","***",2.2247,"***",1.69003875293317,2.13551637629672,1.87452155606747]
["CAP MODIFICADO POR POLÍMERO 65-90-E","2015-12-01","***","***","***",1.69448376120345,2.0959,1.71321925647351]
["CAP MODIFICADO POR POLÍMERO 65-90-E","2016-01-01","***",2.3607,"***",2.32108583520359,"***",2.32572927138929]
["CAP MODIFICADO POR POLÍMERO 65-90-E","2016-02-01","***",2.1938,"***",2.62922,2.14708942325077,2.29155818275319]
["CAP MODIFICADO POR POLÍMERO 65-90-E","2016-03-01","***","***","***",1.9236413262447,2.0959,1.95493530601446]
["CAP MODIFICADO POR POLÍMERO 65-90-E","2016-04-01","***","***","***","***",2.43820901396741,2.43820901396741]
["CAP MODIFICADO POR POLÍMERO 65-90-E","2016-05-01","***","***","***",2.40266172917231,2.34224538712687,2.3804700832334]
["CAP MODIFICADO POR POLÍMERO 65-90-E","2016-06-01","***","***",2.28052,2.37798676183536,2.2599527110988,2.32987462779325]
["CAP MODIFICADO POR POLÍMERO 65-90-E","2016-07-01","***","***",2.28052,2.41986485042956,2.29519865149467,2.30593376572676]
["CAP MODIFICADO POR POLÍMERO 65-90-E","2016-08-01","***","***",2.28052,"***",2.31703176478008,2.31613741917125]
["CAP MODIFICADO POR POLÍMERO 65-90-E","2016-09-01","***","***",2.4327,2.20522602598349,2.06117917164472,2.08370381123578]
["CAP MODIFICADO POR POLÍMERO 65-90-E","2016-10-01","***","***",2.08188141691809,1.91478604680277,2.0459658783141,2.02257809331246]
["CAP MODIFICADO POR POLÍMERO 65-90-E","2016-11-01","***","***","***",1.82867328180467,2.00898474976362,1.96569362881367]
["CAP MODIFICADO POR POLÍMERO 65-90-E","2016-12-01","***","***","***","***",1.89701151332149,1.89701151332149]
["CAP MODIFICADO POR POLÍMERO 65-90-E","2017-01-01","***","***","***","***",1.6231242228141,1.6231242228141]
["CAP MODIFICADO POR POLÍMERO 65-90-E","2017-02-01","***","***","***","***",1.60820470353381,1.60820470353381]
["CAP MODIFICADO POR POLÍMERO 65-90-E","2017-03-01","***","***","***","***",1.83099150409053,1.83099150409053]
["CAP MODIFICADO POR POLÍMERO 65-90-E","2017-04-01","***","***","***",2.02952783349468,1.68996405919534,1.72185218454545]
["CAP MODIFICADO POR POLÍMERO 65-90-E","2017-05-01","***","***",1.82642,1.7751,1.85137677896834,1.85038471293069]
["CAP MODIFICADO POR POLÍMERO 65-90-E","2017-06-01","***","***",2.47996,2.01504059898145,1.96893376277466,2.03888030957701]
["CAP MODIFICADO POR POLÍMERO 65-90-E","2017-07-01","***","***",2.21444971989655,2.00351977646477,1.9569,2.02766465470437]
["CAP MODIFICADO POR POLÍMERO 65-90-E","2017-08-01","***","***",2.4127136041963,1.97143131920376,1.9569,2.03588172992212]
["CAP MODIFICADO POR POLÍMERO 65-90-E","2017-09-01","***","***",2.53165782915304,1.99400980165005,1.96376438582677,2.04642914162547]
["CAP MODIFICADO POR POLÍMERO 65-90-E","2017-10-01","***","***",2.62838340770472,2.01891938232098,1.83663577564506,2.14819286478246]
["CAP MODIFICADO POR POLÍMERO 65-90-E","2017-11-01","***","***",2.56866928177923,2.36905114959679,2.0631097147844,2.31698070516159]
["CAP MODIFICADO POR POLÍMERO 65-90-E","2017-12-01","***",2.37503,2.64356356416206,2.22410034130616,2.1192,2.24475659812169]
["CAP MODIFICADO POR POLÍMERO 65-90-E","2018-01-01","***",2.5321109700428,2.40827,2.44707167767375,"***",2.45835906773716]
["CAP MODIFICADO POR POLÍMERO 65-90-E","2018-02-01","***",2.52744,"***","***",2.2188,2.27462622139346]
["CAP MODIFICADO POR POLÍMERO 65-90-E","2018-03-01","***",2.52744,2.40827,"***",1.99714011627907,2.18330072450805]
["CAP MODIFICADO POR POLÍMERO 65-90-E","2018-04-01","***",2.47174,2.36936,"***",2.0879,2.31563213480885]
["CAP MODIFICADO POR POLÍMERO 65-90-E","2018-05-01","***",2.5092293363064,"***",2.12654,2.25038945604825,2.31278578750173]
["CAP MODIFICADO POR POLÍMERO 65-90-E","2018-06-01","***",2.71204661455301,2.80463020099191,2.25601219895288,2.33634654196407,2.49522133627942]
["CAP MODIFICADO POR POLÍMERO 65-90-E","2018-07-01","***",2.87047,2.69098415696958,2.65510536032545,2.57384270951145,2.66090780398269]
["CAP MODIFICADO POR POLÍMERO 65-90-E","2018-08-01","***","***",2.84510416350721,2.75008803119922,2.6786,2.78192420200691]
["CAP MODIFICADO POR POLÍMERO 65-90-E","2018-09-01","***","***",2.95826,2.58822729959774,2.69452132400494,2.71947623407]
["CAP MODIFICADO POR POLÍMERO 65-90-E","2018-10-01","***","***",2.48638,2.58235070449061,2.68557966530553,2.6461121291098]
["CAP MODIFICADO POR POLÍMERO 65-90-E","2018-11-01","***","***",3.37103,2.88111669358301,2.99510609504473,3.00076030049071]
["CAP MODIFICADO POR POLÍMERO 65-90-E","2018-12-01","***","***",2.89386,3.04030495093632,2.98639,3.00727691967522]
["CAP MODIFICADO POR POLÍMERO 65-90-E","2019-01-01","***","***",3.36681,3.08153077794215,2.97026769837706,3.04775074971446]
["CAP MODIFICADO POR POLÍMERO 65-90-E","2019-02-01","***","***","***",3.24355479664348,3.48473,3.25084813423262]
["CAP MODIFICADO POR POLÍMERO 65-90-E","2019-03-01","***","***","***",3.24140902141822,3.2869,3.24974900092061]
["CAP MODIFICADO POR POLÍMERO 65-90-E","2019-04-01","***","***","***",2.98721178045281,3.39738781306171,3.04130974690466]
["CAP MODIFICADO POR POLÍMERO 65-90-E","2019-05-01","***","***","***",3.58081,3.2869,3.49869151108691]
["CAP MODIFICADO POR POLÍMERO 65-90-E","2019-06-01","***","***","***",3.48173553517787,3.32531971853831,3.41086120314729]
["CAP MODIFICADO POR POLÍMERO 65-90-E","2019-07-01","***","***","***","***",3.18910145532117,3.18910145532117]
["CAP MODIFICADO POR POLÍMERO 65-90-E","2019-08-01","***","***","***",3.32954,3.16063497240723,3.21402777719938]
["CAP MODIFICADO POR POLÍMERO 65-90-E","2019-09-01","***","***","***",3.88859231502165,3.15640668723772,3.69109696074841]
["CAP MODIFICADO POR POLÍMERO 65-90-E","2019-10-01","***","***","***",3.7084807442795,"***",3.7084807442795]
["CAP MODIFICADO POR POLÍMERO 65-90-E","2019-11-01","***","***","***",3.3165905540581,"***",3.3165905540581]
["CAP MODIFICADO POR POLÍMERO 65-90-E","2019-12-01","***","***","***",3.41658,3.465,3.44418231997162]
["CAP MODIFICADO POR POLÍMERO 65-90-E","2020-01-01","***","***","***",4.07025,"***",4.07025]
["CAP MODIFICADO POR POLÍMERO 65-90-E","2020-02-01","***","***","***","***","***","***"]
["CAP MODIFICADO POR POLÍMERO 65-90-E","2020-03-01","***","***","***",3.8525,"***",3.8525]
["CAP MODIFICADO POR POLÍMERO 65-90-E","2020-04-01","***","***","***","***",3.36836,3.36836]
["CAP MODIFICADO POR POLÍMERO 65-90-E","2020-05-01","***","***","***",3.15953,"***",3.15953]
["CAP MODIFICADO POR POLÍMERO 65-90-E","2020-06-01","***","***","***",3.02877140602848,3.37113,3.07058435768398]
["CAP MODIFICADO POR POLÍMERO 65-90-E","2020-07-01","***","***","***",2.91801300658403,3.02879,2.93687477934444]
["CAP MODIFICADO POR POLÍMERO 65-90-E","2020-08-01","***","***","***",3.20829584265473,3.60359030887106,3.33001570391123]
["CAP MODIFICADO POR POLÍMERO 65-90-E","2020-09-01","***",3.6784,"***",2.95722639899869,1.46941071960243,2.04036102251355]
["CAP MODIFICADO POR POLÍMERO 65-90-E","2020-10-01","***",3.6784,"***",3.07491469357875,2.94207097285344,3.08380990191999]
["CAP MODIFICADO POR POLÍMERO 65-90-E","2020-11-01","***",3.28358,"***",3.15919746594005,3.30775763864916,3.26443394142036]
["CAP MODIFICADO POR POLÍMERO 65-90-E","2020-12-01","***",3.28358,"***",3.15909107507449,3.12595130853226,3.14331319292458]
["CAP MODIFICADO POR POLÍMERO 65-90-E","2021-01-01","***","***","***",3.15976424499593,"***",3.15976424499593]
["CAP MODIFICADO POR POLÍMERO 65-90-E","2021-02-01","***","***","***",3.41999755544183,"***",3.41999755544183]
["CAP MODIFICADO POR POLÍMERO 65-90-E","2021-03-01","***",4.2064,"***",3.41728446186419,3.35377,3.47318746189239]
["CAP MODIFICADO POR POLÍMERO 65-90-E","2021-04-01","***",4.2064,"***",3.4665533082875,3.50647376363365,3.53084578556341]
["CAP MODIFICADO POR POLÍMERO 65-90-E","2021-05-01","***",5.214,"***",4.29840205851304,"***",4.47026068661379]
["CAP MODIFICADO POR POLÍMERO 65-90-E","2021-06-01","***",5.214,"***",4.15067408383234,4.30755426957224,4.30068882906808]
["CAP MODIFICADO POR POLÍMERO 65-90-E","2021-07-01","***",4.48745,"***",4.28802696121917,"***",4.2966660075747]
["CAP MODIFICADO POR POLÍMERO 65-90-E","2021-08-01","***",4.73083,"***",4.38112821336246,"***",4.41505933234702]
["CAP MODIFICADO POR POLÍMERO 65-90-E","2021-09-01","***",4.50639,"***",4.30847400613451,4.93594,4.37702117888299]
["CAP MODIFICADO POR POLÍMERO 65-90-E","2021-10-01","***","***","***",4.63860755973607,4.93594,4.64133774653549]
["CAP MODIFICADO POR POLÍMERO 65-90-E","2021-11-01","***","***","***",4.82262720334169,"***",4.82262720334169]
["CAP MODIFICADO POR POLÍMERO 65-90-E","2021-12-01","***",5.55153,"***",5.0271386175302,"***",5.05951288866066]
["CAP MODIFICADO POR POLÍMERO 65-90-E","2022-01-01","***","***","***",5.11089416476553,"***",5.11089416476553]
["CAP MODIFICADO POR POLÍMERO 65-90-E","2022-02-01","***","***","***",5.55000622967795,5.93087,5.59105372707535]
["CAP MODIFICADO POR POLÍMERO 65-90-E","2022-03-01","***","***","***",5.64237737429372,"***",5.64237737429372]
["CAP MODIFICADO POR POLÍMERO 65-90-E","2022-04-01","***",6.34477,"***",6.00043,"***",6.13047951539272]
["CAP MODIFICADO POR POLÍMERO 65-90-E","2022-05-01","***",6.17497156290116,5.58739,6.12040159764475,5.96951,6.08458809537565]
["CAP MODIFICADO POR POLÍMERO 65-90-E","2022-06-01","***",6.1620124509051,5.58739,5.98551,"***",5.86084655815698]
["CAP MODIFICADO POR POLÍMERO 65-90-E","2022-07-01","***",6.14865248893392,5.68799,"***",6.0167,6.08228764507772]
["CAP MODIFICADO POR POLÍMERO 65-90-E","2022-08-01","***",6.22278589170392,"***","***",5.36518,5.91602896617741]
["CAP MODIFICADO POR POLÍMERO 65-90-E","2022-09-01","***",6.01233664514019,"***","***",5.58735769659624,5.91973845725977]
["CAP MODIFICADO POR POLÍMERO 65-90-E","2022-10-01","***",5.59587,"***",5.10384438099527,"***",5.16481859662274]
["CAP MODIFICADO POR POLÍMERO 65-90-E","2022-11-01","***",5.10532984612754,"***",5.15784175886934,"***",5.15026155754091]
["CAP MODIFICADO POR POLÍMERO 65-90-E","2022-12-01","***",5.06208066920393,"***",4.67405805112829,4.71814345529282,4.72662320030432]
["CAP MODIFICADO POR POLÍMERO 65-90-E","2023-01-01","***",5.12446687306502,"***",4.71054631855447,"***",4.78277231546091]
["CAP MODIFICADO POR POLÍMERO 65-90-E","2023-02-01","***",5.06386,"***",4.68397592501609,4.74104,4.764344260805]
["CAP MODIFICADO POR POLÍMERO 65-90-E","2023-03-01","***",5.20049,"***",4.4260811354564,4.41095,4.48448469284003]
["CAP MODIFICADO POR POLÍMERO 65-90-E","2023-04-01","***",5.18342,3.57426,4.57641452715328,"***",4.42749863966852]
["CAP MODIFICADO POR POLÍMERO 65-90-E","2023-05-01","***","***",3.78379,4.58133802171125,4.44583405553296,4.35924295750711]
["CAP MODIFICADO POR POLÍMERO 65-90-E","2023-06-01","***","***","***",4.52285060908759,4.38649676760782,4.47530207093346]
["CAP MODIFICADO POR POLÍMERO 65-90-E","2023-07-01","***","***","***",4.53220642886188,4.48285425816818,4.51975543022195]
["CAP MODIFICADO POR POLÍMERO 65-90-E","2023-08-01","***","***","***",4.4510855095769,4.41148,4.44421824599752]
["CAP MODIFICADO POR POLÍMERO 65-90-E","2023-09-01","***","***","***",4.68598,4.46757899088146,4.56378774777226]
["CAP MODIFICADO POR POLÍMERO 65-90-E","2023-10-01","***","***","***",4.34851845660774,4.77063,4.44214921554109]
["CAP MODIFICADO POR POLÍMERO 65-90-E","2023-11-01","***","***",4.02975,4.52536316219814,4.48096781309599,4.44047851050806]
["CAP MODIFICADO POR POLÍMERO 65-90-E","2023-12-01","***","***",4.2520057773772,4.40802557516684,4.26476,4.31784005488743]
["CAP MODIFICADO POR POLÍMERO 65-90-E","2024-01-01","***","***",4.54377,4.34059435265329,4.16282,4.32945006471487]
["CAP MODIFICADO POR POLÍMERO 65-90-E","2024-02-01","***","***","***",4.50878665636495,"***",4.50878665636495]
["CAP MODIFICADO POR POLÍMERO 65-90-E","2024-03-01","***","***","***",4.70203001532016,4.26701,4.68060908949035]
["CAP MODIFICADO POR POLÍMERO 65-90-E","2024-04-01","***","***",3.75859,4.2893563646037,4.31193,4.24989059142943]
["CAP MODIFICADO POR POLÍMERO 65-90-E","2024-05-01","***","***",3.87911,4.35432722900215,4.28772175056837,4.14136158509298]
["CAP MODIFICADO POR POLÍMERO 65-90-E","2024-06-01","***",5.93556,3.86404,4.4499115408231,"***",4.48087872731637]
["CAP MODIFICADO POR POLÍMERO 65-90-E","2024-07-01","***",5.34120344050323,"***",4.36660132278569,4.55312,4.56919043965772]
["CAP MODIFICADO POR POLÍMERO 65-90-E","2024-08-01","***",4.99858,"***",4.46981553562548,4.74571022513217,4.71605594540063]
["CIMENTO ASFÁLTICO MODIFICADO POR POLÍMERO SBS 50-65","2009-12-01","***","***","***",1.58537,1.41757803433314,1.42909570372473]
["CIMENTO ASFÁLTICO MODIFICADO POR POLÍMERO SBS 50-65","2010-01-01","***","***","***","***",1.52271486660136,1.52271486660136]
["CIMENTO ASFÁLTICO MODIFICADO POR POLÍMERO SBS 50-65","2010-02-01","***","***","***","***",1.70893381206462,1.70893381206462]
["CIMENTO ASFÁLTICO MODIFICADO POR POLÍMERO SBS 50-65","2010-03-01","***","***",1.67397,"***",1.63601419642966,1.63717260877259]
["CIMENTO ASFÁLTICO MODIFICADO POR POLÍMERO SBS 50-65","2010-04-01","***","***",1.67271000130909,"***",1.60928084412066,1.6268555694871]
["CIMENTO ASFÁLTICO MODIFICADO POR POLÍMERO SBS 50-65","2010-05-01","***","***",1.67411456801415,1.70661,1.71584133195275,1.70441449521669]
["CIMENTO ASFÁLTICO MODIFICADO POR POLÍMERO SBS 50-65","2010-06-01","***","***","***",1.19161,1.56068753695538,1.52220500368174]
["CIMENTO ASFÁLTICO MODIFICADO POR POLÍMERO SBS 50-65","2010-07-01","***","***","***",1.19161,1.5982250446396,1.50816735070498]
["CIMENTO ASFÁLTICO MODIFICADO POR POLÍMERO SBS 50-65","2010-08-01","***","***","***",1.44105036617792,1.63643395230111,1.59338544354373]
["CIMENTO ASFÁLTICO MODIFICADO POR POLÍMERO SBS 50-65","2010-09-01","***","***","***",1.78783,1.53952602968207,1.58144510708728]
["CIMENTO ASFÁLTICO MODIFICADO POR POLÍMERO SBS 50-65","2010-10-01","***","***","***",1.78783,1.42550980648005,1.45322060712977]
["CIMENTO ASFÁLTICO MODIFICADO POR POLÍMERO SBS 50-65","2010-11-01","***","***","***",1.19161,1.29477422706592,1.27266454401862]
["CIMENTO ASFÁLTICO MODIFICADO POR POLÍMERO SBS 50-65","2010-12-01","***","***","***","***","***","***"]
["CIMENTO ASFÁLTICO MODIFICADO POR POLÍMERO SBS 50-65","2011-01-01","***","***","***","***",1.29477569148936,1.29477569148936]
["CIMENTO ASFÁLTICO MODIFICADO POR POLÍMERO SBS 50-65","2011-02-01","***","***","***","***","***","***"]
["CIMENTO ASFÁLTICO MODIFICADO POR POLÍMERO SBS 50-65","2011-03-01","***","***","***","***","***","***"]
["CIMENTO ASFÁLTICO MODIFICADO POR POLÍMERO SBS 50-65","2011-04-01","***","***","***",1.259195,"***",1.259195]
["CIMENTO ASFÁLTICO MODIFICADO POR POLÍMERO SBS 50-65","2011-05-01","***","***",1.64399,1.17416187693498,"***",1.32467493687533]
["CIMENTO ASFÁLTICO MODIFICADO POR POLÍMERO SBS 50-65","2011-06-01","***","***",1.63832411972057,1.17467,"***",1.60140245030378]
["CIMENTO ASFÁLTICO MODIFICADO POR POLÍMERO SBS 50-65","2011-07-01","***","***",1.49254099868481,1.17304,"***",1.47236946535237]
["CIMENTO ASFÁLTICO MODIFICADO POR POLÍMERO SBS 50-65","2011-08-01","***","***",1.37516594026331,1.17292500104232,"***",1.36043657283838]
["CIMENTO ASFÁLTICO MODIFICADO POR POLÍMERO SBS 50-65","2011-09-01","***","***",1.37509,1.17300319924861,1.55753,1.33114077554526]
["CIMENTO ASFÁLTICO MODIFICADO POR POLÍMERO SBS 50-65","2011-10-01","***","***","***",1.17046567164179,"***",1.17046567164179]
["CIMENTO ASFÁLTICO MODIFICADO POR POLÍMERO SBS 50-65","2011-11-01","***","***","***","***","***","***"]
["CIMENTO ASFÁLTICO MODIFICADO POR POLÍMERO SBS 50-65","2011-12-01","***","***","***",1.10371,"***",1.10371]
["CIMENTO ASFÁLTICO MODIFICADO POR POLÍMERO SBS 50-65","2012-01-01","***","***","***",1.10371331830239,"***",1.10371331830239]
["CIMENTO ASFÁLTICO MODIFICADO POR POLÍMERO SBS 50-65","2012-02-01","***","***","***",1.10371172266702,"***",1.10371172266702]
["CIMENTO ASFÁLTICO MODIFICADO POR POLÍMERO SBS 50-65","2012-03-01","***","***","***",1.10371196484976,"***",1.10371196484976]
["CIMENTO ASFÁLTICO MODIFICADO POR POLÍMERO SBS 50-65","2012-04-01","***","***","***",1.10371670495433,"***",1.10371670495433]
["CIMENTO ASFÁLTICO MODIFICADO POR POLÍMERO SBS 50-65","2012-05-01","***","***",1.56877,1.12521234410373,"***",1.34749210985626]
["CIMENTO ASFÁLTICO MODIFICADO POR POLÍMERO SBS 50-65","2012-06-01","***","***",1.56877,1.14682,"***",1.43211060492505]
["CIMENTO ASFÁLTICO MODIFICADO POR POLÍMERO SBS 50-65","2012-07-01","***","***",1.56877,1.17455,1.36588,1.37214319594595]
["CIMENTO ASFÁLTICO MODIFICADO POR POLÍMERO SBS 50-65","2012-08-01","***","***",1.56877,1.17455,"***",1.42981265889687]
["CIMENTO ASFÁLTICO MODIFICADO POR POLÍMERO SBS 50-65","2012-09-01","***","***",1.61871,"***","***",1.61871]
["CIMENTO ASFÁLTICO MODIFICADO POR POLÍMERO SBS 50-65","2012-10-01","***","***",1.63874561233802,"***","***",1.63874561233802]
["CIMENTO ASFÁLTICO MODIFICADO POR POLÍMERO SBS 50-65","2012-11-01","***","***","***","***","***","***"]
["CIMENTO ASFÁLTICO MODIFICADO POR POLÍMERO SBS 50-65","2012-12-01","***","***","***","***","***","***"]
["CIMENTO ASFÁLTICO MODIFICADO POR POLÍMERO SBS 50-65","2013-01-01","***","***","***","***","***","***"]
["CIMENTO ASFÁLTICO MODIFICADO POR POLÍMERO SBS 50-65","2013-02-01","***","***","***","***","***","***"]
["CIMENTO ASFÁLTICO MODIFICADO POR POLÍMERO SBS 50-65","2013-03-01","***","***","***","***","***","***"]
["CIMENTO ASFÁLTICO MODIFICADO POR POLÍMERO SBS 50-65","2013-04-01","***","***","***",1.312,"***",1.312]
["CIMENTO ASFÁLTICO MODIFICADO POR POLÍMERO SBS 50-65","2013-05-01","***","***","***",1.312,1.32252,1.31353526114799]
["CIMENTO ASFÁLTICO MODIFICADO POR POLÍMERO SBS 50-65","2013-06-01","***","***","***",1.312,"***",1.312]
["CIMENTO ASFÁLTICO MODIFICADO POR POLÍMERO SBS 50-65","2013-07-01","***","***","***",1.312,"***",1.312]
["CIMENTO ASFÁLTICO MODIFICADO POR POLÍMERO SBS 50-65","2013-08-01","***","***","***","***",1.56972025948104,1.56972025948104]
["CIMENTO ASFÁLTICO MODIFICADO POR POLÍMERO SBS 50-65","2013-09-01","***","***","***",1.312,"***",1.312]
["CIMENTO ASFÁLTICO MODIFICADO POR POLÍMERO SBS 50-65","2013-10-01","***","***","***","***",1.36149,1.36149]
["CIMENTO ASFÁLTICO MODIFICADO POR POLÍMERO SBS 50-65","2013-11-01","***","***","***",1.44751073655385,"***",1.44751073655385]
["CIMENTO ASFÁLTICO MODIFICADO POR POLÍMERO SBS 50-65","2013-12-01","***","***","***","***","***","***"]
["CIMENTO ASFÁLTICO MODIFICADO POR POLÍMERO SBS 50-65","2014-01-01","***","***","***",1.42351179238237,"***",1.42351179238237]
["CIMENTO ASFÁLTICO MODIFICADO POR POLÍMERO SBS 50-65","2014-02-01","***","***","***","***","***","***"]
["CIMENTO ASFÁLTICO MODIFICADO POR POLÍMERO SBS 50-65","2014-03-01","***","***",1.42697324978834,"***","***",1.42697324978834]
["CIMENTO ASFÁLTICO MODIFICADO POR POLÍMERO SBS 50-65","2014-04-01","***","***",1.30338590713931,"***","***",1.30338590713931]
["CIMENTO ASFÁLTICO MODIFICADO POR POLÍMERO SBS 50-65","2014-05-01","***","***","***","***","***","***"]
["CIMENTO ASFÁLTICO MODIFICADO POR POLÍMERO SBS 50-65","2014-06-01","***","***","***","***","***","***"]
["CIMENTO ASFÁLTICO MODIFICADO POR POLÍMERO SBS 50-65","2014-07-01","***","***","***","***","***","***"]
["CIMENTO ASFÁLTICO MODIFICADO POR POLÍMERO SBS 50-65","2014-08-01","***","***","***","***","***","***"]
["CIMENTO ASFÁLTICO MODIFICADO POR POLÍMERO SBS 50-65","2014-09-01","***","***","***","***","***","***"]
["CIMENTO ASFÁLTICO MODIFICADO POR POLÍMERO SBS 50-65","2014-10-01","***","***","***","***","***","***"]
["CIMENTO ASFÁLTICO MODIFICADO POR POLÍMERO SBS 50-65","2014-11-01","***","***","***","***","***","***"]
["CIMENTO ASFÁLTICO MODIFICADO POR POLÍMERO SBS 50-65","2014-12-01","***","***","***","***","***","***"]
["CIMENTO ASFÁLTICO MODIFICADO POR POLÍMERO SBS 50-65","2015-01-01","***","***","***","***","***","***"]
["CIMENTO ASFÁLTICO MODIFICADO POR POLÍMERO SBS 50-65","2015-02-01","***","***","***","***","***","***"]
["CIMENTO ASFÁLTICO MODIFICADO POR POLÍMERO SBS 50-65","2015-03-01","***","***","***","***","***","***"]
["CIMENTO ASFÁLTICO MODIFICADO POR POLÍMERO SBS 50-65","2015-04-01","***","***","***","***","***","***"]
["CIMENTO ASFÁLTICO MODIFICADO POR POLÍMERO SBS 50-65","2015-05-01","***","***","***","***","***","***"]
["CIMENTO ASFÁLTICO MODIFICADO POR POLÍMERO SBS 50-65","2015-06-01","***","***","***","***","***","***"]
["CIMENTO ASFÁLTICO MODIFICADO POR POLÍMERO SBS 50-65","2015-07-01","***","***","***","***","***","***"]
["CIMENTO ASFÁLTICO MODIFICADO POR POLÍMERO SBS 50-65","2015-08-01","***","***","***","***","***","***"]
["CIMENTO ASFÁLTICO MODIFICADO POR POLÍMERO SBS 55-75","2009-12-01","***","***","***","***",1.4085247007018,1.4085247007018]
["CIMENTO ASFÁLTICO MODIFICADO POR POLÍMERO SBS 55-75","2010-01-01","***",1.47911,"***","***",1.412,1.45017092528184]
["CIMENTO ASFÁLTICO MODIFICADO POR POLÍMERO SBS 55-75","2010-02-01","***","***","***","***",1.3579,1.3579]
["CIMENTO ASFÁLTICO MODIFICADO POR POLÍMERO SBS 55-75","2010-03-01","***","***","***","***",1.3579,1.3579]
["CIMENTO ASFÁLTICO MODIFICADO POR POLÍMERO SBS 55-75","2010-04-01","***","***","***","***",1.3579,1.3579]
["CIMENTO ASFÁLTICO MODIFICADO POR POLÍMERO SBS 55-75","2010-05-01","***","***","***",1.33582409939632,1.33714116094987,1.33653438069983]
["CIMENTO ASFÁLTICO MODIFICADO POR POLÍMERO SBS 55-75","2010-06-01","***","***","***","***",1.34924838227974,1.34924838227974]
["CIMENTO ASFÁLTICO MODIFICADO POR POLÍMERO SBS 55-75","2010-07-01","***",1.44868,"***","***",1.35573203035477,1.36333250714236]
["CIMENTO ASFÁLTICO MODIFICADO POR POLÍMERO SBS 55-75","2010-08-01","***","***","***",1.62704,1.33961398923406,1.35494878806483]
["CIMENTO ASFÁLTICO MODIFICADO POR POLÍMERO SBS 55-75","2010-09-01","***",1.48319,"***",1.37050185423781,1.33284387544117,1.38662013509249]
["CIMENTO ASFÁLTICO MODIFICADO POR POLÍMERO SBS 55-75","2010-10-01","***",1.48319,"***",1.37926486365505,1.30944207370327,1.34603135514237]
["CIMENTO ASFÁLTICO MODIFICADO POR POLÍMERO SBS 55-75","2010-11-01","***",1.4832,"***",1.30824502071177,1.32964976174947,1.35156966437606]
["CIMENTO ASFÁLTICO MODIFICADO POR POLÍMERO SBS 55-75","2010-12-01","***","***","***",1.30873063007891,1.32007548546853,1.31115025062773]
["CIMENTO ASFÁLTICO MODIFICADO POR POLÍMERO SBS 55-75","2011-01-01","***","***","***",1.2826475553595,1.24743435838298,1.27951440220489]
["CIMENTO ASFÁLTICO MODIFICADO POR POLÍMERO SBS 55-75","2011-02-01","***",0.78463168964547,"***",1.26175681631375,1.23995929927405,1.12999444981937]
["CIMENTO ASFÁLTICO MODIFICADO POR POLÍMERO SBS 55-75","2011-03-01","***",1.2996251914734,"***",1.28085019221585,1.23380216760632,1.25668549398779]
["CIMENTO ASFÁLTICO MODIFICADO POR POLÍMERO SBS 55-75","2011-04-01","***",1.00473515982564,"***",1.32068,1.24284636759275,1.20176347929678]
["CIMENTO ASFÁLTICO MODIFICADO POR POLÍMERO SBS 55-75","2011-05-01","***",0.641706354774826,1.6392,1.11872888378284,1.24083604016381,1.06828818364233]
["CIMENTO ASFÁLTICO MODIFICADO POR POLÍMERO SBS 55-75","2011-06-01","***",0.963460795654383,1.6392,1.15531582200212,1.22113967127616,1.16206119623186]
["CIMENTO ASFÁLTICO MODIFICADO POR POLÍMERO SBS 55-75","2011-07-01","***",1.24418210445469,1.64903019299546,1.26273554345674,1.23023614230953,1.3480658364967]
["CIMENTO ASFÁLTICO MODIFICADO POR POLÍMERO SBS 55-75","2011-08-01","***",1.23613957616374,1.6641,"***",1.21722966490847,1.25658857364082]
["CIMENTO ASFÁLTICO MODIFICADO POR POLÍMERO SBS 55-75","2011-09-01","***",1.4429,"***",1.36294105221983,1.20349740334167,1.24343896058849]
["CIMENTO ASFÁLTICO MODIFICADO POR POLÍMERO SBS 55-75","2011-10-01","***",1.39886149269096,1.37394,1.4555,1.17378461241678,1.31004625949056]
["CIMENTO ASFÁLTICO MODIFICADO POR POLÍMERO SBS 55-75","2011-11-01","***",1.35041918089204,"***",1.43827101508312,1.27020423776489,1.32816360998998]
["CIMENTO ASFÁLTICO MODIFICADO POR POLÍMERO SBS 55-75","2011-12-01","***",1.31169413690132,"***",1.34221005149737,1.14609813552934,1.29786810347926]
["CIMENTO ASFÁLTICO MODIFICADO POR POLÍMERO SBS 55-75","2012-01-01","***",1.32091015353725,"***",1.35803591466346,1.23418077451694,1.29569111626199]
["CIMENTO ASFÁLTICO MODIFICADO POR POLÍMERO SBS 55-75","2012-02-01","***",1.29069301215669,"***",1.36152324955797,1.29024238520076,1.29633313926827]
["CIMENTO ASFÁLTICO MODIFICADO POR POLÍMERO SBS 55-75","2012-03-01","***",1.31156488183469,"***",1.41405759081048,1.29898994529488,1.31289564514858]
["CIMENTO ASFÁLTICO MODIFICADO POR POLÍMERO SBS 55-75","2012-04-01","***",1.30766351730247,"***",1.45722482326255,1.29026467673259,1.30999881467289]
["CIMENTO ASFÁLTICO MODIFICADO POR POLÍMERO SBS 55-75","2012-05-01","***",0.969588204267874,"***",1.38703423671364,1.2912270096463,1.1326667311412]
["CIMENTO ASFÁLTICO MODIFICADO POR POLÍMERO SBS 55-75","2012-06-01","***",1.17014047309663,"***",1.27663721958987,1.31030663595968,1.2445550617667]
["CIMENTO ASFÁLTICO MODIFICADO POR POLÍMERO SBS 55-75","2012-07-01","***",1.43487543289771,"***",1.33939861859838,1.41786617673445,1.40875393662962]
["CIMENTO ASFÁLTICO MODIFICADO POR POLÍMERO SBS 55-75","2012-08-01","***",1.39609538994995,1.7139,1.3468,1.36154772892095,1.44712538215957]
["CIMENTO ASFÁLTICO MODIFICADO POR POLÍMERO SBS 55-75","2012-09-01","***",1.35666272893815,1.7139,1.4555,1.4015400096954,1.41700657125893]
["CIMENTO ASFÁLTICO MODIFICADO POR POLÍMERO SBS 55-75","2012-10-01","***",1.36912423425534,1.8284,1.31639345937249,1.25941631431459,1.37671382297063]
["CIMENTO ASFÁLTICO MODIFICADO POR POLÍMERO SBS 55-75","2012-11-01","***",1.36361686970988,1.8284,1.3735,1.34578550100681,1.48255640203124]
["CIMENTO ASFÁLTICO MODIFICADO POR POLÍMERO SBS 55-75","2012-12-01","***",1.3433033564416,1.8284,1.20565,1.38665779997187,1.38802239148621]
["CIMENTO ASFÁLTICO MODIFICADO POR POLÍMERO SBS 55-75","2013-01-01","***",1.3712148691433,1.8284,1.3495842531401,1.38707976550999,1.39149652391383]
["CIMENTO ASFÁLTICO MODIFICADO POR POLÍMERO SBS 55-75","2013-02-01","***",1.38098531741576,1.8284,1.3744712404962,1.38460097553221,1.41281131954289]
["CIMENTO ASFÁLTICO MODIFICADO POR POLÍMERO SBS 55-75","2013-03-01","***",1.37830898029225,"***",1.30982808820925,1.37935758759746,1.37297954853571]
["CIMENTO ASFÁLTICO MODIFICADO POR POLÍMERO SBS 55-75","2013-04-01","***",1.36699454569104,1.8284,1.32839607718275,1.4031320763379,1.40703130810235]
["CIMENTO ASFÁLTICO MODIFICADO POR POLÍMERO SBS 55-75","2013-05-01","***",1.38801241623237,1.78043122356004,1.29637614516891,1.42903606114267,1.4362685830181]
["CIMENTO ASFÁLTICO MODIFICADO POR POLÍMERO SBS 55-75","2013-06-01","***",1.40215790956186,1.82390222854096,1.29848737529099,1.55500548871038,1.50044439707822]
["CIMENTO ASFÁLTICO MODIFICADO POR POLÍMERO SBS 55-75","2013-07-01","***",1.38717236566849,1.80527407638574,1.33403440156469,1.44762560651862,1.46755671715861]
["CIMENTO ASFÁLTICO MODIFICADO POR POLÍMERO SBS 55-75","2013-08-01","***",1.37281682808601,1.82492721598686,1.34887128594282,1.49249778251972,1.43918540779585]
["CIMENTO ASFÁLTICO MODIFICADO POR POLÍMERO SBS 55-75","2013-09-01","***",1.37657189789044,1.8167627969621,1.31377465938638,1.45967252570687,1.44373876262533]
["CIMENTO ASFÁLTICO MODIFICADO POR POLÍMERO SBS 55-75","2013-10-01","***",1.3168143530317,1.83787492816309,"***",1.48898442621453,1.4748210147873]
["CIMENTO ASFÁLTICO MODIFICADO POR POLÍMERO SBS 55-75","2013-11-01","***",1.32167237956322,1.82837781746946,"***",1.41289244678799,1.42913005046729]
["CIMENTO ASFÁLTICO MODIFICADO POR POLÍMERO SBS 55-75","2013-12-01","***",1.44253478271743,"***",1.34464845644762,1.38392416510165,1.40937148700362]
["CIMENTO ASFÁLTICO MODIFICADO POR POLÍMERO SBS 55-75","2014-01-01","***",1.3379008202287,1.8284,1.38392,1.45863119392324,1.41624266271837]
["CIMENTO ASFÁLTICO MODIFICADO POR POLÍMERO SBS 55-75","2014-02-01","***",1.37168050617923,"***",1.4903,1.40238579093608,1.39555800953683]
["CIMENTO ASFÁLTICO MODIFICADO POR POLÍMERO SBS 55-75","2014-03-01","***",1.3360945071616,1.8592,1.48955587106677,1.41850175556946,1.38628175764763]
["CIMENTO ASFÁLTICO MODIFICADO POR POLÍMERO SBS 55-75","2014-04-01","***",1.08579833452192,1.74944751253978,1.4888,1.45181332997647,1.25831306190633]
["CIMENTO ASFÁLTICO MODIFICADO POR POLÍMERO SBS 55-75","2014-05-01","***",1.33662605774095,1.76725167864941,1.34724503594921,1.4751856772984,1.41810697342363]
["CIMENTO ASFÁLTICO MODIFICADO POR POLÍMERO SBS 55-75","2014-06-01","***",1.35280254768033,"***",1.34933,1.43815844615281,1.39527944657484]
["CIMENTO ASFÁLTICO MODIFICADO POR POLÍMERO SBS 55-75","2014-07-01","***",1.34274514208246,"***","***",1.42537087504776,1.38905192649873]
["CIMENTO ASFÁLTICO MODIFICADO POR POLÍMERO SBS 55-75","2014-08-01","***",1.41119871081678,"***","***",1.47527756482538,1.44952093584056]
["CIMENTO ASFÁLTICO MODIFICADO POR POLÍMERO SBS 55-75","2014-09-01","***",1.39581245288056,"***","***",1.58950940289063,1.50401620000377]
["CIMENTO ASFÁLTICO MODIFICADO POR POLÍMERO SBS 55-75","2014-10-01","***",1.37905963390414,1.87830487734321,1.4945898512614,1.43570777448422,1.43626205078224]
["CIMENTO ASFÁLTICO MODIFICADO POR POLÍMERO SBS 55-75","2014-11-01","***",1.42978915311154,1.83897669366257,1.49406207253886,1.55142627685288,1.51082034199066]
["CIMENTO ASFÁLTICO MODIFICADO POR POLÍMERO SBS 55-75","2014-12-01","***",1.52943258502178,2.13866210974285,1.72072904439428,1.69827147849963,1.62134915717643]
["CIMENTO ASFÁLTICO MODIFICADO POR POLÍMERO SBS 55-75","2015-01-01","***",1.71017867262514,"***","***",1.98050233823006,1.80546422901885]
["CIMENTO ASFÁLTICO MODIFICADO POR POLÍMERO SBS 55-75","2015-02-01","***",1.6838658791077,"***","***",1.81210563280698,1.74854981573942]
["CIMENTO ASFÁLTICO MODIFICADO POR POLÍMERO SBS 55-75","2015-03-01","***",1.80451229246002,"***",1.68685435791133,1.81776687895222,1.76960510828088]
["CIMENTO ASFÁLTICO MODIFICADO POR POLÍMERO SBS 55-75","2015-04-01","***",1.80775,"***",1.73135559286867,1.8111169557008,1.78254832301397]
["CIMENTO ASFÁLTICO MODIFICADO POR POLÍMERO SBS 55-75","2015-05-01","***",1.89641863747811,"***",1.65154336882086,1.78119969820957,1.77714944872985]
["CIMENTO ASFÁLTICO MODIFICADO POR POLÍMERO SBS 55-75","2015-06-01","***",2.039196223964,"***",1.71328638497123,1.69309187498976,1.74542524761557]
["CIMENTO ASFÁLTICO MODIFICADO POR POLÍMERO SBS 55-75","2015-07-01","***",1.87907850576801,"***",2.00110907384726,1.86522970910438,1.90634260476031]
["CIMENTO ASFÁLTICO MODIFICADO POR POLÍMERO SBS 55-75","2015-08-01","***",1.61873,"***",1.80214048256504,1.70621511928198,1.73953484128556]
["CIMENTO ASFÁLTICO MODIFICADO POR POLÍMERO SBS 60-85","2009-12-01","***","***",1.7973052872604,1.34167595967689,1.32997914910413,1.45977470577918]
["CIMENTO ASFÁLTICO MODIFICADO POR POLÍMERO SBS 60-85","2010-01-01","***","***",1.75981333031569,1.36536384868476,1.37490357798692,1.48478938320686]
["CIMENTO ASFÁLTICO MODIFICADO POR POLÍMERO SBS 60-85","2010-02-01","***","***",1.79178927124924,1.3470507055903,1.38958351173806,1.46639000592205]
["CIMENTO ASFÁLTICO MODIFICADO POR POLÍMERO SBS 60-85","2010-03-01","***","***",1.8306406473151,1.35654550236356,1.38285772258097,1.46107606103706]
["CIMENTO ASFÁLTICO MODIFICADO POR POLÍMERO SBS 60-85","2010-04-01","***","***",1.78705554577181,1.36015656569678,1.28973250910187,1.56507394547501]
["CIMENTO ASFÁLTICO MODIFICADO POR POLÍMERO SBS 60-85","2010-05-01","***",1.40834,1.82607607956731,1.34802215454401,1.34005971227348,1.52176810150781]
["CIMENTO ASFÁLTICO MODIFICADO POR POLÍMERO SBS 60-85","2010-06-01","***",1.40834,1.84462275360396,1.28085796695426,1.3389870090352,1.38927728317272]
["CIMENTO ASFÁLTICO MODIFICADO POR POLÍMERO SBS 60-85","2010-07-01","***",1.40834,1.83348037779406,1.28557436441857,1.33383624692531,1.43245057670165]
["CIMENTO ASFÁLTICO MODIFICADO POR POLÍMERO SBS 60-85","2010-08-01","***",1.40834,1.8200538202731,1.2599148648422,1.34885728661036,1.39187578160907]
["CIMENTO ASFÁLTICO MODIFICADO POR POLÍMERO SBS 60-85","2010-09-01","***","***",1.77737534094931,1.29400797273248,1.3686770810069,1.41088815803251]
["CIMENTO ASFÁLTICO MODIFICADO POR POLÍMERO SBS 60-85","2010-10-01","***","***",1.78553958704937,1.2824269304583,1.34813107684567,1.42778296859063]
["CIMENTO ASFÁLTICO MODIFICADO POR POLÍMERO SBS 60-85","2010-11-01","***","***",1.77132553310382,1.2976995049327,1.34874825277241,1.45650973053386]
["CIMENTO ASFÁLTICO MODIFICADO POR POLÍMERO SBS 60-85","2010-12-01","***",1.56869,1.86762328094243,1.28010187713063,1.33671183810596,1.40333294948564]
["CIMENTO ASFÁLTICO MODIFICADO POR POLÍMERO SBS 60-85","2011-01-01","***","***",1.78160711917824,1.26663102828955,1.36776146480079,1.40081176771399]
["CIMENTO ASFÁLTICO MODIFICADO POR POLÍMERO SBS 60-85","2011-02-01","***",1.64589,1.95418806229312,1.32876987955953,1.37428324790067,1.40338956906503]
["CIMENTO ASFÁLTICO MODIFICADO POR POLÍMERO SBS 60-85","2011-03-01","***",1.47680841177817,1.84887,1.23391152967317,1.36689967390571,1.34649880712366]
["CIMENTO ASFÁLTICO MODIFICADO POR POLÍMERO SBS 60-85","2011-04-01","***","***",1.83944714083356,1.30748729336674,1.36025232453281,1.39115192848601]
["CIMENTO ASFÁLTICO MODIFICADO POR POLÍMERO SBS 60-85","2011-05-01","***",1.35648,1.7291635397684,1.27127231726663,1.35760784723204,1.37778746894105]
["CIMENTO ASFÁLTICO MODIFICADO POR POLÍMERO SBS 60-85","2011-06-01","***",1.35687,1.69818105036865,1.2992499891131,1.32568093041525,1.37692778274788]
["CIMENTO ASFÁLTICO MODIFICADO POR POLÍMERO SBS 60-85","2011-07-01","***",1.35674,1.68007236304648,1.30869469029169,1.26730037852585,1.41039947962137]
["CIMENTO ASFÁLTICO MODIFICADO POR POLÍMERO SBS 60-85","2011-08-01","***",1.35544,1.71263791987574,1.31689583219396,1.29818922025289,1.43011029434868]
["CIMENTO ASFÁLTICO MODIFICADO POR POLÍMERO SBS 60-85","2011-09-01","***","***",1.7363432329453,1.28078252471503,1.27151559090925,1.3711510650954]
["CIMENTO ASFÁLTICO MODIFICADO POR POLÍMERO SBS 60-85","2011-10-01","***",1.43249,1.56292041950499,1.28830718794144,1.28207898039875,1.37660865005524]
["CIMENTO ASFÁLTICO MODIFICADO POR POLÍMERO SBS 60-85","2011-11-01","***","***",1.4480163644658,1.29612915551198,1.24447741486667,1.33296903010205]
["CIMENTO ASFÁLTICO MODIFICADO POR POLÍMERO SBS 60-85","2011-12-01","***",1.41819,1.33288463749545,1.31805933918186,1.27279619383359,1.31855841519997]
["CIMENTO ASFÁLTICO MODIFICADO POR POLÍMERO SBS 60-85","2012-01-01","***",1.41818,1.3926199686941,1.30305162675239,1.27480591271174,1.3132685568832]
["CIMENTO ASFÁLTICO MODIFICADO POR POLÍMERO SBS 60-85","2012-02-01","***",1.41818,1.34114523668514,1.32357844197638,1.27741868589316,1.31839427805586]
["CIMENTO ASFÁLTICO MODIFICADO POR POLÍMERO SBS 60-85","2012-03-01","***",1.4182,1.31772787384782,1.341476190228,1.23912537046904,1.32420009722582]
["CIMENTO ASFÁLTICO MODIFICADO POR POLÍMERO SBS 60-85","2012-04-01","***",1.41819,1.42438732166507,1.34873246316508,1.24418435221604,1.33459059999428]
["CIMENTO ASFÁLTICO MODIFICADO POR POLÍMERO SBS 60-85","2012-05-01","***",1.4182,1.44162389689288,1.38004547454104,1.26160423474105,1.35479859068703]
["CIMENTO ASFÁLTICO MODIFICADO POR POLÍMERO SBS 60-85","2012-06-01","***","***",1.47338650402145,1.41556322946292,1.32315276479376,1.41867477040737]
["CIMENTO ASFÁLTICO MODIFICADO POR POLÍMERO SBS 60-85","2012-07-01","***","***",1.58297902553083,1.44640986699561,1.36579372953287,1.48346987610209]
["CIMENTO ASFÁLTICO MODIFICADO POR POLÍMERO SBS 60-85","2012-08-01","***","***",1.54091838679456,1.39317132365453,1.37242238773275,1.46429210528415]
["CIMENTO ASFÁLTICO MODIFICADO POR POLÍMERO SBS 60-85","2012-09-01","***","***",1.5943221275863,1.40456696340781,1.3460543600897,1.50898085163426]
["CIMENTO ASFÁLTICO MODIFICADO POR POLÍMERO SBS 60-85","2012-10-01",1.55,1.41822,1.58595106340133,1.42880651044136,1.36210276406246,1.51066991860691]
["CIMENTO ASFÁLTICO MODIFICADO POR POLÍMERO SBS 60-85","2012-11-01","***",1.43249,1.61961269056614,1.41268420687787,1.32696057534756,1.48718222603119]
["CIMENTO ASFÁLTICO MODIFICADO POR POLÍMERO SBS 60-85","2012-12-01","***",1.41829,1.56546086878006,1.40579033887159,1.34142123251397,1.43546431286232]
["CIMENTO ASFÁLTICO MODIFICADO POR POLÍMERO SBS 60-85","2013-01-01","***","***",1.49918634988199,1.43482963527148,1.34859070219166,1.42890545818238]
["CIMENTO ASFÁLTICO MODIFICADO POR POLÍMERO SBS 60-85","2013-02-01","***","***",1.45410010970175,1.4461664106103,1.35719920483642,1.4138698570745]
["CIMENTO ASFÁLTICO MODIFICADO POR POLÍMERO SBS 60-85","2013-03-01","***",1.41824,1.46160551710134,1.33632530940486,1.3969275870448,1.38467643804909]
["CIMENTO ASFÁLTICO MODIFICADO POR POLÍMERO SBS 60-85","2013-04-01","***",1.41823,1.49117747177599,1.30393147224812,1.3627987946699,1.35853261330565]
["CIMENTO ASFÁLTICO MODIFICADO POR POLÍMERO SBS 60-85","2013-05-01","***","***",1.50938371133929,1.29157916986917,1.34743669764764,1.37112310895423]
["CIMENTO ASFÁLTICO MODIFICADO POR POLÍMERO SBS 60-85","2013-06-01","***","***",1.64165091785461,1.42613652720457,1.36430684549811,1.48793261771462]
["CIMENTO ASFÁLTICO MODIFICADO POR POLÍMERO SBS 60-85","2013-07-01","***",1.41821,1.69919768788969,1.47911165751754,1.37121261562747,1.50948006306615]
["CIMENTO ASFÁLTICO MODIFICADO POR POLÍMERO SBS 60-85","2013-08-01","***",1.41821,1.84543261397587,1.49101268942569,1.35457465192744,1.51828743071771]
["CIMENTO ASFÁLTICO MODIFICADO POR POLÍMERO SBS 60-85","2013-09-01","***","***",1.72018160718337,1.4575988807771,1.36580210187802,1.49066740281766]
["CIMENTO ASFÁLTICO MODIFICADO POR POLÍMERO SBS 60-85","2013-10-01","***","***",1.64692503401549,1.47734836816997,1.38679077802958,1.48450711470976]
["CIMENTO ASFÁLTICO MODIFICADO POR POLÍMERO SBS 60-85","2013-11-01","***","***",1.66565718193951,1.45898505384073,1.41172132753056,1.47658466758625]
["CIMENTO ASFÁLTICO MODIFICADO POR POLÍMERO SBS 60-85","2013-12-01","***",2.21984,1.6674420536148,1.44767022354561,1.43344468046111,1.46370610510067]
["CIMENTO ASFÁLTICO MODIFICADO POR POLÍMERO SBS 60-85","2014-01-01","***","***",1.59315338910417,1.46363742133731,1.36492160521209,1.462132657757]
["CIMENTO ASFÁLTICO MODIFICADO POR POLÍMERO SBS 60-85","2014-02-01","***",2.21983800963544,1.65635644897292,1.48624206578462,1.41585807794098,1.50723401334179]
["CIMENTO ASFÁLTICO MODIFICADO POR POLÍMERO SBS 60-85","2014-03-01","***",2.21983802359882,1.63757626112862,1.50014860844139,1.64998977486192,1.55084400446471]
["CIMENTO ASFÁLTICO MODIFICADO POR POLÍMERO SBS 60-85","2014-04-01","***",1.63164403289847,1.57742347827802,1.47356656478395,1.5553809817418,1.50756212886448]
["CIMENTO ASFÁLTICO MODIFICADO POR POLÍMERO SBS 60-85","2014-05-01","***",1.33642567217122,1.67356341848524,1.54190922728514,1.52834835352938,1.55817461796657]
["CIMENTO ASFÁLTICO MODIFICADO POR POLÍMERO SBS 60-85","2014-06-01","***","***",1.68574321589296,1.50750956516892,1.42658204206606,1.52806603654417]
["CIMENTO ASFÁLTICO MODIFICADO POR POLÍMERO SBS 60-85","2014-07-01","***","***",1.69598132672708,1.45431045443235,1.42034967954938,1.53468120980683]
["CIMENTO ASFÁLTICO MODIFICADO POR POLÍMERO SBS 60-85","2014-08-01","***","***",1.66015337285568,1.44554204068194,1.4160834348457,1.48942954020695]
["CIMENTO ASFÁLTICO MODIFICADO POR POLÍMERO SBS 60-85","2014-09-01","***",2.21983,1.84241373394318,1.57846191651562,1.44967801263146,1.63140778779577]
["CIMENTO ASFÁLTICO MODIFICADO POR POLÍMERO SBS 60-85","2014-10-01","***",2.21984,1.6926416620171,1.50511736181334,1.44124818622028,1.54585442256081]
["CIMENTO ASFÁLTICO MODIFICADO POR POLÍMERO SBS 60-85","2014-11-01","***",2.21984,1.78367343155719,1.52139578909807,1.47352507777436,1.58195724880179]
["CIMENTO ASFÁLTICO MODIFICADO POR POLÍMERO SBS 60-85","2014-12-01","***",2.21983,1.81572570472517,1.65716027224158,1.55844334723971,1.67412147047412]
["CIMENTO ASFÁLTICO MODIFICADO POR POLÍMERO SBS 60-85","2015-01-01","***","***",1.63449462704333,1.75255531973788,1.71007521783381,1.72191496298119]
["CIMENTO ASFÁLTICO MODIFICADO POR POLÍMERO SBS 60-85","2015-02-01","***",1.42255805355064,1.74412934075071,1.7655466085606,1.68432975462851,1.71312728061981]
["CIMENTO ASFÁLTICO MODIFICADO POR POLÍMERO SBS 60-85","2015-03-01","***",2.23007601333464,1.68173043525773,1.7336568484479,1.76172418370713,1.7393640847493]
["CIMENTO ASFÁLTICO MODIFICADO POR POLÍMERO SBS 60-85","2015-04-01","***",2.14889,1.75841673773694,1.71423527829726,1.78457596070597,1.75471884811761]
["CIMENTO ASFÁLTICO MODIFICADO POR POLÍMERO SBS 60-85","2015-05-01","***",2.11503,1.63131756791284,1.68375907717495,1.77665230411482,1.70399279228226]
["CIMENTO ASFÁLTICO MODIFICADO POR POLÍMERO SBS 60-85","2015-06-01","***","***",1.72738696372576,1.61236955463253,1.8777199310002,1.75919657837769]
["CIMENTO ASFÁLTICO MODIFICADO POR POLÍMERO SBS 60-85","2015-07-01","***",1.07024265166069,1.79509726571498,1.66768411858206,1.87870605781591,1.8040626287908]
["CIMENTO ASFÁLTICO MODIFICADO POR POLÍMERO SBS 60-85","2015-08-01","***",1.08001697535383,2.00485108149913,1.66222485362765,1.8720301755299,1.85510065940184]
["CIMENTO ASFÁLTICO MODIFICADO POR POLÍMERO SBS 65-90","2009-12-01","***","***","***","***",1.3856,1.3856]
["CIMENTO ASFÁLTICO MODIFICADO POR POLÍMERO SBS 65-90","2010-01-01","***","***","***","***",1.5106,1.5106]
["CIMENTO ASFÁLTICO MODIFICADO POR POLÍMERO SBS 65-90","2010-02-01","***","***","***",1.4158,1.50278406295908,1.43720351458817]
["CIMENTO ASFÁLTICO MODIFICADO POR POLÍMERO SBS 65-90","2010-03-01","***","***","***",1.70213,1.48071782444124,1.58468141504924]
["CIMENTO ASFÁLTICO MODIFICADO POR POLÍMERO SBS 65-90","2010-04-01","***","***","***","***","***","***"]
["CIMENTO ASFÁLTICO MODIFICADO POR POLÍMERO SBS 65-90","2010-05-01","***","***","***","***",1.3461,1.3461]
["CIMENTO ASFÁLTICO MODIFICADO POR POLÍMERO SBS 65-90","2010-06-01","***","***","***","***",1.3457,1.3457]
["CIMENTO ASFÁLTICO MODIFICADO POR POLÍMERO SBS 65-90","2010-07-01","***","***","***","***",1.43088705398242,1.43088705398242]
["CIMENTO ASFÁLTICO MODIFICADO POR POLÍMERO SBS 65-90","2010-08-01","***","***","***","***",1.34376381144142,1.34376381144142]
["CIMENTO ASFÁLTICO MODIFICADO POR POLÍMERO SBS 65-90","2010-09-01","***","***","***","***",1.3453,1.3453]
["CIMENTO ASFÁLTICO MODIFICADO POR POLÍMERO SBS 65-90","2010-10-01","***","***","***","***","***","***"]
["CIMENTO ASFÁLTICO MODIFICADO POR POLÍMERO SBS 65-90","2010-11-01","***","***","***","***",1.3456,1.3456]
["CIMENTO ASFÁLTICO MODIFICADO POR POLÍMERO SBS 65-90","2010-12-01","***","***","***",1.49577,"***",1.49577]
["CIMENTO ASFÁLTICO MODIFICADO POR POLÍMERO SBS 65-90","2011-01-01","***","***","***","***",1.47147347893476,1.47147347893476]
["CIMENTO ASFÁLTICO MODIFICADO POR POLÍMERO SBS 65-90","2011-02-01","***","***","***",1.46564477414242,1.52056,1.4769252057752]
["CIMENTO ASFÁLTICO MODIFICADO POR POLÍMERO SBS 65-90","2011-03-01","***","***","***",1.45316046214541,1.52055667520638,1.49150573649688]
["CIMENTO ASFÁLTICO MODIFICADO POR POLÍMERO SBS 65-90","2011-04-01","***","***","***",1.46488651194756,1.40984225299052,1.43315447765538]
["CIMENTO ASFÁLTICO MODIFICADO POR POLÍMERO SBS 65-90","2011-05-01","***","***","***",1.45053125175881,1.28299912553559,1.36351679732455]
["CIMENTO ASFÁLTICO MODIFICADO POR POLÍMERO SBS 65-90","2011-06-01","***","***","***",1.44814175971598,1.25422566694229,1.33122553218837]
["CIMENTO ASFÁLTICO MODIFICADO POR POLÍMERO SBS 65-90","2011-07-01","***","***","***",1.44778345630852,1.34641548554005,1.39963452287257]
["CIMENTO ASFÁLTICO MODIFICADO POR POLÍMERO SBS 65-90","2011-08-01","***","***","***",1.48176912077807,1.41754683795459,1.45523409376751]
["CIMENTO ASFÁLTICO MODIFICADO POR POLÍMERO SBS 65-90","2011-09-01","***","***","***",1.47389999641384,1.34830711299314,1.3953001697417]
["CIMENTO ASFÁLTICO MODIFICADO POR POLÍMERO SBS 65-90","2011-10-01","***","***","***",3.81454,1.34999937492187,1.63633322026407]
["CIMENTO ASFÁLTICO MODIFICADO POR POLÍMERO SBS 65-90","2011-11-01","***","***","***",1.47581,1.39922144746333,1.45123667000964]
["CIMENTO ASFÁLTICO MODIFICADO POR POLÍMERO SBS 65-90","2011-12-01","***","***","***",1.41912173178049,1.27918809070958,1.37069508575768]
["CIMENTO ASFÁLTICO MODIFICADO POR POLÍMERO SBS 65-90","2012-01-01","***","***","***",1.45836209529508,"***",1.45836209529508]
["CIMENTO ASFÁLTICO MODIFICADO POR POLÍMERO SBS 65-90","2012-02-01","***","***","***",1.43239824953887,1.40657210901681,1.42797078228025]
["CIMENTO ASFÁLTICO MODIFICADO POR POLÍMERO SBS 65-90","2012-03-01","***","***","***",1.48213697982305,1.03999428519528,1.36955023413807]
["CIMENTO ASFÁLTICO MODIFICADO POR POLÍMERO SBS 65-90","2012-04-01","***","***","***",1.54863254461939,"***",1.54863254461939]
["CIMENTO ASFÁLTICO MODIFICADO POR POLÍMERO SBS 65-90","2012-05-01","***","***","***",1.5604873626809,1.1077,1.53546581867255]
["CIMENTO ASFÁLTICO MODIFICADO POR POLÍMERO SBS 65-90","2012-06-01","***","***","***",1.5807981125133,"***",1.5807981125133]
["CIMENTO ASFÁLTICO MODIFICADO POR POLÍMERO SBS 65-90","2012-07-01","***","***","***",1.70543436343926,"***",1.70543436343926]
["CIMENTO ASFÁLTICO MODIFICADO POR POLÍMERO SBS 65-90","2012-08-01","***","***","***",1.72914,"***",1.72914]
["CIMENTO ASFÁLTICO MODIFICADO POR POLÍMERO SBS 65-90","2012-09-01","***","***","***",1.61502897530303,1.353,1.59833579455152]
["CIMENTO ASFÁLTICO MODIFICADO POR POLÍMERO SBS 65-90","2012-10-01","***","***","***",1.65260463448192,"***",1.65260463448192]
["CIMENTO ASFÁLTICO MODIFICADO POR POLÍMERO SBS 65-90","2012-11-01","***","***","***",1.67978141009402,1.5986,1.66643403097777]
["CIMENTO ASFÁLTICO MODIFICADO POR POLÍMERO SBS 65-90","2012-12-01","***","***","***","***","***","***"]
["CIMENTO ASFÁLTICO MODIFICADO POR POLÍMERO SBS 65-90","2013-01-01","***","***","***",1.55231,"***",1.55231]
["CIMENTO ASFÁLTICO MODIFICADO POR POLÍMERO SBS 65-90","2013-02-01","***","***","***",1.56942892199825,"***",1.56942892199825]
["CIMENTO ASFÁLTICO MODIFICADO POR POLÍMERO SBS 65-90","2013-03-01","***","***","***","***","***","***"]
["CIMENTO ASFÁLTICO MODIFICADO POR POLÍMERO SBS 65-90","2013-04-01","***","***","***",1.2172,1.36038,1.30390441331709]
["CIMENTO ASFÁLTICO MODIFICADO POR POLÍMERO SBS 65-90","2013-05-01","***","***",2.032,1.55075,1.36038,1.86715438871473]
["CIMENTO ASFÁLTICO MODIFICADO POR POLÍMERO SBS 65-90","2013-06-01","***","***",2.032,"***","***",2.032]
["CIMENTO ASFÁLTICO MODIFICADO POR POLÍMERO SBS 65-90","2013-07-01","***","***",1.93750087445347,"***",1.43022291262136,1.79202356609867]
["CIMENTO ASFÁLTICO MODIFICADO POR POLÍMERO SBS 65-90","2013-08-01","***","***",1.99733809187279,"***",0.86666,1.83579567739802]
["CIMENTO ASFÁLTICO MODIFICADO POR POLÍMERO SBS 65-90","2013-09-01","***","***",2.10697995882436,1.70267458850392,"***",1.97645730017307]
["CIMENTO ASFÁLTICO MODIFICADO POR POLÍMERO SBS 65-90","2013-10-01","***","***",2.07458278228052,1.80919395192251,"***",2.00589891974931]
["CIMENTO ASFÁLTICO MODIFICADO POR POLÍMERO SBS 65-90","2013-11-01","***","***",2.04161482335102,1.61031,1.5908,1.83645611635389]
["CIMENTO ASFÁLTICO MODIFICADO POR POLÍMERO SBS 65-90","2013-12-01","***","***",2.0897,1.69908,1.5908,1.68973243554395]
["CIMENTO ASFÁLTICO MODIFICADO POR POLÍMERO SBS 65-90","2014-01-01","***","***","***",1.624100362482,1.5908,1.61422612620099]
["CIMENTO ASFÁLTICO MODIFICADO POR POLÍMERO SBS 65-90","2014-02-01","***","***",2.21,1.61957865214773,1.5908,1.69401842408872]
["CIMENTO ASFÁLTICO MODIFICADO POR POLÍMERO SBS 65-90","2014-03-01","***","***",2.0563743286607,1.7114,1.5908,1.82022558226058]
["CIMENTO ASFÁLTICO MODIFICADO POR POLÍMERO SBS 65-90","2014-04-01","***","***","***","***","***","***"]
["CIMENTO ASFÁLTICO MODIFICADO POR POLÍMERO SBS 65-90","2014-05-01","***","***","***","***",1.52391606736459,1.52391606736459]
["CIMENTO ASFÁLTICO MODIFICADO POR POLÍMERO SBS 65-90","2014-06-01","***","***",2.1922,"***",1.49758079712512,1.7475495796562]
["CIMENTO ASFÁLTICO MODIFICADO POR POLÍMERO SBS 65-90","2014-07-01","***","***","***","***",1.36674125204137,1.36674125204137]
["CIMENTO ASFÁLTICO MODIFICADO POR POLÍMERO SBS 65-90","2014-08-01","***","***","***","***",1.44504829627565,1.44504829627565]
["CIMENTO ASFÁLTICO MODIFICADO POR POLÍMERO SBS 65-90","2014-09-01","***","***","***","***",1.25114433713784,1.25114433713784]
["CIMENTO ASFÁLTICO MODIFICADO POR POLÍMERO SBS 65-90","2014-10-01","***","***","***",1.12947,1.36987660837802,1.28237463973241]
["CIMENTO ASFÁLTICO MODIFICADO POR POLÍMERO SBS 65-90","2014-11-01","***","***","***",1.14048322885604,1.48359493178265,1.33692328681855]
["CIMENTO ASFÁLTICO MODIFICADO POR POLÍMERO SBS 65-90","2014-12-01","***","***","***",1.24918,1.64555559813953,1.56004581162909]
["CIMENTO ASFÁLTICO MODIFICADO POR POLÍMERO SBS 65-90","2015-01-01","***","***","***",1.42148386133612,1.8485882133841,1.55114667240426]
["CIMENTO ASFÁLTICO MODIFICADO POR POLÍMERO SBS 65-90","2015-02-01","***","***","***",1.44724139179972,1.83323411730825,1.47519779930055]
["CIMENTO ASFÁLTICO MODIFICADO POR POLÍMERO SBS 65-90","2015-03-01","***","***",1.95695852294795,1.58647927171356,1.8187505279611,1.68154859727907]
["CIMENTO ASFÁLTICO MODIFICADO POR POLÍMERO SBS 65-90","2015-04-01","***","***","***",1.40810256127487,1.82661109004739,1.54149962596681]
["CIMENTO ASFÁLTICO MODIFICADO POR POLÍMERO SBS 65-90","2015-05-01","***","***","***","***",1.77545,1.77545]
["CIMENTO ASFÁLTICO MODIFICADO POR POLÍMERO SBS 65-90","2015-06-01","***","***","***",1.71996,2.1329,1.92434794957983]
["CIMENTO ASFÁLTICO MODIFICADO POR POLÍMERO SBS 65-90","2015-07-01","***","***","***",1.763,"***",1.763]
["CIMENTO ASFÁLTICO MODIFICADO POR POLÍMERO SBS 65-90","2015-08-01","***","***","***",1.77429314657329,"***",1.77429314657329]
["CIMENTOS ASFÁLTICOS CAP-150-200","2008-11-01","***","***","***","***","***","***"]
["CIMENTOS ASFÁLTICOS CAP-150-200","2008-12-01","***","***","***","***","***","***"]
["CIMENTOS ASFÁLTICOS CAP-150-200","2009-01-01","***","***","***","***","***","***"]
["CIMENTOS ASFÁLTICOS CAP-150-200","2009-02-01","***","***","***","***","***","***"]
["CIMENTOS ASFÁLTICOS CAP-150-200","2009-03-01","***","***","***","***","***","***"]
["CIMENTOS ASFÁLTICOS CAP-150-200","2009-04-01","***","***","***","***","***","***"]
["CIMENTOS ASFÁLTICOS CAP-150-200","2009-05-01","***","***","***","***","***","***"]
["CIMENTOS ASFÁLTICOS CAP-150-200","2009-06-01","***","***","***","***","***","***"]
["CIMENTOS ASFÁLTICOS CAP-150-200","2009-07-01","***","***","***","***","***","***"]
["CIMENTOS ASFÁLTICOS CAP-150-200","2009-08-01","***","***","***","***","***","***"]
["CIMENTOS ASFÁLTICOS CAP-150-200","2009-09-01","***","***","***","***","***","***"]
["CIMENTOS ASFÁLTICOS CAP-150-200","2009-10-01","***","***","***","***","***","***"]
["CIMENTOS ASFÁLTICOS CAP-150-200","2009-11-01","***","***","***","***","***","***"]
["CIMENTOS ASFÁLTICOS CAP-150-200","2009-12-01","***","***","***","***","***","***"]
["CIMENTOS ASFÁLTICOS CAP-150-200","2010-01-01","***","***","***","***","***","***"]
["CIMENTOS ASFÁLTICOS CAP-150-200","2010-02-01","***","***","***","***","***","***"]
["CIMENTOS ASFÁLTICOS CAP-150-200","2010-03-01","***","***","***","***","***","***"]
["CIMENTOS ASFÁLTICOS CAP-150-200","2010-04-01","***","***","***","***","***","***"]
["CIMENTOS ASFÁLTICOS CAP-150-200","2010-05-01","***","***","***","***","***","***"]
["CIMENTOS ASFÁLTICOS CAP-150-200","2010-06-01","***","***","***","***","***","***"]
["CIMENTOS ASFÁLTICOS CAP-150-200","2010-07-01","***","***","***","***","***","***"]
["CIMENTOS ASFÁLTICOS CAP-150-200","2010-08-01","***","***","***","***","***","***"]
["CIMENTOS ASFÁLTICOS CAP-150-200","2010-09-01","***","***","***","***","***","***"]
["CIMENTOS ASFÁLTICOS CAP-150-200","2010-10-01","***","***","***","***","***","***"]
["CIMENTOS ASFÁLTICOS CAP-150-200","2010-11-01","***","***","***","***","***","***"]
["CIMENTOS ASFÁLTICOS CAP-150-200","2010-12-01","***","***","***","***","***","***"]
["CIMENTOS ASFÁLTICOS CAP-150-200","2011-01-01","***","***","***","***","***","***"]
["CIMENTOS ASFÁLTICOS CAP-150-200","2011-02-01","***","***","***","***","***","***"]
["CIMENTOS ASFÁLTICOS CAP-150-200","2011-03-01","***","***","***","***","***","***"]
["CIMENTOS ASFÁLTICOS CAP-150-200","2011-04-01","***","***","***","***","***","***"]
["CIMENTOS ASFÁLTICOS CAP-150-200","2011-05-01","***","***","***","***","***","***"]
["CIMENTOS ASFÁLTICOS CAP-150-200","2011-06-01","***","***","***","***","***","***"]
["CIMENTOS ASFÁLTICOS CAP-150-200","2011-07-01","***","***","***","***","***","***"]
["CIMENTOS ASFÁLTICOS CAP-150-200","2011-08-01","***","***","***","***","***","***"]
["CIMENTOS ASFÁLTICOS CAP-150-200","2011-09-01","***","***","***","***","***","***"]
["CIMENTOS ASFÁLTICOS CAP-150-200","2011-10-01","***","***","***","***","***","***"]
["CIMENTOS ASFÁLTICOS CAP-150-200","2011-11-01","***","***","***","***","***","***"]
["CIMENTOS ASFÁLTICOS CAP-150-200","2011-12-01","***","***","***","***","***","***"]
["CIMENTOS ASFÁLTICOS CAP-150-200","2012-01-01","***","***","***","***","***","***"]
["CIMENTOS ASFÁLTICOS CAP-150-200","2012-02-01","***","***","***","***","***","***"]
["CIMENTOS ASFÁLTICOS CAP-150-200","2012-03-01","***","***","***","***","***","***"]
["CIMENTOS ASFÁLTICOS CAP-150-200","2012-04-01","***","***","***","***","***","***"]
["CIMENTOS ASFÁLTICOS CAP-150-200","2012-05-01","***","***","***","***","***","***"]
["CIMENTOS ASFÁLTICOS CAP-150-200","2012-06-01","***","***","***","***","***","***"]
["CIMENTOS ASFÁLTICOS CAP-150-200","2012-07-01","***","***","***","***","***","***"]
["CIMENTOS ASFÁLTICOS CAP-150-200","2012-08-01","***","***","***","***","***","***"]
["CIMENTOS ASFÁLTICOS CAP-150-200","2012-09-01","***","***","***","***","***","***"]
["CIMENTOS ASFÁLTICOS CAP-150-200","2012-10-01","***","***","***","***","***","***"]
["CIMENTOS ASFÁLTICOS CAP-150-200","2012-11-01","***","***","***","***","***","***"]
["CIMENTOS ASFÁLTICOS CAP-150-200","2012-12-01","***","***","***","***","***","***"]
["CIMENTOS ASFÁLTICOS CAP-150-200","2013-01-01","***","***","***","***","***","***"]
["CIMENTOS ASFÁLTICOS CAP-150-200","2013-02-01","***","***","***","***","***","***"]
["CIMENTOS ASFÁLTICOS CAP-150-200","2013-03-01","***","***","***","***","***","***"]
["CIMENTOS ASFÁLTICOS CAP-150-200","2013-04-01","***","***","***","***","***","***"]
["CIMENTOS ASFÁLTICOS CAP-150-200","2013-05-01","***","***","***","***","***","***"]
["CIMENTOS ASFÁLTICOS CAP-150-200","2013-06-01","***","***","***","***","***","***"]
["CIMENTOS ASFÁLTICOS CAP-150-200","2013-07-01","***","***","***","***","***","***"]
["CIMENTOS ASFÁLTICOS CAP-150-200","2013-08-01","***","***","***","***","***","***"]
["CIMENTOS ASFÁLTICOS CAP-150-200","2013-09-01","***","***","***","***","***","***"]
["CIMENTOS ASFÁLTICOS CAP-150-200","2013-10-01","***","***","***","***","***","***"]
["CIMENTOS ASFÁLTICOS CAP-150-200","2013-11-01","***","***","***","***","***","***"]
["CIMENTOS ASFÁLTICOS CAP-150-200","2013-12-01","***","***","***","***","***","***"]
["CIMENTOS ASFÁLTICOS CAP-150-200","2014-01-01","***","***","***","***","***","***"]
["CIMENTOS ASFÁLTICOS CAP-150-200","2014-02-01","***","***","***","***","***","***"]
["CIMENTOS ASFÁLTICOS CAP-150-200","2014-03-01","***","***","***","***","***","***"]
["CIMENTOS ASFÁLTICOS CAP-150-200","2014-04-01","***","***","***","***","***","***"]
["CIMENTOS ASFÁLTICOS CAP-150-200","2014-05-01","***","***","***","***","***","***"]
["CIMENTOS ASFÁLTICOS CAP-150-200","2014-06-01","***","***","***","***","***","***"]
["CIMENTOS ASFÁLTICOS CAP-150-200","2014-07-01","***","***","***","***","***","***"]
["CIMENTOS ASFÁLTICOS CAP-150-200","2014-08-01","***","***","***","***","***","***"]
["CIMENTOS ASFÁLTICOS CAP-150-200","2014-09-01","***","***","***","***","***","***"]
["CIMENTOS ASFÁLTICOS CAP-150-200","2014-10-01","***","***","***","***","***","***"]
["CIMENTOS ASFÁLTICOS CAP-150-200","2014-11-01","***","***","***","***","***","***"]
["CIMENTOS ASFÁLTICOS CAP-150-200","2014-12-01","***","***","***","***","***","***"]
["CIMENTOS ASFÁLTICOS CAP-150-200","2015-01-01","***","***","***","***","***","***"]
["CIMENTOS ASFÁLTICOS CAP-150-200","2015-02-01","***","***","***","***","***","***"]
["CIMENTOS ASFÁLTICOS CAP-150-200","2015-03-01","***","***","***","***","***","***"]
["CIMENTOS ASFÁLTICOS CAP-150-200","2015-04-01","***","***","***","***","***","***"]
["CIMENTOS ASFÁLTICOS CAP-150-200","2015-05-01","***","***","***","***","***","***"]
["CIMENTOS ASFÁLTICOS CAP-150-200","2015-06-01","***","***","***","***","***","***"]
["CIMENTOS ASFÁLTICOS CAP-150-200","2015-07-01","***","***","***","***","***","***"]
["CIMENTOS ASFÁLTICOS CAP-150-200","2015-08-01","***","***","***","***","***","***"]
["CIMENTOS ASFÁLTICOS CAP-150-200","2015-09-01","***","***","***","***","***","***"]
["CIMENTOS ASFÁLTICOS CAP-150-200","2015-10-01","***","***","***","***","***","***"]
["CIMENTOS ASFÁLTICOS CAP-150-200","2015-11-01","***","***","***","***","***","***"]
["CIMENTOS ASFÁLTICOS CAP-150-200","2015-12-01","***","***","***","***","***","***"]
["CIMENTOS ASFÁLTICOS CAP-150-200","2016-01-01","***","***","***","***","***","***"]
["CIMENTOS ASFÁLTICOS CAP-150-200","2016-02-01","***","***","***","***","***","***"]
["CIMENTOS ASFÁLTICOS CAP-150-200","2016-03-01","***","***","***","***","***","***"]
["CIMENTOS ASFÁLTICOS CAP-150-200","2016-04-01","***","***","***","***","***","***"]
["CIMENTOS ASFÁLTICOS CAP-150-200","2016-05-01","***","***","***","***","***","***"]
["CIMENTOS ASFÁLTICOS CAP-150-200","2016-06-01","***","***","***","***","***","***"]
["CIMENTOS ASFÁLTICOS CAP-150-200","2016-07-01","***","***","***","***","***","***"]
["CIMENTOS ASFÁLTICOS CAP-150-200","2016-08-01","***","***","***","***","***","***"]
["CIMENTOS ASFÁLTICOS CAP-150-200","2016-09-01","***","***","***","***","***","***"]
["CIMENTOS ASFÁLTICOS CAP-150-200","2016-10-01","***","***","***","***","***","***"]
["CIMENTOS ASFÁLTICOS CAP-150-200","2016-11-01","***","***","***","***","***","***"]
["CIMENTOS ASFÁLTICOS CAP-150-200","2016-12-01","***","***","***","***","***","***"]
["CIMENTOS ASFÁLTICOS CAP-150-200","2017-01-01","***","***","***","***","***","***"]
["CIMENTOS ASFÁLTICOS CAP-150-200","2017-02-01","***","***","***","***","***","***"]
["CIMENTOS ASFÁLTICOS CAP-150-200","2017-03-01","***","***","***","***","***","***"]
["CIMENTOS ASFÁLTICOS CAP-150-200","2017-04-01","***","***","***","***","***","***"]
["CIMENTOS ASFÁLTICOS CAP-150-200","2017-05-01","***","***","***","***","***","***"]
["CIMENTOS ASFÁLTICOS CAP-150-200","2017-06-01","***","***","***","***","***","***"]
["CIMENTOS ASFÁLTICOS CAP-150-200","2017-07-01","***","***","***","***","***","***"]
["CIMENTOS ASFÁLTICOS CAP-150-200","2017-08-01","***","***","***","***","***","***"]
["CIMENTOS ASFÁLTICOS CAP-150-200","2017-09-01","***","***","***","***","***","***"]
["CIMENTOS ASFÁLTICOS CAP-150-200","2017-10-01","***","***","***","***","***","***"]
["CIMENTOS ASFÁLTICOS CAP-150-200","2017-11-01","***","***","***","***","***","***"]
["CIMENTOS ASFÁLTICOS CAP-150-200","2017-12-01","***","***","***","***","***","***"]
["CIMENTOS ASFÁLTICOS CAP-150-200","2018-01-01","***","***","***","***","***","***"]
["CIMENTOS ASFÁLTICOS CAP-150-200","2018-02-01","***","***","***","***","***","***"]
["CIMENTOS ASFÁLTICOS CAP-150-200","2018-03-01","***","***","***","***","***","***"]
["CIMENTOS ASFÁLTICOS CAP-150-200","2018-04-01","***","***","***","***","***","***"]
["CIMENTOS ASFÁLTICOS CAP-150-200","2018-05-01","***","***","***","***","***","***"]
["CIMENTOS ASFÁLTICOS CAP-150-200","2018-06-01","***","***","***","***","***","***"]
["CIMENTOS ASFÁLTICOS CAP-150-200","2018-07-01","***","***","***","***","***","***"]
["CIMENTOS ASFÁLTICOS CAP-150-200","2018-08-01","***","***","***","***","***","***"]
["CIMENTOS ASFÁLTICOS CAP-150-200","2018-09-01","***","***","***","***","***","***"]
["CIMENTOS ASFÁLTICOS CAP-150-200","2018-10-01","***","***","***","***","***","***"]
["CIMENTOS ASFÁLTICOS CAP-150-200","2018-11-01","***","***","***","***","***","***"]
["CIMENTOS ASFÁLTICOS CAP-150-200","2018-12-01","***","***","***","***","***","***"]
["CIMENTOS ASFÁLTICOS CAP-150-200","2019-01-01","***","***","***","***","***","***"]
["CIMENTOS ASFÁLTICOS CAP-150-200","2019-02-01","***","***","***","***","***","***"]
["CIMENTOS ASFÁLTICOS CAP-150-200","2019-03-01","***","***","***","***","***","***"]
["CIMENTOS ASFÁLTICOS CAP-150-200","2019-04-01","***","***","***","***","***","***"]
["CIMENTOS ASFÁLTICOS CAP-150-200","2019-05-01","***","***","***","***","***","***"]
["CIMENTOS ASFÁLTICOS CAP-150-200","2019-06-01","***","***","***","***","***","***"]
["CIMENTOS ASFÁLTICOS CAP-150-200","2019-07-01","***","***","***","***","***","***"]
["CIMENTOS ASFÁLTICOS CAP-150-200","2019-08-01","***","***","***","***","***","***"]
["CIMENTOS ASFÁLTICOS CAP-150-200","2019-09-01","***","***","***","***","***","***"]
["CIMENTOS ASFÁLTICOS CAP-150-200","2019-10-01","***","***","***","***","***","***"]
["CIMENTOS ASFÁLTICOS CAP-150-200","2019-11-01","***","***","***","***","***","***"]
["CIMENTOS ASFÁLTICOS CAP-150-200","2019-12-01","***","***","***","***","***","***"]
["CIMENTOS ASFÁLTICOS CAP-150-200","2020-01-01","***","***","***","***","***","***"]
["CIMENTOS ASFÁLTICOS CAP-150-200","2020-02-01","***","***","***","***","***","***"]
["CIMENTOS ASFÁLTICOS CAP-150-200","2020-03-01","***","***","***","***","***","***"]
["CIMENTOS ASFÁLTICOS CAP-150-200","2020-04-01","***","***","***","***","***","***"]
["CIMENTOS ASFÁLTICOS CAP-150-200","2020-05-01","***","***","***","***","***","***"]
["CIMENTOS ASFÁLTICOS CAP-150-200","2020-06-01","***","***","***","***","***","***"]
["CIMENTOS ASFÁLTICOS CAP-150-200","2020-07-01","***","***","***","***","***","***"]
["CIMENTOS ASFÁLTICOS CAP-150-200","2020-08-01","***","***","***","***","***","***"]
["CIMENTOS ASFÁLTICOS CAP-150-200","2020-09-01","***","***","***","***","***","***"]
["CIMENTOS ASFÁLTICOS CAP-150-200","2020-10-01","***","***","***","***","***","***"]
["CIMENTOS ASFÁLTICOS CAP-150-200","2020-11-01","***","***","***","***","***","***"]
["CIMENTOS ASFÁLTICOS CAP-150-200","2020-12-01","***","***","***","***","***","***"]
["CIMENTOS ASFÁLTICOS CAP-150-200","2021-01-01","***","***","***","***","***","***"]
["CIMENTOS ASFÁLTICOS CAP-150-200","2021-02-01","***","***","***","***","***","***"]
["CIMENTOS ASFÁLTICOS CAP-150-200","2021-03-01","***","***","***","***","***","***"]
["CIMENTOS ASFÁLTICOS CAP-150-200","2021-04-01","***","***","***","***","***","***"]
["CIMENTOS ASFÁLTICOS CAP-150-200","2021-05-01","***","***","***",6.41811,"***",6.41811]
["CIMENTOS ASFÁLTICOS CAP-150-200","2021-06-01","***","***","***","***","***","***"]
["CIMENTOS ASFÁLTICOS CAP-150-200","2021-07-01","***","***","***","***","***","***"]
["CIMENTOS ASFÁLTICOS CAP-150-200","2021-08-01","***","***","***","***","***","***"]
["CIMENTOS ASFÁLTICOS CAP-150-200","2021-09-01","***","***","***","***","***","***"]
["CIMENTOS ASFÁLTICOS CAP-150-200","2021-10-01","***","***","***","***","***","***"]
["CIMENTOS ASFÁLTICOS CAP-150-200","2021-11-01","***","***","***","***","***","***"]
["CIMENTOS ASFÁLTICOS CAP-150-200","2021-12-01","***","***","***","***","***","***"]
["CIMENTOS ASFÁLTICOS CAP-150-200","2022-01-01","***","***","***","***","***","***"]
["CIMENTOS ASFÁLTICOS CAP-150-200","2022-02-01","***","***","***","***","***","***"]
["CIMENTOS ASFÁLTICOS CAP-150-200","2022-03-01","***","***","***","***","***","***"]
["CIMENTOS ASFÁLTICOS CAP-150-200","2022-04-01","***","***","***","***","***","***"]
["CIMENTOS ASFÁLTICOS CAP-150-200","2022-05-01","***","***","***","***","***","***"]
["CIMENTOS ASFÁLTICOS CAP-150-200","2022-06-01","***","***","***","***","***","***"]
["CIMENTOS ASFÁLTICOS CAP-150-200","2022-07-01","***","***","***","***","***","***"]
["CIMENTOS ASFÁLTICOS CAP-150-200","2022-08-01","***","***","***","***","***","***"]
["CIMENTOS ASFÁLTICOS CAP-150-200","2022-09-01","***","***","***","***","***","***"]
["CIMENTOS ASFÁLTICOS CAP-150-200","2022-10-01","***","***","***","***","***","***"]
["CIMENTOS ASFÁLTICOS CAP-150-200","2022-11-01","***","***","***",7.23176,"***",7.23176]
["CIMENTOS ASFÁLTICOS CAP-150-200","2022-12-01","***","***","***","***","***","***"]
["CIMENTOS ASFÁLTICOS CAP-150-200","2023-01-01","***","***","***","***","***","***"]
["CIMENTOS ASFÁLTICOS CAP-150-200","2023-02-01","***","***","***","***","***","***"]
["CIMENTOS ASFÁLTICOS CAP-150-200","2023-03-01","***","***","***","***","***","***"]
["CIMENTOS ASFÁLTICOS CAP-150-200","2023-04-01","***","***","***","***","***","***"]
["CIMENTOS ASFÁLTICOS CAP-150-200","2023-05-01","***","***","***","***","***","***"]
["CIMENTOS ASFÁLTICOS CAP-150-200","2023-06-01","***","***","***","***","***","***"]
["CIMENTOS ASFÁLTICOS CAP-150-200","2023-07-01","***","***","***","***","***","***"]
["CIMENTOS ASFÁLTICOS CAP-150-200","2023-08-01","***","***","***","***","***","***"]
["CIMENTOS ASFÁLTICOS CAP-150-200","2023-09-01","***","***","***","***","***","***"]
["CIMENTOS ASFÁLTICOS CAP-150-200","2023-10-01","***","***","***","***","***","***"]
["CIMENTOS ASFÁLTICOS CAP-150-200","2023-11-01","***","***","***","***","***","***"]
["CIMENTOS ASFÁLTICOS CAP-150-200","2023-12-01","***","***","***","***","***","***"]
["CIMENTOS ASFÁLTICOS CAP-150-200","2024-01-01","***","***","***","***","***","***"]
["CIMENTOS ASFÁLTICOS CAP-150-200","2024-02-01","***","***","***","***","***","***"]
["CIMENTOS ASFÁLTICOS CAP-150-200","2024-03-01","***","***","***","***","***","***"]
["CIMENTOS ASFÁLTICOS CAP-150-200","2024-04-01","***","***","***","***","***","***"]
["CIMENTOS ASFÁLTICOS CAP-150-200","2024-05-01","***","***","***","***","***","***"]
["CIMENTOS ASFÁLTICOS CAP-150-200","2024-06-01","***","***","***","***","***","***"]
["CIMENTOS ASFÁLTICOS CAP-150-200","2024-07-01","***","***","***","***","***","***"]
["CIMENTOS ASFÁLTICOS CAP-150-200","2024-08-01","***","***","***","***","***","***"]
["CIMENTOS ASFÁLTICOS CAP-30-45","2008-11-01","***","***",2.202,0.963898785500853,"***",0.968456741155699]
["CIMENTOS ASFÁLTICOS CAP-30-45","2008-12-01","***","***","***",1.00963550856763,"***",1.00963550856763]
["CIMENTOS ASFÁLTICOS CAP-30-45","2009-01-01","***","***","***",0.903127689504748,0.9089,0.903152611143428]
["CIMENTOS ASFÁLTICOS CAP-30-45","2009-02-01","***","***","***",0.95408041011695,"***",0.95408041011695]
["CIMENTOS ASFÁLTICOS CAP-30-45","2009-03-01","***","***",1.2091621142565,0.969488387405673,"***",0.983411305182432]
["CIMENTOS ASFÁLTICOS CAP-30-45","2009-04-01","***","***",1.25920162085804,0.965351442514542,"***",0.985691768712942]
["CIMENTOS ASFÁLTICOS CAP-30-45","2009-05-01","***","***",1.30179480470233,0.939033531881748,"***",0.966514297853025]
["CIMENTOS ASFÁLTICOS CAP-30-45","2009-06-01","***","***",1.29246472855165,0.915574543241258,0.88367,0.977466172359535]
["CIMENTOS ASFÁLTICOS CAP-30-45","2009-07-01",1.19832792913254,"***",1.3162235749755,1.03326995807527,"***",1.08092721609063]
["CIMENTOS ASFÁLTICOS CAP-30-45","2009-08-01",1.14252188411838,"***",1.29141528859207,0.942879126637241,"***",0.993293633683175]
["CIMENTOS ASFÁLTICOS CAP-30-45","2009-09-01",1.21797085020243,"***",1.27330653136661,0.953386472113876,"***",1.01600972786341]
["CIMENTOS ASFÁLTICOS CAP-30-45","2009-10-01",1.14999,"***",1.32299853886335,0.924458902170725,0.90933990139109,1.00112502715074]
["CIMENTOS ASFÁLTICOS CAP-30-45","2009-11-01",1.14550820546544,0.924519932202169,1.30000441424737,0.926296969209787,0.865543372342966,0.972501959353761]
["CIMENTOS ASFÁLTICOS CAP-30-45","2009-12-01",1.14184544852,"***",1.47944403772757,0.974858625303182,0.888646676861546,0.983431480296829]
["CIMENTOS ASFÁLTICOS CAP-30-45","2010-01-01",1.13277896244866,"***",1.47773708747577,0.932153187156706,0.888425895221647,0.943817734115856]
["CIMENTOS ASFÁLTICOS CAP-30-45","2010-02-01",1.14411249879075,"***",1.46775967574728,0.912154360835538,0.901264642157428,0.923169973471757]
["CIMENTOS ASFÁLTICOS CAP-30-45","2010-03-01",1.14051553191489,"***",1.42052664950585,0.909192401011199,0.895704784287393,0.923735102080753]
["CIMENTOS ASFÁLTICOS CAP-30-45","2010-04-01",1.1443719701503,"***",1.46273613657695,0.916722634768496,0.893464060721063,0.926393506009345]
["CIMENTOS ASFÁLTICOS CAP-30-45","2010-05-01",1.14179578603109,"***","***",0.894982613215517,0.8829,0.896763912660006]
["CIMENTOS ASFÁLTICOS CAP-30-45","2010-06-01",0.93678558539508,"***","***",0.886371410779107,0.88685837633068,0.88686164277118]
["CIMENTOS ASFÁLTICOS CAP-30-45","2010-07-01",0.912147459027315,"***","***",0.871585795676938,0.964548266485384,0.871972975938528]
["CIMENTOS ASFÁLTICOS CAP-30-45","2010-08-01",0.916434729319628,"***","***",0.867400751243287,0.950634869678743,0.869106491572248]
["CIMENTOS ASFÁLTICOS CAP-30-45","2010-09-01",0.907182008007765,"***","***",0.862794022267154,0.959855133806011,0.864501172986259]
["CIMENTOS ASFÁLTICOS CAP-30-45","2010-10-01",0.983831499311685,"***","***",0.895622484884494,0.975262095936342,0.897600323111586]
["CIMENTOS ASFÁLTICOS CAP-30-45","2010-11-01",1.15629392289746,"***","***",0.911403176753393,"***",0.912628773293997]
["CIMENTOS ASFÁLTICOS CAP-30-45","2010-12-01",1.21085624014914,"***","***",0.917757438232087,1.115,0.920128156410038]
["CIMENTOS ASFÁLTICOS CAP-30-45","2011-01-01",1.15754277908025,"***","***",0.912213186177822,"***",0.913056283743825]
["CIMENTOS ASFÁLTICOS CAP-30-45","2011-02-01",1.18532785073487,"***","***",0.886683668322459,"***",0.887543584040909]
["CIMENTOS ASFÁLTICOS CAP-30-45","2011-03-01","***","***","***",0.86643167188031,"***",0.86643167188031]
["CIMENTOS ASFÁLTICOS CAP-30-45","2011-04-01","***","***","***",0.851900507773751,"***",0.851900507773751]
["CIMENTOS ASFÁLTICOS CAP-30-45","2011-05-01",1.14999,"***","***",0.84492929990986,"***",0.845258197974627]
["CIMENTOS ASFÁLTICOS CAP-30-45","2011-06-01",1.12191498294378,"***","***",0.833618595597682,"***",0.834347098132376]
["CIMENTOS ASFÁLTICOS CAP-30-45","2011-07-01",0.874771614423077,"***","***",0.83638682639757,0.878533588750421,0.836643835808057]
["CIMENTOS ASFÁLTICOS CAP-30-45","2011-08-01",0.978140350149513,"***","***",0.837923305143741,0.8785506931435,0.839243725744746]
["CIMENTOS ASFÁLTICOS CAP-30-45","2011-09-01",1.03489914911747,"***",1.2137,0.835070739840522,0.87861915736346,0.838179206503317]
["CIMENTOS ASFÁLTICOS CAP-30-45","2011-10-01",1.08225,"***","***",0.833970375896232,0.8632,0.835881487500952]
["CIMENTOS ASFÁLTICOS CAP-30-45","2011-11-01",1.08225,"***","***",0.83073618965209,0.8618,0.832179153469581]
["CIMENTOS ASFÁLTICOS CAP-30-45","2011-12-01",0.87485,"***",1.0308,0.830255142965355,0.94278,0.830683960059377]
["CIMENTOS ASFÁLTICOS CAP-30-45","2012-01-01","***","***",1.034,0.831986409651036,"***",0.832302245468989]
["CIMENTOS ASFÁLTICOS CAP-30-45","2012-02-01","***","***",1.03526275402648,0.839402087333024,"***",0.840359695420972]
["CIMENTOS ASFÁLTICOS CAP-30-45","2012-03-01",1.14157302181115,"***",1.03335198290827,0.853910031296584,0.81543,0.855057068957015]
["CIMENTOS ASFÁLTICOS CAP-30-45","2012-04-01","***","***",1.10809321061644,0.860217708947947,0.82633,0.861746958204978]
["CIMENTOS ASFÁLTICOS CAP-30-45","2012-05-01",1.1564,"***",1.09286417565062,0.863221913710318,"***",0.864773609924849]
["CIMENTOS ASFÁLTICOS CAP-30-45","2012-06-01","***","***",1.09428660423854,0.867637498847873,"***",0.869193419419326]
["CIMENTOS ASFÁLTICOS CAP-30-45","2012-07-01","***","***",1.09661124449614,0.866945743321934,0.73311,0.869261388495512]
["CIMENTOS ASFÁLTICOS CAP-30-45","2012-08-01","***","***",1.10906867032114,0.869122106555478,"***",0.870478703738469]
["CIMENTOS ASFÁLTICOS CAP-30-45","2012-09-01","***","***",1.09892,0.874049596999009,0.73311,0.873517140161072]
["CIMENTOS ASFÁLTICOS CAP-30-45","2012-10-01","***","***",1.12072631711688,0.871925221589216,0.92336,0.873309936207519]
["CIMENTOS ASFÁLTICOS CAP-30-45","2012-11-01","***","***",1.09359267464457,0.880253178957361,"***",0.881013171017687]
["CIMENTOS ASFÁLTICOS CAP-30-45","2012-12-01","***","***",1.09420826184121,0.873351114885233,"***",0.87532681081]
["CIMENTOS ASFÁLTICOS CAP-30-45","2013-01-01","***","***",1.11260973971244,0.863261263785581,"***",0.865440148441904]
["CIMENTOS ASFÁLTICOS CAP-30-45","2013-02-01","***","***","***",0.868101171213127,"***",0.868101171213127]
["CIMENTOS ASFÁLTICOS CAP-30-45","2013-03-01","***","***",1.08398,0.886748087345085,"***",0.8871184155353]
["CIMENTOS ASFÁLTICOS CAP-30-45","2013-04-01","***","***",1.09615634088965,0.884487808469658,"***",0.885230009961763]
["CIMENTOS ASFÁLTICOS CAP-30-45","2013-05-01","***","***",1.15802560812151,0.886893245602721,"***",0.893407575162186]
["CIMENTOS ASFÁLTICOS CAP-30-45","2013-06-01","***","***",1.03159841615219,0.873326698432223,"***",0.877061947220024]
["CIMENTOS ASFÁLTICOS CAP-30-45","2013-07-01","***","***",1.13976350401593,0.881055316670512,"***",0.887593983674914]
["CIMENTOS ASFÁLTICOS CAP-30-45","2013-08-01","***","***",1.13749811634518,0.889880452495838,0.966483859288212,0.896738000840694]
["CIMENTOS ASFÁLTICOS CAP-30-45","2013-09-01","***","***",1.16885820595181,0.905640839498875,"***",0.917105296047641]
["CIMENTOS ASFÁLTICOS CAP-30-45","2013-10-01","***","***",1.1241316750199,0.893391015845184,"***",0.899100038521751]
["CIMENTOS ASFÁLTICOS CAP-30-45","2013-11-01","***","***",1.13456957866229,0.902000243196152,"***",0.912907237356201]
["CIMENTOS ASFÁLTICOS CAP-30-45","2013-12-01","***","***",1.04218304569206,0.912147539232026,1.06272,0.915701719213689]
["CIMENTOS ASFÁLTICOS CAP-30-45","2014-01-01","***","***",1.14758207187968,0.910889462366071,1.00394617728765,0.918436875685227]
["CIMENTOS ASFÁLTICOS CAP-30-45","2014-02-01","***","***",1.05275634719588,0.915796692772232,1.06272,0.917763963065626]
["CIMENTOS ASFÁLTICOS CAP-30-45","2014-03-01","***","***",1.11836727428432,0.913773273624883,1.06272,0.918797092655685]
["CIMENTOS ASFÁLTICOS CAP-30-45","2014-04-01","***","***",1.0756725302515,0.906779384344556,1.06272,0.912277909605398]
["CIMENTOS ASFÁLTICOS CAP-30-45","2014-05-01","***","***",1.07552603114663,0.902797098293973,1.06272,0.912646411346778]
["CIMENTOS ASFÁLTICOS CAP-30-45","2014-06-01","***","***",1.12187970364969,0.897634992991566,"***",0.915267916589355]
["CIMENTOS ASFÁLTICOS CAP-30-45","2014-07-01","***","***",1.05948077538792,0.89399277921586,"***",0.905033821270527]
["CIMENTOS ASFÁLTICOS CAP-30-45","2014-08-01","***","***",1.09312816785906,0.893023515240095,0.92156,0.910974598111523]
["CIMENTOS ASFÁLTICOS CAP-30-45","2014-09-01","***","***",1.20939968999543,0.908818136754036,0.92156,0.933036121041918]
["CIMENTOS ASFÁLTICOS CAP-30-45","2014-10-01","***","***",1.12602336371835,0.879783240336512,1.06272,0.895656313578199]
["CIMENTOS ASFÁLTICOS CAP-30-45","2014-11-01","***","***",1.13107870584543,0.900501825767293,1.06272,0.916211002698251]
["CIMENTOS ASFÁLTICOS CAP-30-45","2014-12-01","***","***",1.20947077238415,1.00616591335311,"***",1.01747158462593]
["CIMENTOS ASFÁLTICOS CAP-30-45","2015-01-01",1.5476,"***",1.4789824211478,1.18313883461403,"***",1.20792911657996]
["CIMENTOS ASFÁLTICOS CAP-30-45","2015-02-01",1.5936,"***",1.45246577304465,1.19034041967064,"***",1.20117046569105]
["CIMENTOS ASFÁLTICOS CAP-30-45","2015-03-01","***","***",1.4917478117518,1.18632078321651,0.92156,1.19915988291485]
["CIMENTOS ASFÁLTICOS CAP-30-45","2015-04-01",1.3197,"***",1.37121969203938,1.16690438213967,1.1911,1.17077812135878]
["CIMENTOS ASFÁLTICOS CAP-30-45","2015-05-01",1.281935,"***",1.24966426884486,1.17165868942466,"***",1.17580686259126]
["CIMENTOS ASFÁLTICOS CAP-30-45","2015-06-01",1.31912,"***",1.30002607576328,1.15971637659428,"***",1.16569253790427]
["CIMENTOS ASFÁLTICOS CAP-30-45","2015-07-01","***","***",1.22955917711035,1.1498034919305,1.1803,1.15415185550751]
["CIMENTOS ASFÁLTICOS CAP-30-45","2015-08-01","***","***",1.25327678785287,1.14887279503243,1.18001260756589,1.15415040116289]
["CIMENTOS ASFÁLTICOS CAP-30-45","2015-09-01","***","***",1.39900079066566,1.22138104522314,1.26508003984652,1.23141751204538]
["CIMENTOS ASFÁLTICOS CAP-30-45","2015-10-01","***","***",1.44363503087636,1.28972141959957,1.29841228564116,1.29497857800441]
["CIMENTOS ASFÁLTICOS CAP-30-45","2015-11-01","***","***",1.69470093881969,1.45542579122414,1.44378347305679,1.46215797894713]
["CIMENTOS ASFÁLTICOS CAP-30-45","2015-12-01","***","***",1.75890378953836,1.47231649484174,1.44182619474546,1.47661348755425]
["CIMENTOS ASFÁLTICOS CAP-30-45","2016-01-01","***","***",1.74010162344224,1.47093509785528,1.4428172201023,1.47181078469092]
["CIMENTOS ASFÁLTICOS CAP-30-45","2016-02-01","***","***",1.62066973361993,1.46556151293536,1.44663491073143,1.46695605542063]
["CIMENTOS ASFÁLTICOS CAP-30-45","2016-03-01","***","***",1.51916371151988,1.46815154675047,1.44175287717303,1.46886253425936]
["CIMENTOS ASFÁLTICOS CAP-30-45","2016-04-01",1.62184,"***",1.73645470023326,1.61679031536887,1.60478469016407,1.62162799127213]
["CIMENTOS ASFÁLTICOS CAP-30-45","2016-05-01",1.62184,"***",1.75336788018518,1.62933892478256,1.58716416135501,1.63370694702391]
["CIMENTOS ASFÁLTICOS CAP-30-45","2016-06-01","***","***",1.73324221632246,1.63179995694895,1.64657756914922,1.63817246122542]
["CIMENTOS ASFÁLTICOS CAP-30-45","2016-07-01","***","***",1.70558666672483,1.63835462156448,1.67829225037855,1.64407290728551]
["CIMENTOS ASFÁLTICOS CAP-30-45","2016-08-01","***","***",1.66639988570823,1.63872396262625,1.63504770307554,1.64116785074765]
["CIMENTOS ASFÁLTICOS CAP-30-45","2016-09-01","***","***",1.60465514144199,1.52311405873108,1.5326052893139,1.53396104718519]
["CIMENTOS ASFÁLTICOS CAP-30-45","2016-10-01",1.67357665024631,"***",1.57730455883403,1.49820718169867,1.53837569803577,1.5132775368773]
["CIMENTOS ASFÁLTICOS CAP-30-45","2016-11-01","***","***",1.63808384645064,1.49200796036453,1.49577860421354,1.50727783260226]
["CIMENTOS ASFÁLTICOS CAP-30-45","2016-12-01","***","***",1.51443167579922,1.46835572682685,1.54713628865222,1.47913287247441]
["CIMENTOS ASFÁLTICOS CAP-30-45","2017-01-01",1.62096,"***",1.49788298665069,1.4437797776518,1.54084815629818,1.45808945000097]
["CIMENTOS ASFÁLTICOS CAP-30-45","2017-02-01","***","***",1.59320581691692,1.43812856467874,1.49471875510453,1.45837742547408]
["CIMENTOS ASFÁLTICOS CAP-30-45","2017-03-01",1.672,"***",1.50372953358841,1.43552408789821,1.47202035431936,1.44520062172915]
["CIMENTOS ASFÁLTICOS CAP-30-45","2017-04-01","***","***",1.49918070197429,1.38283541047113,1.43077862195625,1.39969326643109]
["CIMENTOS ASFÁLTICOS CAP-30-45","2017-05-01","***",1.38773420271834,1.49117174595508,1.34814091174944,1.40638537669705,1.3723398616315]
["CIMENTOS ASFÁLTICOS CAP-30-45","2017-06-01",1.1928964462328,1.43754217871051,1.54028644760527,1.36176639312519,1.4154846208396,1.40053141471128]
["CIMENTOS ASFÁLTICOS CAP-30-45","2017-07-01",1.38842628864332,1.3858763071259,1.54964598181091,1.36588602266774,1.38781808112599,1.40153093216893]
["CIMENTOS ASFÁLTICOS CAP-30-45","2017-08-01",1.441694838949,1.37362692195564,1.48137236818956,1.35947341184553,1.38201770975576,1.3831764917983]
["CIMENTOS ASFÁLTICOS CAP-30-45","2017-09-01",1.47746042526394,1.42076834949398,1.54487698483758,1.36256389241398,1.39210790985289,1.39888928268081]
["CIMENTOS ASFÁLTICOS CAP-30-45","2017-10-01",1.53513416292161,1.4319901958505,1.55873684359122,1.39037299398351,1.41454807967686,1.42519610422224]
["CIMENTOS ASFÁLTICOS CAP-30-45","2017-11-01",1.41118367018822,1.57135554021967,1.63134137332813,1.51129155919479,1.54926504760038,1.5424695028043]
["CIMENTOS ASFÁLTICOS CAP-30-45","2017-12-01",1.3932608583057,1.56723148523686,1.62396103546775,1.53593603682115,1.51549186227957,1.5402470657194]
["CIMENTOS ASFÁLTICOS CAP-30-45","2018-01-01",1.6476915690013,1.65654821334679,1.7210476510495,1.63451029925246,1.55604839958512,1.63204600776523]
["CIMENTOS ASFÁLTICOS CAP-30-45","2018-02-01",1.52078322536182,1.68485029985028,1.71097708764932,1.65026534810339,1.60948426529802,1.64874703014981]
["CIMENTOS ASFÁLTICOS CAP-30-45","2018-03-01",1.49158015831518,1.63379097059254,1.64476701892908,1.64233563037713,1.6094138275856,1.63374271301441]
["CIMENTOS ASFÁLTICOS CAP-30-45","2018-04-01",1.53508986685791,1.61565845359587,1.72195903213785,1.58295563889331,1.58876331070084,1.59572763711742]
["CIMENTOS ASFÁLTICOS CAP-30-45","2018-05-01",1.63765583281313,1.68128113830916,1.87064481958217,1.71919279453525,1.75309724466434,1.732793364378]
["CIMENTOS ASFÁLTICOS CAP-30-45","2018-06-01",1.8336274699343,1.82753770161269,1.99320599934158,1.80849229189204,1.78899543820416,1.83250812973355]
["CIMENTOS ASFÁLTICOS CAP-30-45","2018-07-01",1.78354030917874,1.95033051538592,2.05179245726445,1.93504219769106,1.94001453215015,1.95011630597787]
["CIMENTOS ASFÁLTICOS CAP-30-45","2018-08-01",1.85153380921957,2.09705652199052,2.27608991390963,2.1250608780664,2.08442275078228,2.12587811576467]
["CIMENTOS ASFÁLTICOS CAP-30-45","2018-09-01",1.87598137739828,2.12221849521544,2.29801509334766,2.16230971151621,2.13354326958488,2.15989578584431]
["CIMENTOS ASFÁLTICOS CAP-30-45","2018-10-01",2.01026122520881,2.09433088602785,2.18930988235586,2.18124243323265,2.22312883137165,2.16668162755723]
["CIMENTOS ASFÁLTICOS CAP-30-45","2018-11-01",2.24992733271962,2.46713447399079,2.62315826933479,2.45244340102753,2.4637502365755,2.46006561749667]
["CIMENTOS ASFÁLTICOS CAP-30-45","2018-12-01",2.19462568013126,2.41144928720339,2.49444676193303,2.48464010514212,2.52590094979753,2.47919623918794]
["CIMENTOS ASFÁLTICOS CAP-30-45","2019-01-01",2.17194823253344,2.39049463421524,2.6067390324532,2.45804703261855,2.4981693280283,2.46299617991835]
["CIMENTOS ASFÁLTICOS CAP-30-45","2019-02-01",2.48764973431724,2.538022069208,2.71571183004503,2.66952846539775,2.74454225700568,2.66340138670692]
["CIMENTOS ASFÁLTICOS CAP-30-45","2019-03-01",2.33741800749042,2.54975058559691,2.87215497033887,2.66911577549515,2.69130965471862,2.67527868378269]
["CIMENTOS ASFÁLTICOS CAP-30-45","2019-04-01",2.45433481767268,2.58710136651825,2.90350484949968,2.67315107439348,2.78111380389893,2.695998281373]
["CIMENTOS ASFÁLTICOS CAP-30-45","2019-05-01",2.29837033918201,2.59644539789239,2.87237151095939,2.68761893059661,2.78792934006063,2.70419450682152]
["CIMENTOS ASFÁLTICOS CAP-30-45","2019-06-01",2.43793938112917,2.5312102251241,2.94180219281783,2.65778455009342,2.77377448845296,2.70446333257112]
["CIMENTOS ASFÁLTICOS CAP-30-45","2019-07-01",2.3901375469825,2.51519066202354,2.96009306358287,2.67227544819929,2.75569055848252,2.69921014006046]
["CIMENTOS ASFÁLTICOS CAP-30-45","2019-08-01",2.19773141726926,2.30986041866486,2.7087069498684,2.45414739488611,2.53782884436468,2.48184088624727]
["CIMENTOS ASFÁLTICOS CAP-30-45","2019-09-01",2.13078065604957,2.32140226169861,2.69179832558977,2.43804651130805,2.52970962809016,2.46298407619993]
["CIMENTOS ASFÁLTICOS CAP-30-45","2019-10-01",2.24747745187743,2.34916775878547,2.69480927543789,2.47388252705527,2.48136787527909,2.47522506622863]
["CIMENTOS ASFÁLTICOS CAP-30-45","2019-11-01",2.0679771007566,2.40901643723206,2.72815024661072,2.5423896208187,2.5370655123381,2.52808935698577]
["CIMENTOS ASFÁLTICOS CAP-30-45","2019-12-01",2.04722947776534,2.35961187540091,2.79387894043522,2.55063041233957,2.50490399545096,2.52283598159608]
["CIMENTOS ASFÁLTICOS CAP-30-45","2020-01-01",2.11682325283752,2.39390282300921,2.90007567038028,2.54997487372916,2.60457802016324,2.54081245963375]
["CIMENTOS ASFÁLTICOS CAP-30-45","2020-02-01",2.0373928330178,2.22641174779896,2.6091894054416,2.34590060926336,2.37955263330425,2.3408255501689]
["CIMENTOS ASFÁLTICOS CAP-30-45","2020-03-01",1.87896108534591,2.18736989815016,2.50180791012653,2.34105784010671,2.34909442052227,2.32116587980053]
["CIMENTOS ASFÁLTICOS CAP-30-45","2020-04-01",1.83788979809976,2.16121961694127,2.43840869920036,2.30459373033448,2.30419734451004,2.292494327662]
["CIMENTOS ASFÁLTICOS CAP-30-45","2020-05-01",2.05221768026025,2.12525180770886,2.4698937216243,2.31732033019131,2.37463675387349,2.31057447598724]
["CIMENTOS ASFÁLTICOS CAP-30-45","2020-06-01",2.06149905093793,2.16631510178737,2.44571482971423,2.29619354419199,2.39143684515344,2.30100762694845]
["CIMENTOS ASFÁLTICOS CAP-30-45","2020-07-01",2.05549439488284,2.16404422158582,2.43357037875231,2.29797039522656,2.38732260631814,2.29395726541476]
["CIMENTOS ASFÁLTICOS CAP-30-45","2020-08-01",2.21801389102708,2.26486124823863,2.57938176613341,2.41435403514266,2.49996216675938,2.40704413895011]
["CIMENTOS ASFÁLTICOS CAP-30-45","2020-09-01",2.18567120683428,2.32380980554898,2.6134940583989,2.41140400799333,2.4645739773129,2.41201179670032]
["CIMENTOS ASFÁLTICOS CAP-30-45","2020-10-01",2.09231319784647,2.31993816225446,2.63101411126196,2.4331402580938,2.48223162692169,2.43070845276144]
["CIMENTOS ASFÁLTICOS CAP-30-45","2020-11-01",2.31397048456095,2.49697355934682,2.76376832276143,2.62071198502016,2.70736385895522,2.61845787698409]
["CIMENTOS ASFÁLTICOS CAP-30-45","2020-12-01",2.45207536644544,"***",2.81734081384348,2.53234782818756,2.6066673517698,2.55843739727652]
["CIMENTOS ASFÁLTICOS CAP-30-45","2021-01-01",2.5732002442784,"***",2.70311233472983,2.57769827232688,3.23588102197007,2.60114274040516]
["CIMENTOS ASFÁLTICOS CAP-30-45","2021-02-01","***","***",2.79760701016441,2.83999140367933,3.29932653262765,2.84316005861858]
["CIMENTOS ASFÁLTICOS CAP-30-45","2021-03-01","***","***",2.85161564908667,2.84186498176226,3.40764439317732,2.85946152892578]
["CIMENTOS ASFÁLTICOS CAP-30-45","2021-04-01","***","***",2.95390020659474,2.86150621748724,3.44915453253948,2.88990943978102]
["CIMENTOS ASFÁLTICOS CAP-30-45","2021-05-01","***","***",3.44242064197142,3.49467556412621,3.8990453571685,3.48800486042293]
["CIMENTOS ASFÁLTICOS CAP-30-45","2021-06-01",3.30126373474101,"***",3.42608765157244,3.50032046907548,4.25440273795408,3.50315810351553]
["CIMENTOS ASFÁLTICOS CAP-30-45","2021-07-01","***","***",3.58581276037983,3.5366103741643,3.99377665706424,3.54786218285593]
["CIMENTOS ASFÁLTICOS CAP-30-45","2021-08-01",3.13307,3.53904666884389,3.70622417557699,3.68940571647066,4.00075309444444,3.69226870132837]
["CIMENTOS ASFÁLTICOS CAP-30-45","2021-09-01","***","***",3.61487605298487,3.68456409259313,3.77925827937916,3.67385956027188]
["CIMENTOS ASFÁLTICOS CAP-30-45","2021-10-01",3.41161,"***",3.57716761219357,3.66979604760567,3.55216162883721,3.65396248106544]
["CIMENTOS ASFÁLTICOS CAP-30-45","2021-11-01",3.78688809158006,"***",4.01055823194076,4.0174905618743,4.73541793792773,4.02410443477826]
["CIMENTOS ASFÁLTICOS CAP-30-45","2021-12-01",3.5705,"***",4.11790927426423,4.0288180521123,4.12198801590368,4.03602050651181]
["CIMENTOS ASFÁLTICOS CAP-30-45","2022-01-01",3.82303,"***",3.9163155203086,4.06333248244944,4.02348629165174,4.05135712583103]
["CIMENTOS ASFÁLTICOS CAP-30-45","2022-02-01",4.21868187030096,"***",4.33230901637666,4.33405866468802,4.87955269198174,4.33392283628446]
["CIMENTOS ASFÁLTICOS CAP-30-45","2022-03-01",4.31155559303874,"***",4.31205323293313,4.36481038583564,4.64041491675683,4.35979320111438]
["CIMENTOS ASFÁLTICOS CAP-30-45","2022-04-01",4.16700565193552,"***",4.77732500568068,4.51841304065692,4.64585330192666,4.55719312021164]
["CIMENTOS ASFÁLTICOS CAP-30-45","2022-05-01",4.08865302934074,"***",4.62377157685399,4.42146178297701,4.50723634508786,4.44574184877027]
["CIMENTOS ASFÁLTICOS CAP-30-45","2022-06-01",4.02564893607415,"***",4.46877056496894,4.42435746669887,4.60001315426914,4.42550826942887]
["CIMENTOS ASFÁLTICOS CAP-30-45","2022-07-01",4.08837088300755,"***",4.69338567775919,4.45648546490555,4.83690367335402,4.48894363610823]
["CIMENTOS ASFÁLTICOS CAP-30-45","2022-08-01",3.94386781240131,"***",4.57925038711402,4.28244330905191,4.62795156370714,4.33297662365383]
["CIMENTOS ASFÁLTICOS CAP-30-45","2022-09-01",3.93290014661476,"***",4.4003335774797,4.05360427968408,5.06960694058741,4.12158883490659]
["CIMENTOS ASFÁLTICOS CAP-30-45","2022-10-01",3.66098967409542,3.81883,4.04475640994013,3.62825393413256,4.59733366394906,3.70033666650463]
["CIMENTOS ASFÁLTICOS CAP-30-45","2022-11-01",3.69876173634621,3.82428,4.06445870181143,3.61250271405224,4.7007613094364,3.69110238390874]
["CIMENTOS ASFÁLTICOS CAP-30-45","2022-12-01",3.26048700289376,3.85921,3.87591411467611,3.58996871940911,4.71595,3.63950063161444]
["CIMENTOS ASFÁLTICOS CAP-30-45","2023-01-01",3.12832649619575,"***",3.8962827351977,3.47307459989849,4.41787567790396,3.53702662160423]
["CIMENTOS ASFÁLTICOS CAP-30-45","2023-02-01",3.01926397617537,"***",3.83985515011235,3.36492345800468,4.26903590725611,3.42555174722901]
["CIMENTOS ASFÁLTICOS CAP-30-45","2023-03-01",3.0113211224428,"***",3.5059096487255,3.21198287472119,4.20526760305572,3.26543539769903]
["CIMENTOS ASFÁLTICOS CAP-30-45","2023-04-01",3.92019217053491,"***",3.44494137128369,3.20329411264531,4.08962187065201,3.27692586977088]
["CIMENTOS ASFÁLTICOS CAP-30-45","2023-05-01",3.29054620428036,"***",3.56013315061449,3.14219048679872,4.07170084508793,3.23014413123978]
["CIMENTOS ASFÁLTICOS CAP-30-45","2023-06-01",3.1921122556672,"***",3.56979295826246,3.15278817884461,3.69301707653155,3.23389571505162]
["CIMENTOS ASFÁLTICOS CAP-30-45","2023-07-01",3.16870635613266,4.1558,3.51760213100007,3.06716165275395,3.72996373152435,3.13812585511215]
["CIMENTOS ASFÁLTICOS CAP-30-45","2023-08-01",3.56989960086435,2.714,3.46610206381304,3.05968583715607,3.35019703284649,3.15811478186252]
["CIMENTOS ASFÁLTICOS CAP-30-45","2023-09-01",3.80336322836987,"***",3.61921972659071,3.31479118159094,3.28722543825547,3.39251470362362]
["CIMENTOS ASFÁLTICOS CAP-30-45","2023-10-01",3.76003305818665,3.36196295652997,3.82002232764787,3.31052286979415,3.35186646343304,3.43673875056401]
["CIMENTOS ASFÁLTICOS CAP-30-45","2023-11-01",3.83018074488032,"***",3.75477590326623,3.37475930232232,3.60975509716177,3.46901249799791]
["CIMENTOS ASFÁLTICOS CAP-30-45","2023-12-01",3.82938929521295,"***",3.69634174194851,3.32257109058421,3.88015818422046,3.36886531381495]
["CIMENTOS ASFÁLTICOS CAP-30-45","2024-01-01",3.04591415732112,"***",3.58309714178094,3.20917619741222,4.07916501060589,3.26245049422718]
["CIMENTOS ASFÁLTICOS CAP-30-45","2024-02-01",3.11161397472082,"***",3.68318474258356,3.20498424099573,4.20477741792461,3.25990516846481]
["CIMENTOS ASFÁLTICOS CAP-30-45","2024-03-01",3.33702286446142,"***",3.62897670881798,3.28567540715647,4.01089268638646,3.33013112189425]
["CIMENTOS ASFÁLTICOS CAP-30-45","2024-04-01",3.81891395084785,"***",3.59163695507971,3.2443195159528,3.65924569000424,3.2957282976677]
["CIMENTOS ASFÁLTICOS CAP-30-45","2024-05-01",3.6222874444251,"***",3.67302344036714,3.32823935606126,4.16652516137768,3.39013558393078]
["CIMENTOS ASFÁLTICOS CAP-30-45","2024-06-01",3.33286785431762,"***",3.76000993625288,3.32584180221426,4.1139195672553,3.40111703937378]
["CIMENTOS ASFÁLTICOS CAP-30-45","2024-07-01",3.91028104808761,"***",3.83039386151957,3.33374695335664,4.26638505360822,3.44384997163912]
["CIMENTOS ASFÁLTICOS CAP-30-45","2024-08-01",3.7679418349007,4.92026,3.98734673232623,3.58096068687577,3.50036798847118,3.6501318588838]
["CIMENTOS ASFÁLTICOS CAP-50-70","2008-11-01",1.16420020000932,0.968058472179401,1.44624340310712,0.988652964395196,0.961631410222723,1.01662088325852]
["CIMENTOS ASFÁLTICOS CAP-50-70","2008-12-01",1.15953492368144,0.95493724993609,1.3348739119071,1.00024822309181,0.973629967789994,1.00725004709968]
["CIMENTOS ASFÁLTICOS CAP-50-70","2009-01-01",1.04558638693087,0.961287333387349,1.18302916922518,0.976345983535623,0.973640680752193,0.980961832774997]
["CIMENTOS ASFÁLTICOS CAP-50-70","2009-02-01",1.03700406402366,0.938935502519684,1.15558750819356,0.96609601293684,0.964550055832065,0.969892169267715]
["CIMENTOS ASFÁLTICOS CAP-50-70","2009-03-01",0.995750964435732,0.945074915177947,1.19629478552524,0.955628424397069,0.957890000093024,0.960704650268897]
["CIMENTOS ASFÁLTICOS CAP-50-70","2009-04-01",1.04837619566068,0.932769629064645,1.22710554025032,0.946962135993867,0.952040478341807,0.95892044635958]
["CIMENTOS ASFÁLTICOS CAP-50-70","2009-05-01",0.984113481116947,0.927569870169666,1.25137901755071,0.927020805477106,0.944628383537461,0.948426520374255]
["CIMENTOS ASFÁLTICOS CAP-50-70","2009-06-01",1.04641925424695,0.916726581778204,1.23101666341512,0.91941342198421,0.930969404074735,0.938381202448484]
["CIMENTOS ASFÁLTICOS CAP-50-70","2009-07-01",1.03326433632698,0.949085356305,1.2920838702085,0.958732893075496,0.992746229309826,0.981992270840061]
["CIMENTOS ASFÁLTICOS CAP-50-70","2009-08-01",1.03495380541036,0.906755897205711,1.17023887902941,0.907847342422703,0.913787446945856,0.925331640470689]
["CIMENTOS ASFÁLTICOS CAP-50-70","2009-09-01",1.00980978725272,0.903003367996407,1.17498904387269,0.909041398094461,0.915264074271704,0.92866703086483]
["CIMENTOS ASFÁLTICOS CAP-50-70","2009-10-01",1.02117004683975,0.925352738200834,1.17100209401348,0.91403669659253,0.920023882940131,0.9358978872509]
["CIMENTOS ASFÁLTICOS CAP-50-70","2009-11-01",1.04434011825136,0.918873389119691,1.17152727447239,0.921255501542932,0.920716846230572,0.940101583399627]
["CIMENTOS ASFÁLTICOS CAP-50-70","2009-12-01",1.12185852936542,0.910259238681138,1.25582441849952,0.913362304967087,0.919201968122305,0.946586544604192]
["CIMENTOS ASFÁLTICOS CAP-50-70","2010-01-01",1.13345665656521,0.909932764663614,1.24047913182777,0.903118485527955,0.909260882648604,0.936542074451966]
["CIMENTOS ASFÁLTICOS CAP-50-70","2010-02-01",1.10135276424325,0.901836943196413,1.20421835368103,0.885380840060851,0.881954611787706,0.914582636615042]
["CIMENTOS ASFÁLTICOS CAP-50-70","2010-03-01",1.0086812168511,0.907278983573702,1.24719642418663,0.896808801917179,0.905395609461897,0.925310761828513]
["CIMENTOS ASFÁLTICOS CAP-50-70","2010-04-01",1.04683874177466,0.900447733732812,1.22708613785653,0.89108356590527,0.911922594204839,0.927663884577984]
["CIMENTOS ASFÁLTICOS CAP-50-70","2010-05-01",1.06608842961782,0.900509840637447,1.2580521862723,0.882796131897362,0.908042332258289,0.926357793603265]
["CIMENTOS ASFÁLTICOS CAP-50-70","2010-06-01",0.973591969658876,0.874605577685048,1.11884887365587,0.867781157468247,0.884872728596467,0.899347492191472]
["CIMENTOS ASFÁLTICOS CAP-50-70","2010-07-01",0.94048317721409,0.881913345665492,1.11618245069297,0.87841232116259,0.894867959504188,0.910029221183508]
["CIMENTOS ASFÁLTICOS CAP-50-70","2010-08-01",0.955374973145606,0.879979201822736,1.11445783787426,0.871753352365523,0.871913874443731,0.899923944667372]
["CIMENTOS ASFÁLTICOS CAP-50-70","2010-09-01",0.948569307825055,0.88391502047921,1.14720697908157,0.885930077832794,0.886190534957428,0.917530250221355]
["CIMENTOS ASFÁLTICOS CAP-50-70","2010-10-01",0.931550434400744,0.878491370353886,1.14491207767957,0.92604237839513,0.906663212436739,0.932919720633423]
["CIMENTOS ASFÁLTICOS CAP-50-70","2010-11-01",0.946599946361481,0.883307785462069,1.1649982175911,0.941414475223282,0.937091381268291,0.939818692827394]
["CIMENTOS ASFÁLTICOS CAP-50-70","2010-12-01",0.983088063260349,0.879587734887339,1.14835521053277,0.933638131948268,0.973012989475218,0.944518074588459]
["CIMENTOS ASFÁLTICOS CAP-50-70","2011-01-01",1.14916103852664,0.891789643960019,1.18353743225316,0.929970726958451,0.974295464768871,0.954518289008974]
["CIMENTOS ASFÁLTICOS CAP-50-70","2011-02-01",0.995723488472813,0.885688447003883,1.13212888100202,0.92934801097272,0.906772558737006,0.929394138371667]
["CIMENTOS ASFÁLTICOS CAP-50-70","2011-03-01",0.954014341139523,0.862063747688851,1.15984453581561,0.896493507947896,0.880263108077368,0.897941219435006]
["CIMENTOS ASFÁLTICOS CAP-50-70","2011-04-01",0.927754047130126,0.875389052252367,1.10635781832404,0.865687255336763,0.878697395837348,0.887080927991467]
["CIMENTOS ASFÁLTICOS CAP-50-70","2011-05-01",0.957133149173898,0.850899273715746,1.05418586778493,0.859135916381774,0.87485191810928,0.886565695774702]
["CIMENTOS ASFÁLTICOS CAP-50-70","2011-06-01",0.899701919202638,0.837991678739621,1.07307603511042,0.855861213635808,0.871672832898333,0.876499291798409]
["CIMENTOS ASFÁLTICOS CAP-50-70","2011-07-01",0.859283035537538,0.83471891274128,1.06188692889216,0.845840237135359,0.869338849767718,0.866206791607856]
["CIMENTOS ASFÁLTICOS CAP-50-70","2011-08-01",0.937135739978656,0.831854643394336,1.08946627544851,0.835906588213718,0.866759982009353,0.866555909058515]
["CIMENTOS ASFÁLTICOS CAP-50-70","2011-09-01",0.96017618756024,0.82940369859885,1.13767298498475,0.837344073452448,0.867442044670176,0.872069152211804]
["CIMENTOS ASFÁLTICOS CAP-50-70","2011-10-01",0.948970131415926,0.831941108582291,1.11915847395696,0.844961431504394,0.854284752337021,0.868964745633188]
["CIMENTOS ASFÁLTICOS CAP-50-70","2011-11-01",0.943413144467583,0.835550504862297,1.11874287627243,0.847635283120473,0.862951680844675,0.873406626388059]
["CIMENTOS ASFÁLTICOS CAP-50-70","2011-12-01",0.96380364224796,0.838483037821792,1.02792555106092,0.864704079842641,0.872988161498481,0.877290636965535]
["CIMENTOS ASFÁLTICOS CAP-50-70","2012-01-01",0.910946167547339,0.838484756647231,1.11890666970359,0.878248423205829,0.860830552391746,0.87176135167826]
["CIMENTOS ASFÁLTICOS CAP-50-70","2012-02-01",0.898215238820991,0.840483911134241,1.10481814233138,0.888789618008663,0.871809201375992,0.883056337665741]
["CIMENTOS ASFÁLTICOS CAP-50-70","2012-03-01",0.923356525188749,0.842238512981272,1.05405896517299,0.885000245249794,0.882567790673208,0.885197418492246]
["CIMENTOS ASFÁLTICOS CAP-50-70","2012-04-01",0.977149564595943,0.855485849320472,1.06973589659533,0.881163570719189,0.877834135975739,0.899102142987399]
["CIMENTOS ASFÁLTICOS CAP-50-70","2012-05-01",1.05571942085476,0.859964087542598,1.07758417002328,0.888315078644562,0.876344505017142,0.904915400504689]
["CIMENTOS ASFÁLTICOS CAP-50-70","2012-06-01",1.04519334563755,0.864964939063835,1.10540212437716,0.89333736767998,0.876810685098287,0.916232520844628]
["CIMENTOS ASFÁLTICOS CAP-50-70","2012-07-01",1.04466092747162,0.862629409628234,1.12669832983776,0.886023081923048,0.877085820686533,0.910460709004984]
["CIMENTOS ASFÁLTICOS CAP-50-70","2012-08-01",1.08018015261499,0.880195039073739,1.13743719718537,0.885072589414387,0.872616598128489,0.914386990777062]
["CIMENTOS ASFÁLTICOS CAP-50-70","2012-09-01",1.05938680340644,0.880005635440758,1.13939504953509,0.868358951780327,0.843214383608756,0.898265380157498]
["CIMENTOS ASFÁLTICOS CAP-50-70","2012-10-01",1.06572637845244,0.887995169970552,1.21459599562768,0.892930640890494,0.879508054111635,0.930452334963219]
["CIMENTOS ASFÁLTICOS CAP-50-70","2012-11-01",1.06244982611961,0.876021450177363,1.1892648275926,0.910638499007031,0.890223019219247,0.928445839798258]
["CIMENTOS ASFÁLTICOS CAP-50-70","2012-12-01",1.09163026217629,0.874651996975139,1.19067375624992,0.908248894089236,0.900645620896564,0.928840868281242]
["CIMENTOS ASFÁLTICOS CAP-50-70","2013-01-01",1.08410741235803,0.866175886694275,1.19453365174965,0.905729547244401,0.908129173696904,0.917376487235976]
["CIMENTOS ASFÁLTICOS CAP-50-70","2013-02-01",1.07701741970528,0.864166855231506,1.18500458810687,0.913490072876104,0.925306057619547,0.925511555768308]
["CIMENTOS ASFÁLTICOS CAP-50-70","2013-03-01",1.07310014370136,0.863831810690893,1.21303144151687,0.916287356547986,0.930214304918191,0.930714063053227]
["CIMENTOS ASFÁLTICOS CAP-50-70","2013-04-01",1.05153932796214,0.859697072423379,1.22384230136816,0.909251568086853,0.925443413871388,0.93423950621913]
["CIMENTOS ASFÁLTICOS CAP-50-70","2013-05-01",1.10239084058404,0.872921895254146,1.22872061878413,0.912818047092388,0.918515669880312,0.9545633507121]
["CIMENTOS ASFÁLTICOS CAP-50-70","2013-06-01",1.05121151504419,0.869305972223857,1.21474720110745,0.905869241941774,0.898535042714928,0.954576644186707]
["CIMENTOS ASFÁLTICOS CAP-50-70","2013-07-01",1.12341482097585,0.891274963261206,1.19281736424295,0.910598113693256,0.931187635368032,0.958780751246998]
["CIMENTOS ASFÁLTICOS CAP-50-70","2013-08-01",1.07880673063252,0.896974531144419,1.22721674424767,0.916638503629422,0.932335947393753,0.963629040553129]
["CIMENTOS ASFÁLTICOS CAP-50-70","2013-09-01",1.06936289301618,0.89600650713743,1.27509009343077,0.920386890184171,0.923904831703606,0.962080686020371]
["CIMENTOS ASFÁLTICOS CAP-50-70","2013-10-01",1.02834805335876,0.906017039677676,1.19745848744906,0.914918510249459,0.890951035823164,0.95083176059351]
["CIMENTOS ASFÁLTICOS CAP-50-70","2013-11-01",1.03793840754683,0.913466819297545,1.19189986765281,0.910756130767712,0.911474196200684,0.954242363683044]
["CIMENTOS ASFÁLTICOS CAP-50-70","2013-12-01",1.03410838724637,0.928562992358526,1.20739809500788,0.913618477338239,0.903116473962126,0.958848255262462]
["CIMENTOS ASFÁLTICOS CAP-50-70","2014-01-01",1.03938663568353,0.928645410744565,1.18314485592936,0.913897146659395,0.913922016830655,0.949556000716211]
["CIMENTOS ASFÁLTICOS CAP-50-70","2014-02-01",1.08010689141458,0.923492884431669,1.14265678352831,0.917232260238435,0.91279990184824,0.946596599472209]
["CIMENTOS ASFÁLTICOS CAP-50-70","2014-03-01",1.05789738719176,0.922103496134823,1.16623222106861,0.918338645247208,0.915273305992916,0.949698856250388]
["CIMENTOS ASFÁLTICOS CAP-50-70","2014-04-01",1.06516444164963,0.924246179029634,1.16254547346996,0.913065737315318,0.898463914455435,0.947734241087497]
["CIMENTOS ASFÁLTICOS CAP-50-70","2014-05-01",1.04723532605661,0.923041950177692,1.17764127514071,0.923795104419197,0.90563295279397,0.955855852426816]
["CIMENTOS ASFÁLTICOS CAP-50-70","2014-06-01",1.03247925737507,0.918563410912317,1.21317440762455,0.913672417710636,0.909479630213006,0.957686939255406]
["CIMENTOS ASFÁLTICOS CAP-50-70","2014-07-01",1.08992772890141,0.912507856535287,1.15648041812445,0.90124131326552,0.908961559737204,0.944622122143454]
["CIMENTOS ASFÁLTICOS CAP-50-70","2014-08-01",1.12813336757335,0.913440922826501,1.12564161014719,0.913765043067095,0.905054638043857,0.94946614618601]
["CIMENTOS ASFÁLTICOS CAP-50-70","2014-09-01",1.09941508008348,0.930739551067097,1.20765101986046,0.920767514289164,0.915616470800253,0.966865404212256]
["CIMENTOS ASFÁLTICOS CAP-50-70","2014-10-01",1.13897728764763,0.914376660720126,1.16321359648312,0.886263166825252,0.894969957247035,0.942955572052724]
["CIMENTOS ASFÁLTICOS CAP-50-70","2014-11-01",1.09005497721516,0.936010673139633,1.16365040317171,0.898575218428885,0.918877434588877,0.95477288647908]
["CIMENTOS ASFÁLTICOS CAP-50-70","2014-12-01",1.23631419481914,1.02930603024666,1.30926593808953,1.00369071777535,0.997074116861854,1.04135604218367]
["CIMENTOS ASFÁLTICOS CAP-50-70","2015-01-01",1.3331020291117,1.26580096899688,1.51240323684681,1.12001751571985,1.18547913280292,1.21120247059152]
["CIMENTOS ASFÁLTICOS CAP-50-70","2015-02-01",1.4299714188618,1.25737722140748,1.53562154423244,1.12542036580115,1.19134200757387,1.21166606030009]
["CIMENTOS ASFÁLTICOS CAP-50-70","2015-03-01",1.37526846160257,1.22467913154148,1.47823038328418,1.15814537915924,1.19244701464694,1.21271683875298]
["CIMENTOS ASFÁLTICOS CAP-50-70","2015-04-01",1.31346914743953,1.21120904498086,1.48925975964078,1.14509408955436,1.17676389652385,1.19365876632242]
["CIMENTOS ASFÁLTICOS CAP-50-70","2015-05-01",1.46889948651431,1.21980494741404,1.43412234565047,1.12996367579366,1.17160282494569,1.20472725163539]
["CIMENTOS ASFÁLTICOS CAP-50-70","2015-06-01",1.49809940533101,1.22963187559399,1.44283165964486,1.12937851363371,1.17465699234131,1.21636299016372]
["CIMENTOS ASFÁLTICOS CAP-50-70","2015-07-01",1.32769294244621,1.24655475166745,1.2046478282775,1.12447001906151,1.16729782302905,1.18885526158538]
["CIMENTOS ASFÁLTICOS CAP-50-70","2015-08-01",1.38537681748887,1.25674991709916,1.39516404901314,1.11693042319254,1.1722417088818,1.21891111813945]
["CIMENTOS ASFÁLTICOS CAP-50-70","2015-09-01",1.40202401232015,1.3081690645762,1.49379867284042,1.18191543636704,1.22013697308477,1.27603224880035]
["CIMENTOS ASFÁLTICOS CAP-50-70","2015-10-01",1.49665216727963,1.35271443707134,1.57751014266434,1.25267414993731,1.2783526152197,1.34355830244613]
["CIMENTOS ASFÁLTICOS CAP-50-70","2015-11-01",1.62149456744576,1.51725483317315,1.70642567430236,1.41862992182278,1.41764807732096,1.48891543009576]
["CIMENTOS ASFÁLTICOS CAP-50-70","2015-12-01",1.7400574401317,1.51946356014773,1.70090602501032,1.4181914430683,1.42902805805944,1.49641921793279]
["CIMENTOS ASFÁLTICOS CAP-50-70","2016-01-01",1.7812750615266,1.5500283898349,1.76278925735806,1.451294199361,1.44406594049718,1.50481002644973]
["CIMENTOS ASFÁLTICOS CAP-50-70","2016-02-01",1.79704521442988,1.53430356802969,1.70210558122962,1.43945380327947,1.43249013488033,1.48564990371536]
["CIMENTOS ASFÁLTICOS CAP-50-70","2016-03-01",1.74211809576731,1.5336459433033,1.72584704820577,1.42473300673082,1.44805250274746,1.49202933748836]
["CIMENTOS ASFÁLTICOS CAP-50-70","2016-04-01",1.92065985626807,1.72462412946348,1.90278494882733,1.59676314943576,1.63494893101609,1.66831854062954]
["CIMENTOS ASFÁLTICOS CAP-50-70","2016-05-01",1.98586034984103,1.7261038862806,1.92652723787226,1.60846570689728,1.6988625608163,1.69986810449243]
["CIMENTOS ASFÁLTICOS CAP-50-70","2016-06-01",1.94110201514808,1.69461704708438,1.92858200345681,1.63486568310554,1.63636768066348,1.69345843152673]
["CIMENTOS ASFÁLTICOS CAP-50-70","2016-07-01",1.79716931836353,1.67910906045059,1.91878828287574,1.64432965271875,1.61608838082893,1.67793535381136]
["CIMENTOS ASFÁLTICOS CAP-50-70","2016-08-01",1.83595591536576,1.68640980935656,1.95066359909324,1.64815777236391,1.62088313472202,1.68951171275427]
["CIMENTOS ASFÁLTICOS CAP-50-70","2016-09-01",1.76564139334441,1.58625952920654,1.8182367959833,1.55745307599053,1.47898195013075,1.58231939235913]
["CIMENTOS ASFÁLTICOS CAP-50-70","2016-10-01",1.66096197381776,1.59021673134302,1.77133411001485,1.55778766560535,1.48038790134231,1.57425203071265]
["CIMENTOS ASFÁLTICOS CAP-50-70","2016-11-01",1.62024689924767,1.55913644334619,1.82557223894749,1.51651567558868,1.47297083321802,1.55048427815274]
["CIMENTOS ASFÁLTICOS CAP-50-70","2016-12-01",1.53827003753649,1.45933388064795,1.78675538209015,1.50486567137887,1.46804703216157,1.5063560514489]
["CIMENTOS ASFÁLTICOS CAP-50-70","2017-01-01",1.53644852951295,1.4492924379728,1.60965656090415,1.44883480134508,1.45365192043667,1.46703849752947]
["CIMENTOS ASFÁLTICOS CAP-50-70","2017-02-01",1.56427113478886,1.44763348297102,1.64007570520026,1.45695378635475,1.44623160325551,1.46867980165752]
["CIMENTOS ASFÁLTICOS CAP-50-70","2017-03-01",1.51757384173754,1.43586105361275,1.68624132164893,1.45628515256191,1.45568973908778,1.47364207851007]
["CIMENTOS ASFÁLTICOS CAP-50-70","2017-04-01",1.65926756202478,1.38825676721616,1.66568322574351,1.38943296509081,1.40915918687368,1.43526717874469]
["CIMENTOS ASFÁLTICOS CAP-50-70","2017-05-01",1.50522201600366,1.40060839658963,1.71013408747788,1.37386485307203,1.3921241120651,1.42945434226319]
["CIMENTOS ASFÁLTICOS CAP-50-70","2017-06-01",1.63946792658845,1.42460864982594,1.69940101362946,1.42908151325864,1.38583534216181,1.4659203299201]
["CIMENTOS ASFÁLTICOS CAP-50-70","2017-07-01",1.64802596087271,1.40283083303231,1.75142070080023,1.41803378379403,1.3563173438096,1.4531126868784]
["CIMENTOS ASFÁLTICOS CAP-50-70","2017-08-01",1.48988067516074,1.38282548435469,1.63056730380889,1.40684731743275,1.37761083670441,1.42563288595073]
["CIMENTOS ASFÁLTICOS CAP-50-70","2017-09-01",1.54887287656192,1.42363840093915,1.69923200279145,1.41661035337274,1.37676580543972,1.44845932074048]
["CIMENTOS ASFÁLTICOS CAP-50-70","2017-10-01",1.571451743092,1.40511791018695,1.74343991230701,1.40781061194741,1.39803328926311,1.4473426233473]
["CIMENTOS ASFÁLTICOS CAP-50-70","2017-11-01",1.70395288428103,1.56168911406581,1.88668653598155,1.51083196410363,1.51020915872563,1.58754771998657]
["CIMENTOS ASFÁLTICOS CAP-50-70","2017-12-01",1.67112968570027,1.5697607156656,1.8969173485708,1.54630230762565,1.51115352219374,1.58438100677234]
["CIMENTOS ASFÁLTICOS CAP-50-70","2018-01-01",1.78838664543756,1.64223278478653,1.85167665381581,1.59067012546726,1.6130212682361,1.64469430243084]
["CIMENTOS ASFÁLTICOS CAP-50-70","2018-02-01",1.79740080383376,1.61046015653024,1.7913702231317,1.59937889536573,1.60347187795933,1.62124686081122]
["CIMENTOS ASFÁLTICOS CAP-50-70","2018-03-01",1.80135973816113,1.6064588891199,1.89569863549092,1.61173911852818,1.60362521807278,1.63886131890725]
["CIMENTOS ASFÁLTICOS CAP-50-70","2018-04-01",1.79117334865166,1.60509322394187,1.85749587807102,1.60068490317669,1.63962904872662,1.65621202856535]
["CIMENTOS ASFÁLTICOS CAP-50-70","2018-05-01",1.91350203624665,1.72470048995027,1.9454369536104,1.71405543747672,1.71420937283017,1.75732542962792]
["CIMENTOS ASFÁLTICOS CAP-50-70","2018-06-01",2.06556385880853,1.82239972222208,2.09131632200827,1.79947825498108,1.79854029436378,1.85966297057505]
["CIMENTOS ASFÁLTICOS CAP-50-70","2018-07-01",2.06862763486941,1.9451431619916,2.14078277150026,1.94030218576477,1.94464740671338,1.97560488378319]
["CIMENTOS ASFÁLTICOS CAP-50-70","2018-08-01",2.22534636105563,2.0957584128754,2.48040682386198,2.1024259235604,2.09697917217558,2.13972089306088]
["CIMENTOS ASFÁLTICOS CAP-50-70","2018-09-01",2.33032219466132,2.12339672158555,2.49273764519386,2.134032087997,2.10603687605137,2.17330936598556]
["CIMENTOS ASFÁLTICOS CAP-50-70","2018-10-01",2.25762057249138,2.14762491207547,2.29321075719083,2.17660826787081,2.14003883768791,2.17765970655766]
["CIMENTOS ASFÁLTICOS CAP-50-70","2018-11-01",2.4878078368167,2.40274515032647,2.86505626677391,2.42868191784906,2.42278020394302,2.44546197757049]
["CIMENTOS ASFÁLTICOS CAP-50-70","2018-12-01",2.49080789699439,2.42092536212561,2.70932464819575,2.42828326934528,2.46400089051639,2.4580454611849]
["CIMENTOS ASFÁLTICOS CAP-50-70","2019-01-01",2.48596635582701,2.35983631502381,2.77084892263766,2.48533041188589,2.45200587748513,2.45592301696228]
["CIMENTOS ASFÁLTICOS CAP-50-70","2019-02-01",2.64434676960391,2.54916748337052,3.050787298396,2.75988326494051,2.75818337914009,2.70591918147359]
["CIMENTOS ASFÁLTICOS CAP-50-70","2019-03-01",2.70497949833076,2.5265844677413,3.07395710073834,2.75943682972379,2.69307119189434,2.69297412617712]
["CIMENTOS ASFÁLTICOS CAP-50-70","2019-04-01",2.76077531888781,2.56424328040899,3.07394489747454,2.75955565759603,2.69665433619758,2.71118685582128]
["CIMENTOS ASFÁLTICOS CAP-50-70","2019-05-01",2.76236564986264,2.52605659047274,3.0755967027869,2.77279584936334,2.69374354202785,2.71252321372938]
["CIMENTOS ASFÁLTICOS CAP-50-70","2019-06-01",2.62752322417571,2.53409874473409,3.20930608120188,2.68871526670182,2.70480970909472,2.69599361469406]
["CIMENTOS ASFÁLTICOS CAP-50-70","2019-07-01",2.84859913304669,2.50767020072679,3.12986594925193,2.75849305993959,2.69899005322617,2.7132922282791]
["CIMENTOS ASFÁLTICOS CAP-50-70","2019-08-01",2.67545593943695,2.3351192760318,2.91803336996232,2.5834195289973,2.5319168723857,2.53904940146126]
["CIMENTOS ASFÁLTICOS CAP-50-70","2019-09-01",2.59805679278684,2.29919416771862,3.03433264946942,2.48065110189485,2.51482597908893,2.49599861211581]
["CIMENTOS ASFÁLTICOS CAP-50-70","2019-10-01",2.53353685510691,2.27035668197081,2.83756048874314,2.50989014773894,2.50963544284559,2.47334694258804]
["CIMENTOS ASFÁLTICOS CAP-50-70","2019-11-01",2.60864383066343,2.32427840369011,2.86736468789883,2.56824212225115,2.55634093533067,2.52963222264059]
["CIMENTOS ASFÁLTICOS CAP-50-70","2019-12-01",2.52617019171413,2.3189910031031,2.95062594484407,2.62512783193945,2.55735761061683,2.5301149347303]
["CIMENTOS ASFÁLTICOS CAP-50-70","2020-01-01",2.6003580196634,2.29750015128407,3.09726707276096,2.57399514780715,2.54842052407816,2.51815059425334]
["CIMENTOS ASFÁLTICOS CAP-50-70","2020-02-01",2.42190138186597,2.17320917748434,2.88285582588101,2.35832195218979,2.36043466390593,2.35109622252959]
["CIMENTOS ASFÁLTICOS CAP-50-70","2020-03-01",2.32824656925282,2.17108814464283,2.7560542278028,2.32151803114961,2.33775877141934,2.32187297509199]
["CIMENTOS ASFÁLTICOS CAP-50-70","2020-04-01",2.37011991592465,2.19002620523687,2.65368542907703,2.34516076866187,2.30210998911905,2.33600787135954]
["CIMENTOS ASFÁLTICOS CAP-50-70","2020-05-01",2.36863942618468,2.12475529107569,2.6064373281098,2.27122972792822,2.31524156323422,2.32419923306837]
["CIMENTOS ASFÁLTICOS CAP-50-70","2020-06-01",2.30422943176139,2.12898588791193,2.62113697408856,2.26285823268778,2.30853657574401,2.296534163785]
["CIMENTOS ASFÁLTICOS CAP-50-70","2020-07-01",2.30404447936246,2.13388765961375,2.62338301043914,2.23465166743183,2.28321933935005,2.27475600376488]
["CIMENTOS ASFÁLTICOS CAP-50-70","2020-08-01",2.430002795699,2.26690657835135,2.75808199848917,2.37096886998998,2.47255254753113,2.41265880884347]
["CIMENTOS ASFÁLTICOS CAP-50-70","2020-09-01",2.46123021590987,2.28404508804547,2.73257671325078,2.36620582394281,2.44122289879693,2.41003785326735]
["CIMENTOS ASFÁLTICOS CAP-50-70","2020-10-01",2.37802621552759,2.30473253617402,2.73787228528735,2.37055989660147,2.44844192820278,2.40702273004399]
["CIMENTOS ASFÁLTICOS CAP-50-70","2020-11-01",2.6109989548752,2.48394404294997,2.8383145460657,2.54266160417238,2.57984492094045,2.5728040803737]
["CIMENTOS ASFÁLTICOS CAP-50-70","2020-12-01",2.46666556557626,2.46408243268186,2.82573791128106,2.58685012234109,2.60261433793426,2.57127015465187]
["CIMENTOS ASFÁLTICOS CAP-50-70","2021-01-01",2.39689759547853,2.46227749985454,2.90778224015119,2.62267189193148,2.62132429372394,2.56538057631178]
["CIMENTOS ASFÁLTICOS CAP-50-70","2021-02-01",2.62223104097757,2.67373112744499,3.03753207459777,2.78148335965249,2.78234825517562,2.75300420513504]
["CIMENTOS ASFÁLTICOS CAP-50-70","2021-03-01",2.57881433283196,2.62703925486459,3.01226616750577,2.83486339259414,2.83454192140233,2.77439026703549]
["CIMENTOS ASFÁLTICOS CAP-50-70","2021-04-01",2.68984279576075,2.59905340434323,3.02145401398622,2.81221968953026,2.80499251615999,2.76591445086732]
["CIMENTOS ASFÁLTICOS CAP-50-70","2021-05-01",3.25879553314883,3.19952993365353,3.66991094215367,3.41861591961524,3.41649465312679,3.39184651661801]
["CIMENTOS ASFÁLTICOS CAP-50-70","2021-06-01",3.23916039844565,3.18109433615804,3.53689849143251,3.44295997910448,3.45731831964952,3.38047855982078]
["CIMENTOS ASFÁLTICOS CAP-50-70","2021-07-01",3.13732166859141,3.15494384258978,3.59198387189247,3.44848115537721,3.41469799082177,3.35894248499325]
["CIMENTOS ASFÁLTICOS CAP-50-70","2021-08-01",3.4628720904303,3.29399240158836,3.78140935663099,3.70318076404649,3.67089382268302,3.58673888599269]
["CIMENTOS ASFÁLTICOS CAP-50-70","2021-09-01",3.52788776204338,3.32631789096044,3.78832659330105,3.65409103863639,3.68888091224318,3.60443158337976]
["CIMENTOS ASFÁLTICOS CAP-50-70","2021-10-01",3.52176131245629,3.42102994980247,3.65383698945959,3.6802665752234,3.69591413587933,3.61270597007374]
["CIMENTOS ASFÁLTICOS CAP-50-70","2021-11-01",3.82873715766316,3.6976868410798,4.05720409272412,4.0328980638371,4.00672376594121,3.94064134909007]
["CIMENTOS ASFÁLTICOS CAP-50-70","2021-12-01",3.89161277116008,3.75292404501352,4.04490190996543,4.04931811730209,4.01428991305507,3.96171807199742]
["CIMENTOS ASFÁLTICOS CAP-50-70","2022-01-01",3.97887583930262,3.81206444315704,4.15330978451053,4.03743653807782,4.05211095705945,4.00065930835122]
["CIMENTOS ASFÁLTICOS CAP-50-70","2022-02-01",4.30870296406251,4.03362517753264,4.45223513827154,4.27842408373004,4.28605727910796,4.26000702202478]
["CIMENTOS ASFÁLTICOS CAP-50-70","2022-03-01",4.25744543336331,4.09468061112239,4.48285292966137,4.26889062419855,4.32594836996249,4.27568343825858]
["CIMENTOS ASFÁLTICOS CAP-50-70","2022-04-01",4.36884511617308,4.25799983212151,4.763206102938,4.45661336674223,4.44591627418856,4.4411848628964]
["CIMENTOS ASFÁLTICOS CAP-50-70","2022-05-01",4.35286973651138,4.20185666203187,4.58330819819619,4.30938421751094,4.24894338095755,4.30229361751132]
["CIMENTOS ASFÁLTICOS CAP-50-70","2022-06-01",4.39368472987415,4.1962162000687,4.61363570728765,4.29001165847921,4.18105627350132,4.2899376668844]
["CIMENTOS ASFÁLTICOS CAP-50-70","2022-07-01",4.54391426620381,4.32472360224598,4.73013344255174,4.34872595222931,4.2994675353113,4.40106223301813]
["CIMENTOS ASFÁLTICOS CAP-50-70","2022-08-01",4.65390610801399,4.35043080347292,4.6025056296728,4.21017635339542,4.12729967074722,4.31904555818339]
["CIMENTOS ASFÁLTICOS CAP-50-70","2022-09-01",4.87527511645376,4.34095709294311,4.40760182791111,4.06766148093301,3.8614528948505,4.25957062982064]
["CIMENTOS ASFÁLTICOS CAP-50-70","2022-10-01",4.37331902155786,4.10710795835915,4.06819577217617,3.63105910592255,3.5514967460089,3.88004801505988]
["CIMENTOS ASFÁLTICOS CAP-50-70","2022-11-01",4.2011656632619,3.96201105886815,4.04755217180814,3.58601349183801,3.47433009819027,3.78719594261547]
["CIMENTOS ASFÁLTICOS CAP-50-70","2022-12-01",4.35975398901703,3.74589079861064,4.13209802667974,3.49826709394585,3.45153328146843,3.73006795621086]
["CIMENTOS ASFÁLTICOS CAP-50-70","2023-01-01",4.11983260353799,3.50004490786998,3.91465570170098,3.25789486969709,3.29639921789779,3.46317391938548]
["CIMENTOS ASFÁLTICOS CAP-50-70","2023-02-01",3.93855317315965,3.45063329494293,3.83680710563961,3.15940291196752,3.17880028658436,3.3679711779516]
["CIMENTOS ASFÁLTICOS CAP-50-70","2023-03-01",3.96000414848063,3.31728542292565,3.69266077022914,3.11754536688623,2.96545405921839,3.23592529043571]
["CIMENTOS ASFÁLTICOS CAP-50-70","2023-04-01",3.73061832047868,3.26818989308272,3.58629474989601,3.1234147790346,2.94295986598791,3.1899899165525]
["CIMENTOS ASFÁLTICOS CAP-50-70","2023-05-01",3.84972378189936,3.2905144507942,3.55676091814513,3.1463887247929,2.91756623636236,3.22682919294315]
["CIMENTOS ASFÁLTICOS CAP-50-70","2023-06-01",3.7712002958517,3.33231633912062,3.42737114142048,3.12407748486566,2.89933445197631,3.21860926787997]
["CIMENTOS ASFÁLTICOS CAP-50-70","2023-07-01",3.74224669884842,3.38126765643973,3.57969553479079,3.12005344033843,2.97183701660215,3.26529570462072]
["CIMENTOS ASFÁLTICOS CAP-50-70","2023-08-01",3.7235845471949,3.36285188756966,3.68607200751363,3.13508393507166,2.96147439080484,3.26117734369364]
["CIMENTOS ASFÁLTICOS CAP-50-70","2023-09-01",4.09262439941594,3.63104339468552,3.8282034590379,3.36503171745387,3.18176416020952,3.49981596279537]
["CIMENTOS ASFÁLTICOS CAP-50-70","2023-10-01",4.08530095709298,3.61546351233896,3.79282015324206,3.34674340779416,3.15154190922461,3.45642218327891]
["CIMENTOS ASFÁLTICOS CAP-50-70","2023-11-01",3.85052527133893,3.72813100390524,3.96943707857785,3.47103890779796,3.1884640096323,3.53859314433322]
["CIMENTOS ASFÁLTICOS CAP-50-70","2023-12-01",3.98506837092563,3.6985887867201,3.82698363579985,3.34080149065644,3.23570813378277,3.47856949025569]
["CIMENTOS ASFÁLTICOS CAP-50-70","2024-01-01",3.93137698373333,3.56746855180305,3.60965676655222,3.20152598116339,3.15380405590505,3.36747714993536]
["CIMENTOS ASFÁLTICOS CAP-50-70","2024-02-01",4.00563455343918,3.45357641175808,3.55036409113024,3.1567107709108,3.14251507103765,3.32791304508592]
["CIMENTOS ASFÁLTICOS CAP-50-70","2024-03-01",3.87190843898609,3.5062399225827,3.4592436690017,3.13960808167033,3.22737842552998,3.34116717030016]
["CIMENTOS ASFÁLTICOS CAP-50-70","2024-04-01",3.85062814061734,3.38942212379408,3.36319834564314,3.08606120813932,3.25445589847069,3.27265329607346]
["CIMENTOS ASFÁLTICOS CAP-50-70","2024-05-01",3.77048352164799,3.35626958983123,3.52044749872842,3.20789690442024,3.31794751085642,3.3579298120816]
["CIMENTOS ASFÁLTICOS CAP-50-70","2024-06-01",3.73560612132998,3.51086733145839,3.47308549307303,3.21767488760015,3.29560829726325,3.35626756383535]
["CIMENTOS ASFÁLTICOS CAP-50-70","2024-07-01",3.86983938826933,3.82380498687214,3.59679736987673,3.3437458887368,3.41732223180227,3.53293881922846]
["CIMENTOS ASFÁLTICOS CAP-50-70","2024-08-01",4.04210219709696,3.99123004511621,3.87127205711505,3.57010322631051,3.59114546590677,3.7496279314418]
["CIMENTOS ASFÁLTICOS CAP-85-100","2008-11-01","***","***","***","***","***","***"]
["CIMENTOS ASFÁLTICOS CAP-85-100","2008-12-01","***","***","***","***","***","***"]
["CIMENTOS ASFÁLTICOS CAP-85-100","2009-01-01","***","***","***","***","***","***"]
["CIMENTOS ASFÁLTICOS CAP-85-100","2009-02-01","***","***","***","***","***","***"]
["CIMENTOS ASFÁLTICOS CAP-85-100","2009-03-01","***","***","***","***","***","***"]
["CIMENTOS ASFÁLTICOS CAP-85-100","2009-04-01","***","***","***","***","***","***"]
["CIMENTOS ASFÁLTICOS CAP-85-100","2009-05-01","***","***","***","***","***","***"]
["CIMENTOS ASFÁLTICOS CAP-85-100","2009-06-01","***","***","***","***","***","***"]
["CIMENTOS ASFÁLTICOS CAP-85-100","2009-07-01","***","***","***","***","***","***"]
["CIMENTOS ASFÁLTICOS CAP-85-100","2009-08-01","***","***","***","***","***","***"]
["CIMENTOS ASFÁLTICOS CAP-85-100","2009-09-01","***","***","***","***","***","***"]
["CIMENTOS ASFÁLTICOS CAP-85-100","2009-10-01","***","***","***","***","***","***"]
["CIMENTOS ASFÁLTICOS CAP-85-100","2009-11-01","***","***","***","***",1.13323,1.13323]
["CIMENTOS ASFÁLTICOS CAP-85-100","2009-12-01","***","***","***","***","***","***"]
["CIMENTOS ASFÁLTICOS CAP-85-100","2010-01-01","***","***","***","***","***","***"]
["CIMENTOS ASFÁLTICOS CAP-85-100","2010-02-01","***","***","***","***","***","***"]
["CIMENTOS ASFÁLTICOS CAP-85-100","2010-03-01","***","***","***","***","***","***"]
["CIMENTOS ASFÁLTICOS CAP-85-100","2010-04-01","***","***","***","***","***","***"]
["CIMENTOS ASFÁLTICOS CAP-85-100","2010-05-01","***","***","***","***","***","***"]
["CIMENTOS ASFÁLTICOS CAP-85-100","2010-06-01","***","***","***","***","***","***"]
["CIMENTOS ASFÁLTICOS CAP-85-100","2010-07-01","***","***","***","***","***","***"]
["CIMENTOS ASFÁLTICOS CAP-85-100","2010-08-01","***","***","***","***","***","***"]
["CIMENTOS ASFÁLTICOS CAP-85-100","2010-09-01","***","***","***","***","***","***"]
["CIMENTOS ASFÁLTICOS CAP-85-100","2010-10-01","***","***","***",1.19662,"***",1.19662]
["CIMENTOS ASFÁLTICOS CAP-85-100","2010-11-01","***","***","***",1.19662,"***",1.19662]
["CIMENTOS ASFÁLTICOS CAP-85-100","2010-12-01","***","***","***","***","***","***"]
["CIMENTOS ASFÁLTICOS CAP-85-100","2011-01-01","***","***","***","***","***","***"]
["CIMENTOS ASFÁLTICOS CAP-85-100","2011-02-01","***","***","***","***","***","***"]
["CIMENTOS ASFÁLTICOS CAP-85-100","2011-03-01","***","***","***","***","***","***"]
["CIMENTOS ASFÁLTICOS CAP-85-100","2011-04-01","***","***",1.205,0.5703,"***",0.717670596896591]
["CIMENTOS ASFÁLTICOS CAP-85-100","2011-05-01","***","***","***",0.5693,"***",0.5693]
["CIMENTOS ASFÁLTICOS CAP-85-100","2011-06-01","***","***","***","***",0.88491,0.88491]
["CIMENTOS ASFÁLTICOS CAP-85-100","2011-07-01","***","***",1.3649,"***","***",1.3649]
["CIMENTOS ASFÁLTICOS CAP-85-100","2011-08-01","***","***",1.34244536078025,1.3506,"***",1.34316556011292]
["CIMENTOS ASFÁLTICOS CAP-85-100","2011-09-01","***","***",1.33715332159396,"***","***",1.33715332159396]
["CIMENTOS ASFÁLTICOS CAP-85-100","2011-10-01","***","***","***","***","***","***"]
["CIMENTOS ASFÁLTICOS CAP-85-100","2011-11-01","***","***",1.41854,"***","***",1.41854]
["CIMENTOS ASFÁLTICOS CAP-85-100","2011-12-01","***","***","***",0.935119459083017,"***",0.935119459083017]
["CIMENTOS ASFÁLTICOS CAP-85-100","2012-01-01","***","***",1.41854,"***","***",1.41854]
["CIMENTOS ASFÁLTICOS CAP-85-100","2012-02-01","***","***",1.41855,"***","***",1.41855]
["CIMENTOS ASFÁLTICOS CAP-85-100","2012-03-01","***","***","***","***","***","***"]
["CIMENTOS ASFÁLTICOS CAP-85-100","2012-04-01","***","***",1.41854,"***","***",1.41854]
["CIMENTOS ASFÁLTICOS CAP-85-100","2012-05-01","***","***",1.41854,"***","***",1.41854]
["CIMENTOS ASFÁLTICOS CAP-85-100","2012-06-01","***","***",1.41854,"***","***",1.41854]
["CIMENTOS ASFÁLTICOS CAP-85-100","2012-07-01","***","***",1.41852250665308,"***","***",1.41852250665308]
["CIMENTOS ASFÁLTICOS CAP-85-100","2012-08-01","***","***",1.41853692713934,"***","***",1.41853692713934]
["CIMENTOS ASFÁLTICOS CAP-85-100","2012-09-01","***","***",1.43115000618844,"***","***",1.43115000618844]
["CIMENTOS ASFÁLTICOS CAP-85-100","2012-10-01","***","***",1.40274836488975,"***","***",1.40274836488975]
["CIMENTOS ASFÁLTICOS CAP-85-100","2012-11-01","***","***",1.40893507758901,"***","***",1.40893507758901]
["CIMENTOS ASFÁLTICOS CAP-85-100","2012-12-01","***","***","***","***","***","***"]
["CIMENTOS ASFÁLTICOS CAP-85-100","2013-01-01","***","***","***","***","***","***"]
["CIMENTOS ASFÁLTICOS CAP-85-100","2013-02-01","***","***","***","***","***","***"]
["CIMENTOS ASFÁLTICOS CAP-85-100","2013-03-01","***","***","***","***","***","***"]
["CIMENTOS ASFÁLTICOS CAP-85-100","2013-04-01","***","***","***","***","***","***"]
["CIMENTOS ASFÁLTICOS CAP-85-100","2013-05-01","***","***","***","***","***","***"]
["CIMENTOS ASFÁLTICOS CAP-85-100","2013-06-01","***","***","***","***","***","***"]
["CIMENTOS ASFÁLTICOS CAP-85-100","2013-07-01","***","***","***","***","***","***"]
["CIMENTOS ASFÁLTICOS CAP-85-100","2013-08-01","***","***","***","***","***","***"]
["CIMENTOS ASFÁLTICOS CAP-85-100","2013-09-01","***","***","***","***","***","***"]
["CIMENTOS ASFÁLTICOS CAP-85-100","2013-10-01","***","***","***","***","***","***"]
["CIMENTOS ASFÁLTICOS CAP-85-100","2013-11-01","***","***","***","***","***","***"]
["CIMENTOS ASFÁLTICOS CAP-85-100","2013-12-01","***","***","***","***","***","***"]
["CIMENTOS ASFÁLTICOS CAP-85-100","2014-01-01","***","***","***","***","***","***"]
["CIMENTOS ASFÁLTICOS CAP-85-100","2014-02-01","***","***","***","***","***","***"]
["CIMENTOS ASFÁLTICOS CAP-85-100","2014-03-01","***","***","***","***","***","***"]
["CIMENTOS ASFÁLTICOS CAP-85-100","2014-04-01","***","***","***","***","***","***"]
["CIMENTOS ASFÁLTICOS CAP-85-100","2014-05-01","***","***","***","***",0.94122,0.94122]
["CIMENTOS ASFÁLTICOS CAP-85-100","2014-06-01","***","***","***","***","***","***"]
["CIMENTOS ASFÁLTICOS CAP-85-100","2014-07-01","***","***","***","***","***","***"]
["CIMENTOS ASFÁLTICOS CAP-85-100","2014-08-01","***","***","***","***",1.01099,1.01099]
["CIMENTOS ASFÁLTICOS CAP-85-100","2014-09-01","***","***","***","***","***","***"]
["CIMENTOS ASFÁLTICOS CAP-85-100","2014-10-01","***","***","***","***","***","***"]
["CIMENTOS ASFÁLTICOS CAP-85-100","2014-11-01","***","***","***","***","***","***"]
["CIMENTOS ASFÁLTICOS CAP-85-100","2014-12-01","***","***","***","***","***","***"]
["CIMENTOS ASFÁLTICOS CAP-85-100","2015-01-01","***","***","***","***","***","***"]
["CIMENTOS ASFÁLTICOS CAP-85-100","2015-02-01","***","***","***","***","***","***"]
["CIMENTOS ASFÁLTICOS CAP-85-100","2015-03-01","***","***","***","***","***","***"]
["CIMENTOS ASFÁLTICOS CAP-85-100","2015-04-01","***","***","***","***","***","***"]
["CIMENTOS ASFÁLTICOS CAP-85-100","2015-05-01","***","***","***","***","***","***"]
["CIMENTOS ASFÁLTICOS CAP-85-100","2015-06-01","***","***","***","***",1.3446,1.3446]
["CIMENTOS ASFÁLTICOS CAP-85-100","2015-07-01","***","***","***","***","***","***"]
["CIMENTOS ASFÁLTICOS CAP-85-100","2015-08-01","***","***","***","***","***","***"]
["CIMENTOS ASFÁLTICOS CAP-85-100","2015-09-01","***","***","***","***","***","***"]
["CIMENTOS ASFÁLTICOS CAP-85-100","2015-10-01","***","***","***","***","***","***"]
["CIMENTOS ASFÁLTICOS CAP-85-100","2015-11-01","***","***","***","***","***","***"]
["CIMENTOS ASFÁLTICOS CAP-85-100","2015-12-01","***","***","***","***","***","***"]
["CIMENTOS ASFÁLTICOS CAP-85-100","2016-01-01","***","***","***","***","***","***"]
["CIMENTOS ASFÁLTICOS CAP-85-100","2016-02-01","***","***","***","***","***","***"]
["CIMENTOS ASFÁLTICOS CAP-85-100","2016-03-01","***","***","***","***","***","***"]
["CIMENTOS ASFÁLTICOS CAP-85-100","2016-04-01","***","***","***","***","***","***"]
["CIMENTOS ASFÁLTICOS CAP-85-100","2016-05-01","***","***","***","***","***","***"]
["CIMENTOS ASFÁLTICOS CAP-85-100","2016-06-01","***","***","***","***","***","***"]
["CIMENTOS ASFÁLTICOS CAP-85-100","2016-07-01","***","***","***","***","***","***"]
["CIMENTOS ASFÁLTICOS CAP-85-100","2016-08-01","***","***","***","***","***","***"]
["CIMENTOS ASFÁLTICOS CAP-85-100","2016-09-01","***","***","***","***","***","***"]
["CIMENTOS ASFÁLTICOS CAP-85-100","2016-10-01","***","***","***","***","***","***"]
["CIMENTOS ASFÁLTICOS CAP-85-100","2016-11-01","***","***","***","***","***","***"]
["CIMENTOS ASFÁLTICOS CAP-85-100","2016-12-01","***","***","***","***","***","***"]
["CIMENTOS ASFÁLTICOS CAP-85-100","2017-01-01","***","***","***",1.40441652173913,2.23476,2.16214441064639]
["CIMENTOS ASFÁLTICOS CAP-85-100","2017-02-01","***","***","***",1.90513,"***",1.90513]
["CIMENTOS ASFÁLTICOS CAP-85-100","2017-03-01","***","***","***","***","***","***"]
["CIMENTOS ASFÁLTICOS CAP-85-100","2017-04-01","***","***","***",2.12534,"***",2.12534]
["CIMENTOS ASFÁLTICOS CAP-85-100","2017-05-01","***","***","***","***","***","***"]
["CIMENTOS ASFÁLTICOS CAP-85-100","2017-06-01","***","***","***","***","***","***"]
["CIMENTOS ASFÁLTICOS CAP-85-100","2017-07-01","***","***","***","***","***","***"]
["CIMENTOS ASFÁLTICOS CAP-85-100","2017-08-01","***","***","***","***","***","***"]
["CIMENTOS ASFÁLTICOS CAP-85-100","2017-09-01","***","***","***","***","***","***"]
["CIMENTOS ASFÁLTICOS CAP-85-100","2017-10-01","***","***","***","***","***","***"]
["CIMENTOS ASFÁLTICOS CAP-85-100","2017-11-01","***","***","***","***","***","***"]
["CIMENTOS ASFÁLTICOS CAP-85-100","2017-12-01","***","***","***",2.091,"***",2.091]
["CIMENTOS ASFÁLTICOS CAP-85-100","2018-01-01","***","***","***","***","***","***"]
["CIMENTOS ASFÁLTICOS CAP-85-100","2018-02-01","***","***","***","***","***","***"]
["CIMENTOS ASFÁLTICOS CAP-85-100","2018-03-01","***","***","***",4.444,"***",4.444]
["CIMENTOS ASFÁLTICOS CAP-85-100","2018-04-01","***","***","***","***","***","***"]
["CIMENTOS ASFÁLTICOS CAP-85-100","2018-05-01","***","***","***","***","***","***"]
["CIMENTOS ASFÁLTICOS CAP-85-100","2018-06-01","***","***","***","***","***","***"]
["CIMENTOS ASFÁLTICOS CAP-85-100","2018-07-01","***","***","***","***","***","***"]
["CIMENTOS ASFÁLTICOS CAP-85-100","2018-08-01","***","***","***","***","***","***"]
["CIMENTOS ASFÁLTICOS CAP-85-100","2018-09-01","***","***","***","***","***","***"]
["CIMENTOS ASFÁLTICOS CAP-85-100","2018-10-01","***","***","***","***","***","***"]
["CIMENTOS ASFÁLTICOS CAP-85-100","2018-11-01","***","***","***","***","***","***"]
["CIMENTOS ASFÁLTICOS CAP-85-100","2018-12-01","***","***","***","***","***","***"]
["CIMENTOS ASFÁLTICOS CAP-85-100","2019-01-01","***","***","***","***","***","***"]
["CIMENTOS ASFÁLTICOS CAP-85-100","2019-02-01","***","***","***","***","***","***"]
["CIMENTOS ASFÁLTICOS CAP-85-100","2019-03-01","***","***","***","***","***","***"]
["CIMENTOS ASFÁLTICOS CAP-85-100","2019-04-01","***","***","***","***","***","***"]
["CIMENTOS ASFÁLTICOS CAP-85-100","2019-05-01","***","***","***","***","***","***"]
["CIMENTOS ASFÁLTICOS CAP-85-100","2019-06-01","***","***","***","***","***","***"]
["CIMENTOS ASFÁLTICOS CAP-85-100","2019-07-01","***","***","***","***","***","***"]
["CIMENTOS ASFÁLTICOS CAP-85-100","2019-08-01","***","***","***","***","***","***"]
["CIMENTOS ASFÁLTICOS CAP-85-100","2019-09-01","***","***","***","***","***","***"]
["CIMENTOS ASFÁLTICOS CAP-85-100","2019-10-01","***","***","***","***","***","***"]
["CIMENTOS ASFÁLTICOS CAP-85-100","2019-11-01","***","***","***","***","***","***"]
["CIMENTOS ASFÁLTICOS CAP-85-100","2019-12-01","***","***","***","***","***","***"]
["CIMENTOS ASFÁLTICOS CAP-85-100","2020-01-01","***","***","***","***","***","***"]
["CIMENTOS ASFÁLTICOS CAP-85-100","2020-02-01","***","***","***","***","***","***"]
["CIMENTOS ASFÁLTICOS CAP-85-100","2020-03-01","***","***","***","***","***","***"]
["CIMENTOS ASFÁLTICOS CAP-85-100","2020-04-01","***","***","***","***","***","***"]
["CIMENTOS ASFÁLTICOS CAP-85-100","2020-05-01","***","***","***","***","***","***"]
["CIMENTOS ASFÁLTICOS CAP-85-100","2020-06-01","***","***","***","***","***","***"]
["CIMENTOS ASFÁLTICOS CAP-85-100","2020-07-01","***","***","***","***","***","***"]
["CIMENTOS ASFÁLTICOS CAP-85-100","2020-08-01","***","***","***",1.73184348739496,"***",1.73184348739496]
["CIMENTOS ASFÁLTICOS CAP-85-100","2020-09-01","***","***","***",1.92050664375153,"***",1.92050664375153]
["CIMENTOS ASFÁLTICOS CAP-85-100","2020-10-01","***","***","***","***","***","***"]
["CIMENTOS ASFÁLTICOS CAP-85-100","2020-11-01","***","***","***","***","***","***"]
["CIMENTOS ASFÁLTICOS CAP-85-100","2020-12-01","***","***","***","***","***","***"]
["CIMENTOS ASFÁLTICOS CAP-85-100","2021-01-01","***","***","***","***","***","***"]
["CIMENTOS ASFÁLTICOS CAP-85-100","2021-02-01","***","***","***","***","***","***"]
["CIMENTOS ASFÁLTICOS CAP-85-100","2021-03-01","***","***","***","***","***","***"]
["CIMENTOS ASFÁLTICOS CAP-85-100","2021-04-01","***","***","***","***","***","***"]
["CIMENTOS ASFÁLTICOS CAP-85-100","2021-05-01","***","***","***","***","***","***"]
["CIMENTOS ASFÁLTICOS CAP-85-100","2021-06-01","***","***","***","***","***","***"]
["CIMENTOS ASFÁLTICOS CAP-85-100","2021-07-01","***","***","***","***","***","***"]
["CIMENTOS ASFÁLTICOS CAP-85-100","2021-08-01","***","***","***","***","***","***"]
["CIMENTOS ASFÁLTICOS CAP-85-100","2021-09-01","***","***","***","***","***","***"]
["CIMENTOS ASFÁLTICOS CAP-85-100","2021-10-01","***","***","***","***","***","***"]
["CIMENTOS ASFÁLTICOS CAP-85-100","2021-11-01","***","***","***","***","***","***"]
["CIMENTOS ASFÁLTICOS CAP-85-100","2021-12-01","***","***","***","***","***","***"]
["CIMENTOS ASFÁLTICOS CAP-85-100","2022-01-01","***","***","***","***","***","***"]
["CIMENTOS ASFÁLTICOS CAP-85-100","2022-02-01","***","***","***","***","***","***"]
["CIMENTOS ASFÁLTICOS CAP-85-100","2022-03-01","***","***","***","***","***","***"]
["CIMENTOS ASFÁLTICOS CAP-85-100","2022-04-01","***","***","***","***","***","***"]
["CIMENTOS ASFÁLTICOS CAP-85-100","2022-05-01","***","***","***","***","***","***"]
["CIMENTOS ASFÁLTICOS CAP-85-100","2022-06-01","***","***","***","***","***","***"]
["CIMENTOS ASFÁLTICOS CAP-85-100","2022-07-01","***","***","***","***","***","***"]
["CIMENTOS ASFÁLTICOS CAP-85-100","2022-08-01","***","***","***","***","***","***"]
["CIMENTOS ASFÁLTICOS CAP-85-100","2022-09-01","***","***","***","***","***","***"]
["CIMENTOS ASFÁLTICOS CAP-85-100","2022-10-01","***","***","***","***","***","***"]
["CIMENTOS ASFÁLTICOS CAP-85-100","2022-11-01","***","***","***","***","***","***"]
["CIMENTOS ASFÁLTICOS CAP-85-100","2022-12-01","***","***","***","***","***","***"]
["CIMENTOS ASFÁLTICOS CAP-85-100","2023-01-01","***","***","***","***","***","***"]
["CIMENTOS ASFÁLTICOS CAP-85-100","2023-02-01","***","***","***","***","***","***"]
["CIMENTOS ASFÁLTICOS CAP-85-100","2023-03-01","***","***","***","***","***","***"]
["CIMENTOS ASFÁLTICOS CAP-85-100","2023-04-01","***","***","***","***","***","***"]
["CIMENTOS ASFÁLTICOS CAP-85-100","2023-05-01","***","***","***","***","***","***"]
["CIMENTOS ASFÁLTICOS CAP-85-100","2023-06-01","***","***","***","***","***","***"]
["CIMENTOS ASFÁLTICOS CAP-85-100","2023-07-01","***","***","***","***","***","***"]
["CIMENTOS ASFÁLTICOS CAP-85-100","2023-08-01","***","***","***","***","***","***"]
["CIMENTOS ASFÁLTICOS CAP-85-100","2023-09-01","***","***","***","***","***","***"]
["CIMENTOS ASFÁLTICOS CAP-85-100","2023-10-01","***","***","***","***","***","***"]
["CIMENTOS ASFÁLTICOS CAP-85-100","2023-11-01","***","***","***","***","***","***"]
["CIMENTOS ASFÁLTICOS CAP-85-100","2023-12-01","***","***","***","***","***","***"]
["CIMENTOS ASFÁLTICOS CAP-85-100","2024-01-01","***","***","***","***","***","***"]
["CIMENTOS ASFÁLTICOS CAP-85-100","2024-02-01","***","***","***","***","***","***"]
["CIMENTOS ASFÁLTICOS CAP-85-100","2024-03-01","***","***","***","***","***","***"]
["CIMENTOS ASFÁLTICOS CAP-85-100","2024-04-01","***","***","***","***","***","***"]
["CIMENTOS ASFÁLTICOS CAP-85-100","2024-05-01","***","***","***","***","***","***"]
["CIMENTOS ASFÁLTICOS CAP-85-100","2024-06-01","***","***","***","***","***","***"]
["CIMENTOS ASFÁLTICOS CAP-85-100","2024-07-01","***","***","***","***","***","***"]
["CIMENTOS ASFÁLTICOS CAP-85-100","2024-08-01","***","***","***","***","***","***"]
["EMULSÃO ASFÁLTICA CATIÔNICA DE RUPTURA CONTROLADA PARA SERVIÇO DE LAMA ASFÁLTICA","2015-09-01","***",0.61,"***","***","***",0.61]
["EMULSÃO ASFÁLTICA CATIÔNICA DE RUPTURA CONTROLADA PARA SERVIÇO DE LAMA ASFÁLTICA","2015-10-01","***",0.61,"***","***","***",0.61]
["EMULSÃO ASFÁLTICA CATIÔNICA DE RUPTURA CONTROLADA PARA SERVIÇO DE LAMA ASFÁLTICA","2015-11-01","***",1.68979550102249,"***","***","***",1.68979550102249]
["EMULSÃO ASFÁLTICA CATIÔNICA DE RUPTURA CONTROLADA PARA SERVIÇO DE LAMA ASFÁLTICA","2015-12-01","***","***","***","***","***","***"]
["EMULSÃO ASFÁLTICA CATIÔNICA DE RUPTURA CONTROLADA PARA SERVIÇO DE LAMA ASFÁLTICA","2016-01-01","***","***","***","***","***","***"]
["EMULSÃO ASFÁLTICA CATIÔNICA DE RUPTURA CONTROLADA PARA SERVIÇO DE LAMA ASFÁLTICA","2016-02-01","***","***","***","***","***","***"]
["EMULSÃO ASFÁLTICA CATIÔNICA DE RUPTURA CONTROLADA PARA SERVIÇO DE LAMA ASFÁLTICA","2016-03-01","***","***","***","***","***","***"]
["EMULSÃO ASFÁLTICA CATIÔNICA DE RUPTURA CONTROLADA PARA SERVIÇO DE LAMA ASFÁLTICA","2016-04-01","***",2.13,"***","***","***",2.13]
["EMULSÃO ASFÁLTICA CATIÔNICA DE RUPTURA CONTROLADA PARA SERVIÇO DE LAMA ASFÁLTICA","2016-05-01","***",2.13,"***","***","***",2.13]
["EMULSÃO ASFÁLTICA CATIÔNICA DE RUPTURA CONTROLADA PARA SERVIÇO DE LAMA ASFÁLTICA","2016-06-01","***",1.42,"***","***","***",1.42]
["EMULSÃO ASFÁLTICA CATIÔNICA DE RUPTURA CONTROLADA PARA SERVIÇO DE LAMA ASFÁLTICA","2016-07-01","***","***","***",1.691,"***",1.691]
["EMULSÃO ASFÁLTICA CATIÔNICA DE RUPTURA CONTROLADA PARA SERVIÇO DE LAMA ASFÁLTICA","2016-08-01","***",1.42,"***",1.6921,"***",1.64125060506744]
["EMULSÃO ASFÁLTICA CATIÔNICA DE RUPTURA CONTROLADA PARA SERVIÇO DE LAMA ASFÁLTICA","2016-09-01","***",1.42,1.4028,1.5049,"***",1.47192045991299]
["EMULSÃO ASFÁLTICA CATIÔNICA DE RUPTURA CONTROLADA PARA SERVIÇO DE LAMA ASFÁLTICA","2016-10-01","***",1.42,1.4058,1.5065,"***",1.44323483598816]
["EMULSÃO ASFÁLTICA CATIÔNICA DE RUPTURA CONTROLADA PARA SERVIÇO DE LAMA ASFÁLTICA","2016-11-01","***",1.42,"***","***","***",1.42]
["EMULSÃO ASFÁLTICA CATIÔNICA DE RUPTURA CONTROLADA PARA SERVIÇO DE LAMA ASFÁLTICA","2016-12-01","***","***","***","***","***","***"]
["EMULSÃO ASFÁLTICA CATIÔNICA DE RUPTURA CONTROLADA PARA SERVIÇO DE LAMA ASFÁLTICA","2017-01-01","***","***","***","***","***","***"]
["EMULSÃO ASFÁLTICA CATIÔNICA DE RUPTURA CONTROLADA PARA SERVIÇO DE LAMA ASFÁLTICA","2017-02-01","***","***","***","***","***","***"]
["EMULSÃO ASFÁLTICA CATIÔNICA DE RUPTURA CONTROLADA PARA SERVIÇO DE LAMA ASFÁLTICA","2017-03-01","***","***","***","***","***","***"]
["EMULSÃO ASFÁLTICA CATIÔNICA DE RUPTURA CONTROLADA PARA SERVIÇO DE LAMA ASFÁLTICA","2017-04-01","***","***","***","***","***","***"]
["EMULSÃO ASFÁLTICA CATIÔNICA DE RUPTURA CONTROLADA PARA SERVIÇO DE LAMA ASFÁLTICA","2017-05-01","***","***","***","***","***","***"]
["EMULSÃO ASFÁLTICA CATIÔNICA DE RUPTURA CONTROLADA PARA SERVIÇO DE LAMA ASFÁLTICA","2017-06-01","***",1.41,1.3833,"***","***",1.39618057461407]
["EMULSÃO ASFÁLTICA CATIÔNICA DE RUPTURA CONTROLADA PARA SERVIÇO DE LAMA ASFÁLTICA","2017-07-01","***",1.4097,1.41943925196979,"***","***",1.41867732272549]
["EMULSÃO ASFÁLTICA CATIÔNICA DE RUPTURA CONTROLADA PARA SERVIÇO DE LAMA ASFÁLTICA","2017-08-01","***","***",1.3834,"***","***",1.3834]
["EMULSÃO ASFÁLTICA CATIÔNICA DE RUPTURA CONTROLADA PARA SERVIÇO DE LAMA ASFÁLTICA","2017-09-01","***","***",1.3422,"***","***",1.3422]
["EMULSÃO ASFÁLTICA CATIÔNICA DE RUPTURA CONTROLADA PARA SERVIÇO DE LAMA ASFÁLTICA","2017-10-01","***","***",1.326,1.26607502074167,1.19270225845203,1.26183547099837]
["EMULSÃO ASFÁLTICA CATIÔNICA DE RUPTURA CONTROLADA PARA SERVIÇO DE LAMA ASFÁLTICA","2017-11-01","***","***","***",1.35126,"***",1.35126]
["EMULSÃO ASFÁLTICA CATIÔNICA DE RUPTURA CONTROLADA PARA SERVIÇO DE LAMA ASFÁLTICA","2017-12-01","***","***","***",1.31133872994154,1.16782,1.28628668754492]
["EMULSÃO ASFÁLTICA CATIÔNICA DE RUPTURA CONTROLADA PARA SERVIÇO DE LAMA ASFÁLTICA","2018-01-01","***","***","***",1.36563,"***",1.36563]
["EMULSÃO ASFÁLTICA CATIÔNICA DE RUPTURA CONTROLADA PARA SERVIÇO DE LAMA ASFÁLTICA","2018-02-01","***","***","***",1.36563,"***",1.36563]
["EMULSÃO ASFÁLTICA CATIÔNICA DE RUPTURA CONTROLADA PARA SERVIÇO DE LAMA ASFÁLTICA","2018-03-01","***","***","***",1.36432677653615,1.28266,1.35743790853576]
["EMULSÃO ASFÁLTICA CATIÔNICA DE RUPTURA CONTROLADA PARA SERVIÇO DE LAMA ASFÁLTICA","2018-04-01","***","***","***",1.34680596230029,"***",1.34680596230029]
["EMULSÃO ASFÁLTICA CATIÔNICA DE RUPTURA CONTROLADA PARA SERVIÇO DE LAMA ASFÁLTICA","2018-05-01","***","***","***",1.40157,1.27651,1.36827381243451]
["EMULSÃO ASFÁLTICA CATIÔNICA DE RUPTURA CONTROLADA PARA SERVIÇO DE LAMA ASFÁLTICA","2018-06-01","***",1.7266,"***",1.46508386454183,"***",1.53998862828714]
["EMULSÃO ASFÁLTICA CATIÔNICA DE RUPTURA CONTROLADA PARA SERVIÇO DE LAMA ASFÁLTICA","2018-07-01","***","***","***","***","***","***"]
["EMULSÃO ASFÁLTICA CATIÔNICA DE RUPTURA CONTROLADA PARA SERVIÇO DE LAMA ASFÁLTICA","2018-08-01","***","***","***","***","***","***"]
["EMULSÃO ASFÁLTICA CATIÔNICA DE RUPTURA CONTROLADA PARA SERVIÇO DE LAMA ASFÁLTICA","2018-09-01","***","***","***","***","***","***"]
["EMULSÃO ASFÁLTICA CATIÔNICA DE RUPTURA CONTROLADA PARA SERVIÇO DE LAMA ASFÁLTICA","2018-10-01","***","***","***","***",1.99068,1.99068]
["EMULSÃO ASFÁLTICA CATIÔNICA DE RUPTURA CONTROLADA PARA SERVIÇO DE LAMA ASFÁLTICA","2018-11-01","***","***","***","***","***","***"]
["EMULSÃO ASFÁLTICA CATIÔNICA DE RUPTURA CONTROLADA PARA SERVIÇO DE LAMA ASFÁLTICA","2018-12-01","***","***","***","***","***","***"]
["EMULSÃO ASFÁLTICA CATIÔNICA DE RUPTURA CONTROLADA PARA SERVIÇO DE LAMA ASFÁLTICA","2019-01-01","***","***","***","***","***","***"]
["EMULSÃO ASFÁLTICA CATIÔNICA DE RUPTURA CONTROLADA PARA SERVIÇO DE LAMA ASFÁLTICA","2019-02-01","***","***","***","***","***","***"]
["EMULSÃO ASFÁLTICA CATIÔNICA DE RUPTURA CONTROLADA PARA SERVIÇO DE LAMA ASFÁLTICA","2019-03-01","***","***","***","***","***","***"]
["EMULSÃO ASFÁLTICA CATIÔNICA DE RUPTURA CONTROLADA PARA SERVIÇO DE LAMA ASFÁLTICA","2019-04-01","***","***","***","***",2.34862,2.34862]
["EMULSÃO ASFÁLTICA CATIÔNICA DE RUPTURA CONTROLADA PARA SERVIÇO DE LAMA ASFÁLTICA","2019-05-01","***","***","***","***","***","***"]
["EMULSÃO ASFÁLTICA CATIÔNICA DE RUPTURA CONTROLADA PARA SERVIÇO DE LAMA ASFÁLTICA","2019-06-01","***","***","***","***","***","***"]
["EMULSÃO ASFÁLTICA CATIÔNICA DE RUPTURA CONTROLADA PARA SERVIÇO DE LAMA ASFÁLTICA","2019-07-01","***","***","***","***",2.31825,2.31825]
["EMULSÃO ASFÁLTICA CATIÔNICA DE RUPTURA CONTROLADA PARA SERVIÇO DE LAMA ASFÁLTICA","2019-08-01","***","***","***","***",2.34862,2.34862]
["EMULSÃO ASFÁLTICA CATIÔNICA DE RUPTURA CONTROLADA PARA SERVIÇO DE LAMA ASFÁLTICA","2019-09-01","***","***","***","***",2.32401,2.32401]
["EMULSÃO ASFÁLTICA CATIÔNICA DE RUPTURA CONTROLADA PARA SERVIÇO DE LAMA ASFÁLTICA","2019-10-01","***","***","***","***","***","***"]
["EMULSÃO ASFÁLTICA CATIÔNICA DE RUPTURA CONTROLADA PARA SERVIÇO DE LAMA ASFÁLTICA","2019-11-01","***","***","***",2.62809,"***",2.62809]
["EMULSÃO ASFÁLTICA CATIÔNICA DE RUPTURA CONTROLADA PARA SERVIÇO DE LAMA ASFÁLTICA","2019-12-01","***","***","***",2.62809,"***",2.62809]
["EMULSÃO ASFÁLTICA CATIÔNICA DE RUPTURA CONTROLADA PARA SERVIÇO DE LAMA ASFÁLTICA","2020-01-01","***",2.00812,"***","***","***",2.00812]
["EMULSÃO ASFÁLTICA CATIÔNICA DE RUPTURA CONTROLADA PARA SERVIÇO DE LAMA ASFÁLTICA","2020-02-01","***","***","***",2.62809,"***",2.62809]
["EMULSÃO ASFÁLTICA CATIÔNICA DE RUPTURA CONTROLADA PARA SERVIÇO DE LAMA ASFÁLTICA","2020-03-01","***",2.00813,"***","***","***",2.00813]
["EMULSÃO ASFÁLTICA CATIÔNICA DE RUPTURA CONTROLADA PARA SERVIÇO DE LAMA ASFÁLTICA","2020-04-01","***",2.00812,"***","***","***",2.00812]
["EMULSÃO ASFÁLTICA CATIÔNICA DE RUPTURA CONTROLADA PARA SERVIÇO DE LAMA ASFÁLTICA","2020-05-01","***",2.00812,"***",2.62809,"***",2.41634022653722]
["EMULSÃO ASFÁLTICA CATIÔNICA DE RUPTURA CONTROLADA PARA SERVIÇO DE LAMA ASFÁLTICA","2020-06-01","***","***","***","***","***","***"]
["EMULSÃO ASFÁLTICA CATIÔNICA DE RUPTURA CONTROLADA PARA SERVIÇO DE LAMA ASFÁLTICA","2020-07-01","***","***","***",2.62809,"***",2.62809]
["EMULSÃO ASFÁLTICA CATIÔNICA DE RUPTURA CONTROLADA PARA SERVIÇO DE LAMA ASFÁLTICA","2020-08-01","***","***",2.44125,2.62809,"***",2.50340118140893]
["EMULSÃO ASFÁLTICA CATIÔNICA DE RUPTURA CONTROLADA PARA SERVIÇO DE LAMA ASFÁLTICA","2020-09-01","***","***",2.44125,2.62809,"***",2.50379250790306]
["EMULSÃO ASFÁLTICA CATIÔNICA DE RUPTURA CONTROLADA PARA SERVIÇO DE LAMA ASFÁLTICA","2020-10-01","***","***",2.44125,2.62809,"***",2.48766018201002]
["EMULSÃO ASFÁLTICA CATIÔNICA DE RUPTURA CONTROLADA PARA SERVIÇO DE LAMA ASFÁLTICA","2020-11-01","***","***","***",2.62809,"***",2.62809]
["EMULSÃO ASFÁLTICA CATIÔNICA DE RUPTURA CONTROLADA PARA SERVIÇO DE LAMA ASFÁLTICA","2020-12-01","***","***",2.59875,2.46802,"***",2.5651313138083]
["EMULSÃO ASFÁLTICA CATIÔNICA DE RUPTURA CONTROLADA PARA SERVIÇO DE LAMA ASFÁLTICA","2021-01-01","***","***","***","***","***","***"]
["EMULSÃO ASFÁLTICA CATIÔNICA DE RUPTURA CONTROLADA PARA SERVIÇO DE LAMA ASFÁLTICA","2021-02-01","***","***","***",2.46802,"***",2.46802]
["EMULSÃO ASFÁLTICA CATIÔNICA DE RUPTURA CONTROLADA PARA SERVIÇO DE LAMA ASFÁLTICA","2021-03-01","***","***","***",2.46236,"***",2.46236]
["EMULSÃO ASFÁLTICA CATIÔNICA DE RUPTURA CONTROLADA PARA SERVIÇO DE LAMA ASFÁLTICA","2021-04-01","***",2.331,"***","***","***",2.331]
["EMULSÃO ASFÁLTICA CATIÔNICA DE RUPTURA CONTROLADA PARA SERVIÇO DE LAMA ASFÁLTICA","2021-05-01","***","***","***",2.42581,"***",2.42581]
["EMULSÃO ASFÁLTICA CATIÔNICA DE RUPTURA CONTROLADA PARA SERVIÇO DE LAMA ASFÁLTICA","2021-06-01","***","***","***",2.42581,"***",2.42581]
["EMULSÃO ASFÁLTICA CATIÔNICA DE RUPTURA CONTROLADA PARA SERVIÇO DE LAMA ASFÁLTICA","2021-07-01","***","***","***",2.70592,"***",2.70592]
["EMULSÃO ASFÁLTICA CATIÔNICA DE RUPTURA CONTROLADA PARA SERVIÇO DE LAMA ASFÁLTICA","2021-08-01","***","***","***","***","***","***"]
["EMULSÃO ASFÁLTICA CATIÔNICA DE RUPTURA CONTROLADA PARA SERVIÇO DE LAMA ASFÁLTICA","2021-09-01","***","***","***",3.13598,"***",3.13598]
["EMULSÃO ASFÁLTICA CATIÔNICA DE RUPTURA CONTROLADA PARA SERVIÇO DE LAMA ASFÁLTICA","2021-10-01","***","***",3.1944,"***","***",3.1944]
["EMULSÃO ASFÁLTICA CATIÔNICA DE RUPTURA CONTROLADA PARA SERVIÇO DE LAMA ASFÁLTICA","2021-11-01","***","***",3.61620406360936,"***","***",3.61620406360936]
["EMULSÃO ASFÁLTICA CATIÔNICA DE RUPTURA CONTROLADA PARA SERVIÇO DE LAMA ASFÁLTICA","2021-12-01","***","***",3.74797609085519,"***","***",3.74797609085519]
["EMULSÃO ASFÁLTICA CATIÔNICA DE RUPTURA CONTROLADA PARA SERVIÇO DE LAMA ASFÁLTICA","2022-01-01","***","***","***","***","***","***"]
["EMULSÃO ASFÁLTICA CATIÔNICA DE RUPTURA CONTROLADA PARA SERVIÇO DE LAMA ASFÁLTICA","2022-02-01","***","***","***",3.41925,"***",3.41925]
["EMULSÃO ASFÁLTICA CATIÔNICA DE RUPTURA CONTROLADA PARA SERVIÇO DE LAMA ASFÁLTICA","2022-03-01","***","***","***","***","***","***"]
["EMULSÃO ASFÁLTICA CATIÔNICA DE RUPTURA CONTROLADA PARA SERVIÇO DE LAMA ASFÁLTICA","2022-04-01","***","***","***","***","***","***"]
["EMULSÃO ASFÁLTICA CATIÔNICA DE RUPTURA CONTROLADA PARA SERVIÇO DE LAMA ASFÁLTICA","2022-05-01","***","***","***","***","***","***"]
["EMULSÃO ASFÁLTICA CATIÔNICA DE RUPTURA CONTROLADA PARA SERVIÇO DE LAMA ASFÁLTICA","2022-06-01","***","***","***",3.53947,"***",3.53947]
["EMULSÃO ASFÁLTICA CATIÔNICA DE RUPTURA CONTROLADA PARA SERVIÇO DE LAMA ASFÁLTICA","2022-07-01","***","***","***",3.53947,"***",3.53947]
["EMULSÃO ASFÁLTICA CATIÔNICA DE RUPTURA CONTROLADA PARA SERVIÇO DE LAMA ASFÁLTICA","2022-08-01","***","***","***","***","***","***"]
["EMULSÃO ASFÁLTICA CATIÔNICA DE RUPTURA CONTROLADA PARA SERVIÇO DE LAMA ASFÁLTICA","2022-09-01","***","***","***","***","***","***"]
["EMULSÃO ASFÁLTICA CATIÔNICA DE RUPTURA CONTROLADA PARA SERVIÇO DE LAMA ASFÁLTICA","2022-10-01","***","***","***",3.59791384253579,"***",3.59791384253579]
["EMULSÃO ASFÁLTICA CATIÔNICA DE RUPTURA CONTROLADA PARA SERVIÇO DE LAMA ASFÁLTICA","2022-11-01","***","***","***",3.6105,"***",3.6105]
["EMULSÃO ASFÁLTICA CATIÔNICA DE RUPTURA CONTROLADA PARA SERVIÇO DE LAMA ASFÁLTICA","2022-12-01","***","***","***",3.6105,"***",3.6105]
["EMULSÃO ASFÁLTICA CATIÔNICA DE RUPTURA CONTROLADA PARA SERVIÇO DE LAMA ASFÁLTICA","2023-01-01","***","***","***","***","***","***"]
["EMULSÃO ASFÁLTICA CATIÔNICA DE RUPTURA CONTROLADA PARA SERVIÇO DE LAMA ASFÁLTICA","2023-02-01","***","***","***","***","***","***"]
["EMULSÃO ASFÁLTICA CATIÔNICA DE RUPTURA CONTROLADA PARA SERVIÇO DE LAMA ASFÁLTICA","2023-03-01","***","***","***","***","***","***"]
["EMULSÃO ASFÁLTICA CATIÔNICA DE RUPTURA CONTROLADA PARA SERVIÇO DE LAMA ASFÁLTICA","2023-04-01","***","***","***","***","***","***"]
["EMULSÃO ASFÁLTICA CATIÔNICA DE RUPTURA CONTROLADA PARA SERVIÇO DE LAMA ASFÁLTICA","2023-05-01","***","***","***","***","***","***"]
["EMULSÃO ASFÁLTICA CATIÔNICA DE RUPTURA CONTROLADA PARA SERVIÇO DE LAMA ASFÁLTICA","2023-06-01","***","***","***","***","***","***"]
["EMULSÃO ASFÁLTICA CATIÔNICA DE RUPTURA CONTROLADA PARA SERVIÇO DE LAMA ASFÁLTICA","2023-07-01","***","***","***","***","***","***"]
["EMULSÃO ASFÁLTICA CATIÔNICA DE RUPTURA CONTROLADA PARA SERVIÇO DE LAMA ASFÁLTICA","2023-08-01","***","***","***","***","***","***"]
["EMULSÃO ASFÁLTICA CATIÔNICA DE RUPTURA CONTROLADA PARA SERVIÇO DE LAMA ASFÁLTICA","2023-09-01","***","***","***","***","***","***"]
["EMULSÃO ASFÁLTICA CATIÔNICA DE RUPTURA CONTROLADA PARA SERVIÇO DE LAMA ASFÁLTICA","2023-10-01","***","***","***","***","***","***"]
["EMULSÃO ASFÁLTICA CATIÔNICA DE RUPTURA CONTROLADA PARA SERVIÇO DE LAMA ASFÁLTICA","2023-11-01","***","***","***","***","***","***"]
["EMULSÃO ASFÁLTICA CATIÔNICA DE RUPTURA CONTROLADA PARA SERVIÇO DE LAMA ASFÁLTICA","2023-12-01","***","***","***","***","***","***"]
["EMULSÃO ASFÁLTICA CATIÔNICA DE RUPTURA CONTROLADA PARA SERVIÇO DE LAMA ASFÁLTICA","2024-01-01","***","***","***","***","***","***"]
["EMULSÃO ASFÁLTICA CATIÔNICA DE RUPTURA CONTROLADA PARA SERVIÇO DE LAMA ASFÁLTICA","2024-02-01","***",2.98758,"***","***","***",2.98758]
["EMULSÃO ASFÁLTICA CATIÔNICA DE RUPTURA CONTROLADA PARA SERVIÇO DE LAMA ASFÁLTICA","2024-03-01","***",2.90749,"***","***","***",2.90749]
["EMULSÃO ASFÁLTICA CATIÔNICA DE RUPTURA CONTROLADA PARA SERVIÇO DE LAMA ASFÁLTICA","2024-04-01","***",2.90749,"***","***","***",2.90749]
["EMULSÃO ASFÁLTICA CATIÔNICA DE RUPTURA CONTROLADA PARA SERVIÇO DE LAMA ASFÁLTICA","2024-05-01","***",3.0521846814082,"***","***","***",3.0521846814082]
["EMULSÃO ASFÁLTICA CATIÔNICA DE RUPTURA CONTROLADA PARA SERVIÇO DE LAMA ASFÁLTICA","2024-06-01","***",3.12098455083909,"***","***","***",3.12098455083909]
["EMULSÃO ASFÁLTICA CATIÔNICA DE RUPTURA CONTROLADA PARA SERVIÇO DE LAMA ASFÁLTICA","2024-07-01","***",3.1665,"***","***","***",3.1665]
["EMULSÃO ASFÁLTICA CATIÔNICA DE RUPTURA CONTROLADA PARA SERVIÇO DE LAMA ASFÁLTICA","2024-08-01","***",3.34193210402337,"***","***","***",3.34193210402337]
["EMULSÃO ASFÁLTICA DE RUPTURA LENTA CATIÔNICA PARA SERVIÇO DE LAMA ASFÁLTICA","2015-09-01","***","***","***","***","***","***"]
["EMULSÃO ASFÁLTICA DE RUPTURA LENTA CATIÔNICA PARA SERVIÇO DE LAMA ASFÁLTICA","2015-10-01","***","***","***","***","***","***"]
["EMULSÃO ASFÁLTICA DE RUPTURA LENTA CATIÔNICA PARA SERVIÇO DE LAMA ASFÁLTICA","2015-11-01","***","***","***","***","***","***"]
["EMULSÃO ASFÁLTICA DE RUPTURA LENTA CATIÔNICA PARA SERVIÇO DE LAMA ASFÁLTICA","2015-12-01","***","***","***","***","***","***"]
["EMULSÃO ASFÁLTICA DE RUPTURA LENTA CATIÔNICA PARA SERVIÇO DE LAMA ASFÁLTICA","2016-01-01","***","***","***","***","***","***"]
["EMULSÃO ASFÁLTICA DE RUPTURA LENTA CATIÔNICA PARA SERVIÇO DE LAMA ASFÁLTICA","2016-02-01","***","***","***","***","***","***"]
["EMULSÃO ASFÁLTICA DE RUPTURA LENTA CATIÔNICA PARA SERVIÇO DE LAMA ASFÁLTICA","2016-03-01","***","***","***","***","***","***"]
["EMULSÃO ASFÁLTICA DE RUPTURA LENTA CATIÔNICA PARA SERVIÇO DE LAMA ASFÁLTICA","2016-04-01","***","***","***","***","***","***"]
["EMULSÃO ASFÁLTICA DE RUPTURA LENTA CATIÔNICA PARA SERVIÇO DE LAMA ASFÁLTICA","2016-05-01","***","***","***","***","***","***"]
["EMULSÃO ASFÁLTICA DE RUPTURA LENTA CATIÔNICA PARA SERVIÇO DE LAMA ASFÁLTICA","2016-06-01","***","***","***","***","***","***"]
["EMULSÃO ASFÁLTICA DE RUPTURA LENTA CATIÔNICA PARA SERVIÇO DE LAMA ASFÁLTICA","2016-07-01","***","***","***","***","***","***"]
["EMULSÃO ASFÁLTICA DE RUPTURA LENTA CATIÔNICA PARA SERVIÇO DE LAMA ASFÁLTICA","2016-08-01","***","***","***","***","***","***"]
["EMULSÃO ASFÁLTICA DE RUPTURA LENTA CATIÔNICA PARA SERVIÇO DE LAMA ASFÁLTICA","2016-09-01","***","***","***","***","***","***"]
["EMULSÃO ASFÁLTICA DE RUPTURA LENTA CATIÔNICA PARA SERVIÇO DE LAMA ASFÁLTICA","2016-10-01","***","***","***","***","***","***"]
["EMULSÃO ASFÁLTICA DE RUPTURA LENTA CATIÔNICA PARA SERVIÇO DE LAMA ASFÁLTICA","2016-11-01","***","***","***","***","***","***"]
["EMULSÃO ASFÁLTICA DE RUPTURA LENTA CATIÔNICA PARA SERVIÇO DE LAMA ASFÁLTICA","2016-12-01","***","***","***","***","***","***"]
["EMULSÃO ASFÁLTICA DE RUPTURA LENTA CATIÔNICA PARA SERVIÇO DE LAMA ASFÁLTICA","2017-01-01","***","***","***","***","***","***"]
["EMULSÃO ASFÁLTICA DE RUPTURA LENTA CATIÔNICA PARA SERVIÇO DE LAMA ASFÁLTICA","2017-02-01","***","***","***","***","***","***"]
["EMULSÃO ASFÁLTICA DE RUPTURA LENTA CATIÔNICA PARA SERVIÇO DE LAMA ASFÁLTICA","2017-03-01","***","***","***","***","***","***"]
["EMULSÃO ASFÁLTICA DE RUPTURA LENTA CATIÔNICA PARA SERVIÇO DE LAMA ASFÁLTICA","2017-04-01","***","***","***","***","***","***"]
["EMULSÃO ASFÁLTICA DE RUPTURA LENTA CATIÔNICA PARA SERVIÇO DE LAMA ASFÁLTICA","2017-05-01","***","***","***","***","***","***"]
["EMULSÃO ASFÁLTICA DE RUPTURA LENTA CATIÔNICA PARA SERVIÇO DE LAMA ASFÁLTICA","2017-06-01","***","***","***","***","***","***"]
["EMULSÃO ASFÁLTICA DE RUPTURA LENTA CATIÔNICA PARA SERVIÇO DE LAMA ASFÁLTICA","2017-07-01","***","***","***","***","***","***"]
["EMULSÃO ASFÁLTICA DE RUPTURA LENTA CATIÔNICA PARA SERVIÇO DE LAMA ASFÁLTICA","2017-08-01","***","***","***","***","***","***"]
["EMULSÃO ASFÁLTICA DE RUPTURA LENTA CATIÔNICA PARA SERVIÇO DE LAMA ASFÁLTICA","2017-09-01","***","***","***","***","***","***"]
["EMULSÃO ASFÁLTICA DE RUPTURA LENTA CATIÔNICA PARA SERVIÇO DE LAMA ASFÁLTICA","2017-10-01","***","***","***","***","***","***"]
["EMULSÃO ASFÁLTICA DE RUPTURA LENTA CATIÔNICA PARA SERVIÇO DE LAMA ASFÁLTICA","2017-11-01","***","***","***","***","***","***"]
["EMULSÃO ASFÁLTICA DE RUPTURA LENTA CATIÔNICA PARA SERVIÇO DE LAMA ASFÁLTICA","2017-12-01","***","***","***","***","***","***"]
["EMULSÃO ASFÁLTICA DE RUPTURA LENTA CATIÔNICA PARA SERVIÇO DE LAMA ASFÁLTICA","2018-01-01","***","***","***","***","***","***"]
["EMULSÃO ASFÁLTICA DE RUPTURA LENTA CATIÔNICA PARA SERVIÇO DE LAMA ASFÁLTICA","2018-02-01","***","***","***","***","***","***"]
["EMULSÃO ASFÁLTICA DE RUPTURA LENTA CATIÔNICA PARA SERVIÇO DE LAMA ASFÁLTICA","2018-03-01","***","***","***","***","***","***"]
["EMULSÃO ASFÁLTICA DE RUPTURA LENTA CATIÔNICA PARA SERVIÇO DE LAMA ASFÁLTICA","2018-04-01","***","***","***","***","***","***"]
["EMULSÃO ASFÁLTICA DE RUPTURA LENTA CATIÔNICA PARA SERVIÇO DE LAMA ASFÁLTICA","2018-05-01","***","***","***","***","***","***"]
["EMULSÃO ASFÁLTICA DE RUPTURA LENTA CATIÔNICA PARA SERVIÇO DE LAMA ASFÁLTICA","2018-06-01","***","***","***","***","***","***"]
["EMULSÃO ASFÁLTICA DE RUPTURA LENTA CATIÔNICA PARA SERVIÇO DE LAMA ASFÁLTICA","2018-07-01","***","***","***","***","***","***"]
["EMULSÃO ASFÁLTICA DE RUPTURA LENTA CATIÔNICA PARA SERVIÇO DE LAMA ASFÁLTICA","2018-08-01","***","***","***","***","***","***"]
["EMULSÃO ASFÁLTICA DE RUPTURA LENTA CATIÔNICA PARA SERVIÇO DE LAMA ASFÁLTICA","2018-09-01","***","***","***","***","***","***"]
["EMULSÃO ASFÁLTICA DE RUPTURA LENTA CATIÔNICA PARA SERVIÇO DE LAMA ASFÁLTICA","2018-10-01","***","***","***","***","***","***"]
["EMULSÃO ASFÁLTICA DE RUPTURA LENTA CATIÔNICA PARA SERVIÇO DE LAMA ASFÁLTICA","2018-11-01","***","***","***","***","***","***"]
["EMULSÃO ASFÁLTICA DE RUPTURA LENTA CATIÔNICA PARA SERVIÇO DE LAMA ASFÁLTICA","2018-12-01","***","***","***","***","***","***"]
["EMULSÃO ASFÁLTICA DE RUPTURA LENTA CATIÔNICA PARA SERVIÇO DE LAMA ASFÁLTICA","2019-01-01","***","***","***","***","***","***"]
["EMULSÃO ASFÁLTICA DE RUPTURA LENTA CATIÔNICA PARA SERVIÇO DE LAMA ASFÁLTICA","2019-02-01","***","***","***","***","***","***"]
["EMULSÃO ASFÁLTICA DE RUPTURA LENTA CATIÔNICA PARA SERVIÇO DE LAMA ASFÁLTICA","2019-03-01","***","***","***","***","***","***"]
["EMULSÃO ASFÁLTICA DE RUPTURA LENTA CATIÔNICA PARA SERVIÇO DE LAMA ASFÁLTICA","2019-04-01","***","***","***","***","***","***"]
["EMULSÃO ASFÁLTICA DE RUPTURA LENTA CATIÔNICA PARA SERVIÇO DE LAMA ASFÁLTICA","2019-05-01","***","***","***","***","***","***"]
["EMULSÃO ASFÁLTICA DE RUPTURA LENTA CATIÔNICA PARA SERVIÇO DE LAMA ASFÁLTICA","2019-06-01","***","***","***","***","***","***"]
["EMULSÃO ASFÁLTICA DE RUPTURA LENTA CATIÔNICA PARA SERVIÇO DE LAMA ASFÁLTICA","2019-07-01","***","***","***","***","***","***"]
["EMULSÃO ASFÁLTICA DE RUPTURA LENTA CATIÔNICA PARA SERVIÇO DE LAMA ASFÁLTICA","2019-08-01","***","***","***","***","***","***"]
["EMULSÃO ASFÁLTICA DE RUPTURA LENTA CATIÔNICA PARA SERVIÇO DE LAMA ASFÁLTICA","2019-09-01","***","***","***","***","***","***"]
["EMULSÃO ASFÁLTICA DE RUPTURA LENTA CATIÔNICA PARA SERVIÇO DE LAMA ASFÁLTICA","2019-10-01","***","***","***","***","***","***"]
["EMULSÃO ASFÁLTICA DE RUPTURA LENTA CATIÔNICA PARA SERVIÇO DE LAMA ASFÁLTICA","2019-11-01","***","***","***","***","***","***"]
["EMULSÃO ASFÁLTICA DE RUPTURA LENTA CATIÔNICA PARA SERVIÇO DE LAMA ASFÁLTICA","2019-12-01","***","***","***","***","***","***"]
["EMULSÃO ASFÁLTICA DE RUPTURA LENTA CATIÔNICA PARA SERVIÇO DE LAMA ASFÁLTICA","2020-01-01","***","***","***","***","***","***"]
["EMULSÃO ASFÁLTICA DE RUPTURA LENTA CATIÔNICA PARA SERVIÇO DE LAMA ASFÁLTICA","2020-02-01","***","***","***","***","***","***"]
["EMULSÃO ASFÁLTICA DE RUPTURA LENTA CATIÔNICA PARA SERVIÇO DE LAMA ASFÁLTICA","2020-03-01","***","***","***","***","***","***"]
["EMULSÃO ASFÁLTICA DE RUPTURA LENTA CATIÔNICA PARA SERVIÇO DE LAMA ASFÁLTICA","2020-04-01","***","***","***","***","***","***"]
["EMULSÃO ASFÁLTICA DE RUPTURA LENTA CATIÔNICA PARA SERVIÇO DE LAMA ASFÁLTICA","2020-05-01","***","***","***","***","***","***"]
["EMULSÃO ASFÁLTICA DE RUPTURA LENTA CATIÔNICA PARA SERVIÇO DE LAMA ASFÁLTICA","2020-06-01","***","***","***","***","***","***"]
["EMULSÃO ASFÁLTICA DE RUPTURA LENTA CATIÔNICA PARA SERVIÇO DE LAMA ASFÁLTICA","2020-07-01","***","***","***","***","***","***"]
["EMULSÃO ASFÁLTICA DE RUPTURA LENTA CATIÔNICA PARA SERVIÇO DE LAMA ASFÁLTICA","2020-08-01","***","***","***","***","***","***"]
["EMULSÃO ASFÁLTICA DE RUPTURA LENTA CATIÔNICA PARA SERVIÇO DE LAMA ASFÁLTICA","2020-09-01","***","***","***","***","***","***"]
["EMULSÃO ASFÁLTICA DE RUPTURA LENTA CATIÔNICA PARA SERVIÇO DE LAMA ASFÁLTICA","2020-10-01","***","***","***","***","***","***"]
["EMULSÃO ASFÁLTICA DE RUPTURA LENTA CATIÔNICA PARA SERVIÇO DE LAMA ASFÁLTICA","2020-11-01","***","***","***","***","***","***"]
["EMULSÃO ASFÁLTICA DE RUPTURA LENTA CATIÔNICA PARA SERVIÇO DE LAMA ASFÁLTICA","2020-12-01","***","***","***","***","***","***"]
["EMULSÃO ASFÁLTICA DE RUPTURA LENTA CATIÔNICA PARA SERVIÇO DE LAMA ASFÁLTICA","2021-01-01","***","***","***","***","***","***"]
["EMULSÃO ASFÁLTICA DE RUPTURA LENTA CATIÔNICA PARA SERVIÇO DE LAMA ASFÁLTICA","2021-02-01","***","***","***","***","***","***"]
["EMULSÃO ASFÁLTICA DE RUPTURA LENTA CATIÔNICA PARA SERVIÇO DE LAMA ASFÁLTICA","2021-03-01","***","***","***","***","***","***"]
["EMULSÃO ASFÁLTICA DE RUPTURA LENTA CATIÔNICA PARA SERVIÇO DE LAMA ASFÁLTICA","2021-04-01","***","***","***","***","***","***"]
["EMULSÃO ASFÁLTICA DE RUPTURA LENTA CATIÔNICA PARA SERVIÇO DE LAMA ASFÁLTICA","2021-05-01","***","***","***","***","***","***"]
["EMULSÃO ASFÁLTICA DE RUPTURA LENTA CATIÔNICA PARA SERVIÇO DE LAMA ASFÁLTICA","2021-06-01","***","***","***","***","***","***"]
["EMULSÃO ASFÁLTICA DE RUPTURA LENTA CATIÔNICA PARA SERVIÇO DE LAMA ASFÁLTICA","2021-07-01","***","***","***","***","***","***"]
["EMULSÃO ASFÁLTICA DE RUPTURA LENTA CATIÔNICA PARA SERVIÇO DE LAMA ASFÁLTICA","2021-08-01","***","***","***","***","***","***"]
["EMULSÃO ASFÁLTICA DE RUPTURA LENTA CATIÔNICA PARA SERVIÇO DE LAMA ASFÁLTICA","2021-09-01","***","***","***","***","***","***"]
["EMULSÃO ASFÁLTICA DE RUPTURA LENTA CATIÔNICA PARA SERVIÇO DE LAMA ASFÁLTICA","2021-10-01","***","***","***","***","***","***"]
["EMULSÃO ASFÁLTICA DE RUPTURA LENTA CATIÔNICA PARA SERVIÇO DE LAMA ASFÁLTICA","2021-11-01","***","***","***","***","***","***"]
["EMULSÃO ASFÁLTICA DE RUPTURA LENTA CATIÔNICA PARA SERVIÇO DE LAMA ASFÁLTICA","2021-12-01","***","***","***","***","***","***"]
["EMULSÃO ASFÁLTICA DE RUPTURA LENTA CATIÔNICA PARA SERVIÇO DE LAMA ASFÁLTICA","2022-01-01","***","***","***","***","***","***"]
["EMULSÃO ASFÁLTICA DE RUPTURA LENTA CATIÔNICA PARA SERVIÇO DE LAMA ASFÁLTICA","2022-02-01","***","***","***","***","***","***"]
["EMULSÃO ASFÁLTICA DE RUPTURA LENTA CATIÔNICA PARA SERVIÇO DE LAMA ASFÁLTICA","2022-03-01","***","***","***","***","***","***"]
["EMULSÃO ASFÁLTICA DE RUPTURA LENTA CATIÔNICA PARA SERVIÇO DE LAMA ASFÁLTICA","2022-04-01","***","***","***","***","***","***"]
["EMULSÃO ASFÁLTICA DE RUPTURA LENTA CATIÔNICA PARA SERVIÇO DE LAMA ASFÁLTICA","2022-05-01","***","***","***","***","***","***"]
["EMULSÃO ASFÁLTICA DE RUPTURA LENTA CATIÔNICA PARA SERVIÇO DE LAMA ASFÁLTICA","2022-06-01","***","***","***","***","***","***"]
["EMULSÃO ASFÁLTICA DE RUPTURA LENTA CATIÔNICA PARA SERVIÇO DE LAMA ASFÁLTICA","2022-07-01","***","***","***","***","***","***"]
["EMULSÃO ASFÁLTICA DE RUPTURA LENTA CATIÔNICA PARA SERVIÇO DE LAMA ASFÁLTICA","2022-08-01","***","***","***","***","***","***"]
["EMULSÃO ASFÁLTICA DE RUPTURA LENTA CATIÔNICA PARA SERVIÇO DE LAMA ASFÁLTICA","2022-09-01","***","***","***","***","***","***"]
["EMULSÃO ASFÁLTICA DE RUPTURA LENTA CATIÔNICA PARA SERVIÇO DE LAMA ASFÁLTICA","2022-10-01","***","***","***","***","***","***"]
["EMULSÃO ASFÁLTICA DE RUPTURA LENTA CATIÔNICA PARA SERVIÇO DE LAMA ASFÁLTICA","2022-11-01","***","***","***","***","***","***"]
["EMULSÃO ASFÁLTICA DE RUPTURA LENTA CATIÔNICA PARA SERVIÇO DE LAMA ASFÁLTICA","2022-12-01","***","***","***","***","***","***"]
["EMULSÃO ASFÁLTICA DE RUPTURA LENTA CATIÔNICA PARA SERVIÇO DE LAMA ASFÁLTICA","2023-01-01","***","***","***","***","***","***"]
["EMULSÃO ASFÁLTICA DE RUPTURA LENTA CATIÔNICA PARA SERVIÇO DE LAMA ASFÁLTICA","2023-02-01","***","***","***","***","***","***"]
["EMULSÃO ASFÁLTICA DE RUPTURA LENTA CATIÔNICA PARA SERVIÇO DE LAMA ASFÁLTICA","2023-03-01","***","***","***","***","***","***"]
["EMULSÃO ASFÁLTICA DE RUPTURA LENTA CATIÔNICA PARA SERVIÇO DE LAMA ASFÁLTICA","2023-04-01","***","***","***","***","***","***"]
["EMULSÃO ASFÁLTICA DE RUPTURA LENTA CATIÔNICA PARA SERVIÇO DE LAMA ASFÁLTICA","2023-05-01","***","***","***","***","***","***"]
["EMULSÃO ASFÁLTICA DE RUPTURA LENTA CATIÔNICA PARA SERVIÇO DE LAMA ASFÁLTICA","2023-06-01","***","***","***","***","***","***"]
["EMULSÃO ASFÁLTICA DE RUPTURA LENTA CATIÔNICA PARA SERVIÇO DE LAMA ASFÁLTICA","2023-07-01","***","***","***","***","***","***"]
["EMULSÃO ASFÁLTICA DE RUPTURA LENTA CATIÔNICA PARA SERVIÇO DE LAMA ASFÁLTICA","2023-08-01","***","***","***","***","***","***"]
["EMULSÃO ASFÁLTICA DE RUPTURA LENTA CATIÔNICA PARA SERVIÇO DE LAMA ASFÁLTICA","2023-09-01","***","***","***","***","***","***"]
["EMULSÃO ASFÁLTICA DE RUPTURA LENTA CATIÔNICA PARA SERVIÇO DE LAMA ASFÁLTICA","2023-10-01","***","***","***","***","***","***"]
["EMULSÃO ASFÁLTICA DE RUPTURA LENTA CATIÔNICA PARA SERVIÇO DE LAMA ASFÁLTICA","2023-11-01","***","***","***","***","***","***"]
["EMULSÃO ASFÁLTICA DE RUPTURA LENTA CATIÔNICA PARA SERVIÇO DE LAMA ASFÁLTICA","2023-12-01","***","***","***","***","***","***"]
["EMULSÃO ASFÁLTICA DE RUPTURA LENTA CATIÔNICA PARA SERVIÇO DE LAMA ASFÁLTICA","2024-01-01","***","***","***","***","***","***"]
["EMULSÃO ASFÁLTICA DE RUPTURA LENTA CATIÔNICA PARA SERVIÇO DE LAMA ASFÁLTICA","2024-02-01","***","***","***","***","***","***"]
["EMULSÃO ASFÁLTICA DE RUPTURA LENTA CATIÔNICA PARA SERVIÇO DE LAMA ASFÁLTICA","2024-03-01","***","***","***","***","***","***"]
["EMULSÃO ASFÁLTICA DE RUPTURA LENTA CATIÔNICA PARA SERVIÇO DE LAMA ASFÁLTICA","2024-04-01","***","***","***","***","***","***"]
["EMULSÃO ASFÁLTICA DE RUPTURA LENTA CATIÔNICA PARA SERVIÇO DE LAMA ASFÁLTICA","2024-05-01","***","***","***","***","***","***"]
["EMULSÃO ASFÁLTICA DE RUPTURA LENTA CATIÔNICA PARA SERVIÇO DE LAMA ASFÁLTICA","2024-06-01","***","***","***","***","***","***"]
["EMULSÃO ASFÁLTICA DE RUPTURA LENTA CATIÔNICA PARA SERVIÇO DE LAMA ASFÁLTICA","2024-07-01","***","***","***","***","***","***"]
["EMULSÃO ASFÁLTICA DE RUPTURA LENTA CATIÔNICA PARA SERVIÇO DE LAMA ASFÁLTICA","2024-08-01","***","***","***","***","***","***"]
["EMULSÃO ASFÁLTICA DE RUPTURA LENTA DE CARGA NEUTRA PARA SERVIÇO DE LAMA ASFÁLTICA","2015-09-01","***","***","***","***","***","***"]
["EMULSÃO ASFÁLTICA DE RUPTURA LENTA DE CARGA NEUTRA PARA SERVIÇO DE LAMA ASFÁLTICA","2015-10-01","***","***","***","***","***","***"]
["EMULSÃO ASFÁLTICA DE RUPTURA LENTA DE CARGA NEUTRA PARA SERVIÇO DE LAMA ASFÁLTICA","2015-11-01","***","***","***","***","***","***"]
["EMULSÃO ASFÁLTICA DE RUPTURA LENTA DE CARGA NEUTRA PARA SERVIÇO DE LAMA ASFÁLTICA","2015-12-01","***","***","***",1.78091,"***",1.78091]
["EMULSÃO ASFÁLTICA DE RUPTURA LENTA DE CARGA NEUTRA PARA SERVIÇO DE LAMA ASFÁLTICA","2016-01-01","***","***","***","***","***","***"]
["EMULSÃO ASFÁLTICA DE RUPTURA LENTA DE CARGA NEUTRA PARA SERVIÇO DE LAMA ASFÁLTICA","2016-02-01","***","***","***","***","***","***"]
["EMULSÃO ASFÁLTICA DE RUPTURA LENTA DE CARGA NEUTRA PARA SERVIÇO DE LAMA ASFÁLTICA","2016-03-01","***","***","***","***","***","***"]
["EMULSÃO ASFÁLTICA DE RUPTURA LENTA DE CARGA NEUTRA PARA SERVIÇO DE LAMA ASFÁLTICA","2016-04-01","***","***","***","***","***","***"]
["EMULSÃO ASFÁLTICA DE RUPTURA LENTA DE CARGA NEUTRA PARA SERVIÇO DE LAMA ASFÁLTICA","2016-05-01","***","***","***","***","***","***"]
["EMULSÃO ASFÁLTICA DE RUPTURA LENTA DE CARGA NEUTRA PARA SERVIÇO DE LAMA ASFÁLTICA","2016-06-01","***","***","***","***","***","***"]
["EMULSÃO ASFÁLTICA DE RUPTURA LENTA DE CARGA NEUTRA PARA SERVIÇO DE LAMA ASFÁLTICA","2016-07-01","***","***","***","***","***","***"]
["EMULSÃO ASFÁLTICA DE RUPTURA LENTA DE CARGA NEUTRA PARA SERVIÇO DE LAMA ASFÁLTICA","2016-08-01","***","***","***","***","***","***"]
["EMULSÃO ASFÁLTICA DE RUPTURA LENTA DE CARGA NEUTRA PARA SERVIÇO DE LAMA ASFÁLTICA","2016-09-01","***","***","***","***","***","***"]
["EMULSÃO ASFÁLTICA DE RUPTURA LENTA DE CARGA NEUTRA PARA SERVIÇO DE LAMA ASFÁLTICA","2016-10-01","***","***","***","***","***","***"]
["EMULSÃO ASFÁLTICA DE RUPTURA LENTA DE CARGA NEUTRA PARA SERVIÇO DE LAMA ASFÁLTICA","2016-11-01","***","***","***","***","***","***"]
["EMULSÃO ASFÁLTICA DE RUPTURA LENTA DE CARGA NEUTRA PARA SERVIÇO DE LAMA ASFÁLTICA","2016-12-01","***","***","***","***","***","***"]
["EMULSÃO ASFÁLTICA DE RUPTURA LENTA DE CARGA NEUTRA PARA SERVIÇO DE LAMA ASFÁLTICA","2017-01-01","***","***","***","***",1.36299,1.36299]
["EMULSÃO ASFÁLTICA DE RUPTURA LENTA DE CARGA NEUTRA PARA SERVIÇO DE LAMA ASFÁLTICA","2017-02-01","***","***","***","***",1.41074,1.41074]
["EMULSÃO ASFÁLTICA DE RUPTURA LENTA DE CARGA NEUTRA PARA SERVIÇO DE LAMA ASFÁLTICA","2017-03-01","***","***","***","***",1.41074,1.41074]
["EMULSÃO ASFÁLTICA DE RUPTURA LENTA DE CARGA NEUTRA PARA SERVIÇO DE LAMA ASFÁLTICA","2017-04-01","***","***","***",1.28120773177318,"***",1.28120773177318]
["EMULSÃO ASFÁLTICA DE RUPTURA LENTA DE CARGA NEUTRA PARA SERVIÇO DE LAMA ASFÁLTICA","2017-05-01","***","***","***",1.63401149584488,"***",1.63401149584488]
["EMULSÃO ASFÁLTICA DE RUPTURA LENTA DE CARGA NEUTRA PARA SERVIÇO DE LAMA ASFÁLTICA","2017-06-01","***","***","***",1.31921,"***",1.31921]
["EMULSÃO ASFÁLTICA DE RUPTURA LENTA DE CARGA NEUTRA PARA SERVIÇO DE LAMA ASFÁLTICA","2017-07-01","***","***","***","***","***","***"]
["EMULSÃO ASFÁLTICA DE RUPTURA LENTA DE CARGA NEUTRA PARA SERVIÇO DE LAMA ASFÁLTICA","2017-08-01","***","***","***",1.96806,"***",1.96806]
["EMULSÃO ASFÁLTICA DE RUPTURA LENTA DE CARGA NEUTRA PARA SERVIÇO DE LAMA ASFÁLTICA","2017-09-01","***","***","***","***","***","***"]
["EMULSÃO ASFÁLTICA DE RUPTURA LENTA DE CARGA NEUTRA PARA SERVIÇO DE LAMA ASFÁLTICA","2017-10-01","***","***","***","***","***","***"]
["EMULSÃO ASFÁLTICA DE RUPTURA LENTA DE CARGA NEUTRA PARA SERVIÇO DE LAMA ASFÁLTICA","2017-11-01","***","***","***","***","***","***"]
["EMULSÃO ASFÁLTICA DE RUPTURA LENTA DE CARGA NEUTRA PARA SERVIÇO DE LAMA ASFÁLTICA","2017-12-01","***","***","***","***","***","***"]
["EMULSÃO ASFÁLTICA DE RUPTURA LENTA DE CARGA NEUTRA PARA SERVIÇO DE LAMA ASFÁLTICA","2018-01-01","***","***","***","***","***","***"]
["EMULSÃO ASFÁLTICA DE RUPTURA LENTA DE CARGA NEUTRA PARA SERVIÇO DE LAMA ASFÁLTICA","2018-02-01","***","***","***","***","***","***"]
["EMULSÃO ASFÁLTICA DE RUPTURA LENTA DE CARGA NEUTRA PARA SERVIÇO DE LAMA ASFÁLTICA","2018-03-01","***","***","***","***","***","***"]
["EMULSÃO ASFÁLTICA DE RUPTURA LENTA DE CARGA NEUTRA PARA SERVIÇO DE LAMA ASFÁLTICA","2018-04-01","***","***","***","***","***","***"]
["EMULSÃO ASFÁLTICA DE RUPTURA LENTA DE CARGA NEUTRA PARA SERVIÇO DE LAMA ASFÁLTICA","2018-05-01","***","***","***","***","***","***"]
["EMULSÃO ASFÁLTICA DE RUPTURA LENTA DE CARGA NEUTRA PARA SERVIÇO DE LAMA ASFÁLTICA","2018-06-01","***","***","***","***","***","***"]
["EMULSÃO ASFÁLTICA DE RUPTURA LENTA DE CARGA NEUTRA PARA SERVIÇO DE LAMA ASFÁLTICA","2018-07-01","***","***","***","***","***","***"]
["EMULSÃO ASFÁLTICA DE RUPTURA LENTA DE CARGA NEUTRA PARA SERVIÇO DE LAMA ASFÁLTICA","2018-08-01","***","***","***","***","***","***"]
["EMULSÃO ASFÁLTICA DE RUPTURA LENTA DE CARGA NEUTRA PARA SERVIÇO DE LAMA ASFÁLTICA","2018-09-01","***","***","***","***","***","***"]
["EMULSÃO ASFÁLTICA DE RUPTURA LENTA DE CARGA NEUTRA PARA SERVIÇO DE LAMA ASFÁLTICA","2018-10-01","***","***","***","***","***","***"]
["EMULSÃO ASFÁLTICA DE RUPTURA LENTA DE CARGA NEUTRA PARA SERVIÇO DE LAMA ASFÁLTICA","2018-11-01","***","***","***","***","***","***"]
["EMULSÃO ASFÁLTICA DE RUPTURA LENTA DE CARGA NEUTRA PARA SERVIÇO DE LAMA ASFÁLTICA","2018-12-01","***","***","***","***","***","***"]
["EMULSÃO ASFÁLTICA DE RUPTURA LENTA DE CARGA NEUTRA PARA SERVIÇO DE LAMA ASFÁLTICA","2019-01-01","***","***","***","***","***","***"]
["EMULSÃO ASFÁLTICA DE RUPTURA LENTA DE CARGA NEUTRA PARA SERVIÇO DE LAMA ASFÁLTICA","2019-02-01","***","***","***","***","***","***"]
["EMULSÃO ASFÁLTICA DE RUPTURA LENTA DE CARGA NEUTRA PARA SERVIÇO DE LAMA ASFÁLTICA","2019-03-01","***","***","***","***","***","***"]
["EMULSÃO ASFÁLTICA DE RUPTURA LENTA DE CARGA NEUTRA PARA SERVIÇO DE LAMA ASFÁLTICA","2019-04-01","***","***","***","***","***","***"]
["EMULSÃO ASFÁLTICA DE RUPTURA LENTA DE CARGA NEUTRA PARA SERVIÇO DE LAMA ASFÁLTICA","2019-05-01","***","***","***","***","***","***"]
["EMULSÃO ASFÁLTICA DE RUPTURA LENTA DE CARGA NEUTRA PARA SERVIÇO DE LAMA ASFÁLTICA","2019-06-01","***","***","***","***","***","***"]
["EMULSÃO ASFÁLTICA DE RUPTURA LENTA DE CARGA NEUTRA PARA SERVIÇO DE LAMA ASFÁLTICA","2019-07-01","***","***","***","***","***","***"]
["EMULSÃO ASFÁLTICA DE RUPTURA LENTA DE CARGA NEUTRA PARA SERVIÇO DE LAMA ASFÁLTICA","2019-08-01","***","***","***","***","***","***"]
["EMULSÃO ASFÁLTICA DE RUPTURA LENTA DE CARGA NEUTRA PARA SERVIÇO DE LAMA ASFÁLTICA","2019-09-01","***","***","***","***","***","***"]
["EMULSÃO ASFÁLTICA DE RUPTURA LENTA DE CARGA NEUTRA PARA SERVIÇO DE LAMA ASFÁLTICA","2019-10-01","***","***","***","***","***","***"]
["EMULSÃO ASFÁLTICA DE RUPTURA LENTA DE CARGA NEUTRA PARA SERVIÇO DE LAMA ASFÁLTICA","2019-11-01","***","***","***","***","***","***"]
["EMULSÃO ASFÁLTICA DE RUPTURA LENTA DE CARGA NEUTRA PARA SERVIÇO DE LAMA ASFÁLTICA","2019-12-01","***","***","***","***","***","***"]
["EMULSÃO ASFÁLTICA DE RUPTURA LENTA DE CARGA NEUTRA PARA SERVIÇO DE LAMA ASFÁLTICA","2020-01-01","***","***","***","***","***","***"]
["EMULSÃO ASFÁLTICA DE RUPTURA LENTA DE CARGA NEUTRA PARA SERVIÇO DE LAMA ASFÁLTICA","2020-02-01","***","***","***","***","***","***"]
["EMULSÃO ASFÁLTICA DE RUPTURA LENTA DE CARGA NEUTRA PARA SERVIÇO DE LAMA ASFÁLTICA","2020-03-01","***","***","***","***","***","***"]
["EMULSÃO ASFÁLTICA DE RUPTURA LENTA DE CARGA NEUTRA PARA SERVIÇO DE LAMA ASFÁLTICA","2020-04-01","***","***","***","***","***","***"]
["EMULSÃO ASFÁLTICA DE RUPTURA LENTA DE CARGA NEUTRA PARA SERVIÇO DE LAMA ASFÁLTICA","2020-05-01","***","***","***","***","***","***"]
["EMULSÃO ASFÁLTICA DE RUPTURA LENTA DE CARGA NEUTRA PARA SERVIÇO DE LAMA ASFÁLTICA","2020-06-01","***","***","***","***","***","***"]
["EMULSÃO ASFÁLTICA DE RUPTURA LENTA DE CARGA NEUTRA PARA SERVIÇO DE LAMA ASFÁLTICA","2020-07-01","***","***","***","***","***","***"]
["EMULSÃO ASFÁLTICA DE RUPTURA LENTA DE CARGA NEUTRA PARA SERVIÇO DE LAMA ASFÁLTICA","2020-08-01","***","***","***","***","***","***"]
["EMULSÃO ASFÁLTICA DE RUPTURA LENTA DE CARGA NEUTRA PARA SERVIÇO DE LAMA ASFÁLTICA","2020-09-01","***","***","***","***","***","***"]
["EMULSÃO ASFÁLTICA DE RUPTURA LENTA DE CARGA NEUTRA PARA SERVIÇO DE LAMA ASFÁLTICA","2020-10-01","***","***","***","***","***","***"]
["EMULSÃO ASFÁLTICA DE RUPTURA LENTA DE CARGA NEUTRA PARA SERVIÇO DE LAMA ASFÁLTICA","2020-11-01","***","***","***","***","***","***"]
["EMULSÃO ASFÁLTICA DE RUPTURA LENTA DE CARGA NEUTRA PARA SERVIÇO DE LAMA ASFÁLTICA","2020-12-01","***","***","***","***","***","***"]
["EMULSÃO ASFÁLTICA DE RUPTURA LENTA DE CARGA NEUTRA PARA SERVIÇO DE LAMA ASFÁLTICA","2021-01-01","***","***","***","***","***","***"]
["EMULSÃO ASFÁLTICA DE RUPTURA LENTA DE CARGA NEUTRA PARA SERVIÇO DE LAMA ASFÁLTICA","2021-02-01","***","***","***","***","***","***"]
["EMULSÃO ASFÁLTICA DE RUPTURA LENTA DE CARGA NEUTRA PARA SERVIÇO DE LAMA ASFÁLTICA","2021-03-01","***","***","***","***","***","***"]
["EMULSÃO ASFÁLTICA DE RUPTURA LENTA DE CARGA NEUTRA PARA SERVIÇO DE LAMA ASFÁLTICA","2021-04-01","***","***","***","***","***","***"]
["EMULSÃO ASFÁLTICA DE RUPTURA LENTA DE CARGA NEUTRA PARA SERVIÇO DE LAMA ASFÁLTICA","2021-05-01","***","***","***","***","***","***"]
["EMULSÃO ASFÁLTICA DE RUPTURA LENTA DE CARGA NEUTRA PARA SERVIÇO DE LAMA ASFÁLTICA","2021-06-01","***","***","***","***","***","***"]
["EMULSÃO ASFÁLTICA DE RUPTURA LENTA DE CARGA NEUTRA PARA SERVIÇO DE LAMA ASFÁLTICA","2021-07-01","***","***","***","***","***","***"]
["EMULSÃO ASFÁLTICA DE RUPTURA LENTA DE CARGA NEUTRA PARA SERVIÇO DE LAMA ASFÁLTICA","2021-08-01","***","***","***","***","***","***"]
["EMULSÃO ASFÁLTICA DE RUPTURA LENTA DE CARGA NEUTRA PARA SERVIÇO DE LAMA ASFÁLTICA","2021-09-01","***","***","***","***","***","***"]
["EMULSÃO ASFÁLTICA DE RUPTURA LENTA DE CARGA NEUTRA PARA SERVIÇO DE LAMA ASFÁLTICA","2021-10-01","***","***","***","***","***","***"]
["EMULSÃO ASFÁLTICA DE RUPTURA LENTA DE CARGA NEUTRA PARA SERVIÇO DE LAMA ASFÁLTICA","2021-11-01","***","***","***","***","***","***"]
["EMULSÃO ASFÁLTICA DE RUPTURA LENTA DE CARGA NEUTRA PARA SERVIÇO DE LAMA ASFÁLTICA","2021-12-01","***","***","***","***","***","***"]
["EMULSÃO ASFÁLTICA DE RUPTURA LENTA DE CARGA NEUTRA PARA SERVIÇO DE LAMA ASFÁLTICA","2022-01-01","***","***","***","***","***","***"]
["EMULSÃO ASFÁLTICA DE RUPTURA LENTA DE CARGA NEUTRA PARA SERVIÇO DE LAMA ASFÁLTICA","2022-02-01","***","***","***","***","***","***"]
["EMULSÃO ASFÁLTICA DE RUPTURA LENTA DE CARGA NEUTRA PARA SERVIÇO DE LAMA ASFÁLTICA","2022-03-01","***","***","***","***","***","***"]
["EMULSÃO ASFÁLTICA DE RUPTURA LENTA DE CARGA NEUTRA PARA SERVIÇO DE LAMA ASFÁLTICA","2022-04-01","***","***","***","***","***","***"]
["EMULSÃO ASFÁLTICA DE RUPTURA LENTA DE CARGA NEUTRA PARA SERVIÇO DE LAMA ASFÁLTICA","2022-05-01","***","***","***","***","***","***"]
["EMULSÃO ASFÁLTICA DE RUPTURA LENTA DE CARGA NEUTRA PARA SERVIÇO DE LAMA ASFÁLTICA","2022-06-01","***","***","***","***","***","***"]
["EMULSÃO ASFÁLTICA DE RUPTURA LENTA DE CARGA NEUTRA PARA SERVIÇO DE LAMA ASFÁLTICA","2022-07-01","***","***","***","***","***","***"]
["EMULSÃO ASFÁLTICA DE RUPTURA LENTA DE CARGA NEUTRA PARA SERVIÇO DE LAMA ASFÁLTICA","2022-08-01","***","***","***","***","***","***"]
["EMULSÃO ASFÁLTICA DE RUPTURA LENTA DE CARGA NEUTRA PARA SERVIÇO DE LAMA ASFÁLTICA","2022-09-01","***","***","***","***","***","***"]
["EMULSÃO ASFÁLTICA DE RUPTURA LENTA DE CARGA NEUTRA PARA SERVIÇO DE LAMA ASFÁLTICA","2022-10-01","***","***","***","***","***","***"]
["EMULSÃO ASFÁLTICA DE RUPTURA LENTA DE CARGA NEUTRA PARA SERVIÇO DE LAMA ASFÁLTICA","2022-11-01","***","***","***","***","***","***"]
["EMULSÃO ASFÁLTICA DE RUPTURA LENTA DE CARGA NEUTRA PARA SERVIÇO DE LAMA ASFÁLTICA","2022-12-01","***","***","***","***","***","***"]
["EMULSÃO ASFÁLTICA DE RUPTURA LENTA DE CARGA NEUTRA PARA SERVIÇO DE LAMA ASFÁLTICA","2023-01-01","***","***","***","***","***","***"]
["EMULSÃO ASFÁLTICA DE RUPTURA LENTA DE CARGA NEUTRA PARA SERVIÇO DE LAMA ASFÁLTICA","2023-02-01","***","***","***","***","***","***"]
["EMULSÃO ASFÁLTICA DE RUPTURA LENTA DE CARGA NEUTRA PARA SERVIÇO DE LAMA ASFÁLTICA","2023-03-01","***","***","***","***","***","***"]
["EMULSÃO ASFÁLTICA DE RUPTURA LENTA DE CARGA NEUTRA PARA SERVIÇO DE LAMA ASFÁLTICA","2023-04-01","***","***","***","***","***","***"]
["EMULSÃO ASFÁLTICA DE RUPTURA LENTA DE CARGA NEUTRA PARA SERVIÇO DE LAMA ASFÁLTICA","2023-05-01","***","***","***","***","***","***"]
["EMULSÃO ASFÁLTICA DE RUPTURA LENTA DE CARGA NEUTRA PARA SERVIÇO DE LAMA ASFÁLTICA","2023-06-01","***","***","***","***","***","***"]
["EMULSÃO ASFÁLTICA DE RUPTURA LENTA DE CARGA NEUTRA PARA SERVIÇO DE LAMA ASFÁLTICA","2023-07-01","***","***","***","***","***","***"]
["EMULSÃO ASFÁLTICA DE RUPTURA LENTA DE CARGA NEUTRA PARA SERVIÇO DE LAMA ASFÁLTICA","2023-08-01","***","***","***","***","***","***"]
["EMULSÃO ASFÁLTICA DE RUPTURA LENTA DE CARGA NEUTRA PARA SERVIÇO DE LAMA ASFÁLTICA","2023-09-01","***","***","***","***","***","***"]
["EMULSÃO ASFÁLTICA DE RUPTURA LENTA DE CARGA NEUTRA PARA SERVIÇO DE LAMA ASFÁLTICA","2023-10-01","***","***","***","***","***","***"]
["EMULSÃO ASFÁLTICA DE RUPTURA LENTA DE CARGA NEUTRA PARA SERVIÇO DE LAMA ASFÁLTICA","2023-11-01","***","***","***","***","***","***"]
["EMULSÃO ASFÁLTICA DE RUPTURA LENTA DE CARGA NEUTRA PARA SERVIÇO DE LAMA ASFÁLTICA","2023-12-01","***","***","***","***","***","***"]
["EMULSÃO ASFÁLTICA DE RUPTURA LENTA DE CARGA NEUTRA PARA SERVIÇO DE LAMA ASFÁLTICA","2024-01-01","***","***","***","***","***","***"]
["EMULSÃO ASFÁLTICA DE RUPTURA LENTA DE CARGA NEUTRA PARA SERVIÇO DE LAMA ASFÁLTICA","2024-02-01","***","***","***","***","***","***"]
["EMULSÃO ASFÁLTICA DE RUPTURA LENTA DE CARGA NEUTRA PARA SERVIÇO DE LAMA ASFÁLTICA","2024-03-01","***","***","***","***","***","***"]
["EMULSÃO ASFÁLTICA DE RUPTURA LENTA DE CARGA NEUTRA PARA SERVIÇO DE LAMA ASFÁLTICA","2024-04-01","***","***","***","***","***","***"]
["EMULSÃO ASFÁLTICA DE RUPTURA LENTA DE CARGA NEUTRA PARA SERVIÇO DE LAMA ASFÁLTICA","2024-05-01","***","***","***","***","***","***"]
["EMULSÃO ASFÁLTICA DE RUPTURA LENTA DE CARGA NEUTRA PARA SERVIÇO DE LAMA ASFÁLTICA","2024-06-01","***","***","***","***","***","***"]
["EMULSÃO ASFÁLTICA DE RUPTURA LENTA DE CARGA NEUTRA PARA SERVIÇO DE LAMA ASFÁLTICA","2024-07-01","***","***","***","***","***","***"]
["EMULSÃO ASFÁLTICA DE RUPTURA LENTA DE CARGA NEUTRA PARA SERVIÇO DE LAMA ASFÁLTICA","2024-08-01","***","***","***","***","***","***"]
["EMULSÃO ASFÁLTICA PARA SERVIÇO DE IMPRIMAÇÃO","2015-09-01","***","***",1.4717220003202,1.40961127341591,1.41930695328593,1.4468227401513]
["EMULSÃO ASFÁLTICA PARA SERVIÇO DE IMPRIMAÇÃO","2015-10-01","***",1.9176,1.78109288612462,1.49553081265931,1.63226858734976,1.65587358777857]
["EMULSÃO ASFÁLTICA PARA SERVIÇO DE IMPRIMAÇÃO","2015-11-01","***",1.9491,1.85149701128001,1.54237706511487,1.7165669846001,1.71116027190515]
["EMULSÃO ASFÁLTICA PARA SERVIÇO DE IMPRIMAÇÃO","2015-12-01","***",1.93290011299435,1.92898753479955,1.53492185278081,1.7583001329948,1.7451550601173]
["EMULSÃO ASFÁLTICA PARA SERVIÇO DE IMPRIMAÇÃO","2016-01-01","***",2.07342323782235,1.72986436909394,1.5701077270195,1.82576598495835,1.73510254236442]
["EMULSÃO ASFÁLTICA PARA SERVIÇO DE IMPRIMAÇÃO","2016-02-01","***","***",1.97325747182754,1.56216597961158,1.77771566570035,1.66034949351679]
["EMULSÃO ASFÁLTICA PARA SERVIÇO DE IMPRIMAÇÃO","2016-03-01","***",2.064,1.95412330609805,1.57330891913794,1.74223504610287,1.69392791324489]
["EMULSÃO ASFÁLTICA PARA SERVIÇO DE IMPRIMAÇÃO","2016-04-01","***","***",2.17297989923097,1.75252581271454,1.80080386305788,1.81468131596182]
["EMULSÃO ASFÁLTICA PARA SERVIÇO DE IMPRIMAÇÃO","2016-05-01","***",1.79192406624606,2.11822854956947,1.7355234617837,1.91370528481098,1.88025979802494]
["EMULSÃO ASFÁLTICA PARA SERVIÇO DE IMPRIMAÇÃO","2016-06-01","***",2.3814,2.06854310617619,1.77275815933591,1.86677041848421,1.89195905958878]
["EMULSÃO ASFÁLTICA PARA SERVIÇO DE IMPRIMAÇÃO","2016-07-01","***",2.25493424028848,2.05772374470188,1.74557676068172,1.92282656955837,1.90826669219644]
["EMULSÃO ASFÁLTICA PARA SERVIÇO DE IMPRIMAÇÃO","2016-08-01","***",1.97227991202842,2.02088212391996,1.81718834239623,1.88567028640812,1.91447630357068]
["EMULSÃO ASFÁLTICA PARA SERVIÇO DE IMPRIMAÇÃO","2016-09-01","***",1.56277631597102,1.8440562928702,1.57984450229865,1.69564289471707,1.69769751630174]
["EMULSÃO ASFÁLTICA PARA SERVIÇO DE IMPRIMAÇÃO","2016-10-01","***",1.38462967273847,1.8077131125,1.5586842050456,1.71037190546455,1.68617371272299]
["EMULSÃO ASFÁLTICA PARA SERVIÇO DE IMPRIMAÇÃO","2016-11-01",1.85555067857143,1.56832342136805,1.88445976981204,1.50281486871101,1.64546883817561,1.63958718369405]
["EMULSÃO ASFÁLTICA PARA SERVIÇO DE IMPRIMAÇÃO","2016-12-01",1.8355394829932,1.78202168896743,1.70952335119632,1.46854830530294,1.72954957073542,1.69198902088087]
["EMULSÃO ASFÁLTICA PARA SERVIÇO DE IMPRIMAÇÃO","2017-01-01",1.85233692863595,1.9103789201849,1.7347059970385,1.32959561454253,1.71527231921495,1.66104380441542]
["EMULSÃO ASFÁLTICA PARA SERVIÇO DE IMPRIMAÇÃO","2017-02-01",1.80267,1.65313038598726,1.69217059342599,1.5038838855914,1.6521456953841,1.63070368962747]
["EMULSÃO ASFÁLTICA PARA SERVIÇO DE IMPRIMAÇÃO","2017-03-01","***",1.8867,1.81126803784861,1.4228776705346,1.67131046753372,1.59075340579358]
["EMULSÃO ASFÁLTICA PARA SERVIÇO DE IMPRIMAÇÃO","2017-04-01",1.80267,1.92211126738306,1.90801953519256,1.45405721512871,1.48105549705515,1.54220892530197]
["EMULSÃO ASFÁLTICA PARA SERVIÇO DE IMPRIMAÇÃO","2017-05-01","***",1.79872078817167,1.91086057545458,1.4473522046819,1.57922153216431,1.60124543887759]
["EMULSÃO ASFÁLTICA PARA SERVIÇO DE IMPRIMAÇÃO","2017-06-01","***",1.92804207821133,1.754722771746,1.52245076264603,1.61578932044781,1.66262447605665]
["EMULSÃO ASFÁLTICA PARA SERVIÇO DE IMPRIMAÇÃO","2017-07-01","***",1.82005331501444,1.79373939231832,1.51304074635864,1.5841936541859,1.63389582051689]
["EMULSÃO ASFÁLTICA PARA SERVIÇO DE IMPRIMAÇÃO","2017-08-01",2.05850018653781,1.86045194980014,1.81880394323324,1.46623762949087,1.60240651102712,1.68589442524307]
["EMULSÃO ASFÁLTICA PARA SERVIÇO DE IMPRIMAÇÃO","2017-09-01",2.13478656587838,1.91297660736579,1.7309102069523,1.495510402361,1.70162081878466,1.63787929608825]
["EMULSÃO ASFÁLTICA PARA SERVIÇO DE IMPRIMAÇÃO","2017-10-01",1.97395208724692,2.04527700153316,1.74470053558116,1.50355207947768,1.66494305899069,1.68952131926393]
["EMULSÃO ASFÁLTICA PARA SERVIÇO DE IMPRIMAÇÃO","2017-11-01",2.23361,2.1274698169846,1.76585979762958,1.59602342440524,1.71492705064428,1.73483809171954]
["EMULSÃO ASFÁLTICA PARA SERVIÇO DE IMPRIMAÇÃO","2017-12-01",2.0475,2.147348553811,1.80567508217795,1.50467021548284,1.71330235462573,1.7937160067296]
["EMULSÃO ASFÁLTICA PARA SERVIÇO DE IMPRIMAÇÃO","2018-01-01","***",2.11364136386848,1.70474003850488,1.66152939769524,1.79337641257996,1.83906073338595]
["EMULSÃO ASFÁLTICA PARA SERVIÇO DE IMPRIMAÇÃO","2018-02-01",2.27851,2.06589266046923,1.80063372535455,1.64190656845575,1.78146248188368,1.76418558112415]
["EMULSÃO ASFÁLTICA PARA SERVIÇO DE IMPRIMAÇÃO","2018-03-01",2.24870193642143,2.08614328002258,1.94220397284022,1.61152330374698,1.83811340339569,1.8777657953659]
["EMULSÃO ASFÁLTICA PARA SERVIÇO DE IMPRIMAÇÃO","2018-04-01",2.24895754991127,2.12468645589097,1.89780379477251,1.60934676403424,1.81358042736605,1.80051826689795]
["EMULSÃO ASFÁLTICA PARA SERVIÇO DE IMPRIMAÇÃO","2018-05-01","***",1.61264782135862,2.02629889835124,1.72774071879536,1.8867130691136,1.79738566970434]
["EMULSÃO ASFÁLTICA PARA SERVIÇO DE IMPRIMAÇÃO","2018-06-01",2.53119333050991,1.89669540346809,2.11226921308576,1.76360554515652,1.9582836458416,1.95538706551619]
["EMULSÃO ASFÁLTICA PARA SERVIÇO DE IMPRIMAÇÃO","2018-07-01",2.037,1.70437492024373,2.17506248158656,1.86982140520117,2.02369023742159,1.95682618285704]
["EMULSÃO ASFÁLTICA PARA SERVIÇO DE IMPRIMAÇÃO","2018-08-01",2.42228043528064,2.14401263947772,2.26402883319044,1.90460960543855,2.12792291185042,2.12521861768189]
["EMULSÃO ASFÁLTICA PARA SERVIÇO DE IMPRIMAÇÃO","2018-09-01",2.33634469257305,2.26164596037138,2.26804256441643,1.88910112883121,2.13296361289678,2.11626710786654]
["EMULSÃO ASFÁLTICA PARA SERVIÇO DE IMPRIMAÇÃO","2018-10-01",2.20615098251192,2.32003500794095,2.25294056291927,1.90938792431003,2.15011776285973,2.12772887711411]
["EMULSÃO ASFÁLTICA PARA SERVIÇO DE IMPRIMAÇÃO","2018-11-01","***",2.4775578172098,2.34724135534554,2.04818191863088,2.26221564642942,2.27701212071775]
["EMULSÃO ASFÁLTICA PARA SERVIÇO DE IMPRIMAÇÃO","2018-12-01",2.69701,2.48780491359298,2.27559422291835,1.92670854268476,2.27041072905747,2.17732891104513]
["EMULSÃO ASFÁLTICA PARA SERVIÇO DE IMPRIMAÇÃO","2019-01-01",2.56953403469978,2.04775244689038,2.27353893569744,1.90269708825283,2.26760289066722,2.1379930658385]
["EMULSÃO ASFÁLTICA PARA SERVIÇO DE IMPRIMAÇÃO","2019-02-01","***",2.02572775894897,2.46249170586454,1.97031963370519,2.30704084048158,2.15516769789419]
["EMULSÃO ASFÁLTICA PARA SERVIÇO DE IMPRIMAÇÃO","2019-03-01",2.66911,1.69594363183031,2.54655202767176,1.95524383135392,2.42818211132681,2.20454085863619]
["EMULSÃO ASFÁLTICA PARA SERVIÇO DE IMPRIMAÇÃO","2019-04-01",3.35955,1.98181075143032,2.31256207171131,2.03543315167306,2.23974505461675,2.1774734721494]
["EMULSÃO ASFÁLTICA PARA SERVIÇO DE IMPRIMAÇÃO","2019-05-01","***",1.82349705445957,2.42542572394632,1.91323602061442,2.28970544628581,2.07067760607692]
["EMULSÃO ASFÁLTICA PARA SERVIÇO DE IMPRIMAÇÃO","2019-06-01",2.25172198391421,2.05643163317448,2.36263545418243,1.98536305451548,2.31174042676785,2.17542971628357]
["EMULSÃO ASFÁLTICA PARA SERVIÇO DE IMPRIMAÇÃO","2019-07-01",2.38970422417716,1.92673368468194,2.35029971485676,1.88611923669979,2.34431289310042,2.13003362454492]
["EMULSÃO ASFÁLTICA PARA SERVIÇO DE IMPRIMAÇÃO","2019-08-01",2.42049818119221,1.9366342717638,2.22895838919391,1.91918604175259,2.07075196051657,2.07463556004348]
["EMULSÃO ASFÁLTICA PARA SERVIÇO DE IMPRIMAÇÃO","2019-09-01","***",1.72595770251872,2.16583613285526,1.98287111912371,2.12338715402186,2.03201095118144]
["EMULSÃO ASFÁLTICA PARA SERVIÇO DE IMPRIMAÇÃO","2019-10-01",4.53732648025368,2.42364742909677,2.26993620426112,1.96035701129698,2.09192161615573,2.23628572793038]
["EMULSÃO ASFÁLTICA PARA SERVIÇO DE IMPRIMAÇÃO","2019-11-01",5.6230687732467,2.67159099382369,2.79344421524451,2.09301037218669,1.99178614320456,2.42557865354119]
["EMULSÃO ASFÁLTICA PARA SERVIÇO DE IMPRIMAÇÃO","2019-12-01",2.3584,3.09044840003448,2.69859818086102,1.99483101942341,2.06747296149246,2.33883695896635]
["EMULSÃO ASFÁLTICA PARA SERVIÇO DE IMPRIMAÇÃO","2020-01-01",3.67919483158476,4.11101885116016,2.209046648642,2.29346661475763,2.18074128518802,2.36213848327231]
["EMULSÃO ASFÁLTICA PARA SERVIÇO DE IMPRIMAÇÃO","2020-02-01",2.18117740078074,2.16549092961324,2.38302606415793,2.29172093657817,1.95591904477358,2.11932589040267]
["EMULSÃO ASFÁLTICA PARA SERVIÇO DE IMPRIMAÇÃO","2020-03-01",2.1471933954276,1.97457777742065,2.29071571668256,2.10349001108266,1.94312463983751,2.05703227650954]
["EMULSÃO ASFÁLTICA PARA SERVIÇO DE IMPRIMAÇÃO","2020-04-01",2.07788293416964,1.79361013415038,2.25039990096449,1.89890677607576,2.01989903284252,1.99635651370278]
["EMULSÃO ASFÁLTICA PARA SERVIÇO DE IMPRIMAÇÃO","2020-05-01",2.25557998007607,1.83824699681062,2.04921303898035,1.84098405563242,2.13904784873861,2.00046943520285]
["EMULSÃO ASFÁLTICA PARA SERVIÇO DE IMPRIMAÇÃO","2020-06-01",2.13552244015843,1.87175265926318,2.00385248159996,1.84575685755653,2.17762899349031,1.98145493417408]
["EMULSÃO ASFÁLTICA PARA SERVIÇO DE IMPRIMAÇÃO","2020-07-01",2.34725823104693,1.83855083406443,2.07492914484712,1.81879609530234,2.12074101665897,1.9855505192297]
["EMULSÃO ASFÁLTICA PARA SERVIÇO DE IMPRIMAÇÃO","2020-08-01",2.33940683484456,1.87073169685048,2.10510795632565,1.8215313220069,2.33150883493227,2.02880778448799]
["EMULSÃO ASFÁLTICA PARA SERVIÇO DE IMPRIMAÇÃO","2020-09-01",2.36204756704808,1.8818332306167,2.12068194637325,1.8097786931062,2.27642262325581,2.04197635809391]
["EMULSÃO ASFÁLTICA PARA SERVIÇO DE IMPRIMAÇÃO","2020-10-01",2.55214393818972,2.04001560770043,2.0565348781562,1.84381367856258,2.11795707869535,2.04690680416448]
["EMULSÃO ASFÁLTICA PARA SERVIÇO DE IMPRIMAÇÃO","2020-11-01",2.41776004919744,2.01883061908673,2.16797611560564,1.94057022528417,2.28622541431702,2.11477583966972]
["EMULSÃO ASFÁLTICA PARA SERVIÇO DE IMPRIMAÇÃO","2020-12-01",2.33782364171268,2.0841264732831,2.1625742851821,1.8335132127922,2.27661936328095,2.09527304758216]
["EMULSÃO ASFÁLTICA PARA SERVIÇO DE IMPRIMAÇÃO","2021-01-01",2.34724448275862,2.03755978786916,2.13960801593665,2.03934610441538,2.23767024207757,2.09541099710873]
["EMULSÃO ASFÁLTICA PARA SERVIÇO DE IMPRIMAÇÃO","2021-02-01",2.35014938485659,2.05601411571727,2.15881452187202,1.98054196622659,2.20364312792552,2.10882802121731]
["EMULSÃO ASFÁLTICA PARA SERVIÇO DE IMPRIMAÇÃO","2021-03-01",2.34381460771277,1.96939152255051,2.15330563884792,2.05757377124822,2.41695721726279,2.16145139111941]
["EMULSÃO ASFÁLTICA PARA SERVIÇO DE IMPRIMAÇÃO","2021-04-01",2.48933392502756,2.00947471838331,2.20650156968976,2.02258255634192,2.36710756122623,2.16818659621869]
["EMULSÃO ASFÁLTICA PARA SERVIÇO DE IMPRIMAÇÃO","2021-05-01",2.56035409796588,2.34351639805565,2.45796760393604,2.42672278482293,2.76804419529713,2.5118451187675]
["EMULSÃO ASFÁLTICA PARA SERVIÇO DE IMPRIMAÇÃO","2021-06-01",2.59790532033252,2.20699287801735,2.43925515515544,2.36948999317991,2.65630289651881,2.40591762067713]
["EMULSÃO ASFÁLTICA PARA SERVIÇO DE IMPRIMAÇÃO","2021-07-01",2.48777897296001,2.29856599212406,2.41571010481235,2.34695071920216,2.50565676063818,2.39161771854346]
["EMULSÃO ASFÁLTICA PARA SERVIÇO DE IMPRIMAÇÃO","2021-08-01",2.74296074520303,2.2921504163659,2.45817790886887,2.41223363351281,2.66455932378876,2.4453203266611]
["EMULSÃO ASFÁLTICA PARA SERVIÇO DE IMPRIMAÇÃO","2021-09-01",2.73612952928054,2.34720586212779,2.50071459401836,2.43644768484928,2.71850478029717,2.48870029472694]
["EMULSÃO ASFÁLTICA PARA SERVIÇO DE IMPRIMAÇÃO","2021-10-01",2.77117812033212,2.29979431121764,2.61025659929432,2.3568543962722,2.71477849227096,2.50204035214676]
["EMULSÃO ASFÁLTICA PARA SERVIÇO DE IMPRIMAÇÃO","2021-11-01",3.26922354319462,2.49033164987657,2.73741063130841,2.68275099639777,3.11938263451888,2.77184100040925]
["EMULSÃO ASFÁLTICA PARA SERVIÇO DE IMPRIMAÇÃO","2021-12-01",3.02323951975108,2.48111212396967,2.83992191841062,2.78978573594207,3.09075525609887,2.7695953079484]
["EMULSÃO ASFÁLTICA PARA SERVIÇO DE IMPRIMAÇÃO","2022-01-01",3.16666152512878,2.48138777633902,2.75002607333448,2.82337445636155,2.86801271540406,2.7139794918541]
["EMULSÃO ASFÁLTICA PARA SERVIÇO DE IMPRIMAÇÃO","2022-02-01",3.01305642958652,2.51154721864821,2.99029021356698,2.87405071778255,3.28589496249658,2.75489448181472]
["EMULSÃO ASFÁLTICA PARA SERVIÇO DE IMPRIMAÇÃO","2022-03-01",2.65306681818182,2.5834505076381,2.98936773495248,2.9960875739952,3.21091171953006,2.83877532312431]
["EMULSÃO ASFÁLTICA PARA SERVIÇO DE IMPRIMAÇÃO","2022-04-01",3.17522100211987,2.94081070356427,3.36470376604085,3.02541262356537,3.34437926659335,3.13236908635806]
["EMULSÃO ASFÁLTICA PARA SERVIÇO DE IMPRIMAÇÃO","2022-05-01",3.0254911624216,3.07804288927228,3.24286008448795,2.99547217917583,3.22115479637664,3.11423190393854]
["EMULSÃO ASFÁLTICA PARA SERVIÇO DE IMPRIMAÇÃO","2022-06-01",3.60428889928276,2.80928267058824,3.24215257733462,3.05486921577203,3.12024985272101,3.10223243172112]
["EMULSÃO ASFÁLTICA PARA SERVIÇO DE IMPRIMAÇÃO","2022-07-01",3.4499439039666,3.03487872017791,3.3563751586175,3.06166448980998,3.24824239791234,3.2208183723554]
["EMULSÃO ASFÁLTICA PARA SERVIÇO DE IMPRIMAÇÃO","2022-08-01",3.3751389350155,3.12205251033887,3.25078620147497,3.04899168593575,3.07502101391257,3.18397548191475]
["EMULSÃO ASFÁLTICA PARA SERVIÇO DE IMPRIMAÇÃO","2022-09-01",3.22972566265619,2.96002240907194,3.22559048719798,3.02969221717853,2.92852651075819,3.09285009598247]
["EMULSÃO ASFÁLTICA PARA SERVIÇO DE IMPRIMAÇÃO","2022-10-01",2.93502309519585,2.90861597844338,3.16795673463822,2.81267703932151,3.01058654182805,2.98966061217572]
["EMULSÃO ASFÁLTICA PARA SERVIÇO DE IMPRIMAÇÃO","2022-11-01",2.907515435969,2.86802560581625,3.13025845116875,2.78311917798533,3.01889291792184,2.95183539313598]
["EMULSÃO ASFÁLTICA PARA SERVIÇO DE IMPRIMAÇÃO","2022-12-01",3.14608904923639,2.88362249711102,3.08422760819936,2.62005726451434,2.96835436852298,2.94774207296512]
["EMULSÃO ASFÁLTICA PARA SERVIÇO DE IMPRIMAÇÃO","2023-01-01",3.83049295382515,2.65065065030316,3.73444075315539,2.93693417043254,2.82373291204404,2.91976658420599]
["EMULSÃO ASFÁLTICA PARA SERVIÇO DE IMPRIMAÇÃO","2023-02-01",3.41338939723845,2.47926488318752,3.13332188137033,2.65233424160992,3.167965737095,2.81255891347458]
["EMULSÃO ASFÁLTICA PARA SERVIÇO DE IMPRIMAÇÃO","2023-03-01",3.59010481679459,2.41452196957851,2.81836032338509,2.48060247672184,2.57859544135527,2.60690808071617]
["EMULSÃO ASFÁLTICA PARA SERVIÇO DE IMPRIMAÇÃO","2023-04-01",2.82503129662435,2.59195877994304,2.6577796107966,2.58030765480627,2.59320504393019,2.61281760195359]
["EMULSÃO ASFÁLTICA PARA SERVIÇO DE IMPRIMAÇÃO","2023-05-01",3.04296934179608,2.57102685305008,2.80813999341769,2.31334605011238,2.44100651268633,2.58473331006383]
["EMULSÃO ASFÁLTICA PARA SERVIÇO DE IMPRIMAÇÃO","2023-06-01",2.97239644545768,2.26684587576606,2.69391320508728,2.28331702887982,2.53039388478139,2.53601261604246]
["EMULSÃO ASFÁLTICA PARA SERVIÇO DE IMPRIMAÇÃO","2023-07-01",2.88219847908629,2.25941107135595,2.75396687655882,2.29015691720706,2.5120116433942,2.55593679784094]
["EMULSÃO ASFÁLTICA PARA SERVIÇO DE IMPRIMAÇÃO","2023-08-01",2.75990077762653,2.2519800763491,2.71915332469646,2.24844447207736,2.54023933945856,2.51426339294585]
["EMULSÃO ASFÁLTICA PARA SERVIÇO DE IMPRIMAÇÃO","2023-09-01",2.99634909967531,2.46942708793319,2.83596070794188,2.35421057551061,2.54405722425675,2.62961762860727]
["EMULSÃO ASFÁLTICA PARA SERVIÇO DE IMPRIMAÇÃO","2023-10-01",2.90690414996607,2.3466247757108,2.78335853923912,2.2449571863692,2.51616312573602,2.55488587263052]
["EMULSÃO ASFÁLTICA PARA SERVIÇO DE IMPRIMAÇÃO","2023-11-01",3.01812511747465,2.39757427336032,2.83570852140277,2.30573156631175,2.4853234413729,2.57267265473381]
["EMULSÃO ASFÁLTICA PARA SERVIÇO DE IMPRIMAÇÃO","2023-12-01",2.99374280895942,2.26853690691817,2.73116778097686,2.3025249018134,2.72014612088298,2.51201082455928]
["EMULSÃO ASFÁLTICA PARA SERVIÇO DE IMPRIMAÇÃO","2024-01-01",3.15768565144789,2.30995004241275,2.60179472184214,2.35885407664029,2.80254930996701,2.53739177433973]
["EMULSÃO ASFÁLTICA PARA SERVIÇO DE IMPRIMAÇÃO","2024-02-01",3.23426455859321,2.27086153964545,2.96655207676832,2.45534686031648,2.55764598324853,2.61398795690747]
["EMULSÃO ASFÁLTICA PARA SERVIÇO DE IMPRIMAÇÃO","2024-03-01",2.6702058955338,2.42366072713091,2.98156625899601,2.4739468321704,2.63906602556547,2.57839194915639]
["EMULSÃO ASFÁLTICA PARA SERVIÇO DE IMPRIMAÇÃO","2024-04-01",2.9503289613676,2.39776665691393,2.75158612761044,2.43217372603486,2.59488717316243,2.57583076955368]
["EMULSÃO ASFÁLTICA PARA SERVIÇO DE IMPRIMAÇÃO","2024-05-01",2.67311428654791,2.28133006120656,2.72930887827743,2.27219729722632,2.60374387867792,2.47685494502019]
["EMULSÃO ASFÁLTICA PARA SERVIÇO DE IMPRIMAÇÃO","2024-06-01",2.82722126480876,2.21211813444699,2.68042572856135,2.32904436519201,2.72854016754287,2.50039457128049]
["EMULSÃO ASFÁLTICA PARA SERVIÇO DE IMPRIMAÇÃO","2024-07-01",2.8467844628704,2.37463313766358,2.73087626515702,2.2487735151282,2.67118645178333,2.51678893194887]
["EMULSÃO ASFÁLTICA PARA SERVIÇO DE IMPRIMAÇÃO","2024-08-01",2.98802593600946,2.50820525547917,2.89205878723763,2.32470203622164,2.78609679853797,2.66254855805941]
["EMULSÕES ASF. MOD. POR POLÍMEROS RC1C-E","2009-12-01","***",1.12499746220979,1.50120447025721,1.09007987006208,1.15113014981623,1.16832425337172]
["EMULSÕES ASF. MOD. POR POLÍMEROS RC1C-E","2010-01-01","***",1.12233633371677,1.4157852740584,1.07613936600133,1.16519241064929,1.14675307035021]
["EMULSÕES ASF. MOD. POR POLÍMEROS RC1C-E","2010-02-01","***",1.13443365124513,1.41439092624744,1.10240851538951,1.13925423788745,1.15640772236278]
["EMULSÕES ASF. MOD. POR POLÍMEROS RC1C-E","2010-03-01","***",1.13000578044921,1.3818383980646,1.12818973823993,1.13401558518054,1.14808188867593]
["EMULSÕES ASF. MOD. POR POLÍMEROS RC1C-E","2010-04-01","***",1.1171007272807,1.29893529798254,1.10233876443324,1.22564341094306,1.1585751896097]
["EMULSÕES ASF. MOD. POR POLÍMEROS RC1C-E","2010-05-01","***",1.11524798976529,1.29364596940963,1.09188283255284,1.22166012652026,1.14875033529363]
["EMULSÕES ASF. MOD. POR POLÍMEROS RC1C-E","2010-06-01","***",1.10612930410162,1.28597111350248,1.08480818880907,1.22739985995969,1.16769311824822]
["EMULSÕES ASF. MOD. POR POLÍMEROS RC1C-E","2010-07-01","***",1.10203541645352,1.30837097770812,1.06711027112883,1.2302566956844,1.14176102985438]
["EMULSÕES ASF. MOD. POR POLÍMEROS RC1C-E","2010-08-01","***",1.14772526224784,1.21307151301432,1.06719426355455,1.22872799087813,1.12632730241462]
["EMULSÕES ASF. MOD. POR POLÍMEROS RC1C-E","2010-09-01","***",1.1240271988604,1.20482078124449,1.08120340534419,1.22275875684518,1.14072925743734]
["EMULSÕES ASF. MOD. POR POLÍMEROS RC1C-E","2010-10-01","***",1.12382505243718,1.24027484192166,1.06296248640754,1.22748940715419,1.16058484218999]
["EMULSÕES ASF. MOD. POR POLÍMEROS RC1C-E","2010-11-01","***",1.1271635553184,1.25995785863702,1.08343930049643,1.1524361033248,1.15197065522968]
["EMULSÕES ASF. MOD. POR POLÍMEROS RC1C-E","2010-12-01","***",1.11803150560569,1.22365861012208,1.07498380074202,1.0954672327393,1.10823103888343]
["EMULSÕES ASF. MOD. POR POLÍMEROS RC1C-E","2011-01-01","***",1.14617308581797,1.23638491384915,1.04157965595653,1.07166631884143,1.09896771414137]
["EMULSÕES ASF. MOD. POR POLÍMEROS RC1C-E","2011-02-01","***",1.11643029217719,1.25046193945018,1.03589007821348,1.02891226600344,1.05396722137591]
["EMULSÕES ASF. MOD. POR POLÍMEROS RC1C-E","2011-03-01","***",1.11741188324802,1.31981887492143,1.04193535986567,1.06793064379089,1.09916592202997]
["EMULSÕES ASF. MOD. POR POLÍMEROS RC1C-E","2011-04-01","***",1.09291206405694,1.27771953954897,1.01555193923053,1.03128785413242,1.06132400232246]
["EMULSÕES ASF. MOD. POR POLÍMEROS RC1C-E","2011-05-01","***",1.13330554361538,1.33528012279346,1.02801659115084,1.03032838549012,1.08293960487634]
["EMULSÕES ASF. MOD. POR POLÍMEROS RC1C-E","2011-06-01","***",1.0548344565617,1.19472114640336,0.971019982516542,1.04533414636349,1.02957287948964]
["EMULSÕES ASF. MOD. POR POLÍMEROS RC1C-E","2011-07-01","***",1.01033095186643,1.25032822979182,0.973150899143525,1.11846847192844,1.04888256374077]
["EMULSÕES ASF. MOD. POR POLÍMEROS RC1C-E","2011-08-01","***",1.02435190171222,1.2951791725231,0.983269540299481,1.18858674710621,1.07882296984193]
["EMULSÕES ASF. MOD. POR POLÍMEROS RC1C-E","2011-09-01","***",0.993190869763206,1.32855612469951,1.0054746683238,1.56806143787504,1.18574703329377]
["EMULSÕES ASF. MOD. POR POLÍMEROS RC1C-E","2011-10-01","***",0.980008896159175,1.12892561019578,1.05219284275616,1.21461367384771,1.07601546363896]
["EMULSÕES ASF. MOD. POR POLÍMEROS RC1C-E","2011-11-01","***",0.878612193873675,1.18702022006749,1.04523277473583,1.37642073427737,1.1040722078713]
["EMULSÕES ASF. MOD. POR POLÍMEROS RC1C-E","2011-12-01","***",0.949870849531466,1.22739521021944,1.00992111002468,1.50961805655393,1.14943162067462]
["EMULSÕES ASF. MOD. POR POLÍMEROS RC1C-E","2012-01-01","***",1.02736437128614,1.2084508605769,1.05386650739037,1.43595630575313,1.13600941658057]
["EMULSÕES ASF. MOD. POR POLÍMEROS RC1C-E","2012-02-01","***",1.02659205868243,1.19166506997236,1.05646629976907,1.1224067407601,1.08228532023754]
["EMULSÕES ASF. MOD. POR POLÍMEROS RC1C-E","2012-03-01","***",1.0515732614998,1.18662293110179,1.10145033111608,1.12537475366606,1.10485504824346]
["EMULSÕES ASF. MOD. POR POLÍMEROS RC1C-E","2012-04-01","***",1.0463841142218,1.26604071525577,1.12023465485799,1.19114509882372,1.13053687065664]
["EMULSÕES ASF. MOD. POR POLÍMEROS RC1C-E","2012-05-01","***",1.02304246668823,1.28526520993335,1.11855785214065,1.13181831797182,1.12686490578515]
["EMULSÕES ASF. MOD. POR POLÍMEROS RC1C-E","2012-06-01","***",1.0763058022506,1.26737005793576,1.13153204375949,1.17066427253814,1.15590374887078]
["EMULSÕES ASF. MOD. POR POLÍMEROS RC1C-E","2012-07-01","***",1.04981899453576,1.39996385029401,1.11095033010618,1.22196520174313,1.16428742853634]
["EMULSÕES ASF. MOD. POR POLÍMEROS RC1C-E","2012-08-01",1.15500398075241,1.05767479711378,1.40050617608384,1.07722488979127,1.21462789040575,1.13439024255615]
["EMULSÕES ASF. MOD. POR POLÍMEROS RC1C-E","2012-09-01",1.31269538514443,1.07834722358531,1.37116279750472,1.13513647519572,1.18546308694708,1.16915383007929]
["EMULSÕES ASF. MOD. POR POLÍMEROS RC1C-E","2012-10-01",1.33946,1.08269367495618,1.37488430835917,1.11326808899304,1.25260016321649,1.16680209327686]
["EMULSÕES ASF. MOD. POR POLÍMEROS RC1C-E","2012-11-01","***",1.14804414048252,1.3833119896723,1.13371576605613,1.241603585492,1.18034263173801]
["EMULSÕES ASF. MOD. POR POLÍMEROS RC1C-E","2012-12-01",1.40892,1.14730879209257,1.34792914585584,1.11683031383159,1.38863209130395,1.18513097927369]
["EMULSÕES ASF. MOD. POR POLÍMEROS RC1C-E","2013-01-01","***",1.10689257327995,1.31865,1.11227137103233,1.20910537039221,1.13834070121131]
["EMULSÕES ASF. MOD. POR POLÍMEROS RC1C-E","2013-02-01","***",1.12737088359749,1.42346055471874,1.09655131248738,1.20036595790278,1.14128953476394]
["EMULSÕES ASF. MOD. POR POLÍMEROS RC1C-E","2013-03-01","***",1.1036774407361,1.65,1.13069476788181,1.28048100971106,1.16412144274278]
["EMULSÕES ASF. MOD. POR POLÍMEROS RC1C-E","2013-04-01","***",1.12748045298551,1.55762261866254,1.14833717130359,1.30540825759414,1.19761707301101]
["EMULSÕES ASF. MOD. POR POLÍMEROS RC1C-E","2013-05-01","***",1.15753591247244,1.54467029552239,1.18111699149171,1.30212282376137,1.22154078051366]
["EMULSÕES ASF. MOD. POR POLÍMEROS RC1C-E","2013-06-01","***",1.19160578180425,1.50375694213997,1.18140215199203,1.29763789104623,1.23572244953982]
["EMULSÕES ASF. MOD. POR POLÍMEROS RC1C-E","2013-07-01","***",1.20459381959808,1.42709942869787,1.21424216691154,1.33659545799751,1.25227822279892]
["EMULSÕES ASF. MOD. POR POLÍMEROS RC1C-E","2013-08-01","***",1.18650558467139,1.43408452201808,1.23673128821827,1.39942774302843,1.2896922295148]
["EMULSÕES ASF. MOD. POR POLÍMEROS RC1C-E","2013-09-01","***",1.30496271022977,1.51725403242918,1.21774259326955,1.27148718941858,1.28646715476299]
["EMULSÕES ASF. MOD. POR POLÍMEROS RC1C-E","2013-10-01",1.184925,1.29127422266307,1.47172861441836,1.22102108062926,1.29046124828146,1.29191398399346]
["EMULSÕES ASF. MOD. POR POLÍMEROS RC1C-E","2013-11-01","***",1.30218494101561,1.45789055226924,1.23586215438085,1.30453267077609,1.2974252460222]
["EMULSÕES ASF. MOD. POR POLÍMEROS RC1C-E","2013-12-01","***",1.34465672701779,1.53807187521577,1.19835550603439,1.3178727799649,1.31277533704781]
["EMULSÕES ASF. MOD. POR POLÍMEROS RC1C-E","2014-01-01","***",1.3135002822629,1.50907146631913,1.22583289506043,1.30932164058337,1.29854629252172]
["EMULSÕES ASF. MOD. POR POLÍMEROS RC1C-E","2014-02-01","***",1.35816670014689,1.51066181782697,1.26495841044912,1.2799914761739,1.31276695067882]
["EMULSÕES ASF. MOD. POR POLÍMEROS RC1C-E","2014-03-01","***",1.30789374825453,1.42416903092372,1.2365484449166,1.26410229644874,1.29314546572642]
["EMULSÕES ASF. MOD. POR POLÍMEROS RC1C-E","2014-04-01","***",1.35100916769752,1.39136683138417,1.18594265082482,1.30380125824274,1.31797359529245]
["EMULSÕES ASF. MOD. POR POLÍMEROS RC1C-E","2014-05-01","***",1.34512438030022,1.38388003888034,1.24759267950693,1.3925420259611,1.3478947207454]
["EMULSÕES ASF. MOD. POR POLÍMEROS RC1C-E","2014-06-01","***",1.44577583244989,1.44436043488378,1.27035465039606,1.42616213549492,1.38010121167087]
["EMULSÕES ASF. MOD. POR POLÍMEROS RC1C-E","2014-07-01",1.43131814345992,1.40928814570755,1.4284587611149,1.27490593783948,1.39204413612962,1.3631387997118]
["EMULSÕES ASF. MOD. POR POLÍMEROS RC1C-E","2014-08-01",1.445872,1.34665247107296,1.41950946119298,1.2828450374476,1.38204445348599,1.34916506450572]
["EMULSÕES ASF. MOD. POR POLÍMEROS RC1C-E","2014-09-01",1.40506666666667,1.43095748472781,1.52970126233504,1.34519004844408,1.40858763958581,1.4251755133913]
["EMULSÕES ASF. MOD. POR POLÍMEROS RC1C-E","2014-10-01",1.43727176352705,1.36940412064102,1.42755635266623,1.23392951959108,1.35448672816661,1.34289696868082]
["EMULSÕES ASF. MOD. POR POLÍMEROS RC1C-E","2014-11-01",1.42484293818466,1.4517914383766,1.49359100909441,1.2407457438937,1.4153330790595,1.41487869062133]
["EMULSÕES ASF. MOD. POR POLÍMEROS RC1C-E","2014-12-01",1.54141157473421,1.43524968870928,1.52407129983459,1.37488143499755,1.46815368184433,1.45139221054245]
["EMULSÕES ASF. MOD. POR POLÍMEROS RC1C-E","2015-01-01",1.66407,1.74766900802016,1.95346446006075,1.69479615780987,1.72405004734813,1.76017581127053]
["EMULSÕES ASF. MOD. POR POLÍMEROS RC1C-E","2015-02-01",2.61246,1.55259352377135,1.99650358073792,1.47641415529686,1.73954930492107,1.70583446872251]
["EMULSÕES ASF. MOD. POR POLÍMEROS RC1C-E","2015-03-01",2.36525009585253,1.52100531286717,1.98568474291822,1.38585659324937,1.62231084228141,1.7150667962789]
["EMULSÕES ASF. MOD. POR POLÍMEROS RC1C-E","2015-04-01",2.07537,1.36883070122185,1.89406142363178,1.36594992202729,1.59988600782724,1.58571093533628]
["EMULSÕES ASF. MOD. POR POLÍMEROS RC1C-E","2015-05-01","***",1.43574389437544,1.6709046347807,1.34939914901185,1.63624123734445,1.48279887456451]
["EMULSÕES ASF. MOD. POR POLÍMEROS RC1C-E","2015-06-01","***",1.36578072105325,1.69818340632048,1.3989288537307,1.60595905192883,1.50381100411693]
["EMULSÕES ASF. MOD. POR POLÍMEROS RC1C-E","2015-07-01",1.49769,1.39297322952376,1.67900186075613,1.34184246818144,1.55879857770974,1.45115622521057]
["EMULSÕES ASF. MOD. POR POLÍMEROS RC1C-E","2015-08-01",1.52042744825187,1.48896566437616,1.6824712031468,1.32876499302947,1.61637210536408,1.52081390123086]
["EMULSÕES ASF. MOD. POR POLÍMEROS RC1C-E","2015-09-01",1.6019,1.63411637544201,1.71666176435843,1.44195942248943,1.3044542894025,1.43921999921695]
["EMULSÕES ASF. MOD. POR POLÍMEROS RC1C-E","2015-10-01","***",1.7773064574534,2.14240400013459,1.42954095854018,1.40170765346382,1.48689511530008]
["EMULSÕES ASF. MOD. POR POLÍMEROS RC1C-E","2015-11-01",1.7647,1.79290591158059,2.20651357851173,1.56096659800173,1.6712810007865,1.7161023512156]
["EMULSÕES ASF. MOD. POR POLÍMEROS RC1C-E","2015-12-01",1.7647,1.65466151130723,2.10559081302693,1.54223572163442,1.61668204377953,1.69714546614265]
["EMULSÕES ASF. MOD. POR POLÍMEROS RC1C-E","2016-01-01",2.99236630152518,1.78088306381018,1.8597592382496,1.52743899083981,1.81461208824956,1.81826565524406]
["EMULSÕES ASF. MOD. POR POLÍMEROS RC1C-E","2016-02-01",3.15199421952998,1.80724581975773,1.85857710726306,1.56839041123178,1.85628014493476,1.85012298114625]
["EMULSÕES ASF. MOD. POR POLÍMEROS RC1C-E","2016-03-01",3.28706072800709,1.66664472816205,1.84508216504303,1.556920140419,1.79387986650245,1.78739151174232]
["EMULSÕES ASF. MOD. POR POLÍMEROS RC1C-E","2016-04-01",3.43362,1.8097797060439,1.88866485363443,1.66509248684494,1.94266499340174,1.86900735619132]
["EMULSÕES ASF. MOD. POR POLÍMEROS RC1C-E","2016-05-01",2.61722,1.80951229726809,1.7957424536797,1.69981898180347,1.97440485831695,1.81822633235079]
["EMULSÕES ASF. MOD. POR POLÍMEROS RC1C-E","2016-06-01",2.77425,1.59310276470056,1.81623926987519,1.65747961730955,1.97644015792467,1.76346696500302]
["EMULSÕES ASF. MOD. POR POLÍMEROS RC1C-E","2016-07-01",2.77425,1.66038166900963,1.89799025387858,1.71041816749603,1.9516712463267,1.79438558710129]
["EMULSÕES ASF. MOD. POR POLÍMEROS RC1C-E","2016-08-01",2.77425,1.63010980568098,1.85404685735558,1.76578110346159,2.00647887131125,1.85179570952442]
["EMULSÕES ASF. MOD. POR POLÍMEROS RC1C-E","2016-09-01",2.90497,1.70150104559211,1.83907299711951,1.57949510892731,1.73592056772854,1.72443567513664]
["EMULSÕES ASF. MOD. POR POLÍMEROS RC1C-E","2016-10-01",2.90497,1.74386419442414,1.84751481340328,1.64675971176112,1.76501637526596,1.78907657857457]
["EMULSÕES ASF. MOD. POR POLÍMEROS RC1C-E","2016-11-01",2.6777598692755,1.6858481303812,1.84544903328738,1.57916527553482,1.7697974971269,1.73138825352707]
["EMULSÕES ASF. MOD. POR POLÍMEROS RC1C-E","2016-12-01",2.14793952969941,1.62259438158071,1.8404246841686,1.4753300640789,1.72725058555754,1.6482371352015]
["EMULSÕES ASF. MOD. POR POLÍMEROS RC1C-E","2017-01-01",2.46709713463943,1.68588278275001,1.74416837913108,1.476261732911,1.75148711806485,1.65875309172998]
["EMULSÕES ASF. MOD. POR POLÍMEROS RC1C-E","2017-02-01",2.45651324228028,1.63037203968203,1.77860309104753,1.44506940830108,1.72609763336205,1.6120705559221]
["EMULSÕES ASF. MOD. POR POLÍMEROS RC1C-E","2017-03-01",2.68266472248597,1.57257118909823,1.76097815112687,1.46816831322286,1.73693403773319,1.63246361901236]
["EMULSÕES ASF. MOD. POR POLÍMEROS RC1C-E","2017-04-01",2.47166150191571,1.52844013113365,1.83162585912914,1.47937443152526,1.79496928910994,1.65313947717513]
["EMULSÕES ASF. MOD. POR POLÍMEROS RC1C-E","2017-05-01",2.00955891482146,1.47735175639744,1.82671421304685,1.46853614775291,1.77696953525281,1.61357040459369]
["EMULSÕES ASF. MOD. POR POLÍMEROS RC1C-E","2017-06-01",1.81883280106066,1.46545758388589,1.67286756481966,1.45895219634074,1.7685894079076,1.59268671457661]
["EMULSÕES ASF. MOD. POR POLÍMEROS RC1C-E","2017-07-01",1.92678701701449,1.48899388267903,1.68006679873786,1.46243710571281,1.71469795979429,1.6168292986578]
["EMULSÕES ASF. MOD. POR POLÍMEROS RC1C-E","2017-08-01",1.81006177227492,1.47188518328297,1.70428578088628,1.44686129904071,1.74042700522459,1.60318799466335]
["EMULSÕES ASF. MOD. POR POLÍMEROS RC1C-E","2017-09-01",2.39250106776244,1.66345739377354,1.70040591807671,1.44690821927327,1.70356167066486,1.63214220437734]
["EMULSÕES ASF. MOD. POR POLÍMEROS RC1C-E","2017-10-01",2.38505073351042,1.71029449958372,1.63277677001689,1.43345098927722,1.75171742694838,1.66445493394689]
["EMULSÕES ASF. MOD. POR POLÍMEROS RC1C-E","2017-11-01",2.40272,1.82255639452772,1.73437416355143,1.51892486569335,1.74670603513801,1.68125963936273]
["EMULSÕES ASF. MOD. POR POLÍMEROS RC1C-E","2017-12-01","***",1.77696095394737,1.81918033437863,1.59283587456947,1.76505672026241,1.71026030318221]
["EMULSÕES ASF. MOD. POR POLÍMEROS RC1C-E","2018-01-01","***",1.82657242761895,1.85686678838048,1.59335042409556,1.86892037626758,1.72026584689503]
["EMULSÕES ASF. MOD. POR POLÍMEROS RC1C-E","2018-02-01","***",1.76138245645044,1.70308942457182,1.60701917725316,1.83690993046738,1.6962298570588]
["EMULSÕES ASF. MOD. POR POLÍMEROS RC1C-E","2018-03-01","***",1.65424757794472,1.81908988870265,1.61307933105589,1.8181949218303,1.69502127590799]
["EMULSÕES ASF. MOD. POR POLÍMEROS RC1C-E","2018-04-01","***",1.67754278745923,1.86681077830189,1.63677754181896,1.85253735520095,1.72679661444813]
["EMULSÕES ASF. MOD. POR POLÍMEROS RC1C-E","2018-05-01",2.29476,1.74775955765915,1.94978701174427,1.6731898783774,1.98030677125311,1.78626879329612]
["EMULSÕES ASF. MOD. POR POLÍMEROS RC1C-E","2018-06-01","***",1.79336724109665,2.04084676308284,1.70634016640712,1.98211305467331,1.86250422108813]
["EMULSÕES ASF. MOD. POR POLÍMEROS RC1C-E","2018-07-01",2.0163,1.88269450759785,2.1324877064786,1.89437618366366,2.06413783090659,2.01394233389506]
["EMULSÕES ASF. MOD. POR POLÍMEROS RC1C-E","2018-08-01",2.13301505821771,1.98662788088027,2.25092128782458,2.08224819232436,2.14885829482031,2.14450356043515]
["EMULSÕES ASF. MOD. POR POLÍMEROS RC1C-E","2018-09-01",2.13885167654235,2.0753034745184,2.21860590824306,2.19622549301787,2.17422922319472,2.17406410143635]
["EMULSÕES ASF. MOD. POR POLÍMEROS RC1C-E","2018-10-01",2.40919157925197,2.10576883888452,1.97532175678378,2.18328131869447,2.14844092064791,2.09649090428711]
["EMULSÕES ASF. MOD. POR POLÍMEROS RC1C-E","2018-11-01",2.56528206112853,2.36935501657543,2.59057535462329,2.29622424725667,2.31404274729066,2.40290022065369]
["EMULSÕES ASF. MOD. POR POLÍMEROS RC1C-E","2018-12-01",2.34934,2.30186605907986,2.31760815498205,2.33078205010278,2.39127585326678,2.33437968618139]
["EMULSÕES ASF. MOD. POR POLÍMEROS RC1C-E","2019-01-01",2.33125,2.42287690787771,2.66172629104946,2.26983755130559,2.3569698319081,2.44548076613747]
["EMULSÕES ASF. MOD. POR POLÍMEROS RC1C-E","2019-02-01","***",2.45526513224264,2.64863370567618,2.65218401755676,2.36812022291933,2.52824715930175]
["EMULSÕES ASF. MOD. POR POLÍMEROS RC1C-E","2019-03-01","***",2.41945939025459,2.82881401642843,2.50145758223346,2.39437844613454,2.54061407605488]
["EMULSÕES ASF. MOD. POR POLÍMEROS RC1C-E","2019-04-01","***",2.44523113852737,2.8108165135231,2.4641380597655,2.49767474336756,2.57977903178987]
["EMULSÕES ASF. MOD. POR POLÍMEROS RC1C-E","2019-05-01","***",2.4267955912537,2.64689664666714,2.50455403127179,2.4780850342872,2.53805247079692]
["EMULSÕES ASF. MOD. POR POLÍMEROS RC1C-E","2019-06-01",2.95012575830195,2.4976600804694,2.5252649626876,2.51740906708871,2.53322891667067,2.5270382433856]
["EMULSÕES ASF. MOD. POR POLÍMEROS RC1C-E","2019-07-01",2.33745673106061,2.4251416301237,2.60358488294423,2.35287726753376,2.5200139926034,2.47578545375279]
["EMULSÕES ASF. MOD. POR POLÍMEROS RC1C-E","2019-08-01",2.09942078717286,2.35214098304246,2.58341521018136,2.26682671000274,2.4340697918652,2.35156628686254]
["EMULSÕES ASF. MOD. POR POLÍMEROS RC1C-E","2019-09-01",2.10488971741119,2.29444938876432,2.66705964716402,2.24934923027945,2.39890682170234,2.35591367584162]
["EMULSÕES ASF. MOD. POR POLÍMEROS RC1C-E","2019-10-01",2.38794824249897,2.26913921580495,2.68435785108412,2.31233204372774,2.41416476639655,2.40217832566855]
["EMULSÕES ASF. MOD. POR POLÍMEROS RC1C-E","2019-11-01",3.29430416677709,2.39009359377915,2.57863858175915,2.29237132396807,2.4344270528951,2.41308377466634]
["EMULSÕES ASF. MOD. POR POLÍMEROS RC1C-E","2019-12-01",2.20236,2.33452128402729,2.63297101913171,2.34930177354837,2.464066653651,2.41390180352727]
["EMULSÕES ASF. MOD. POR POLÍMEROS RC1C-E","2020-01-01",3.674,2.21816050961061,2.60173928321083,2.25897912864682,2.46777434735433,2.34640032225528]
["EMULSÕES ASF. MOD. POR POLÍMEROS RC1C-E","2020-02-01","***",2.28617596176368,2.54204644686957,2.1435248713043,2.39722440004108,2.28021861228569]
["EMULSÕES ASF. MOD. POR POLÍMEROS RC1C-E","2020-03-01","***",2.42402419533111,2.4255268840103,2.16330138037068,2.30343022047994,2.2867149240879]
["EMULSÕES ASF. MOD. POR POLÍMEROS RC1C-E","2020-04-01","***",2.11247495997139,2.36083612418948,2.2124679166864,2.32882156781001,2.268772719014]
["EMULSÕES ASF. MOD. POR POLÍMEROS RC1C-E","2020-05-01","***",2.23715422877332,2.02405883913518,2.22466490096649,2.34693791151611,2.23075200579855]
["EMULSÕES ASF. MOD. POR POLÍMEROS RC1C-E","2020-06-01",2.19842,2.12331196858737,2.28592825127399,2.23851653039979,2.1942374247471,2.21784670820751]
["EMULSÕES ASF. MOD. POR POLÍMEROS RC1C-E","2020-07-01",2.11413028700198,2.16961063499949,2.34158927620847,2.20598547817642,2.32318238493484,2.24821382911154]
["EMULSÕES ASF. MOD. POR POLÍMEROS RC1C-E","2020-08-01",2.09305284569817,2.31372484463388,2.50842676843679,2.28707910105836,2.42873164842833,2.35561938777739]
["EMULSÕES ASF. MOD. POR POLÍMEROS RC1C-E","2020-09-01",2.15364715476293,2.29676061267913,2.52139406886872,2.27443665927626,2.41821445550353,2.35268037257435]
["EMULSÕES ASF. MOD. POR POLÍMEROS RC1C-E","2020-10-01",2.33807011041861,2.28123096243742,2.6107033606455,2.30240632696423,2.44276512437239,2.4126324285933]
["EMULSÕES ASF. MOD. POR POLÍMEROS RC1C-E","2020-11-01",2.47226272994169,2.47735904574141,2.77456134796263,2.40028788924068,2.52890774924488,2.50542772442875]
["EMULSÕES ASF. MOD. POR POLÍMEROS RC1C-E","2020-12-01",2.41397461368199,2.45819901130823,2.68601237339521,2.39850083305836,2.60641859182955,2.5227810713094]
["EMULSÕES ASF. MOD. POR POLÍMEROS RC1C-E","2021-01-01",2.35117525840357,2.45414779412735,2.8905167226183,2.46748056519924,2.59917883849983,2.54052416408641]
["EMULSÕES ASF. MOD. POR POLÍMEROS RC1C-E","2021-02-01",2.52845023800234,2.55979747887363,2.8684150537034,2.61521673824707,2.70560783503861,2.66229122962138]
["EMULSÕES ASF. MOD. POR POLÍMEROS RC1C-E","2021-03-01",2.52132,2.5618016569366,2.96920935178908,2.60540785072186,2.68527752591118,2.65439620495365]
["EMULSÕES ASF. MOD. POR POLÍMEROS RC1C-E","2021-04-01","***",2.64021899403911,2.76418885269965,2.56558786958984,2.75055243245114,2.6738766405885]
["EMULSÕES ASF. MOD. POR POLÍMEROS RC1C-E","2021-05-01",4.0622,3.02812945779359,3.06197461229162,3.07603133506277,3.24039220465833,3.12759867875588]
["EMULSÕES ASF. MOD. POR POLÍMEROS RC1C-E","2021-06-01",3.20187749774949,3.27174186727273,3.0668103470024,3.0542375067647,3.10878136219848,3.08519011920791]
["EMULSÕES ASF. MOD. POR POLÍMEROS RC1C-E","2021-07-01",3.04595083172061,3.11943373276676,3.21141843621958,3.10012806979751,3.06402526431173,3.12997473157239]
["EMULSÕES ASF. MOD. POR POLÍMEROS RC1C-E","2021-08-01",3.21732891232881,3.10878598342437,3.49713626639536,3.32628764505527,3.13780067208642,3.32017997578494]
["EMULSÕES ASF. MOD. POR POLÍMEROS RC1C-E","2021-09-01",3.03145768179484,3.20607532321806,3.50598660134038,3.39694437370339,3.21530246293634,3.32317916854903]
["EMULSÕES ASF. MOD. POR POLÍMEROS RC1C-E","2021-10-01",3.08566502381634,3.21898188224891,3.45917036302636,3.29427832574523,3.333994979263,3.29740854650093]
["EMULSÕES ASF. MOD. POR POLÍMEROS RC1C-E","2021-11-01",3.02886675800444,3.39415558405906,3.69290493861693,3.59490884804607,3.55705741443512,3.50537608299817]
["EMULSÕES ASF. MOD. POR POLÍMEROS RC1C-E","2021-12-01",3.36222285158364,3.39618724896612,3.77309947230456,3.61221709586862,3.81329315007286,3.54827976617893]
["EMULSÕES ASF. MOD. POR POLÍMEROS RC1C-E","2022-01-01",3.45066900593565,3.47022436850781,3.8188361118939,3.56821816868346,3.74563077546276,3.59706303152717]
["EMULSÕES ASF. MOD. POR POLÍMEROS RC1C-E","2022-02-01",3.43032,3.68641391042119,4.08326284243189,3.88341232085419,3.79919911853428,3.81130285146854]
["EMULSÕES ASF. MOD. POR POLÍMEROS RC1C-E","2022-03-01",3.95763725763394,3.67594780782038,4.00539142663913,3.83565680918558,3.90549635982358,3.83930601759026]
["EMULSÕES ASF. MOD. POR POLÍMEROS RC1C-E","2022-04-01",3.64815220420737,3.81962091642065,4.25703376792863,4.0358776958833,4.18422584130419,4.03354014689793]
["EMULSÕES ASF. MOD. POR POLÍMEROS RC1C-E","2022-05-01",3.7789313609526,4.05660692754852,4.14921630538488,3.83178789173911,3.90770194928981,3.9754420829226]
["EMULSÕES ASF. MOD. POR POLÍMEROS RC1C-E","2022-06-01",3.74208970768661,3.84827840875944,4.08917283665534,3.81187704498155,4.06546215992642,3.95377250733916]
["EMULSÕES ASF. MOD. POR POLÍMEROS RC1C-E","2022-07-01",3.79139763825558,3.96420355466608,4.16696078305023,3.85914067340331,3.969597803604,4.0002217812824]
["EMULSÕES ASF. MOD. POR POLÍMEROS RC1C-E","2022-08-01",3.6861991186156,4.10202598527447,4.11556527602143,3.77267280991498,3.92379243683127,3.98148169525371]
["EMULSÕES ASF. MOD. POR POLÍMEROS RC1C-E","2022-09-01",3.55842689744664,4.22605923331285,3.95671162461686,3.68066768785226,3.85512097859881,3.8837379896514]
["EMULSÕES ASF. MOD. POR POLÍMEROS RC1C-E","2022-10-01",3.56224629572377,3.80605403683008,3.60906613230105,3.4834645992113,3.77595496134045,3.60876969787591]
["EMULSÕES ASF. MOD. POR POLÍMEROS RC1C-E","2022-11-01",3.65954938719343,4.04860584362445,3.91600635117696,3.50163854925118,3.6481102649496,3.78921407474572]
["EMULSÕES ASF. MOD. POR POLÍMEROS RC1C-E","2022-12-01",3.50693357963536,4.00455377025343,3.85052992769993,3.47502597964041,3.61804032024158,3.76055200423537]
["EMULSÕES ASF. MOD. POR POLÍMEROS RC1C-E","2023-01-01",3.47361747969004,3.49981880856101,3.58301102960859,3.3157932760782,3.53282301151604,3.45016892384612]
["EMULSÕES ASF. MOD. POR POLÍMEROS RC1C-E","2023-02-01",3.48130482837918,3.43579825939945,3.77791104934212,3.25783363260773,3.32403512394095,3.47288695897658]
["EMULSÕES ASF. MOD. POR POLÍMEROS RC1C-E","2023-03-01",4.2333559605323,3.36128503457051,3.67575274039775,3.24089968775441,3.07817731325233,3.36870892683888]
["EMULSÕES ASF. MOD. POR POLÍMEROS RC1C-E","2023-04-01",3.12568583141963,3.21736790816711,3.55642432641375,3.27398297018175,3.21337096137979,3.33346625496691]
["EMULSÕES ASF. MOD. POR POLÍMEROS RC1C-E","2023-05-01",2.95589899935921,3.29871281040217,3.48516414393893,3.27537178779074,3.13594993594739,3.31627090692798]
["EMULSÕES ASF. MOD. POR POLÍMEROS RC1C-E","2023-06-01",2.90361409189707,3.24540311316721,3.33020206890908,3.11180545748502,3.07314019813734,3.20399139103687]
["EMULSÕES ASF. MOD. POR POLÍMEROS RC1C-E","2023-07-01",3.09610288465954,3.40586329270153,3.42942102082719,3.01433525340698,3.10288229522974,3.29338315477838]
["EMULSÕES ASF. MOD. POR POLÍMEROS RC1C-E","2023-08-01",2.99205214955764,3.31657031713598,3.4754428670195,3.06649804552499,3.09372706681371,3.2870146874295]
["EMULSÕES ASF. MOD. POR POLÍMEROS RC1C-E","2023-09-01",3.49225997958103,3.50275496810212,3.60234844547687,3.20482413365991,3.26427155749998,3.44778964367058]
["EMULSÕES ASF. MOD. POR POLÍMEROS RC1C-E","2023-10-01",3.49182510263701,3.47588758184119,3.50944148705266,3.17776689498281,3.18118887156903,3.39036384070889]
["EMULSÕES ASF. MOD. POR POLÍMEROS RC1C-E","2023-11-01",3.63780743068166,3.53409466301895,3.70652241356868,3.29589615895864,3.22369862648871,3.50173591004545]
["EMULSÕES ASF. MOD. POR POLÍMEROS RC1C-E","2023-12-01",3.38412846620895,3.41365894298026,3.62261801465576,3.22514092990247,3.2459044920563,3.39528099588569]
["EMULSÕES ASF. MOD. POR POLÍMEROS RC1C-E","2024-01-01",3.29548000206484,3.34421078079411,3.60791015730972,3.07381613671208,3.22908967070881,3.30240977216375]
["EMULSÕES ASF. MOD. POR POLÍMEROS RC1C-E","2024-02-01",3.13011,3.29962510277688,3.40715221967703,2.97590342878473,3.24888105894238,3.23273653093313]
["EMULSÕES ASF. MOD. POR POLÍMEROS RC1C-E","2024-03-01",2.93634607565296,3.20173365670564,3.42122945373724,3.05014592788245,3.27374351953504,3.23558272244808]
["EMULSÕES ASF. MOD. POR POLÍMEROS RC1C-E","2024-04-01",2.94891937008047,3.29974662495881,3.47989077964775,3.04542519755162,3.29258908685773,3.30434869192723]
["EMULSÕES ASF. MOD. POR POLÍMEROS RC1C-E","2024-05-01",3.13471594454342,3.23967040995231,3.54932138017042,3.19912865067556,3.32685552460041,3.33500132179341]
["EMULSÕES ASF. MOD. POR POLÍMEROS RC1C-E","2024-06-01",3.20584568447883,3.19601581015257,3.48577209355875,3.05865639042738,3.31639289640198,3.27344778669745]
["EMULSÕES ASF. MOD. POR POLÍMEROS RC1C-E","2024-07-01",3.41460569235556,3.4977969409362,3.72262514745896,3.15269031336559,3.41134213678724,3.46974802010615]
["EMULSÕES ASF. MOD. POR POLÍMEROS RC1C-E","2024-08-01",3.5612653175199,3.69853046161642,3.76770876914518,3.39048948422909,3.64803819074823,3.64165632669848]
["EMULSÕES ASF. MOD. POR POLÍMEROS RL1C-E","2009-12-01","***",1.02372,1.53202879700688,1.07258527228208,1.18734412933373,1.18840024433809]
["EMULSÕES ASF. MOD. POR POLÍMEROS RL1C-E","2010-01-01","***",1.05856433806985,1.48335954265611,1.17665077360607,1.20985155721055,1.14020302268867]
["EMULSÕES ASF. MOD. POR POLÍMEROS RL1C-E","2010-02-01","***",1.06011115507641,1.42534303981325,1.2112,1.20878747059735,1.17478440919259]
["EMULSÕES ASF. MOD. POR POLÍMEROS RL1C-E","2010-03-01","***",1.07423766468101,1.36958065070455,"***",1.17885794195972,1.1462039723039]
["EMULSÕES ASF. MOD. POR POLÍMEROS RL1C-E","2010-04-01","***",1.03176131081663,1.27386154720134,"***",1.19918736935819,1.14102363418515]
["EMULSÕES ASF. MOD. POR POLÍMEROS RL1C-E","2010-05-01","***",1.02493044551243,1.31600935152838,"***",1.20810292457739,1.165757941586]
["EMULSÕES ASF. MOD. POR POLÍMEROS RL1C-E","2010-06-01","***",1.06310433472988,1.26784035831064,0.853319389032952,1.18154741952246,1.16926509348378]
["EMULSÕES ASF. MOD. POR POLÍMEROS RL1C-E","2010-07-01","***",1.03014124537514,1.33962180824177,0.881338982637989,1.13483309341976,1.08753193041937]
["EMULSÕES ASF. MOD. POR POLÍMEROS RL1C-E","2010-08-01","***",1.00084331185812,1.25323885584698,0.893679086117781,1.13603076439135,1.10208518630581]
["EMULSÕES ASF. MOD. POR POLÍMEROS RL1C-E","2010-09-01","***",1.02448110045457,1.21915671720932,0.916002065811399,1.15328133968882,1.0868293583499]
["EMULSÕES ASF. MOD. POR POLÍMEROS RL1C-E","2010-10-01","***",0.999103814748414,1.25342873781041,0.918207938444925,1.13739392899826,1.10157617919352]
["EMULSÕES ASF. MOD. POR POLÍMEROS RL1C-E","2010-11-01","***",0.998852573570778,1.31230217576228,0.941027625947187,1.09963799419878,1.08793065591971]
["EMULSÕES ASF. MOD. POR POLÍMEROS RL1C-E","2010-12-01","***",1.02313967513398,1.30052022630193,0.910442592824445,1.12768975608433,1.11981076337906]
["EMULSÕES ASF. MOD. POR POLÍMEROS RL1C-E","2011-01-01","***",1.06846,1.2599507571965,0.915783081827843,1.08763444154505,1.08291092227561]
["EMULSÕES ASF. MOD. POR POLÍMEROS RL1C-E","2011-02-01","***",1.04683883590308,1.27891255451713,1.1174,1.08679350459164,1.10150046394676]
["EMULSÕES ASF. MOD. POR POLÍMEROS RL1C-E","2011-03-01","***",1.04601360325357,1.19347487855545,0.99345,1.08158509197917,1.07787457508507]
["EMULSÕES ASF. MOD. POR POLÍMEROS RL1C-E","2011-04-01","***",0.95189,1.16507158502565,0.8934,1.06026317041604,1.07597059662814]
["EMULSÕES ASF. MOD. POR POLÍMEROS RL1C-E","2011-05-01","***",1.02355,1.16605635132695,1.0631,1.09033366092263,1.10913736038115]
["EMULSÕES ASF. MOD. POR POLÍMEROS RL1C-E","2011-06-01","***",1.00377289232968,1.13942556846094,1.061,1.09934443974017,1.08799291388611]
["EMULSÕES ASF. MOD. POR POLÍMEROS RL1C-E","2011-07-01","***",0.985710221660292,1.09007422398808,1.07125911274539,1.10182553261897,1.05904637892614]
["EMULSÕES ASF. MOD. POR POLÍMEROS RL1C-E","2011-08-01","***",0.947317564544266,1.17469025399079,0.9868039350741,1.0721306054655,1.05982819220721]
["EMULSÕES ASF. MOD. POR POLÍMEROS RL1C-E","2011-09-01","***","***",1.11943947298185,1.04554056892779,1.10816434480589,1.10829159715655]
["EMULSÕES ASF. MOD. POR POLÍMEROS RL1C-E","2011-10-01","***",0.912614161140116,1.08694315893563,0.870434940700538,1.10258058031261,1.06906167484043]
["EMULSÕES ASF. MOD. POR POLÍMEROS RL1C-E","2011-11-01","***",0.963071103286385,1.09569910980624,0.827380932281153,1.13490482878934,1.08832049265173]
["EMULSÕES ASF. MOD. POR POLÍMEROS RL1C-E","2011-12-01","***",0.873792497169584,1.09670031353882,1.04333584863257,1.15886177849863,1.10923141946559]
["EMULSÕES ASF. MOD. POR POLÍMEROS RL1C-E","2012-01-01","***","***",1.08777384102279,1.04618839590444,1.08584842494562,1.07627433910864]
["EMULSÕES ASF. MOD. POR POLÍMEROS RL1C-E","2012-02-01","***","***",1.18364330617787,"***",1.070906533489,1.08364471215434]
["EMULSÕES ASF. MOD. POR POLÍMEROS RL1C-E","2012-03-01","***","***",1.08428804030155,"***",1.10598141270474,1.09869704131771]
["EMULSÕES ASF. MOD. POR POLÍMEROS RL1C-E","2012-04-01","***","***",1.10954092323817,"***",1.18912025976752,1.13235326028731]
["EMULSÕES ASF. MOD. POR POLÍMEROS RL1C-E","2012-05-01","***",0.94465,1.09851390768639,1.0165,1.16731812240933,1.10636626812902]
["EMULSÕES ASF. MOD. POR POLÍMEROS RL1C-E","2012-06-01","***",0.961631945017182,1.16105793146458,1.0449486045869,1.13517758658426,1.1495860253379]
["EMULSÕES ASF. MOD. POR POLÍMEROS RL1C-E","2012-07-01","***",0.95782,1.20186631720652,1.05078066410538,1.0943033887454,1.17747843535437]
["EMULSÕES ASF. MOD. POR POLÍMEROS RL1C-E","2012-08-01","***","***",1.2327306087545,0.9999,1.13691507817559,1.21083986631467]
["EMULSÕES ASF. MOD. POR POLÍMEROS RL1C-E","2012-09-01","***",1.06264,1.24210901506649,1.06134841350096,1.13718576429012,1.2218442919202]
["EMULSÕES ASF. MOD. POR POLÍMEROS RL1C-E","2012-10-01","***",1.06264,1.23568095221882,1.02083711233119,1.14673942871428,1.18518694672476]
["EMULSÕES ASF. MOD. POR POLÍMEROS RL1C-E","2012-11-01","***","***",1.25161651784923,1.03938331429399,1.17763424987995,1.15573267567824]
["EMULSÕES ASF. MOD. POR POLÍMEROS RL1C-E","2012-12-01","***","***",1.26080665005125,0.927645032974428,1.1125656335509,1.07066524429401]
["EMULSÕES ASF. MOD. POR POLÍMEROS RL1C-E","2013-01-01","***",0.91137,1.1786,0.99686,1.15805274188647,1.09044609557522]
["EMULSÕES ASF. MOD. POR POLÍMEROS RL1C-E","2013-02-01","***","***",1.08151613315284,1.10085904551051,1.1231977079541,1.10502516235626]
["EMULSÕES ASF. MOD. POR POLÍMEROS RL1C-E","2013-03-01","***",0.91446,1.00620908098065,1.08684896313199,1.15399985412655,1.0661443555257]
["EMULSÕES ASF. MOD. POR POLÍMEROS RL1C-E","2013-04-01","***",0.914462004069176,1.1475921826932,1.06400572837299,1.23292324923044,1.12373083091149]
["EMULSÕES ASF. MOD. POR POLÍMEROS RL1C-E","2013-05-01","***",1.05153,1.18473727463659,1.06857266442988,1.34288197711327,1.14709551838678]
["EMULSÕES ASF. MOD. POR POLÍMEROS RL1C-E","2013-06-01","***","***",1.18451575300541,1.1283487636985,1.29492310387865,1.16567553043003]
["EMULSÕES ASF. MOD. POR POLÍMEROS RL1C-E","2013-07-01","***",0.996,1.19753794375204,1.12380053127929,1.22413937493687,1.16280619491694]
["EMULSÕES ASF. MOD. POR POLÍMEROS RL1C-E","2013-08-01","***",0.996025080294685,1.24941246994454,1.13812021248251,1.31140371070456,1.20089065089385]
["EMULSÕES ASF. MOD. POR POLÍMEROS RL1C-E","2013-09-01","***",1.13123231702832,1.25206341548159,1.18538455570461,1.35304437193919,1.23455064731136]
["EMULSÕES ASF. MOD. POR POLÍMEROS RL1C-E","2013-10-01","***",1.11705767545994,1.19456345530638,1.12885641822354,1.39299162354818,1.19540862025236]
["EMULSÕES ASF. MOD. POR POLÍMEROS RL1C-E","2013-11-01","***",1.12945031237643,1.25197259510497,1.17196572419677,1.37266707393244,1.25415063206968]
["EMULSÕES ASF. MOD. POR POLÍMEROS RL1C-E","2013-12-01","***",1.12945,1.29899920063526,1.15737138840232,1.28797340918211,1.27549148452471]
["EMULSÕES ASF. MOD. POR POLÍMEROS RL1C-E","2014-01-01","***",1.14277,1.3723949379063,1.20650401796593,1.25606008936321,1.27968789953349]
["EMULSÕES ASF. MOD. POR POLÍMEROS RL1C-E","2014-02-01","***",1.1436,1.22997570859613,1.03731134720477,1.21042558848204,1.16266537220619]
["EMULSÕES ASF. MOD. POR POLÍMEROS RL1C-E","2014-03-01","***",1.0318791973792,1.23039932883523,0.885542237331878,1.22022211098083,1.11592925794139]
["EMULSÕES ASF. MOD. POR POLÍMEROS RL1C-E","2014-04-01","***",0.905856231197067,1.21497931141126,0.927041441317776,1.2350792663713,1.13594710719604]
["EMULSÕES ASF. MOD. POR POLÍMEROS RL1C-E","2014-05-01","***",1.25752268580477,1.26972506390299,1.11206628331891,1.23555719742027,1.24506862691688]
["EMULSÕES ASF. MOD. POR POLÍMEROS RL1C-E","2014-06-01","***",1.41827972600805,1.26734193029139,1.09248722675185,1.26617093472429,1.257600567608]
["EMULSÕES ASF. MOD. POR POLÍMEROS RL1C-E","2014-07-01",1.35519909090909,1.22116817454163,1.10322387596899,0.958835576248797,1.28049935406091,1.10868518907677]
["EMULSÕES ASF. MOD. POR POLÍMEROS RL1C-E","2014-08-01",1.57519,1.0261367597896,1.00149990506685,0.925556021099057,1.30606517039899,1.0159736662629]
["EMULSÕES ASF. MOD. POR POLÍMEROS RL1C-E","2014-09-01","***",1.23401961894586,1.26976946584893,0.930703522037779,1.29575787487346,1.25070849302765]
["EMULSÕES ASF. MOD. POR POLÍMEROS RL1C-E","2014-10-01",0.89762,1.13228579540203,1.13537041496362,0.986880679240187,1.22131535195009,1.1171651157108]
["EMULSÕES ASF. MOD. POR POLÍMEROS RL1C-E","2014-11-01",0.905254227568571,1.01020648009359,1.14368183411087,1.03475676792224,1.23729763971549,1.12275171234999]
["EMULSÕES ASF. MOD. POR POLÍMEROS RL1C-E","2014-12-01",0.99155,1.62385563641764,1.107951840852,1.31986772499216,1.38468248448937,1.16926898523785]
["EMULSÕES ASF. MOD. POR POLÍMEROS RL1C-E","2015-01-01","***",1.77830580418935,1.55619814555649,1.20302,1.24111632476579,1.5202013773124]
["EMULSÕES ASF. MOD. POR POLÍMEROS RL1C-E","2015-02-01","***",1.49,1.27772963077444,1.56364,1.50589531716595,1.37085030952104]
["EMULSÕES ASF. MOD. POR POLÍMEROS RL1C-E","2015-03-01","***",1.37090535762823,1.38924572470138,1.56853,1.31797092297262,1.36411314209016]
["EMULSÕES ASF. MOD. POR POLÍMEROS RL1C-E","2015-04-01","***",1.22347869895193,1.50864202507193,1.53612,1.42247020857229,1.40280493041073]
["EMULSÕES ASF. MOD. POR POLÍMEROS RL1C-E","2015-05-01","***",1.19593483776205,1.444248333801,1.48894995594249,1.40427372304854,1.42963513747245]
["EMULSÕES ASF. MOD. POR POLÍMEROS RL1C-E","2015-06-01","***","***",1.44364291144372,1.56526,1.27606370182718,1.38713282784892]
["EMULSÕES ASF. MOD. POR POLÍMEROS RL1C-E","2015-07-01","***",1.86,1.17675068543494,1.10297216882706,1.21868311373363,1.19262821964812]
["EMULSÕES ASF. MOD. POR POLÍMEROS RL1C-E","2015-08-01","***","***",1.50629502001983,1.2201866003106,1.39745258740559,1.47559432602019]
["EMULSÕES ASF. MOD. POR POLÍMEROS RL1C-E","2015-09-01",1.53809855642126,"***",1.49765239441692,1.28326472765771,1.33251033898305,1.4713935424109]
["EMULSÕES ASF. MOD. POR POLÍMEROS RL1C-E","2015-10-01",1.5396269727968,1.20508757616893,1.5299030718876,1.1300515825449,1.59692,1.43583913473954]
["EMULSÕES ASF. MOD. POR POLÍMEROS RL1C-E","2015-11-01",1.70207,1.78585957185746,1.80879359708831,1.61657128528078,1.67411,1.75310959330604]
["EMULSÕES ASF. MOD. POR POLÍMEROS RL1C-E","2015-12-01",1.78159842793384,"***",1.70826122942285,1.74004048435273,1.43546125310986,1.7101024379973]
["EMULSÕES ASF. MOD. POR POLÍMEROS RL1C-E","2016-01-01","***","***",1.74289768436644,1.27075416066482,1.46317441389653,1.46283785979241]
["EMULSÕES ASF. MOD. POR POLÍMEROS RL1C-E","2016-02-01",1.64945016949153,"***",1.58793402974534,1.6785759904249,1.62736180474067,1.61309668124111]
["EMULSÕES ASF. MOD. POR POLÍMEROS RL1C-E","2016-03-01",1.62854646203468,"***",1.71725456544276,1.54889843096234,1.35365,1.68786177356996]
["EMULSÕES ASF. MOD. POR POLÍMEROS RL1C-E","2016-04-01",1.67350150997151,2.37,1.95558949252067,"***",1.54168325401668,1.92025312531377]
["EMULSÕES ASF. MOD. POR POLÍMEROS RL1C-E","2016-05-01",1.69436736730361,"***",1.98666462484152,1.59203424337621,1.70016990907736,1.79260314826981]
["EMULSÕES ASF. MOD. POR POLÍMEROS RL1C-E","2016-06-01",1.64098449833912,"***",2.04895855140611,1.51880381587987,1.59189089277128,1.75690173171932]
["EMULSÕES ASF. MOD. POR POLÍMEROS RL1C-E","2016-07-01",1.64170526069296,"***",2.01335685015865,1.43980942060614,1.45579780950223,1.71238688840279]
["EMULSÕES ASF. MOD. POR POLÍMEROS RL1C-E","2016-08-01",1.68981234066147,"***",1.9006425267419,1.49489101021663,1.45605,1.78658103874027]
["EMULSÕES ASF. MOD. POR POLÍMEROS RL1C-E","2016-09-01",1.46652057853768,"***",1.76347908375969,1.4484578613047,1.371,1.6775573362279]
["EMULSÕES ASF. MOD. POR POLÍMEROS RL1C-E","2016-10-01",1.42183819018068,1.45,1.82140704175994,2.1332006929819,1.371,1.77924254506109]
["EMULSÕES ASF. MOD. POR POLÍMEROS RL1C-E","2016-11-01",1.43159491677241,"***",2.29057699099141,1.91882160832303,1.371,2.18802847457401]
["EMULSÕES ASF. MOD. POR POLÍMEROS RL1C-E","2016-12-01","***","***",2.121261932139,1.87624552147239,1.37097843145681,2.00585066863847]
["EMULSÕES ASF. MOD. POR POLÍMEROS RL1C-E","2017-01-01","***","***",2.3381669244239,1.94046029220779,1.37097,2.04451449838024]
["EMULSÕES ASF. MOD. POR POLÍMEROS RL1C-E","2017-02-01","***","***",2.08342668146125,2.21058110942656,1.37097,2.09840787360214]
["EMULSÕES ASF. MOD. POR POLÍMEROS RL1C-E","2017-03-01","***","***",2.25347336214095,2.25756639352387,1.37097,2.06080859087478]
["EMULSÕES ASF. MOD. POR POLÍMEROS RL1C-E","2017-04-01","***","***",2.42310831709942,2.04766816686723,1.36658,2.19814416154212]
["EMULSÕES ASF. MOD. POR POLÍMEROS RL1C-E","2017-05-01",1.36532,"***",2.1939963383485,2.16913810437846,1.36658,1.96303810674746]
["EMULSÕES ASF. MOD. POR POLÍMEROS RL1C-E","2017-06-01",1.37872722246951,"***",2.18126427380989,1.87350717613228,"***",2.02619255957167]
["EMULSÕES ASF. MOD. POR POLÍMEROS RL1C-E","2017-07-01",1.37233,"***",2.10247645685346,1.77972739816115,"***",2.05590844739493]
["EMULSÕES ASF. MOD. POR POLÍMEROS RL1C-E","2017-08-01","***","***",1.90423972073113,2.13844629534628,"***",1.90850977817605]
["EMULSÕES ASF. MOD. POR POLÍMEROS RL1C-E","2017-09-01",1.38057568696045,"***",2.06714214314966,2.0418639999782,"***",2.03764044856226]
["EMULSÕES ASF. MOD. POR POLÍMEROS RL1C-E","2017-10-01",1.41238874920365,"***",2.04089926674713,2.24841138146299,"***",2.06955924810673]
["EMULSÕES ASF. MOD. POR POLÍMEROS RL1C-E","2017-11-01",1.47127,1.55925,2.13383265461778,2.24707399290021,"***",2.10787303431871]
["EMULSÕES ASF. MOD. POR POLÍMEROS RL1C-E","2017-12-01",1.47127,1.55925,2.18983165198777,2.3804582183908,"***",2.12800980102947]
["EMULSÕES ASF. MOD. POR POLÍMEROS RL1C-E","2018-01-01","***","***",1.61456661494328,"***","***",1.61456661494328]
["EMULSÕES ASF. MOD. POR POLÍMEROS RL1C-E","2018-02-01","***","***",1.58727620627186,"***","***",1.58727620627186]
["EMULSÕES ASF. MOD. POR POLÍMEROS RL1C-E","2018-03-01","***","***",1.64762966092024,"***","***",1.64762966092024]
["EMULSÕES ASF. MOD. POR POLÍMEROS RL1C-E","2018-04-01","***","***",1.62524110062188,1.61806,"***",1.62468850830015]
["EMULSÕES ASF. MOD. POR POLÍMEROS RL1C-E","2018-05-01","***","***",1.58774896379801,"***","***",1.58774896379801]
["EMULSÕES ASF. MOD. POR POLÍMEROS RL1C-E","2018-06-01","***","***",1.83293033473745,"***","***",1.83293033473745]
["EMULSÕES ASF. MOD. POR POLÍMEROS RL1C-E","2018-07-01","***","***",1.90748023170014,2.30344,"***",1.94392394703436]
["EMULSÕES ASF. MOD. POR POLÍMEROS RL1C-E","2018-08-01",1.927,"***",2.03783988605939,"***","***",2.03585279595434]
["EMULSÕES ASF. MOD. POR POLÍMEROS RL1C-E","2018-09-01","***","***",2.18555272694081,"***","***",2.18555272694081]
["EMULSÕES ASF. MOD. POR POLÍMEROS RL1C-E","2018-10-01","***",1.98056,2.09376291329327,1.968,"***",2.08644722676435]
["EMULSÕES ASF. MOD. POR POLÍMEROS RL1C-E","2018-11-01","***",2.23256,2.35831924486459,2.1648,"***",2.33527124104876]
["EMULSÕES ASF. MOD. POR POLÍMEROS RL1C-E","2018-12-01","***",2.03,2.07155964989703,"***","***",2.05184677544077]
["EMULSÕES ASF. MOD. POR POLÍMEROS RL1C-E","2019-01-01","***",2.23256,2.36386575873588,"***","***",2.35051735821701]
["EMULSÕES ASF. MOD. POR POLÍMEROS RL1C-E","2019-02-01","***","***",2.51289298269508,"***",2.18248,2.51223252658511]
["EMULSÕES ASF. MOD. POR POLÍMEROS RL1C-E","2019-03-01","***","***",2.55256984183458,"***","***",2.55256984183458]
["EMULSÕES ASF. MOD. POR POLÍMEROS RL1C-E","2019-04-01","***","***",2.51900758485139,"***","***",2.51900758485139]
["EMULSÕES ASF. MOD. POR POLÍMEROS RL1C-E","2019-05-01","***","***",2.59475285663654,"***","***",2.59475285663654]
["EMULSÕES ASF. MOD. POR POLÍMEROS RL1C-E","2019-06-01","***","***",2.57568347783511,"***","***",2.57568347783511]
["EMULSÕES ASF. MOD. POR POLÍMEROS RL1C-E","2019-07-01","***","***",2.63390244802591,"***",3.60112,2.63646373169505]
["EMULSÕES ASF. MOD. POR POLÍMEROS RL1C-E","2019-08-01","***","***",2.45919633605556,"***","***",2.45919633605556]
["EMULSÕES ASF. MOD. POR POLÍMEROS RL1C-E","2019-09-01","***","***",2.60961390144291,"***","***",2.60961390144291]
["EMULSÕES ASF. MOD. POR POLÍMEROS RL1C-E","2019-10-01","***","***",2.58629279609945,1.92757159839986,"***",2.41615274550764]
["EMULSÕES ASF. MOD. POR POLÍMEROS RL1C-E","2019-11-01",2.05905,1.953,2.34417584626071,1.91057,"***",2.19840666842534]
["EMULSÕES ASF. MOD. POR POLÍMEROS RL1C-E","2019-12-01","***","***",2.3397363832377,1.91726,"***",2.26082075791855]
["EMULSÕES ASF. MOD. POR POLÍMEROS RL1C-E","2020-01-01","***","***",2.65401,2.1825,"***",2.51096145857643]
["EMULSÕES ASF. MOD. POR POLÍMEROS RL1C-E","2020-02-01","***","***","***","***","***","***"]
["EMULSÕES ASF. MOD. POR POLÍMEROS RL1C-E","2020-03-01","***","***",2.22987596936213,"***","***",2.22987596936213]
["EMULSÕES ASF. MOD. POR POLÍMEROS RL1C-E","2020-04-01","***","***",2.22859,"***","***",2.22859]
["EMULSÕES ASF. MOD. POR POLÍMEROS RL1C-E","2020-05-01","***","***",2.26175547143309,"***",3.60112,2.266442333345]
["EMULSÕES ASF. MOD. POR POLÍMEROS RL1C-E","2020-06-01","***","***",2.1753930715783,"***","***",2.1753930715783]
["EMULSÕES ASF. MOD. POR POLÍMEROS RL1C-E","2020-07-01","***",1.86295105937795,2.13249408388335,"***","***",2.06476574962897]
["EMULSÕES ASF. MOD. POR POLÍMEROS RL1C-E","2020-08-01",2.13283829014434,2.02770049354385,2.20731443644563,2.02171,"***",2.14053281691613]
["EMULSÕES ASF. MOD. POR POLÍMEROS RL1C-E","2020-09-01",2.15842969988644,2.01636907412394,2.19261451878081,2.02171,3.27375,2.11987934000059]
["EMULSÕES ASF. MOD. POR POLÍMEROS RL1C-E","2020-10-01",2.35676,1.96641,2.18525907645137,"***","***",2.1072666796296]
["EMULSÕES ASF. MOD. POR POLÍMEROS RL1C-E","2020-11-01",2.10659,2.03083851854008,2.27237469866352,"***","***",2.18867189179413]
["EMULSÕES ASF. MOD. POR POLÍMEROS RL1C-E","2020-12-01",2.10276,2.09979578940721,2.33402894436336,"***","***",2.17194042789704]
["EMULSÕES ASF. MOD. POR POLÍMEROS RL1C-E","2021-01-01","***",2.14252143320201,2.48503832281731,"***","***",2.22939997283013]
["EMULSÕES ASF. MOD. POR POLÍMEROS RL1C-E","2021-02-01","***",2.2131132812704,2.67525088303641,"***","***",2.29087744748333]
["EMULSÕES ASF. MOD. POR POLÍMEROS RL1C-E","2021-03-01","***",2.22660909444234,2.323701717229,"***",4.89244,2.25169481709228]
["EMULSÕES ASF. MOD. POR POLÍMEROS RL1C-E","2021-04-01","***",2.22263475349281,2.37748733879206,"***","***",2.28095588049434]
["EMULSÕES ASF. MOD. POR POLÍMEROS RL1C-E","2021-05-01","***",2.64081508675216,2.82012491831683,"***","***",2.77825040003794]
["EMULSÕES ASF. MOD. POR POLÍMEROS RL1C-E","2021-06-01",2.79410481268583,2.72198227760213,2.73033041155473,"***",5.87455,2.73255742749975]
["EMULSÕES ASF. MOD. POR POLÍMEROS RL1C-E","2021-07-01",2.60316182546145,2.74355162906231,2.87857551919513,"***",5.87456,2.86550683826757]
["EMULSÕES ASF. MOD. POR POLÍMEROS RL1C-E","2021-08-01","***",2.83098102508091,3.07693202403392,3.1687,"***",3.04526183571055]
["EMULSÕES ASF. MOD. POR POLÍMEROS RL1C-E","2021-09-01",2.78978,2.83098033725822,3.09505390959387,3.1687,"***",2.99711832653153]
["EMULSÕES ASF. MOD. POR POLÍMEROS RL1C-E","2021-10-01","***",2.83098113029548,2.9890402388489,"***","***",2.96428294432944]
["EMULSÕES ASF. MOD. POR POLÍMEROS RL1C-E","2021-11-01","***",3.02915,2.9934399988506,"***","***",2.99612378706312]
["EMULSÕES ASF. MOD. POR POLÍMEROS RL1C-E","2021-12-01",2.50285,3.02915,3.38856073445031,"***","***",3.29991441431061]
["EMULSÕES ASF. MOD. POR POLÍMEROS RL1C-E","2022-01-01","***","***",3.38381274937965,"***",3.34833,3.38380482696172]
["EMULSÕES ASF. MOD. POR POLÍMEROS RL1C-E","2022-02-01","***","***",4.0285234084761,"***","***",4.0285234084761]
["EMULSÕES ASF. MOD. POR POLÍMEROS RL1C-E","2022-03-01","***","***",3.74345269416672,"***","***",3.74345269416672]
["EMULSÕES ASF. MOD. POR POLÍMEROS RL1C-E","2022-04-01","***",3.38108,3.87673765800642,"***","***",3.84405138935019]
["EMULSÕES ASF. MOD. POR POLÍMEROS RL1C-E","2022-05-01","***","***",3.87691913581388,"***","***",3.87691913581388]
["EMULSÕES ASF. MOD. POR POLÍMEROS RL1C-E","2022-06-01","***","***",3.85265237532415,"***","***",3.85265237532415]
["EMULSÕES ASF. MOD. POR POLÍMEROS RL1C-E","2022-07-01","***",3.51294365267579,3.84240587421295,"***","***",3.69374158464732]
["EMULSÕES ASF. MOD. POR POLÍMEROS RL1C-E","2022-08-01","***",3.60544679849388,3.96194441820378,"***","***",3.82954252484279]
["EMULSÕES ASF. MOD. POR POLÍMEROS RL1C-E","2022-09-01","***",3.62462484943924,3.83627957157235,"***","***",3.7212228360998]
["EMULSÕES ASF. MOD. POR POLÍMEROS RL1C-E","2022-10-01","***",3.61255102542315,3.4370704019656,"***","***",3.51069909058498]
["EMULSÕES ASF. MOD. POR POLÍMEROS RL1C-E","2022-11-01","***",3.54313089857651,3.57525065888547,"***","***",3.56447887570353]
["EMULSÕES ASF. MOD. POR POLÍMEROS RL1C-E","2022-12-01","***",3.49797,3.57283484282221,"***","***",3.52510597801317]
["EMULSÕES ASF. MOD. POR POLÍMEROS RL1C-E","2023-01-01","***",3.43181995779478,"***","***","***",3.43181995779478]
["EMULSÕES ASF. MOD. POR POLÍMEROS RL1C-E","2023-02-01","***",3.41769,3.95121981318804,"***","***",3.88542577792942]
["EMULSÕES ASF. MOD. POR POLÍMEROS RL1C-E","2023-03-01","***","***",3.34655072357621,4.00888,"***",3.53036658516559]
["EMULSÕES ASF. MOD. POR POLÍMEROS RL1C-E","2023-04-01","***","***",3.62665827105704,4.16542967061924,"***",3.6557566996958]
["EMULSÕES ASF. MOD. POR POLÍMEROS RL1C-E","2023-05-01","***","***",3.78132047804616,4.15368,"***",3.79339571640627]
["EMULSÕES ASF. MOD. POR POLÍMEROS RL1C-E","2023-06-01","***","***",3.45355289611851,3.41828,"***",3.45350006272234]
["EMULSÕES ASF. MOD. POR POLÍMEROS RL1C-E","2023-07-01","***","***",3.49994702243838,4.08492307315532,"***",3.55041682661505]
["EMULSÕES ASF. MOD. POR POLÍMEROS RL1C-E","2023-08-01","***",3.21109837222661,3.52564393374038,"***","***",3.4538466390776]
["EMULSÕES ASF. MOD. POR POLÍMEROS RL1C-E","2023-09-01","***",3.45261594642003,3.49895816629972,4.18155796904914,"***",3.56136327907447]
["EMULSÕES ASF. MOD. POR POLÍMEROS RL1C-E","2023-10-01","***",3.12786,3.50442144326533,4.23762694299379,"***",3.7514319921826]
["EMULSÕES ASF. MOD. POR POLÍMEROS RL1C-E","2023-11-01","***",3.46728,3.36144918696332,4.36800250462297,"***",3.59261091924695]
["EMULSÕES ASF. MOD. POR POLÍMEROS RL1C-E","2023-12-01","***","***",2.83459067146737,4.37469007049345,"***",3.25571657074671]
["EMULSÕES ASF. MOD. POR POLÍMEROS RL1C-E","2024-01-01","***","***",3.78506,2.90242,"***",3.55982199170124]
["EMULSÕES ASF. MOD. POR POLÍMEROS RL1C-E","2024-02-01","***","***",3.49832408348881,4.50888,"***",3.51683243360806]
["EMULSÕES ASF. MOD. POR POLÍMEROS RL1C-E","2024-03-01",2.6892,"***",2.56027033511043,"***","***",2.59008140406347]
["EMULSÕES ASF. MOD. POR POLÍMEROS RL1C-E","2024-04-01",2.7951,"***",2.91541759121183,"***","***",2.91077564153679]
["EMULSÕES ASF. MOD. POR POLÍMEROS RL1C-E","2024-05-01","***","***",3.02942819971534,8.04749,"***",3.03742542956559]
["EMULSÕES ASF. MOD. POR POLÍMEROS RL1C-E","2024-06-01","***","***",2.73623791856197,"***","***",2.73623791856197]
["EMULSÕES ASF. MOD. POR POLÍMEROS RL1C-E","2024-07-01","***","***",3.15373628093598,"***","***",3.15373628093598]
["EMULSÕES ASF. MOD. POR POLÍMEROS RL1C-E","2024-08-01","***","***",3.3453005260023,"***","***",3.3453005260023]
["EMULSÕES ASF. MOD. POR POLÍMEROS RM1C-E","2009-12-01","***","***","***","***","***","***"]
["EMULSÕES ASF. MOD. POR POLÍMEROS RM1C-E","2010-01-01","***","***","***","***","***","***"]
["EMULSÕES ASF. MOD. POR POLÍMEROS RM1C-E","2010-02-01","***","***","***","***","***","***"]
["EMULSÕES ASF. MOD. POR POLÍMEROS RM1C-E","2010-03-01","***","***","***","***","***","***"]
["EMULSÕES ASF. MOD. POR POLÍMEROS RM1C-E","2010-04-01","***","***","***","***",0.98839,0.98839]
["EMULSÕES ASF. MOD. POR POLÍMEROS RM1C-E","2010-05-01","***","***","***","***",1.00019,1.00019]
["EMULSÕES ASF. MOD. POR POLÍMEROS RM1C-E","2010-06-01","***","***","***","***",1.0179,1.0179]
["EMULSÕES ASF. MOD. POR POLÍMEROS RM1C-E","2010-07-01","***","***","***","***",1.00525,1.00525]
["EMULSÕES ASF. MOD. POR POLÍMEROS RM1C-E","2010-08-01","***","***","***","***","***","***"]
["EMULSÕES ASF. MOD. POR POLÍMEROS RM1C-E","2010-09-01","***","***","***","***","***","***"]
["EMULSÕES ASF. MOD. POR POLÍMEROS RM1C-E","2010-10-01","***","***","***","***","***","***"]
["EMULSÕES ASF. MOD. POR POLÍMEROS RM1C-E","2010-11-01","***","***","***","***","***","***"]
["EMULSÕES ASF. MOD. POR POLÍMEROS RM1C-E","2010-12-01","***","***","***","***","***","***"]
["EMULSÕES ASF. MOD. POR POLÍMEROS RM1C-E","2011-01-01","***","***","***","***","***","***"]
["EMULSÕES ASF. MOD. POR POLÍMEROS RM1C-E","2011-02-01","***","***","***","***","***","***"]
["EMULSÕES ASF. MOD. POR POLÍMEROS RM1C-E","2011-03-01","***","***","***","***","***","***"]
["EMULSÕES ASF. MOD. POR POLÍMEROS RM1C-E","2011-04-01","***","***","***","***","***","***"]
["EMULSÕES ASF. MOD. POR POLÍMEROS RM1C-E","2011-05-01","***","***","***","***","***","***"]
["EMULSÕES ASF. MOD. POR POLÍMEROS RM1C-E","2011-06-01","***","***","***","***","***","***"]
["EMULSÕES ASF. MOD. POR POLÍMEROS RM1C-E","2011-07-01","***","***","***","***","***","***"]
["EMULSÕES ASF. MOD. POR POLÍMEROS RM1C-E","2011-08-01","***","***","***","***","***","***"]
["EMULSÕES ASF. MOD. POR POLÍMEROS RM1C-E","2011-09-01","***","***","***","***","***","***"]
["EMULSÕES ASF. MOD. POR POLÍMEROS RM1C-E","2011-10-01","***","***","***","***","***","***"]
["EMULSÕES ASF. MOD. POR POLÍMEROS RM1C-E","2011-11-01","***","***","***","***","***","***"]
["EMULSÕES ASF. MOD. POR POLÍMEROS RM1C-E","2011-12-01","***","***","***","***","***","***"]
["EMULSÕES ASF. MOD. POR POLÍMEROS RM1C-E","2012-01-01","***","***","***","***","***","***"]
["EMULSÕES ASF. MOD. POR POLÍMEROS RM1C-E","2012-02-01","***","***","***","***","***","***"]
["EMULSÕES ASF. MOD. POR POLÍMEROS RM1C-E","2012-03-01","***","***","***","***","***","***"]
["EMULSÕES ASF. MOD. POR POLÍMEROS RM1C-E","2012-04-01","***","***","***","***","***","***"]
["EMULSÕES ASF. MOD. POR POLÍMEROS RM1C-E","2012-05-01","***","***","***","***","***","***"]
["EMULSÕES ASF. MOD. POR POLÍMEROS RM1C-E","2012-06-01","***","***","***","***","***","***"]
["EMULSÕES ASF. MOD. POR POLÍMEROS RM1C-E","2012-07-01","***","***","***","***","***","***"]
["EMULSÕES ASF. MOD. POR POLÍMEROS RM1C-E","2012-08-01","***","***","***","***","***","***"]
["EMULSÕES ASF. MOD. POR POLÍMEROS RM1C-E","2012-09-01","***","***","***","***","***","***"]
["EMULSÕES ASF. MOD. POR POLÍMEROS RM1C-E","2012-10-01","***","***","***","***","***","***"]
["EMULSÕES ASF. MOD. POR POLÍMEROS RM1C-E","2012-11-01","***","***","***","***","***","***"]
["EMULSÕES ASF. MOD. POR POLÍMEROS RM1C-E","2012-12-01","***","***","***","***","***","***"]
["EMULSÕES ASF. MOD. POR POLÍMEROS RM1C-E","2013-01-01","***","***","***","***","***","***"]
["EMULSÕES ASF. MOD. POR POLÍMEROS RM1C-E","2013-02-01","***","***","***","***","***","***"]
["EMULSÕES ASF. MOD. POR POLÍMEROS RM1C-E","2013-03-01","***","***","***","***","***","***"]
["EMULSÕES ASF. MOD. POR POLÍMEROS RM1C-E","2013-04-01","***","***","***","***","***","***"]
["EMULSÕES ASF. MOD. POR POLÍMEROS RM1C-E","2013-05-01","***","***","***","***","***","***"]
["EMULSÕES ASF. MOD. POR POLÍMEROS RM1C-E","2013-06-01","***","***","***","***","***","***"]
["EMULSÕES ASF. MOD. POR POLÍMEROS RM1C-E","2013-07-01","***","***","***","***","***","***"]
["EMULSÕES ASF. MOD. POR POLÍMEROS RM1C-E","2013-08-01","***","***","***","***","***","***"]
["EMULSÕES ASF. MOD. POR POLÍMEROS RM1C-E","2013-09-01","***","***","***","***","***","***"]
["EMULSÕES ASF. MOD. POR POLÍMEROS RM1C-E","2013-10-01","***","***","***","***",1.672,1.672]
["EMULSÕES ASF. MOD. POR POLÍMEROS RM1C-E","2013-11-01","***","***","***","***","***","***"]
["EMULSÕES ASF. MOD. POR POLÍMEROS RM1C-E","2013-12-01","***","***","***","***","***","***"]
["EMULSÕES ASF. MOD. POR POLÍMEROS RM1C-E","2014-01-01","***","***","***","***","***","***"]
["EMULSÕES ASF. MOD. POR POLÍMEROS RM1C-E","2014-02-01","***","***","***","***","***","***"]
["EMULSÕES ASF. MOD. POR POLÍMEROS RM1C-E","2014-03-01","***","***","***","***","***","***"]
["EMULSÕES ASF. MOD. POR POLÍMEROS RM1C-E","2014-04-01","***","***","***","***","***","***"]
["EMULSÕES ASF. MOD. POR POLÍMEROS RM1C-E","2014-05-01","***","***","***","***","***","***"]
["EMULSÕES ASF. MOD. POR POLÍMEROS RM1C-E","2014-06-01","***","***","***","***","***","***"]
["EMULSÕES ASF. MOD. POR POLÍMEROS RM1C-E","2014-07-01","***","***","***","***","***","***"]
["EMULSÕES ASF. MOD. POR POLÍMEROS RM1C-E","2014-08-01","***","***",1.49131,"***","***",1.49131]
["EMULSÕES ASF. MOD. POR POLÍMEROS RM1C-E","2014-09-01","***","***","***","***","***","***"]
["EMULSÕES ASF. MOD. POR POLÍMEROS RM1C-E","2014-10-01","***","***","***","***","***","***"]
["EMULSÕES ASF. MOD. POR POLÍMEROS RM1C-E","2014-11-01","***","***","***","***","***","***"]
["EMULSÕES ASF. MOD. POR POLÍMEROS RM1C-E","2014-12-01","***","***","***","***","***","***"]
["EMULSÕES ASF. MOD. POR POLÍMEROS RM1C-E","2015-01-01","***","***","***","***","***","***"]
["EMULSÕES ASF. MOD. POR POLÍMEROS RM1C-E","2015-02-01","***","***","***","***","***","***"]
["EMULSÕES ASF. MOD. POR POLÍMEROS RM1C-E","2015-03-01","***","***","***","***","***","***"]
["EMULSÕES ASF. MOD. POR POLÍMEROS RM1C-E","2015-04-01","***","***","***","***","***","***"]
["EMULSÕES ASF. MOD. POR POLÍMEROS RM1C-E","2015-05-01","***","***","***","***","***","***"]
["EMULSÕES ASF. MOD. POR POLÍMEROS RM1C-E","2015-06-01","***","***","***","***","***","***"]
["EMULSÕES ASF. MOD. POR POLÍMEROS RM1C-E","2015-07-01","***","***","***",1.65802,"***",1.65802]
["EMULSÕES ASF. MOD. POR POLÍMEROS RM1C-E","2015-08-01","***","***","***","***","***","***"]
["EMULSÕES ASF. MOD. POR POLÍMEROS RM1C-E","2015-09-01","***","***","***","***","***","***"]
["EMULSÕES ASF. MOD. POR POLÍMEROS RM1C-E","2015-10-01","***","***","***","***","***","***"]
["EMULSÕES ASF. MOD. POR POLÍMEROS RM1C-E","2015-11-01","***","***","***","***","***","***"]
["EMULSÕES ASF. MOD. POR POLÍMEROS RM1C-E","2015-12-01","***","***","***",2.16264,"***",2.16264]
["EMULSÕES ASF. MOD. POR POLÍMEROS RM1C-E","2016-01-01","***","***","***",2.16264,"***",2.16264]
["EMULSÕES ASF. MOD. POR POLÍMEROS RM1C-E","2016-02-01","***","***","***","***","***","***"]
["EMULSÕES ASF. MOD. POR POLÍMEROS RM1C-E","2016-03-01","***","***","***","***","***","***"]
["EMULSÕES ASF. MOD. POR POLÍMEROS RM1C-E","2016-04-01","***","***","***","***","***","***"]
["EMULSÕES ASF. MOD. POR POLÍMEROS RM1C-E","2016-05-01","***","***","***","***","***","***"]
["EMULSÕES ASF. MOD. POR POLÍMEROS RM1C-E","2016-06-01","***","***","***","***","***","***"]
["EMULSÕES ASF. MOD. POR POLÍMEROS RM1C-E","2016-07-01","***","***","***","***","***","***"]
["EMULSÕES ASF. MOD. POR POLÍMEROS RM1C-E","2016-08-01","***","***","***","***","***","***"]
["EMULSÕES ASF. MOD. POR POLÍMEROS RM1C-E","2016-09-01","***","***","***","***","***","***"]
["EMULSÕES ASF. MOD. POR POLÍMEROS RM1C-E","2016-10-01","***","***","***","***","***","***"]
["EMULSÕES ASF. MOD. POR POLÍMEROS RM1C-E","2016-11-01","***","***","***","***","***","***"]
["EMULSÕES ASF. MOD. POR POLÍMEROS RM1C-E","2016-12-01","***","***","***",1.7302,"***",1.7302]
["EMULSÕES ASF. MOD. POR POLÍMEROS RM1C-E","2017-01-01","***","***","***","***","***","***"]
["EMULSÕES ASF. MOD. POR POLÍMEROS RM1C-E","2017-02-01","***","***","***",2.27077,"***",2.27077]
["EMULSÕES ASF. MOD. POR POLÍMEROS RM1C-E","2017-03-01","***","***","***","***","***","***"]
["EMULSÕES ASF. MOD. POR POLÍMEROS RM1C-E","2017-04-01","***","***","***","***","***","***"]
["EMULSÕES ASF. MOD. POR POLÍMEROS RM1C-E","2017-05-01","***","***","***","***","***","***"]
["EMULSÕES ASF. MOD. POR POLÍMEROS RM1C-E","2017-06-01","***","***","***","***","***","***"]
["EMULSÕES ASF. MOD. POR POLÍMEROS RM1C-E","2017-07-01","***","***","***","***","***","***"]
["EMULSÕES ASF. MOD. POR POLÍMEROS RM1C-E","2017-08-01","***","***","***","***","***","***"]
["EMULSÕES ASF. MOD. POR POLÍMEROS RM1C-E","2017-09-01","***","***","***","***","***","***"]
["EMULSÕES ASF. MOD. POR POLÍMEROS RM1C-E","2017-10-01","***","***","***","***","***","***"]
["EMULSÕES ASF. MOD. POR POLÍMEROS RM1C-E","2017-11-01","***","***","***","***","***","***"]
["EMULSÕES ASF. MOD. POR POLÍMEROS RM1C-E","2017-12-01","***","***","***","***","***","***"]
["EMULSÕES ASF. MOD. POR POLÍMEROS RM1C-E","2018-01-01","***","***","***","***","***","***"]
["EMULSÕES ASF. MOD. POR POLÍMEROS RM1C-E","2018-02-01","***","***","***","***","***","***"]
["EMULSÕES ASF. MOD. POR POLÍMEROS RM1C-E","2018-03-01","***","***","***","***","***","***"]
["EMULSÕES ASF. MOD. POR POLÍMEROS RM1C-E","2018-04-01","***","***","***","***","***","***"]
["EMULSÕES ASF. MOD. POR POLÍMEROS RM1C-E","2018-05-01","***","***","***","***","***","***"]
["EMULSÕES ASF. MOD. POR POLÍMEROS RM1C-E","2018-06-01","***","***","***","***","***","***"]
["EMULSÕES ASF. MOD. POR POLÍMEROS RM1C-E","2018-07-01","***","***","***","***","***","***"]
["EMULSÕES ASF. MOD. POR POLÍMEROS RM1C-E","2018-08-01","***","***","***","***","***","***"]
["EMULSÕES ASF. MOD. POR POLÍMEROS RM1C-E","2018-09-01","***","***","***","***","***","***"]
["EMULSÕES ASF. MOD. POR POLÍMEROS RM1C-E","2018-10-01","***","***","***","***","***","***"]
["EMULSÕES ASF. MOD. POR POLÍMEROS RM1C-E","2018-11-01","***","***","***","***","***","***"]
["EMULSÕES ASF. MOD. POR POLÍMEROS RM1C-E","2018-12-01","***","***","***","***","***","***"]
["EMULSÕES ASF. MOD. POR POLÍMEROS RM1C-E","2019-01-01","***","***","***","***","***","***"]
["EMULSÕES ASF. MOD. POR POLÍMEROS RM1C-E","2019-02-01","***","***","***","***","***","***"]
["EMULSÕES ASF. MOD. POR POLÍMEROS RM1C-E","2019-03-01","***","***","***","***","***","***"]
["EMULSÕES ASF. MOD. POR POLÍMEROS RM1C-E","2019-04-01","***","***","***","***","***","***"]
["EMULSÕES ASF. MOD. POR POLÍMEROS RM1C-E","2019-05-01","***","***","***","***","***","***"]
["EMULSÕES ASF. MOD. POR POLÍMEROS RM1C-E","2019-06-01","***","***","***","***","***","***"]
["EMULSÕES ASF. MOD. POR POLÍMEROS RM1C-E","2019-07-01","***","***","***","***","***","***"]
["EMULSÕES ASF. MOD. POR POLÍMEROS RM1C-E","2019-08-01","***","***","***","***","***","***"]
["EMULSÕES ASF. MOD. POR POLÍMEROS RM1C-E","2019-09-01","***","***","***","***","***","***"]
["EMULSÕES ASF. MOD. POR POLÍMEROS RM1C-E","2019-10-01","***","***","***","***","***","***"]
["EMULSÕES ASF. MOD. POR POLÍMEROS RM1C-E","2019-11-01","***","***","***","***","***","***"]
["EMULSÕES ASF. MOD. POR POLÍMEROS RM1C-E","2019-12-01","***","***","***","***","***","***"]
["EMULSÕES ASF. MOD. POR POLÍMEROS RM1C-E","2020-01-01","***","***","***","***","***","***"]
["EMULSÕES ASF. MOD. POR POLÍMEROS RM1C-E","2020-02-01","***","***","***","***","***","***"]
["EMULSÕES ASF. MOD. POR POLÍMEROS RM1C-E","2020-03-01","***","***","***","***","***","***"]
["EMULSÕES ASF. MOD. POR POLÍMEROS RM1C-E","2020-04-01","***","***","***","***","***","***"]
["EMULSÕES ASF. MOD. POR POLÍMEROS RM1C-E","2020-05-01","***","***","***","***","***","***"]
["EMULSÕES ASF. MOD. POR POLÍMEROS RM1C-E","2020-06-01","***","***","***","***","***","***"]
["EMULSÕES ASF. MOD. POR POLÍMEROS RM1C-E","2020-07-01","***","***","***","***","***","***"]
["EMULSÕES ASF. MOD. POR POLÍMEROS RM1C-E","2020-08-01","***","***","***","***","***","***"]
["EMULSÕES ASF. MOD. POR POLÍMEROS RM1C-E","2020-09-01","***","***","***","***","***","***"]
["EMULSÕES ASF. MOD. POR POLÍMEROS RM1C-E","2020-10-01","***","***","***","***","***","***"]
["EMULSÕES ASF. MOD. POR POLÍMEROS RM1C-E","2020-11-01","***","***","***","***","***","***"]
["EMULSÕES ASF. MOD. POR POLÍMEROS RM1C-E","2020-12-01","***","***","***","***","***","***"]
["EMULSÕES ASF. MOD. POR POLÍMEROS RM1C-E","2021-01-01","***","***","***","***","***","***"]
["EMULSÕES ASF. MOD. POR POLÍMEROS RM1C-E","2021-02-01","***","***","***","***","***","***"]
["EMULSÕES ASF. MOD. POR POLÍMEROS RM1C-E","2021-03-01","***","***","***","***","***","***"]
["EMULSÕES ASF. MOD. POR POLÍMEROS RM1C-E","2021-04-01","***","***","***","***","***","***"]
["EMULSÕES ASF. MOD. POR POLÍMEROS RM1C-E","2021-05-01","***","***","***","***","***","***"]
["EMULSÕES ASF. MOD. POR POLÍMEROS RM1C-E","2021-06-01","***","***","***","***","***","***"]
["EMULSÕES ASF. MOD. POR POLÍMEROS RM1C-E","2021-07-01","***","***","***","***","***","***"]
["EMULSÕES ASF. MOD. POR POLÍMEROS RM1C-E","2021-08-01","***","***","***","***","***","***"]
["EMULSÕES ASF. MOD. POR POLÍMEROS RM1C-E","2021-09-01","***","***","***","***","***","***"]
["EMULSÕES ASF. MOD. POR POLÍMEROS RM1C-E","2021-10-01","***","***","***","***","***","***"]
["EMULSÕES ASF. MOD. POR POLÍMEROS RM1C-E","2021-11-01","***","***","***","***","***","***"]
["EMULSÕES ASF. MOD. POR POLÍMEROS RM1C-E","2021-12-01","***","***","***","***","***","***"]
["EMULSÕES ASF. MOD. POR POLÍMEROS RM1C-E","2022-01-01","***","***","***","***","***","***"]
["EMULSÕES ASF. MOD. POR POLÍMEROS RM1C-E","2022-02-01","***","***","***","***","***","***"]
["EMULSÕES ASF. MOD. POR POLÍMEROS RM1C-E","2022-03-01","***","***","***","***","***","***"]
["EMULSÕES ASF. MOD. POR POLÍMEROS RM1C-E","2022-04-01","***","***","***","***","***","***"]
["EMULSÕES ASF. MOD. POR POLÍMEROS RM1C-E","2022-05-01","***","***","***","***","***","***"]
["EMULSÕES ASF. MOD. POR POLÍMEROS RM1C-E","2022-06-01","***","***","***","***","***","***"]
["EMULSÕES ASF. MOD. POR POLÍMEROS RM1C-E","2022-07-01","***","***","***","***","***","***"]
["EMULSÕES ASF. MOD. POR POLÍMEROS RM1C-E","2022-08-01","***","***","***","***","***","***"]
["EMULSÕES ASF. MOD. POR POLÍMEROS RM1C-E","2022-09-01","***","***","***","***","***","***"]
["EMULSÕES ASF. MOD. POR POLÍMEROS RM1C-E","2022-10-01","***","***","***","***","***","***"]
["EMULSÕES ASF. MOD. POR POLÍMEROS RM1C-E","2022-11-01","***","***","***","***","***","***"]
["EMULSÕES ASF. MOD. POR POLÍMEROS RM1C-E","2022-12-01","***","***","***","***","***","***"]
["EMULSÕES ASF. MOD. POR POLÍMEROS RM1C-E","2023-01-01","***","***","***","***","***","***"]
["EMULSÕES ASF. MOD. POR POLÍMEROS RM1C-E","2023-02-01","***","***","***","***","***","***"]
["EMULSÕES ASF. MOD. POR POLÍMEROS RM1C-E","2023-03-01","***","***","***","***","***","***"]
["EMULSÕES ASF. MOD. POR POLÍMEROS RM1C-E","2023-04-01","***","***","***","***","***","***"]
["EMULSÕES ASF. MOD. POR POLÍMEROS RM1C-E","2023-05-01","***","***","***","***","***","***"]
["EMULSÕES ASF. MOD. POR POLÍMEROS RM1C-E","2023-06-01","***","***","***","***","***","***"]
["EMULSÕES ASF. MOD. POR POLÍMEROS RM1C-E","2023-07-01","***","***","***","***","***","***"]
["EMULSÕES ASF. MOD. POR POLÍMEROS RM1C-E","2023-08-01","***","***","***","***","***","***"]
["EMULSÕES ASF. MOD. POR POLÍMEROS RM1C-E","2023-09-01","***","***","***","***","***","***"]
["EMULSÕES ASF. MOD. POR POLÍMEROS RM1C-E","2023-10-01","***","***","***","***","***","***"]
["EMULSÕES ASF. MOD. POR POLÍMEROS RM1C-E","2023-11-01","***","***","***","***","***","***"]
["EMULSÕES ASF. MOD. POR POLÍMEROS RM1C-E","2023-12-01","***","***","***","***","***","***"]
["EMULSÕES ASF. MOD. POR POLÍMEROS RM1C-E","2024-01-01","***","***","***","***","***","***"]
["EMULSÕES ASF. MOD. POR POLÍMEROS RM1C-E","2024-02-01","***","***","***","***","***","***"]
["EMULSÕES ASF. MOD. POR POLÍMEROS RM1C-E","2024-03-01","***","***","***","***","***","***"]
["EMULSÕES ASF. MOD. POR POLÍMEROS RM1C-E","2024-04-01","***","***","***","***","***","***"]
["EMULSÕES ASF. MOD. POR POLÍMEROS RM1C-E","2024-05-01","***","***","***","***","***","***"]
["EMULSÕES ASF. MOD. POR POLÍMEROS RM1C-E","2024-06-01","***","***","***","***","***","***"]
["EMULSÕES ASF. MOD. POR POLÍMEROS RM1C-E","2024-07-01","***","***","***","***","***","***"]
["EMULSÕES ASF. MOD. POR POLÍMEROS RM1C-E","2024-08-01","***","***","***","***","***","***"]
["EMULSÕES ASF. MOD. POR POLÍMEROS RR1C-E","2009-12-01","***","***","***",0.89054,1.00263146480105,0.932105169031212]
["EMULSÕES ASF. MOD. POR POLÍMEROS RR1C-E","2010-01-01","***","***","***",0.845180389354872,0.95168362907842,0.861495819010873]
["EMULSÕES ASF. MOD. POR POLÍMEROS RR1C-E","2010-02-01","***","***","***",0.852047443443314,0.952776010010726,0.860419789010728]
["EMULSÕES ASF. MOD. POR POLÍMEROS RR1C-E","2010-03-01","***","***","***",0.873858155840017,0.952180943275972,0.885047634873663]
["EMULSÕES ASF. MOD. POR POLÍMEROS RR1C-E","2010-04-01","***","***","***",0.872445718092523,0.9473,0.876900109573073]
["EMULSÕES ASF. MOD. POR POLÍMEROS RR1C-E","2010-05-01","***",1.09575676156584,"***",0.875348097852029,0.9473,0.913885290884972]
["EMULSÕES ASF. MOD. POR POLÍMEROS RR1C-E","2010-06-01","***",1.09592,"***",0.88266,0.950850375575479,0.934255026579374]
["EMULSÕES ASF. MOD. POR POLÍMEROS RR1C-E","2010-07-01","***","***","***",0.851585771563342,0.951326520547945,0.906595401934119]
["EMULSÕES ASF. MOD. POR POLÍMEROS RR1C-E","2010-08-01","***","***","***",0.845344598502453,0.949888680131517,0.900091702127659]
["EMULSÕES ASF. MOD. POR POLÍMEROS RR1C-E","2010-09-01","***","***","***",0.850074865254063,0.905639873861247,0.870629957226183]
["EMULSÕES ASF. MOD. POR POLÍMEROS RR1C-E","2010-10-01","***","***","***",0.871464281397925,0.902623503769256,0.878788379044684]
["EMULSÕES ASF. MOD. POR POLÍMEROS RR1C-E","2010-11-01","***","***","***",0.854163258821875,0.880019975323874,0.86225862095606]
["EMULSÕES ASF. MOD. POR POLÍMEROS RR1C-E","2010-12-01","***","***","***",0.8343,0.9473,0.857756084362426]
["EMULSÕES ASF. MOD. POR POLÍMEROS RR1C-E","2011-01-01","***","***","***","***",0.8412,0.8412]
["EMULSÕES ASF. MOD. POR POLÍMEROS RR1C-E","2011-02-01","***","***","***",0.8343,0.950661150298427,0.882019982198487]
["EMULSÕES ASF. MOD. POR POLÍMEROS RR1C-E","2011-03-01","***","***","***",1.00205,0.871568452380952,0.925354739185751]
["EMULSÕES ASF. MOD. POR POLÍMEROS RR1C-E","2011-04-01","***","***","***",0.8343,0.88671779319245,0.87122056584479]
["EMULSÕES ASF. MOD. POR POLÍMEROS RR1C-E","2011-05-01","***","***","***",0.8343,0.89410409556314,0.844523220536756]
["EMULSÕES ASF. MOD. POR POLÍMEROS RR1C-E","2011-06-01","***","***","***",0.870068250618302,0.858797991391679,0.868906557231588]
["EMULSÕES ASF. MOD. POR POLÍMEROS RR1C-E","2011-07-01","***","***","***",0.893927040393181,0.890302241265656,0.893548828667721]
["EMULSÕES ASF. MOD. POR POLÍMEROS RR1C-E","2011-08-01","***","***","***",0.93508360975964,"***",0.93508360975964]
["EMULSÕES ASF. MOD. POR POLÍMEROS RR1C-E","2011-09-01","***","***","***",0.930063481411197,0.927778400061536,0.928982895414079]
["EMULSÕES ASF. MOD. POR POLÍMEROS RR1C-E","2011-10-01","***","***","***",0.923819797388564,0.846023140495868,0.864483223290598]
["EMULSÕES ASF. MOD. POR POLÍMEROS RR1C-E","2011-11-01","***","***","***",1.00475678881119,1.24382600403883,1.18633192756334]
["EMULSÕES ASF. MOD. POR POLÍMEROS RR1C-E","2011-12-01","***","***","***",1.1453,1.39102592100087,1.33031870549203]
["EMULSÕES ASF. MOD. POR POLÍMEROS RR1C-E","2012-01-01","***","***","***","***",0.94469526951545,0.94469526951545]
["EMULSÕES ASF. MOD. POR POLÍMEROS RR1C-E","2012-02-01","***","***","***",1.14529,0.893238352553542,0.973346473364801]
["EMULSÕES ASF. MOD. POR POLÍMEROS RR1C-E","2012-03-01","***","***","***",0.957259038251366,0.983696624540073,0.980320907061122]
["EMULSÕES ASF. MOD. POR POLÍMEROS RR1C-E","2012-04-01","***","***","***",1.008,0.898318316100443,0.94356693938267]
["EMULSÕES ASF. MOD. POR POLÍMEROS RR1C-E","2012-05-01","***","***","***",0.96094,0.896287938951918,0.906967301837862]
["EMULSÕES ASF. MOD. POR POLÍMEROS RR1C-E","2012-06-01","***","***","***",0.948388855172414,0.941299885648942,0.943377291835085]
["EMULSÕES ASF. MOD. POR POLÍMEROS RR1C-E","2012-07-01","***","***","***",0.95052,1.005357904847,0.991942186603678]
["EMULSÕES ASF. MOD. POR POLÍMEROS RR1C-E","2012-08-01","***","***","***",1.03279746772437,0.975595059565522,1.00589532174343]
["EMULSÕES ASF. MOD. POR POLÍMEROS RR1C-E","2012-09-01","***","***","***",1.0316,1.0448996276421,1.04206345855592]
["EMULSÕES ASF. MOD. POR POLÍMEROS RR1C-E","2012-10-01","***","***","***",0.9197,1.0516,0.935914169533938]
["EMULSÕES ASF. MOD. POR POLÍMEROS RR1C-E","2012-11-01","***","***","***","***",1.24841985161761,1.24841985161761]
["EMULSÕES ASF. MOD. POR POLÍMEROS RR1C-E","2012-12-01","***","***","***","***",1.32972010417436,1.32972010417436]
["EMULSÕES ASF. MOD. POR POLÍMEROS RR1C-E","2013-01-01","***","***","***","***",1.32494744703143,1.32494744703143]
["EMULSÕES ASF. MOD. POR POLÍMEROS RR1C-E","2013-02-01","***","***","***",0.9189,1.29619476158785,1.26202223689832]
["EMULSÕES ASF. MOD. POR POLÍMEROS RR1C-E","2013-03-01","***","***","***",0.9675,1.27853436819688,1.23200349795895]
["EMULSÕES ASF. MOD. POR POLÍMEROS RR1C-E","2013-04-01","***","***","***",1.0285,1.37729340166534,1.3750945464933]
["EMULSÕES ASF. MOD. POR POLÍMEROS RR1C-E","2013-05-01","***","***","***","***",1.22225353876974,1.22225353876974]
["EMULSÕES ASF. MOD. POR POLÍMEROS RR1C-E","2013-06-01","***","***","***",0.9864,1.3493719925752,1.28164048376163]
["EMULSÕES ASF. MOD. POR POLÍMEROS RR1C-E","2013-07-01","***","***","***",1.08819360946746,1.35665831127421,1.31512710587876]
["EMULSÕES ASF. MOD. POR POLÍMEROS RR1C-E","2013-08-01","***","***","***",1.21477,1.41310418558199,1.39493402084983]
["EMULSÕES ASF. MOD. POR POLÍMEROS RR1C-E","2013-09-01","***","***","***",1.21477,1.33826035155773,1.33341872960441]
["EMULSÕES ASF. MOD. POR POLÍMEROS RR1C-E","2013-10-01","***","***","***",0.9864,1.34986862427868,1.33118132278864]
["EMULSÕES ASF. MOD. POR POLÍMEROS RR1C-E","2013-11-01","***",1.1371,1.1243627332932,"***",1.38902317412284,1.32516475940777]
["EMULSÕES ASF. MOD. POR POLÍMEROS RR1C-E","2013-12-01","***","***","***","***",1.23770269075185,1.23770269075185]
["EMULSÕES ASF. MOD. POR POLÍMEROS RR1C-E","2014-01-01","***","***","***",0.88609,1.49246463343958,1.33940142377471]
["EMULSÕES ASF. MOD. POR POLÍMEROS RR1C-E","2014-02-01","***","***","***",0.912190108218319,1.34500235943221,1.24012602781895]
["EMULSÕES ASF. MOD. POR POLÍMEROS RR1C-E","2014-03-01","***","***","***",0.88609,1.2881413866028,1.1952639477242]
["EMULSÕES ASF. MOD. POR POLÍMEROS RR1C-E","2014-04-01","***",0.698805,"***","***",1.33587744476245,1.19367630324589]
["EMULSÕES ASF. MOD. POR POLÍMEROS RR1C-E","2014-05-01","***",0.69883,"***","***",1.42744926178934,1.16082164594104]
["EMULSÕES ASF. MOD. POR POLÍMEROS RR1C-E","2014-06-01","***",1.2101,"***",1.02915816267943,1.416564262951,1.29815173997441]
["EMULSÕES ASF. MOD. POR POLÍMEROS RR1C-E","2014-07-01","***","***","***",0.9766,1.40132791421112,1.35966382897127]
["EMULSÕES ASF. MOD. POR POLÍMEROS RR1C-E","2014-08-01","***","***",0.9938,1.0403,1.40648256668649,1.33863852487457]
["EMULSÕES ASF. MOD. POR POLÍMEROS RR1C-E","2014-09-01","***","***",1.0986,"***",1.27278097750317,1.16250550627761]
["EMULSÕES ASF. MOD. POR POLÍMEROS RR1C-E","2014-10-01","***",1.0541,1.25080472560976,"***",1.14226390982503,1.18570190338237]
["EMULSÕES ASF. MOD. POR POLÍMEROS RR1C-E","2014-11-01","***","***",1.29,1.0287,1.19974499519877,1.2493924208762]
["EMULSÕES ASF. MOD. POR POLÍMEROS RR1C-E","2014-12-01","***","***","***",1.09157032372281,1.37933,1.22573075598034]
["EMULSÕES ASF. MOD. POR POLÍMEROS RR1C-E","2015-01-01","***","***","***","***",1.35668062611807,1.35668062611807]
["EMULSÕES ASF. MOD. POR POLÍMEROS RR1C-E","2015-02-01","***",0.841895,"***",1.16678,1.35807972391203,1.09272766182187]
["EMULSÕES ASF. MOD. POR POLÍMEROS RR1C-E","2015-03-01","***",0.84174,"***",1.0744,1.34924192512821,1.15503825921009]
["EMULSÕES ASF. MOD. POR POLÍMEROS RR1C-E","2015-04-01","***","***","***",1.13228990484071,1.27657270145918,1.24178304469274]
["EMULSÕES ASF. MOD. POR POLÍMEROS RR1C-E","2015-05-01","***","***","***",1.49101999104873,1.37933,1.47856932682213]
["EMULSÕES ASF. MOD. POR POLÍMEROS RR1C-E","2015-06-01","***","***","***",1.51119538275706,1.25865586956522,1.37595506276737]
["EMULSÕES ASF. MOD. POR POLÍMEROS RR1C-E","2015-07-01","***","***","***","***",1.37933,1.37933]
["EMULSÕES ASF. MOD. POR POLÍMEROS RR1C-E","2015-08-01","***","***","***",1.34669774680145,1.23388506063782,1.30774030246626]
["EMULSÕES ASF. MOD. POR POLÍMEROS RR1C-E","2015-09-01","***",0.87291,"***",1.21484,1.37933,1.14993961914565]
["EMULSÕES ASF. MOD. POR POLÍMEROS RR1C-E","2015-10-01","***","***","***",1.20487830216904,1.37933,1.32867918890747]
["EMULSÕES ASF. MOD. POR POLÍMEROS RR1C-E","2015-11-01","***","***","***",1.29250687550201,1.36981,1.31590994959597]
["EMULSÕES ASF. MOD. POR POLÍMEROS RR1C-E","2015-12-01","***","***","***","***",1.36981,1.36981]
["EMULSÕES ASF. MOD. POR POLÍMEROS RR1C-E","2016-01-01","***","***","***","***",1.36981,1.36981]
["EMULSÕES ASF. MOD. POR POLÍMEROS RR1C-E","2016-02-01","***","***","***",1.18509,"***",1.18509]
["EMULSÕES ASF. MOD. POR POLÍMEROS RR1C-E","2016-03-01","***","***","***","***",1.32139448868967,1.32139448868967]
["EMULSÕES ASF. MOD. POR POLÍMEROS RR1C-E","2016-04-01","***","***","***","***","***","***"]
["EMULSÕES ASF. MOD. POR POLÍMEROS RR1C-E","2016-05-01","***","***","***","***",1.56540280073925,1.56540280073925]
["EMULSÕES ASF. MOD. POR POLÍMEROS RR1C-E","2016-06-01","***",1.54296,"***","***",1.79955323284063,1.78660946637021]
["EMULSÕES ASF. MOD. POR POLÍMEROS RR1C-E","2016-07-01","***",1.55052,"***","***",1.64696923126615,1.63687700441687]
["EMULSÕES ASF. MOD. POR POLÍMEROS RR1C-E","2016-08-01","***",1.54278,1.83039,"***",1.47332032447735,1.61383183461188]
["EMULSÕES ASF. MOD. POR POLÍMEROS RR1C-E","2016-09-01","***","***",1.64716044526902,1.41774542265872,1.5427672301444,1.55839437570469]
["EMULSÕES ASF. MOD. POR POLÍMEROS RR1C-E","2016-10-01","***","***","***",1.40197,1.37747172037436,1.38131396826091]
["EMULSÕES ASF. MOD. POR POLÍMEROS RR1C-E","2016-11-01","***","***","***","***",1.46079,1.46079]
["EMULSÕES ASF. MOD. POR POLÍMEROS RR1C-E","2016-12-01","***","***","***",1.21747,1.3529652635739,1.34235739071957]
["EMULSÕES ASF. MOD. POR POLÍMEROS RR1C-E","2017-01-01","***","***","***","***",1.42283017413645,1.42283017413645]
["EMULSÕES ASF. MOD. POR POLÍMEROS RR1C-E","2017-02-01","***","***","***","***",1.42394870321414,1.42394870321414]
["EMULSÕES ASF. MOD. POR POLÍMEROS RR1C-E","2017-03-01","***","***","***","***",1.46079,1.46079]
["EMULSÕES ASF. MOD. POR POLÍMEROS RR1C-E","2017-04-01","***","***","***",1.0603,1.46278935917722,1.31551182814963]
["EMULSÕES ASF. MOD. POR POLÍMEROS RR1C-E","2017-05-01","***","***","***","***",1.46079,1.46079]
["EMULSÕES ASF. MOD. POR POLÍMEROS RR1C-E","2017-06-01","***","***","***","***",1.39587246876791,1.39587246876791]
["EMULSÕES ASF. MOD. POR POLÍMEROS RR1C-E","2017-07-01","***","***",1.2437,"***",1.43036919896641,1.40428205663477]
["EMULSÕES ASF. MOD. POR POLÍMEROS RR1C-E","2017-08-01","***","***","***",1.3461,1.34159859930155,1.34204803184583]
["EMULSÕES ASF. MOD. POR POLÍMEROS RR1C-E","2017-09-01","***","***",1.1777,1.22024363904081,1.31677839829303,1.2706298457512]
["EMULSÕES ASF. MOD. POR POLÍMEROS RR1C-E","2017-10-01","***","***","***","***",1.31097941919581,1.31097941919581]
["EMULSÕES ASF. MOD. POR POLÍMEROS RR1C-E","2017-11-01","***","***","***","***",1.43247677859779,1.43247677859779]
["EMULSÕES ASF. MOD. POR POLÍMEROS RR1C-E","2017-12-01","***","***","***",1.15527,1.43904558971268,1.37846075695322]
["EMULSÕES ASF. MOD. POR POLÍMEROS RR1C-E","2018-01-01","***","***","***","***",1.46035548179441,1.46035548179441]
["EMULSÕES ASF. MOD. POR POLÍMEROS RR1C-E","2018-02-01","***","***","***","***",1.45858301513503,1.45858301513503]
["EMULSÕES ASF. MOD. POR POLÍMEROS RR1C-E","2018-03-01","***","***","***",1.20670753013279,1.45859568916619,1.3936979293647]
["EMULSÕES ASF. MOD. POR POLÍMEROS RR1C-E","2018-04-01","***","***","***",1.17615427090779,1.46177487446648,1.4191071516284]
["EMULSÕES ASF. MOD. POR POLÍMEROS RR1C-E","2018-05-01","***","***",1.49484,1.29083181008902,1.47155713882817,1.45971383284968]
["EMULSÕES ASF. MOD. POR POLÍMEROS RR1C-E","2018-06-01","***",1.57789,"***",1.63083,1.59135851344899,1.59718731228669]
["EMULSÕES ASF. MOD. POR POLÍMEROS RR1C-E","2018-07-01","***",1.57789,"***",1.60814630637079,1.60203993659739,1.60460845176524]
["EMULSÕES ASF. MOD. POR POLÍMEROS RR1C-E","2018-08-01","***","***","***",1.67423136748986,1.63692560781001,1.64449784527907]
["EMULSÕES ASF. MOD. POR POLÍMEROS RR1C-E","2018-09-01","***","***",2.23417,1.87845081300813,1.46924,1.81230220411664]
["EMULSÕES ASF. MOD. POR POLÍMEROS RR1C-E","2018-10-01","***","***",2.23417,1.84893471576689,1.46924,1.9321701432588]
["EMULSÕES ASF. MOD. POR POLÍMEROS RR1C-E","2018-11-01","***","***","***","***","***","***"]
["EMULSÕES ASF. MOD. POR POLÍMEROS RR1C-E","2018-12-01","***","***","***","***",2.2082,2.2082]
["EMULSÕES ASF. MOD. POR POLÍMEROS RR1C-E","2019-01-01","***","***","***","***",2.39437,2.39437]
["EMULSÕES ASF. MOD. POR POLÍMEROS RR1C-E","2019-02-01","***","***",2.46007,"***",2.53078,2.4793220260408]
["EMULSÕES ASF. MOD. POR POLÍMEROS RR1C-E","2019-03-01","***","***","***",2.22812,"***",2.22812]
["EMULSÕES ASF. MOD. POR POLÍMEROS RR1C-E","2019-04-01","***","***",2.46007,"***","***",2.46007]
["EMULSÕES ASF. MOD. POR POLÍMEROS RR1C-E","2019-05-01","***",2.2618,2.64752461472967,"***",2.19011,2.46395148231875]
["EMULSÕES ASF. MOD. POR POLÍMEROS RR1C-E","2019-06-01","***",2.26182,2.64662,"***",2.23957,2.40876671561051]
["EMULSÕES ASF. MOD. POR POLÍMEROS RR1C-E","2019-07-01","***",2.32245321185046,2.69223242639824,"***",2.19046,2.56936753991253]
["EMULSÕES ASF. MOD. POR POLÍMEROS RR1C-E","2019-08-01","***",2.12897,2.63241,2.1677650925181,2.17353842886042,2.380461286945]
["EMULSÕES ASF. MOD. POR POLÍMEROS RR1C-E","2019-09-01","***",2.12898,2.57955,2.10329,"***",2.37510693150237]
["EMULSÕES ASF. MOD. POR POLÍMEROS RR1C-E","2019-10-01","***","***","***",2.11162794858203,"***",2.11162794858203]
["EMULSÕES ASF. MOD. POR POLÍMEROS RR1C-E","2019-11-01","***","***","***",2.24216,2.20776490725126,2.21824314962477]
["EMULSÕES ASF. MOD. POR POLÍMEROS RR1C-E","2019-12-01","***","***","***",2.04936,2.23848,2.13766428969359]
["EMULSÕES ASF. MOD. POR POLÍMEROS RR1C-E","2020-01-01","***","***","***",2.24218,"***",2.24218]
["EMULSÕES ASF. MOD. POR POLÍMEROS RR1C-E","2020-02-01","***","***","***",2.1088,"***",2.1088]
["EMULSÕES ASF. MOD. POR POLÍMEROS RR1C-E","2020-03-01","***","***","***",2.10854,"***",2.10854]
["EMULSÕES ASF. MOD. POR POLÍMEROS RR1C-E","2020-04-01","***","***","***","***","***","***"]
["EMULSÕES ASF. MOD. POR POLÍMEROS RR1C-E","2020-05-01","***","***","***","***","***","***"]
["EMULSÕES ASF. MOD. POR POLÍMEROS RR1C-E","2020-06-01","***","***","***",2.382,2.18609,2.28166953351297]
["EMULSÕES ASF. MOD. POR POLÍMEROS RR1C-E","2020-07-01","***",1.85456,"***","***","***",1.85456]
["EMULSÕES ASF. MOD. POR POLÍMEROS RR1C-E","2020-08-01","***",1.98056,"***",2.0933593915212,2.25333015752864,2.17547378224367]
["EMULSÕES ASF. MOD. POR POLÍMEROS RR1C-E","2020-09-01","***",1.98056,"***","***",1.22307861324078,1.35316332139103]
["EMULSÕES ASF. MOD. POR POLÍMEROS RR1C-E","2020-10-01","***",2.1169909623431,"***","***",2.08819,2.10758624796792]
["EMULSÕES ASF. MOD. POR POLÍMEROS RR1C-E","2020-11-01","***",2.016,"***","***",2.27053,2.13813270006301]
["EMULSÕES ASF. MOD. POR POLÍMEROS RR1C-E","2020-12-01","***","***","***","***","***","***"]
["EMULSÕES ASF. MOD. POR POLÍMEROS RR1C-E","2021-01-01","***",2.016,"***","***",2.23975,2.12073871442591]
["EMULSÕES ASF. MOD. POR POLÍMEROS RR1C-E","2021-02-01","***","***","***","***",2.45947,2.45947]
["EMULSÕES ASF. MOD. POR POLÍMEROS RR1C-E","2021-03-01","***","***","***","***",2.44671506470588,2.44671506470588]
["EMULSÕES ASF. MOD. POR POLÍMEROS RR1C-E","2021-04-01","***",2.6312,"***","***",2.48431898840646,2.52374455845668]
["EMULSÕES ASF. MOD. POR POLÍMEROS RR1C-E","2021-05-01","***","***","***","***",3.02549846262674,3.02549846262674]
["EMULSÕES ASF. MOD. POR POLÍMEROS RR1C-E","2021-06-01","***",3.0932,"***","***",2.83136572227706,2.96015964387226]
["EMULSÕES ASF. MOD. POR POLÍMEROS RR1C-E","2021-07-01","***","***","***",2.7347,3.0211,2.90556954417104]
["EMULSÕES ASF. MOD. POR POLÍMEROS RR1C-E","2021-08-01","***",2.98025,"***",2.75546,3.24985446366782,3.1036280487487]
["EMULSÕES ASF. MOD. POR POLÍMEROS RR1C-E","2021-09-01","***","***","***",3.0580465818547,3.2546389,3.12376721417428]
["EMULSÕES ASF. MOD. POR POLÍMEROS RR1C-E","2021-10-01","***",3.02794,"***",3.33718815571776,3.32232936910377,3.28224409900808]
["EMULSÕES ASF. MOD. POR POLÍMEROS RR1C-E","2021-11-01","***","***","***",3.13081315789474,3.71979568472307,3.47853083363277]
["EMULSÕES ASF. MOD. POR POLÍMEROS RR1C-E","2021-12-01","***",3.31688,"***",3.3643,3.66351677553857,3.48484076622361]
["EMULSÕES ASF. MOD. POR POLÍMEROS RR1C-E","2022-01-01","***","***","***","***",3.69226306741573,3.69226306741573]
["EMULSÕES ASF. MOD. POR POLÍMEROS RR1C-E","2022-02-01","***","***","***","***",3.94748,3.94748]
["EMULSÕES ASF. MOD. POR POLÍMEROS RR1C-E","2022-03-01","***","***","***","***",3.88111362508164,3.88111362508164]
["EMULSÕES ASF. MOD. POR POLÍMEROS RR1C-E","2022-04-01","***","***","***","***",3.90678,3.90678]
["EMULSÕES ASF. MOD. POR POLÍMEROS RR1C-E","2022-05-01","***",3.56093,"***","***",3.78036588791137,3.71135410989502]
["EMULSÕES ASF. MOD. POR POLÍMEROS RR1C-E","2022-06-01","***","***","***","***",3.77052,3.77052]
["EMULSÕES ASF. MOD. POR POLÍMEROS RR1C-E","2022-07-01","***",3.59509,"***","***",3.53052977261886,3.54236707180886]
["EMULSÕES ASF. MOD. POR POLÍMEROS RR1C-E","2022-08-01","***",3.78295,"***","***",3.29682,3.56159483362522]
["EMULSÕES ASF. MOD. POR POLÍMEROS RR1C-E","2022-09-01","***",3.7488,"***","***",3.20791,3.67529804291287]
["EMULSÕES ASF. MOD. POR POLÍMEROS RR1C-E","2022-10-01","***",3.18937,"***","***",2.92417953024453,3.06176325282551]
["EMULSÕES ASF. MOD. POR POLÍMEROS RR1C-E","2022-11-01","***","***","***","***",3.28381701993704,3.28381701993704]
["EMULSÕES ASF. MOD. POR POLÍMEROS RR1C-E","2022-12-01","***","***","***","***",2.98804,2.98804]
["EMULSÕES ASF. MOD. POR POLÍMEROS RR1C-E","2023-01-01","***",3.03187,"***","***",3.35196,3.17798478081321]
["EMULSÕES ASF. MOD. POR POLÍMEROS RR1C-E","2023-02-01","***","***","***","***",2.77011,2.77011]
["EMULSÕES ASF. MOD. POR POLÍMEROS RR1C-E","2023-03-01","***",2.96744,"***","***","***",2.96744]
["EMULSÕES ASF. MOD. POR POLÍMEROS RR1C-E","2023-04-01","***","***","***","***","***","***"]
["EMULSÕES ASF. MOD. POR POLÍMEROS RR1C-E","2023-05-01","***","***","***","***",3.41154807631161,3.41154807631161]
["EMULSÕES ASF. MOD. POR POLÍMEROS RR1C-E","2023-06-01","***","***","***","***","***","***"]
["EMULSÕES ASF. MOD. POR POLÍMEROS RR1C-E","2023-07-01","***","***","***",5.9895,2.43187,2.53076173036831]
["EMULSÕES ASF. MOD. POR POLÍMEROS RR1C-E","2023-08-01","***","***","***",2.4743,1.83616373639661,2.24692443343386]
["EMULSÕES ASF. MOD. POR POLÍMEROS RR1C-E","2023-09-01","***",2.82800686707115,3.5404,2.57392,2.72667,2.9644456129157]
["EMULSÕES ASF. MOD. POR POLÍMEROS RR1C-E","2023-10-01","***",3.14969,3.5404,2.32484,2.72667,3.17152303836006]
["EMULSÕES ASF. MOD. POR POLÍMEROS RR1C-E","2023-11-01","***","***",3.5937,"***","***",3.5937]
["EMULSÕES ASF. MOD. POR POLÍMEROS RR1C-E","2023-12-01","***","***",3.69353,"***",2.75077,3.41872922933499]
["EMULSÕES ASF. MOD. POR POLÍMEROS RR1C-E","2024-01-01","***","***",3.48298,2.39566,2.71161,2.96430516872703]
["EMULSÕES ASF. MOD. POR POLÍMEROS RR1C-E","2024-02-01","***","***",3.38498,"***",2.7116,3.34527661069895]
["EMULSÕES ASF. MOD. POR POLÍMEROS RR1C-E","2024-03-01","***","***","***",2.39566,2.87664285060477,2.75286479242535]
["EMULSÕES ASF. MOD. POR POLÍMEROS RR1C-E","2024-04-01","***",2.61204,"***",2.39566,2.97343,2.76205485376478]
["EMULSÕES ASF. MOD. POR POLÍMEROS RR1C-E","2024-05-01","***",2.62848631363636,"***",2.82703,"***",2.67293011995061]
["EMULSÕES ASF. MOD. POR POLÍMEROS RR1C-E","2024-06-01","***","***","***","***","***","***"]
["EMULSÕES ASF. MOD. POR POLÍMEROS RR1C-E","2024-07-01","***","***","***","***",2.87731236706056,2.87731236706056]
["EMULSÕES ASF. MOD. POR POLÍMEROS RR1C-E","2024-08-01","***",3.35245,3.64688419538307,"***",3.07576358339149,3.36623292814182]
["EMULSÕES ASF. MOD. POR POLÍMEROS RR2C-E","2009-12-01","***",0.91073,1.34820151245769,0.974633841432809,1.06489680804134,1.12515292386741]
["EMULSÕES ASF. MOD. POR POLÍMEROS RR2C-E","2010-01-01","***",0.96935524435724,1.38445623717871,0.993606149727781,1.14593632484611,1.06055453624134]
["EMULSÕES ASF. MOD. POR POLÍMEROS RR2C-E","2010-02-01","***",0.973877346138938,1.32946540885678,1.01919737877351,1.02890618015538,1.0252560058557]
["EMULSÕES ASF. MOD. POR POLÍMEROS RR2C-E","2010-03-01","***",0.985389615578973,1.35631769821074,0.983133857798479,1.03311165104263,1.02112077417172]
["EMULSÕES ASF. MOD. POR POLÍMEROS RR2C-E","2010-04-01","***",1.02592161509625,1.3631129408164,1.00634515279803,1.03756864608522,1.05553315961855]
["EMULSÕES ASF. MOD. POR POLÍMEROS RR2C-E","2010-05-01","***",1.0057743738572,1.37784426035189,1.01964852591377,1.01097972764149,1.11817223033748]
["EMULSÕES ASF. MOD. POR POLÍMEROS RR2C-E","2010-06-01","***",1.00226669211859,1.28769818188513,0.998320967726137,1.04243177714024,1.0345939802202]
["EMULSÕES ASF. MOD. POR POLÍMEROS RR2C-E","2010-07-01","***",1.02649993394164,1.32132107613564,0.993703846627792,1.16463606622517,1.03894202777032]
["EMULSÕES ASF. MOD. POR POLÍMEROS RR2C-E","2010-08-01","***",1.03691857829199,1.43767471335482,0.952227525542531,1.07481699511949,1.08244248270871]
["EMULSÕES ASF. MOD. POR POLÍMEROS RR2C-E","2010-09-01","***",0.975216828522271,1.28445658086367,0.902864338574439,1.13726632723976,1.06566198400783]
["EMULSÕES ASF. MOD. POR POLÍMEROS RR2C-E","2010-10-01","***",1.0427381205244,1.20492906525026,0.96586368129465,1.00853140376266,1.03290833119989]
["EMULSÕES ASF. MOD. POR POLÍMEROS RR2C-E","2010-11-01","***",0.912886633841849,1.17397546730971,0.977261836111763,0.925726418851643,0.9995236315416]
["EMULSÕES ASF. MOD. POR POLÍMEROS RR2C-E","2010-12-01","***",0.913507762874252,1.18600427420629,0.936555541299651,0.96252,0.973458682337891]
["EMULSÕES ASF. MOD. POR POLÍMEROS RR2C-E","2011-01-01","***",0.876990195129566,1.23266016702753,0.918371247920133,0.937618640410035,0.913150016234835]
["EMULSÕES ASF. MOD. POR POLÍMEROS RR2C-E","2011-02-01","***",0.895961646580597,"***",0.903917228548937,0.940780849509497,0.905101983482775]
["EMULSÕES ASF. MOD. POR POLÍMEROS RR2C-E","2011-03-01","***",1.04256030967742,1.14266,0.982635653447224,0.940761749031936,0.981680845829982]
["EMULSÕES ASF. MOD. POR POLÍMEROS RR2C-E","2011-04-01","***",1.01892,"***",0.979333430788018,0.934113208021309,0.95512094993801]
["EMULSÕES ASF. MOD. POR POLÍMEROS RR2C-E","2011-05-01","***","***",1.10367626086108,0.958442699731689,0.928708964738538,0.960620160960505]
["EMULSÕES ASF. MOD. POR POLÍMEROS RR2C-E","2011-06-01","***",0.99434,1.18079705604466,0.924738988811553,0.942704656181539,0.955317578800397]
["EMULSÕES ASF. MOD. POR POLÍMEROS RR2C-E","2011-07-01","***",0.9055,1.15933465190795,0.936901986531986,0.937966028345775,0.94844019907288]
["EMULSÕES ASF. MOD. POR POLÍMEROS RR2C-E","2011-08-01","***",0.921926400573614,1.32784623504748,0.900581976358804,0.929864332603939,0.956171894696503]
["EMULSÕES ASF. MOD. POR POLÍMEROS RR2C-E","2011-09-01","***",1.0189,1.18253326886644,0.920107255013881,0.922080183001419,1.02284307094444]
["EMULSÕES ASF. MOD. POR POLÍMEROS RR2C-E","2011-10-01","***",1.0292,1.02110780983436,0.852782819053813,0.922332708409174,0.958654567521873]
["EMULSÕES ASF. MOD. POR POLÍMEROS RR2C-E","2011-11-01","***",1.01672137589479,1.05720521305045,0.902602095529043,0.922302855345912,1.00279193875196]
["EMULSÕES ASF. MOD. POR POLÍMEROS RR2C-E","2011-12-01","***",0.942541614108537,1.01984424199116,0.945805005230126,1.14067208377776,1.00858327707587]
["EMULSÕES ASF. MOD. POR POLÍMEROS RR2C-E","2012-01-01","***","***","***",0.949948842534504,1.2959912,1.14578075841645]
["EMULSÕES ASF. MOD. POR POLÍMEROS RR2C-E","2012-02-01","***","***",0.98617,1.05966290934769,0.947710542718968,1.00621289115933]
["EMULSÕES ASF. MOD. POR POLÍMEROS RR2C-E","2012-03-01","***",0.914418309038871,1.01605556998249,1.02718621320346,0.902747806670882,0.965438238152093]
["EMULSÕES ASF. MOD. POR POLÍMEROS RR2C-E","2012-04-01","***",0.999757583254302,1.05167816441304,0.99401481316421,0.812717019761439,1.03284833237639]
["EMULSÕES ASF. MOD. POR POLÍMEROS RR2C-E","2012-05-01","***",0.98931,1.06957107169125,1.06614058111928,0.931741037131882,1.06109599135795]
["EMULSÕES ASF. MOD. POR POLÍMEROS RR2C-E","2012-06-01","***",0.975670276196028,1.11839543348543,0.917898387385962,0.971885657341644,1.0730589498781]
["EMULSÕES ASF. MOD. POR POLÍMEROS RR2C-E","2012-07-01","***",0.991428325611661,1.14955980316926,1.00061299885529,0.77495,1.11356416377423]
["EMULSÕES ASF. MOD. POR POLÍMEROS RR2C-E","2012-08-01","***",1.00838464620766,1.17766595241651,0.982613767472163,0.858094123306342,1.1299888137171]
["EMULSÕES ASF. MOD. POR POLÍMEROS RR2C-E","2012-09-01","***",1.01586,1.17263486736501,0.879979145756663,0.77495,1.10520087017957]
["EMULSÕES ASF. MOD. POR POLÍMEROS RR2C-E","2012-10-01","***",1.01586,1.20351878090076,0.881322662742382,0.77495,1.13710206584919]
["EMULSÕES ASF. MOD. POR POLÍMEROS RR2C-E","2012-11-01","***","***",1.20749631723209,0.928979418395251,0.77495,1.12411709728607]
["EMULSÕES ASF. MOD. POR POLÍMEROS RR2C-E","2012-12-01","***",1.03106191543603,1.22447438266451,1.08673971456693,0.77495,1.1109499297331]
["EMULSÕES ASF. MOD. POR POLÍMEROS RR2C-E","2013-01-01","***",1.02070944225034,1.16399,1.01919018172576,0.77495,1.01328542314841]
["EMULSÕES ASF. MOD. POR POLÍMEROS RR2C-E","2013-02-01","***",1.04040810812785,1.16559516853933,1.1213133277832,1.0846,1.0797058632228]
["EMULSÕES ASF. MOD. POR POLÍMEROS RR2C-E","2013-03-01","***",1.04590374080312,1.14576918541854,1.04274257339362,1.086,1.05593346683842]
["EMULSÕES ASF. MOD. POR POLÍMEROS RR2C-E","2013-04-01","***",1.04506150675195,1.17224684677974,1.0734656618705,1.0852,1.09219486894451]
["EMULSÕES ASF. MOD. POR POLÍMEROS RR2C-E","2013-05-01","***",1.01586,1.19568356894412,1.01894302221457,1.0874811502376,1.17252987808056]
["EMULSÕES ASF. MOD. POR POLÍMEROS RR2C-E","2013-06-01","***",1.07077622625682,1.16523654148428,1.13245559362824,"***",1.15685787556058]
["EMULSÕES ASF. MOD. POR POLÍMEROS RR2C-E","2013-07-01","***",1.04657735695957,1.14945112402953,1.37257,0.950274430294906,1.12962856601214]
["EMULSÕES ASF. MOD. POR POLÍMEROS RR2C-E","2013-08-01",1.18942,1.06826110783462,1.23152696699728,1.00746739484801,1.08511826508621,1.16546494845509]
["EMULSÕES ASF. MOD. POR POLÍMEROS RR2C-E","2013-09-01",1.18942,1.14400459068709,1.25286285795771,1.10196236041422,1.08366094826205,1.2098457782847]
["EMULSÕES ASF. MOD. POR POLÍMEROS RR2C-E","2013-10-01",1.18942,1.09185907354364,1.19113882033716,1.09037261922092,1.10264470606645,1.15134423540596]
["EMULSÕES ASF. MOD. POR POLÍMEROS RR2C-E","2013-11-01",1.18942,1.15428960458881,1.22056109934471,1.0669682677895,1.13455709291392,1.17290763541054]
["EMULSÕES ASF. MOD. POR POLÍMEROS RR2C-E","2013-12-01","***",1.2668440149371,1.1935266914066,0.988732969049432,1.12404297362431,1.17480540770388]
["EMULSÕES ASF. MOD. POR POLÍMEROS RR2C-E","2014-01-01","***",1.24735674939787,1.21595705655719,1.06865307272428,1.11659819204274,1.17839264188017]
["EMULSÕES ASF. MOD. POR POLÍMEROS RR2C-E","2014-02-01","***",1.05484719183078,1.2612909159919,1.05745159165576,0.951324675467547,1.10153346991681]
["EMULSÕES ASF. MOD. POR POLÍMEROS RR2C-E","2014-03-01","***",1.05463961025929,1.21073435310413,1.03250296041282,"***",1.10934464780877]
["EMULSÕES ASF. MOD. POR POLÍMEROS RR2C-E","2014-04-01","***",1.05444537272664,1.25951549551993,1.07320316313846,1.11438,1.17114719079658]
["EMULSÕES ASF. MOD. POR POLÍMEROS RR2C-E","2014-05-01","***",1.05723567630411,1.22241312897252,1.0642879506616,1.0906,1.14271005359941]
["EMULSÕES ASF. MOD. POR POLÍMEROS RR2C-E","2014-06-01","***",1.01270707764065,1.23306641202999,1.05697695321792,0.99096,1.14572225623318]
["EMULSÕES ASF. MOD. POR POLÍMEROS RR2C-E","2014-07-01","***",1.06100446062237,1.18772295356231,1.03397767663465,0.963198944763858,1.12962849376859]
["EMULSÕES ASF. MOD. POR POLÍMEROS RR2C-E","2014-08-01","***",1.18506019611534,1.16313488049298,1.10935636894367,1.3945,1.15994344395594]
["EMULSÕES ASF. MOD. POR POLÍMEROS RR2C-E","2014-09-01","***",1.28591736258804,1.22921681924831,1.03940281595469,1.09806864745011,1.20942819937333]
["EMULSÕES ASF. MOD. POR POLÍMEROS RR2C-E","2014-10-01","***",1.20759998882207,1.14075922329472,1.02002841864284,1.00120252306158,1.13194411426699]
["EMULSÕES ASF. MOD. POR POLÍMEROS RR2C-E","2014-11-01","***",1.20974247333757,1.14817825179519,1.08058227624393,1.006739234412,1.15085600820746]
["EMULSÕES ASF. MOD. POR POLÍMEROS RR2C-E","2014-12-01","***",1.42035823042457,1.26562798831475,1.2965096950457,1.10090805760937,1.30432072496471]
["EMULSÕES ASF. MOD. POR POLÍMEROS RR2C-E","2015-01-01","***",1.89,"***",1.36870255895865,"***",1.66583157278953]
["EMULSÕES ASF. MOD. POR POLÍMEROS RR2C-E","2015-02-01","***","***","***",1.32402900719541,1.47478865010074,1.35328307747442]
["EMULSÕES ASF. MOD. POR POLÍMEROS RR2C-E","2015-03-01","***",1.34409933599926,1.5023,1.30771296576647,1.45985,1.34805252973844]
["EMULSÕES ASF. MOD. POR POLÍMEROS RR2C-E","2015-04-01","***",1.7966579515744,1.48243,1.30201359805832,1.16323545454545,1.46137498086536]
["EMULSÕES ASF. MOD. POR POLÍMEROS RR2C-E","2015-05-01","***","***",1.4736734340949,1.34378111299804,1.08666824566312,1.36851698040603]
["EMULSÕES ASF. MOD. POR POLÍMEROS RR2C-E","2015-06-01","***",2.0246,1.42210999809197,1.28506352557127,1.13624136619718,1.34191073602596]
["EMULSÕES ASF. MOD. POR POLÍMEROS RR2C-E","2015-07-01","***",1.30401717051378,1.20502775661376,1.272372728989,1.05270273756033,1.21872245098039]
["EMULSÕES ASF. MOD. POR POLÍMEROS RR2C-E","2015-08-01","***","***",1.43042412342874,1.28778055603344,1.18321465058292,1.31091932352177]
["EMULSÕES ASF. MOD. POR POLÍMEROS RR2C-E","2015-09-01","***","***",1.36816390261778,1.32844102358168,1.16542928997674,1.33515291802577]
["EMULSÕES ASF. MOD. POR POLÍMEROS RR2C-E","2015-10-01","***",1.98,1.53134642309251,1.39280569223887,1.42024,1.58472743882678]
["EMULSÕES ASF. MOD. POR POLÍMEROS RR2C-E","2015-11-01","***",2.12952711770743,1.72365523668221,1.49880033989173,"***",1.82523012521295]
["EMULSÕES ASF. MOD. POR POLÍMEROS RR2C-E","2015-12-01","***",1.96592856043459,1.58577,1.48622042007498,"***",1.65222990308934]
["EMULSÕES ASF. MOD. POR POLÍMEROS RR2C-E","2016-01-01","***","***",2.39249,1.43194902651365,"***",1.71554836943386]
["EMULSÕES ASF. MOD. POR POLÍMEROS RR2C-E","2016-02-01","***","***",2.39087678812416,1.35195872827643,"***",1.44726523181678]
["EMULSÕES ASF. MOD. POR POLÍMEROS RR2C-E","2016-03-01","***",1.53504,1.70774,1.46058299498328,"***",1.4744193261511]
["EMULSÕES ASF. MOD. POR POLÍMEROS RR2C-E","2016-04-01","***",1.75672,1.73264,1.56435570693142,1.69589151139375,1.66041803787462]
["EMULSÕES ASF. MOD. POR POLÍMEROS RR2C-E","2016-05-01","***","***",1.56697512883045,1.53055424464601,1.68325520748917,1.55996064038595]
["EMULSÕES ASF. MOD. POR POLÍMEROS RR2C-E","2016-06-01","***","***",1.7023000640934,1.57525021876315,1.70935,1.64207442321502]
["EMULSÕES ASF. MOD. POR POLÍMEROS RR2C-E","2016-07-01","***",1.53496,1.71265588243731,1.57130380203835,1.70581765369765,1.66966689437073]
["EMULSÕES ASF. MOD. POR POLÍMEROS RR2C-E","2016-08-01","***",1.59553,1.75084246290299,1.62206280543426,1.5319,1.69547040826097]
["EMULSÕES ASF. MOD. POR POLÍMEROS RR2C-E","2016-09-01","***",1.53743655116841,1.62961068440464,1.47052997227784,1.43029349424954,1.54853890534095]
["EMULSÕES ASF. MOD. POR POLÍMEROS RR2C-E","2016-10-01","***",1.46576207519315,1.48073699287558,1.3314506740682,1.40363905728903,1.43978818014511]
["EMULSÕES ASF. MOD. POR POLÍMEROS RR2C-E","2016-11-01","***",1.0907468396414,1.5489556537348,1.3344953175813,1.4941367172158,1.317812769031]
["EMULSÕES ASF. MOD. POR POLÍMEROS RR2C-E","2016-12-01","***",1.15446166355431,1.93118,1.34357892833222,"***",1.33514116720172]
["EMULSÕES ASF. MOD. POR POLÍMEROS RR2C-E","2017-01-01","***",1.15387588235294,"***",1.60086041709502,1.52324811540596,1.39880850437318]
["EMULSÕES ASF. MOD. POR POLÍMEROS RR2C-E","2017-02-01","***",1.4404488072436,1.8829,1.34435762711864,1.52240904228406,1.45823305499799]
["EMULSÕES ASF. MOD. POR POLÍMEROS RR2C-E","2017-03-01","***",1.41589,"***",1.40397150274377,"***",1.41241749723281]
["EMULSÕES ASF. MOD. POR POLÍMEROS RR2C-E","2017-04-01","***",1.42142277843462,1.87245645687204,1.6077348575387,1.49812,1.59392130835998]
["EMULSÕES ASF. MOD. POR POLÍMEROS RR2C-E","2017-05-01","***",1.41589,1.74926851775798,1.35936784271523,1.50347970927318,1.59787308117988]
["EMULSÕES ASF. MOD. POR POLÍMEROS RR2C-E","2017-06-01","***",1.52183504153616,1.73015128056361,1.43253605499439,1.443,1.67992738183905]
["EMULSÕES ASF. MOD. POR POLÍMEROS RR2C-E","2017-07-01","***",1.48312,1.68376317731085,1.33040943574809,1.3904146926834,1.6380343919322]
["EMULSÕES ASF. MOD. POR POLÍMEROS RR2C-E","2017-08-01","***",1.48286,1.47765717730169,1.35922312239594,1.39490249395055,1.46554936367542]
["EMULSÕES ASF. MOD. POR POLÍMEROS RR2C-E","2017-09-01","***",1.49241,1.5819643448285,1.42259146888694,1.38726185778716,1.56378501304106]
["EMULSÕES ASF. MOD. POR POLÍMEROS RR2C-E","2017-10-01","***","***",1.75481397265812,1.53866784542674,1.40283173617775,1.72744726613273]
["EMULSÕES ASF. MOD. POR POLÍMEROS RR2C-E","2017-11-01","***",1.6607,1.80194978026326,2.0248467509831,1.53662944984802,1.77252130365825]
["EMULSÕES ASF. MOD. POR POLÍMEROS RR2C-E","2017-12-01","***",1.71302,1.68721022919825,1.60933067592765,1.51505855724044,1.64909588155135]
["EMULSÕES ASF. MOD. POR POLÍMEROS RR2C-E","2018-01-01","***",1.77052,1.71224806528544,1.65688826949281,1.72309876498467,1.70683114881041]
["EMULSÕES ASF. MOD. POR POLÍMEROS RR2C-E","2018-02-01","***","***",1.62087773034118,1.50174400757298,1.66634590998043,1.59934789083235]
["EMULSÕES ASF. MOD. POR POLÍMEROS RR2C-E","2018-03-01","***",1.73590820451843,1.73020303278068,1.43952873704918,1.59874135458167,1.6489803003636]
["EMULSÕES ASF. MOD. POR POLÍMEROS RR2C-E","2018-04-01","***",1.70850232802386,1.6923075512673,1.57822189392532,1.63567323601602,1.678528469862]
["EMULSÕES ASF. MOD. POR POLÍMEROS RR2C-E","2018-05-01","***",1.77655053343899,1.70779954195635,1.66872544069088,1.68976,1.7256480736373]
["EMULSÕES ASF. MOD. POR POLÍMEROS RR2C-E","2018-06-01","***",1.66904431114442,1.79888806739457,1.68411031997187,1.78476170123137,1.76464549741321]
["EMULSÕES ASF. MOD. POR POLÍMEROS RR2C-E","2018-07-01","***",1.96925,1.84391858624825,1.74411106523469,2.22796,1.84928248828645]
["EMULSÕES ASF. MOD. POR POLÍMEROS RR2C-E","2018-08-01",3.35878,1.96541794751569,2.1854208648985,1.88196230161026,1.97194,2.16598026380806]
["EMULSÕES ASF. MOD. POR POLÍMEROS RR2C-E","2018-09-01",2.4708184259573,2.05653773749041,2.22723925265378,1.85236172916753,1.95032539136227,2.12412477439513]
["EMULSÕES ASF. MOD. POR POLÍMEROS RR2C-E","2018-10-01","***",2.00337700845451,1.77139932968497,1.80221487146662,1.98038,1.87024578191978]
["EMULSÕES ASF. MOD. POR POLÍMEROS RR2C-E","2018-11-01","***",2.13269111969255,2.42162852361302,2.11227503127861,2.25658451496083,2.23885127267865]
["EMULSÕES ASF. MOD. POR POLÍMEROS RR2C-E","2018-12-01",2.33256,2.06972,2.21776,2.12247637462012,2.23010700821653,2.16311273149791]
["EMULSÕES ASF. MOD. POR POLÍMEROS RR2C-E","2019-01-01","***",2.20001,"***",2.1652022601747,2.06439733617475,2.15898212170135]
["EMULSÕES ASF. MOD. POR POLÍMEROS RR2C-E","2019-02-01","***","***","***",2.31853676746703,2.29518976535968,2.31651654573627]
["EMULSÕES ASF. MOD. POR POLÍMEROS RR2C-E","2019-03-01","***",2.47643,"***",2.27349692089728,2.19781874432274,2.30048997780244]
["EMULSÕES ASF. MOD. POR POLÍMEROS RR2C-E","2019-04-01","***",2.48846617939496,2.2523488576845,2.66652325203252,2.25977138496326,2.32993976002486]
["EMULSÕES ASF. MOD. POR POLÍMEROS RR2C-E","2019-05-01","***",2.38249,2.24937383278897,2.5116499121539,2.26413098837209,2.3282346978741]
["EMULSÕES ASF. MOD. POR POLÍMEROS RR2C-E","2019-06-01","***","***",2.74864082501512,2.51234572048141,2.23214782920469,2.59414163208914]
["EMULSÕES ASF. MOD. POR POLÍMEROS RR2C-E","2019-07-01",2.43831,2.74128358471424,2.56181488843043,2.2512048607411,2.26798978303748,2.54573853449558]
["EMULSÕES ASF. MOD. POR POLÍMEROS RR2C-E","2019-08-01",2.34551912676056,2.32273469666667,2.55250095475113,2.31290904708877,"***",2.51274107600274]
["EMULSÕES ASF. MOD. POR POLÍMEROS RR2C-E","2019-09-01",2.32813567501026,2.04405031158142,2.48171955619597,2.3520848983643,2.27291484125246,2.42048833337909]
["EMULSÕES ASF. MOD. POR POLÍMEROS RR2C-E","2019-10-01",2.36248,3.01121725549278,2.35677272676818,2.31918149270711,2.19247031308491,2.47119965814026]
["EMULSÕES ASF. MOD. POR POLÍMEROS RR2C-E","2019-11-01",2.36849,3.3502205157821,2.46767828078651,2.32253405736743,2.23160189156352,2.84222166100543]
["EMULSÕES ASF. MOD. POR POLÍMEROS RR2C-E","2019-12-01",2.36868,3.11514565441718,2.35430154368673,2.33744602401601,2.35432504049547,2.84144807432935]
["EMULSÕES ASF. MOD. POR POLÍMEROS RR2C-E","2020-01-01","***",3.06194134008002,2.4741226465739,2.37008810225086,2.34038164299663,2.6374461712369]
["EMULSÕES ASF. MOD. POR POLÍMEROS RR2C-E","2020-02-01",2.05381,3.27165765407555,2.86533,2.41859,2.1598124990078,2.74774195553041]
["EMULSÕES ASF. MOD. POR POLÍMEROS RR2C-E","2020-03-01",2.10666239646465,"***",2.16964472059606,2.22243733070461,2.08418626261149,2.15079855479108]
["EMULSÕES ASF. MOD. POR POLÍMEROS RR2C-E","2020-04-01",2.03559523028695,"***",2.20159685989549,2.193407610266,2.09502679711906,2.10645162371453]
["EMULSÕES ASF. MOD. POR POLÍMEROS RR2C-E","2020-05-01","***",2.27239,2.29723756171617,2.22096138820102,2.15536955269923,2.23826482571886]
["EMULSÕES ASF. MOD. POR POLÍMEROS RR2C-E","2020-06-01",2.02198710217296,2.15701655429579,2.44131506578168,2.41859,2.50188,2.30281488174737]
["EMULSÕES ASF. MOD. POR POLÍMEROS RR2C-E","2020-07-01",1.97315,2.12162096260829,2.36380283815398,2.21032819776182,1.4994911835206,2.14063878668457]
["EMULSÕES ASF. MOD. POR POLÍMEROS RR2C-E","2020-08-01","***",2.2038424361082,2.59324996895744,2.38490917851501,2.86735,2.51067214214747]
["EMULSÕES ASF. MOD. POR POLÍMEROS RR2C-E","2020-09-01","***",2.19239493453355,2.42736138540333,2.23977670671764,0.28673,2.32266280407981]
["EMULSÕES ASF. MOD. POR POLÍMEROS RR2C-E","2020-10-01","***",2.20756963023829,2.4423051481563,2.30656425141714,2.13413290360273,2.39561522847167]
["EMULSÕES ASF. MOD. POR POLÍMEROS RR2C-E","2020-11-01","***",2.28604103799515,2.82618419505611,2.32374,2.57031,2.65017926291087]
["EMULSÕES ASF. MOD. POR POLÍMEROS RR2C-E","2020-12-01","***",2.33962546788589,2.84619648880419,2.32682,2.41969566878981,2.56070149053785]
["EMULSÕES ASF. MOD. POR POLÍMEROS RR2C-E","2021-01-01","***",2.37674106201443,2.93413155378486,2.21852774789761,2.2601421781055,2.55768645744586]
["EMULSÕES ASF. MOD. POR POLÍMEROS RR2C-E","2021-02-01","***",2.35275,3.12541219895803,2.36950780828695,2.15558,2.8338672706994]
["EMULSÕES ASF. MOD. POR POLÍMEROS RR2C-E","2021-03-01","***",2.76356914049971,2.31666450162262,2.36558544699162,"***",2.50664352017856]
["EMULSÕES ASF. MOD. POR POLÍMEROS RR2C-E","2021-04-01","***",2.328,2.45407955333384,2.37831858893761,2.51523775134464,2.440118374566]
["EMULSÕES ASF. MOD. POR POLÍMEROS RR2C-E","2021-05-01","***",2.8498,2.83106439248316,2.89461665024886,3.06396,2.86799355244213]
["EMULSÕES ASF. MOD. POR POLÍMEROS RR2C-E","2021-06-01","***",2.7936,2.92423365834087,2.80833361448234,3.06374425437281,2.93105655608356]
["EMULSÕES ASF. MOD. POR POLÍMEROS RR2C-E","2021-07-01","***",2.96399,3.12592179321118,2.93580502492937,3.01263690384324,3.08866991079051]
["EMULSÕES ASF. MOD. POR POLÍMEROS RR2C-E","2021-08-01","***",2.89909,3.34233734688474,3.1259175629905,3.08466841363963,3.29620110309828]
["EMULSÕES ASF. MOD. POR POLÍMEROS RR2C-E","2021-09-01","***","***",3.29731983419346,3.08892397325636,3.00643636071223,3.27169678911398]
["EMULSÕES ASF. MOD. POR POLÍMEROS RR2C-E","2021-10-01","***",3.09126,3.28851311347264,2.97914154477397,3.01696318181818,3.22397096621238]
["EMULSÕES ASF. MOD. POR POLÍMEROS RR2C-E","2021-11-01","***",3.38569729428304,3.5025718253273,3.35853444787224,3.29821217584177,3.40178714132877]
["EMULSÕES ASF. MOD. POR POLÍMEROS RR2C-E","2021-12-01","***","***",3.55861736035242,3.53371036586758,3.50154846415094,3.53555166441466]
["EMULSÕES ASF. MOD. POR POLÍMEROS RR2C-E","2022-01-01","***",3.24609,3.769353693606,3.50019014490766,3.86434679350007,3.66745957978899]
["EMULSÕES ASF. MOD. POR POLÍMEROS RR2C-E","2022-02-01","***",3.58571,3.84061832751455,3.84515251330913,4.04221,3.83759451029553]
["EMULSÕES ASF. MOD. POR POLÍMEROS RR2C-E","2022-03-01","***",3.69741532763533,3.74192013873744,3.95566310966916,3.72220242907801,3.86684360592278]
["EMULSÕES ASF. MOD. POR POLÍMEROS RR2C-E","2022-04-01","***",3.85443,4.68569,4.04581812911972,4.12411054468493,4.11414895645587]
["EMULSÕES ASF. MOD. POR POLÍMEROS RR2C-E","2022-05-01",4.00499695700601,4.13137,3.9169645708986,4.15088821765556,3.78097728254848,4.03698372001643]
["EMULSÕES ASF. MOD. POR POLÍMEROS RR2C-E","2022-06-01",3.86550336490171,"***",3.84538747578972,4.02503185700973,3.78307383927492,3.94411591770516]
["EMULSÕES ASF. MOD. POR POLÍMEROS RR2C-E","2022-07-01",3.91668,3.69223,3.9892275891872,3.87330460959616,3.70966227276268,3.88775455304958]
["EMULSÕES ASF. MOD. POR POLÍMEROS RR2C-E","2022-08-01",3.74449,3.77605,4.01897792456642,3.80114836824832,3.47925553730512,3.88908411484807]
["EMULSÕES ASF. MOD. POR POLÍMEROS RR2C-E","2022-09-01","***",4.24180091084275,4.05300006108132,3.70888130921173,3.80632,3.86771181113968]
["EMULSÕES ASF. MOD. POR POLÍMEROS RR2C-E","2022-10-01","***",3.10555115263286,3.26953324819643,3.71257628990461,3.30541168817759,3.56987229481534]
["EMULSÕES ASF. MOD. POR POLÍMEROS RR2C-E","2022-11-01","***",3.59291392046205,3.64006216802069,3.4623746992202,"***",3.51947135742775]
["EMULSÕES ASF. MOD. POR POLÍMEROS RR2C-E","2022-12-01","***",3.25898,3.63035402538459,3.41356615630572,3.45723936553713,3.53894476002888]
["EMULSÕES ASF. MOD. POR POLÍMEROS RR2C-E","2023-01-01","***","***","***",3.36381702757413,3.07933288114499,3.34082653105356]
["EMULSÕES ASF. MOD. POR POLÍMEROS RR2C-E","2023-02-01","***",3.19331,3.10395795503675,3.34833851789432,2.73572809305873,3.19542789098098]
["EMULSÕES ASF. MOD. POR POLÍMEROS RR2C-E","2023-03-01","***",3.64102700041271,3.04467173368649,3.11018826898134,2.8713062160203,3.26106089276503]
["EMULSÕES ASF. MOD. POR POLÍMEROS RR2C-E","2023-04-01","***",3.84639990157959,3.0449708890278,3.01107560562135,3.41074,3.14283928423019]
["EMULSÕES ASF. MOD. POR POLÍMEROS RR2C-E","2023-05-01","***",3.20198941541102,3.21971984727245,2.94781378656448,2.9409981007219,3.06381583696096]
["EMULSÕES ASF. MOD. POR POLÍMEROS RR2C-E","2023-06-01","***",3.21636622229917,3.32188762933403,2.90170376940492,3.15631503851471,3.11029952778372]
["EMULSÕES ASF. MOD. POR POLÍMEROS RR2C-E","2023-07-01","***",3.05644447270007,3.34766165188639,3.0412601153822,2.964,3.15624080641023]
["EMULSÕES ASF. MOD. POR POLÍMEROS RR2C-E","2023-08-01",3.39527,2.93909969561243,3.39405340583319,2.90368250835553,2.57055775599865,3.09719957816965]
["EMULSÕES ASF. MOD. POR POLÍMEROS RR2C-E","2023-09-01",3.79674283248397,3.12654152928533,3.35296046377252,3.00660697043051,3.01877407609838,3.2114826237564]
["EMULSÕES ASF. MOD. POR POLÍMEROS RR2C-E","2023-10-01",3.71894900730337,3.06023518059198,3.46727010070771,3.11359454151404,3.06549655991516,3.29678035198472]
["EMULSÕES ASF. MOD. POR POLÍMEROS RR2C-E","2023-11-01",3.90935702837669,3.14211308589806,3.72030141857152,3.1187153621825,3.02749064491939,3.3906457770229]
["EMULSÕES ASF. MOD. POR POLÍMEROS RR2C-E","2023-12-01",4.099,2.90672920590726,3.68958771616454,3.27159664852255,3.14607222001982,3.21442246456752]
["EMULSÕES ASF. MOD. POR POLÍMEROS RR2C-E","2024-01-01","***",2.75831191724446,3.53550815447832,2.5292139655131,3.12243758389262,2.89908152702613]
["EMULSÕES ASF. MOD. POR POLÍMEROS RR2C-E","2024-02-01","***",2.73941059563988,3.68800481153626,3.01128462352521,"***",3.09480304678493]
["EMULSÕES ASF. MOD. POR POLÍMEROS RR2C-E","2024-03-01","***",3.16030278071419,3.06238091962346,2.92352546453698,"***",2.98653068347269]
["EMULSÕES ASF. MOD. POR POLÍMEROS RR2C-E","2024-04-01","***","***",3.10086400054025,2.93383433899633,"***",2.97290202543042]
["EMULSÕES ASF. MOD. POR POLÍMEROS RR2C-E","2024-05-01","***",2.99751666666667,3.20358281093003,2.80981620429647,2.95867,2.971465595863]
["EMULSÕES ASF. MOD. POR POLÍMEROS RR2C-E","2024-06-01","***",3.02969889102605,3.29798621675693,2.9216926524252,2.95867,3.072155063239]
["EMULSÕES ASF. MOD. POR POLÍMEROS RR2C-E","2024-07-01","***",3.22693253305178,3.72512892609479,3.05172222618398,3.00461,3.3554888484811]
["EMULSÕES ASF. MOD. POR POLÍMEROS RR2C-E","2024-08-01",3.87299033491229,3.63948546622443,3.86668240010214,3.35429476857137,3.12639175660872,3.628547573423]
["EMULSÕES ASFÁLTICAS LA-E","2008-11-01",2.30332214472537,"***","***",0.988242981574539,0.81795,2.09844229946524]
["EMULSÕES ASFÁLTICAS LA-E","2008-12-01","***","***","***",1.09003459190445,"***",1.09003459190445]
["EMULSÕES ASFÁLTICAS LA-E","2009-01-01","***","***","***",1.11491930501931,"***",1.11491930501931]
["EMULSÕES ASFÁLTICAS LA-E","2009-02-01","***","***","***",1.10028944543828,"***",1.10028944543828]
["EMULSÕES ASFÁLTICAS LA-E","2009-03-01","***","***",0.77302888986014,1.22318149281126,"***",0.936734403159417]
["EMULSÕES ASFÁLTICAS LA-E","2009-04-01","***","***","***",1.03260476915271,"***",1.03260476915271]
["EMULSÕES ASFÁLTICAS LA-E","2009-05-01","***","***","***",1.12547834274953,0.67855,0.801132102272727]
["EMULSÕES ASFÁLTICAS LA-E","2009-06-01","***","***","***",1.0738062992126,"***",1.0738062992126]
["EMULSÕES ASFÁLTICAS LA-E","2009-07-01","***","***","***",1.07598393903869,"***",1.07598393903869]
["EMULSÕES ASFÁLTICAS LA-E","2009-08-01","***","***",0.912245678815852,1.0658639088729,"***",0.921806694029851]
["EMULSÕES ASFÁLTICAS LA-E","2009-09-01","***","***",0.92049,1.05387540425532,"***",0.952012093724859]
["EMULSÕES ASFÁLTICAS LA-E","2009-10-01","***","***",0.776956960784314,1.11813195876289,"***",0.852686880244089]
["EMULSÕES ASFÁLTICAS LA-E","2009-11-01","***","***",0.745893944065184,0.956865113065327,"***",0.777359758291175]
["EMULSÕES ASFÁLTICAS LA-E","2009-12-01","***","***","***",0.976669498069498,"***",0.976669498069498]
["EMULSÕES ASFÁLTICAS LA-E","2010-01-01","***","***","***",0.782454916894593,"***",0.782454916894593]
["EMULSÕES ASFÁLTICAS LA-E","2010-02-01","***","***","***",0.788372894228114,"***",0.788372894228114]
["EMULSÕES ASFÁLTICAS LA-E","2010-03-01","***","***","***",1.05175688356164,"***",1.05175688356164]
["EMULSÕES ASFÁLTICAS LA-E","2010-04-01","***","***",0.7459,0.98982251442704,"***",0.82503292591602]
["EMULSÕES ASFÁLTICAS LA-E","2010-05-01","***","***",0.819271766191593,1.00021633245383,0.66248,0.821160738586799]
["EMULSÕES ASFÁLTICAS LA-E","2010-06-01","***","***",0.8164,1.01563386085627,"***",0.865952745769158]
["EMULSÕES ASFÁLTICAS LA-E","2010-07-01","***","***",0.7843,1.03801639370079,"***",0.901215754716981]
["EMULSÕES ASFÁLTICAS LA-E","2010-08-01","***","***",0.783895838587642,0.992161398773006,"***",0.810558803016023]
["EMULSÕES ASFÁLTICAS LA-E","2010-09-01","***","***",0.836529929577465,0.984615058626466,"***",0.880360778383738]
["EMULSÕES ASFÁLTICAS LA-E","2010-10-01","***","***",0.828892480936336,1.0560252293578,"***",0.859311733988635]
["EMULSÕES ASFÁLTICAS LA-E","2010-11-01","***","***",0.7939,1.02634476793249,"***",0.968371607284244]
["EMULSÕES ASFÁLTICAS LA-E","2010-12-01","***","***",0.833223140495868,1.01251367003367,"***",0.940006470588235]
["EMULSÕES ASFÁLTICAS LA-E","2011-01-01","***","***","***",1.01958606760099,"***",1.01958606760099]
["EMULSÕES ASFÁLTICAS LA-E","2011-02-01","***","***","***",1.03965006920415,"***",1.03965006920415]
["EMULSÕES ASFÁLTICAS LA-E","2011-03-01","***","***",0.7815,1.06199159109646,"***",0.887261983214175]
["EMULSÕES ASFÁLTICAS LA-E","2011-04-01","***","***",0.814052215023639,1.02176811345646,"***",0.857624555140446]
["EMULSÕES ASFÁLTICAS LA-E","2011-05-01","***","***",0.798598313615023,0.999492308326463,"***",0.807351974638983]
["EMULSÕES ASFÁLTICAS LA-E","2011-06-01","***","***",0.793226373966942,1.06180315049226,"***",0.811603631989222]
["EMULSÕES ASFÁLTICAS LA-E","2011-07-01","***","***",0.752492484448394,1.21566209302326,"***",0.787548151842291]
["EMULSÕES ASFÁLTICAS LA-E","2011-08-01","***","***",0.780470761933905,1.04870351968504,"***",0.824110987701768]
["EMULSÕES ASFÁLTICAS LA-E","2011-09-01","***","***",0.813387286034707,0.860763488579057,"***",0.826873621009965]
["EMULSÕES ASFÁLTICAS LA-E","2011-10-01","***","***",0.8352,1.05388324159021,"***",0.916599453614115]
["EMULSÕES ASFÁLTICAS LA-E","2011-11-01","***","***",0.756,0.999288994229184,"***",0.785314547531539]
["EMULSÕES ASFÁLTICAS LA-E","2011-12-01","***","***",0.756973440615209,1.1632141015625,"***",0.784580982213963]
["EMULSÕES ASFÁLTICAS LA-E","2012-01-01","***","***","***",1.06304844009043,"***",1.06304844009043]
["EMULSÕES ASFÁLTICAS LA-E","2012-02-01","***","***","***",1.01244990551181,"***",1.01244990551181]
["EMULSÕES ASFÁLTICAS LA-E","2012-03-01","***","***","***",0.92201100658858,"***",0.92201100658858]
["EMULSÕES ASFÁLTICAS LA-E","2012-04-01","***","***",0.826630292269872,0.770335068051576,"***",0.787457010052339]
["EMULSÕES ASFÁLTICAS LA-E","2012-05-01","***","***",0.75284071652238,0.94700099712023,"***",0.792396103696098]
["EMULSÕES ASFÁLTICAS LA-E","2012-06-01","***","***",0.770160131795717,0.922792529817953,0.9184,0.911860027429054]
["EMULSÕES ASFÁLTICAS LA-E","2012-07-01","***","***",0.814292651215376,0.91462042395385,"***",0.890071031883256]
["EMULSÕES ASFÁLTICAS LA-E","2012-08-01","***","***",0.814790966900375,0.957153389566571,0.9184,0.879136823358372]
["EMULSÕES ASFÁLTICAS LA-E","2012-09-01","***","***",0.823460890114218,0.917736740826656,0.9184,0.880994659248244]
["EMULSÕES ASFÁLTICAS LA-E","2012-10-01","***","***",0.80310558347292,0.909577377306635,0.9184,0.859447069654099]
["EMULSÕES ASFÁLTICAS LA-E","2012-11-01","***","***",0.8147,1.10817735199139,0.9184,0.87662869315462]
["EMULSÕES ASFÁLTICAS LA-E","2012-12-01","***","***",0.8147,1.0579856043956,1.00620456084895,0.913542248221833]
["EMULSÕES ASFÁLTICAS LA-E","2013-01-01","***","***","***",1.16656488843813,"***",1.16656488843813]
["EMULSÕES ASFÁLTICAS LA-E","2013-02-01","***","***","***",1.00604597691674,"***",1.00604597691674]
["EMULSÕES ASFÁLTICAS LA-E","2013-03-01","***",0.901,0.80872,1.01506193897012,"***",0.92901406333539]
["EMULSÕES ASFÁLTICAS LA-E","2013-04-01","***",0.901,0.80872,0.910127074889868,"***",0.896726743243243]
["EMULSÕES ASFÁLTICAS LA-E","2013-05-01","***","***",0.867676823779193,0.990406340425532,"***",0.908528716713881]
["EMULSÕES ASFÁLTICAS LA-E","2013-06-01","***","***",0.8397,0.992615744822979,"***",0.935041470220741]
["EMULSÕES ASFÁLTICAS LA-E","2013-07-01","***","***","***",1.46528888888889,0.9184,0.954093893129771]
["EMULSÕES ASFÁLTICAS LA-E","2013-08-01","***","***",0.864475052001261,1.01078014125467,"***",0.927585508960574]
["EMULSÕES ASFÁLTICAS LA-E","2013-09-01","***","***",0.83757890704584,"***","***",0.83757890704584]
["EMULSÕES ASFÁLTICAS LA-E","2013-10-01","***","***",0.82574,1.50782777777778,0.9184,0.881023652380952]
["EMULSÕES ASFÁLTICAS LA-E","2013-11-01","***","***","***",1.4759,"***",1.4759]
["EMULSÕES ASFÁLTICAS LA-E","2013-12-01","***","***","***",1.471302,1.1562,1.16773552601156]
["EMULSÕES ASFÁLTICAS LA-E","2014-01-01","***","***",0.833433367375887,1.469095,1.1562,0.973611512866743]
["EMULSÕES ASFÁLTICAS LA-E","2014-02-01","***","***",0.79853,1.41309761904762,"***",0.910091637852593]
["EMULSÕES ASFÁLTICAS LA-E","2014-03-01","***","***",0.84554,1.46228,"***",0.858065986103688]
["EMULSÕES ASFÁLTICAS LA-E","2014-04-01","***","***","***",0.988825406643757,"***",0.988825406643757]
["EMULSÕES ASFÁLTICAS LA-E","2014-05-01","***","***",1.21,1.06441426163724,"***",1.13643964720195]
["EMULSÕES ASFÁLTICAS LA-E","2014-06-01","***","***",0.859423462929476,1.05613058376117,"***",0.997889899611832]
["EMULSÕES ASFÁLTICAS LA-E","2014-07-01","***","***",0.62122,1.04874448330059,"***",0.891879156716418]
["EMULSÕES ASFÁLTICAS LA-E","2014-08-01","***",1.53,"***",1.00275482538267,"***",1.22509859229976]
["EMULSÕES ASFÁLTICAS LA-E","2014-09-01","***",1.53,0.87406,1.05067602040816,"***",1.12001240006526]
["EMULSÕES ASFÁLTICAS LA-E","2014-10-01","***",1.27,0.691719848484848,1.04992078616352,"***",0.961982318828923]
["EMULSÕES ASFÁLTICAS LA-E","2014-11-01","***",1.27,0.65868,1.5342975,"***",1.08427079411407]
["EMULSÕES ASFÁLTICAS LA-E","2014-12-01","***","***","***",1.68449333333333,"***",1.68449333333333]
["EMULSÕES ASFÁLTICAS LA-E","2015-01-01","***","***","***","***","***","***"]
["EMULSÕES ASFÁLTICAS LA-E","2015-02-01","***","***","***",1.2839,"***",1.2839]
["EMULSÕES ASFÁLTICAS LA-E","2015-03-01","***","***","***","***","***","***"]
["EMULSÕES ASFÁLTICAS LA-E","2015-04-01","***","***","***",1.209,"***",1.209]
["EMULSÕES ASFÁLTICAS LA-E","2015-05-01","***","***","***",1.2312,"***",1.2312]
["EMULSÕES ASFÁLTICAS LA-E","2015-06-01","***",1.97,"***","***","***",1.97]
["EMULSÕES ASFÁLTICAS LA-E","2015-07-01","***","***","***","***","***","***"]
["EMULSÕES ASFÁLTICAS LA-E","2015-08-01","***","***","***",1.1745,"***",1.1745]
["EMULSÕES ASFÁLTICAS RL-1C","2008-11-01",1.13373671937108,0.829097057582182,1.01230722397389,0.768190898911123,0.782951817838677,0.835076779684942]
["EMULSÕES ASFÁLTICAS RL-1C","2008-12-01",1.68164145937942,0.908517080753882,1.05186028597192,0.770489022642082,0.840964748037799,0.880063571647]
["EMULSÕES ASFÁLTICAS RL-1C","2009-01-01",1.77672514866347,0.956704330427371,1.04800849064666,0.774752302768242,0.882064604795102,0.922951301078784]
["EMULSÕES ASFÁLTICAS RL-1C","2009-02-01",1.33590902996019,0.981641538885439,1.0424075602805,0.867298392326636,0.880402020211816,0.928519541034188]
["EMULSÕES ASFÁLTICAS RL-1C","2009-03-01",1.20946427185253,1.08386798118964,1.0157732456476,0.810300836217712,0.900618060001535,0.894259559528786]
["EMULSÕES ASFÁLTICAS RL-1C","2009-04-01",1.22270064882151,1.02902621685279,1.04529534854364,0.794890556084967,0.863279625073488,0.884374065991842]
["EMULSÕES ASFÁLTICAS RL-1C","2009-05-01",1.39934975428634,0.984989917756108,1.0550202309493,0.811912423326096,0.910015090151942,0.912224186987564]
["EMULSÕES ASFÁLTICAS RL-1C","2009-06-01",1.28421219131451,0.899139404191137,1.03973785126532,0.796171487515101,0.89537956942265,0.902677536894644]
["EMULSÕES ASFÁLTICAS RL-1C","2009-07-01",1.41800002378461,0.972098188424762,1.02993060086571,0.816236722021285,0.974332169150457,0.937794300657242]
["EMULSÕES ASFÁLTICAS RL-1C","2009-08-01",1.27075004972324,0.911620334576293,1.03566618241956,0.812387216648498,0.916296571331709,0.914812741826475]
["EMULSÕES ASFÁLTICAS RL-1C","2009-09-01",1.33266498438626,0.871121016962883,1.05583866721755,0.797240307916613,0.873566790640484,0.899000229017171]
["EMULSÕES ASFÁLTICAS RL-1C","2009-10-01",1.44796352333684,0.894920044749805,1.02231843008902,0.819595424814862,0.884765686232387,0.906773083262365]
["EMULSÕES ASFÁLTICAS RL-1C","2009-11-01",1.34721317889318,0.926375729644814,1.02287314903642,0.811241829819464,0.89988311625296,0.911914941723555]
["EMULSÕES ASFÁLTICAS RL-1C","2009-12-01",1.48704614882231,0.931736707938453,1.01031849614568,0.799116532864536,0.856756025507588,0.905245382420294]
["EMULSÕES ASFÁLTICAS RL-1C","2010-01-01",1.5100926910516,0.848615392007232,1.04854594597785,0.84136823476462,0.832602289430705,0.894605498292657]
["EMULSÕES ASFÁLTICAS RL-1C","2010-02-01",1.66710294936977,0.854336760319688,1.03016343865955,0.876493498760009,0.781875841910628,0.89828149929195]
["EMULSÕES ASFÁLTICAS RL-1C","2010-03-01",1.03599524704776,0.779303153768508,1.01999475918452,0.857100191152688,0.793042353255555,0.861893917490436]
["EMULSÕES ASFÁLTICAS RL-1C","2010-04-01",1.12003380697051,0.724101523082804,1.04291075190002,0.824939740021277,0.76740669341215,0.851106329238793]
["EMULSÕES ASFÁLTICAS RL-1C","2010-05-01",1.57726518349693,0.711566824720614,1.02767017262704,0.810829385314252,0.739308956804948,0.830672560805422]
["EMULSÕES ASFÁLTICAS RL-1C","2010-06-01",1.39023311220389,0.707765940762127,0.978604948594701,0.818465157879745,0.75829875901576,0.841192923567141]
["EMULSÕES ASFÁLTICAS RL-1C","2010-07-01",1.44659979859013,0.711601205454438,0.956496883585113,0.807906491366057,0.754015438223368,0.833594543405343]
["EMULSÕES ASFÁLTICAS RL-1C","2010-08-01",1.18412576156948,0.708282432774145,0.940814187681792,0.765871243861871,0.743502045227389,0.792038308551046]
["EMULSÕES ASFÁLTICAS RL-1C","2010-09-01",1.25082746891475,0.716158121257235,0.966652887456841,0.753169632011708,0.755889591003548,0.800826690903726]
["EMULSÕES ASFÁLTICAS RL-1C","2010-10-01",1.20894147679522,0.71790035930402,0.999886809016677,0.776778197044648,0.803407485052761,0.848896976204719]
["EMULSÕES ASFÁLTICAS RL-1C","2010-11-01",1.22307564523381,0.726469044600532,0.983893695948802,0.694495080096415,0.756575610904359,0.801377602620748]
["EMULSÕES ASFÁLTICAS RL-1C","2010-12-01",1.22004429156858,0.722704057326955,0.940263999352832,0.75597660658875,0.763669570125923,0.803258984377428]
["EMULSÕES ASFÁLTICAS RL-1C","2011-01-01",1.01797178364478,0.704759486170897,0.981662220671225,0.771899100094887,0.763832777359683,0.813538636136371]
["EMULSÕES ASFÁLTICAS RL-1C","2011-02-01",1.25206722537142,0.725037514111885,0.93291845035737,0.743835520526455,0.772237216731587,0.794212923707038]
["EMULSÕES ASFÁLTICAS RL-1C","2011-03-01",1.27074826301028,0.721674286751549,0.952483409977163,0.746508649595022,0.736442052257946,0.790742688550539]
["EMULSÕES ASFÁLTICAS RL-1C","2011-04-01",1.35692206213344,0.719444096013694,0.890303966315933,0.745698743664223,0.710827133908748,0.785482596983094]
["EMULSÕES ASFÁLTICAS RL-1C","2011-05-01",1.28779983054925,0.738757970693049,0.908342654500515,0.721252954065537,0.707187025792157,0.772101418382473]
["EMULSÕES ASFÁLTICAS RL-1C","2011-06-01",1.30524685206311,0.768833599558215,0.879869433798717,0.723771780738978,0.719333594044977,0.781459205818437]
["EMULSÕES ASFÁLTICAS RL-1C","2011-07-01",1.25080331533635,0.685717838872074,0.938055333411326,0.730719280027331,0.718115455371145,0.771567685430511]
["EMULSÕES ASFÁLTICAS RL-1C","2011-08-01",1.28803765013011,0.686101123297829,0.91786469656284,0.757205196446605,0.715063138100134,0.804939513214867]
["EMULSÕES ASFÁLTICAS RL-1C","2011-09-01",1.23075914161563,0.70168431233812,0.918965275889175,0.728955896408055,0.714615526073604,0.803822646926425]
["EMULSÕES ASFÁLTICAS RL-1C","2011-10-01",1.19478428789024,0.68709666146581,0.865118996971376,0.729230790702628,0.730222899485507,0.780669391957233]
["EMULSÕES ASFÁLTICAS RL-1C","2011-11-01",1.27995117805927,0.706346618919353,0.835243914904175,0.709492780056519,0.759986149889734,0.774193196194428]
["EMULSÕES ASFÁLTICAS RL-1C","2011-12-01",1.30672537311385,0.681449879499925,0.840607845182958,0.701845928640752,0.726934665461131,0.763948820352924]
["EMULSÕES ASFÁLTICAS RL-1C","2012-01-01",1.19733150402822,0.704139947201224,0.820476026187498,0.730211719060943,0.728913176447225,0.761279426259589]
["EMULSÕES ASFÁLTICAS RL-1C","2012-02-01",1.26167402231286,0.696802945354966,0.832298391620295,0.715482264779975,0.722719140843377,0.749538856661878]
["EMULSÕES ASFÁLTICAS RL-1C","2012-03-01",1.25334953859368,0.691992880384921,0.793737154762822,0.733162722501782,0.727906437429323,0.770278828399403]
["EMULSÕES ASFÁLTICAS RL-1C","2012-04-01",1.31236639408867,0.692024465457416,0.829873995478183,0.742052842761438,0.723468256377279,0.769155462910324]
["EMULSÕES ASFÁLTICAS RL-1C","2012-05-01",1.3024841040115,0.737641728300363,0.845327102931205,0.748453359518694,0.73326877207688,0.784106223906863]
["EMULSÕES ASFÁLTICAS RL-1C","2012-06-01",1.29622961217922,0.724253651088688,0.866809522532723,0.750795484040571,0.771575819473825,0.800175372342095]
["EMULSÕES ASFÁLTICAS RL-1C","2012-07-01",1.47079069668073,0.743615500534303,0.919931543390085,0.753683741465146,0.77175863287701,0.834540543025843]
["EMULSÕES ASFÁLTICAS RL-1C","2012-08-01",1.32727283139542,0.75698993166882,0.888969093140614,0.766184062356425,0.774211265015666,0.82449269471882]
["EMULSÕES ASFÁLTICAS RL-1C","2012-09-01",1.40146466543329,0.764297260689676,0.919012208618435,0.788463148115844,0.769241462207978,0.84483644953704]
["EMULSÕES ASFÁLTICAS RL-1C","2012-10-01",1.29484894945546,0.756549927876669,0.931118317705542,0.837262264520617,0.764634559502342,0.860640747508336]
["EMULSÕES ASFÁLTICAS RL-1C","2012-11-01",1.23518957044228,0.762972307876956,0.956332545904428,0.809180516300926,0.769114955099037,0.85506692776156]
["EMULSÕES ASFÁLTICAS RL-1C","2012-12-01",1.28208615141297,0.776958955574787,0.873721023012643,0.792637637886327,0.80441913576035,0.85157619753572]
["EMULSÕES ASFÁLTICAS RL-1C","2013-01-01",1.23183791119349,0.779731516040288,0.928364170988665,0.852141336548575,0.835676823547471,0.865653226810832]
["EMULSÕES ASFÁLTICAS RL-1C","2013-02-01",1.18724878101289,0.789113403680091,0.81598160853264,0.846185234316017,0.790754900378242,0.838161085167223]
["EMULSÕES ASFÁLTICAS RL-1C","2013-03-01",1.33489219439198,0.756946784430277,0.885565461710842,0.906301046429839,0.791857468634584,0.868835318180655]
["EMULSÕES ASFÁLTICAS RL-1C","2013-04-01",1.33744999446408,0.801693469731211,0.887504549459948,0.864932470521894,0.812792598370073,0.864794943616143]
["EMULSÕES ASFÁLTICAS RL-1C","2013-05-01",1.65321525732252,0.794737287924917,0.836660417845372,0.884761781146987,0.824862760907534,0.862715676826349]
["EMULSÕES ASFÁLTICAS RL-1C","2013-06-01",1.46508602368317,0.782807222201458,0.930396853450204,0.866388863892445,0.819207775404353,0.898241640014605]
["EMULSÕES ASFÁLTICAS RL-1C","2013-07-01",1.48592024496644,0.776412910664478,0.958804156354189,0.896224883970024,0.85351478458978,0.903411658860258]
["EMULSÕES ASFÁLTICAS RL-1C","2013-08-01",1.40037002034534,0.760964659638352,0.880234471588533,0.881852255121703,0.845780990862116,0.882263161710905]
["EMULSÕES ASFÁLTICAS RL-1C","2013-09-01",1.32969096386359,0.758791447501109,0.983580184491258,0.903869850483089,0.835742302463425,0.914601114732945]
["EMULSÕES ASFÁLTICAS RL-1C","2013-10-01",1.42823017620691,0.808817476474331,0.875264756798394,0.891392050108807,0.861562884087369,0.886462852201812]
["EMULSÕES ASFÁLTICAS RL-1C","2013-11-01",1.28380245682958,0.837954600073799,0.941704594741896,0.911335626708019,0.870874160943866,0.917660946474984]
["EMULSÕES ASFÁLTICAS RL-1C","2013-12-01",1.5705007365002,0.840158835681264,1.02623857339896,0.937581846138962,0.906721042354847,0.970416639244429]
["EMULSÕES ASFÁLTICAS RL-1C","2014-01-01",1.34193131524377,0.952418954161104,1.01869059175087,0.95431173340574,0.905277873444486,0.971441622490024]
["EMULSÕES ASFÁLTICAS RL-1C","2014-02-01",1.40074735844175,0.887824749731681,1.01828728099626,0.948949114567548,0.928248085017213,0.966494870319381]
["EMULSÕES ASFÁLTICAS RL-1C","2014-03-01",1.54998553673955,0.847504523215533,1.07605238419432,0.932765282721065,0.972115357824435,0.971477480711395]
["EMULSÕES ASFÁLTICAS RL-1C","2014-04-01",1.46766011781898,0.849942589689341,1.02810821624682,0.928034628851936,1.01939157620265,0.981495327083061]
["EMULSÕES ASFÁLTICAS RL-1C","2014-05-01",1.41191031381709,0.883400027701541,1.04361791995234,0.926234697777712,1.04116571025371,0.998180167274244]
["EMULSÕES ASFÁLTICAS RL-1C","2014-06-01",1.39995144839789,0.826669110882881,1.06217524504392,0.911099708735601,1.00755841631358,0.99891201392836]
["EMULSÕES ASFÁLTICAS RL-1C","2014-07-01",1.43747844821493,0.899978331568817,0.906312093241454,0.917182417574987,0.986447985955445,0.946783518058329]
["EMULSÕES ASFÁLTICAS RL-1C","2014-08-01",1.29861470935584,0.893062886519032,0.819226576851951,0.908113404356267,1.03023070161557,0.902971614940961]
["EMULSÕES ASFÁLTICAS RL-1C","2014-09-01",1.3310051145767,0.926521647881666,1.03779216822926,0.899669698785721,1.00869679479054,0.98201718224524]
["EMULSÕES ASFÁLTICAS RL-1C","2014-10-01",1.45336698422713,0.993125735830327,0.911866142081064,0.914785861487481,1.00624534319275,0.947969032855344]
["EMULSÕES ASFÁLTICAS RL-1C","2014-11-01",1.49987562360331,0.957681638402774,0.899626012094788,0.935694243762886,0.975059761836077,0.946974238690268]
["EMULSÕES ASFÁLTICAS RL-1C","2014-12-01",1.27926781230184,0.997580568822554,1.0135456343857,1.01756415279353,1.08960343899053,1.03903555789217]
["EMULSÕES ASFÁLTICAS RL-1C","2015-01-01",1.3144019456529,1.14087938546806,1.37879275306471,1.04846760696027,1.22323356830322,1.15808446122654]
["EMULSÕES ASFÁLTICAS RL-1C","2015-02-01",1.58040519086372,1.17182138262924,1.3365670389031,1.0380191091321,1.31437848148779,1.16411618696352]
["EMULSÕES ASFÁLTICAS RL-1C","2015-03-01",1.60968655436567,1.16571347243674,1.35001016357675,0.996665240416918,1.25569669479879,1.12587841427755]
["EMULSÕES ASFÁLTICAS RL-1C","2015-04-01",1.57889641852932,1.16510869429084,1.29951861316262,1.00278713807009,1.26313034470806,1.11115977255292]
["EMULSÕES ASFÁLTICAS RL-1C","2015-05-01",1.59880119167761,1.10091294269669,1.31154237137792,0.955985905747785,1.23019836851255,1.09649143681342]
["EMULSÕES ASFÁLTICAS RL-1C","2015-06-01",1.34992275213212,1.23243265823936,1.32154844629507,0.979996448481227,1.25283572629027,1.14998615657133]
["EMULSÕES ASFÁLTICAS RL-1C","2015-07-01",1.37889096403709,1.12018803964038,1.12932164868381,0.853177663858512,1.27350992655763,1.03014060054431]
["EMULSÕES ASFÁLTICAS RL-1C","2015-08-01",1.65692675537259,1.08890209286772,1.29062531053787,0.911264308314988,1.22023664786048,1.08874715598215]
["EMULSÕES ASFÁLTICAS RL-1C","2015-09-01",1.82346007396341,1.0881527826087,1.22892302432646,0.923322070160563,1.1932406101938,1.08904321535017]
["EMULSÕES ASFÁLTICAS RL-1C","2015-10-01",1.62645923148841,1.21624164938164,1.31880672526338,1.08123699855791,1.27755951231248,1.2075484852536]
["EMULSÕES ASFÁLTICAS RL-1C","2015-11-01",1.70315542681521,1.29140477321701,1.42946676213873,1.18281214154806,1.38343058944849,1.32784127133714]
["EMULSÕES ASFÁLTICAS RL-1C","2015-12-01",1.72641248302168,1.29169795024233,1.36476766235443,1.18793783114038,1.29821242935816,1.28973020635575]
["EMULSÕES ASFÁLTICAS RL-1C","2016-01-01",1.73439745346535,1.2428023811006,1.45921869600351,1.24686719932357,1.36008313114139,1.32976360792082]
["EMULSÕES ASFÁLTICAS RL-1C","2016-02-01",1.55734645526942,1.17149254292881,1.55304372779389,1.19824447015805,1.42290703034803,1.32120537848236]
["EMULSÕES ASFÁLTICAS RL-1C","2016-03-01",1.88605144742937,1.5778557660834,1.52568561190482,1.16753186137423,1.44457622119816,1.30447143950484]
["EMULSÕES ASFÁLTICAS RL-1C","2016-04-01",1.64869604860839,1.37763135448518,1.59057258439502,1.27979832669589,1.5042964332163,1.40139993408402]
["EMULSÕES ASFÁLTICAS RL-1C","2016-05-01",1.95734530766529,1.33548593061209,1.59426253699332,1.26799335766919,1.53046781606134,1.40280951715618]
["EMULSÕES ASFÁLTICAS RL-1C","2016-06-01",1.8918994455379,1.36275912764454,1.6663336964921,1.3096060640869,1.50318514452586,1.43829240285289]
["EMULSÕES ASFÁLTICAS RL-1C","2016-07-01",2.00764216122194,1.36697099039883,1.61897309263272,1.34556118516839,1.48320849510062,1.45115443197871]
["EMULSÕES ASFÁLTICAS RL-1C","2016-08-01",1.91433765149087,1.44558780375235,1.65719509034032,1.31892024272018,1.51689540890719,1.47149298526689]
["EMULSÕES ASFÁLTICAS RL-1C","2016-09-01",1.62402828419344,1.30520879054826,1.50260499701328,1.22404942365825,1.38573298627404,1.34763465531942]
["EMULSÕES ASFÁLTICAS RL-1C","2016-10-01",1.70692036151139,1.26501528223071,1.48324046865324,1.25464979012558,1.40392214003798,1.36932567253335]
["EMULSÕES ASFÁLTICAS RL-1C","2016-11-01",1.76558255653395,1.31880252739388,1.52519029726979,1.28469132782466,1.38164601810184,1.39988650786141]
["EMULSÕES ASFÁLTICAS RL-1C","2016-12-01",1.85172425519109,1.32427389509954,1.4770471122897,1.27964680657044,1.31393548318369,1.35759510718606]
["EMULSÕES ASFÁLTICAS RL-1C","2017-01-01",1.52761541470907,1.17859574398686,1.4543974329313,1.23543846216116,1.31492479339967,1.30775730322114]
["EMULSÕES ASFÁLTICAS RL-1C","2017-02-01",1.79210958228139,1.18806110511625,1.40846252974907,1.26269181482507,1.34030170830281,1.2981381105752]
["EMULSÕES ASFÁLTICAS RL-1C","2017-03-01",1.85908774666526,1.16540075066752,1.50953805269982,1.28533901267528,1.32898762719568,1.33745779335498]
["EMULSÕES ASFÁLTICAS RL-1C","2017-04-01",1.385788187362,1.15623879730246,1.53649628449771,1.35802750941296,1.27950217181584,1.35449420728065]
["EMULSÕES ASFÁLTICAS RL-1C","2017-05-01",1.56912719460343,1.12809045596659,1.48146997690812,1.335186870579,1.3212422505729,1.33978160832643]
["EMULSÕES ASFÁLTICAS RL-1C","2017-06-01",1.60326476275102,1.16518243997957,1.44769746781942,1.29723570557137,1.34029150641127,1.35087310225324]
["EMULSÕES ASFÁLTICAS RL-1C","2017-07-01",1.54049653910651,1.13165005917312,1.45082619718058,1.28954755167648,1.28869388152475,1.33421331276903]
["EMULSÕES ASFÁLTICAS RL-1C","2017-08-01",1.56659989138341,1.1277314490566,1.38860703636951,1.2871533078659,1.25665764817728,1.31202439677666]
["EMULSÕES ASFÁLTICAS RL-1C","2017-09-01",1.63221003530157,1.25773764972286,1.42072620352084,1.30778015720784,1.21046778483141,1.33834265095856]
["EMULSÕES ASFÁLTICAS RL-1C","2017-10-01",1.64663613236498,1.1035673397712,1.44832006107876,1.30866728152485,1.23702162601421,1.34056022134941]
["EMULSÕES ASFÁLTICAS RL-1C","2017-11-01",1.70941686767884,1.19644554628071,1.47478418612373,1.3842792241253,1.27854279161912,1.38559406581658]
["EMULSÕES ASFÁLTICAS RL-1C","2017-12-01",1.56841461618257,1.19805659820447,1.4608394024154,1.36654071140708,1.34777098729461,1.37156889714124]
["EMULSÕES ASFÁLTICAS RL-1C","2018-01-01",1.86009216940139,1.23550195800218,1.4758471822918,1.28656295464255,1.28921599660229,1.35086587705592]
["EMULSÕES ASFÁLTICAS RL-1C","2018-02-01",2.02828708598726,1.23012299100412,1.48369970525972,1.29479174945208,1.24807002185683,1.31456520378731]
["EMULSÕES ASFÁLTICAS RL-1C","2018-03-01",2.10656127209252,1.2104900433959,1.46306124403964,1.29983734389283,1.28418779579223,1.32950241717458]
["EMULSÕES ASFÁLTICAS RL-1C","2018-04-01",1.75927552350988,1.22850162150233,1.46959176974885,1.28046685086259,1.3935110752546,1.35063140667433]
["EMULSÕES ASFÁLTICAS RL-1C","2018-05-01",1.91930392344498,1.26214282811189,1.4863430441874,1.34330059051691,1.35878341707576,1.36913747967884]
["EMULSÕES ASFÁLTICAS RL-1C","2018-06-01",1.82400534929516,1.31655104498368,1.58271545801808,1.40893293356152,1.40046207819093,1.45880518205866]
["EMULSÕES ASFÁLTICAS RL-1C","2018-07-01",1.96093518965077,1.39031408687167,1.60417282047834,1.4939493336447,1.46437656387181,1.53156658890194]
["EMULSÕES ASFÁLTICAS RL-1C","2018-08-01",2.38177058166466,1.42550471858932,1.76919710388458,1.60882602704055,1.52212231819774,1.66851492521115]
["EMULSÕES ASFÁLTICAS RL-1C","2018-09-01",1.98411759244402,1.49304979624388,1.77570504343441,1.62549905598402,1.54373632534662,1.65776308281673]
["EMULSÕES ASFÁLTICAS RL-1C","2018-10-01",2.063118553125,1.49214723628483,1.62975497830264,1.59336820674129,1.67165659038531,1.61788241388748]
["EMULSÕES ASFÁLTICAS RL-1C","2018-11-01",2.64756373473306,1.55569662120626,2.01121169896199,1.7726185243565,1.66446643616391,1.83645014126072]
["EMULSÕES ASFÁLTICAS RL-1C","2018-12-01",1.82797922279793,1.58930001423757,1.86030046015339,1.74611253906598,1.63071494428676,1.72622550142489]
["EMULSÕES ASFÁLTICAS RL-1C","2019-01-01",2.63581859888238,2.05929659623859,2.06363734859634,1.83203279098348,1.8941201299991,1.94788666352845]
["EMULSÕES ASFÁLTICAS RL-1C","2019-02-01",2.81390733382299,2.122123731734,2.32068872670518,1.87346214855303,1.90152323945141,2.03150110019978]
["EMULSÕES ASFÁLTICAS RL-1C","2019-03-01",2.28557761302413,2.26719063406223,2.37985226227251,1.96051503189958,1.99872937540839,2.0812818507094]
["EMULSÕES ASFÁLTICAS RL-1C","2019-04-01",2.55720098110107,1.96611758555885,2.37095214780601,1.99582846474046,1.97297917751912,2.0872148444258]
["EMULSÕES ASFÁLTICAS RL-1C","2019-05-01",2.72984148866951,1.99650039408207,2.29126169869641,2.00657094276008,2.03242237172715,2.10544055412507]
["EMULSÕES ASFÁLTICAS RL-1C","2019-06-01",2.74547860327869,1.94469958713582,2.26562972244479,2.02479453670282,1.96347305799553,2.11481711158905]
["EMULSÕES ASFÁLTICAS RL-1C","2019-07-01",2.40954780108353,1.97159570890559,2.17648091230086,2.03614616872067,1.94424343954418,2.0653344756118]
["EMULSÕES ASFÁLTICAS RL-1C","2019-08-01",2.10708469647349,1.90215696943926,2.03714936089098,1.95635649117881,1.99047009294297,1.99313142833652]
["EMULSÕES ASFÁLTICAS RL-1C","2019-09-01",2.39779362863055,1.83777440317823,2.13959458386621,1.92365402583711,1.97305816040428,2.00569636612478]
["EMULSÕES ASFÁLTICAS RL-1C","2019-10-01",2.11398459105314,1.85227479066907,2.12446900488895,1.90010050290709,1.99525580666602,1.99898640592686]
["EMULSÕES ASFÁLTICAS RL-1C","2019-11-01",2.39022383152505,1.90103629721989,2.01190865551622,1.96621555938829,1.99332119892841,1.98729504518833]
["EMULSÕES ASFÁLTICAS RL-1C","2019-12-01",1.99478950178389,1.97374744318366,2.11643181630179,1.96021905201827,2.0434365307193,2.01929399519088]
["EMULSÕES ASFÁLTICAS RL-1C","2020-01-01",1.85095547151923,1.78823797232657,2.08482510782731,1.93298329139483,2.11843944225423,1.99240725039664]
["EMULSÕES ASFÁLTICAS RL-1C","2020-02-01",1.64226053238089,1.76235520601336,2.09392921983148,1.9005049535812,2.02936041733113,1.96356751124865]
["EMULSÕES ASFÁLTICAS RL-1C","2020-03-01",1.78213398166,1.73641260371602,2.04057310925347,1.78191978580564,2.06512756224719,1.92244656684754]
["EMULSÕES ASFÁLTICAS RL-1C","2020-04-01",1.9212903983822,1.7047786050997,1.94139864357269,1.81147292632276,1.94299296644591,1.86879438379804]
["EMULSÕES ASFÁLTICAS RL-1C","2020-05-01",1.84602017338241,1.62544137061021,1.88693366369604,1.79800588374718,2.01334320762942,1.85698391709284]
["EMULSÕES ASFÁLTICAS RL-1C","2020-06-01",2.28694179298831,1.67145343307268,1.95321104984859,1.79683464662945,1.90743418923079,1.86137523616759]
["EMULSÕES ASFÁLTICAS RL-1C","2020-07-01",2.07235722849222,1.74216682455163,1.89132903220155,1.85835701504441,1.94486227847566,1.89336853168056]
["EMULSÕES ASFÁLTICAS RL-1C","2020-08-01",1.93229396805096,1.85212697768179,1.95033716363111,1.9048103135027,2.01417563704769,1.94245305948057]
["EMULSÕES ASFÁLTICAS RL-1C","2020-09-01",1.96804060725986,1.84825565218677,1.9633524701295,1.86242470822628,2.00980042775532,1.93122536712432]
["EMULSÕES ASFÁLTICAS RL-1C","2020-10-01",1.89675993037899,1.78106036967096,1.92466541358927,1.85073791565688,2.06780385199881,1.93255632606552]
["EMULSÕES ASFÁLTICAS RL-1C","2020-11-01",2.00426225965985,1.88924779255807,2.0644958123758,1.93065599807326,2.08982751702753,2.01410695997256]
["EMULSÕES ASFÁLTICAS RL-1C","2020-12-01",2.19159888903841,1.8519353063639,2.04390716113673,1.90156857003161,2.05209502088254,1.98502249358483]
["EMULSÕES ASFÁLTICAS RL-1C","2021-01-01",2.06464673383165,1.88063773206751,2.12605231569421,1.88386936111966,2.09648239848682,1.99501116328104]
["EMULSÕES ASFÁLTICAS RL-1C","2021-02-01",1.96841971067207,2.02577585897054,2.2510452537705,2.02695867246642,2.20784410672631,2.14808831782146]
["EMULSÕES ASFÁLTICAS RL-1C","2021-03-01",2.18458557514921,2.00215456628516,2.06730087453797,1.9893089490136,2.23336521640068,2.07211107982282]
["EMULSÕES ASFÁLTICAS RL-1C","2021-04-01",2.17159,2.0489367012987,2.14938084613315,1.96043554259147,2.17739419294463,2.08209711894256]
["EMULSÕES ASFÁLTICAS RL-1C","2021-05-01",2.20920318752178,2.43639596498954,2.49490377319389,2.32504796510215,3.05224078584326,2.44184838853116]
["EMULSÕES ASFÁLTICAS RL-1C","2021-06-01",2.17309394663702,2.36893586265715,2.48008453688104,2.42065544631865,2.48961547731826,2.45251534619755]
["EMULSÕES ASFÁLTICAS RL-1C","2021-07-01",2.41912427080103,2.35079146183573,2.52014246630338,2.40653232390308,2.52308636810218,2.47969175214393]
["EMULSÕES ASFÁLTICAS RL-1C","2021-08-01",2.46791540517549,2.47882423051473,2.70809881133896,2.50132271926078,2.6132193858478,2.61006301680663]
["EMULSÕES ASFÁLTICAS RL-1C","2021-09-01",2.50349271299806,2.4830448609325,2.65369653043493,2.56758630703202,2.58120739423514,2.59372308717534]
["EMULSÕES ASFÁLTICAS RL-1C","2021-10-01",2.43359255120374,2.48536757841651,2.61886270072654,2.65936916773116,2.58355587669355,2.58821426302487]
["EMULSÕES ASFÁLTICAS RL-1C","2021-11-01",2.53157899386635,2.71439487119438,2.65115102738201,2.77020081701702,2.69183817408863,2.69308307046056]
["EMULSÕES ASFÁLTICAS RL-1C","2021-12-01",2.74050630294911,2.77756515939629,2.80553473107594,2.80917959572009,2.75592793238797,2.78662075367026]
["EMULSÕES ASFÁLTICAS RL-1C","2022-01-01",2.74480747129331,2.65585349324519,2.78553794728566,2.82821652603253,2.82844005484136,2.78523829429587]
["EMULSÕES ASFÁLTICAS RL-1C","2022-02-01",3.07461359428571,2.74686146818651,3.04301675111111,3.01387979697417,2.7225306131566,2.8877573059039]
["EMULSÕES ASFÁLTICAS RL-1C","2022-03-01",3.0691356345957,2.79404390219316,2.91686439413793,3.03660927064537,2.84477135385794,2.93469443938671]
["EMULSÕES ASFÁLTICAS RL-1C","2022-04-01",3.26728091778203,2.77694593525978,3.14698159113306,3.16428741878233,2.90363148795529,3.03934078718247]
["EMULSÕES ASFÁLTICAS RL-1C","2022-05-01",3.03059177937738,3.18492904790911,3.15055338813921,3.17542797349999,2.82523878506409,3.10260308063976]
["EMULSÕES ASFÁLTICAS RL-1C","2022-06-01",3.1817183594068,3.13205708207131,3.20046534432085,3.18001735888165,2.97442572513039,3.14540738357214]
["EMULSÕES ASFÁLTICAS RL-1C","2022-07-01",1.98217098673385,3.12203214316257,3.22293699745962,3.08455143529937,3.05474707374031,3.10063584605816]
["EMULSÕES ASFÁLTICAS RL-1C","2022-08-01",3.53535107002479,3.34332517572307,3.17064530916384,3.09250655459377,3.18151512234715,3.18432447234236]
["EMULSÕES ASFÁLTICAS RL-1C","2022-09-01",3.91803431313873,3.32310931311611,3.01341325511198,3.05633802390428,3.10608856904121,3.13122979630335]
["EMULSÕES ASFÁLTICAS RL-1C","2022-10-01",3.42686747564904,3.42699385680357,2.78835084965138,2.98194376735316,2.98562203455302,3.01846174718863]
["EMULSÕES ASFÁLTICAS RL-1C","2022-11-01",3.90125578704838,3.46173502029379,2.90666971619074,2.84618261626994,2.97657858472143,3.01041041918274]
["EMULSÕES ASFÁLTICAS RL-1C","2022-12-01",3.66783198092443,3.37238752094147,2.84944367751854,2.75859393334869,2.92960584854924,2.9848026946617]
["EMULSÕES ASFÁLTICAS RL-1C","2023-01-01",3.72586021848739,3.17609728650121,3.00161703817429,2.69357395188234,2.93088470870482,2.976925269978]
["EMULSÕES ASFÁLTICAS RL-1C","2023-02-01",3.64205873736186,3.20837339577566,2.70160067129055,2.59598681148107,2.91530345509482,2.82010375331724]
["EMULSÕES ASFÁLTICAS RL-1C","2023-03-01",3.58130231520816,3.04737381580494,2.82732617077896,2.56670796556616,2.84252341932943,2.77607845418308]
["EMULSÕES ASFÁLTICAS RL-1C","2023-04-01",3.19444024346581,2.99259851409927,3.01121248884561,2.60686154007534,2.87472785831703,2.83317886302403]
["EMULSÕES ASFÁLTICAS RL-1C","2023-05-01",3.16704860826598,2.90369936814812,2.85834958004239,2.59216708468949,2.67252078312016,2.75802995572228]
["EMULSÕES ASFÁLTICAS RL-1C","2023-06-01",3.2835637189212,2.94810234517091,2.77211480412618,2.57518090891694,2.64411698671818,2.73006812178836]
["EMULSÕES ASFÁLTICAS RL-1C","2023-07-01",3.17084783117981,2.73296976083586,2.82670511246516,2.54160727371042,2.68414397030478,2.69825147169407]
["EMULSÕES ASFÁLTICAS RL-1C","2023-08-01",3.03667773861305,2.78313673569936,2.88302335405272,2.41537552945402,2.58145440326386,2.64105416766331]
["EMULSÕES ASFÁLTICAS RL-1C","2023-09-01",3.34830766179122,2.75467975370048,2.97628245062709,2.64052059851061,2.60800387701967,2.76106030166164]
["EMULSÕES ASFÁLTICAS RL-1C","2023-10-01",3.2890992079591,2.8973954392086,2.95047374534032,2.58862997380418,2.71330204996621,2.78689874449403]
["EMULSÕES ASFÁLTICAS RL-1C","2023-11-01",2.87641059753687,2.85297963187835,3.02098804074058,2.5129901210823,2.68626484558366,2.72889352625967]
["EMULSÕES ASFÁLTICAS RL-1C","2023-12-01",3.16560902644047,3.07782958922409,2.93430588543582,2.49162217751037,2.6623158427547,2.75838816538775]
["EMULSÕES ASFÁLTICAS RL-1C","2024-01-01",2.73568860062893,2.76174831584262,2.99841842875724,2.47532546038771,2.55358355884635,2.69579435702351]
["EMULSÕES ASFÁLTICAS RL-1C","2024-02-01",2.86703863665699,2.76610537894584,2.90536921736105,2.55395287675857,2.54154314438031,2.66767606544833]
["EMULSÕES ASFÁLTICAS RL-1C","2024-03-01",2.50485126051272,2.79811315242902,2.81316247948765,2.49802380706046,2.55837264229327,2.64065286740639]
["EMULSÕES ASFÁLTICAS RL-1C","2024-04-01",2.90156025442177,2.73807783360593,2.73961062060761,2.43681419892546,2.59621161158619,2.59486266616754]
["EMULSÕES ASFÁLTICAS RL-1C","2024-05-01",2.59761152606278,2.71148535516325,2.79179744525421,2.43055119798512,2.60184413286741,2.57525617007059]
["EMULSÕES ASFÁLTICAS RL-1C","2024-06-01",2.89911444308231,2.7639774377234,2.68769419101003,2.39213351121479,2.6656152732703,2.55532776419998]
["EMULSÕES ASFÁLTICAS RL-1C","2024-07-01",3.28506644328238,2.84390836692274,2.8293459694048,2.50776239091282,2.63287198582888,2.66261574111461]
["EMULSÕES ASFÁLTICAS RL-1C","2024-08-01",3.91405081921774,2.96539392947197,3.04596796947489,2.69123365391415,2.69524573179498,2.83683120095332]
["EMULSÕES ASFÁLTICAS RM-1C","2008-11-01",1.24407467562663,0.837371257246936,1.23020875652351,1.07702166497422,0.930299693988039,0.991946971055756]
["EMULSÕES ASFÁLTICAS RM-1C","2008-12-01",1.2757451960894,0.887566406950711,1.19721307084118,1.00748147505409,0.945819611255701,0.993155435886443]
["EMULSÕES ASFÁLTICAS RM-1C","2009-01-01",1.16924914016277,0.934283889852362,1.20559976454725,0.939269317362023,0.962826307569235,1.01648507532367]
["EMULSÕES ASFÁLTICAS RM-1C","2009-02-01",1.21858104488045,0.918517655907096,1.24563142683568,0.997701333752133,0.949738818244288,1.03739017548603]
["EMULSÕES ASFÁLTICAS RM-1C","2009-03-01",1.16279631204017,0.927711820207808,1.21025700914162,0.910395753109913,0.940347620563257,1.00136633528422]
["EMULSÕES ASFÁLTICAS RM-1C","2009-04-01",1.27113284761322,0.874599514007451,1.1978227296036,0.925891232675795,0.941907584789312,0.980460080532624]
["EMULSÕES ASFÁLTICAS RM-1C","2009-05-01",1.37539799569017,0.868690898426992,1.23139676574136,0.889229728003313,0.919974599361127,0.983777586324207]
["EMULSÕES ASFÁLTICAS RM-1C","2009-06-01",1.44229341680895,0.883357705228047,1.19860500683207,0.87294991509975,0.943987531746715,0.967701104284012]
["EMULSÕES ASFÁLTICAS RM-1C","2009-07-01",1.39917106084671,0.850383912038606,1.23972906404861,0.983402868390617,0.941380060256525,0.94739118502227]
["EMULSÕES ASFÁLTICAS RM-1C","2009-08-01",1.41358091152934,0.847477857067603,1.126595315391,0.895263257957622,0.875680586198638,0.918179001613957]
["EMULSÕES ASFÁLTICAS RM-1C","2009-09-01",1.47150346764347,0.837300061884856,1.17325817701699,0.873305934640867,0.875151425539972,0.908536385591091]
["EMULSÕES ASFÁLTICAS RM-1C","2009-10-01",1.4403662767601,0.847542923460296,1.18988258961402,0.886341726353867,0.878008573618691,0.950397609478721]
["EMULSÕES ASFÁLTICAS RM-1C","2009-11-01",1.47528136035621,0.840556455929348,1.13942135284535,0.921950175531613,0.86981725758586,0.902033374140725]
["EMULSÕES ASFÁLTICAS RM-1C","2009-12-01",1.17043766349993,0.838642030281957,1.08988786521108,0.886526727905872,0.898112912534264,0.926567157328114]
["EMULSÕES ASFÁLTICAS RM-1C","2010-01-01",1.15118887522114,0.823390138868736,1.15200212181374,0.85553178721341,0.868797598913541,0.948130390759016]
["EMULSÕES ASFÁLTICAS RM-1C","2010-02-01",1.34834155188246,0.836306845445483,1.10461514376573,0.86912036553728,0.855513588978072,0.91978573476372]
["EMULSÕES ASFÁLTICAS RM-1C","2010-03-01",1.11047210256585,0.831993224437003,1.12993716554377,0.850507438078878,0.857547849195947,0.91372299749993]
["EMULSÕES ASFÁLTICAS RM-1C","2010-04-01",1.09661268634417,0.840448346115335,1.14561769469055,0.822652653825233,0.869496077409508,0.927358245521409]
["EMULSÕES ASFÁLTICAS RM-1C","2010-05-01",1.07383920078944,0.849548155388504,1.07682645195348,0.831097981378776,0.818752513146079,0.899802266685225]
["EMULSÕES ASFÁLTICAS RM-1C","2010-06-01",1.1880163179804,0.883488052916688,1.00274549598273,0.816608605653569,0.830439728980247,0.892715398609183]
["EMULSÕES ASFÁLTICAS RM-1C","2010-07-01",1.21479285274811,0.851245984000507,0.995208395970952,1.05534086101725,0.821313027956228,0.928998802973327]
["EMULSÕES ASFÁLTICAS RM-1C","2010-08-01",1.11764823291796,0.867750105895093,1.04027519442815,0.839728037483843,0.813598396434642,0.874086845519495]
["EMULSÕES ASFÁLTICAS RM-1C","2010-09-01",1.11907227737811,0.849484888851679,1.06525319039602,0.796871974424192,0.814792822452245,0.869935554544044]
["EMULSÕES ASFÁLTICAS RM-1C","2010-10-01",1.01590906960864,0.824680068198739,1.0316397489539,0.957212089023526,0.81430716097957,0.891360197966293]
["EMULSÕES ASFÁLTICAS RM-1C","2010-11-01",1.08785971516075,0.806155340449007,0.967102927284582,0.964696661399768,0.799584725087008,0.877897541026286]
["EMULSÕES ASFÁLTICAS RM-1C","2010-12-01",1.15066319712355,0.817910176599607,1.0253976949489,0.923410652455293,0.831630114706562,0.922065787903541]
["EMULSÕES ASFÁLTICAS RM-1C","2011-01-01",1.10090379607957,0.80535792796051,1.07413092974765,0.866214811458427,0.827428953591255,0.909346243131283]
["EMULSÕES ASFÁLTICAS RM-1C","2011-02-01",1.18938043758652,0.801653478614475,1.0819090155081,0.837202773008653,0.825813284416522,0.906419937305684]
["EMULSÕES ASFÁLTICAS RM-1C","2011-03-01",0.979930926836509,0.806988243338262,1.02280584745093,0.9909627083899,0.854686539791155,0.907701222491761]
["EMULSÕES ASFÁLTICAS RM-1C","2011-04-01",1.02165446337898,0.801475973687955,1.0355141002034,0.915919433787538,0.82446614171232,0.895974894485479]
["EMULSÕES ASFÁLTICAS RM-1C","2011-05-01",0.941078964786382,0.804844712545695,1.01911560041555,0.964638391893913,0.8012033498246,0.867017419206438]
["EMULSÕES ASFÁLTICAS RM-1C","2011-06-01",1.1103178831625,0.794425379853108,1.03317561402008,0.975741901952746,0.813256553684227,0.901261434627235]
["EMULSÕES ASFÁLTICAS RM-1C","2011-07-01",1.12011622866716,0.794844226383291,1.02995398044691,0.82885915461275,0.811814539348969,0.860913231027522]
["EMULSÕES ASFÁLTICAS RM-1C","2011-08-01",1.00378997488001,0.781579081511803,1.02557005734404,0.783882336767461,0.820240049537609,0.8343426858575]
["EMULSÕES ASFÁLTICAS RM-1C","2011-09-01",0.91246930126354,0.77596353481529,1.02679158518075,0.758007760131375,0.805375712339426,0.822187097868356]
["EMULSÕES ASFÁLTICAS RM-1C","2011-10-01",0.937420916044718,0.779089287291159,1.05584434334866,0.745412318016846,0.821934750351675,0.837149969009469]
["EMULSÕES ASFÁLTICAS RM-1C","2011-11-01",1.00569614236732,0.78685274567165,1.05008908126861,0.768985377523091,0.816397643013288,0.833521107178048]
["EMULSÕES ASFÁLTICAS RM-1C","2011-12-01",1.03216562864031,0.786030181074534,1.05577178779691,0.747380724340828,0.830970826489781,0.855932329636861]
["EMULSÕES ASFÁLTICAS RM-1C","2012-01-01",0.977189568954968,0.788163761923611,0.990550962570247,0.836291941246272,0.835670296343933,0.871015384982573]
["EMULSÕES ASFÁLTICAS RM-1C","2012-02-01",1.00562003379434,0.785406725155154,1.04363939274856,0.901344532374672,0.83223977207928,0.886658280214536]
["EMULSÕES ASFÁLTICAS RM-1C","2012-03-01",1.0465676978259,0.794327995758724,1.02944778151445,0.893451908395833,0.85218647044364,0.878215503875036]
["EMULSÕES ASFÁLTICAS RM-1C","2012-04-01",1.13233408883764,0.793837935375785,1.01688871299922,0.930136433442013,0.860831669776864,0.891850226702413]
["EMULSÕES ASFÁLTICAS RM-1C","2012-05-01",1.30723766255122,0.846370131593726,1.05156963126846,0.946459645475143,0.849827886200841,0.904122933463566]
["EMULSÕES ASFÁLTICAS RM-1C","2012-06-01",1.24175581672075,0.839797546296943,1.08325956935781,0.977547878358866,0.867358996542284,0.919150205467703]
["EMULSÕES ASFÁLTICAS RM-1C","2012-07-01",1.21612894890925,0.834938678213535,1.03591467471182,0.985822022018196,0.870173001552078,0.920078382270325]
["EMULSÕES ASFÁLTICAS RM-1C","2012-08-01",1.23140059310345,0.839357788928739,1.09131755726743,0.987935633565129,0.861687198099925,0.909209672883259]
["EMULSÕES ASFÁLTICAS RM-1C","2012-09-01",0.847287064861919,0.863181027759981,1.06048278816758,0.908735332608348,0.854392021855915,0.878811561152434]
["EMULSÕES ASFÁLTICAS RM-1C","2012-10-01",1.18326338369884,0.880238264299803,1.10006677540009,0.963486022843172,0.850320784642819,0.918082212111573]
["EMULSÕES ASFÁLTICAS RM-1C","2012-11-01",1.20919372681141,0.881763440192124,1.09601093036095,0.926593716194116,0.892303978735419,0.930290455202296]
["EMULSÕES ASFÁLTICAS RM-1C","2012-12-01",1.2201,0.854260924440603,1.05580405703272,0.924325476596606,0.86409295466276,0.941810126776208]
["EMULSÕES ASFÁLTICAS RM-1C","2013-01-01",1.22843393267472,0.870331933809896,1.08874235006184,1.05333433269151,0.892369084558078,0.981261195212841]
["EMULSÕES ASFÁLTICAS RM-1C","2013-02-01",1.22538411073527,0.848674670327885,1.1485429792311,0.869644378043965,0.89362647423683,0.999429245836342]
["EMULSÕES ASFÁLTICAS RM-1C","2013-03-01",1.21567658728731,0.849450207875327,1.15208934099783,0.869632999161705,0.907506856944107,0.990109689399591]
["EMULSÕES ASFÁLTICAS RM-1C","2013-04-01",1.19869275400735,0.84869761951605,1.16933196554465,0.879539424905531,0.890160135217218,0.980313031274672]
["EMULSÕES ASFÁLTICAS RM-1C","2013-05-01",0.989386206574132,0.860948330839013,1.14443778438548,0.882440384146073,0.904230266424708,0.957617087459439]
["EMULSÕES ASFÁLTICAS RM-1C","2013-06-01",1.21747930866126,0.867688967844286,1.16413697108836,0.893726259109223,0.90496241363479,0.966158684482419]
["EMULSÕES ASFÁLTICAS RM-1C","2013-07-01",1.11715836043101,0.884262640893528,1.15714270824219,0.916632926442472,0.942489171522692,0.961382373576672]
["EMULSÕES ASFÁLTICAS RM-1C","2013-08-01",1.21187134303065,0.870543650526994,1.15698951842024,0.918671125059066,0.918018876204958,0.963757209957934]
["EMULSÕES ASFÁLTICAS RM-1C","2013-09-01",1.202,0.906631114678644,1.17129574918079,0.932983707046165,0.906589754219044,0.985694553876838]
["EMULSÕES ASFÁLTICAS RM-1C","2013-10-01",1.21814929198781,0.950068977286288,1.13547214548155,0.918399607721965,0.894958135017685,0.979292725251755]
["EMULSÕES ASFÁLTICAS RM-1C","2013-11-01",1.11955588869448,0.948020659579257,1.14403066704619,0.930260807338099,0.910756058533839,0.985751201395925]
["EMULSÕES ASFÁLTICAS RM-1C","2013-12-01",1.21281393715543,0.924216638581287,1.18966048114555,0.918437574004229,0.90599239644822,1.00711867341645]
["EMULSÕES ASFÁLTICAS RM-1C","2014-01-01",1.20670204367587,0.942596407821811,1.14129030356511,0.928898756667322,0.922345150037681,1.00250323934945]
["EMULSÕES ASFÁLTICAS RM-1C","2014-02-01",1.05793157727323,0.92368605489971,1.14291722881499,0.932177818992284,0.879228937995429,0.967955970483983]
["EMULSÕES ASFÁLTICAS RM-1C","2014-03-01",0.999743928845065,0.937918559137353,1.16570462662216,0.92193538126392,0.918952747714522,0.978218622785975]
["EMULSÕES ASFÁLTICAS RM-1C","2014-04-01",1.03100215101967,0.942743685376379,1.12847754220348,0.889144154880634,0.919843256087981,0.973234327773919]
["EMULSÕES ASFÁLTICAS RM-1C","2014-05-01",1.11431573235482,0.934491088024756,1.1581051288412,0.923855761458279,0.909827065849628,0.995087474994488]
["EMULSÕES ASFÁLTICAS RM-1C","2014-06-01",1.01697463816992,0.955639747076908,1.19293359941737,0.936091205043839,0.935209664605974,0.992750270253689]
["EMULSÕES ASFÁLTICAS RM-1C","2014-07-01",0.886448070447068,0.948367512239659,1.0022731372523,0.909429283632078,0.919425535382049,0.939800248149586]
["EMULSÕES ASFÁLTICAS RM-1C","2014-08-01",1.2195540832485,0.939457980057685,1.04868562514708,0.902072959750788,0.922051394359852,0.95508313764177]
["EMULSÕES ASFÁLTICAS RM-1C","2014-09-01",1.17046862073508,0.931150615295458,1.1577073614267,0.91021734900409,0.935155784572536,0.964299254181953]
["EMULSÕES ASFÁLTICAS RM-1C","2014-10-01",1.35423942116776,0.935061562524231,1.05631831321371,0.863158414713761,0.971359739356226,0.948925947016866]
["EMULSÕES ASFÁLTICAS RM-1C","2014-11-01",1.2293336289866,0.96017017240789,1.09708163257069,0.924819238810656,0.951400203488372,0.974670272324999]
["EMULSÕES ASFÁLTICAS RM-1C","2014-12-01",1.13197350988632,1.0689854505158,1.10581308446372,0.878379955081415,1.01184557862983,1.0282630859182]
["EMULSÕES ASFÁLTICAS RM-1C","2015-01-01",1.36630396213409,1.33530182601245,1.40898031003915,1.03930823988937,1.19973469934982,1.27037527286278]
["EMULSÕES ASFÁLTICAS RM-1C","2015-02-01",1.64780618138554,1.29552079900763,1.39997638271236,1.01655571403702,1.17615707016378,1.25264269044469]
["EMULSÕES ASFÁLTICAS RM-1C","2015-03-01",1.55894278737628,1.26050276251583,1.46014100585344,1.08755606011298,1.13783196856172,1.25250761398234]
["EMULSÕES ASFÁLTICAS RM-1C","2015-04-01",1.32417544551361,1.27719676156752,1.41322830447082,1.09236544771754,1.21493059947507,1.26241089766469]
["EMULSÕES ASFÁLTICAS RM-1C","2015-05-01",1.55521326800221,1.27859870893642,1.41331671547011,1.02343225142652,1.16714010198131,1.26698286190745]
["EMULSÕES ASFÁLTICAS RM-1C","2015-06-01",1.56237479381841,1.25222786410087,1.49017508892592,1.02208283896425,1.15461964328325,1.28547311997604]
["EMULSÕES ASFÁLTICAS RM-1C","2015-07-01",1.4972154738652,1.26445832807708,1.2560783739658,1.03470536201164,1.18100067736817,1.24760029624386]
["EMULSÕES ASFÁLTICAS RM-1C","2015-08-01",1.5477231585178,1.33782286779587,1.48316316207232,1.02085155323165,1.14212209694389,1.29892301706479]
["EMULSÕES ASFÁLTICAS RM-1C","2015-09-01",1.55787827899541,1.28010824848227,1.39444774042542,1.12087835452927,1.0859062231589,1.2553305044978]
["EMULSÕES ASFÁLTICAS RM-1C","2015-10-01",1.66252793272527,1.29096068390485,1.54555705672473,1.0977588872173,1.13320780775809,1.31803891087922]
["EMULSÕES ASFÁLTICAS RM-1C","2015-11-01",1.83386224351816,1.50581680993635,1.58596776498556,1.3758140780678,1.24587642812696,1.49619798262088]
["EMULSÕES ASFÁLTICAS RM-1C","2015-12-01",1.87776956197737,1.44317512579456,1.5835331875816,1.24893595675523,1.18914758824489,1.45161286677883]
["EMULSÕES ASFÁLTICAS RM-1C","2016-01-01",1.74092832224647,1.47911949185348,1.71345917621732,1.24759361266132,1.32030954988398,1.46772945658287]
["EMULSÕES ASFÁLTICAS RM-1C","2016-02-01",1.93850856679627,1.51404197734885,1.72161444825922,1.27988293286349,1.29293594833195,1.53123585784161]
["EMULSÕES ASFÁLTICAS RM-1C","2016-03-01",1.78437369502107,1.5125886945477,1.70154615123013,1.34314084019611,1.3335937506473,1.49259709058579]
["EMULSÕES ASFÁLTICAS RM-1C","2016-04-01",1.80006117922675,1.61673407917345,1.78675652175763,1.38291765105069,1.34260018678882,1.54189897605794]
["EMULSÕES ASFÁLTICAS RM-1C","2016-05-01",1.75512641178857,1.70944884565869,1.79285503215623,1.46372791052078,1.42730583377403,1.60641896274598]
["EMULSÕES ASFÁLTICAS RM-1C","2016-06-01",1.82050856765511,1.51731407591555,1.71711488407704,1.51154939390394,1.35336831588213,1.50940542961699]
["EMULSÕES ASFÁLTICAS RM-1C","2016-07-01",1.81895271714875,1.47033466234351,1.72968394685928,1.49397179548395,1.41223873042015,1.50839497229651]
["EMULSÕES ASFÁLTICAS RM-1C","2016-08-01",1.97584946874402,1.5302191190165,1.7112679882594,1.51075566808602,1.42854839850263,1.56326378087781]
["EMULSÕES ASFÁLTICAS RM-1C","2016-09-01",1.64445869114424,1.50325782177487,1.57419014367087,1.33117574071684,1.27864577023792,1.42045601577608]
["EMULSÕES ASFÁLTICAS RM-1C","2016-10-01",1.65580992543943,1.47030672060744,1.51167587767711,1.35981634002591,1.24955708784663,1.41342555674988]
["EMULSÕES ASFÁLTICAS RM-1C","2016-11-01",1.59862190115781,1.45103267027451,1.74299486003696,1.33735898979836,1.30890743062574,1.44751694644016]
["EMULSÕES ASFÁLTICAS RM-1C","2016-12-01",1.78421621843626,1.43300796913724,1.76167274383777,1.33290123606944,1.22881987598241,1.45824155043955]
["EMULSÕES ASFÁLTICAS RM-1C","2017-01-01",1.65164418651291,1.32256117869056,1.81252441186066,1.3026528046522,1.21903951343163,1.41173591430359]
["EMULSÕES ASFÁLTICAS RM-1C","2017-02-01",1.61967948854469,1.17992353181792,1.6970293396495,1.37142645368592,1.25481731720561,1.32603307359522]
["EMULSÕES ASFÁLTICAS RM-1C","2017-03-01",1.69391739629049,1.21890008242158,1.77631213414266,1.35874787063921,1.21531801619114,1.38621172565119]
["EMULSÕES ASFÁLTICAS RM-1C","2017-04-01",1.71246162996014,1.24943999069725,1.78720922159534,1.23859208115798,1.16216795005059,1.38501791209187]
["EMULSÕES ASFÁLTICAS RM-1C","2017-05-01",1.70948047432229,1.20702413697616,1.66642027909349,1.34278587743943,1.18161398370116,1.37506519623494]
["EMULSÕES ASFÁLTICAS RM-1C","2017-06-01",1.6816326713948,1.25282715456942,1.81466774254057,1.65509911689612,1.11636699434278,1.36200004660225]
["EMULSÕES ASFÁLTICAS RM-1C","2017-07-01",1.6410656015281,1.2432846598897,1.61239133010492,1.40794236006254,1.07580341163758,1.25701750295942]
["EMULSÕES ASFÁLTICAS RM-1C","2017-08-01",1.67616319339137,1.24972923957649,1.51363166816979,1.4323507875,1.13877230956678,1.26313085317751]
["EMULSÕES ASFÁLTICAS RM-1C","2017-09-01",1.68862111577817,1.237067502693,1.77955541933561,1.40870755206388,1.13576927691372,1.29547553370663]
["EMULSÕES ASFÁLTICAS RM-1C","2017-10-01",1.67894700452811,1.27004958092021,1.61045429607208,1.50566435600857,1.10500286073806,1.32604114114468]
["EMULSÕES ASFÁLTICAS RM-1C","2017-11-01",1.69101372831006,1.31850767713308,1.68745716851492,1.45909085978291,1.02220315957791,1.35485204086992]
["EMULSÕES ASFÁLTICAS RM-1C","2017-12-01",1.77746869188624,1.34198422523429,1.60464812774735,1.39317313271638,1.158938238975,1.43258116351276]
["EMULSÕES ASFÁLTICAS RM-1C","2018-01-01",1.89890633855777,1.37831710428694,1.53530106433949,1.46137859481,1.13075278788551,1.45718826553074]
["EMULSÕES ASFÁLTICAS RM-1C","2018-02-01",1.7178404560989,1.30674821966162,1.52751245457028,1.48708766193104,1.13910607251983,1.36254109135318]
["EMULSÕES ASFÁLTICAS RM-1C","2018-03-01",1.93439882538081,1.3305726202128,1.54551498289707,1.45337317907397,1.37719542227386,1.48070289425601]
["EMULSÕES ASFÁLTICAS RM-1C","2018-04-01",1.68710421841529,1.32604164099051,1.5353970997593,1.41472127269151,1.48628520113205,1.4523387181508]
["EMULSÕES ASFÁLTICAS RM-1C","2018-05-01",1.69181266261996,1.45039157901626,1.55243649431314,1.45942117113799,1.26930031403775,1.46019522436194]
["EMULSÕES ASFÁLTICAS RM-1C","2018-06-01",1.86083199057851,1.46463838541096,1.7100193417166,1.42962963974053,1.64234993508334,1.59626113061271]
["EMULSÕES ASFÁLTICAS RM-1C","2018-07-01",1.8843249473951,1.57537748955501,1.68811243556058,1.61642363261908,1.60984218433062,1.64095255591293]
["EMULSÕES ASFÁLTICAS RM-1C","2018-08-01",1.73500763620525,1.70748080713708,1.8984421274127,2.33512167048359,1.71266260740264,1.86539232048924]
["EMULSÕES ASFÁLTICAS RM-1C","2018-09-01",2.24217549838215,1.73856587920523,1.94705034768212,2.40230118062507,1.81827210455663,1.99298320170752]
["EMULSÕES ASFÁLTICAS RM-1C","2018-10-01",2.67365045587213,1.793958500525,1.72282968867822,2.68115152899625,1.87662697957657,2.13604348659187]
["EMULSÕES ASFÁLTICAS RM-1C","2018-11-01",3.16629580056366,2.00490010327558,2.08891103972412,2.98040487951646,1.92860643593763,2.5618172886994]
["EMULSÕES ASFÁLTICAS RM-1C","2018-12-01",2.52358900873749,1.8902582005571,1.87787949604103,2.75957114236492,2.0028638773521,2.13888823275281]
["EMULSÕES ASFÁLTICAS RM-1C","2019-01-01",2.70004171124496,2.0263812007721,2.14014357260196,2.37527395961708,2.10461269485874,2.23772157825253]
["EMULSÕES ASFÁLTICAS RM-1C","2019-02-01",2.57336247649715,2.15424143056801,2.32662227658289,2.2246261956886,2.24029132334081,2.28858833173308]
["EMULSÕES ASFÁLTICAS RM-1C","2019-03-01",2.80391285355678,2.11646547715073,2.29663970891684,2.35522679581308,2.22690996499539,2.33951936845615]
["EMULSÕES ASFÁLTICAS RM-1C","2019-04-01",2.75384399974282,2.06585166150498,2.36677052429461,2.33774538478107,2.35334515488957,2.33335224882593]
["EMULSÕES ASFÁLTICAS RM-1C","2019-05-01",2.79691226908884,2.0706944561289,2.38699996797225,2.15141140611679,2.26157618702613,2.29301081524119]
["EMULSÕES ASFÁLTICAS RM-1C","2019-06-01",2.87867158042068,2.01501393480246,2.42719203136922,2.4445590406661,2.22188195764018,2.29909497523091]
["EMULSÕES ASFÁLTICAS RM-1C","2019-07-01",2.67149894376845,2.07653826131802,2.47507972624714,2.40722610887729,2.2616874244421,2.33713588847418]
["EMULSÕES ASFÁLTICAS RM-1C","2019-08-01",2.61051832731249,2.01781805876204,2.43821531458803,2.86279596431274,2.23167058991659,2.34924052554051]
["EMULSÕES ASFÁLTICAS RM-1C","2019-09-01",2.61694147509548,2.03795814022717,2.38891402190258,2.8923801499954,2.26151006058665,2.39720906420937]
["EMULSÕES ASFÁLTICAS RM-1C","2019-10-01",2.57951847767617,1.94762485675628,2.31664817762618,3.0621034408231,2.14388543924223,2.33824542045952]
["EMULSÕES ASFÁLTICAS RM-1C","2019-11-01",2.75591811097367,1.95950457530707,2.18929372550712,3.40068577751078,2.16058828435266,2.47627999142461]
["EMULSÕES ASFÁLTICAS RM-1C","2019-12-01",2.56439782858795,1.9826297196215,2.23822570181696,3.2700447978238,2.13971604520837,2.52834573877785]
["EMULSÕES ASFÁLTICAS RM-1C","2020-01-01",2.41482742998454,2.09413170185788,2.2094822552485,3.17195466866726,2.19703848649975,2.42545836001102]
["EMULSÕES ASFÁLTICAS RM-1C","2020-02-01",2.49238395306568,1.82788870616543,2.2506818284181,2.77264985670969,2.09654325269375,2.19200092400373]
["EMULSÕES ASFÁLTICAS RM-1C","2020-03-01",2.622025480638,1.86000771058838,2.0935512931815,2.96448989539823,2.10748855177731,2.28517336885924]
["EMULSÕES ASFÁLTICAS RM-1C","2020-04-01",2.76854196240967,1.8383978988656,2.05568802006492,3.21103094006996,2.07401922920049,2.55982601444462]
["EMULSÕES ASFÁLTICAS RM-1C","2020-05-01",2.58732273157985,1.83249853567345,2.09877006616879,3.0280077796988,2.26281889402742,2.39531009032917]
["EMULSÕES ASFÁLTICAS RM-1C","2020-06-01",2.66536029978137,1.82714886070311,2.10061880065603,2.57442095482396,1.99487775532754,2.16840369375777]
["EMULSÕES ASFÁLTICAS RM-1C","2020-07-01",2.51874794913452,1.74475920934952,2.15874610231226,2.87371810686357,1.99528070072606,2.20264780391678]
["EMULSÕES ASFÁLTICAS RM-1C","2020-08-01",2.4850709606845,1.80436917078523,2.1120853794064,2.81531389651919,2.07808626544384,2.24161821959897]
["EMULSÕES ASFÁLTICAS RM-1C","2020-09-01",2.43872114215668,1.81931455303644,2.12493196163781,3.15027719315374,2.04622394406885,2.29866828766351]
["EMULSÕES ASFÁLTICAS RM-1C","2020-10-01",2.45372603141928,1.89319908642761,2.03490977609009,2.89662256374897,2.06697314555603,2.22495605396428]
["EMULSÕES ASFÁLTICAS RM-1C","2020-11-01",2.67887356786407,2.02823488689131,2.1591436775428,2.94926346846498,2.1978360791324,2.29718045312082]
["EMULSÕES ASFÁLTICAS RM-1C","2020-12-01",2.57820982615653,2.03162150542299,2.18235534106048,2.81985745507226,2.23369932790577,2.25304748529089]
["EMULSÕES ASFÁLTICAS RM-1C","2021-01-01",2.64605572361525,1.97720431327325,2.20390750704576,2.91691030056935,2.33101706382198,2.26396395144679]
["EMULSÕES ASFÁLTICAS RM-1C","2021-02-01",2.77636323509081,2.23141451506644,2.36176961817593,2.49347837637399,2.07910720081203,2.33305627504761]
["EMULSÕES ASFÁLTICAS RM-1C","2021-03-01",2.74885818811212,2.23561605518919,2.16106434164202,2.84965556200108,2.02487061059804,2.43196729129412]
["EMULSÕES ASFÁLTICAS RM-1C","2021-04-01",2.70221771877153,2.15454052672472,2.35139648972803,2.60408451557333,2.1755969681688,2.35548716143669]
["EMULSÕES ASFÁLTICAS RM-1C","2021-05-01",2.7691541589985,2.5542164010704,2.62112697812384,2.98071485880625,2.6535696066957,2.66520743221496]
["EMULSÕES ASFÁLTICAS RM-1C","2021-06-01",2.83108979286102,2.57665341973501,2.49446118007749,2.81368788987156,2.78571933398593,2.68647173648329]
["EMULSÕES ASFÁLTICAS RM-1C","2021-07-01",2.81925779869084,2.53752870713691,2.92320942277367,3.08008799673007,2.76664882334746,2.78744288463747]
["EMULSÕES ASFÁLTICAS RM-1C","2021-08-01",2.7901102225184,2.76621594938284,2.73452643034657,3.20802606456616,2.5996659750171,2.89861943386278]
["EMULSÕES ASFÁLTICAS RM-1C","2021-09-01",3.01497627900552,2.7097822189681,3.02811671626753,3.38323510411228,2.76401967795125,3.04428344187617]
["EMULSÕES ASFÁLTICAS RM-1C","2021-10-01",3.05777323982944,2.74160846477423,2.71373227539388,3.3095715435862,2.92493799676328,3.00061390556065]
["EMULSÕES ASFÁLTICAS RM-1C","2021-11-01",2.97411680269727,2.91884943521155,2.57556782748994,3.25628231099141,2.82989210518482,3.01458111830837]
["EMULSÕES ASFÁLTICAS RM-1C","2021-12-01",3.10221628187222,3.03530754217128,3.23420968001847,3.25634820373514,2.98295611384784,3.14807391658519]
["EMULSÕES ASFÁLTICAS RM-1C","2022-01-01",3.5243332388407,2.99801544197639,3.11172049310322,3.18207264421572,3.02747929272398,3.10516544123498]
["EMULSÕES ASFÁLTICAS RM-1C","2022-02-01",3.14704103450299,3.18844140249066,3.41778787978649,3.38152933328558,3.26762072349652,3.29701237163836]
["EMULSÕES ASFÁLTICAS RM-1C","2022-03-01",3.29711357960249,3.23497242202689,3.39579451596617,3.40896740008054,3.31677834126849,3.34312323285303]
["EMULSÕES ASFÁLTICAS RM-1C","2022-04-01",3.23249508749151,3.20297745189468,3.63251949627631,3.45348322949512,3.49649662477692,3.35797766551724]
["EMULSÕES ASFÁLTICAS RM-1C","2022-05-01",3.26777841396522,3.31879189567821,3.64099254441188,3.46423618040089,3.44317386293206,3.41121182663023]
["EMULSÕES ASFÁLTICAS RM-1C","2022-06-01",3.48910977893957,3.25055822961307,3.49684606005755,3.47618618000152,3.33289887425807,3.39785754973275]
["EMULSÕES ASFÁLTICAS RM-1C","2022-07-01",3.37165587384351,3.48017155326044,3.63780426061944,3.48603600137924,3.40870027817404,3.47659346480924]
["EMULSÕES ASFÁLTICAS RM-1C","2022-08-01",3.41599070695103,3.34158328289888,3.56426697017766,3.47516939396736,2.97041794879036,3.39133892542584]
["EMULSÕES ASFÁLTICAS RM-1C","2022-09-01",3.18408936655972,3.30267459443627,3.55779976834829,3.49782314063647,2.89671050788391,3.35852212929782]
["EMULSÕES ASFÁLTICAS RM-1C","2022-10-01",3.14364073843635,3.15102108598887,2.82802623243162,3.48746481490489,3.00691695383086,3.15373610822708]
["EMULSÕES ASFÁLTICAS RM-1C","2022-11-01",3.01495799837225,3.09656188535506,3.00932413121396,3.39870081674396,2.7949346515605,3.09501256741841]
["EMULSÕES ASFÁLTICAS RM-1C","2022-12-01",3.29738876151376,3.34015453396919,3.15730214803089,3.31044459800267,2.97101739714392,3.24784298281917]
["EMULSÕES ASFÁLTICAS RM-1C","2023-01-01",3.46187843752054,2.77125817137821,3.31386108589853,3.77942377785935,2.65752487075106,3.08294751903571]
["EMULSÕES ASFÁLTICAS RM-1C","2023-02-01",3.05121330012236,2.8761984027387,3.02338176887031,3.17646072246032,2.43140147098325,2.93414237491558]
["EMULSÕES ASFÁLTICAS RM-1C","2023-03-01",3.43082322904325,2.70300706531669,3.17721117930205,3.18360617878256,2.61882537446485,2.98861167267397]
["EMULSÕES ASFÁLTICAS RM-1C","2023-04-01",3.17466869782376,2.59237559102406,3.17179165795341,3.03823465197878,2.5593691590021,2.79537611870314]
["EMULSÕES ASFÁLTICAS RM-1C","2023-05-01",3.16389374690893,2.73835792327456,3.00775029085184,2.98491403348612,2.59904873398609,2.83121458603357]
["EMULSÕES ASFÁLTICAS RM-1C","2023-06-01",3.09112578118084,2.52166446543724,2.99513325556524,2.73422986496283,2.5804871625009,2.68213739318498]
["EMULSÕES ASFÁLTICAS RM-1C","2023-07-01",2.79028259232955,2.63981987621022,2.66158147856425,2.86324740230228,2.35901660435489,2.68271340776013]
["EMULSÕES ASFÁLTICAS RM-1C","2023-08-01",2.94378862819576,2.64204216378177,3.13452906402266,2.7417938918462,2.62813994983352,2.70136229592388]
["EMULSÕES ASFÁLTICAS RM-1C","2023-09-01",3.07089261016949,2.86686992077789,3.19697464334316,2.92820408846522,2.74814408942691,2.88470520695866]
["EMULSÕES ASFÁLTICAS RM-1C","2023-10-01",3.11944816289658,2.87924630645491,3.03156957292354,2.9257860952078,2.75583087144188,2.88781079526465]
["EMULSÕES ASFÁLTICAS RM-1C","2023-11-01",3.47328884415229,3.01703593833239,3.52361841522295,2.67526537944521,2.52908681282329,2.91557083171081]
["EMULSÕES ASFÁLTICAS RM-1C","2023-12-01",3.13930448593822,3.22906110186313,2.43486877451703,2.83304122346747,2.64140873284619,2.93886557213916]
["EMULSÕES ASFÁLTICAS RM-1C","2024-01-01",3.18850698634082,2.92628573806406,3.02852827825895,2.70867323463865,2.61146300655478,2.86247514483541]
["EMULSÕES ASFÁLTICAS RM-1C","2024-02-01",2.95113057049548,2.7766891645412,2.99679530783629,2.76747693670012,2.66345046754199,2.79009612562043]
["EMULSÕES ASFÁLTICAS RM-1C","2024-03-01",3.15924220775708,2.92908648195005,3.07982120529892,2.65767789784451,2.76250637373904,2.87835134072744]
["EMULSÕES ASFÁLTICAS RM-1C","2024-04-01",2.95837875061485,2.83578697420195,3.09544189191139,2.65390266106748,2.76102777004921,2.81846722856863]
["EMULSÕES ASFÁLTICAS RM-1C","2024-05-01",2.97732436727914,2.80354925327351,2.91988195016719,2.77234717825961,2.72391942128678,2.81411996487439]
["EMULSÕES ASFÁLTICAS RM-1C","2024-06-01",2.93967193717277,2.78758848709945,2.69848492524917,2.71251633694536,2.79399504162784,2.78664573582002]
["EMULSÕES ASFÁLTICAS RM-1C","2024-07-01",3.17120527957291,2.89109045285922,2.75542930197037,2.82669534120273,2.84120687677928,2.86755493750048]
["EMULSÕES ASFÁLTICAS RM-1C","2024-08-01",4.45600892181911,3.13840836231884,2.96429118687799,2.85117111685873,2.89990917352741,3.03876120342913]
["EMULSÕES ASFÁLTICAS RM-2C","2008-11-01","***","***","***","***","***","***"]
["EMULSÕES ASFÁLTICAS RM-2C","2008-12-01","***","***","***",0.81623,"***",0.81623]
["EMULSÕES ASFÁLTICAS RM-2C","2009-01-01",2.26068941972921,"***","***",0.9831,"***",2.16288977034958]
["EMULSÕES ASFÁLTICAS RM-2C","2009-02-01","***","***","***",2.77963333333333,0.87447,2.16045525]
["EMULSÕES ASFÁLTICAS RM-2C","2009-03-01","***","***","***",0.833832320675105,0.9268,0.893092697603264]
["EMULSÕES ASFÁLTICAS RM-2C","2009-04-01","***","***","***",0.7874,"***",0.7874]
["EMULSÕES ASFÁLTICAS RM-2C","2009-05-01","***","***","***","***","***","***"]
["EMULSÕES ASFÁLTICAS RM-2C","2009-06-01","***","***","***",0.784543916403232,0.87447,0.80125880183014]
["EMULSÕES ASFÁLTICAS RM-2C","2009-07-01","***","***","***",0.88127797833935,"***",0.88127797833935]
["EMULSÕES ASFÁLTICAS RM-2C","2009-08-01","***","***","***",0.902,"***",0.902]
["EMULSÕES ASFÁLTICAS RM-2C","2009-09-01","***","***","***",0.902,"***",0.902]
["EMULSÕES ASFÁLTICAS RM-2C","2009-10-01","***","***","***",0.865785513103884,1.0888,0.96305905643582]
["EMULSÕES ASFÁLTICAS RM-2C","2009-11-01","***","***","***",0.902,"***",0.902]
["EMULSÕES ASFÁLTICAS RM-2C","2009-12-01","***","***","***",0.902,"***",0.902]
["EMULSÕES ASFÁLTICAS RM-2C","2010-01-01","***","***","***",0.865839536295887,"***",0.865839536295887]
["EMULSÕES ASFÁLTICAS RM-2C","2010-02-01","***","***","***",0.86248,"***",0.86248]
["EMULSÕES ASFÁLTICAS RM-2C","2010-03-01","***","***","***",0.86248,0.871764413483757,0.870803839873263]
["EMULSÕES ASFÁLTICAS RM-2C","2010-04-01","***","***","***",0.860880365774004,0.879521015855953,0.874087117288652]
["EMULSÕES ASFÁLTICAS RM-2C","2010-05-01","***","***","***",0.85103,0.894942051515653,0.892213323753301]
["EMULSÕES ASFÁLTICAS RM-2C","2010-06-01","***","***","***",0.84968,0.891332056857961,0.889636643940165]
["EMULSÕES ASFÁLTICAS RM-2C","2010-07-01","***","***","***",0.850343181818182,0.895462245025774,0.889166561787506]
["EMULSÕES ASFÁLTICAS RM-2C","2010-08-01","***","***","***",0.84783,0.892683612367103,0.890501291053886]
["EMULSÕES ASFÁLTICAS RM-2C","2010-09-01","***","***","***",0.79874639304973,0.900855228712174,0.885228283893448]
["EMULSÕES ASFÁLTICAS RM-2C","2010-10-01","***","***","***",0.84733,0.860266219559839,0.859625733382845]
["EMULSÕES ASFÁLTICAS RM-2C","2010-11-01","***","***","***",0.84867,0.890623987341772,0.885186011017498]
["EMULSÕES ASFÁLTICAS RM-2C","2010-12-01","***","***","***",0.804330261263663,0.78766,0.799961335772742]
["EMULSÕES ASFÁLTICAS RM-2C","2011-01-01","***","***","***",0.772765,0.9005,0.853278188539741]
["EMULSÕES ASFÁLTICAS RM-2C","2011-02-01","***","***","***",0.69686,0.894163981578735,0.88218529255521]
["EMULSÕES ASFÁLTICAS RM-2C","2011-03-01","***","***","***",0.68036495049505,0.901666204729485,0.876879260928669]
["EMULSÕES ASFÁLTICAS RM-2C","2011-04-01","***","***","***",0.730642437275986,0.905295886649138,0.895868857750877]
["EMULSÕES ASFÁLTICAS RM-2C","2011-05-01","***","***","***",0.719702857142857,0.898928652321631,0.888884017741385]
["EMULSÕES ASFÁLTICAS RM-2C","2011-06-01","***","***","***",0.68756,0.894283493243583,0.891719576325842]
["EMULSÕES ASFÁLTICAS RM-2C","2011-07-01","***","***","***",0.693519136094675,0.880571623635558,0.848850845235308]
["EMULSÕES ASFÁLTICAS RM-2C","2011-08-01","***","***","***",0.68756,0.806465222993062,0.799095825844438]
["EMULSÕES ASFÁLTICAS RM-2C","2011-09-01","***","***",1.17,0.720695647558386,0.808070834886973,0.838130554617246]
["EMULSÕES ASFÁLTICAS RM-2C","2011-10-01","***","***","***",0.679602216307089,0.737302129097668,0.705756328125]
["EMULSÕES ASFÁLTICAS RM-2C","2011-11-01","***","***","***",0.68756,0.82349,0.819023210104744]
["EMULSÕES ASFÁLTICAS RM-2C","2011-12-01","***","***","***",0.693242082410279,0.859901232153569,0.824388609327795]
["EMULSÕES ASFÁLTICAS RM-2C","2012-01-01","***","***","***",0.722817584557568,"***",0.722817584557568]
["EMULSÕES ASFÁLTICAS RM-2C","2012-02-01","***","***","***",0.75698,0.879807198045148,0.860528846380224]
["EMULSÕES ASFÁLTICAS RM-2C","2012-03-01","***","***","***",0.732879367240689,0.819467633851468,0.793377263183299]
["EMULSÕES ASFÁLTICAS RM-2C","2012-04-01","***","***","***",0.864263065693431,0.817180405860806,0.821733509066043]
["EMULSÕES ASFÁLTICAS RM-2C","2012-05-01","***","***","***",0.803650690989497,0.889075842085328,0.884066633063209]
["EMULSÕES ASFÁLTICAS RM-2C","2012-06-01","***","***","***",0.800072381587725,0.95421,0.924498395807883]
["EMULSÕES ASFÁLTICAS RM-2C","2012-07-01","***","***","***",0.809572680470062,0.942962467532467,0.931631595759852]
["EMULSÕES ASFÁLTICAS RM-2C","2012-08-01","***","***","***",0.736555112184039,0.95421,0.913725960908611]
["EMULSÕES ASFÁLTICAS RM-2C","2012-09-01","***","***","***",0.957950764119601,0.95421,0.956936319612591]
["EMULSÕES ASFÁLTICAS RM-2C","2012-10-01","***","***","***",0.75698,0.870161756156641,0.842531177906622]
["EMULSÕES ASFÁLTICAS RM-2C","2012-11-01","***","***","***",0.734062292358804,1.22177027777778,0.997236622820434]
["EMULSÕES ASFÁLTICAS RM-2C","2012-12-01","***","***","***",1.14478,0.95421,1.05449506885002]
["EMULSÕES ASFÁLTICAS RM-2C","2013-01-01","***","***","***",0.866755575942915,"***",0.866755575942915]
["EMULSÕES ASFÁLTICAS RM-2C","2013-02-01","***","***","***",0.733733378500452,"***",0.733733378500452]
["EMULSÕES ASFÁLTICAS RM-2C","2013-03-01","***","***","***",0.84782582852432,1.08935646464646,0.947890186705295]
["EMULSÕES ASFÁLTICAS RM-2C","2013-04-01",1.18074655172414,"***","***",0.736573931623932,0.95421,0.995694312753939]
["EMULSÕES ASFÁLTICAS RM-2C","2013-05-01","***","***","***",0.847419211703959,0.95421,0.871636872504658]
["EMULSÕES ASFÁLTICAS RM-2C","2013-06-01","***","***","***",0.830117954164338,1.0434753323069,0.976346181850158]
["EMULSÕES ASFÁLTICAS RM-2C","2013-07-01","***","***","***",0.84782,0.8487,0.848399016673792]
["EMULSÕES ASFÁLTICAS RM-2C","2013-08-01","***","***","***",0.788207952595014,0.8487,0.802744073269171]
["EMULSÕES ASFÁLTICAS RM-2C","2013-09-01","***","***","***",0.818591639344262,0.8487,0.829057112299465]
["EMULSÕES ASFÁLTICAS RM-2C","2013-10-01","***","***","***",0.74508,1.02063548387097,0.882711377478754]
["EMULSÕES ASFÁLTICAS RM-2C","2013-11-01","***","***","***",0.85118,0.8487,0.849839243765084]
["EMULSÕES ASFÁLTICAS RM-2C","2013-12-01","***","***","***",0.781487432072456,"***",0.781487432072456]
["EMULSÕES ASFÁLTICAS RM-2C","2014-01-01","***","***","***","***","***","***"]
["EMULSÕES ASFÁLTICAS RM-2C","2014-02-01","***","***","***",0.780612058897559,1.03460647757762,0.881291402309329]
["EMULSÕES ASFÁLTICAS RM-2C","2014-03-01","***","***","***",0.876407879377432,0.87805,0.877276351970669]
["EMULSÕES ASFÁLTICAS RM-2C","2014-04-01","***","***","***",0.78109045442941,"***",0.78109045442941]
["EMULSÕES ASFÁLTICAS RM-2C","2014-05-01","***","***","***","***","***","***"]
["EMULSÕES ASFÁLTICAS RM-2C","2014-06-01","***","***","***",0.778931509727626,1.73745,1.02065295247333]
["EMULSÕES ASFÁLTICAS RM-2C","2014-07-01","***","***","***",0.84741,"***",0.84741]
["EMULSÕES ASFÁLTICAS RM-2C","2014-08-01","***","***","***",0.779395215110178,"***",0.779395215110178]
["EMULSÕES ASFÁLTICAS RM-2C","2014-09-01","***","***","***",0.779766260667184,"***",0.779766260667184]
["EMULSÕES ASFÁLTICAS RM-2C","2014-10-01","***","***","***",0.78453,"***",0.78453]
["EMULSÕES ASFÁLTICAS RM-2C","2014-11-01","***","***","***",0.776058625401929,1.28283985507246,0.991510904189772]
["EMULSÕES ASFÁLTICAS RM-2C","2014-12-01","***","***","***","***","***","***"]
["EMULSÕES ASFÁLTICAS RM-2C","2015-01-01","***","***","***",1.03117769230769,"***",1.03117769230769]
["EMULSÕES ASFÁLTICAS RM-2C","2015-02-01","***","***","***",1.05279,"***",1.05279]
["EMULSÕES ASFÁLTICAS RM-2C","2015-03-01","***","***","***",1.03609623632969,1.41908017795816,1.27769103003447]
["EMULSÕES ASFÁLTICAS RM-2C","2015-04-01","***","***","***","***","***","***"]
["EMULSÕES ASFÁLTICAS RM-2C","2015-05-01","***","***","***",1.02511391680173,1.05452,1.03310746656176]
["EMULSÕES ASFÁLTICAS RM-2C","2015-06-01","***","***","***",1.02476514118274,1.37271576523031,1.17007744027304]
["EMULSÕES ASFÁLTICAS RM-2C","2015-07-01","***","***","***",1.07389717033733,"***",1.07389717033733]
["EMULSÕES ASFÁLTICAS RM-2C","2015-08-01","***","***","***",0.99764,1.10695822807815,1.06464345864662]
["EMULSÕES ASFÁLTICAS RM-2C","2015-09-01","***","***","***",1.06117,"***",1.06117]
["EMULSÕES ASFÁLTICAS RM-2C","2015-10-01","***","***",1.53361551421037,"***","***",1.53361551421037]
["EMULSÕES ASFÁLTICAS RM-2C","2015-11-01","***","***","***",1.16729,1.05452,1.09601812585499]
["EMULSÕES ASFÁLTICAS RM-2C","2015-12-01","***","***","***",1.13034,1.08505154968944,1.0873226519174]
["EMULSÕES ASFÁLTICAS RM-2C","2016-01-01",1.72018592105263,"***","***",1.13034,1.47948935828877,1.47606284889713]
["EMULSÕES ASFÁLTICAS RM-2C","2016-02-01","***","***","***",1.22005800926859,1.41043,1.36747404682882]
["EMULSÕES ASFÁLTICAS RM-2C","2016-03-01","***","***","***",1.13034,1.41043,1.38517201548057]
["EMULSÕES ASFÁLTICAS RM-2C","2016-04-01","***","***","***",1.27819186421174,1.50214245622611,1.47217662907075]
["EMULSÕES ASFÁLTICAS RM-2C","2016-05-01","***","***","***",1.26154,1.41043,1.40650020785219]
["EMULSÕES ASFÁLTICAS RM-2C","2016-06-01","***","***","***",1.27659219969589,1.41043,1.39002493238544]
["EMULSÕES ASFÁLTICAS RM-2C","2016-07-01","***","***","***",1.26154,1.51536,1.49042985880909]
["EMULSÕES ASFÁLTICAS RM-2C","2016-08-01",2.1663,"***","***",1.27619820306205,1.51536,1.47749144381132]
["EMULSÕES ASFÁLTICAS RM-2C","2016-09-01","***","***","***",1.64823268590455,1.35608,1.45117738800578]
["EMULSÕES ASFÁLTICAS RM-2C","2016-10-01","***","***","***",1.28102645099295,"***",1.28102645099295]
["EMULSÕES ASFÁLTICAS RM-2C","2016-11-01","***","***","***",1.27875354495835,"***",1.27875354495835]
["EMULSÕES ASFÁLTICAS RM-2C","2016-12-01","***","***","***",1.26154,1.35608,1.3489690560361]
["EMULSÕES ASFÁLTICAS RM-2C","2017-01-01","***","***",1.75,1.26154,1.33975612159699,1.39890729987181]
["EMULSÕES ASFÁLTICAS RM-2C","2017-02-01","***","***","***",1.27915791530945,1.33324,1.32478407944996]
["EMULSÕES ASFÁLTICAS RM-2C","2017-03-01","***","***","***",1.26154,1.33324,1.33046456089418]
["EMULSÕES ASFÁLTICAS RM-2C","2017-04-01","***","***","***",1.83,1.33324,1.39778917416355]
["EMULSÕES ASFÁLTICAS RM-2C","2017-05-01","***","***","***","***","***","***"]
["EMULSÕES ASFÁLTICAS RM-2C","2017-06-01","***","***",1.71293250581846,1.26154,1.33324,1.44623529037985]
["EMULSÕES ASFÁLTICAS RM-2C","2017-07-01","***","***",1.74051,1.27880033304868,1.33324,1.34982594205515]
["EMULSÕES ASFÁLTICAS RM-2C","2017-08-01","***","***","***",1.25719,1.33324,1.31489471071767]
["EMULSÕES ASFÁLTICAS RM-2C","2017-09-01","***","***","***",1.27392905925755,"***",1.27392905925755]
["EMULSÕES ASFÁLTICAS RM-2C","2017-10-01","***","***","***",1.85215,"***",1.85215]
["EMULSÕES ASFÁLTICAS RM-2C","2017-11-01","***","***","***",1.27414560941828,"***",1.27414560941828]
["EMULSÕES ASFÁLTICAS RM-2C","2017-12-01",1.89551,"***",1.85331,1.50307969042477,"***",1.81740439989653]
["EMULSÕES ASFÁLTICAS RM-2C","2018-01-01",1.77516,"***","***",1.34555,1.3169,1.47454099325337]
["EMULSÕES ASFÁLTICAS RM-2C","2018-02-01",1.89551,"***","***","***",1.4081,1.75623246978852]
["EMULSÕES ASFÁLTICAS RM-2C","2018-03-01","***","***","***",1.33629117309458,"***",1.33629117309458]
["EMULSÕES ASFÁLTICAS RM-2C","2018-04-01","***","***","***",1.58627,"***",1.58627]
["EMULSÕES ASFÁLTICAS RM-2C","2018-05-01","***","***","***",1.73714150807899,"***",1.73714150807899]
["EMULSÕES ASFÁLTICAS RM-2C","2018-06-01","***","***","***","***",1.53973439878234,1.53973439878234]
["EMULSÕES ASFÁLTICAS RM-2C","2018-07-01","***","***","***",1.6635781402996,"***",1.6635781402996]
["EMULSÕES ASFÁLTICAS RM-2C","2018-08-01","***","***","***",1.85290339279704,"***",1.85290339279704]
["EMULSÕES ASFÁLTICAS RM-2C","2018-09-01","***","***","***","***","***","***"]
["EMULSÕES ASFÁLTICAS RM-2C","2018-10-01","***","***","***",1.75393693636364,"***",1.75393693636364]
["EMULSÕES ASFÁLTICAS RM-2C","2018-11-01",2.48841736111111,"***","***",2.00999913043478,"***",2.2204463182011]
["EMULSÕES ASFÁLTICAS RM-2C","2018-12-01","***","***","***",2.33475363636364,"***",2.33475363636364]
["EMULSÕES ASFÁLTICAS RM-2C","2019-01-01","***","***","***",1.90407312339802,"***",1.90407312339802]
["EMULSÕES ASFÁLTICAS RM-2C","2019-02-01","***","***","***",2.04798678566267,2.03442,2.04453079168462]
["EMULSÕES ASFÁLTICAS RM-2C","2019-03-01",2.4885,"***","***",2.09381637538406,2.23713,2.1625158023278]
["EMULSÕES ASFÁLTICAS RM-2C","2019-04-01","***","***","***",2.14049945526991,"***",2.14049945526991]
["EMULSÕES ASFÁLTICAS RM-2C","2019-05-01","***","***","***",2.20835261078337,"***",2.20835261078337]
["EMULSÕES ASFÁLTICAS RM-2C","2019-06-01","***","***",2.21946,2.18461713385063,2.23591,2.20659987402068]
["EMULSÕES ASFÁLTICAS RM-2C","2019-07-01",2.42782287416232,"***",2.26013579779227,2.14670145065692,1.98466076006118,2.118369045986]
["EMULSÕES ASFÁLTICAS RM-2C","2019-08-01","***","***",2.04508,2.08122908839779,1.98140399159337,2.03642890135035]
["EMULSÕES ASFÁLTICAS RM-2C","2019-09-01",2.27074,"***",2.044168503013,2.04492538152093,1.88826773290825,2.02375611153035]
["EMULSÕES ASFÁLTICAS RM-2C","2019-10-01","***","***","***",2.04113205507502,1.8625542357614,1.98178431147464]
["EMULSÕES ASFÁLTICAS RM-2C","2019-11-01","***","***","***",2.06207868762358,2.0069656914337,2.05198640686597]
["EMULSÕES ASFÁLTICAS RM-2C","2019-12-01",3.09603,"***","***",2.08912866293967,"***",2.13394955486312]
["EMULSÕES ASFÁLTICAS RM-2C","2020-01-01","***","***","***",2.02505007966277,2.23546526476578,2.05094246546161]
["EMULSÕES ASFÁLTICAS RM-2C","2020-02-01","***","***","***",2.03000260316417,2.01734926973199,2.02797401963103]
["EMULSÕES ASFÁLTICAS RM-2C","2020-03-01","***","***","***",1.8831589703216,1.99554,1.90432072734314]
["EMULSÕES ASFÁLTICAS RM-2C","2020-04-01","***","***","***",1.97667095799906,"***",1.97667095799906]
["EMULSÕES ASFÁLTICAS RM-2C","2020-05-01","***","***",2.03923063793832,1.88917493565338,"***",1.9086289598795]
["EMULSÕES ASFÁLTICAS RM-2C","2020-06-01",2.30371,"***",2.17688476274788,1.91617558175789,2.0231,1.97434658956967]
["EMULSÕES ASFÁLTICAS RM-2C","2020-07-01","***","***","***",1.86341233670764,1.90380576964478,1.86747925978108]
["EMULSÕES ASFÁLTICAS RM-2C","2020-08-01",2.33738354354354,"***",2.07937671285604,2.06780552280806,2.07122533869116,2.10909121878905]
["EMULSÕES ASFÁLTICAS RM-2C","2020-09-01","***","***",2.09916,2.06994608732394,2.08900172738693,2.07646137286371]
["EMULSÕES ASFÁLTICAS RM-2C","2020-10-01","***","***",2.07348,1.96327322360032,1.87694965977606,1.95691372120802]
["EMULSÕES ASFÁLTICAS RM-2C","2020-11-01","***","***","***",2.08251059194814,2.24433,2.08849635489965]
["EMULSÕES ASFÁLTICAS RM-2C","2020-12-01","***","***","***",2.05327398706897,2.2419,2.12493345052686]
["EMULSÕES ASFÁLTICAS RM-2C","2021-01-01","***","***","***",2.17301760708557,"***",2.17301760708557]
["EMULSÕES ASFÁLTICAS RM-2C","2021-02-01","***","***","***",2.36611167263365,2.31886065789474,2.3583793126535]
["EMULSÕES ASFÁLTICAS RM-2C","2021-03-01","***","***","***",2.18412773399535,2.27206,2.21406342600334]
["EMULSÕES ASFÁLTICAS RM-2C","2021-04-01","***","***",2.31272,2.31514335159381,2.29745844144144,2.31093196732681]
["EMULSÕES ASFÁLTICAS RM-2C","2021-05-01",2.64208209150327,"***","***",2.74631302034429,2.83401935539076,2.76650316696397]
["EMULSÕES ASFÁLTICAS RM-2C","2021-06-01","***","***",3.08643,2.66330323417389,2.79888,2.72637687247102]
["EMULSÕES ASFÁLTICAS RM-2C","2021-07-01","***","***",2.66974,2.8325034320731,2.79888,2.81782604267473]
["EMULSÕES ASFÁLTICAS RM-2C","2021-08-01",2.80181,"***","***",2.80988944129555,3.0115,2.86601029211459]
["EMULSÕES ASFÁLTICAS RM-2C","2021-09-01",2.80181,"***","***",2.76292160755008,3.0115,2.8097008698766]
["EMULSÕES ASFÁLTICAS RM-2C","2021-10-01","***","***","***",2.90134250366228,3.01379940589858,2.93052659587355]
["EMULSÕES ASFÁLTICAS RM-2C","2021-11-01","***","***","***",2.96818686424735,3.29581,3.05989072427536]
["EMULSÕES ASFÁLTICAS RM-2C","2021-12-01","***","***","***",2.92970204560377,"***",2.92970204560377]
["EMULSÕES ASFÁLTICAS RM-2C","2022-01-01","***","***","***",2.94189235732851,"***",2.94189235732851]
["EMULSÕES ASFÁLTICAS RM-2C","2022-02-01","***","***","***",3.26774400057937,"***",3.26774400057937]
["EMULSÕES ASFÁLTICAS RM-2C","2022-03-01","***","***","***",3.2588862701712,3.38541,3.27244003951307]
["EMULSÕES ASFÁLTICAS RM-2C","2022-04-01","***","***","***",3.15812764158743,3.55347,3.20618605447118]
["EMULSÕES ASFÁLTICAS RM-2C","2022-05-01","***","***",2.50243,2.90244724874269,3.38038,2.92759904650184]
["EMULSÕES ASFÁLTICAS RM-2C","2022-06-01","***",4.07739,"***",3.29623211483139,3.06863882106523,3.30239316741455]
["EMULSÕES ASFÁLTICAS RM-2C","2022-07-01","***",3.54889,"***",3.05996751666438,3.34416170793975,3.11761230416561]
["EMULSÕES ASFÁLTICAS RM-2C","2022-08-01","***","***","***",2.9758307996769,3.37272039317754,3.0578465948779]
["EMULSÕES ASFÁLTICAS RM-2C","2022-09-01","***","***","***",3.11347947839299,3.11569622288706,3.11400730054985]
["EMULSÕES ASFÁLTICAS RM-2C","2022-10-01","***","***","***",2.70102932900582,3.12398175475687,2.74626678884184]
["EMULSÕES ASFÁLTICAS RM-2C","2022-11-01","***","***","***",2.52377683861187,3.21235215090385,2.57371493530429]
["EMULSÕES ASFÁLTICAS RM-2C","2022-12-01","***","***","***",2.82525594385144,2.99742882614855,2.85867200997722]
["EMULSÕES ASFÁLTICAS RM-2C","2023-01-01","***","***","***",2.74376295189021,3.14507164531159,2.80358904493163]
["EMULSÕES ASFÁLTICAS RM-2C","2023-02-01","***","***","***",2.61437017627986,3.07759052631579,2.66942391209551]
["EMULSÕES ASFÁLTICAS RM-2C","2023-03-01","***","***","***",2.50223960229412,2.86822390150792,2.55046131507469]
["EMULSÕES ASFÁLTICAS RM-2C","2023-04-01","***","***","***",2.43627027334169,3.05153490156282,2.57874712918008]
["EMULSÕES ASFÁLTICAS RM-2C","2023-05-01","***","***",2.89238,2.49926444045183,2.82145996235722,2.54895271594767]
["EMULSÕES ASFÁLTICAS RM-2C","2023-06-01","***","***","***",2.33118814719909,2.76482411181102,2.37521315879513]
["EMULSÕES ASFÁLTICAS RM-2C","2023-07-01","***","***","***",2.30182542052847,2.81901664520168,2.37351345230273]
["EMULSÕES ASFÁLTICAS RM-2C","2023-08-01","***","***",2.82095472344661,2.3632790229047,2.86258931893266,2.44953144721147]
["EMULSÕES ASFÁLTICAS RM-2C","2023-09-01","***","***",2.97226159782775,2.28918582183979,3.09646568849706,2.53593137644505]
["EMULSÕES ASFÁLTICAS RM-2C","2023-10-01","***","***",3.03844326347305,2.46280818530818,3.06113185539741,2.62311876844592]
["EMULSÕES ASFÁLTICAS RM-2C","2023-11-01","***","***",2.9347046453422,2.56301567138399,3.07899797738371,2.68671564726841]
["EMULSÕES ASFÁLTICAS RM-2C","2023-12-01","***","***",2.95264,2.45430467086773,3.16670300667009,2.5604252259977]
["EMULSÕES ASFÁLTICAS RM-2C","2024-01-01","***","***",2.92168813397129,2.47403843745332,2.85128510354746,2.58900559403111]
["EMULSÕES ASFÁLTICAS RM-2C","2024-02-01","***","***",2.97713657689582,2.45004146374492,2.89572492428583,2.61725771016623]
["EMULSÕES ASFÁLTICAS RM-2C","2024-03-01","***","***","***",2.53397448664201,2.93963874727794,2.64105119739828]
["EMULSÕES ASFÁLTICAS RM-2C","2024-04-01","***","***",3.02698498390212,2.58348290541646,3.00454961656551,2.75854142413669]
["EMULSÕES ASFÁLTICAS RM-2C","2024-05-01","***","***",2.71063828398792,2.42622493192869,3.29895125848508,2.63435046384752]
["EMULSÕES ASFÁLTICAS RM-2C","2024-06-01","***","***",2.92511033628319,2.54728488837158,2.99918048902027,2.66211796306841]
["EMULSÕES ASFÁLTICAS RM-2C","2024-07-01","***","***",2.97052517636066,2.23032827862236,3.22814327153211,2.43701096066493]
["EMULSÕES ASFÁLTICAS RM-2C","2024-08-01","***","***",3.19532714460285,2.57774400899969,3.39073021261908,2.75327759292418]
["EMULSÕES ASFÁLTICAS RR-1C","2008-11-01",1.14619173562736,0.768408824699464,1.19024502755025,0.77788231164632,0.963639378181579,0.878537527840311]
["EMULSÕES ASFÁLTICAS RR-1C","2008-12-01",1.08784868917785,0.736572151359208,1.10065749013128,0.77156247219702,0.87145006508214,0.829800447012618]
["EMULSÕES ASFÁLTICAS RR-1C","2009-01-01",1.40349666253693,0.720204273611917,0.957740232041087,0.758419805271126,0.830029977159831,0.804276570383749]
["EMULSÕES ASFÁLTICAS RR-1C","2009-02-01",1.43591203543844,0.686554567483121,1.13164336629214,0.8485200947808,0.872891266559319,0.847321020188595]
["EMULSÕES ASFÁLTICAS RR-1C","2009-03-01",1.4614782122905,0.712512168625404,0.940489195341138,0.74174829128648,0.804025767868031,0.765220630100428]
["EMULSÕES ASFÁLTICAS RR-1C","2009-04-01",1.00267783094099,0.735669450015193,0.941000667546948,0.72825697462072,0.77543401692072,0.756142920513814]
["EMULSÕES ASFÁLTICAS RR-1C","2009-05-01",0.92585340829234,0.666868993953652,1.00837614369934,0.723215874050082,0.75008824754989,0.751106643911433]
["EMULSÕES ASFÁLTICAS RR-1C","2009-06-01",1.28865965554031,0.684082374531551,0.961535700551978,0.704669967174382,0.759914683004808,0.74756833614172]
["EMULSÕES ASFÁLTICAS RR-1C","2009-07-01",1.18996671524504,0.702224839228296,1.01384714763592,0.754439181709701,0.792314700735058,0.792144081993151]
["EMULSÕES ASFÁLTICAS RR-1C","2009-08-01",1.4389065877712,0.664111678340097,0.933938130061673,0.713038731039073,0.742176194152707,0.733892454212009]
["EMULSÕES ASFÁLTICAS RR-1C","2009-09-01",1.09162133648278,0.665576233016338,0.928758230653013,0.703475437276389,0.74483946902021,0.732671310738964]
["EMULSÕES ASFÁLTICAS RR-1C","2009-10-01",1.14040123057627,0.700398682362174,1.1091528578746,0.723832648986622,0.737385181002425,0.802851511153576]
["EMULSÕES ASFÁLTICAS RR-1C","2009-11-01",1.24636344366291,0.679654310223292,1.24386473603058,0.714555179641436,0.737922203701249,0.849818823397562]
["EMULSÕES ASFÁLTICAS RR-1C","2009-12-01",1.27605029635045,0.697443766681407,1.27234398445095,0.712507569157761,0.842947413302192,0.908205560656851]
["EMULSÕES ASFÁLTICAS RR-1C","2010-01-01",1.34339652347084,0.704755785559943,1.1475356495994,0.700023148474216,0.777985879179483,0.851083005193987]
["EMULSÕES ASFÁLTICAS RR-1C","2010-02-01",1.33480487863668,0.708111863424333,1.04433295633153,0.726007813290393,0.818884434268891,0.812476570160907]
["EMULSÕES ASFÁLTICAS RR-1C","2010-03-01",1.13194448201244,0.704500510103961,1.01518349004249,0.719057384614892,0.840589906833375,0.818541433503961]
["EMULSÕES ASFÁLTICAS RR-1C","2010-04-01",1.19222054279188,0.696330744044819,0.940642666987973,0.679550160163692,0.778765979403023,0.77501590196018]
["EMULSÕES ASFÁLTICAS RR-1C","2010-05-01",1.10949853904282,0.677899786975565,0.921389106795215,0.694633379541378,0.724550639950927,0.773374766325678]
["EMULSÕES ASFÁLTICAS RR-1C","2010-06-01",0.960535127079448,0.657635441099785,0.856317091857242,0.695739533785506,0.73547211465017,0.735964600766179]
["EMULSÕES ASFÁLTICAS RR-1C","2010-07-01",1.0180140284725,0.666260694774299,0.981029161775793,0.695875015604147,0.715575608253991,0.785852781070756]
["EMULSÕES ASFÁLTICAS RR-1C","2010-08-01",0.963376235386538,0.690964006192061,1.01273314919517,0.67358103119081,0.704974809696763,0.767789289706092]
["EMULSÕES ASFÁLTICAS RR-1C","2010-09-01",1.06110217084489,0.681079860767457,0.956742225549179,0.676940613399976,0.730626238680157,0.775598712429079]
["EMULSÕES ASFÁLTICAS RR-1C","2010-10-01",1.05178570025172,0.690740388152908,0.896979393963904,0.665105196716679,0.722030774006664,0.759453359321437]
["EMULSÕES ASFÁLTICAS RR-1C","2010-11-01",1.06025937112601,0.692363538492217,0.987790580254442,0.673104191354377,0.760623826492359,0.775013760710096]
["EMULSÕES ASFÁLTICAS RR-1C","2010-12-01",1.00486631754126,0.70235529542177,0.949525681945059,0.689563802775576,0.774075597259647,0.775721669366204]
["EMULSÕES ASFÁLTICAS RR-1C","2011-01-01",0.82966495056237,0.721024320012699,0.853301355401949,0.675752614432412,0.714082877276478,0.712077536898894]
["EMULSÕES ASFÁLTICAS RR-1C","2011-02-01",0.762445829322961,0.69763913112097,0.827479489924981,0.666447472293143,0.714953258609945,0.694643936327687]
["EMULSÕES ASFÁLTICAS RR-1C","2011-03-01",0.986666551556046,0.670966929333375,0.809757192097623,0.680219485744457,0.707725759006763,0.737285829475706]
["EMULSÕES ASFÁLTICAS RR-1C","2011-04-01",0.896075675692852,0.670065940699707,0.696358320418442,0.672534404362254,0.697578285337431,0.687988307628956]
["EMULSÕES ASFÁLTICAS RR-1C","2011-05-01",0.832935053283282,0.666041984700382,0.840791362514887,0.66385229691969,0.730638468242354,0.721344755174728]
["EMULSÕES ASFÁLTICAS RR-1C","2011-06-01",0.83372655769069,0.669737538574104,0.913618484176624,0.669391223546582,0.704894227627051,0.731930923441474]
["EMULSÕES ASFÁLTICAS RR-1C","2011-07-01",0.918107930024678,0.666014502060686,0.828074076480404,0.666594729980831,0.683784488758589,0.741916809172965]
["EMULSÕES ASFÁLTICAS RR-1C","2011-08-01",0.981174600047504,0.673782430957919,0.904319818571661,0.68092754358281,0.706755637036365,0.758355740659335]
["EMULSÕES ASFÁLTICAS RR-1C","2011-09-01",0.825565359929933,0.708613328642183,0.912279215843655,0.682158779371858,0.703007438981224,0.743197137682507]
["EMULSÕES ASFÁLTICAS RR-1C","2011-10-01",0.873838320742168,0.696827912623226,0.982563483546371,0.678873497563847,0.691328342893083,0.784900891775936]
["EMULSÕES ASFÁLTICAS RR-1C","2011-11-01",0.774982558720988,0.69714660717944,0.879219745667292,0.672731555283934,0.693533981153857,0.722569385138431]
["EMULSÕES ASFÁLTICAS RR-1C","2011-12-01",0.701524698667854,0.693067885261718,0.867754613540946,0.674627600198006,0.75503747383257,0.716252426309798]
["EMULSÕES ASFÁLTICAS RR-1C","2012-01-01",0.768437371497618,0.692280913716388,0.822940391586317,0.683933787257215,0.713229106034247,0.709389646642903]
["EMULSÕES ASFÁLTICAS RR-1C","2012-02-01",0.723500613614709,0.676640688170054,0.855279409787283,0.688175695605863,0.729775111310927,0.714339587780912]
["EMULSÕES ASFÁLTICAS RR-1C","2012-03-01",0.88169653449622,0.684973597030649,0.752994167181156,0.700357722557703,0.731110349535346,0.727415672516115]
["EMULSÕES ASFÁLTICAS RR-1C","2012-04-01",0.759759162286916,0.668486950571505,0.715880011133332,0.712418331671481,0.765416992179552,0.718643185734033]
["EMULSÕES ASFÁLTICAS RR-1C","2012-05-01",1.0643518256652,0.678570258823946,0.742933062854961,0.691336282475088,0.736319800924455,0.71935858619617]
["EMULSÕES ASFÁLTICAS RR-1C","2012-06-01",0.914443982019811,0.673931192894883,0.760342907686998,0.696903626609784,0.719984988112234,0.714806635594673]
["EMULSÕES ASFÁLTICAS RR-1C","2012-07-01",0.962884672503395,0.683648274685837,0.721764960581447,0.707284129146431,0.765711212218572,0.725573259028974]
["EMULSÕES ASFÁLTICAS RR-1C","2012-08-01",0.859271415816326,0.699302817091512,0.781990091784231,0.70728419899788,0.766661658387257,0.731192008741565]
["EMULSÕES ASFÁLTICAS RR-1C","2012-09-01",1.18165448531525,0.709133707872117,0.783115850960874,0.732766573933881,0.750687526050511,0.751643913087291]
["EMULSÕES ASFÁLTICAS RR-1C","2012-10-01",1.00210470759785,0.724839063594021,0.770878575726577,0.722944102873433,0.744292750998668,0.74021930066236]
["EMULSÕES ASFÁLTICAS RR-1C","2012-11-01",0.880466076510014,0.752261078118095,0.744815056617127,0.728314566873862,0.758955928302243,0.745961190952895]
["EMULSÕES ASFÁLTICAS RR-1C","2012-12-01",0.719488343702927,0.721019339148466,0.648589653326377,0.680639086294188,0.844925351981025,0.709817688496129]
["EMULSÕES ASFÁLTICAS RR-1C","2013-01-01",1.0986197927986,0.692574349654587,0.796033663810891,0.74030891773237,0.864873905332183,0.780324379029941]
["EMULSÕES ASFÁLTICAS RR-1C","2013-02-01",1.10570613322502,0.697725491741929,0.726837745343798,0.723561883890159,0.854963350913747,0.753286072989272]
["EMULSÕES ASFÁLTICAS RR-1C","2013-03-01",0.838179353807918,0.70444440856592,0.661270369611015,0.714196536497203,0.850668778326864,0.739143179725199]
["EMULSÕES ASFÁLTICAS RR-1C","2013-04-01",1.08027303288449,0.705940827524777,0.614535208014068,0.732317776185588,0.8366079304745,0.742207858160042]
["EMULSÕES ASFÁLTICAS RR-1C","2013-05-01",1.21728429115925,0.698562529776883,0.674852373308938,0.714545063013156,0.881627955894151,0.749741012943627]
["EMULSÕES ASFÁLTICAS RR-1C","2013-06-01",1.10561048029557,0.702890486501854,0.713298555012706,0.709296034265493,0.895189435204814,0.754508526242192]
["EMULSÕES ASFÁLTICAS RR-1C","2013-07-01",1.25640018973267,0.712473347383693,0.607898160800065,0.69624796177916,0.843285186309427,0.726488395545683]
["EMULSÕES ASFÁLTICAS RR-1C","2013-08-01",1.1441483159148,0.714368130373228,0.67444067352432,0.735998558371997,0.855623500652205,0.755894339257371]
["EMULSÕES ASFÁLTICAS RR-1C","2013-09-01",1.01378746535248,0.783767894296971,0.770602698474495,0.747876906882907,0.858669866503218,0.786335718392378]
["EMULSÕES ASFÁLTICAS RR-1C","2013-10-01",1.11105909015875,0.879554025314017,0.750327201581145,0.753102408884606,0.838466210706828,0.808315760993434]
["EMULSÕES ASFÁLTICAS RR-1C","2013-11-01",0.9492477978436,0.879556521508541,0.767767368524039,0.773005794386904,0.807695251942598,0.812526834933349]
["EMULSÕES ASFÁLTICAS RR-1C","2013-12-01",0.896908642197233,0.902248612017919,0.751800215862794,0.768732398048742,0.866314318233554,0.828527044817802]
["EMULSÕES ASFÁLTICAS RR-1C","2014-01-01",1.08923517679492,0.866744087552466,0.883477411525947,0.783272648865682,0.802838691815561,0.837901714285878]
["EMULSÕES ASFÁLTICAS RR-1C","2014-02-01",1.19722062236529,0.872467109182897,0.797890591191665,0.773877959987101,0.84616178601793,0.817788225986842]
["EMULSÕES ASFÁLTICAS RR-1C","2014-03-01",1.04515020055675,0.805897725329078,0.833375548117271,0.778885830909572,0.864256918929957,0.814558009380448]
["EMULSÕES ASFÁLTICAS RR-1C","2014-04-01",0.808886854552621,0.919341626053755,0.789968130008493,0.775864698411902,0.840703049865328,0.816305022312683]
["EMULSÕES ASFÁLTICAS RR-1C","2014-05-01",0.73614683026519,0.836695289030423,0.895197255673079,0.750290839642915,0.864352025723705,0.801499862296845]
["EMULSÕES ASFÁLTICAS RR-1C","2014-06-01",1.15399465099544,0.812576991968631,0.801867616326743,0.747011772163305,0.846378597638968,0.788268394497124]
["EMULSÕES ASFÁLTICAS RR-1C","2014-07-01",1.19340575533662,0.849861990050329,0.78645992423566,0.740535404833555,0.823244956989179,0.787015711519347]
["EMULSÕES ASFÁLTICAS RR-1C","2014-08-01",1.07330642974409,0.737876274860666,0.783362832476629,0.754946331394866,0.853122436168541,0.793679757232194]
["EMULSÕES ASFÁLTICAS RR-1C","2014-09-01",1.32481662893967,0.764821761383628,0.909035602750976,0.758147022938031,0.870570699783113,0.822137546764141]
["EMULSÕES ASFÁLTICAS RR-1C","2014-10-01",1.37738131080534,0.794552502733755,0.811075977653631,0.725159938759575,0.809019821532265,0.787305500525828]
["EMULSÕES ASFÁLTICAS RR-1C","2014-11-01",1.08556088157942,0.839199595451139,0.825861985425482,0.741776221163231,0.880580232533513,0.822250401547435]
["EMULSÕES ASFÁLTICAS RR-1C","2014-12-01",1.23376263455235,0.918942534221354,0.851544903488372,0.827833067466742,0.940180082021283,0.894773280114877]
["EMULSÕES ASFÁLTICAS RR-1C","2015-01-01",1.2717984123624,1.11925915491451,1.20162167694577,0.90776537674481,0.997091992968481,0.991221443404165]
["EMULSÕES ASFÁLTICAS RR-1C","2015-02-01",1.13307789787403,1.05440922042259,1.13849950330345,0.925593897071927,1.06688744364641,1.00049875805009]
["EMULSÕES ASFÁLTICAS RR-1C","2015-03-01",1.38909198506866,0.99919900157201,1.12285005648008,0.938673453320769,1.07739102821911,1.0167464164864]
["EMULSÕES ASFÁLTICAS RR-1C","2015-04-01",2.09475294260553,1.06745792802143,1.02256306344938,0.921296610315287,1.06333133641741,0.994792753291829]
["EMULSÕES ASFÁLTICAS RR-1C","2015-05-01",1.40671731332789,1.02977227939958,1.02511528613501,0.893304513763739,0.973918259998104,0.963084955867275]
["EMULSÕES ASFÁLTICAS RR-1C","2015-06-01",1.47247484316901,1.00916152713968,1.09309797190322,0.912242240213218,1.04511412852949,1.01810608240495]
["EMULSÕES ASFÁLTICAS RR-1C","2015-07-01",1.28545198565913,1.03925259227626,0.951680837395667,0.841256088476746,1.00260020844635,0.927254330623689]
["EMULSÕES ASFÁLTICAS RR-1C","2015-08-01",1.2441770460012,1.13326852710305,1.07912390286156,0.889269272493852,1.0610180649933,0.989597427879147]
["EMULSÕES ASFÁLTICAS RR-1C","2015-09-01",1.48010882809058,1.0311950727781,1.10864735486634,0.945250883753326,1.12080940518559,1.03383055104609]
["EMULSÕES ASFÁLTICAS RR-1C","2015-10-01",1.1153095404157,1.17431344199117,1.17864478596308,0.981235722571475,1.18177461513164,1.06646089433634]
["EMULSÕES ASFÁLTICAS RR-1C","2015-11-01",1.16316518224819,1.28920001436045,1.26414075226492,1.09254143747659,1.22819061837175,1.17491954307754]
["EMULSÕES ASFÁLTICAS RR-1C","2015-12-01",1.49407692392824,1.36550499576045,1.16623172079218,1.09525843288006,1.26285078016861,1.19923242963884]
["EMULSÕES ASFÁLTICAS RR-1C","2016-01-01",1.40154066112627,1.22896516106043,1.37445218391193,1.08671818389321,1.17969775263523,1.14824305780546]
["EMULSÕES ASFÁLTICAS RR-1C","2016-02-01",1.54519541985826,1.26745341858781,1.54753141498398,1.11062571885445,1.18779549738494,1.18103763179478]
["EMULSÕES ASFÁLTICAS RR-1C","2016-03-01",1.46939422303869,1.27324820747349,1.33890159558763,1.09481883162769,1.2045396785776,1.16761043929273]
["EMULSÕES ASFÁLTICAS RR-1C","2016-04-01",1.63451792113393,1.41635111805096,1.39567167044039,1.2099927159243,1.29914029093828,1.26969041220373]
["EMULSÕES ASFÁLTICAS RR-1C","2016-05-01",1.89842330935252,1.39375079351558,1.35434419590398,1.21164680368278,1.32324608847813,1.27766560527352]
["EMULSÕES ASFÁLTICAS RR-1C","2016-06-01",1.77139193380287,1.29661274741385,1.37029109252831,1.20635399280391,1.31435559355279,1.27410253026402]
["EMULSÕES ASFÁLTICAS RR-1C","2016-07-01",1.553803771598,1.22569205373195,1.41500276967366,1.19854823818535,1.30083931152493,1.24981675378392]
["EMULSÕES ASFÁLTICAS RR-1C","2016-08-01",1.65682346840168,1.10188381588731,1.46881709849306,1.20664594639054,1.29736738246703,1.26414738129111]
["EMULSÕES ASFÁLTICAS RR-1C","2016-09-01",1.77312116689089,1.13220218539062,1.48909469360661,1.14086599392987,1.12348872461833,1.171153888292]
["EMULSÕES ASFÁLTICAS RR-1C","2016-10-01",1.23206847947089,1.1871315122402,1.38198634235214,1.11977371262619,1.13078994872385,1.16282745081496]
["EMULSÕES ASFÁLTICAS RR-1C","2016-11-01",1.54433949836032,1.08726834352566,1.46763702039543,1.11996204693753,1.13684693558405,1.16281679903198]
["EMULSÕES ASFÁLTICAS RR-1C","2016-12-01",1.54307363859684,0.978238131640459,1.51572951901115,1.09121182769369,1.13662537021736,1.11893772106142]
["EMULSÕES ASFÁLTICAS RR-1C","2017-01-01",1.60552713155704,1.13160284150075,1.32362493809966,1.11039823202826,1.07961331124682,1.11090382456657]
["EMULSÕES ASFÁLTICAS RR-1C","2017-02-01",1.89042336800328,0.944971812331812,1.49607050148313,1.11314148083927,1.13690775715926,1.11990590047666]
["EMULSÕES ASFÁLTICAS RR-1C","2017-03-01",1.93399246670485,1.11778156954396,1.37473035230758,1.09939553056344,1.12191228226111,1.144712285951]
["EMULSÕES ASFÁLTICAS RR-1C","2017-04-01",1.21157825862069,1.16881388467216,1.33944828652743,1.11024668506448,1.09660129557381,1.13200295435376]
["EMULSÕES ASFÁLTICAS RR-1C","2017-05-01",1.2991514500956,1.15798616213643,1.32603722854633,1.08282078152799,1.09873122246138,1.13056175401408]
["EMULSÕES ASFÁLTICAS RR-1C","2017-06-01",1.76702359255961,1.16593063051724,1.39320689833599,1.08094758273663,1.08820197687881,1.17184871078299]
["EMULSÕES ASFÁLTICAS RR-1C","2017-07-01",1.7439607308278,1.15350550251079,1.33201039313959,1.06858095417349,1.09380122065546,1.19008187725766]
["EMULSÕES ASFÁLTICAS RR-1C","2017-08-01",1.75593695396603,1.13997906663462,1.28784607998426,1.09492216959465,1.07540008109046,1.18728053215761]
["EMULSÕES ASFÁLTICAS RR-1C","2017-09-01",1.68602679022606,1.17334183364518,1.43683322153404,1.05622805612691,1.10908649299253,1.18093458801824]
["EMULSÕES ASFÁLTICAS RR-1C","2017-10-01",1.78209870951776,1.1261437281911,1.50796035945841,1.09862463106991,1.07986847555475,1.25300898881432]
["EMULSÕES ASFÁLTICAS RR-1C","2017-11-01",1.82039512671836,1.17395197272866,1.61952882826452,1.18956880603486,1.16919404117636,1.29856829114113]
["EMULSÕES ASFÁLTICAS RR-1C","2017-12-01",1.98924617244259,1.22427806661298,1.56254514144272,1.20560490184579,1.2380375036257,1.39078252134207]
["EMULSÕES ASFÁLTICAS RR-1C","2018-01-01",1.9732964403096,1.2430391813693,1.52138081214403,1.21127243801344,1.25050166512156,1.32861994213604]
["EMULSÕES ASFÁLTICAS RR-1C","2018-02-01",2.09991754258565,1.24793728632662,1.41085797210628,1.17670107722665,1.24728729472022,1.28669229196288]
["EMULSÕES ASFÁLTICAS RR-1C","2018-03-01",1.93262369595216,1.2164272369042,1.42511623674762,1.1992574308292,1.24847198879081,1.27924381776883]
["EMULSÕES ASFÁLTICAS RR-1C","2018-04-01",2.01192872456176,1.23110146745294,1.48383529986083,1.17697154813799,1.26084942289826,1.30954661951451]
["EMULSÕES ASFÁLTICAS RR-1C","2018-05-01",2.04735188380895,1.295359887388,1.47818584320875,1.25969423331805,1.28568908865856,1.36820856751558]
["EMULSÕES ASFÁLTICAS RR-1C","2018-06-01",1.99012205201798,1.39992155863252,1.53623367453626,1.28746465146317,1.34239997805545,1.38499199257097]
["EMULSÕES ASFÁLTICAS RR-1C","2018-07-01",2.06590762910825,1.43097337064444,1.62426454326727,1.41830621913513,1.45182571333499,1.53180651287134]
["EMULSÕES ASFÁLTICAS RR-1C","2018-08-01",2.16716852628412,1.65050707126959,1.7798473613946,1.51515027866876,1.55269000618559,1.68583874272668]
["EMULSÕES ASFÁLTICAS RR-1C","2018-09-01",2.25354857186817,1.7104678915331,1.77775002394663,1.4938269707549,1.56395971461975,1.65430064182438]
["EMULSÕES ASFÁLTICAS RR-1C","2018-10-01",2.28516187560878,1.68787980804959,1.61711544436696,1.5367862271101,1.58468127219283,1.65858776201787]
["EMULSÕES ASFÁLTICAS RR-1C","2018-11-01",2.58671691985203,1.78028204280332,1.9201414408375,1.68477584832462,1.70221343369255,1.81211898307293]
["EMULSÕES ASFÁLTICAS RR-1C","2018-12-01",2.35125328787334,1.84444054165461,1.73303396953862,1.68175033517738,1.74720758725485,1.77414206014118]
["EMULSÕES ASFÁLTICAS RR-1C","2019-01-01",2.06870548399688,1.89522910547052,2.06697946672013,1.70768517933159,1.77905861589904,1.78084315789752]
["EMULSÕES ASFÁLTICAS RR-1C","2019-02-01",2.02231637098364,1.93200441191001,2.14771656532248,1.89654430505749,1.93093796318294,1.93691323091901]
["EMULSÕES ASFÁLTICAS RR-1C","2019-03-01",2.25245258612897,1.93995129467523,2.14441826121303,1.88346187142437,1.8998877598457,1.92514387459941]
["EMULSÕES ASFÁLTICAS RR-1C","2019-04-01",2.12869810395449,1.9980004876637,2.17487918115759,1.87204726985214,1.9279681785999,1.93701709515504]
["EMULSÕES ASFÁLTICAS RR-1C","2019-05-01",2.23973577889605,1.93524998583106,2.06462383069653,1.90744250243199,1.95591731488575,1.96246439228893]
["EMULSÕES ASFÁLTICAS RR-1C","2019-06-01",2.49066983452673,1.96383897638941,2.14478961593528,1.85413104964667,1.92040668845503,2.01910254645498]
["EMULSÕES ASFÁLTICAS RR-1C","2019-07-01",2.75195612309448,1.81461045624278,2.12389327312184,1.88340509407279,1.96740881791718,2.09155353420563]
["EMULSÕES ASFÁLTICAS RR-1C","2019-08-01",2.88258370057435,1.76758094998149,1.95480631500035,1.79779628586017,1.86563932541738,1.99769569293198]
["EMULSÕES ASFÁLTICAS RR-1C","2019-09-01",2.582126875282,1.80590191085504,2.00888654979665,1.91592438586747,1.83713420908004,2.0221684924064]
["EMULSÕES ASFÁLTICAS RR-1C","2019-10-01",2.44947031460503,1.86596337842503,1.97749208458272,1.81253898245922,1.80016585052702,1.92587039347334]
["EMULSÕES ASFÁLTICAS RR-1C","2019-11-01",2.8425915107265,1.78309670583046,2.13171785363432,1.81961067472864,1.85175429270441,2.00665253144574]
["EMULSÕES ASFÁLTICAS RR-1C","2019-12-01",2.47243936497731,1.77715045978241,1.98835098969072,1.88532046953702,1.85182566264231,1.96263995126113]
["EMULSÕES ASFÁLTICAS RR-1C","2020-01-01",2.61743170471314,1.78666777956053,1.93617926087716,1.84315725662547,1.86988005485563,1.94497200007774]
["EMULSÕES ASFÁLTICAS RR-1C","2020-02-01",2.89336314759719,1.74284167895599,2.00628442222817,1.78645627817892,1.74882606804357,1.92865117217354]
["EMULSÕES ASFÁLTICAS RR-1C","2020-03-01",2.27491401986249,1.70500413141651,1.86605958766547,1.76311709930168,1.70805547605618,1.78635412638942]
["EMULSÕES ASFÁLTICAS RR-1C","2020-04-01",1.96111014990138,1.63795741720557,2.00782811908497,1.73737960451844,1.67881976667051,1.75135783924496]
["EMULSÕES ASFÁLTICAS RR-1C","2020-05-01",2.03373844109792,1.6547838385281,1.90151258605022,1.68271878977472,1.66147830651396,1.74065803578119]
["EMULSÕES ASFÁLTICAS RR-1C","2020-06-01",2.20460104479271,1.68057554108493,1.82394529247526,1.65440200663906,1.61676110663849,1.75815632429873]
["EMULSÕES ASFÁLTICAS RR-1C","2020-07-01",2.50699509571151,1.61627381266075,1.8233691775714,1.65355435891513,1.68304664312569,1.87045199359512]
["EMULSÕES ASFÁLTICAS RR-1C","2020-08-01",2.49179371647856,1.74687846600417,1.92787896629787,1.72173981866303,1.78024416592971,1.92403034199093]
["EMULSÕES ASFÁLTICAS RR-1C","2020-09-01",2.35843086240053,1.76579724441518,1.95760498034257,1.7436744450284,1.75300056261946,1.87634905933021]
["EMULSÕES ASFÁLTICAS RR-1C","2020-10-01",2.55689139715584,1.76968954939453,2.00945803681347,1.79377230783021,1.72186736406471,1.95806106010204]
["EMULSÕES ASFÁLTICAS RR-1C","2020-11-01",2.73562505707461,1.93079019252718,2.03523460564611,1.82988065931721,1.85908179819402,2.06795744928567]
["EMULSÕES ASFÁLTICAS RR-1C","2020-12-01",2.76711300894151,1.90332219173719,2.16227201612903,1.82934436833913,1.88433753576881,2.45520575556875]
["EMULSÕES ASFÁLTICAS RR-1C","2021-01-01",2.68588597569167,1.87700089492723,2.06156553122466,1.87155767963387,1.85669563440132,2.2742526001117]
["EMULSÕES ASFÁLTICAS RR-1C","2021-02-01",2.86577779866472,2.05199796419467,2.25282938471899,1.9604434066284,1.88242262103665,2.3005067849985]
["EMULSÕES ASFÁLTICAS RR-1C","2021-03-01",3.02492253830747,2.08422500447936,2.06681017917889,1.95669369095798,1.96403060824992,2.40712655851651]
["EMULSÕES ASFÁLTICAS RR-1C","2021-04-01",2.74930438489265,2.00617685729511,2.22196873266447,1.95974415884288,1.95073251571621,2.32221085227113]
["EMULSÕES ASFÁLTICAS RR-1C","2021-05-01",3.12008403269442,2.50821460292527,2.44015405143316,2.36102330898387,2.26114151385675,2.65759696519204]
["EMULSÕES ASFÁLTICAS RR-1C","2021-06-01",3.12633323923656,2.41719781389754,2.39396254969926,2.32293094487326,2.37207024115174,2.74063098432563]
["EMULSÕES ASFÁLTICAS RR-1C","2021-07-01",3.34338421799798,2.41640302004757,2.55520695524326,2.353413905075,2.39524480624794,2.94323901691802]
["EMULSÕES ASFÁLTICAS RR-1C","2021-08-01",3.49285480074926,2.60857699094839,2.6661420867465,2.5029488415849,2.46503917127431,3.0962764307236]
["EMULSÕES ASFÁLTICAS RR-1C","2021-09-01",3.39777588160811,2.58125170639573,2.7143461726023,2.53130615781241,2.46111156015099,3.03005048555992]
["EMULSÕES ASFÁLTICAS RR-1C","2021-10-01",3.36237455491754,2.60692073604906,2.51803068129642,2.53626509097197,2.53649093031242,3.01711448278323]
["EMULSÕES ASFÁLTICAS RR-1C","2021-11-01",3.45212040803348,2.82023020046024,2.67609891003692,2.72861898274465,2.76404748906597,3.22274630381924]
["EMULSÕES ASFÁLTICAS RR-1C","2021-12-01",3.72555430985965,2.81301694104201,2.95708103594294,2.77709882500188,2.86731171689381,3.33033539923157]
["EMULSÕES ASFÁLTICAS RR-1C","2022-01-01",3.64766805476621,2.80377849203262,3.095501523045,2.81800971127579,2.75162196503377,3.18388245351018]
["EMULSÕES ASFÁLTICAS RR-1C","2022-02-01",3.91003092969939,3.00314323562368,3.59298202632467,2.97588236734564,2.993311606094,3.33653226642462]
["EMULSÕES ASFÁLTICAS RR-1C","2022-03-01",4.28703047682052,3.28201391363568,2.93578049469836,3.01896541033713,2.93400164227406,3.5172198644839]
["EMULSÕES ASFÁLTICAS RR-1C","2022-04-01",4.08351172961542,3.5908275641428,3.41775159864309,3.11497565405608,2.97410454075804,3.46425382066032]
["EMULSÕES ASFÁLTICAS RR-1C","2022-05-01",4.11921340687632,3.94186592103907,3.36364492271695,3.09394374433123,3.00467046960449,3.5074786705088]
["EMULSÕES ASFÁLTICAS RR-1C","2022-06-01",4.10978504217982,3.77063214410612,3.39172167689161,3.06785159276933,3.03469635674746,3.55939276047933]
["EMULSÕES ASFÁLTICAS RR-1C","2022-07-01",4.21991842287112,3.8077845185517,3.41311850209243,3.09255628706403,2.93060029076564,3.58380090931597]
["EMULSÕES ASFÁLTICAS RR-1C","2022-08-01",4.07185846226461,4.07743764563537,3.36086525603772,3.168138039974,3.01825916094004,3.583151503629]
["EMULSÕES ASFÁLTICAS RR-1C","2022-09-01",3.75457815469743,3.95542037359124,3.3313344196758,3.01074740299647,2.81849432586958,3.40156795999162]
["EMULSÕES ASFÁLTICAS RR-1C","2022-10-01",4.32185447382644,3.80540460439296,2.7621279141984,2.89938355663378,2.68587157325582,3.54756837395021]
["EMULSÕES ASFÁLTICAS RR-1C","2022-11-01",3.2576649313883,4.13834648455393,3.07099989392356,2.69165739401587,2.64252472978614,3.19129310257043]
["EMULSÕES ASFÁLTICAS RR-1C","2022-12-01",3.39488708088543,4.25522557332979,3.20572661102885,2.83336284255031,2.55066824551308,3.41840792310919]
["EMULSÕES ASFÁLTICAS RR-1C","2023-01-01",3.56644772218213,3.56822058656114,2.87187518137672,2.61911958401405,2.46215146668344,3.00102224748853]
["EMULSÕES ASFÁLTICAS RR-1C","2023-02-01",4.59594898560936,3.5569100939101,2.89226125437488,2.59124144279335,2.31043358814677,3.19059641598687]
["EMULSÕES ASFÁLTICAS RR-1C","2023-03-01",3.64665265442046,3.39846096802744,3.13309118996875,2.42822317994399,2.30264117372777,2.87701796157371]
["EMULSÕES ASFÁLTICAS RR-1C","2023-04-01",3.02985624751171,3.45669128687339,3.05813537194719,2.4459955727888,2.30756460120449,2.80414048763838]
["EMULSÕES ASFÁLTICAS RR-1C","2023-05-01",4.07403809381211,3.33176273851663,2.75617664909849,2.42016754215936,2.20493632550399,2.75837205042108]
["EMULSÕES ASFÁLTICAS RR-1C","2023-06-01",4.03678507905394,3.23885262356163,2.75179945526911,2.34152252145069,2.22619602926863,3.10319782707188]
["EMULSÕES ASFÁLTICAS RR-1C","2023-07-01",3.85298591317325,3.14832407081409,2.82546406997029,2.27410246392848,2.2548778139377,2.87502605056003]
["EMULSÕES ASFÁLTICAS RR-1C","2023-08-01",3.91786830141644,3.18956529412922,2.74672914694304,2.25043172800875,2.22394612618596,2.8054147502164]
["EMULSÕES ASFÁLTICAS RR-1C","2023-09-01",3.90330767754988,3.36074871440657,2.78408846620652,2.39430818731814,2.36140903553693,3.03740494209015]
["EMULSÕES ASFÁLTICAS RR-1C","2023-10-01",3.88774920385075,3.45031587335227,2.74907438140283,2.3787364253192,2.33231533401901,3.13459356201806]
["EMULSÕES ASFÁLTICAS RR-1C","2023-11-01",4.11076187578282,3.73533685567191,2.97418759687926,2.43157557843023,2.3061331180262,3.09370263205658]
["EMULSÕES ASFÁLTICAS RR-1C","2023-12-01",3.96656423607775,3.73420011902552,2.72888787702962,2.57503212080324,2.37323774051621,3.06347351098705]
["EMULSÕES ASFÁLTICAS RR-1C","2024-01-01",3.62576833484735,3.36717259334803,2.99514600524758,2.52827758679026,2.33960731208885,2.88206678981486]
["EMULSÕES ASFÁLTICAS RR-1C","2024-02-01",3.63035026908674,3.31400495879943,2.7066044979558,2.44219984486792,2.34172650571448,2.78021961907249]
["EMULSÕES ASFÁLTICAS RR-1C","2024-03-01",3.53260677725119,3.16452562297939,2.57141116235137,2.60743605806359,2.40930272636947,2.76504323644981]
["EMULSÕES ASFÁLTICAS RR-1C","2024-04-01",3.55301842902353,2.64416491832124,2.48932108800666,2.45817476993157,2.45085730994528,2.62188499874713]
["EMULSÕES ASFÁLTICAS RR-1C","2024-05-01",3.39324156980273,2.72279222234695,2.76265602858081,2.45408338234439,2.47685833573904,2.70725007687035]
["EMULSÕES ASFÁLTICAS RR-1C","2024-06-01",3.61165864577406,2.7811912364284,2.65063059872143,2.50890613496551,2.43138893706213,2.92376814576324]
["EMULSÕES ASFÁLTICAS RR-1C","2024-07-01",3.60133932701414,2.82058975089,2.7772496393074,2.55680470969276,2.4688140074002,2.81088177039872]
["EMULSÕES ASFÁLTICAS RR-1C","2024-08-01",3.65388061439255,3.01447488288402,2.98302539671038,2.66995984118828,2.61836831218142,2.90724457339773]
["EMULSÕES ASFÁLTICAS RR-2C","2008-11-01",1.18600476512077,0.777665572883963,1.03565948853835,0.878753367949455,0.878989305106956,0.937758878797878]
["EMULSÕES ASFÁLTICAS RR-2C","2008-12-01",1.02768763845902,0.784763077196066,1.0333839993271,0.922442373322125,0.820385627999979,0.91253332073152]
["EMULSÕES ASFÁLTICAS RR-2C","2009-01-01",1.05105712003597,0.777845773802125,1.03251679617422,0.884648536721919,0.799652880246276,0.884731070131277]
["EMULSÕES ASFÁLTICAS RR-2C","2009-02-01",0.962172359781933,0.766138327512039,1.04746702510357,0.837748810795334,0.804663895289044,0.845023493117435]
["EMULSÕES ASFÁLTICAS RR-2C","2009-03-01",0.985146358340368,0.778429698076303,1.06368893077379,0.840460005756796,0.801260934999768,0.864014670598929]
["EMULSÕES ASFÁLTICAS RR-2C","2009-04-01",1.04953753359226,0.768613385381746,1.15150996289861,0.853068889730258,0.806134449648788,0.877170235110751]
["EMULSÕES ASFÁLTICAS RR-2C","2009-05-01",1.01932643272073,0.757727487923441,1.12277238150324,0.745615404215721,0.789827509243532,0.859633565151148]
["EMULSÕES ASFÁLTICAS RR-2C","2009-06-01",1.08611105892175,0.744267625686563,1.05544389353358,0.72785718631909,0.761765825611396,0.847540626675691]
["EMULSÕES ASFÁLTICAS RR-2C","2009-07-01",1.28497579870934,0.740381536071366,1.10941481183553,0.787926911230419,0.791641412967668,0.921352931818572]
["EMULSÕES ASFÁLTICAS RR-2C","2009-08-01",1.08923191482919,0.720084973652032,1.02151122904908,0.818312704931808,0.779790047294062,0.883388264772458]
["EMULSÕES ASFÁLTICAS RR-2C","2009-09-01",1.09419128180004,0.715216363505855,1.02638160321377,0.821637079869938,0.77327177382058,0.870729685554349]
["EMULSÕES ASFÁLTICAS RR-2C","2009-10-01",0.940393714287119,0.73884200961329,1.03192945397362,0.823579661072313,0.760351934252691,0.899003606983275]
["EMULSÕES ASFÁLTICAS RR-2C","2009-11-01",1.05685326986943,0.732041771707135,1.07712508165268,0.790526525080017,0.771193894005538,0.8560742019225]
["EMULSÕES ASFÁLTICAS RR-2C","2009-12-01",1.12924115411749,0.736889097801673,1.02867714614707,0.77169688219632,0.755061233992925,0.824701939448421]
["EMULSÕES ASFÁLTICAS RR-2C","2010-01-01",1.04994648311935,0.723380632480496,1.04457638142911,0.772464501955655,0.756173881638906,0.793492551457117]
["EMULSÕES ASFÁLTICAS RR-2C","2010-02-01",1.05487329285599,0.724312622357579,0.995733748272002,0.763397344290689,0.751642829185822,0.787970348432126]
["EMULSÕES ASFÁLTICAS RR-2C","2010-03-01",1.02366631305633,0.721431425156979,1.0334486196248,0.751390809649818,0.7536004916292,0.789049085333164]
["EMULSÕES ASFÁLTICAS RR-2C","2010-04-01",1.02470153412951,0.725464260388692,1.01635237488028,0.77293297806637,0.769915842273326,0.805694583487842]
["EMULSÕES ASFÁLTICAS RR-2C","2010-05-01",1.06255213842793,0.711296090647008,1.01080200233455,0.75961664541191,0.775127481341605,0.823059430889243]
["EMULSÕES ASFÁLTICAS RR-2C","2010-06-01",0.898644306446764,0.697888713275694,0.934409869299006,0.765961083086378,0.754943560963267,0.803279654245737]
["EMULSÕES ASFÁLTICAS RR-2C","2010-07-01",0.886371854893559,0.692577394162509,0.931722460232079,0.768862403761363,0.766857121643207,0.809283710790271]
["EMULSÕES ASFÁLTICAS RR-2C","2010-08-01",0.889565626613703,0.699330128368814,0.914454299560941,0.713288489121359,0.771070300971858,0.791905207925034]
["EMULSÕES ASFÁLTICAS RR-2C","2010-09-01",0.922455660878298,0.699295110359589,0.906548506921615,0.730794741556172,0.762612192093688,0.801591606786129]
["EMULSÕES ASFÁLTICAS RR-2C","2010-10-01",0.887430565218808,0.710232077388215,0.914775425908623,0.735711588985825,0.735545860203535,0.799239557907594]
["EMULSÕES ASFÁLTICAS RR-2C","2010-11-01",0.914430511574931,0.706565123537781,0.911203916506652,0.738414424455486,0.744793202145576,0.79089742477566]
["EMULSÕES ASFÁLTICAS RR-2C","2010-12-01",0.899853411448291,0.703722845785301,0.949174534394534,0.763936074260374,0.744402672058832,0.781461792159944]
["EMULSÕES ASFÁLTICAS RR-2C","2011-01-01",0.950699527086642,0.711941040307255,0.997511456303712,0.752020526228075,0.735544782588281,0.765456326975471]
["EMULSÕES ASFÁLTICAS RR-2C","2011-02-01",0.988215786764927,0.715050581433695,0.944606970906289,0.742473725734903,0.739213601644786,0.769259722044044]
["EMULSÕES ASFÁLTICAS RR-2C","2011-03-01",0.995896583016895,0.717604353988501,0.954296564843993,0.730232681094128,0.721986414446129,0.758822364411415]
["EMULSÕES ASFÁLTICAS RR-2C","2011-04-01",0.98387739548687,0.706028337193402,0.862596871296785,0.713710931741205,0.743897737592039,0.76247597734657]
["EMULSÕES ASFÁLTICAS RR-2C","2011-05-01",0.916151267970219,0.682722576952589,0.876232406182461,0.722942663085853,0.749077410799091,0.774007820643233]
["EMULSÕES ASFÁLTICAS RR-2C","2011-06-01",0.947807153750188,0.671189446771637,0.925698392823048,0.725690251268086,0.744738567178979,0.806284407869593]
["EMULSÕES ASFÁLTICAS RR-2C","2011-07-01",0.793378122518448,0.643054244716287,0.932997200467302,0.72502093837009,0.744711882280817,0.787286616440815]
["EMULSÕES ASFÁLTICAS RR-2C","2011-08-01",0.796535912581373,0.664657915032364,0.909371229787504,0.722342229925953,0.739253417165349,0.782741472207664]
["EMULSÕES ASFÁLTICAS RR-2C","2011-09-01",0.898633044932006,0.673647789851197,0.908892642835379,0.674023180793081,0.736843638161125,0.775436648021137]
["EMULSÕES ASFÁLTICAS RR-2C","2011-10-01",0.920816409316164,0.679453738485983,0.911625458696054,0.697110192704948,0.741146399680314,0.786693956461642]
["EMULSÕES ASFÁLTICAS RR-2C","2011-11-01",0.918271617121367,0.665930228893357,0.922341980315453,0.711807686382269,0.738990428149513,0.792745645419499]
["EMULSÕES ASFÁLTICAS RR-2C","2011-12-01",0.871776232926019,0.677369551447874,0.967023884665081,0.749154536557541,0.738825240912412,0.788625958709134]
["EMULSÕES ASFÁLTICAS RR-2C","2012-01-01",0.906801828840643,0.689479666491429,0.946183792104273,0.751231759812068,0.761363600443731,0.758642430332173]
["EMULSÕES ASFÁLTICAS RR-2C","2012-02-01",0.879113677607446,0.695885993212155,0.957269012330471,0.737806396993336,0.756661262404408,0.757447446706718]
["EMULSÕES ASFÁLTICAS RR-2C","2012-03-01",0.892777440560559,0.699950035817614,0.926612246590935,0.763172902874332,0.780716372191345,0.780834335119849]
["EMULSÕES ASFÁLTICAS RR-2C","2012-04-01",0.90094780785887,0.707855869585467,0.918438791922567,0.75189698012071,0.775462205462413,0.778916921131754]
["EMULSÕES ASFÁLTICAS RR-2C","2012-05-01",1.2845665727523,0.713126120584736,0.932418233874475,0.757854473249617,0.756033828113108,0.822197328981209]
["EMULSÕES ASFÁLTICAS RR-2C","2012-06-01",0.92045606091092,0.717140453430409,0.943283480627414,0.745129416382966,0.787707670230129,0.834687517862634]
["EMULSÕES ASFÁLTICAS RR-2C","2012-07-01",1.07696397900873,0.719860526584948,0.94530689999743,0.745680821862666,0.826674452222017,0.82341589866826]
["EMULSÕES ASFÁLTICAS RR-2C","2012-08-01",1.04471012980935,0.74404995877506,0.958293524392167,0.7503801575055,0.794735591716148,0.837721290381205]
["EMULSÕES ASFÁLTICAS RR-2C","2012-09-01",1.11056991297894,0.764159340854049,0.965693033592727,0.782187573509156,0.807002180682292,0.865539889716559]
["EMULSÕES ASFÁLTICAS RR-2C","2012-10-01",0.896517824095143,0.764822686963981,0.983094573591399,0.777574871239428,0.801826117882988,0.863888192642505]
["EMULSÕES ASFÁLTICAS RR-2C","2012-11-01",0.983540027669306,0.775035691438395,1.01051943337693,0.792720781597,0.821220481640648,0.869551565086812]
["EMULSÕES ASFÁLTICAS RR-2C","2012-12-01",0.925959453029074,0.766232055710314,1.00141323642909,0.751875530753842,0.826092304121858,0.836692242529501]
["EMULSÕES ASFÁLTICAS RR-2C","2013-01-01",0.957748850804447,0.755884837399203,1.04278913070035,0.796436603681575,0.846165175984028,0.828871408283543]
["EMULSÕES ASFÁLTICAS RR-2C","2013-02-01",1.04063730204785,0.747593979348086,0.995081933117876,0.786258845246329,0.797846293784487,0.806730200273635]
["EMULSÕES ASFÁLTICAS RR-2C","2013-03-01",1.01054744872339,0.738943855882828,1.01311437204303,0.769490469648695,0.809342388920731,0.8061617854189]
["EMULSÕES ASFÁLTICAS RR-2C","2013-04-01",1.02811204711847,0.750674759857237,1.00136053902566,0.768556747601412,0.823380011093161,0.825986947879566]
["EMULSÕES ASFÁLTICAS RR-2C","2013-05-01",1.01206279069576,0.751711624212792,1.01493871580412,0.786901536521349,0.837438065867402,0.856935469942559]
["EMULSÕES ASFÁLTICAS RR-2C","2013-06-01",1.09844766737469,0.764603709625526,1.02301430422074,0.750089675452108,0.834919544184282,0.878475275117433]
["EMULSÕES ASFÁLTICAS RR-2C","2013-07-01",0.77392501190552,0.77878288626844,0.99877737062429,0.795085537128901,0.828136194639357,0.868155380660123]
["EMULSÕES ASFÁLTICAS RR-2C","2013-08-01",1.01173864291673,0.758860632094675,1.02217441081711,0.809917484008014,0.856380751132358,0.911028605694898]
["EMULSÕES ASFÁLTICAS RR-2C","2013-09-01",0.956833866361029,0.785005150828466,1.06702660466804,0.804237624039476,0.819054678536024,0.927565476854476]
["EMULSÕES ASFÁLTICAS RR-2C","2013-10-01",1.0257757814259,0.790524665651258,1.0278378140334,0.769850775944598,0.825614518874049,0.916296350870728]
["EMULSÕES ASFÁLTICAS RR-2C","2013-11-01",0.936915920157777,0.826920210008342,1.02754950107847,0.830776865893046,0.850161167483729,0.920423725604402]
["EMULSÕES ASFÁLTICAS RR-2C","2013-12-01",0.975433853011007,0.802576268700665,1.06274488771117,0.842147659789255,0.861304039824828,0.921730359319486]
["EMULSÕES ASFÁLTICAS RR-2C","2014-01-01",1.08372971410451,0.798589697397268,1.04971018390756,0.821905520263002,0.838975903490207,0.8746978216593]
["EMULSÕES ASFÁLTICAS RR-2C","2014-02-01",1.02569369693985,0.801797700423626,1.0590728731542,0.808806935003888,0.837816441266632,0.866680905698579]
["EMULSÕES ASFÁLTICAS RR-2C","2014-03-01",1.00086684966008,0.812395872480775,1.06163783497769,0.807632011902681,0.867799312725612,0.858411961291989]
["EMULSÕES ASFÁLTICAS RR-2C","2014-04-01",1.15948487110564,0.79691440009548,1.08590340377603,0.823440695946236,0.863682209807165,0.88272963249857]
["EMULSÕES ASFÁLTICAS RR-2C","2014-05-01",1.05826275176527,0.809492368679211,1.04911774703333,0.839984544750705,0.870503628395661,0.905544707905259]
["EMULSÕES ASFÁLTICAS RR-2C","2014-06-01",1.0109621677372,0.835521787124778,1.05877764157342,0.784818417873711,0.888703511600576,0.927085083963996]
["EMULSÕES ASFÁLTICAS RR-2C","2014-07-01",1.15083998302011,0.848917436885092,0.965914615187048,0.8181214096173,0.870379883153062,0.911711095856057]
["EMULSÕES ASFÁLTICAS RR-2C","2014-08-01",1.09167628275524,0.838087714860682,0.919472136448513,0.827385653429824,0.855860758797689,0.885431845125719]
["EMULSÕES ASFÁLTICAS RR-2C","2014-09-01",1.07422970931066,0.850088469918148,1.06590439397842,0.813533112664386,0.891197313343065,0.958662580884884]
["EMULSÕES ASFÁLTICAS RR-2C","2014-10-01",1.09337524282951,0.880609784105149,0.953028942304121,0.785541254905381,0.854437018492072,0.911399171600658]
["EMULSÕES ASFÁLTICAS RR-2C","2014-11-01",1.20849997285127,0.909296809795179,0.966716016333121,0.792810180690926,0.878307562542533,0.932625163433663]
["EMULSÕES ASFÁLTICAS RR-2C","2014-12-01",1.1733195141687,0.974799739139276,1.08110193582266,0.957431938791341,0.944717709021874,1.00885469003304]
["EMULSÕES ASFÁLTICAS RR-2C","2015-01-01",1.19749427613469,1.17357374825469,1.24677144199209,1.02534272138357,1.12255598100634,1.15859034844427]
["EMULSÕES ASFÁLTICAS RR-2C","2015-02-01",1.31385846834628,1.12136556133263,1.22160308628516,0.983113528966811,1.0495339345942,1.13683733747907]
["EMULSÕES ASFÁLTICAS RR-2C","2015-03-01",1.35599251132576,1.05968818957715,1.28940420199509,1.08096165904549,1.06366501253554,1.12892818059455]
["EMULSÕES ASFÁLTICAS RR-2C","2015-04-01",1.19855854225507,1.09583198722439,1.30055371471893,1.04288123354595,1.08262361512745,1.11489439078039]
["EMULSÕES ASFÁLTICAS RR-2C","2015-05-01",1.39606622773065,1.07336208601594,1.24618225932417,1.00218669764269,1.10075450046043,1.13360376026607]
["EMULSÕES ASFÁLTICAS RR-2C","2015-06-01",1.37380298361015,1.07059860139444,1.24002913682552,0.99510670262463,1.11371376172352,1.15814398803232]
["EMULSÕES ASFÁLTICAS RR-2C","2015-07-01",1.29155449011738,1.07823968213284,1.06119092868292,1.00724844454722,1.14041084116165,1.08867198061366]
["EMULSÕES ASFÁLTICAS RR-2C","2015-08-01",1.26443894923589,1.1098748142613,1.27857130024725,1.00932479841568,1.10178597440419,1.20073533050358]
["EMULSÕES ASFÁLTICAS RR-2C","2015-09-01",1.31782221671051,1.0793162903746,1.27299087193347,1.04121688297978,1.10150589889088,1.19932416677072]
["EMULSÕES ASFÁLTICAS RR-2C","2015-10-01",1.34759106093645,1.1515919369428,1.30343167989322,1.14088357083362,1.15383986343301,1.24455068410659]
["EMULSÕES ASFÁLTICAS RR-2C","2015-11-01",1.42194763110426,1.25289778230022,1.46326523828336,1.20232607223789,1.20910140971338,1.35094076541867]
["EMULSÕES ASFÁLTICAS RR-2C","2015-12-01",1.50057758997632,1.24669056749033,1.38579314697824,1.22744353176442,1.23524260920011,1.32473892483372]
["EMULSÕES ASFÁLTICAS RR-2C","2016-01-01",1.64898417512924,1.30762826323315,1.44914138888279,1.235873035008,1.26441552095587,1.3328124724101]
["EMULSÕES ASFÁLTICAS RR-2C","2016-02-01",1.40404259789669,1.29557961633007,1.45517202773923,1.2803424144946,1.25062115196313,1.32412490175822]
["EMULSÕES ASFÁLTICAS RR-2C","2016-03-01",1.37374047256816,1.27647148296601,1.47007694983541,1.23737761590794,1.27058617693724,1.30598513624423]
["EMULSÕES ASFÁLTICAS RR-2C","2016-04-01",1.80313232959409,1.3648774116951,1.54607239134278,1.33734030283245,1.37146737929701,1.42626941767701]
["EMULSÕES ASFÁLTICAS RR-2C","2016-05-01",1.71020556149992,1.39318710197035,1.53047379910344,1.37861051245282,1.38759559879013,1.44874651034718]
["EMULSÕES ASFÁLTICAS RR-2C","2016-06-01",1.68346219171612,1.30761581143044,1.60109196655534,1.35649316570637,1.42416570774391,1.46046169602429]
["EMULSÕES ASFÁLTICAS RR-2C","2016-07-01",1.61116512045691,1.30559620150366,1.58745774412605,1.43860167704269,1.42499585449426,1.46812976345428]
["EMULSÕES ASFÁLTICAS RR-2C","2016-08-01",1.60429445557309,1.30440066846289,1.61284861254953,1.42290434771481,1.4247229275759,1.49037354940374]
["EMULSÕES ASFÁLTICAS RR-2C","2016-09-01",1.55385149619653,1.21502836321303,1.48725241744426,1.31050371052534,1.26117118511445,1.38217421141938]
["EMULSÕES ASFÁLTICAS RR-2C","2017-01-01",1.32958767465873,0.975293680587108,1.50030935414317,1.36132558636552,1.22593104806353,1.16247375975562]
["EMULSÕES ASFÁLTICAS RR-2C","2017-02-01",1.40376589068244,1.0198585605871,1.46052515497524,1.34292406649974,1.20016389429683,1.20723044672766]
["EMULSÕES ASFÁLTICAS RR-2C","2017-03-01",1.3968718336947,1.16658441935831,1.42318763398361,1.31607236440597,1.21022259693681,1.27176574433373]
["EMULSÕES ASFÁLTICAS RR-2C","2017-04-01",1.40616311372621,1.15062546681792,1.47329794498182,1.31939404010535,1.18200127096033,1.29107106839703]
["EMULSÕES ASFÁLTICAS RR-2C","2017-05-01",1.40409059114202,1.17260072467092,1.48677330511409,1.31409679193201,1.18764659887391,1.34038869012337]
["EMULSÕES ASFÁLTICAS RR-2C","2017-06-01",1.4180165227813,1.1684172838845,1.53100110897076,1.31019092348129,1.19669203314587,1.36485001647229]
["EMULSÕES ASFÁLTICAS RR-2C","2017-07-01",1.46830323511327,1.18210423151794,1.51215184213935,1.27905480632534,1.1332529777844,1.35962061537649]
["EMULSÕES ASFÁLTICAS RR-2C","2017-08-01",1.46597326089047,1.17677557292918,1.4039573392311,1.26634312357384,1.17874326002349,1.32379181389539]
["EMULSÕES ASFÁLTICAS RR-2C","2017-09-01",1.43181698431846,1.18989362413531,1.4537715938762,1.28569373349931,1.18716018590748,1.35571044276797]
["EMULSÕES ASFÁLTICAS RR-2C","2017-10-01",1.44918251615735,1.20724793150744,1.46401866217294,1.33239823108696,1.17394161009929,1.36567936731176]
["EMULSÕES ASFÁLTICAS RR-2C","2017-11-01",1.61828212447238,1.30283395140313,1.61382234654819,1.32216530582495,1.31714890595171,1.47033334630405]
["EMULSÕES ASFÁLTICAS RR-2C","2017-12-01",1.71250024409713,1.28869349025226,1.54295483966599,1.3195933811261,1.29114706872116,1.45882245272244]
["EMULSÕES ASFÁLTICAS RR-2C","2018-01-01",1.75153362921512,1.3422873031568,1.50941095839301,1.43281836394858,1.33550808416533,1.48367157096722]
["EMULSÕES ASFÁLTICAS RR-2C","2018-02-01",1.66104473623744,1.36178596371294,1.48174839379011,1.44739276758215,1.37681732973459,1.46483102507921]
["EMULSÕES ASFÁLTICAS RR-2C","2018-03-01",1.69544100715789,1.35424305400924,1.53759087083807,1.4470604820109,1.3716501298317,1.47623332317719]
["EMULSÕES ASFÁLTICAS RR-2C","2018-04-01",1.56875280098897,1.33286290205615,1.55850336452588,1.44577200272223,1.32898729145751,1.4374587251282]
["EMULSÕES ASFÁLTICAS RR-2C","2018-05-01",1.71630260832364,1.38347882856078,1.51038353130129,1.45765757458627,1.38993760814478,1.47056889524979]
["EMULSÕES ASFÁLTICAS RR-2C","2018-06-01",1.67167418755764,1.460952662369,1.64778623513767,1.50561778866931,1.47733469643713,1.54931329041142]
["EMULSÕES ASFÁLTICAS RR-2C","2018-07-01",1.82530822279903,1.5732933125,1.75446777664756,1.60048749780747,1.54008331182413,1.66720310178218]
["EMULSÕES ASFÁLTICAS RR-2C","2018-08-01",1.82373483292192,1.68566838898895,1.91252867652493,1.79221645192978,1.67852646263157,1.80374707936966]
["EMULSÕES ASFÁLTICAS RR-2C","2018-09-01",2.05239860187,1.68604717957717,1.93613908551497,1.77766229864463,1.67103509806732,1.85923484385757]
["EMULSÕES ASFÁLTICAS RR-2C","2018-10-01",2.09482969373141,1.68832718186035,1.74628535957175,1.80218489568885,1.83604394802758,1.81573078904975]
["EMULSÕES ASFÁLTICAS RR-2C","2018-11-01",2.33021030856863,1.84119571280239,2.21800646994232,2.03131277763147,1.94651985117007,2.08700459566283]
["EMULSÕES ASFÁLTICAS RR-2C","2018-12-01",2.43613162660451,1.83934996225526,2.11976892371084,1.96503841468965,1.89615336203779,2.04151363075558]
["EMULSÕES ASFÁLTICAS RR-2C","2019-01-01",2.39913458430153,1.87942593722186,2.18537990536441,1.99301959494473,1.92918903992992,2.05670369294988]
["EMULSÕES ASFÁLTICAS RR-2C","2019-02-01",2.39353059331991,2.01009608616016,2.50457132268817,2.26307913731118,2.01111916332411,2.22164389310227]
["EMULSÕES ASFÁLTICAS RR-2C","2019-03-01",2.67968685637962,1.99019534121494,2.55791389282969,2.20450424921844,2.12218555759875,2.31860420992533]
["EMULSÕES ASFÁLTICAS RR-2C","2019-04-01",2.5151364924338,2.00087111336966,2.63339809697639,2.23286162677324,2.06407687097301,2.2770809235389]
["EMULSÕES ASFÁLTICAS RR-2C","2019-05-01",2.13023609903598,1.96028127733914,2.34247301747865,2.21077976408218,2.16677874042489,2.16307280569131]
["EMULSÕES ASFÁLTICAS RR-2C","2019-06-01",2.16400040233126,1.92500258930718,2.37953307918244,2.14248396323245,2.18024983351019,2.16642188761578]
["EMULSÕES ASFÁLTICAS RR-2C","2019-07-01",2.16151799434084,1.90513358770531,2.37009028772316,2.11331804056182,2.16660494324054,2.15967735135004]
["EMULSÕES ASFÁLTICAS RR-2C","2019-08-01",2.14818093664188,1.78712697068635,2.27366760896663,2.10172647207814,2.23056314708046,2.09611322231376]
["EMULSÕES ASFÁLTICAS RR-2C","2019-09-01",2.27499442957899,1.76859318970889,2.27495202292048,2.12254348420504,2.19522095334659,2.11485513769619]
["EMULSÕES ASFÁLTICAS RR-2C","2019-10-01",2.25249615672278,1.96752314726245,2.73849062297131,2.140464842921,2.03075872497547,2.29887458779018]
["EMULSÕES ASFÁLTICAS RR-2C","2019-11-01",2.3917174442554,1.92312272664564,2.51215253806782,2.21313984573081,2.04311288006644,2.25024731280283]
["EMULSÕES ASFÁLTICAS RR-2C","2019-12-01",2.39198840726245,1.97479966236185,2.25052378115164,2.16806592424861,2.05075050433285,2.14519356992726]
["EMULSÕES ASFÁLTICAS RR-2C","2020-01-01",2.6176967003232,1.87803820623144,2.33529366035614,2.18398919960755,2.04722214503935,2.16680409652058]
["EMULSÕES ASFÁLTICAS RR-2C","2020-02-01",2.32311939903557,1.80852699578694,1.97898995912727,2.08673649958032,2.02576610324885,2.02773992428732]
["EMULSÕES ASFÁLTICAS RR-2C","2020-03-01",2.34280800551331,1.79405576388629,1.72113041819934,2.04531418698321,1.97328405579894,1.97712183112914]
["EMULSÕES ASFÁLTICAS RR-2C","2020-04-01",2.2240730834885,1.71113604950334,1.94368003434791,1.98114040400705,2.05877877740688,1.97653093888272]
["EMULSÕES ASFÁLTICAS RR-2C","2020-05-01",2.15316478583723,1.68900049507051,1.91497449988374,1.9603349388846,2.01787184504444,1.93986058133922]
["EMULSÕES ASFÁLTICAS RR-2C","2020-06-01",2.07886795367711,1.66524102815593,1.83303574086182,1.89330003953256,2.01367530304283,1.8781888356284]
["EMULSÕES ASFÁLTICAS RR-2C","2020-07-01",2.05442190554955,1.66671896946591,1.91493951933172,1.89957642783472,1.94613582208481,1.88935777578905]
["EMULSÕES ASFÁLTICAS RR-2C","2020-08-01",2.15436782167576,1.77337300189102,2.0777540225278,1.99968925157513,1.99125680370379,2.0096793301248]
["EMULSÕES ASFÁLTICAS RR-2C","2020-09-01",2.11878316736823,1.7856461237044,2.00941541647615,1.98326519472094,1.98528460314845,1.97620086680365]
["EMULSÕES ASFÁLTICAS RR-2C","2020-10-01",2.14642861112457,1.82664820661258,1.97944506177594,1.98485178808524,1.99135621266825,1.97799571525648]
["EMULSÕES ASFÁLTICAS RR-2C","2020-11-01",2.13768167231144,1.9380777485028,2.1402438608489,2.16727476726376,2.09183113832582,2.09035357684841]
["EMULSÕES ASFÁLTICAS RR-2C","2020-12-01",2.1490044399501,1.94547776060499,1.96066964977712,2.18839897311234,2.09513760364456,2.03517933649546]
["EMULSÕES ASFÁLTICAS RR-2C","2021-01-01",2.13937358495402,1.89816122640094,1.83547259736865,2.21352635501441,2.05800720590813,2.00511775732153]
["EMULSÕES ASFÁLTICAS RR-2C","2021-02-01",2.35085775071187,2.05960274168897,2.25196600180721,2.4247311156864,2.21974720714077,2.24380693523174]
["EMULSÕES ASFÁLTICAS RR-2C","2021-03-01",2.325071430615,2.05179185590487,2.18282637720951,2.34666872992792,2.27349146365235,2.22704202651884]
["EMULSÕES ASFÁLTICAS RR-2C","2021-04-01",2.68898108678619,2.06452536636697,2.28914107016934,2.26272660308706,2.17790342008888,2.21113879247323]
["EMULSÕES ASFÁLTICAS RR-2C","2021-05-01",2.5745496094499,2.51803152134466,2.55678904744657,2.64002741838601,2.60948337318975,2.5778018499336]
["EMULSÕES ASFÁLTICAS RR-2C","2021-06-01",2.67223996757054,2.48935059018486,2.60099995367355,2.7064951331305,2.5552921185584,2.59312727986186]
["EMULSÕES ASFÁLTICAS RR-2C","2021-07-01",2.64317692065692,2.46926227992597,2.6563319289776,2.67931575752611,2.66207910962615,2.61063040206649]
["EMULSÕES ASFÁLTICAS RR-2C","2021-08-01",2.79614075278878,2.57599142483543,2.82580748184752,2.91914277758529,2.74945122394463,2.76642274918061]
["EMULSÕES ASFÁLTICAS RR-2C","2021-09-01",2.83009425869933,2.64446017843369,2.87616230139743,2.92674222560797,2.89184155677048,2.80687436008526]
["EMULSÕES ASFÁLTICAS RR-2C","2021-10-01",2.97028783794045,2.65964480610175,2.82097449271707,2.88785648136116,2.79319027649087,2.80430717097214]
["EMULSÕES ASFÁLTICAS RR-2C","2021-11-01",3.12884250546923,2.86415697978264,3.15507198377038,3.32988483394321,3.07086700427372,3.11018257747015]
["EMULSÕES ASFÁLTICAS RR-2C","2021-12-01",3.14161481382678,2.93947435126137,3.17961481502117,3.38322126572346,3.11742338949061,3.11907818391952]
["EMULSÕES ASFÁLTICAS RR-2C","2022-01-01",3.16801809667524,2.89788834106109,3.17183705269666,3.22454943571513,3.07669255937212,3.0550736209655]
["EMULSÕES ASFÁLTICAS RR-2C","2022-02-01",3.29227671126931,3.02971988725009,3.31772905023927,3.39964658986857,3.20989870266632,3.19900437311415]
["EMULSÕES ASFÁLTICAS RR-2C","2022-03-01",3.0825143735363,3.05000423850008,3.27906153433447,3.4098559609202,3.23837833483316,3.20885339281893]
["EMULSÕES ASFÁLTICAS RR-2C","2022-04-01",3.41049947478107,3.21622034222127,3.47892744698563,3.52527214588869,3.00054992574153,3.35396762965531]
["EMULSÕES ASFÁLTICAS RR-2C","2022-05-01",3.36363634623801,3.17437859845242,3.51199679374011,2.70241848741297,3.20709119915018,3.12925065817845]
["EMULSÕES ASFÁLTICAS RR-2C","2022-06-01",3.61530298942624,3.20539469132429,3.44558390711433,3.45823615263726,3.17744481208849,3.37358815301988]
["EMULSÕES ASFÁLTICAS RR-2C","2022-07-01",3.50300091549481,3.29693042437885,3.60246283980069,3.47508063341893,3.32037782621257,3.44794527041258]
["EMULSÕES ASFÁLTICAS RR-2C","2022-08-01",3.53170872207416,3.339516946709,3.54015306803032,3.38542738727485,3.15146148252281,3.43279313742332]
["EMULSÕES ASFÁLTICAS RR-2C","2022-09-01",3.46111662051962,3.34779916648317,3.37001470157341,3.23610761986578,3.04521929210354,3.34582844335246]
["EMULSÕES ASFÁLTICAS RR-2C","2022-10-01",3.44070872887309,3.23969736736311,3.08164063085536,3.08842577862562,2.97616749053704,3.17852135220372]
["EMULSÕES ASFÁLTICAS RR-2C","2022-11-01",3.23143870373945,3.14292957764671,3.22393812334142,2.9171046643982,2.7953862663168,3.12163302335794]
["EMULSÕES ASFÁLTICAS RR-2C","2022-12-01",3.17953237940248,3.13931225998669,3.06057590487921,2.92474462341003,2.74073307465818,3.04967631486385]
["EMULSÕES ASFÁLTICAS RR-2C","2023-01-01",3.23592404984563,2.88212758276743,3.1743967926609,2.79817872301864,2.6587045960863,2.90414372864178]
["EMULSÕES ASFÁLTICAS RR-2C","2023-02-01",3.12725829104748,2.86283929069143,3.189473897322,2.7364632961896,2.69851257097525,2.90037490351389]
["EMULSÕES ASFÁLTICAS RR-2C","2023-03-01",3.24171826111135,2.81905736570062,2.90869440631532,2.81721060558214,2.53038589636018,2.85073318920436]
["EMULSÕES ASFÁLTICAS RR-2C","2023-04-01",3.4081380308906,2.91935574737606,2.89655131620086,2.73949804980499,2.50356213787543,2.8547500149404]
["EMULSÕES ASFÁLTICAS RR-2C","2023-05-01",3.15118092779885,2.77779921654963,2.93247427361718,2.61864460880764,2.3897364325138,2.76877589052109]
["EMULSÕES ASFÁLTICAS RR-2C","2023-06-01",3.23360303733067,2.71940164508483,2.92754014898952,2.5910125840767,2.57253123790747,2.81851928788526]
["EMULSÕES ASFÁLTICAS RR-2C","2023-07-01",3.13079615361247,2.72475284931872,2.91639479461231,2.58210738096044,2.52365475111905,2.81181545069515]
["EMULSÕES ASFÁLTICAS RR-2C","2023-08-01",3.06770372329018,2.7216455673154,2.94436662467912,2.61783077818471,2.65771020243715,2.83676189901881]
["EMULSÕES ASFÁLTICAS RR-2C","2023-09-01",3.27444888498642,2.80964277556481,3.11901484431767,2.72455260814787,2.4250695979564,2.96641015320148]
["EMULSÕES ASFÁLTICAS RR-2C","2023-10-01",3.26269522345525,2.83988392841355,2.97098602908541,2.70510950960388,2.60572837323945,2.91420114318434]
["EMULSÕES ASFÁLTICAS RR-2C","2023-11-01",3.22358328005213,2.88723792341849,3.18430655343035,2.74140293688511,2.49772792478926,3.00281901832109]
["EMULSÕES ASFÁLTICAS RR-2C","2023-12-01",3.36888453240183,2.84899332513627,2.91429585121126,2.67371882905236,2.56524651204267,2.86049122240893]
["EMULSÕES ASFÁLTICAS RR-2C","2024-01-01",3.20432619797559,2.61378295624313,3.13476425619474,2.64903636363246,2.57834324237972,2.76072785812002]
["EMULSÕES ASFÁLTICAS RR-2C","2024-02-01",3.61096791545337,2.59628938428374,2.99028781284075,2.70486094165403,2.57401409782742,2.7715169451358]
["EMULSÕES ASFÁLTICAS RR-2C","2024-03-01",3.45201614965329,2.68757936551248,3.04797220021174,2.71968416853167,2.6062070216745,2.78825608501873]
["EMULSÕES ASFÁLTICAS RR-2C","2024-04-01",3.34072427200692,2.58142208991235,3.0003040366821,2.6795946273878,2.63188306305119,2.75928149202743]
["EMULSÕES ASFÁLTICAS RR-2C","2024-05-01",2.89962977935961,2.61706085198209,3.07879636620997,2.66281659784791,2.73255138518649,2.80244594500917]
["EMULSÕES ASFÁLTICAS RR-2C","2024-06-01",3.02508083293617,2.55239327936485,3.10704576685409,2.60467958543726,2.79234088318718,2.83262200709378]
["EMULSÕES ASFÁLTICAS RR-2C","2024-07-01",3.17381462810319,2.84136246318884,3.25250462452726,2.71120814932235,2.72250648082372,3.0077527774201]
["EMULSÕES ASFÁLTICAS RR-2C","2024-08-01",3.34573843119872,2.99223336980453,3.49289244806782,2.90627889794087,2.89116085551466,3.19246115857762]
["***: Sem comercialização."]
["Nota 1: Preços à vista, sem frete, com todos os impostos inclusos, à exceção do ICMS, do PIS/Pasep e da Cofins."]
["Nota 2: As informações são baseadas em dados preliminares, portanto sujeitos a reprocessamento por parte dos informantes nos moldes da Resolução ANP nº 729/2018."]

{"sheet":"Curva ABC","index":18,"n_rows":34,"n_cols":12,"rows_kept":34,"cut":false,"hidden":false,"merged":[]}
[]
[null,"Item","Descrição","Total R$","% individual","% acumul.","Classe",null,"Onde:","A <=",0.75]
[1,{"$f":"VLOOKUP(A3,#REF!,2,0)","v":{"$error":"#REF!"}},{"$f":"VLOOKUP(B3,#REF!,4,0)","v":{"$error":"#REF!"}},{"$f":"VLOOKUP(B3,#REF!,13,0)","v":{"$error":"#REF!"}},{"$f":"D3/#REF!","v":{"$error":"#REF!"}},{"$f":"E3","v":{"$error":"#REF!"}},{"$f":"IF(F3<=$K$2,\"A\",IF(AND(F3<=$L$3,F3>$J$3),\"B\",IF(F3>$K$4,\"C\")))","v":{"$error":"#REF!"}},null,null,0.75,"< B <=",0.95]
[2,{"$f":"VLOOKUP(A4,#REF!,2,0)","v":{"$error":"#REF!"}},{"$f":"VLOOKUP(B4,#REF!,4,0)","v":{"$error":"#REF!"}},{"$f":"VLOOKUP(B4,#REF!,13,0)","v":{"$error":"#REF!"}},{"$f":"D4/#REF!","v":{"$error":"#REF!"}},{"$f":"F3+E4","v":{"$error":"#REF!"}},{"$f":"IF(F4<=$K$2,\"A\",IF(AND(F4<=$L$3,F4>$J$3),\"B\",IF(F4>$K$4,\"C\")))","v":{"$error":"#REF!"}},null,null,"C >",0.95]
[3,{"$f":"VLOOKUP(A5,#REF!,2,0)","v":{"$error":"#REF!"}},{"$f":"VLOOKUP(B5,#REF!,4,0)","v":{"$error":"#REF!"}},{"$f":"VLOOKUP(B5,#REF!,13,0)","v":{"$error":"#REF!"}},{"$f":"D5/#REF!","v":{"$error":"#REF!"}},{"$f":"F4+E5","v":{"$error":"#REF!"}},{"$f":"IF(F5<=$K$2,\"A\",IF(AND(F5<=$L$3,F5>$J$3),\"B\",IF(F5>$K$4,\"C\")))","v":{"$error":"#REF!"}}]
[4,{"$f":"VLOOKUP(A6,#REF!,2,0)","v":{"$error":"#REF!"}},{"$f":"VLOOKUP(B6,#REF!,4,0)","v":{"$error":"#REF!"}},{"$f":"VLOOKUP(B6,#REF!,13,0)","v":{"$error":"#REF!"}},{"$f":"D6/#REF!","v":{"$error":"#REF!"}},{"$error":"#REF!"},{"$error":"#REF!"}]
[5,{"$f":"VLOOKUP(A7,#REF!,2,0)","v":{"$error":"#REF!"}},{"$f":"VLOOKUP(B7,#REF!,4,0)","v":{"$error":"#REF!"}},{"$f":"VLOOKUP(B7,#REF!,13,0)","v":{"$error":"#REF!"}},{"$f":"D7/#REF!","v":{"$error":"#REF!"}},{"$error":"#REF!"},{"$error":"#REF!"}]
[6,{"$f":"VLOOKUP(A8,#REF!,2,0)","v":{"$error":"#REF!"}},{"$f":"VLOOKUP(B8,#REF!,4,0)","v":{"$error":"#REF!"}},{"$f":"VLOOKUP(B8,#REF!,13,0)","v":{"$error":"#REF!"}},{"$f":"D8/#REF!","v":{"$error":"#REF!"}},{"$error":"#REF!"},{"$error":"#REF!"}]
[7,{"$f":"VLOOKUP(A9,#REF!,2,0)","v":{"$error":"#REF!"}},{"$f":"VLOOKUP(B9,#REF!,4,0)","v":{"$error":"#REF!"}},{"$f":"VLOOKUP(B9,#REF!,13,0)","v":{"$error":"#REF!"}},{"$f":"D9/#REF!","v":{"$error":"#REF!"}},{"$error":"#REF!"},{"$error":"#REF!"}]
[8,{"$f":"VLOOKUP(A10,#REF!,2,0)","v":{"$error":"#REF!"}},{"$f":"VLOOKUP(B10,#REF!,4,0)","v":{"$error":"#REF!"}},{"$f":"VLOOKUP(B10,#REF!,13,0)","v":{"$error":"#REF!"}},{"$f":"D10/#REF!","v":{"$error":"#REF!"}},{"$error":"#REF!"},{"$error":"#REF!"}]
[9,{"$f":"VLOOKUP(A11,#REF!,2,0)","v":{"$error":"#REF!"}},{"$f":"VLOOKUP(B11,#REF!,4,0)","v":{"$error":"#REF!"}},{"$f":"VLOOKUP(B11,#REF!,13,0)","v":{"$error":"#REF!"}},{"$f":"D11/#REF!","v":{"$error":"#REF!"}},{"$error":"#REF!"},{"$error":"#REF!"}]
[10,{"$f":"VLOOKUP(A12,#REF!,2,0)","v":{"$error":"#REF!"}},{"$f":"VLOOKUP(B12,#REF!,4,0)","v":{"$error":"#REF!"}},{"$f":"VLOOKUP(B12,#REF!,13,0)","v":{"$error":"#REF!"}},{"$f":"D12/#REF!","v":{"$error":"#REF!"}},{"$error":"#REF!"},{"$error":"#REF!"}]
[11,{"$f":"VLOOKUP(A13,#REF!,2,0)","v":{"$error":"#REF!"}},{"$f":"VLOOKUP(B13,#REF!,4,0)","v":{"$error":"#REF!"}},{"$f":"VLOOKUP(B13,#REF!,13,0)","v":{"$error":"#REF!"}},{"$f":"D13/#REF!","v":{"$error":"#REF!"}},{"$error":"#REF!"},{"$error":"#REF!"}]
[12,{"$f":"VLOOKUP(A14,#REF!,2,0)","v":{"$error":"#REF!"}},{"$f":"VLOOKUP(B14,#REF!,4,0)","v":{"$error":"#REF!"}},{"$f":"VLOOKUP(B14,#REF!,13,0)","v":{"$error":"#REF!"}},{"$f":"D14/#REF!","v":{"$error":"#REF!"}},{"$error":"#REF!"},{"$error":"#REF!"}]
[13,{"$f":"VLOOKUP(A15,#REF!,2,0)","v":{"$error":"#REF!"}},{"$f":"VLOOKUP(B15,#REF!,4,0)","v":{"$error":"#REF!"}},{"$f":"VLOOKUP(B15,#REF!,13,0)","v":{"$error":"#REF!"}},{"$f":"D15/#REF!","v":{"$error":"#REF!"}},{"$error":"#REF!"},{"$error":"#REF!"}]
[14,{"$f":"VLOOKUP(A16,#REF!,2,0)","v":{"$error":"#REF!"}},{"$f":"VLOOKUP(B16,#REF!,4,0)","v":{"$error":"#REF!"}},{"$f":"VLOOKUP(B16,#REF!,13,0)","v":{"$error":"#REF!"}},{"$f":"D16/#REF!","v":{"$error":"#REF!"}},{"$error":"#REF!"},{"$error":"#REF!"}]
[15,{"$f":"VLOOKUP(A17,#REF!,2,0)","v":{"$error":"#REF!"}},{"$f":"VLOOKUP(B17,#REF!,4,0)","v":{"$error":"#REF!"}},{"$f":"VLOOKUP(B17,#REF!,13,0)","v":{"$error":"#REF!"}},{"$f":"D17/#REF!","v":{"$error":"#REF!"}},{"$error":"#REF!"},{"$error":"#REF!"}]
[16,{"$f":"VLOOKUP(A18,#REF!,2,0)","v":{"$error":"#REF!"}},{"$f":"VLOOKUP(B18,#REF!,4,0)","v":{"$error":"#REF!"}},{"$f":"VLOOKUP(B18,#REF!,13,0)","v":{"$error":"#REF!"}},{"$f":"D18/#REF!","v":{"$error":"#REF!"}},{"$error":"#REF!"},{"$error":"#REF!"}]
[17,{"$f":"VLOOKUP(A19,#REF!,2,0)","v":{"$error":"#REF!"}},{"$f":"VLOOKUP(B19,#REF!,4,0)","v":{"$error":"#REF!"}},{"$f":"VLOOKUP(B19,#REF!,13,0)","v":{"$error":"#REF!"}},{"$f":"D19/#REF!","v":{"$error":"#REF!"}},{"$error":"#REF!"},{"$error":"#REF!"}]
[18,{"$f":"VLOOKUP(A20,#REF!,2,0)","v":{"$error":"#REF!"}},{"$f":"VLOOKUP(B20,#REF!,4,0)","v":{"$error":"#REF!"}},{"$f":"VLOOKUP(B20,#REF!,13,0)","v":{"$error":"#REF!"}},{"$f":"D20/#REF!","v":{"$error":"#REF!"}},{"$error":"#REF!"},{"$error":"#REF!"}]
[19,{"$f":"VLOOKUP(A21,#REF!,2,0)","v":{"$error":"#REF!"}},{"$f":"VLOOKUP(B21,#REF!,4,0)","v":{"$error":"#REF!"}},{"$f":"VLOOKUP(B21,#REF!,13,0)","v":{"$error":"#REF!"}},{"$f":"D21/#REF!","v":{"$error":"#REF!"}},{"$error":"#REF!"},{"$error":"#REF!"}]
[20,{"$f":"VLOOKUP(A22,#REF!,2,0)","v":{"$error":"#REF!"}},{"$f":"VLOOKUP(B22,#REF!,4,0)","v":{"$error":"#REF!"}},{"$f":"VLOOKUP(B22,#REF!,13,0)","v":{"$error":"#REF!"}},{"$f":"D22/#REF!","v":{"$error":"#REF!"}},{"$error":"#REF!"},{"$error":"#REF!"}]
[21,{"$f":"VLOOKUP(A23,#REF!,2,0)","v":{"$error":"#REF!"}},{"$f":"VLOOKUP(B23,#REF!,4,0)","v":{"$error":"#REF!"}},{"$f":"VLOOKUP(B23,#REF!,13,0)","v":{"$error":"#REF!"}},{"$f":"D23/#REF!","v":{"$error":"#REF!"}},{"$error":"#REF!"},{"$error":"#REF!"}]
[22,{"$f":"VLOOKUP(A24,#REF!,2,0)","v":{"$error":"#REF!"}},{"$f":"VLOOKUP(B24,#REF!,4,0)","v":{"$error":"#REF!"}},{"$f":"VLOOKUP(B24,#REF!,13,0)","v":{"$error":"#REF!"}},{"$f":"D24/#REF!","v":{"$error":"#REF!"}},{"$error":"#REF!"},{"$error":"#REF!"}]
[23,{"$f":"VLOOKUP(A25,#REF!,2,0)","v":{"$error":"#REF!"}},{"$f":"VLOOKUP(B25,#REF!,4,0)","v":{"$error":"#REF!"}},{"$f":"VLOOKUP(B25,#REF!,13,0)","v":{"$error":"#REF!"}},{"$f":"D25/#REF!","v":{"$error":"#REF!"}},{"$error":"#REF!"},{"$error":"#REF!"}]
[24,{"$f":"VLOOKUP(A26,#REF!,2,0)","v":{"$error":"#REF!"}},{"$f":"VLOOKUP(B26,#REF!,4,0)","v":{"$error":"#REF!"}},{"$f":"VLOOKUP(B26,#REF!,13,0)","v":{"$error":"#REF!"}},{"$f":"D26/#REF!","v":{"$error":"#REF!"}},{"$error":"#REF!"},{"$error":"#REF!"}]
[25,{"$f":"VLOOKUP(A27,#REF!,2,0)","v":{"$error":"#REF!"}},{"$f":"VLOOKUP(B27,#REF!,4,0)","v":{"$error":"#REF!"}},{"$f":"VLOOKUP(B27,#REF!,13,0)","v":{"$error":"#REF!"}},{"$f":"D27/#REF!","v":{"$error":"#REF!"}},{"$error":"#REF!"},{"$error":"#REF!"}]
[26,{"$f":"VLOOKUP(A28,#REF!,2,0)","v":{"$error":"#REF!"}},{"$f":"VLOOKUP(B28,#REF!,4,0)","v":{"$error":"#REF!"}},{"$f":"VLOOKUP(B28,#REF!,13,0)","v":{"$error":"#REF!"}},{"$f":"D28/#REF!","v":{"$error":"#REF!"}},{"$f":"F27+E28","v":{"$error":"#REF!"}},{"$f":"IF(F28<=$K$2,\"A\",IF(AND(F28<=$L$3,F28>$J$3),\"B\",IF(F28>$K$4,\"C\")))","v":{"$error":"#REF!"}}]
[27,{"$f":"VLOOKUP(A29,#REF!,2,0)","v":{"$error":"#REF!"}},{"$f":"VLOOKUP(B29,#REF!,4,0)","v":{"$error":"#REF!"}},{"$f":"VLOOKUP(B29,#REF!,13,0)","v":{"$error":"#REF!"}},{"$f":"D29/#REF!","v":{"$error":"#REF!"}},{"$error":"#REF!"},{"$error":"#REF!"}]
[28,{"$f":"VLOOKUP(A30,#REF!,2,0)","v":{"$error":"#REF!"}},{"$f":"VLOOKUP(B30,#REF!,4,0)","v":{"$error":"#REF!"}},{"$f":"VLOOKUP(B30,#REF!,13,0)","v":{"$error":"#REF!"}},{"$f":"D30/#REF!","v":{"$error":"#REF!"}},{"$error":"#REF!"},{"$error":"#REF!"}]
[29,{"$f":"VLOOKUP(A31,#REF!,2,0)","v":{"$error":"#REF!"}},{"$f":"VLOOKUP(B31,#REF!,4,0)","v":{"$error":"#REF!"}},{"$f":"VLOOKUP(B31,#REF!,13,0)","v":{"$error":"#REF!"}},{"$f":"D31/#REF!","v":{"$error":"#REF!"}},{"$error":"#REF!"},{"$error":"#REF!"}]
[30,{"$f":"VLOOKUP(A32,#REF!,2,0)","v":{"$error":"#REF!"}},{"$f":"VLOOKUP(B32,#REF!,4,0)","v":{"$error":"#REF!"}},{"$f":"VLOOKUP(B32,#REF!,13,0)","v":{"$error":"#REF!"}},{"$f":"D32/#REF!","v":{"$error":"#REF!"}},{"$error":"#REF!"},{"$error":"#REF!"}]
[31,{"$f":"VLOOKUP(A33,#REF!,2,0)","v":{"$error":"#REF!"}},{"$f":"VLOOKUP(B33,#REF!,4,0)","v":{"$error":"#REF!"}},{"$f":"VLOOKUP(B33,#REF!,13,0)","v":{"$error":"#REF!"}},{"$f":"D33/#REF!","v":{"$error":"#REF!"}},{"$error":"#REF!"},{"$error":"#REF!"}]
[32,{"$f":"VLOOKUP(A34,#REF!,2,0)","v":{"$error":"#REF!"}},{"$f":"VLOOKUP(B34,#REF!,4,0)","v":{"$error":"#REF!"}},{"$f":"VLOOKUP(B34,#REF!,13,0)","v":{"$error":"#REF!"}},{"$f":"D34/#REF!","v":{"$error":"#REF!"}},{"$error":"#REF!"},{"$error":"#REF!"}]

{"sheet":"MATERIAL SICRO","index":19,"n_rows":4831,"n_cols":8,"rows_kept":4831,"cut":false,"hidden":false,"merged":[[4,11,4,17],[5,0,5,7]]}
["                       Agência Nacional do Petróleo, Gás Natural e Biocombustíveis"]
["                       Superintendência de Defesa da Concorrência"]
[]
[]
[]
["PREÇO MÉDIO MENSAL PONDERADO PRATICADO PELOS DISTRIBUIDORES DE PRODUTOS ASFÁLTICOS (R$/KG)"]
[]
["Produto","Mês","Norte","Nordeste","Centro-Oeste","Sudeste","Sul","Brasil"]
["ASFALTOS DILUÍDOS CM-30","2008-11-01",1.77546829189986,1.550878529555,2.02214329125852,1.55449366962941,1.5845328987092,1.64286836961704]
["ASFALTOS DILUÍDOS CM-30","2008-12-01",1.80683766686717,1.50911819182929,2.01302012385215,1.61090222316824,1.60718759060469,1.63758147079418]
["ASFALTOS DILUÍDOS CM-30","2009-01-01",1.49705285760788,1.50429634564956,1.96309767074974,1.52467224661994,1.58513720878701,1.56494587647639]
["ASFALTOS DILUÍDOS CM-30","2009-02-01",1.4278711198663,1.49769328314874,1.98106509838221,1.58349023121992,1.59592406203023,1.56545103578343]
["ASFALTOS DILUÍDOS CM-30","2009-03-01",1.40494140488565,1.49764798670541,1.8934302630295,1.52754781962842,1.58872002905704,1.53271314666768]
["ASFALTOS DILUÍDOS CM-30","2009-04-01",1.41051074751906,1.48482626123974,1.90922642871696,1.46414937057964,1.55383192849663,1.5167176477873]
["ASFALTOS DILUÍDOS CM-30","2009-05-01",1.48035567824698,1.46689892810416,1.89159043509598,1.43544371838286,1.54161117986973,1.53757437092669]
["ASFALTOS DILUÍDOS CM-30","2009-06-01",1.5807510393098,1.44488883710485,1.8420741185475,1.42426431487869,1.5015266955746,1.54131557536043]
["ASFALTOS DILUÍDOS CM-30","2009-07-01",1.90543247648309,1.48261821130071,1.94904634466626,1.5844352989751,1.61031043627529,1.65103252279669]
["ASFALTOS DILUÍDOS CM-30","2009-08-01",1.71699518394512,1.42385491467324,1.71238547839995,1.41800080530824,1.5206434973011,1.50491146862119]
["ASFALTOS DILUÍDOS CM-30","2009-09-01",1.64329493990732,1.4453177609909,1.73151880278428,1.41937425134828,1.5007358948821,1.50552311970753]
["ASFALTOS DILUÍDOS CM-30","2009-10-01",1.58803192424106,1.45893264851292,1.76201505576589,1.42902441920688,1.51375383089617,1.51168190412433]
["ASFALTOS DILUÍDOS CM-30","2009-11-01",1.63934860368467,1.44905977729413,1.77265081685657,1.43412267701216,1.52604318845395,1.49965739239959]
["ASFALTOS DILUÍDOS CM-30","2009-12-01",1.66426685256868,1.44196663648049,1.89057480209378,1.42907772712909,1.52053933402031,1.50886459791075]
["ASFALTOS DILUÍDOS CM-30","2010-01-01",1.84250614423061,1.45497712886771,1.86502244737054,1.41481760845573,1.47445076513561,1.49773522712127]
["ASFALTOS DILUÍDOS CM-30","2010-02-01",1.70988691539767,1.44295648723314,1.91984474110405,1.43314625058519,1.50088244788775,1.49654225079097]
["ASFALTOS DILUÍDOS CM-30","2010-03-01",1.53574341601411,1.44888049926364,1.93506272767668,1.43502611632982,1.48061863472735,1.48678980227001]
["ASFALTOS DILUÍDOS CM-30","2010-04-01",1.71004647936427,1.44030025427472,1.91193596086285,1.42110215320455,1.48127093672067,1.51108643134524]
["ASFALTOS DILUÍDOS CM-30","2010-05-01",1.75561046526016,1.43527722078748,1.87329388879634,1.40694443196261,1.48177604950248,1.53717056543976]
["ASFALTOS DILUÍDOS CM-30","2010-06-01",1.60222431364512,1.39600433598251,1.73173472148983,1.39999622708047,1.49193962048935,1.4980734181535]
["ASFALTOS DILUÍDOS CM-30","2010-07-01",1.55990162657336,1.38101670849199,1.73268821398304,1.40290485561038,1.47385442736659,1.49007526945858]
["ASFALTOS DILUÍDOS CM-30","2010-08-01",1.52663938941797,1.38817836049793,1.73894608657559,1.39875123622145,1.45574984912516,1.49582851552362]
["ASFALTOS DILUÍDOS CM-30","2010-09-01",1.56537882918275,1.40820466393689,1.75702737820829,1.41164287530193,1.48725774462806,1.51225712792556]
["ASFALTOS DILUÍDOS CM-30","2010-10-01",1.481711294072,1.40435771516393,1.75115994660561,1.40348943663518,1.46934084704194,1.49988826027769]
["ASFALTOS DILUÍDOS CM-30","2010-11-01",1.51926767187201,1.41013090369693,1.77940562542027,1.42128382162457,1.45855911234894,1.48165863498716]
["ASFALTOS DILUÍDOS CM-30","2010-12-01",1.55928755568463,1.40982051014559,1.82518561826431,1.41767357242667,1.473243884411,1.46911303094829]
["ASFALTOS DILUÍDOS CM-30","2011-01-01",1.52592330496967,1.44579409190183,1.77460092359038,1.40327423482064,1.46600281389102,1.45725606620142]
["ASFALTOS DILUÍDOS CM-30","2011-02-01",1.55282511224223,1.39209425922809,1.7638361229572,1.38519493711195,1.44955884019836,1.42625047832512]
["ASFALTOS DILUÍDOS CM-30","2011-03-01",1.46921969255447,1.36944291639261,1.69601792225859,1.35381280409622,1.43517069396331,1.40013024899142]
["ASFALTOS DILUÍDOS CM-30","2011-04-01",1.47057026172935,1.3732204915694,1.65082939356418,1.34592810348141,1.42199893967761,1.40049352195201]
["ASFALTOS DILUÍDOS CM-30","2011-05-01",1.42852895521029,1.32264626665125,1.70038091262445,1.34506816329685,1.43936143124935,1.4280580185794]
["ASFALTOS DILUÍDOS CM-30","2011-06-01",1.40762216335467,1.30570865679807,1.74184366915138,1.35462049487305,1.39950169272639,1.44029982009843]
["ASFALTOS DILUÍDOS CM-30","2011-07-01",1.25923406513321,1.31203330503768,1.7374896957007,1.33656388024799,1.42247488727441,1.42083925243847]
["ASFALTOS DILUÍDOS CM-30","2011-08-01",1.47068006097884,1.29977876459346,1.72744348472012,1.34147782147911,1.35301835178684,1.425675533731]
["ASFALTOS DILUÍDOS CM-30","2011-09-01",1.5613287195813,1.32119608413652,1.72982154764967,1.35745148320338,1.39568479771556,1.45520241346116]
["ASFALTOS DILUÍDOS CM-30","2011-10-01",1.5205697215343,1.32621873554519,1.71738045969171,1.33269139232668,1.35777740020148,1.44229587102011]
["ASFALTOS DILUÍDOS CM-30","2011-11-01",1.46588633421922,1.33704115355612,1.74100488561302,1.3454861032743,1.44758056509169,1.44535413743928]
["ASFALTOS DILUÍDOS CM-30","2011-12-01",1.47088389868187,1.33558763601559,1.77872414103756,1.40829306779798,1.42811230573727,1.42241860380463]
["ASFALTOS DILUÍDOS CM-30","2012-01-01",1.38495501534378,1.35013015565112,1.78078388266024,1.42135410695759,1.43035247420828,1.39465816725768]
["ASFALTOS DILUÍDOS CM-30","2012-02-01",1.33218167759685,1.36814389106827,1.74102039363452,1.40020098496868,1.42540098572952,1.41060570735841]
["ASFALTOS DILUÍDOS CM-30","2012-03-01",1.41162186722536,1.34912221416966,1.62009600570765,1.39329576418639,1.40613056853642,1.40976878577184]
["ASFALTOS DILUÍDOS CM-30","2012-04-01",1.54900791153671,1.38397645642291,1.64071275204396,1.40471639698853,1.44061779329094,1.45608481951581]
["ASFALTOS DILUÍDOS CM-30","2012-05-01",1.59617894076318,1.38636227234183,1.71206118310141,1.3992395496324,1.44835088710384,1.49846196901143]
["ASFALTOS DILUÍDOS CM-30","2012-06-01",1.70143257563009,1.38805351760536,1.74035200721355,1.42211874933151,1.44919607195729,1.52772271688927]
["ASFALTOS DILUÍDOS CM-30","2012-07-01",1.65202674168012,1.3943685703484,1.71864484609739,1.43967026065446,1.46187566983982,1.52306915852142]
["ASFALTOS DILUÍDOS CM-30","2012-08-01",1.68999883484865,1.40333785041177,1.7418950411876,1.42172336948824,1.44568579908647,1.53653307839077]
["ASFALTOS DILUÍDOS CM-30","2012-09-01",1.69017797197561,1.42150000299454,1.78092072425426,1.44518043248148,1.48364586620957,1.54941065294832]
["ASFALTOS DILUÍDOS CM-30","2012-10-01",1.57484034177359,1.41706610899378,1.79483203593867,1.45130452564271,1.48203710892643,1.55063180157561]
["ASFALTOS DILUÍDOS CM-30","2012-11-01",1.65516352572317,1.45587874775564,1.84012976643882,1.46120461470242,1.48349972244076,1.55250077592774]
["ASFALTOS DILUÍDOS CM-30","2012-12-01",1.71487612524763,1.43585474140429,1.80406657302355,1.45222765028946,1.50941764842658,1.52341199897343]
["ASFALTOS DILUÍDOS CM-30","2013-01-01",1.49577633531191,1.44949458828046,1.85405052492697,1.44638752042326,1.56375367464338,1.50213725855157]
["ASFALTOS DILUÍDOS CM-30","2013-02-01",1.63506766632928,1.42060963800563,1.73107149837683,1.4427463556626,1.46182840452314,1.47395609980963]
["ASFALTOS DILUÍDOS CM-30","2013-03-01",1.64622909837702,1.41329998267647,1.83828087021425,1.45001515158123,1.52576041321319,1.50654290402751]
["ASFALTOS DILUÍDOS CM-30","2013-04-01",1.58186447420957,1.39918956446167,1.79382511315724,1.45870475480117,1.55191370196381,1.52362363569827]
["ASFALTOS DILUÍDOS CM-30","2013-05-01",1.8156467734021,1.39014351735734,1.8127833125556,1.44951051987609,1.50423345709171,1.54991859161486]
["ASFALTOS DILUÍDOS CM-30","2013-06-01",1.63110158326941,1.38318653634939,1.81664210531178,1.47423264052107,1.5030436887514,1.58104942874325]
["ASFALTOS DILUÍDOS CM-30","2013-07-01",1.8659656299136,1.42205111668206,1.79307275349939,1.4980188082142,1.53339190121303,1.59880513004973]
["ASFALTOS DILUÍDOS CM-30","2013-08-01",1.70032554637977,1.43509441521295,1.82145261353941,1.51172286771259,1.5307935959615,1.60617658502356]
["ASFALTOS DILUÍDOS CM-30","2013-09-01",1.56287373344678,1.4721977478464,1.87984271218963,1.54265286665147,1.49066754335186,1.6279458927397]
["ASFALTOS DILUÍDOS CM-30","2013-10-01",1.6485040126782,1.47215234523797,1.82549499737359,1.50117768225326,1.48378911995961,1.59753877508546]
["ASFALTOS DILUÍDOS CM-30","2013-11-01",1.61917906168021,1.48641331720331,1.84401267887188,1.49632680919947,1.50609687786851,1.58166584406372]
["ASFALTOS DILUÍDOS CM-30","2013-12-01",1.63335829329363,1.49481809746932,1.89719717550119,1.50286453781545,1.51707429615723,1.57247524350845]
["ASFALTOS DILUÍDOS CM-30","2014-01-01",1.68831126455424,1.49418130532374,1.79835590330192,1.48420229300637,1.53335381271635,1.54290973739171]
["ASFALTOS DILUÍDOS CM-30","2014-02-01",1.59830443443186,1.4797065865711,1.81439021548748,1.51482939242944,1.52280058764901,1.52897028728187]
["ASFALTOS DILUÍDOS CM-30","2014-03-01",1.64828768671459,1.47285250091483,1.76657318987587,1.51302067306437,1.50618524765863,1.53018117765972]
["ASFALTOS DILUÍDOS CM-30","2014-04-01",1.53445998674139,1.49389876740947,1.75727127765707,1.53302130899487,1.52427527376532,1.55056630528423]
["ASFALTOS DILUÍDOS CM-30","2014-05-01",1.58658326950179,1.49083468540556,1.80433925149228,1.50113813137112,1.56704382429026,1.58645227239476]
["ASFALTOS DILUÍDOS CM-30","2014-06-01",1.65827716419978,1.50580112108833,1.83959344462177,1.50686319967449,1.52377695257519,1.63607070229279]
["ASFALTOS DILUÍDOS CM-30","2014-07-01",1.8902995420864,1.5007305138568,1.70827786515476,1.48729396381471,1.50595606887474,1.58706515833709]
["ASFALTOS DILUÍDOS CM-30","2014-08-01",1.63274183169974,1.50194532395852,1.67120318927315,1.48235934061425,1.5063273663854,1.55791037732443]
["ASFALTOS DILUÍDOS CM-30","2014-09-01",1.66956717025727,1.54683042688175,1.86479701607652,1.49676458469109,1.57053324178022,1.63928105678855]
["ASFALTOS DILUÍDOS CM-30","2014-10-01",1.7428769161762,1.50897856900642,1.74665046580874,1.47077364528261,1.45427346192267,1.5791202203838]
["ASFALTOS DILUÍDOS CM-30","2014-11-01",1.86472341935598,1.57943058990273,1.74915621813821,1.46508447944351,1.52914798786573,1.60135982109714]
["ASFALTOS DILUÍDOS CM-30","2014-12-01",1.81267191410511,1.70484434847557,1.96331006616174,1.62367670168688,1.64964465948884,1.7188269809752]
["ASFALTOS DILUÍDOS CM-30","2015-01-01",2.15480706223786,2.02376044659928,2.31886373625009,1.86658896699595,1.89838043414166,2.00779203176422]
["ASFALTOS DILUÍDOS CM-30","2015-02-01",2.26023862498728,2.00567376547996,2.39387576246911,1.85451976590239,1.92739510742712,2.00765378088209]
["ASFALTOS DILUÍDOS CM-30","2015-03-01",2.12417646227242,1.96882284881577,2.27964325444856,1.88776091061912,1.93021714482716,1.98481691569003]
["ASFALTOS DILUÍDOS CM-30","2015-04-01",2.03004950548393,2.00150644786819,2.37911890337146,1.85245166957993,1.94902525403085,1.98064321047518]
["ASFALTOS DILUÍDOS CM-30","2015-05-01",2.50727165130009,1.94686990847855,2.25475819219993,1.8074700012303,2.01692953578045,2.0054742341523]
["ASFALTOS DILUÍDOS CM-30","2015-06-01",2.24832004177904,1.94425973597255,2.31433179560318,1.84699859474213,1.96856512489006,2.04258134377832]
["ASFALTOS DILUÍDOS CM-30","2015-07-01",1.99222275766836,1.99279163539869,2.04676995324464,1.78264860325734,1.93167138500814,1.94262736172009]
["ASFALTOS DILUÍDOS CM-30","2015-08-01",2.30760593068221,2.0380891268645,2.25274810470972,1.82809770482563,1.93982448060484,2.08193616028927]
["ASFALTOS DILUÍDOS CM-30","2015-09-01",2.31428970416549,2.09530753103976,2.3445619869159,1.94255109073593,2.00535261428386,2.16817554141326]
["ASFALTOS DILUÍDOS CM-30","2015-10-01",2.32945666335428,2.17057001202108,2.4327301201698,2.03562475106614,2.11026114839426,2.23753378158704]
["ASFALTOS DILUÍDOS CM-30","2015-11-01",2.60605656633517,2.43709830395909,2.71161214122229,2.28011389626954,2.32644629678141,2.47499878079039]
["ASFALTOS DILUÍDOS CM-30","2015-12-01",2.63537400595577,2.39592030869905,2.69352838552549,2.27252812935787,2.33074065878658,2.45284815645558]
["ASFALTOS DILUÍDOS CM-30","2016-01-01",2.7158639925713,2.37386164738306,2.84467060214034,2.26365065797102,2.23263169129226,2.4005633937967]
["ASFALTOS DILUÍDOS CM-30","2016-02-01",2.8046831597962,2.46684681630628,2.79178700686342,2.29563711507637,2.3465561728531,2.46434854836793]
["ASFALTOS DILUÍDOS CM-30","2016-03-01",2.58050210005156,2.47067875282824,2.70768802468674,2.23530199850789,2.38311597213174,2.42356392433509]
["ASFALTOS DILUÍDOS CM-30","2016-04-01",2.94200631175202,2.74074203233578,2.75907185498739,2.54443917825685,2.71075163202779,2.68027483342588]
["ASFALTOS DILUÍDOS CM-30","2016-05-01",3.0105794721905,2.65027704733787,2.85712136069997,2.57558315246037,2.77041336220117,2.70973326996283]
["ASFALTOS DILUÍDOS CM-30","2016-06-01",2.9091798437334,2.62138504102378,2.9434872809732,2.65910951514445,2.68475955475873,2.74361951682696]
["ASFALTOS DILUÍDOS CM-30","2016-07-01",2.98574038072348,2.59164404490525,2.98927803003645,2.60439659939591,2.66088442263397,2.74513553928587]
["ASFALTOS DILUÍDOS CM-30","2016-08-01",2.93524391868148,2.62391732898939,2.97049085389155,2.67948650352701,2.72702564892012,2.78138596218754]
["ASFALTOS DILUÍDOS CM-30","2016-09-01",2.64913682130549,2.52105485145432,2.78158392467622,2.51393313025029,2.37127150098467,2.5956171278003]
["ASFALTOS DILUÍDOS CM-30","2016-10-01",2.62610925653189,2.44446909262635,2.78161787273371,2.50738312678421,2.38325399044811,2.56699903659785]
["ASFALTOS DILUÍDOS CM-30","2016-11-01",2.53508740825688,2.37414552714068,2.95276867436709,2.4812637646204,2.38220677056004,2.54284236635901]
["ASFALTOS DILUÍDOS CM-30","2016-12-01",2.50039107036389,2.25341348278521,3.03851945809923,2.58943889248022,2.39559342362872,2.47643929496448]
["ASFALTOS DILUÍDOS CM-30","2017-01-01",2.39287550432943,2.23269567376388,3.0890809705268,2.53574403943575,2.37869483250241,2.37421619190829]
["ASFALTOS DILUÍDOS CM-30","2017-02-01",2.68039413994501,2.27189722474419,2.76440803150245,2.57393368523973,2.38464439804202,2.47072146601505]
["ASFALTOS DILUÍDOS CM-30","2017-03-01",2.23884120995463,2.38695807904557,2.66722025196969,2.37216594749682,2.30121886999301,2.3787969856691]
["ASFALTOS DILUÍDOS CM-30","2017-04-01",2.42019139844837,2.3079695958725,2.79409301444174,2.25840991209692,2.25643429711862,2.38026848369313]
["ASFALTOS DILUÍDOS CM-30","2017-05-01",2.43210669244062,2.16791912770817,2.69983693619078,2.2553871917774,2.20402695763458,2.36151590915269]
["ASFALTOS DILUÍDOS CM-30","2017-06-01",2.42830177618807,2.18193868910736,2.75667205477901,2.23454902150521,2.30577854554725,2.44553453024702]
["ASFALTOS DILUÍDOS CM-30","2017-07-01",2.45375206066473,2.21807533392643,2.69462502178798,2.41432924713057,2.2696011017893,2.4734361063107]
["ASFALTOS DILUÍDOS CM-30","2017-08-01",2.44793097601266,2.15311203071778,2.59534995160228,2.3029190650855,2.17014866658246,2.3808764233569]
["ASFALTOS DILUÍDOS CM-30","2017-09-01",2.49455150447676,2.14243989042013,2.62316650318406,2.3713080947914,2.30369850679251,2.39354220376366]
["ASFALTOS DILUÍDOS CM-30","2017-10-01",2.34995394368981,2.18056004014164,2.61416095673844,2.41525496166201,2.20079573016277,2.36794712080817]
["ASFALTOS DILUÍDOS CM-30","2017-11-01",2.67012699062159,2.43316919520277,2.90862746413155,2.58469482033717,2.41519270879383,2.6021013475835]
["ASFALTOS DILUÍDOS CM-30","2017-12-01",2.58735264467795,2.42535888170716,2.90663376479325,2.60289029771015,2.42288976024412,2.53176446441612]
["ASFALTOS DILUÍDOS CM-30","2018-01-01",2.95036075472562,2.66286292320601,2.87595399343292,2.62073848356275,2.64695525152936,2.73595636859334]
["ASFALTOS DILUÍDOS CM-30","2018-02-01",2.67789956745748,2.67249816406369,2.94259547379821,2.62043112978615,2.56788566222886,2.66836993275889]
["ASFALTOS DILUÍDOS CM-30","2018-03-01",2.73336302484226,2.58905002174842,2.80917255635991,2.56192839298006,2.57594606676882,2.63487658353311]
["ASFALTOS DILUÍDOS CM-30","2018-04-01",2.75780112039758,2.6695536015406,2.77390824170397,2.59547006003556,2.55604239376982,2.6643301999713]
["ASFALTOS DILUÍDOS CM-30","2018-05-01",2.84121336225102,2.67202587700164,2.8845014821466,2.68671802063202,2.73648510316444,2.7773789604101]
["ASFALTOS DILUÍDOS CM-30","2018-06-01",3.00844478932461,2.91960517833009,3.15845488613088,2.84673108019242,2.95352399264893,2.98229163460159]
["ASFALTOS DILUÍDOS CM-30","2018-07-01",3.26823754924007,3.03652409441906,3.39936039851178,3.02646759827369,3.19779630963727,3.1641265459601]
["ASFALTOS DILUÍDOS CM-30","2018-08-01",3.56441315037675,3.41519376932574,3.70770620618162,3.42507934896044,3.35672246086475,3.51555811246781]
["ASFALTOS DILUÍDOS CM-30","2018-09-01",3.17391377757007,3.44506411839981,3.73526323951332,3.3858161855531,3.60730945384221,3.48323842858605]
["ASFALTOS DILUÍDOS CM-30","2018-10-01",3.48777811940321,3.46050880371845,3.72144405700193,3.43252556485746,3.60602087987408,3.54539034402789]
["ASFALTOS DILUÍDOS CM-30","2018-11-01",4.04727248350138,3.81489331234266,4.28013158579909,4.17812677704484,3.96768136720827,3.99014718319198]
["ASFALTOS DILUÍDOS CM-30","2018-12-01",3.95149114643009,3.9671131945587,4.34114420160615,3.91676606614593,3.91199335739086,3.99974265409723]
["ASFALTOS DILUÍDOS CM-30","2019-01-01",3.79685532544033,3.87001888895473,4.20190176238561,3.9541969966833,3.97678602813676,3.93395191134517]
["ASFALTOS DILUÍDOS CM-30","2019-02-01",3.51658407320685,4.09036117845843,4.49842295286326,4.46994247540838,4.25459025419005,4.18854467878996]
["ASFALTOS DILUÍDOS CM-30","2019-03-01",4.21675811701549,4.36191072769045,4.90719488850503,4.39871772856729,4.29082392245653,4.36029527856779]
["ASFALTOS DILUÍDOS CM-30","2019-04-01",4.28164820538309,4.23466142823818,4.53162721524151,4.43722652980889,4.46688147105323,4.38082044004295]
["ASFALTOS DILUÍDOS CM-30","2019-05-01",4.2876446588586,4.19069973816074,4.85791087230379,4.26746196323173,4.63380637945493,4.3664021512935]
["ASFALTOS DILUÍDOS CM-30","2019-06-01",4.47560989195748,3.96505293385586,4.66272933981567,4.35060060408813,4.21122992081303,4.31932366858292]
["ASFALTOS DILUÍDOS CM-30","2019-07-01",4.39449898927507,4.05803930465763,4.83422194531424,4.09465941361235,4.23300328129846,4.34697775688243]
["ASFALTOS DILUÍDOS CM-30","2019-08-01",4.48173503987154,3.91066249615963,4.57632908088449,4.11161654007053,4.25541998512888,4.25834508344252]
["ASFALTOS DILUÍDOS CM-30","2019-09-01",4.4395787959021,3.8599048964692,4.49525696770161,4.11132147463063,4.11735915151285,4.25160708518944]
["ASFALTOS DILUÍDOS CM-30","2019-10-01",4.3358886308543,3.77232496201687,4.45924235663644,4.056084114978,3.94245801107015,4.07740702008243]
["ASFALTOS DILUÍDOS CM-30","2019-11-01",4.31623869236167,3.91024550861622,4.58184107697514,4.0790240402787,4.10662127448621,4.0945612118041]
["ASFALTOS DILUÍDOS CM-30","2019-12-01",4.19943597234481,3.98011966251145,4.67377480508822,4.43426814236178,3.98641031206209,4.1646916164145]
["ASFALTOS DILUÍDOS CM-30","2020-01-01",3.59298002973861,3.8953206167915,4.68542062341463,4.38707467367047,4.12446766805704,4.05333893731718]
["ASFALTOS DILUÍDOS CM-30","2020-02-01",3.64266701638664,3.87739518687917,4.43819454340575,3.69994460674715,3.77816401143791,3.83901043828598]
["ASFALTOS DILUÍDOS CM-30","2020-03-01",4.67666833875407,3.79113897701503,4.28922234337571,3.71840273362262,3.60908619041506,3.93117068008563]
["ASFALTOS DILUÍDOS CM-30","2020-04-01",4.31336283667377,3.69576550030741,4.25539532074671,3.86589553064745,3.73225338211708,3.96412521091021]
["ASFALTOS DILUÍDOS CM-30","2020-05-01",3.24913465796395,3.63776991242073,4.11354488209795,3.76055002638747,3.71061809897736,3.65617503964037]
["ASFALTOS DILUÍDOS CM-30","2020-06-01",4.0179030762543,3.5670314916964,4.27736917093809,3.93788648517161,3.62583006862084,3.92452450609796]
["ASFALTOS DILUÍDOS CM-30","2020-07-01",3.84049750920317,3.51327047999256,4.21549068977505,3.95422388563724,3.68884127491649,3.84377444846668]
["ASFALTOS DILUÍDOS CM-30","2020-08-01",4.17446720262345,3.46539421931017,4.27771021123555,4.06746494031575,3.62858863005747,3.9471669167666]
["ASFALTOS DILUÍDOS CM-30","2020-09-01",4.16737133051302,3.74636081592961,4.16742435607532,3.79562179145913,3.62772993502085,3.97312994543096]
["ASFALTOS DILUÍDOS CM-30","2020-10-01",4.40809952702582,3.71898987800588,4.27897919227523,4.00874690562096,3.5910481828141,4.03964377014089]
["ASFALTOS DILUÍDOS CM-30","2020-11-01",4.05630600587546,3.96920928082452,4.54790089251735,4.27945542040045,3.97334724441311,4.17582614875739]
["ASFALTOS DILUÍDOS CM-30","2020-12-01",4.13206413815923,3.85163275125498,4.42670438595605,3.906236421875,3.87093980049875,4.03534737414368]
["ASFALTOS DILUÍDOS CM-30","2021-01-01",3.48983633345406,3.95152593658434,4.62826970159406,4.01157701109328,3.93513663802212,3.91709239084917]
["ASFALTOS DILUÍDOS CM-30","2021-02-01",4.09931811602713,4.26710952279807,4.83206161549992,4.41420270559298,4.14904893160308,4.26819704002445]
["ASFALTOS DILUÍDOS CM-30","2021-03-01",4.52835579223428,4.23983173062846,4.92631456233898,4.26969783863248,4.1306554091488,4.37783378514862]
["ASFALTOS DILUÍDOS CM-30","2021-04-01",4.34927186676995,4.08699515395609,4.47759752233292,4.15611339847778,4.04418982167891,4.25336179787145]
["ASFALTOS DILUÍDOS CM-30","2021-05-01",4.48888941306853,4.70794581524764,5.1014896859269,4.78403489557613,4.52398661478261,4.79054808450007]
["ASFALTOS DILUÍDOS CM-30","2021-06-01",4.01046771101574,4.47959212630826,5.11304121218771,4.77973990515606,4.72121430660532,4.76489088436033]
["ASFALTOS DILUÍDOS CM-30","2021-07-01",4.75223412816691,4.55935050600519,5.00475828289119,4.80272971997511,4.74855067775724,4.81758604703071]
["ASFALTOS DILUÍDOS CM-30","2021-08-01",5.08528453187959,4.77250125549667,5.19853714161667,5.24473525854608,4.76131174966799,5.09816919989092]
["ASFALTOS DILUÍDOS CM-30","2021-09-01",5.11030026667144,4.5380723645607,5.24172118513262,5.01714419680293,4.86286124468922,5.01695888613482]
["ASFALTOS DILUÍDOS CM-30","2021-10-01",5.08069726144802,4.66826741972578,5.11954419943447,5.38477906472012,4.65851643171488,5.02129431160898]
["ASFALTOS DILUÍDOS CM-30","2021-11-01",5.43651875334304,5.08776780960841,5.15006398536585,5.63425788362133,5.1745301312734,5.22814128931454]
["ASFALTOS DILUÍDOS CM-30","2021-12-01",5.18429138638228,4.9754869746436,5.57212225123442,6.13565520531028,5.01180991961415,5.33956580141793]
["ASFALTOS DILUÍDOS CM-30","2022-01-01",4.92819197412554,5.02355562266268,6.01840751157765,5.21477302640887,5.48197924386423,5.25078967885338]
["ASFALTOS DILUÍDOS CM-30","2022-02-01",5.54568418875432,5.70862841289523,6.01106589416059,4.8651,5.76336714711359,5.73605742799089]
["ASFALTOS DILUÍDOS CM-30","2022-03-01",6.32684473454407,5.64468790441408,5.93080722524753,6.18114114260794,5.49804168230563,5.92278103768527]
["ASFALTOS DILUÍDOS CM-30","2022-04-01",5.97422068064824,5.83274732429239,6.20669261461671,5.72032999673842,6.17800291018998,6.01235422873244]
["ASFALTOS DILUÍDOS CM-30","2022-05-01",5.35401558640535,5.46433530932953,6.00761163923955,5.99509558297786,5.49095009022229,5.67072274366762]
["ASFALTOS DILUÍDOS CM-30","2022-06-01",5.8024437980979,5.31696420291505,5.25267889043317,5.81393151810771,5.64499632764921,5.46949868662942]
["ASFALTOS DILUÍDOS CM-30","2022-07-01",5.96561476502994,5.8293148785416,5.91909971068941,5.74248477528565,5.67443054316803,5.8620207016826]
["ASFALTOS DILUÍDOS CM-30","2022-08-01",6.42423046331214,5.75825687770843,5.75235284253403,5.79190535217959,5.31271723966176,5.82318605062018]
["ASFALTOS DILUÍDOS CM-30","2022-09-01",5.54009707387272,5.60992161851355,5.9635924887053,5.30218119377748,4.97792916072262,5.699429920794]
["ASFALTOS DILUÍDOS CM-30","2022-10-01",4.78567099899766,4.72752109375766,5.33910514670248,4.85116000714158,4.53258051310694,5.04166171533522]
["ASFALTOS DILUÍDOS CM-30","2022-11-01",7.76585592257765,4.7756549822431,5.23762612747626,4.6363831377551,4.46059317879985,5.07499386224938]
["ASFALTOS DILUÍDOS CM-30","2022-12-01",4.65725,4.96690536197047,5.6551615535898,4.84093567164179,4.66100786144769,5.11324948962591]
["ASFALTOS DILUÍDOS CM-30","2023-01-01",4.94895031942634,5.05626492208921,5.35959796560709,4.4264979589429,4.10326788826943,4.71560512886389]
["ASFALTOS DILUÍDOS CM-30","2023-02-01",5.40749466666667,4.33577119530659,4.74664660078829,4.67488472697368,4.01454717345058,4.41780073618996]
["ASFALTOS DILUÍDOS CM-30","2023-03-01",4.99131,4.01354911984764,4.74625027992745,4.08071937047466,4.08248495381729,4.2703457233889]
["ASFALTOS DILUÍDOS CM-30","2023-04-01",4.43847901474011,4.0942013541235,5.13581618578767,4.36826509463722,3.85930814922642,4.15381879712951]
["ASFALTOS DILUÍDOS CM-30","2023-05-01",5.018589296875,4.50628264329702,5.61663829272681,4.03475692545623,4.06370171716813,4.68649272458402]
["ASFALTOS DILUÍDOS CM-30","2023-06-01",4.4396445256167,4.49580535429412,5.22817452435233,3.77202874480151,4.00904207331527,4.58804514798023]
["ASFALTOS DILUÍDOS CM-30","2023-07-01",4.36039935171006,4.25018763372658,6.18804915476398,3.69921678148994,4.31577376772812,4.79071755288417]
["ASFALTOS DILUÍDOS CM-30","2023-08-01",4.04321599904928,4.10090170940862,5.41419822764851,3.96429794879298,4.05598977834314,4.60781069732032]
["ASFALTOS DILUÍDOS CM-30","2023-09-01",5.69501625,4.35858627641966,5.18725251698534,4.11250865646909,4.21164623570894,4.74864021139438]
["ASFALTOS DILUÍDOS CM-30","2023-10-01",5.685185,4.29407564703485,4.91291947557125,4.36509510118179,4.25737016228976,4.6094459052459]
["ASFALTOS DILUÍDOS CM-30","2023-11-01",4.81508539748954,4.34559944712789,5.40450274666412,4.04527110440252,4.16469740525164,4.78149894255943]
["ASFALTOS DILUÍDOS CM-30","2023-12-01",5.41149230769231,4.70004389569453,5.30641573383809,4.31321686192469,4.18873206238112,4.66484535292508]
["ASFALTOS DILUÍDOS CM-30","2024-01-01",3.7161783908046,4.39516381065174,4.88812694665291,3.97719679704645,4.05709533135559,4.29022890280232]
["ASFALTOS DILUÍDOS CM-30","2024-02-01",5.34958857142857,4.2818818708452,5.36118055980861,4.28778615487316,4.15111294585126,4.36619499632434]
["ASFALTOS DILUÍDOS CM-30","2024-03-01",6.43762416520211,4.51294835765455,4.99403593240351,4.68061030353896,4.19738812283009,4.7251379668917]
["ASFALTOS DILUÍDOS CM-30","2024-04-01",6.52401001779359,5.33366887464753,5.01137035736826,3.99199962553556,4.15116123989156,4.43940698617377]
["ASFALTOS DILUÍDOS CM-30","2024-05-01",6.61993633021606,"***",5.2153828803501,4.24855795972546,4.47817076690281,4.96007856830651]
["ASFALTOS DILUÍDOS CM-30","2024-06-01",6.46182080557444,4.28816926343439,4.92160612403673,4.51733974069588,4.89758578694158,4.92285080268145]
["ASFALTOS DILUÍDOS CM-30","2024-07-01",6.12061223880597,4.59925543264942,5.49745106946266,4.66783853333333,4.51445265308578,4.96274039677289]
["ASFALTOS DILUÍDOS CM-30","2024-08-01",4.99322534860307,4.42802528325379,5.66194752829008,4.95868815360318,4.60903984954604,5.14362504169477]
["ASFALTOS DILUÍDOS CM-70","2008-11-01","***","***","***","***","***","***"]
["ASFALTOS DILUÍDOS CM-70","2008-12-01","***","***","***","***","***","***"]
["ASFALTOS DILUÍDOS CM-70","2009-01-01","***","***","***","***","***","***"]
["ASFALTOS DILUÍDOS CM-70","2009-02-01","***","***","***","***","***","***"]
["ASFALTOS DILUÍDOS CM-70","2009-03-01","***","***","***","***","***","***"]
["ASFALTOS DILUÍDOS CM-70","2009-04-01","***","***","***","***","***","***"]
["ASFALTOS DILUÍDOS CM-70","2009-05-01","***","***","***","***","***","***"]
["ASFALTOS DILUÍDOS CM-70","2009-06-01","***","***","***","***","***","***"]
["ASFALTOS DILUÍDOS CM-70","2009-07-01","***","***","***","***","***","***"]
["ASFALTOS DILUÍDOS CM-70","2009-08-01","***","***","***","***","***","***"]
["ASFALTOS DILUÍDOS CM-70","2009-09-01","***","***","***","***","***","***"]
["ASFALTOS DILUÍDOS CM-70","2009-10-01","***","***","***","***","***","***"]
["ASFALTOS DILUÍDOS CM-70","2009-11-01","***","***","***","***","***","***"]
["ASFALTOS DILUÍDOS CM-70","2009-12-01","***","***","***","***","***","***"]
["ASFALTOS DILUÍDOS CM-70","2010-01-01","***","***","***","***","***","***"]
["ASFALTOS DILUÍDOS CM-70","2010-02-01","***","***","***","***","***","***"]
["ASFALTOS DILUÍDOS CM-70","2010-03-01","***","***","***","***","***","***"]
["ASFALTOS DILUÍDOS CM-70","2010-04-01","***","***","***","***","***","***"]
["ASFALTOS DILUÍDOS CM-70","2010-05-01","***","***","***","***","***","***"]
["ASFALTOS DILUÍDOS CM-70","2010-06-01","***","***","***","***","***","***"]
["ASFALTOS DILUÍDOS CM-70","2010-07-01","***","***","***","***","***","***"]
["ASFALTOS DILUÍDOS CM-70","2010-08-01","***","***","***","***","***","***"]
["ASFALTOS DILUÍDOS CM-70","2010-09-01","***","***","***","***","***","***"]
["ASFALTOS DILUÍDOS CM-70","2010-10-01","***","***","***","***","***","***"]
["ASFALTOS DILUÍDOS CM-70","2010-11-01","***","***","***","***","***","***"]
["ASFALTOS DILUÍDOS CM-70","2010-12-01","***","***","***","***","***","***"]
["ASFALTOS DILUÍDOS CM-70","2011-01-01","***","***","***","***","***","***"]
["ASFALTOS DILUÍDOS CM-70","2011-02-01","***","***","***","***","***","***"]
["ASFALTOS DILUÍDOS CM-70","2011-03-01","***","***","***","***","***","***"]
["ASFALTOS DILUÍDOS CM-70","2011-04-01","***","***","***","***","***","***"]
["ASFALTOS DILUÍDOS CM-70","2011-05-01","***","***","***","***","***","***"]
["ASFALTOS DILUÍDOS CM-70","2011-06-01","***","***","***","***","***","***"]
["ASFALTOS DILUÍDOS CM-70","2011-07-01","***","***","***","***","***","***"]
["ASFALTOS DILUÍDOS CM-70","2011-08-01","***","***","***","***","***","***"]
["ASFALTOS DILUÍDOS CM-70","2011-09-01","***","***","***","***","***","***"]
["ASFALTOS DILUÍDOS CM-70","2011-10-01","***","***","***","***","***","***"]
["ASFALTOS DILUÍDOS CM-70","2011-11-01","***","***","***","***","***","***"]
["ASFALTOS DILUÍDOS CM-70","2011-12-01","***","***","***","***","***","***"]
["ASFALTOS DILUÍDOS CM-70","2012-01-01","***","***","***","***","***","***"]
["ASFALTOS DILUÍDOS CM-70","2012-02-01","***","***","***","***","***","***"]
["ASFALTOS DILUÍDOS CM-70","2012-03-01","***","***","***","***","***","***"]
["ASFALTOS DILUÍDOS CM-70","2012-04-01","***","***","***","***","***","***"]
["ASFALTOS DILUÍDOS CM-70","2012-05-01","***","***","***","***","***","***"]
["ASFALTOS DILUÍDOS CM-70","2012-06-01","***","***","***","***","***","***"]
["ASFALTOS DILUÍDOS CM-70","2012-07-01","***","***","***","***","***","***"]
["ASFALTOS DILUÍDOS CM-70","2012-08-01","***","***","***","***","***","***"]
["ASFALTOS DILUÍDOS CM-70","2012-09-01","***","***","***","***","***","***"]
["ASFALTOS DILUÍDOS CM-70","2012-10-01","***","***","***","***","***","***"]
["ASFALTOS DILUÍDOS CM-70","2012-11-01","***","***","***","***","***","***"]
["ASFALTOS DILUÍDOS CM-70","2012-12-01","***","***","***","***","***","***"]
["ASFALTOS DILUÍDOS CM-70","2013-01-01","***","***","***","***","***","***"]
["ASFALTOS DILUÍDOS CM-70","2013-02-01","***","***","***","***","***","***"]
["ASFALTOS DILUÍDOS CM-70","2013-03-01","***","***","***","***","***","***"]
["ASFALTOS DILUÍDOS CM-70","2013-04-01","***","***","***","***","***","***"]
["ASFALTOS DILUÍDOS CM-70","2013-05-01","***","***","***","***","***","***"]
["ASFALTOS DILUÍDOS CM-70","2013-06-01","***","***","***","***","***","***"]
["ASFALTOS DILUÍDOS CM-70","2013-07-01","***","***","***","***","***","***"]
["ASFALTOS DILUÍDOS CM-70","2013-08-01","***","***","***","***","***","***"]
["ASFALTOS DILUÍDOS CM-70","2013-09-01","***","***","***","***","***","***"]
["ASFALTOS DILUÍDOS CM-70","2013-10-01","***","***","***","***","***","***"]
["ASFALTOS DILUÍDOS CM-70","2013-11-01","***","***","***","***","***","***"]
["ASFALTOS DILUÍDOS CM-70","2013-12-01","***","***","***","***","***","***"]
["ASFALTOS DILUÍDOS CM-70","2014-01-01","***","***","***","***","***","***"]
["ASFALTOS DILUÍDOS CM-70","2014-02-01","***","***","***","***","***","***"]
["ASFALTOS DILUÍDOS CM-70","2014-03-01","***","***","***","***","***","***"]
["ASFALTOS DILUÍDOS CM-70","2014-04-01","***","***","***","***","***","***"]
["ASFALTOS DILUÍDOS CM-70","2014-05-01","***","***","***","***","***","***"]
["ASFALTOS DILUÍDOS CM-70","2014-06-01","***","***","***","***","***","***"]
["ASFALTOS DILUÍDOS CM-70","2014-07-01","***","***","***","***","***","***"]
["ASFALTOS DILUÍDOS CM-70","2014-08-01","***","***","***","***","***","***"]
["ASFALTOS DILUÍDOS CM-70","2014-09-01","***","***","***","***","***","***"]
["ASFALTOS DILUÍDOS CM-70","2014-10-01","***","***","***","***","***","***"]
["ASFALTOS DILUÍDOS CM-70","2014-11-01","***","***","***","***","***","***"]
["ASFALTOS DILUÍDOS CM-70","2014-12-01","***","***","***","***","***","***"]
["ASFALTOS DILUÍDOS CM-70","2015-01-01","***","***","***","***","***","***"]
["ASFALTOS DILUÍDOS CM-70","2015-02-01","***","***","***","***","***","***"]
["ASFALTOS DILUÍDOS CM-70","2015-03-01","***","***","***","***","***","***"]
["ASFALTOS DILUÍDOS CM-70","2015-04-01","***","***","***","***","***","***"]
["ASFALTOS DILUÍDOS CM-70","2015-05-01","***","***","***","***","***","***"]
["ASFALTOS DILUÍDOS CM-70","2015-06-01","***","***","***","***","***","***"]
["ASFALTOS DILUÍDOS CM-70","2015-07-01","***","***","***","***","***","***"]
["ASFALTOS DILUÍDOS CM-70","2015-08-01","***","***","***","***","***","***"]
["ASFALTOS DILUÍDOS CM-70","2015-09-01","***","***","***","***","***","***"]
["ASFALTOS DILUÍDOS CM-70","2015-10-01","***","***","***","***","***","***"]
["ASFALTOS DILUÍDOS CM-70","2015-11-01","***","***","***","***","***","***"]
["ASFALTOS DILUÍDOS CM-70","2015-12-01","***","***","***","***","***","***"]
["ASFALTOS DILUÍDOS CM-70","2016-01-01","***","***","***","***","***","***"]
["ASFALTOS DILUÍDOS CM-70","2016-02-01","***","***","***","***","***","***"]
["ASFALTOS DILUÍDOS CM-70","2016-03-01","***","***","***","***","***","***"]
["ASFALTOS DILUÍDOS CM-70","2016-04-01","***","***","***","***","***","***"]
["ASFALTOS DILUÍDOS CM-70","2016-05-01","***","***","***","***","***","***"]
["ASFALTOS DILUÍDOS CM-70","2016-06-01","***","***","***","***","***","***"]
["ASFALTOS DILUÍDOS CM-70","2016-07-01","***","***","***","***","***","***"]
["ASFALTOS DILUÍDOS CM-70","2016-08-01","***","***","***","***","***","***"]
["ASFALTOS DILUÍDOS CM-70","2016-09-01","***","***","***","***","***","***"]
["ASFALTOS DILUÍDOS CM-70","2016-10-01","***","***","***","***","***","***"]
["ASFALTOS DILUÍDOS CM-70","2016-11-01","***","***","***","***","***","***"]
["ASFALTOS DILUÍDOS CM-70","2016-12-01","***","***","***","***","***","***"]
["ASFALTOS DILUÍDOS CM-70","2017-01-01","***","***","***","***","***","***"]
["ASFALTOS DILUÍDOS CM-70","2017-02-01","***","***","***","***","***","***"]
["ASFALTOS DILUÍDOS CM-70","2017-03-01","***","***","***","***","***","***"]
["ASFALTOS DILUÍDOS CM-70","2017-04-01","***","***","***","***","***","***"]
["ASFALTOS DILUÍDOS CM-70","2017-05-01","***","***","***","***","***","***"]
["ASFALTOS DILUÍDOS CM-70","2017-06-01","***","***","***","***","***","***"]
["ASFALTOS DILUÍDOS CM-70","2017-07-01","***","***","***","***","***","***"]
["ASFALTOS DILUÍDOS CM-70","2017-08-01","***","***","***","***","***","***"]
["ASFALTOS DILUÍDOS CM-70","2017-09-01","***","***","***","***","***","***"]
["ASFALTOS DILUÍDOS CM-70","2017-10-01","***","***","***","***","***","***"]
["ASFALTOS DILUÍDOS CM-70","2017-11-01","***","***","***","***","***","***"]
["ASFALTOS DILUÍDOS CM-70","2017-12-01","***","***","***","***","***","***"]
["ASFALTOS DILUÍDOS CM-70","2018-01-01","***","***","***","***","***","***"]
["ASFALTOS DILUÍDOS CM-70","2018-02-01","***","***","***","***","***","***"]
["ASFALTOS DILUÍDOS CM-70","2018-03-01","***","***","***","***","***","***"]
["ASFALTOS DILUÍDOS CM-70","2018-04-01","***","***","***","***","***","***"]
["ASFALTOS DILUÍDOS CM-70","2018-05-01","***","***","***","***","***","***"]
["ASFALTOS DILUÍDOS CM-70","2018-06-01","***","***","***","***","***","***"]
["ASFALTOS DILUÍDOS CM-70","2018-07-01","***","***","***","***","***","***"]
["ASFALTOS DILUÍDOS CM-70","2018-08-01","***","***","***","***","***","***"]
["ASFALTOS DILUÍDOS CM-70","2018-09-01","***","***","***","***","***","***"]
["ASFALTOS DILUÍDOS CM-70","2018-10-01","***","***","***","***","***","***"]
["ASFALTOS DILUÍDOS CM-70","2018-11-01","***","***","***","***","***","***"]
["ASFALTOS DILUÍDOS CM-70","2018-12-01","***","***","***","***","***","***"]
["ASFALTOS DILUÍDOS CM-70","2019-01-01","***","***","***","***","***","***"]
["ASFALTOS DILUÍDOS CM-70","2019-02-01","***","***","***","***","***","***"]
["ASFALTOS DILUÍDOS CM-70","2019-03-01","***","***","***","***","***","***"]
["ASFALTOS DILUÍDOS CM-70","2019-04-01","***","***","***","***","***","***"]
["ASFALTOS DILUÍDOS CM-70","2019-05-01","***","***","***","***","***","***"]
["ASFALTOS DILUÍDOS CM-70","2019-06-01","***","***","***","***","***","***"]
["ASFALTOS DILUÍDOS CM-70","2019-07-01","***","***","***","***","***","***"]
["ASFALTOS DILUÍDOS CM-70","2019-08-01","***","***","***","***","***","***"]
["ASFALTOS DILUÍDOS CM-70","2019-09-01","***","***","***","***","***","***"]
["ASFALTOS DILUÍDOS CM-70","2019-10-01","***","***","***","***","***","***"]
["ASFALTOS DILUÍDOS CM-70","2019-11-01","***","***","***","***","***","***"]
["ASFALTOS DILUÍDOS CM-70","2019-12-01","***","***","***","***","***","***"]
["ASFALTOS DILUÍDOS CM-70","2020-01-01","***","***","***","***","***","***"]
["ASFALTOS DILUÍDOS CM-70","2020-02-01","***","***","***","***","***","***"]
["ASFALTOS DILUÍDOS CM-70","2020-03-01","***","***","***","***","***","***"]
["ASFALTOS DILUÍDOS CM-70","2020-04-01","***","***","***","***","***","***"]
["ASFALTOS DILUÍDOS CM-70","2020-05-01","***","***","***","***","***","***"]
["ASFALTOS DILUÍDOS CM-70","2020-06-01","***","***","***","***","***","***"]
["ASFALTOS DILUÍDOS CM-70","2020-07-01","***","***","***","***","***","***"]
["ASFALTOS DILUÍDOS CM-70","2020-08-01","***","***","***","***","***","***"]
["ASFALTOS DILUÍDOS CM-70","2020-09-01","***","***","***","***","***","***"]
["ASFALTOS DILUÍDOS CM-70","2020-10-01","***","***","***","***","***","***"]
["ASFALTOS DILUÍDOS CM-70","2020-11-01","***","***","***","***","***","***"]
["ASFALTOS DILUÍDOS CM-70","2020-12-01","***","***","***","***","***","***"]
["ASFALTOS DILUÍDOS CM-70","2021-01-01","***","***","***","***","***","***"]
["ASFALTOS DILUÍDOS CM-70","2021-02-01","***","***","***","***","***","***"]
["ASFALTOS DILUÍDOS CM-70","2021-03-01","***","***","***","***","***","***"]
["ASFALTOS DILUÍDOS CM-70","2021-04-01","***","***","***","***","***","***"]
["ASFALTOS DILUÍDOS CM-70","2021-05-01","***","***","***","***","***","***"]
["ASFALTOS DILUÍDOS CM-70","2021-06-01","***","***","***","***","***","***"]
["ASFALTOS DILUÍDOS CM-70","2021-07-01","***","***","***","***","***","***"]
["ASFALTOS DILUÍDOS CM-70","2021-08-01","***","***","***","***","***","***"]
["ASFALTOS DILUÍDOS CM-70","2021-09-01","***","***","***","***","***","***"]
["ASFALTOS DILUÍDOS CM-70","2021-10-01","***","***","***","***","***","***"]
["ASFALTOS DILUÍDOS CM-70","2021-11-01","***","***","***","***","***","***"]
["ASFALTOS DILUÍDOS CM-70","2021-12-01","***","***","***","***","***","***"]
["ASFALTOS DILUÍDOS CM-70","2022-01-01","***","***","***","***","***","***"]
["ASFALTOS DILUÍDOS CM-70","2022-02-01","***","***","***","***","***","***"]
["ASFALTOS DILUÍDOS CM-70","2022-03-01","***","***","***","***","***","***"]
["ASFALTOS DILUÍDOS CM-70","2022-04-01","***","***","***","***","***","***"]
["ASFALTOS DILUÍDOS CM-70","2022-05-01","***","***","***","***","***","***"]
["ASFALTOS DILUÍDOS CM-70","2022-06-01","***","***","***","***","***","***"]
["ASFALTOS DILUÍDOS CM-70","2022-07-01","***","***","***","***","***","***"]
["ASFALTOS DILUÍDOS CM-70","2022-08-01","***","***","***","***","***","***"]
["ASFALTOS DILUÍDOS CM-70","2022-09-01","***","***","***","***","***","***"]
["ASFALTOS DILUÍDOS CM-70","2022-10-01","***","***","***","***","***","***"]
["ASFALTOS DILUÍDOS CM-70","2022-11-01","***","***","***","***","***","***"]
["ASFALTOS DILUÍDOS CM-70","2022-12-01","***","***","***","***","***","***"]
["ASFALTOS DILUÍDOS CM-70","2023-01-01","***","***","***","***","***","***"]
["ASFALTOS DILUÍDOS CM-70","2023-02-01","***","***","***","***","***","***"]
["ASFALTOS DILUÍDOS CM-70","2023-03-01","***","***","***","***","***","***"]
["ASFALTOS DILUÍDOS CM-70","2023-04-01","***","***","***","***","***","***"]
["ASFALTOS DILUÍDOS CM-70","2023-05-01","***","***","***","***","***","***"]
["ASFALTOS DILUÍDOS CM-70","2023-06-01","***","***","***","***","***","***"]
["ASFALTOS DILUÍDOS CM-70","2023-07-01","***","***","***","***","***","***"]
["ASFALTOS DILUÍDOS CM-70","2023-08-01","***","***","***","***","***","***"]
["ASFALTOS DILUÍDOS CM-70","2023-09-01","***","***","***","***","***","***"]
["ASFALTOS DILUÍDOS CM-70","2023-10-01","***","***","***","***","***","***"]
["ASFALTOS DILUÍDOS CM-70","2023-11-01","***","***","***","***","***","***"]
["ASFALTOS DILUÍDOS CM-70","2023-12-01","***","***","***","***","***","***"]
["ASFALTOS DILUÍDOS CM-70","2024-01-01","***","***","***","***","***","***"]
["ASFALTOS DILUÍDOS CM-70","2024-02-01","***","***","***","***","***","***"]
["ASFALTOS DILUÍDOS CM-70","2024-03-01","***","***","***","***","***","***"]
["ASFALTOS DILUÍDOS CM-70","2024-04-01","***","***","***","***","***","***"]
["ASFALTOS DILUÍDOS CM-70","2024-05-01","***","***","***","***","***","***"]
["ASFALTOS DILUÍDOS CM-70","2024-06-01","***","***","***","***","***","***"]
["ASFALTOS DILUÍDOS CM-70","2024-07-01","***","***","***","***","***","***"]
["ASFALTOS DILUÍDOS CM-70","2024-08-01","***","***","***","***","***","***"]
["ASFALTOS DILUÍDOS CR-250","2008-11-01",1.52933,1.3827812319296,"***",1.64556255303422,"***",1.52712025618211]
["ASFALTOS DILUÍDOS CR-250","2008-12-01","***",1.36440347098033,"***","***",1.97516,1.36805537653523]
["ASFALTOS DILUÍDOS CR-250","2009-01-01",1.46539,1.31613874687287,"***","***","***",1.3472730525558]
["ASFALTOS DILUÍDOS CR-250","2009-02-01",1.46539,"***","***",1.6850369047619,"***",1.49251288129364]
["ASFALTOS DILUÍDOS CR-250","2009-03-01","***","***",2.08783852159378,1.2574649116905,1.97517,1.99386240040083]
["ASFALTOS DILUÍDOS CR-250","2009-04-01","***",1.31658085692229,2.1016071220565,1.53739209039548,1.376,2.02357380927339]
["ASFALTOS DILUÍDOS CR-250","2009-05-01","***",1.29169736960524,2.01124198738514,"***",1.44496331674959,1.96304023981724]
["ASFALTOS DILUÍDOS CR-250","2009-06-01","***","***",2.048666699541,1.62178017334778,1.77066666666667,2.04315790814239]
["ASFALTOS DILUÍDOS CR-250","2009-07-01","***",1.37852783695085,2.04978710732382,1.5477,2.223,1.98084345813792]
["ASFALTOS DILUÍDOS CR-250","2009-08-01","***",1.26075619436202,2.06877099434673,1.58386502115656,"***",1.98208973282843]
["ASFALTOS DILUÍDOS CR-250","2009-09-01","***",1.35370276335463,2.05405666020971,1.5477,"***",1.99758281622832]
["ASFALTOS DILUÍDOS CR-250","2009-10-01","***",1.34604821617294,2.10488158153364,"***","***",2.05749690624174]
["ASFALTOS DILUÍDOS CR-250","2009-11-01","***",1.34677479674797,2.04784447687511,1.66550344827586,"***",1.98235811803497]
["ASFALTOS DILUÍDOS CR-250","2009-12-01",2.0884,"***","***",1.5476,"***",2.05191746031746]
["ASFALTOS DILUÍDOS CR-250","2010-01-01",1.4896,1.35377765633211,"***",1.5476,"***",1.41232588637069]
["ASFALTOS DILUÍDOS CR-250","2010-02-01","***","***","***","***","***","***"]
["ASFALTOS DILUÍDOS CR-250","2010-03-01","***","***","***",1.54768,1.533,1.53617529780564]
["ASFALTOS DILUÍDOS CR-250","2010-04-01","***",1.37868,"***",1.54768,"***",1.39733857024565]
["ASFALTOS DILUÍDOS CR-250","2010-05-01","***",1.46934,"***",1.54768,"***",1.48714454545455]
["ASFALTOS DILUÍDOS CR-250","2010-06-01","***",1.2052,"***","***",1.54274803149606,1.33569802130898]
["ASFALTOS DILUÍDOS CR-250","2010-07-01","***","***","***",1.54768,"***",1.54768]
["ASFALTOS DILUÍDOS CR-250","2010-08-01","***","***","***","***","***","***"]
["ASFALTOS DILUÍDOS CR-250","2010-09-01","***","***","***",1.54768,1.72225,1.59902411764706]
["ASFALTOS DILUÍDOS CR-250","2010-10-01",1.6425,1.34763,"***","***","***",1.47193607488702]
["ASFALTOS DILUÍDOS CR-250","2010-11-01",1.59692,"***","***","***","***",1.59692]
["ASFALTOS DILUÍDOS CR-250","2010-12-01",1.59692,"***","***",1.54768,"***",1.59117823321555]
["ASFALTOS DILUÍDOS CR-250","2011-01-01",1.4896,"***","***",1.54768,"***",1.49209113576576]
["ASFALTOS DILUÍDOS CR-250","2011-02-01",1.4896,"***","***","***","***",1.4896]
["ASFALTOS DILUÍDOS CR-250","2011-03-01","***","***","***","***","***","***"]
["ASFALTOS DILUÍDOS CR-250","2011-04-01","***","***","***",1.6362,1.4339,1.52175895904437]
["ASFALTOS DILUÍDOS CR-250","2011-05-01","***","***","***","***","***","***"]
["ASFALTOS DILUÍDOS CR-250","2011-06-01","***","***","***",1.54767,"***",1.54767]
["ASFALTOS DILUÍDOS CR-250","2011-07-01",1.4896,"***","***","***",1.826,1.52804571428571]
["ASFALTOS DILUÍDOS CR-250","2011-08-01","***","***","***","***","***","***"]
["ASFALTOS DILUÍDOS CR-250","2011-09-01","***","***","***","***","***","***"]
["ASFALTOS DILUÍDOS CR-250","2011-10-01","***","***","***","***","***","***"]
["ASFALTOS DILUÍDOS CR-250","2011-11-01","***","***","***","***","***","***"]
["ASFALTOS DILUÍDOS CR-250","2011-12-01","***","***","***","***","***","***"]
["ASFALTOS DILUÍDOS CR-250","2012-01-01","***","***","***","***","***","***"]
["ASFALTOS DILUÍDOS CR-250","2012-02-01",1.4896,"***","***",1.57168,"***",1.51007031476998]
["ASFALTOS DILUÍDOS CR-250","2012-03-01","***","***","***","***","***","***"]
["ASFALTOS DILUÍDOS CR-250","2012-04-01","***","***","***","***","***","***"]
["ASFALTOS DILUÍDOS CR-250","2012-05-01","***","***","***","***",1.4344,1.4344]
["ASFALTOS DILUÍDOS CR-250","2012-06-01",1.4896,"***","***","***","***",1.4896]
["ASFALTOS DILUÍDOS CR-250","2012-07-01","***","***","***","***","***","***"]
["ASFALTOS DILUÍDOS CR-250","2012-08-01","***","***","***",1.6972,"***",1.6972]
["ASFALTOS DILUÍDOS CR-250","2012-09-01","***","***","***","***","***","***"]
["ASFALTOS DILUÍDOS CR-250","2012-10-01","***","***","***","***","***","***"]
["ASFALTOS DILUÍDOS CR-250","2012-11-01","***","***","***","***","***","***"]
["ASFALTOS DILUÍDOS CR-250","2012-12-01","***","***","***","***","***","***"]
["ASFALTOS DILUÍDOS CR-250","2013-01-01",1.95122,"***","***",1.39585,"***",1.46175899437851]
["ASFALTOS DILUÍDOS CR-250","2013-02-01",1.95122,"***","***","***","***",1.95122]
["ASFALTOS DILUÍDOS CR-250","2013-03-01",1.95122,"***","***","***","***",1.95122]
["ASFALTOS DILUÍDOS CR-250","2013-04-01","***","***","***",1.7105,"***",1.7105]
["ASFALTOS DILUÍDOS CR-250","2013-05-01","***","***","***","***","***","***"]
["ASFALTOS DILUÍDOS CR-250","2013-06-01","***","***","***","***",1.3348,1.3348]
["ASFALTOS DILUÍDOS CR-250","2013-07-01","***","***","***","***","***","***"]
["ASFALTOS DILUÍDOS CR-250","2013-08-01","***","***","***",1.7069,"***",1.7069]
["ASFALTOS DILUÍDOS CR-250","2013-09-01","***","***","***","***","***","***"]
["ASFALTOS DILUÍDOS CR-250","2013-10-01","***","***","***",1.7071,"***",1.7071]
["ASFALTOS DILUÍDOS CR-250","2013-11-01","***","***","***","***","***","***"]
["ASFALTOS DILUÍDOS CR-250","2013-12-01","***","***","***","***","***","***"]
["ASFALTOS DILUÍDOS CR-250","2014-01-01","***","***","***",1.7055,"***",1.7055]
["ASFALTOS DILUÍDOS CR-250","2014-02-01","***","***","***","***","***","***"]
["ASFALTOS DILUÍDOS CR-250","2014-03-01","***","***","***","***","***","***"]
["ASFALTOS DILUÍDOS CR-250","2014-04-01","***","***","***","***","***","***"]
["ASFALTOS DILUÍDOS CR-250","2014-05-01","***","***","***","***",1.334,1.334]
["ASFALTOS DILUÍDOS CR-250","2014-06-01","***","***","***","***",1.7875,1.7875]
["ASFALTOS DILUÍDOS CR-250","2014-07-01","***","***","***","***","***","***"]
["ASFALTOS DILUÍDOS CR-250","2014-08-01","***","***","***",1.7022,"***",1.7022]
["ASFALTOS DILUÍDOS CR-250","2014-09-01","***","***","***",1.7039,"***",1.7039]
["ASFALTOS DILUÍDOS CR-250","2014-10-01","***","***","***",1.703,"***",1.703]
["ASFALTOS DILUÍDOS CR-250","2014-11-01","***","***","***","***","***","***"]
["ASFALTOS DILUÍDOS CR-250","2014-12-01","***","***","***","***","***","***"]
["ASFALTOS DILUÍDOS CR-250","2015-01-01","***","***","***","***","***","***"]
["ASFALTOS DILUÍDOS CR-250","2015-02-01","***","***","***","***",1.5871,1.5871]
["ASFALTOS DILUÍDOS CR-250","2015-03-01","***","***","***","***","***","***"]
["ASFALTOS DILUÍDOS CR-250","2015-04-01","***","***","***","***","***","***"]
["ASFALTOS DILUÍDOS CR-250","2015-05-01","***","***","***","***","***","***"]
["ASFALTOS DILUÍDOS CR-250","2015-06-01","***","***","***",2.3921,"***",2.3921]
["ASFALTOS DILUÍDOS CR-250","2015-07-01","***","***","***","***","***","***"]
["ASFALTOS DILUÍDOS CR-250","2015-08-01","***","***","***","***","***","***"]
["ASFALTOS DILUÍDOS CR-250","2015-09-01","***","***","***",2.3886,"***",2.3886]
["ASFALTOS DILUÍDOS CR-250","2015-10-01","***","***","***","***","***","***"]
["ASFALTOS DILUÍDOS CR-250","2015-11-01","***","***","***","***",1.2641,1.2641]
["ASFALTOS DILUÍDOS CR-250","2015-12-01","***","***","***","***","***","***"]
["ASFALTOS DILUÍDOS CR-250","2016-01-01","***","***","***","***","***","***"]
["ASFALTOS DILUÍDOS CR-250","2016-02-01","***","***","***","***","***","***"]
["ASFALTOS DILUÍDOS CR-250","2016-03-01","***","***","***","***","***","***"]
["ASFALTOS DILUÍDOS CR-250","2016-04-01","***","***","***","***","***","***"]
["ASFALTOS DILUÍDOS CR-250","2016-05-01","***","***","***","***","***","***"]
["ASFALTOS DILUÍDOS CR-250","2016-06-01","***","***","***","***","***","***"]
["ASFALTOS DILUÍDOS CR-250","2016-07-01","***","***","***","***","***","***"]
["ASFALTOS DILUÍDOS CR-250","2016-08-01","***","***","***","***","***","***"]
["ASFALTOS DILUÍDOS CR-250","2016-09-01","***","***","***","***","***","***"]
["ASFALTOS DILUÍDOS CR-250","2016-10-01","***","***","***","***","***","***"]
["ASFALTOS DILUÍDOS CR-250","2016-11-01","***","***","***","***","***","***"]
["ASFALTOS DILUÍDOS CR-250","2016-12-01","***","***","***","***","***","***"]
["ASFALTOS DILUÍDOS CR-250","2017-01-01","***","***","***","***","***","***"]
["ASFALTOS DILUÍDOS CR-250","2017-02-01","***","***","***","***","***","***"]
["ASFALTOS DILUÍDOS CR-250","2017-03-01","***","***","***","***","***","***"]
["ASFALTOS DILUÍDOS CR-250","2017-04-01","***","***","***","***","***","***"]
["ASFALTOS DILUÍDOS CR-250","2017-05-01","***","***","***","***","***","***"]
["ASFALTOS DILUÍDOS CR-250","2017-06-01","***","***","***","***","***","***"]
["ASFALTOS DILUÍDOS CR-250","2017-07-01","***","***","***","***","***","***"]
["ASFALTOS DILUÍDOS CR-250","2017-08-01","***","***","***","***","***","***"]
["ASFALTOS DILUÍDOS CR-250","2017-09-01","***","***","***","***","***","***"]
["ASFALTOS DILUÍDOS CR-250","2017-10-01","***","***","***","***","***","***"]
["ASFALTOS DILUÍDOS CR-250","2017-11-01","***","***","***","***","***","***"]
["ASFALTOS DILUÍDOS CR-250","2017-12-01","***","***","***","***","***","***"]
["ASFALTOS DILUÍDOS CR-250","2018-01-01","***","***","***","***","***","***"]
["ASFALTOS DILUÍDOS CR-250","2018-02-01","***","***","***","***","***","***"]
["ASFALTOS DILUÍDOS CR-250","2018-03-01","***","***","***","***","***","***"]
["ASFALTOS DILUÍDOS CR-250","2018-04-01","***","***","***","***","***","***"]
["ASFALTOS DILUÍDOS CR-250","2018-05-01","***","***","***","***","***","***"]
["ASFALTOS DILUÍDOS CR-250","2018-06-01","***","***","***","***","***","***"]
["ASFALTOS DILUÍDOS CR-250","2018-07-01","***","***","***","***","***","***"]
["ASFALTOS DILUÍDOS CR-250","2018-08-01","***","***","***","***","***","***"]
["ASFALTOS DILUÍDOS CR-250","2018-09-01","***","***","***","***","***","***"]
["ASFALTOS DILUÍDOS CR-250","2018-10-01","***","***","***","***","***","***"]
["ASFALTOS DILUÍDOS CR-250","2018-11-01","***","***","***","***","***","***"]
["ASFALTOS DILUÍDOS CR-250","2018-12-01","***","***","***","***","***","***"]
["ASFALTOS DILUÍDOS CR-250","2019-01-01","***","***","***","***","***","***"]
["ASFALTOS DILUÍDOS CR-250","2019-02-01","***","***","***","***","***","***"]
["ASFALTOS DILUÍDOS CR-250","2019-03-01","***","***","***","***","***","***"]
["ASFALTOS DILUÍDOS CR-250","2019-04-01","***","***","***","***","***","***"]
["ASFALTOS DILUÍDOS CR-250","2019-05-01","***","***","***","***","***","***"]
["ASFALTOS DILUÍDOS CR-250","2019-06-01","***","***","***","***","***","***"]
["ASFALTOS DILUÍDOS CR-250","2019-07-01","***","***","***","***","***","***"]
["ASFALTOS DILUÍDOS CR-250","2019-08-01","***","***","***","***","***","***"]
["ASFALTOS DILUÍDOS CR-250","2019-09-01","***","***","***","***","***","***"]
["ASFALTOS DILUÍDOS CR-250","2019-10-01","***","***","***","***","***","***"]
["ASFALTOS DILUÍDOS CR-250","2019-11-01","***","***","***","***","***","***"]
["ASFALTOS DILUÍDOS CR-250","2019-12-01","***","***","***","***","***","***"]
["ASFALTOS DILUÍDOS CR-250","2020-01-01","***","***","***","***","***","***"]
["ASFALTOS DILUÍDOS CR-250","2020-02-01","***","***","***","***","***","***"]
["ASFALTOS DILUÍDOS CR-250","2020-03-01","***","***","***","***","***","***"]
["ASFALTOS DILUÍDOS CR-250","2020-04-01","***","***","***","***","***","***"]
["ASFALTOS DILUÍDOS CR-250","2020-05-01","***","***","***","***","***","***"]
["ASFALTOS DILUÍDOS CR-250","2020-06-01","***","***","***","***","***","***"]
["ASFALTOS DILUÍDOS CR-250","2020-07-01","***","***","***","***","***","***"]
["ASFALTOS DILUÍDOS CR-250","2020-08-01","***","***","***","***","***","***"]
["ASFALTOS DILUÍDOS CR-250","2020-09-01","***","***","***","***","***","***"]
["ASFALTOS DILUÍDOS CR-250","2020-10-01","***","***","***","***","***","***"]
["ASFALTOS DILUÍDOS CR-250","2020-11-01","***","***","***","***","***","***"]
["ASFALTOS DILUÍDOS CR-250","2020-12-01","***","***","***","***","***","***"]
["ASFALTOS DILUÍDOS CR-250","2021-01-01","***","***","***","***","***","***"]
["ASFALTOS DILUÍDOS CR-250","2021-02-01","***","***","***","***","***","***"]
["ASFALTOS DILUÍDOS CR-250","2021-03-01","***","***","***","***","***","***"]
["ASFALTOS DILUÍDOS CR-250","2021-04-01","***","***","***","***","***","***"]
["ASFALTOS DILUÍDOS CR-250","2021-05-01","***","***","***","***","***","***"]
["ASFALTOS DILUÍDOS CR-250","2021-06-01","***","***","***","***","***","***"]
["ASFALTOS DILUÍDOS CR-250","2021-07-01","***","***","***","***","***","***"]
["ASFALTOS DILUÍDOS CR-250","2021-08-01","***","***","***","***","***","***"]
["ASFALTOS DILUÍDOS CR-250","2021-09-01","***","***","***","***","***","***"]
["ASFALTOS DILUÍDOS CR-250","2021-10-01","***","***","***","***","***","***"]
["ASFALTOS DILUÍDOS CR-250","2021-11-01","***","***","***","***","***","***"]
["ASFALTOS DILUÍDOS CR-250","2021-12-01","***","***","***","***","***","***"]
["ASFALTOS DILUÍDOS CR-250","2022-01-01","***","***","***","***","***","***"]
["ASFALTOS DILUÍDOS CR-250","2022-02-01","***","***","***","***","***","***"]
["ASFALTOS DILUÍDOS CR-250","2022-03-01","***","***","***","***","***","***"]
["ASFALTOS DILUÍDOS CR-250","2022-04-01","***","***","***","***","***","***"]
["ASFALTOS DILUÍDOS CR-250","2022-05-01","***","***","***","***","***","***"]
["ASFALTOS DILUÍDOS CR-250","2022-06-01","***","***","***","***","***","***"]
["ASFALTOS DILUÍDOS CR-250","2022-07-01","***","***","***","***","***","***"]
["ASFALTOS DILUÍDOS CR-250","2022-08-01","***","***","***","***","***","***"]
["ASFALTOS DILUÍDOS CR-250","2022-09-01","***","***","***","***","***","***"]
["ASFALTOS DILUÍDOS CR-250","2022-10-01","***","***","***","***","***","***"]
["ASFALTOS DILUÍDOS CR-250","2022-11-01","***","***","***","***","***","***"]
["ASFALTOS DILUÍDOS CR-250","2022-12-01","***","***","***","***","***","***"]
["ASFALTOS DILUÍDOS CR-250","2023-01-01","***","***","***","***","***","***"]
["ASFALTOS DILUÍDOS CR-250","2023-02-01","***","***","***","***","***","***"]
["ASFALTOS DILUÍDOS CR-250","2023-03-01","***","***","***","***","***","***"]
["ASFALTOS DILUÍDOS CR-250","2023-04-01","***","***","***","***","***","***"]
["ASFALTOS DILUÍDOS CR-250","2023-05-01","***","***","***","***","***","***"]
["ASFALTOS DILUÍDOS CR-250","2023-06-01","***","***","***","***","***","***"]
["ASFALTOS DILUÍDOS CR-250","2023-07-01","***","***","***","***","***","***"]
["ASFALTOS DILUÍDOS CR-250","2023-08-01","***","***","***","***","***","***"]
["ASFALTOS DILUÍDOS CR-250","2023-09-01","***","***","***","***","***","***"]
["ASFALTOS DILUÍDOS CR-250","2023-10-01","***","***","***","***","***","***"]
["ASFALTOS DILUÍDOS CR-250","2023-11-01","***","***","***","***","***","***"]
["ASFALTOS DILUÍDOS CR-250","2023-12-01","***","***","***","***","***","***"]
["ASFALTOS DILUÍDOS CR-250","2024-01-01","***","***","***","***","***","***"]
["ASFALTOS DILUÍDOS CR-250","2024-02-01","***","***","***","***","***","***"]
["ASFALTOS DILUÍDOS CR-250","2024-03-01","***","***","***","***","***","***"]
["ASFALTOS DILUÍDOS CR-250","2024-04-01","***","***","***","***","***","***"]
["ASFALTOS DILUÍDOS CR-250","2024-05-01","***","***","***","***","***","***"]
["ASFALTOS DILUÍDOS CR-250","2024-06-01","***","***","***","***","***","***"]
["ASFALTOS DILUÍDOS CR-250","2024-07-01","***","***","***","***","***","***"]
["ASFALTOS DILUÍDOS CR-250","2024-08-01","***","***","***","***","***","***"]
["ASFALTOS DILUÍDOS CR-70","2008-11-01","***","***","***","***","***","***"]
["ASFALTOS DILUÍDOS CR-70","2008-12-01","***","***","***",1.92362,"***",1.92362]
["ASFALTOS DILUÍDOS CR-70","2009-01-01","***","***","***","***","***","***"]
["ASFALTOS DILUÍDOS CR-70","2009-02-01","***","***","***","***","***","***"]
["ASFALTOS DILUÍDOS CR-70","2009-03-01","***","***","***","***","***","***"]
["ASFALTOS DILUÍDOS CR-70","2009-04-01","***","***","***","***","***","***"]
["ASFALTOS DILUÍDOS CR-70","2009-05-01","***","***","***","***","***","***"]
["ASFALTOS DILUÍDOS CR-70","2009-06-01","***","***","***","***","***","***"]
["ASFALTOS DILUÍDOS CR-70","2009-07-01","***","***","***","***","***","***"]
["ASFALTOS DILUÍDOS CR-70","2009-08-01","***","***","***","***","***","***"]
["ASFALTOS DILUÍDOS CR-70","2009-09-01","***","***","***","***","***","***"]
["ASFALTOS DILUÍDOS CR-70","2009-10-01","***","***","***","***","***","***"]
["ASFALTOS DILUÍDOS CR-70","2009-11-01","***","***","***","***","***","***"]
["ASFALTOS DILUÍDOS CR-70","2009-12-01","***","***","***","***","***","***"]
["ASFALTOS DILUÍDOS CR-70","2010-01-01","***","***","***","***","***","***"]
["ASFALTOS DILUÍDOS CR-70","2010-02-01","***","***","***","***","***","***"]
["ASFALTOS DILUÍDOS CR-70","2010-03-01","***","***","***","***","***","***"]
["ASFALTOS DILUÍDOS CR-70","2010-04-01","***","***","***","***","***","***"]
["ASFALTOS DILUÍDOS CR-70","2010-05-01","***","***","***","***","***","***"]
["ASFALTOS DILUÍDOS CR-70","2010-06-01","***","***","***","***","***","***"]
["ASFALTOS DILUÍDOS CR-70","2010-07-01","***","***","***","***","***","***"]
["ASFALTOS DILUÍDOS CR-70","2010-08-01","***","***","***","***","***","***"]
["ASFALTOS DILUÍDOS CR-70","2010-09-01","***","***","***","***","***","***"]
["ASFALTOS DILUÍDOS CR-70","2010-10-01","***","***","***","***","***","***"]
["ASFALTOS DILUÍDOS CR-70","2010-11-01","***","***","***","***","***","***"]
["ASFALTOS DILUÍDOS CR-70","2010-12-01","***","***","***","***","***","***"]
["ASFALTOS DILUÍDOS CR-70","2011-01-01","***","***","***","***","***","***"]
["ASFALTOS DILUÍDOS CR-70","2011-02-01","***","***","***","***","***","***"]
["ASFALTOS DILUÍDOS CR-70","2011-03-01","***","***","***","***","***","***"]
["ASFALTOS DILUÍDOS CR-70","2011-04-01","***","***","***","***","***","***"]
["ASFALTOS DILUÍDOS CR-70","2011-05-01","***","***","***","***","***","***"]
["ASFALTOS DILUÍDOS CR-70","2011-06-01","***","***","***","***","***","***"]
["ASFALTOS DILUÍDOS CR-70","2011-07-01","***","***","***","***","***","***"]
["ASFALTOS DILUÍDOS CR-70","2011-08-01","***","***","***","***","***","***"]
["ASFALTOS DILUÍDOS CR-70","2011-09-01","***","***","***","***","***","***"]
["ASFALTOS DILUÍDOS CR-70","2011-10-01","***","***","***","***","***","***"]
["ASFALTOS DILUÍDOS CR-70","2011-11-01","***","***","***","***","***","***"]
["ASFALTOS DILUÍDOS CR-70","2011-12-01","***","***","***","***","***","***"]
["ASFALTOS DILUÍDOS CR-70","2012-01-01","***","***","***","***","***","***"]
["ASFALTOS DILUÍDOS CR-70","2012-02-01","***","***","***","***","***","***"]
["ASFALTOS DILUÍDOS CR-70","2012-03-01","***","***","***","***","***","***"]
["ASFALTOS DILUÍDOS CR-70","2012-04-01","***","***","***","***","***","***"]
["ASFALTOS DILUÍDOS CR-70","2012-05-01","***","***","***","***","***","***"]
["ASFALTOS DILUÍDOS CR-70","2012-06-01","***","***","***","***","***","***"]
["ASFALTOS DILUÍDOS CR-70","2012-07-01","***","***","***","***","***","***"]
["ASFALTOS DILUÍDOS CR-70","2012-08-01","***","***","***","***","***","***"]
["ASFALTOS DILUÍDOS CR-70","2012-09-01","***","***","***","***","***","***"]
["ASFALTOS DILUÍDOS CR-70","2012-10-01","***","***","***","***","***","***"]
["ASFALTOS DILUÍDOS CR-70","2012-11-01","***","***","***","***","***","***"]
["ASFALTOS DILUÍDOS CR-70","2012-12-01","***","***","***","***","***","***"]
["ASFALTOS DILUÍDOS CR-70","2013-01-01","***","***","***","***","***","***"]
["ASFALTOS DILUÍDOS CR-70","2013-02-01","***","***","***","***","***","***"]
["ASFALTOS DILUÍDOS CR-70","2013-03-01","***","***","***","***","***","***"]
["ASFALTOS DILUÍDOS CR-70","2013-04-01","***","***","***","***","***","***"]
["ASFALTOS DILUÍDOS CR-70","2013-05-01","***","***","***","***","***","***"]
["ASFALTOS DILUÍDOS CR-70","2013-06-01","***","***","***","***","***","***"]
["ASFALTOS DILUÍDOS CR-70","2013-07-01","***","***","***","***","***","***"]
["ASFALTOS DILUÍDOS CR-70","2013-08-01","***","***","***","***","***","***"]
["ASFALTOS DILUÍDOS CR-70","2013-09-01","***","***","***","***","***","***"]
["ASFALTOS DILUÍDOS CR-70","2013-10-01","***","***","***","***","***","***"]
["ASFALTOS DILUÍDOS CR-70","2013-11-01","***","***","***","***","***","***"]
["ASFALTOS DILUÍDOS CR-70","2013-12-01","***","***","***","***","***","***"]
["ASFALTOS DILUÍDOS CR-70","2014-01-01","***","***","***","***","***","***"]
["ASFALTOS DILUÍDOS CR-70","2014-02-01","***","***","***","***","***","***"]
["ASFALTOS DILUÍDOS CR-70","2014-03-01","***","***","***","***","***","***"]
["ASFALTOS DILUÍDOS CR-70","2014-04-01","***","***","***","***","***","***"]
["ASFALTOS DILUÍDOS CR-70","2014-05-01","***","***","***","***","***","***"]
["ASFALTOS DILUÍDOS CR-70","2014-06-01","***","***","***","***","***","***"]
["ASFALTOS DILUÍDOS CR-70","2014-07-01","***","***","***","***","***","***"]
["ASFALTOS DILUÍDOS CR-70","2014-08-01","***","***","***","***","***","***"]
["ASFALTOS DILUÍDOS CR-70","2014-09-01","***","***","***","***","***","***"]
["ASFALTOS DILUÍDOS CR-70","2014-10-01","***","***","***","***","***","***"]
["ASFALTOS DILUÍDOS CR-70","2014-11-01","***","***","***","***","***","***"]
["ASFALTOS DILUÍDOS CR-70","2014-12-01","***","***","***","***","***","***"]
["ASFALTOS DILUÍDOS CR-70","2015-01-01","***","***","***","***","***","***"]
["ASFALTOS DILUÍDOS CR-70","2015-02-01","***","***","***","***","***","***"]
["ASFALTOS DILUÍDOS CR-70","2015-03-01","***","***","***","***","***","***"]
["ASFALTOS DILUÍDOS CR-70","2015-04-01","***","***","***","***","***","***"]
["ASFALTOS DILUÍDOS CR-70","2015-05-01","***","***","***","***","***","***"]
["ASFALTOS DILUÍDOS CR-70","2015-06-01","***","***","***","***","***","***"]
["ASFALTOS DILUÍDOS CR-70","2015-07-01","***","***","***","***","***","***"]
["ASFALTOS DILUÍDOS CR-70","2015-08-01","***","***","***","***","***","***"]
["ASFALTOS DILUÍDOS CR-70","2015-09-01","***","***","***","***","***","***"]
["ASFALTOS DILUÍDOS CR-70","2015-10-01","***","***","***","***","***","***"]
["ASFALTOS DILUÍDOS CR-70","2015-11-01","***","***","***","***","***","***"]
["ASFALTOS DILUÍDOS CR-70","2015-12-01","***","***","***","***","***","***"]
["ASFALTOS DILUÍDOS CR-70","2016-01-01","***","***","***","***","***","***"]
["ASFALTOS DILUÍDOS CR-70","2016-02-01","***","***","***","***","***","***"]
["ASFALTOS DILUÍDOS CR-70","2016-03-01","***","***","***","***","***","***"]
["ASFALTOS DILUÍDOS CR-70","2016-04-01","***","***","***","***","***","***"]
["ASFALTOS DILUÍDOS CR-70","2016-05-01","***","***","***","***","***","***"]
["ASFALTOS DILUÍDOS CR-70","2016-06-01","***","***","***","***","***","***"]
["ASFALTOS DILUÍDOS CR-70","2016-07-01","***","***","***","***","***","***"]
["ASFALTOS DILUÍDOS CR-70","2016-08-01","***","***","***","***","***","***"]
["ASFALTOS DILUÍDOS CR-70","2016-09-01","***","***","***","***","***","***"]
["ASFALTOS DILUÍDOS CR-70","2016-10-01","***","***","***","***","***","***"]
["ASFALTOS DILUÍDOS CR-70","2016-11-01","***","***","***","***","***","***"]
["ASFALTOS DILUÍDOS CR-70","2016-12-01","***","***","***","***","***","***"]
["ASFALTOS DILUÍDOS CR-70","2017-01-01","***","***","***","***","***","***"]
["ASFALTOS DILUÍDOS CR-70","2017-02-01","***","***","***","***","***","***"]
["ASFALTOS DILUÍDOS CR-70","2017-03-01","***","***","***","***","***","***"]
["ASFALTOS DILUÍDOS CR-70","2017-04-01","***","***","***","***","***","***"]
["ASFALTOS DILUÍDOS CR-70","2017-05-01","***","***","***","***","***","***"]
["ASFALTOS DILUÍDOS CR-70","2017-06-01","***","***","***","***","***","***"]
["ASFALTOS DILUÍDOS CR-70","2017-07-01","***","***","***","***","***","***"]
["ASFALTOS DILUÍDOS CR-70","2017-08-01","***","***","***","***","***","***"]
["ASFALTOS DILUÍDOS CR-70","2017-09-01","***","***","***","***","***","***"]
["ASFALTOS DILUÍDOS CR-70","2017-10-01","***","***","***","***","***","***"]
["ASFALTOS DILUÍDOS CR-70","2017-11-01","***","***","***","***","***","***"]
["ASFALTOS DILUÍDOS CR-70","2017-12-01","***","***","***","***","***","***"]
["ASFALTOS DILUÍDOS CR-70","2018-01-01","***","***","***","***","***","***"]
["ASFALTOS DILUÍDOS CR-70","2018-02-01","***","***","***","***","***","***"]
["ASFALTOS DILUÍDOS CR-70","2018-03-01","***","***","***","***","***","***"]
["ASFALTOS DILUÍDOS CR-70","2018-04-01","***","***","***","***","***","***"]
["ASFALTOS DILUÍDOS CR-70","2018-05-01","***","***","***","***","***","***"]
["ASFALTOS DILUÍDOS CR-70","2018-06-01","***","***","***","***","***","***"]
["ASFALTOS DILUÍDOS CR-70","2018-07-01","***","***","***","***","***","***"]
["ASFALTOS DILUÍDOS CR-70","2018-08-01","***","***","***","***","***","***"]
["ASFALTOS DILUÍDOS CR-70","2018-09-01","***","***","***","***","***","***"]
["ASFALTOS DILUÍDOS CR-70","2018-10-01","***","***","***","***","***","***"]
["ASFALTOS DILUÍDOS CR-70","2018-11-01","***","***","***","***","***","***"]
["ASFALTOS DILUÍDOS CR-70","2018-12-01","***","***","***","***","***","***"]
["ASFALTOS DILUÍDOS CR-70","2019-01-01","***","***","***","***","***","***"]
["ASFALTOS DILUÍDOS CR-70","2019-02-01","***","***","***","***","***","***"]
["ASFALTOS DILUÍDOS CR-70","2019-03-01","***","***","***","***","***","***"]
["ASFALTOS DILUÍDOS CR-70","2019-04-01","***","***","***","***","***","***"]
["ASFALTOS DILUÍDOS CR-70","2019-05-01","***","***","***","***","***","***"]
["ASFALTOS DILUÍDOS CR-70","2019-06-01","***","***","***","***","***","***"]
["ASFALTOS DILUÍDOS CR-70","2019-07-01","***","***","***","***","***","***"]
["ASFALTOS DILUÍDOS CR-70","2019-08-01","***","***","***","***","***","***"]
["ASFALTOS DILUÍDOS CR-70","2019-09-01","***","***","***","***","***","***"]
["ASFALTOS DILUÍDOS CR-70","2019-10-01","***","***","***","***","***","***"]
["ASFALTOS DILUÍDOS CR-70","2019-11-01","***","***","***","***","***","***"]
["ASFALTOS DILUÍDOS CR-70","2019-12-01","***","***","***","***","***","***"]
["ASFALTOS DILUÍDOS CR-70","2020-01-01","***","***","***","***","***","***"]
["ASFALTOS DILUÍDOS CR-70","2020-02-01","***","***","***","***","***","***"]
["ASFALTOS DILUÍDOS CR-70","2020-03-01","***","***","***","***","***","***"]
["ASFALTOS DILUÍDOS CR-70","2020-04-01","***","***","***","***","***","***"]
["ASFALTOS DILUÍDOS CR-70","2020-05-01","***","***","***","***","***","***"]
["ASFALTOS DILUÍDOS CR-70","2020-06-01","***","***","***","***","***","***"]
["ASFALTOS DILUÍDOS CR-70","2020-07-01","***","***","***","***","***","***"]
["ASFALTOS DILUÍDOS CR-70","2020-08-01","***","***","***","***","***","***"]
["ASFALTOS DILUÍDOS CR-70","2020-09-01","***","***","***","***","***","***"]
["ASFALTOS DILUÍDOS CR-70","2020-10-01","***","***","***","***","***","***"]
["ASFALTOS DILUÍDOS CR-70","2020-11-01","***","***","***","***","***","***"]
["ASFALTOS DILUÍDOS CR-70","2020-12-01","***","***","***","***","***","***"]
["ASFALTOS DILUÍDOS CR-70","2021-01-01","***","***","***","***","***","***"]
["ASFALTOS DILUÍDOS CR-70","2021-02-01","***","***","***","***","***","***"]
["ASFALTOS DILUÍDOS CR-70","2021-03-01","***","***","***","***","***","***"]
["ASFALTOS DILUÍDOS CR-70","2021-04-01","***","***","***","***","***","***"]
["ASFALTOS DILUÍDOS CR-70","2021-05-01","***","***","***","***","***","***"]
["ASFALTOS DILUÍDOS CR-70","2021-06-01","***","***","***","***","***","***"]
["ASFALTOS DILUÍDOS CR-70","2021-07-01","***","***","***","***","***","***"]
["ASFALTOS DILUÍDOS CR-70","2021-08-01","***","***","***","***","***","***"]
["ASFALTOS DILUÍDOS CR-70","2021-09-01","***","***","***","***","***","***"]
["ASFALTOS DILUÍDOS CR-70","2021-10-01","***","***","***","***","***","***"]
["ASFALTOS DILUÍDOS CR-70","2021-11-01","***","***","***","***","***","***"]
["ASFALTOS DILUÍDOS CR-70","2021-12-01","***","***","***","***","***","***"]
["ASFALTOS DILUÍDOS CR-70","2022-01-01","***","***","***","***","***","***"]
["ASFALTOS DILUÍDOS CR-70","2022-02-01","***","***","***","***","***","***"]
["ASFALTOS DILUÍDOS CR-70","2022-03-01","***","***","***","***","***","***"]
["ASFALTOS DILUÍDOS CR-70","2022-04-01","***","***","***","***","***","***"]
["ASFALTOS DILUÍDOS CR-70","2022-05-01","***","***","***","***","***","***"]
["ASFALTOS DILUÍDOS CR-70","2022-06-01","***","***","***","***","***","***"]
["ASFALTOS DILUÍDOS CR-70","2022-07-01","***","***","***","***","***","***"]
["ASFALTOS DILUÍDOS CR-70","2022-08-01","***","***","***","***","***","***"]
["ASFALTOS DILUÍDOS CR-70","2022-09-01","***","***","***","***","***","***"]
["ASFALTOS DILUÍDOS CR-70","2022-10-01","***","***","***","***","***","***"]
["ASFALTOS DILUÍDOS CR-70","2022-11-01","***","***","***","***","***","***"]
["ASFALTOS DILUÍDOS CR-70","2022-12-01","***","***","***","***","***","***"]
["ASFALTOS DILUÍDOS CR-70","2023-01-01","***","***","***","***","***","***"]
["ASFALTOS DILUÍDOS CR-70","2023-02-01","***","***","***","***","***","***"]
["ASFALTOS DILUÍDOS CR-70","2023-03-01","***","***","***","***","***","***"]
["ASFALTOS DILUÍDOS CR-70","2023-04-01","***","***","***","***","***","***"]
["ASFALTOS DILUÍDOS CR-70","2023-05-01","***","***","***","***","***","***"]
["ASFALTOS DILUÍDOS CR-70","2023-06-01","***","***","***","***","***","***"]
["ASFALTOS DILUÍDOS CR-70","2023-07-01","***","***","***","***","***","***"]
["ASFALTOS DILUÍDOS CR-70","2023-08-01","***","***","***","***","***","***"]
["ASFALTOS DILUÍDOS CR-70","2023-09-01","***","***","***","***","***","***"]
["ASFALTOS DILUÍDOS CR-70","2023-10-01","***","***","***","***","***","***"]
["ASFALTOS DILUÍDOS CR-70","2023-11-01","***","***","***","***","***","***"]
["ASFALTOS DILUÍDOS CR-70","2023-12-01","***","***","***","***","***","***"]
["ASFALTOS DILUÍDOS CR-70","2024-01-01","***","***","***","***","***","***"]
["ASFALTOS DILUÍDOS CR-70","2024-02-01","***","***","***","***","***","***"]
["ASFALTOS DILUÍDOS CR-70","2024-03-01","***","***","***","***","***","***"]
["ASFALTOS DILUÍDOS CR-70","2024-04-01","***","***","***","***","***","***"]
["ASFALTOS DILUÍDOS CR-70","2024-05-01","***","***","***","***","***","***"]
["ASFALTOS DILUÍDOS CR-70","2024-06-01","***","***","***","***","***","***"]
["ASFALTOS DILUÍDOS CR-70","2024-07-01","***","***","***","***","***","***"]
["ASFALTOS DILUÍDOS CR-70","2024-08-01","***","***","***","***","***","***"]
["CAP MODIFICADO POR BORRACHA DE PNEU AB22","2009-12-01","***","***","***",1.123465,1.14841602384517,1.14352879836629]
["CAP MODIFICADO POR BORRACHA DE PNEU AB22","2010-01-01","***","***","***",1.15307,1.11355689543527,1.11727379781872]
["CAP MODIFICADO POR BORRACHA DE PNEU AB22","2010-02-01","***","***","***",1.15263,1.0478505613046,1.05584250609796]
["CAP MODIFICADO POR BORRACHA DE PNEU AB22","2010-03-01","***","***","***",1.15307,1.31,1.23787552880398]
["CAP MODIFICADO POR BORRACHA DE PNEU AB22","2010-04-01","***","***","***",1.15307,1.2383678377406,1.22350010471593]
["CAP MODIFICADO POR BORRACHA DE PNEU AB22","2010-05-01","***","***","***",1.15307,1.33598924774323,1.2764934501895]
["CAP MODIFICADO POR BORRACHA DE PNEU AB22","2010-06-01","***","***","***",1.15307,1.23805302172289,1.23292365204744]
["CAP MODIFICADO POR BORRACHA DE PNEU AB22","2010-07-01","***","***","***",1.22255129215116,1.19691654370939,1.1987192796909]
["CAP MODIFICADO POR BORRACHA DE PNEU AB22","2010-08-01","***","***","***",1.15198,1.10951533400309,1.11015994296941]
["CAP MODIFICADO POR BORRACHA DE PNEU AB22","2010-09-01","***","***","***",1.14992443589224,1.10835866411113,1.11018411791916]
["CAP MODIFICADO POR BORRACHA DE PNEU AB22","2010-10-01","***","***","***",1.18340258631817,1.11934211231611,1.12604694560775]
["CAP MODIFICADO POR BORRACHA DE PNEU AB22","2010-11-01","***","***","***",1.22886443305187,1.06414014881364,1.08885110158067]
["CAP MODIFICADO POR BORRACHA DE PNEU AB22","2010-12-01","***","***","***",1.24628,1.07197751535279,1.07893235184097]
["CAP MODIFICADO POR BORRACHA DE PNEU AB22","2011-01-01","***","***","***",1.24628,0.986896948326913,1.03500259773603]
["CAP MODIFICADO POR BORRACHA DE PNEU AB22","2011-02-01","***","***","***",1.22263095851776,1.09275169426462,1.11805610644728]
["CAP MODIFICADO POR BORRACHA DE PNEU AB22","2011-03-01","***","***","***",1.23556025335056,1.09455771184085,1.14616859610891]
["CAP MODIFICADO POR BORRACHA DE PNEU AB22","2011-04-01","***","***","***",1.10591893363101,1.08143331705332,1.09980965107895]
["CAP MODIFICADO POR BORRACHA DE PNEU AB22","2011-05-01","***","***","***",1.12767874276006,1.17281046651747,1.13454516192397]
["CAP MODIFICADO POR BORRACHA DE PNEU AB22","2011-06-01","***","***","***",1.10881648208522,1.04174121565362,1.09883215980059]
["CAP MODIFICADO POR BORRACHA DE PNEU AB22","2011-07-01","***","***","***",1.16905082660696,1.19844243575537,1.17702278002004]
["CAP MODIFICADO POR BORRACHA DE PNEU AB22","2011-08-01","***","***","***",1.17398939415592,1.19788061479924,1.17701568210241]
["CAP MODIFICADO POR BORRACHA DE PNEU AB22","2011-09-01","***","***","***",1.21206134285992,1.19754998609179,1.20946360319089]
["CAP MODIFICADO POR BORRACHA DE PNEU AB22","2011-10-01","***","***","***",1.28062079261243,1.05204504663116,1.19023026800578]
["CAP MODIFICADO POR BORRACHA DE PNEU AB22","2011-11-01","***","***","***",1.23827088142907,1.05597039475261,1.16512327807188]
["CAP MODIFICADO POR BORRACHA DE PNEU AB22","2011-12-01","***","***","***",1.27929694805836,1.1310173506943,1.23204237484196]
["CAP MODIFICADO POR BORRACHA DE PNEU AB22","2012-01-01","***","***","***",1.28229887431821,1.17346682510885,1.2535014543418]
["CAP MODIFICADO POR BORRACHA DE PNEU AB22","2012-02-01","***","***","***",1.29660075602638,1.07840725864584,1.22349632035192]
["CAP MODIFICADO POR BORRACHA DE PNEU AB22","2012-03-01","***","***","***",1.29781835631012,1.14579790525495,1.23042711225724]
["CAP MODIFICADO POR BORRACHA DE PNEU AB22","2012-04-01","***","***","***",1.29488572339705,1.04996731285895,1.15352643920007]
["CAP MODIFICADO POR BORRACHA DE PNEU AB22","2012-05-01","***","***","***",1.33,1.14880803211425,1.16606964555968]
["CAP MODIFICADO POR BORRACHA DE PNEU AB22","2012-06-01","***","***","***","***",1.1093051257435,1.1093051257435]
["CAP MODIFICADO POR BORRACHA DE PNEU AB22","2012-07-01","***","***","***","***",1.16358684022887,1.16358684022887]
["CAP MODIFICADO POR BORRACHA DE PNEU AB22","2012-08-01","***","***","***",1.06374,1.14140617138184,1.13630619355763]
["CAP MODIFICADO POR BORRACHA DE PNEU AB22","2012-09-01","***","***","***",1.06374,1.27977738874656,1.20691809332159]
["CAP MODIFICADO POR BORRACHA DE PNEU AB22","2012-10-01","***","***","***",1.06867,1.2379055871702,1.21588767247199]
["CAP MODIFICADO POR BORRACHA DE PNEU AB22","2012-11-01","***","***","***","***",1.26174773969631,1.26174773969631]
["CAP MODIFICADO POR BORRACHA DE PNEU AB22","2012-12-01","***","***","***","***",1.31180675726689,1.31180675726689]
["CAP MODIFICADO POR BORRACHA DE PNEU AB22","2013-01-01","***","***","***","***",1.29059891459513,1.29059891459513]
["CAP MODIFICADO POR BORRACHA DE PNEU AB22","2013-02-01","***","***","***","***",1.15569691154971,1.15569691154971]
["CAP MODIFICADO POR BORRACHA DE PNEU AB22","2013-03-01","***","***","***","***",1.3072032579042,1.3072032579042]
["CAP MODIFICADO POR BORRACHA DE PNEU AB22","2013-04-01","***","***","***","***",1.19642693878824,1.19642693878824]
["CAP MODIFICADO POR BORRACHA DE PNEU AB22","2013-05-01","***","***","***","***",1.2685492001459,1.2685492001459]
["CAP MODIFICADO POR BORRACHA DE PNEU AB22","2013-06-01","***","***","***","***",1.15636300364002,1.15636300364002]
["CAP MODIFICADO POR BORRACHA DE PNEU AB22","2013-07-01","***","***","***","***",1.28725862182348,1.28725862182348]
["CAP MODIFICADO POR BORRACHA DE PNEU AB22","2013-08-01","***","***","***","***",1.3293076114274,1.3293076114274]
["CAP MODIFICADO POR BORRACHA DE PNEU AB22","2013-09-01","***","***","***","***","***","***"]
["CAP MODIFICADO POR BORRACHA DE PNEU AB22","2013-10-01","***","***","***","***","***","***"]
["CAP MODIFICADO POR BORRACHA DE PNEU AB22","2013-11-01","***","***","***",1.2402,"***",1.2402]
["CAP MODIFICADO POR BORRACHA DE PNEU AB22","2013-12-01","***","***","***",1.2402,"***",1.2402]
["CAP MODIFICADO POR BORRACHA DE PNEU AB22","2014-01-01","***","***","***",1.2376,"***",1.2376]
["CAP MODIFICADO POR BORRACHA DE PNEU AB22","2014-02-01","***","***","***",1.2376,"***",1.2376]
["CAP MODIFICADO POR BORRACHA DE PNEU AB22","2014-03-01","***","***","***",1.258,1.5686,1.28524816648822]
["CAP MODIFICADO POR BORRACHA DE PNEU AB22","2014-04-01","***","***","***",1.2567,"***",1.2567]
["CAP MODIFICADO POR BORRACHA DE PNEU AB22","2014-05-01","***","***","***",1.26485285091997,"***",1.26485285091997]
["CAP MODIFICADO POR BORRACHA DE PNEU AB22","2014-06-01","***","***","***",1.26965625574373,"***",1.26965625574373]
["CAP MODIFICADO POR BORRACHA DE PNEU AB22","2014-07-01","***","***","***",1.2954,"***",1.2954]
["CAP MODIFICADO POR BORRACHA DE PNEU AB22","2014-08-01","***","***","***",1.31185050578693,"***",1.31185050578693]
["CAP MODIFICADO POR BORRACHA DE PNEU AB22","2014-09-01","***","***","***","***","***","***"]
["CAP MODIFICADO POR BORRACHA DE PNEU AB22","2014-10-01","***","***","***","***",1.24963657289003,1.24963657289003]
["CAP MODIFICADO POR BORRACHA DE PNEU AB22","2014-11-01","***","***","***","***","***","***"]
["CAP MODIFICADO POR BORRACHA DE PNEU AB22","2014-12-01","***","***","***","***","***","***"]
["CAP MODIFICADO POR BORRACHA DE PNEU AB22","2015-01-01","***","***","***","***","***","***"]
["CAP MODIFICADO POR BORRACHA DE PNEU AB22","2015-02-01","***","***","***","***","***","***"]
["CAP MODIFICADO POR BORRACHA DE PNEU AB22","2015-03-01","***","***","***","***","***","***"]
["CAP MODIFICADO POR BORRACHA DE PNEU AB22","2015-04-01","***","***","***","***","***","***"]
["CAP MODIFICADO POR BORRACHA DE PNEU AB22","2015-05-01","***","***","***","***","***","***"]
["CAP MODIFICADO POR BORRACHA DE PNEU AB22","2015-06-01","***","***","***","***","***","***"]
["CAP MODIFICADO POR BORRACHA DE PNEU AB22","2015-07-01","***","***","***","***","***","***"]
["CAP MODIFICADO POR BORRACHA DE PNEU AB22","2015-08-01","***","***","***",1.2886,1.575,1.43168759321443]
["CAP MODIFICADO POR BORRACHA DE PNEU AB22","2015-09-01","***","***","***",1.34940401695297,1.63024999771088,1.46059448885264]
["CAP MODIFICADO POR BORRACHA DE PNEU AB22","2015-10-01","***","***","***",1.38312191948101,1.67199,1.46172395044582]
["CAP MODIFICADO POR BORRACHA DE PNEU AB22","2015-11-01","***","***","***",1.47754997256666,"***",1.47754997256666]
["CAP MODIFICADO POR BORRACHA DE PNEU AB22","2015-12-01","***","***","***","***","***","***"]
["CAP MODIFICADO POR BORRACHA DE PNEU AB22","2016-01-01","***","***","***","***","***","***"]
["CAP MODIFICADO POR BORRACHA DE PNEU AB22","2016-02-01","***","***","***","***","***","***"]
["CAP MODIFICADO POR BORRACHA DE PNEU AB22","2016-03-01","***","***","***","***",1.6474,1.6474]
["CAP MODIFICADO POR BORRACHA DE PNEU AB22","2016-04-01","***","***","***","***",1.9315,1.9315]
["CAP MODIFICADO POR BORRACHA DE PNEU AB22","2016-05-01","***","***","***","***",1.9306,1.9306]
["CAP MODIFICADO POR BORRACHA DE PNEU AB22","2016-06-01","***","***","***","***",1.9298,1.9298]
["CAP MODIFICADO POR BORRACHA DE PNEU AB22","2016-07-01","***","***","***","***",1.9291,1.9291]
["CAP MODIFICADO POR BORRACHA DE PNEU AB22","2016-08-01","***","***","***","***",1.75626579565393,1.75626579565393]
["CAP MODIFICADO POR BORRACHA DE PNEU AB22","2016-09-01","***","***",1.9316,1.70237608111738,1.6322832917768,1.68371566885369]
["CAP MODIFICADO POR BORRACHA DE PNEU AB22","2016-10-01","***","***",1.9358,1.7030172137301,1.61430205455537,1.72006962319735]
["CAP MODIFICADO POR BORRACHA DE PNEU AB22","2016-11-01","***","***",1.9358,"***",1.62578037915956,1.6876625635444]
["CAP MODIFICADO POR BORRACHA DE PNEU AB22","2016-12-01","***","***","***","***",1.68726217150853,1.68726217150853]
["CAP MODIFICADO POR BORRACHA DE PNEU AB22","2017-01-01","***","***","***","***",1.67340796989816,1.67340796989816]
["CAP MODIFICADO POR BORRACHA DE PNEU AB22","2017-02-01","***","***","***","***",1.64194293570105,1.64194293570105]
["CAP MODIFICADO POR BORRACHA DE PNEU AB22","2017-03-01","***","***","***","***",1.63011325718945,1.63011325718945]
["CAP MODIFICADO POR BORRACHA DE PNEU AB22","2017-04-01","***","***","***","***","***","***"]
["CAP MODIFICADO POR BORRACHA DE PNEU AB22","2017-05-01","***","***","***",1.7444,1.61607518008958,1.6507208966854]
["CAP MODIFICADO POR BORRACHA DE PNEU AB22","2017-06-01","***","***","***",1.73417588842698,1.61373363738558,1.67266366812657]
["CAP MODIFICADO POR BORRACHA DE PNEU AB22","2017-07-01","***","***","***","***",1.52186749024209,1.52186749024209]
["CAP MODIFICADO POR BORRACHA DE PNEU AB22","2017-08-01","***","***","***","***",1.51543070045386,1.51543070045386]
["CAP MODIFICADO POR BORRACHA DE PNEU AB22","2017-09-01","***","***","***","***",1.43008103000714,1.43008103000714]
["CAP MODIFICADO POR BORRACHA DE PNEU AB22","2017-10-01","***","***","***","***",1.65000834302386,1.65000834302386]
["CAP MODIFICADO POR BORRACHA DE PNEU AB22","2017-11-01","***","***","***","***",1.60113260726308,1.60113260726308]
["CAP MODIFICADO POR BORRACHA DE PNEU AB22","2017-12-01","***","***","***",1.67927,1.58672305341452,1.59022672179169]
["CAP MODIFICADO POR BORRACHA DE PNEU AB22","2018-01-01","***","***","***","***",1.90395177893795,1.90395177893795]
["CAP MODIFICADO POR BORRACHA DE PNEU AB22","2018-02-01","***","***","***","***",1.79221573142559,1.79221573142559]
["CAP MODIFICADO POR BORRACHA DE PNEU AB22","2018-03-01","***","***",2.0982,"***",2.02366599892723,2.03428269426556]
["CAP MODIFICADO POR BORRACHA DE PNEU AB22","2018-04-01","***","***",2.1002,"***",2.06748642506585,2.07406262256585]
["CAP MODIFICADO POR BORRACHA DE PNEU AB22","2018-05-01","***","***","***",1.8197,2.18752938960102,2.16138316649485]
["CAP MODIFICADO POR BORRACHA DE PNEU AB22","2018-06-01","***","***","***",1.9635,2.21242540399462,2.12022591116621]
["CAP MODIFICADO POR BORRACHA DE PNEU AB22","2018-07-01","***","***","***",2.1217,2.27665395307299,2.24296360251604]
["CAP MODIFICADO POR BORRACHA DE PNEU AB22","2018-08-01","***","***","***",2.29724191343964,2.39634968579153,2.37202426727916]
["CAP MODIFICADO POR BORRACHA DE PNEU AB22","2018-09-01","***","***","***",2.29419688593844,2.26473567103873,2.27076859734546]
["CAP MODIFICADO POR BORRACHA DE PNEU AB22","2018-10-01","***","***","***",2.29882848610985,2.33568485062714,2.32478311661893]
["CAP MODIFICADO POR BORRACHA DE PNEU AB22","2018-11-01","***","***","***","***",2.42982557346061,2.42982557346061]
["CAP MODIFICADO POR BORRACHA DE PNEU AB22","2018-12-01","***","***","***","***",2.71396302786425,2.71396302786425]
["CAP MODIFICADO POR BORRACHA DE PNEU AB22","2019-01-01","***","***","***","***",2.53960189757058,2.53960189757058]
["CAP MODIFICADO POR BORRACHA DE PNEU AB22","2019-02-01","***","***","***","***",2.88936194862073,2.88936194862073]
["CAP MODIFICADO POR BORRACHA DE PNEU AB22","2019-03-01","***","***","***","***",2.91027694798946,2.91027694798946]
["CAP MODIFICADO POR BORRACHA DE PNEU AB22","2019-04-01","***","***","***","***",3.00293169058119,3.00293169058119]
["CAP MODIFICADO POR BORRACHA DE PNEU AB22","2019-05-01","***","***","***","***",2.98352107519441,2.98352107519441]
["CAP MODIFICADO POR BORRACHA DE PNEU AB22","2019-06-01","***","***","***","***",3.0021841383602,3.0021841383602]
["CAP MODIFICADO POR BORRACHA DE PNEU AB22","2019-07-01","***","***","***","***",2.96313061968959,2.96313061968959]
["CAP MODIFICADO POR BORRACHA DE PNEU AB22","2019-08-01","***","***","***","***",2.91222229731135,2.91222229731135]
["CAP MODIFICADO POR BORRACHA DE PNEU AB22","2019-09-01","***","***","***","***",2.99734327402834,2.99734327402834]
["CAP MODIFICADO POR BORRACHA DE PNEU AB22","2019-10-01","***","***","***","***",2.97281684994651,2.97281684994651]
["CAP MODIFICADO POR BORRACHA DE PNEU AB22","2019-11-01","***","***","***","***",2.92578573309313,2.92578573309313]
["CAP MODIFICADO POR BORRACHA DE PNEU AB22","2019-12-01","***","***","***","***",2.92628665582111,2.92628665582111]
["CAP MODIFICADO POR BORRACHA DE PNEU AB22","2020-01-01","***","***","***","***",3.06148535707277,3.06148535707277]
["CAP MODIFICADO POR BORRACHA DE PNEU AB22","2020-02-01","***","***","***","***",2.94412497545481,2.94412497545481]
["CAP MODIFICADO POR BORRACHA DE PNEU AB22","2020-03-01","***","***","***",2.33381336564171,2.8701788772267,2.60264191401474]
["CAP MODIFICADO POR BORRACHA DE PNEU AB22","2020-04-01","***","***","***","***",2.66652694068374,2.66652694068374]
["CAP MODIFICADO POR BORRACHA DE PNEU AB22","2020-05-01","***","***","***","***",2.54515357908891,2.54515357908891]
["CAP MODIFICADO POR BORRACHA DE PNEU AB22","2020-06-01","***","***","***","***",2.5092568125,2.5092568125]
["CAP MODIFICADO POR BORRACHA DE PNEU AB22","2020-07-01","***","***","***","***",2.59246198552185,2.59246198552185]
["CAP MODIFICADO POR BORRACHA DE PNEU AB22","2020-08-01","***","***","***","***",2.72462333389896,2.72462333389896]
["CAP MODIFICADO POR BORRACHA DE PNEU AB22","2020-09-01","***","***","***","***",2.83532519731142,2.83532519731142]
["CAP MODIFICADO POR BORRACHA DE PNEU AB22","2020-10-01","***","***","***","***",2.92237073090903,2.92237073090903]
["CAP MODIFICADO POR BORRACHA DE PNEU AB22","2020-11-01","***","***","***","***",3.02336794103818,3.02336794103818]
["CAP MODIFICADO POR BORRACHA DE PNEU AB22","2020-12-01","***","***","***","***",2.75972169738418,2.75972169738418]
["CAP MODIFICADO POR BORRACHA DE PNEU AB22","2021-01-01","***","***","***","***",2.68982698839372,2.68982698839372]
["CAP MODIFICADO POR BORRACHA DE PNEU AB22","2021-02-01","***","***","***","***",2.9053264217353,2.9053264217353]
["CAP MODIFICADO POR BORRACHA DE PNEU AB22","2021-03-01","***","***","***","***",2.98232041044201,2.98232041044201]
["CAP MODIFICADO POR BORRACHA DE PNEU AB22","2021-04-01","***","***","***","***",2.98876479487925,2.98876479487925]
["CAP MODIFICADO POR BORRACHA DE PNEU AB22","2021-05-01","***","***","***",3.18985,"***",3.18985]
["CAP MODIFICADO POR BORRACHA DE PNEU AB22","2021-06-01","***","***","***",3.18985,3.43068424488908,3.3592222633833]
["CAP MODIFICADO POR BORRACHA DE PNEU AB22","2021-07-01","***","***",3.33216,3.18985,3.59975057955446,3.55079114586973]
["CAP MODIFICADO POR BORRACHA DE PNEU AB22","2021-08-01","***","***",3.48042,3.41946,3.76509191442902,3.6250442978492]
["CAP MODIFICADO POR BORRACHA DE PNEU AB22","2021-09-01","***","***",3.48769685188887,3.41946,3.7067812736464,3.57110465229687]
["CAP MODIFICADO POR BORRACHA DE PNEU AB22","2021-10-01","***","***",3.4891,"***",3.84273067140072,3.72671980109277]
["CAP MODIFICADO POR BORRACHA DE PNEU AB22","2021-11-01","***","***",3.83361253022975,"***",3.69441553673506,3.76007243624148]
["CAP MODIFICADO POR BORRACHA DE PNEU AB22","2021-12-01","***","***",3.8337,"***",4.0219128668427,3.97131670773191]
["CAP MODIFICADO POR BORRACHA DE PNEU AB22","2022-01-01","***","***","***","***",4.32824435066259,4.32824435066259]
["CAP MODIFICADO POR BORRACHA DE PNEU AB22","2022-02-01","***","***","***","***","***","***"]
["CAP MODIFICADO POR BORRACHA DE PNEU AB22","2022-03-01","***","***","***","***",4.10555734537443,4.10555734537443]
["CAP MODIFICADO POR BORRACHA DE PNEU AB22","2022-04-01","***","***","***","***",4.80644777561923,4.80644777561923]
["CAP MODIFICADO POR BORRACHA DE PNEU AB22","2022-05-01","***","***","***","***",4.34261545658469,4.34261545658469]
["CAP MODIFICADO POR BORRACHA DE PNEU AB22","2022-06-01","***","***","***",4.73407457042349,4.3603267557128,4.54335001805473]
["CAP MODIFICADO POR BORRACHA DE PNEU AB22","2022-07-01","***","***","***",4.82506184663611,4.47060224446503,4.66809277594009]
["CAP MODIFICADO POR BORRACHA DE PNEU AB22","2022-08-01","***","***",4.36579,4.71021,4.26371945470053,4.45023423696687]
["CAP MODIFICADO POR BORRACHA DE PNEU AB22","2022-09-01","***","***","***",4.46248976251667,4.35532289254788,4.42907868008086]
["CAP MODIFICADO POR BORRACHA DE PNEU AB22","2022-10-01","***","***","***",4.11825702880178,3.9235122437037,4.03911869465097]
["CAP MODIFICADO POR BORRACHA DE PNEU AB22","2022-11-01","***","***","***",4.18084083181304,3.7396840026283,4.00420461595979]
["CAP MODIFICADO POR BORRACHA DE PNEU AB22","2022-12-01","***","***","***",4.09506,3.8371325407279,4.01702720637584]
["CAP MODIFICADO POR BORRACHA DE PNEU AB22","2023-01-01","***","***","***","***",3.57402935987407,3.57402935987407]
["CAP MODIFICADO POR BORRACHA DE PNEU AB22","2023-02-01","***","***","***","***",3.62517985978013,3.62517985978013]
["CAP MODIFICADO POR BORRACHA DE PNEU AB22","2023-03-01","***","***","***","***",3.41897906718585,3.41897906718585]
["CAP MODIFICADO POR BORRACHA DE PNEU AB22","2023-04-01","***","***","***","***",3.64975677807487,3.64975677807487]
["CAP MODIFICADO POR BORRACHA DE PNEU AB22","2023-05-01","***","***","***",3.82083,3.51503875964793,3.69329465748009]
["CAP MODIFICADO POR BORRACHA DE PNEU AB22","2023-06-01","***","***","***",3.5966049338667,"***",3.5966049338667]
["CAP MODIFICADO POR BORRACHA DE PNEU AB22","2023-07-01","***","***","***",3.38003598714295,"***",3.38003598714295]
["CAP MODIFICADO POR BORRACHA DE PNEU AB22","2023-08-01","***","***","***",3.38003471116816,"***",3.38003471116816]
["CAP MODIFICADO POR BORRACHA DE PNEU AB22","2023-09-01","***","***","***","***","***","***"]
["CAP MODIFICADO POR BORRACHA DE PNEU AB22","2023-10-01","***","***","***","***","***","***"]
["CAP MODIFICADO POR BORRACHA DE PNEU AB22","2023-11-01","***","***","***","***","***","***"]
["CAP MODIFICADO POR BORRACHA DE PNEU AB22","2023-12-01","***","***","***","***","***","***"]
["CAP MODIFICADO POR BORRACHA DE PNEU AB22","2024-01-01","***","***","***","***","***","***"]
["CAP MODIFICADO POR BORRACHA DE PNEU AB22","2024-02-01","***","***","***","***","***","***"]
["CAP MODIFICADO POR BORRACHA DE PNEU AB22","2024-03-01","***","***","***","***","***","***"]
["CAP MODIFICADO POR BORRACHA DE PNEU AB22","2024-04-01","***","***","***","***","***","***"]
["CAP MODIFICADO POR BORRACHA DE PNEU AB22","2024-05-01","***","***","***","***","***","***"]
["CAP MODIFICADO POR BORRACHA DE PNEU AB22","2024-06-01","***","***","***","***","***","***"]
["CAP MODIFICADO POR BORRACHA DE PNEU AB22","2024-07-01","***","***","***","***","***","***"]
["CAP MODIFICADO POR BORRACHA DE PNEU AB22","2024-08-01","***","***","***","***","***","***"]
["CAP MODIFICADO POR BORRACHA DE PNEU AB8","2009-12-01","***",1.61917298981608,"***",1.06095235819394,1.30987759704975,1.2964571042515]
["CAP MODIFICADO POR BORRACHA DE PNEU AB8","2010-01-01","***",1.52873956380183,"***",1.04371364677307,1.23312769013706,1.24926279741791]
["CAP MODIFICADO POR BORRACHA DE PNEU AB8","2010-02-01","***",1.6189,"***",1.13432787504401,1.25944699316493,1.2953022436583]
["CAP MODIFICADO POR BORRACHA DE PNEU AB8","2010-03-01","***",1.53376939546313,"***",1.12032695477366,1.25874456834396,1.25447567722838]
["CAP MODIFICADO POR BORRACHA DE PNEU AB8","2010-04-01","***","***",1.5584,1.1320152246167,1.23349201456664,1.19587278327276]
["CAP MODIFICADO POR BORRACHA DE PNEU AB8","2010-05-01","***","***",1.5571,1.12687218545271,1.13585770033972,1.14481667936157]
["CAP MODIFICADO POR BORRACHA DE PNEU AB8","2010-06-01","***","***","***","***",1.10098526290389,1.10098526290389]
["CAP MODIFICADO POR BORRACHA DE PNEU AB8","2010-07-01","***","***","***","***",1.15759271796212,1.15759271796212]
["CAP MODIFICADO POR BORRACHA DE PNEU AB8","2010-08-01","***","***","***",1.14677616377184,1.13696461983119,1.13939012855648]
["CAP MODIFICADO POR BORRACHA DE PNEU AB8","2010-09-01","***","***","***",1.00592660417902,1.10571086273232,1.09127520200667]
["CAP MODIFICADO POR BORRACHA DE PNEU AB8","2010-10-01","***",1.5018,"***",1.0477,1.09833520772915,1.10349817590709]
["CAP MODIFICADO POR BORRACHA DE PNEU AB8","2010-11-01","***",1.46328889226561,"***",1.17657657249688,1.20322374180225,1.20739108890879]
["CAP MODIFICADO POR BORRACHA DE PNEU AB8","2010-12-01","***",1.4987,"***",1.16086774341432,1.21405732059893,1.21039229899638]
["CAP MODIFICADO POR BORRACHA DE PNEU AB8","2011-01-01","***",1.4987,"***",1.2286,1.07743576215413,1.09585223441868]
["CAP MODIFICADO POR BORRACHA DE PNEU AB8","2011-02-01","***","***","***","***",1.15316828624185,1.15316828624185]
["CAP MODIFICADO POR BORRACHA DE PNEU AB8","2011-03-01","***",1.499,"***",1.16898375564638,1.1981252852301,1.1968295138359]
["CAP MODIFICADO POR BORRACHA DE PNEU AB8","2011-04-01","***","***","***",1.00360645109135,1.1113628611714,1.10858853585537]
["CAP MODIFICADO POR BORRACHA DE PNEU AB8","2011-05-01","***",1.6555,"***",1.0112,1.08754338620108,1.09307472907116]
["CAP MODIFICADO POR BORRACHA DE PNEU AB8","2011-06-01","***",1.4972,"***",1.06949870785192,1.07942936980784,1.11463883488493]
["CAP MODIFICADO POR BORRACHA DE PNEU AB8","2011-07-01","***",1.6524,"***","***",1.06167280047466,1.13230283718045]
["CAP MODIFICADO POR BORRACHA DE PNEU AB8","2011-08-01","***","***","***",0.9768,1.05878763437244,1.05574106392212]
["CAP MODIFICADO POR BORRACHA DE PNEU AB8","2011-09-01","***","***","***",1.18659916789036,1.12612703841236,1.12751757522323]
["CAP MODIFICADO POR BORRACHA DE PNEU AB8","2011-10-01","***","***","***",0.9804,1.08119853699909,1.08004770917326]
["CAP MODIFICADO POR BORRACHA DE PNEU AB8","2011-11-01","***",1.6526,"***",1.1782,1.16903514532487,1.17877415675167]
["CAP MODIFICADO POR BORRACHA DE PNEU AB8","2011-12-01","***","***","***",1.10218302374844,1.26199891412703,1.18922165733537]
["CAP MODIFICADO POR BORRACHA DE PNEU AB8","2012-01-01","***","***","***",1.06617089114114,1.1428234076622,1.10218354522079]
["CAP MODIFICADO POR BORRACHA DE PNEU AB8","2012-02-01","***","***","***",1.10224991349481,1.25726687247061,1.1660677742649]
["CAP MODIFICADO POR BORRACHA DE PNEU AB8","2012-03-01","***","***","***",1.05492617973754,1.08845008868193,1.06798354574681]
["CAP MODIFICADO POR BORRACHA DE PNEU AB8","2012-04-01","***",1.6051,"***",1.07771339337136,1.07383064776721,1.08021407529683]
["CAP MODIFICADO POR BORRACHA DE PNEU AB8","2012-05-01","***","***","***",1.09189851037044,1.11614294059575,1.10268486082779]
["CAP MODIFICADO POR BORRACHA DE PNEU AB8","2012-06-01","***","***","***",1.15270018515071,1.1714950737584,1.16473505589783]
["CAP MODIFICADO POR BORRACHA DE PNEU AB8","2012-07-01","***","***","***",1.15704351714978,1.34227251185455,1.27409758894394]
["CAP MODIFICADO POR BORRACHA DE PNEU AB8","2012-08-01","***","***","***",1.16194572649351,1.2164282367,1.18960141178879]
["CAP MODIFICADO POR BORRACHA DE PNEU AB8","2012-09-01","***","***","***",1.17309729328795,1.37047384161935,1.28859100189589]
["CAP MODIFICADO POR BORRACHA DE PNEU AB8","2012-10-01","***","***","***",1.16730127870803,1.18751306579109,1.17884452214894]
["CAP MODIFICADO POR BORRACHA DE PNEU AB8","2012-11-01","***","***","***",1.19815213826663,1.35674554796904,1.27115752507785]
["CAP MODIFICADO POR BORRACHA DE PNEU AB8","2012-12-01","***","***","***",1.18699559881706,1.34079994403205,1.23100099197236]
["CAP MODIFICADO POR BORRACHA DE PNEU AB8","2013-01-01","***","***","***",1.15664299835535,1.35906487257732,1.25924680863516]
["CAP MODIFICADO POR BORRACHA DE PNEU AB8","2013-02-01","***","***","***",1.17066047148815,1.23268134401114,1.19833407958653]
["CAP MODIFICADO POR BORRACHA DE PNEU AB8","2013-03-01","***","***","***",1.17810834041616,1.38739082500873,1.25351695705361]
["CAP MODIFICADO POR BORRACHA DE PNEU AB8","2013-04-01","***","***",1.65,1.17547678551481,1.29652831186485,1.23829290260966]
["CAP MODIFICADO POR BORRACHA DE PNEU AB8","2013-05-01","***","***",1.65,1.21876663329577,1.20147096762552,1.23343131719229]
["CAP MODIFICADO POR BORRACHA DE PNEU AB8","2013-06-01","***","***","***",1.23366710671424,1.20652055491383,1.22253625034086]
["CAP MODIFICADO POR BORRACHA DE PNEU AB8","2013-07-01","***","***","***",1.23304441793758,1.39895006336514,1.34416140542568]
["CAP MODIFICADO POR BORRACHA DE PNEU AB8","2013-08-01","***","***","***",1.24523991625081,1.37169845748284,1.34449552516085]
["CAP MODIFICADO POR BORRACHA DE PNEU AB8","2013-09-01","***","***","***",1.24845823071139,1.27571308856668,1.26694499418455]
["CAP MODIFICADO POR BORRACHA DE PNEU AB8","2013-10-01","***","***","***",1.25744175358439,1.25130719263607,1.25321139466595]
["CAP MODIFICADO POR BORRACHA DE PNEU AB8","2013-11-01","***","***","***",1.25614182551456,1.27492478039385,1.26804684987418]
["CAP MODIFICADO POR BORRACHA DE PNEU AB8","2013-12-01","***","***","***",1.24778746682262,1.27204760449627,1.2618957613008]
["CAP MODIFICADO POR BORRACHA DE PNEU AB8","2014-01-01","***","***","***",1.29328107193611,1.31618198463996,1.3066017256717]
["CAP MODIFICADO POR BORRACHA DE PNEU AB8","2014-02-01","***","***","***",1.21931017380865,1.25943899828175,1.24870409101825]
["CAP MODIFICADO POR BORRACHA DE PNEU AB8","2014-03-01","***","***","***",1.31257831591041,1.32014035224973,1.31867649237063]
["CAP MODIFICADO POR BORRACHA DE PNEU AB8","2014-04-01","***","***",1.2972,1.22979584653206,1.2907811578845,1.26755862415077]
["CAP MODIFICADO POR BORRACHA DE PNEU AB8","2014-05-01","***","***",1.2981,1.23122888839423,1.29512432140922,1.26872469879952]
["CAP MODIFICADO POR BORRACHA DE PNEU AB8","2014-06-01","***","***",1.29376687628432,1.14983242703161,1.27052086573409,1.22930136865234]
["CAP MODIFICADO POR BORRACHA DE PNEU AB8","2014-07-01","***","***",1.297,1.08296891202907,1.32176997199358,1.23076172336615]
["CAP MODIFICADO POR BORRACHA DE PNEU AB8","2014-08-01","***","***",1.3862,1.22337431532631,1.36456650260793,1.3129158027905]
["CAP MODIFICADO POR BORRACHA DE PNEU AB8","2014-09-01","***","***",1.3862,1.2218415041373,1.3120346346156,1.29565179099075]
["CAP MODIFICADO POR BORRACHA DE PNEU AB8","2014-10-01","***","***",1.26138486567173,1.06200097999633,1.26190967378427,1.21503853416829]
["CAP MODIFICADO POR BORRACHA DE PNEU AB8","2014-11-01","***","***",1.44534412591226,1.06700258915421,1.40663481077096,1.32205953636272]
["CAP MODIFICADO POR BORRACHA DE PNEU AB8","2014-12-01","***","***","***","***","***","***"]
["CAP MODIFICADO POR BORRACHA DE PNEU AB8","2015-01-01","***","***",1.5612,1.48007577022639,1.81749483430833,1.65799977341903]
["CAP MODIFICADO POR BORRACHA DE PNEU AB8","2015-02-01","***","***",1.4702,1.42102372393113,1.76009902710875,1.66420728815014]
["CAP MODIFICADO POR BORRACHA DE PNEU AB8","2015-03-01","***","***",1.5612,1.41045654599891,1.72169445279415,1.67582041027849]
["CAP MODIFICADO POR BORRACHA DE PNEU AB8","2015-04-01","***","***","***",1.60887420462223,1.58609212025741,1.59098470543302]
["CAP MODIFICADO POR BORRACHA DE PNEU AB8","2015-05-01","***","***",1.4702,1.69121243891078,1.62079777541851,1.62390522139567]
["CAP MODIFICADO POR BORRACHA DE PNEU AB8","2015-06-01","***","***",1.517901130682,1.61451622715009,1.60174835069777,1.59356215284978]
["CAP MODIFICADO POR BORRACHA DE PNEU AB8","2015-07-01","***","***",1.59779346130203,1.71664256518952,1.60462054317702,1.62290787044692]
["CAP MODIFICADO POR BORRACHA DE PNEU AB8","2015-08-01","***","***",1.59434167031131,1.5501896015113,1.72209422880834,1.6543857819324]
["CAP MODIFICADO POR BORRACHA DE PNEU AB8","2015-09-01","***","***",1.69265614016371,1.57384269356433,1.65532414121913,1.66479469400909]
["CAP MODIFICADO POR BORRACHA DE PNEU AB8","2015-10-01","***","***",1.81829440912575,1.75060962959515,1.78625214132573,1.78457216208998]
["CAP MODIFICADO POR BORRACHA DE PNEU AB8","2015-11-01","***","***",1.7654,1.69741743402483,1.89798853889546,1.85654464391732]
["CAP MODIFICADO POR BORRACHA DE PNEU AB8","2015-12-01","***","***","***",1.61075529000386,1.85392033549881,1.79547655622279]
["CAP MODIFICADO POR BORRACHA DE PNEU AB8","2016-01-01","***","***","***",1.43575957050803,1.88490568936436,1.81370646565309]
["CAP MODIFICADO POR BORRACHA DE PNEU AB8","2016-02-01","***","***","***",1.44527179524965,1.81617989496429,1.67998781235079]
["CAP MODIFICADO POR BORRACHA DE PNEU AB8","2016-03-01","***","***",1.7392,1.7191866791116,1.83936533847651,1.81082446270343]
["CAP MODIFICADO POR BORRACHA DE PNEU AB8","2016-04-01","***","***","***",1.98441190464343,2.0758937691257,2.0604458450313]
["CAP MODIFICADO POR BORRACHA DE PNEU AB8","2016-05-01","***","***","***",1.87469380100709,1.97881407835791,1.96139064644896]
["CAP MODIFICADO POR BORRACHA DE PNEU AB8","2016-06-01","***","***","***",2.08889761608858,2.07065279326736,2.07315749955795]
["CAP MODIFICADO POR BORRACHA DE PNEU AB8","2016-07-01","***","***","***",1.87772699441778,2.06550028511937,2.05111841125935]
["CAP MODIFICADO POR BORRACHA DE PNEU AB8","2016-08-01","***","***","***",1.57255197581995,2.00249544416723,1.889755798276]
["CAP MODIFICADO POR BORRACHA DE PNEU AB8","2016-09-01","***","***","***",1.67881937315819,1.91168513050452,1.87286382687442]
["CAP MODIFICADO POR BORRACHA DE PNEU AB8","2016-10-01","***","***","***",1.72551962910762,1.89190597113153,1.83040535954631]
["CAP MODIFICADO POR BORRACHA DE PNEU AB8","2016-11-01","***","***",1.74604513615255,1.71104428433425,1.87794683727685,1.85007043139548]
["CAP MODIFICADO POR BORRACHA DE PNEU AB8","2016-12-01","***","***",1.74638234573764,1.67692291032771,1.9051327058536,1.87184925493933]
["CAP MODIFICADO POR BORRACHA DE PNEU AB8","2017-01-01","***","***",1.74644980979712,"***",1.89421950293719,1.87543750908698]
["CAP MODIFICADO POR BORRACHA DE PNEU AB8","2017-02-01","***","***",1.84454098989195,1.6539,1.89343840044743,1.88878692965865]
["CAP MODIFICADO POR BORRACHA DE PNEU AB8","2017-03-01","***","***",1.85351469111151,1.8960315506589,1.88857907611438,1.88721789876484]
["CAP MODIFICADO POR BORRACHA DE PNEU AB8","2017-04-01","***","***","***","***","***","***"]
["CAP MODIFICADO POR BORRACHA DE PNEU AB8","2017-05-01","***","***",1.80659256924397,1.69540622457528,1.88040920853315,1.82764404336319]
["CAP MODIFICADO POR BORRACHA DE PNEU AB8","2017-06-01","***","***",1.82475011993011,1.5850772602869,1.88242918763492,1.80608533586115]
["CAP MODIFICADO POR BORRACHA DE PNEU AB8","2017-07-01","***","***",1.81839324748815,1.47955399048866,1.88799766544302,1.81232181764954]
["CAP MODIFICADO POR BORRACHA DE PNEU AB8","2017-08-01","***","***",1.78724802782916,1.57380036382536,1.87916116633274,1.83614621380098]
["CAP MODIFICADO POR BORRACHA DE PNEU AB8","2017-09-01","***","***",1.79024696894204,1.53349237880254,1.82324273971734,1.80841092619879]
["CAP MODIFICADO POR BORRACHA DE PNEU AB8","2017-10-01","***","***",1.93432833799883,1.62790140964287,1.84147674659383,1.82524308486868]
["CAP MODIFICADO POR BORRACHA DE PNEU AB8","2017-11-01","***","***",1.95630799342249,1.79100559675261,1.91403573381655,1.90419992469904]
["CAP MODIFICADO POR BORRACHA DE PNEU AB8","2017-12-01","***","***",2.06705488108632,1.92874186613475,1.91718692048615,1.93870468380923]
["CAP MODIFICADO POR BORRACHA DE PNEU AB8","2018-01-01","***","***",2.44361763813188,1.87121435857857,2.08751290347185,2.11167692746615]
["CAP MODIFICADO POR BORRACHA DE PNEU AB8","2018-02-01","***","***",2.45729730951356,2.12597227427792,2.13207528433373,2.15269919089481]
["CAP MODIFICADO POR BORRACHA DE PNEU AB8","2018-03-01","***","***",2.35126856720342,1.90816668746455,2.11978199393517,2.10669068636597]
["CAP MODIFICADO POR BORRACHA DE PNEU AB8","2018-04-01","***","***",2.179366560429,1.9260251322613,2.05946702059227,2.02851026403602]
["CAP MODIFICADO POR BORRACHA DE PNEU AB8","2018-05-01","***","***",2.27683852586818,1.96581838093763,2.12889017240124,2.08987196567843]
["CAP MODIFICADO POR BORRACHA DE PNEU AB8","2018-06-01","***","***",2.37696156026325,1.9730709160902,2.25082389096739,2.22305855675064]
["CAP MODIFICADO POR BORRACHA DE PNEU AB8","2018-07-01","***","***",2.47706078158046,2.10140441412057,2.37306490155791,2.33983413793547]
["CAP MODIFICADO POR BORRACHA DE PNEU AB8","2018-08-01","***","***",2.6996309021653,2.34625093564716,2.49774450307867,2.47862838191831]
["CAP MODIFICADO POR BORRACHA DE PNEU AB8","2018-09-01","***","***",2.66479261895476,2.43297522695413,2.58217702373109,2.53622256871736]
["CAP MODIFICADO POR BORRACHA DE PNEU AB8","2018-10-01","***","***",2.67012706701981,2.39001184102209,2.71085483346019,2.58766388603883]
["CAP MODIFICADO POR BORRACHA DE PNEU AB8","2018-11-01","***","***",2.87511604855024,2.48211563361111,2.8874585188209,2.77973831096345]
["CAP MODIFICADO POR BORRACHA DE PNEU AB8","2018-12-01","***","***",2.9101,2.48101770044953,3.15773477810291,2.92275521292283]
["CAP MODIFICADO POR BORRACHA DE PNEU AB8","2019-01-01","***","***","***",2.47979089810508,2.94470650199135,2.71761810488086]
["CAP MODIFICADO POR BORRACHA DE PNEU AB8","2019-02-01","***","***","***",2.57744102224375,3.07670866707366,2.92994808956981]
["CAP MODIFICADO POR BORRACHA DE PNEU AB8","2019-03-01","***","***","***",2.6794149903996,3.1125870325206,2.96759063070154]
["CAP MODIFICADO POR BORRACHA DE PNEU AB8","2019-04-01","***","***","***",2.70282488996209,3.15383579544722,2.99665093085595]
["CAP MODIFICADO POR BORRACHA DE PNEU AB8","2019-05-01","***","***","***",2.66862326619302,3.03767170198183,2.87024285282264]
["CAP MODIFICADO POR BORRACHA DE PNEU AB8","2019-06-01","***","***","***",2.73160310688855,3.64814462805703,3.38049596589999]
["CAP MODIFICADO POR BORRACHA DE PNEU AB8","2019-07-01",2.77362,"***",3.02282137108529,2.99237632654224,3.43900247733958,3.22371238914449]
["CAP MODIFICADO POR BORRACHA DE PNEU AB8","2019-08-01","***","***",2.84231134166187,2.5535686564548,3.01396074190423,2.86227217938461]
["CAP MODIFICADO POR BORRACHA DE PNEU AB8","2019-09-01","***","***",2.72825,2.76038011285455,2.9754597949444,2.89146586198808]
["CAP MODIFICADO POR BORRACHA DE PNEU AB8","2019-10-01","***","***",2.68104037877799,2.54491241141257,2.95888279052019,2.85633838092776]
["CAP MODIFICADO POR BORRACHA DE PNEU AB8","2019-11-01","***","***",2.70824322414673,2.57587340268576,3.00630705903131,2.83702600677494]
["CAP MODIFICADO POR BORRACHA DE PNEU AB8","2019-12-01","***","***","***",2.62149928388875,3.04157988495799,2.88954583246973]
["CAP MODIFICADO POR BORRACHA DE PNEU AB8","2020-01-01","***",2.9614,2.82853808585649,2.64205034973036,3.06422467389052,2.87521010943738]
["CAP MODIFICADO POR BORRACHA DE PNEU AB8","2020-02-01","***","***","***",2.45902150089395,2.89026765146516,2.72529617313355]
["CAP MODIFICADO POR BORRACHA DE PNEU AB8","2020-03-01","***","***","***",2.36040124982641,2.83135326910758,2.65590684001497]
["CAP MODIFICADO POR BORRACHA DE PNEU AB8","2020-04-01","***","***","***",2.33961499248461,2.82443906832533,2.67310355680132]
["CAP MODIFICADO POR BORRACHA DE PNEU AB8","2020-05-01","***","***","***",2.38508879068734,2.79574737883408,2.74172922731631]
["CAP MODIFICADO POR BORRACHA DE PNEU AB8","2020-06-01","***","***",2.57717,2.37673810428812,2.82185003686778,2.74191145662417]
["CAP MODIFICADO POR BORRACHA DE PNEU AB8","2020-07-01","***","***",2.57717,2.31298965297389,2.83279865194047,2.74726290976306]
["CAP MODIFICADO POR BORRACHA DE PNEU AB8","2020-08-01","***","***",2.65700664683079,2.36215879924158,2.97304787999937,2.87763434644823]
["CAP MODIFICADO POR BORRACHA DE PNEU AB8","2020-09-01","***","***",2.68574055857254,2.39202216498975,2.89959376684678,2.80481623111055]
["CAP MODIFICADO POR BORRACHA DE PNEU AB8","2020-10-01","***","***",2.71152969862794,2.5988855005412,2.94566029683594,2.86013205907322]
["CAP MODIFICADO POR BORRACHA DE PNEU AB8","2020-11-01","***","***",2.93557852729156,2.67572878144694,3.10363677910208,2.98212294542027]
["CAP MODIFICADO POR BORRACHA DE PNEU AB8","2020-12-01","***","***","***",2.81039807179314,3.15600166429977,3.01983282224216]
["CAP MODIFICADO POR BORRACHA DE PNEU AB8","2021-01-01","***","***","***",2.6067625684844,3.02354891558771,2.91695186217042]
["CAP MODIFICADO POR BORRACHA DE PNEU AB8","2021-02-01","***","***","***",2.75393415251839,3.23782793763696,3.214295635411]
["CAP MODIFICADO POR BORRACHA DE PNEU AB8","2021-03-01","***","***","***",2.86674803806302,3.26645036203279,3.24443123541527]
["CAP MODIFICADO POR BORRACHA DE PNEU AB8","2021-04-01","***","***","***",3.24128206832884,3.24035264381449,3.2404824221822]
["CAP MODIFICADO POR BORRACHA DE PNEU AB8","2021-05-01","***","***","***",3.45803157014434,3.96057394836707,3.89898073290141]
["CAP MODIFICADO POR BORRACHA DE PNEU AB8","2021-06-01","***","***","***",3.38950598921066,3.99601514563107,3.79013550699542]
["CAP MODIFICADO POR BORRACHA DE PNEU AB8","2021-07-01","***","***","***",3.36345105222824,4.04460075214218,3.75937778563962]
["CAP MODIFICADO POR BORRACHA DE PNEU AB8","2021-08-01","***","***","***",3.5297912801513,4.22211243968687,3.89424943538644]
["CAP MODIFICADO POR BORRACHA DE PNEU AB8","2021-09-01",3.1512,"***","***",3.6011649158391,4.24373210775185,3.98349781231321]
["CAP MODIFICADO POR BORRACHA DE PNEU AB8","2021-10-01",3.1512,"***","***",3.52458370513416,4.2745912764257,3.93256644813505]
["CAP MODIFICADO POR BORRACHA DE PNEU AB8","2021-11-01",3.52045270712581,"***","***",3.80066282690917,4.62124620537607,4.24021525717368]
["CAP MODIFICADO POR BORRACHA DE PNEU AB8","2021-12-01",3.58334574101045,"***","***",3.8033828378326,4.68544963310913,4.26499758708022]
["CAP MODIFICADO POR BORRACHA DE PNEU AB8","2022-01-01",3.49705753875551,"***","***",4.01444217487244,4.7195601493471,4.38159221283668]
["CAP MODIFICADO POR BORRACHA DE PNEU AB8","2022-02-01",3.91371178884454,"***","***",4.1654182392976,4.92386469930388,4.57164818793465]
["CAP MODIFICADO POR BORRACHA DE PNEU AB8","2022-03-01",3.93048427802592,"***","***",4.61311773048259,4.97702671319397,4.69893905141467]
["CAP MODIFICADO POR BORRACHA DE PNEU AB8","2022-04-01",3.87743674645143,"***","***",4.82428166226331,5.19658371940622,4.78743382824788]
["CAP MODIFICADO POR BORRACHA DE PNEU AB8","2022-05-01",3.66083192782608,"***","***",4.82440258110173,5.04641764272127,4.65489604256683]
["CAP MODIFICADO POR BORRACHA DE PNEU AB8","2022-06-01",3.67190774803595,"***","***",4.74379721213491,5.02902727997596,4.68663286668994]
["CAP MODIFICADO POR BORRACHA DE PNEU AB8","2022-07-01",3.73435293588123,"***","***",4.66062891613445,5.08251264018024,4.66180900618253]
["CAP MODIFICADO POR BORRACHA DE PNEU AB8","2022-08-01",3.57503217294387,"***",4.03127,4.44896139864055,4.87685083749171,4.4361456542627]
["CAP MODIFICADO POR BORRACHA DE PNEU AB8","2022-09-01",3.33658573636223,"***",3.82406,4.61975922315586,4.62170780433601,4.5503008775891]
["CAP MODIFICADO POR BORRACHA DE PNEU AB8","2022-10-01","***","***",3.47411,4.30217143043303,4.45115350000149,4.34052928206689]
["CAP MODIFICADO POR BORRACHA DE PNEU AB8","2022-11-01","***","***",3.47411,4.07082639844585,4.43458661528487,4.19069879463516]
["CAP MODIFICADO POR BORRACHA DE PNEU AB8","2022-12-01","***","***",3.47411,4.09763800538117,4.34631662715761,4.19221393777145]
["CAP MODIFICADO POR BORRACHA DE PNEU AB8","2023-01-01","***","***",3.28768,3.94313340194147,4.09413817316382,3.97028650711793]
["CAP MODIFICADO POR BORRACHA DE PNEU AB8","2023-02-01","***","***",3.16482,3.84714878545153,3.9488899722169,3.82644347649153]
["CAP MODIFICADO POR BORRACHA DE PNEU AB8","2023-03-01","***","***",3.11102399671053,3.75120553020474,3.73772403755286,3.74055070585142]
["CAP MODIFICADO POR BORRACHA DE PNEU AB8","2023-04-01","***","***",3.42143526505795,3.75767109289236,3.80938157784803,3.76895906170578]
["CAP MODIFICADO POR BORRACHA DE PNEU AB8","2023-05-01","***","***",3.03627,3.66467414777702,3.7394772019109,3.67505386682587]
["CAP MODIFICADO POR BORRACHA DE PNEU AB8","2023-06-01","***","***",3.06854205434955,3.58024357811078,3.66927374431661,3.60105905441062]
["CAP MODIFICADO POR BORRACHA DE PNEU AB8","2023-07-01","***","***",3.07276,3.60198335235336,3.71605594155678,3.62780604366454]
["CAP MODIFICADO POR BORRACHA DE PNEU AB8","2023-08-01","***","***",3.14724642451759,3.5125904038929,3.77387803073501,3.57879457284901]
["CAP MODIFICADO POR BORRACHA DE PNEU AB8","2023-09-01","***","***",3.35036923379315,3.68432987683851,3.88359239265328,3.72659463985258]
["CAP MODIFICADO POR BORRACHA DE PNEU AB8","2023-10-01","***","***",3.43300225779907,3.7877844310716,3.90851902946755,3.80521854866371]
["CAP MODIFICADO POR BORRACHA DE PNEU AB8","2023-11-01","***","***",3.39845162880668,3.69093020223075,3.8649913965636,3.74862216821923]
["CAP MODIFICADO POR BORRACHA DE PNEU AB8","2023-12-01","***","***",3.33291260106619,3.66006209781337,3.93068657090164,3.74840439688308]
["CAP MODIFICADO POR BORRACHA DE PNEU AB8","2024-01-01","***","***",3.2687299428881,3.5459523431317,3.73282561939858,3.61292666993628]
["CAP MODIFICADO POR BORRACHA DE PNEU AB8","2024-02-01","***","***",3.24615298892679,3.57593730311081,3.71368364751078,3.62776337649468]
["CAP MODIFICADO POR BORRACHA DE PNEU AB8","2024-03-01","***","***",3.76800166158433,3.68629798931768,3.97387067112665,3.78443696408549]
["CAP MODIFICADO POR BORRACHA DE PNEU AB8","2024-04-01","***","***",3.54185375697656,3.77902293051875,3.95267928847311,3.83201615070531]
["CAP MODIFICADO POR BORRACHA DE PNEU AB8","2024-05-01","***","***",3.61557939976657,3.91627064834862,4.03380947117557,3.93889723554902]
["CAP MODIFICADO POR BORRACHA DE PNEU AB8","2024-06-01","***","***",3.64280018993646,3.94782373563402,3.97837072028142,3.9376222781339]
["CAP MODIFICADO POR BORRACHA DE PNEU AB8","2024-07-01","***","***",3.78521168737448,4.09604183761434,4.12444858760317,4.08614142606801]
["CAP MODIFICADO POR BORRACHA DE PNEU AB8","2024-08-01","***","***",3.98697267523966,4.28223884053561,4.32049133730904,4.27820781020309]
["CAP MODIFICADO POR POLÍMERO 55-75-E","2015-09-01","***",1.69539545420243,"***",1.71717805935697,1.84276705601809,1.79308564507173]
["CAP MODIFICADO POR POLÍMERO 55-75-E","2015-10-01","***",1.79192951460051,"***",1.82169813731703,1.94314438287154,1.83271005087555]
["CAP MODIFICADO POR POLÍMERO 55-75-E","2015-11-01","***",2.08994,"***",2.0610623072335,2.09808682067194,2.08216800175005]
["CAP MODIFICADO POR POLÍMERO 55-75-E","2015-12-01","***",2.08994,"***",2.11940417202572,1.91024330559541,2.04057897629725]
["CAP MODIFICADO POR POLÍMERO 55-75-E","2016-01-01","***",2.00919575574476,"***",2.07851023532153,1.72018593742223,1.89579233407821]
["CAP MODIFICADO POR POLÍMERO 55-75-E","2016-02-01","***",2.0063301928428,2.310905,2.07918454876742,1.80231181184313,1.98415436145254]
["CAP MODIFICADO POR POLÍMERO 55-75-E","2016-03-01","***",2.0214688655216,"***",2.06725557465217,2.03477511351038,2.0276903371049]
["CAP MODIFICADO POR POLÍMERO 55-75-E","2016-04-01","***",2.25454179374413,"***","***",2.18241630047983,2.2168656133643]
["CAP MODIFICADO POR POLÍMERO 55-75-E","2016-05-01","***",2.17411202396874,"***",2.19832283590308,2.12022842243428,2.17614797735328]
["CAP MODIFICADO POR POLÍMERO 55-75-E","2016-06-01","***",2.20136906965699,2.72265046597503,2.33718644289126,1.89510299852984,2.23860150678226]
["CAP MODIFICADO POR POLÍMERO 55-75-E","2016-07-01","***",2.00941584781442,2.74449267158153,2.15134158372771,1.90306797300535,2.12099478048021]
["CAP MODIFICADO POR POLÍMERO 55-75-E","2016-08-01","***",2.34559075044289,2.78787796235679,2.20060049020737,1.9521915117939,2.26666565275417]
["CAP MODIFICADO POR POLÍMERO 55-75-E","2016-09-01","***",1.91695686939919,2.68762,2.19864462158991,1.84824406256486,2.00904039775169]
["CAP MODIFICADO POR POLÍMERO 55-75-E","2016-10-01","***",1.65095999371568,2.64695,2.22375554202279,1.9299261856512,1.93008608356374]
["CAP MODIFICADO POR POLÍMERO 55-75-E","2016-11-01","***",1.66941853731785,3.0738,"***",1.98796450837901,2.03932907271494]
["CAP MODIFICADO POR POLÍMERO 55-75-E","2016-12-01","***",2.01489667919745,3.06496,1.84661,1.87984492079705,1.93597081820546]
["CAP MODIFICADO POR POLÍMERO 55-75-E","2017-01-01","***",1.7502856718241,3.07675,1.84661,1.86664490052935,1.84445763180921]
["CAP MODIFICADO POR POLÍMERO 55-75-E","2017-02-01","***",1.93854344141369,"***",1.76774499453622,1.85378788593413,1.87516903521699]
["CAP MODIFICADO POR POLÍMERO 55-75-E","2017-03-01","***",1.93537369568126,2.26618853498946,1.73479530410466,1.85796109600315,1.91585269952529]
["CAP MODIFICADO POR POLÍMERO 55-75-E","2017-04-01","***",1.94643336786718,3.09899547280335,1.85507782509293,1.84277254992661,1.9250968210901]
["CAP MODIFICADO POR POLÍMERO 55-75-E","2017-05-01","***",1.90395632317339,2.52690777433219,1.90441286803825,1.89283335880705,1.94138719215475]
["CAP MODIFICADO POR POLÍMERO 55-75-E","2017-06-01","***",2.11720960846646,2.66938450730264,2.02728064625541,1.87059943267381,2.01036937595212]
["CAP MODIFICADO POR POLÍMERO 55-75-E","2017-07-01","***",2.15249253598083,2.3494,2.19911315947242,1.81214193143843,2.08373300960155]
["CAP MODIFICADO POR POLÍMERO 55-75-E","2017-08-01","***",1.76925632203409,2.3960307059868,2.24346442475813,1.79692277017583,1.90725112822774]
["CAP MODIFICADO POR POLÍMERO 55-75-E","2017-09-01","***",2.04814445755141,2.51922970146586,2.02755131575771,1.94372923456447,2.02747487604123]
["CAP MODIFICADO POR POLÍMERO 55-75-E","2017-10-01","***",1.96446840254237,2.3753,1.85730664250684,1.95136756557872,1.9461461992359]
["CAP MODIFICADO POR POLÍMERO 55-75-E","2017-11-01","***",2.13347924584095,2.34960335875275,2.14985660524161,2.00258314622706,2.11665161416054]
["CAP MODIFICADO POR POLÍMERO 55-75-E","2017-12-01","***",2.27162492709931,"***",1.86373604967156,1.92683075131223,2.0939470518103]
["CAP MODIFICADO POR POLÍMERO 55-75-E","2018-01-01","***",2.37644153324593,"***",2.09603603223807,2.0950740781508,2.34068262803821]
["CAP MODIFICADO POR POLÍMERO 55-75-E","2018-02-01","***",2.3612414132643,"***",2.002609625625,2.13709453839141,2.28908389572223]
["CAP MODIFICADO POR POLÍMERO 55-75-E","2018-03-01","***",2.26274763662627,"***",2.14418196974822,2.10949141644796,2.20981905141162]
["CAP MODIFICADO POR POLÍMERO 55-75-E","2018-04-01","***",2.26555585139831,"***",2.10738678800592,2.21547948205689,2.23374989374185]
["CAP MODIFICADO POR POLÍMERO 55-75-E","2018-05-01","***",2.47865048085058,2.72545,2.0666626759144,2.26050897841551,2.35046006139737]
["CAP MODIFICADO POR POLÍMERO 55-75-E","2018-06-01","***",2.54318267089818,2.99715,2.55166235779698,2.38134413062125,2.51868925909829]
["CAP MODIFICADO POR POLÍMERO 55-75-E","2018-07-01","***",2.53980669909891,3.08349369514536,2.46443520954079,2.55362404685986,2.60501179970313]
["CAP MODIFICADO POR POLÍMERO 55-75-E","2018-08-01",3.59696276080084,2.80708646258817,3.26618875684932,2.56130596155595,2.65978704310489,2.8346884803199]
["CAP MODIFICADO POR POLÍMERO 55-75-E","2018-09-01",2.95706,2.75897424995578,3.31119,2.70676198146727,2.84811248144991,2.79581738050091]
["CAP MODIFICADO POR POLÍMERO 55-75-E","2018-10-01","***",2.7354,2.75389164765154,2.6397216811079,2.80056117628056,2.72466129521917]
["CAP MODIFICADO POR POLÍMERO 55-75-E","2018-11-01","***",3.05897575827218,3.31925026647341,3.01765016460569,3.10713342863198,3.07912761475497]
["CAP MODIFICADO POR POLÍMERO 55-75-E","2018-12-01","***",2.993634292311,"***",3.01053668248767,3.12363334599415,3.05835561146164]
["CAP MODIFICADO POR POLÍMERO 55-75-E","2019-01-01","***",3.11857653946707,3.94463,2.8912531535673,3.07406119916861,3.05360029113991]
["CAP MODIFICADO POR POLÍMERO 55-75-E","2019-02-01","***",3.29604936624078,4.33036,3.14592,3.38615948220354,3.3458827981003]
["CAP MODIFICADO POR POLÍMERO 55-75-E","2019-03-01","***",3.29720544330722,"***",3.14592,3.2780724567711,3.28541073595337]
["CAP MODIFICADO POR POLÍMERO 55-75-E","2019-04-01","***",3.33195585155958,"***",2.99595414697074,3.33961901540134,3.28045325883474]
["CAP MODIFICADO POR POLÍMERO 55-75-E","2019-05-01","***",3.18235341186723,"***",3.29688604667635,3.30797482174756,3.24965892264778]
["CAP MODIFICADO POR POLÍMERO 55-75-E","2019-06-01","***",3.96361781876953,"***",3.4129229658092,3.3003987022606,3.58826727782376]
["CAP MODIFICADO POR POLÍMERO 55-75-E","2019-07-01","***",3.66976434089208,"***",3.28541230865612,2.96357888798956,3.39253711693339]
["CAP MODIFICADO POR POLÍMERO 55-75-E","2019-08-01","***",3.30631961102318,"***",3.11392979909009,3.11234435856857,3.19022827006229]
["CAP MODIFICADO POR POLÍMERO 55-75-E","2019-09-01","***",3.10197752838896,"***",3.09222150435471,3.11850720794492,3.10799620596266]
["CAP MODIFICADO POR POLÍMERO 55-75-E","2019-10-01","***",3.05075538034257,"***",3.20938793894827,3.11851241045662,3.12792850503186]
["CAP MODIFICADO POR POLÍMERO 55-75-E","2019-11-01","***",3.06667595567796,"***",3.23382726201342,3.11741608774675,3.11881624931522]
["CAP MODIFICADO POR POLÍMERO 55-75-E","2019-12-01","***",2.92953883682503,3.8813,3.30937,3.22278818422569,3.09990350890923]
["CAP MODIFICADO POR POLÍMERO 55-75-E","2020-01-01","***",2.80314947368421,"***",3.30199564472107,3.11881164099516,3.13836439115747]
["CAP MODIFICADO POR POLÍMERO 55-75-E","2020-02-01","***",2.68279008318099,"***",3.15670653777247,3.00957997350862,2.9649531492284]
["CAP MODIFICADO POR POLÍMERO 55-75-E","2020-03-01","***",3.06486631300363,3.92503,3.03582776442754,3.00897434990235,3.05330980605577]
["CAP MODIFICADO POR POLÍMERO 55-75-E","2020-04-01","***",3.0405163384275,"***",3.17259938190401,2.93483989134309,3.00103054057547]
["CAP MODIFICADO POR POLÍMERO 55-75-E","2020-05-01","***",2.87021015656593,"***",3.06718654307269,3.07463399404879,3.02349551010199]
["CAP MODIFICADO POR POLÍMERO 55-75-E","2020-06-01","***",3.10160146530792,3.33189,2.98889017398776,2.99251502233254,3.07606708689443]
["CAP MODIFICADO POR POLÍMERO 55-75-E","2020-07-01","***",3.05932835646529,3.33255,3.03002960721953,2.82265763505574,2.95102182882361]
["CAP MODIFICADO POR POLÍMERO 55-75-E","2020-08-01","***",3.2288710413132,"***",3.34536,3.00060631280119,3.10017705055255]
["CAP MODIFICADO POR POLÍMERO 55-75-E","2020-09-01","***",3.15710413261532,"***",3.48471,2.92749158139919,3.05785323920313]
["CAP MODIFICADO POR POLÍMERO 55-75-E","2020-10-01","***",3.16686484364478,"***",3.26938975402564,2.95315205591269,3.06131761378545]
["CAP MODIFICADO POR POLÍMERO 55-75-E","2020-11-01","***",3.25849218147905,"***",3.52420998087482,3.09567132224279,3.18356954568048]
["CAP MODIFICADO POR POLÍMERO 55-75-E","2020-12-01","***",3.35741348903298,3.60977,"***",3.05026694513838,3.12058995781048]
["CAP MODIFICADO POR POLÍMERO 55-75-E","2021-01-01","***",3.33688749043273,"***",3.50262017827111,3.12597193695984,3.25387218695915]
["CAP MODIFICADO POR POLÍMERO 55-75-E","2021-02-01","***",3.46081836145437,"***",3.73207845256371,3.25036687488171,3.29910327596597]
["CAP MODIFICADO POR POLÍMERO 55-75-E","2021-03-01","***",3.3307011078341,"***",3.66293213152487,3.34440967891817,3.36299476161779]
["CAP MODIFICADO POR POLÍMERO 55-75-E","2021-04-01","***",3.50728443290342,"***",3.1572029695122,3.19855831813481,3.22813334221663]
["CAP MODIFICADO POR POLÍMERO 55-75-E","2021-05-01","***",4.18162,"***",3.93314708978328,3.37783929235426,3.53479289984582]
["CAP MODIFICADO POR POLÍMERO 55-75-E","2021-06-01","***",3.73428914334947,"***",4.10639,2.96209408881109,3.30029145020977]
["CAP MODIFICADO POR POLÍMERO 55-75-E","2021-07-01","***",3.82710795309168,"***",4.10639,3.7443847338036,3.77034982320054]
["CAP MODIFICADO POR POLÍMERO 55-75-E","2021-08-01","***",3.86072870187615,4.39299033141605,"***",4.53445337082372,4.38541747995163]
["CAP MODIFICADO POR POLÍMERO 55-75-E","2021-09-01","***",4.0217578722262,"***","***",4.65689410195431,4.45410727476169]
["CAP MODIFICADO POR POLÍMERO 55-75-E","2021-10-01","***",4.04203719298548,"***","***",4.59167816431159,4.2886668760516]
["CAP MODIFICADO POR POLÍMERO 55-75-E","2021-11-01","***",4.08315311404794,"***","***",4.970370498907,4.39029787816957]
["CAP MODIFICADO POR POLÍMERO 55-75-E","2021-12-01","***",4.3545857000429,"***","***",4.94704422736638,4.56880256521215]
["CAP MODIFICADO POR POLÍMERO 55-75-E","2022-01-01","***",4.6346160249794,"***","***",4.98807488922767,4.74357732056077]
["CAP MODIFICADO POR POLÍMERO 55-75-E","2022-02-01","***",5.29453015353426,"***","***",4.88737204403244,5.03545319091624]
["CAP MODIFICADO POR POLÍMERO 55-75-E","2022-03-01","***",5.3661709190209,"***",6.42,4.77833165350329,5.09986913231961]
["CAP MODIFICADO POR POLÍMERO 55-75-E","2022-04-01","***",5.65944055100997,"***",5.55129582614695,5.42038223075757,5.47759544044086]
["CAP MODIFICADO POR POLÍMERO 55-75-E","2022-05-01",5.27157,5.47972912472402,"***",4.85123949935301,5.20783086823752,5.18575128990428]
["CAP MODIFICADO POR POLÍMERO 55-75-E","2022-06-01","***",5.54872969389068,5.09087671644295,5.16397180029318,5.18676469060959,5.22667019231154]
["CAP MODIFICADO POR POLÍMERO 55-75-E","2022-07-01","***",5.41551891751556,5.6180787800312,5.14122636408429,5.25079520187356,5.26985311991448]
["CAP MODIFICADO POR POLÍMERO 55-75-E","2022-08-01","***",5.46440960959767,5.64951,4.93781138561871,5.05380724268161,5.16589884718627]
["CAP MODIFICADO POR POLÍMERO 55-75-E","2022-09-01","***",5.13443060364605,5.34124741706284,4.75939037368933,5.00932277278479,5.08587475848032]
["CAP MODIFICADO POR POLÍMERO 55-75-E","2022-10-01","***",5.35346180396632,"***",4.35571781207004,4.50032255818748,4.63180693141001]
["CAP MODIFICADO POR POLÍMERO 55-75-E","2022-11-01","***",4.59910011279721,"***",4.23617733487111,4.46725150388994,4.352245441927]
["CAP MODIFICADO POR POLÍMERO 55-75-E","2022-12-01","***",4.82773012503775,"***",4.10383872758912,4.46229445478056,4.4468637076693]
["CAP MODIFICADO POR POLÍMERO 55-75-E","2023-01-01","***",4.69718852168938,"***",4.94214,4.22348593347253,4.50945094210152]
["CAP MODIFICADO POR POLÍMERO 55-75-E","2023-02-01","***",4.61690357036689,4.25309,4.1887398852445,4.13263099594616,4.27980106455054]
["CAP MODIFICADO POR POLÍMERO 55-75-E","2023-03-01","***",4.6876675178117,4.21659,4.1128664946311,3.81426438765295,3.93902685315367]
["CAP MODIFICADO POR POLÍMERO 55-75-E","2023-04-01","***",4.65341,"***",4.78178,3.68775009652942,3.77407876686811]
["CAP MODIFICADO POR POLÍMERO 55-75-E","2023-05-01","***",4.90230705248271,"***",4.78178,3.79896925217238,4.00871289778413]
["CAP MODIFICADO POR POLÍMERO 55-75-E","2023-06-01","***",4.26848514999189,"***",4.46670555862742,3.79818459361659,3.84203508049485]
["CAP MODIFICADO POR POLÍMERO 55-75-E","2023-07-01","***",4.25372887000662,"***",5.12624,3.65741673156469,3.71105572112959]
["CAP MODIFICADO POR POLÍMERO 55-75-E","2023-08-01","***",3.98856252699607,3.84602,4.90145689528796,3.71470351204495,3.81173973923889]
["CAP MODIFICADO POR POLÍMERO 55-75-E","2023-09-01","***",4.51884426204324,"***",4.4313,3.86004824044851,3.91796781272515]
["CAP MODIFICADO POR POLÍMERO 55-75-E","2023-10-01","***",5.05472994778688,"***",4.46273904077313,3.8631680943559,3.96473670417785]
["CAP MODIFICADO POR POLÍMERO 55-75-E","2023-11-01","***",4.57523,"***",4.57407387726336,3.87620630596892,4.01552951341332]
["CAP MODIFICADO POR POLÍMERO 55-75-E","2023-12-01","***",4.54804837032098,"***",4.5020226271276,3.95495613759861,4.07043668909226]
["CAP MODIFICADO POR POLÍMERO 55-75-E","2024-01-01","***",3.90674408797983,"***",4.55698407555072,3.86928083963879,3.95899365106605]
["CAP MODIFICADO POR POLÍMERO 55-75-E","2024-02-01","***",3.8469255551638,"***",3.96581167801278,3.87324376534788,3.87852662158615]
["CAP MODIFICADO POR POLÍMERO 55-75-E","2024-03-01","***",4.2227967064871,"***",4.08883,3.91595696548599,3.9935745200867]
["CAP MODIFICADO POR POLÍMERO 55-75-E","2024-04-01","***",4.26493511276809,"***",4.18000049716283,3.96527005204901,4.04057536683825]
["CAP MODIFICADO POR POLÍMERO 55-75-E","2024-05-01","***",4.23241071938824,"***",3.56596,4.00662073314054,4.00484256928324]
["CAP MODIFICADO POR POLÍMERO 55-75-E","2024-06-01","***",4.27025470126983,"***",4.07660819880303,3.99126762803621,4.05761483785515]
["CAP MODIFICADO POR POLÍMERO 55-75-E","2024-07-01","***",4.40138798582369,5.96833,4.36815701218062,4.01781261800569,4.1537813108592]
["CAP MODIFICADO POR POLÍMERO 55-75-E","2024-08-01","***",5.04016771882902,6.40014,4.53637949149046,4.24907507346455,4.49914593364085]
["CAP MODIFICADO POR POLÍMERO 60-85-E","2015-09-01","***",1.25317123420797,1.892662375356,1.91144233547075,1.92411504661792,1.89304332545831]
["CAP MODIFICADO POR POLÍMERO 60-85-E","2015-10-01","***",0.605272386831276,1.9355650039974,1.91581864914363,2.05098383520728,1.94527970874623]
["CAP MODIFICADO POR POLÍMERO 60-85-E","2015-11-01","***",2.0164,2.11002147710632,2.10819836995823,2.19859270812895,2.13441719438221]
["CAP MODIFICADO POR POLÍMERO 60-85-E","2015-12-01","***",1.41113,2.12393985006481,2.18560244751403,2.12206016985718,2.15295683475305]
["CAP MODIFICADO POR POLÍMERO 60-85-E","2016-01-01","***",0.60105,"***",2.13136611207421,2.29083109689739,2.19361358097892]
["CAP MODIFICADO POR POLÍMERO 60-85-E","2016-02-01","***",2.22216,2.14000398009652,2.12681406730792,2.31903243460524,2.22225270570651]
["CAP MODIFICADO POR POLÍMERO 60-85-E","2016-03-01","***","***",2.39816555295112,2.04574643495603,2.28307419747016,2.15058943212091]
["CAP MODIFICADO POR POLÍMERO 60-85-E","2016-04-01","***","***",2.58789654743648,2.27581361600714,2.33709589164228,2.30892703271117]
["CAP MODIFICADO POR POLÍMERO 60-85-E","2016-05-01","***",2.55309,2.35838027020061,2.33588521374152,2.36719553605975,2.3505973897908]
["CAP MODIFICADO POR POLÍMERO 60-85-E","2016-06-01","***",1.75820714982578,2.48760853261764,2.2965793568049,2.35858878607904,2.32162511195715]
["CAP MODIFICADO POR POLÍMERO 60-85-E","2016-07-01","***",1.78162165490819,2.3945574321139,2.33017685118187,2.45642128839436,2.35374269150807]
["CAP MODIFICADO POR POLÍMERO 60-85-E","2016-08-01","***",2.5130892984062,2.44303940032478,2.35672640416978,2.43401847654131,2.4047886594623]
["CAP MODIFICADO POR POLÍMERO 60-85-E","2016-09-01",2.2291,"***",1.98644940380001,2.06602292435601,2.30496257428648,2.16564765568899]
["CAP MODIFICADO POR POLÍMERO 60-85-E","2016-10-01","***","***",2.25032048373278,2.03038231841015,2.33698209886907,2.22318074240112]
["CAP MODIFICADO POR POLÍMERO 60-85-E","2016-11-01","***","***",2.27457310038629,2.01962142991505,2.30002851771571,2.18567632152483]
["CAP MODIFICADO POR POLÍMERO 60-85-E","2016-12-01","***","***",2.17926314142894,1.98245626587555,2.16529248216421,2.0670076788227]
["CAP MODIFICADO POR POLÍMERO 60-85-E","2017-01-01",1.81125,"***",1.9145261666202,1.94515766806878,2.05366844915662,1.9851466366801]
["CAP MODIFICADO POR POLÍMERO 60-85-E","2017-02-01","***","***",2.40488,2.00473657118367,2.02150994730277,2.01538498113355]
["CAP MODIFICADO POR POLÍMERO 60-85-E","2017-03-01","***","***",1.97180927294844,2.04314063681491,1.93300778334916,1.99164890411521]
["CAP MODIFICADO POR POLÍMERO 60-85-E","2017-04-01","***","***",1.94173924745485,1.92746301779478,1.97011312382094,1.95341936391941]
["CAP MODIFICADO POR POLÍMERO 60-85-E","2017-05-01","***","***",1.83981756643555,1.92369302274548,1.92524434416541,1.92124158556655]
["CAP MODIFICADO POR POLÍMERO 60-85-E","2017-06-01","***","***",1.95903916836764,2.02345781056242,1.95469336021635,1.98740790663678]
["CAP MODIFICADO POR POLÍMERO 60-85-E","2017-07-01","***","***",1.95991388105227,1.91231186772283,1.9285653669325,1.92578652173089]
["CAP MODIFICADO POR POLÍMERO 60-85-E","2017-08-01","***",1.91,2.17889779233189,1.87543820170513,1.90526114917619,1.939707201138]
["CAP MODIFICADO POR POLÍMERO 60-85-E","2017-09-01","***",2.02172685908102,2.01314674773204,1.87550090078663,1.92855918995273,1.91744367549308]
["CAP MODIFICADO POR POLÍMERO 60-85-E","2017-10-01","***",2.23521179354643,1.89190905173041,1.87508148234081,1.9318636366355,1.90840709308672]
["CAP MODIFICADO POR POLÍMERO 60-85-E","2017-11-01","***",2.46645258887134,2.11270294847248,2.10184673979683,2.0434117083884,2.11525146071731]
["CAP MODIFICADO POR POLÍMERO 60-85-E","2017-12-01","***",2.46646952315275,2.02556639798558,2.10739036986697,2.01629795028557,2.09844027131343]
["CAP MODIFICADO POR POLÍMERO 60-85-E","2018-01-01","***",2.54699494759473,2.43843714265666,2.23586145273127,2.21711680147744,2.26290548950052]
["CAP MODIFICADO POR POLÍMERO 60-85-E","2018-02-01","***",2.56129476805664,2.23606923671498,2.23157462891097,2.17629609051453,2.2149567719183]
["CAP MODIFICADO POR POLÍMERO 60-85-E","2018-03-01","***","***",2.26460032292086,2.20704693917996,2.12647913842999,2.1795876274408]
["CAP MODIFICADO POR POLÍMERO 60-85-E","2018-04-01","***","***",2.25301,2.23753015065009,2.19211675283852,2.22446673194313]
["CAP MODIFICADO POR POLÍMERO 60-85-E","2018-05-01","***",2.62237496113184,2.41596091887685,2.41350102475295,2.25482174903222,2.37657459126799]
["CAP MODIFICADO POR POLÍMERO 60-85-E","2018-06-01","***",2.70726101029429,2.63667352775451,2.4961148170595,2.41970776535459,2.48639985589446]
["CAP MODIFICADO POR POLÍMERO 60-85-E","2018-07-01","***","***",2.98565200550145,2.76879757131771,2.5975237297685,2.71838209188408]
["CAP MODIFICADO POR POLÍMERO 60-85-E","2018-08-01","***",2.97857984404673,3.43775198740865,2.80994983148632,2.83774361803564,2.85953217848848]
["CAP MODIFICADO POR POLÍMERO 60-85-E","2018-09-01","***",3.02883178373514,3.15265826633047,2.82299012679302,2.83191820671227,2.86612171531914]
["CAP MODIFICADO POR POLÍMERO 60-85-E","2018-10-01","***",2.97547359576866,2.69781033922628,2.83996031718824,2.90875843418587,2.8305252775557]
["CAP MODIFICADO POR POLÍMERO 60-85-E","2018-11-01","***",3.49604,3.50656281786867,3.24795933738902,3.21540828213836,3.26535351505404]
["CAP MODIFICADO POR POLÍMERO 60-85-E","2018-12-01","***",3.47626394860915,"***",3.06241702236474,3.27610207183992,3.18500090253288]
["CAP MODIFICADO POR POLÍMERO 60-85-E","2019-01-01","***","***",3.29849,3.15379287818185,3.31048923049975,3.20909430709353]
["CAP MODIFICADO POR POLÍMERO 60-85-E","2019-02-01","***",3.8243,3.43709,3.24457251776904,3.50673034364815,3.39282745896584]
["CAP MODIFICADO POR POLÍMERO 60-85-E","2019-03-01","***","***",3.43881,3.58171242894941,3.49573962955065,3.53141468297267]
["CAP MODIFICADO POR POLÍMERO 60-85-E","2019-04-01","***","***",3.60300539066597,3.62307221791142,3.40863595672586,3.50137931463887]
["CAP MODIFICADO POR POLÍMERO 60-85-E","2019-05-01","***",2.92,3.40844851621372,3.37717102163665,3.33697120963277,3.35130165145413]
["CAP MODIFICADO POR POLÍMERO 60-85-E","2019-06-01","***",2.83,3.49564639673901,3.29590674334936,3.31727091172297,3.31984275808237]
["CAP MODIFICADO POR POLÍMERO 60-85-E","2019-07-01","***",2.88061427843515,3.37146098493034,3.25059220601701,3.29931358930472,3.27505012330589]
["CAP MODIFICADO POR POLÍMERO 60-85-E","2019-08-01","***",2.89016628904909,3.52049718266254,3.04000726184178,3.02173548007963,3.04319849716752]
["CAP MODIFICADO POR POLÍMERO 60-85-E","2019-09-01","***",2.93093017768301,3.34545650782422,3.09246202318758,2.94480023463993,3.01290073172698]
["CAP MODIFICADO POR POLÍMERO 60-85-E","2019-10-01",5.11572868198259,2.95216,3.48351604165869,3.20677119052802,3.0223676088137,3.171619274485]
["CAP MODIFICADO POR POLÍMERO 60-85-E","2019-11-01",5.05233742417358,3.00476,3.22704158661503,3.13962444215806,3.06441360042646,3.19223223164904]
["CAP MODIFICADO POR POLÍMERO 60-85-E","2019-12-01",2.9656266577628,2.96655913175164,3.3373148398802,3.12918213374562,3.10058524681449,3.11897101405706]
["CAP MODIFICADO POR POLÍMERO 60-85-E","2020-01-01","***","***",3.30634723985591,3.20191475456183,3.17040329488585,3.19963121896122]
["CAP MODIFICADO POR POLÍMERO 60-85-E","2020-02-01","***",3.09,3.3666734313374,3.02846766659895,3.02715250631246,3.0350577961538]
["CAP MODIFICADO POR POLÍMERO 60-85-E","2020-03-01",3.16199,"***",3.02093524214774,3.01050974716001,2.99413715545964,3.00730749230399]
["CAP MODIFICADO POR POLÍMERO 60-85-E","2020-04-01","***","***",2.85106694118398,3.03951849570518,3.06760361613032,3.03703925976954]
["CAP MODIFICADO POR POLÍMERO 60-85-E","2020-05-01",3.10619512300017,"***",2.91281906261236,2.86637226838744,2.94755433021574,2.89632647085947]
["CAP MODIFICADO POR POLÍMERO 60-85-E","2020-06-01",3.36092313814555,"***",2.97733874261762,2.88570631785541,3.00328417753961,2.93283071824928]
["CAP MODIFICADO POR POLÍMERO 60-85-E","2020-07-01","***",2.72475,3.05556681475599,2.83744579060555,2.9169283312165,2.8975763172694]
["CAP MODIFICADO POR POLÍMERO 60-85-E","2020-08-01","***",3.17039932171841,3.20927920194299,3.00189738634832,3.03863479691719,3.07488556232843]
["CAP MODIFICADO POR POLÍMERO 60-85-E","2020-09-01","***",3.08782520154789,3.21739518957871,2.9978681642551,3.06799122733065,3.06995566795826]
["CAP MODIFICADO POR POLÍMERO 60-85-E","2020-10-01","***",2.77987,3.07230388199399,2.97207625574942,3.08580625167874,3.02620816884545]
["CAP MODIFICADO POR POLÍMERO 60-85-E","2020-11-01","***",3.67614356332623,3.26755406072142,3.27091851810302,3.32094845621586,3.29060195657708]
["CAP MODIFICADO POR POLÍMERO 60-85-E","2020-12-01","***",3.39606761985816,3.30948098520239,3.20380270198163,3.38322634428156,3.27864264512973]
["CAP MODIFICADO POR POLÍMERO 60-85-E","2021-01-01","***",3.17658171390566,3.58698013147811,3.25394757201545,3.34933463956865,3.31078041709878]
["CAP MODIFICADO POR POLÍMERO 60-85-E","2021-02-01","***",3.31777483838127,3.77007108626297,3.60722485694767,3.54501437941511,3.57828122686981]
["CAP MODIFICADO POR POLÍMERO 60-85-E","2021-03-01","***",3.3587524163479,3.27354673240699,3.35928291292455,3.51508513083025,3.41299564751563]
["CAP MODIFICADO POR POLÍMERO 60-85-E","2021-04-01",3.32939,3.32864,3.56220060018378,3.38892209698853,3.47560626184345,3.42538478982966]
["CAP MODIFICADO POR POLÍMERO 60-85-E","2021-05-01","***",3.47235970611362,3.95151458224606,4.16157682978915,4.09450941792509,4.10019756496795]
["CAP MODIFICADO POR POLÍMERO 60-85-E","2021-06-01","***",3.48198018726344,4.17615604352457,4.08199606968997,4.13849353397858,4.05488365790465]
["CAP MODIFICADO POR POLÍMERO 60-85-E","2021-07-01","***",3.66656,4.94519737852012,4.1727019915175,4.09258848638526,4.19614728047048]
["CAP MODIFICADO POR POLÍMERO 60-85-E","2021-08-01","***",3.80820091788613,5.24572613518033,4.25548472819755,4.18908391704856,4.32440939170707]
["CAP MODIFICADO POR POLÍMERO 60-85-E","2021-09-01","***",4.28905166088069,5.27280181556087,4.46507833961203,4.32448188314833,4.52484910202289]
["CAP MODIFICADO POR POLÍMERO 60-85-E","2021-10-01","***",4.44068068129886,4.86864895903947,4.37979388830918,4.39806373340598,4.4496488853661]
["CAP MODIFICADO POR POLÍMERO 60-85-E","2021-11-01","***",4.70707844692993,5.28632633107919,4.84401228514808,4.88748827678509,4.88691156395821]
["CAP MODIFICADO POR POLÍMERO 60-85-E","2021-12-01","***",4.95472959070377,5.20709015847801,4.87092014392755,4.99471074930784,4.94461467152791]
["CAP MODIFICADO POR POLÍMERO 60-85-E","2022-01-01","***",4.80811028172464,5.26390303718699,4.87845634361623,5.00110908534986,4.91866885745366]
["CAP MODIFICADO POR POLÍMERO 60-85-E","2022-02-01","***",4.65294603323472,5.57069808894834,5.20451274355683,5.31457227990095,5.22283612924571]
["CAP MODIFICADO POR POLÍMERO 60-85-E","2022-03-01","***",5.15949668660306,5.05339349269028,5.21739320491725,5.36961560392345,5.23855026635641]
["CAP MODIFICADO POR POLÍMERO 60-85-E","2022-04-01","***",5.62254527871613,5.61891189143188,5.69650277713828,5.25293544143356,5.56249270793381]
["CAP MODIFICADO POR POLÍMERO 60-85-E","2022-05-01","***",5.40803996979425,5.61601512502283,5.62953704777164,5.12519079841518,5.4850449368409]
["CAP MODIFICADO POR POLÍMERO 60-85-E","2022-06-01","***",5.31968714777976,5.62023481370243,5.52156252296333,5.09010596042669,5.41823524620248]
["CAP MODIFICADO POR POLÍMERO 60-85-E","2022-07-01","***",6.24059481217163,5.70308230821372,5.49337909965136,5.2367948669495,5.51668044255538]
["CAP MODIFICADO POR POLÍMERO 60-85-E","2022-08-01","***",5.684075747742,5.58532049348375,5.36712127982476,5.01369216542537,5.40484446887376]
["CAP MODIFICADO POR POLÍMERO 60-85-E","2022-09-01","***",5.41072267573014,5.65916062222363,5.1154518178758,4.80874740577137,5.18213170683724]
["CAP MODIFICADO POR POLÍMERO 60-85-E","2022-10-01","***",5.04636895665943,4.90835784731484,4.73233365339619,4.75120573781174,4.78764770222457]
["CAP MODIFICADO POR POLÍMERO 60-85-E","2022-11-01","***",5.03022103721124,5.23201664096687,4.67092512487868,4.81356149456334,4.83090316081337]
["CAP MODIFICADO POR POLÍMERO 60-85-E","2022-12-01",4.95449969008618,4.81255025094636,6.08463935511667,4.50584426607364,4.78570410076916,4.82648770205918]
["CAP MODIFICADO POR POLÍMERO 60-85-E","2023-01-01","***",4.66646999201751,5.54067989545357,4.29458197549375,4.38952636869757,4.45777887927925]
["CAP MODIFICADO POR POLÍMERO 60-85-E","2023-02-01","***",4.85321264944313,4.6698196309429,4.30893465411802,4.22178516756982,4.35425311747483]
["CAP MODIFICADO POR POLÍMERO 60-85-E","2023-03-01","***",5.42514707189023,4.55024842656624,4.24045648527975,3.98989598942925,4.22005512883053]
["CAP MODIFICADO POR POLÍMERO 60-85-E","2023-04-01","***",4.7344,4.49031043108198,4.35761094147629,3.90087230720628,4.24688022700241]
["CAP MODIFICADO POR POLÍMERO 60-85-E","2023-05-01",4.80711737069144,4.44991568334113,5.18928296010186,4.3340402856941,3.88084920040964,4.49829690397457]
["CAP MODIFICADO POR POLÍMERO 60-85-E","2023-06-01",4.58753394043313,4.25946,5.09412071082132,4.23213672433528,3.74544325397045,4.46744815535591]
["CAP MODIFICADO POR POLÍMERO 60-85-E","2023-07-01",4.91550005938691,4.60694,4.77888684361448,4.03582226977194,3.86357915052479,4.25003231938573]
["CAP MODIFICADO POR POLÍMERO 60-85-E","2023-08-01",4.85674133866939,4.52336408668731,4.83706532031466,3.92704281338545,3.8512205596235,4.12822076569522]
["CAP MODIFICADO POR POLÍMERO 60-85-E","2023-09-01",5.26536984516686,5.47420805525318,5.09568111034291,4.22668711119813,4.06607621195023,4.43716412765569]
["CAP MODIFICADO POR POLÍMERO 60-85-E","2023-10-01",4.63182934282858,5.49918821778655,4.81083859493357,4.26036931828957,4.05776381194595,4.3307554912631]
["CAP MODIFICADO POR POLÍMERO 60-85-E","2023-11-01",5.44636912952375,5.47146688894807,4.8121900238038,4.27760233473524,4.09351004857975,4.41688695488137]
["CAP MODIFICADO POR POLÍMERO 60-85-E","2023-12-01",4.48439922216863,4.42131355986281,4.94583891476612,4.26894629295264,4.10033982155814,4.40649600236669]
["CAP MODIFICADO POR POLÍMERO 60-85-E","2024-01-01",6.22448669988926,4.47383817987929,4.47038007721147,4.04666760901012,3.92665833110417,4.11536986525145]
["CAP MODIFICADO POR POLÍMERO 60-85-E","2024-02-01",5.722156003276,4.33468053983228,4.51587524516111,3.95329627537874,3.89998506166685,4.1035095870814]
["CAP MODIFICADO POR POLÍMERO 60-85-E","2024-03-01",5.51713483917289,5.17504498688283,4.34993486393625,3.94975625191239,3.99063406110678,4.09880883161478]
["CAP MODIFICADO POR POLÍMERO 60-85-E","2024-04-01",5.04080987927992,4.00671556604863,4.55927808703976,3.89975356639546,4.03837491149607,4.1189074066869]
["CAP MODIFICADO POR POLÍMERO 60-85-E","2024-05-01",4.69911323294601,4.01856366093366,4.95408936304554,4.08065854331153,4.15724053511459,4.39018087549939]
["CAP MODIFICADO POR POLÍMERO 60-85-E","2024-06-01",5.14784709557109,4.35775413685443,5.01821292832,3.9916539087047,4.09344217990167,4.34582905564012]
["CAP MODIFICADO POR POLÍMERO 60-85-E","2024-07-01",5.01459292737076,4.70015408902965,4.96957870739927,4.12848790617771,4.1464196187752,4.41729120732289]
["CAP MODIFICADO POR POLÍMERO 60-85-E","2024-08-01",5.23623078270443,4.91226186799989,5.4050185788527,4.38209822204637,4.35728053637278,4.7807443369158]
["CAP MODIFICADO POR POLÍMERO 65-90-E","2015-09-01","***","***","***","***","***","***"]
["CAP MODIFICADO POR POLÍMERO 65-90-E","2015-10-01","***","***",1.82155,1.55888,1.9466,1.87005762520147]
["CAP MODIFICADO POR POLÍMERO 65-90-E","2015-11-01","***",2.2247,"***",1.69003875293317,2.13551637629672,1.87452155606747]
["CAP MODIFICADO POR POLÍMERO 65-90-E","2015-12-01","***","***","***",1.69448376120345,2.0959,1.71321925647351]
["CAP MODIFICADO POR POLÍMERO 65-90-E","2016-01-01","***",2.3607,"***",2.32108583520359,"***",2.32572927138929]
["CAP MODIFICADO POR POLÍMERO 65-90-E","2016-02-01","***",2.1938,"***",2.62922,2.14708942325077,2.29155818275319]
["CAP MODIFICADO POR POLÍMERO 65-90-E","2016-03-01","***","***","***",1.9236413262447,2.0959,1.95493530601446]
["CAP MODIFICADO POR POLÍMERO 65-90-E","2016-04-01","***","***","***","***",2.43820901396741,2.43820901396741]
["CAP MODIFICADO POR POLÍMERO 65-90-E","2016-05-01","***","***","***",2.40266172917231,2.34224538712687,2.3804700832334]
["CAP MODIFICADO POR POLÍMERO 65-90-E","2016-06-01","***","***",2.28052,2.37798676183536,2.2599527110988,2.32987462779325]
["CAP MODIFICADO POR POLÍMERO 65-90-E","2016-07-01","***","***",2.28052,2.41986485042956,2.29519865149467,2.30593376572676]
["CAP MODIFICADO POR POLÍMERO 65-90-E","2016-08-01","***","***",2.28052,"***",2.31703176478008,2.31613741917125]
["CAP MODIFICADO POR POLÍMERO 65-90-E","2016-09-01","***","***",2.4327,2.20522602598349,2.06117917164472,2.08370381123578]
["CAP MODIFICADO POR POLÍMERO 65-90-E","2016-10-01","***","***",2.08188141691809,1.91478604680277,2.0459658783141,2.02257809331246]
["CAP MODIFICADO POR POLÍMERO 65-90-E","2016-11-01","***","***","***",1.82867328180467,2.00898474976362,1.96569362881367]
["CAP MODIFICADO POR POLÍMERO 65-90-E","2016-12-01","***","***","***","***",1.89701151332149,1.89701151332149]
["CAP MODIFICADO POR POLÍMERO 65-90-E","2017-01-01","***","***","***","***",1.6231242228141,1.6231242228141]
["CAP MODIFICADO POR POLÍMERO 65-90-E","2017-02-01","***","***","***","***",1.60820470353381,1.60820470353381]
["CAP MODIFICADO POR POLÍMERO 65-90-E","2017-03-01","***","***","***","***",1.83099150409053,1.83099150409053]
["CAP MODIFICADO POR POLÍMERO 65-90-E","2017-04-01","***","***","***",2.02952783349468,1.68996405919534,1.72185218454545]
["CAP MODIFICADO POR POLÍMERO 65-90-E","2017-05-01","***","***",1.82642,1.7751,1.85137677896834,1.85038471293069]
["CAP MODIFICADO POR POLÍMERO 65-90-E","2017-06-01","***","***",2.47996,2.01504059898145,1.96893376277466,2.03888030957701]
["CAP MODIFICADO POR POLÍMERO 65-90-E","2017-07-01","***","***",2.21444971989655,2.00351977646477,1.9569,2.02766465470437]
["CAP MODIFICADO POR POLÍMERO 65-90-E","2017-08-01","***","***",2.4127136041963,1.97143131920376,1.9569,2.03588172992212]
["CAP MODIFICADO POR POLÍMERO 65-90-E","2017-09-01","***","***",2.53165782915304,1.99400980165005,1.96376438582677,2.04642914162547]
["CAP MODIFICADO POR POLÍMERO 65-90-E","2017-10-01","***","***",2.62838340770472,2.01891938232098,1.83663577564506,2.14819286478246]
["CAP MODIFICADO POR POLÍMERO 65-90-E","2017-11-01","***","***",2.56866928177923,2.36905114959679,2.0631097147844,2.31698070516159]
["CAP MODIFICADO POR POLÍMERO 65-90-E","2017-12-01","***",2.37503,2.64356356416206,2.22410034130616,2.1192,2.24475659812169]
["CAP MODIFICADO POR POLÍMERO 65-90-E","2018-01-01","***",2.5321109700428,2.40827,2.44707167767375,"***",2.45835906773716]
["CAP MODIFICADO POR POLÍMERO 65-90-E","2018-02-01","***",2.52744,"***","***",2.2188,2.27462622139346]
["CAP MODIFICADO POR POLÍMERO 65-90-E","2018-03-01","***",2.52744,2.40827,"***",1.99714011627907,2.18330072450805]
["CAP MODIFICADO POR POLÍMERO 65-90-E","2018-04-01","***",2.47174,2.36936,"***",2.0879,2.31563213480885]
["CAP MODIFICADO POR POLÍMERO 65-90-E","2018-05-01","***",2.5092293363064,"***",2.12654,2.25038945604825,2.31278578750173]
["CAP MODIFICADO POR POLÍMERO 65-90-E","2018-06-01","***",2.71204661455301,2.80463020099191,2.25601219895288,2.33634654196407,2.49522133627942]
["CAP MODIFICADO POR POLÍMERO 65-90-E","2018-07-01","***",2.87047,2.69098415696958,2.65510536032545,2.57384270951145,2.66090780398269]
["CAP MODIFICADO POR POLÍMERO 65-90-E","2018-08-01","***","***",2.84510416350721,2.75008803119922,2.6786,2.78192420200691]
["CAP MODIFICADO POR POLÍMERO 65-90-E","2018-09-01","***","***",2.95826,2.58822729959774,2.69452132400494,2.71947623407]
["CAP MODIFICADO POR POLÍMERO 65-90-E","2018-10-01","***","***",2.48638,2.58235070449061,2.68557966530553,2.6461121291098]
["CAP MODIFICADO POR POLÍMERO 65-90-E","2018-11-01","***","***",3.37103,2.88111669358301,2.99510609504473,3.00076030049071]
["CAP MODIFICADO POR POLÍMERO 65-90-E","2018-12-01","***","***",2.89386,3.04030495093632,2.98639,3.00727691967522]
["CAP MODIFICADO POR POLÍMERO 65-90-E","2019-01-01","***","***",3.36681,3.08153077794215,2.97026769837706,3.04775074971446]
["CAP MODIFICADO POR POLÍMERO 65-90-E","2019-02-01","***","***","***",3.24355479664348,3.48473,3.25084813423262]
["CAP MODIFICADO POR POLÍMERO 65-90-E","2019-03-01","***","***","***",3.24140902141822,3.2869,3.24974900092061]
["CAP MODIFICADO POR POLÍMERO 65-90-E","2019-04-01","***","***","***",2.98721178045281,3.39738781306171,3.04130974690466]
["CAP MODIFICADO POR POLÍMERO 65-90-E","2019-05-01","***","***","***",3.58081,3.2869,3.49869151108691]
["CAP MODIFICADO POR POLÍMERO 65-90-E","2019-06-01","***","***","***",3.48173553517787,3.32531971853831,3.41086120314729]
["CAP MODIFICADO POR POLÍMERO 65-90-E","2019-07-01","***","***","***","***",3.18910145532117,3.18910145532117]
["CAP MODIFICADO POR POLÍMERO 65-90-E","2019-08-01","***","***","***",3.32954,3.16063497240723,3.21402777719938]
["CAP MODIFICADO POR POLÍMERO 65-90-E","2019-09-01","***","***","***",3.88859231502165,3.15640668723772,3.69109696074841]
["CAP MODIFICADO POR POLÍMERO 65-90-E","2019-10-01","***","***","***",3.7084807442795,"***",3.7084807442795]
["CAP MODIFICADO POR POLÍMERO 65-90-E","2019-11-01","***","***","***",3.3165905540581,"***",3.3165905540581]
["CAP MODIFICADO POR POLÍMERO 65-90-E","2019-12-01","***","***","***",3.41658,3.465,3.44418231997162]
["CAP MODIFICADO POR POLÍMERO 65-90-E","2020-01-01","***","***","***",4.07025,"***",4.07025]
["CAP MODIFICADO POR POLÍMERO 65-90-E","2020-02-01","***","***","***","***","***","***"]
["CAP MODIFICADO POR POLÍMERO 65-90-E","2020-03-01","***","***","***",3.8525,"***",3.8525]
["CAP MODIFICADO POR POLÍMERO 65-90-E","2020-04-01","***","***","***","***",3.36836,3.36836]
["CAP MODIFICADO POR POLÍMERO 65-90-E","2020-05-01","***","***","***",3.15953,"***",3.15953]
["CAP MODIFICADO POR POLÍMERO 65-90-E","2020-06-01","***","***","***",3.02877140602848,3.37113,3.07058435768398]
["CAP MODIFICADO POR POLÍMERO 65-90-E","2020-07-01","***","***","***",2.91801300658403,3.02879,2.93687477934444]
["CAP MODIFICADO POR POLÍMERO 65-90-E","2020-08-01","***","***","***",3.20829584265473,3.60359030887106,3.33001570391123]
["CAP MODIFICADO POR POLÍMERO 65-90-E","2020-09-01","***",3.6784,"***",2.95722639899869,1.46941071960243,2.04036102251355]
["CAP MODIFICADO POR POLÍMERO 65-90-E","2020-10-01","***",3.6784,"***",3.07491469357875,2.94207097285344,3.08380990191999]
["CAP MODIFICADO POR POLÍMERO 65-90-E","2020-11-01","***",3.28358,"***",3.15919746594005,3.30775763864916,3.26443394142036]
["CAP MODIFICADO POR POLÍMERO 65-90-E","2020-12-01","***",3.28358,"***",3.15909107507449,3.12595130853226,3.14331319292458]
["CAP MODIFICADO POR POLÍMERO 65-90-E","2021-01-01","***","***","***",3.15976424499593,"***",3.15976424499593]
["CAP MODIFICADO POR POLÍMERO 65-90-E","2021-02-01","***","***","***",3.41999755544183,"***",3.41999755544183]
["CAP MODIFICADO POR POLÍMERO 65-90-E","2021-03-01","***",4.2064,"***",3.41728446186419,3.35377,3.47318746189239]
["CAP MODIFICADO POR POLÍMERO 65-90-E","2021-04-01","***",4.2064,"***",3.4665533082875,3.50647376363365,3.53084578556341]
["CAP MODIFICADO POR POLÍMERO 65-90-E","2021-05-01","***",5.214,"***",4.29840205851304,"***",4.47026068661379]
["CAP MODIFICADO POR POLÍMERO 65-90-E","2021-06-01","***",5.214,"***",4.15067408383234,4.30755426957224,4.30068882906808]
["CAP MODIFICADO POR POLÍMERO 65-90-E","2021-07-01","***",4.48745,"***",4.28802696121917,"***",4.2966660075747]
["CAP MODIFICADO POR POLÍMERO 65-90-E","2021-08-01","***",4.73083,"***",4.38112821336246,"***",4.41505933234702]
["CAP MODIFICADO POR POLÍMERO 65-90-E","2021-09-01","***",4.50639,"***",4.30847400613451,4.93594,4.37702117888299]
["CAP MODIFICADO POR POLÍMERO 65-90-E","2021-10-01","***","***","***",4.63860755973607,4.93594,4.64133774653549]
["CAP MODIFICADO POR POLÍMERO 65-90-E","2021-11-01","***","***","***",4.82262720334169,"***",4.82262720334169]
["CAP MODIFICADO POR POLÍMERO 65-90-E","2021-12-01","***",5.55153,"***",5.0271386175302,"***",5.05951288866066]
["CAP MODIFICADO POR POLÍMERO 65-90-E","2022-01-01","***","***","***",5.11089416476553,"***",5.11089416476553]
["CAP MODIFICADO POR POLÍMERO 65-90-E","2022-02-01","***","***","***",5.55000622967795,5.93087,5.59105372707535]
["CAP MODIFICADO POR POLÍMERO 65-90-E","2022-03-01","***","***","***",5.64237737429372,"***",5.64237737429372]
["CAP MODIFICADO POR POLÍMERO 65-90-E","2022-04-01","***",6.34477,"***",6.00043,"***",6.13047951539272]
["CAP MODIFICADO POR POLÍMERO 65-90-E","2022-05-01","***",6.17497156290116,5.58739,6.12040159764475,5.96951,6.08458809537565]
["CAP MODIFICADO POR POLÍMERO 65-90-E","2022-06-01","***",6.1620124509051,5.58739,5.98551,"***",5.86084655815698]
["CAP MODIFICADO POR POLÍMERO 65-90-E","2022-07-01","***",6.14865248893392,5.68799,"***",6.0167,6.08228764507772]
["CAP MODIFICADO POR POLÍMERO 65-90-E","2022-08-01","***",6.22278589170392,"***","***",5.36518,5.91602896617741]
["CAP MODIFICADO POR POLÍMERO 65-90-E","2022-09-01","***",6.01233664514019,"***","***",5.58735769659624,5.91973845725977]
["CAP MODIFICADO POR POLÍMERO 65-90-E","2022-10-01","***",5.59587,"***",5.10384438099527,"***",5.16481859662274]
["CAP MODIFICADO POR POLÍMERO 65-90-E","2022-11-01","***",5.10532984612754,"***",5.15784175886934,"***",5.15026155754091]
["CAP MODIFICADO POR POLÍMERO 65-90-E","2022-12-01","***",5.06208066920393,"***",4.67405805112829,4.71814345529282,4.72662320030432]
["CAP MODIFICADO POR POLÍMERO 65-90-E","2023-01-01","***",5.12446687306502,"***",4.71054631855447,"***",4.78277231546091]
["CAP MODIFICADO POR POLÍMERO 65-90-E","2023-02-01","***",5.06386,"***",4.68397592501609,4.74104,4.764344260805]
["CAP MODIFICADO POR POLÍMERO 65-90-E","2023-03-01","***",5.20049,"***",4.4260811354564,4.41095,4.48448469284003]
["CAP MODIFICADO POR POLÍMERO 65-90-E","2023-04-01","***",5.18342,3.57426,4.57641452715328,"***",4.42749863966852]
["CAP MODIFICADO POR POLÍMERO 65-90-E","2023-05-01","***","***",3.78379,4.58133802171125,4.44583405553296,4.35924295750711]
["CAP MODIFICADO POR POLÍMERO 65-90-E","2023-06-01","***","***","***",4.52285060908759,4.38649676760782,4.47530207093346]
["CAP MODIFICADO POR POLÍMERO 65-90-E","2023-07-01","***","***","***",4.53220642886188,4.48285425816818,4.51975543022195]
["CAP MODIFICADO POR POLÍMERO 65-90-E","2023-08-01","***","***","***",4.4510855095769,4.41148,4.44421824599752]
["CAP MODIFICADO POR POLÍMERO 65-90-E","2023-09-01","***","***","***",4.68598,4.46757899088146,4.56378774777226]
["CAP MODIFICADO POR POLÍMERO 65-90-E","2023-10-01","***","***","***",4.34851845660774,4.77063,4.44214921554109]
["CAP MODIFICADO POR POLÍMERO 65-90-E","2023-11-01","***","***",4.02975,4.52536316219814,4.48096781309599,4.44047851050806]
["CAP MODIFICADO POR POLÍMERO 65-90-E","2023-12-01","***","***",4.2520057773772,4.40802557516684,4.26476,4.31784005488743]
["CAP MODIFICADO POR POLÍMERO 65-90-E","2024-01-01","***","***",4.54377,4.34059435265329,4.16282,4.32945006471487]
["CAP MODIFICADO POR POLÍMERO 65-90-E","2024-02-01","***","***","***",4.50878665636495,"***",4.50878665636495]
["CAP MODIFICADO POR POLÍMERO 65-90-E","2024-03-01","***","***","***",4.70203001532016,4.26701,4.68060908949035]
["CAP MODIFICADO POR POLÍMERO 65-90-E","2024-04-01","***","***",3.75859,4.2893563646037,4.31193,4.24989059142943]
["CAP MODIFICADO POR POLÍMERO 65-90-E","2024-05-01","***","***",3.87911,4.35432722900215,4.28772175056837,4.14136158509298]
["CAP MODIFICADO POR POLÍMERO 65-90-E","2024-06-01","***",5.93556,3.86404,4.4499115408231,"***",4.48087872731637]
["CAP MODIFICADO POR POLÍMERO 65-90-E","2024-07-01","***",5.34120344050323,"***",4.36660132278569,4.55312,4.56919043965772]
["CAP MODIFICADO POR POLÍMERO 65-90-E","2024-08-01","***",4.99858,"***",4.46981553562548,4.74571022513217,4.71605594540063]
["CIMENTO ASFÁLTICO MODIFICADO POR POLÍMERO SBS 50-65","2009-12-01","***","***","***",1.58537,1.41757803433314,1.42909570372473]
["CIMENTO ASFÁLTICO MODIFICADO POR POLÍMERO SBS 50-65","2010-01-01","***","***","***","***",1.52271486660136,1.52271486660136]
["CIMENTO ASFÁLTICO MODIFICADO POR POLÍMERO SBS 50-65","2010-02-01","***","***","***","***",1.70893381206462,1.70893381206462]
["CIMENTO ASFÁLTICO MODIFICADO POR POLÍMERO SBS 50-65","2010-03-01","***","***",1.67397,"***",1.63601419642966,1.63717260877259]
["CIMENTO ASFÁLTICO MODIFICADO POR POLÍMERO SBS 50-65","2010-04-01","***","***",1.67271000130909,"***",1.60928084412066,1.6268555694871]
["CIMENTO ASFÁLTICO MODIFICADO POR POLÍMERO SBS 50-65","2010-05-01","***","***",1.67411456801415,1.70661,1.71584133195275,1.70441449521669]
["CIMENTO ASFÁLTICO MODIFICADO POR POLÍMERO SBS 50-65","2010-06-01","***","***","***",1.19161,1.56068753695538,1.52220500368174]
["CIMENTO ASFÁLTICO MODIFICADO POR POLÍMERO SBS 50-65","2010-07-01","***","***","***",1.19161,1.5982250446396,1.50816735070498]
["CIMENTO ASFÁLTICO MODIFICADO POR POLÍMERO SBS 50-65","2010-08-01","***","***","***",1.44105036617792,1.63643395230111,1.59338544354373]
["CIMENTO ASFÁLTICO MODIFICADO POR POLÍMERO SBS 50-65","2010-09-01","***","***","***",1.78783,1.53952602968207,1.58144510708728]
["CIMENTO ASFÁLTICO MODIFICADO POR POLÍMERO SBS 50-65","2010-10-01","***","***","***",1.78783,1.42550980648005,1.45322060712977]
["CIMENTO ASFÁLTICO MODIFICADO POR POLÍMERO SBS 50-65","2010-11-01","***","***","***",1.19161,1.29477422706592,1.27266454401862]
["CIMENTO ASFÁLTICO MODIFICADO POR POLÍMERO SBS 50-65","2010-12-01","***","***","***","***","***","***"]
["CIMENTO ASFÁLTICO MODIFICADO POR POLÍMERO SBS 50-65","2011-01-01","***","***","***","***",1.29477569148936,1.29477569148936]
["CIMENTO ASFÁLTICO MODIFICADO POR POLÍMERO SBS 50-65","2011-02-01","***","***","***","***","***","***"]
["CIMENTO ASFÁLTICO MODIFICADO POR POLÍMERO SBS 50-65","2011-03-01","***","***","***","***","***","***"]
["CIMENTO ASFÁLTICO MODIFICADO POR POLÍMERO SBS 50-65","2011-04-01","***","***","***",1.259195,"***",1.259195]
["CIMENTO ASFÁLTICO MODIFICADO POR POLÍMERO SBS 50-65","2011-05-01","***","***",1.64399,1.17416187693498,"***",1.32467493687533]
["CIMENTO ASFÁLTICO MODIFICADO POR POLÍMERO SBS 50-65","2011-06-01","***","***",1.63832411972057,1.17467,"***",1.60140245030378]
["CIMENTO ASFÁLTICO MODIFICADO POR POLÍMERO SBS 50-65","2011-07-01","***","***",1.49254099868481,1.17304,"***",1.47236946535237]
["CIMENTO ASFÁLTICO MODIFICADO POR POLÍMERO SBS 50-65","2011-08-01","***","***",1.37516594026331,1.17292500104232,"***",1.36043657283838]
["CIMENTO ASFÁLTICO MODIFICADO POR POLÍMERO SBS 50-65","2011-09-01","***","***",1.37509,1.17300319924861,1.55753,1.33114077554526]
["CIMENTO ASFÁLTICO MODIFICADO POR POLÍMERO SBS 50-65","2011-10-01","***","***","***",1.17046567164179,"***",1.17046567164179]
["CIMENTO ASFÁLTICO MODIFICADO POR POLÍMERO SBS 50-65","2011-11-01","***","***","***","***","***","***"]
["CIMENTO ASFÁLTICO MODIFICADO POR POLÍMERO SBS 50-65","2011-12-01","***","***","***",1.10371,"***",1.10371]
["CIMENTO ASFÁLTICO MODIFICADO POR POLÍMERO SBS 50-65","2012-01-01","***","***","***",1.10371331830239,"***",1.10371331830239]
["CIMENTO ASFÁLTICO MODIFICADO POR POLÍMERO SBS 50-65","2012-02-01","***","***","***",1.10371172266702,"***",1.10371172266702]
["CIMENTO ASFÁLTICO MODIFICADO POR POLÍMERO SBS 50-65","2012-03-01","***","***","***",1.10371196484976,"***",1.10371196484976]
["CIMENTO ASFÁLTICO MODIFICADO POR POLÍMERO SBS 50-65","2012-04-01","***","***","***",1.10371670495433,"***",1.10371670495433]
["CIMENTO ASFÁLTICO MODIFICADO POR POLÍMERO SBS 50-65","2012-05-01","***","***",1.56877,1.12521234410373,"***",1.34749210985626]
["CIMENTO ASFÁLTICO MODIFICADO POR POLÍMERO SBS 50-65","2012-06-01","***","***",1.56877,1.14682,"***",1.43211060492505]
["CIMENTO ASFÁLTICO MODIFICADO POR POLÍMERO SBS 50-65","2012-07-01","***","***",1.56877,1.17455,1.36588,1.37214319594595]
["CIMENTO ASFÁLTICO MODIFICADO POR POLÍMERO SBS 50-65","2012-08-01","***","***",1.56877,1.17455,"***",1.42981265889687]
["CIMENTO ASFÁLTICO MODIFICADO POR POLÍMERO SBS 50-65","2012-09-01","***","***",1.61871,"***","***",1.61871]
["CIMENTO ASFÁLTICO MODIFICADO POR POLÍMERO SBS 50-65","2012-10-01","***","***",1.63874561233802,"***","***",1.63874561233802]
["CIMENTO ASFÁLTICO MODIFICADO POR POLÍMERO SBS 50-65","2012-11-01","***","***","***","***","***","***"]
["CIMENTO ASFÁLTICO MODIFICADO POR POLÍMERO SBS 50-65","2012-12-01","***","***","***","***","***","***"]
["CIMENTO ASFÁLTICO MODIFICADO POR POLÍMERO SBS 50-65","2013-01-01","***","***","***","***","***","***"]
["CIMENTO ASFÁLTICO MODIFICADO POR POLÍMERO SBS 50-65","2013-02-01","***","***","***","***","***","***"]
["CIMENTO ASFÁLTICO MODIFICADO POR POLÍMERO SBS 50-65","2013-03-01","***","***","***","***","***","***"]
["CIMENTO ASFÁLTICO MODIFICADO POR POLÍMERO SBS 50-65","2013-04-01","***","***","***",1.312,"***",1.312]
["CIMENTO ASFÁLTICO MODIFICADO POR POLÍMERO SBS 50-65","2013-05-01","***","***","***",1.312,1.32252,1.31353526114799]
["CIMENTO ASFÁLTICO MODIFICADO POR POLÍMERO SBS 50-65","2013-06-01","***","***","***",1.312,"***",1.312]
["CIMENTO ASFÁLTICO MODIFICADO POR POLÍMERO SBS 50-65","2013-07-01","***","***","***",1.312,"***",1.312]
["CIMENTO ASFÁLTICO MODIFICADO POR POLÍMERO SBS 50-65","2013-08-01","***","***","***","***",1.56972025948104,1.56972025948104]
["CIMENTO ASFÁLTICO MODIFICADO POR POLÍMERO SBS 50-65","2013-09-01","***","***","***",1.312,"***",1.312]
["CIMENTO ASFÁLTICO MODIFICADO POR POLÍMERO SBS 50-65","2013-10-01","***","***","***","***",1.36149,1.36149]
["CIMENTO ASFÁLTICO MODIFICADO POR POLÍMERO SBS 50-65","2013-11-01","***","***","***",1.44751073655385,"***",1.44751073655385]
["CIMENTO ASFÁLTICO MODIFICADO POR POLÍMERO SBS 50-65","2013-12-01","***","***","***","***","***","***"]
["CIMENTO ASFÁLTICO MODIFICADO POR POLÍMERO SBS 50-65","2014-01-01","***","***","***",1.42351179238237,"***",1.42351179238237]
["CIMENTO ASFÁLTICO MODIFICADO POR POLÍMERO SBS 50-65","2014-02-01","***","***","***","***","***","***"]
["CIMENTO ASFÁLTICO MODIFICADO POR POLÍMERO SBS 50-65","2014-03-01","***","***",1.42697324978834,"***","***",1.42697324978834]
["CIMENTO ASFÁLTICO MODIFICADO POR POLÍMERO SBS 50-65","2014-04-01","***","***",1.30338590713931,"***","***",1.30338590713931]
["CIMENTO ASFÁLTICO MODIFICADO POR POLÍMERO SBS 50-65","2014-05-01","***","***","***","***","***","***"]
["CIMENTO ASFÁLTICO MODIFICADO POR POLÍMERO SBS 50-65","2014-06-01","***","***","***","***","***","***"]
["CIMENTO ASFÁLTICO MODIFICADO POR POLÍMERO SBS 50-65","2014-07-01","***","***","***","***","***","***"]
["CIMENTO ASFÁLTICO MODIFICADO POR POLÍMERO SBS 50-65","2014-08-01","***","***","***","***","***","***"]
["CIMENTO ASFÁLTICO MODIFICADO POR POLÍMERO SBS 50-65","2014-09-01","***","***","***","***","***","***"]
["CIMENTO ASFÁLTICO MODIFICADO POR POLÍMERO SBS 50-65","2014-10-01","***","***","***","***","***","***"]
["CIMENTO ASFÁLTICO MODIFICADO POR POLÍMERO SBS 50-65","2014-11-01","***","***","***","***","***","***"]
["CIMENTO ASFÁLTICO MODIFICADO POR POLÍMERO SBS 50-65","2014-12-01","***","***","***","***","***","***"]
["CIMENTO ASFÁLTICO MODIFICADO POR POLÍMERO SBS 50-65","2015-01-01","***","***","***","***","***","***"]
["CIMENTO ASFÁLTICO MODIFICADO POR POLÍMERO SBS 50-65","2015-02-01","***","***","***","***","***","***"]
["CIMENTO ASFÁLTICO MODIFICADO POR POLÍMERO SBS 50-65","2015-03-01","***","***","***","***","***","***"]
["CIMENTO ASFÁLTICO MODIFICADO POR POLÍMERO SBS 50-65","2015-04-01","***","***","***","***","***","***"]
["CIMENTO ASFÁLTICO MODIFICADO POR POLÍMERO SBS 50-65","2015-05-01","***","***","***","***","***","***"]
["CIMENTO ASFÁLTICO MODIFICADO POR POLÍMERO SBS 50-65","2015-06-01","***","***","***","***","***","***"]
["CIMENTO ASFÁLTICO MODIFICADO POR POLÍMERO SBS 50-65","2015-07-01","***","***","***","***","***","***"]
["CIMENTO ASFÁLTICO MODIFICADO POR POLÍMERO SBS 50-65","2015-08-01","***","***","***","***","***","***"]
["CIMENTO ASFÁLTICO MODIFICADO POR POLÍMERO SBS 55-75","2009-12-01","***","***","***","***",1.4085247007018,1.4085247007018]
["CIMENTO ASFÁLTICO MODIFICADO POR POLÍMERO SBS 55-75","2010-01-01","***",1.47911,"***","***",1.412,1.45017092528184]
["CIMENTO ASFÁLTICO MODIFICADO POR POLÍMERO SBS 55-75","2010-02-01","***","***","***","***",1.3579,1.3579]
["CIMENTO ASFÁLTICO MODIFICADO POR POLÍMERO SBS 55-75","2010-03-01","***","***","***","***",1.3579,1.3579]
["CIMENTO ASFÁLTICO MODIFICADO POR POLÍMERO SBS 55-75","2010-04-01","***","***","***","***",1.3579,1.3579]
["CIMENTO ASFÁLTICO MODIFICADO POR POLÍMERO SBS 55-75","2010-05-01","***","***","***",1.33582409939632,1.33714116094987,1.33653438069983]
["CIMENTO ASFÁLTICO MODIFICADO POR POLÍMERO SBS 55-75","2010-06-01","***","***","***","***",1.34924838227974,1.34924838227974]
["CIMENTO ASFÁLTICO MODIFICADO POR POLÍMERO SBS 55-75","2010-07-01","***",1.44868,"***","***",1.35573203035477,1.36333250714236]
["CIMENTO ASFÁLTICO MODIFICADO POR POLÍMERO SBS 55-75","2010-08-01","***","***","***",1.62704,1.33961398923406,1.35494878806483]
["CIMENTO ASFÁLTICO MODIFICADO POR POLÍMERO SBS 55-75","2010-09-01","***",1.48319,"***",1.37050185423781,1.33284387544117,1.38662013509249]
["CIMENTO ASFÁLTICO MODIFICADO POR POLÍMERO SBS 55-75","2010-10-01","***",1.48319,"***",1.37926486365505,1.30944207370327,1.34603135514237]
["CIMENTO ASFÁLTICO MODIFICADO POR POLÍMERO SBS 55-75","2010-11-01","***",1.4832,"***",1.30824502071177,1.32964976174947,1.35156966437606]
["CIMENTO ASFÁLTICO MODIFICADO POR POLÍMERO SBS 55-75","2010-12-01","***","***","***",1.30873063007891,1.32007548546853,1.31115025062773]
["CIMENTO ASFÁLTICO MODIFICADO POR POLÍMERO SBS 55-75","2011-01-01","***","***","***",1.2826475553595,1.24743435838298,1.27951440220489]
["CIMENTO ASFÁLTICO MODIFICADO POR POLÍMERO SBS 55-75","2011-02-01","***",0.78463168964547,"***",1.26175681631375,1.23995929927405,1.12999444981937]
["CIMENTO ASFÁLTICO MODIFICADO POR POLÍMERO SBS 55-75","2011-03-01","***",1.2996251914734,"***",1.28085019221585,1.23380216760632,1.25668549398779]
["CIMENTO ASFÁLTICO MODIFICADO POR POLÍMERO SBS 55-75","2011-04-01","***",1.00473515982564,"***",1.32068,1.24284636759275,1.20176347929678]
["CIMENTO ASFÁLTICO MODIFICADO POR POLÍMERO SBS 55-75","2011-05-01","***",0.641706354774826,1.6392,1.11872888378284,1.24083604016381,1.06828818364233]
["CIMENTO ASFÁLTICO MODIFICADO POR POLÍMERO SBS 55-75","2011-06-01","***",0.963460795654383,1.6392,1.15531582200212,1.22113967127616,1.16206119623186]
["CIMENTO ASFÁLTICO MODIFICADO POR POLÍMERO SBS 55-75","2011-07-01","***",1.24418210445469,1.64903019299546,1.26273554345674,1.23023614230953,1.3480658364967]
["CIMENTO ASFÁLTICO MODIFICADO POR POLÍMERO SBS 55-75","2011-08-01","***",1.23613957616374,1.6641,"***",1.21722966490847,1.25658857364082]
["CIMENTO ASFÁLTICO MODIFICADO POR POLÍMERO SBS 55-75","2011-09-01","***",1.4429,"***",1.36294105221983,1.20349740334167,1.24343896058849]
["CIMENTO ASFÁLTICO MODIFICADO POR POLÍMERO SBS 55-75","2011-10-01","***",1.39886149269096,1.37394,1.4555,1.17378461241678,1.31004625949056]
["CIMENTO ASFÁLTICO MODIFICADO POR POLÍMERO SBS 55-75","2011-11-01","***",1.35041918089204,"***",1.43827101508312,1.27020423776489,1.32816360998998]
["CIMENTO ASFÁLTICO MODIFICADO POR POLÍMERO SBS 55-75","2011-12-01","***",1.31169413690132,"***",1.34221005149737,1.14609813552934,1.29786810347926]
["CIMENTO ASFÁLTICO MODIFICADO POR POLÍMERO SBS 55-75","2012-01-01","***",1.32091015353725,"***",1.35803591466346,1.23418077451694,1.29569111626199]
["CIMENTO ASFÁLTICO MODIFICADO POR POLÍMERO SBS 55-75","2012-02-01","***",1.29069301215669,"***",1.36152324955797,1.29024238520076,1.29633313926827]
["CIMENTO ASFÁLTICO MODIFICADO POR POLÍMERO SBS 55-75","2012-03-01","***",1.31156488183469,"***",1.41405759081048,1.29898994529488,1.31289564514858]
["CIMENTO ASFÁLTICO MODIFICADO POR POLÍMERO SBS 55-75","2012-04-01","***",1.30766351730247,"***",1.45722482326255,1.29026467673259,1.30999881467289]
["CIMENTO ASFÁLTICO MODIFICADO POR POLÍMERO SBS 55-75","2012-05-01","***",0.969588204267874,"***",1.38703423671364,1.2912270096463,1.1326667311412]
["CIMENTO ASFÁLTICO MODIFICADO POR POLÍMERO SBS 55-75","2012-06-01","***",1.17014047309663,"***",1.27663721958987,1.31030663595968,1.2445550617667]
["CIMENTO ASFÁLTICO MODIFICADO POR POLÍMERO SBS 55-75","2012-07-01","***",1.43487543289771,"***",1.33939861859838,1.41786617673445,1.40875393662962]
["CIMENTO ASFÁLTICO MODIFICADO POR POLÍMERO SBS 55-75","2012-08-01","***",1.39609538994995,1.7139,1.3468,1.36154772892095,1.44712538215957]
["CIMENTO ASFÁLTICO MODIFICADO POR POLÍMERO SBS 55-75","2012-09-01","***",1.35666272893815,1.7139,1.4555,1.4015400096954,1.41700657125893]
["CIMENTO ASFÁLTICO MODIFICADO POR POLÍMERO SBS 55-75","2012-10-01","***",1.36912423425534,1.8284,1.31639345937249,1.25941631431459,1.37671382297063]
["CIMENTO ASFÁLTICO MODIFICADO POR POLÍMERO SBS 55-75","2012-11-01","***",1.36361686970988,1.8284,1.3735,1.34578550100681,1.48255640203124]
["CIMENTO ASFÁLTICO MODIFICADO POR POLÍMERO SBS 55-75","2012-12-01","***",1.3433033564416,1.8284,1.20565,1.38665779997187,1.38802239148621]
["CIMENTO ASFÁLTICO MODIFICADO POR POLÍMERO SBS 55-75","2013-01-01","***",1.3712148691433,1.8284,1.3495842531401,1.38707976550999,1.39149652391383]
["CIMENTO ASFÁLTICO MODIFICADO POR POLÍMERO SBS 55-75","2013-02-01","***",1.38098531741576,1.8284,1.3744712404962,1.38460097553221,1.41281131954289]
["CIMENTO ASFÁLTICO MODIFICADO POR POLÍMERO SBS 55-75","2013-03-01","***",1.37830898029225,"***",1.30982808820925,1.37935758759746,1.37297954853571]
["CIMENTO ASFÁLTICO MODIFICADO POR POLÍMERO SBS 55-75","2013-04-01","***",1.36699454569104,1.8284,1.32839607718275,1.4031320763379,1.40703130810235]
["CIMENTO ASFÁLTICO MODIFICADO POR POLÍMERO SBS 55-75","2013-05-01","***",1.38801241623237,1.78043122356004,1.29637614516891,1.42903606114267,1.4362685830181]
["CIMENTO ASFÁLTICO MODIFICADO POR POLÍMERO SBS 55-75","2013-06-01","***",1.40215790956186,1.82390222854096,1.29848737529099,1.55500548871038,1.50044439707822]
["CIMENTO ASFÁLTICO MODIFICADO POR POLÍMERO SBS 55-75","2013-07-01","***",1.38717236566849,1.80527407638574,1.33403440156469,1.44762560651862,1.46755671715861]
["CIMENTO ASFÁLTICO MODIFICADO POR POLÍMERO SBS 55-75","2013-08-01","***",1.37281682808601,1.82492721598686,1.34887128594282,1.49249778251972,1.43918540779585]
["CIMENTO ASFÁLTICO MODIFICADO POR POLÍMERO SBS 55-75","2013-09-01","***",1.37657189789044,1.8167627969621,1.31377465938638,1.45967252570687,1.44373876262533]
["CIMENTO ASFÁLTICO MODIFICADO POR POLÍMERO SBS 55-75","2013-10-01","***",1.3168143530317,1.83787492816309,"***",1.48898442621453,1.4748210147873]
["CIMENTO ASFÁLTICO MODIFICADO POR POLÍMERO SBS 55-75","2013-11-01","***",1.32167237956322,1.82837781746946,"***",1.41289244678799,1.42913005046729]
["CIMENTO ASFÁLTICO MODIFICADO POR POLÍMERO SBS 55-75","2013-12-01","***",1.44253478271743,"***",1.34464845644762,1.38392416510165,1.40937148700362]
["CIMENTO ASFÁLTICO MODIFICADO POR POLÍMERO SBS 55-75","2014-01-01","***",1.3379008202287,1.8284,1.38392,1.45863119392324,1.41624266271837]
["CIMENTO ASFÁLTICO MODIFICADO POR POLÍMERO SBS 55-75","2014-02-01","***",1.37168050617923,"***",1.4903,1.40238579093608,1.39555800953683]
["CIMENTO ASFÁLTICO MODIFICADO POR POLÍMERO SBS 55-75","2014-03-01","***",1.3360945071616,1.8592,1.48955587106677,1.41850175556946,1.38628175764763]
["CIMENTO ASFÁLTICO MODIFICADO POR POLÍMERO SBS 55-75","2014-04-01","***",1.08579833452192,1.74944751253978,1.4888,1.45181332997647,1.25831306190633]
["CIMENTO ASFÁLTICO MODIFICADO POR POLÍMERO SBS 55-75","2014-05-01","***",1.33662605774095,1.76725167864941,1.34724503594921,1.4751856772984,1.41810697342363]
["CIMENTO ASFÁLTICO MODIFICADO POR POLÍMERO SBS 55-75","2014-06-01","***",1.35280254768033,"***",1.34933,1.43815844615281,1.39527944657484]
["CIMENTO ASFÁLTICO MODIFICADO POR POLÍMERO SBS 55-75","2014-07-01","***",1.34274514208246,"***","***",1.42537087504776,1.38905192649873]
["CIMENTO ASFÁLTICO MODIFICADO POR POLÍMERO SBS 55-75","2014-08-01","***",1.41119871081678,"***","***",1.47527756482538,1.44952093584056]
["CIMENTO ASFÁLTICO MODIFICADO POR POLÍMERO SBS 55-75","2014-09-01","***",1.39581245288056,"***","***",1.58950940289063,1.50401620000377]
["CIMENTO ASFÁLTICO MODIFICADO POR POLÍMERO SBS 55-75","2014-10-01","***",1.37905963390414,1.87830487734321,1.4945898512614,1.43570777448422,1.43626205078224]
["CIMENTO ASFÁLTICO MODIFICADO POR POLÍMERO SBS 55-75","2014-11-01","***",1.42978915311154,1.83897669366257,1.49406207253886,1.55142627685288,1.51082034199066]
["CIMENTO ASFÁLTICO MODIFICADO POR POLÍMERO SBS 55-75","2014-12-01","***",1.52943258502178,2.13866210974285,1.72072904439428,1.69827147849963,1.62134915717643]
["CIMENTO ASFÁLTICO MODIFICADO POR POLÍMERO SBS 55-75","2015-01-01","***",1.71017867262514,"***","***",1.98050233823006,1.80546422901885]
["CIMENTO ASFÁLTICO MODIFICADO POR POLÍMERO SBS 55-75","2015-02-01","***",1.6838658791077,"***","***",1.81210563280698,1.74854981573942]
["CIMENTO ASFÁLTICO MODIFICADO POR POLÍMERO SBS 55-75","2015-03-01","***",1.80451229246002,"***",1.68685435791133,1.81776687895222,1.76960510828088]
["CIMENTO ASFÁLTICO MODIFICADO POR POLÍMERO SBS 55-75","2015-04-01","***",1.80775,"***",1.73135559286867,1.8111169557008,1.78254832301397]
["CIMENTO ASFÁLTICO MODIFICADO POR POLÍMERO SBS 55-75","2015-05-01","***",1.89641863747811,"***",1.65154336882086,1.78119969820957,1.77714944872985]
["CIMENTO ASFÁLTICO MODIFICADO POR POLÍMERO SBS 55-75","2015-06-01","***",2.039196223964,"***",1.71328638497123,1.69309187498976,1.74542524761557]
["CIMENTO ASFÁLTICO MODIFICADO POR POLÍMERO SBS 55-75","2015-07-01","***",1.87907850576801,"***",2.00110907384726,1.86522970910438,1.90634260476031]
["CIMENTO ASFÁLTICO MODIFICADO POR POLÍMERO SBS 55-75","2015-08-01","***",1.61873,"***",1.80214048256504,1.70621511928198,1.73953484128556]
["CIMENTO ASFÁLTICO MODIFICADO POR POLÍMERO SBS 60-85","2009-12-01","***","***",1.7973052872604,1.34167595967689,1.32997914910413,1.45977470577918]
["CIMENTO ASFÁLTICO MODIFICADO POR POLÍMERO SBS 60-85","2010-01-01","***","***",1.75981333031569,1.36536384868476,1.37490357798692,1.48478938320686]
["CIMENTO ASFÁLTICO MODIFICADO POR POLÍMERO SBS 60-85","2010-02-01","***","***",1.79178927124924,1.3470507055903,1.38958351173806,1.46639000592205]
["CIMENTO ASFÁLTICO MODIFICADO POR POLÍMERO SBS 60-85","2010-03-01","***","***",1.8306406473151,1.35654550236356,1.38285772258097,1.46107606103706]
["CIMENTO ASFÁLTICO MODIFICADO POR POLÍMERO SBS 60-85","2010-04-01","***","***",1.78705554577181,1.36015656569678,1.28973250910187,1.56507394547501]
["CIMENTO ASFÁLTICO MODIFICADO POR POLÍMERO SBS 60-85","2010-05-01","***",1.40834,1.82607607956731,1.34802215454401,1.34005971227348,1.52176810150781]
["CIMENTO ASFÁLTICO MODIFICADO POR POLÍMERO SBS 60-85","2010-06-01","***",1.40834,1.84462275360396,1.28085796695426,1.3389870090352,1.38927728317272]
["CIMENTO ASFÁLTICO MODIFICADO POR POLÍMERO SBS 60-85","2010-07-01","***",1.40834,1.83348037779406,1.28557436441857,1.33383624692531,1.43245057670165]
["CIMENTO ASFÁLTICO MODIFICADO POR POLÍMERO SBS 60-85","2010-08-01","***",1.40834,1.8200538202731,1.2599148648422,1.34885728661036,1.39187578160907]
["CIMENTO ASFÁLTICO MODIFICADO POR POLÍMERO SBS 60-85","2010-09-01","***","***",1.77737534094931,1.29400797273248,1.3686770810069,1.41088815803251]
["CIMENTO ASFÁLTICO MODIFICADO POR POLÍMERO SBS 60-85","2010-10-01","***","***",1.78553958704937,1.2824269304583,1.34813107684567,1.42778296859063]
["CIMENTO ASFÁLTICO MODIFICADO POR POLÍMERO SBS 60-85","2010-11-01","***","***",1.77132553310382,1.2976995049327,1.34874825277241,1.45650973053386]
["CIMENTO ASFÁLTICO MODIFICADO POR POLÍMERO SBS 60-85","2010-12-01","***",1.56869,1.86762328094243,1.28010187713063,1.33671183810596,1.40333294948564]
["CIMENTO ASFÁLTICO MODIFICADO POR POLÍMERO SBS 60-85","2011-01-01","***","***",1.78160711917824,1.26663102828955,1.36776146480079,1.40081176771399]
["CIMENTO ASFÁLTICO MODIFICADO POR POLÍMERO SBS 60-85","2011-02-01","***",1.64589,1.95418806229312,1.32876987955953,1.37428324790067,1.40338956906503]
["CIMENTO ASFÁLTICO MODIFICADO POR POLÍMERO SBS 60-85","2011-03-01","***",1.47680841177817,1.84887,1.23391152967317,1.36689967390571,1.34649880712366]
["CIMENTO ASFÁLTICO MODIFICADO POR POLÍMERO SBS 60-85","2011-04-01","***","***",1.83944714083356,1.30748729336674,1.36025232453281,1.39115192848601]
["CIMENTO ASFÁLTICO MODIFICADO POR POLÍMERO SBS 60-85","2011-05-01","***",1.35648,1.7291635397684,1.27127231726663,1.35760784723204,1.37778746894105]
["CIMENTO ASFÁLTICO MODIFICADO POR POLÍMERO SBS 60-85","2011-06-01","***",1.35687,1.69818105036865,1.2992499891131,1.32568093041525,1.37692778274788]
["CIMENTO ASFÁLTICO MODIFICADO POR POLÍMERO SBS 60-85","2011-07-01","***",1.35674,1.68007236304648,1.30869469029169,1.26730037852585,1.41039947962137]
["CIMENTO ASFÁLTICO MODIFICADO POR POLÍMERO SBS 60-85","2011-08-01","***",1.35544,1.71263791987574,1.31689583219396,1.29818922025289,1.43011029434868]
["CIMENTO ASFÁLTICO MODIFICADO POR POLÍMERO SBS 60-85","2011-09-01","***","***",1.7363432329453,1.28078252471503,1.27151559090925,1.3711510650954]
["CIMENTO ASFÁLTICO MODIFICADO POR POLÍMERO SBS 60-85","2011-10-01","***",1.43249,1.56292041950499,1.28830718794144,1.28207898039875,1.37660865005524]
["CIMENTO ASFÁLTICO MODIFICADO POR POLÍMERO SBS 60-85","2011-11-01","***","***",1.4480163644658,1.29612915551198,1.24447741486667,1.33296903010205]
["CIMENTO ASFÁLTICO MODIFICADO POR POLÍMERO SBS 60-85","2011-12-01","***",1.41819,1.33288463749545,1.31805933918186,1.27279619383359,1.31855841519997]
["CIMENTO ASFÁLTICO MODIFICADO POR POLÍMERO SBS 60-85","2012-01-01","***",1.41818,1.3926199686941,1.30305162675239,1.27480591271174,1.3132685568832]
["CIMENTO ASFÁLTICO MODIFICADO POR POLÍMERO SBS 60-85","2012-02-01","***",1.41818,1.34114523668514,1.32357844197638,1.27741868589316,1.31839427805586]
["CIMENTO ASFÁLTICO MODIFICADO POR POLÍMERO SBS 60-85","2012-03-01","***",1.4182,1.31772787384782,1.341476190228,1.23912537046904,1.32420009722582]
["CIMENTO ASFÁLTICO MODIFICADO POR POLÍMERO SBS 60-85","2012-04-01","***",1.41819,1.42438732166507,1.34873246316508,1.24418435221604,1.33459059999428]
["CIMENTO ASFÁLTICO MODIFICADO POR POLÍMERO SBS 60-85","2012-05-01","***",1.4182,1.44162389689288,1.38004547454104,1.26160423474105,1.35479859068703]
["CIMENTO ASFÁLTICO MODIFICADO POR POLÍMERO SBS 60-85","2012-06-01","***","***",1.47338650402145,1.41556322946292,1.32315276479376,1.41867477040737]
["CIMENTO ASFÁLTICO MODIFICADO POR POLÍMERO SBS 60-85","2012-07-01","***","***",1.58297902553083,1.44640986699561,1.36579372953287,1.48346987610209]
["CIMENTO ASFÁLTICO MODIFICADO POR POLÍMERO SBS 60-85","2012-08-01","***","***",1.54091838679456,1.39317132365453,1.37242238773275,1.46429210528415]
["CIMENTO ASFÁLTICO MODIFICADO POR POLÍMERO SBS 60-85","2012-09-01","***","***",1.5943221275863,1.40456696340781,1.3460543600897,1.50898085163426]
["CIMENTO ASFÁLTICO MODIFICADO POR POLÍMERO SBS 60-85","2012-10-01",1.55,1.41822,1.58595106340133,1.42880651044136,1.36210276406246,1.51066991860691]
["CIMENTO ASFÁLTICO MODIFICADO POR POLÍMERO SBS 60-85","2012-11-01","***",1.43249,1.61961269056614,1.41268420687787,1.32696057534756,1.48718222603119]
["CIMENTO ASFÁLTICO MODIFICADO POR POLÍMERO SBS 60-85","2012-12-01","***",1.41829,1.56546086878006,1.40579033887159,1.34142123251397,1.43546431286232]
["CIMENTO ASFÁLTICO MODIFICADO POR POLÍMERO SBS 60-85","2013-01-01","***","***",1.49918634988199,1.43482963527148,1.34859070219166,1.42890545818238]
["CIMENTO ASFÁLTICO MODIFICADO POR POLÍMERO SBS 60-85","2013-02-01","***","***",1.45410010970175,1.4461664106103,1.35719920483642,1.4138698570745]
["CIMENTO ASFÁLTICO MODIFICADO POR POLÍMERO SBS 60-85","2013-03-01","***",1.41824,1.46160551710134,1.33632530940486,1.3969275870448,1.38467643804909]
["CIMENTO ASFÁLTICO MODIFICADO POR POLÍMERO SBS 60-85","2013-04-01","***",1.41823,1.49117747177599,1.30393147224812,1.3627987946699,1.35853261330565]
["CIMENTO ASFÁLTICO MODIFICADO POR POLÍMERO SBS 60-85","2013-05-01","***","***",1.50938371133929,1.29157916986917,1.34743669764764,1.37112310895423]
["CIMENTO ASFÁLTICO MODIFICADO POR POLÍMERO SBS 60-85","2013-06-01","***","***",1.64165091785461,1.42613652720457,1.36430684549811,1.48793261771462]
["CIMENTO ASFÁLTICO MODIFICADO POR POLÍMERO SBS 60-85","2013-07-01","***",1.41821,1.69919768788969,1.47911165751754,1.37121261562747,1.50948006306615]
["CIMENTO ASFÁLTICO MODIFICADO POR POLÍMERO SBS 60-85","2013-08-01","***",1.41821,1.84543261397587,1.49101268942569,1.35457465192744,1.51828743071771]
["CIMENTO ASFÁLTICO MODIFICADO POR POLÍMERO SBS 60-85","2013-09-01","***","***",1.72018160718337,1.4575988807771,1.36580210187802,1.49066740281766]
["CIMENTO ASFÁLTICO MODIFICADO POR POLÍMERO SBS 60-85","2013-10-01","***","***",1.64692503401549,1.47734836816997,1.38679077802958,1.48450711470976]
["CIMENTO ASFÁLTICO MODIFICADO POR POLÍMERO SBS 60-85","2013-11-01","***","***",1.66565718193951,1.45898505384073,1.41172132753056,1.47658466758625]
["CIMENTO ASFÁLTICO MODIFICADO POR POLÍMERO SBS 60-85","2013-12-01","***",2.21984,1.6674420536148,1.44767022354561,1.43344468046111,1.46370610510067]
["CIMENTO ASFÁLTICO MODIFICADO POR POLÍMERO SBS 60-85","2014-01-01","***","***",1.59315338910417,1.46363742133731,1.36492160521209,1.462132657757]
["CIMENTO ASFÁLTICO MODIFICADO POR POLÍMERO SBS 60-85","2014-02-01","***",2.21983800963544,1.65635644897292,1.48624206578462,1.41585807794098,1.50723401334179]
["CIMENTO ASFÁLTICO MODIFICADO POR POLÍMERO SBS 60-85","2014-03-01","***",2.21983802359882,1.63757626112862,1.50014860844139,1.64998977486192,1.55084400446471]
["CIMENTO ASFÁLTICO MODIFICADO POR POLÍMERO SBS 60-85","2014-04-01","***",1.63164403289847,1.57742347827802,1.47356656478395,1.5553809817418,1.50756212886448]
["CIMENTO ASFÁLTICO MODIFICADO POR POLÍMERO SBS 60-85","2014-05-01","***",1.33642567217122,1.67356341848524,1.54190922728514,1.52834835352938,1.55817461796657]
["CIMENTO ASFÁLTICO MODIFICADO POR POLÍMERO SBS 60-85","2014-06-01","***","***",1.68574321589296,1.50750956516892,1.42658204206606,1.52806603654417]
["CIMENTO ASFÁLTICO MODIFICADO POR POLÍMERO SBS 60-85","2014-07-01","***","***",1.69598132672708,1.45431045443235,1.42034967954938,1.53468120980683]
["CIMENTO ASFÁLTICO MODIFICADO POR POLÍMERO SBS 60-85","2014-08-01","***","***",1.66015337285568,1.44554204068194,1.4160834348457,1.48942954020695]
["CIMENTO ASFÁLTICO MODIFICADO POR POLÍMERO SBS 60-85","2014-09-01","***",2.21983,1.84241373394318,1.57846191651562,1.44967801263146,1.63140778779577]
["CIMENTO ASFÁLTICO MODIFICADO POR POLÍMERO SBS 60-85","2014-10-01","***",2.21984,1.6926416620171,1.50511736181334,1.44124818622028,1.54585442256081]
["CIMENTO ASFÁLTICO MODIFICADO POR POLÍMERO SBS 60-85","2014-11-01","***",2.21984,1.78367343155719,1.52139578909807,1.47352507777436,1.58195724880179]
["CIMENTO ASFÁLTICO MODIFICADO POR POLÍMERO SBS 60-85","2014-12-01","***",2.21983,1.81572570472517,1.65716027224158,1.55844334723971,1.67412147047412]
["CIMENTO ASFÁLTICO MODIFICADO POR POLÍMERO SBS 60-85","2015-01-01","***","***",1.63449462704333,1.75255531973788,1.71007521783381,1.72191496298119]
["CIMENTO ASFÁLTICO MODIFICADO POR POLÍMERO SBS 60-85","2015-02-01","***",1.42255805355064,1.74412934075071,1.7655466085606,1.68432975462851,1.71312728061981]
["CIMENTO ASFÁLTICO MODIFICADO POR POLÍMERO SBS 60-85","2015-03-01","***",2.23007601333464,1.68173043525773,1.7336568484479,1.76172418370713,1.7393640847493]
["CIMENTO ASFÁLTICO MODIFICADO POR POLÍMERO SBS 60-85","2015-04-01","***",2.14889,1.75841673773694,1.71423527829726,1.78457596070597,1.75471884811761]
["CIMENTO ASFÁLTICO MODIFICADO POR POLÍMERO SBS 60-85","2015-05-01","***",2.11503,1.63131756791284,1.68375907717495,1.77665230411482,1.70399279228226]
["CIMENTO ASFÁLTICO MODIFICADO POR POLÍMERO SBS 60-85","2015-06-01","***","***",1.72738696372576,1.61236955463253,1.8777199310002,1.75919657837769]
["CIMENTO ASFÁLTICO MODIFICADO POR POLÍMERO SBS 60-85","2015-07-01","***",1.07024265166069,1.79509726571498,1.66768411858206,1.87870605781591,1.8040626287908]
["CIMENTO ASFÁLTICO MODIFICADO POR POLÍMERO SBS 60-85","2015-08-01","***",1.08001697535383,2.00485108149913,1.66222485362765,1.8720301755299,1.85510065940184]
["CIMENTO ASFÁLTICO MODIFICADO POR POLÍMERO SBS 65-90","2009-12-01","***","***","***","***",1.3856,1.3856]
["CIMENTO ASFÁLTICO MODIFICADO POR POLÍMERO SBS 65-90","2010-01-01","***","***","***","***",1.5106,1.5106]
["CIMENTO ASFÁLTICO MODIFICADO POR POLÍMERO SBS 65-90","2010-02-01","***","***","***",1.4158,1.50278406295908,1.43720351458817]
["CIMENTO ASFÁLTICO MODIFICADO POR POLÍMERO SBS 65-90","2010-03-01","***","***","***",1.70213,1.48071782444124,1.58468141504924]
["CIMENTO ASFÁLTICO MODIFICADO POR POLÍMERO SBS 65-90","2010-04-01","***","***","***","***","***","***"]
["CIMENTO ASFÁLTICO MODIFICADO POR POLÍMERO SBS 65-90","2010-05-01","***","***","***","***",1.3461,1.3461]
["CIMENTO ASFÁLTICO MODIFICADO POR POLÍMERO SBS 65-90","2010-06-01","***","***","***","***",1.3457,1.3457]
["CIMENTO ASFÁLTICO MODIFICADO POR POLÍMERO SBS 65-90","2010-07-01","***","***","***","***",1.43088705398242,1.43088705398242]
["CIMENTO ASFÁLTICO MODIFICADO POR POLÍMERO SBS 65-90","2010-08-01","***","***","***","***",1.34376381144142,1.34376381144142]
["CIMENTO ASFÁLTICO MODIFICADO POR POLÍMERO SBS 65-90","2010-09-01","***","***","***","***",1.3453,1.3453]
["CIMENTO ASFÁLTICO MODIFICADO POR POLÍMERO SBS 65-90","2010-10-01","***","***","***","***","***","***"]
["CIMENTO ASFÁLTICO MODIFICADO POR POLÍMERO SBS 65-90","2010-11-01","***","***","***","***",1.3456,1.3456]
["CIMENTO ASFÁLTICO MODIFICADO POR POLÍMERO SBS 65-90","2010-12-01","***","***","***",1.49577,"***",1.49577]
["CIMENTO ASFÁLTICO MODIFICADO POR POLÍMERO SBS 65-90","2011-01-01","***","***","***","***",1.47147347893476,1.47147347893476]
["CIMENTO ASFÁLTICO MODIFICADO POR POLÍMERO SBS 65-90","2011-02-01","***","***","***",1.46564477414242,1.52056,1.4769252057752]
["CIMENTO ASFÁLTICO MODIFICADO POR POLÍMERO SBS 65-90","2011-03-01","***","***","***",1.45316046214541,1.52055667520638,1.49150573649688]
["CIMENTO ASFÁLTICO MODIFICADO POR POLÍMERO SBS 65-90","2011-04-01","***","***","***",1.46488651194756,1.40984225299052,1.43315447765538]
["CIMENTO ASFÁLTICO MODIFICADO POR POLÍMERO SBS 65-90","2011-05-01","***","***","***",1.45053125175881,1.28299912553559,1.36351679732455]
["CIMENTO ASFÁLTICO MODIFICADO POR POLÍMERO SBS 65-90","2011-06-01","***","***","***",1.44814175971598,1.25422566694229,1.33122553218837]
["CIMENTO ASFÁLTICO MODIFICADO POR POLÍMERO SBS 65-90","2011-07-01","***","***","***",1.44778345630852,1.34641548554005,1.39963452287257]
["CIMENTO ASFÁLTICO MODIFICADO POR POLÍMERO SBS 65-90","2011-08-01","***","***","***",1.48176912077807,1.41754683795459,1.45523409376751]
["CIMENTO ASFÁLTICO MODIFICADO POR POLÍMERO SBS 65-90","2011-09-01","***","***","***",1.47389999641384,1.34830711299314,1.3953001697417]
["CIMENTO ASFÁLTICO MODIFICADO POR POLÍMERO SBS 65-90","2011-10-01","***","***","***",3.81454,1.34999937492187,1.63633322026407]
["CIMENTO ASFÁLTICO MODIFICADO POR POLÍMERO SBS 65-90","2011-11-01","***","***","***",1.47581,1.39922144746333,1.45123667000964]
["CIMENTO ASFÁLTICO MODIFICADO POR POLÍMERO SBS 65-90","2011-12-01","***","***","***",1.41912173178049,1.27918809070958,1.37069508575768]
["CIMENTO ASFÁLTICO MODIFICADO POR POLÍMERO SBS 65-90","2012-01-01","***","***","***",1.45836209529508,"***",1.45836209529508]
["CIMENTO ASFÁLTICO MODIFICADO POR POLÍMERO SBS 65-90","2012-02-01","***","***","***",1.43239824953887,1.40657210901681,1.42797078228025]
["CIMENTO ASFÁLTICO MODIFICADO POR POLÍMERO SBS 65-90","2012-03-01","***","***","***",1.48213697982305,1.03999428519528,1.36955023413807]
["CIMENTO ASFÁLTICO MODIFICADO POR POLÍMERO SBS 65-90","2012-04-01","***","***","***",1.54863254461939,"***",1.54863254461939]
["CIMENTO ASFÁLTICO MODIFICADO POR POLÍMERO SBS 65-90","2012-05-01","***","***","***",1.5604873626809,1.1077,1.53546581867255]
["CIMENTO ASFÁLTICO MODIFICADO POR POLÍMERO SBS 65-90","2012-06-01","***","***","***",1.5807981125133,"***",1.5807981125133]
["CIMENTO ASFÁLTICO MODIFICADO POR POLÍMERO SBS 65-90","2012-07-01","***","***","***",1.70543436343926,"***",1.70543436343926]
["CIMENTO ASFÁLTICO MODIFICADO POR POLÍMERO SBS 65-90","2012-08-01","***","***","***",1.72914,"***",1.72914]
["CIMENTO ASFÁLTICO MODIFICADO POR POLÍMERO SBS 65-90","2012-09-01","***","***","***",1.61502897530303,1.353,1.59833579455152]
["CIMENTO ASFÁLTICO MODIFICADO POR POLÍMERO SBS 65-90","2012-10-01","***","***","***",1.65260463448192,"***",1.65260463448192]
["CIMENTO ASFÁLTICO MODIFICADO POR POLÍMERO SBS 65-90","2012-11-01","***","***","***",1.67978141009402,1.5986,1.66643403097777]
["CIMENTO ASFÁLTICO MODIFICADO POR POLÍMERO SBS 65-90","2012-12-01","***","***","***","***","***","***"]
["CIMENTO ASFÁLTICO MODIFICADO POR POLÍMERO SBS 65-90","2013-01-01","***","***","***",1.55231,"***",1.55231]
["CIMENTO ASFÁLTICO MODIFICADO POR POLÍMERO SBS 65-90","2013-02-01","***","***","***",1.56942892199825,"***",1.56942892199825]
["CIMENTO ASFÁLTICO MODIFICADO POR POLÍMERO SBS 65-90","2013-03-01","***","***","***","***","***","***"]
["CIMENTO ASFÁLTICO MODIFICADO POR POLÍMERO SBS 65-90","2013-04-01","***","***","***",1.2172,1.36038,1.30390441331709]
["CIMENTO ASFÁLTICO MODIFICADO POR POLÍMERO SBS 65-90","2013-05-01","***","***",2.032,1.55075,1.36038,1.86715438871473]
["CIMENTO ASFÁLTICO MODIFICADO POR POLÍMERO SBS 65-90","2013-06-01","***","***",2.032,"***","***",2.032]
["CIMENTO ASFÁLTICO MODIFICADO POR POLÍMERO SBS 65-90","2013-07-01","***","***",1.93750087445347,"***",1.43022291262136,1.79202356609867]
["CIMENTO ASFÁLTICO MODIFICADO POR POLÍMERO SBS 65-90","2013-08-01","***","***",1.99733809187279,"***",0.86666,1.83579567739802]
["CIMENTO ASFÁLTICO MODIFICADO POR POLÍMERO SBS 65-90","2013-09-01","***","***",2.10697995882436,1.70267458850392,"***",1.97645730017307]
["CIMENTO ASFÁLTICO MODIFICADO POR POLÍMERO SBS 65-90","2013-10-01","***","***",2.07458278228052,1.80919395192251,"***",2.00589891974931]
["CIMENTO ASFÁLTICO MODIFICADO POR POLÍMERO SBS 65-90","2013-11-01","***","***",2.04161482335102,1.61031,1.5908,1.83645611635389]
["CIMENTO ASFÁLTICO MODIFICADO POR POLÍMERO SBS 65-90","2013-12-01","***","***",2.0897,1.69908,1.5908,1.68973243554395]
["CIMENTO ASFÁLTICO MODIFICADO POR POLÍMERO SBS 65-90","2014-01-01","***","***","***",1.624100362482,1.5908,1.61422612620099]
["CIMENTO ASFÁLTICO MODIFICADO POR POLÍMERO SBS 65-90","2014-02-01","***","***",2.21,1.61957865214773,1.5908,1.69401842408872]
["CIMENTO ASFÁLTICO MODIFICADO POR POLÍMERO SBS 65-90","2014-03-01","***","***",2.0563743286607,1.7114,1.5908,1.82022558226058]
["CIMENTO ASFÁLTICO MODIFICADO POR POLÍMERO SBS 65-90","2014-04-01","***","***","***","***","***","***"]
["CIMENTO ASFÁLTICO MODIFICADO POR POLÍMERO SBS 65-90","2014-05-01","***","***","***","***",1.52391606736459,1.52391606736459]
["CIMENTO ASFÁLTICO MODIFICADO POR POLÍMERO SBS 65-90","2014-06-01","***","***",2.1922,"***",1.49758079712512,1.7475495796562]
["CIMENTO ASFÁLTICO MODIFICADO POR POLÍMERO SBS 65-90","2014-07-01","***","***","***","***",1.36674125204137,1.36674125204137]
["CIMENTO ASFÁLTICO MODIFICADO POR POLÍMERO SBS 65-90","2014-08-01","***","***","***","***",1.44504829627565,1.44504829627565]
["CIMENTO ASFÁLTICO MODIFICADO POR POLÍMERO SBS 65-90","2014-09-01","***","***","***","***",1.25114433713784,1.25114433713784]
["CIMENTO ASFÁLTICO MODIFICADO POR POLÍMERO SBS 65-90","2014-10-01","***","***","***",1.12947,1.36987660837802,1.28237463973241]
["CIMENTO ASFÁLTICO MODIFICADO POR POLÍMERO SBS 65-90","2014-11-01","***","***","***",1.14048322885604,1.48359493178265,1.33692328681855]
["CIMENTO ASFÁLTICO MODIFICADO POR POLÍMERO SBS 65-90","2014-12-01","***","***","***",1.24918,1.64555559813953,1.56004581162909]
["CIMENTO ASFÁLTICO MODIFICADO POR POLÍMERO SBS 65-90","2015-01-01","***","***","***",1.42148386133612,1.8485882133841,1.55114667240426]
["CIMENTO ASFÁLTICO MODIFICADO POR POLÍMERO SBS 65-90","2015-02-01","***","***","***",1.44724139179972,1.83323411730825,1.47519779930055]
["CIMENTO ASFÁLTICO MODIFICADO POR POLÍMERO SBS 65-90","2015-03-01","***","***",1.95695852294795,1.58647927171356,1.8187505279611,1.68154859727907]
["CIMENTO ASFÁLTICO MODIFICADO POR POLÍMERO SBS 65-90","2015-04-01","***","***","***",1.40810256127487,1.82661109004739,1.54149962596681]
["CIMENTO ASFÁLTICO MODIFICADO POR POLÍMERO SBS 65-90","2015-05-01","***","***","***","***",1.77545,1.77545]
["CIMENTO ASFÁLTICO MODIFICADO POR POLÍMERO SBS 65-90","2015-06-01","***","***","***",1.71996,2.1329,1.92434794957983]
["CIMENTO ASFÁLTICO MODIFICADO POR POLÍMERO SBS 65-90","2015-07-01","***","***","***",1.763,"***",1.763]
["CIMENTO ASFÁLTICO MODIFICADO POR POLÍMERO SBS 65-90","2015-08-01","***","***","***",1.77429314657329,"***",1.77429314657329]
["CIMENTOS ASFÁLTICOS CAP-150-200","2008-11-01","***","***","***","***","***","***"]
["CIMENTOS ASFÁLTICOS CAP-150-200","2008-12-01","***","***","***","***","***","***"]
["CIMENTOS ASFÁLTICOS CAP-150-200","2009-01-01","***","***","***","***","***","***"]
["CIMENTOS ASFÁLTICOS CAP-150-200","2009-02-01","***","***","***","***","***","***"]
["CIMENTOS ASFÁLTICOS CAP-150-200","2009-03-01","***","***","***","***","***","***"]
["CIMENTOS ASFÁLTICOS CAP-150-200","2009-04-01","***","***","***","***","***","***"]
["CIMENTOS ASFÁLTICOS CAP-150-200","2009-05-01","***","***","***","***","***","***"]
["CIMENTOS ASFÁLTICOS CAP-150-200","2009-06-01","***","***","***","***","***","***"]
["CIMENTOS ASFÁLTICOS CAP-150-200","2009-07-01","***","***","***","***","***","***"]
["CIMENTOS ASFÁLTICOS CAP-150-200","2009-08-01","***","***","***","***","***","***"]
["CIMENTOS ASFÁLTICOS CAP-150-200","2009-09-01","***","***","***","***","***","***"]
["CIMENTOS ASFÁLTICOS CAP-150-200","2009-10-01","***","***","***","***","***","***"]
["CIMENTOS ASFÁLTICOS CAP-150-200","2009-11-01","***","***","***","***","***","***"]
["CIMENTOS ASFÁLTICOS CAP-150-200","2009-12-01","***","***","***","***","***","***"]
["CIMENTOS ASFÁLTICOS CAP-150-200","2010-01-01","***","***","***","***","***","***"]
["CIMENTOS ASFÁLTICOS CAP-150-200","2010-02-01","***","***","***","***","***","***"]
["CIMENTOS ASFÁLTICOS CAP-150-200","2010-03-01","***","***","***","***","***","***"]
["CIMENTOS ASFÁLTICOS CAP-150-200","2010-04-01","***","***","***","***","***","***"]
["CIMENTOS ASFÁLTICOS CAP-150-200","2010-05-01","***","***","***","***","***","***"]
["CIMENTOS ASFÁLTICOS CAP-150-200","2010-06-01","***","***","***","***","***","***"]
["CIMENTOS ASFÁLTICOS CAP-150-200","2010-07-01","***","***","***","***","***","***"]
["CIMENTOS ASFÁLTICOS CAP-150-200","2010-08-01","***","***","***","***","***","***"]
["CIMENTOS ASFÁLTICOS CAP-150-200","2010-09-01","***","***","***","***","***","***"]
["CIMENTOS ASFÁLTICOS CAP-150-200","2010-10-01","***","***","***","***","***","***"]
["CIMENTOS ASFÁLTICOS CAP-150-200","2010-11-01","***","***","***","***","***","***"]
["CIMENTOS ASFÁLTICOS CAP-150-200","2010-12-01","***","***","***","***","***","***"]
["CIMENTOS ASFÁLTICOS CAP-150-200","2011-01-01","***","***","***","***","***","***"]
["CIMENTOS ASFÁLTICOS CAP-150-200","2011-02-01","***","***","***","***","***","***"]
["CIMENTOS ASFÁLTICOS CAP-150-200","2011-03-01","***","***","***","***","***","***"]
["CIMENTOS ASFÁLTICOS CAP-150-200","2011-04-01","***","***","***","***","***","***"]
["CIMENTOS ASFÁLTICOS CAP-150-200","2011-05-01","***","***","***","***","***","***"]
["CIMENTOS ASFÁLTICOS CAP-150-200","2011-06-01","***","***","***","***","***","***"]
["CIMENTOS ASFÁLTICOS CAP-150-200","2011-07-01","***","***","***","***","***","***"]
["CIMENTOS ASFÁLTICOS CAP-150-200","2011-08-01","***","***","***","***","***","***"]
["CIMENTOS ASFÁLTICOS CAP-150-200","2011-09-01","***","***","***","***","***","***"]
["CIMENTOS ASFÁLTICOS CAP-150-200","2011-10-01","***","***","***","***","***","***"]
["CIMENTOS ASFÁLTICOS CAP-150-200","2011-11-01","***","***","***","***","***","***"]
["CIMENTOS ASFÁLTICOS CAP-150-200","2011-12-01","***","***","***","***","***","***"]
["CIMENTOS ASFÁLTICOS CAP-150-200","2012-01-01","***","***","***","***","***","***"]
["CIMENTOS ASFÁLTICOS CAP-150-200","2012-02-01","***","***","***","***","***","***"]
["CIMENTOS ASFÁLTICOS CAP-150-200","2012-03-01","***","***","***","***","***","***"]
["CIMENTOS ASFÁLTICOS CAP-150-200","2012-04-01","***","***","***","***","***","***"]
["CIMENTOS ASFÁLTICOS CAP-150-200","2012-05-01","***","***","***","***","***","***"]
["CIMENTOS ASFÁLTICOS CAP-150-200","2012-06-01","***","***","***","***","***","***"]
["CIMENTOS ASFÁLTICOS CAP-150-200","2012-07-01","***","***","***","***","***","***"]
["CIMENTOS ASFÁLTICOS CAP-150-200","2012-08-01","***","***","***","***","***","***"]
["CIMENTOS ASFÁLTICOS CAP-150-200","2012-09-01","***","***","***","***","***","***"]
["CIMENTOS ASFÁLTICOS CAP-150-200","2012-10-01","***","***","***","***","***","***"]
["CIMENTOS ASFÁLTICOS CAP-150-200","2012-11-01","***","***","***","***","***","***"]
["CIMENTOS ASFÁLTICOS CAP-150-200","2012-12-01","***","***","***","***","***","***"]
["CIMENTOS ASFÁLTICOS CAP-150-200","2013-01-01","***","***","***","***","***","***"]
["CIMENTOS ASFÁLTICOS CAP-150-200","2013-02-01","***","***","***","***","***","***"]
["CIMENTOS ASFÁLTICOS CAP-150-200","2013-03-01","***","***","***","***","***","***"]
["CIMENTOS ASFÁLTICOS CAP-150-200","2013-04-01","***","***","***","***","***","***"]
["CIMENTOS ASFÁLTICOS CAP-150-200","2013-05-01","***","***","***","***","***","***"]
["CIMENTOS ASFÁLTICOS CAP-150-200","2013-06-01","***","***","***","***","***","***"]
["CIMENTOS ASFÁLTICOS CAP-150-200","2013-07-01","***","***","***","***","***","***"]
["CIMENTOS ASFÁLTICOS CAP-150-200","2013-08-01","***","***","***","***","***","***"]
["CIMENTOS ASFÁLTICOS CAP-150-200","2013-09-01","***","***","***","***","***","***"]
["CIMENTOS ASFÁLTICOS CAP-150-200","2013-10-01","***","***","***","***","***","***"]
["CIMENTOS ASFÁLTICOS CAP-150-200","2013-11-01","***","***","***","***","***","***"]
["CIMENTOS ASFÁLTICOS CAP-150-200","2013-12-01","***","***","***","***","***","***"]
["CIMENTOS ASFÁLTICOS CAP-150-200","2014-01-01","***","***","***","***","***","***"]
["CIMENTOS ASFÁLTICOS CAP-150-200","2014-02-01","***","***","***","***","***","***"]
["CIMENTOS ASFÁLTICOS CAP-150-200","2014-03-01","***","***","***","***","***","***"]
["CIMENTOS ASFÁLTICOS CAP-150-200","2014-04-01","***","***","***","***","***","***"]
["CIMENTOS ASFÁLTICOS CAP-150-200","2014-05-01","***","***","***","***","***","***"]
["CIMENTOS ASFÁLTICOS CAP-150-200","2014-06-01","***","***","***","***","***","***"]
["CIMENTOS ASFÁLTICOS CAP-150-200","2014-07-01","***","***","***","***","***","***"]
["CIMENTOS ASFÁLTICOS CAP-150-200","2014-08-01","***","***","***","***","***","***"]
["CIMENTOS ASFÁLTICOS CAP-150-200","2014-09-01","***","***","***","***","***","***"]
["CIMENTOS ASFÁLTICOS CAP-150-200","2014-10-01","***","***","***","***","***","***"]
["CIMENTOS ASFÁLTICOS CAP-150-200","2014-11-01","***","***","***","***","***","***"]
["CIMENTOS ASFÁLTICOS CAP-150-200","2014-12-01","***","***","***","***","***","***"]
["CIMENTOS ASFÁLTICOS CAP-150-200","2015-01-01","***","***","***","***","***","***"]
["CIMENTOS ASFÁLTICOS CAP-150-200","2015-02-01","***","***","***","***","***","***"]
["CIMENTOS ASFÁLTICOS CAP-150-200","2015-03-01","***","***","***","***","***","***"]
["CIMENTOS ASFÁLTICOS CAP-150-200","2015-04-01","***","***","***","***","***","***"]
["CIMENTOS ASFÁLTICOS CAP-150-200","2015-05-01","***","***","***","***","***","***"]
["CIMENTOS ASFÁLTICOS CAP-150-200","2015-06-01","***","***","***","***","***","***"]
["CIMENTOS ASFÁLTICOS CAP-150-200","2015-07-01","***","***","***","***","***","***"]
["CIMENTOS ASFÁLTICOS CAP-150-200","2015-08-01","***","***","***","***","***","***"]
["CIMENTOS ASFÁLTICOS CAP-150-200","2015-09-01","***","***","***","***","***","***"]
["CIMENTOS ASFÁLTICOS CAP-150-200","2015-10-01","***","***","***","***","***","***"]
["CIMENTOS ASFÁLTICOS CAP-150-200","2015-11-01","***","***","***","***","***","***"]
["CIMENTOS ASFÁLTICOS CAP-150-200","2015-12-01","***","***","***","***","***","***"]
["CIMENTOS ASFÁLTICOS CAP-150-200","2016-01-01","***","***","***","***","***","***"]
["CIMENTOS ASFÁLTICOS CAP-150-200","2016-02-01","***","***","***","***","***","***"]
["CIMENTOS ASFÁLTICOS CAP-150-200","2016-03-01","***","***","***","***","***","***"]
["CIMENTOS ASFÁLTICOS CAP-150-200","2016-04-01","***","***","***","***","***","***"]
["CIMENTOS ASFÁLTICOS CAP-150-200","2016-05-01","***","***","***","***","***","***"]
["CIMENTOS ASFÁLTICOS CAP-150-200","2016-06-01","***","***","***","***","***","***"]
["CIMENTOS ASFÁLTICOS CAP-150-200","2016-07-01","***","***","***","***","***","***"]
["CIMENTOS ASFÁLTICOS CAP-150-200","2016-08-01","***","***","***","***","***","***"]
["CIMENTOS ASFÁLTICOS CAP-150-200","2016-09-01","***","***","***","***","***","***"]
["CIMENTOS ASFÁLTICOS CAP-150-200","2016-10-01","***","***","***","***","***","***"]
["CIMENTOS ASFÁLTICOS CAP-150-200","2016-11-01","***","***","***","***","***","***"]
["CIMENTOS ASFÁLTICOS CAP-150-200","2016-12-01","***","***","***","***","***","***"]
["CIMENTOS ASFÁLTICOS CAP-150-200","2017-01-01","***","***","***","***","***","***"]
["CIMENTOS ASFÁLTICOS CAP-150-200","2017-02-01","***","***","***","***","***","***"]
["CIMENTOS ASFÁLTICOS CAP-150-200","2017-03-01","***","***","***","***","***","***"]
["CIMENTOS ASFÁLTICOS CAP-150-200","2017-04-01","***","***","***","***","***","***"]
["CIMENTOS ASFÁLTICOS CAP-150-200","2017-05-01","***","***","***","***","***","***"]
["CIMENTOS ASFÁLTICOS CAP-150-200","2017-06-01","***","***","***","***","***","***"]
["CIMENTOS ASFÁLTICOS CAP-150-200","2017-07-01","***","***","***","***","***","***"]
["CIMENTOS ASFÁLTICOS CAP-150-200","2017-08-01","***","***","***","***","***","***"]
["CIMENTOS ASFÁLTICOS CAP-150-200","2017-09-01","***","***","***","***","***","***"]
["CIMENTOS ASFÁLTICOS CAP-150-200","2017-10-01","***","***","***","***","***","***"]
["CIMENTOS ASFÁLTICOS CAP-150-200","2017-11-01","***","***","***","***","***","***"]
["CIMENTOS ASFÁLTICOS CAP-150-200","2017-12-01","***","***","***","***","***","***"]
["CIMENTOS ASFÁLTICOS CAP-150-200","2018-01-01","***","***","***","***","***","***"]
["CIMENTOS ASFÁLTICOS CAP-150-200","2018-02-01","***","***","***","***","***","***"]
["CIMENTOS ASFÁLTICOS CAP-150-200","2018-03-01","***","***","***","***","***","***"]
["CIMENTOS ASFÁLTICOS CAP-150-200","2018-04-01","***","***","***","***","***","***"]
["CIMENTOS ASFÁLTICOS CAP-150-200","2018-05-01","***","***","***","***","***","***"]
["CIMENTOS ASFÁLTICOS CAP-150-200","2018-06-01","***","***","***","***","***","***"]
["CIMENTOS ASFÁLTICOS CAP-150-200","2018-07-01","***","***","***","***","***","***"]
["CIMENTOS ASFÁLTICOS CAP-150-200","2018-08-01","***","***","***","***","***","***"]
["CIMENTOS ASFÁLTICOS CAP-150-200","2018-09-01","***","***","***","***","***","***"]
["CIMENTOS ASFÁLTICOS CAP-150-200","2018-10-01","***","***","***","***","***","***"]
["CIMENTOS ASFÁLTICOS CAP-150-200","2018-11-01","***","***","***","***","***","***"]
["CIMENTOS ASFÁLTICOS CAP-150-200","2018-12-01","***","***","***","***","***","***"]
["CIMENTOS ASFÁLTICOS CAP-150-200","2019-01-01","***","***","***","***","***","***"]
["CIMENTOS ASFÁLTICOS CAP-150-200","2019-02-01","***","***","***","***","***","***"]
["CIMENTOS ASFÁLTICOS CAP-150-200","2019-03-01","***","***","***","***","***","***"]
["CIMENTOS ASFÁLTICOS CAP-150-200","2019-04-01","***","***","***","***","***","***"]
["CIMENTOS ASFÁLTICOS CAP-150-200","2019-05-01","***","***","***","***","***","***"]
["CIMENTOS ASFÁLTICOS CAP-150-200","2019-06-01","***","***","***","***","***","***"]
["CIMENTOS ASFÁLTICOS CAP-150-200","2019-07-01","***","***","***","***","***","***"]
["CIMENTOS ASFÁLTICOS CAP-150-200","2019-08-01","***","***","***","***","***","***"]
["CIMENTOS ASFÁLTICOS CAP-150-200","2019-09-01","***","***","***","***","***","***"]
["CIMENTOS ASFÁLTICOS CAP-150-200","2019-10-01","***","***","***","***","***","***"]
["CIMENTOS ASFÁLTICOS CAP-150-200","2019-11-01","***","***","***","***","***","***"]
["CIMENTOS ASFÁLTICOS CAP-150-200","2019-12-01","***","***","***","***","***","***"]
["CIMENTOS ASFÁLTICOS CAP-150-200","2020-01-01","***","***","***","***","***","***"]
["CIMENTOS ASFÁLTICOS CAP-150-200","2020-02-01","***","***","***","***","***","***"]
["CIMENTOS ASFÁLTICOS CAP-150-200","2020-03-01","***","***","***","***","***","***"]
["CIMENTOS ASFÁLTICOS CAP-150-200","2020-04-01","***","***","***","***","***","***"]
["CIMENTOS ASFÁLTICOS CAP-150-200","2020-05-01","***","***","***","***","***","***"]
["CIMENTOS ASFÁLTICOS CAP-150-200","2020-06-01","***","***","***","***","***","***"]
["CIMENTOS ASFÁLTICOS CAP-150-200","2020-07-01","***","***","***","***","***","***"]
["CIMENTOS ASFÁLTICOS CAP-150-200","2020-08-01","***","***","***","***","***","***"]
["CIMENTOS ASFÁLTICOS CAP-150-200","2020-09-01","***","***","***","***","***","***"]
["CIMENTOS ASFÁLTICOS CAP-150-200","2020-10-01","***","***","***","***","***","***"]
["CIMENTOS ASFÁLTICOS CAP-150-200","2020-11-01","***","***","***","***","***","***"]
["CIMENTOS ASFÁLTICOS CAP-150-200","2020-12-01","***","***","***","***","***","***"]
["CIMENTOS ASFÁLTICOS CAP-150-200","2021-01-01","***","***","***","***","***","***"]
["CIMENTOS ASFÁLTICOS CAP-150-200","2021-02-01","***","***","***","***","***","***"]
["CIMENTOS ASFÁLTICOS CAP-150-200","2021-03-01","***","***","***","***","***","***"]
["CIMENTOS ASFÁLTICOS CAP-150-200","2021-04-01","***","***","***","***","***","***"]
["CIMENTOS ASFÁLTICOS CAP-150-200","2021-05-01","***","***","***",6.41811,"***",6.41811]
["CIMENTOS ASFÁLTICOS CAP-150-200","2021-06-01","***","***","***","***","***","***"]
["CIMENTOS ASFÁLTICOS CAP-150-200","2021-07-01","***","***","***","***","***","***"]
["CIMENTOS ASFÁLTICOS CAP-150-200","2021-08-01","***","***","***","***","***","***"]
["CIMENTOS ASFÁLTICOS CAP-150-200","2021-09-01","***","***","***","***","***","***"]
["CIMENTOS ASFÁLTICOS CAP-150-200","2021-10-01","***","***","***","***","***","***"]
["CIMENTOS ASFÁLTICOS CAP-150-200","2021-11-01","***","***","***","***","***","***"]
["CIMENTOS ASFÁLTICOS CAP-150-200","2021-12-01","***","***","***","***","***","***"]
["CIMENTOS ASFÁLTICOS CAP-150-200","2022-01-01","***","***","***","***","***","***"]
["CIMENTOS ASFÁLTICOS CAP-150-200","2022-02-01","***","***","***","***","***","***"]
["CIMENTOS ASFÁLTICOS CAP-150-200","2022-03-01","***","***","***","***","***","***"]
["CIMENTOS ASFÁLTICOS CAP-150-200","2022-04-01","***","***","***","***","***","***"]
["CIMENTOS ASFÁLTICOS CAP-150-200","2022-05-01","***","***","***","***","***","***"]
["CIMENTOS ASFÁLTICOS CAP-150-200","2022-06-01","***","***","***","***","***","***"]
["CIMENTOS ASFÁLTICOS CAP-150-200","2022-07-01","***","***","***","***","***","***"]
["CIMENTOS ASFÁLTICOS CAP-150-200","2022-08-01","***","***","***","***","***","***"]
["CIMENTOS ASFÁLTICOS CAP-150-200","2022-09-01","***","***","***","***","***","***"]
["CIMENTOS ASFÁLTICOS CAP-150-200","2022-10-01","***","***","***","***","***","***"]
["CIMENTOS ASFÁLTICOS CAP-150-200","2022-11-01","***","***","***",7.23176,"***",7.23176]
["CIMENTOS ASFÁLTICOS CAP-150-200","2022-12-01","***","***","***","***","***","***"]
["CIMENTOS ASFÁLTICOS CAP-150-200","2023-01-01","***","***","***","***","***","***"]
["CIMENTOS ASFÁLTICOS CAP-150-200","2023-02-01","***","***","***","***","***","***"]
["CIMENTOS ASFÁLTICOS CAP-150-200","2023-03-01","***","***","***","***","***","***"]
["CIMENTOS ASFÁLTICOS CAP-150-200","2023-04-01","***","***","***","***","***","***"]
["CIMENTOS ASFÁLTICOS CAP-150-200","2023-05-01","***","***","***","***","***","***"]
["CIMENTOS ASFÁLTICOS CAP-150-200","2023-06-01","***","***","***","***","***","***"]
["CIMENTOS ASFÁLTICOS CAP-150-200","2023-07-01","***","***","***","***","***","***"]
["CIMENTOS ASFÁLTICOS CAP-150-200","2023-08-01","***","***","***","***","***","***"]
["CIMENTOS ASFÁLTICOS CAP-150-200","2023-09-01","***","***","***","***","***","***"]
["CIMENTOS ASFÁLTICOS CAP-150-200","2023-10-01","***","***","***","***","***","***"]
["CIMENTOS ASFÁLTICOS CAP-150-200","2023-11-01","***","***","***","***","***","***"]
["CIMENTOS ASFÁLTICOS CAP-150-200","2023-12-01","***","***","***","***","***","***"]
["CIMENTOS ASFÁLTICOS CAP-150-200","2024-01-01","***","***","***","***","***","***"]
["CIMENTOS ASFÁLTICOS CAP-150-200","2024-02-01","***","***","***","***","***","***"]
["CIMENTOS ASFÁLTICOS CAP-150-200","2024-03-01","***","***","***","***","***","***"]
["CIMENTOS ASFÁLTICOS CAP-150-200","2024-04-01","***","***","***","***","***","***"]
["CIMENTOS ASFÁLTICOS CAP-150-200","2024-05-01","***","***","***","***","***","***"]
["CIMENTOS ASFÁLTICOS CAP-150-200","2024-06-01","***","***","***","***","***","***"]
["CIMENTOS ASFÁLTICOS CAP-150-200","2024-07-01","***","***","***","***","***","***"]
["CIMENTOS ASFÁLTICOS CAP-150-200","2024-08-01","***","***","***","***","***","***"]
["CIMENTOS ASFÁLTICOS CAP-30-45","2008-11-01","***","***",2.202,0.963898785500853,"***",0.968456741155699]
["CIMENTOS ASFÁLTICOS CAP-30-45","2008-12-01","***","***","***",1.00963550856763,"***",1.00963550856763]
["CIMENTOS ASFÁLTICOS CAP-30-45","2009-01-01","***","***","***",0.903127689504748,0.9089,0.903152611143428]
["CIMENTOS ASFÁLTICOS CAP-30-45","2009-02-01","***","***","***",0.95408041011695,"***",0.95408041011695]
["CIMENTOS ASFÁLTICOS CAP-30-45","2009-03-01","***","***",1.2091621142565,0.969488387405673,"***",0.983411305182432]
["CIMENTOS ASFÁLTICOS CAP-30-45","2009-04-01","***","***",1.25920162085804,0.965351442514542,"***",0.985691768712942]
["CIMENTOS ASFÁLTICOS CAP-30-45","2009-05-01","***","***",1.30179480470233,0.939033531881748,"***",0.966514297853025]
["CIMENTOS ASFÁLTICOS CAP-30-45","2009-06-01","***","***",1.29246472855165,0.915574543241258,0.88367,0.977466172359535]
["CIMENTOS ASFÁLTICOS CAP-30-45","2009-07-01",1.19832792913254,"***",1.3162235749755,1.03326995807527,"***",1.08092721609063]
["CIMENTOS ASFÁLTICOS CAP-30-45","2009-08-01",1.14252188411838,"***",1.29141528859207,0.942879126637241,"***",0.993293633683175]
["CIMENTOS ASFÁLTICOS CAP-30-45","2009-09-01",1.21797085020243,"***",1.27330653136661,0.953386472113876,"***",1.01600972786341]
["CIMENTOS ASFÁLTICOS CAP-30-45","2009-10-01",1.14999,"***",1.32299853886335,0.924458902170725,0.90933990139109,1.00112502715074]
["CIMENTOS ASFÁLTICOS CAP-30-45","2009-11-01",1.14550820546544,0.924519932202169,1.30000441424737,0.926296969209787,0.865543372342966,0.972501959353761]
["CIMENTOS ASFÁLTICOS CAP-30-45","2009-12-01",1.14184544852,"***",1.47944403772757,0.974858625303182,0.888646676861546,0.983431480296829]
["CIMENTOS ASFÁLTICOS CAP-30-45","2010-01-01",1.13277896244866,"***",1.47773708747577,0.932153187156706,0.888425895221647,0.943817734115856]
["CIMENTOS ASFÁLTICOS CAP-30-45","2010-02-01",1.14411249879075,"***",1.46775967574728,0.912154360835538,0.901264642157428,0.923169973471757]
["CIMENTOS ASFÁLTICOS CAP-30-45","2010-03-01",1.14051553191489,"***",1.42052664950585,0.909192401011199,0.895704784287393,0.923735102080753]
["CIMENTOS ASFÁLTICOS CAP-30-45","2010-04-01",1.1443719701503,"***",1.46273613657695,0.916722634768496,0.893464060721063,0.926393506009345]
["CIMENTOS ASFÁLTICOS CAP-30-45","2010-05-01",1.14179578603109,"***","***",0.894982613215517,0.8829,0.896763912660006]
["CIMENTOS ASFÁLTICOS CAP-30-45","2010-06-01",0.93678558539508,"***","***",0.886371410779107,0.88685837633068,0.88686164277118]
["CIMENTOS ASFÁLTICOS CAP-30-45","2010-07-01",0.912147459027315,"***","***",0.871585795676938,0.964548266485384,0.871972975938528]
["CIMENTOS ASFÁLTICOS CAP-30-45","2010-08-01",0.916434729319628,"***","***",0.867400751243287,0.950634869678743,0.869106491572248]
["CIMENTOS ASFÁLTICOS CAP-30-45","2010-09-01",0.907182008007765,"***","***",0.862794022267154,0.959855133806011,0.864501172986259]
["CIMENTOS ASFÁLTICOS CAP-30-45","2010-10-01",0.983831499311685,"***","***",0.895622484884494,0.975262095936342,0.897600323111586]
["CIMENTOS ASFÁLTICOS CAP-30-45","2010-11-01",1.15629392289746,"***","***",0.911403176753393,"***",0.912628773293997]
["CIMENTOS ASFÁLTICOS CAP-30-45","2010-12-01",1.21085624014914,"***","***",0.917757438232087,1.115,0.920128156410038]
["CIMENTOS ASFÁLTICOS CAP-30-45","2011-01-01",1.15754277908025,"***","***",0.912213186177822,"***",0.913056283743825]
["CIMENTOS ASFÁLTICOS CAP-30-45","2011-02-01",1.18532785073487,"***","***",0.886683668322459,"***",0.887543584040909]
["CIMENTOS ASFÁLTICOS CAP-30-45","2011-03-01","***","***","***",0.86643167188031,"***",0.86643167188031]
["CIMENTOS ASFÁLTICOS CAP-30-45","2011-04-01","***","***","***",0.851900507773751,"***",0.851900507773751]
["CIMENTOS ASFÁLTICOS CAP-30-45","2011-05-01",1.14999,"***","***",0.84492929990986,"***",0.845258197974627]
["CIMENTOS ASFÁLTICOS CAP-30-45","2011-06-01",1.12191498294378,"***","***",0.833618595597682,"***",0.834347098132376]
["CIMENTOS ASFÁLTICOS CAP-30-45","2011-07-01",0.874771614423077,"***","***",0.83638682639757,0.878533588750421,0.836643835808057]
["CIMENTOS ASFÁLTICOS CAP-30-45","2011-08-01",0.978140350149513,"***","***",0.837923305143741,0.8785506931435,0.839243725744746]
["CIMENTOS ASFÁLTICOS CAP-30-45","2011-09-01",1.03489914911747,"***",1.2137,0.835070739840522,0.87861915736346,0.838179206503317]
["CIMENTOS ASFÁLTICOS CAP-30-45","2011-10-01",1.08225,"***","***",0.833970375896232,0.8632,0.835881487500952]
["CIMENTOS ASFÁLTICOS CAP-30-45","2011-11-01",1.08225,"***","***",0.83073618965209,0.8618,0.832179153469581]
["CIMENTOS ASFÁLTICOS CAP-30-45","2011-12-01",0.87485,"***",1.0308,0.830255142965355,0.94278,0.830683960059377]
["CIMENTOS ASFÁLTICOS CAP-30-45","2012-01-01","***","***",1.034,0.831986409651036,"***",0.832302245468989]
["CIMENTOS ASFÁLTICOS CAP-30-45","2012-02-01","***","***",1.03526275402648,0.839402087333024,"***",0.840359695420972]
["CIMENTOS ASFÁLTICOS CAP-30-45","2012-03-01",1.14157302181115,"***",1.03335198290827,0.853910031296584,0.81543,0.855057068957015]
["CIMENTOS ASFÁLTICOS CAP-30-45","2012-04-01","***","***",1.10809321061644,0.860217708947947,0.82633,0.861746958204978]
["CIMENTOS ASFÁLTICOS CAP-30-45","2012-05-01",1.1564,"***",1.09286417565062,0.863221913710318,"***",0.864773609924849]
["CIMENTOS ASFÁLTICOS CAP-30-45","2012-06-01","***","***",1.09428660423854,0.867637498847873,"***",0.869193419419326]
["CIMENTOS ASFÁLTICOS CAP-30-45","2012-07-01","***","***",1.09661124449614,0.866945743321934,0.73311,0.869261388495512]
["CIMENTOS ASFÁLTICOS CAP-30-45","2012-08-01","***","***",1.10906867032114,0.869122106555478,"***",0.870478703738469]
["CIMENTOS ASFÁLTICOS CAP-30-45","2012-09-01","***","***",1.09892,0.874049596999009,0.73311,0.873517140161072]
["CIMENTOS ASFÁLTICOS CAP-30-45","2012-10-01","***","***",1.12072631711688,0.871925221589216,0.92336,0.873309936207519]
["CIMENTOS ASFÁLTICOS CAP-30-45","2012-11-01","***","***",1.09359267464457,0.880253178957361,"***",0.881013171017687]
["CIMENTOS ASFÁLTICOS CAP-30-45","2012-12-01","***","***",1.09420826184121,0.873351114885233,"***",0.87532681081]
["CIMENTOS ASFÁLTICOS CAP-30-45","2013-01-01","***","***",1.11260973971244,0.863261263785581,"***",0.865440148441904]
["CIMENTOS ASFÁLTICOS CAP-30-45","2013-02-01","***","***","***",0.868101171213127,"***",0.868101171213127]
["CIMENTOS ASFÁLTICOS CAP-30-45","2013-03-01","***","***",1.08398,0.886748087345085,"***",0.8871184155353]
["CIMENTOS ASFÁLTICOS CAP-30-45","2013-04-01","***","***",1.09615634088965,0.884487808469658,"***",0.885230009961763]
["CIMENTOS ASFÁLTICOS CAP-30-45","2013-05-01","***","***",1.15802560812151,0.886893245602721,"***",0.893407575162186]
["CIMENTOS ASFÁLTICOS CAP-30-45","2013-06-01","***","***",1.03159841615219,0.873326698432223,"***",0.877061947220024]
["CIMENTOS ASFÁLTICOS CAP-30-45","2013-07-01","***","***",1.13976350401593,0.881055316670512,"***",0.887593983674914]
["CIMENTOS ASFÁLTICOS CAP-30-45","2013-08-01","***","***",1.13749811634518,0.889880452495838,0.966483859288212,0.896738000840694]
["CIMENTOS ASFÁLTICOS CAP-30-45","2013-09-01","***","***",1.16885820595181,0.905640839498875,"***",0.917105296047641]
["CIMENTOS ASFÁLTICOS CAP-30-45","2013-10-01","***","***",1.1241316750199,0.893391015845184,"***",0.899100038521751]
["CIMENTOS ASFÁLTICOS CAP-30-45","2013-11-01","***","***",1.13456957866229,0.902000243196152,"***",0.912907237356201]
["CIMENTOS ASFÁLTICOS CAP-30-45","2013-12-01","***","***",1.04218304569206,0.912147539232026,1.06272,0.915701719213689]
["CIMENTOS ASFÁLTICOS CAP-30-45","2014-01-01","***","***",1.14758207187968,0.910889462366071,1.00394617728765,0.918436875685227]
["CIMENTOS ASFÁLTICOS CAP-30-45","2014-02-01","***","***",1.05275634719588,0.915796692772232,1.06272,0.917763963065626]
["CIMENTOS ASFÁLTICOS CAP-30-45","2014-03-01","***","***",1.11836727428432,0.913773273624883,1.06272,0.918797092655685]
["CIMENTOS ASFÁLTICOS CAP-30-45","2014-04-01","***","***",1.0756725302515,0.906779384344556,1.06272,0.912277909605398]
["CIMENTOS ASFÁLTICOS CAP-30-45","2014-05-01","***","***",1.07552603114663,0.902797098293973,1.06272,0.912646411346778]
["CIMENTOS ASFÁLTICOS CAP-30-45","2014-06-01","***","***",1.12187970364969,0.897634992991566,"***",0.915267916589355]
["CIMENTOS ASFÁLTICOS CAP-30-45","2014-07-01","***","***",1.05948077538792,0.89399277921586,"***",0.905033821270527]
["CIMENTOS ASFÁLTICOS CAP-30-45","2014-08-01","***","***",1.09312816785906,0.893023515240095,0.92156,0.910974598111523]
["CIMENTOS ASFÁLTICOS CAP-30-45","2014-09-01","***","***",1.20939968999543,0.908818136754036,0.92156,0.933036121041918]
["CIMENTOS ASFÁLTICOS CAP-30-45","2014-10-01","***","***",1.12602336371835,0.879783240336512,1.06272,0.895656313578199]
["CIMENTOS ASFÁLTICOS CAP-30-45","2014-11-01","***","***",1.13107870584543,0.900501825767293,1.06272,0.916211002698251]
["CIMENTOS ASFÁLTICOS CAP-30-45","2014-12-01","***","***",1.20947077238415,1.00616591335311,"***",1.01747158462593]
["CIMENTOS ASFÁLTICOS CAP-30-45","2015-01-01",1.5476,"***",1.4789824211478,1.18313883461403,"***",1.20792911657996]
["CIMENTOS ASFÁLTICOS CAP-30-45","2015-02-01",1.5936,"***",1.45246577304465,1.19034041967064,"***",1.20117046569105]
["CIMENTOS ASFÁLTICOS CAP-30-45","2015-03-01","***","***",1.4917478117518,1.18632078321651,0.92156,1.19915988291485]
["CIMENTOS ASFÁLTICOS CAP-30-45","2015-04-01",1.3197,"***",1.37121969203938,1.16690438213967,1.1911,1.17077812135878]
["CIMENTOS ASFÁLTICOS CAP-30-45","2015-05-01",1.281935,"***",1.24966426884486,1.17165868942466,"***",1.17580686259126]
["CIMENTOS ASFÁLTICOS CAP-30-45","2015-06-01",1.31912,"***",1.30002607576328,1.15971637659428,"***",1.16569253790427]
["CIMENTOS ASFÁLTICOS CAP-30-45","2015-07-01","***","***",1.22955917711035,1.1498034919305,1.1803,1.15415185550751]
["CIMENTOS ASFÁLTICOS CAP-30-45","2015-08-01","***","***",1.25327678785287,1.14887279503243,1.18001260756589,1.15415040116289]
["CIMENTOS ASFÁLTICOS CAP-30-45","2015-09-01","***","***",1.39900079066566,1.22138104522314,1.26508003984652,1.23141751204538]
["CIMENTOS ASFÁLTICOS CAP-30-45","2015-10-01","***","***",1.44363503087636,1.28972141959957,1.29841228564116,1.29497857800441]
["CIMENTOS ASFÁLTICOS CAP-30-45","2015-11-01","***","***",1.69470093881969,1.45542579122414,1.44378347305679,1.46215797894713]
["CIMENTOS ASFÁLTICOS CAP-30-45","2015-12-01","***","***",1.75890378953836,1.47231649484174,1.44182619474546,1.47661348755425]
["CIMENTOS ASFÁLTICOS CAP-30-45","2016-01-01","***","***",1.74010162344224,1.47093509785528,1.4428172201023,1.47181078469092]
["CIMENTOS ASFÁLTICOS CAP-30-45","2016-02-01","***","***",1.62066973361993,1.46556151293536,1.44663491073143,1.46695605542063]
["CIMENTOS ASFÁLTICOS CAP-30-45","2016-03-01","***","***",1.51916371151988,1.46815154675047,1.44175287717303,1.46886253425936]
["CIMENTOS ASFÁLTICOS CAP-30-45","2016-04-01",1.62184,"***",1.73645470023326,1.61679031536887,1.60478469016407,1.62162799127213]
["CIMENTOS ASFÁLTICOS CAP-30-45","2016-05-01",1.62184,"***",1.75336788018518,1.62933892478256,1.58716416135501,1.63370694702391]
["CIMENTOS ASFÁLTICOS CAP-30-45","2016-06-01","***","***",1.73324221632246,1.63179995694895,1.64657756914922,1.63817246122542]
["CIMENTOS ASFÁLTICOS CAP-30-45","2016-07-01","***","***",1.70558666672483,1.63835462156448,1.67829225037855,1.64407290728551]
["CIMENTOS ASFÁLTICOS CAP-30-45","2016-08-01","***","***",1.66639988570823,1.63872396262625,1.63504770307554,1.64116785074765]
["CIMENTOS ASFÁLTICOS CAP-30-45","2016-09-01","***","***",1.60465514144199,1.52311405873108,1.5326052893139,1.53396104718519]
["CIMENTOS ASFÁLTICOS CAP-30-45","2016-10-01",1.67357665024631,"***",1.57730455883403,1.49820718169867,1.53837569803577,1.5132775368773]
["CIMENTOS ASFÁLTICOS CAP-30-45","2016-11-01","***","***",1.63808384645064,1.49200796036453,1.49577860421354,1.50727783260226]
["CIMENTOS ASFÁLTICOS CAP-30-45","2016-12-01","***","***",1.51443167579922,1.46835572682685,1.54713628865222,1.47913287247441]
["CIMENTOS ASFÁLTICOS CAP-30-45","2017-01-01",1.62096,"***",1.49788298665069,1.4437797776518,1.54084815629818,1.45808945000097]
["CIMENTOS ASFÁLTICOS CAP-30-45","2017-02-01","***","***",1.59320581691692,1.43812856467874,1.49471875510453,1.45837742547408]
["CIMENTOS ASFÁLTICOS CAP-30-45","2017-03-01",1.672,"***",1.50372953358841,1.43552408789821,1.47202035431936,1.44520062172915]
["CIMENTOS ASFÁLTICOS CAP-30-45","2017-04-01","***","***",1.49918070197429,1.38283541047113,1.43077862195625,1.39969326643109]
["CIMENTOS ASFÁLTICOS CAP-30-45","2017-05-01","***",1.38773420271834,1.49117174595508,1.34814091174944,1.40638537669705,1.3723398616315]
["CIMENTOS ASFÁLTICOS CAP-30-45","2017-06-01",1.1928964462328,1.43754217871051,1.54028644760527,1.36176639312519,1.4154846208396,1.40053141471128]
["CIMENTOS ASFÁLTICOS CAP-30-45","2017-07-01",1.38842628864332,1.3858763071259,1.54964598181091,1.36588602266774,1.38781808112599,1.40153093216893]
["CIMENTOS ASFÁLTICOS CAP-30-45","2017-08-01",1.441694838949,1.37362692195564,1.48137236818956,1.35947341184553,1.38201770975576,1.3831764917983]
["CIMENTOS ASFÁLTICOS CAP-30-45","2017-09-01",1.47746042526394,1.42076834949398,1.54487698483758,1.36256389241398,1.39210790985289,1.39888928268081]
["CIMENTOS ASFÁLTICOS CAP-30-45","2017-10-01",1.53513416292161,1.4319901958505,1.55873684359122,1.39037299398351,1.41454807967686,1.42519610422224]
["CIMENTOS ASFÁLTICOS CAP-30-45","2017-11-01",1.41118367018822,1.57135554021967,1.63134137332813,1.51129155919479,1.54926504760038,1.5424695028043]
["CIMENTOS ASFÁLTICOS CAP-30-45","2017-12-01",1.3932608583057,1.56723148523686,1.62396103546775,1.53593603682115,1.51549186227957,1.5402470657194]
["CIMENTOS ASFÁLTICOS CAP-30-45","2018-01-01",1.6476915690013,1.65654821334679,1.7210476510495,1.63451029925246,1.55604839958512,1.63204600776523]
["CIMENTOS ASFÁLTICOS CAP-30-45","2018-02-01",1.52078322536182,1.68485029985028,1.71097708764932,1.65026534810339,1.60948426529802,1.64874703014981]
["CIMENTOS ASFÁLTICOS CAP-30-45","2018-03-01",1.49158015831518,1.63379097059254,1.64476701892908,1.64233563037713,1.6094138275856,1.63374271301441]
["CIMENTOS ASFÁLTICOS CAP-30-45","2018-04-01",1.53508986685791,1.61565845359587,1.72195903213785,1.58295563889331,1.58876331070084,1.59572763711742]
["CIMENTOS ASFÁLTICOS CAP-30-45","2018-05-01",1.63765583281313,1.68128113830916,1.87064481958217,1.71919279453525,1.75309724466434,1.732793364378]
["CIMENTOS ASFÁLTICOS CAP-30-45","2018-06-01",1.8336274699343,1.82753770161269,1.99320599934158,1.80849229189204,1.78899543820416,1.83250812973355]
["CIMENTOS ASFÁLTICOS CAP-30-45","2018-07-01",1.78354030917874,1.95033051538592,2.05179245726445,1.93504219769106,1.94001453215015,1.95011630597787]
["CIMENTOS ASFÁLTICOS CAP-30-45","2018-08-01",1.85153380921957,2.09705652199052,2.27608991390963,2.1250608780664,2.08442275078228,2.12587811576467]
["CIMENTOS ASFÁLTICOS CAP-30-45","2018-09-01",1.87598137739828,2.12221849521544,2.29801509334766,2.16230971151621,2.13354326958488,2.15989578584431]
["CIMENTOS ASFÁLTICOS CAP-30-45","2018-10-01",2.01026122520881,2.09433088602785,2.18930988235586,2.18124243323265,2.22312883137165,2.16668162755723]
["CIMENTOS ASFÁLTICOS CAP-30-45","2018-11-01",2.24992733271962,2.46713447399079,2.62315826933479,2.45244340102753,2.4637502365755,2.46006561749667]
["CIMENTOS ASFÁLTICOS CAP-30-45","2018-12-01",2.19462568013126,2.41144928720339,2.49444676193303,2.48464010514212,2.52590094979753,2.47919623918794]
["CIMENTOS ASFÁLTICOS CAP-30-45","2019-01-01",2.17194823253344,2.39049463421524,2.6067390324532,2.45804703261855,2.4981693280283,2.46299617991835]
["CIMENTOS ASFÁLTICOS CAP-30-45","2019-02-01",2.48764973431724,2.538022069208,2.71571183004503,2.66952846539775,2.74454225700568,2.66340138670692]
["CIMENTOS ASFÁLTICOS CAP-30-45","2019-03-01",2.33741800749042,2.54975058559691,2.87215497033887,2.66911577549515,2.69130965471862,2.67527868378269]
["CIMENTOS ASFÁLTICOS CAP-30-45","2019-04-01",2.45433481767268,2.58710136651825,2.90350484949968,2.67315107439348,2.78111380389893,2.695998281373]
["CIMENTOS ASFÁLTICOS CAP-30-45","2019-05-01",2.29837033918201,2.59644539789239,2.87237151095939,2.68761893059661,2.78792934006063,2.70419450682152]
["CIMENTOS ASFÁLTICOS CAP-30-45","2019-06-01",2.43793938112917,2.5312102251241,2.94180219281783,2.65778455009342,2.77377448845296,2.70446333257112]
["CIMENTOS ASFÁLTICOS CAP-30-45","2019-07-01",2.3901375469825,2.51519066202354,2.96009306358287,2.67227544819929,2.75569055848252,2.69921014006046]
["CIMENTOS ASFÁLTICOS CAP-30-45","2019-08-01",2.19773141726926,2.30986041866486,2.7087069498684,2.45414739488611,2.53782884436468,2.48184088624727]
["CIMENTOS ASFÁLTICOS CAP-30-45","2019-09-01",2.13078065604957,2.32140226169861,2.69179832558977,2.43804651130805,2.52970962809016,2.46298407619993]
["CIMENTOS ASFÁLTICOS CAP-30-45","2019-10-01",2.24747745187743,2.34916775878547,2.69480927543789,2.47388252705527,2.48136787527909,2.47522506622863]
["CIMENTOS ASFÁLTICOS CAP-30-45","2019-11-01",2.0679771007566,2.40901643723206,2.72815024661072,2.5423896208187,2.5370655123381,2.52808935698577]
["CIMENTOS ASFÁLTICOS CAP-30-45","2019-12-01",2.04722947776534,2.35961187540091,2.79387894043522,2.55063041233957,2.50490399545096,2.52283598159608]
["CIMENTOS ASFÁLTICOS CAP-30-45","2020-01-01",2.11682325283752,2.39390282300921,2.90007567038028,2.54997487372916,2.60457802016324,2.54081245963375]
["CIMENTOS ASFÁLTICOS CAP-30-45","2020-02-01",2.0373928330178,2.22641174779896,2.6091894054416,2.34590060926336,2.37955263330425,2.3408255501689]
["CIMENTOS ASFÁLTICOS CAP-30-45","2020-03-01",1.87896108534591,2.18736989815016,2.50180791012653,2.34105784010671,2.34909442052227,2.32116587980053]
["CIMENTOS ASFÁLTICOS CAP-30-45","2020-04-01",1.83788979809976,2.16121961694127,2.43840869920036,2.30459373033448,2.30419734451004,2.292494327662]
["CIMENTOS ASFÁLTICOS CAP-30-45","2020-05-01",2.05221768026025,2.12525180770886,2.4698937216243,2.31732033019131,2.37463675387349,2.31057447598724]
["CIMENTOS ASFÁLTICOS CAP-30-45","2020-06-01",2.06149905093793,2.16631510178737,2.44571482971423,2.29619354419199,2.39143684515344,2.30100762694845]
["CIMENTOS ASFÁLTICOS CAP-30-45","2020-07-01",2.05549439488284,2.16404422158582,2.43357037875231,2.29797039522656,2.38732260631814,2.29395726541476]
["CIMENTOS ASFÁLTICOS CAP-30-45","2020-08-01",2.21801389102708,2.26486124823863,2.57938176613341,2.41435403514266,2.49996216675938,2.40704413895011]
["CIMENTOS ASFÁLTICOS CAP-30-45","2020-09-01",2.18567120683428,2.32380980554898,2.6134940583989,2.41140400799333,2.4645739773129,2.41201179670032]
["CIMENTOS ASFÁLTICOS CAP-30-45","2020-10-01",2.09231319784647,2.31993816225446,2.63101411126196,2.4331402580938,2.48223162692169,2.43070845276144]
["CIMENTOS ASFÁLTICOS CAP-30-45","2020-11-01",2.31397048456095,2.49697355934682,2.76376832276143,2.62071198502016,2.70736385895522,2.61845787698409]
["CIMENTOS ASFÁLTICOS CAP-30-45","2020-12-01",2.45207536644544,"***",2.81734081384348,2.53234782818756,2.6066673517698,2.55843739727652]
["CIMENTOS ASFÁLTICOS CAP-30-45","2021-01-01",2.5732002442784,"***",2.70311233472983,2.57769827232688,3.23588102197007,2.60114274040516]
["CIMENTOS ASFÁLTICOS CAP-30-45","2021-02-01","***","***",2.79760701016441,2.83999140367933,3.29932653262765,2.84316005861858]
["CIMENTOS ASFÁLTICOS CAP-30-45","2021-03-01","***","***",2.85161564908667,2.84186498176226,3.40764439317732,2.85946152892578]
["CIMENTOS ASFÁLTICOS CAP-30-45","2021-04-01","***","***",2.95390020659474,2.86150621748724,3.44915453253948,2.88990943978102]
["CIMENTOS ASFÁLTICOS CAP-30-45","2021-05-01","***","***",3.44242064197142,3.49467556412621,3.8990453571685,3.48800486042293]
["CIMENTOS ASFÁLTICOS CAP-30-45","2021-06-01",3.30126373474101,"***",3.42608765157244,3.50032046907548,4.25440273795408,3.50315810351553]
["CIMENTOS ASFÁLTICOS CAP-30-45","2021-07-01","***","***",3.58581276037983,3.5366103741643,3.99377665706424,3.54786218285593]
["CIMENTOS ASFÁLTICOS CAP-30-45","2021-08-01",3.13307,3.53904666884389,3.70622417557699,3.68940571647066,4.00075309444444,3.69226870132837]
["CIMENTOS ASFÁLTICOS CAP-30-45","2021-09-01","***","***",3.61487605298487,3.68456409259313,3.77925827937916,3.67385956027188]
["CIMENTOS ASFÁLTICOS CAP-30-45","2021-10-01",3.41161,"***",3.57716761219357,3.66979604760567,3.55216162883721,3.65396248106544]
["CIMENTOS ASFÁLTICOS CAP-30-45","2021-11-01",3.78688809158006,"***",4.01055823194076,4.0174905618743,4.73541793792773,4.02410443477826]
["CIMENTOS ASFÁLTICOS CAP-30-45","2021-12-01",3.5705,"***",4.11790927426423,4.0288180521123,4.12198801590368,4.03602050651181]
["CIMENTOS ASFÁLTICOS CAP-30-45","2022-01-01",3.82303,"***",3.9163155203086,4.06333248244944,4.02348629165174,4.05135712583103]
["CIMENTOS ASFÁLTICOS CAP-30-45","2022-02-01",4.21868187030096,"***",4.33230901637666,4.33405866468802,4.87955269198174,4.33392283628446]
["CIMENTOS ASFÁLTICOS CAP-30-45","2022-03-01",4.31155559303874,"***",4.31205323293313,4.36481038583564,4.64041491675683,4.35979320111438]
["CIMENTOS ASFÁLTICOS CAP-30-45","2022-04-01",4.16700565193552,"***",4.77732500568068,4.51841304065692,4.64585330192666,4.55719312021164]
["CIMENTOS ASFÁLTICOS CAP-30-45","2022-05-01",4.08865302934074,"***",4.62377157685399,4.42146178297701,4.50723634508786,4.44574184877027]
["CIMENTOS ASFÁLTICOS CAP-30-45","2022-06-01",4.02564893607415,"***",4.46877056496894,4.42435746669887,4.60001315426914,4.42550826942887]
["CIMENTOS ASFÁLTICOS CAP-30-45","2022-07-01",4.08837088300755,"***",4.69338567775919,4.45648546490555,4.83690367335402,4.48894363610823]
["CIMENTOS ASFÁLTICOS CAP-30-45","2022-08-01",3.94386781240131,"***",4.57925038711402,4.28244330905191,4.62795156370714,4.33297662365383]
["CIMENTOS ASFÁLTICOS CAP-30-45","2022-09-01",3.93290014661476,"***",4.4003335774797,4.05360427968408,5.06960694058741,4.12158883490659]
["CIMENTOS ASFÁLTICOS CAP-30-45","2022-10-01",3.66098967409542,3.81883,4.04475640994013,3.62825393413256,4.59733366394906,3.70033666650463]
["CIMENTOS ASFÁLTICOS CAP-30-45","2022-11-01",3.69876173634621,3.82428,4.06445870181143,3.61250271405224,4.7007613094364,3.69110238390874]
["CIMENTOS ASFÁLTICOS CAP-30-45","2022-12-01",3.26048700289376,3.85921,3.87591411467611,3.58996871940911,4.71595,3.63950063161444]
["CIMENTOS ASFÁLTICOS CAP-30-45","2023-01-01",3.12832649619575,"***",3.8962827351977,3.47307459989849,4.41787567790396,3.53702662160423]
["CIMENTOS ASFÁLTICOS CAP-30-45","2023-02-01",3.01926397617537,"***",3.83985515011235,3.36492345800468,4.26903590725611,3.42555174722901]
["CIMENTOS ASFÁLTICOS CAP-30-45","2023-03-01",3.0113211224428,"***",3.5059096487255,3.21198287472119,4.20526760305572,3.26543539769903]
["CIMENTOS ASFÁLTICOS CAP-30-45","2023-04-01",3.92019217053491,"***",3.44494137128369,3.20329411264531,4.08962187065201,3.27692586977088]
["CIMENTOS ASFÁLTICOS CAP-30-45","2023-05-01",3.29054620428036,"***",3.56013315061449,3.14219048679872,4.07170084508793,3.23014413123978]
["CIMENTOS ASFÁLTICOS CAP-30-45","2023-06-01",3.1921122556672,"***",3.56979295826246,3.15278817884461,3.69301707653155,3.23389571505162]
["CIMENTOS ASFÁLTICOS CAP-30-45","2023-07-01",3.16870635613266,4.1558,3.51760213100007,3.06716165275395,3.72996373152435,3.13812585511215]
["CIMENTOS ASFÁLTICOS CAP-30-45","2023-08-01",3.56989960086435,2.714,3.46610206381304,3.05968583715607,3.35019703284649,3.15811478186252]
["CIMENTOS ASFÁLTICOS CAP-30-45","2023-09-01",3.80336322836987,"***",3.61921972659071,3.31479118159094,3.28722543825547,3.39251470362362]
["CIMENTOS ASFÁLTICOS CAP-30-45","2023-10-01",3.76003305818665,3.36196295652997,3.82002232764787,3.31052286979415,3.35186646343304,3.43673875056401]
["CIMENTOS ASFÁLTICOS CAP-30-45","2023-11-01",3.83018074488032,"***",3.75477590326623,3.37475930232232,3.60975509716177,3.46901249799791]
["CIMENTOS ASFÁLTICOS CAP-30-45","2023-12-01",3.82938929521295,"***",3.69634174194851,3.32257109058421,3.88015818422046,3.36886531381495]
["CIMENTOS ASFÁLTICOS CAP-30-45","2024-01-01",3.04591415732112,"***",3.58309714178094,3.20917619741222,4.07916501060589,3.26245049422718]
["CIMENTOS ASFÁLTICOS CAP-30-45","2024-02-01",3.11161397472082,"***",3.68318474258356,3.20498424099573,4.20477741792461,3.25990516846481]
["CIMENTOS ASFÁLTICOS CAP-30-45","2024-03-01",3.33702286446142,"***",3.62897670881798,3.28567540715647,4.01089268638646,3.33013112189425]
["CIMENTOS ASFÁLTICOS CAP-30-45","2024-04-01",3.81891395084785,"***",3.59163695507971,3.2443195159528,3.65924569000424,3.2957282976677]
["CIMENTOS ASFÁLTICOS CAP-30-45","2024-05-01",3.6222874444251,"***",3.67302344036714,3.32823935606126,4.16652516137768,3.39013558393078]
["CIMENTOS ASFÁLTICOS CAP-30-45","2024-06-01",3.33286785431762,"***",3.76000993625288,3.32584180221426,4.1139195672553,3.40111703937378]
["CIMENTOS ASFÁLTICOS CAP-30-45","2024-07-01",3.91028104808761,"***",3.83039386151957,3.33374695335664,4.26638505360822,3.44384997163912]
["CIMENTOS ASFÁLTICOS CAP-30-45","2024-08-01",3.7679418349007,4.92026,3.98734673232623,3.58096068687577,3.50036798847118,3.6501318588838]
["CIMENTOS ASFÁLTICOS CAP-50-70","2008-11-01",1.16420020000932,0.968058472179401,1.44624340310712,0.988652964395196,0.961631410222723,1.01662088325852]
["CIMENTOS ASFÁLTICOS CAP-50-70","2008-12-01",1.15953492368144,0.95493724993609,1.3348739119071,1.00024822309181,0.973629967789994,1.00725004709968]
["CIMENTOS ASFÁLTICOS CAP-50-70","2009-01-01",1.04558638693087,0.961287333387349,1.18302916922518,0.976345983535623,0.973640680752193,0.980961832774997]
["CIMENTOS ASFÁLTICOS CAP-50-70","2009-02-01",1.03700406402366,0.938935502519684,1.15558750819356,0.96609601293684,0.964550055832065,0.969892169267715]
["CIMENTOS ASFÁLTICOS CAP-50-70","2009-03-01",0.995750964435732,0.945074915177947,1.19629478552524,0.955628424397069,0.957890000093024,0.960704650268897]
["CIMENTOS ASFÁLTICOS CAP-50-70","2009-04-01",1.04837619566068,0.932769629064645,1.22710554025032,0.946962135993867,0.952040478341807,0.95892044635958]
["CIMENTOS ASFÁLTICOS CAP-50-70","2009-05-01",0.984113481116947,0.927569870169666,1.25137901755071,0.927020805477106,0.944628383537461,0.948426520374255]
["CIMENTOS ASFÁLTICOS CAP-50-70","2009-06-01",1.04641925424695,0.916726581778204,1.23101666341512,0.91941342198421,0.930969404074735,0.938381202448484]
["CIMENTOS ASFÁLTICOS CAP-50-70","2009-07-01",1.03326433632698,0.949085356305,1.2920838702085,0.958732893075496,0.992746229309826,0.981992270840061]
["CIMENTOS ASFÁLTICOS CAP-50-70","2009-08-01",1.03495380541036,0.906755897205711,1.17023887902941,0.907847342422703,0.913787446945856,0.925331640470689]
["CIMENTOS ASFÁLTICOS CAP-50-70","2009-09-01",1.00980978725272,0.903003367996407,1.17498904387269,0.909041398094461,0.915264074271704,0.92866703086483]
["CIMENTOS ASFÁLTICOS CAP-50-70","2009-10-01",1.02117004683975,0.925352738200834,1.17100209401348,0.91403669659253,0.920023882940131,0.9358978872509]
["CIMENTOS ASFÁLTICOS CAP-50-70","2009-11-01",1.04434011825136,0.918873389119691,1.17152727447239,0.921255501542932,0.920716846230572,0.940101583399627]
["CIMENTOS ASFÁLTICOS CAP-50-70","2009-12-01",1.12185852936542,0.910259238681138,1.25582441849952,0.913362304967087,0.919201968122305,0.946586544604192]
["CIMENTOS ASFÁLTICOS CAP-50-70","2010-01-01",1.13345665656521,0.909932764663614,1.24047913182777,0.903118485527955,0.909260882648604,0.936542074451966]
["CIMENTOS ASFÁLTICOS CAP-50-70","2010-02-01",1.10135276424325,0.901836943196413,1.20421835368103,0.885380840060851,0.881954611787706,0.914582636615042]
["CIMENTOS ASFÁLTICOS CAP-50-70","2010-03-01",1.0086812168511,0.907278983573702,1.24719642418663,0.896808801917179,0.905395609461897,0.925310761828513]
["CIMENTOS ASFÁLTICOS CAP-50-70","2010-04-01",1.04683874177466,0.900447733732812,1.22708613785653,0.89108356590527,0.911922594204839,0.927663884577984]
["CIMENTOS ASFÁLTICOS CAP-50-70","2010-05-01",1.06608842961782,0.900509840637447,1.2580521862723,0.882796131897362,0.908042332258289,0.926357793603265]
["CIMENTOS ASFÁLTICOS CAP-50-70","2010-06-01",0.973591969658876,0.874605577685048,1.11884887365587,0.867781157468247,0.884872728596467,0.899347492191472]
["CIMENTOS ASFÁLTICOS CAP-50-70","2010-07-01",0.94048317721409,0.881913345665492,1.11618245069297,0.87841232116259,0.894867959504188,0.910029221183508]
["CIMENTOS ASFÁLTICOS CAP-50-70","2010-08-01",0.955374973145606,0.879979201822736,1.11445783787426,0.871753352365523,0.871913874443731,0.899923944667372]
["CIMENTOS ASFÁLTICOS CAP-50-70","2010-09-01",0.948569307825055,0.88391502047921,1.14720697908157,0.885930077832794,0.886190534957428,0.917530250221355]
["CIMENTOS ASFÁLTICOS CAP-50-70","2010-10-01",0.931550434400744,0.878491370353886,1.14491207767957,0.92604237839513,0.906663212436739,0.932919720633423]
["CIMENTOS ASFÁLTICOS CAP-50-70","2010-11-01",0.946599946361481,0.883307785462069,1.1649982175911,0.941414475223282,0.937091381268291,0.939818692827394]
["CIMENTOS ASFÁLTICOS CAP-50-70","2010-12-01",0.983088063260349,0.879587734887339,1.14835521053277,0.933638131948268,0.973012989475218,0.944518074588459]
["CIMENTOS ASFÁLTICOS CAP-50-70","2011-01-01",1.14916103852664,0.891789643960019,1.18353743225316,0.929970726958451,0.974295464768871,0.954518289008974]
["CIMENTOS ASFÁLTICOS CAP-50-70","2011-02-01",0.995723488472813,0.885688447003883,1.13212888100202,0.92934801097272,0.906772558737006,0.929394138371667]
["CIMENTOS ASFÁLTICOS CAP-50-70","2011-03-01",0.954014341139523,0.862063747688851,1.15984453581561,0.896493507947896,0.880263108077368,0.897941219435006]
["CIMENTOS ASFÁLTICOS CAP-50-70","2011-04-01",0.927754047130126,0.875389052252367,1.10635781832404,0.865687255336763,0.878697395837348,0.887080927991467]
["CIMENTOS ASFÁLTICOS CAP-50-70","2011-05-01",0.957133149173898,0.850899273715746,1.05418586778493,0.859135916381774,0.87485191810928,0.886565695774702]
["CIMENTOS ASFÁLTICOS CAP-50-70","2011-06-01",0.899701919202638,0.837991678739621,1.07307603511042,0.855861213635808,0.871672832898333,0.876499291798409]
["CIMENTOS ASFÁLTICOS CAP-50-70","2011-07-01",0.859283035537538,0.83471891274128,1.06188692889216,0.845840237135359,0.869338849767718,0.866206791607856]
["CIMENTOS ASFÁLTICOS CAP-50-70","2011-08-01",0.937135739978656,0.831854643394336,1.08946627544851,0.835906588213718,0.866759982009353,0.866555909058515]
["CIMENTOS ASFÁLTICOS CAP-50-70","2011-09-01",0.96017618756024,0.82940369859885,1.13767298498475,0.837344073452448,0.867442044670176,0.872069152211804]
["CIMENTOS ASFÁLTICOS CAP-50-70","2011-10-01",0.948970131415926,0.831941108582291,1.11915847395696,0.844961431504394,0.854284752337021,0.868964745633188]
["CIMENTOS ASFÁLTICOS CAP-50-70","2011-11-01",0.943413144467583,0.835550504862297,1.11874287627243,0.847635283120473,0.862951680844675,0.873406626388059]
["CIMENTOS ASFÁLTICOS CAP-50-70","2011-12-01",0.96380364224796,0.838483037821792,1.02792555106092,0.864704079842641,0.872988161498481,0.877290636965535]
["CIMENTOS ASFÁLTICOS CAP-50-70","2012-01-01",0.910946167547339,0.838484756647231,1.11890666970359,0.878248423205829,0.860830552391746,0.87176135167826]
["CIMENTOS ASFÁLTICOS CAP-50-70","2012-02-01",0.898215238820991,0.840483911134241,1.10481814233138,0.888789618008663,0.871809201375992,0.883056337665741]
["CIMENTOS ASFÁLTICOS CAP-50-70","2012-03-01",0.923356525188749,0.842238512981272,1.05405896517299,0.885000245249794,0.882567790673208,0.885197418492246]
["CIMENTOS ASFÁLTICOS CAP-50-70","2012-04-01",0.977149564595943,0.855485849320472,1.06973589659533,0.881163570719189,0.877834135975739,0.899102142987399]
["CIMENTOS ASFÁLTICOS CAP-50-70","2012-05-01",1.05571942085476,0.859964087542598,1.07758417002328,0.888315078644562,0.876344505017142,0.904915400504689]
["CIMENTOS ASFÁLTICOS CAP-50-70","2012-06-01",1.04519334563755,0.864964939063835,1.10540212437716,0.89333736767998,0.876810685098287,0.916232520844628]
["CIMENTOS ASFÁLTICOS CAP-50-70","2012-07-01",1.04466092747162,0.862629409628234,1.12669832983776,0.886023081923048,0.877085820686533,0.910460709004984]
["CIMENTOS ASFÁLTICOS CAP-50-70","2012-08-01",1.08018015261499,0.880195039073739,1.13743719718537,0.885072589414387,0.872616598128489,0.914386990777062]
["CIMENTOS ASFÁLTICOS CAP-50-70","2012-09-01",1.05938680340644,0.880005635440758,1.13939504953509,0.868358951780327,0.843214383608756,0.898265380157498]
["CIMENTOS ASFÁLTICOS CAP-50-70","2012-10-01",1.06572637845244,0.887995169970552,1.21459599562768,0.892930640890494,0.879508054111635,0.930452334963219]
["CIMENTOS ASFÁLTICOS CAP-50-70","2012-11-01",1.06244982611961,0.876021450177363,1.1892648275926,0.910638499007031,0.890223019219247,0.928445839798258]
["CIMENTOS ASFÁLTICOS CAP-50-70","2012-12-01",1.09163026217629,0.874651996975139,1.19067375624992,0.908248894089236,0.900645620896564,0.928840868281242]
["CIMENTOS ASFÁLTICOS CAP-50-70","2013-01-01",1.08410741235803,0.866175886694275,1.19453365174965,0.905729547244401,0.908129173696904,0.917376487235976]
["CIMENTOS ASFÁLTICOS CAP-50-70","2013-02-01",1.07701741970528,0.864166855231506,1.18500458810687,0.913490072876104,0.925306057619547,0.925511555768308]
["CIMENTOS ASFÁLTICOS CAP-50-70","2013-03-01",1.07310014370136,0.863831810690893,1.21303144151687,0.916287356547986,0.930214304918191,0.930714063053227]
["CIMENTOS ASFÁLTICOS CAP-50-70","2013-04-01",1.05153932796214,0.859697072423379,1.22384230136816,0.909251568086853,0.925443413871388,0.93423950621913]
["CIMENTOS ASFÁLTICOS CAP-50-70","2013-05-01",1.10239084058404,0.872921895254146,1.22872061878413,0.912818047092388,0.918515669880312,0.9545633507121]
["CIMENTOS ASFÁLTICOS CAP-50-70","2013-06-01",1.05121151504419,0.869305972223857,1.21474720110745,0.905869241941774,0.898535042714928,0.954576644186707]
["CIMENTOS ASFÁLTICOS CAP-50-70","2013-07-01",1.12341482097585,0.891274963261206,1.19281736424295,0.910598113693256,0.931187635368032,0.958780751246998]
["CIMENTOS ASFÁLTICOS CAP-50-70","2013-08-01",1.07880673063252,0.896974531144419,1.22721674424767,0.916638503629422,0.932335947393753,0.963629040553129]
["CIMENTOS ASFÁLTICOS CAP-50-70","2013-09-01",1.06936289301618,0.89600650713743,1.27509009343077,0.920386890184171,0.923904831703606,0.962080686020371]
["CIMENTOS ASFÁLTICOS CAP-50-70","2013-10-01",1.02834805335876,0.906017039677676,1.19745848744906,0.914918510249459,0.890951035823164,0.95083176059351]
["CIMENTOS ASFÁLTICOS CAP-50-70","2013-11-01",1.03793840754683,0.913466819297545,1.19189986765281,0.910756130767712,0.911474196200684,0.954242363683044]
["CIMENTOS ASFÁLTICOS CAP-50-70","2013-12-01",1.03410838724637,0.928562992358526,1.20739809500788,0.913618477338239,0.903116473962126,0.958848255262462]
["CIMENTOS ASFÁLTICOS CAP-50-70","2014-01-01",1.03938663568353,0.928645410744565,1.18314485592936,0.913897146659395,0.913922016830655,0.949556000716211]
["CIMENTOS ASFÁLTICOS CAP-50-70","2014-02-01",1.08010689141458,0.923492884431669,1.14265678352831,0.917232260238435,0.91279990184824,0.946596599472209]
["CIMENTOS ASFÁLTICOS CAP-50-70","2014-03-01",1.05789738719176,0.922103496134823,1.16623222106861,0.918338645247208,0.915273305992916,0.949698856250388]
["CIMENTOS ASFÁLTICOS CAP-50-70","2014-04-01",1.06516444164963,0.924246179029634,1.16254547346996,0.913065737315318,0.898463914455435,0.947734241087497]
["CIMENTOS ASFÁLTICOS CAP-50-70","2014-05-01",1.04723532605661,0.923041950177692,1.17764127514071,0.923795104419197,0.90563295279397,0.955855852426816]
["CIMENTOS ASFÁLTICOS CAP-50-70","2014-06-01",1.03247925737507,0.918563410912317,1.21317440762455,0.913672417710636,0.909479630213006,0.957686939255406]
["CIMENTOS ASFÁLTICOS CAP-50-70","2014-07-01",1.08992772890141,0.912507856535287,1.15648041812445,0.90124131326552,0.908961559737204,0.944622122143454]
["CIMENTOS ASFÁLTICOS CAP-50-70","2014-08-01",1.12813336757335,0.913440922826501,1.12564161014719,0.913765043067095,0.905054638043857,0.94946614618601]
["CIMENTOS ASFÁLTICOS CAP-50-70","2014-09-01",1.09941508008348,0.930739551067097,1.20765101986046,0.920767514289164,0.915616470800253,0.966865404212256]
["CIMENTOS ASFÁLTICOS CAP-50-70","2014-10-01",1.13897728764763,0.914376660720126,1.16321359648312,0.886263166825252,0.894969957247035,0.942955572052724]
["CIMENTOS ASFÁLTICOS CAP-50-70","2014-11-01",1.09005497721516,0.936010673139633,1.16365040317171,0.898575218428885,0.918877434588877,0.95477288647908]
["CIMENTOS ASFÁLTICOS CAP-50-70","2014-12-01",1.23631419481914,1.02930603024666,1.30926593808953,1.00369071777535,0.997074116861854,1.04135604218367]
["CIMENTOS ASFÁLTICOS CAP-50-70","2015-01-01",1.3331020291117,1.26580096899688,1.51240323684681,1.12001751571985,1.18547913280292,1.21120247059152]
["CIMENTOS ASFÁLTICOS CAP-50-70","2015-02-01",1.4299714188618,1.25737722140748,1.53562154423244,1.12542036580115,1.19134200757387,1.21166606030009]
["CIMENTOS ASFÁLTICOS CAP-50-70","2015-03-01",1.37526846160257,1.22467913154148,1.47823038328418,1.15814537915924,1.19244701464694,1.21271683875298]
["CIMENTOS ASFÁLTICOS CAP-50-70","2015-04-01",1.31346914743953,1.21120904498086,1.48925975964078,1.14509408955436,1.17676389652385,1.19365876632242]
["CIMENTOS ASFÁLTICOS CAP-50-70","2015-05-01",1.46889948651431,1.21980494741404,1.43412234565047,1.12996367579366,1.17160282494569,1.20472725163539]
["CIMENTOS ASFÁLTICOS CAP-50-70","2015-06-01",1.49809940533101,1.22963187559399,1.44283165964486,1.12937851363371,1.17465699234131,1.21636299016372]
["CIMENTOS ASFÁLTICOS CAP-50-70","2015-07-01",1.32769294244621,1.24655475166745,1.2046478282775,1.12447001906151,1.16729782302905,1.18885526158538]
["CIMENTOS ASFÁLTICOS CAP-50-70","2015-08-01",1.38537681748887,1.25674991709916,1.39516404901314,1.11693042319254,1.1722417088818,1.21891111813945]
["CIMENTOS ASFÁLTICOS CAP-50-70","2015-09-01",1.40202401232015,1.3081690645762,1.49379867284042,1.18191543636704,1.22013697308477,1.27603224880035]
["CIMENTOS ASFÁLTICOS CAP-50-70","2015-10-01",1.49665216727963,1.35271443707134,1.57751014266434,1.25267414993731,1.2783526152197,1.34355830244613]
["CIMENTOS ASFÁLTICOS CAP-50-70","2015-11-01",1.62149456744576,1.51725483317315,1.70642567430236,1.41862992182278,1.41764807732096,1.48891543009576]
["CIMENTOS ASFÁLTICOS CAP-50-70","2015-12-01",1.7400574401317,1.51946356014773,1.70090602501032,1.4181914430683,1.42902805805944,1.49641921793279]
["CIMENTOS ASFÁLTICOS CAP-50-70","2016-01-01",1.7812750615266,1.5500283898349,1.76278925735806,1.451294199361,1.44406594049718,1.50481002644973]
["CIMENTOS ASFÁLTICOS CAP-50-70","2016-02-01",1.79704521442988,1.53430356802969,1.70210558122962,1.43945380327947,1.43249013488033,1.48564990371536]
["CIMENTOS ASFÁLTICOS CAP-50-70","2016-03-01",1.74211809576731,1.5336459433033,1.72584704820577,1.42473300673082,1.44805250274746,1.49202933748836]
["CIMENTOS ASFÁLTICOS CAP-50-70","2016-04-01",1.92065985626807,1.72462412946348,1.90278494882733,1.59676314943576,1.63494893101609,1.66831854062954]
["CIMENTOS ASFÁLTICOS CAP-50-70","2016-05-01",1.98586034984103,1.7261038862806,1.92652723787226,1.60846570689728,1.6988625608163,1.69986810449243]
["CIMENTOS ASFÁLTICOS CAP-50-70","2016-06-01",1.94110201514808,1.69461704708438,1.92858200345681,1.63486568310554,1.63636768066348,1.69345843152673]
["CIMENTOS ASFÁLTICOS CAP-50-70","2016-07-01",1.79716931836353,1.67910906045059,1.91878828287574,1.64432965271875,1.61608838082893,1.67793535381136]
["CIMENTOS ASFÁLTICOS CAP-50-70","2016-08-01",1.83595591536576,1.68640980935656,1.95066359909324,1.64815777236391,1.62088313472202,1.68951171275427]
["CIMENTOS ASFÁLTICOS CAP-50-70","2016-09-01",1.76564139334441,1.58625952920654,1.8182367959833,1.55745307599053,1.47898195013075,1.58231939235913]
["CIMENTOS ASFÁLTICOS CAP-50-70","2016-10-01",1.66096197381776,1.59021673134302,1.77133411001485,1.55778766560535,1.48038790134231,1.57425203071265]
["CIMENTOS ASFÁLTICOS CAP-50-70","2016-11-01",1.62024689924767,1.55913644334619,1.82557223894749,1.51651567558868,1.47297083321802,1.55048427815274]
["CIMENTOS ASFÁLTICOS CAP-50-70","2016-12-01",1.53827003753649,1.45933388064795,1.78675538209015,1.50486567137887,1.46804703216157,1.5063560514489]
["CIMENTOS ASFÁLTICOS CAP-50-70","2017-01-01",1.53644852951295,1.4492924379728,1.60965656090415,1.44883480134508,1.45365192043667,1.46703849752947]
["CIMENTOS ASFÁLTICOS CAP-50-70","2017-02-01",1.56427113478886,1.44763348297102,1.64007570520026,1.45695378635475,1.44623160325551,1.46867980165752]
["CIMENTOS ASFÁLTICOS CAP-50-70","2017-03-01",1.51757384173754,1.43586105361275,1.68624132164893,1.45628515256191,1.45568973908778,1.47364207851007]
["CIMENTOS ASFÁLTICOS CAP-50-70","2017-04-01",1.65926756202478,1.38825676721616,1.66568322574351,1.38943296509081,1.40915918687368,1.43526717874469]
["CIMENTOS ASFÁLTICOS CAP-50-70","2017-05-01",1.50522201600366,1.40060839658963,1.71013408747788,1.37386485307203,1.3921241120651,1.42945434226319]
["CIMENTOS ASFÁLTICOS CAP-50-70","2017-06-01",1.63946792658845,1.42460864982594,1.69940101362946,1.42908151325864,1.38583534216181,1.4659203299201]
["CIMENTOS ASFÁLTICOS CAP-50-70","2017-07-01",1.64802596087271,1.40283083303231,1.75142070080023,1.41803378379403,1.3563173438096,1.4531126868784]
["CIMENTOS ASFÁLTICOS CAP-50-70","2017-08-01",1.48988067516074,1.38282548435469,1.63056730380889,1.40684731743275,1.37761083670441,1.42563288595073]
["CIMENTOS ASFÁLTICOS CAP-50-70","2017-09-01",1.54887287656192,1.42363840093915,1.69923200279145,1.41661035337274,1.37676580543972,1.44845932074048]
["CIMENTOS ASFÁLTICOS CAP-50-70","2017-10-01",1.571451743092,1.40511791018695,1.74343991230701,1.40781061194741,1.39803328926311,1.4473426233473]
["CIMENTOS ASFÁLTICOS CAP-50-70","2017-11-01",1.70395288428103,1.56168911406581,1.88668653598155,1.51083196410363,1.51020915872563,1.58754771998657]
["CIMENTOS ASFÁLTICOS CAP-50-70","2017-12-01",1.67112968570027,1.5697607156656,1.8969173485708,1.54630230762565,1.51115352219374,1.58438100677234]
["CIMENTOS ASFÁLTICOS CAP-50-70","2018-01-01",1.78838664543756,1.64223278478653,1.85167665381581,1.59067012546726,1.6130212682361,1.64469430243084]
["CIMENTOS ASFÁLTICOS CAP-50-70","2018-02-01",1.79740080383376,1.61046015653024,1.7913702231317,1.59937889536573,1.60347187795933,1.62124686081122]
["CIMENTOS ASFÁLTICOS CAP-50-70","2018-03-01",1.80135973816113,1.6064588891199,1.89569863549092,1.61173911852818,1.60362521807278,1.63886131890725]
["CIMENTOS ASFÁLTICOS CAP-50-70","2018-04-01",1.79117334865166,1.60509322394187,1.85749587807102,1.60068490317669,1.63962904872662,1.65621202856535]
["CIMENTOS ASFÁLTICOS CAP-50-70","2018-05-01",1.91350203624665,1.72470048995027,1.9454369536104,1.71405543747672,1.71420937283017,1.75732542962792]
["CIMENTOS ASFÁLTICOS CAP-50-70","2018-06-01",2.06556385880853,1.82239972222208,2.09131632200827,1.79947825498108,1.79854029436378,1.85966297057505]
["CIMENTOS ASFÁLTICOS CAP-50-70","2018-07-01",2.06862763486941,1.9451431619916,2.14078277150026,1.94030218576477,1.94464740671338,1.97560488378319]
["CIMENTOS ASFÁLTICOS CAP-50-70","2018-08-01",2.22534636105563,2.0957584128754,2.48040682386198,2.1024259235604,2.09697917217558,2.13972089306088]
["CIMENTOS ASFÁLTICOS CAP-50-70","2018-09-01",2.33032219466132,2.12339672158555,2.49273764519386,2.134032087997,2.10603687605137,2.17330936598556]
["CIMENTOS ASFÁLTICOS CAP-50-70","2018-10-01",2.25762057249138,2.14762491207547,2.29321075719083,2.17660826787081,2.14003883768791,2.17765970655766]
["CIMENTOS ASFÁLTICOS CAP-50-70","2018-11-01",2.4878078368167,2.40274515032647,2.86505626677391,2.42868191784906,2.42278020394302,2.44546197757049]
["CIMENTOS ASFÁLTICOS CAP-50-70","2018-12-01",2.49080789699439,2.42092536212561,2.70932464819575,2.42828326934528,2.46400089051639,2.4580454611849]
["CIMENTOS ASFÁLTICOS CAP-50-70","2019-01-01",2.48596635582701,2.35983631502381,2.77084892263766,2.48533041188589,2.45200587748513,2.45592301696228]
["CIMENTOS ASFÁLTICOS CAP-50-70","2019-02-01",2.64434676960391,2.54916748337052,3.050787298396,2.75988326494051,2.75818337914009,2.70591918147359]
["CIMENTOS ASFÁLTICOS CAP-50-70","2019-03-01",2.70497949833076,2.5265844677413,3.07395710073834,2.75943682972379,2.69307119189434,2.69297412617712]
["CIMENTOS ASFÁLTICOS CAP-50-70","2019-04-01",2.76077531888781,2.56424328040899,3.07394489747454,2.75955565759603,2.69665433619758,2.71118685582128]
["CIMENTOS ASFÁLTICOS CAP-50-70","2019-05-01",2.76236564986264,2.52605659047274,3.0755967027869,2.77279584936334,2.69374354202785,2.71252321372938]
["CIMENTOS ASFÁLTICOS CAP-50-70","2019-06-01",2.62752322417571,2.53409874473409,3.20930608120188,2.68871526670182,2.70480970909472,2.69599361469406]
["CIMENTOS ASFÁLTICOS CAP-50-70","2019-07-01",2.84859913304669,2.50767020072679,3.12986594925193,2.75849305993959,2.69899005322617,2.7132922282791]
["CIMENTOS ASFÁLTICOS CAP-50-70","2019-08-01",2.67545593943695,2.3351192760318,2.91803336996232,2.5834195289973,2.5319168723857,2.53904940146126]
["CIMENTOS ASFÁLTICOS CAP-50-70","2019-09-01",2.59805679278684,2.29919416771862,3.03433264946942,2.48065110189485,2.51482597908893,2.49599861211581]
["CIMENTOS ASFÁLTICOS CAP-50-70","2019-10-01",2.53353685510691,2.27035668197081,2.83756048874314,2.50989014773894,2.50963544284559,2.47334694258804]
["CIMENTOS ASFÁLTICOS CAP-50-70","2019-11-01",2.60864383066343,2.32427840369011,2.86736468789883,2.56824212225115,2.55634093533067,2.52963222264059]
["CIMENTOS ASFÁLTICOS CAP-50-70","2019-12-01",2.52617019171413,2.3189910031031,2.95062594484407,2.62512783193945,2.55735761061683,2.5301149347303]
["CIMENTOS ASFÁLTICOS CAP-50-70","2020-01-01",2.6003580196634,2.29750015128407,3.09726707276096,2.57399514780715,2.54842052407816,2.51815059425334]
["CIMENTOS ASFÁLTICOS CAP-50-70","2020-02-01",2.42190138186597,2.17320917748434,2.88285582588101,2.35832195218979,2.36043466390593,2.35109622252959]
["CIMENTOS ASFÁLTICOS CAP-50-70","2020-03-01",2.32824656925282,2.17108814464283,2.7560542278028,2.32151803114961,2.33775877141934,2.32187297509199]
["CIMENTOS ASFÁLTICOS CAP-50-70","2020-04-01",2.37011991592465,2.19002620523687,2.65368542907703,2.34516076866187,2.30210998911905,2.33600787135954]
["CIMENTOS ASFÁLTICOS CAP-50-70","2020-05-01",2.36863942618468,2.12475529107569,2.6064373281098,2.27122972792822,2.31524156323422,2.32419923306837]
["CIMENTOS ASFÁLTICOS CAP-50-70","2020-06-01",2.30422943176139,2.12898588791193,2.62113697408856,2.26285823268778,2.30853657574401,2.296534163785]
["CIMENTOS ASFÁLTICOS CAP-50-70","2020-07-01",2.30404447936246,2.13388765961375,2.62338301043914,2.23465166743183,2.28321933935005,2.27475600376488]
["CIMENTOS ASFÁLTICOS CAP-50-70","2020-08-01",2.430002795699,2.26690657835135,2.75808199848917,2.37096886998998,2.47255254753113,2.41265880884347]
["CIMENTOS ASFÁLTICOS CAP-50-70","2020-09-01",2.46123021590987,2.28404508804547,2.73257671325078,2.36620582394281,2.44122289879693,2.41003785326735]
["CIMENTOS ASFÁLTICOS CAP-50-70","2020-10-01",2.37802621552759,2.30473253617402,2.73787228528735,2.37055989660147,2.44844192820278,2.40702273004399]
["CIMENTOS ASFÁLTICOS CAP-50-70","2020-11-01",2.6109989548752,2.48394404294997,2.8383145460657,2.54266160417238,2.57984492094045,2.5728040803737]
["CIMENTOS ASFÁLTICOS CAP-50-70","2020-12-01",2.46666556557626,2.46408243268186,2.82573791128106,2.58685012234109,2.60261433793426,2.57127015465187]
["CIMENTOS ASFÁLTICOS CAP-50-70","2021-01-01",2.39689759547853,2.46227749985454,2.90778224015119,2.62267189193148,2.62132429372394,2.56538057631178]
["CIMENTOS ASFÁLTICOS CAP-50-70","2021-02-01",2.62223104097757,2.67373112744499,3.03753207459777,2.78148335965249,2.78234825517562,2.75300420513504]
["CIMENTOS ASFÁLTICOS CAP-50-70","2021-03-01",2.57881433283196,2.62703925486459,3.01226616750577,2.83486339259414,2.83454192140233,2.77439026703549]
["CIMENTOS ASFÁLTICOS CAP-50-70","2021-04-01",2.68984279576075,2.59905340434323,3.02145401398622,2.81221968953026,2.80499251615999,2.76591445086732]
["CIMENTOS ASFÁLTICOS CAP-50-70","2021-05-01",3.25879553314883,3.19952993365353,3.66991094215367,3.41861591961524,3.41649465312679,3.39184651661801]
["CIMENTOS ASFÁLTICOS CAP-50-70","2021-06-01",3.23916039844565,3.18109433615804,3.53689849143251,3.44295997910448,3.45731831964952,3.38047855982078]
["CIMENTOS ASFÁLTICOS CAP-50-70","2021-07-01",3.13732166859141,3.15494384258978,3.59198387189247,3.44848115537721,3.41469799082177,3.35894248499325]
["CIMENTOS ASFÁLTICOS CAP-50-70","2021-08-01",3.4628720904303,3.29399240158836,3.78140935663099,3.70318076404649,3.67089382268302,3.58673888599269]
["CIMENTOS ASFÁLTICOS CAP-50-70","2021-09-01",3.52788776204338,3.32631789096044,3.78832659330105,3.65409103863639,3.68888091224318,3.60443158337976]
["CIMENTOS ASFÁLTICOS CAP-50-70","2021-10-01",3.52176131245629,3.42102994980247,3.65383698945959,3.6802665752234,3.69591413587933,3.61270597007374]
["CIMENTOS ASFÁLTICOS CAP-50-70","2021-11-01",3.82873715766316,3.6976868410798,4.05720409272412,4.0328980638371,4.00672376594121,3.94064134909007]
["CIMENTOS ASFÁLTICOS CAP-50-70","2021-12-01",3.89161277116008,3.75292404501352,4.04490190996543,4.04931811730209,4.01428991305507,3.96171807199742]
["CIMENTOS ASFÁLTICOS CAP-50-70","2022-01-01",3.97887583930262,3.81206444315704,4.15330978451053,4.03743653807782,4.05211095705945,4.00065930835122]
["CIMENTOS ASFÁLTICOS CAP-50-70","2022-02-01",4.30870296406251,4.03362517753264,4.45223513827154,4.27842408373004,4.28605727910796,4.26000702202478]
["CIMENTOS ASFÁLTICOS CAP-50-70","2022-03-01",4.25744543336331,4.09468061112239,4.48285292966137,4.26889062419855,4.32594836996249,4.27568343825858]
["CIMENTOS ASFÁLTICOS CAP-50-70","2022-04-01",4.36884511617308,4.25799983212151,4.763206102938,4.45661336674223,4.44591627418856,4.4411848628964]
["CIMENTOS ASFÁLTICOS CAP-50-70","2022-05-01",4.35286973651138,4.20185666203187,4.58330819819619,4.30938421751094,4.24894338095755,4.30229361751132]
["CIMENTOS ASFÁLTICOS CAP-50-70","2022-06-01",4.39368472987415,4.1962162000687,4.61363570728765,4.29001165847921,4.18105627350132,4.2899376668844]
["CIMENTOS ASFÁLTICOS CAP-50-70","2022-07-01",4.54391426620381,4.32472360224598,4.73013344255174,4.34872595222931,4.2994675353113,4.40106223301813]
["CIMENTOS ASFÁLTICOS CAP-50-70","2022-08-01",4.65390610801399,4.35043080347292,4.6025056296728,4.21017635339542,4.12729967074722,4.31904555818339]
["CIMENTOS ASFÁLTICOS CAP-50-70","2022-09-01",4.87527511645376,4.34095709294311,4.40760182791111,4.06766148093301,3.8614528948505,4.25957062982064]
["CIMENTOS ASFÁLTICOS CAP-50-70","2022-10-01",4.37331902155786,4.10710795835915,4.06819577217617,3.63105910592255,3.5514967460089,3.88004801505988]
["CIMENTOS ASFÁLTICOS CAP-50-70","2022-11-01",4.2011656632619,3.96201105886815,4.04755217180814,3.58601349183801,3.47433009819027,3.78719594261547]
["CIMENTOS ASFÁLTICOS CAP-50-70","2022-12-01",4.35975398901703,3.74589079861064,4.13209802667974,3.49826709394585,3.45153328146843,3.73006795621086]
["CIMENTOS ASFÁLTICOS CAP-50-70","2023-01-01",4.11983260353799,3.50004490786998,3.91465570170098,3.25789486969709,3.29639921789779,3.46317391938548]
["CIMENTOS ASFÁLTICOS CAP-50-70","2023-02-01",3.93855317315965,3.45063329494293,3.83680710563961,3.15940291196752,3.17880028658436,3.3679711779516]
["CIMENTOS ASFÁLTICOS CAP-50-70","2023-03-01",3.96000414848063,3.31728542292565,3.69266077022914,3.11754536688623,2.96545405921839,3.23592529043571]
["CIMENTOS ASFÁLTICOS CAP-50-70","2023-04-01",3.73061832047868,3.26818989308272,3.58629474989601,3.1234147790346,2.94295986598791,3.1899899165525]
["CIMENTOS ASFÁLTICOS CAP-50-70","2023-05-01",3.84972378189936,3.2905144507942,3.55676091814513,3.1463887247929,2.91756623636236,3.22682919294315]
["CIMENTOS ASFÁLTICOS CAP-50-70","2023-06-01",3.7712002958517,3.33231633912062,3.42737114142048,3.12407748486566,2.89933445197631,3.21860926787997]
["CIMENTOS ASFÁLTICOS CAP-50-70","2023-07-01",3.74224669884842,3.38126765643973,3.57969553479079,3.12005344033843,2.97183701660215,3.26529570462072]
["CIMENTOS ASFÁLTICOS CAP-50-70","2023-08-01",3.7235845471949,3.36285188756966,3.68607200751363,3.13508393507166,2.96147439080484,3.26117734369364]
["CIMENTOS ASFÁLTICOS CAP-50-70","2023-09-01",4.09262439941594,3.63104339468552,3.8282034590379,3.36503171745387,3.18176416020952,3.49981596279537]
["CIMENTOS ASFÁLTICOS CAP-50-70","2023-10-01",4.08530095709298,3.61546351233896,3.79282015324206,3.34674340779416,3.15154190922461,3.45642218327891]
["CIMENTOS ASFÁLTICOS CAP-50-70","2023-11-01",3.85052527133893,3.72813100390524,3.96943707857785,3.47103890779796,3.1884640096323,3.53859314433322]
["CIMENTOS ASFÁLTICOS CAP-50-70","2023-12-01",3.98506837092563,3.6985887867201,3.82698363579985,3.34080149065644,3.23570813378277,3.47856949025569]
["CIMENTOS ASFÁLTICOS CAP-50-70","2024-01-01",3.93137698373333,3.56746855180305,3.60965676655222,3.20152598116339,3.15380405590505,3.36747714993536]
["CIMENTOS ASFÁLTICOS CAP-50-70","2024-02-01",4.00563455343918,3.45357641175808,3.55036409113024,3.1567107709108,3.14251507103765,3.32791304508592]
["CIMENTOS ASFÁLTICOS CAP-50-70","2024-03-01",3.87190843898609,3.5062399225827,3.4592436690017,3.13960808167033,3.22737842552998,3.34116717030016]
["CIMENTOS ASFÁLTICOS CAP-50-70","2024-04-01",3.85062814061734,3.38942212379408,3.36319834564314,3.08606120813932,3.25445589847069,3.27265329607346]
["CIMENTOS ASFÁLTICOS CAP-50-70","2024-05-01",3.77048352164799,3.35626958983123,3.52044749872842,3.20789690442024,3.31794751085642,3.3579298120816]
["CIMENTOS ASFÁLTICOS CAP-50-70","2024-06-01",3.73560612132998,3.51086733145839,3.47308549307303,3.21767488760015,3.29560829726325,3.35626756383535]
["CIMENTOS ASFÁLTICOS CAP-50-70","2024-07-01",3.86983938826933,3.82380498687214,3.59679736987673,3.3437458887368,3.41732223180227,3.53293881922846]
["CIMENTOS ASFÁLTICOS CAP-50-70","2024-08-01",4.04210219709696,3.99123004511621,3.87127205711505,3.57010322631051,3.59114546590677,3.7496279314418]
["CIMENTOS ASFÁLTICOS CAP-85-100","2008-11-01","***","***","***","***","***","***"]
["CIMENTOS ASFÁLTICOS CAP-85-100","2008-12-01","***","***","***","***","***","***"]
["CIMENTOS ASFÁLTICOS CAP-85-100","2009-01-01","***","***","***","***","***","***"]
["CIMENTOS ASFÁLTICOS CAP-85-100","2009-02-01","***","***","***","***","***","***"]
["CIMENTOS ASFÁLTICOS CAP-85-100","2009-03-01","***","***","***","***","***","***"]
["CIMENTOS ASFÁLTICOS CAP-85-100","2009-04-01","***","***","***","***","***","***"]
["CIMENTOS ASFÁLTICOS CAP-85-100","2009-05-01","***","***","***","***","***","***"]
["CIMENTOS ASFÁLTICOS CAP-85-100","2009-06-01","***","***","***","***","***","***"]
["CIMENTOS ASFÁLTICOS CAP-85-100","2009-07-01","***","***","***","***","***","***"]
["CIMENTOS ASFÁLTICOS CAP-85-100","2009-08-01","***","***","***","***","***","***"]
["CIMENTOS ASFÁLTICOS CAP-85-100","2009-09-01","***","***","***","***","***","***"]
["CIMENTOS ASFÁLTICOS CAP-85-100","2009-10-01","***","***","***","***","***","***"]
["CIMENTOS ASFÁLTICOS CAP-85-100","2009-11-01","***","***","***","***",1.13323,1.13323]
["CIMENTOS ASFÁLTICOS CAP-85-100","2009-12-01","***","***","***","***","***","***"]
["CIMENTOS ASFÁLTICOS CAP-85-100","2010-01-01","***","***","***","***","***","***"]
["CIMENTOS ASFÁLTICOS CAP-85-100","2010-02-01","***","***","***","***","***","***"]
["CIMENTOS ASFÁLTICOS CAP-85-100","2010-03-01","***","***","***","***","***","***"]
["CIMENTOS ASFÁLTICOS CAP-85-100","2010-04-01","***","***","***","***","***","***"]
["CIMENTOS ASFÁLTICOS CAP-85-100","2010-05-01","***","***","***","***","***","***"]
["CIMENTOS ASFÁLTICOS CAP-85-100","2010-06-01","***","***","***","***","***","***"]
["CIMENTOS ASFÁLTICOS CAP-85-100","2010-07-01","***","***","***","***","***","***"]
["CIMENTOS ASFÁLTICOS CAP-85-100","2010-08-01","***","***","***","***","***","***"]
["CIMENTOS ASFÁLTICOS CAP-85-100","2010-09-01","***","***","***","***","***","***"]
["CIMENTOS ASFÁLTICOS CAP-85-100","2010-10-01","***","***","***",1.19662,"***",1.19662]
["CIMENTOS ASFÁLTICOS CAP-85-100","2010-11-01","***","***","***",1.19662,"***",1.19662]
["CIMENTOS ASFÁLTICOS CAP-85-100","2010-12-01","***","***","***","***","***","***"]
["CIMENTOS ASFÁLTICOS CAP-85-100","2011-01-01","***","***","***","***","***","***"]
["CIMENTOS ASFÁLTICOS CAP-85-100","2011-02-01","***","***","***","***","***","***"]
["CIMENTOS ASFÁLTICOS CAP-85-100","2011-03-01","***","***","***","***","***","***"]
["CIMENTOS ASFÁLTICOS CAP-85-100","2011-04-01","***","***",1.205,0.5703,"***",0.717670596896591]
["CIMENTOS ASFÁLTICOS CAP-85-100","2011-05-01","***","***","***",0.5693,"***",0.5693]
["CIMENTOS ASFÁLTICOS CAP-85-100","2011-06-01","***","***","***","***",0.88491,0.88491]
["CIMENTOS ASFÁLTICOS CAP-85-100","2011-07-01","***","***",1.3649,"***","***",1.3649]
["CIMENTOS ASFÁLTICOS CAP-85-100","2011-08-01","***","***",1.34244536078025,1.3506,"***",1.34316556011292]
["CIMENTOS ASFÁLTICOS CAP-85-100","2011-09-01","***","***",1.33715332159396,"***","***",1.33715332159396]
["CIMENTOS ASFÁLTICOS CAP-85-100","2011-10-01","***","***","***","***","***","***"]
["CIMENTOS ASFÁLTICOS CAP-85-100","2011-11-01","***","***",1.41854,"***","***",1.41854]
["CIMENTOS ASFÁLTICOS CAP-85-100","2011-12-01","***","***","***",0.935119459083017,"***",0.935119459083017]
["CIMENTOS ASFÁLTICOS CAP-85-100","2012-01-01","***","***",1.41854,"***","***",1.41854]
["CIMENTOS ASFÁLTICOS CAP-85-100","2012-02-01","***","***",1.41855,"***","***",1.41855]
["CIMENTOS ASFÁLTICOS CAP-85-100","2012-03-01","***","***","***","***","***","***"]
["CIMENTOS ASFÁLTICOS CAP-85-100","2012-04-01","***","***",1.41854,"***","***",1.41854]
["CIMENTOS ASFÁLTICOS CAP-85-100","2012-05-01","***","***",1.41854,"***","***",1.41854]
["CIMENTOS ASFÁLTICOS CAP-85-100","2012-06-01","***","***",1.41854,"***","***",1.41854]
["CIMENTOS ASFÁLTICOS CAP-85-100","2012-07-01","***","***",1.41852250665308,"***","***",1.41852250665308]
["CIMENTOS ASFÁLTICOS CAP-85-100","2012-08-01","***","***",1.41853692713934,"***","***",1.41853692713934]
["CIMENTOS ASFÁLTICOS CAP-85-100","2012-09-01","***","***",1.43115000618844,"***","***",1.43115000618844]
["CIMENTOS ASFÁLTICOS CAP-85-100","2012-10-01","***","***",1.40274836488975,"***","***",1.40274836488975]
["CIMENTOS ASFÁLTICOS CAP-85-100","2012-11-01","***","***",1.40893507758901,"***","***",1.40893507758901]
["CIMENTOS ASFÁLTICOS CAP-85-100","2012-12-01","***","***","***","***","***","***"]
["CIMENTOS ASFÁLTICOS CAP-85-100","2013-01-01","***","***","***","***","***","***"]
["CIMENTOS ASFÁLTICOS CAP-85-100","2013-02-01","***","***","***","***","***","***"]
["CIMENTOS ASFÁLTICOS CAP-85-100","2013-03-01","***","***","***","***","***","***"]
["CIMENTOS ASFÁLTICOS CAP-85-100","2013-04-01","***","***","***","***","***","***"]
["CIMENTOS ASFÁLTICOS CAP-85-100","2013-05-01","***","***","***","***","***","***"]
["CIMENTOS ASFÁLTICOS CAP-85-100","2013-06-01","***","***","***","***","***","***"]
["CIMENTOS ASFÁLTICOS CAP-85-100","2013-07-01","***","***","***","***","***","***"]
["CIMENTOS ASFÁLTICOS CAP-85-100","2013-08-01","***","***","***","***","***","***"]
["CIMENTOS ASFÁLTICOS CAP-85-100","2013-09-01","***","***","***","***","***","***"]
["CIMENTOS ASFÁLTICOS CAP-85-100","2013-10-01","***","***","***","***","***","***"]
["CIMENTOS ASFÁLTICOS CAP-85-100","2013-11-01","***","***","***","***","***","***"]
["CIMENTOS ASFÁLTICOS CAP-85-100","2013-12-01","***","***","***","***","***","***"]
["CIMENTOS ASFÁLTICOS CAP-85-100","2014-01-01","***","***","***","***","***","***"]
["CIMENTOS ASFÁLTICOS CAP-85-100","2014-02-01","***","***","***","***","***","***"]
["CIMENTOS ASFÁLTICOS CAP-85-100","2014-03-01","***","***","***","***","***","***"]
["CIMENTOS ASFÁLTICOS CAP-85-100","2014-04-01","***","***","***","***","***","***"]
["CIMENTOS ASFÁLTICOS CAP-85-100","2014-05-01","***","***","***","***",0.94122,0.94122]
["CIMENTOS ASFÁLTICOS CAP-85-100","2014-06-01","***","***","***","***","***","***"]
["CIMENTOS ASFÁLTICOS CAP-85-100","2014-07-01","***","***","***","***","***","***"]
["CIMENTOS ASFÁLTICOS CAP-85-100","2014-08-01","***","***","***","***",1.01099,1.01099]
["CIMENTOS ASFÁLTICOS CAP-85-100","2014-09-01","***","***","***","***","***","***"]
["CIMENTOS ASFÁLTICOS CAP-85-100","2014-10-01","***","***","***","***","***","***"]
["CIMENTOS ASFÁLTICOS CAP-85-100","2014-11-01","***","***","***","***","***","***"]
["CIMENTOS ASFÁLTICOS CAP-85-100","2014-12-01","***","***","***","***","***","***"]
["CIMENTOS ASFÁLTICOS CAP-85-100","2015-01-01","***","***","***","***","***","***"]
["CIMENTOS ASFÁLTICOS CAP-85-100","2015-02-01","***","***","***","***","***","***"]
["CIMENTOS ASFÁLTICOS CAP-85-100","2015-03-01","***","***","***","***","***","***"]
["CIMENTOS ASFÁLTICOS CAP-85-100","2015-04-01","***","***","***","***","***","***"]
["CIMENTOS ASFÁLTICOS CAP-85-100","2015-05-01","***","***","***","***","***","***"]
["CIMENTOS ASFÁLTICOS CAP-85-100","2015-06-01","***","***","***","***",1.3446,1.3446]
["CIMENTOS ASFÁLTICOS CAP-85-100","2015-07-01","***","***","***","***","***","***"]
["CIMENTOS ASFÁLTICOS CAP-85-100","2015-08-01","***","***","***","***","***","***"]
["CIMENTOS ASFÁLTICOS CAP-85-100","2015-09-01","***","***","***","***","***","***"]
["CIMENTOS ASFÁLTICOS CAP-85-100","2015-10-01","***","***","***","***","***","***"]
["CIMENTOS ASFÁLTICOS CAP-85-100","2015-11-01","***","***","***","***","***","***"]
["CIMENTOS ASFÁLTICOS CAP-85-100","2015-12-01","***","***","***","***","***","***"]
["CIMENTOS ASFÁLTICOS CAP-85-100","2016-01-01","***","***","***","***","***","***"]
["CIMENTOS ASFÁLTICOS CAP-85-100","2016-02-01","***","***","***","***","***","***"]
["CIMENTOS ASFÁLTICOS CAP-85-100","2016-03-01","***","***","***","***","***","***"]
["CIMENTOS ASFÁLTICOS CAP-85-100","2016-04-01","***","***","***","***","***","***"]
["CIMENTOS ASFÁLTICOS CAP-85-100","2016-05-01","***","***","***","***","***","***"]
["CIMENTOS ASFÁLTICOS CAP-85-100","2016-06-01","***","***","***","***","***","***"]
["CIMENTOS ASFÁLTICOS CAP-85-100","2016-07-01","***","***","***","***","***","***"]
["CIMENTOS ASFÁLTICOS CAP-85-100","2016-08-01","***","***","***","***","***","***"]
["CIMENTOS ASFÁLTICOS CAP-85-100","2016-09-01","***","***","***","***","***","***"]
["CIMENTOS ASFÁLTICOS CAP-85-100","2016-10-01","***","***","***","***","***","***"]
["CIMENTOS ASFÁLTICOS CAP-85-100","2016-11-01","***","***","***","***","***","***"]
["CIMENTOS ASFÁLTICOS CAP-85-100","2016-12-01","***","***","***","***","***","***"]
["CIMENTOS ASFÁLTICOS CAP-85-100","2017-01-01","***","***","***",1.40441652173913,2.23476,2.16214441064639]
["CIMENTOS ASFÁLTICOS CAP-85-100","2017-02-01","***","***","***",1.90513,"***",1.90513]
["CIMENTOS ASFÁLTICOS CAP-85-100","2017-03-01","***","***","***","***","***","***"]
["CIMENTOS ASFÁLTICOS CAP-85-100","2017-04-01","***","***","***",2.12534,"***",2.12534]
["CIMENTOS ASFÁLTICOS CAP-85-100","2017-05-01","***","***","***","***","***","***"]
["CIMENTOS ASFÁLTICOS CAP-85-100","2017-06-01","***","***","***","***","***","***"]
["CIMENTOS ASFÁLTICOS CAP-85-100","2017-07-01","***","***","***","***","***","***"]
["CIMENTOS ASFÁLTICOS CAP-85-100","2017-08-01","***","***","***","***","***","***"]
["CIMENTOS ASFÁLTICOS CAP-85-100","2017-09-01","***","***","***","***","***","***"]
["CIMENTOS ASFÁLTICOS CAP-85-100","2017-10-01","***","***","***","***","***","***"]
["CIMENTOS ASFÁLTICOS CAP-85-100","2017-11-01","***","***","***","***","***","***"]
["CIMENTOS ASFÁLTICOS CAP-85-100","2017-12-01","***","***","***",2.091,"***",2.091]
["CIMENTOS ASFÁLTICOS CAP-85-100","2018-01-01","***","***","***","***","***","***"]
["CIMENTOS ASFÁLTICOS CAP-85-100","2018-02-01","***","***","***","***","***","***"]
["CIMENTOS ASFÁLTICOS CAP-85-100","2018-03-01","***","***","***",4.444,"***",4.444]
["CIMENTOS ASFÁLTICOS CAP-85-100","2018-04-01","***","***","***","***","***","***"]
["CIMENTOS ASFÁLTICOS CAP-85-100","2018-05-01","***","***","***","***","***","***"]
["CIMENTOS ASFÁLTICOS CAP-85-100","2018-06-01","***","***","***","***","***","***"]
["CIMENTOS ASFÁLTICOS CAP-85-100","2018-07-01","***","***","***","***","***","***"]
["CIMENTOS ASFÁLTICOS CAP-85-100","2018-08-01","***","***","***","***","***","***"]
["CIMENTOS ASFÁLTICOS CAP-85-100","2018-09-01","***","***","***","***","***","***"]
["CIMENTOS ASFÁLTICOS CAP-85-100","2018-10-01","***","***","***","***","***","***"]
["CIMENTOS ASFÁLTICOS CAP-85-100","2018-11-01","***","***","***","***","***","***"]
["CIMENTOS ASFÁLTICOS CAP-85-100","2018-12-01","***","***","***","***","***","***"]
["CIMENTOS ASFÁLTICOS CAP-85-100","2019-01-01","***","***","***","***","***","***"]
["CIMENTOS ASFÁLTICOS CAP-85-100","2019-02-01","***","***","***","***","***","***"]
["CIMENTOS ASFÁLTICOS CAP-85-100","2019-03-01","***","***","***","***","***","***"]
["CIMENTOS ASFÁLTICOS CAP-85-100","2019-04-01","***","***","***","***","***","***"]
["CIMENTOS ASFÁLTICOS CAP-85-100","2019-05-01","***","***","***","***","***","***"]
["CIMENTOS ASFÁLTICOS CAP-85-100","2019-06-01","***","***","***","***","***","***"]
["CIMENTOS ASFÁLTICOS CAP-85-100","2019-07-01","***","***","***","***","***","***"]
["CIMENTOS ASFÁLTICOS CAP-85-100","2019-08-01","***","***","***","***","***","***"]
["CIMENTOS ASFÁLTICOS CAP-85-100","2019-09-01","***","***","***","***","***","***"]
["CIMENTOS ASFÁLTICOS CAP-85-100","2019-10-01","***","***","***","***","***","***"]
["CIMENTOS ASFÁLTICOS CAP-85-100","2019-11-01","***","***","***","***","***","***"]
["CIMENTOS ASFÁLTICOS CAP-85-100","2019-12-01","***","***","***","***","***","***"]
["CIMENTOS ASFÁLTICOS CAP-85-100","2020-01-01","***","***","***","***","***","***"]
["CIMENTOS ASFÁLTICOS CAP-85-100","2020-02-01","***","***","***","***","***","***"]
["CIMENTOS ASFÁLTICOS CAP-85-100","2020-03-01","***","***","***","***","***","***"]
["CIMENTOS ASFÁLTICOS CAP-85-100","2020-04-01","***","***","***","***","***","***"]
["CIMENTOS ASFÁLTICOS CAP-85-100","2020-05-01","***","***","***","***","***","***"]
["CIMENTOS ASFÁLTICOS CAP-85-100","2020-06-01","***","***","***","***","***","***"]
["CIMENTOS ASFÁLTICOS CAP-85-100","2020-07-01","***","***","***","***","***","***"]
["CIMENTOS ASFÁLTICOS CAP-85-100","2020-08-01","***","***","***",1.73184348739496,"***",1.73184348739496]
["CIMENTOS ASFÁLTICOS CAP-85-100","2020-09-01","***","***","***",1.92050664375153,"***",1.92050664375153]
["CIMENTOS ASFÁLTICOS CAP-85-100","2020-10-01","***","***","***","***","***","***"]
["CIMENTOS ASFÁLTICOS CAP-85-100","2020-11-01","***","***","***","***","***","***"]
["CIMENTOS ASFÁLTICOS CAP-85-100","2020-12-01","***","***","***","***","***","***"]
["CIMENTOS ASFÁLTICOS CAP-85-100","2021-01-01","***","***","***","***","***","***"]
["CIMENTOS ASFÁLTICOS CAP-85-100","2021-02-01","***","***","***","***","***","***"]
["CIMENTOS ASFÁLTICOS CAP-85-100","2021-03-01","***","***","***","***","***","***"]
["CIMENTOS ASFÁLTICOS CAP-85-100","2021-04-01","***","***","***","***","***","***"]
["CIMENTOS ASFÁLTICOS CAP-85-100","2021-05-01","***","***","***","***","***","***"]
["CIMENTOS ASFÁLTICOS CAP-85-100","2021-06-01","***","***","***","***","***","***"]
["CIMENTOS ASFÁLTICOS CAP-85-100","2021-07-01","***","***","***","***","***","***"]
["CIMENTOS ASFÁLTICOS CAP-85-100","2021-08-01","***","***","***","***","***","***"]
["CIMENTOS ASFÁLTICOS CAP-85-100","2021-09-01","***","***","***","***","***","***"]
["CIMENTOS ASFÁLTICOS CAP-85-100","2021-10-01","***","***","***","***","***","***"]
["CIMENTOS ASFÁLTICOS CAP-85-100","2021-11-01","***","***","***","***","***","***"]
["CIMENTOS ASFÁLTICOS CAP-85-100","2021-12-01","***","***","***","***","***","***"]
["CIMENTOS ASFÁLTICOS CAP-85-100","2022-01-01","***","***","***","***","***","***"]
["CIMENTOS ASFÁLTICOS CAP-85-100","2022-02-01","***","***","***","***","***","***"]
["CIMENTOS ASFÁLTICOS CAP-85-100","2022-03-01","***","***","***","***","***","***"]
["CIMENTOS ASFÁLTICOS CAP-85-100","2022-04-01","***","***","***","***","***","***"]
["CIMENTOS ASFÁLTICOS CAP-85-100","2022-05-01","***","***","***","***","***","***"]
["CIMENTOS ASFÁLTICOS CAP-85-100","2022-06-01","***","***","***","***","***","***"]
["CIMENTOS ASFÁLTICOS CAP-85-100","2022-07-01","***","***","***","***","***","***"]
["CIMENTOS ASFÁLTICOS CAP-85-100","2022-08-01","***","***","***","***","***","***"]
["CIMENTOS ASFÁLTICOS CAP-85-100","2022-09-01","***","***","***","***","***","***"]
["CIMENTOS ASFÁLTICOS CAP-85-100","2022-10-01","***","***","***","***","***","***"]
["CIMENTOS ASFÁLTICOS CAP-85-100","2022-11-01","***","***","***","***","***","***"]
["CIMENTOS ASFÁLTICOS CAP-85-100","2022-12-01","***","***","***","***","***","***"]
["CIMENTOS ASFÁLTICOS CAP-85-100","2023-01-01","***","***","***","***","***","***"]
["CIMENTOS ASFÁLTICOS CAP-85-100","2023-02-01","***","***","***","***","***","***"]
["CIMENTOS ASFÁLTICOS CAP-85-100","2023-03-01","***","***","***","***","***","***"]
["CIMENTOS ASFÁLTICOS CAP-85-100","2023-04-01","***","***","***","***","***","***"]
["CIMENTOS ASFÁLTICOS CAP-85-100","2023-05-01","***","***","***","***","***","***"]
["CIMENTOS ASFÁLTICOS CAP-85-100","2023-06-01","***","***","***","***","***","***"]
["CIMENTOS ASFÁLTICOS CAP-85-100","2023-07-01","***","***","***","***","***","***"]
["CIMENTOS ASFÁLTICOS CAP-85-100","2023-08-01","***","***","***","***","***","***"]
["CIMENTOS ASFÁLTICOS CAP-85-100","2023-09-01","***","***","***","***","***","***"]
["CIMENTOS ASFÁLTICOS CAP-85-100","2023-10-01","***","***","***","***","***","***"]
["CIMENTOS ASFÁLTICOS CAP-85-100","2023-11-01","***","***","***","***","***","***"]
["CIMENTOS ASFÁLTICOS CAP-85-100","2023-12-01","***","***","***","***","***","***"]
["CIMENTOS ASFÁLTICOS CAP-85-100","2024-01-01","***","***","***","***","***","***"]
["CIMENTOS ASFÁLTICOS CAP-85-100","2024-02-01","***","***","***","***","***","***"]
["CIMENTOS ASFÁLTICOS CAP-85-100","2024-03-01","***","***","***","***","***","***"]
["CIMENTOS ASFÁLTICOS CAP-85-100","2024-04-01","***","***","***","***","***","***"]
["CIMENTOS ASFÁLTICOS CAP-85-100","2024-05-01","***","***","***","***","***","***"]
["CIMENTOS ASFÁLTICOS CAP-85-100","2024-06-01","***","***","***","***","***","***"]
["CIMENTOS ASFÁLTICOS CAP-85-100","2024-07-01","***","***","***","***","***","***"]
["CIMENTOS ASFÁLTICOS CAP-85-100","2024-08-01","***","***","***","***","***","***"]
["EMULSÃO ASFÁLTICA CATIÔNICA DE RUPTURA CONTROLADA PARA SERVIÇO DE LAMA ASFÁLTICA","2015-09-01","***",0.61,"***","***","***",0.61]
["EMULSÃO ASFÁLTICA CATIÔNICA DE RUPTURA CONTROLADA PARA SERVIÇO DE LAMA ASFÁLTICA","2015-10-01","***",0.61,"***","***","***",0.61]
["EMULSÃO ASFÁLTICA CATIÔNICA DE RUPTURA CONTROLADA PARA SERVIÇO DE LAMA ASFÁLTICA","2015-11-01","***",1.68979550102249,"***","***","***",1.68979550102249]
["EMULSÃO ASFÁLTICA CATIÔNICA DE RUPTURA CONTROLADA PARA SERVIÇO DE LAMA ASFÁLTICA","2015-12-01","***","***","***","***","***","***"]
["EMULSÃO ASFÁLTICA CATIÔNICA DE RUPTURA CONTROLADA PARA SERVIÇO DE LAMA ASFÁLTICA","2016-01-01","***","***","***","***","***","***"]
["EMULSÃO ASFÁLTICA CATIÔNICA DE RUPTURA CONTROLADA PARA SERVIÇO DE LAMA ASFÁLTICA","2016-02-01","***","***","***","***","***","***"]
["EMULSÃO ASFÁLTICA CATIÔNICA DE RUPTURA CONTROLADA PARA SERVIÇO DE LAMA ASFÁLTICA","2016-03-01","***","***","***","***","***","***"]
["EMULSÃO ASFÁLTICA CATIÔNICA DE RUPTURA CONTROLADA PARA SERVIÇO DE LAMA ASFÁLTICA","2016-04-01","***",2.13,"***","***","***",2.13]
["EMULSÃO ASFÁLTICA CATIÔNICA DE RUPTURA CONTROLADA PARA SERVIÇO DE LAMA ASFÁLTICA","2016-05-01","***",2.13,"***","***","***",2.13]
["EMULSÃO ASFÁLTICA CATIÔNICA DE RUPTURA CONTROLADA PARA SERVIÇO DE LAMA ASFÁLTICA","2016-06-01","***",1.42,"***","***","***",1.42]
["EMULSÃO ASFÁLTICA CATIÔNICA DE RUPTURA CONTROLADA PARA SERVIÇO DE LAMA ASFÁLTICA","2016-07-01","***","***","***",1.691,"***",1.691]
["EMULSÃO ASFÁLTICA CATIÔNICA DE RUPTURA CONTROLADA PARA SERVIÇO DE LAMA ASFÁLTICA","2016-08-01","***",1.42,"***",1.6921,"***",1.64125060506744]
["EMULSÃO ASFÁLTICA CATIÔNICA DE RUPTURA CONTROLADA PARA SERVIÇO DE LAMA ASFÁLTICA","2016-09-01","***",1.42,1.4028,1.5049,"***",1.47192045991299]
["EMULSÃO ASFÁLTICA CATIÔNICA DE RUPTURA CONTROLADA PARA SERVIÇO DE LAMA ASFÁLTICA","2016-10-01","***",1.42,1.4058,1.5065,"***",1.44323483598816]
["EMULSÃO ASFÁLTICA CATIÔNICA DE RUPTURA CONTROLADA PARA SERVIÇO DE LAMA ASFÁLTICA","2016-11-01","***",1.42,"***","***","***",1.42]
["EMULSÃO ASFÁLTICA CATIÔNICA DE RUPTURA CONTROLADA PARA SERVIÇO DE LAMA ASFÁLTICA","2016-12-01","***","***","***","***","***","***"]
["EMULSÃO ASFÁLTICA CATIÔNICA DE RUPTURA CONTROLADA PARA SERVIÇO DE LAMA ASFÁLTICA","2017-01-01","***","***","***","***","***","***"]
["EMULSÃO ASFÁLTICA CATIÔNICA DE RUPTURA CONTROLADA PARA SERVIÇO DE LAMA ASFÁLTICA","2017-02-01","***","***","***","***","***","***"]
["EMULSÃO ASFÁLTICA CATIÔNICA DE RUPTURA CONTROLADA PARA SERVIÇO DE LAMA ASFÁLTICA","2017-03-01","***","***","***","***","***","***"]
["EMULSÃO ASFÁLTICA CATIÔNICA DE RUPTURA CONTROLADA PARA SERVIÇO DE LAMA ASFÁLTICA","2017-04-01","***","***","***","***","***","***"]
["EMULSÃO ASFÁLTICA CATIÔNICA DE RUPTURA CONTROLADA PARA SERVIÇO DE LAMA ASFÁLTICA","2017-05-01","***","***","***","***","***","***"]
["EMULSÃO ASFÁLTICA CATIÔNICA DE RUPTURA CONTROLADA PARA SERVIÇO DE LAMA ASFÁLTICA","2017-06-01","***",1.41,1.3833,"***","***",1.39618057461407]
["EMULSÃO ASFÁLTICA CATIÔNICA DE RUPTURA CONTROLADA PARA SERVIÇO DE LAMA ASFÁLTICA","2017-07-01","***",1.4097,1.41943925196979,"***","***",1.41867732272549]
["EMULSÃO ASFÁLTICA CATIÔNICA DE RUPTURA CONTROLADA PARA SERVIÇO DE LAMA ASFÁLTICA","2017-08-01","***","***",1.3834,"***","***",1.3834]
["EMULSÃO ASFÁLTICA CATIÔNICA DE RUPTURA CONTROLADA PARA SERVIÇO DE LAMA ASFÁLTICA","2017-09-01","***","***",1.3422,"***","***",1.3422]
["EMULSÃO ASFÁLTICA CATIÔNICA DE RUPTURA CONTROLADA PARA SERVIÇO DE LAMA ASFÁLTICA","2017-10-01","***","***",1.326,1.26607502074167,1.19270225845203,1.26183547099837]
["EMULSÃO ASFÁLTICA CATIÔNICA DE RUPTURA CONTROLADA PARA SERVIÇO DE LAMA ASFÁLTICA","2017-11-01","***","***","***",1.35126,"***",1.35126]
["EMULSÃO ASFÁLTICA CATIÔNICA DE RUPTURA CONTROLADA PARA SERVIÇO DE LAMA ASFÁLTICA","2017-12-01","***","***","***",1.31133872994154,1.16782,1.28628668754492]
["EMULSÃO ASFÁLTICA CATIÔNICA DE RUPTURA CONTROLADA PARA SERVIÇO DE LAMA ASFÁLTICA","2018-01-01","***","***","***",1.36563,"***",1.36563]
["EMULSÃO ASFÁLTICA CATIÔNICA DE RUPTURA CONTROLADA PARA SERVIÇO DE LAMA ASFÁLTICA","2018-02-01","***","***","***",1.36563,"***",1.36563]
["EMULSÃO ASFÁLTICA CATIÔNICA DE RUPTURA CONTROLADA PARA SERVIÇO DE LAMA ASFÁLTICA","2018-03-01","***","***","***",1.36432677653615,1.28266,1.35743790853576]
["EMULSÃO ASFÁLTICA CATIÔNICA DE RUPTURA CONTROLADA PARA SERVIÇO DE LAMA ASFÁLTICA","2018-04-01","***","***","***",1.34680596230029,"***",1.34680596230029]
["EMULSÃO ASFÁLTICA CATIÔNICA DE RUPTURA CONTROLADA PARA SERVIÇO DE LAMA ASFÁLTICA","2018-05-01","***","***","***",1.40157,1.27651,1.36827381243451]
["EMULSÃO ASFÁLTICA CATIÔNICA DE RUPTURA CONTROLADA PARA SERVIÇO DE LAMA ASFÁLTICA","2018-06-01","***",1.7266,"***",1.46508386454183,"***",1.53998862828714]
["EMULSÃO ASFÁLTICA CATIÔNICA DE RUPTURA CONTROLADA PARA SERVIÇO DE LAMA ASFÁLTICA","2018-07-01","***","***","***","***","***","***"]
["EMULSÃO ASFÁLTICA CATIÔNICA DE RUPTURA CONTROLADA PARA SERVIÇO DE LAMA ASFÁLTICA","2018-08-01","***","***","***","***","***","***"]
["EMULSÃO ASFÁLTICA CATIÔNICA DE RUPTURA CONTROLADA PARA SERVIÇO DE LAMA ASFÁLTICA","2018-09-01","***","***","***","***","***","***"]
["EMULSÃO ASFÁLTICA CATIÔNICA DE RUPTURA CONTROLADA PARA SERVIÇO DE LAMA ASFÁLTICA","2018-10-01","***","***","***","***",1.99068,1.99068]
["EMULSÃO ASFÁLTICA CATIÔNICA DE RUPTURA CONTROLADA PARA SERVIÇO DE LAMA ASFÁLTICA","2018-11-01","***","***","***","***","***","***"]
["EMULSÃO ASFÁLTICA CATIÔNICA DE RUPTURA CONTROLADA PARA SERVIÇO DE LAMA ASFÁLTICA","2018-12-01","***","***","***","***","***","***"]
["EMULSÃO ASFÁLTICA CATIÔNICA DE RUPTURA CONTROLADA PARA SERVIÇO DE LAMA ASFÁLTICA","2019-01-01","***","***","***","***","***","***"]
["EMULSÃO ASFÁLTICA CATIÔNICA DE RUPTURA CONTROLADA PARA SERVIÇO DE LAMA ASFÁLTICA","2019-02-01","***","***","***","***","***","***"]
["EMULSÃO ASFÁLTICA CATIÔNICA DE RUPTURA CONTROLADA PARA SERVIÇO DE LAMA ASFÁLTICA","2019-03-01","***","***","***","***","***","***"]
["EMULSÃO ASFÁLTICA CATIÔNICA DE RUPTURA CONTROLADA PARA SERVIÇO DE LAMA ASFÁLTICA","2019-04-01","***","***","***","***",2.34862,2.34862]
["EMULSÃO ASFÁLTICA CATIÔNICA DE RUPTURA CONTROLADA PARA SERVIÇO DE LAMA ASFÁLTICA","2019-05-01","***","***","***","***","***","***"]
["EMULSÃO ASFÁLTICA CATIÔNICA DE RUPTURA CONTROLADA PARA SERVIÇO DE LAMA ASFÁLTICA","2019-06-01","***","***","***","***","***","***"]
["EMULSÃO ASFÁLTICA CATIÔNICA DE RUPTURA CONTROLADA PARA SERVIÇO DE LAMA ASFÁLTICA","2019-07-01","***","***","***","***",2.31825,2.31825]
["EMULSÃO ASFÁLTICA CATIÔNICA DE RUPTURA CONTROLADA PARA SERVIÇO DE LAMA ASFÁLTICA","2019-08-01","***","***","***","***",2.34862,2.34862]
["EMULSÃO ASFÁLTICA CATIÔNICA DE RUPTURA CONTROLADA PARA SERVIÇO DE LAMA ASFÁLTICA","2019-09-01","***","***","***","***",2.32401,2.32401]
["EMULSÃO ASFÁLTICA CATIÔNICA DE RUPTURA CONTROLADA PARA SERVIÇO DE LAMA ASFÁLTICA","2019-10-01","***","***","***","***","***","***"]
["EMULSÃO ASFÁLTICA CATIÔNICA DE RUPTURA CONTROLADA PARA SERVIÇO DE LAMA ASFÁLTICA","2019-11-01","***","***","***",2.62809,"***",2.62809]
["EMULSÃO ASFÁLTICA CATIÔNICA DE RUPTURA CONTROLADA PARA SERVIÇO DE LAMA ASFÁLTICA","2019-12-01","***","***","***",2.62809,"***",2.62809]
["EMULSÃO ASFÁLTICA CATIÔNICA DE RUPTURA CONTROLADA PARA SERVIÇO DE LAMA ASFÁLTICA","2020-01-01","***",2.00812,"***","***","***",2.00812]
["EMULSÃO ASFÁLTICA CATIÔNICA DE RUPTURA CONTROLADA PARA SERVIÇO DE LAMA ASFÁLTICA","2020-02-01","***","***","***",2.62809,"***",2.62809]
["EMULSÃO ASFÁLTICA CATIÔNICA DE RUPTURA CONTROLADA PARA SERVIÇO DE LAMA ASFÁLTICA","2020-03-01","***",2.00813,"***","***","***",2.00813]
["EMULSÃO ASFÁLTICA CATIÔNICA DE RUPTURA CONTROLADA PARA SERVIÇO DE LAMA ASFÁLTICA","2020-04-01","***",2.00812,"***","***","***",2.00812]
["EMULSÃO ASFÁLTICA CATIÔNICA DE RUPTURA CONTROLADA PARA SERVIÇO DE LAMA ASFÁLTICA","2020-05-01","***",2.00812,"***",2.62809,"***",2.41634022653722]
["EMULSÃO ASFÁLTICA CATIÔNICA DE RUPTURA CONTROLADA PARA SERVIÇO DE LAMA ASFÁLTICA","2020-06-01","***","***","***","***","***","***"]
["EMULSÃO ASFÁLTICA CATIÔNICA DE RUPTURA CONTROLADA PARA SERVIÇO DE LAMA ASFÁLTICA","2020-07-01","***","***","***",2.62809,"***",2.62809]
["EMULSÃO ASFÁLTICA CATIÔNICA DE RUPTURA CONTROLADA PARA SERVIÇO DE LAMA ASFÁLTICA","2020-08-01","***","***",2.44125,2.62809,"***",2.50340118140893]
["EMULSÃO ASFÁLTICA CATIÔNICA DE RUPTURA CONTROLADA PARA SERVIÇO DE LAMA ASFÁLTICA","2020-09-01","***","***",2.44125,2.62809,"***",2.50379250790306]
["EMULSÃO ASFÁLTICA CATIÔNICA DE RUPTURA CONTROLADA PARA SERVIÇO DE LAMA ASFÁLTICA","2020-10-01","***","***",2.44125,2.62809,"***",2.48766018201002]
["EMULSÃO ASFÁLTICA CATIÔNICA DE RUPTURA CONTROLADA PARA SERVIÇO DE LAMA ASFÁLTICA","2020-11-01","***","***","***",2.62809,"***",2.62809]
["EMULSÃO ASFÁLTICA CATIÔNICA DE RUPTURA CONTROLADA PARA SERVIÇO DE LAMA ASFÁLTICA","2020-12-01","***","***",2.59875,2.46802,"***",2.5651313138083]
["EMULSÃO ASFÁLTICA CATIÔNICA DE RUPTURA CONTROLADA PARA SERVIÇO DE LAMA ASFÁLTICA","2021-01-01","***","***","***","***","***","***"]
["EMULSÃO ASFÁLTICA CATIÔNICA DE RUPTURA CONTROLADA PARA SERVIÇO DE LAMA ASFÁLTICA","2021-02-01","***","***","***",2.46802,"***",2.46802]
["EMULSÃO ASFÁLTICA CATIÔNICA DE RUPTURA CONTROLADA PARA SERVIÇO DE LAMA ASFÁLTICA","2021-03-01","***","***","***",2.46236,"***",2.46236]
["EMULSÃO ASFÁLTICA CATIÔNICA DE RUPTURA CONTROLADA PARA SERVIÇO DE LAMA ASFÁLTICA","2021-04-01","***",2.331,"***","***","***",2.331]
["EMULSÃO ASFÁLTICA CATIÔNICA DE RUPTURA CONTROLADA PARA SERVIÇO DE LAMA ASFÁLTICA","2021-05-01","***","***","***",2.42581,"***",2.42581]
["EMULSÃO ASFÁLTICA CATIÔNICA DE RUPTURA CONTROLADA PARA SERVIÇO DE LAMA ASFÁLTICA","2021-06-01","***","***","***",2.42581,"***",2.42581]
["EMULSÃO ASFÁLTICA CATIÔNICA DE RUPTURA CONTROLADA PARA SERVIÇO DE LAMA ASFÁLTICA","2021-07-01","***","***","***",2.70592,"***",2.70592]
["EMULSÃO ASFÁLTICA CATIÔNICA DE RUPTURA CONTROLADA PARA SERVIÇO DE LAMA ASFÁLTICA","2021-08-01","***","***","***","***","***","***"]
["EMULSÃO ASFÁLTICA CATIÔNICA DE RUPTURA CONTROLADA PARA SERVIÇO DE LAMA ASFÁLTICA","2021-09-01","***","***","***",3.13598,"***",3.13598]
["EMULSÃO ASFÁLTICA CATIÔNICA DE RUPTURA CONTROLADA PARA SERVIÇO DE LAMA ASFÁLTICA","2021-10-01","***","***",3.1944,"***","***",3.1944]
["EMULSÃO ASFÁLTICA CATIÔNICA DE RUPTURA CONTROLADA PARA SERVIÇO DE LAMA ASFÁLTICA","2021-11-01","***","***",3.61620406360936,"***","***",3.61620406360936]
["EMULSÃO ASFÁLTICA CATIÔNICA DE RUPTURA CONTROLADA PARA SERVIÇO DE LAMA ASFÁLTICA","2021-12-01","***","***",3.74797609085519,"***","***",3.74797609085519]
["EMULSÃO ASFÁLTICA CATIÔNICA DE RUPTURA CONTROLADA PARA SERVIÇO DE LAMA ASFÁLTICA","2022-01-01","***","***","***","***","***","***"]
["EMULSÃO ASFÁLTICA CATIÔNICA DE RUPTURA CONTROLADA PARA SERVIÇO DE LAMA ASFÁLTICA","2022-02-01","***","***","***",3.41925,"***",3.41925]
["EMULSÃO ASFÁLTICA CATIÔNICA DE RUPTURA CONTROLADA PARA SERVIÇO DE LAMA ASFÁLTICA","2022-03-01","***","***","***","***","***","***"]
["EMULSÃO ASFÁLTICA CATIÔNICA DE RUPTURA CONTROLADA PARA SERVIÇO DE LAMA ASFÁLTICA","2022-04-01","***","***","***","***","***","***"]
["EMULSÃO ASFÁLTICA CATIÔNICA DE RUPTURA CONTROLADA PARA SERVIÇO DE LAMA ASFÁLTICA","2022-05-01","***","***","***","***","***","***"]
["EMULSÃO ASFÁLTICA CATIÔNICA DE RUPTURA CONTROLADA PARA SERVIÇO DE LAMA ASFÁLTICA","2022-06-01","***","***","***",3.53947,"***",3.53947]
["EMULSÃO ASFÁLTICA CATIÔNICA DE RUPTURA CONTROLADA PARA SERVIÇO DE LAMA ASFÁLTICA","2022-07-01","***","***","***",3.53947,"***",3.53947]
["EMULSÃO ASFÁLTICA CATIÔNICA DE RUPTURA CONTROLADA PARA SERVIÇO DE LAMA ASFÁLTICA","2022-08-01","***","***","***","***","***","***"]
["EMULSÃO ASFÁLTICA CATIÔNICA DE RUPTURA CONTROLADA PARA SERVIÇO DE LAMA ASFÁLTICA","2022-09-01","***","***","***","***","***","***"]
["EMULSÃO ASFÁLTICA CATIÔNICA DE RUPTURA CONTROLADA PARA SERVIÇO DE LAMA ASFÁLTICA","2022-10-01","***","***","***",3.59791384253579,"***",3.59791384253579]
["EMULSÃO ASFÁLTICA CATIÔNICA DE RUPTURA CONTROLADA PARA SERVIÇO DE LAMA ASFÁLTICA","2022-11-01","***","***","***",3.6105,"***",3.6105]
["EMULSÃO ASFÁLTICA CATIÔNICA DE RUPTURA CONTROLADA PARA SERVIÇO DE LAMA ASFÁLTICA","2022-12-01","***","***","***",3.6105,"***",3.6105]
["EMULSÃO ASFÁLTICA CATIÔNICA DE RUPTURA CONTROLADA PARA SERVIÇO DE LAMA ASFÁLTICA","2023-01-01","***","***","***","***","***","***"]
["EMULSÃO ASFÁLTICA CATIÔNICA DE RUPTURA CONTROLADA PARA SERVIÇO DE LAMA ASFÁLTICA","2023-02-01","***","***","***","***","***","***"]
["EMULSÃO ASFÁLTICA CATIÔNICA DE RUPTURA CONTROLADA PARA SERVIÇO DE LAMA ASFÁLTICA","2023-03-01","***","***","***","***","***","***"]
["EMULSÃO ASFÁLTICA CATIÔNICA DE RUPTURA CONTROLADA PARA SERVIÇO DE LAMA ASFÁLTICA","2023-04-01","***","***","***","***","***","***"]
["EMULSÃO ASFÁLTICA CATIÔNICA DE RUPTURA CONTROLADA PARA SERVIÇO DE LAMA ASFÁLTICA","2023-05-01","***","***","***","***","***","***"]
["EMULSÃO ASFÁLTICA CATIÔNICA DE RUPTURA CONTROLADA PARA SERVIÇO DE LAMA ASFÁLTICA","2023-06-01","***","***","***","***","***","***"]
["EMULSÃO ASFÁLTICA CATIÔNICA DE RUPTURA CONTROLADA PARA SERVIÇO DE LAMA ASFÁLTICA","2023-07-01","***","***","***","***","***","***"]
["EMULSÃO ASFÁLTICA CATIÔNICA DE RUPTURA CONTROLADA PARA SERVIÇO DE LAMA ASFÁLTICA","2023-08-01","***","***","***","***","***","***"]
["EMULSÃO ASFÁLTICA CATIÔNICA DE RUPTURA CONTROLADA PARA SERVIÇO DE LAMA ASFÁLTICA","2023-09-01","***","***","***","***","***","***"]
["EMULSÃO ASFÁLTICA CATIÔNICA DE RUPTURA CONTROLADA PARA SERVIÇO DE LAMA ASFÁLTICA","2023-10-01","***","***","***","***","***","***"]
["EMULSÃO ASFÁLTICA CATIÔNICA DE RUPTURA CONTROLADA PARA SERVIÇO DE LAMA ASFÁLTICA","2023-11-01","***","***","***","***","***","***"]
["EMULSÃO ASFÁLTICA CATIÔNICA DE RUPTURA CONTROLADA PARA SERVIÇO DE LAMA ASFÁLTICA","2023-12-01","***","***","***","***","***","***"]
["EMULSÃO ASFÁLTICA CATIÔNICA DE RUPTURA CONTROLADA PARA SERVIÇO DE LAMA ASFÁLTICA","2024-01-01","***","***","***","***","***","***"]
["EMULSÃO ASFÁLTICA CATIÔNICA DE RUPTURA CONTROLADA PARA SERVIÇO DE LAMA ASFÁLTICA","2024-02-01","***",2.98758,"***","***","***",2.98758]
["EMULSÃO ASFÁLTICA CATIÔNICA DE RUPTURA CONTROLADA PARA SERVIÇO DE LAMA ASFÁLTICA","2024-03-01","***",2.90749,"***","***","***",2.90749]
["EMULSÃO ASFÁLTICA CATIÔNICA DE RUPTURA CONTROLADA PARA SERVIÇO DE LAMA ASFÁLTICA","2024-04-01","***",2.90749,"***","***","***",2.90749]
["EMULSÃO ASFÁLTICA CATIÔNICA DE RUPTURA CONTROLADA PARA SERVIÇO DE LAMA ASFÁLTICA","2024-05-01","***",3.0521846814082,"***","***","***",3.0521846814082]
["EMULSÃO ASFÁLTICA CATIÔNICA DE RUPTURA CONTROLADA PARA SERVIÇO DE LAMA ASFÁLTICA","2024-06-01","***",3.12098455083909,"***","***","***",3.12098455083909]
["EMULSÃO ASFÁLTICA CATIÔNICA DE RUPTURA CONTROLADA PARA SERVIÇO DE LAMA ASFÁLTICA","2024-07-01","***",3.1665,"***","***","***",3.1665]
["EMULSÃO ASFÁLTICA CATIÔNICA DE RUPTURA CONTROLADA PARA SERVIÇO DE LAMA ASFÁLTICA","2024-08-01","***",3.34193210402337,"***","***","***",3.34193210402337]
["EMULSÃO ASFÁLTICA DE RUPTURA LENTA CATIÔNICA PARA SERVIÇO DE LAMA ASFÁLTICA","2015-09-01","***","***","***","***","***","***"]
["EMULSÃO ASFÁLTICA DE RUPTURA LENTA CATIÔNICA PARA SERVIÇO DE LAMA ASFÁLTICA","2015-10-01","***","***","***","***","***","***"]
["EMULSÃO ASFÁLTICA DE RUPTURA LENTA CATIÔNICA PARA SERVIÇO DE LAMA ASFÁLTICA","2015-11-01","***","***","***","***","***","***"]
["EMULSÃO ASFÁLTICA DE RUPTURA LENTA CATIÔNICA PARA SERVIÇO DE LAMA ASFÁLTICA","2015-12-01","***","***","***","***","***","***"]
["EMULSÃO ASFÁLTICA DE RUPTURA LENTA CATIÔNICA PARA SERVIÇO DE LAMA ASFÁLTICA","2016-01-01","***","***","***","***","***","***"]
["EMULSÃO ASFÁLTICA DE RUPTURA LENTA CATIÔNICA PARA SERVIÇO DE LAMA ASFÁLTICA","2016-02-01","***","***","***","***","***","***"]
["EMULSÃO ASFÁLTICA DE RUPTURA LENTA CATIÔNICA PARA SERVIÇO DE LAMA ASFÁLTICA","2016-03-01","***","***","***","***","***","***"]
["EMULSÃO ASFÁLTICA DE RUPTURA LENTA CATIÔNICA PARA SERVIÇO DE LAMA ASFÁLTICA","2016-04-01","***","***","***","***","***","***"]
["EMULSÃO ASFÁLTICA DE RUPTURA LENTA CATIÔNICA PARA SERVIÇO DE LAMA ASFÁLTICA","2016-05-01","***","***","***","***","***","***"]
["EMULSÃO ASFÁLTICA DE RUPTURA LENTA CATIÔNICA PARA SERVIÇO DE LAMA ASFÁLTICA","2016-06-01","***","***","***","***","***","***"]
["EMULSÃO ASFÁLTICA DE RUPTURA LENTA CATIÔNICA PARA SERVIÇO DE LAMA ASFÁLTICA","2016-07-01","***","***","***","***","***","***"]
["EMULSÃO ASFÁLTICA DE RUPTURA LENTA CATIÔNICA PARA SERVIÇO DE LAMA ASFÁLTICA","2016-08-01","***","***","***","***","***","***"]
["EMULSÃO ASFÁLTICA DE RUPTURA LENTA CATIÔNICA PARA SERVIÇO DE LAMA ASFÁLTICA","2016-09-01","***","***","***","***","***","***"]
["EMULSÃO ASFÁLTICA DE RUPTURA LENTA CATIÔNICA PARA SERVIÇO DE LAMA ASFÁLTICA","2016-10-01","***","***","***","***","***","***"]
["EMULSÃO ASFÁLTICA DE RUPTURA LENTA CATIÔNICA PARA SERVIÇO DE LAMA ASFÁLTICA","2016-11-01","***","***","***","***","***","***"]
["EMULSÃO ASFÁLTICA DE RUPTURA LENTA CATIÔNICA PARA SERVIÇO DE LAMA ASFÁLTICA","2016-12-01","***","***","***","***","***","***"]
["EMULSÃO ASFÁLTICA DE RUPTURA LENTA CATIÔNICA PARA SERVIÇO DE LAMA ASFÁLTICA","2017-01-01","***","***","***","***","***","***"]
["EMULSÃO ASFÁLTICA DE RUPTURA LENTA CATIÔNICA PARA SERVIÇO DE LAMA ASFÁLTICA","2017-02-01","***","***","***","***","***","***"]
["EMULSÃO ASFÁLTICA DE RUPTURA LENTA CATIÔNICA PARA SERVIÇO DE LAMA ASFÁLTICA","2017-03-01","***","***","***","***","***","***"]
["EMULSÃO ASFÁLTICA DE RUPTURA LENTA CATIÔNICA PARA SERVIÇO DE LAMA ASFÁLTICA","2017-04-01","***","***","***","***","***","***"]
["EMULSÃO ASFÁLTICA DE RUPTURA LENTA CATIÔNICA PARA SERVIÇO DE LAMA ASFÁLTICA","2017-05-01","***","***","***","***","***","***"]
["EMULSÃO ASFÁLTICA DE RUPTURA LENTA CATIÔNICA PARA SERVIÇO DE LAMA ASFÁLTICA","2017-06-01","***","***","***","***","***","***"]
["EMULSÃO ASFÁLTICA DE RUPTURA LENTA CATIÔNICA PARA SERVIÇO DE LAMA ASFÁLTICA","2017-07-01","***","***","***","***","***","***"]
["EMULSÃO ASFÁLTICA DE RUPTURA LENTA CATIÔNICA PARA SERVIÇO DE LAMA ASFÁLTICA","2017-08-01","***","***","***","***","***","***"]
["EMULSÃO ASFÁLTICA DE RUPTURA LENTA CATIÔNICA PARA SERVIÇO DE LAMA ASFÁLTICA","2017-09-01","***","***","***","***","***","***"]
["EMULSÃO ASFÁLTICA DE RUPTURA LENTA CATIÔNICA PARA SERVIÇO DE LAMA ASFÁLTICA","2017-10-01","***","***","***","***","***","***"]
["EMULSÃO ASFÁLTICA DE RUPTURA LENTA CATIÔNICA PARA SERVIÇO DE LAMA ASFÁLTICA","2017-11-01","***","***","***","***","***","***"]
["EMULSÃO ASFÁLTICA DE RUPTURA LENTA CATIÔNICA PARA SERVIÇO DE LAMA ASFÁLTICA","2017-12-01","***","***","***","***","***","***"]
["EMULSÃO ASFÁLTICA DE RUPTURA LENTA CATIÔNICA PARA SERVIÇO DE LAMA ASFÁLTICA","2018-01-01","***","***","***","***","***","***"]
["EMULSÃO ASFÁLTICA DE RUPTURA LENTA CATIÔNICA PARA SERVIÇO DE LAMA ASFÁLTICA","2018-02-01","***","***","***","***","***","***"]
["EMULSÃO ASFÁLTICA DE RUPTURA LENTA CATIÔNICA PARA SERVIÇO DE LAMA ASFÁLTICA","2018-03-01","***","***","***","***","***","***"]
["EMULSÃO ASFÁLTICA DE RUPTURA LENTA CATIÔNICA PARA SERVIÇO DE LAMA ASFÁLTICA","2018-04-01","***","***","***","***","***","***"]
["EMULSÃO ASFÁLTICA DE RUPTURA LENTA CATIÔNICA PARA SERVIÇO DE LAMA ASFÁLTICA","2018-05-01","***","***","***","***","***","***"]
["EMULSÃO ASFÁLTICA DE RUPTURA LENTA CATIÔNICA PARA SERVIÇO DE LAMA ASFÁLTICA","2018-06-01","***","***","***","***","***","***"]
["EMULSÃO ASFÁLTICA DE RUPTURA LENTA CATIÔNICA PARA SERVIÇO DE LAMA ASFÁLTICA","2018-07-01","***","***","***","***","***","***"]
["EMULSÃO ASFÁLTICA DE RUPTURA LENTA CATIÔNICA PARA SERVIÇO DE LAMA ASFÁLTICA","2018-08-01","***","***","***","***","***","***"]
["EMULSÃO ASFÁLTICA DE RUPTURA LENTA CATIÔNICA PARA SERVIÇO DE LAMA ASFÁLTICA","2018-09-01","***","***","***","***","***","***"]
["EMULSÃO ASFÁLTICA DE RUPTURA LENTA CATIÔNICA PARA SERVIÇO DE LAMA ASFÁLTICA","2018-10-01","***","***","***","***","***","***"]
["EMULSÃO ASFÁLTICA DE RUPTURA LENTA CATIÔNICA PARA SERVIÇO DE LAMA ASFÁLTICA","2018-11-01","***","***","***","***","***","***"]
["EMULSÃO ASFÁLTICA DE RUPTURA LENTA CATIÔNICA PARA SERVIÇO DE LAMA ASFÁLTICA","2018-12-01","***","***","***","***","***","***"]
["EMULSÃO ASFÁLTICA DE RUPTURA LENTA CATIÔNICA PARA SERVIÇO DE LAMA ASFÁLTICA","2019-01-01","***","***","***","***","***","***"]
["EMULSÃO ASFÁLTICA DE RUPTURA LENTA CATIÔNICA PARA SERVIÇO DE LAMA ASFÁLTICA","2019-02-01","***","***","***","***","***","***"]
["EMULSÃO ASFÁLTICA DE RUPTURA LENTA CATIÔNICA PARA SERVIÇO DE LAMA ASFÁLTICA","2019-03-01","***","***","***","***","***","***"]
["EMULSÃO ASFÁLTICA DE RUPTURA LENTA CATIÔNICA PARA SERVIÇO DE LAMA ASFÁLTICA","2019-04-01","***","***","***","***","***","***"]
["EMULSÃO ASFÁLTICA DE RUPTURA LENTA CATIÔNICA PARA SERVIÇO DE LAMA ASFÁLTICA","2019-05-01","***","***","***","***","***","***"]
["EMULSÃO ASFÁLTICA DE RUPTURA LENTA CATIÔNICA PARA SERVIÇO DE LAMA ASFÁLTICA","2019-06-01","***","***","***","***","***","***"]
["EMULSÃO ASFÁLTICA DE RUPTURA LENTA CATIÔNICA PARA SERVIÇO DE LAMA ASFÁLTICA","2019-07-01","***","***","***","***","***","***"]
["EMULSÃO ASFÁLTICA DE RUPTURA LENTA CATIÔNICA PARA SERVIÇO DE LAMA ASFÁLTICA","2019-08-01","***","***","***","***","***","***"]
["EMULSÃO ASFÁLTICA DE RUPTURA LENTA CATIÔNICA PARA SERVIÇO DE LAMA ASFÁLTICA","2019-09-01","***","***","***","***","***","***"]
["EMULSÃO ASFÁLTICA DE RUPTURA LENTA CATIÔNICA PARA SERVIÇO DE LAMA ASFÁLTICA","2019-10-01","***","***","***","***","***","***"]
["EMULSÃO ASFÁLTICA DE RUPTURA LENTA CATIÔNICA PARA SERVIÇO DE LAMA ASFÁLTICA","2019-11-01","***","***","***","***","***","***"]
["EMULSÃO ASFÁLTICA DE RUPTURA LENTA CATIÔNICA PARA SERVIÇO DE LAMA ASFÁLTICA","2019-12-01","***","***","***","***","***","***"]
["EMULSÃO ASFÁLTICA DE RUPTURA LENTA CATIÔNICA PARA SERVIÇO DE LAMA ASFÁLTICA","2020-01-01","***","***","***","***","***","***"]
["EMULSÃO ASFÁLTICA DE RUPTURA LENTA CATIÔNICA PARA SERVIÇO DE LAMA ASFÁLTICA","2020-02-01","***","***","***","***","***","***"]
["EMULSÃO ASFÁLTICA DE RUPTURA LENTA CATIÔNICA PARA SERVIÇO DE LAMA ASFÁLTICA","2020-03-01","***","***","***","***","***","***"]
["EMULSÃO ASFÁLTICA DE RUPTURA LENTA CATIÔNICA PARA SERVIÇO DE LAMA ASFÁLTICA","2020-04-01","***","***","***","***","***","***"]
["EMULSÃO ASFÁLTICA DE RUPTURA LENTA CATIÔNICA PARA SERVIÇO DE LAMA ASFÁLTICA","2020-05-01","***","***","***","***","***","***"]
["EMULSÃO ASFÁLTICA DE RUPTURA LENTA CATIÔNICA PARA SERVIÇO DE LAMA ASFÁLTICA","2020-06-01","***","***","***","***","***","***"]
["EMULSÃO ASFÁLTICA DE RUPTURA LENTA CATIÔNICA PARA SERVIÇO DE LAMA ASFÁLTICA","2020-07-01","***","***","***","***","***","***"]
["EMULSÃO ASFÁLTICA DE RUPTURA LENTA CATIÔNICA PARA SERVIÇO DE LAMA ASFÁLTICA","2020-08-01","***","***","***","***","***","***"]
["EMULSÃO ASFÁLTICA DE RUPTURA LENTA CATIÔNICA PARA SERVIÇO DE LAMA ASFÁLTICA","2020-09-01","***","***","***","***","***","***"]
["EMULSÃO ASFÁLTICA DE RUPTURA LENTA CATIÔNICA PARA SERVIÇO DE LAMA ASFÁLTICA","2020-10-01","***","***","***","***","***","***"]
["EMULSÃO ASFÁLTICA DE RUPTURA LENTA CATIÔNICA PARA SERVIÇO DE LAMA ASFÁLTICA","2020-11-01","***","***","***","***","***","***"]
["EMULSÃO ASFÁLTICA DE RUPTURA LENTA CATIÔNICA PARA SERVIÇO DE LAMA ASFÁLTICA","2020-12-01","***","***","***","***","***","***"]
["EMULSÃO ASFÁLTICA DE RUPTURA LENTA CATIÔNICA PARA SERVIÇO DE LAMA ASFÁLTICA","2021-01-01","***","***","***","***","***","***"]
["EMULSÃO ASFÁLTICA DE RUPTURA LENTA CATIÔNICA PARA SERVIÇO DE LAMA ASFÁLTICA","2021-02-01","***","***","***","***","***","***"]
["EMULSÃO ASFÁLTICA DE RUPTURA LENTA CATIÔNICA PARA SERVIÇO DE LAMA ASFÁLTICA","2021-03-01","***","***","***","***","***","***"]
["EMULSÃO ASFÁLTICA DE RUPTURA LENTA CATIÔNICA PARA SERVIÇO DE LAMA ASFÁLTICA","2021-04-01","***","***","***","***","***","***"]
["EMULSÃO ASFÁLTICA DE RUPTURA LENTA CATIÔNICA PARA SERVIÇO DE LAMA ASFÁLTICA","2021-05-01","***","***","***","***","***","***"]
["EMULSÃO ASFÁLTICA DE RUPTURA LENTA CATIÔNICA PARA SERVIÇO DE LAMA ASFÁLTICA","2021-06-01","***","***","***","***","***","***"]
["EMULSÃO ASFÁLTICA DE RUPTURA LENTA CATIÔNICA PARA SERVIÇO DE LAMA ASFÁLTICA","2021-07-01","***","***","***","***","***","***"]
["EMULSÃO ASFÁLTICA DE RUPTURA LENTA CATIÔNICA PARA SERVIÇO DE LAMA ASFÁLTICA","2021-08-01","***","***","***","***","***","***"]
["EMULSÃO ASFÁLTICA DE RUPTURA LENTA CATIÔNICA PARA SERVIÇO DE LAMA ASFÁLTICA","2021-09-01","***","***","***","***","***","***"]
["EMULSÃO ASFÁLTICA DE RUPTURA LENTA CATIÔNICA PARA SERVIÇO DE LAMA ASFÁLTICA","2021-10-01","***","***","***","***","***","***"]
["EMULSÃO ASFÁLTICA DE RUPTURA LENTA CATIÔNICA PARA SERVIÇO DE LAMA ASFÁLTICA","2021-11-01","***","***","***","***","***","***"]
["EMULSÃO ASFÁLTICA DE RUPTURA LENTA CATIÔNICA PARA SERVIÇO DE LAMA ASFÁLTICA","2021-12-01","***","***","***","***","***","***"]
["EMULSÃO ASFÁLTICA DE RUPTURA LENTA CATIÔNICA PARA SERVIÇO DE LAMA ASFÁLTICA","2022-01-01","***","***","***","***","***","***"]
["EMULSÃO ASFÁLTICA DE RUPTURA LENTA CATIÔNICA PARA SERVIÇO DE LAMA ASFÁLTICA","2022-02-01","***","***","***","***","***","***"]
["EMULSÃO ASFÁLTICA DE RUPTURA LENTA CATIÔNICA PARA SERVIÇO DE LAMA ASFÁLTICA","2022-03-01","***","***","***","***","***","***"]
["EMULSÃO ASFÁLTICA DE RUPTURA LENTA CATIÔNICA PARA SERVIÇO DE LAMA ASFÁLTICA","2022-04-01","***","***","***","***","***","***"]
["EMULSÃO ASFÁLTICA DE RUPTURA LENTA CATIÔNICA PARA SERVIÇO DE LAMA ASFÁLTICA","2022-05-01","***","***","***","***","***","***"]
["EMULSÃO ASFÁLTICA DE RUPTURA LENTA CATIÔNICA PARA SERVIÇO DE LAMA ASFÁLTICA","2022-06-01","***","***","***","***","***","***"]
["EMULSÃO ASFÁLTICA DE RUPTURA LENTA CATIÔNICA PARA SERVIÇO DE LAMA ASFÁLTICA","2022-07-01","***","***","***","***","***","***"]
["EMULSÃO ASFÁLTICA DE RUPTURA LENTA CATIÔNICA PARA SERVIÇO DE LAMA ASFÁLTICA","2022-08-01","***","***","***","***","***","***"]
["EMULSÃO ASFÁLTICA DE RUPTURA LENTA CATIÔNICA PARA SERVIÇO DE LAMA ASFÁLTICA","2022-09-01","***","***","***","***","***","***"]
["EMULSÃO ASFÁLTICA DE RUPTURA LENTA CATIÔNICA PARA SERVIÇO DE LAMA ASFÁLTICA","2022-10-01","***","***","***","***","***","***"]
["EMULSÃO ASFÁLTICA DE RUPTURA LENTA CATIÔNICA PARA SERVIÇO DE LAMA ASFÁLTICA","2022-11-01","***","***","***","***","***","***"]
["EMULSÃO ASFÁLTICA DE RUPTURA LENTA CATIÔNICA PARA SERVIÇO DE LAMA ASFÁLTICA","2022-12-01","***","***","***","***","***","***"]
["EMULSÃO ASFÁLTICA DE RUPTURA LENTA CATIÔNICA PARA SERVIÇO DE LAMA ASFÁLTICA","2023-01-01","***","***","***","***","***","***"]
["EMULSÃO ASFÁLTICA DE RUPTURA LENTA CATIÔNICA PARA SERVIÇO DE LAMA ASFÁLTICA","2023-02-01","***","***","***","***","***","***"]
["EMULSÃO ASFÁLTICA DE RUPTURA LENTA CATIÔNICA PARA SERVIÇO DE LAMA ASFÁLTICA","2023-03-01","***","***","***","***","***","***"]
["EMULSÃO ASFÁLTICA DE RUPTURA LENTA CATIÔNICA PARA SERVIÇO DE LAMA ASFÁLTICA","2023-04-01","***","***","***","***","***","***"]
["EMULSÃO ASFÁLTICA DE RUPTURA LENTA CATIÔNICA PARA SERVIÇO DE LAMA ASFÁLTICA","2023-05-01","***","***","***","***","***","***"]
["EMULSÃO ASFÁLTICA DE RUPTURA LENTA CATIÔNICA PARA SERVIÇO DE LAMA ASFÁLTICA","2023-06-01","***","***","***","***","***","***"]
["EMULSÃO ASFÁLTICA DE RUPTURA LENTA CATIÔNICA PARA SERVIÇO DE LAMA ASFÁLTICA","2023-07-01","***","***","***","***","***","***"]
["EMULSÃO ASFÁLTICA DE RUPTURA LENTA CATIÔNICA PARA SERVIÇO DE LAMA ASFÁLTICA","2023-08-01","***","***","***","***","***","***"]
["EMULSÃO ASFÁLTICA DE RUPTURA LENTA CATIÔNICA PARA SERVIÇO DE LAMA ASFÁLTICA","2023-09-01","***","***","***","***","***","***"]
["EMULSÃO ASFÁLTICA DE RUPTURA LENTA CATIÔNICA PARA SERVIÇO DE LAMA ASFÁLTICA","2023-10-01","***","***","***","***","***","***"]
["EMULSÃO ASFÁLTICA DE RUPTURA LENTA CATIÔNICA PARA SERVIÇO DE LAMA ASFÁLTICA","2023-11-01","***","***","***","***","***","***"]
["EMULSÃO ASFÁLTICA DE RUPTURA LENTA CATIÔNICA PARA SERVIÇO DE LAMA ASFÁLTICA","2023-12-01","***","***","***","***","***","***"]
["EMULSÃO ASFÁLTICA DE RUPTURA LENTA CATIÔNICA PARA SERVIÇO DE LAMA ASFÁLTICA","2024-01-01","***","***","***","***","***","***"]
["EMULSÃO ASFÁLTICA DE RUPTURA LENTA CATIÔNICA PARA SERVIÇO DE LAMA ASFÁLTICA","2024-02-01","***","***","***","***","***","***"]
["EMULSÃO ASFÁLTICA DE RUPTURA LENTA CATIÔNICA PARA SERVIÇO DE LAMA ASFÁLTICA","2024-03-01","***","***","***","***","***","***"]
["EMULSÃO ASFÁLTICA DE RUPTURA LENTA CATIÔNICA PARA SERVIÇO DE LAMA ASFÁLTICA","2024-04-01","***","***","***","***","***","***"]
["EMULSÃO ASFÁLTICA DE RUPTURA LENTA CATIÔNICA PARA SERVIÇO DE LAMA ASFÁLTICA","2024-05-01","***","***","***","***","***","***"]
["EMULSÃO ASFÁLTICA DE RUPTURA LENTA CATIÔNICA PARA SERVIÇO DE LAMA ASFÁLTICA","2024-06-01","***","***","***","***","***","***"]
["EMULSÃO ASFÁLTICA DE RUPTURA LENTA CATIÔNICA PARA SERVIÇO DE LAMA ASFÁLTICA","2024-07-01","***","***","***","***","***","***"]
["EMULSÃO ASFÁLTICA DE RUPTURA LENTA CATIÔNICA PARA SERVIÇO DE LAMA ASFÁLTICA","2024-08-01","***","***","***","***","***","***"]
["EMULSÃO ASFÁLTICA DE RUPTURA LENTA DE CARGA NEUTRA PARA SERVIÇO DE LAMA ASFÁLTICA","2015-09-01","***","***","***","***","***","***"]
["EMULSÃO ASFÁLTICA DE RUPTURA LENTA DE CARGA NEUTRA PARA SERVIÇO DE LAMA ASFÁLTICA","2015-10-01","***","***","***","***","***","***"]
["EMULSÃO ASFÁLTICA DE RUPTURA LENTA DE CARGA NEUTRA PARA SERVIÇO DE LAMA ASFÁLTICA","2015-11-01","***","***","***","***","***","***"]
["EMULSÃO ASFÁLTICA DE RUPTURA LENTA DE CARGA NEUTRA PARA SERVIÇO DE LAMA ASFÁLTICA","2015-12-01","***","***","***",1.78091,"***",1.78091]
["EMULSÃO ASFÁLTICA DE RUPTURA LENTA DE CARGA NEUTRA PARA SERVIÇO DE LAMA ASFÁLTICA","2016-01-01","***","***","***","***","***","***"]
["EMULSÃO ASFÁLTICA DE RUPTURA LENTA DE CARGA NEUTRA PARA SERVIÇO DE LAMA ASFÁLTICA","2016-02-01","***","***","***","***","***","***"]
["EMULSÃO ASFÁLTICA DE RUPTURA LENTA DE CARGA NEUTRA PARA SERVIÇO DE LAMA ASFÁLTICA","2016-03-01","***","***","***","***","***","***"]
["EMULSÃO ASFÁLTICA DE RUPTURA LENTA DE CARGA NEUTRA PARA SERVIÇO DE LAMA ASFÁLTICA","2016-04-01","***","***","***","***","***","***"]
["EMULSÃO ASFÁLTICA DE RUPTURA LENTA DE CARGA NEUTRA PARA SERVIÇO DE LAMA ASFÁLTICA","2016-05-01","***","***","***","***","***","***"]
["EMULSÃO ASFÁLTICA DE RUPTURA LENTA DE CARGA NEUTRA PARA SERVIÇO DE LAMA ASFÁLTICA","2016-06-01","***","***","***","***","***","***"]
["EMULSÃO ASFÁLTICA DE RUPTURA LENTA DE CARGA NEUTRA PARA SERVIÇO DE LAMA ASFÁLTICA","2016-07-01","***","***","***","***","***","***"]
["EMULSÃO ASFÁLTICA DE RUPTURA LENTA DE CARGA NEUTRA PARA SERVIÇO DE LAMA ASFÁLTICA","2016-08-01","***","***","***","***","***","***"]
["EMULSÃO ASFÁLTICA DE RUPTURA LENTA DE CARGA NEUTRA PARA SERVIÇO DE LAMA ASFÁLTICA","2016-09-01","***","***","***","***","***","***"]
["EMULSÃO ASFÁLTICA DE RUPTURA LENTA DE CARGA NEUTRA PARA SERVIÇO DE LAMA ASFÁLTICA","2016-10-01","***","***","***","***","***","***"]
["EMULSÃO ASFÁLTICA DE RUPTURA LENTA DE CARGA NEUTRA PARA SERVIÇO DE LAMA ASFÁLTICA","2016-11-01","***","***","***","***","***","***"]
["EMULSÃO ASFÁLTICA DE RUPTURA LENTA DE CARGA NEUTRA PARA SERVIÇO DE LAMA ASFÁLTICA","2016-12-01","***","***","***","***","***","***"]
["EMULSÃO ASFÁLTICA DE RUPTURA LENTA DE CARGA NEUTRA PARA SERVIÇO DE LAMA ASFÁLTICA","2017-01-01","***","***","***","***",1.36299,1.36299]
["EMULSÃO ASFÁLTICA DE RUPTURA LENTA DE CARGA NEUTRA PARA SERVIÇO DE LAMA ASFÁLTICA","2017-02-01","***","***","***","***",1.41074,1.41074]
["EMULSÃO ASFÁLTICA DE RUPTURA LENTA DE CARGA NEUTRA PARA SERVIÇO DE LAMA ASFÁLTICA","2017-03-01","***","***","***","***",1.41074,1.41074]
["EMULSÃO ASFÁLTICA DE RUPTURA LENTA DE CARGA NEUTRA PARA SERVIÇO DE LAMA ASFÁLTICA","2017-04-01","***","***","***",1.28120773177318,"***",1.28120773177318]
["EMULSÃO ASFÁLTICA DE RUPTURA LENTA DE CARGA NEUTRA PARA SERVIÇO DE LAMA ASFÁLTICA","2017-05-01","***","***","***",1.63401149584488,"***",1.63401149584488]
["EMULSÃO ASFÁLTICA DE RUPTURA LENTA DE CARGA NEUTRA PARA SERVIÇO DE LAMA ASFÁLTICA","2017-06-01","***","***","***",1.31921,"***",1.31921]
["EMULSÃO ASFÁLTICA DE RUPTURA LENTA DE CARGA NEUTRA PARA SERVIÇO DE LAMA ASFÁLTICA","2017-07-01","***","***","***","***","***","***"]
["EMULSÃO ASFÁLTICA DE RUPTURA LENTA DE CARGA NEUTRA PARA SERVIÇO DE LAMA ASFÁLTICA","2017-08-01","***","***","***",1.96806,"***",1.96806]
["EMULSÃO ASFÁLTICA DE RUPTURA LENTA DE CARGA NEUTRA PARA SERVIÇO DE LAMA ASFÁLTICA","2017-09-01","***","***","***","***","***","***"]
["EMULSÃO ASFÁLTICA DE RUPTURA LENTA DE CARGA NEUTRA PARA SERVIÇO DE LAMA ASFÁLTICA","2017-10-01","***","***","***","***","***","***"]
["EMULSÃO ASFÁLTICA DE RUPTURA LENTA DE CARGA NEUTRA PARA SERVIÇO DE LAMA ASFÁLTICA","2017-11-01","***","***","***","***","***","***"]
["EMULSÃO ASFÁLTICA DE RUPTURA LENTA DE CARGA NEUTRA PARA SERVIÇO DE LAMA ASFÁLTICA","2017-12-01","***","***","***","***","***","***"]
["EMULSÃO ASFÁLTICA DE RUPTURA LENTA DE CARGA NEUTRA PARA SERVIÇO DE LAMA ASFÁLTICA","2018-01-01","***","***","***","***","***","***"]
["EMULSÃO ASFÁLTICA DE RUPTURA LENTA DE CARGA NEUTRA PARA SERVIÇO DE LAMA ASFÁLTICA","2018-02-01","***","***","***","***","***","***"]
["EMULSÃO ASFÁLTICA DE RUPTURA LENTA DE CARGA NEUTRA PARA SERVIÇO DE LAMA ASFÁLTICA","2018-03-01","***","***","***","***","***","***"]
["EMULSÃO ASFÁLTICA DE RUPTURA LENTA DE CARGA NEUTRA PARA SERVIÇO DE LAMA ASFÁLTICA","2018-04-01","***","***","***","***","***","***"]
["EMULSÃO ASFÁLTICA DE RUPTURA LENTA DE CARGA NEUTRA PARA SERVIÇO DE LAMA ASFÁLTICA","2018-05-01","***","***","***","***","***","***"]
["EMULSÃO ASFÁLTICA DE RUPTURA LENTA DE CARGA NEUTRA PARA SERVIÇO DE LAMA ASFÁLTICA","2018-06-01","***","***","***","***","***","***"]
["EMULSÃO ASFÁLTICA DE RUPTURA LENTA DE CARGA NEUTRA PARA SERVIÇO DE LAMA ASFÁLTICA","2018-07-01","***","***","***","***","***","***"]
["EMULSÃO ASFÁLTICA DE RUPTURA LENTA DE CARGA NEUTRA PARA SERVIÇO DE LAMA ASFÁLTICA","2018-08-01","***","***","***","***","***","***"]
["EMULSÃO ASFÁLTICA DE RUPTURA LENTA DE CARGA NEUTRA PARA SERVIÇO DE LAMA ASFÁLTICA","2018-09-01","***","***","***","***","***","***"]
["EMULSÃO ASFÁLTICA DE RUPTURA LENTA DE CARGA NEUTRA PARA SERVIÇO DE LAMA ASFÁLTICA","2018-10-01","***","***","***","***","***","***"]
["EMULSÃO ASFÁLTICA DE RUPTURA LENTA DE CARGA NEUTRA PARA SERVIÇO DE LAMA ASFÁLTICA","2018-11-01","***","***","***","***","***","***"]
["EMULSÃO ASFÁLTICA DE RUPTURA LENTA DE CARGA NEUTRA PARA SERVIÇO DE LAMA ASFÁLTICA","2018-12-01","***","***","***","***","***","***"]
["EMULSÃO ASFÁLTICA DE RUPTURA LENTA DE CARGA NEUTRA PARA SERVIÇO DE LAMA ASFÁLTICA","2019-01-01","***","***","***","***","***","***"]
["EMULSÃO ASFÁLTICA DE RUPTURA LENTA DE CARGA NEUTRA PARA SERVIÇO DE LAMA ASFÁLTICA","2019-02-01","***","***","***","***","***","***"]
["EMULSÃO ASFÁLTICA DE RUPTURA LENTA DE CARGA NEUTRA PARA SERVIÇO DE LAMA ASFÁLTICA","2019-03-01","***","***","***","***","***","***"]
["EMULSÃO ASFÁLTICA DE RUPTURA LENTA DE CARGA NEUTRA PARA SERVIÇO DE LAMA ASFÁLTICA","2019-04-01","***","***","***","***","***","***"]
["EMULSÃO ASFÁLTICA DE RUPTURA LENTA DE CARGA NEUTRA PARA SERVIÇO DE LAMA ASFÁLTICA","2019-05-01","***","***","***","***","***","***"]
["EMULSÃO ASFÁLTICA DE RUPTURA LENTA DE CARGA NEUTRA PARA SERVIÇO DE LAMA ASFÁLTICA","2019-06-01","***","***","***","***","***","***"]
["EMULSÃO ASFÁLTICA DE RUPTURA LENTA DE CARGA NEUTRA PARA SERVIÇO DE LAMA ASFÁLTICA","2019-07-01","***","***","***","***","***","***"]
["EMULSÃO ASFÁLTICA DE RUPTURA LENTA DE CARGA NEUTRA PARA SERVIÇO DE LAMA ASFÁLTICA","2019-08-01","***","***","***","***","***","***"]
["EMULSÃO ASFÁLTICA DE RUPTURA LENTA DE CARGA NEUTRA PARA SERVIÇO DE LAMA ASFÁLTICA","2019-09-01","***","***","***","***","***","***"]
["EMULSÃO ASFÁLTICA DE RUPTURA LENTA DE CARGA NEUTRA PARA SERVIÇO DE LAMA ASFÁLTICA","2019-10-01","***","***","***","***","***","***"]
["EMULSÃO ASFÁLTICA DE RUPTURA LENTA DE CARGA NEUTRA PARA SERVIÇO DE LAMA ASFÁLTICA","2019-11-01","***","***","***","***","***","***"]
["EMULSÃO ASFÁLTICA DE RUPTURA LENTA DE CARGA NEUTRA PARA SERVIÇO DE LAMA ASFÁLTICA","2019-12-01","***","***","***","***","***","***"]
["EMULSÃO ASFÁLTICA DE RUPTURA LENTA DE CARGA NEUTRA PARA SERVIÇO DE LAMA ASFÁLTICA","2020-01-01","***","***","***","***","***","***"]
["EMULSÃO ASFÁLTICA DE RUPTURA LENTA DE CARGA NEUTRA PARA SERVIÇO DE LAMA ASFÁLTICA","2020-02-01","***","***","***","***","***","***"]
["EMULSÃO ASFÁLTICA DE RUPTURA LENTA DE CARGA NEUTRA PARA SERVIÇO DE LAMA ASFÁLTICA","2020-03-01","***","***","***","***","***","***"]
["EMULSÃO ASFÁLTICA DE RUPTURA LENTA DE CARGA NEUTRA PARA SERVIÇO DE LAMA ASFÁLTICA","2020-04-01","***","***","***","***","***","***"]
["EMULSÃO ASFÁLTICA DE RUPTURA LENTA DE CARGA NEUTRA PARA SERVIÇO DE LAMA ASFÁLTICA","2020-05-01","***","***","***","***","***","***"]
["EMULSÃO ASFÁLTICA DE RUPTURA LENTA DE CARGA NEUTRA PARA SERVIÇO DE LAMA ASFÁLTICA","2020-06-01","***","***","***","***","***","***"]
["EMULSÃO ASFÁLTICA DE RUPTURA LENTA DE CARGA NEUTRA PARA SERVIÇO DE LAMA ASFÁLTICA","2020-07-01","***","***","***","***","***","***"]
["EMULSÃO ASFÁLTICA DE RUPTURA LENTA DE CARGA NEUTRA PARA SERVIÇO DE LAMA ASFÁLTICA","2020-08-01","***","***","***","***","***","***"]
["EMULSÃO ASFÁLTICA DE RUPTURA LENTA DE CARGA NEUTRA PARA SERVIÇO DE LAMA ASFÁLTICA","2020-09-01","***","***","***","***","***","***"]
["EMULSÃO ASFÁLTICA DE RUPTURA LENTA DE CARGA NEUTRA PARA SERVIÇO DE LAMA ASFÁLTICA","2020-10-01","***","***","***","***","***","***"]
["EMULSÃO ASFÁLTICA DE RUPTURA LENTA DE CARGA NEUTRA PARA SERVIÇO DE LAMA ASFÁLTICA","2020-11-01","***","***","***","***","***","***"]
["EMULSÃO ASFÁLTICA DE RUPTURA LENTA DE CARGA NEUTRA PARA SERVIÇO DE LAMA ASFÁLTICA","2020-12-01","***","***","***","***","***","***"]
["EMULSÃO ASFÁLTICA DE RUPTURA LENTA DE CARGA NEUTRA PARA SERVIÇO DE LAMA ASFÁLTICA","2021-01-01","***","***","***","***","***","***"]
["EMULSÃO ASFÁLTICA DE RUPTURA LENTA DE CARGA NEUTRA PARA SERVIÇO DE LAMA ASFÁLTICA","2021-02-01","***","***","***","***","***","***"]
["EMULSÃO ASFÁLTICA DE RUPTURA LENTA DE CARGA NEUTRA PARA SERVIÇO DE LAMA ASFÁLTICA","2021-03-01","***","***","***","***","***","***"]
["EMULSÃO ASFÁLTICA DE RUPTURA LENTA DE CARGA NEUTRA PARA SERVIÇO DE LAMA ASFÁLTICA","2021-04-01","***","***","***","***","***","***"]
["EMULSÃO ASFÁLTICA DE RUPTURA LENTA DE CARGA NEUTRA PARA SERVIÇO DE LAMA ASFÁLTICA","2021-05-01","***","***","***","***","***","***"]
["EMULSÃO ASFÁLTICA DE RUPTURA LENTA DE CARGA NEUTRA PARA SERVIÇO DE LAMA ASFÁLTICA","2021-06-01","***","***","***","***","***","***"]
["EMULSÃO ASFÁLTICA DE RUPTURA LENTA DE CARGA NEUTRA PARA SERVIÇO DE LAMA ASFÁLTICA","2021-07-01","***","***","***","***","***","***"]
["EMULSÃO ASFÁLTICA DE RUPTURA LENTA DE CARGA NEUTRA PARA SERVIÇO DE LAMA ASFÁLTICA","2021-08-01","***","***","***","***","***","***"]
["EMULSÃO ASFÁLTICA DE RUPTURA LENTA DE CARGA NEUTRA PARA SERVIÇO DE LAMA ASFÁLTICA","2021-09-01","***","***","***","***","***","***"]
["EMULSÃO ASFÁLTICA DE RUPTURA LENTA DE CARGA NEUTRA PARA SERVIÇO DE LAMA ASFÁLTICA","2021-10-01","***","***","***","***","***","***"]
["EMULSÃO ASFÁLTICA DE RUPTURA LENTA DE CARGA NEUTRA PARA SERVIÇO DE LAMA ASFÁLTICA","2021-11-01","***","***","***","***","***","***"]
["EMULSÃO ASFÁLTICA DE RUPTURA LENTA DE CARGA NEUTRA PARA SERVIÇO DE LAMA ASFÁLTICA","2021-12-01","***","***","***","***","***","***"]
["EMULSÃO ASFÁLTICA DE RUPTURA LENTA DE CARGA NEUTRA PARA SERVIÇO DE LAMA ASFÁLTICA","2022-01-01","***","***","***","***","***","***"]
["EMULSÃO ASFÁLTICA DE RUPTURA LENTA DE CARGA NEUTRA PARA SERVIÇO DE LAMA ASFÁLTICA","2022-02-01","***","***","***","***","***","***"]
["EMULSÃO ASFÁLTICA DE RUPTURA LENTA DE CARGA NEUTRA PARA SERVIÇO DE LAMA ASFÁLTICA","2022-03-01","***","***","***","***","***","***"]
["EMULSÃO ASFÁLTICA DE RUPTURA LENTA DE CARGA NEUTRA PARA SERVIÇO DE LAMA ASFÁLTICA","2022-04-01","***","***","***","***","***","***"]
["EMULSÃO ASFÁLTICA DE RUPTURA LENTA DE CARGA NEUTRA PARA SERVIÇO DE LAMA ASFÁLTICA","2022-05-01","***","***","***","***","***","***"]
["EMULSÃO ASFÁLTICA DE RUPTURA LENTA DE CARGA NEUTRA PARA SERVIÇO DE LAMA ASFÁLTICA","2022-06-01","***","***","***","***","***","***"]
["EMULSÃO ASFÁLTICA DE RUPTURA LENTA DE CARGA NEUTRA PARA SERVIÇO DE LAMA ASFÁLTICA","2022-07-01","***","***","***","***","***","***"]
["EMULSÃO ASFÁLTICA DE RUPTURA LENTA DE CARGA NEUTRA PARA SERVIÇO DE LAMA ASFÁLTICA","2022-08-01","***","***","***","***","***","***"]
["EMULSÃO ASFÁLTICA DE RUPTURA LENTA DE CARGA NEUTRA PARA SERVIÇO DE LAMA ASFÁLTICA","2022-09-01","***","***","***","***","***","***"]
["EMULSÃO ASFÁLTICA DE RUPTURA LENTA DE CARGA NEUTRA PARA SERVIÇO DE LAMA ASFÁLTICA","2022-10-01","***","***","***","***","***","***"]
["EMULSÃO ASFÁLTICA DE RUPTURA LENTA DE CARGA NEUTRA PARA SERVIÇO DE LAMA ASFÁLTICA","2022-11-01","***","***","***","***","***","***"]
["EMULSÃO ASFÁLTICA DE RUPTURA LENTA DE CARGA NEUTRA PARA SERVIÇO DE LAMA ASFÁLTICA","2022-12-01","***","***","***","***","***","***"]
["EMULSÃO ASFÁLTICA DE RUPTURA LENTA DE CARGA NEUTRA PARA SERVIÇO DE LAMA ASFÁLTICA","2023-01-01","***","***","***","***","***","***"]
["EMULSÃO ASFÁLTICA DE RUPTURA LENTA DE CARGA NEUTRA PARA SERVIÇO DE LAMA ASFÁLTICA","2023-02-01","***","***","***","***","***","***"]
["EMULSÃO ASFÁLTICA DE RUPTURA LENTA DE CARGA NEUTRA PARA SERVIÇO DE LAMA ASFÁLTICA","2023-03-01","***","***","***","***","***","***"]
["EMULSÃO ASFÁLTICA DE RUPTURA LENTA DE CARGA NEUTRA PARA SERVIÇO DE LAMA ASFÁLTICA","2023-04-01","***","***","***","***","***","***"]
["EMULSÃO ASFÁLTICA DE RUPTURA LENTA DE CARGA NEUTRA PARA SERVIÇO DE LAMA ASFÁLTICA","2023-05-01","***","***","***","***","***","***"]
["EMULSÃO ASFÁLTICA DE RUPTURA LENTA DE CARGA NEUTRA PARA SERVIÇO DE LAMA ASFÁLTICA","2023-06-01","***","***","***","***","***","***"]
["EMULSÃO ASFÁLTICA DE RUPTURA LENTA DE CARGA NEUTRA PARA SERVIÇO DE LAMA ASFÁLTICA","2023-07-01","***","***","***","***","***","***"]
["EMULSÃO ASFÁLTICA DE RUPTURA LENTA DE CARGA NEUTRA PARA SERVIÇO DE LAMA ASFÁLTICA","2023-08-01","***","***","***","***","***","***"]
["EMULSÃO ASFÁLTICA DE RUPTURA LENTA DE CARGA NEUTRA PARA SERVIÇO DE LAMA ASFÁLTICA","2023-09-01","***","***","***","***","***","***"]
["EMULSÃO ASFÁLTICA DE RUPTURA LENTA DE CARGA NEUTRA PARA SERVIÇO DE LAMA ASFÁLTICA","2023-10-01","***","***","***","***","***","***"]
["EMULSÃO ASFÁLTICA DE RUPTURA LENTA DE CARGA NEUTRA PARA SERVIÇO DE LAMA ASFÁLTICA","2023-11-01","***","***","***","***","***","***"]
["EMULSÃO ASFÁLTICA DE RUPTURA LENTA DE CARGA NEUTRA PARA SERVIÇO DE LAMA ASFÁLTICA","2023-12-01","***","***","***","***","***","***"]
["EMULSÃO ASFÁLTICA DE RUPTURA LENTA DE CARGA NEUTRA PARA SERVIÇO DE LAMA ASFÁLTICA","2024-01-01","***","***","***","***","***","***"]
["EMULSÃO ASFÁLTICA DE RUPTURA LENTA DE CARGA NEUTRA PARA SERVIÇO DE LAMA ASFÁLTICA","2024-02-01","***","***","***","***","***","***"]
["EMULSÃO ASFÁLTICA DE RUPTURA LENTA DE CARGA NEUTRA PARA SERVIÇO DE LAMA ASFÁLTICA","2024-03-01","***","***","***","***","***","***"]
["EMULSÃO ASFÁLTICA DE RUPTURA LENTA DE CARGA NEUTRA PARA SERVIÇO DE LAMA ASFÁLTICA","2024-04-01","***","***","***","***","***","***"]
["EMULSÃO ASFÁLTICA DE RUPTURA LENTA DE CARGA NEUTRA PARA SERVIÇO DE LAMA ASFÁLTICA","2024-05-01","***","***","***","***","***","***"]
["EMULSÃO ASFÁLTICA DE RUPTURA LENTA DE CARGA NEUTRA PARA SERVIÇO DE LAMA ASFÁLTICA","2024-06-01","***","***","***","***","***","***"]
["EMULSÃO ASFÁLTICA DE RUPTURA LENTA DE CARGA NEUTRA PARA SERVIÇO DE LAMA ASFÁLTICA","2024-07-01","***","***","***","***","***","***"]
["EMULSÃO ASFÁLTICA DE RUPTURA LENTA DE CARGA NEUTRA PARA SERVIÇO DE LAMA ASFÁLTICA","2024-08-01","***","***","***","***","***","***"]
["EMULSÃO ASFÁLTICA PARA SERVIÇO DE IMPRIMAÇÃO","2015-09-01","***","***",1.4717220003202,1.40961127341591,1.41930695328593,1.4468227401513]
["EMULSÃO ASFÁLTICA PARA SERVIÇO DE IMPRIMAÇÃO","2015-10-01","***",1.9176,1.78109288612462,1.49553081265931,1.63226858734976,1.65587358777857]
["EMULSÃO ASFÁLTICA PARA SERVIÇO DE IMPRIMAÇÃO","2015-11-01","***",1.9491,1.85149701128001,1.54237706511487,1.7165669846001,1.71116027190515]
["EMULSÃO ASFÁLTICA PARA SERVIÇO DE IMPRIMAÇÃO","2015-12-01","***",1.93290011299435,1.92898753479955,1.53492185278081,1.7583001329948,1.7451550601173]
["EMULSÃO ASFÁLTICA PARA SERVIÇO DE IMPRIMAÇÃO","2016-01-01","***",2.07342323782235,1.72986436909394,1.5701077270195,1.82576598495835,1.73510254236442]
["EMULSÃO ASFÁLTICA PARA SERVIÇO DE IMPRIMAÇÃO","2016-02-01","***","***",1.97325747182754,1.56216597961158,1.77771566570035,1.66034949351679]
["EMULSÃO ASFÁLTICA PARA SERVIÇO DE IMPRIMAÇÃO","2016-03-01","***",2.064,1.95412330609805,1.57330891913794,1.74223504610287,1.69392791324489]
["EMULSÃO ASFÁLTICA PARA SERVIÇO DE IMPRIMAÇÃO","2016-04-01","***","***",2.17297989923097,1.75252581271454,1.80080386305788,1.81468131596182]
["EMULSÃO ASFÁLTICA PARA SERVIÇO DE IMPRIMAÇÃO","2016-05-01","***",1.79192406624606,2.11822854956947,1.7355234617837,1.91370528481098,1.88025979802494]
["EMULSÃO ASFÁLTICA PARA SERVIÇO DE IMPRIMAÇÃO","2016-06-01","***",2.3814,2.06854310617619,1.77275815933591,1.86677041848421,1.89195905958878]
["EMULSÃO ASFÁLTICA PARA SERVIÇO DE IMPRIMAÇÃO","2016-07-01","***",2.25493424028848,2.05772374470188,1.74557676068172,1.92282656955837,1.90826669219644]
["EMULSÃO ASFÁLTICA PARA SERVIÇO DE IMPRIMAÇÃO","2016-08-01","***",1.97227991202842,2.02088212391996,1.81718834239623,1.88567028640812,1.91447630357068]
["EMULSÃO ASFÁLTICA PARA SERVIÇO DE IMPRIMAÇÃO","2016-09-01","***",1.56277631597102,1.8440562928702,1.57984450229865,1.69564289471707,1.69769751630174]
["EMULSÃO ASFÁLTICA PARA SERVIÇO DE IMPRIMAÇÃO","2016-10-01","***",1.38462967273847,1.8077131125,1.5586842050456,1.71037190546455,1.68617371272299]
["EMULSÃO ASFÁLTICA PARA SERVIÇO DE IMPRIMAÇÃO","2016-11-01",1.85555067857143,1.56832342136805,1.88445976981204,1.50281486871101,1.64546883817561,1.63958718369405]
["EMULSÃO ASFÁLTICA PARA SERVIÇO DE IMPRIMAÇÃO","2016-12-01",1.8355394829932,1.78202168896743,1.70952335119632,1.46854830530294,1.72954957073542,1.69198902088087]
["EMULSÃO ASFÁLTICA PARA SERVIÇO DE IMPRIMAÇÃO","2017-01-01",1.85233692863595,1.9103789201849,1.7347059970385,1.32959561454253,1.71527231921495,1.66104380441542]
["EMULSÃO ASFÁLTICA PARA SERVIÇO DE IMPRIMAÇÃO","2017-02-01",1.80267,1.65313038598726,1.69217059342599,1.5038838855914,1.6521456953841,1.63070368962747]
["EMULSÃO ASFÁLTICA PARA SERVIÇO DE IMPRIMAÇÃO","2017-03-01","***",1.8867,1.81126803784861,1.4228776705346,1.67131046753372,1.59075340579358]
["EMULSÃO ASFÁLTICA PARA SERVIÇO DE IMPRIMAÇÃO","2017-04-01",1.80267,1.92211126738306,1.90801953519256,1.45405721512871,1.48105549705515,1.54220892530197]
["EMULSÃO ASFÁLTICA PARA SERVIÇO DE IMPRIMAÇÃO","2017-05-01","***",1.79872078817167,1.91086057545458,1.4473522046819,1.57922153216431,1.60124543887759]
["EMULSÃO ASFÁLTICA PARA SERVIÇO DE IMPRIMAÇÃO","2017-06-01","***",1.92804207821133,1.754722771746,1.52245076264603,1.61578932044781,1.66262447605665]
["EMULSÃO ASFÁLTICA PARA SERVIÇO DE IMPRIMAÇÃO","2017-07-01","***",1.82005331501444,1.79373939231832,1.51304074635864,1.5841936541859,1.63389582051689]
["EMULSÃO ASFÁLTICA PARA SERVIÇO DE IMPRIMAÇÃO","2017-08-01",2.05850018653781,1.86045194980014,1.81880394323324,1.46623762949087,1.60240651102712,1.68589442524307]
["EMULSÃO ASFÁLTICA PARA SERVIÇO DE IMPRIMAÇÃO","2017-09-01",2.13478656587838,1.91297660736579,1.7309102069523,1.495510402361,1.70162081878466,1.63787929608825]
["EMULSÃO ASFÁLTICA PARA SERVIÇO DE IMPRIMAÇÃO","2017-10-01",1.97395208724692,2.04527700153316,1.74470053558116,1.50355207947768,1.66494305899069,1.68952131926393]
["EMULSÃO ASFÁLTICA PARA SERVIÇO DE IMPRIMAÇÃO","2017-11-01",2.23361,2.1274698169846,1.76585979762958,1.59602342440524,1.71492705064428,1.73483809171954]
["EMULSÃO ASFÁLTICA PARA SERVIÇO DE IMPRIMAÇÃO","2017-12-01",2.0475,2.147348553811,1.80567508217795,1.50467021548284,1.71330235462573,1.7937160067296]
["EMULSÃO ASFÁLTICA PARA SERVIÇO DE IMPRIMAÇÃO","2018-01-01","***",2.11364136386848,1.70474003850488,1.66152939769524,1.79337641257996,1.83906073338595]
["EMULSÃO ASFÁLTICA PARA SERVIÇO DE IMPRIMAÇÃO","2018-02-01",2.27851,2.06589266046923,1.80063372535455,1.64190656845575,1.78146248188368,1.76418558112415]
["EMULSÃO ASFÁLTICA PARA SERVIÇO DE IMPRIMAÇÃO","2018-03-01",2.24870193642143,2.08614328002258,1.94220397284022,1.61152330374698,1.83811340339569,1.8777657953659]
["EMULSÃO ASFÁLTICA PARA SERVIÇO DE IMPRIMAÇÃO","2018-04-01",2.24895754991127,2.12468645589097,1.89780379477251,1.60934676403424,1.81358042736605,1.80051826689795]
["EMULSÃO ASFÁLTICA PARA SERVIÇO DE IMPRIMAÇÃO","2018-05-01","***",1.61264782135862,2.02629889835124,1.72774071879536,1.8867130691136,1.79738566970434]
["EMULSÃO ASFÁLTICA PARA SERVIÇO DE IMPRIMAÇÃO","2018-06-01",2.53119333050991,1.89669540346809,2.11226921308576,1.76360554515652,1.9582836458416,1.95538706551619]
["EMULSÃO ASFÁLTICA PARA SERVIÇO DE IMPRIMAÇÃO","2018-07-01",2.037,1.70437492024373,2.17506248158656,1.86982140520117,2.02369023742159,1.95682618285704]
["EMULSÃO ASFÁLTICA PARA SERVIÇO DE IMPRIMAÇÃO","2018-08-01",2.42228043528064,2.14401263947772,2.26402883319044,1.90460960543855,2.12792291185042,2.12521861768189]
["EMULSÃO ASFÁLTICA PARA SERVIÇO DE IMPRIMAÇÃO","2018-09-01",2.33634469257305,2.26164596037138,2.26804256441643,1.88910112883121,2.13296361289678,2.11626710786654]
["EMULSÃO ASFÁLTICA PARA SERVIÇO DE IMPRIMAÇÃO","2018-10-01",2.20615098251192,2.32003500794095,2.25294056291927,1.90938792431003,2.15011776285973,2.12772887711411]
["EMULSÃO ASFÁLTICA PARA SERVIÇO DE IMPRIMAÇÃO","2018-11-01","***",2.4775578172098,2.34724135534554,2.04818191863088,2.26221564642942,2.27701212071775]
["EMULSÃO ASFÁLTICA PARA SERVIÇO DE IMPRIMAÇÃO","2018-12-01",2.69701,2.48780491359298,2.27559422291835,1.92670854268476,2.27041072905747,2.17732891104513]
["EMULSÃO ASFÁLTICA PARA SERVIÇO DE IMPRIMAÇÃO","2019-01-01",2.56953403469978,2.04775244689038,2.27353893569744,1.90269708825283,2.26760289066722,2.1379930658385]
["EMULSÃO ASFÁLTICA PARA SERVIÇO DE IMPRIMAÇÃO","2019-02-01","***",2.02572775894897,2.46249170586454,1.97031963370519,2.30704084048158,2.15516769789419]
["EMULSÃO ASFÁLTICA PARA SERVIÇO DE IMPRIMAÇÃO","2019-03-01",2.66911,1.69594363183031,2.54655202767176,1.95524383135392,2.42818211132681,2.20454085863619]
["EMULSÃO ASFÁLTICA PARA SERVIÇO DE IMPRIMAÇÃO","2019-04-01",3.35955,1.98181075143032,2.31256207171131,2.03543315167306,2.23974505461675,2.1774734721494]
["EMULSÃO ASFÁLTICA PARA SERVIÇO DE IMPRIMAÇÃO","2019-05-01","***",1.82349705445957,2.42542572394632,1.91323602061442,2.28970544628581,2.07067760607692]
["EMULSÃO ASFÁLTICA PARA SERVIÇO DE IMPRIMAÇÃO","2019-06-01",2.25172198391421,2.05643163317448,2.36263545418243,1.98536305451548,2.31174042676785,2.17542971628357]
["EMULSÃO ASFÁLTICA PARA SERVIÇO DE IMPRIMAÇÃO","2019-07-01",2.38970422417716,1.92673368468194,2.35029971485676,1.88611923669979,2.34431289310042,2.13003362454492]
["EMULSÃO ASFÁLTICA PARA SERVIÇO DE IMPRIMAÇÃO","2019-08-01",2.42049818119221,1.9366342717638,2.22895838919391,1.91918604175259,2.07075196051657,2.07463556004348]
["EMULSÃO ASFÁLTICA PARA SERVIÇO DE IMPRIMAÇÃO","2019-09-01","***",1.72595770251872,2.16583613285526,1.98287111912371,2.12338715402186,2.03201095118144]
["EMULSÃO ASFÁLTICA PARA SERVIÇO DE IMPRIMAÇÃO","2019-10-01",4.53732648025368,2.42364742909677,2.26993620426112,1.96035701129698,2.09192161615573,2.23628572793038]
["EMULSÃO ASFÁLTICA PARA SERVIÇO DE IMPRIMAÇÃO","2019-11-01",5.6230687732467,2.67159099382369,2.79344421524451,2.09301037218669,1.99178614320456,2.42557865354119]
["EMULSÃO ASFÁLTICA PARA SERVIÇO DE IMPRIMAÇÃO","2019-12-01",2.3584,3.09044840003448,2.69859818086102,1.99483101942341,2.06747296149246,2.33883695896635]
["EMULSÃO ASFÁLTICA PARA SERVIÇO DE IMPRIMAÇÃO","2020-01-01",3.67919483158476,4.11101885116016,2.209046648642,2.29346661475763,2.18074128518802,2.36213848327231]
["EMULSÃO ASFÁLTICA PARA SERVIÇO DE IMPRIMAÇÃO","2020-02-01",2.18117740078074,2.16549092961324,2.38302606415793,2.29172093657817,1.95591904477358,2.11932589040267]
["EMULSÃO ASFÁLTICA PARA SERVIÇO DE IMPRIMAÇÃO","2020-03-01",2.1471933954276,1.97457777742065,2.29071571668256,2.10349001108266,1.94312463983751,2.05703227650954]
["EMULSÃO ASFÁLTICA PARA SERVIÇO DE IMPRIMAÇÃO","2020-04-01",2.07788293416964,1.79361013415038,2.25039990096449,1.89890677607576,2.01989903284252,1.99635651370278]
["EMULSÃO ASFÁLTICA PARA SERVIÇO DE IMPRIMAÇÃO","2020-05-01",2.25557998007607,1.83824699681062,2.04921303898035,1.84098405563242,2.13904784873861,2.00046943520285]
["EMULSÃO ASFÁLTICA PARA SERVIÇO DE IMPRIMAÇÃO","2020-06-01",2.13552244015843,1.87175265926318,2.00385248159996,1.84575685755653,2.17762899349031,1.98145493417408]
["EMULSÃO ASFÁLTICA PARA SERVIÇO DE IMPRIMAÇÃO","2020-07-01",2.34725823104693,1.83855083406443,2.07492914484712,1.81879609530234,2.12074101665897,1.9855505192297]
["EMULSÃO ASFÁLTICA PARA SERVIÇO DE IMPRIMAÇÃO","2020-08-01",2.33940683484456,1.87073169685048,2.10510795632565,1.8215313220069,2.33150883493227,2.02880778448799]
["EMULSÃO ASFÁLTICA PARA SERVIÇO DE IMPRIMAÇÃO","2020-09-01",2.36204756704808,1.8818332306167,2.12068194637325,1.8097786931062,2.27642262325581,2.04197635809391]
["EMULSÃO ASFÁLTICA PARA SERVIÇO DE IMPRIMAÇÃO","2020-10-01",2.55214393818972,2.04001560770043,2.0565348781562,1.84381367856258,2.11795707869535,2.04690680416448]
["EMULSÃO ASFÁLTICA PARA SERVIÇO DE IMPRIMAÇÃO","2020-11-01",2.41776004919744,2.01883061908673,2.16797611560564,1.94057022528417,2.28622541431702,2.11477583966972]
["EMULSÃO ASFÁLTICA PARA SERVIÇO DE IMPRIMAÇÃO","2020-12-01",2.33782364171268,2.0841264732831,2.1625742851821,1.8335132127922,2.27661936328095,2.09527304758216]
["EMULSÃO ASFÁLTICA PARA SERVIÇO DE IMPRIMAÇÃO","2021-01-01",2.34724448275862,2.03755978786916,2.13960801593665,2.03934610441538,2.23767024207757,2.09541099710873]
["EMULSÃO ASFÁLTICA PARA SERVIÇO DE IMPRIMAÇÃO","2021-02-01",2.35014938485659,2.05601411571727,2.15881452187202,1.98054196622659,2.20364312792552,2.10882802121731]
["EMULSÃO ASFÁLTICA PARA SERVIÇO DE IMPRIMAÇÃO","2021-03-01",2.34381460771277,1.96939152255051,2.15330563884792,2.05757377124822,2.41695721726279,2.16145139111941]
["EMULSÃO ASFÁLTICA PARA SERVIÇO DE IMPRIMAÇÃO","2021-04-01",2.48933392502756,2.00947471838331,2.20650156968976,2.02258255634192,2.36710756122623,2.16818659621869]
["EMULSÃO ASFÁLTICA PARA SERVIÇO DE IMPRIMAÇÃO","2021-05-01",2.56035409796588,2.34351639805565,2.45796760393604,2.42672278482293,2.76804419529713,2.5118451187675]
["EMULSÃO ASFÁLTICA PARA SERVIÇO DE IMPRIMAÇÃO","2021-06-01",2.59790532033252,2.20699287801735,2.43925515515544,2.36948999317991,2.65630289651881,2.40591762067713]
["EMULSÃO ASFÁLTICA PARA SERVIÇO DE IMPRIMAÇÃO","2021-07-01",2.48777897296001,2.29856599212406,2.41571010481235,2.34695071920216,2.50565676063818,2.39161771854346]
["EMULSÃO ASFÁLTICA PARA SERVIÇO DE IMPRIMAÇÃO","2021-08-01",2.74296074520303,2.2921504163659,2.45817790886887,2.41223363351281,2.66455932378876,2.4453203266611]
["EMULSÃO ASFÁLTICA PARA SERVIÇO DE IMPRIMAÇÃO","2021-09-01",2.73612952928054,2.34720586212779,2.50071459401836,2.43644768484928,2.71850478029717,2.48870029472694]
["EMULSÃO ASFÁLTICA PARA SERVIÇO DE IMPRIMAÇÃO","2021-10-01",2.77117812033212,2.29979431121764,2.61025659929432,2.3568543962722,2.71477849227096,2.50204035214676]
["EMULSÃO ASFÁLTICA PARA SERVIÇO DE IMPRIMAÇÃO","2021-11-01",3.26922354319462,2.49033164987657,2.73741063130841,2.68275099639777,3.11938263451888,2.77184100040925]
["EMULSÃO ASFÁLTICA PARA SERVIÇO DE IMPRIMAÇÃO","2021-12-01",3.02323951975108,2.48111212396967,2.83992191841062,2.78978573594207,3.09075525609887,2.7695953079484]
["EMULSÃO ASFÁLTICA PARA SERVIÇO DE IMPRIMAÇÃO","2022-01-01",3.16666152512878,2.48138777633902,2.75002607333448,2.82337445636155,2.86801271540406,2.7139794918541]
["EMULSÃO ASFÁLTICA PARA SERVIÇO DE IMPRIMAÇÃO","2022-02-01",3.01305642958652,2.51154721864821,2.99029021356698,2.87405071778255,3.28589496249658,2.75489448181472]
["EMULSÃO ASFÁLTICA PARA SERVIÇO DE IMPRIMAÇÃO","2022-03-01",2.65306681818182,2.5834505076381,2.98936773495248,2.9960875739952,3.21091171953006,2.83877532312431]
["EMULSÃO ASFÁLTICA PARA SERVIÇO DE IMPRIMAÇÃO","2022-04-01",3.17522100211987,2.94081070356427,3.36470376604085,3.02541262356537,3.34437926659335,3.13236908635806]
["EMULSÃO ASFÁLTICA PARA SERVIÇO DE IMPRIMAÇÃO","2022-05-01",3.0254911624216,3.07804288927228,3.24286008448795,2.99547217917583,3.22115479637664,3.11423190393854]
["EMULSÃO ASFÁLTICA PARA SERVIÇO DE IMPRIMAÇÃO","2022-06-01",3.60428889928276,2.80928267058824,3.24215257733462,3.05486921577203,3.12024985272101,3.10223243172112]
["EMULSÃO ASFÁLTICA PARA SERVIÇO DE IMPRIMAÇÃO","2022-07-01",3.4499439039666,3.03487872017791,3.3563751586175,3.06166448980998,3.24824239791234,3.2208183723554]
["EMULSÃO ASFÁLTICA PARA SERVIÇO DE IMPRIMAÇÃO","2022-08-01",3.3751389350155,3.12205251033887,3.25078620147497,3.04899168593575,3.07502101391257,3.18397548191475]
["EMULSÃO ASFÁLTICA PARA SERVIÇO DE IMPRIMAÇÃO","2022-09-01",3.22972566265619,2.96002240907194,3.22559048719798,3.02969221717853,2.92852651075819,3.09285009598247]
["EMULSÃO ASFÁLTICA PARA SERVIÇO DE IMPRIMAÇÃO","2022-10-01",2.93502309519585,2.90861597844338,3.16795673463822,2.81267703932151,3.01058654182805,2.98966061217572]
["EMULSÃO ASFÁLTICA PARA SERVIÇO DE IMPRIMAÇÃO","2022-11-01",2.907515435969,2.86802560581625,3.13025845116875,2.78311917798533,3.01889291792184,2.95183539313598]
["EMULSÃO ASFÁLTICA PARA SERVIÇO DE IMPRIMAÇÃO","2022-12-01",3.14608904923639,2.88362249711102,3.08422760819936,2.62005726451434,2.96835436852298,2.94774207296512]
["EMULSÃO ASFÁLTICA PARA SERVIÇO DE IMPRIMAÇÃO","2023-01-01",3.83049295382515,2.65065065030316,3.73444075315539,2.93693417043254,2.82373291204404,2.91976658420599]
["EMULSÃO ASFÁLTICA PARA SERVIÇO DE IMPRIMAÇÃO","2023-02-01",3.41338939723845,2.47926488318752,3.13332188137033,2.65233424160992,3.167965737095,2.81255891347458]
["EMULSÃO ASFÁLTICA PARA SERVIÇO DE IMPRIMAÇÃO","2023-03-01",3.59010481679459,2.41452196957851,2.81836032338509,2.48060247672184,2.57859544135527,2.60690808071617]
["EMULSÃO ASFÁLTICA PARA SERVIÇO DE IMPRIMAÇÃO","2023-04-01",2.82503129662435,2.59195877994304,2.6577796107966,2.58030765480627,2.59320504393019,2.61281760195359]
["EMULSÃO ASFÁLTICA PARA SERVIÇO DE IMPRIMAÇÃO","2023-05-01",3.04296934179608,2.57102685305008,2.80813999341769,2.31334605011238,2.44100651268633,2.58473331006383]
["EMULSÃO ASFÁLTICA PARA SERVIÇO DE IMPRIMAÇÃO","2023-06-01",2.97239644545768,2.26684587576606,2.69391320508728,2.28331702887982,2.53039388478139,2.53601261604246]
["EMULSÃO ASFÁLTICA PARA SERVIÇO DE IMPRIMAÇÃO","2023-07-01",2.88219847908629,2.25941107135595,2.75396687655882,2.29015691720706,2.5120116433942,2.55593679784094]
["EMULSÃO ASFÁLTICA PARA SERVIÇO DE IMPRIMAÇÃO","2023-08-01",2.75990077762653,2.2519800763491,2.71915332469646,2.24844447207736,2.54023933945856,2.51426339294585]
["EMULSÃO ASFÁLTICA PARA SERVIÇO DE IMPRIMAÇÃO","2023-09-01",2.99634909967531,2.46942708793319,2.83596070794188,2.35421057551061,2.54405722425675,2.62961762860727]
["EMULSÃO ASFÁLTICA PARA SERVIÇO DE IMPRIMAÇÃO","2023-10-01",2.90690414996607,2.3466247757108,2.78335853923912,2.2449571863692,2.51616312573602,2.55488587263052]
["EMULSÃO ASFÁLTICA PARA SERVIÇO DE IMPRIMAÇÃO","2023-11-01",3.01812511747465,2.39757427336032,2.83570852140277,2.30573156631175,2.4853234413729,2.57267265473381]
["EMULSÃO ASFÁLTICA PARA SERVIÇO DE IMPRIMAÇÃO","2023-12-01",2.99374280895942,2.26853690691817,2.73116778097686,2.3025249018134,2.72014612088298,2.51201082455928]
["EMULSÃO ASFÁLTICA PARA SERVIÇO DE IMPRIMAÇÃO","2024-01-01",3.15768565144789,2.30995004241275,2.60179472184214,2.35885407664029,2.80254930996701,2.53739177433973]
["EMULSÃO ASFÁLTICA PARA SERVIÇO DE IMPRIMAÇÃO","2024-02-01",3.23426455859321,2.27086153964545,2.96655207676832,2.45534686031648,2.55764598324853,2.61398795690747]
["EMULSÃO ASFÁLTICA PARA SERVIÇO DE IMPRIMAÇÃO","2024-03-01",2.6702058955338,2.42366072713091,2.98156625899601,2.4739468321704,2.63906602556547,2.57839194915639]
["EMULSÃO ASFÁLTICA PARA SERVIÇO DE IMPRIMAÇÃO","2024-04-01",2.9503289613676,2.39776665691393,2.75158612761044,2.43217372603486,2.59488717316243,2.57583076955368]
["EMULSÃO ASFÁLTICA PARA SERVIÇO DE IMPRIMAÇÃO","2024-05-01",2.67311428654791,2.28133006120656,2.72930887827743,2.27219729722632,2.60374387867792,2.47685494502019]
["EMULSÃO ASFÁLTICA PARA SERVIÇO DE IMPRIMAÇÃO","2024-06-01",2.82722126480876,2.21211813444699,2.68042572856135,2.32904436519201,2.72854016754287,2.50039457128049]
["EMULSÃO ASFÁLTICA PARA SERVIÇO DE IMPRIMAÇÃO","2024-07-01",2.8467844628704,2.37463313766358,2.73087626515702,2.2487735151282,2.67118645178333,2.51678893194887]
["EMULSÃO ASFÁLTICA PARA SERVIÇO DE IMPRIMAÇÃO","2024-08-01",2.98802593600946,2.50820525547917,2.89205878723763,2.32470203622164,2.78609679853797,2.66254855805941]
["EMULSÕES ASF. MOD. POR POLÍMEROS RC1C-E","2009-12-01","***",1.12499746220979,1.50120447025721,1.09007987006208,1.15113014981623,1.16832425337172]
["EMULSÕES ASF. MOD. POR POLÍMEROS RC1C-E","2010-01-01","***",1.12233633371677,1.4157852740584,1.07613936600133,1.16519241064929,1.14675307035021]
["EMULSÕES ASF. MOD. POR POLÍMEROS RC1C-E","2010-02-01","***",1.13443365124513,1.41439092624744,1.10240851538951,1.13925423788745,1.15640772236278]
["EMULSÕES ASF. MOD. POR POLÍMEROS RC1C-E","2010-03-01","***",1.13000578044921,1.3818383980646,1.12818973823993,1.13401558518054,1.14808188867593]
["EMULSÕES ASF. MOD. POR POLÍMEROS RC1C-E","2010-04-01","***",1.1171007272807,1.29893529798254,1.10233876443324,1.22564341094306,1.1585751896097]
["EMULSÕES ASF. MOD. POR POLÍMEROS RC1C-E","2010-05-01","***",1.11524798976529,1.29364596940963,1.09188283255284,1.22166012652026,1.14875033529363]
["EMULSÕES ASF. MOD. POR POLÍMEROS RC1C-E","2010-06-01","***",1.10612930410162,1.28597111350248,1.08480818880907,1.22739985995969,1.16769311824822]
["EMULSÕES ASF. MOD. POR POLÍMEROS RC1C-E","2010-07-01","***",1.10203541645352,1.30837097770812,1.06711027112883,1.2302566956844,1.14176102985438]
["EMULSÕES ASF. MOD. POR POLÍMEROS RC1C-E","2010-08-01","***",1.14772526224784,1.21307151301432,1.06719426355455,1.22872799087813,1.12632730241462]
["EMULSÕES ASF. MOD. POR POLÍMEROS RC1C-E","2010-09-01","***",1.1240271988604,1.20482078124449,1.08120340534419,1.22275875684518,1.14072925743734]
["EMULSÕES ASF. MOD. POR POLÍMEROS RC1C-E","2010-10-01","***",1.12382505243718,1.24027484192166,1.06296248640754,1.22748940715419,1.16058484218999]
["EMULSÕES ASF. MOD. POR POLÍMEROS RC1C-E","2010-11-01","***",1.1271635553184,1.25995785863702,1.08343930049643,1.1524361033248,1.15197065522968]
["EMULSÕES ASF. MOD. POR POLÍMEROS RC1C-E","2010-12-01","***",1.11803150560569,1.22365861012208,1.07498380074202,1.0954672327393,1.10823103888343]
["EMULSÕES ASF. MOD. POR POLÍMEROS RC1C-E","2011-01-01","***",1.14617308581797,1.23638491384915,1.04157965595653,1.07166631884143,1.09896771414137]
["EMULSÕES ASF. MOD. POR POLÍMEROS RC1C-E","2011-02-01","***",1.11643029217719,1.25046193945018,1.03589007821348,1.02891226600344,1.05396722137591]
["EMULSÕES ASF. MOD. POR POLÍMEROS RC1C-E","2011-03-01","***",1.11741188324802,1.31981887492143,1.04193535986567,1.06793064379089,1.09916592202997]
["EMULSÕES ASF. MOD. POR POLÍMEROS RC1C-E","2011-04-01","***",1.09291206405694,1.27771953954897,1.01555193923053,1.03128785413242,1.06132400232246]
["EMULSÕES ASF. MOD. POR POLÍMEROS RC1C-E","2011-05-01","***",1.13330554361538,1.33528012279346,1.02801659115084,1.03032838549012,1.08293960487634]
["EMULSÕES ASF. MOD. POR POLÍMEROS RC1C-E","2011-06-01","***",1.0548344565617,1.19472114640336,0.971019982516542,1.04533414636349,1.02957287948964]
["EMULSÕES ASF. MOD. POR POLÍMEROS RC1C-E","2011-07-01","***",1.01033095186643,1.25032822979182,0.973150899143525,1.11846847192844,1.04888256374077]
["EMULSÕES ASF. MOD. POR POLÍMEROS RC1C-E","2011-08-01","***",1.02435190171222,1.2951791725231,0.983269540299481,1.18858674710621,1.07882296984193]
["EMULSÕES ASF. MOD. POR POLÍMEROS RC1C-E","2011-09-01","***",0.993190869763206,1.32855612469951,1.0054746683238,1.56806143787504,1.18574703329377]
["EMULSÕES ASF. MOD. POR POLÍMEROS RC1C-E","2011-10-01","***",0.980008896159175,1.12892561019578,1.05219284275616,1.21461367384771,1.07601546363896]
["EMULSÕES ASF. MOD. POR POLÍMEROS RC1C-E","2011-11-01","***",0.878612193873675,1.18702022006749,1.04523277473583,1.37642073427737,1.1040722078713]
["EMULSÕES ASF. MOD. POR POLÍMEROS RC1C-E","2011-12-01","***",0.949870849531466,1.22739521021944,1.00992111002468,1.50961805655393,1.14943162067462]
["EMULSÕES ASF. MOD. POR POLÍMEROS RC1C-E","2012-01-01","***",1.02736437128614,1.2084508605769,1.05386650739037,1.43595630575313,1.13600941658057]
["EMULSÕES ASF. MOD. POR POLÍMEROS RC1C-E","2012-02-01","***",1.02659205868243,1.19166506997236,1.05646629976907,1.1224067407601,1.08228532023754]
["EMULSÕES ASF. MOD. POR POLÍMEROS RC1C-E","2012-03-01","***",1.0515732614998,1.18662293110179,1.10145033111608,1.12537475366606,1.10485504824346]
["EMULSÕES ASF. MOD. POR POLÍMEROS RC1C-E","2012-04-01","***",1.0463841142218,1.26604071525577,1.12023465485799,1.19114509882372,1.13053687065664]
["EMULSÕES ASF. MOD. POR POLÍMEROS RC1C-E","2012-05-01","***",1.02304246668823,1.28526520993335,1.11855785214065,1.13181831797182,1.12686490578515]
["EMULSÕES ASF. MOD. POR POLÍMEROS RC1C-E","2012-06-01","***",1.0763058022506,1.26737005793576,1.13153204375949,1.17066427253814,1.15590374887078]
["EMULSÕES ASF. MOD. POR POLÍMEROS RC1C-E","2012-07-01","***",1.04981899453576,1.39996385029401,1.11095033010618,1.22196520174313,1.16428742853634]
["EMULSÕES ASF. MOD. POR POLÍMEROS RC1C-E","2012-08-01",1.15500398075241,1.05767479711378,1.40050617608384,1.07722488979127,1.21462789040575,1.13439024255615]
["EMULSÕES ASF. MOD. POR POLÍMEROS RC1C-E","2012-09-01",1.31269538514443,1.07834722358531,1.37116279750472,1.13513647519572,1.18546308694708,1.16915383007929]
["EMULSÕES ASF. MOD. POR POLÍMEROS RC1C-E","2012-10-01",1.33946,1.08269367495618,1.37488430835917,1.11326808899304,1.25260016321649,1.16680209327686]
["EMULSÕES ASF. MOD. POR POLÍMEROS RC1C-E","2012-11-01","***",1.14804414048252,1.3833119896723,1.13371576605613,1.241603585492,1.18034263173801]
["EMULSÕES ASF. MOD. POR POLÍMEROS RC1C-E","2012-12-01",1.40892,1.14730879209257,1.34792914585584,1.11683031383159,1.38863209130395,1.18513097927369]
["EMULSÕES ASF. MOD. POR POLÍMEROS RC1C-E","2013-01-01","***",1.10689257327995,1.31865,1.11227137103233,1.20910537039221,1.13834070121131]
["EMULSÕES ASF. MOD. POR POLÍMEROS RC1C-E","2013-02-01","***",1.12737088359749,1.42346055471874,1.09655131248738,1.20036595790278,1.14128953476394]
["EMULSÕES ASF. MOD. POR POLÍMEROS RC1C-E","2013-03-01","***",1.1036774407361,1.65,1.13069476788181,1.28048100971106,1.16412144274278]
["EMULSÕES ASF. MOD. POR POLÍMEROS RC1C-E","2013-04-01","***",1.12748045298551,1.55762261866254,1.14833717130359,1.30540825759414,1.19761707301101]
["EMULSÕES ASF. MOD. POR POLÍMEROS RC1C-E","2013-05-01","***",1.15753591247244,1.54467029552239,1.18111699149171,1.30212282376137,1.22154078051366]
["EMULSÕES ASF. MOD. POR POLÍMEROS RC1C-E","2013-06-01","***",1.19160578180425,1.50375694213997,1.18140215199203,1.29763789104623,1.23572244953982]
["EMULSÕES ASF. MOD. POR POLÍMEROS RC1C-E","2013-07-01","***",1.20459381959808,1.42709942869787,1.21424216691154,1.33659545799751,1.25227822279892]
["EMULSÕES ASF. MOD. POR POLÍMEROS RC1C-E","2013-08-01","***",1.18650558467139,1.43408452201808,1.23673128821827,1.39942774302843,1.2896922295148]
["EMULSÕES ASF. MOD. POR POLÍMEROS RC1C-E","2013-09-01","***",1.30496271022977,1.51725403242918,1.21774259326955,1.27148718941858,1.28646715476299]
["EMULSÕES ASF. MOD. POR POLÍMEROS RC1C-E","2013-10-01",1.184925,1.29127422266307,1.47172861441836,1.22102108062926,1.29046124828146,1.29191398399346]
["EMULSÕES ASF. MOD. POR POLÍMEROS RC1C-E","2013-11-01","***",1.30218494101561,1.45789055226924,1.23586215438085,1.30453267077609,1.2974252460222]
["EMULSÕES ASF. MOD. POR POLÍMEROS RC1C-E","2013-12-01","***",1.34465672701779,1.53807187521577,1.19835550603439,1.3178727799649,1.31277533704781]
["EMULSÕES ASF. MOD. POR POLÍMEROS RC1C-E","2014-01-01","***",1.3135002822629,1.50907146631913,1.22583289506043,1.30932164058337,1.29854629252172]
["EMULSÕES ASF. MOD. POR POLÍMEROS RC1C-E","2014-02-01","***",1.35816670014689,1.51066181782697,1.26495841044912,1.2799914761739,1.31276695067882]
["EMULSÕES ASF. MOD. POR POLÍMEROS RC1C-E","2014-03-01","***",1.30789374825453,1.42416903092372,1.2365484449166,1.26410229644874,1.29314546572642]
["EMULSÕES ASF. MOD. POR POLÍMEROS RC1C-E","2014-04-01","***",1.35100916769752,1.39136683138417,1.18594265082482,1.30380125824274,1.31797359529245]
["EMULSÕES ASF. MOD. POR POLÍMEROS RC1C-E","2014-05-01","***",1.34512438030022,1.38388003888034,1.24759267950693,1.3925420259611,1.3478947207454]
["EMULSÕES ASF. MOD. POR POLÍMEROS RC1C-E","2014-06-01","***",1.44577583244989,1.44436043488378,1.27035465039606,1.42616213549492,1.38010121167087]
["EMULSÕES ASF. MOD. POR POLÍMEROS RC1C-E","2014-07-01",1.43131814345992,1.40928814570755,1.4284587611149,1.27490593783948,1.39204413612962,1.3631387997118]
["EMULSÕES ASF. MOD. POR POLÍMEROS RC1C-E","2014-08-01",1.445872,1.34665247107296,1.41950946119298,1.2828450374476,1.38204445348599,1.34916506450572]
["EMULSÕES ASF. MOD. POR POLÍMEROS RC1C-E","2014-09-01",1.40506666666667,1.43095748472781,1.52970126233504,1.34519004844408,1.40858763958581,1.4251755133913]
["EMULSÕES ASF. MOD. POR POLÍMEROS RC1C-E","2014-10-01",1.43727176352705,1.36940412064102,1.42755635266623,1.23392951959108,1.35448672816661,1.34289696868082]
["EMULSÕES ASF. MOD. POR POLÍMEROS RC1C-E","2014-11-01",1.42484293818466,1.4517914383766,1.49359100909441,1.2407457438937,1.4153330790595,1.41487869062133]
["EMULSÕES ASF. MOD. POR POLÍMEROS RC1C-E","2014-12-01",1.54141157473421,1.43524968870928,1.52407129983459,1.37488143499755,1.46815368184433,1.45139221054245]
["EMULSÕES ASF. MOD. POR POLÍMEROS RC1C-E","2015-01-01",1.66407,1.74766900802016,1.95346446006075,1.69479615780987,1.72405004734813,1.76017581127053]
["EMULSÕES ASF. MOD. POR POLÍMEROS RC1C-E","2015-02-01",2.61246,1.55259352377135,1.99650358073792,1.47641415529686,1.73954930492107,1.70583446872251]
["EMULSÕES ASF. MOD. POR POLÍMEROS RC1C-E","2015-03-01",2.36525009585253,1.52100531286717,1.98568474291822,1.38585659324937,1.62231084228141,1.7150667962789]
["EMULSÕES ASF. MOD. POR POLÍMEROS RC1C-E","2015-04-01",2.07537,1.36883070122185,1.89406142363178,1.36594992202729,1.59988600782724,1.58571093533628]
["EMULSÕES ASF. MOD. POR POLÍMEROS RC1C-E","2015-05-01","***",1.43574389437544,1.6709046347807,1.34939914901185,1.63624123734445,1.48279887456451]
["EMULSÕES ASF. MOD. POR POLÍMEROS RC1C-E","2015-06-01","***",1.36578072105325,1.69818340632048,1.3989288537307,1.60595905192883,1.50381100411693]
["EMULSÕES ASF. MOD. POR POLÍMEROS RC1C-E","2015-07-01",1.49769,1.39297322952376,1.67900186075613,1.34184246818144,1.55879857770974,1.45115622521057]
["EMULSÕES ASF. MOD. POR POLÍMEROS RC1C-E","2015-08-01",1.52042744825187,1.48896566437616,1.6824712031468,1.32876499302947,1.61637210536408,1.52081390123086]
["EMULSÕES ASF. MOD. POR POLÍMEROS RC1C-E","2015-09-01",1.6019,1.63411637544201,1.71666176435843,1.44195942248943,1.3044542894025,1.43921999921695]
["EMULSÕES ASF. MOD. POR POLÍMEROS RC1C-E","2015-10-01","***",1.7773064574534,2.14240400013459,1.42954095854018,1.40170765346382,1.48689511530008]
["EMULSÕES ASF. MOD. POR POLÍMEROS RC1C-E","2015-11-01",1.7647,1.79290591158059,2.20651357851173,1.56096659800173,1.6712810007865,1.7161023512156]
["EMULSÕES ASF. MOD. POR POLÍMEROS RC1C-E","2015-12-01",1.7647,1.65466151130723,2.10559081302693,1.54223572163442,1.61668204377953,1.69714546614265]
["EMULSÕES ASF. MOD. POR POLÍMEROS RC1C-E","2016-01-01",2.99236630152518,1.78088306381018,1.8597592382496,1.52743899083981,1.81461208824956,1.81826565524406]
["EMULSÕES ASF. MOD. POR POLÍMEROS RC1C-E","2016-02-01",3.15199421952998,1.80724581975773,1.85857710726306,1.56839041123178,1.85628014493476,1.85012298114625]
["EMULSÕES ASF. MOD. POR POLÍMEROS RC1C-E","2016-03-01",3.28706072800709,1.66664472816205,1.84508216504303,1.556920140419,1.79387986650245,1.78739151174232]
["EMULSÕES ASF. MOD. POR POLÍMEROS RC1C-E","2016-04-01",3.43362,1.8097797060439,1.88866485363443,1.66509248684494,1.94266499340174,1.86900735619132]
["EMULSÕES ASF. MOD. POR POLÍMEROS RC1C-E","2016-05-01",2.61722,1.80951229726809,1.7957424536797,1.69981898180347,1.97440485831695,1.81822633235079]
["EMULSÕES ASF. MOD. POR POLÍMEROS RC1C-E","2016-06-01",2.77425,1.59310276470056,1.81623926987519,1.65747961730955,1.97644015792467,1.76346696500302]
["EMULSÕES ASF. MOD. POR POLÍMEROS RC1C-E","2016-07-01",2.77425,1.66038166900963,1.89799025387858,1.71041816749603,1.9516712463267,1.79438558710129]
["EMULSÕES ASF. MOD. POR POLÍMEROS RC1C-E","2016-08-01",2.77425,1.63010980568098,1.85404685735558,1.76578110346159,2.00647887131125,1.85179570952442]
["EMULSÕES ASF. MOD. POR POLÍMEROS RC1C-E","2016-09-01",2.90497,1.70150104559211,1.83907299711951,1.57949510892731,1.73592056772854,1.72443567513664]
["EMULSÕES ASF. MOD. POR POLÍMEROS RC1C-E","2016-10-01",2.90497,1.74386419442414,1.84751481340328,1.64675971176112,1.76501637526596,1.78907657857457]
["EMULSÕES ASF. MOD. POR POLÍMEROS RC1C-E","2016-11-01",2.6777598692755,1.6858481303812,1.84544903328738,1.57916527553482,1.7697974971269,1.73138825352707]
["EMULSÕES ASF. MOD. POR POLÍMEROS RC1C-E","2016-12-01",2.14793952969941,1.62259438158071,1.8404246841686,1.4753300640789,1.72725058555754,1.6482371352015]
["EMULSÕES ASF. MOD. POR POLÍMEROS RC1C-E","2017-01-01",2.46709713463943,1.68588278275001,1.74416837913108,1.476261732911,1.75148711806485,1.65875309172998]
["EMULSÕES ASF. MOD. POR POLÍMEROS RC1C-E","2017-02-01",2.45651324228028,1.63037203968203,1.77860309104753,1.44506940830108,1.72609763336205,1.6120705559221]
["EMULSÕES ASF. MOD. POR POLÍMEROS RC1C-E","2017-03-01",2.68266472248597,1.57257118909823,1.76097815112687,1.46816831322286,1.73693403773319,1.63246361901236]
["EMULSÕES ASF. MOD. POR POLÍMEROS RC1C-E","2017-04-01",2.47166150191571,1.52844013113365,1.83162585912914,1.47937443152526,1.79496928910994,1.65313947717513]
["EMULSÕES ASF. MOD. POR POLÍMEROS RC1C-E","2017-05-01",2.00955891482146,1.47735175639744,1.82671421304685,1.46853614775291,1.77696953525281,1.61357040459369]
["EMULSÕES ASF. MOD. POR POLÍMEROS RC1C-E","2017-06-01",1.81883280106066,1.46545758388589,1.67286756481966,1.45895219634074,1.7685894079076,1.59268671457661]
["EMULSÕES ASF. MOD. POR POLÍMEROS RC1C-E","2017-07-01",1.92678701701449,1.48899388267903,1.68006679873786,1.46243710571281,1.71469795979429,1.6168292986578]
["EMULSÕES ASF. MOD. POR POLÍMEROS RC1C-E","2017-08-01",1.81006177227492,1.47188518328297,1.70428578088628,1.44686129904071,1.74042700522459,1.60318799466335]
["EMULSÕES ASF. MOD. POR POLÍMEROS RC1C-E","2017-09-01",2.39250106776244,1.66345739377354,1.70040591807671,1.44690821927327,1.70356167066486,1.63214220437734]
["EMULSÕES ASF. MOD. POR POLÍMEROS RC1C-E","2017-10-01",2.38505073351042,1.71029449958372,1.63277677001689,1.43345098927722,1.75171742694838,1.66445493394689]
["EMULSÕES ASF. MOD. POR POLÍMEROS RC1C-E","2017-11-01",2.40272,1.82255639452772,1.73437416355143,1.51892486569335,1.74670603513801,1.68125963936273]
["EMULSÕES ASF. MOD. POR POLÍMEROS RC1C-E","2017-12-01","***",1.77696095394737,1.81918033437863,1.59283587456947,1.76505672026241,1.71026030318221]
["EMULSÕES ASF. MOD. POR POLÍMEROS RC1C-E","2018-01-01","***",1.82657242761895,1.85686678838048,1.59335042409556,1.86892037626758,1.72026584689503]
["EMULSÕES ASF. MOD. POR POLÍMEROS RC1C-E","2018-02-01","***",1.76138245645044,1.70308942457182,1.60701917725316,1.83690993046738,1.6962298570588]
["EMULSÕES ASF. MOD. POR POLÍMEROS RC1C-E","2018-03-01","***",1.65424757794472,1.81908988870265,1.61307933105589,1.8181949218303,1.69502127590799]
["EMULSÕES ASF. MOD. POR POLÍMEROS RC1C-E","2018-04-01","***",1.67754278745923,1.86681077830189,1.63677754181896,1.85253735520095,1.72679661444813]
["EMULSÕES ASF. MOD. POR POLÍMEROS RC1C-E","2018-05-01",2.29476,1.74775955765915,1.94978701174427,1.6731898783774,1.98030677125311,1.78626879329612]
["EMULSÕES ASF. MOD. POR POLÍMEROS RC1C-E","2018-06-01","***",1.79336724109665,2.04084676308284,1.70634016640712,1.98211305467331,1.86250422108813]
["EMULSÕES ASF. MOD. POR POLÍMEROS RC1C-E","2018-07-01",2.0163,1.88269450759785,2.1324877064786,1.89437618366366,2.06413783090659,2.01394233389506]
["EMULSÕES ASF. MOD. POR POLÍMEROS RC1C-E","2018-08-01",2.13301505821771,1.98662788088027,2.25092128782458,2.08224819232436,2.14885829482031,2.14450356043515]
["EMULSÕES ASF. MOD. POR POLÍMEROS RC1C-E","2018-09-01",2.13885167654235,2.0753034745184,2.21860590824306,2.19622549301787,2.17422922319472,2.17406410143635]
["EMULSÕES ASF. MOD. POR POLÍMEROS RC1C-E","2018-10-01",2.40919157925197,2.10576883888452,1.97532175678378,2.18328131869447,2.14844092064791,2.09649090428711]
["EMULSÕES ASF. MOD. POR POLÍMEROS RC1C-E","2018-11-01",2.56528206112853,2.36935501657543,2.59057535462329,2.29622424725667,2.31404274729066,2.40290022065369]
["EMULSÕES ASF. MOD. POR POLÍMEROS RC1C-E","2018-12-01",2.34934,2.30186605907986,2.31760815498205,2.33078205010278,2.39127585326678,2.33437968618139]
["EMULSÕES ASF. MOD. POR POLÍMEROS RC1C-E","2019-01-01",2.33125,2.42287690787771,2.66172629104946,2.26983755130559,2.3569698319081,2.44548076613747]
["EMULSÕES ASF. MOD. POR POLÍMEROS RC1C-E","2019-02-01","***",2.45526513224264,2.64863370567618,2.65218401755676,2.36812022291933,2.52824715930175]
["EMULSÕES ASF. MOD. POR POLÍMEROS RC1C-E","2019-03-01","***",2.41945939025459,2.82881401642843,2.50145758223346,2.39437844613454,2.54061407605488]
["EMULSÕES ASF. MOD. POR POLÍMEROS RC1C-E","2019-04-01","***",2.44523113852737,2.8108165135231,2.4641380597655,2.49767474336756,2.57977903178987]
["EMULSÕES ASF. MOD. POR POLÍMEROS RC1C-E","2019-05-01","***",2.4267955912537,2.64689664666714,2.50455403127179,2.4780850342872,2.53805247079692]
["EMULSÕES ASF. MOD. POR POLÍMEROS RC1C-E","2019-06-01",2.95012575830195,2.4976600804694,2.5252649626876,2.51740906708871,2.53322891667067,2.5270382433856]
["EMULSÕES ASF. MOD. POR POLÍMEROS RC1C-E","2019-07-01",2.33745673106061,2.4251416301237,2.60358488294423,2.35287726753376,2.5200139926034,2.47578545375279]
["EMULSÕES ASF. MOD. POR POLÍMEROS RC1C-E","2019-08-01",2.09942078717286,2.35214098304246,2.58341521018136,2.26682671000274,2.4340697918652,2.35156628686254]
["EMULSÕES ASF. MOD. POR POLÍMEROS RC1C-E","2019-09-01",2.10488971741119,2.29444938876432,2.66705964716402,2.24934923027945,2.39890682170234,2.35591367584162]
["EMULSÕES ASF. MOD. POR POLÍMEROS RC1C-E","2019-10-01",2.38794824249897,2.26913921580495,2.68435785108412,2.31233204372774,2.41416476639655,2.40217832566855]
["EMULSÕES ASF. MOD. POR POLÍMEROS RC1C-E","2019-11-01",3.29430416677709,2.39009359377915,2.57863858175915,2.29237132396807,2.4344270528951,2.41308377466634]
["EMULSÕES ASF. MOD. POR POLÍMEROS RC1C-E","2019-12-01",2.20236,2.33452128402729,2.63297101913171,2.34930177354837,2.464066653651,2.41390180352727]
["EMULSÕES ASF. MOD. POR POLÍMEROS RC1C-E","2020-01-01",3.674,2.21816050961061,2.60173928321083,2.25897912864682,2.46777434735433,2.34640032225528]
["EMULSÕES ASF. MOD. POR POLÍMEROS RC1C-E","2020-02-01","***",2.28617596176368,2.54204644686957,2.1435248713043,2.39722440004108,2.28021861228569]
["EMULSÕES ASF. MOD. POR POLÍMEROS RC1C-E","2020-03-01","***",2.42402419533111,2.4255268840103,2.16330138037068,2.30343022047994,2.2867149240879]
["EMULSÕES ASF. MOD. POR POLÍMEROS RC1C-E","2020-04-01","***",2.11247495997139,2.36083612418948,2.2124679166864,2.32882156781001,2.268772719014]
["EMULSÕES ASF. MOD. POR POLÍMEROS RC1C-E","2020-05-01","***",2.23715422877332,2.02405883913518,2.22466490096649,2.34693791151611,2.23075200579855]
["EMULSÕES ASF. MOD. POR POLÍMEROS RC1C-E","2020-06-01",2.19842,2.12331196858737,2.28592825127399,2.23851653039979,2.1942374247471,2.21784670820751]
["EMULSÕES ASF. MOD. POR POLÍMEROS RC1C-E","2020-07-01",2.11413028700198,2.16961063499949,2.34158927620847,2.20598547817642,2.32318238493484,2.24821382911154]
["EMULSÕES ASF. MOD. POR POLÍMEROS RC1C-E","2020-08-01",2.09305284569817,2.31372484463388,2.50842676843679,2.28707910105836,2.42873164842833,2.35561938777739]
["EMULSÕES ASF. MOD. POR POLÍMEROS RC1C-E","2020-09-01",2.15364715476293,2.29676061267913,2.52139406886872,2.27443665927626,2.41821445550353,2.35268037257435]
["EMULSÕES ASF. MOD. POR POLÍMEROS RC1C-E","2020-10-01",2.33807011041861,2.28123096243742,2.6107033606455,2.30240632696423,2.44276512437239,2.4126324285933]
["EMULSÕES ASF. MOD. POR POLÍMEROS RC1C-E","2020-11-01",2.47226272994169,2.47735904574141,2.77456134796263,2.40028788924068,2.52890774924488,2.50542772442875]
["EMULSÕES ASF. MOD. POR POLÍMEROS RC1C-E","2020-12-01",2.41397461368199,2.45819901130823,2.68601237339521,2.39850083305836,2.60641859182955,2.5227810713094]
["EMULSÕES ASF. MOD. POR POLÍMEROS RC1C-E","2021-01-01",2.35117525840357,2.45414779412735,2.8905167226183,2.46748056519924,2.59917883849983,2.54052416408641]
["EMULSÕES ASF. MOD. POR POLÍMEROS RC1C-E","2021-02-01",2.52845023800234,2.55979747887363,2.8684150537034,2.61521673824707,2.70560783503861,2.66229122962138]
["EMULSÕES ASF. MOD. POR POLÍMEROS RC1C-E","2021-03-01",2.52132,2.5618016569366,2.96920935178908,2.60540785072186,2.68527752591118,2.65439620495365]
["EMULSÕES ASF. MOD. POR POLÍMEROS RC1C-E","2021-04-01","***",2.64021899403911,2.76418885269965,2.56558786958984,2.75055243245114,2.6738766405885]
["EMULSÕES ASF. MOD. POR POLÍMEROS RC1C-E","2021-05-01",4.0622,3.02812945779359,3.06197461229162,3.07603133506277,3.24039220465833,3.12759867875588]
["EMULSÕES ASF. MOD. POR POLÍMEROS RC1C-E","2021-06-01",3.20187749774949,3.27174186727273,3.0668103470024,3.0542375067647,3.10878136219848,3.08519011920791]
["EMULSÕES ASF. MOD. POR POLÍMEROS RC1C-E","2021-07-01",3.04595083172061,3.11943373276676,3.21141843621958,3.10012806979751,3.06402526431173,3.12997473157239]
["EMULSÕES ASF. MOD. POR POLÍMEROS RC1C-E","2021-08-01",3.21732891232881,3.10878598342437,3.49713626639536,3.32628764505527,3.13780067208642,3.32017997578494]
["EMULSÕES ASF. MOD. POR POLÍMEROS RC1C-E","2021-09-01",3.03145768179484,3.20607532321806,3.50598660134038,3.39694437370339,3.21530246293634,3.32317916854903]
["EMULSÕES ASF. MOD. POR POLÍMEROS RC1C-E","2021-10-01",3.08566502381634,3.21898188224891,3.45917036302636,3.29427832574523,3.333994979263,3.29740854650093]
["EMULSÕES ASF. MOD. POR POLÍMEROS RC1C-E","2021-11-01",3.02886675800444,3.39415558405906,3.69290493861693,3.59490884804607,3.55705741443512,3.50537608299817]
["EMULSÕES ASF. MOD. POR POLÍMEROS RC1C-E","2021-12-01",3.36222285158364,3.39618724896612,3.77309947230456,3.61221709586862,3.81329315007286,3.54827976617893]
["EMULSÕES ASF. MOD. POR POLÍMEROS RC1C-E","2022-01-01",3.45066900593565,3.47022436850781,3.8188361118939,3.56821816868346,3.74563077546276,3.59706303152717]
["EMULSÕES ASF. MOD. POR POLÍMEROS RC1C-E","2022-02-01",3.43032,3.68641391042119,4.08326284243189,3.88341232085419,3.79919911853428,3.81130285146854]
["EMULSÕES ASF. MOD. POR POLÍMEROS RC1C-E","2022-03-01",3.95763725763394,3.67594780782038,4.00539142663913,3.83565680918558,3.90549635982358,3.83930601759026]
["EMULSÕES ASF. MOD. POR POLÍMEROS RC1C-E","2022-04-01",3.64815220420737,3.81962091642065,4.25703376792863,4.0358776958833,4.18422584130419,4.03354014689793]
["EMULSÕES ASF. MOD. POR POLÍMEROS RC1C-E","2022-05-01",3.7789313609526,4.05660692754852,4.14921630538488,3.83178789173911,3.90770194928981,3.9754420829226]
["EMULSÕES ASF. MOD. POR POLÍMEROS RC1C-E","2022-06-01",3.74208970768661,3.84827840875944,4.08917283665534,3.81187704498155,4.06546215992642,3.95377250733916]
["EMULSÕES ASF. MOD. POR POLÍMEROS RC1C-E","2022-07-01",3.79139763825558,3.96420355466608,4.16696078305023,3.85914067340331,3.969597803604,4.0002217812824]
["EMULSÕES ASF. MOD. POR POLÍMEROS RC1C-E","2022-08-01",3.6861991186156,4.10202598527447,4.11556527602143,3.77267280991498,3.92379243683127,3.98148169525371]
["EMULSÕES ASF. MOD. POR POLÍMEROS RC1C-E","2022-09-01",3.55842689744664,4.22605923331285,3.95671162461686,3.68066768785226,3.85512097859881,3.8837379896514]
["EMULSÕES ASF. MOD. POR POLÍMEROS RC1C-E","2022-10-01",3.56224629572377,3.80605403683008,3.60906613230105,3.4834645992113,3.77595496134045,3.60876969787591]
["EMULSÕES ASF. MOD. POR POLÍMEROS RC1C-E","2022-11-01",3.65954938719343,4.04860584362445,3.91600635117696,3.50163854925118,3.6481102649496,3.78921407474572]
["EMULSÕES ASF. MOD. POR POLÍMEROS RC1C-E","2022-12-01",3.50693357963536,4.00455377025343,3.85052992769993,3.47502597964041,3.61804032024158,3.76055200423537]
["EMULSÕES ASF. MOD. POR POLÍMEROS RC1C-E","2023-01-01",3.47361747969004,3.49981880856101,3.58301102960859,3.3157932760782,3.53282301151604,3.45016892384612]
["EMULSÕES ASF. MOD. POR POLÍMEROS RC1C-E","2023-02-01",3.48130482837918,3.43579825939945,3.77791104934212,3.25783363260773,3.32403512394095,3.47288695897658]
["EMULSÕES ASF. MOD. POR POLÍMEROS RC1C-E","2023-03-01",4.2333559605323,3.36128503457051,3.67575274039775,3.24089968775441,3.07817731325233,3.36870892683888]
["EMULSÕES ASF. MOD. POR POLÍMEROS RC1C-E","2023-04-01",3.12568583141963,3.21736790816711,3.55642432641375,3.27398297018175,3.21337096137979,3.33346625496691]
["EMULSÕES ASF. MOD. POR POLÍMEROS RC1C-E","2023-05-01",2.95589899935921,3.29871281040217,3.48516414393893,3.27537178779074,3.13594993594739,3.31627090692798]
["EMULSÕES ASF. MOD. POR POLÍMEROS RC1C-E","2023-06-01",2.90361409189707,3.24540311316721,3.33020206890908,3.11180545748502,3.07314019813734,3.20399139103687]
["EMULSÕES ASF. MOD. POR POLÍMEROS RC1C-E","2023-07-01",3.09610288465954,3.40586329270153,3.42942102082719,3.01433525340698,3.10288229522974,3.29338315477838]
["EMULSÕES ASF. MOD. POR POLÍMEROS RC1C-E","2023-08-01",2.99205214955764,3.31657031713598,3.4754428670195,3.06649804552499,3.09372706681371,3.2870146874295]
["EMULSÕES ASF. MOD. POR POLÍMEROS RC1C-E","2023-09-01",3.49225997958103,3.50275496810212,3.60234844547687,3.20482413365991,3.26427155749998,3.44778964367058]
["EMULSÕES ASF. MOD. POR POLÍMEROS RC1C-E","2023-10-01",3.49182510263701,3.47588758184119,3.50944148705266,3.17776689498281,3.18118887156903,3.39036384070889]
["EMULSÕES ASF. MOD. POR POLÍMEROS RC1C-E","2023-11-01",3.63780743068166,3.53409466301895,3.70652241356868,3.29589615895864,3.22369862648871,3.50173591004545]
["EMULSÕES ASF. MOD. POR POLÍMEROS RC1C-E","2023-12-01",3.38412846620895,3.41365894298026,3.62261801465576,3.22514092990247,3.2459044920563,3.39528099588569]
["EMULSÕES ASF. MOD. POR POLÍMEROS RC1C-E","2024-01-01",3.29548000206484,3.34421078079411,3.60791015730972,3.07381613671208,3.22908967070881,3.30240977216375]
["EMULSÕES ASF. MOD. POR POLÍMEROS RC1C-E","2024-02-01",3.13011,3.29962510277688,3.40715221967703,2.97590342878473,3.24888105894238,3.23273653093313]
["EMULSÕES ASF. MOD. POR POLÍMEROS RC1C-E","2024-03-01",2.93634607565296,3.20173365670564,3.42122945373724,3.05014592788245,3.27374351953504,3.23558272244808]
["EMULSÕES ASF. MOD. POR POLÍMEROS RC1C-E","2024-04-01",2.94891937008047,3.29974662495881,3.47989077964775,3.04542519755162,3.29258908685773,3.30434869192723]
["EMULSÕES ASF. MOD. POR POLÍMEROS RC1C-E","2024-05-01",3.13471594454342,3.23967040995231,3.54932138017042,3.19912865067556,3.32685552460041,3.33500132179341]
["EMULSÕES ASF. MOD. POR POLÍMEROS RC1C-E","2024-06-01",3.20584568447883,3.19601581015257,3.48577209355875,3.05865639042738,3.31639289640198,3.27344778669745]
["EMULSÕES ASF. MOD. POR POLÍMEROS RC1C-E","2024-07-01",3.41460569235556,3.4977969409362,3.72262514745896,3.15269031336559,3.41134213678724,3.46974802010615]
["EMULSÕES ASF. MOD. POR POLÍMEROS RC1C-E","2024-08-01",3.5612653175199,3.69853046161642,3.76770876914518,3.39048948422909,3.64803819074823,3.64165632669848]
["EMULSÕES ASF. MOD. POR POLÍMEROS RL1C-E","2009-12-01","***",1.02372,1.53202879700688,1.07258527228208,1.18734412933373,1.18840024433809]
["EMULSÕES ASF. MOD. POR POLÍMEROS RL1C-E","2010-01-01","***",1.05856433806985,1.48335954265611,1.17665077360607,1.20985155721055,1.14020302268867]
["EMULSÕES ASF. MOD. POR POLÍMEROS RL1C-E","2010-02-01","***",1.06011115507641,1.42534303981325,1.2112,1.20878747059735,1.17478440919259]
["EMULSÕES ASF. MOD. POR POLÍMEROS RL1C-E","2010-03-01","***",1.07423766468101,1.36958065070455,"***",1.17885794195972,1.1462039723039]
["EMULSÕES ASF. MOD. POR POLÍMEROS RL1C-E","2010-04-01","***",1.03176131081663,1.27386154720134,"***",1.19918736935819,1.14102363418515]
["EMULSÕES ASF. MOD. POR POLÍMEROS RL1C-E","2010-05-01","***",1.02493044551243,1.31600935152838,"***",1.20810292457739,1.165757941586]
["EMULSÕES ASF. MOD. POR POLÍMEROS RL1C-E","2010-06-01","***",1.06310433472988,1.26784035831064,0.853319389032952,1.18154741952246,1.16926509348378]
["EMULSÕES ASF. MOD. POR POLÍMEROS RL1C-E","2010-07-01","***",1.03014124537514,1.33962180824177,0.881338982637989,1.13483309341976,1.08753193041937]
["EMULSÕES ASF. MOD. POR POLÍMEROS RL1C-E","2010-08-01","***",1.00084331185812,1.25323885584698,0.893679086117781,1.13603076439135,1.10208518630581]
["EMULSÕES ASF. MOD. POR POLÍMEROS RL1C-E","2010-09-01","***",1.02448110045457,1.21915671720932,0.916002065811399,1.15328133968882,1.0868293583499]
["EMULSÕES ASF. MOD. POR POLÍMEROS RL1C-E","2010-10-01","***",0.999103814748414,1.25342873781041,0.918207938444925,1.13739392899826,1.10157617919352]
["EMULSÕES ASF. MOD. POR POLÍMEROS RL1C-E","2010-11-01","***",0.998852573570778,1.31230217576228,0.941027625947187,1.09963799419878,1.08793065591971]
["EMULSÕES ASF. MOD. POR POLÍMEROS RL1C-E","2010-12-01","***",1.02313967513398,1.30052022630193,0.910442592824445,1.12768975608433,1.11981076337906]
["EMULSÕES ASF. MOD. POR POLÍMEROS RL1C-E","2011-01-01","***",1.06846,1.2599507571965,0.915783081827843,1.08763444154505,1.08291092227561]
["EMULSÕES ASF. MOD. POR POLÍMEROS RL1C-E","2011-02-01","***",1.04683883590308,1.27891255451713,1.1174,1.08679350459164,1.10150046394676]
["EMULSÕES ASF. MOD. POR POLÍMEROS RL1C-E","2011-03-01","***",1.04601360325357,1.19347487855545,0.99345,1.08158509197917,1.07787457508507]
["EMULSÕES ASF. MOD. POR POLÍMEROS RL1C-E","2011-04-01","***",0.95189,1.16507158502565,0.8934,1.06026317041604,1.07597059662814]
["EMULSÕES ASF. MOD. POR POLÍMEROS RL1C-E","2011-05-01","***",1.02355,1.16605635132695,1.0631,1.09033366092263,1.10913736038115]
["EMULSÕES ASF. MOD. POR POLÍMEROS RL1C-E","2011-06-01","***",1.00377289232968,1.13942556846094,1.061,1.09934443974017,1.08799291388611]
["EMULSÕES ASF. MOD. POR POLÍMEROS RL1C-E","2011-07-01","***",0.985710221660292,1.09007422398808,1.07125911274539,1.10182553261897,1.05904637892614]
["EMULSÕES ASF. MOD. POR POLÍMEROS RL1C-E","2011-08-01","***",0.947317564544266,1.17469025399079,0.9868039350741,1.0721306054655,1.05982819220721]
["EMULSÕES ASF. MOD. POR POLÍMEROS RL1C-E","2011-09-01","***","***",1.11943947298185,1.04554056892779,1.10816434480589,1.10829159715655]
["EMULSÕES ASF. MOD. POR POLÍMEROS RL1C-E","2011-10-01","***",0.912614161140116,1.08694315893563,0.870434940700538,1.10258058031261,1.06906167484043]
["EMULSÕES ASF. MOD. POR POLÍMEROS RL1C-E","2011-11-01","***",0.963071103286385,1.09569910980624,0.827380932281153,1.13490482878934,1.08832049265173]
["EMULSÕES ASF. MOD. POR POLÍMEROS RL1C-E","2011-12-01","***",0.873792497169584,1.09670031353882,1.04333584863257,1.15886177849863,1.10923141946559]
["EMULSÕES ASF. MOD. POR POLÍMEROS RL1C-E","2012-01-01","***","***",1.08777384102279,1.04618839590444,1.08584842494562,1.07627433910864]
["EMULSÕES ASF. MOD. POR POLÍMEROS RL1C-E","2012-02-01","***","***",1.18364330617787,"***",1.070906533489,1.08364471215434]
["EMULSÕES ASF. MOD. POR POLÍMEROS RL1C-E","2012-03-01","***","***",1.08428804030155,"***",1.10598141270474,1.09869704131771]
["EMULSÕES ASF. MOD. POR POLÍMEROS RL1C-E","2012-04-01","***","***",1.10954092323817,"***",1.18912025976752,1.13235326028731]
["EMULSÕES ASF. MOD. POR POLÍMEROS RL1C-E","2012-05-01","***",0.94465,1.09851390768639,1.0165,1.16731812240933,1.10636626812902]
["EMULSÕES ASF. MOD. POR POLÍMEROS RL1C-E","2012-06-01","***",0.961631945017182,1.16105793146458,1.0449486045869,1.13517758658426,1.1495860253379]
["EMULSÕES ASF. MOD. POR POLÍMEROS RL1C-E","2012-07-01","***",0.95782,1.20186631720652,1.05078066410538,1.0943033887454,1.17747843535437]
["EMULSÕES ASF. MOD. POR POLÍMEROS RL1C-E","2012-08-01","***","***",1.2327306087545,0.9999,1.13691507817559,1.21083986631467]
["EMULSÕES ASF. MOD. POR POLÍMEROS RL1C-E","2012-09-01","***",1.06264,1.24210901506649,1.06134841350096,1.13718576429012,1.2218442919202]
["EMULSÕES ASF. MOD. POR POLÍMEROS RL1C-E","2012-10-01","***",1.06264,1.23568095221882,1.02083711233119,1.14673942871428,1.18518694672476]
["EMULSÕES ASF. MOD. POR POLÍMEROS RL1C-E","2012-11-01","***","***",1.25161651784923,1.03938331429399,1.17763424987995,1.15573267567824]
["EMULSÕES ASF. MOD. POR POLÍMEROS RL1C-E","2012-12-01","***","***",1.26080665005125,0.927645032974428,1.1125656335509,1.07066524429401]
["EMULSÕES ASF. MOD. POR POLÍMEROS RL1C-E","2013-01-01","***",0.91137,1.1786,0.99686,1.15805274188647,1.09044609557522]
["EMULSÕES ASF. MOD. POR POLÍMEROS RL1C-E","2013-02-01","***","***",1.08151613315284,1.10085904551051,1.1231977079541,1.10502516235626]
["EMULSÕES ASF. MOD. POR POLÍMEROS RL1C-E","2013-03-01","***",0.91446,1.00620908098065,1.08684896313199,1.15399985412655,1.0661443555257]
["EMULSÕES ASF. MOD. POR POLÍMEROS RL1C-E","2013-04-01","***",0.914462004069176,1.1475921826932,1.06400572837299,1.23292324923044,1.12373083091149]
["EMULSÕES ASF. MOD. POR POLÍMEROS RL1C-E","2013-05-01","***",1.05153,1.18473727463659,1.06857266442988,1.34288197711327,1.14709551838678]
["EMULSÕES ASF. MOD. POR POLÍMEROS RL1C-E","2013-06-01","***","***",1.18451575300541,1.1283487636985,1.29492310387865,1.16567553043003]
["EMULSÕES ASF. MOD. POR POLÍMEROS RL1C-E","2013-07-01","***",0.996,1.19753794375204,1.12380053127929,1.22413937493687,1.16280619491694]
["EMULSÕES ASF. MOD. POR POLÍMEROS RL1C-E","2013-08-01","***",0.996025080294685,1.24941246994454,1.13812021248251,1.31140371070456,1.20089065089385]
["EMULSÕES ASF. MOD. POR POLÍMEROS RL1C-E","2013-09-01","***",1.13123231702832,1.25206341548159,1.18538455570461,1.35304437193919,1.23455064731136]
["EMULSÕES ASF. MOD. POR POLÍMEROS RL1C-E","2013-10-01","***",1.11705767545994,1.19456345530638,1.12885641822354,1.39299162354818,1.19540862025236]
["EMULSÕES ASF. MOD. POR POLÍMEROS RL1C-E","2013-11-01","***",1.12945031237643,1.25197259510497,1.17196572419677,1.37266707393244,1.25415063206968]
["EMULSÕES ASF. MOD. POR POLÍMEROS RL1C-E","2013-12-01","***",1.12945,1.29899920063526,1.15737138840232,1.28797340918211,1.27549148452471]
["EMULSÕES ASF. MOD. POR POLÍMEROS RL1C-E","2014-01-01","***",1.14277,1.3723949379063,1.20650401796593,1.25606008936321,1.27968789953349]
["EMULSÕES ASF. MOD. POR POLÍMEROS RL1C-E","2014-02-01","***",1.1436,1.22997570859613,1.03731134720477,1.21042558848204,1.16266537220619]
["EMULSÕES ASF. MOD. POR POLÍMEROS RL1C-E","2014-03-01","***",1.0318791973792,1.23039932883523,0.885542237331878,1.22022211098083,1.11592925794139]
["EMULSÕES ASF. MOD. POR POLÍMEROS RL1C-E","2014-04-01","***",0.905856231197067,1.21497931141126,0.927041441317776,1.2350792663713,1.13594710719604]
["EMULSÕES ASF. MOD. POR POLÍMEROS RL1C-E","2014-05-01","***",1.25752268580477,1.26972506390299,1.11206628331891,1.23555719742027,1.24506862691688]
["EMULSÕES ASF. MOD. POR POLÍMEROS RL1C-E","2014-06-01","***",1.41827972600805,1.26734193029139,1.09248722675185,1.26617093472429,1.257600567608]
["EMULSÕES ASF. MOD. POR POLÍMEROS RL1C-E","2014-07-01",1.35519909090909,1.22116817454163,1.10322387596899,0.958835576248797,1.28049935406091,1.10868518907677]
["EMULSÕES ASF. MOD. POR POLÍMEROS RL1C-E","2014-08-01",1.57519,1.0261367597896,1.00149990506685,0.925556021099057,1.30606517039899,1.0159736662629]
["EMULSÕES ASF. MOD. POR POLÍMEROS RL1C-E","2014-09-01","***",1.23401961894586,1.26976946584893,0.930703522037779,1.29575787487346,1.25070849302765]
["EMULSÕES ASF. MOD. POR POLÍMEROS RL1C-E","2014-10-01",0.89762,1.13228579540203,1.13537041496362,0.986880679240187,1.22131535195009,1.1171651157108]
["EMULSÕES ASF. MOD. POR POLÍMEROS RL1C-E","2014-11-01",0.905254227568571,1.01020648009359,1.14368183411087,1.03475676792224,1.23729763971549,1.12275171234999]
["EMULSÕES ASF. MOD. POR POLÍMEROS RL1C-E","2014-12-01",0.99155,1.62385563641764,1.107951840852,1.31986772499216,1.38468248448937,1.16926898523785]
["EMULSÕES ASF. MOD. POR POLÍMEROS RL1C-E","2015-01-01","***",1.77830580418935,1.55619814555649,1.20302,1.24111632476579,1.5202013773124]
["EMULSÕES ASF. MOD. POR POLÍMEROS RL1C-E","2015-02-01","***",1.49,1.27772963077444,1.56364,1.50589531716595,1.37085030952104]
["EMULSÕES ASF. MOD. POR POLÍMEROS RL1C-E","2015-03-01","***",1.37090535762823,1.38924572470138,1.56853,1.31797092297262,1.36411314209016]
["EMULSÕES ASF. MOD. POR POLÍMEROS RL1C-E","2015-04-01","***",1.22347869895193,1.50864202507193,1.53612,1.42247020857229,1.40280493041073]
["EMULSÕES ASF. MOD. POR POLÍMEROS RL1C-E","2015-05-01","***",1.19593483776205,1.444248333801,1.48894995594249,1.40427372304854,1.42963513747245]
["EMULSÕES ASF. MOD. POR POLÍMEROS RL1C-E","2015-06-01","***","***",1.44364291144372,1.56526,1.27606370182718,1.38713282784892]
["EMULSÕES ASF. MOD. POR POLÍMEROS RL1C-E","2015-07-01","***",1.86,1.17675068543494,1.10297216882706,1.21868311373363,1.19262821964812]
["EMULSÕES ASF. MOD. POR POLÍMEROS RL1C-E","2015-08-01","***","***",1.50629502001983,1.2201866003106,1.39745258740559,1.47559432602019]
["EMULSÕES ASF. MOD. POR POLÍMEROS RL1C-E","2015-09-01",1.53809855642126,"***",1.49765239441692,1.28326472765771,1.33251033898305,1.4713935424109]
["EMULSÕES ASF. MOD. POR POLÍMEROS RL1C-E","2015-10-01",1.5396269727968,1.20508757616893,1.5299030718876,1.1300515825449,1.59692,1.43583913473954]
["EMULSÕES ASF. MOD. POR POLÍMEROS RL1C-E","2015-11-01",1.70207,1.78585957185746,1.80879359708831,1.61657128528078,1.67411,1.75310959330604]
["EMULSÕES ASF. MOD. POR POLÍMEROS RL1C-E","2015-12-01",1.78159842793384,"***",1.70826122942285,1.74004048435273,1.43546125310986,1.7101024379973]
["EMULSÕES ASF. MOD. POR POLÍMEROS RL1C-E","2016-01-01","***","***",1.74289768436644,1.27075416066482,1.46317441389653,1.46283785979241]
["EMULSÕES ASF. MOD. POR POLÍMEROS RL1C-E","2016-02-01",1.64945016949153,"***",1.58793402974534,1.6785759904249,1.62736180474067,1.61309668124111]
["EMULSÕES ASF. MOD. POR POLÍMEROS RL1C-E","2016-03-01",1.62854646203468,"***",1.71725456544276,1.54889843096234,1.35365,1.68786177356996]
["EMULSÕES ASF. MOD. POR POLÍMEROS RL1C-E","2016-04-01",1.67350150997151,2.37,1.95558949252067,"***",1.54168325401668,1.92025312531377]
["EMULSÕES ASF. MOD. POR POLÍMEROS RL1C-E","2016-05-01",1.69436736730361,"***",1.98666462484152,1.59203424337621,1.70016990907736,1.79260314826981]
["EMULSÕES ASF. MOD. POR POLÍMEROS RL1C-E","2016-06-01",1.64098449833912,"***",2.04895855140611,1.51880381587987,1.59189089277128,1.75690173171932]
["EMULSÕES ASF. MOD. POR POLÍMEROS RL1C-E","2016-07-01",1.64170526069296,"***",2.01335685015865,1.43980942060614,1.45579780950223,1.71238688840279]
["EMULSÕES ASF. MOD. POR POLÍMEROS RL1C-E","2016-08-01",1.68981234066147,"***",1.9006425267419,1.49489101021663,1.45605,1.78658103874027]
["EMULSÕES ASF. MOD. POR POLÍMEROS RL1C-E","2016-09-01",1.46652057853768,"***",1.76347908375969,1.4484578613047,1.371,1.6775573362279]
["EMULSÕES ASF. MOD. POR POLÍMEROS RL1C-E","2016-10-01",1.42183819018068,1.45,1.82140704175994,2.1332006929819,1.371,1.77924254506109]
["EMULSÕES ASF. MOD. POR POLÍMEROS RL1C-E","2016-11-01",1.43159491677241,"***",2.29057699099141,1.91882160832303,1.371,2.18802847457401]
["EMULSÕES ASF. MOD. POR POLÍMEROS RL1C-E","2016-12-01","***","***",2.121261932139,1.87624552147239,1.37097843145681,2.00585066863847]
["EMULSÕES ASF. MOD. POR POLÍMEROS RL1C-E","2017-01-01","***","***",2.3381669244239,1.94046029220779,1.37097,2.04451449838024]
["EMULSÕES ASF. MOD. POR POLÍMEROS RL1C-E","2017-02-01","***","***",2.08342668146125,2.21058110942656,1.37097,2.09840787360214]
["EMULSÕES ASF. MOD. POR POLÍMEROS RL1C-E","2017-03-01","***","***",2.25347336214095,2.25756639352387,1.37097,2.06080859087478]
["EMULSÕES ASF. MOD. POR POLÍMEROS RL1C-E","2017-04-01","***","***",2.42310831709942,2.04766816686723,1.36658,2.19814416154212]
["EMULSÕES ASF. MOD. POR POLÍMEROS RL1C-E","2017-05-01",1.36532,"***",2.1939963383485,2.16913810437846,1.36658,1.96303810674746]
["EMULSÕES ASF. MOD. POR POLÍMEROS RL1C-E","2017-06-01",1.37872722246951,"***",2.18126427380989,1.87350717613228,"***",2.02619255957167]
["EMULSÕES ASF. MOD. POR POLÍMEROS RL1C-E","2017-07-01",1.37233,"***",2.10247645685346,1.77972739816115,"***",2.05590844739493]
["EMULSÕES ASF. MOD. POR POLÍMEROS RL1C-E","2017-08-01","***","***",1.90423972073113,2.13844629534628,"***",1.90850977817605]
["EMULSÕES ASF. MOD. POR POLÍMEROS RL1C-E","2017-09-01",1.38057568696045,"***",2.06714214314966,2.0418639999782,"***",2.03764044856226]
["EMULSÕES ASF. MOD. POR POLÍMEROS RL1C-E","2017-10-01",1.41238874920365,"***",2.04089926674713,2.24841138146299,"***",2.06955924810673]
["EMULSÕES ASF. MOD. POR POLÍMEROS RL1C-E","2017-11-01",1.47127,1.55925,2.13383265461778,2.24707399290021,"***",2.10787303431871]
["EMULSÕES ASF. MOD. POR POLÍMEROS RL1C-E","2017-12-01",1.47127,1.55925,2.18983165198777,2.3804582183908,"***",2.12800980102947]
["EMULSÕES ASF. MOD. POR POLÍMEROS RL1C-E","2018-01-01","***","***",1.61456661494328,"***","***",1.61456661494328]
["EMULSÕES ASF. MOD. POR POLÍMEROS RL1C-E","2018-02-01","***","***",1.58727620627186,"***","***",1.58727620627186]
["EMULSÕES ASF. MOD. POR POLÍMEROS RL1C-E","2018-03-01","***","***",1.64762966092024,"***","***",1.64762966092024]
["EMULSÕES ASF. MOD. POR POLÍMEROS RL1C-E","2018-04-01","***","***",1.62524110062188,1.61806,"***",1.62468850830015]
["EMULSÕES ASF. MOD. POR POLÍMEROS RL1C-E","2018-05-01","***","***",1.58774896379801,"***","***",1.58774896379801]
["EMULSÕES ASF. MOD. POR POLÍMEROS RL1C-E","2018-06-01","***","***",1.83293033473745,"***","***",1.83293033473745]
["EMULSÕES ASF. MOD. POR POLÍMEROS RL1C-E","2018-07-01","***","***",1.90748023170014,2.30344,"***",1.94392394703436]
["EMULSÕES ASF. MOD. POR POLÍMEROS RL1C-E","2018-08-01",1.927,"***",2.03783988605939,"***","***",2.03585279595434]
["EMULSÕES ASF. MOD. POR POLÍMEROS RL1C-E","2018-09-01","***","***",2.18555272694081,"***","***",2.18555272694081]
["EMULSÕES ASF. MOD. POR POLÍMEROS RL1C-E","2018-10-01","***",1.98056,2.09376291329327,1.968,"***",2.08644722676435]
["EMULSÕES ASF. MOD. POR POLÍMEROS RL1C-E","2018-11-01","***",2.23256,2.35831924486459,2.1648,"***",2.33527124104876]
["EMULSÕES ASF. MOD. POR POLÍMEROS RL1C-E","2018-12-01","***",2.03,2.07155964989703,"***","***",2.05184677544077]
["EMULSÕES ASF. MOD. POR POLÍMEROS RL1C-E","2019-01-01","***",2.23256,2.36386575873588,"***","***",2.35051735821701]
["EMULSÕES ASF. MOD. POR POLÍMEROS RL1C-E","2019-02-01","***","***",2.51289298269508,"***",2.18248,2.51223252658511]
["EMULSÕES ASF. MOD. POR POLÍMEROS RL1C-E","2019-03-01","***","***",2.55256984183458,"***","***",2.55256984183458]
["EMULSÕES ASF. MOD. POR POLÍMEROS RL1C-E","2019-04-01","***","***",2.51900758485139,"***","***",2.51900758485139]
["EMULSÕES ASF. MOD. POR POLÍMEROS RL1C-E","2019-05-01","***","***",2.59475285663654,"***","***",2.59475285663654]
["EMULSÕES ASF. MOD. POR POLÍMEROS RL1C-E","2019-06-01","***","***",2.57568347783511,"***","***",2.57568347783511]
["EMULSÕES ASF. MOD. POR POLÍMEROS RL1C-E","2019-07-01","***","***",2.63390244802591,"***",3.60112,2.63646373169505]
["EMULSÕES ASF. MOD. POR POLÍMEROS RL1C-E","2019-08-01","***","***",2.45919633605556,"***","***",2.45919633605556]
["EMULSÕES ASF. MOD. POR POLÍMEROS RL1C-E","2019-09-01","***","***",2.60961390144291,"***","***",2.60961390144291]
["EMULSÕES ASF. MOD. POR POLÍMEROS RL1C-E","2019-10-01","***","***",2.58629279609945,1.92757159839986,"***",2.41615274550764]
["EMULSÕES ASF. MOD. POR POLÍMEROS RL1C-E","2019-11-01",2.05905,1.953,2.34417584626071,1.91057,"***",2.19840666842534]
["EMULSÕES ASF. MOD. POR POLÍMEROS RL1C-E","2019-12-01","***","***",2.3397363832377,1.91726,"***",2.26082075791855]
["EMULSÕES ASF. MOD. POR POLÍMEROS RL1C-E","2020-01-01","***","***",2.65401,2.1825,"***",2.51096145857643]
["EMULSÕES ASF. MOD. POR POLÍMEROS RL1C-E","2020-02-01","***","***","***","***","***","***"]
["EMULSÕES ASF. MOD. POR POLÍMEROS RL1C-E","2020-03-01","***","***",2.22987596936213,"***","***",2.22987596936213]
["EMULSÕES ASF. MOD. POR POLÍMEROS RL1C-E","2020-04-01","***","***",2.22859,"***","***",2.22859]
["EMULSÕES ASF. MOD. POR POLÍMEROS RL1C-E","2020-05-01","***","***",2.26175547143309,"***",3.60112,2.266442333345]
["EMULSÕES ASF. MOD. POR POLÍMEROS RL1C-E","2020-06-01","***","***",2.1753930715783,"***","***",2.1753930715783]
["EMULSÕES ASF. MOD. POR POLÍMEROS RL1C-E","2020-07-01","***",1.86295105937795,2.13249408388335,"***","***",2.06476574962897]
["EMULSÕES ASF. MOD. POR POLÍMEROS RL1C-E","2020-08-01",2.13283829014434,2.02770049354385,2.20731443644563,2.02171,"***",2.14053281691613]
["EMULSÕES ASF. MOD. POR POLÍMEROS RL1C-E","2020-09-01",2.15842969988644,2.01636907412394,2.19261451878081,2.02171,3.27375,2.11987934000059]
["EMULSÕES ASF. MOD. POR POLÍMEROS RL1C-E","2020-10-01",2.35676,1.96641,2.18525907645137,"***","***",2.1072666796296]
["EMULSÕES ASF. MOD. POR POLÍMEROS RL1C-E","2020-11-01",2.10659,2.03083851854008,2.27237469866352,"***","***",2.18867189179413]
["EMULSÕES ASF. MOD. POR POLÍMEROS RL1C-E","2020-12-01",2.10276,2.09979578940721,2.33402894436336,"***","***",2.17194042789704]
["EMULSÕES ASF. MOD. POR POLÍMEROS RL1C-E","2021-01-01","***",2.14252143320201,2.48503832281731,"***","***",2.22939997283013]
["EMULSÕES ASF. MOD. POR POLÍMEROS RL1C-E","2021-02-01","***",2.2131132812704,2.67525088303641,"***","***",2.29087744748333]
["EMULSÕES ASF. MOD. POR POLÍMEROS RL1C-E","2021-03-01","***",2.22660909444234,2.323701717229,"***",4.89244,2.25169481709228]
["EMULSÕES ASF. MOD. POR POLÍMEROS RL1C-E","2021-04-01","***",2.22263475349281,2.37748733879206,"***","***",2.28095588049434]
["EMULSÕES ASF. MOD. POR POLÍMEROS RL1C-E","2021-05-01","***",2.64081508675216,2.82012491831683,"***","***",2.77825040003794]
["EMULSÕES ASF. MOD. POR POLÍMEROS RL1C-E","2021-06-01",2.79410481268583,2.72198227760213,2.73033041155473,"***",5.87455,2.73255742749975]
["EMULSÕES ASF. MOD. POR POLÍMEROS RL1C-E","2021-07-01",2.60316182546145,2.74355162906231,2.87857551919513,"***",5.87456,2.86550683826757]
["EMULSÕES ASF. MOD. POR POLÍMEROS RL1C-E","2021-08-01","***",2.83098102508091,3.07693202403392,3.1687,"***",3.04526183571055]
["EMULSÕES ASF. MOD. POR POLÍMEROS RL1C-E","2021-09-01",2.78978,2.83098033725822,3.09505390959387,3.1687,"***",2.99711832653153]
["EMULSÕES ASF. MOD. POR POLÍMEROS RL1C-E","2021-10-01","***",2.83098113029548,2.9890402388489,"***","***",2.96428294432944]
["EMULSÕES ASF. MOD. POR POLÍMEROS RL1C-E","2021-11-01","***",3.02915,2.9934399988506,"***","***",2.99612378706312]
["EMULSÕES ASF. MOD. POR POLÍMEROS RL1C-E","2021-12-01",2.50285,3.02915,3.38856073445031,"***","***",3.29991441431061]
["EMULSÕES ASF. MOD. POR POLÍMEROS RL1C-E","2022-01-01","***","***",3.38381274937965,"***",3.34833,3.38380482696172]
["EMULSÕES ASF. MOD. POR POLÍMEROS RL1C-E","2022-02-01","***","***",4.0285234084761,"***","***",4.0285234084761]
["EMULSÕES ASF. MOD. POR POLÍMEROS RL1C-E","2022-03-01","***","***",3.74345269416672,"***","***",3.74345269416672]
["EMULSÕES ASF. MOD. POR POLÍMEROS RL1C-E","2022-04-01","***",3.38108,3.87673765800642,"***","***",3.84405138935019]
["EMULSÕES ASF. MOD. POR POLÍMEROS RL1C-E","2022-05-01","***","***",3.87691913581388,"***","***",3.87691913581388]
["EMULSÕES ASF. MOD. POR POLÍMEROS RL1C-E","2022-06-01","***","***",3.85265237532415,"***","***",3.85265237532415]
["EMULSÕES ASF. MOD. POR POLÍMEROS RL1C-E","2022-07-01","***",3.51294365267579,3.84240587421295,"***","***",3.69374158464732]
["EMULSÕES ASF. MOD. POR POLÍMEROS RL1C-E","2022-08-01","***",3.60544679849388,3.96194441820378,"***","***",3.82954252484279]
["EMULSÕES ASF. MOD. POR POLÍMEROS RL1C-E","2022-09-01","***",3.62462484943924,3.83627957157235,"***","***",3.7212228360998]
["EMULSÕES ASF. MOD. POR POLÍMEROS RL1C-E","2022-10-01","***",3.61255102542315,3.4370704019656,"***","***",3.51069909058498]
["EMULSÕES ASF. MOD. POR POLÍMEROS RL1C-E","2022-11-01","***",3.54313089857651,3.57525065888547,"***","***",3.56447887570353]
["EMULSÕES ASF. MOD. POR POLÍMEROS RL1C-E","2022-12-01","***",3.49797,3.57283484282221,"***","***",3.52510597801317]
["EMULSÕES ASF. MOD. POR POLÍMEROS RL1C-E","2023-01-01","***",3.43181995779478,"***","***","***",3.43181995779478]
["EMULSÕES ASF. MOD. POR POLÍMEROS RL1C-E","2023-02-01","***",3.41769,3.95121981318804,"***","***",3.88542577792942]
["EMULSÕES ASF. MOD. POR POLÍMEROS RL1C-E","2023-03-01","***","***",3.34655072357621,4.00888,"***",3.53036658516559]
["EMULSÕES ASF. MOD. POR POLÍMEROS RL1C-E","2023-04-01","***","***",3.62665827105704,4.16542967061924,"***",3.6557566996958]
["EMULSÕES ASF. MOD. POR POLÍMEROS RL1C-E","2023-05-01","***","***",3.78132047804616,4.15368,"***",3.79339571640627]
["EMULSÕES ASF. MOD. POR POLÍMEROS RL1C-E","2023-06-01","***","***",3.45355289611851,3.41828,"***",3.45350006272234]
["EMULSÕES ASF. MOD. POR POLÍMEROS RL1C-E","2023-07-01","***","***",3.49994702243838,4.08492307315532,"***",3.55041682661505]
["EMULSÕES ASF. MOD. POR POLÍMEROS RL1C-E","2023-08-01","***",3.21109837222661,3.52564393374038,"***","***",3.4538466390776]
["EMULSÕES ASF. MOD. POR POLÍMEROS RL1C-E","2023-09-01","***",3.45261594642003,3.49895816629972,4.18155796904914,"***",3.56136327907447]
["EMULSÕES ASF. MOD. POR POLÍMEROS RL1C-E","2023-10-01","***",3.12786,3.50442144326533,4.23762694299379,"***",3.7514319921826]
["EMULSÕES ASF. MOD. POR POLÍMEROS RL1C-E","2023-11-01","***",3.46728,3.36144918696332,4.36800250462297,"***",3.59261091924695]
["EMULSÕES ASF. MOD. POR POLÍMEROS RL1C-E","2023-12-01","***","***",2.83459067146737,4.37469007049345,"***",3.25571657074671]
["EMULSÕES ASF. MOD. POR POLÍMEROS RL1C-E","2024-01-01","***","***",3.78506,2.90242,"***",3.55982199170124]
["EMULSÕES ASF. MOD. POR POLÍMEROS RL1C-E","2024-02-01","***","***",3.49832408348881,4.50888,"***",3.51683243360806]
["EMULSÕES ASF. MOD. POR POLÍMEROS RL1C-E","2024-03-01",2.6892,"***",2.56027033511043,"***","***",2.59008140406347]
["EMULSÕES ASF. MOD. POR POLÍMEROS RL1C-E","2024-04-01",2.7951,"***",2.91541759121183,"***","***",2.91077564153679]
["EMULSÕES ASF. MOD. POR POLÍMEROS RL1C-E","2024-05-01","***","***",3.02942819971534,8.04749,"***",3.03742542956559]
["EMULSÕES ASF. MOD. POR POLÍMEROS RL1C-E","2024-06-01","***","***",2.73623791856197,"***","***",2.73623791856197]
["EMULSÕES ASF. MOD. POR POLÍMEROS RL1C-E","2024-07-01","***","***",3.15373628093598,"***","***",3.15373628093598]
["EMULSÕES ASF. MOD. POR POLÍMEROS RL1C-E","2024-08-01","***","***",3.3453005260023,"***","***",3.3453005260023]
["EMULSÕES ASF. MOD. POR POLÍMEROS RM1C-E","2009-12-01","***","***","***","***","***","***"]
["EMULSÕES ASF. MOD. POR POLÍMEROS RM1C-E","2010-01-01","***","***","***","***","***","***"]
["EMULSÕES ASF. MOD. POR POLÍMEROS RM1C-E","2010-02-01","***","***","***","***","***","***"]
["EMULSÕES ASF. MOD. POR POLÍMEROS RM1C-E","2010-03-01","***","***","***","***","***","***"]
["EMULSÕES ASF. MOD. POR POLÍMEROS RM1C-E","2010-04-01","***","***","***","***",0.98839,0.98839]
["EMULSÕES ASF. MOD. POR POLÍMEROS RM1C-E","2010-05-01","***","***","***","***",1.00019,1.00019]
["EMULSÕES ASF. MOD. POR POLÍMEROS RM1C-E","2010-06-01","***","***","***","***",1.0179,1.0179]
["EMULSÕES ASF. MOD. POR POLÍMEROS RM1C-E","2010-07-01","***","***","***","***",1.00525,1.00525]
["EMULSÕES ASF. MOD. POR POLÍMEROS RM1C-E","2010-08-01","***","***","***","***","***","***"]
["EMULSÕES ASF. MOD. POR POLÍMEROS RM1C-E","2010-09-01","***","***","***","***","***","***"]
["EMULSÕES ASF. MOD. POR POLÍMEROS RM1C-E","2010-10-01","***","***","***","***","***","***"]
["EMULSÕES ASF. MOD. POR POLÍMEROS RM1C-E","2010-11-01","***","***","***","***","***","***"]
["EMULSÕES ASF. MOD. POR POLÍMEROS RM1C-E","2010-12-01","***","***","***","***","***","***"]
["EMULSÕES ASF. MOD. POR POLÍMEROS RM1C-E","2011-01-01","***","***","***","***","***","***"]
["EMULSÕES ASF. MOD. POR POLÍMEROS RM1C-E","2011-02-01","***","***","***","***","***","***"]
["EMULSÕES ASF. MOD. POR POLÍMEROS RM1C-E","2011-03-01","***","***","***","***","***","***"]
["EMULSÕES ASF. MOD. POR POLÍMEROS RM1C-E","2011-04-01","***","***","***","***","***","***"]
["EMULSÕES ASF. MOD. POR POLÍMEROS RM1C-E","2011-05-01","***","***","***","***","***","***"]
["EMULSÕES ASF. MOD. POR POLÍMEROS RM1C-E","2011-06-01","***","***","***","***","***","***"]
["EMULSÕES ASF. MOD. POR POLÍMEROS RM1C-E","2011-07-01","***","***","***","***","***","***"]
["EMULSÕES ASF. MOD. POR POLÍMEROS RM1C-E","2011-08-01","***","***","***","***","***","***"]
["EMULSÕES ASF. MOD. POR POLÍMEROS RM1C-E","2011-09-01","***","***","***","***","***","***"]
["EMULSÕES ASF. MOD. POR POLÍMEROS RM1C-E","2011-10-01","***","***","***","***","***","***"]
["EMULSÕES ASF. MOD. POR POLÍMEROS RM1C-E","2011-11-01","***","***","***","***","***","***"]
["EMULSÕES ASF. MOD. POR POLÍMEROS RM1C-E","2011-12-01","***","***","***","***","***","***"]
["EMULSÕES ASF. MOD. POR POLÍMEROS RM1C-E","2012-01-01","***","***","***","***","***","***"]
["EMULSÕES ASF. MOD. POR POLÍMEROS RM1C-E","2012-02-01","***","***","***","***","***","***"]
["EMULSÕES ASF. MOD. POR POLÍMEROS RM1C-E","2012-03-01","***","***","***","***","***","***"]
["EMULSÕES ASF. MOD. POR POLÍMEROS RM1C-E","2012-04-01","***","***","***","***","***","***"]
["EMULSÕES ASF. MOD. POR POLÍMEROS RM1C-E","2012-05-01","***","***","***","***","***","***"]
["EMULSÕES ASF. MOD. POR POLÍMEROS RM1C-E","2012-06-01","***","***","***","***","***","***"]
["EMULSÕES ASF. MOD. POR POLÍMEROS RM1C-E","2012-07-01","***","***","***","***","***","***"]
["EMULSÕES ASF. MOD. POR POLÍMEROS RM1C-E","2012-08-01","***","***","***","***","***","***"]
["EMULSÕES ASF. MOD. POR POLÍMEROS RM1C-E","2012-09-01","***","***","***","***","***","***"]
["EMULSÕES ASF. MOD. POR POLÍMEROS RM1C-E","2012-10-01","***","***","***","***","***","***"]
["EMULSÕES ASF. MOD. POR POLÍMEROS RM1C-E","2012-11-01","***","***","***","***","***","***"]
["EMULSÕES ASF. MOD. POR POLÍMEROS RM1C-E","2012-12-01","***","***","***","***","***","***"]
["EMULSÕES ASF. MOD. POR POLÍMEROS RM1C-E","2013-01-01","***","***","***","***","***","***"]
["EMULSÕES ASF. MOD. POR POLÍMEROS RM1C-E","2013-02-01","***","***","***","***","***","***"]
["EMULSÕES ASF. MOD. POR POLÍMEROS RM1C-E","2013-03-01","***","***","***","***","***","***"]
["EMULSÕES ASF. MOD. POR POLÍMEROS RM1C-E","2013-04-01","***","***","***","***","***","***"]
["EMULSÕES ASF. MOD. POR POLÍMEROS RM1C-E","2013-05-01","***","***","***","***","***","***"]
["EMULSÕES ASF. MOD. POR POLÍMEROS RM1C-E","2013-06-01","***","***","***","***","***","***"]
["EMULSÕES ASF. MOD. POR POLÍMEROS RM1C-E","2013-07-01","***","***","***","***","***","***"]
["EMULSÕES ASF. MOD. POR POLÍMEROS RM1C-E","2013-08-01","***","***","***","***","***","***"]
["EMULSÕES ASF. MOD. POR POLÍMEROS RM1C-E","2013-09-01","***","***","***","***","***","***"]
["EMULSÕES ASF. MOD. POR POLÍMEROS RM1C-E","2013-10-01","***","***","***","***",1.672,1.672]
["EMULSÕES ASF. MOD. POR POLÍMEROS RM1C-E","2013-11-01","***","***","***","***","***","***"]
["EMULSÕES ASF. MOD. POR POLÍMEROS RM1C-E","2013-12-01","***","***","***","***","***","***"]
["EMULSÕES ASF. MOD. POR POLÍMEROS RM1C-E","2014-01-01","***","***","***","***","***","***"]
["EMULSÕES ASF. MOD. POR POLÍMEROS RM1C-E","2014-02-01","***","***","***","***","***","***"]
["EMULSÕES ASF. MOD. POR POLÍMEROS RM1C-E","2014-03-01","***","***","***","***","***","***"]
["EMULSÕES ASF. MOD. POR POLÍMEROS RM1C-E","2014-04-01","***","***","***","***","***","***"]
["EMULSÕES ASF. MOD. POR POLÍMEROS RM1C-E","2014-05-01","***","***","***","***","***","***"]
["EMULSÕES ASF. MOD. POR POLÍMEROS RM1C-E","2014-06-01","***","***","***","***","***","***"]
["EMULSÕES ASF. MOD. POR POLÍMEROS RM1C-E","2014-07-01","***","***","***","***","***","***"]
["EMULSÕES ASF. MOD. POR POLÍMEROS RM1C-E","2014-08-01","***","***",1.49131,"***","***",1.49131]
["EMULSÕES ASF. MOD. POR POLÍMEROS RM1C-E","2014-09-01","***","***","***","***","***","***"]
["EMULSÕES ASF. MOD. POR POLÍMEROS RM1C-E","2014-10-01","***","***","***","***","***","***"]
["EMULSÕES ASF. MOD. POR POLÍMEROS RM1C-E","2014-11-01","***","***","***","***","***","***"]
["EMULSÕES ASF. MOD. POR POLÍMEROS RM1C-E","2014-12-01","***","***","***","***","***","***"]
["EMULSÕES ASF. MOD. POR POLÍMEROS RM1C-E","2015-01-01","***","***","***","***","***","***"]
["EMULSÕES ASF. MOD. POR POLÍMEROS RM1C-E","2015-02-01","***","***","***","***","***","***"]
["EMULSÕES ASF. MOD. POR POLÍMEROS RM1C-E","2015-03-01","***","***","***","***","***","***"]
["EMULSÕES ASF. MOD. POR POLÍMEROS RM1C-E","2015-04-01","***","***","***","***","***","***"]
["EMULSÕES ASF. MOD. POR POLÍMEROS RM1C-E","2015-05-01","***","***","***","***","***","***"]
["EMULSÕES ASF. MOD. POR POLÍMEROS RM1C-E","2015-06-01","***","***","***","***","***","***"]
["EMULSÕES ASF. MOD. POR POLÍMEROS RM1C-E","2015-07-01","***","***","***",1.65802,"***",1.65802]
["EMULSÕES ASF. MOD. POR POLÍMEROS RM1C-E","2015-08-01","***","***","***","***","***","***"]
["EMULSÕES ASF. MOD. POR POLÍMEROS RM1C-E","2015-09-01","***","***","***","***","***","***"]
["EMULSÕES ASF. MOD. POR POLÍMEROS RM1C-E","2015-10-01","***","***","***","***","***","***"]
["EMULSÕES ASF. MOD. POR POLÍMEROS RM1C-E","2015-11-01","***","***","***","***","***","***"]
["EMULSÕES ASF. MOD. POR POLÍMEROS RM1C-E","2015-12-01","***","***","***",2.16264,"***",2.16264]
["EMULSÕES ASF. MOD. POR POLÍMEROS RM1C-E","2016-01-01","***","***","***",2.16264,"***",2.16264]
["EMULSÕES ASF. MOD. POR POLÍMEROS RM1C-E","2016-02-01","***","***","***","***","***","***"]
["EMULSÕES ASF. MOD. POR POLÍMEROS RM1C-E","2016-03-01","***","***","***","***","***","***"]
["EMULSÕES ASF. MOD. POR POLÍMEROS RM1C-E","2016-04-01","***","***","***","***","***","***"]
["EMULSÕES ASF. MOD. POR POLÍMEROS RM1C-E","2016-05-01","***","***","***","***","***","***"]
["EMULSÕES ASF. MOD. POR POLÍMEROS RM1C-E","2016-06-01","***","***","***","***","***","***"]
["EMULSÕES ASF. MOD. POR POLÍMEROS RM1C-E","2016-07-01","***","***","***","***","***","***"]
["EMULSÕES ASF. MOD. POR POLÍMEROS RM1C-E","2016-08-01","***","***","***","***","***","***"]
["EMULSÕES ASF. MOD. POR POLÍMEROS RM1C-E","2016-09-01","***","***","***","***","***","***"]
["EMULSÕES ASF. MOD. POR POLÍMEROS RM1C-E","2016-10-01","***","***","***","***","***","***"]
["EMULSÕES ASF. MOD. POR POLÍMEROS RM1C-E","2016-11-01","***","***","***","***","***","***"]
["EMULSÕES ASF. MOD. POR POLÍMEROS RM1C-E","2016-12-01","***","***","***",1.7302,"***",1.7302]
["EMULSÕES ASF. MOD. POR POLÍMEROS RM1C-E","2017-01-01","***","***","***","***","***","***"]
["EMULSÕES ASF. MOD. POR POLÍMEROS RM1C-E","2017-02-01","***","***","***",2.27077,"***",2.27077]
["EMULSÕES ASF. MOD. POR POLÍMEROS RM1C-E","2017-03-01","***","***","***","***","***","***"]
["EMULSÕES ASF. MOD. POR POLÍMEROS RM1C-E","2017-04-01","***","***","***","***","***","***"]
["EMULSÕES ASF. MOD. POR POLÍMEROS RM1C-E","2017-05-01","***","***","***","***","***","***"]
["EMULSÕES ASF. MOD. POR POLÍMEROS RM1C-E","2017-06-01","***","***","***","***","***","***"]
["EMULSÕES ASF. MOD. POR POLÍMEROS RM1C-E","2017-07-01","***","***","***","***","***","***"]
["EMULSÕES ASF. MOD. POR POLÍMEROS RM1C-E","2017-08-01","***","***","***","***","***","***"]
["EMULSÕES ASF. MOD. POR POLÍMEROS RM1C-E","2017-09-01","***","***","***","***","***","***"]
["EMULSÕES ASF. MOD. POR POLÍMEROS RM1C-E","2017-10-01","***","***","***","***","***","***"]
["EMULSÕES ASF. MOD. POR POLÍMEROS RM1C-E","2017-11-01","***","***","***","***","***","***"]
["EMULSÕES ASF. MOD. POR POLÍMEROS RM1C-E","2017-12-01","***","***","***","***","***","***"]
["EMULSÕES ASF. MOD. POR POLÍMEROS RM1C-E","2018-01-01","***","***","***","***","***","***"]
["EMULSÕES ASF. MOD. POR POLÍMEROS RM1C-E","2018-02-01","***","***","***","***","***","***"]
["EMULSÕES ASF. MOD. POR POLÍMEROS RM1C-E","2018-03-01","***","***","***","***","***","***"]
["EMULSÕES ASF. MOD. POR POLÍMEROS RM1C-E","2018-04-01","***","***","***","***","***","***"]
["EMULSÕES ASF. MOD. POR POLÍMEROS RM1C-E","2018-05-01","***","***","***","***","***","***"]
["EMULSÕES ASF. MOD. POR POLÍMEROS RM1C-E","2018-06-01","***","***","***","***","***","***"]
["EMULSÕES ASF. MOD. POR POLÍMEROS RM1C-E","2018-07-01","***","***","***","***","***","***"]
["EMULSÕES ASF. MOD. POR POLÍMEROS RM1C-E","2018-08-01","***","***","***","***","***","***"]
["EMULSÕES ASF. MOD. POR POLÍMEROS RM1C-E","2018-09-01","***","***","***","***","***","***"]
["EMULSÕES ASF. MOD. POR POLÍMEROS RM1C-E","2018-10-01","***","***","***","***","***","***"]
["EMULSÕES ASF. MOD. POR POLÍMEROS RM1C-E","2018-11-01","***","***","***","***","***","***"]
["EMULSÕES ASF. MOD. POR POLÍMEROS RM1C-E","2018-12-01","***","***","***","***","***","***"]
["EMULSÕES ASF. MOD. POR POLÍMEROS RM1C-E","2019-01-01","***","***","***","***","***","***"]
["EMULSÕES ASF. MOD. POR POLÍMEROS RM1C-E","2019-02-01","***","***","***","***","***","***"]
["EMULSÕES ASF. MOD. POR POLÍMEROS RM1C-E","2019-03-01","***","***","***","***","***","***"]
["EMULSÕES ASF. MOD. POR POLÍMEROS RM1C-E","2019-04-01","***","***","***","***","***","***"]
["EMULSÕES ASF. MOD. POR POLÍMEROS RM1C-E","2019-05-01","***","***","***","***","***","***"]
["EMULSÕES ASF. MOD. POR POLÍMEROS RM1C-E","2019-06-01","***","***","***","***","***","***"]
["EMULSÕES ASF. MOD. POR POLÍMEROS RM1C-E","2019-07-01","***","***","***","***","***","***"]
["EMULSÕES ASF. MOD. POR POLÍMEROS RM1C-E","2019-08-01","***","***","***","***","***","***"]
["EMULSÕES ASF. MOD. POR POLÍMEROS RM1C-E","2019-09-01","***","***","***","***","***","***"]
["EMULSÕES ASF. MOD. POR POLÍMEROS RM1C-E","2019-10-01","***","***","***","***","***","***"]
["EMULSÕES ASF. MOD. POR POLÍMEROS RM1C-E","2019-11-01","***","***","***","***","***","***"]
["EMULSÕES ASF. MOD. POR POLÍMEROS RM1C-E","2019-12-01","***","***","***","***","***","***"]
["EMULSÕES ASF. MOD. POR POLÍMEROS RM1C-E","2020-01-01","***","***","***","***","***","***"]
["EMULSÕES ASF. MOD. POR POLÍMEROS RM1C-E","2020-02-01","***","***","***","***","***","***"]
["EMULSÕES ASF. MOD. POR POLÍMEROS RM1C-E","2020-03-01","***","***","***","***","***","***"]
["EMULSÕES ASF. MOD. POR POLÍMEROS RM1C-E","2020-04-01","***","***","***","***","***","***"]
["EMULSÕES ASF. MOD. POR POLÍMEROS RM1C-E","2020-05-01","***","***","***","***","***","***"]
["EMULSÕES ASF. MOD. POR POLÍMEROS RM1C-E","2020-06-01","***","***","***","***","***","***"]
["EMULSÕES ASF. MOD. POR POLÍMEROS RM1C-E","2020-07-01","***","***","***","***","***","***"]
["EMULSÕES ASF. MOD. POR POLÍMEROS RM1C-E","2020-08-01","***","***","***","***","***","***"]
["EMULSÕES ASF. MOD. POR POLÍMEROS RM1C-E","2020-09-01","***","***","***","***","***","***"]
["EMULSÕES ASF. MOD. POR POLÍMEROS RM1C-E","2020-10-01","***","***","***","***","***","***"]
["EMULSÕES ASF. MOD. POR POLÍMEROS RM1C-E","2020-11-01","***","***","***","***","***","***"]
["EMULSÕES ASF. MOD. POR POLÍMEROS RM1C-E","2020-12-01","***","***","***","***","***","***"]
["EMULSÕES ASF. MOD. POR POLÍMEROS RM1C-E","2021-01-01","***","***","***","***","***","***"]
["EMULSÕES ASF. MOD. POR POLÍMEROS RM1C-E","2021-02-01","***","***","***","***","***","***"]
["EMULSÕES ASF. MOD. POR POLÍMEROS RM1C-E","2021-03-01","***","***","***","***","***","***"]
["EMULSÕES ASF. MOD. POR POLÍMEROS RM1C-E","2021-04-01","***","***","***","***","***","***"]
["EMULSÕES ASF. MOD. POR POLÍMEROS RM1C-E","2021-05-01","***","***","***","***","***","***"]
["EMULSÕES ASF. MOD. POR POLÍMEROS RM1C-E","2021-06-01","***","***","***","***","***","***"]
["EMULSÕES ASF. MOD. POR POLÍMEROS RM1C-E","2021-07-01","***","***","***","***","***","***"]
["EMULSÕES ASF. MOD. POR POLÍMEROS RM1C-E","2021-08-01","***","***","***","***","***","***"]
["EMULSÕES ASF. MOD. POR POLÍMEROS RM1C-E","2021-09-01","***","***","***","***","***","***"]
["EMULSÕES ASF. MOD. POR POLÍMEROS RM1C-E","2021-10-01","***","***","***","***","***","***"]
["EMULSÕES ASF. MOD. POR POLÍMEROS RM1C-E","2021-11-01","***","***","***","***","***","***"]
["EMULSÕES ASF. MOD. POR POLÍMEROS RM1C-E","2021-12-01","***","***","***","***","***","***"]
["EMULSÕES ASF. MOD. POR POLÍMEROS RM1C-E","2022-01-01","***","***","***","***","***","***"]
["EMULSÕES ASF. MOD. POR POLÍMEROS RM1C-E","2022-02-01","***","***","***","***","***","***"]
["EMULSÕES ASF. MOD. POR POLÍMEROS RM1C-E","2022-03-01","***","***","***","***","***","***"]
["EMULSÕES ASF. MOD. POR POLÍMEROS RM1C-E","2022-04-01","***","***","***","***","***","***"]
["EMULSÕES ASF. MOD. POR POLÍMEROS RM1C-E","2022-05-01","***","***","***","***","***","***"]
["EMULSÕES ASF. MOD. POR POLÍMEROS RM1C-E","2022-06-01","***","***","***","***","***","***"]
["EMULSÕES ASF. MOD. POR POLÍMEROS RM1C-E","2022-07-01","***","***","***","***","***","***"]
["EMULSÕES ASF. MOD. POR POLÍMEROS RM1C-E","2022-08-01","***","***","***","***","***","***"]
["EMULSÕES ASF. MOD. POR POLÍMEROS RM1C-E","2022-09-01","***","***","***","***","***","***"]
["EMULSÕES ASF. MOD. POR POLÍMEROS RM1C-E","2022-10-01","***","***","***","***","***","***"]
["EMULSÕES ASF. MOD. POR POLÍMEROS RM1C-E","2022-11-01","***","***","***","***","***","***"]
["EMULSÕES ASF. MOD. POR POLÍMEROS RM1C-E","2022-12-01","***","***","***","***","***","***"]
["EMULSÕES ASF. MOD. POR POLÍMEROS RM1C-E","2023-01-01","***","***","***","***","***","***"]
["EMULSÕES ASF. MOD. POR POLÍMEROS RM1C-E","2023-02-01","***","***","***","***","***","***"]
["EMULSÕES ASF. MOD. POR POLÍMEROS RM1C-E","2023-03-01","***","***","***","***","***","***"]
["EMULSÕES ASF. MOD. POR POLÍMEROS RM1C-E","2023-04-01","***","***","***","***","***","***"]
["EMULSÕES ASF. MOD. POR POLÍMEROS RM1C-E","2023-05-01","***","***","***","***","***","***"]
["EMULSÕES ASF. MOD. POR POLÍMEROS RM1C-E","2023-06-01","***","***","***","***","***","***"]
["EMULSÕES ASF. MOD. POR POLÍMEROS RM1C-E","2023-07-01","***","***","***","***","***","***"]
["EMULSÕES ASF. MOD. POR POLÍMEROS RM1C-E","2023-08-01","***","***","***","***","***","***"]
["EMULSÕES ASF. MOD. POR POLÍMEROS RM1C-E","2023-09-01","***","***","***","***","***","***"]
["EMULSÕES ASF. MOD. POR POLÍMEROS RM1C-E","2023-10-01","***","***","***","***","***","***"]
["EMULSÕES ASF. MOD. POR POLÍMEROS RM1C-E","2023-11-01","***","***","***","***","***","***"]
["EMULSÕES ASF. MOD. POR POLÍMEROS RM1C-E","2023-12-01","***","***","***","***","***","***"]
["EMULSÕES ASF. MOD. POR POLÍMEROS RM1C-E","2024-01-01","***","***","***","***","***","***"]
["EMULSÕES ASF. MOD. POR POLÍMEROS RM1C-E","2024-02-01","***","***","***","***","***","***"]
["EMULSÕES ASF. MOD. POR POLÍMEROS RM1C-E","2024-03-01","***","***","***","***","***","***"]
["EMULSÕES ASF. MOD. POR POLÍMEROS RM1C-E","2024-04-01","***","***","***","***","***","***"]
["EMULSÕES ASF. MOD. POR POLÍMEROS RM1C-E","2024-05-01","***","***","***","***","***","***"]
["EMULSÕES ASF. MOD. POR POLÍMEROS RM1C-E","2024-06-01","***","***","***","***","***","***"]
["EMULSÕES ASF. MOD. POR POLÍMEROS RM1C-E","2024-07-01","***","***","***","***","***","***"]
["EMULSÕES ASF. MOD. POR POLÍMEROS RM1C-E","2024-08-01","***","***","***","***","***","***"]
["EMULSÕES ASF. MOD. POR POLÍMEROS RR1C-E","2009-12-01","***","***","***",0.89054,1.00263146480105,0.932105169031212]
["EMULSÕES ASF. MOD. POR POLÍMEROS RR1C-E","2010-01-01","***","***","***",0.845180389354872,0.95168362907842,0.861495819010873]
["EMULSÕES ASF. MOD. POR POLÍMEROS RR1C-E","2010-02-01","***","***","***",0.852047443443314,0.952776010010726,0.860419789010728]
["EMULSÕES ASF. MOD. POR POLÍMEROS RR1C-E","2010-03-01","***","***","***",0.873858155840017,0.952180943275972,0.885047634873663]
["EMULSÕES ASF. MOD. POR POLÍMEROS RR1C-E","2010-04-01","***","***","***",0.872445718092523,0.9473,0.876900109573073]
["EMULSÕES ASF. MOD. POR POLÍMEROS RR1C-E","2010-05-01","***",1.09575676156584,"***",0.875348097852029,0.9473,0.913885290884972]
["EMULSÕES ASF. MOD. POR POLÍMEROS RR1C-E","2010-06-01","***",1.09592,"***",0.88266,0.950850375575479,0.934255026579374]
["EMULSÕES ASF. MOD. POR POLÍMEROS RR1C-E","2010-07-01","***","***","***",0.851585771563342,0.951326520547945,0.906595401934119]
["EMULSÕES ASF. MOD. POR POLÍMEROS RR1C-E","2010-08-01","***","***","***",0.845344598502453,0.949888680131517,0.900091702127659]
["EMULSÕES ASF. MOD. POR POLÍMEROS RR1C-E","2010-09-01","***","***","***",0.850074865254063,0.905639873861247,0.870629957226183]
["EMULSÕES ASF. MOD. POR POLÍMEROS RR1C-E","2010-10-01","***","***","***",0.871464281397925,0.902623503769256,0.878788379044684]
["EMULSÕES ASF. MOD. POR POLÍMEROS RR1C-E","2010-11-01","***","***","***",0.854163258821875,0.880019975323874,0.86225862095606]
["EMULSÕES ASF. MOD. POR POLÍMEROS RR1C-E","2010-12-01","***","***","***",0.8343,0.9473,0.857756084362426]
["EMULSÕES ASF. MOD. POR POLÍMEROS RR1C-E","2011-01-01","***","***","***","***",0.8412,0.8412]
["EMULSÕES ASF. MOD. POR POLÍMEROS RR1C-E","2011-02-01","***","***","***",0.8343,0.950661150298427,0.882019982198487]
["EMULSÕES ASF. MOD. POR POLÍMEROS RR1C-E","2011-03-01","***","***","***",1.00205,0.871568452380952,0.925354739185751]
["EMULSÕES ASF. MOD. POR POLÍMEROS RR1C-E","2011-04-01","***","***","***",0.8343,0.88671779319245,0.87122056584479]
["EMULSÕES ASF. MOD. POR POLÍMEROS RR1C-E","2011-05-01","***","***","***",0.8343,0.89410409556314,0.844523220536756]
["EMULSÕES ASF. MOD. POR POLÍMEROS RR1C-E","2011-06-01","***","***","***",0.870068250618302,0.858797991391679,0.868906557231588]
["EMULSÕES ASF. MOD. POR POLÍMEROS RR1C-E","2011-07-01","***","***","***",0.893927040393181,0.890302241265656,0.893548828667721]
["EMULSÕES ASF. MOD. POR POLÍMEROS RR1C-E","2011-08-01","***","***","***",0.93508360975964,"***",0.93508360975964]
["EMULSÕES ASF. MOD. POR POLÍMEROS RR1C-E","2011-09-01","***","***","***",0.930063481411197,0.927778400061536,0.928982895414079]
["EMULSÕES ASF. MOD. POR POLÍMEROS RR1C-E","2011-10-01","***","***","***",0.923819797388564,0.846023140495868,0.864483223290598]
["EMULSÕES ASF. MOD. POR POLÍMEROS RR1C-E","2011-11-01","***","***","***",1.00475678881119,1.24382600403883,1.18633192756334]
["EMULSÕES ASF. MOD. POR POLÍMEROS RR1C-E","2011-12-01","***","***","***",1.1453,1.39102592100087,1.33031870549203]
["EMULSÕES ASF. MOD. POR POLÍMEROS RR1C-E","2012-01-01","***","***","***","***",0.94469526951545,0.94469526951545]
["EMULSÕES ASF. MOD. POR POLÍMEROS RR1C-E","2012-02-01","***","***","***",1.14529,0.893238352553542,0.973346473364801]
["EMULSÕES ASF. MOD. POR POLÍMEROS RR1C-E","2012-03-01","***","***","***",0.957259038251366,0.983696624540073,0.980320907061122]
["EMULSÕES ASF. MOD. POR POLÍMEROS RR1C-E","2012-04-01","***","***","***",1.008,0.898318316100443,0.94356693938267]
["EMULSÕES ASF. MOD. POR POLÍMEROS RR1C-E","2012-05-01","***","***","***",0.96094,0.896287938951918,0.906967301837862]
["EMULSÕES ASF. MOD. POR POLÍMEROS RR1C-E","2012-06-01","***","***","***",0.948388855172414,0.941299885648942,0.943377291835085]
["EMULSÕES ASF. MOD. POR POLÍMEROS RR1C-E","2012-07-01","***","***","***",0.95052,1.005357904847,0.991942186603678]
["EMULSÕES ASF. MOD. POR POLÍMEROS RR1C-E","2012-08-01","***","***","***",1.03279746772437,0.975595059565522,1.00589532174343]
["EMULSÕES ASF. MOD. POR POLÍMEROS RR1C-E","2012-09-01","***","***","***",1.0316,1.0448996276421,1.04206345855592]
["EMULSÕES ASF. MOD. POR POLÍMEROS RR1C-E","2012-10-01","***","***","***",0.9197,1.0516,0.935914169533938]
["EMULSÕES ASF. MOD. POR POLÍMEROS RR1C-E","2012-11-01","***","***","***","***",1.24841985161761,1.24841985161761]
["EMULSÕES ASF. MOD. POR POLÍMEROS RR1C-E","2012-12-01","***","***","***","***",1.32972010417436,1.32972010417436]
["EMULSÕES ASF. MOD. POR POLÍMEROS RR1C-E","2013-01-01","***","***","***","***",1.32494744703143,1.32494744703143]
["EMULSÕES ASF. MOD. POR POLÍMEROS RR1C-E","2013-02-01","***","***","***",0.9189,1.29619476158785,1.26202223689832]
["EMULSÕES ASF. MOD. POR POLÍMEROS RR1C-E","2013-03-01","***","***","***",0.9675,1.27853436819688,1.23200349795895]
["EMULSÕES ASF. MOD. POR POLÍMEROS RR1C-E","2013-04-01","***","***","***",1.0285,1.37729340166534,1.3750945464933]
["EMULSÕES ASF. MOD. POR POLÍMEROS RR1C-E","2013-05-01","***","***","***","***",1.22225353876974,1.22225353876974]
["EMULSÕES ASF. MOD. POR POLÍMEROS RR1C-E","2013-06-01","***","***","***",0.9864,1.3493719925752,1.28164048376163]
["EMULSÕES ASF. MOD. POR POLÍMEROS RR1C-E","2013-07-01","***","***","***",1.08819360946746,1.35665831127421,1.31512710587876]
["EMULSÕES ASF. MOD. POR POLÍMEROS RR1C-E","2013-08-01","***","***","***",1.21477,1.41310418558199,1.39493402084983]
["EMULSÕES ASF. MOD. POR POLÍMEROS RR1C-E","2013-09-01","***","***","***",1.21477,1.33826035155773,1.33341872960441]
["EMULSÕES ASF. MOD. POR POLÍMEROS RR1C-E","2013-10-01","***","***","***",0.9864,1.34986862427868,1.33118132278864]
["EMULSÕES ASF. MOD. POR POLÍMEROS RR1C-E","2013-11-01","***",1.1371,1.1243627332932,"***",1.38902317412284,1.32516475940777]
["EMULSÕES ASF. MOD. POR POLÍMEROS RR1C-E","2013-12-01","***","***","***","***",1.23770269075185,1.23770269075185]
["EMULSÕES ASF. MOD. POR POLÍMEROS RR1C-E","2014-01-01","***","***","***",0.88609,1.49246463343958,1.33940142377471]
["EMULSÕES ASF. MOD. POR POLÍMEROS RR1C-E","2014-02-01","***","***","***",0.912190108218319,1.34500235943221,1.24012602781895]
["EMULSÕES ASF. MOD. POR POLÍMEROS RR1C-E","2014-03-01","***","***","***",0.88609,1.2881413866028,1.1952639477242]
["EMULSÕES ASF. MOD. POR POLÍMEROS RR1C-E","2014-04-01","***",0.698805,"***","***",1.33587744476245,1.19367630324589]
["EMULSÕES ASF. MOD. POR POLÍMEROS RR1C-E","2014-05-01","***",0.69883,"***","***",1.42744926178934,1.16082164594104]
["EMULSÕES ASF. MOD. POR POLÍMEROS RR1C-E","2014-06-01","***",1.2101,"***",1.02915816267943,1.416564262951,1.29815173997441]
["EMULSÕES ASF. MOD. POR POLÍMEROS RR1C-E","2014-07-01","***","***","***",0.9766,1.40132791421112,1.35966382897127]
["EMULSÕES ASF. MOD. POR POLÍMEROS RR1C-E","2014-08-01","***","***",0.9938,1.0403,1.40648256668649,1.33863852487457]
["EMULSÕES ASF. MOD. POR POLÍMEROS RR1C-E","2014-09-01","***","***",1.0986,"***",1.27278097750317,1.16250550627761]
["EMULSÕES ASF. MOD. POR POLÍMEROS RR1C-E","2014-10-01","***",1.0541,1.25080472560976,"***",1.14226390982503,1.18570190338237]
["EMULSÕES ASF. MOD. POR POLÍMEROS RR1C-E","2014-11-01","***","***",1.29,1.0287,1.19974499519877,1.2493924208762]
["EMULSÕES ASF. MOD. POR POLÍMEROS RR1C-E","2014-12-01","***","***","***",1.09157032372281,1.37933,1.22573075598034]
["EMULSÕES ASF. MOD. POR POLÍMEROS RR1C-E","2015-01-01","***","***","***","***",1.35668062611807,1.35668062611807]
["EMULSÕES ASF. MOD. POR POLÍMEROS RR1C-E","2015-02-01","***",0.841895,"***",1.16678,1.35807972391203,1.09272766182187]
["EMULSÕES ASF. MOD. POR POLÍMEROS RR1C-E","2015-03-01","***",0.84174,"***",1.0744,1.34924192512821,1.15503825921009]
["EMULSÕES ASF. MOD. POR POLÍMEROS RR1C-E","2015-04-01","***","***","***",1.13228990484071,1.27657270145918,1.24178304469274]
["EMULSÕES ASF. MOD. POR POLÍMEROS RR1C-E","2015-05-01","***","***","***",1.49101999104873,1.37933,1.47856932682213]
["EMULSÕES ASF. MOD. POR POLÍMEROS RR1C-E","2015-06-01","***","***","***",1.51119538275706,1.25865586956522,1.37595506276737]
["EMULSÕES ASF. MOD. POR POLÍMEROS RR1C-E","2015-07-01","***","***","***","***",1.37933,1.37933]
["EMULSÕES ASF. MOD. POR POLÍMEROS RR1C-E","2015-08-01","***","***","***",1.34669774680145,1.23388506063782,1.30774030246626]
["EMULSÕES ASF. MOD. POR POLÍMEROS RR1C-E","2015-09-01","***",0.87291,"***",1.21484,1.37933,1.14993961914565]
["EMULSÕES ASF. MOD. POR POLÍMEROS RR1C-E","2015-10-01","***","***","***",1.20487830216904,1.37933,1.32867918890747]
["EMULSÕES ASF. MOD. POR POLÍMEROS RR1C-E","2015-11-01","***","***","***",1.29250687550201,1.36981,1.31590994959597]
["EMULSÕES ASF. MOD. POR POLÍMEROS RR1C-E","2015-12-01","***","***","***","***",1.36981,1.36981]
["EMULSÕES ASF. MOD. POR POLÍMEROS RR1C-E","2016-01-01","***","***","***","***",1.36981,1.36981]
["EMULSÕES ASF. MOD. POR POLÍMEROS RR1C-E","2016-02-01","***","***","***",1.18509,"***",1.18509]
["EMULSÕES ASF. MOD. POR POLÍMEROS RR1C-E","2016-03-01","***","***","***","***",1.32139448868967,1.32139448868967]
["EMULSÕES ASF. MOD. POR POLÍMEROS RR1C-E","2016-04-01","***","***","***","***","***","***"]
["EMULSÕES ASF. MOD. POR POLÍMEROS RR1C-E","2016-05-01","***","***","***","***",1.56540280073925,1.56540280073925]
["EMULSÕES ASF. MOD. POR POLÍMEROS RR1C-E","2016-06-01","***",1.54296,"***","***",1.79955323284063,1.78660946637021]
["EMULSÕES ASF. MOD. POR POLÍMEROS RR1C-E","2016-07-01","***",1.55052,"***","***",1.64696923126615,1.63687700441687]
["EMULSÕES ASF. MOD. POR POLÍMEROS RR1C-E","2016-08-01","***",1.54278,1.83039,"***",1.47332032447735,1.61383183461188]
["EMULSÕES ASF. MOD. POR POLÍMEROS RR1C-E","2016-09-01","***","***",1.64716044526902,1.41774542265872,1.5427672301444,1.55839437570469]
["EMULSÕES ASF. MOD. POR POLÍMEROS RR1C-E","2016-10-01","***","***","***",1.40197,1.37747172037436,1.38131396826091]
["EMULSÕES ASF. MOD. POR POLÍMEROS RR1C-E","2016-11-01","***","***","***","***",1.46079,1.46079]
["EMULSÕES ASF. MOD. POR POLÍMEROS RR1C-E","2016-12-01","***","***","***",1.21747,1.3529652635739,1.34235739071957]
["EMULSÕES ASF. MOD. POR POLÍMEROS RR1C-E","2017-01-01","***","***","***","***",1.42283017413645,1.42283017413645]
["EMULSÕES ASF. MOD. POR POLÍMEROS RR1C-E","2017-02-01","***","***","***","***",1.42394870321414,1.42394870321414]
["EMULSÕES ASF. MOD. POR POLÍMEROS RR1C-E","2017-03-01","***","***","***","***",1.46079,1.46079]
["EMULSÕES ASF. MOD. POR POLÍMEROS RR1C-E","2017-04-01","***","***","***",1.0603,1.46278935917722,1.31551182814963]
["EMULSÕES ASF. MOD. POR POLÍMEROS RR1C-E","2017-05-01","***","***","***","***",1.46079,1.46079]
["EMULSÕES ASF. MOD. POR POLÍMEROS RR1C-E","2017-06-01","***","***","***","***",1.39587246876791,1.39587246876791]
["EMULSÕES ASF. MOD. POR POLÍMEROS RR1C-E","2017-07-01","***","***",1.2437,"***",1.43036919896641,1.40428205663477]
["EMULSÕES ASF. MOD. POR POLÍMEROS RR1C-E","2017-08-01","***","***","***",1.3461,1.34159859930155,1.34204803184583]
["EMULSÕES ASF. MOD. POR POLÍMEROS RR1C-E","2017-09-01","***","***",1.1777,1.22024363904081,1.31677839829303,1.2706298457512]
["EMULSÕES ASF. MOD. POR POLÍMEROS RR1C-E","2017-10-01","***","***","***","***",1.31097941919581,1.31097941919581]
["EMULSÕES ASF. MOD. POR POLÍMEROS RR1C-E","2017-11-01","***","***","***","***",1.43247677859779,1.43247677859779]
["EMULSÕES ASF. MOD. POR POLÍMEROS RR1C-E","2017-12-01","***","***","***",1.15527,1.43904558971268,1.37846075695322]
["EMULSÕES ASF. MOD. POR POLÍMEROS RR1C-E","2018-01-01","***","***","***","***",1.46035548179441,1.46035548179441]
["EMULSÕES ASF. MOD. POR POLÍMEROS RR1C-E","2018-02-01","***","***","***","***",1.45858301513503,1.45858301513503]
["EMULSÕES ASF. MOD. POR POLÍMEROS RR1C-E","2018-03-01","***","***","***",1.20670753013279,1.45859568916619,1.3936979293647]
["EMULSÕES ASF. MOD. POR POLÍMEROS RR1C-E","2018-04-01","***","***","***",1.17615427090779,1.46177487446648,1.4191071516284]
["EMULSÕES ASF. MOD. POR POLÍMEROS RR1C-E","2018-05-01","***","***",1.49484,1.29083181008902,1.47155713882817,1.45971383284968]
["EMULSÕES ASF. MOD. POR POLÍMEROS RR1C-E","2018-06-01","***",1.57789,"***",1.63083,1.59135851344899,1.59718731228669]
["EMULSÕES ASF. MOD. POR POLÍMEROS RR1C-E","2018-07-01","***",1.57789,"***",1.60814630637079,1.60203993659739,1.60460845176524]
["EMULSÕES ASF. MOD. POR POLÍMEROS RR1C-E","2018-08-01","***","***","***",1.67423136748986,1.63692560781001,1.64449784527907]
["EMULSÕES ASF. MOD. POR POLÍMEROS RR1C-E","2018-09-01","***","***",2.23417,1.87845081300813,1.46924,1.81230220411664]
["EMULSÕES ASF. MOD. POR POLÍMEROS RR1C-E","2018-10-01","***","***",2.23417,1.84893471576689,1.46924,1.9321701432588]
["EMULSÕES ASF. MOD. POR POLÍMEROS RR1C-E","2018-11-01","***","***","***","***","***","***"]
["EMULSÕES ASF. MOD. POR POLÍMEROS RR1C-E","2018-12-01","***","***","***","***",2.2082,2.2082]
["EMULSÕES ASF. MOD. POR POLÍMEROS RR1C-E","2019-01-01","***","***","***","***",2.39437,2.39437]
["EMULSÕES ASF. MOD. POR POLÍMEROS RR1C-E","2019-02-01","***","***",2.46007,"***",2.53078,2.4793220260408]
["EMULSÕES ASF. MOD. POR POLÍMEROS RR1C-E","2019-03-01","***","***","***",2.22812,"***",2.22812]
["EMULSÕES ASF. MOD. POR POLÍMEROS RR1C-E","2019-04-01","***","***",2.46007,"***","***",2.46007]
["EMULSÕES ASF. MOD. POR POLÍMEROS RR1C-E","2019-05-01","***",2.2618,2.64752461472967,"***",2.19011,2.46395148231875]
["EMULSÕES ASF. MOD. POR POLÍMEROS RR1C-E","2019-06-01","***",2.26182,2.64662,"***",2.23957,2.40876671561051]
["EMULSÕES ASF. MOD. POR POLÍMEROS RR1C-E","2019-07-01","***",2.32245321185046,2.69223242639824,"***",2.19046,2.56936753991253]
["EMULSÕES ASF. MOD. POR POLÍMEROS RR1C-E","2019-08-01","***",2.12897,2.63241,2.1677650925181,2.17353842886042,2.380461286945]
["EMULSÕES ASF. MOD. POR POLÍMEROS RR1C-E","2019-09-01","***",2.12898,2.57955,2.10329,"***",2.37510693150237]
["EMULSÕES ASF. MOD. POR POLÍMEROS RR1C-E","2019-10-01","***","***","***",2.11162794858203,"***",2.11162794858203]
["EMULSÕES ASF. MOD. POR POLÍMEROS RR1C-E","2019-11-01","***","***","***",2.24216,2.20776490725126,2.21824314962477]
["EMULSÕES ASF. MOD. POR POLÍMEROS RR1C-E","2019-12-01","***","***","***",2.04936,2.23848,2.13766428969359]
["EMULSÕES ASF. MOD. POR POLÍMEROS RR1C-E","2020-01-01","***","***","***",2.24218,"***",2.24218]
["EMULSÕES ASF. MOD. POR POLÍMEROS RR1C-E","2020-02-01","***","***","***",2.1088,"***",2.1088]
["EMULSÕES ASF. MOD. POR POLÍMEROS RR1C-E","2020-03-01","***","***","***",2.10854,"***",2.10854]
["EMULSÕES ASF. MOD. POR POLÍMEROS RR1C-E","2020-04-01","***","***","***","***","***","***"]
["EMULSÕES ASF. MOD. POR POLÍMEROS RR1C-E","2020-05-01","***","***","***","***","***","***"]
["EMULSÕES ASF. MOD. POR POLÍMEROS RR1C-E","2020-06-01","***","***","***",2.382,2.18609,2.28166953351297]
["EMULSÕES ASF. MOD. POR POLÍMEROS RR1C-E","2020-07-01","***",1.85456,"***","***","***",1.85456]
["EMULSÕES ASF. MOD. POR POLÍMEROS RR1C-E","2020-08-01","***",1.98056,"***",2.0933593915212,2.25333015752864,2.17547378224367]
["EMULSÕES ASF. MOD. POR POLÍMEROS RR1C-E","2020-09-01","***",1.98056,"***","***",1.22307861324078,1.35316332139103]
["EMULSÕES ASF. MOD. POR POLÍMEROS RR1C-E","2020-10-01","***",2.1169909623431,"***","***",2.08819,2.10758624796792]
["EMULSÕES ASF. MOD. POR POLÍMEROS RR1C-E","2020-11-01","***",2.016,"***","***",2.27053,2.13813270006301]
["EMULSÕES ASF. MOD. POR POLÍMEROS RR1C-E","2020-12-01","***","***","***","***","***","***"]
["EMULSÕES ASF. MOD. POR POLÍMEROS RR1C-E","2021-01-01","***",2.016,"***","***",2.23975,2.12073871442591]
["EMULSÕES ASF. MOD. POR POLÍMEROS RR1C-E","2021-02-01","***","***","***","***",2.45947,2.45947]
["EMULSÕES ASF. MOD. POR POLÍMEROS RR1C-E","2021-03-01","***","***","***","***",2.44671506470588,2.44671506470588]
["EMULSÕES ASF. MOD. POR POLÍMEROS RR1C-E","2021-04-01","***",2.6312,"***","***",2.48431898840646,2.52374455845668]
["EMULSÕES ASF. MOD. POR POLÍMEROS RR1C-E","2021-05-01","***","***","***","***",3.02549846262674,3.02549846262674]
["EMULSÕES ASF. MOD. POR POLÍMEROS RR1C-E","2021-06-01","***",3.0932,"***","***",2.83136572227706,2.96015964387226]
["EMULSÕES ASF. MOD. POR POLÍMEROS RR1C-E","2021-07-01","***","***","***",2.7347,3.0211,2.90556954417104]
["EMULSÕES ASF. MOD. POR POLÍMEROS RR1C-E","2021-08-01","***",2.98025,"***",2.75546,3.24985446366782,3.1036280487487]
["EMULSÕES ASF. MOD. POR POLÍMEROS RR1C-E","2021-09-01","***","***","***",3.0580465818547,3.2546389,3.12376721417428]
["EMULSÕES ASF. MOD. POR POLÍMEROS RR1C-E","2021-10-01","***",3.02794,"***",3.33718815571776,3.32232936910377,3.28224409900808]
["EMULSÕES ASF. MOD. POR POLÍMEROS RR1C-E","2021-11-01","***","***","***",3.13081315789474,3.71979568472307,3.47853083363277]
["EMULSÕES ASF. MOD. POR POLÍMEROS RR1C-E","2021-12-01","***",3.31688,"***",3.3643,3.66351677553857,3.48484076622361]
["EMULSÕES ASF. MOD. POR POLÍMEROS RR1C-E","2022-01-01","***","***","***","***",3.69226306741573,3.69226306741573]
["EMULSÕES ASF. MOD. POR POLÍMEROS RR1C-E","2022-02-01","***","***","***","***",3.94748,3.94748]
["EMULSÕES ASF. MOD. POR POLÍMEROS RR1C-E","2022-03-01","***","***","***","***",3.88111362508164,3.88111362508164]
["EMULSÕES ASF. MOD. POR POLÍMEROS RR1C-E","2022-04-01","***","***","***","***",3.90678,3.90678]
["EMULSÕES ASF. MOD. POR POLÍMEROS RR1C-E","2022-05-01","***",3.56093,"***","***",3.78036588791137,3.71135410989502]
["EMULSÕES ASF. MOD. POR POLÍMEROS RR1C-E","2022-06-01","***","***","***","***",3.77052,3.77052]
["EMULSÕES ASF. MOD. POR POLÍMEROS RR1C-E","2022-07-01","***",3.59509,"***","***",3.53052977261886,3.54236707180886]
["EMULSÕES ASF. MOD. POR POLÍMEROS RR1C-E","2022-08-01","***",3.78295,"***","***",3.29682,3.56159483362522]
["EMULSÕES ASF. MOD. POR POLÍMEROS RR1C-E","2022-09-01","***",3.7488,"***","***",3.20791,3.67529804291287]
["EMULSÕES ASF. MOD. POR POLÍMEROS RR1C-E","2022-10-01","***",3.18937,"***","***",2.92417953024453,3.06176325282551]
["EMULSÕES ASF. MOD. POR POLÍMEROS RR1C-E","2022-11-01","***","***","***","***",3.28381701993704,3.28381701993704]
["EMULSÕES ASF. MOD. POR POLÍMEROS RR1C-E","2022-12-01","***","***","***","***",2.98804,2.98804]
["EMULSÕES ASF. MOD. POR POLÍMEROS RR1C-E","2023-01-01","***",3.03187,"***","***",3.35196,3.17798478081321]
["EMULSÕES ASF. MOD. POR POLÍMEROS RR1C-E","2023-02-01","***","***","***","***",2.77011,2.77011]
["EMULSÕES ASF. MOD. POR POLÍMEROS RR1C-E","2023-03-01","***",2.96744,"***","***","***",2.96744]
["EMULSÕES ASF. MOD. POR POLÍMEROS RR1C-E","2023-04-01","***","***","***","***","***","***"]
["EMULSÕES ASF. MOD. POR POLÍMEROS RR1C-E","2023-05-01","***","***","***","***",3.41154807631161,3.41154807631161]
["EMULSÕES ASF. MOD. POR POLÍMEROS RR1C-E","2023-06-01","***","***","***","***","***","***"]
["EMULSÕES ASF. MOD. POR POLÍMEROS RR1C-E","2023-07-01","***","***","***",5.9895,2.43187,2.53076173036831]
["EMULSÕES ASF. MOD. POR POLÍMEROS RR1C-E","2023-08-01","***","***","***",2.4743,1.83616373639661,2.24692443343386]
["EMULSÕES ASF. MOD. POR POLÍMEROS RR1C-E","2023-09-01","***",2.82800686707115,3.5404,2.57392,2.72667,2.9644456129157]
["EMULSÕES ASF. MOD. POR POLÍMEROS RR1C-E","2023-10-01","***",3.14969,3.5404,2.32484,2.72667,3.17152303836006]
["EMULSÕES ASF. MOD. POR POLÍMEROS RR1C-E","2023-11-01","***","***",3.5937,"***","***",3.5937]
["EMULSÕES ASF. MOD. POR POLÍMEROS RR1C-E","2023-12-01","***","***",3.69353,"***",2.75077,3.41872922933499]
["EMULSÕES ASF. MOD. POR POLÍMEROS RR1C-E","2024-01-01","***","***",3.48298,2.39566,2.71161,2.96430516872703]
["EMULSÕES ASF. MOD. POR POLÍMEROS RR1C-E","2024-02-01","***","***",3.38498,"***",2.7116,3.34527661069895]
["EMULSÕES ASF. MOD. POR POLÍMEROS RR1C-E","2024-03-01","***","***","***",2.39566,2.87664285060477,2.75286479242535]
["EMULSÕES ASF. MOD. POR POLÍMEROS RR1C-E","2024-04-01","***",2.61204,"***",2.39566,2.97343,2.76205485376478]
["EMULSÕES ASF. MOD. POR POLÍMEROS RR1C-E","2024-05-01","***",2.62848631363636,"***",2.82703,"***",2.67293011995061]
["EMULSÕES ASF. MOD. POR POLÍMEROS RR1C-E","2024-06-01","***","***","***","***","***","***"]
["EMULSÕES ASF. MOD. POR POLÍMEROS RR1C-E","2024-07-01","***","***","***","***",2.87731236706056,2.87731236706056]
["EMULSÕES ASF. MOD. POR POLÍMEROS RR1C-E","2024-08-01","***",3.35245,3.64688419538307,"***",3.07576358339149,3.36623292814182]
["EMULSÕES ASF. MOD. POR POLÍMEROS RR2C-E","2009-12-01","***",0.91073,1.34820151245769,0.974633841432809,1.06489680804134,1.12515292386741]
["EMULSÕES ASF. MOD. POR POLÍMEROS RR2C-E","2010-01-01","***",0.96935524435724,1.38445623717871,0.993606149727781,1.14593632484611,1.06055453624134]
["EMULSÕES ASF. MOD. POR POLÍMEROS RR2C-E","2010-02-01","***",0.973877346138938,1.32946540885678,1.01919737877351,1.02890618015538,1.0252560058557]
["EMULSÕES ASF. MOD. POR POLÍMEROS RR2C-E","2010-03-01","***",0.985389615578973,1.35631769821074,0.983133857798479,1.03311165104263,1.02112077417172]
["EMULSÕES ASF. MOD. POR POLÍMEROS RR2C-E","2010-04-01","***",1.02592161509625,1.3631129408164,1.00634515279803,1.03756864608522,1.05553315961855]
["EMULSÕES ASF. MOD. POR POLÍMEROS RR2C-E","2010-05-01","***",1.0057743738572,1.37784426035189,1.01964852591377,1.01097972764149,1.11817223033748]
["EMULSÕES ASF. MOD. POR POLÍMEROS RR2C-E","2010-06-01","***",1.00226669211859,1.28769818188513,0.998320967726137,1.04243177714024,1.0345939802202]
["EMULSÕES ASF. MOD. POR POLÍMEROS RR2C-E","2010-07-01","***",1.02649993394164,1.32132107613564,0.993703846627792,1.16463606622517,1.03894202777032]
["EMULSÕES ASF. MOD. POR POLÍMEROS RR2C-E","2010-08-01","***",1.03691857829199,1.43767471335482,0.952227525542531,1.07481699511949,1.08244248270871]
["EMULSÕES ASF. MOD. POR POLÍMEROS RR2C-E","2010-09-01","***",0.975216828522271,1.28445658086367,0.902864338574439,1.13726632723976,1.06566198400783]
["EMULSÕES ASF. MOD. POR POLÍMEROS RR2C-E","2010-10-01","***",1.0427381205244,1.20492906525026,0.96586368129465,1.00853140376266,1.03290833119989]
["EMULSÕES ASF. MOD. POR POLÍMEROS RR2C-E","2010-11-01","***",0.912886633841849,1.17397546730971,0.977261836111763,0.925726418851643,0.9995236315416]
["EMULSÕES ASF. MOD. POR POLÍMEROS RR2C-E","2010-12-01","***",0.913507762874252,1.18600427420629,0.936555541299651,0.96252,0.973458682337891]
["EMULSÕES ASF. MOD. POR POLÍMEROS RR2C-E","2011-01-01","***",0.876990195129566,1.23266016702753,0.918371247920133,0.937618640410035,0.913150016234835]
["EMULSÕES ASF. MOD. POR POLÍMEROS RR2C-E","2011-02-01","***",0.895961646580597,"***",0.903917228548937,0.940780849509497,0.905101983482775]
["EMULSÕES ASF. MOD. POR POLÍMEROS RR2C-E","2011-03-01","***",1.04256030967742,1.14266,0.982635653447224,0.940761749031936,0.981680845829982]
["EMULSÕES ASF. MOD. POR POLÍMEROS RR2C-E","2011-04-01","***",1.01892,"***",0.979333430788018,0.934113208021309,0.95512094993801]
["EMULSÕES ASF. MOD. POR POLÍMEROS RR2C-E","2011-05-01","***","***",1.10367626086108,0.958442699731689,0.928708964738538,0.960620160960505]
["EMULSÕES ASF. MOD. POR POLÍMEROS RR2C-E","2011-06-01","***",0.99434,1.18079705604466,0.924738988811553,0.942704656181539,0.955317578800397]
["EMULSÕES ASF. MOD. POR POLÍMEROS RR2C-E","2011-07-01","***",0.9055,1.15933465190795,0.936901986531986,0.937966028345775,0.94844019907288]
["EMULSÕES ASF. MOD. POR POLÍMEROS RR2C-E","2011-08-01","***",0.921926400573614,1.32784623504748,0.900581976358804,0.929864332603939,0.956171894696503]
["EMULSÕES ASF. MOD. POR POLÍMEROS RR2C-E","2011-09-01","***",1.0189,1.18253326886644,0.920107255013881,0.922080183001419,1.02284307094444]
["EMULSÕES ASF. MOD. POR POLÍMEROS RR2C-E","2011-10-01","***",1.0292,1.02110780983436,0.852782819053813,0.922332708409174,0.958654567521873]
["EMULSÕES ASF. MOD. POR POLÍMEROS RR2C-E","2011-11-01","***",1.01672137589479,1.05720521305045,0.902602095529043,0.922302855345912,1.00279193875196]
["EMULSÕES ASF. MOD. POR POLÍMEROS RR2C-E","2011-12-01","***",0.942541614108537,1.01984424199116,0.945805005230126,1.14067208377776,1.00858327707587]
["EMULSÕES ASF. MOD. POR POLÍMEROS RR2C-E","2012-01-01","***","***","***",0.949948842534504,1.2959912,1.14578075841645]
["EMULSÕES ASF. MOD. POR POLÍMEROS RR2C-E","2012-02-01","***","***",0.98617,1.05966290934769,0.947710542718968,1.00621289115933]
["EMULSÕES ASF. MOD. POR POLÍMEROS RR2C-E","2012-03-01","***",0.914418309038871,1.01605556998249,1.02718621320346,0.902747806670882,0.965438238152093]
["EMULSÕES ASF. MOD. POR POLÍMEROS RR2C-E","2012-04-01","***",0.999757583254302,1.05167816441304,0.99401481316421,0.812717019761439,1.03284833237639]
["EMULSÕES ASF. MOD. POR POLÍMEROS RR2C-E","2012-05-01","***",0.98931,1.06957107169125,1.06614058111928,0.931741037131882,1.06109599135795]
["EMULSÕES ASF. MOD. POR POLÍMEROS RR2C-E","2012-06-01","***",0.975670276196028,1.11839543348543,0.917898387385962,0.971885657341644,1.0730589498781]
["EMULSÕES ASF. MOD. POR POLÍMEROS RR2C-E","2012-07-01","***",0.991428325611661,1.14955980316926,1.00061299885529,0.77495,1.11356416377423]
["EMULSÕES ASF. MOD. POR POLÍMEROS RR2C-E","2012-08-01","***",1.00838464620766,1.17766595241651,0.982613767472163,0.858094123306342,1.1299888137171]
["EMULSÕES ASF. MOD. POR POLÍMEROS RR2C-E","2012-09-01","***",1.01586,1.17263486736501,0.879979145756663,0.77495,1.10520087017957]
["EMULSÕES ASF. MOD. POR POLÍMEROS RR2C-E","2012-10-01","***",1.01586,1.20351878090076,0.881322662742382,0.77495,1.13710206584919]
["EMULSÕES ASF. MOD. POR POLÍMEROS RR2C-E","2012-11-01","***","***",1.20749631723209,0.928979418395251,0.77495,1.12411709728607]
["EMULSÕES ASF. MOD. POR POLÍMEROS RR2C-E","2012-12-01","***",1.03106191543603,1.22447438266451,1.08673971456693,0.77495,1.1109499297331]
["EMULSÕES ASF. MOD. POR POLÍMEROS RR2C-E","2013-01-01","***",1.02070944225034,1.16399,1.01919018172576,0.77495,1.01328542314841]
["EMULSÕES ASF. MOD. POR POLÍMEROS RR2C-E","2013-02-01","***",1.04040810812785,1.16559516853933,1.1213133277832,1.0846,1.0797058632228]
["EMULSÕES ASF. MOD. POR POLÍMEROS RR2C-E","2013-03-01","***",1.04590374080312,1.14576918541854,1.04274257339362,1.086,1.05593346683842]
["EMULSÕES ASF. MOD. POR POLÍMEROS RR2C-E","2013-04-01","***",1.04506150675195,1.17224684677974,1.0734656618705,1.0852,1.09219486894451]
["EMULSÕES ASF. MOD. POR POLÍMEROS RR2C-E","2013-05-01","***",1.01586,1.19568356894412,1.01894302221457,1.0874811502376,1.17252987808056]
["EMULSÕES ASF. MOD. POR POLÍMEROS RR2C-E","2013-06-01","***",1.07077622625682,1.16523654148428,1.13245559362824,"***",1.15685787556058]
["EMULSÕES ASF. MOD. POR POLÍMEROS RR2C-E","2013-07-01","***",1.04657735695957,1.14945112402953,1.37257,0.950274430294906,1.12962856601214]
["EMULSÕES ASF. MOD. POR POLÍMEROS RR2C-E","2013-08-01",1.18942,1.06826110783462,1.23152696699728,1.00746739484801,1.08511826508621,1.16546494845509]
["EMULSÕES ASF. MOD. POR POLÍMEROS RR2C-E","2013-09-01",1.18942,1.14400459068709,1.25286285795771,1.10196236041422,1.08366094826205,1.2098457782847]
["EMULSÕES ASF. MOD. POR POLÍMEROS RR2C-E","2013-10-01",1.18942,1.09185907354364,1.19113882033716,1.09037261922092,1.10264470606645,1.15134423540596]
["EMULSÕES ASF. MOD. POR POLÍMEROS RR2C-E","2013-11-01",1.18942,1.15428960458881,1.22056109934471,1.0669682677895,1.13455709291392,1.17290763541054]
["EMULSÕES ASF. MOD. POR POLÍMEROS RR2C-E","2013-12-01","***",1.2668440149371,1.1935266914066,0.988732969049432,1.12404297362431,1.17480540770388]
["EMULSÕES ASF. MOD. POR POLÍMEROS RR2C-E","2014-01-01","***",1.24735674939787,1.21595705655719,1.06865307272428,1.11659819204274,1.17839264188017]
["EMULSÕES ASF. MOD. POR POLÍMEROS RR2C-E","2014-02-01","***",1.05484719183078,1.2612909159919,1.05745159165576,0.951324675467547,1.10153346991681]
["EMULSÕES ASF. MOD. POR POLÍMEROS RR2C-E","2014-03-01","***",1.05463961025929,1.21073435310413,1.03250296041282,"***",1.10934464780877]
["EMULSÕES ASF. MOD. POR POLÍMEROS RR2C-E","2014-04-01","***",1.05444537272664,1.25951549551993,1.07320316313846,1.11438,1.17114719079658]
["EMULSÕES ASF. MOD. POR POLÍMEROS RR2C-E","2014-05-01","***",1.05723567630411,1.22241312897252,1.0642879506616,1.0906,1.14271005359941]
["EMULSÕES ASF. MOD. POR POLÍMEROS RR2C-E","2014-06-01","***",1.01270707764065,1.23306641202999,1.05697695321792,0.99096,1.14572225623318]
["EMULSÕES ASF. MOD. POR POLÍMEROS RR2C-E","2014-07-01","***",1.06100446062237,1.18772295356231,1.03397767663465,0.963198944763858,1.12962849376859]
["EMULSÕES ASF. MOD. POR POLÍMEROS RR2C-E","2014-08-01","***",1.18506019611534,1.16313488049298,1.10935636894367,1.3945,1.15994344395594]
["EMULSÕES ASF. MOD. POR POLÍMEROS RR2C-E","2014-09-01","***",1.28591736258804,1.22921681924831,1.03940281595469,1.09806864745011,1.20942819937333]
["EMULSÕES ASF. MOD. POR POLÍMEROS RR2C-E","2014-10-01","***",1.20759998882207,1.14075922329472,1.02002841864284,1.00120252306158,1.13194411426699]
["EMULSÕES ASF. MOD. POR POLÍMEROS RR2C-E","2014-11-01","***",1.20974247333757,1.14817825179519,1.08058227624393,1.006739234412,1.15085600820746]
["EMULSÕES ASF. MOD. POR POLÍMEROS RR2C-E","2014-12-01","***",1.42035823042457,1.26562798831475,1.2965096950457,1.10090805760937,1.30432072496471]
["EMULSÕES ASF. MOD. POR POLÍMEROS RR2C-E","2015-01-01","***",1.89,"***",1.36870255895865,"***",1.66583157278953]
["EMULSÕES ASF. MOD. POR POLÍMEROS RR2C-E","2015-02-01","***","***","***",1.32402900719541,1.47478865010074,1.35328307747442]
["EMULSÕES ASF. MOD. POR POLÍMEROS RR2C-E","2015-03-01","***",1.34409933599926,1.5023,1.30771296576647,1.45985,1.34805252973844]
["EMULSÕES ASF. MOD. POR POLÍMEROS RR2C-E","2015-04-01","***",1.7966579515744,1.48243,1.30201359805832,1.16323545454545,1.46137498086536]
["EMULSÕES ASF. MOD. POR POLÍMEROS RR2C-E","2015-05-01","***","***",1.4736734340949,1.34378111299804,1.08666824566312,1.36851698040603]
["EMULSÕES ASF. MOD. POR POLÍMEROS RR2C-E","2015-06-01","***",2.0246,1.42210999809197,1.28506352557127,1.13624136619718,1.34191073602596]
["EMULSÕES ASF. MOD. POR POLÍMEROS RR2C-E","2015-07-01","***",1.30401717051378,1.20502775661376,1.272372728989,1.05270273756033,1.21872245098039]
["EMULSÕES ASF. MOD. POR POLÍMEROS RR2C-E","2015-08-01","***","***",1.43042412342874,1.28778055603344,1.18321465058292,1.31091932352177]
["EMULSÕES ASF. MOD. POR POLÍMEROS RR2C-E","2015-09-01","***","***",1.36816390261778,1.32844102358168,1.16542928997674,1.33515291802577]
["EMULSÕES ASF. MOD. POR POLÍMEROS RR2C-E","2015-10-01","***",1.98,1.53134642309251,1.39280569223887,1.42024,1.58472743882678]
["EMULSÕES ASF. MOD. POR POLÍMEROS RR2C-E","2015-11-01","***",2.12952711770743,1.72365523668221,1.49880033989173,"***",1.82523012521295]
["EMULSÕES ASF. MOD. POR POLÍMEROS RR2C-E","2015-12-01","***",1.96592856043459,1.58577,1.48622042007498,"***",1.65222990308934]
["EMULSÕES ASF. MOD. POR POLÍMEROS RR2C-E","2016-01-01","***","***",2.39249,1.43194902651365,"***",1.71554836943386]
["EMULSÕES ASF. MOD. POR POLÍMEROS RR2C-E","2016-02-01","***","***",2.39087678812416,1.35195872827643,"***",1.44726523181678]
["EMULSÕES ASF. MOD. POR POLÍMEROS RR2C-E","2016-03-01","***",1.53504,1.70774,1.46058299498328,"***",1.4744193261511]
["EMULSÕES ASF. MOD. POR POLÍMEROS RR2C-E","2016-04-01","***",1.75672,1.73264,1.56435570693142,1.69589151139375,1.66041803787462]
["EMULSÕES ASF. MOD. POR POLÍMEROS RR2C-E","2016-05-01","***","***",1.56697512883045,1.53055424464601,1.68325520748917,1.55996064038595]
["EMULSÕES ASF. MOD. POR POLÍMEROS RR2C-E","2016-06-01","***","***",1.7023000640934,1.57525021876315,1.70935,1.64207442321502]
["EMULSÕES ASF. MOD. POR POLÍMEROS RR2C-E","2016-07-01","***",1.53496,1.71265588243731,1.57130380203835,1.70581765369765,1.66966689437073]
["EMULSÕES ASF. MOD. POR POLÍMEROS RR2C-E","2016-08-01","***",1.59553,1.75084246290299,1.62206280543426,1.5319,1.69547040826097]
["EMULSÕES ASF. MOD. POR POLÍMEROS RR2C-E","2016-09-01","***",1.53743655116841,1.62961068440464,1.47052997227784,1.43029349424954,1.54853890534095]
["EMULSÕES ASF. MOD. POR POLÍMEROS RR2C-E","2016-10-01","***",1.46576207519315,1.48073699287558,1.3314506740682,1.40363905728903,1.43978818014511]
["EMULSÕES ASF. MOD. POR POLÍMEROS RR2C-E","2016-11-01","***",1.0907468396414,1.5489556537348,1.3344953175813,1.4941367172158,1.317812769031]
["EMULSÕES ASF. MOD. POR POLÍMEROS RR2C-E","2016-12-01","***",1.15446166355431,1.93118,1.34357892833222,"***",1.33514116720172]
["EMULSÕES ASF. MOD. POR POLÍMEROS RR2C-E","2017-01-01","***",1.15387588235294,"***",1.60086041709502,1.52324811540596,1.39880850437318]
["EMULSÕES ASF. MOD. POR POLÍMEROS RR2C-E","2017-02-01","***",1.4404488072436,1.8829,1.34435762711864,1.52240904228406,1.45823305499799]
["EMULSÕES ASF. MOD. POR POLÍMEROS RR2C-E","2017-03-01","***",1.41589,"***",1.40397150274377,"***",1.41241749723281]
["EMULSÕES ASF. MOD. POR POLÍMEROS RR2C-E","2017-04-01","***",1.42142277843462,1.87245645687204,1.6077348575387,1.49812,1.59392130835998]
["EMULSÕES ASF. MOD. POR POLÍMEROS RR2C-E","2017-05-01","***",1.41589,1.74926851775798,1.35936784271523,1.50347970927318,1.59787308117988]
["EMULSÕES ASF. MOD. POR POLÍMEROS RR2C-E","2017-06-01","***",1.52183504153616,1.73015128056361,1.43253605499439,1.443,1.67992738183905]
["EMULSÕES ASF. MOD. POR POLÍMEROS RR2C-E","2017-07-01","***",1.48312,1.68376317731085,1.33040943574809,1.3904146926834,1.6380343919322]
["EMULSÕES ASF. MOD. POR POLÍMEROS RR2C-E","2017-08-01","***",1.48286,1.47765717730169,1.35922312239594,1.39490249395055,1.46554936367542]
["EMULSÕES ASF. MOD. POR POLÍMEROS RR2C-E","2017-09-01","***",1.49241,1.5819643448285,1.42259146888694,1.38726185778716,1.56378501304106]
["EMULSÕES ASF. MOD. POR POLÍMEROS RR2C-E","2017-10-01","***","***",1.75481397265812,1.53866784542674,1.40283173617775,1.72744726613273]
["EMULSÕES ASF. MOD. POR POLÍMEROS RR2C-E","2017-11-01","***",1.6607,1.80194978026326,2.0248467509831,1.53662944984802,1.77252130365825]
["EMULSÕES ASF. MOD. POR POLÍMEROS RR2C-E","2017-12-01","***",1.71302,1.68721022919825,1.60933067592765,1.51505855724044,1.64909588155135]
["EMULSÕES ASF. MOD. POR POLÍMEROS RR2C-E","2018-01-01","***",1.77052,1.71224806528544,1.65688826949281,1.72309876498467,1.70683114881041]
["EMULSÕES ASF. MOD. POR POLÍMEROS RR2C-E","2018-02-01","***","***",1.62087773034118,1.50174400757298,1.66634590998043,1.59934789083235]
["EMULSÕES ASF. MOD. POR POLÍMEROS RR2C-E","2018-03-01","***",1.73590820451843,1.73020303278068,1.43952873704918,1.59874135458167,1.6489803003636]
["EMULSÕES ASF. MOD. POR POLÍMEROS RR2C-E","2018-04-01","***",1.70850232802386,1.6923075512673,1.57822189392532,1.63567323601602,1.678528469862]
["EMULSÕES ASF. MOD. POR POLÍMEROS RR2C-E","2018-05-01","***",1.77655053343899,1.70779954195635,1.66872544069088,1.68976,1.7256480736373]
["EMULSÕES ASF. MOD. POR POLÍMEROS RR2C-E","2018-06-01","***",1.66904431114442,1.79888806739457,1.68411031997187,1.78476170123137,1.76464549741321]
["EMULSÕES ASF. MOD. POR POLÍMEROS RR2C-E","2018-07-01","***",1.96925,1.84391858624825,1.74411106523469,2.22796,1.84928248828645]
["EMULSÕES ASF. MOD. POR POLÍMEROS RR2C-E","2018-08-01",3.35878,1.96541794751569,2.1854208648985,1.88196230161026,1.97194,2.16598026380806]
["EMULSÕES ASF. MOD. POR POLÍMEROS RR2C-E","2018-09-01",2.4708184259573,2.05653773749041,2.22723925265378,1.85236172916753,1.95032539136227,2.12412477439513]
["EMULSÕES ASF. MOD. POR POLÍMEROS RR2C-E","2018-10-01","***",2.00337700845451,1.77139932968497,1.80221487146662,1.98038,1.87024578191978]
["EMULSÕES ASF. MOD. POR POLÍMEROS RR2C-E","2018-11-01","***",2.13269111969255,2.42162852361302,2.11227503127861,2.25658451496083,2.23885127267865]
["EMULSÕES ASF. MOD. POR POLÍMEROS RR2C-E","2018-12-01",2.33256,2.06972,2.21776,2.12247637462012,2.23010700821653,2.16311273149791]
["EMULSÕES ASF. MOD. POR POLÍMEROS RR2C-E","2019-01-01","***",2.20001,"***",2.1652022601747,2.06439733617475,2.15898212170135]
["EMULSÕES ASF. MOD. POR POLÍMEROS RR2C-E","2019-02-01","***","***","***",2.31853676746703,2.29518976535968,2.31651654573627]
["EMULSÕES ASF. MOD. POR POLÍMEROS RR2C-E","2019-03-01","***",2.47643,"***",2.27349692089728,2.19781874432274,2.30048997780244]
["EMULSÕES ASF. MOD. POR POLÍMEROS RR2C-E","2019-04-01","***",2.48846617939496,2.2523488576845,2.66652325203252,2.25977138496326,2.32993976002486]
["EMULSÕES ASF. MOD. POR POLÍMEROS RR2C-E","2019-05-01","***",2.38249,2.24937383278897,2.5116499121539,2.26413098837209,2.3282346978741]
["EMULSÕES ASF. MOD. POR POLÍMEROS RR2C-E","2019-06-01","***","***",2.74864082501512,2.51234572048141,2.23214782920469,2.59414163208914]
["EMULSÕES ASF. MOD. POR POLÍMEROS RR2C-E","2019-07-01",2.43831,2.74128358471424,2.56181488843043,2.2512048607411,2.26798978303748,2.54573853449558]
["EMULSÕES ASF. MOD. POR POLÍMEROS RR2C-E","2019-08-01",2.34551912676056,2.32273469666667,2.55250095475113,2.31290904708877,"***",2.51274107600274]
["EMULSÕES ASF. MOD. POR POLÍMEROS RR2C-E","2019-09-01",2.32813567501026,2.04405031158142,2.48171955619597,2.3520848983643,2.27291484125246,2.42048833337909]
["EMULSÕES ASF. MOD. POR POLÍMEROS RR2C-E","2019-10-01",2.36248,3.01121725549278,2.35677272676818,2.31918149270711,2.19247031308491,2.47119965814026]
["EMULSÕES ASF. MOD. POR POLÍMEROS RR2C-E","2019-11-01",2.36849,3.3502205157821,2.46767828078651,2.32253405736743,2.23160189156352,2.84222166100543]
["EMULSÕES ASF. MOD. POR POLÍMEROS RR2C-E","2019-12-01",2.36868,3.11514565441718,2.35430154368673,2.33744602401601,2.35432504049547,2.84144807432935]
["EMULSÕES ASF. MOD. POR POLÍMEROS RR2C-E","2020-01-01","***",3.06194134008002,2.4741226465739,2.37008810225086,2.34038164299663,2.6374461712369]
["EMULSÕES ASF. MOD. POR POLÍMEROS RR2C-E","2020-02-01",2.05381,3.27165765407555,2.86533,2.41859,2.1598124990078,2.74774195553041]
["EMULSÕES ASF. MOD. POR POLÍMEROS RR2C-E","2020-03-01",2.10666239646465,"***",2.16964472059606,2.22243733070461,2.08418626261149,2.15079855479108]
["EMULSÕES ASF. MOD. POR POLÍMEROS RR2C-E","2020-04-01",2.03559523028695,"***",2.20159685989549,2.193407610266,2.09502679711906,2.10645162371453]
["EMULSÕES ASF. MOD. POR POLÍMEROS RR2C-E","2020-05-01","***",2.27239,2.29723756171617,2.22096138820102,2.15536955269923,2.23826482571886]
["EMULSÕES ASF. MOD. POR POLÍMEROS RR2C-E","2020-06-01",2.02198710217296,2.15701655429579,2.44131506578168,2.41859,2.50188,2.30281488174737]
["EMULSÕES ASF. MOD. POR POLÍMEROS RR2C-E","2020-07-01",1.97315,2.12162096260829,2.36380283815398,2.21032819776182,1.4994911835206,2.14063878668457]
["EMULSÕES ASF. MOD. POR POLÍMEROS RR2C-E","2020-08-01","***",2.2038424361082,2.59324996895744,2.38490917851501,2.86735,2.51067214214747]
["EMULSÕES ASF. MOD. POR POLÍMEROS RR2C-E","2020-09-01","***",2.19239493453355,2.42736138540333,2.23977670671764,0.28673,2.32266280407981]
["EMULSÕES ASF. MOD. POR POLÍMEROS RR2C-E","2020-10-01","***",2.20756963023829,2.4423051481563,2.30656425141714,2.13413290360273,2.39561522847167]
["EMULSÕES ASF. MOD. POR POLÍMEROS RR2C-E","2020-11-01","***",2.28604103799515,2.82618419505611,2.32374,2.57031,2.65017926291087]
["EMULSÕES ASF. MOD. POR POLÍMEROS RR2C-E","2020-12-01","***",2.33962546788589,2.84619648880419,2.32682,2.41969566878981,2.56070149053785]
["EMULSÕES ASF. MOD. POR POLÍMEROS RR2C-E","2021-01-01","***",2.37674106201443,2.93413155378486,2.21852774789761,2.2601421781055,2.55768645744586]
["EMULSÕES ASF. MOD. POR POLÍMEROS RR2C-E","2021-02-01","***",2.35275,3.12541219895803,2.36950780828695,2.15558,2.8338672706994]
["EMULSÕES ASF. MOD. POR POLÍMEROS RR2C-E","2021-03-01","***",2.76356914049971,2.31666450162262,2.36558544699162,"***",2.50664352017856]
["EMULSÕES ASF. MOD. POR POLÍMEROS RR2C-E","2021-04-01","***",2.328,2.45407955333384,2.37831858893761,2.51523775134464,2.440118374566]
["EMULSÕES ASF. MOD. POR POLÍMEROS RR2C-E","2021-05-01","***",2.8498,2.83106439248316,2.89461665024886,3.06396,2.86799355244213]
["EMULSÕES ASF. MOD. POR POLÍMEROS RR2C-E","2021-06-01","***",2.7936,2.92423365834087,2.80833361448234,3.06374425437281,2.93105655608356]
["EMULSÕES ASF. MOD. POR POLÍMEROS RR2C-E","2021-07-01","***",2.96399,3.12592179321118,2.93580502492937,3.01263690384324,3.08866991079051]
["EMULSÕES ASF. MOD. POR POLÍMEROS RR2C-E","2021-08-01","***",2.89909,3.34233734688474,3.1259175629905,3.08466841363963,3.29620110309828]
["EMULSÕES ASF. MOD. POR POLÍMEROS RR2C-E","2021-09-01","***","***",3.29731983419346,3.08892397325636,3.00643636071223,3.27169678911398]
["EMULSÕES ASF. MOD. POR POLÍMEROS RR2C-E","2021-10-01","***",3.09126,3.28851311347264,2.97914154477397,3.01696318181818,3.22397096621238]
["EMULSÕES ASF. MOD. POR POLÍMEROS RR2C-E","2021-11-01","***",3.38569729428304,3.5025718253273,3.35853444787224,3.29821217584177,3.40178714132877]
["EMULSÕES ASF. MOD. POR POLÍMEROS RR2C-E","2021-12-01","***","***",3.55861736035242,3.53371036586758,3.50154846415094,3.53555166441466]
["EMULSÕES ASF. MOD. POR POLÍMEROS RR2C-E","2022-01-01","***",3.24609,3.769353693606,3.50019014490766,3.86434679350007,3.66745957978899]
["EMULSÕES ASF. MOD. POR POLÍMEROS RR2C-E","2022-02-01","***",3.58571,3.84061832751455,3.84515251330913,4.04221,3.83759451029553]
["EMULSÕES ASF. MOD. POR POLÍMEROS RR2C-E","2022-03-01","***",3.69741532763533,3.74192013873744,3.95566310966916,3.72220242907801,3.86684360592278]
["EMULSÕES ASF. MOD. POR POLÍMEROS RR2C-E","2022-04-01","***",3.85443,4.68569,4.04581812911972,4.12411054468493,4.11414895645587]
["EMULSÕES ASF. MOD. POR POLÍMEROS RR2C-E","2022-05-01",4.00499695700601,4.13137,3.9169645708986,4.15088821765556,3.78097728254848,4.03698372001643]
["EMULSÕES ASF. MOD. POR POLÍMEROS RR2C-E","2022-06-01",3.86550336490171,"***",3.84538747578972,4.02503185700973,3.78307383927492,3.94411591770516]
["EMULSÕES ASF. MOD. POR POLÍMEROS RR2C-E","2022-07-01",3.91668,3.69223,3.9892275891872,3.87330460959616,3.70966227276268,3.88775455304958]
["EMULSÕES ASF. MOD. POR POLÍMEROS RR2C-E","2022-08-01",3.74449,3.77605,4.01897792456642,3.80114836824832,3.47925553730512,3.88908411484807]
["EMULSÕES ASF. MOD. POR POLÍMEROS RR2C-E","2022-09-01","***",4.24180091084275,4.05300006108132,3.70888130921173,3.80632,3.86771181113968]
["EMULSÕES ASF. MOD. POR POLÍMEROS RR2C-E","2022-10-01","***",3.10555115263286,3.26953324819643,3.71257628990461,3.30541168817759,3.56987229481534]
["EMULSÕES ASF. MOD. POR POLÍMEROS RR2C-E","2022-11-01","***",3.59291392046205,3.64006216802069,3.4623746992202,"***",3.51947135742775]
["EMULSÕES ASF. MOD. POR POLÍMEROS RR2C-E","2022-12-01","***",3.25898,3.63035402538459,3.41356615630572,3.45723936553713,3.53894476002888]
["EMULSÕES ASF. MOD. POR POLÍMEROS RR2C-E","2023-01-01","***","***","***",3.36381702757413,3.07933288114499,3.34082653105356]
["EMULSÕES ASF. MOD. POR POLÍMEROS RR2C-E","2023-02-01","***",3.19331,3.10395795503675,3.34833851789432,2.73572809305873,3.19542789098098]
["EMULSÕES ASF. MOD. POR POLÍMEROS RR2C-E","2023-03-01","***",3.64102700041271,3.04467173368649,3.11018826898134,2.8713062160203,3.26106089276503]
["EMULSÕES ASF. MOD. POR POLÍMEROS RR2C-E","2023-04-01","***",3.84639990157959,3.0449708890278,3.01107560562135,3.41074,3.14283928423019]
["EMULSÕES ASF. MOD. POR POLÍMEROS RR2C-E","2023-05-01","***",3.20198941541102,3.21971984727245,2.94781378656448,2.9409981007219,3.06381583696096]
["EMULSÕES ASF. MOD. POR POLÍMEROS RR2C-E","2023-06-01","***",3.21636622229917,3.32188762933403,2.90170376940492,3.15631503851471,3.11029952778372]
["EMULSÕES ASF. MOD. POR POLÍMEROS RR2C-E","2023-07-01","***",3.05644447270007,3.34766165188639,3.0412601153822,2.964,3.15624080641023]
["EMULSÕES ASF. MOD. POR POLÍMEROS RR2C-E","2023-08-01",3.39527,2.93909969561243,3.39405340583319,2.90368250835553,2.57055775599865,3.09719957816965]
["EMULSÕES ASF. MOD. POR POLÍMEROS RR2C-E","2023-09-01",3.79674283248397,3.12654152928533,3.35296046377252,3.00660697043051,3.01877407609838,3.2114826237564]
["EMULSÕES ASF. MOD. POR POLÍMEROS RR2C-E","2023-10-01",3.71894900730337,3.06023518059198,3.46727010070771,3.11359454151404,3.06549655991516,3.29678035198472]
["EMULSÕES ASF. MOD. POR POLÍMEROS RR2C-E","2023-11-01",3.90935702837669,3.14211308589806,3.72030141857152,3.1187153621825,3.02749064491939,3.3906457770229]
["EMULSÕES ASF. MOD. POR POLÍMEROS RR2C-E","2023-12-01",4.099,2.90672920590726,3.68958771616454,3.27159664852255,3.14607222001982,3.21442246456752]
["EMULSÕES ASF. MOD. POR POLÍMEROS RR2C-E","2024-01-01","***",2.75831191724446,3.53550815447832,2.5292139655131,3.12243758389262,2.89908152702613]
["EMULSÕES ASF. MOD. POR POLÍMEROS RR2C-E","2024-02-01","***",2.73941059563988,3.68800481153626,3.01128462352521,"***",3.09480304678493]
["EMULSÕES ASF. MOD. POR POLÍMEROS RR2C-E","2024-03-01","***",3.16030278071419,3.06238091962346,2.92352546453698,"***",2.98653068347269]
["EMULSÕES ASF. MOD. POR POLÍMEROS RR2C-E","2024-04-01","***","***",3.10086400054025,2.93383433899633,"***",2.97290202543042]
["EMULSÕES ASF. MOD. POR POLÍMEROS RR2C-E","2024-05-01","***",2.99751666666667,3.20358281093003,2.80981620429647,2.95867,2.971465595863]
["EMULSÕES ASF. MOD. POR POLÍMEROS RR2C-E","2024-06-01","***",3.02969889102605,3.29798621675693,2.9216926524252,2.95867,3.072155063239]
["EMULSÕES ASF. MOD. POR POLÍMEROS RR2C-E","2024-07-01","***",3.22693253305178,3.72512892609479,3.05172222618398,3.00461,3.3554888484811]
["EMULSÕES ASF. MOD. POR POLÍMEROS RR2C-E","2024-08-01",3.87299033491229,3.63948546622443,3.86668240010214,3.35429476857137,3.12639175660872,3.628547573423]
["EMULSÕES ASFÁLTICAS LA-E","2008-11-01",2.30332214472537,"***","***",0.988242981574539,0.81795,2.09844229946524]
["EMULSÕES ASFÁLTICAS LA-E","2008-12-01","***","***","***",1.09003459190445,"***",1.09003459190445]
["EMULSÕES ASFÁLTICAS LA-E","2009-01-01","***","***","***",1.11491930501931,"***",1.11491930501931]
["EMULSÕES ASFÁLTICAS LA-E","2009-02-01","***","***","***",1.10028944543828,"***",1.10028944543828]
["EMULSÕES ASFÁLTICAS LA-E","2009-03-01","***","***",0.77302888986014,1.22318149281126,"***",0.936734403159417]
["EMULSÕES ASFÁLTICAS LA-E","2009-04-01","***","***","***",1.03260476915271,"***",1.03260476915271]
["EMULSÕES ASFÁLTICAS LA-E","2009-05-01","***","***","***",1.12547834274953,0.67855,0.801132102272727]
["EMULSÕES ASFÁLTICAS LA-E","2009-06-01","***","***","***",1.0738062992126,"***",1.0738062992126]
["EMULSÕES ASFÁLTICAS LA-E","2009-07-01","***","***","***",1.07598393903869,"***",1.07598393903869]
["EMULSÕES ASFÁLTICAS LA-E","2009-08-01","***","***",0.912245678815852,1.0658639088729,"***",0.921806694029851]
["EMULSÕES ASFÁLTICAS LA-E","2009-09-01","***","***",0.92049,1.05387540425532,"***",0.952012093724859]
["EMULSÕES ASFÁLTICAS LA-E","2009-10-01","***","***",0.776956960784314,1.11813195876289,"***",0.852686880244089]
["EMULSÕES ASFÁLTICAS LA-E","2009-11-01","***","***",0.745893944065184,0.956865113065327,"***",0.777359758291175]
["EMULSÕES ASFÁLTICAS LA-E","2009-12-01","***","***","***",0.976669498069498,"***",0.976669498069498]
["EMULSÕES ASFÁLTICAS LA-E","2010-01-01","***","***","***",0.782454916894593,"***",0.782454916894593]
["EMULSÕES ASFÁLTICAS LA-E","2010-02-01","***","***","***",0.788372894228114,"***",0.788372894228114]
["EMULSÕES ASFÁLTICAS LA-E","2010-03-01","***","***","***",1.05175688356164,"***",1.05175688356164]
["EMULSÕES ASFÁLTICAS LA-E","2010-04-01","***","***",0.7459,0.98982251442704,"***",0.82503292591602]
["EMULSÕES ASFÁLTICAS LA-E","2010-05-01","***","***",0.819271766191593,1.00021633245383,0.66248,0.821160738586799]
["EMULSÕES ASFÁLTICAS LA-E","2010-06-01","***","***",0.8164,1.01563386085627,"***",0.865952745769158]
["EMULSÕES ASFÁLTICAS LA-E","2010-07-01","***","***",0.7843,1.03801639370079,"***",0.901215754716981]
["EMULSÕES ASFÁLTICAS LA-E","2010-08-01","***","***",0.783895838587642,0.992161398773006,"***",0.810558803016023]
["EMULSÕES ASFÁLTICAS LA-E","2010-09-01","***","***",0.836529929577465,0.984615058626466,"***",0.880360778383738]
["EMULSÕES ASFÁLTICAS LA-E","2010-10-01","***","***",0.828892480936336,1.0560252293578,"***",0.859311733988635]
["EMULSÕES ASFÁLTICAS LA-E","2010-11-01","***","***",0.7939,1.02634476793249,"***",0.968371607284244]
["EMULSÕES ASFÁLTICAS LA-E","2010-12-01","***","***",0.833223140495868,1.01251367003367,"***",0.940006470588235]
["EMULSÕES ASFÁLTICAS LA-E","2011-01-01","***","***","***",1.01958606760099,"***",1.01958606760099]
["EMULSÕES ASFÁLTICAS LA-E","2011-02-01","***","***","***",1.03965006920415,"***",1.03965006920415]
["EMULSÕES ASFÁLTICAS LA-E","2011-03-01","***","***",0.7815,1.06199159109646,"***",0.887261983214175]
["EMULSÕES ASFÁLTICAS LA-E","2011-04-01","***","***",0.814052215023639,1.02176811345646,"***",0.857624555140446]
["EMULSÕES ASFÁLTICAS LA-E","2011-05-01","***","***",0.798598313615023,0.999492308326463,"***",0.807351974638983]
["EMULSÕES ASFÁLTICAS LA-E","2011-06-01","***","***",0.793226373966942,1.06180315049226,"***",0.811603631989222]
["EMULSÕES ASFÁLTICAS LA-E","2011-07-01","***","***",0.752492484448394,1.21566209302326,"***",0.787548151842291]
["EMULSÕES ASFÁLTICAS LA-E","2011-08-01","***","***",0.780470761933905,1.04870351968504,"***",0.824110987701768]
["EMULSÕES ASFÁLTICAS LA-E","2011-09-01","***","***",0.813387286034707,0.860763488579057,"***",0.826873621009965]
["EMULSÕES ASFÁLTICAS LA-E","2011-10-01","***","***",0.8352,1.05388324159021,"***",0.916599453614115]
["EMULSÕES ASFÁLTICAS LA-E","2011-11-01","***","***",0.756,0.999288994229184,"***",0.785314547531539]
["EMULSÕES ASFÁLTICAS LA-E","2011-12-01","***","***",0.756973440615209,1.1632141015625,"***",0.784580982213963]
["EMULSÕES ASFÁLTICAS LA-E","2012-01-01","***","***","***",1.06304844009043,"***",1.06304844009043]
["EMULSÕES ASFÁLTICAS LA-E","2012-02-01","***","***","***",1.01244990551181,"***",1.01244990551181]
["EMULSÕES ASFÁLTICAS LA-E","2012-03-01","***","***","***",0.92201100658858,"***",0.92201100658858]
["EMULSÕES ASFÁLTICAS LA-E","2012-04-01","***","***",0.826630292269872,0.770335068051576,"***",0.787457010052339]
["EMULSÕES ASFÁLTICAS LA-E","2012-05-01","***","***",0.75284071652238,0.94700099712023,"***",0.792396103696098]
["EMULSÕES ASFÁLTICAS LA-E","2012-06-01","***","***",0.770160131795717,0.922792529817953,0.9184,0.911860027429054]
["EMULSÕES ASFÁLTICAS LA-E","2012-07-01","***","***",0.814292651215376,0.91462042395385,"***",0.890071031883256]
["EMULSÕES ASFÁLTICAS LA-E","2012-08-01","***","***",0.814790966900375,0.957153389566571,0.9184,0.879136823358372]
["EMULSÕES ASFÁLTICAS LA-E","2012-09-01","***","***",0.823460890114218,0.917736740826656,0.9184,0.880994659248244]
["EMULSÕES ASFÁLTICAS LA-E","2012-10-01","***","***",0.80310558347292,0.909577377306635,0.9184,0.859447069654099]
["EMULSÕES ASFÁLTICAS LA-E","2012-11-01","***","***",0.8147,1.10817735199139,0.9184,0.87662869315462]
["EMULSÕES ASFÁLTICAS LA-E","2012-12-01","***","***",0.8147,1.0579856043956,1.00620456084895,0.913542248221833]
["EMULSÕES ASFÁLTICAS LA-E","2013-01-01","***","***","***",1.16656488843813,"***",1.16656488843813]
["EMULSÕES ASFÁLTICAS LA-E","2013-02-01","***","***","***",1.00604597691674,"***",1.00604597691674]
["EMULSÕES ASFÁLTICAS LA-E","2013-03-01","***",0.901,0.80872,1.01506193897012,"***",0.92901406333539]
["EMULSÕES ASFÁLTICAS LA-E","2013-04-01","***",0.901,0.80872,0.910127074889868,"***",0.896726743243243]
["EMULSÕES ASFÁLTICAS LA-E","2013-05-01","***","***",0.867676823779193,0.990406340425532,"***",0.908528716713881]
["EMULSÕES ASFÁLTICAS LA-E","2013-06-01","***","***",0.8397,0.992615744822979,"***",0.935041470220741]
["EMULSÕES ASFÁLTICAS LA-E","2013-07-01","***","***","***",1.46528888888889,0.9184,0.954093893129771]
["EMULSÕES ASFÁLTICAS LA-E","2013-08-01","***","***",0.864475052001261,1.01078014125467,"***",0.927585508960574]
["EMULSÕES ASFÁLTICAS LA-E","2013-09-01","***","***",0.83757890704584,"***","***",0.83757890704584]
["EMULSÕES ASFÁLTICAS LA-E","2013-10-01","***","***",0.82574,1.50782777777778,0.9184,0.881023652380952]
["EMULSÕES ASFÁLTICAS LA-E","2013-11-01","***","***","***",1.4759,"***",1.4759]
["EMULSÕES ASFÁLTICAS LA-E","2013-12-01","***","***","***",1.471302,1.1562,1.16773552601156]
["EMULSÕES ASFÁLTICAS LA-E","2014-01-01","***","***",0.833433367375887,1.469095,1.1562,0.973611512866743]
["EMULSÕES ASFÁLTICAS LA-E","2014-02-01","***","***",0.79853,1.41309761904762,"***",0.910091637852593]
["EMULSÕES ASFÁLTICAS LA-E","2014-03-01","***","***",0.84554,1.46228,"***",0.858065986103688]
["EMULSÕES ASFÁLTICAS LA-E","2014-04-01","***","***","***",0.988825406643757,"***",0.988825406643757]
["EMULSÕES ASFÁLTICAS LA-E","2014-05-01","***","***",1.21,1.06441426163724,"***",1.13643964720195]
["EMULSÕES ASFÁLTICAS LA-E","2014-06-01","***","***",0.859423462929476,1.05613058376117,"***",0.997889899611832]
["EMULSÕES ASFÁLTICAS LA-E","2014-07-01","***","***",0.62122,1.04874448330059,"***",0.891879156716418]
["EMULSÕES ASFÁLTICAS LA-E","2014-08-01","***",1.53,"***",1.00275482538267,"***",1.22509859229976]
["EMULSÕES ASFÁLTICAS LA-E","2014-09-01","***",1.53,0.87406,1.05067602040816,"***",1.12001240006526]
["EMULSÕES ASFÁLTICAS LA-E","2014-10-01","***",1.27,0.691719848484848,1.04992078616352,"***",0.961982318828923]
["EMULSÕES ASFÁLTICAS LA-E","2014-11-01","***",1.27,0.65868,1.5342975,"***",1.08427079411407]
["EMULSÕES ASFÁLTICAS LA-E","2014-12-01","***","***","***",1.68449333333333,"***",1.68449333333333]
["EMULSÕES ASFÁLTICAS LA-E","2015-01-01","***","***","***","***","***","***"]
["EMULSÕES ASFÁLTICAS LA-E","2015-02-01","***","***","***",1.2839,"***",1.2839]
["EMULSÕES ASFÁLTICAS LA-E","2015-03-01","***","***","***","***","***","***"]
["EMULSÕES ASFÁLTICAS LA-E","2015-04-01","***","***","***",1.209,"***",1.209]
["EMULSÕES ASFÁLTICAS LA-E","2015-05-01","***","***","***",1.2312,"***",1.2312]
["EMULSÕES ASFÁLTICAS LA-E","2015-06-01","***",1.97,"***","***","***",1.97]
["EMULSÕES ASFÁLTICAS LA-E","2015-07-01","***","***","***","***","***","***"]
["EMULSÕES ASFÁLTICAS LA-E","2015-08-01","***","***","***",1.1745,"***",1.1745]
["EMULSÕES ASFÁLTICAS RL-1C","2008-11-01",1.13373671937108,0.829097057582182,1.01230722397389,0.768190898911123,0.782951817838677,0.835076779684942]
["EMULSÕES ASFÁLTICAS RL-1C","2008-12-01",1.68164145937942,0.908517080753882,1.05186028597192,0.770489022642082,0.840964748037799,0.880063571647]
["EMULSÕES ASFÁLTICAS RL-1C","2009-01-01",1.77672514866347,0.956704330427371,1.04800849064666,0.774752302768242,0.882064604795102,0.922951301078784]
["EMULSÕES ASFÁLTICAS RL-1C","2009-02-01",1.33590902996019,0.981641538885439,1.0424075602805,0.867298392326636,0.880402020211816,0.928519541034188]
["EMULSÕES ASFÁLTICAS RL-1C","2009-03-01",1.20946427185253,1.08386798118964,1.0157732456476,0.810300836217712,0.900618060001535,0.894259559528786]
["EMULSÕES ASFÁLTICAS RL-1C","2009-04-01",1.22270064882151,1.02902621685279,1.04529534854364,0.794890556084967,0.863279625073488,0.884374065991842]
["EMULSÕES ASFÁLTICAS RL-1C","2009-05-01",1.39934975428634,0.984989917756108,1.0550202309493,0.811912423326096,0.910015090151942,0.912224186987564]
["EMULSÕES ASFÁLTICAS RL-1C","2009-06-01",1.28421219131451,0.899139404191137,1.03973785126532,0.796171487515101,0.89537956942265,0.902677536894644]
["EMULSÕES ASFÁLTICAS RL-1C","2009-07-01",1.41800002378461,0.972098188424762,1.02993060086571,0.816236722021285,0.974332169150457,0.937794300657242]
["EMULSÕES ASFÁLTICAS RL-1C","2009-08-01",1.27075004972324,0.911620334576293,1.03566618241956,0.812387216648498,0.916296571331709,0.914812741826475]
["EMULSÕES ASFÁLTICAS RL-1C","2009-09-01",1.33266498438626,0.871121016962883,1.05583866721755,0.797240307916613,0.873566790640484,0.899000229017171]
["EMULSÕES ASFÁLTICAS RL-1C","2009-10-01",1.44796352333684,0.894920044749805,1.02231843008902,0.819595424814862,0.884765686232387,0.906773083262365]
["EMULSÕES ASFÁLTICAS RL-1C","2009-11-01",1.34721317889318,0.926375729644814,1.02287314903642,0.811241829819464,0.89988311625296,0.911914941723555]
["EMULSÕES ASFÁLTICAS RL-1C","2009-12-01",1.48704614882231,0.931736707938453,1.01031849614568,0.799116532864536,0.856756025507588,0.905245382420294]
["EMULSÕES ASFÁLTICAS RL-1C","2010-01-01",1.5100926910516,0.848615392007232,1.04854594597785,0.84136823476462,0.832602289430705,0.894605498292657]
["EMULSÕES ASFÁLTICAS RL-1C","2010-02-01",1.66710294936977,0.854336760319688,1.03016343865955,0.876493498760009,0.781875841910628,0.89828149929195]
["EMULSÕES ASFÁLTICAS RL-1C","2010-03-01",1.03599524704776,0.779303153768508,1.01999475918452,0.857100191152688,0.793042353255555,0.861893917490436]
["EMULSÕES ASFÁLTICAS RL-1C","2010-04-01",1.12003380697051,0.724101523082804,1.04291075190002,0.824939740021277,0.76740669341215,0.851106329238793]
["EMULSÕES ASFÁLTICAS RL-1C","2010-05-01",1.57726518349693,0.711566824720614,1.02767017262704,0.810829385314252,0.739308956804948,0.830672560805422]
["EMULSÕES ASFÁLTICAS RL-1C","2010-06-01",1.39023311220389,0.707765940762127,0.978604948594701,0.818465157879745,0.75829875901576,0.841192923567141]
["EMULSÕES ASFÁLTICAS RL-1C","2010-07-01",1.44659979859013,0.711601205454438,0.956496883585113,0.807906491366057,0.754015438223368,0.833594543405343]
["EMULSÕES ASFÁLTICAS RL-1C","2010-08-01",1.18412576156948,0.708282432774145,0.940814187681792,0.765871243861871,0.743502045227389,0.792038308551046]
["EMULSÕES ASFÁLTICAS RL-1C","2010-09-01",1.25082746891475,0.716158121257235,0.966652887456841,0.753169632011708,0.755889591003548,0.800826690903726]
["EMULSÕES ASFÁLTICAS RL-1C","2010-10-01",1.20894147679522,0.71790035930402,0.999886809016677,0.776778197044648,0.803407485052761,0.848896976204719]
["EMULSÕES ASFÁLTICAS RL-1C","2010-11-01",1.22307564523381,0.726469044600532,0.983893695948802,0.694495080096415,0.756575610904359,0.801377602620748]
["EMULSÕES ASFÁLTICAS RL-1C","2010-12-01",1.22004429156858,0.722704057326955,0.940263999352832,0.75597660658875,0.763669570125923,0.803258984377428]
["EMULSÕES ASFÁLTICAS RL-1C","2011-01-01",1.01797178364478,0.704759486170897,0.981662220671225,0.771899100094887,0.763832777359683,0.813538636136371]
["EMULSÕES ASFÁLTICAS RL-1C","2011-02-01",1.25206722537142,0.725037514111885,0.93291845035737,0.743835520526455,0.772237216731587,0.794212923707038]
["EMULSÕES ASFÁLTICAS RL-1C","2011-03-01",1.27074826301028,0.721674286751549,0.952483409977163,0.746508649595022,0.736442052257946,0.790742688550539]
["EMULSÕES ASFÁLTICAS RL-1C","2011-04-01",1.35692206213344,0.719444096013694,0.890303966315933,0.745698743664223,0.710827133908748,0.785482596983094]
["EMULSÕES ASFÁLTICAS RL-1C","2011-05-01",1.28779983054925,0.738757970693049,0.908342654500515,0.721252954065537,0.707187025792157,0.772101418382473]
["EMULSÕES ASFÁLTICAS RL-1C","2011-06-01",1.30524685206311,0.768833599558215,0.879869433798717,0.723771780738978,0.719333594044977,0.781459205818437]
["EMULSÕES ASFÁLTICAS RL-1C","2011-07-01",1.25080331533635,0.685717838872074,0.938055333411326,0.730719280027331,0.718115455371145,0.771567685430511]
["EMULSÕES ASFÁLTICAS RL-1C","2011-08-01",1.28803765013011,0.686101123297829,0.91786469656284,0.757205196446605,0.715063138100134,0.804939513214867]
["EMULSÕES ASFÁLTICAS RL-1C","2011-09-01",1.23075914161563,0.70168431233812,0.918965275889175,0.728955896408055,0.714615526073604,0.803822646926425]
["EMULSÕES ASFÁLTICAS RL-1C","2011-10-01",1.19478428789024,0.68709666146581,0.865118996971376,0.729230790702628,0.730222899485507,0.780669391957233]
["EMULSÕES ASFÁLTICAS RL-1C","2011-11-01",1.27995117805927,0.706346618919353,0.835243914904175,0.709492780056519,0.759986149889734,0.774193196194428]
["EMULSÕES ASFÁLTICAS RL-1C","2011-12-01",1.30672537311385,0.681449879499925,0.840607845182958,0.701845928640752,0.726934665461131,0.763948820352924]
["EMULSÕES ASFÁLTICAS RL-1C","2012-01-01",1.19733150402822,0.704139947201224,0.820476026187498,0.730211719060943,0.728913176447225,0.761279426259589]
["EMULSÕES ASFÁLTICAS RL-1C","2012-02-01",1.26167402231286,0.696802945354966,0.832298391620295,0.715482264779975,0.722719140843377,0.749538856661878]
["EMULSÕES ASFÁLTICAS RL-1C","2012-03-01",1.25334953859368,0.691992880384921,0.793737154762822,0.733162722501782,0.727906437429323,0.770278828399403]
["EMULSÕES ASFÁLTICAS RL-1C","2012-04-01",1.31236639408867,0.692024465457416,0.829873995478183,0.742052842761438,0.723468256377279,0.769155462910324]
["EMULSÕES ASFÁLTICAS RL-1C","2012-05-01",1.3024841040115,0.737641728300363,0.845327102931205,0.748453359518694,0.73326877207688,0.784106223906863]
["EMULSÕES ASFÁLTICAS RL-1C","2012-06-01",1.29622961217922,0.724253651088688,0.866809522532723,0.750795484040571,0.771575819473825,0.800175372342095]
["EMULSÕES ASFÁLTICAS RL-1C","2012-07-01",1.47079069668073,0.743615500534303,0.919931543390085,0.753683741465146,0.77175863287701,0.834540543025843]
["EMULSÕES ASFÁLTICAS RL-1C","2012-08-01",1.32727283139542,0.75698993166882,0.888969093140614,0.766184062356425,0.774211265015666,0.82449269471882]
["EMULSÕES ASFÁLTICAS RL-1C","2012-09-01",1.40146466543329,0.764297260689676,0.919012208618435,0.788463148115844,0.769241462207978,0.84483644953704]
["EMULSÕES ASFÁLTICAS RL-1C","2012-10-01",1.29484894945546,0.756549927876669,0.931118317705542,0.837262264520617,0.764634559502342,0.860640747508336]
["EMULSÕES ASFÁLTICAS RL-1C","2012-11-01",1.23518957044228,0.762972307876956,0.956332545904428,0.809180516300926,0.769114955099037,0.85506692776156]
["EMULSÕES ASFÁLTICAS RL-1C","2012-12-01",1.28208615141297,0.776958955574787,0.873721023012643,0.792637637886327,0.80441913576035,0.85157619753572]
["EMULSÕES ASFÁLTICAS RL-1C","2013-01-01",1.23183791119349,0.779731516040288,0.928364170988665,0.852141336548575,0.835676823547471,0.865653226810832]
["EMULSÕES ASFÁLTICAS RL-1C","2013-02-01",1.18724878101289,0.789113403680091,0.81598160853264,0.846185234316017,0.790754900378242,0.838161085167223]
["EMULSÕES ASFÁLTICAS RL-1C","2013-03-01",1.33489219439198,0.756946784430277,0.885565461710842,0.906301046429839,0.791857468634584,0.868835318180655]
["EMULSÕES ASFÁLTICAS RL-1C","2013-04-01",1.33744999446408,0.801693469731211,0.887504549459948,0.864932470521894,0.812792598370073,0.864794943616143]
["EMULSÕES ASFÁLTICAS RL-1C","2013-05-01",1.65321525732252,0.794737287924917,0.836660417845372,0.884761781146987,0.824862760907534,0.862715676826349]
["EMULSÕES ASFÁLTICAS RL-1C","2013-06-01",1.46508602368317,0.782807222201458,0.930396853450204,0.866388863892445,0.819207775404353,0.898241640014605]
["EMULSÕES ASFÁLTICAS RL-1C","2013-07-01",1.48592024496644,0.776412910664478,0.958804156354189,0.896224883970024,0.85351478458978,0.903411658860258]
["EMULSÕES ASFÁLTICAS RL-1C","2013-08-01",1.40037002034534,0.760964659638352,0.880234471588533,0.881852255121703,0.845780990862116,0.882263161710905]
["EMULSÕES ASFÁLTICAS RL-1C","2013-09-01",1.32969096386359,0.758791447501109,0.983580184491258,0.903869850483089,0.835742302463425,0.914601114732945]
["EMULSÕES ASFÁLTICAS RL-1C","2013-10-01",1.42823017620691,0.808817476474331,0.875264756798394,0.891392050108807,0.861562884087369,0.886462852201812]
["EMULSÕES ASFÁLTICAS RL-1C","2013-11-01",1.28380245682958,0.837954600073799,0.941704594741896,0.911335626708019,0.870874160943866,0.917660946474984]
["EMULSÕES ASFÁLTICAS RL-1C","2013-12-01",1.5705007365002,0.840158835681264,1.02623857339896,0.937581846138962,0.906721042354847,0.970416639244429]
["EMULSÕES ASFÁLTICAS RL-1C","2014-01-01",1.34193131524377,0.952418954161104,1.01869059175087,0.95431173340574,0.905277873444486,0.971441622490024]
["EMULSÕES ASFÁLTICAS RL-1C","2014-02-01",1.40074735844175,0.887824749731681,1.01828728099626,0.948949114567548,0.928248085017213,0.966494870319381]
["EMULSÕES ASFÁLTICAS RL-1C","2014-03-01",1.54998553673955,0.847504523215533,1.07605238419432,0.932765282721065,0.972115357824435,0.971477480711395]
["EMULSÕES ASFÁLTICAS RL-1C","2014-04-01",1.46766011781898,0.849942589689341,1.02810821624682,0.928034628851936,1.01939157620265,0.981495327083061]
["EMULSÕES ASFÁLTICAS RL-1C","2014-05-01",1.41191031381709,0.883400027701541,1.04361791995234,0.926234697777712,1.04116571025371,0.998180167274244]
["EMULSÕES ASFÁLTICAS RL-1C","2014-06-01",1.39995144839789,0.826669110882881,1.06217524504392,0.911099708735601,1.00755841631358,0.99891201392836]
["EMULSÕES ASFÁLTICAS RL-1C","2014-07-01",1.43747844821493,0.899978331568817,0.906312093241454,0.917182417574987,0.986447985955445,0.946783518058329]
["EMULSÕES ASFÁLTICAS RL-1C","2014-08-01",1.29861470935584,0.893062886519032,0.819226576851951,0.908113404356267,1.03023070161557,0.902971614940961]
["EMULSÕES ASFÁLTICAS RL-1C","2014-09-01",1.3310051145767,0.926521647881666,1.03779216822926,0.899669698785721,1.00869679479054,0.98201718224524]
["EMULSÕES ASFÁLTICAS RL-1C","2014-10-01",1.45336698422713,0.993125735830327,0.911866142081064,0.914785861487481,1.00624534319275,0.947969032855344]
["EMULSÕES ASFÁLTICAS RL-1C","2014-11-01",1.49987562360331,0.957681638402774,0.899626012094788,0.935694243762886,0.975059761836077,0.946974238690268]
["EMULSÕES ASFÁLTICAS RL-1C","2014-12-01",1.27926781230184,0.997580568822554,1.0135456343857,1.01756415279353,1.08960343899053,1.03903555789217]
["EMULSÕES ASFÁLTICAS RL-1C","2015-01-01",1.3144019456529,1.14087938546806,1.37879275306471,1.04846760696027,1.22323356830322,1.15808446122654]
["EMULSÕES ASFÁLTICAS RL-1C","2015-02-01",1.58040519086372,1.17182138262924,1.3365670389031,1.0380191091321,1.31437848148779,1.16411618696352]
["EMULSÕES ASFÁLTICAS RL-1C","2015-03-01",1.60968655436567,1.16571347243674,1.35001016357675,0.996665240416918,1.25569669479879,1.12587841427755]
["EMULSÕES ASFÁLTICAS RL-1C","2015-04-01",1.57889641852932,1.16510869429084,1.29951861316262,1.00278713807009,1.26313034470806,1.11115977255292]
["EMULSÕES ASFÁLTICAS RL-1C","2015-05-01",1.59880119167761,1.10091294269669,1.31154237137792,0.955985905747785,1.23019836851255,1.09649143681342]
["EMULSÕES ASFÁLTICAS RL-1C","2015-06-01",1.34992275213212,1.23243265823936,1.32154844629507,0.979996448481227,1.25283572629027,1.14998615657133]
["EMULSÕES ASFÁLTICAS RL-1C","2015-07-01",1.37889096403709,1.12018803964038,1.12932164868381,0.853177663858512,1.27350992655763,1.03014060054431]
["EMULSÕES ASFÁLTICAS RL-1C","2015-08-01",1.65692675537259,1.08890209286772,1.29062531053787,0.911264308314988,1.22023664786048,1.08874715598215]
["EMULSÕES ASFÁLTICAS RL-1C","2015-09-01",1.82346007396341,1.0881527826087,1.22892302432646,0.923322070160563,1.1932406101938,1.08904321535017]
["EMULSÕES ASFÁLTICAS RL-1C","2015-10-01",1.62645923148841,1.21624164938164,1.31880672526338,1.08123699855791,1.27755951231248,1.2075484852536]
["EMULSÕES ASFÁLTICAS RL-1C","2015-11-01",1.70315542681521,1.29140477321701,1.42946676213873,1.18281214154806,1.38343058944849,1.32784127133714]
["EMULSÕES ASFÁLTICAS RL-1C","2015-12-01",1.72641248302168,1.29169795024233,1.36476766235443,1.18793783114038,1.29821242935816,1.28973020635575]
["EMULSÕES ASFÁLTICAS RL-1C","2016-01-01",1.73439745346535,1.2428023811006,1.45921869600351,1.24686719932357,1.36008313114139,1.32976360792082]
["EMULSÕES ASFÁLTICAS RL-1C","2016-02-01",1.55734645526942,1.17149254292881,1.55304372779389,1.19824447015805,1.42290703034803,1.32120537848236]
["EMULSÕES ASFÁLTICAS RL-1C","2016-03-01",1.88605144742937,1.5778557660834,1.52568561190482,1.16753186137423,1.44457622119816,1.30447143950484]
["EMULSÕES ASFÁLTICAS RL-1C","2016-04-01",1.64869604860839,1.37763135448518,1.59057258439502,1.27979832669589,1.5042964332163,1.40139993408402]
["EMULSÕES ASFÁLTICAS RL-1C","2016-05-01",1.95734530766529,1.33548593061209,1.59426253699332,1.26799335766919,1.53046781606134,1.40280951715618]
["EMULSÕES ASFÁLTICAS RL-1C","2016-06-01",1.8918994455379,1.36275912764454,1.6663336964921,1.3096060640869,1.50318514452586,1.43829240285289]
["EMULSÕES ASFÁLTICAS RL-1C","2016-07-01",2.00764216122194,1.36697099039883,1.61897309263272,1.34556118516839,1.48320849510062,1.45115443197871]
["EMULSÕES ASFÁLTICAS RL-1C","2016-08-01",1.91433765149087,1.44558780375235,1.65719509034032,1.31892024272018,1.51689540890719,1.47149298526689]
["EMULSÕES ASFÁLTICAS RL-1C","2016-09-01",1.62402828419344,1.30520879054826,1.50260499701328,1.22404942365825,1.38573298627404,1.34763465531942]
["EMULSÕES ASFÁLTICAS RL-1C","2016-10-01",1.70692036151139,1.26501528223071,1.48324046865324,1.25464979012558,1.40392214003798,1.36932567253335]
["EMULSÕES ASFÁLTICAS RL-1C","2016-11-01",1.76558255653395,1.31880252739388,1.52519029726979,1.28469132782466,1.38164601810184,1.39988650786141]
["EMULSÕES ASFÁLTICAS RL-1C","2016-12-01",1.85172425519109,1.32427389509954,1.4770471122897,1.27964680657044,1.31393548318369,1.35759510718606]
["EMULSÕES ASFÁLTICAS RL-1C","2017-01-01",1.52761541470907,1.17859574398686,1.4543974329313,1.23543846216116,1.31492479339967,1.30775730322114]
["EMULSÕES ASFÁLTICAS RL-1C","2017-02-01",1.79210958228139,1.18806110511625,1.40846252974907,1.26269181482507,1.34030170830281,1.2981381105752]
["EMULSÕES ASFÁLTICAS RL-1C","2017-03-01",1.85908774666526,1.16540075066752,1.50953805269982,1.28533901267528,1.32898762719568,1.33745779335498]
["EMULSÕES ASFÁLTICAS RL-1C","2017-04-01",1.385788187362,1.15623879730246,1.53649628449771,1.35802750941296,1.27950217181584,1.35449420728065]
["EMULSÕES ASFÁLTICAS RL-1C","2017-05-01",1.56912719460343,1.12809045596659,1.48146997690812,1.335186870579,1.3212422505729,1.33978160832643]
["EMULSÕES ASFÁLTICAS RL-1C","2017-06-01",1.60326476275102,1.16518243997957,1.44769746781942,1.29723570557137,1.34029150641127,1.35087310225324]
["EMULSÕES ASFÁLTICAS RL-1C","2017-07-01",1.54049653910651,1.13165005917312,1.45082619718058,1.28954755167648,1.28869388152475,1.33421331276903]
["EMULSÕES ASFÁLTICAS RL-1C","2017-08-01",1.56659989138341,1.1277314490566,1.38860703636951,1.2871533078659,1.25665764817728,1.31202439677666]
["EMULSÕES ASFÁLTICAS RL-1C","2017-09-01",1.63221003530157,1.25773764972286,1.42072620352084,1.30778015720784,1.21046778483141,1.33834265095856]
["EMULSÕES ASFÁLTICAS RL-1C","2017-10-01",1.64663613236498,1.1035673397712,1.44832006107876,1.30866728152485,1.23702162601421,1.34056022134941]
["EMULSÕES ASFÁLTICAS RL-1C","2017-11-01",1.70941686767884,1.19644554628071,1.47478418612373,1.3842792241253,1.27854279161912,1.38559406581658]
["EMULSÕES ASFÁLTICAS RL-1C","2017-12-01",1.56841461618257,1.19805659820447,1.4608394024154,1.36654071140708,1.34777098729461,1.37156889714124]
["EMULSÕES ASFÁLTICAS RL-1C","2018-01-01",1.86009216940139,1.23550195800218,1.4758471822918,1.28656295464255,1.28921599660229,1.35086587705592]
["EMULSÕES ASFÁLTICAS RL-1C","2018-02-01",2.02828708598726,1.23012299100412,1.48369970525972,1.29479174945208,1.24807002185683,1.31456520378731]
["EMULSÕES ASFÁLTICAS RL-1C","2018-03-01",2.10656127209252,1.2104900433959,1.46306124403964,1.29983734389283,1.28418779579223,1.32950241717458]
["EMULSÕES ASFÁLTICAS RL-1C","2018-04-01",1.75927552350988,1.22850162150233,1.46959176974885,1.28046685086259,1.3935110752546,1.35063140667433]
["EMULSÕES ASFÁLTICAS RL-1C","2018-05-01",1.91930392344498,1.26214282811189,1.4863430441874,1.34330059051691,1.35878341707576,1.36913747967884]
["EMULSÕES ASFÁLTICAS RL-1C","2018-06-01",1.82400534929516,1.31655104498368,1.58271545801808,1.40893293356152,1.40046207819093,1.45880518205866]
["EMULSÕES ASFÁLTICAS RL-1C","2018-07-01",1.96093518965077,1.39031408687167,1.60417282047834,1.4939493336447,1.46437656387181,1.53156658890194]
["EMULSÕES ASFÁLTICAS RL-1C","2018-08-01",2.38177058166466,1.42550471858932,1.76919710388458,1.60882602704055,1.52212231819774,1.66851492521115]
["EMULSÕES ASFÁLTICAS RL-1C","2018-09-01",1.98411759244402,1.49304979624388,1.77570504343441,1.62549905598402,1.54373632534662,1.65776308281673]
["EMULSÕES ASFÁLTICAS RL-1C","2018-10-01",2.063118553125,1.49214723628483,1.62975497830264,1.59336820674129,1.67165659038531,1.61788241388748]
["EMULSÕES ASFÁLTICAS RL-1C","2018-11-01",2.64756373473306,1.55569662120626,2.01121169896199,1.7726185243565,1.66446643616391,1.83645014126072]
["EMULSÕES ASFÁLTICAS RL-1C","2018-12-01",1.82797922279793,1.58930001423757,1.86030046015339,1.74611253906598,1.63071494428676,1.72622550142489]
["EMULSÕES ASFÁLTICAS RL-1C","2019-01-01",2.63581859888238,2.05929659623859,2.06363734859634,1.83203279098348,1.8941201299991,1.94788666352845]
["EMULSÕES ASFÁLTICAS RL-1C","2019-02-01",2.81390733382299,2.122123731734,2.32068872670518,1.87346214855303,1.90152323945141,2.03150110019978]
["EMULSÕES ASFÁLTICAS RL-1C","2019-03-01",2.28557761302413,2.26719063406223,2.37985226227251,1.96051503189958,1.99872937540839,2.0812818507094]
["EMULSÕES ASFÁLTICAS RL-1C","2019-04-01",2.55720098110107,1.96611758555885,2.37095214780601,1.99582846474046,1.97297917751912,2.0872148444258]
["EMULSÕES ASFÁLTICAS RL-1C","2019-05-01",2.72984148866951,1.99650039408207,2.29126169869641,2.00657094276008,2.03242237172715,2.10544055412507]
["EMULSÕES ASFÁLTICAS RL-1C","2019-06-01",2.74547860327869,1.94469958713582,2.26562972244479,2.02479453670282,1.96347305799553,2.11481711158905]
["EMULSÕES ASFÁLTICAS RL-1C","2019-07-01",2.40954780108353,1.97159570890559,2.17648091230086,2.03614616872067,1.94424343954418,2.0653344756118]
["EMULSÕES ASFÁLTICAS RL-1C","2019-08-01",2.10708469647349,1.90215696943926,2.03714936089098,1.95635649117881,1.99047009294297,1.99313142833652]
["EMULSÕES ASFÁLTICAS RL-1C","2019-09-01",2.39779362863055,1.83777440317823,2.13959458386621,1.92365402583711,1.97305816040428,2.00569636612478]
["EMULSÕES ASFÁLTICAS RL-1C","2019-10-01",2.11398459105314,1.85227479066907,2.12446900488895,1.90010050290709,1.99525580666602,1.99898640592686]
["EMULSÕES ASFÁLTICAS RL-1C","2019-11-01",2.39022383152505,1.90103629721989,2.01190865551622,1.96621555938829,1.99332119892841,1.98729504518833]
["EMULSÕES ASFÁLTICAS RL-1C","2019-12-01",1.99478950178389,1.97374744318366,2.11643181630179,1.96021905201827,2.0434365307193,2.01929399519088]
["EMULSÕES ASFÁLTICAS RL-1C","2020-01-01",1.85095547151923,1.78823797232657,2.08482510782731,1.93298329139483,2.11843944225423,1.99240725039664]
["EMULSÕES ASFÁLTICAS RL-1C","2020-02-01",1.64226053238089,1.76235520601336,2.09392921983148,1.9005049535812,2.02936041733113,1.96356751124865]
["EMULSÕES ASFÁLTICAS RL-1C","2020-03-01",1.78213398166,1.73641260371602,2.04057310925347,1.78191978580564,2.06512756224719,1.92244656684754]
["EMULSÕES ASFÁLTICAS RL-1C","2020-04-01",1.9212903983822,1.7047786050997,1.94139864357269,1.81147292632276,1.94299296644591,1.86879438379804]
["EMULSÕES ASFÁLTICAS RL-1C","2020-05-01",1.84602017338241,1.62544137061021,1.88693366369604,1.79800588374718,2.01334320762942,1.85698391709284]
["EMULSÕES ASFÁLTICAS RL-1C","2020-06-01",2.28694179298831,1.67145343307268,1.95321104984859,1.79683464662945,1.90743418923079,1.86137523616759]
["EMULSÕES ASFÁLTICAS RL-1C","2020-07-01",2.07235722849222,1.74216682455163,1.89132903220155,1.85835701504441,1.94486227847566,1.89336853168056]
["EMULSÕES ASFÁLTICAS RL-1C","2020-08-01",1.93229396805096,1.85212697768179,1.95033716363111,1.9048103135027,2.01417563704769,1.94245305948057]
["EMULSÕES ASFÁLTICAS RL-1C","2020-09-01",1.96804060725986,1.84825565218677,1.9633524701295,1.86242470822628,2.00980042775532,1.93122536712432]
["EMULSÕES ASFÁLTICAS RL-1C","2020-10-01",1.89675993037899,1.78106036967096,1.92466541358927,1.85073791565688,2.06780385199881,1.93255632606552]
["EMULSÕES ASFÁLTICAS RL-1C","2020-11-01",2.00426225965985,1.88924779255807,2.0644958123758,1.93065599807326,2.08982751702753,2.01410695997256]
["EMULSÕES ASFÁLTICAS RL-1C","2020-12-01",2.19159888903841,1.8519353063639,2.04390716113673,1.90156857003161,2.05209502088254,1.98502249358483]
["EMULSÕES ASFÁLTICAS RL-1C","2021-01-01",2.06464673383165,1.88063773206751,2.12605231569421,1.88386936111966,2.09648239848682,1.99501116328104]
["EMULSÕES ASFÁLTICAS RL-1C","2021-02-01",1.96841971067207,2.02577585897054,2.2510452537705,2.02695867246642,2.20784410672631,2.14808831782146]
["EMULSÕES ASFÁLTICAS RL-1C","2021-03-01",2.18458557514921,2.00215456628516,2.06730087453797,1.9893089490136,2.23336521640068,2.07211107982282]
["EMULSÕES ASFÁLTICAS RL-1C","2021-04-01",2.17159,2.0489367012987,2.14938084613315,1.96043554259147,2.17739419294463,2.08209711894256]
["EMULSÕES ASFÁLTICAS RL-1C","2021-05-01",2.20920318752178,2.43639596498954,2.49490377319389,2.32504796510215,3.05224078584326,2.44184838853116]
["EMULSÕES ASFÁLTICAS RL-1C","2021-06-01",2.17309394663702,2.36893586265715,2.48008453688104,2.42065544631865,2.48961547731826,2.45251534619755]
["EMULSÕES ASFÁLTICAS RL-1C","2021-07-01",2.41912427080103,2.35079146183573,2.52014246630338,2.40653232390308,2.52308636810218,2.47969175214393]
["EMULSÕES ASFÁLTICAS RL-1C","2021-08-01",2.46791540517549,2.47882423051473,2.70809881133896,2.50132271926078,2.6132193858478,2.61006301680663]
["EMULSÕES ASFÁLTICAS RL-1C","2021-09-01",2.50349271299806,2.4830448609325,2.65369653043493,2.56758630703202,2.58120739423514,2.59372308717534]
["EMULSÕES ASFÁLTICAS RL-1C","2021-10-01",2.43359255120374,2.48536757841651,2.61886270072654,2.65936916773116,2.58355587669355,2.58821426302487]
["EMULSÕES ASFÁLTICAS RL-1C","2021-11-01",2.53157899386635,2.71439487119438,2.65115102738201,2.77020081701702,2.69183817408863,2.69308307046056]
["EMULSÕES ASFÁLTICAS RL-1C","2021-12-01",2.74050630294911,2.77756515939629,2.80553473107594,2.80917959572009,2.75592793238797,2.78662075367026]
["EMULSÕES ASFÁLTICAS RL-1C","2022-01-01",2.74480747129331,2.65585349324519,2.78553794728566,2.82821652603253,2.82844005484136,2.78523829429587]
["EMULSÕES ASFÁLTICAS RL-1C","2022-02-01",3.07461359428571,2.74686146818651,3.04301675111111,3.01387979697417,2.7225306131566,2.8877573059039]
["EMULSÕES ASFÁLTICAS RL-1C","2022-03-01",3.0691356345957,2.79404390219316,2.91686439413793,3.03660927064537,2.84477135385794,2.93469443938671]
["EMULSÕES ASFÁLTICAS RL-1C","2022-04-01",3.26728091778203,2.77694593525978,3.14698159113306,3.16428741878233,2.90363148795529,3.03934078718247]
["EMULSÕES ASFÁLTICAS RL-1C","2022-05-01",3.03059177937738,3.18492904790911,3.15055338813921,3.17542797349999,2.82523878506409,3.10260308063976]
["EMULSÕES ASFÁLTICAS RL-1C","2022-06-01",3.1817183594068,3.13205708207131,3.20046534432085,3.18001735888165,2.97442572513039,3.14540738357214]
["EMULSÕES ASFÁLTICAS RL-1C","2022-07-01",1.98217098673385,3.12203214316257,3.22293699745962,3.08455143529937,3.05474707374031,3.10063584605816]
["EMULSÕES ASFÁLTICAS RL-1C","2022-08-01",3.53535107002479,3.34332517572307,3.17064530916384,3.09250655459377,3.18151512234715,3.18432447234236]
["EMULSÕES ASFÁLTICAS RL-1C","2022-09-01",3.91803431313873,3.32310931311611,3.01341325511198,3.05633802390428,3.10608856904121,3.13122979630335]
["EMULSÕES ASFÁLTICAS RL-1C","2022-10-01",3.42686747564904,3.42699385680357,2.78835084965138,2.98194376735316,2.98562203455302,3.01846174718863]
["EMULSÕES ASFÁLTICAS RL-1C","2022-11-01",3.90125578704838,3.46173502029379,2.90666971619074,2.84618261626994,2.97657858472143,3.01041041918274]
["EMULSÕES ASFÁLTICAS RL-1C","2022-12-01",3.66783198092443,3.37238752094147,2.84944367751854,2.75859393334869,2.92960584854924,2.9848026946617]
["EMULSÕES ASFÁLTICAS RL-1C","2023-01-01",3.72586021848739,3.17609728650121,3.00161703817429,2.69357395188234,2.93088470870482,2.976925269978]
["EMULSÕES ASFÁLTICAS RL-1C","2023-02-01",3.64205873736186,3.20837339577566,2.70160067129055,2.59598681148107,2.91530345509482,2.82010375331724]
["EMULSÕES ASFÁLTICAS RL-1C","2023-03-01",3.58130231520816,3.04737381580494,2.82732617077896,2.56670796556616,2.84252341932943,2.77607845418308]
["EMULSÕES ASFÁLTICAS RL-1C","2023-04-01",3.19444024346581,2.99259851409927,3.01121248884561,2.60686154007534,2.87472785831703,2.83317886302403]
["EMULSÕES ASFÁLTICAS RL-1C","2023-05-01",3.16704860826598,2.90369936814812,2.85834958004239,2.59216708468949,2.67252078312016,2.75802995572228]
["EMULSÕES ASFÁLTICAS RL-1C","2023-06-01",3.2835637189212,2.94810234517091,2.77211480412618,2.57518090891694,2.64411698671818,2.73006812178836]
["EMULSÕES ASFÁLTICAS RL-1C","2023-07-01",3.17084783117981,2.73296976083586,2.82670511246516,2.54160727371042,2.68414397030478,2.69825147169407]
["EMULSÕES ASFÁLTICAS RL-1C","2023-08-01",3.03667773861305,2.78313673569936,2.88302335405272,2.41537552945402,2.58145440326386,2.64105416766331]
["EMULSÕES ASFÁLTICAS RL-1C","2023-09-01",3.34830766179122,2.75467975370048,2.97628245062709,2.64052059851061,2.60800387701967,2.76106030166164]
["EMULSÕES ASFÁLTICAS RL-1C","2023-10-01",3.2890992079591,2.8973954392086,2.95047374534032,2.58862997380418,2.71330204996621,2.78689874449403]
["EMULSÕES ASFÁLTICAS RL-1C","2023-11-01",2.87641059753687,2.85297963187835,3.02098804074058,2.5129901210823,2.68626484558366,2.72889352625967]
["EMULSÕES ASFÁLTICAS RL-1C","2023-12-01",3.16560902644047,3.07782958922409,2.93430588543582,2.49162217751037,2.6623158427547,2.75838816538775]
["EMULSÕES ASFÁLTICAS RL-1C","2024-01-01",2.73568860062893,2.76174831584262,2.99841842875724,2.47532546038771,2.55358355884635,2.69579435702351]
["EMULSÕES ASFÁLTICAS RL-1C","2024-02-01",2.86703863665699,2.76610537894584,2.90536921736105,2.55395287675857,2.54154314438031,2.66767606544833]
["EMULSÕES ASFÁLTICAS RL-1C","2024-03-01",2.50485126051272,2.79811315242902,2.81316247948765,2.49802380706046,2.55837264229327,2.64065286740639]
["EMULSÕES ASFÁLTICAS RL-1C","2024-04-01",2.90156025442177,2.73807783360593,2.73961062060761,2.43681419892546,2.59621161158619,2.59486266616754]
["EMULSÕES ASFÁLTICAS RL-1C","2024-05-01",2.59761152606278,2.71148535516325,2.79179744525421,2.43055119798512,2.60184413286741,2.57525617007059]
["EMULSÕES ASFÁLTICAS RL-1C","2024-06-01",2.89911444308231,2.7639774377234,2.68769419101003,2.39213351121479,2.6656152732703,2.55532776419998]
["EMULSÕES ASFÁLTICAS RL-1C","2024-07-01",3.28506644328238,2.84390836692274,2.8293459694048,2.50776239091282,2.63287198582888,2.66261574111461]
["EMULSÕES ASFÁLTICAS RL-1C","2024-08-01",3.91405081921774,2.96539392947197,3.04596796947489,2.69123365391415,2.69524573179498,2.83683120095332]
["EMULSÕES ASFÁLTICAS RM-1C","2008-11-01",1.24407467562663,0.837371257246936,1.23020875652351,1.07702166497422,0.930299693988039,0.991946971055756]
["EMULSÕES ASFÁLTICAS RM-1C","2008-12-01",1.2757451960894,0.887566406950711,1.19721307084118,1.00748147505409,0.945819611255701,0.993155435886443]
["EMULSÕES ASFÁLTICAS RM-1C","2009-01-01",1.16924914016277,0.934283889852362,1.20559976454725,0.939269317362023,0.962826307569235,1.01648507532367]
["EMULSÕES ASFÁLTICAS RM-1C","2009-02-01",1.21858104488045,0.918517655907096,1.24563142683568,0.997701333752133,0.949738818244288,1.03739017548603]
["EMULSÕES ASFÁLTICAS RM-1C","2009-03-01",1.16279631204017,0.927711820207808,1.21025700914162,0.910395753109913,0.940347620563257,1.00136633528422]
["EMULSÕES ASFÁLTICAS RM-1C","2009-04-01",1.27113284761322,0.874599514007451,1.1978227296036,0.925891232675795,0.941907584789312,0.980460080532624]
["EMULSÕES ASFÁLTICAS RM-1C","2009-05-01",1.37539799569017,0.868690898426992,1.23139676574136,0.889229728003313,0.919974599361127,0.983777586324207]
["EMULSÕES ASFÁLTICAS RM-1C","2009-06-01",1.44229341680895,0.883357705228047,1.19860500683207,0.87294991509975,0.943987531746715,0.967701104284012]
["EMULSÕES ASFÁLTICAS RM-1C","2009-07-01",1.39917106084671,0.850383912038606,1.23972906404861,0.983402868390617,0.941380060256525,0.94739118502227]
["EMULSÕES ASFÁLTICAS RM-1C","2009-08-01",1.41358091152934,0.847477857067603,1.126595315391,0.895263257957622,0.875680586198638,0.918179001613957]
["EMULSÕES ASFÁLTICAS RM-1C","2009-09-01",1.47150346764347,0.837300061884856,1.17325817701699,0.873305934640867,0.875151425539972,0.908536385591091]
["EMULSÕES ASFÁLTICAS RM-1C","2009-10-01",1.4403662767601,0.847542923460296,1.18988258961402,0.886341726353867,0.878008573618691,0.950397609478721]
["EMULSÕES ASFÁLTICAS RM-1C","2009-11-01",1.47528136035621,0.840556455929348,1.13942135284535,0.921950175531613,0.86981725758586,0.902033374140725]
["EMULSÕES ASFÁLTICAS RM-1C","2009-12-01",1.17043766349993,0.838642030281957,1.08988786521108,0.886526727905872,0.898112912534264,0.926567157328114]
["EMULSÕES ASFÁLTICAS RM-1C","2010-01-01",1.15118887522114,0.823390138868736,1.15200212181374,0.85553178721341,0.868797598913541,0.948130390759016]
["EMULSÕES ASFÁLTICAS RM-1C","2010-02-01",1.34834155188246,0.836306845445483,1.10461514376573,0.86912036553728,0.855513588978072,0.91978573476372]
["EMULSÕES ASFÁLTICAS RM-1C","2010-03-01",1.11047210256585,0.831993224437003,1.12993716554377,0.850507438078878,0.857547849195947,0.91372299749993]
["EMULSÕES ASFÁLTICAS RM-1C","2010-04-01",1.09661268634417,0.840448346115335,1.14561769469055,0.822652653825233,0.869496077409508,0.927358245521409]
["EMULSÕES ASFÁLTICAS RM-1C","2010-05-01",1.07383920078944,0.849548155388504,1.07682645195348,0.831097981378776,0.818752513146079,0.899802266685225]
["EMULSÕES ASFÁLTICAS RM-1C","2010-06-01",1.1880163179804,0.883488052916688,1.00274549598273,0.816608605653569,0.830439728980247,0.892715398609183]
["EMULSÕES ASFÁLTICAS RM-1C","2010-07-01",1.21479285274811,0.851245984000507,0.995208395970952,1.05534086101725,0.821313027956228,0.928998802973327]
["EMULSÕES ASFÁLTICAS RM-1C","2010-08-01",1.11764823291796,0.867750105895093,1.04027519442815,0.839728037483843,0.813598396434642,0.874086845519495]
["EMULSÕES ASFÁLTICAS RM-1C","2010-09-01",1.11907227737811,0.849484888851679,1.06525319039602,0.796871974424192,0.814792822452245,0.869935554544044]
["EMULSÕES ASFÁLTICAS RM-1C","2010-10-01",1.01590906960864,0.824680068198739,1.0316397489539,0.957212089023526,0.81430716097957,0.891360197966293]
["EMULSÕES ASFÁLTICAS RM-1C","2010-11-01",1.08785971516075,0.806155340449007,0.967102927284582,0.964696661399768,0.799584725087008,0.877897541026286]
["EMULSÕES ASFÁLTICAS RM-1C","2010-12-01",1.15066319712355,0.817910176599607,1.0253976949489,0.923410652455293,0.831630114706562,0.922065787903541]
["EMULSÕES ASFÁLTICAS RM-1C","2011-01-01",1.10090379607957,0.80535792796051,1.07413092974765,0.866214811458427,0.827428953591255,0.909346243131283]
["EMULSÕES ASFÁLTICAS RM-1C","2011-02-01",1.18938043758652,0.801653478614475,1.0819090155081,0.837202773008653,0.825813284416522,0.906419937305684]
["EMULSÕES ASFÁLTICAS RM-1C","2011-03-01",0.979930926836509,0.806988243338262,1.02280584745093,0.9909627083899,0.854686539791155,0.907701222491761]
["EMULSÕES ASFÁLTICAS RM-1C","2011-04-01",1.02165446337898,0.801475973687955,1.0355141002034,0.915919433787538,0.82446614171232,0.895974894485479]
["EMULSÕES ASFÁLTICAS RM-1C","2011-05-01",0.941078964786382,0.804844712545695,1.01911560041555,0.964638391893913,0.8012033498246,0.867017419206438]
["EMULSÕES ASFÁLTICAS RM-1C","2011-06-01",1.1103178831625,0.794425379853108,1.03317561402008,0.975741901952746,0.813256553684227,0.901261434627235]
["EMULSÕES ASFÁLTICAS RM-1C","2011-07-01",1.12011622866716,0.794844226383291,1.02995398044691,0.82885915461275,0.811814539348969,0.860913231027522]
["EMULSÕES ASFÁLTICAS RM-1C","2011-08-01",1.00378997488001,0.781579081511803,1.02557005734404,0.783882336767461,0.820240049537609,0.8343426858575]
["EMULSÕES ASFÁLTICAS RM-1C","2011-09-01",0.91246930126354,0.77596353481529,1.02679158518075,0.758007760131375,0.805375712339426,0.822187097868356]
["EMULSÕES ASFÁLTICAS RM-1C","2011-10-01",0.937420916044718,0.779089287291159,1.05584434334866,0.745412318016846,0.821934750351675,0.837149969009469]
["EMULSÕES ASFÁLTICAS RM-1C","2011-11-01",1.00569614236732,0.78685274567165,1.05008908126861,0.768985377523091,0.816397643013288,0.833521107178048]
["EMULSÕES ASFÁLTICAS RM-1C","2011-12-01",1.03216562864031,0.786030181074534,1.05577178779691,0.747380724340828,0.830970826489781,0.855932329636861]
["EMULSÕES ASFÁLTICAS RM-1C","2012-01-01",0.977189568954968,0.788163761923611,0.990550962570247,0.836291941246272,0.835670296343933,0.871015384982573]
["EMULSÕES ASFÁLTICAS RM-1C","2012-02-01",1.00562003379434,0.785406725155154,1.04363939274856,0.901344532374672,0.83223977207928,0.886658280214536]
["EMULSÕES ASFÁLTICAS RM-1C","2012-03-01",1.0465676978259,0.794327995758724,1.02944778151445,0.893451908395833,0.85218647044364,0.878215503875036]
["EMULSÕES ASFÁLTICAS RM-1C","2012-04-01",1.13233408883764,0.793837935375785,1.01688871299922,0.930136433442013,0.860831669776864,0.891850226702413]
["EMULSÕES ASFÁLTICAS RM-1C","2012-05-01",1.30723766255122,0.846370131593726,1.05156963126846,0.946459645475143,0.849827886200841,0.904122933463566]
["EMULSÕES ASFÁLTICAS RM-1C","2012-06-01",1.24175581672075,0.839797546296943,1.08325956935781,0.977547878358866,0.867358996542284,0.919150205467703]
["EMULSÕES ASFÁLTICAS RM-1C","2012-07-01",1.21612894890925,0.834938678213535,1.03591467471182,0.985822022018196,0.870173001552078,0.920078382270325]
["EMULSÕES ASFÁLTICAS RM-1C","2012-08-01",1.23140059310345,0.839357788928739,1.09131755726743,0.987935633565129,0.861687198099925,0.909209672883259]
["EMULSÕES ASFÁLTICAS RM-1C","2012-09-01",0.847287064861919,0.863181027759981,1.06048278816758,0.908735332608348,0.854392021855915,0.878811561152434]
["EMULSÕES ASFÁLTICAS RM-1C","2012-10-01",1.18326338369884,0.880238264299803,1.10006677540009,0.963486022843172,0.850320784642819,0.918082212111573]
["EMULSÕES ASFÁLTICAS RM-1C","2012-11-01",1.20919372681141,0.881763440192124,1.09601093036095,0.926593716194116,0.892303978735419,0.930290455202296]
["EMULSÕES ASFÁLTICAS RM-1C","2012-12-01",1.2201,0.854260924440603,1.05580405703272,0.924325476596606,0.86409295466276,0.941810126776208]
["EMULSÕES ASFÁLTICAS RM-1C","2013-01-01",1.22843393267472,0.870331933809896,1.08874235006184,1.05333433269151,0.892369084558078,0.981261195212841]
["EMULSÕES ASFÁLTICAS RM-1C","2013-02-01",1.22538411073527,0.848674670327885,1.1485429792311,0.869644378043965,0.89362647423683,0.999429245836342]
["EMULSÕES ASFÁLTICAS RM-1C","2013-03-01",1.21567658728731,0.849450207875327,1.15208934099783,0.869632999161705,0.907506856944107,0.990109689399591]
["EMULSÕES ASFÁLTICAS RM-1C","2013-04-01",1.19869275400735,0.84869761951605,1.16933196554465,0.879539424905531,0.890160135217218,0.980313031274672]
["EMULSÕES ASFÁLTICAS RM-1C","2013-05-01",0.989386206574132,0.860948330839013,1.14443778438548,0.882440384146073,0.904230266424708,0.957617087459439]
["EMULSÕES ASFÁLTICAS RM-1C","2013-06-01",1.21747930866126,0.867688967844286,1.16413697108836,0.893726259109223,0.90496241363479,0.966158684482419]
["EMULSÕES ASFÁLTICAS RM-1C","2013-07-01",1.11715836043101,0.884262640893528,1.15714270824219,0.916632926442472,0.942489171522692,0.961382373576672]
["EMULSÕES ASFÁLTICAS RM-1C","2013-08-01",1.21187134303065,0.870543650526994,1.15698951842024,0.918671125059066,0.918018876204958,0.963757209957934]
["EMULSÕES ASFÁLTICAS RM-1C","2013-09-01",1.202,0.906631114678644,1.17129574918079,0.932983707046165,0.906589754219044,0.985694553876838]
["EMULSÕES ASFÁLTICAS RM-1C","2013-10-01",1.21814929198781,0.950068977286288,1.13547214548155,0.918399607721965,0.894958135017685,0.979292725251755]
["EMULSÕES ASFÁLTICAS RM-1C","2013-11-01",1.11955588869448,0.948020659579257,1.14403066704619,0.930260807338099,0.910756058533839,0.985751201395925]
["EMULSÕES ASFÁLTICAS RM-1C","2013-12-01",1.21281393715543,0.924216638581287,1.18966048114555,0.918437574004229,0.90599239644822,1.00711867341645]
["EMULSÕES ASFÁLTICAS RM-1C","2014-01-01",1.20670204367587,0.942596407821811,1.14129030356511,0.928898756667322,0.922345150037681,1.00250323934945]
["EMULSÕES ASFÁLTICAS RM-1C","2014-02-01",1.05793157727323,0.92368605489971,1.14291722881499,0.932177818992284,0.879228937995429,0.967955970483983]
["EMULSÕES ASFÁLTICAS RM-1C","2014-03-01",0.999743928845065,0.937918559137353,1.16570462662216,0.92193538126392,0.918952747714522,0.978218622785975]
["EMULSÕES ASFÁLTICAS RM-1C","2014-04-01",1.03100215101967,0.942743685376379,1.12847754220348,0.889144154880634,0.919843256087981,0.973234327773919]
["EMULSÕES ASFÁLTICAS RM-1C","2014-05-01",1.11431573235482,0.934491088024756,1.1581051288412,0.923855761458279,0.909827065849628,0.995087474994488]
["EMULSÕES ASFÁLTICAS RM-1C","2014-06-01",1.01697463816992,0.955639747076908,1.19293359941737,0.936091205043839,0.935209664605974,0.992750270253689]
["EMULSÕES ASFÁLTICAS RM-1C","2014-07-01",0.886448070447068,0.948367512239659,1.0022731372523,0.909429283632078,0.919425535382049,0.939800248149586]
["EMULSÕES ASFÁLTICAS RM-1C","2014-08-01",1.2195540832485,0.939457980057685,1.04868562514708,0.902072959750788,0.922051394359852,0.95508313764177]
["EMULSÕES ASFÁLTICAS RM-1C","2014-09-01",1.17046862073508,0.931150615295458,1.1577073614267,0.91021734900409,0.935155784572536,0.964299254181953]
["EMULSÕES ASFÁLTICAS RM-1C","2014-10-01",1.35423942116776,0.935061562524231,1.05631831321371,0.863158414713761,0.971359739356226,0.948925947016866]
["EMULSÕES ASFÁLTICAS RM-1C","2014-11-01",1.2293336289866,0.96017017240789,1.09708163257069,0.924819238810656,0.951400203488372,0.974670272324999]
["EMULSÕES ASFÁLTICAS RM-1C","2014-12-01",1.13197350988632,1.0689854505158,1.10581308446372,0.878379955081415,1.01184557862983,1.0282630859182]
["EMULSÕES ASFÁLTICAS RM-1C","2015-01-01",1.36630396213409,1.33530182601245,1.40898031003915,1.03930823988937,1.19973469934982,1.27037527286278]
["EMULSÕES ASFÁLTICAS RM-1C","2015-02-01",1.64780618138554,1.29552079900763,1.39997638271236,1.01655571403702,1.17615707016378,1.25264269044469]
["EMULSÕES ASFÁLTICAS RM-1C","2015-03-01",1.55894278737628,1.26050276251583,1.46014100585344,1.08755606011298,1.13783196856172,1.25250761398234]
["EMULSÕES ASFÁLTICAS RM-1C","2015-04-01",1.32417544551361,1.27719676156752,1.41322830447082,1.09236544771754,1.21493059947507,1.26241089766469]
["EMULSÕES ASFÁLTICAS RM-1C","2015-05-01",1.55521326800221,1.27859870893642,1.41331671547011,1.02343225142652,1.16714010198131,1.26698286190745]
["EMULSÕES ASFÁLTICAS RM-1C","2015-06-01",1.56237479381841,1.25222786410087,1.49017508892592,1.02208283896425,1.15461964328325,1.28547311997604]
["EMULSÕES ASFÁLTICAS RM-1C","2015-07-01",1.4972154738652,1.26445832807708,1.2560783739658,1.03470536201164,1.18100067736817,1.24760029624386]
["EMULSÕES ASFÁLTICAS RM-1C","2015-08-01",1.5477231585178,1.33782286779587,1.48316316207232,1.02085155323165,1.14212209694389,1.29892301706479]
["EMULSÕES ASFÁLTICAS RM-1C","2015-09-01",1.55787827899541,1.28010824848227,1.39444774042542,1.12087835452927,1.0859062231589,1.2553305044978]
["EMULSÕES ASFÁLTICAS RM-1C","2015-10-01",1.66252793272527,1.29096068390485,1.54555705672473,1.0977588872173,1.13320780775809,1.31803891087922]
["EMULSÕES ASFÁLTICAS RM-1C","2015-11-01",1.83386224351816,1.50581680993635,1.58596776498556,1.3758140780678,1.24587642812696,1.49619798262088]
["EMULSÕES ASFÁLTICAS RM-1C","2015-12-01",1.87776956197737,1.44317512579456,1.5835331875816,1.24893595675523,1.18914758824489,1.45161286677883]
["EMULSÕES ASFÁLTICAS RM-1C","2016-01-01",1.74092832224647,1.47911949185348,1.71345917621732,1.24759361266132,1.32030954988398,1.46772945658287]
["EMULSÕES ASFÁLTICAS RM-1C","2016-02-01",1.93850856679627,1.51404197734885,1.72161444825922,1.27988293286349,1.29293594833195,1.53123585784161]
["EMULSÕES ASFÁLTICAS RM-1C","2016-03-01",1.78437369502107,1.5125886945477,1.70154615123013,1.34314084019611,1.3335937506473,1.49259709058579]
["EMULSÕES ASFÁLTICAS RM-1C","2016-04-01",1.80006117922675,1.61673407917345,1.78675652175763,1.38291765105069,1.34260018678882,1.54189897605794]
["EMULSÕES ASFÁLTICAS RM-1C","2016-05-01",1.75512641178857,1.70944884565869,1.79285503215623,1.46372791052078,1.42730583377403,1.60641896274598]
["EMULSÕES ASFÁLTICAS RM-1C","2016-06-01",1.82050856765511,1.51731407591555,1.71711488407704,1.51154939390394,1.35336831588213,1.50940542961699]
["EMULSÕES ASFÁLTICAS RM-1C","2016-07-01",1.81895271714875,1.47033466234351,1.72968394685928,1.49397179548395,1.41223873042015,1.50839497229651]
["EMULSÕES ASFÁLTICAS RM-1C","2016-08-01",1.97584946874402,1.5302191190165,1.7112679882594,1.51075566808602,1.42854839850263,1.56326378087781]
["EMULSÕES ASFÁLTICAS RM-1C","2016-09-01",1.64445869114424,1.50325782177487,1.57419014367087,1.33117574071684,1.27864577023792,1.42045601577608]
["EMULSÕES ASFÁLTICAS RM-1C","2016-10-01",1.65580992543943,1.47030672060744,1.51167587767711,1.35981634002591,1.24955708784663,1.41342555674988]
["EMULSÕES ASFÁLTICAS RM-1C","2016-11-01",1.59862190115781,1.45103267027451,1.74299486003696,1.33735898979836,1.30890743062574,1.44751694644016]
["EMULSÕES ASFÁLTICAS RM-1C","2016-12-01",1.78421621843626,1.43300796913724,1.76167274383777,1.33290123606944,1.22881987598241,1.45824155043955]
["EMULSÕES ASFÁLTICAS RM-1C","2017-01-01",1.65164418651291,1.32256117869056,1.81252441186066,1.3026528046522,1.21903951343163,1.41173591430359]
["EMULSÕES ASFÁLTICAS RM-1C","2017-02-01",1.61967948854469,1.17992353181792,1.6970293396495,1.37142645368592,1.25481731720561,1.32603307359522]
["EMULSÕES ASFÁLTICAS RM-1C","2017-03-01",1.69391739629049,1.21890008242158,1.77631213414266,1.35874787063921,1.21531801619114,1.38621172565119]
["EMULSÕES ASFÁLTICAS RM-1C","2017-04-01",1.71246162996014,1.24943999069725,1.78720922159534,1.23859208115798,1.16216795005059,1.38501791209187]
["EMULSÕES ASFÁLTICAS RM-1C","2017-05-01",1.70948047432229,1.20702413697616,1.66642027909349,1.34278587743943,1.18161398370116,1.37506519623494]
["EMULSÕES ASFÁLTICAS RM-1C","2017-06-01",1.6816326713948,1.25282715456942,1.81466774254057,1.65509911689612,1.11636699434278,1.36200004660225]
["EMULSÕES ASFÁLTICAS RM-1C","2017-07-01",1.6410656015281,1.2432846598897,1.61239133010492,1.40794236006254,1.07580341163758,1.25701750295942]
["EMULSÕES ASFÁLTICAS RM-1C","2017-08-01",1.67616319339137,1.24972923957649,1.51363166816979,1.4323507875,1.13877230956678,1.26313085317751]
["EMULSÕES ASFÁLTICAS RM-1C","2017-09-01",1.68862111577817,1.237067502693,1.77955541933561,1.40870755206388,1.13576927691372,1.29547553370663]
["EMULSÕES ASFÁLTICAS RM-1C","2017-10-01",1.67894700452811,1.27004958092021,1.61045429607208,1.50566435600857,1.10500286073806,1.32604114114468]
["EMULSÕES ASFÁLTICAS RM-1C","2017-11-01",1.69101372831006,1.31850767713308,1.68745716851492,1.45909085978291,1.02220315957791,1.35485204086992]
["EMULSÕES ASFÁLTICAS RM-1C","2017-12-01",1.77746869188624,1.34198422523429,1.60464812774735,1.39317313271638,1.158938238975,1.43258116351276]
["EMULSÕES ASFÁLTICAS RM-1C","2018-01-01",1.89890633855777,1.37831710428694,1.53530106433949,1.46137859481,1.13075278788551,1.45718826553074]
["EMULSÕES ASFÁLTICAS RM-1C","2018-02-01",1.7178404560989,1.30674821966162,1.52751245457028,1.48708766193104,1.13910607251983,1.36254109135318]
["EMULSÕES ASFÁLTICAS RM-1C","2018-03-01",1.93439882538081,1.3305726202128,1.54551498289707,1.45337317907397,1.37719542227386,1.48070289425601]
["EMULSÕES ASFÁLTICAS RM-1C","2018-04-01",1.68710421841529,1.32604164099051,1.5353970997593,1.41472127269151,1.48628520113205,1.4523387181508]
["EMULSÕES ASFÁLTICAS RM-1C","2018-05-01",1.69181266261996,1.45039157901626,1.55243649431314,1.45942117113799,1.26930031403775,1.46019522436194]
["EMULSÕES ASFÁLTICAS RM-1C","2018-06-01",1.86083199057851,1.46463838541096,1.7100193417166,1.42962963974053,1.64234993508334,1.59626113061271]
["EMULSÕES ASFÁLTICAS RM-1C","2018-07-01",1.8843249473951,1.57537748955501,1.68811243556058,1.61642363261908,1.60984218433062,1.64095255591293]
["EMULSÕES ASFÁLTICAS RM-1C","2018-08-01",1.73500763620525,1.70748080713708,1.8984421274127,2.33512167048359,1.71266260740264,1.86539232048924]
["EMULSÕES ASFÁLTICAS RM-1C","2018-09-01",2.24217549838215,1.73856587920523,1.94705034768212,2.40230118062507,1.81827210455663,1.99298320170752]
["EMULSÕES ASFÁLTICAS RM-1C","2018-10-01",2.67365045587213,1.793958500525,1.72282968867822,2.68115152899625,1.87662697957657,2.13604348659187]
["EMULSÕES ASFÁLTICAS RM-1C","2018-11-01",3.16629580056366,2.00490010327558,2.08891103972412,2.98040487951646,1.92860643593763,2.5618172886994]
["EMULSÕES ASFÁLTICAS RM-1C","2018-12-01",2.52358900873749,1.8902582005571,1.87787949604103,2.75957114236492,2.0028638773521,2.13888823275281]
["EMULSÕES ASFÁLTICAS RM-1C","2019-01-01",2.70004171124496,2.0263812007721,2.14014357260196,2.37527395961708,2.10461269485874,2.23772157825253]
["EMULSÕES ASFÁLTICAS RM-1C","2019-02-01",2.57336247649715,2.15424143056801,2.32662227658289,2.2246261956886,2.24029132334081,2.28858833173308]
["EMULSÕES ASFÁLTICAS RM-1C","2019-03-01",2.80391285355678,2.11646547715073,2.29663970891684,2.35522679581308,2.22690996499539,2.33951936845615]
["EMULSÕES ASFÁLTICAS RM-1C","2019-04-01",2.75384399974282,2.06585166150498,2.36677052429461,2.33774538478107,2.35334515488957,2.33335224882593]
["EMULSÕES ASFÁLTICAS RM-1C","2019-05-01",2.79691226908884,2.0706944561289,2.38699996797225,2.15141140611679,2.26157618702613,2.29301081524119]
["EMULSÕES ASFÁLTICAS RM-1C","2019-06-01",2.87867158042068,2.01501393480246,2.42719203136922,2.4445590406661,2.22188195764018,2.29909497523091]
["EMULSÕES ASFÁLTICAS RM-1C","2019-07-01",2.67149894376845,2.07653826131802,2.47507972624714,2.40722610887729,2.2616874244421,2.33713588847418]
["EMULSÕES ASFÁLTICAS RM-1C","2019-08-01",2.61051832731249,2.01781805876204,2.43821531458803,2.86279596431274,2.23167058991659,2.34924052554051]
["EMULSÕES ASFÁLTICAS RM-1C","2019-09-01",2.61694147509548,2.03795814022717,2.38891402190258,2.8923801499954,2.26151006058665,2.39720906420937]
["EMULSÕES ASFÁLTICAS RM-1C","2019-10-01",2.57951847767617,1.94762485675628,2.31664817762618,3.0621034408231,2.14388543924223,2.33824542045952]
["EMULSÕES ASFÁLTICAS RM-1C","2019-11-01",2.75591811097367,1.95950457530707,2.18929372550712,3.40068577751078,2.16058828435266,2.47627999142461]
["EMULSÕES ASFÁLTICAS RM-1C","2019-12-01",2.56439782858795,1.9826297196215,2.23822570181696,3.2700447978238,2.13971604520837,2.52834573877785]
["EMULSÕES ASFÁLTICAS RM-1C","2020-01-01",2.41482742998454,2.09413170185788,2.2094822552485,3.17195466866726,2.19703848649975,2.42545836001102]
["EMULSÕES ASFÁLTICAS RM-1C","2020-02-01",2.49238395306568,1.82788870616543,2.2506818284181,2.77264985670969,2.09654325269375,2.19200092400373]
["EMULSÕES ASFÁLTICAS RM-1C","2020-03-01",2.622025480638,1.86000771058838,2.0935512931815,2.96448989539823,2.10748855177731,2.28517336885924]
["EMULSÕES ASFÁLTICAS RM-1C","2020-04-01",2.76854196240967,1.8383978988656,2.05568802006492,3.21103094006996,2.07401922920049,2.55982601444462]
["EMULSÕES ASFÁLTICAS RM-1C","2020-05-01",2.58732273157985,1.83249853567345,2.09877006616879,3.0280077796988,2.26281889402742,2.39531009032917]
["EMULSÕES ASFÁLTICAS RM-1C","2020-06-01",2.66536029978137,1.82714886070311,2.10061880065603,2.57442095482396,1.99487775532754,2.16840369375777]
["EMULSÕES ASFÁLTICAS RM-1C","2020-07-01",2.51874794913452,1.74475920934952,2.15874610231226,2.87371810686357,1.99528070072606,2.20264780391678]
["EMULSÕES ASFÁLTICAS RM-1C","2020-08-01",2.4850709606845,1.80436917078523,2.1120853794064,2.81531389651919,2.07808626544384,2.24161821959897]
["EMULSÕES ASFÁLTICAS RM-1C","2020-09-01",2.43872114215668,1.81931455303644,2.12493196163781,3.15027719315374,2.04622394406885,2.29866828766351]
["EMULSÕES ASFÁLTICAS RM-1C","2020-10-01",2.45372603141928,1.89319908642761,2.03490977609009,2.89662256374897,2.06697314555603,2.22495605396428]
["EMULSÕES ASFÁLTICAS RM-1C","2020-11-01",2.67887356786407,2.02823488689131,2.1591436775428,2.94926346846498,2.1978360791324,2.29718045312082]
["EMULSÕES ASFÁLTICAS RM-1C","2020-12-01",2.57820982615653,2.03162150542299,2.18235534106048,2.81985745507226,2.23369932790577,2.25304748529089]
["EMULSÕES ASFÁLTICAS RM-1C","2021-01-01",2.64605572361525,1.97720431327325,2.20390750704576,2.91691030056935,2.33101706382198,2.26396395144679]
["EMULSÕES ASFÁLTICAS RM-1C","2021-02-01",2.77636323509081,2.23141451506644,2.36176961817593,2.49347837637399,2.07910720081203,2.33305627504761]
["EMULSÕES ASFÁLTICAS RM-1C","2021-03-01",2.74885818811212,2.23561605518919,2.16106434164202,2.84965556200108,2.02487061059804,2.43196729129412]
["EMULSÕES ASFÁLTICAS RM-1C","2021-04-01",2.70221771877153,2.15454052672472,2.35139648972803,2.60408451557333,2.1755969681688,2.35548716143669]
["EMULSÕES ASFÁLTICAS RM-1C","2021-05-01",2.7691541589985,2.5542164010704,2.62112697812384,2.98071485880625,2.6535696066957,2.66520743221496]
["EMULSÕES ASFÁLTICAS RM-1C","2021-06-01",2.83108979286102,2.57665341973501,2.49446118007749,2.81368788987156,2.78571933398593,2.68647173648329]
["EMULSÕES ASFÁLTICAS RM-1C","2021-07-01",2.81925779869084,2.53752870713691,2.92320942277367,3.08008799673007,2.76664882334746,2.78744288463747]
["EMULSÕES ASFÁLTICAS RM-1C","2021-08-01",2.7901102225184,2.76621594938284,2.73452643034657,3.20802606456616,2.5996659750171,2.89861943386278]
["EMULSÕES ASFÁLTICAS RM-1C","2021-09-01",3.01497627900552,2.7097822189681,3.02811671626753,3.38323510411228,2.76401967795125,3.04428344187617]
["EMULSÕES ASFÁLTICAS RM-1C","2021-10-01",3.05777323982944,2.74160846477423,2.71373227539388,3.3095715435862,2.92493799676328,3.00061390556065]
["EMULSÕES ASFÁLTICAS RM-1C","2021-11-01",2.97411680269727,2.91884943521155,2.57556782748994,3.25628231099141,2.82989210518482,3.01458111830837]
["EMULSÕES ASFÁLTICAS RM-1C","2021-12-01",3.10221628187222,3.03530754217128,3.23420968001847,3.25634820373514,2.98295611384784,3.14807391658519]
["EMULSÕES ASFÁLTICAS RM-1C","2022-01-01",3.5243332388407,2.99801544197639,3.11172049310322,3.18207264421572,3.02747929272398,3.10516544123498]
["EMULSÕES ASFÁLTICAS RM-1C","2022-02-01",3.14704103450299,3.18844140249066,3.41778787978649,3.38152933328558,3.26762072349652,3.29701237163836]
["EMULSÕES ASFÁLTICAS RM-1C","2022-03-01",3.29711357960249,3.23497242202689,3.39579451596617,3.40896740008054,3.31677834126849,3.34312323285303]
["EMULSÕES ASFÁLTICAS RM-1C","2022-04-01",3.23249508749151,3.20297745189468,3.63251949627631,3.45348322949512,3.49649662477692,3.35797766551724]
["EMULSÕES ASFÁLTICAS RM-1C","2022-05-01",3.26777841396522,3.31879189567821,3.64099254441188,3.46423618040089,3.44317386293206,3.41121182663023]
["EMULSÕES ASFÁLTICAS RM-1C","2022-06-01",3.48910977893957,3.25055822961307,3.49684606005755,3.47618618000152,3.33289887425807,3.39785754973275]
["EMULSÕES ASFÁLTICAS RM-1C","2022-07-01",3.37165587384351,3.48017155326044,3.63780426061944,3.48603600137924,3.40870027817404,3.47659346480924]
["EMULSÕES ASFÁLTICAS RM-1C","2022-08-01",3.41599070695103,3.34158328289888,3.56426697017766,3.47516939396736,2.97041794879036,3.39133892542584]
["EMULSÕES ASFÁLTICAS RM-1C","2022-09-01",3.18408936655972,3.30267459443627,3.55779976834829,3.49782314063647,2.89671050788391,3.35852212929782]
["EMULSÕES ASFÁLTICAS RM-1C","2022-10-01",3.14364073843635,3.15102108598887,2.82802623243162,3.48746481490489,3.00691695383086,3.15373610822708]
["EMULSÕES ASFÁLTICAS RM-1C","2022-11-01",3.01495799837225,3.09656188535506,3.00932413121396,3.39870081674396,2.7949346515605,3.09501256741841]
["EMULSÕES ASFÁLTICAS RM-1C","2022-12-01",3.29738876151376,3.34015453396919,3.15730214803089,3.31044459800267,2.97101739714392,3.24784298281917]
["EMULSÕES ASFÁLTICAS RM-1C","2023-01-01",3.46187843752054,2.77125817137821,3.31386108589853,3.77942377785935,2.65752487075106,3.08294751903571]
["EMULSÕES ASFÁLTICAS RM-1C","2023-02-01",3.05121330012236,2.8761984027387,3.02338176887031,3.17646072246032,2.43140147098325,2.93414237491558]
["EMULSÕES ASFÁLTICAS RM-1C","2023-03-01",3.43082322904325,2.70300706531669,3.17721117930205,3.18360617878256,2.61882537446485,2.98861167267397]
["EMULSÕES ASFÁLTICAS RM-1C","2023-04-01",3.17466869782376,2.59237559102406,3.17179165795341,3.03823465197878,2.5593691590021,2.79537611870314]
["EMULSÕES ASFÁLTICAS RM-1C","2023-05-01",3.16389374690893,2.73835792327456,3.00775029085184,2.98491403348612,2.59904873398609,2.83121458603357]
["EMULSÕES ASFÁLTICAS RM-1C","2023-06-01",3.09112578118084,2.52166446543724,2.99513325556524,2.73422986496283,2.5804871625009,2.68213739318498]
["EMULSÕES ASFÁLTICAS RM-1C","2023-07-01",2.79028259232955,2.63981987621022,2.66158147856425,2.86324740230228,2.35901660435489,2.68271340776013]
["EMULSÕES ASFÁLTICAS RM-1C","2023-08-01",2.94378862819576,2.64204216378177,3.13452906402266,2.7417938918462,2.62813994983352,2.70136229592388]
["EMULSÕES ASFÁLTICAS RM-1C","2023-09-01",3.07089261016949,2.86686992077789,3.19697464334316,2.92820408846522,2.74814408942691,2.88470520695866]
["EMULSÕES ASFÁLTICAS RM-1C","2023-10-01",3.11944816289658,2.87924630645491,3.03156957292354,2.9257860952078,2.75583087144188,2.88781079526465]
["EMULSÕES ASFÁLTICAS RM-1C","2023-11-01",3.47328884415229,3.01703593833239,3.52361841522295,2.67526537944521,2.52908681282329,2.91557083171081]
["EMULSÕES ASFÁLTICAS RM-1C","2023-12-01",3.13930448593822,3.22906110186313,2.43486877451703,2.83304122346747,2.64140873284619,2.93886557213916]
["EMULSÕES ASFÁLTICAS RM-1C","2024-01-01",3.18850698634082,2.92628573806406,3.02852827825895,2.70867323463865,2.61146300655478,2.86247514483541]
["EMULSÕES ASFÁLTICAS RM-1C","2024-02-01",2.95113057049548,2.7766891645412,2.99679530783629,2.76747693670012,2.66345046754199,2.79009612562043]
["EMULSÕES ASFÁLTICAS RM-1C","2024-03-01",3.15924220775708,2.92908648195005,3.07982120529892,2.65767789784451,2.76250637373904,2.87835134072744]
["EMULSÕES ASFÁLTICAS RM-1C","2024-04-01",2.95837875061485,2.83578697420195,3.09544189191139,2.65390266106748,2.76102777004921,2.81846722856863]
["EMULSÕES ASFÁLTICAS RM-1C","2024-05-01",2.97732436727914,2.80354925327351,2.91988195016719,2.77234717825961,2.72391942128678,2.81411996487439]
["EMULSÕES ASFÁLTICAS RM-1C","2024-06-01",2.93967193717277,2.78758848709945,2.69848492524917,2.71251633694536,2.79399504162784,2.78664573582002]
["EMULSÕES ASFÁLTICAS RM-1C","2024-07-01",3.17120527957291,2.89109045285922,2.75542930197037,2.82669534120273,2.84120687677928,2.86755493750048]
["EMULSÕES ASFÁLTICAS RM-1C","2024-08-01",4.45600892181911,3.13840836231884,2.96429118687799,2.85117111685873,2.89990917352741,3.03876120342913]
["EMULSÕES ASFÁLTICAS RM-2C","2008-11-01","***","***","***","***","***","***"]
["EMULSÕES ASFÁLTICAS RM-2C","2008-12-01","***","***","***",0.81623,"***",0.81623]
["EMULSÕES ASFÁLTICAS RM-2C","2009-01-01",2.26068941972921,"***","***",0.9831,"***",2.16288977034958]
["EMULSÕES ASFÁLTICAS RM-2C","2009-02-01","***","***","***",2.77963333333333,0.87447,2.16045525]
["EMULSÕES ASFÁLTICAS RM-2C","2009-03-01","***","***","***",0.833832320675105,0.9268,0.893092697603264]
["EMULSÕES ASFÁLTICAS RM-2C","2009-04-01","***","***","***",0.7874,"***",0.7874]
["EMULSÕES ASFÁLTICAS RM-2C","2009-05-01","***","***","***","***","***","***"]
["EMULSÕES ASFÁLTICAS RM-2C","2009-06-01","***","***","***",0.784543916403232,0.87447,0.80125880183014]
["EMULSÕES ASFÁLTICAS RM-2C","2009-07-01","***","***","***",0.88127797833935,"***",0.88127797833935]
["EMULSÕES ASFÁLTICAS RM-2C","2009-08-01","***","***","***",0.902,"***",0.902]
["EMULSÕES ASFÁLTICAS RM-2C","2009-09-01","***","***","***",0.902,"***",0.902]
["EMULSÕES ASFÁLTICAS RM-2C","2009-10-01","***","***","***",0.865785513103884,1.0888,0.96305905643582]
["EMULSÕES ASFÁLTICAS RM-2C","2009-11-01","***","***","***",0.902,"***",0.902]
["EMULSÕES ASFÁLTICAS RM-2C","2009-12-01","***","***","***",0.902,"***",0.902]
["EMULSÕES ASFÁLTICAS RM-2C","2010-01-01","***","***","***",0.865839536295887,"***",0.865839536295887]
["EMULSÕES ASFÁLTICAS RM-2C","2010-02-01","***","***","***",0.86248,"***",0.86248]
["EMULSÕES ASFÁLTICAS RM-2C","2010-03-01","***","***","***",0.86248,0.871764413483757,0.870803839873263]
["EMULSÕES ASFÁLTICAS RM-2C","2010-04-01","***","***","***",0.860880365774004,0.879521015855953,0.874087117288652]
["EMULSÕES ASFÁLTICAS RM-2C","2010-05-01","***","***","***",0.85103,0.894942051515653,0.892213323753301]
["EMULSÕES ASFÁLTICAS RM-2C","2010-06-01","***","***","***",0.84968,0.891332056857961,0.889636643940165]
["EMULSÕES ASFÁLTICAS RM-2C","2010-07-01","***","***","***",0.850343181818182,0.895462245025774,0.889166561787506]
["EMULSÕES ASFÁLTICAS RM-2C","2010-08-01","***","***","***",0.84783,0.892683612367103,0.890501291053886]
["EMULSÕES ASFÁLTICAS RM-2C","2010-09-01","***","***","***",0.79874639304973,0.900855228712174,0.885228283893448]
["EMULSÕES ASFÁLTICAS RM-2C","2010-10-01","***","***","***",0.84733,0.860266219559839,0.859625733382845]
["EMULSÕES ASFÁLTICAS RM-2C","2010-11-01","***","***","***",0.84867,0.890623987341772,0.885186011017498]
["EMULSÕES ASFÁLTICAS RM-2C","2010-12-01","***","***","***",0.804330261263663,0.78766,0.799961335772742]
["EMULSÕES ASFÁLTICAS RM-2C","2011-01-01","***","***","***",0.772765,0.9005,0.853278188539741]
["EMULSÕES ASFÁLTICAS RM-2C","2011-02-01","***","***","***",0.69686,0.894163981578735,0.88218529255521]
["EMULSÕES ASFÁLTICAS RM-2C","2011-03-01","***","***","***",0.68036495049505,0.901666204729485,0.876879260928669]
["EMULSÕES ASFÁLTICAS RM-2C","2011-04-01","***","***","***",0.730642437275986,0.905295886649138,0.895868857750877]
["EMULSÕES ASFÁLTICAS RM-2C","2011-05-01","***","***","***",0.719702857142857,0.898928652321631,0.888884017741385]
["EMULSÕES ASFÁLTICAS RM-2C","2011-06-01","***","***","***",0.68756,0.894283493243583,0.891719576325842]
["EMULSÕES ASFÁLTICAS RM-2C","2011-07-01","***","***","***",0.693519136094675,0.880571623635558,0.848850845235308]
["EMULSÕES ASFÁLTICAS RM-2C","2011-08-01","***","***","***",0.68756,0.806465222993062,0.799095825844438]
["EMULSÕES ASFÁLTICAS RM-2C","2011-09-01","***","***",1.17,0.720695647558386,0.808070834886973,0.838130554617246]
["EMULSÕES ASFÁLTICAS RM-2C","2011-10-01","***","***","***",0.679602216307089,0.737302129097668,0.705756328125]
["EMULSÕES ASFÁLTICAS RM-2C","2011-11-01","***","***","***",0.68756,0.82349,0.819023210104744]
["EMULSÕES ASFÁLTICAS RM-2C","2011-12-01","***","***","***",0.693242082410279,0.859901232153569,0.824388609327795]
["EMULSÕES ASFÁLTICAS RM-2C","2012-01-01","***","***","***",0.722817584557568,"***",0.722817584557568]
["EMULSÕES ASFÁLTICAS RM-2C","2012-02-01","***","***","***",0.75698,0.879807198045148,0.860528846380224]
["EMULSÕES ASFÁLTICAS RM-2C","2012-03-01","***","***","***",0.732879367240689,0.819467633851468,0.793377263183299]
["EMULSÕES ASFÁLTICAS RM-2C","2012-04-01","***","***","***",0.864263065693431,0.817180405860806,0.821733509066043]
["EMULSÕES ASFÁLTICAS RM-2C","2012-05-01","***","***","***",0.803650690989497,0.889075842085328,0.884066633063209]
["EMULSÕES ASFÁLTICAS RM-2C","2012-06-01","***","***","***",0.800072381587725,0.95421,0.924498395807883]
["EMULSÕES ASFÁLTICAS RM-2C","2012-07-01","***","***","***",0.809572680470062,0.942962467532467,0.931631595759852]
["EMULSÕES ASFÁLTICAS RM-2C","2012-08-01","***","***","***",0.736555112184039,0.95421,0.913725960908611]
["EMULSÕES ASFÁLTICAS RM-2C","2012-09-01","***","***","***",0.957950764119601,0.95421,0.956936319612591]
["EMULSÕES ASFÁLTICAS RM-2C","2012-10-01","***","***","***",0.75698,0.870161756156641,0.842531177906622]
["EMULSÕES ASFÁLTICAS RM-2C","2012-11-01","***","***","***",0.734062292358804,1.22177027777778,0.997236622820434]
["EMULSÕES ASFÁLTICAS RM-2C","2012-12-01","***","***","***",1.14478,0.95421,1.05449506885002]
["EMULSÕES ASFÁLTICAS RM-2C","2013-01-01","***","***","***",0.866755575942915,"***",0.866755575942915]
["EMULSÕES ASFÁLTICAS RM-2C","2013-02-01","***","***","***",0.733733378500452,"***",0.733733378500452]
["EMULSÕES ASFÁLTICAS RM-2C","2013-03-01","***","***","***",0.84782582852432,1.08935646464646,0.947890186705295]
["EMULSÕES ASFÁLTICAS RM-2C","2013-04-01",1.18074655172414,"***","***",0.736573931623932,0.95421,0.995694312753939]
["EMULSÕES ASFÁLTICAS RM-2C","2013-05-01","***","***","***",0.847419211703959,0.95421,0.871636872504658]
["EMULSÕES ASFÁLTICAS RM-2C","2013-06-01","***","***","***",0.830117954164338,1.0434753323069,0.976346181850158]
["EMULSÕES ASFÁLTICAS RM-2C","2013-07-01","***","***","***",0.84782,0.8487,0.848399016673792]
["EMULSÕES ASFÁLTICAS RM-2C","2013-08-01","***","***","***",0.788207952595014,0.8487,0.802744073269171]
["EMULSÕES ASFÁLTICAS RM-2C","2013-09-01","***","***","***",0.818591639344262,0.8487,0.829057112299465]
["EMULSÕES ASFÁLTICAS RM-2C","2013-10-01","***","***","***",0.74508,1.02063548387097,0.882711377478754]
["EMULSÕES ASFÁLTICAS RM-2C","2013-11-01","***","***","***",0.85118,0.8487,0.849839243765084]
["EMULSÕES ASFÁLTICAS RM-2C","2013-12-01","***","***","***",0.781487432072456,"***",0.781487432072456]
["EMULSÕES ASFÁLTICAS RM-2C","2014-01-01","***","***","***","***","***","***"]
["EMULSÕES ASFÁLTICAS RM-2C","2014-02-01","***","***","***",0.780612058897559,1.03460647757762,0.881291402309329]
["EMULSÕES ASFÁLTICAS RM-2C","2014-03-01","***","***","***",0.876407879377432,0.87805,0.877276351970669]
["EMULSÕES ASFÁLTICAS RM-2C","2014-04-01","***","***","***",0.78109045442941,"***",0.78109045442941]
["EMULSÕES ASFÁLTICAS RM-2C","2014-05-01","***","***","***","***","***","***"]
["EMULSÕES ASFÁLTICAS RM-2C","2014-06-01","***","***","***",0.778931509727626,1.73745,1.02065295247333]
["EMULSÕES ASFÁLTICAS RM-2C","2014-07-01","***","***","***",0.84741,"***",0.84741]
["EMULSÕES ASFÁLTICAS RM-2C","2014-08-01","***","***","***",0.779395215110178,"***",0.779395215110178]
["EMULSÕES ASFÁLTICAS RM-2C","2014-09-01","***","***","***",0.779766260667184,"***",0.779766260667184]
["EMULSÕES ASFÁLTICAS RM-2C","2014-10-01","***","***","***",0.78453,"***",0.78453]
["EMULSÕES ASFÁLTICAS RM-2C","2014-11-01","***","***","***",0.776058625401929,1.28283985507246,0.991510904189772]
["EMULSÕES ASFÁLTICAS RM-2C","2014-12-01","***","***","***","***","***","***"]
["EMULSÕES ASFÁLTICAS RM-2C","2015-01-01","***","***","***",1.03117769230769,"***",1.03117769230769]
["EMULSÕES ASFÁLTICAS RM-2C","2015-02-01","***","***","***",1.05279,"***",1.05279]
["EMULSÕES ASFÁLTICAS RM-2C","2015-03-01","***","***","***",1.03609623632969,1.41908017795816,1.27769103003447]
["EMULSÕES ASFÁLTICAS RM-2C","2015-04-01","***","***","***","***","***","***"]
["EMULSÕES ASFÁLTICAS RM-2C","2015-05-01","***","***","***",1.02511391680173,1.05452,1.03310746656176]
["EMULSÕES ASFÁLTICAS RM-2C","2015-06-01","***","***","***",1.02476514118274,1.37271576523031,1.17007744027304]
["EMULSÕES ASFÁLTICAS RM-2C","2015-07-01","***","***","***",1.07389717033733,"***",1.07389717033733]
["EMULSÕES ASFÁLTICAS RM-2C","2015-08-01","***","***","***",0.99764,1.10695822807815,1.06464345864662]
["EMULSÕES ASFÁLTICAS RM-2C","2015-09-01","***","***","***",1.06117,"***",1.06117]
["EMULSÕES ASFÁLTICAS RM-2C","2015-10-01","***","***",1.53361551421037,"***","***",1.53361551421037]
["EMULSÕES ASFÁLTICAS RM-2C","2015-11-01","***","***","***",1.16729,1.05452,1.09601812585499]
["EMULSÕES ASFÁLTICAS RM-2C","2015-12-01","***","***","***",1.13034,1.08505154968944,1.0873226519174]
["EMULSÕES ASFÁLTICAS RM-2C","2016-01-01",1.72018592105263,"***","***",1.13034,1.47948935828877,1.47606284889713]
["EMULSÕES ASFÁLTICAS RM-2C","2016-02-01","***","***","***",1.22005800926859,1.41043,1.36747404682882]
["EMULSÕES ASFÁLTICAS RM-2C","2016-03-01","***","***","***",1.13034,1.41043,1.38517201548057]
["EMULSÕES ASFÁLTICAS RM-2C","2016-04-01","***","***","***",1.27819186421174,1.50214245622611,1.47217662907075]
["EMULSÕES ASFÁLTICAS RM-2C","2016-05-01","***","***","***",1.26154,1.41043,1.40650020785219]
["EMULSÕES ASFÁLTICAS RM-2C","2016-06-01","***","***","***",1.27659219969589,1.41043,1.39002493238544]
["EMULSÕES ASFÁLTICAS RM-2C","2016-07-01","***","***","***",1.26154,1.51536,1.49042985880909]
["EMULSÕES ASFÁLTICAS RM-2C","2016-08-01",2.1663,"***","***",1.27619820306205,1.51536,1.47749144381132]
["EMULSÕES ASFÁLTICAS RM-2C","2016-09-01","***","***","***",1.64823268590455,1.35608,1.45117738800578]
["EMULSÕES ASFÁLTICAS RM-2C","2016-10-01","***","***","***",1.28102645099295,"***",1.28102645099295]
["EMULSÕES ASFÁLTICAS RM-2C","2016-11-01","***","***","***",1.27875354495835,"***",1.27875354495835]
["EMULSÕES ASFÁLTICAS RM-2C","2016-12-01","***","***","***",1.26154,1.35608,1.3489690560361]
["EMULSÕES ASFÁLTICAS RM-2C","2017-01-01","***","***",1.75,1.26154,1.33975612159699,1.39890729987181]
["EMULSÕES ASFÁLTICAS RM-2C","2017-02-01","***","***","***",1.27915791530945,1.33324,1.32478407944996]
["EMULSÕES ASFÁLTICAS RM-2C","2017-03-01","***","***","***",1.26154,1.33324,1.33046456089418]
["EMULSÕES ASFÁLTICAS RM-2C","2017-04-01","***","***","***",1.83,1.33324,1.39778917416355]
["EMULSÕES ASFÁLTICAS RM-2C","2017-05-01","***","***","***","***","***","***"]
["EMULSÕES ASFÁLTICAS RM-2C","2017-06-01","***","***",1.71293250581846,1.26154,1.33324,1.44623529037985]
["EMULSÕES ASFÁLTICAS RM-2C","2017-07-01","***","***",1.74051,1.27880033304868,1.33324,1.34982594205515]
["EMULSÕES ASFÁLTICAS RM-2C","2017-08-01","***","***","***",1.25719,1.33324,1.31489471071767]
["EMULSÕES ASFÁLTICAS RM-2C","2017-09-01","***","***","***",1.27392905925755,"***",1.27392905925755]
["EMULSÕES ASFÁLTICAS RM-2C","2017-10-01","***","***","***",1.85215,"***",1.85215]
["EMULSÕES ASFÁLTICAS RM-2C","2017-11-01","***","***","***",1.27414560941828,"***",1.27414560941828]
["EMULSÕES ASFÁLTICAS RM-2C","2017-12-01",1.89551,"***",1.85331,1.50307969042477,"***",1.81740439989653]
["EMULSÕES ASFÁLTICAS RM-2C","2018-01-01",1.77516,"***","***",1.34555,1.3169,1.47454099325337]
["EMULSÕES ASFÁLTICAS RM-2C","2018-02-01",1.89551,"***","***","***",1.4081,1.75623246978852]
["EMULSÕES ASFÁLTICAS RM-2C","2018-03-01","***","***","***",1.33629117309458,"***",1.33629117309458]
["EMULSÕES ASFÁLTICAS RM-2C","2018-04-01","***","***","***",1.58627,"***",1.58627]
["EMULSÕES ASFÁLTICAS RM-2C","2018-05-01","***","***","***",1.73714150807899,"***",1.73714150807899]
["EMULSÕES ASFÁLTICAS RM-2C","2018-06-01","***","***","***","***",1.53973439878234,1.53973439878234]
["EMULSÕES ASFÁLTICAS RM-2C","2018-07-01","***","***","***",1.6635781402996,"***",1.6635781402996]
["EMULSÕES ASFÁLTICAS RM-2C","2018-08-01","***","***","***",1.85290339279704,"***",1.85290339279704]
["EMULSÕES ASFÁLTICAS RM-2C","2018-09-01","***","***","***","***","***","***"]
["EMULSÕES ASFÁLTICAS RM-2C","2018-10-01","***","***","***",1.75393693636364,"***",1.75393693636364]
["EMULSÕES ASFÁLTICAS RM-2C","2018-11-01",2.48841736111111,"***","***",2.00999913043478,"***",2.2204463182011]
["EMULSÕES ASFÁLTICAS RM-2C","2018-12-01","***","***","***",2.33475363636364,"***",2.33475363636364]
["EMULSÕES ASFÁLTICAS RM-2C","2019-01-01","***","***","***",1.90407312339802,"***",1.90407312339802]
["EMULSÕES ASFÁLTICAS RM-2C","2019-02-01","***","***","***",2.04798678566267,2.03442,2.04453079168462]
["EMULSÕES ASFÁLTICAS RM-2C","2019-03-01",2.4885,"***","***",2.09381637538406,2.23713,2.1625158023278]
["EMULSÕES ASFÁLTICAS RM-2C","2019-04-01","***","***","***",2.14049945526991,"***",2.14049945526991]
["EMULSÕES ASFÁLTICAS RM-2C","2019-05-01","***","***","***",2.20835261078337,"***",2.20835261078337]
["EMULSÕES ASFÁLTICAS RM-2C","2019-06-01","***","***",2.21946,2.18461713385063,2.23591,2.20659987402068]
["EMULSÕES ASFÁLTICAS RM-2C","2019-07-01",2.42782287416232,"***",2.26013579779227,2.14670145065692,1.98466076006118,2.118369045986]
["EMULSÕES ASFÁLTICAS RM-2C","2019-08-01","***","***",2.04508,2.08122908839779,1.98140399159337,2.03642890135035]
["EMULSÕES ASFÁLTICAS RM-2C","2019-09-01",2.27074,"***",2.044168503013,2.04492538152093,1.88826773290825,2.02375611153035]
["EMULSÕES ASFÁLTICAS RM-2C","2019-10-01","***","***","***",2.04113205507502,1.8625542357614,1.98178431147464]
["EMULSÕES ASFÁLTICAS RM-2C","2019-11-01","***","***","***",2.06207868762358,2.0069656914337,2.05198640686597]
["EMULSÕES ASFÁLTICAS RM-2C","2019-12-01",3.09603,"***","***",2.08912866293967,"***",2.13394955486312]
["EMULSÕES ASFÁLTICAS RM-2C","2020-01-01","***","***","***",2.02505007966277,2.23546526476578,2.05094246546161]
["EMULSÕES ASFÁLTICAS RM-2C","2020-02-01","***","***","***",2.03000260316417,2.01734926973199,2.02797401963103]
["EMULSÕES ASFÁLTICAS RM-2C","2020-03-01","***","***","***",1.8831589703216,1.99554,1.90432072734314]
["EMULSÕES ASFÁLTICAS RM-2C","2020-04-01","***","***","***",1.97667095799906,"***",1.97667095799906]
["EMULSÕES ASFÁLTICAS RM-2C","2020-05-01","***","***",2.03923063793832,1.88917493565338,"***",1.9086289598795]
["EMULSÕES ASFÁLTICAS RM-2C","2020-06-01",2.30371,"***",2.17688476274788,1.91617558175789,2.0231,1.97434658956967]
["EMULSÕES ASFÁLTICAS RM-2C","2020-07-01","***","***","***",1.86341233670764,1.90380576964478,1.86747925978108]
["EMULSÕES ASFÁLTICAS RM-2C","2020-08-01",2.33738354354354,"***",2.07937671285604,2.06780552280806,2.07122533869116,2.10909121878905]
["EMULSÕES ASFÁLTICAS RM-2C","2020-09-01","***","***",2.09916,2.06994608732394,2.08900172738693,2.07646137286371]
["EMULSÕES ASFÁLTICAS RM-2C","2020-10-01","***","***",2.07348,1.96327322360032,1.87694965977606,1.95691372120802]
["EMULSÕES ASFÁLTICAS RM-2C","2020-11-01","***","***","***",2.08251059194814,2.24433,2.08849635489965]
["EMULSÕES ASFÁLTICAS RM-2C","2020-12-01","***","***","***",2.05327398706897,2.2419,2.12493345052686]
["EMULSÕES ASFÁLTICAS RM-2C","2021-01-01","***","***","***",2.17301760708557,"***",2.17301760708557]
["EMULSÕES ASFÁLTICAS RM-2C","2021-02-01","***","***","***",2.36611167263365,2.31886065789474,2.3583793126535]
["EMULSÕES ASFÁLTICAS RM-2C","2021-03-01","***","***","***",2.18412773399535,2.27206,2.21406342600334]
["EMULSÕES ASFÁLTICAS RM-2C","2021-04-01","***","***",2.31272,2.31514335159381,2.29745844144144,2.31093196732681]
["EMULSÕES ASFÁLTICAS RM-2C","2021-05-01",2.64208209150327,"***","***",2.74631302034429,2.83401935539076,2.76650316696397]
["EMULSÕES ASFÁLTICAS RM-2C","2021-06-01","***","***",3.08643,2.66330323417389,2.79888,2.72637687247102]
["EMULSÕES ASFÁLTICAS RM-2C","2021-07-01","***","***",2.66974,2.8325034320731,2.79888,2.81782604267473]
["EMULSÕES ASFÁLTICAS RM-2C","2021-08-01",2.80181,"***","***",2.80988944129555,3.0115,2.86601029211459]
["EMULSÕES ASFÁLTICAS RM-2C","2021-09-01",2.80181,"***","***",2.76292160755008,3.0115,2.8097008698766]
["EMULSÕES ASFÁLTICAS RM-2C","2021-10-01","***","***","***",2.90134250366228,3.01379940589858,2.93052659587355]
["EMULSÕES ASFÁLTICAS RM-2C","2021-11-01","***","***","***",2.96818686424735,3.29581,3.05989072427536]
["EMULSÕES ASFÁLTICAS RM-2C","2021-12-01","***","***","***",2.92970204560377,"***",2.92970204560377]
["EMULSÕES ASFÁLTICAS RM-2C","2022-01-01","***","***","***",2.94189235732851,"***",2.94189235732851]
["EMULSÕES ASFÁLTICAS RM-2C","2022-02-01","***","***","***",3.26774400057937,"***",3.26774400057937]
["EMULSÕES ASFÁLTICAS RM-2C","2022-03-01","***","***","***",3.2588862701712,3.38541,3.27244003951307]
["EMULSÕES ASFÁLTICAS RM-2C","2022-04-01","***","***","***",3.15812764158743,3.55347,3.20618605447118]
["EMULSÕES ASFÁLTICAS RM-2C","2022-05-01","***","***",2.50243,2.90244724874269,3.38038,2.92759904650184]
["EMULSÕES ASFÁLTICAS RM-2C","2022-06-01","***",4.07739,"***",3.29623211483139,3.06863882106523,3.30239316741455]
["EMULSÕES ASFÁLTICAS RM-2C","2022-07-01","***",3.54889,"***",3.05996751666438,3.34416170793975,3.11761230416561]
["EMULSÕES ASFÁLTICAS RM-2C","2022-08-01","***","***","***",2.9758307996769,3.37272039317754,3.0578465948779]
["EMULSÕES ASFÁLTICAS RM-2C","2022-09-01","***","***","***",3.11347947839299,3.11569622288706,3.11400730054985]
["EMULSÕES ASFÁLTICAS RM-2C","2022-10-01","***","***","***",2.70102932900582,3.12398175475687,2.74626678884184]
["EMULSÕES ASFÁLTICAS RM-2C","2022-11-01","***","***","***",2.52377683861187,3.21235215090385,2.57371493530429]
["EMULSÕES ASFÁLTICAS RM-2C","2022-12-01","***","***","***",2.82525594385144,2.99742882614855,2.85867200997722]
["EMULSÕES ASFÁLTICAS RM-2C","2023-01-01","***","***","***",2.74376295189021,3.14507164531159,2.80358904493163]
["EMULSÕES ASFÁLTICAS RM-2C","2023-02-01","***","***","***",2.61437017627986,3.07759052631579,2.66942391209551]
["EMULSÕES ASFÁLTICAS RM-2C","2023-03-01","***","***","***",2.50223960229412,2.86822390150792,2.55046131507469]
["EMULSÕES ASFÁLTICAS RM-2C","2023-04-01","***","***","***",2.43627027334169,3.05153490156282,2.57874712918008]
["EMULSÕES ASFÁLTICAS RM-2C","2023-05-01","***","***",2.89238,2.49926444045183,2.82145996235722,2.54895271594767]
["EMULSÕES ASFÁLTICAS RM-2C","2023-06-01","***","***","***",2.33118814719909,2.76482411181102,2.37521315879513]
["EMULSÕES ASFÁLTICAS RM-2C","2023-07-01","***","***","***",2.30182542052847,2.81901664520168,2.37351345230273]
["EMULSÕES ASFÁLTICAS RM-2C","2023-08-01","***","***",2.82095472344661,2.3632790229047,2.86258931893266,2.44953144721147]
["EMULSÕES ASFÁLTICAS RM-2C","2023-09-01","***","***",2.97226159782775,2.28918582183979,3.09646568849706,2.53593137644505]
["EMULSÕES ASFÁLTICAS RM-2C","2023-10-01","***","***",3.03844326347305,2.46280818530818,3.06113185539741,2.62311876844592]
["EMULSÕES ASFÁLTICAS RM-2C","2023-11-01","***","***",2.9347046453422,2.56301567138399,3.07899797738371,2.68671564726841]
["EMULSÕES ASFÁLTICAS RM-2C","2023-12-01","***","***",2.95264,2.45430467086773,3.16670300667009,2.5604252259977]
["EMULSÕES ASFÁLTICAS RM-2C","2024-01-01","***","***",2.92168813397129,2.47403843745332,2.85128510354746,2.58900559403111]
["EMULSÕES ASFÁLTICAS RM-2C","2024-02-01","***","***",2.97713657689582,2.45004146374492,2.89572492428583,2.61725771016623]
["EMULSÕES ASFÁLTICAS RM-2C","2024-03-01","***","***","***",2.53397448664201,2.93963874727794,2.64105119739828]
["EMULSÕES ASFÁLTICAS RM-2C","2024-04-01","***","***",3.02698498390212,2.58348290541646,3.00454961656551,2.75854142413669]
["EMULSÕES ASFÁLTICAS RM-2C","2024-05-01","***","***",2.71063828398792,2.42622493192869,3.29895125848508,2.63435046384752]
["EMULSÕES ASFÁLTICAS RM-2C","2024-06-01","***","***",2.92511033628319,2.54728488837158,2.99918048902027,2.66211796306841]
["EMULSÕES ASFÁLTICAS RM-2C","2024-07-01","***","***",2.97052517636066,2.23032827862236,3.22814327153211,2.43701096066493]
["EMULSÕES ASFÁLTICAS RM-2C","2024-08-01","***","***",3.19532714460285,2.57774400899969,3.39073021261908,2.75327759292418]
["EMULSÕES ASFÁLTICAS RR-1C","2008-11-01",1.14619173562736,0.768408824699464,1.19024502755025,0.77788231164632,0.963639378181579,0.878537527840311]
["EMULSÕES ASFÁLTICAS RR-1C","2008-12-01",1.08784868917785,0.736572151359208,1.10065749013128,0.77156247219702,0.87145006508214,0.829800447012618]
["EMULSÕES ASFÁLTICAS RR-1C","2009-01-01",1.40349666253693,0.720204273611917,0.957740232041087,0.758419805271126,0.830029977159831,0.804276570383749]
["EMULSÕES ASFÁLTICAS RR-1C","2009-02-01",1.43591203543844,0.686554567483121,1.13164336629214,0.8485200947808,0.872891266559319,0.847321020188595]
["EMULSÕES ASFÁLTICAS RR-1C","2009-03-01",1.4614782122905,0.712512168625404,0.940489195341138,0.74174829128648,0.804025767868031,0.765220630100428]
["EMULSÕES ASFÁLTICAS RR-1C","2009-04-01",1.00267783094099,0.735669450015193,0.941000667546948,0.72825697462072,0.77543401692072,0.756142920513814]
["EMULSÕES ASFÁLTICAS RR-1C","2009-05-01",0.92585340829234,0.666868993953652,1.00837614369934,0.723215874050082,0.75008824754989,0.751106643911433]
["EMULSÕES ASFÁLTICAS RR-1C","2009-06-01",1.28865965554031,0.684082374531551,0.961535700551978,0.704669967174382,0.759914683004808,0.74756833614172]
["EMULSÕES ASFÁLTICAS RR-1C","2009-07-01",1.18996671524504,0.702224839228296,1.01384714763592,0.754439181709701,0.792314700735058,0.792144081993151]
["EMULSÕES ASFÁLTICAS RR-1C","2009-08-01",1.4389065877712,0.664111678340097,0.933938130061673,0.713038731039073,0.742176194152707,0.733892454212009]
["EMULSÕES ASFÁLTICAS RR-1C","2009-09-01",1.09162133648278,0.665576233016338,0.928758230653013,0.703475437276389,0.74483946902021,0.732671310738964]
["EMULSÕES ASFÁLTICAS RR-1C","2009-10-01",1.14040123057627,0.700398682362174,1.1091528578746,0.723832648986622,0.737385181002425,0.802851511153576]
["EMULSÕES ASFÁLTICAS RR-1C","2009-11-01",1.24636344366291,0.679654310223292,1.24386473603058,0.714555179641436,0.737922203701249,0.849818823397562]
["EMULSÕES ASFÁLTICAS RR-1C","2009-12-01",1.27605029635045,0.697443766681407,1.27234398445095,0.712507569157761,0.842947413302192,0.908205560656851]
["EMULSÕES ASFÁLTICAS RR-1C","2010-01-01",1.34339652347084,0.704755785559943,1.1475356495994,0.700023148474216,0.777985879179483,0.851083005193987]
["EMULSÕES ASFÁLTICAS RR-1C","2010-02-01",1.33480487863668,0.708111863424333,1.04433295633153,0.726007813290393,0.818884434268891,0.812476570160907]
["EMULSÕES ASFÁLTICAS RR-1C","2010-03-01",1.13194448201244,0.704500510103961,1.01518349004249,0.719057384614892,0.840589906833375,0.818541433503961]
["EMULSÕES ASFÁLTICAS RR-1C","2010-04-01",1.19222054279188,0.696330744044819,0.940642666987973,0.679550160163692,0.778765979403023,0.77501590196018]
["EMULSÕES ASFÁLTICAS RR-1C","2010-05-01",1.10949853904282,0.677899786975565,0.921389106795215,0.694633379541378,0.724550639950927,0.773374766325678]
["EMULSÕES ASFÁLTICAS RR-1C","2010-06-01",0.960535127079448,0.657635441099785,0.856317091857242,0.695739533785506,0.73547211465017,0.735964600766179]
["EMULSÕES ASFÁLTICAS RR-1C","2010-07-01",1.0180140284725,0.666260694774299,0.981029161775793,0.695875015604147,0.715575608253991,0.785852781070756]
["EMULSÕES ASFÁLTICAS RR-1C","2010-08-01",0.963376235386538,0.690964006192061,1.01273314919517,0.67358103119081,0.704974809696763,0.767789289706092]
["EMULSÕES ASFÁLTICAS RR-1C","2010-09-01",1.06110217084489,0.681079860767457,0.956742225549179,0.676940613399976,0.730626238680157,0.775598712429079]
["EMULSÕES ASFÁLTICAS RR-1C","2010-10-01",1.05178570025172,0.690740388152908,0.896979393963904,0.665105196716679,0.722030774006664,0.759453359321437]
["EMULSÕES ASFÁLTICAS RR-1C","2010-11-01",1.06025937112601,0.692363538492217,0.987790580254442,0.673104191354377,0.760623826492359,0.775013760710096]
["EMULSÕES ASFÁLTICAS RR-1C","2010-12-01",1.00486631754126,0.70235529542177,0.949525681945059,0.689563802775576,0.774075597259647,0.775721669366204]
["EMULSÕES ASFÁLTICAS RR-1C","2011-01-01",0.82966495056237,0.721024320012699,0.853301355401949,0.675752614432412,0.714082877276478,0.712077536898894]
["EMULSÕES ASFÁLTICAS RR-1C","2011-02-01",0.762445829322961,0.69763913112097,0.827479489924981,0.666447472293143,0.714953258609945,0.694643936327687]
["EMULSÕES ASFÁLTICAS RR-1C","2011-03-01",0.986666551556046,0.670966929333375,0.809757192097623,0.680219485744457,0.707725759006763,0.737285829475706]
["EMULSÕES ASFÁLTICAS RR-1C","2011-04-01",0.896075675692852,0.670065940699707,0.696358320418442,0.672534404362254,0.697578285337431,0.687988307628956]
["EMULSÕES ASFÁLTICAS RR-1C","2011-05-01",0.832935053283282,0.666041984700382,0.840791362514887,0.66385229691969,0.730638468242354,0.721344755174728]
["EMULSÕES ASFÁLTICAS RR-1C","2011-06-01",0.83372655769069,0.669737538574104,0.913618484176624,0.669391223546582,0.704894227627051,0.731930923441474]
["EMULSÕES ASFÁLTICAS RR-1C","2011-07-01",0.918107930024678,0.666014502060686,0.828074076480404,0.666594729980831,0.683784488758589,0.741916809172965]
["EMULSÕES ASFÁLTICAS RR-1C","2011-08-01",0.981174600047504,0.673782430957919,0.904319818571661,0.68092754358281,0.706755637036365,0.758355740659335]
["EMULSÕES ASFÁLTICAS RR-1C","2011-09-01",0.825565359929933,0.708613328642183,0.912279215843655,0.682158779371858,0.703007438981224,0.743197137682507]
["EMULSÕES ASFÁLTICAS RR-1C","2011-10-01",0.873838320742168,0.696827912623226,0.982563483546371,0.678873497563847,0.691328342893083,0.784900891775936]
["EMULSÕES ASFÁLTICAS RR-1C","2011-11-01",0.774982558720988,0.69714660717944,0.879219745667292,0.672731555283934,0.693533981153857,0.722569385138431]
["EMULSÕES ASFÁLTICAS RR-1C","2011-12-01",0.701524698667854,0.693067885261718,0.867754613540946,0.674627600198006,0.75503747383257,0.716252426309798]
["EMULSÕES ASFÁLTICAS RR-1C","2012-01-01",0.768437371497618,0.692280913716388,0.822940391586317,0.683933787257215,0.713229106034247,0.709389646642903]
["EMULSÕES ASFÁLTICAS RR-1C","2012-02-01",0.723500613614709,0.676640688170054,0.855279409787283,0.688175695605863,0.729775111310927,0.714339587780912]
["EMULSÕES ASFÁLTICAS RR-1C","2012-03-01",0.88169653449622,0.684973597030649,0.752994167181156,0.700357722557703,0.731110349535346,0.727415672516115]
["EMULSÕES ASFÁLTICAS RR-1C","2012-04-01",0.759759162286916,0.668486950571505,0.715880011133332,0.712418331671481,0.765416992179552,0.718643185734033]
["EMULSÕES ASFÁLTICAS RR-1C","2012-05-01",1.0643518256652,0.678570258823946,0.742933062854961,0.691336282475088,0.736319800924455,0.71935858619617]
["EMULSÕES ASFÁLTICAS RR-1C","2012-06-01",0.914443982019811,0.673931192894883,0.760342907686998,0.696903626609784,0.719984988112234,0.714806635594673]
["EMULSÕES ASFÁLTICAS RR-1C","2012-07-01",0.962884672503395,0.683648274685837,0.721764960581447,0.707284129146431,0.765711212218572,0.725573259028974]
["EMULSÕES ASFÁLTICAS RR-1C","2012-08-01",0.859271415816326,0.699302817091512,0.781990091784231,0.70728419899788,0.766661658387257,0.731192008741565]
["EMULSÕES ASFÁLTICAS RR-1C","2012-09-01",1.18165448531525,0.709133707872117,0.783115850960874,0.732766573933881,0.750687526050511,0.751643913087291]
["EMULSÕES ASFÁLTICAS RR-1C","2012-10-01",1.00210470759785,0.724839063594021,0.770878575726577,0.722944102873433,0.744292750998668,0.74021930066236]
["EMULSÕES ASFÁLTICAS RR-1C","2012-11-01",0.880466076510014,0.752261078118095,0.744815056617127,0.728314566873862,0.758955928302243,0.745961190952895]
["EMULSÕES ASFÁLTICAS RR-1C","2012-12-01",0.719488343702927,0.721019339148466,0.648589653326377,0.680639086294188,0.844925351981025,0.709817688496129]
["EMULSÕES ASFÁLTICAS RR-1C","2013-01-01",1.0986197927986,0.692574349654587,0.796033663810891,0.74030891773237,0.864873905332183,0.780324379029941]
["EMULSÕES ASFÁLTICAS RR-1C","2013-02-01",1.10570613322502,0.697725491741929,0.726837745343798,0.723561883890159,0.854963350913747,0.753286072989272]
["EMULSÕES ASFÁLTICAS RR-1C","2013-03-01",0.838179353807918,0.70444440856592,0.661270369611015,0.714196536497203,0.850668778326864,0.739143179725199]
["EMULSÕES ASFÁLTICAS RR-1C","2013-04-01",1.08027303288449,0.705940827524777,0.614535208014068,0.732317776185588,0.8366079304745,0.742207858160042]
["EMULSÕES ASFÁLTICAS RR-1C","2013-05-01",1.21728429115925,0.698562529776883,0.674852373308938,0.714545063013156,0.881627955894151,0.749741012943627]
["EMULSÕES ASFÁLTICAS RR-1C","2013-06-01",1.10561048029557,0.702890486501854,0.713298555012706,0.709296034265493,0.895189435204814,0.754508526242192]
["EMULSÕES ASFÁLTICAS RR-1C","2013-07-01",1.25640018973267,0.712473347383693,0.607898160800065,0.69624796177916,0.843285186309427,0.726488395545683]
["EMULSÕES ASFÁLTICAS RR-1C","2013-08-01",1.1441483159148,0.714368130373228,0.67444067352432,0.735998558371997,0.855623500652205,0.755894339257371]
["EMULSÕES ASFÁLTICAS RR-1C","2013-09-01",1.01378746535248,0.783767894296971,0.770602698474495,0.747876906882907,0.858669866503218,0.786335718392378]
["EMULSÕES ASFÁLTICAS RR-1C","2013-10-01",1.11105909015875,0.879554025314017,0.750327201581145,0.753102408884606,0.838466210706828,0.808315760993434]
["EMULSÕES ASFÁLTICAS RR-1C","2013-11-01",0.9492477978436,0.879556521508541,0.767767368524039,0.773005794386904,0.807695251942598,0.812526834933349]
["EMULSÕES ASFÁLTICAS RR-1C","2013-12-01",0.896908642197233,0.902248612017919,0.751800215862794,0.768732398048742,0.866314318233554,0.828527044817802]
["EMULSÕES ASFÁLTICAS RR-1C","2014-01-01",1.08923517679492,0.866744087552466,0.883477411525947,0.783272648865682,0.802838691815561,0.837901714285878]
["EMULSÕES ASFÁLTICAS RR-1C","2014-02-01",1.19722062236529,0.872467109182897,0.797890591191665,0.773877959987101,0.84616178601793,0.817788225986842]
["EMULSÕES ASFÁLTICAS RR-1C","2014-03-01",1.04515020055675,0.805897725329078,0.833375548117271,0.778885830909572,0.864256918929957,0.814558009380448]
["EMULSÕES ASFÁLTICAS RR-1C","2014-04-01",0.808886854552621,0.919341626053755,0.789968130008493,0.775864698411902,0.840703049865328,0.816305022312683]
["EMULSÕES ASFÁLTICAS RR-1C","2014-05-01",0.73614683026519,0.836695289030423,0.895197255673079,0.750290839642915,0.864352025723705,0.801499862296845]
["EMULSÕES ASFÁLTICAS RR-1C","2014-06-01",1.15399465099544,0.812576991968631,0.801867616326743,0.747011772163305,0.846378597638968,0.788268394497124]
["EMULSÕES ASFÁLTICAS RR-1C","2014-07-01",1.19340575533662,0.849861990050329,0.78645992423566,0.740535404833555,0.823244956989179,0.787015711519347]
["EMULSÕES ASFÁLTICAS RR-1C","2014-08-01",1.07330642974409,0.737876274860666,0.783362832476629,0.754946331394866,0.853122436168541,0.793679757232194]
["EMULSÕES ASFÁLTICAS RR-1C","2014-09-01",1.32481662893967,0.764821761383628,0.909035602750976,0.758147022938031,0.870570699783113,0.822137546764141]
["EMULSÕES ASFÁLTICAS RR-1C","2014-10-01",1.37738131080534,0.794552502733755,0.811075977653631,0.725159938759575,0.809019821532265,0.787305500525828]
["EMULSÕES ASFÁLTICAS RR-1C","2014-11-01",1.08556088157942,0.839199595451139,0.825861985425482,0.741776221163231,0.880580232533513,0.822250401547435]
["EMULSÕES ASFÁLTICAS RR-1C","2014-12-01",1.23376263455235,0.918942534221354,0.851544903488372,0.827833067466742,0.940180082021283,0.894773280114877]
["EMULSÕES ASFÁLTICAS RR-1C","2015-01-01",1.2717984123624,1.11925915491451,1.20162167694577,0.90776537674481,0.997091992968481,0.991221443404165]
["EMULSÕES ASFÁLTICAS RR-1C","2015-02-01",1.13307789787403,1.05440922042259,1.13849950330345,0.925593897071927,1.06688744364641,1.00049875805009]
["EMULSÕES ASFÁLTICAS RR-1C","2015-03-01",1.38909198506866,0.99919900157201,1.12285005648008,0.938673453320769,1.07739102821911,1.0167464164864]
["EMULSÕES ASFÁLTICAS RR-1C","2015-04-01",2.09475294260553,1.06745792802143,1.02256306344938,0.921296610315287,1.06333133641741,0.994792753291829]
["EMULSÕES ASFÁLTICAS RR-1C","2015-05-01",1.40671731332789,1.02977227939958,1.02511528613501,0.893304513763739,0.973918259998104,0.963084955867275]
["EMULSÕES ASFÁLTICAS RR-1C","2015-06-01",1.47247484316901,1.00916152713968,1.09309797190322,0.912242240213218,1.04511412852949,1.01810608240495]
["EMULSÕES ASFÁLTICAS RR-1C","2015-07-01",1.28545198565913,1.03925259227626,0.951680837395667,0.841256088476746,1.00260020844635,0.927254330623689]
["EMULSÕES ASFÁLTICAS RR-1C","2015-08-01",1.2441770460012,1.13326852710305,1.07912390286156,0.889269272493852,1.0610180649933,0.989597427879147]
["EMULSÕES ASFÁLTICAS RR-1C","2015-09-01",1.48010882809058,1.0311950727781,1.10864735486634,0.945250883753326,1.12080940518559,1.03383055104609]
["EMULSÕES ASFÁLTICAS RR-1C","2015-10-01",1.1153095404157,1.17431344199117,1.17864478596308,0.981235722571475,1.18177461513164,1.06646089433634]
["EMULSÕES ASFÁLTICAS RR-1C","2015-11-01",1.16316518224819,1.28920001436045,1.26414075226492,1.09254143747659,1.22819061837175,1.17491954307754]
["EMULSÕES ASFÁLTICAS RR-1C","2015-12-01",1.49407692392824,1.36550499576045,1.16623172079218,1.09525843288006,1.26285078016861,1.19923242963884]
["EMULSÕES ASFÁLTICAS RR-1C","2016-01-01",1.40154066112627,1.22896516106043,1.37445218391193,1.08671818389321,1.17969775263523,1.14824305780546]
["EMULSÕES ASFÁLTICAS RR-1C","2016-02-01",1.54519541985826,1.26745341858781,1.54753141498398,1.11062571885445,1.18779549738494,1.18103763179478]
["EMULSÕES ASFÁLTICAS RR-1C","2016-03-01",1.46939422303869,1.27324820747349,1.33890159558763,1.09481883162769,1.2045396785776,1.16761043929273]
["EMULSÕES ASFÁLTICAS RR-1C","2016-04-01",1.63451792113393,1.41635111805096,1.39567167044039,1.2099927159243,1.29914029093828,1.26969041220373]
["EMULSÕES ASFÁLTICAS RR-1C","2016-05-01",1.89842330935252,1.39375079351558,1.35434419590398,1.21164680368278,1.32324608847813,1.27766560527352]
["EMULSÕES ASFÁLTICAS RR-1C","2016-06-01",1.77139193380287,1.29661274741385,1.37029109252831,1.20635399280391,1.31435559355279,1.27410253026402]
["EMULSÕES ASFÁLTICAS RR-1C","2016-07-01",1.553803771598,1.22569205373195,1.41500276967366,1.19854823818535,1.30083931152493,1.24981675378392]
["EMULSÕES ASFÁLTICAS RR-1C","2016-08-01",1.65682346840168,1.10188381588731,1.46881709849306,1.20664594639054,1.29736738246703,1.26414738129111]
["EMULSÕES ASFÁLTICAS RR-1C","2016-09-01",1.77312116689089,1.13220218539062,1.48909469360661,1.14086599392987,1.12348872461833,1.171153888292]
["EMULSÕES ASFÁLTICAS RR-1C","2016-10-01",1.23206847947089,1.1871315122402,1.38198634235214,1.11977371262619,1.13078994872385,1.16282745081496]
["EMULSÕES ASFÁLTICAS RR-1C","2016-11-01",1.54433949836032,1.08726834352566,1.46763702039543,1.11996204693753,1.13684693558405,1.16281679903198]
["EMULSÕES ASFÁLTICAS RR-1C","2016-12-01",1.54307363859684,0.978238131640459,1.51572951901115,1.09121182769369,1.13662537021736,1.11893772106142]
["EMULSÕES ASFÁLTICAS RR-1C","2017-01-01",1.60552713155704,1.13160284150075,1.32362493809966,1.11039823202826,1.07961331124682,1.11090382456657]
["EMULSÕES ASFÁLTICAS RR-1C","2017-02-01",1.89042336800328,0.944971812331812,1.49607050148313,1.11314148083927,1.13690775715926,1.11990590047666]
["EMULSÕES ASFÁLTICAS RR-1C","2017-03-01",1.93399246670485,1.11778156954396,1.37473035230758,1.09939553056344,1.12191228226111,1.144712285951]
["EMULSÕES ASFÁLTICAS RR-1C","2017-04-01",1.21157825862069,1.16881388467216,1.33944828652743,1.11024668506448,1.09660129557381,1.13200295435376]
["EMULSÕES ASFÁLTICAS RR-1C","2017-05-01",1.2991514500956,1.15798616213643,1.32603722854633,1.08282078152799,1.09873122246138,1.13056175401408]
["EMULSÕES ASFÁLTICAS RR-1C","2017-06-01",1.76702359255961,1.16593063051724,1.39320689833599,1.08094758273663,1.08820197687881,1.17184871078299]
["EMULSÕES ASFÁLTICAS RR-1C","2017-07-01",1.7439607308278,1.15350550251079,1.33201039313959,1.06858095417349,1.09380122065546,1.19008187725766]
["EMULSÕES ASFÁLTICAS RR-1C","2017-08-01",1.75593695396603,1.13997906663462,1.28784607998426,1.09492216959465,1.07540008109046,1.18728053215761]
["EMULSÕES ASFÁLTICAS RR-1C","2017-09-01",1.68602679022606,1.17334183364518,1.43683322153404,1.05622805612691,1.10908649299253,1.18093458801824]
["EMULSÕES ASFÁLTICAS RR-1C","2017-10-01",1.78209870951776,1.1261437281911,1.50796035945841,1.09862463106991,1.07986847555475,1.25300898881432]
["EMULSÕES ASFÁLTICAS RR-1C","2017-11-01",1.82039512671836,1.17395197272866,1.61952882826452,1.18956880603486,1.16919404117636,1.29856829114113]
["EMULSÕES ASFÁLTICAS RR-1C","2017-12-01",1.98924617244259,1.22427806661298,1.56254514144272,1.20560490184579,1.2380375036257,1.39078252134207]
["EMULSÕES ASFÁLTICAS RR-1C","2018-01-01",1.9732964403096,1.2430391813693,1.52138081214403,1.21127243801344,1.25050166512156,1.32861994213604]
["EMULSÕES ASFÁLTICAS RR-1C","2018-02-01",2.09991754258565,1.24793728632662,1.41085797210628,1.17670107722665,1.24728729472022,1.28669229196288]
["EMULSÕES ASFÁLTICAS RR-1C","2018-03-01",1.93262369595216,1.2164272369042,1.42511623674762,1.1992574308292,1.24847198879081,1.27924381776883]
["EMULSÕES ASFÁLTICAS RR-1C","2018-04-01",2.01192872456176,1.23110146745294,1.48383529986083,1.17697154813799,1.26084942289826,1.30954661951451]
["EMULSÕES ASFÁLTICAS RR-1C","2018-05-01",2.04735188380895,1.295359887388,1.47818584320875,1.25969423331805,1.28568908865856,1.36820856751558]
["EMULSÕES ASFÁLTICAS RR-1C","2018-06-01",1.99012205201798,1.39992155863252,1.53623367453626,1.28746465146317,1.34239997805545,1.38499199257097]
["EMULSÕES ASFÁLTICAS RR-1C","2018-07-01",2.06590762910825,1.43097337064444,1.62426454326727,1.41830621913513,1.45182571333499,1.53180651287134]
["EMULSÕES ASFÁLTICAS RR-1C","2018-08-01",2.16716852628412,1.65050707126959,1.7798473613946,1.51515027866876,1.55269000618559,1.68583874272668]
["EMULSÕES ASFÁLTICAS RR-1C","2018-09-01",2.25354857186817,1.7104678915331,1.77775002394663,1.4938269707549,1.56395971461975,1.65430064182438]
["EMULSÕES ASFÁLTICAS RR-1C","2018-10-01",2.28516187560878,1.68787980804959,1.61711544436696,1.5367862271101,1.58468127219283,1.65858776201787]
["EMULSÕES ASFÁLTICAS RR-1C","2018-11-01",2.58671691985203,1.78028204280332,1.9201414408375,1.68477584832462,1.70221343369255,1.81211898307293]
["EMULSÕES ASFÁLTICAS RR-1C","2018-12-01",2.35125328787334,1.84444054165461,1.73303396953862,1.68175033517738,1.74720758725485,1.77414206014118]
["EMULSÕES ASFÁLTICAS RR-1C","2019-01-01",2.06870548399688,1.89522910547052,2.06697946672013,1.70768517933159,1.77905861589904,1.78084315789752]
["EMULSÕES ASFÁLTICAS RR-1C","2019-02-01",2.02231637098364,1.93200441191001,2.14771656532248,1.89654430505749,1.93093796318294,1.93691323091901]
["EMULSÕES ASFÁLTICAS RR-1C","2019-03-01",2.25245258612897,1.93995129467523,2.14441826121303,1.88346187142437,1.8998877598457,1.92514387459941]
["EMULSÕES ASFÁLTICAS RR-1C","2019-04-01",2.12869810395449,1.9980004876637,2.17487918115759,1.87204726985214,1.9279681785999,1.93701709515504]
["EMULSÕES ASFÁLTICAS RR-1C","2019-05-01",2.23973577889605,1.93524998583106,2.06462383069653,1.90744250243199,1.95591731488575,1.96246439228893]
["EMULSÕES ASFÁLTICAS RR-1C","2019-06-01",2.49066983452673,1.96383897638941,2.14478961593528,1.85413104964667,1.92040668845503,2.01910254645498]
["EMULSÕES ASFÁLTICAS RR-1C","2019-07-01",2.75195612309448,1.81461045624278,2.12389327312184,1.88340509407279,1.96740881791718,2.09155353420563]
["EMULSÕES ASFÁLTICAS RR-1C","2019-08-01",2.88258370057435,1.76758094998149,1.95480631500035,1.79779628586017,1.86563932541738,1.99769569293198]
["EMULSÕES ASFÁLTICAS RR-1C","2019-09-01",2.582126875282,1.80590191085504,2.00888654979665,1.91592438586747,1.83713420908004,2.0221684924064]
["EMULSÕES ASFÁLTICAS RR-1C","2019-10-01",2.44947031460503,1.86596337842503,1.97749208458272,1.81253898245922,1.80016585052702,1.92587039347334]
["EMULSÕES ASFÁLTICAS RR-1C","2019-11-01",2.8425915107265,1.78309670583046,2.13171785363432,1.81961067472864,1.85175429270441,2.00665253144574]
["EMULSÕES ASFÁLTICAS RR-1C","2019-12-01",2.47243936497731,1.77715045978241,1.98835098969072,1.88532046953702,1.85182566264231,1.96263995126113]
["EMULSÕES ASFÁLTICAS RR-1C","2020-01-01",2.61743170471314,1.78666777956053,1.93617926087716,1.84315725662547,1.86988005485563,1.94497200007774]
["EMULSÕES ASFÁLTICAS RR-1C","2020-02-01",2.89336314759719,1.74284167895599,2.00628442222817,1.78645627817892,1.74882606804357,1.92865117217354]
["EMULSÕES ASFÁLTICAS RR-1C","2020-03-01",2.27491401986249,1.70500413141651,1.86605958766547,1.76311709930168,1.70805547605618,1.78635412638942]
["EMULSÕES ASFÁLTICAS RR-1C","2020-04-01",1.96111014990138,1.63795741720557,2.00782811908497,1.73737960451844,1.67881976667051,1.75135783924496]
["EMULSÕES ASFÁLTICAS RR-1C","2020-05-01",2.03373844109792,1.6547838385281,1.90151258605022,1.68271878977472,1.66147830651396,1.74065803578119]
["EMULSÕES ASFÁLTICAS RR-1C","2020-06-01",2.20460104479271,1.68057554108493,1.82394529247526,1.65440200663906,1.61676110663849,1.75815632429873]
["EMULSÕES ASFÁLTICAS RR-1C","2020-07-01",2.50699509571151,1.61627381266075,1.8233691775714,1.65355435891513,1.68304664312569,1.87045199359512]
["EMULSÕES ASFÁLTICAS RR-1C","2020-08-01",2.49179371647856,1.74687846600417,1.92787896629787,1.72173981866303,1.78024416592971,1.92403034199093]
["EMULSÕES ASFÁLTICAS RR-1C","2020-09-01",2.35843086240053,1.76579724441518,1.95760498034257,1.7436744450284,1.75300056261946,1.87634905933021]
["EMULSÕES ASFÁLTICAS RR-1C","2020-10-01",2.55689139715584,1.76968954939453,2.00945803681347,1.79377230783021,1.72186736406471,1.95806106010204]
["EMULSÕES ASFÁLTICAS RR-1C","2020-11-01",2.73562505707461,1.93079019252718,2.03523460564611,1.82988065931721,1.85908179819402,2.06795744928567]
["EMULSÕES ASFÁLTICAS RR-1C","2020-12-01",2.76711300894151,1.90332219173719,2.16227201612903,1.82934436833913,1.88433753576881,2.45520575556875]
["EMULSÕES ASFÁLTICAS RR-1C","2021-01-01",2.68588597569167,1.87700089492723,2.06156553122466,1.87155767963387,1.85669563440132,2.2742526001117]
["EMULSÕES ASFÁLTICAS RR-1C","2021-02-01",2.86577779866472,2.05199796419467,2.25282938471899,1.9604434066284,1.88242262103665,2.3005067849985]
["EMULSÕES ASFÁLTICAS RR-1C","2021-03-01",3.02492253830747,2.08422500447936,2.06681017917889,1.95669369095798,1.96403060824992,2.40712655851651]
["EMULSÕES ASFÁLTICAS RR-1C","2021-04-01",2.74930438489265,2.00617685729511,2.22196873266447,1.95974415884288,1.95073251571621,2.32221085227113]
["EMULSÕES ASFÁLTICAS RR-1C","2021-05-01",3.12008403269442,2.50821460292527,2.44015405143316,2.36102330898387,2.26114151385675,2.65759696519204]
["EMULSÕES ASFÁLTICAS RR-1C","2021-06-01",3.12633323923656,2.41719781389754,2.39396254969926,2.32293094487326,2.37207024115174,2.74063098432563]
["EMULSÕES ASFÁLTICAS RR-1C","2021-07-01",3.34338421799798,2.41640302004757,2.55520695524326,2.353413905075,2.39524480624794,2.94323901691802]
["EMULSÕES ASFÁLTICAS RR-1C","2021-08-01",3.49285480074926,2.60857699094839,2.6661420867465,2.5029488415849,2.46503917127431,3.0962764307236]
["EMULSÕES ASFÁLTICAS RR-1C","2021-09-01",3.39777588160811,2.58125170639573,2.7143461726023,2.53130615781241,2.46111156015099,3.03005048555992]
["EMULSÕES ASFÁLTICAS RR-1C","2021-10-01",3.36237455491754,2.60692073604906,2.51803068129642,2.53626509097197,2.53649093031242,3.01711448278323]
["EMULSÕES ASFÁLTICAS RR-1C","2021-11-01",3.45212040803348,2.82023020046024,2.67609891003692,2.72861898274465,2.76404748906597,3.22274630381924]
["EMULSÕES ASFÁLTICAS RR-1C","2021-12-01",3.72555430985965,2.81301694104201,2.95708103594294,2.77709882500188,2.86731171689381,3.33033539923157]
["EMULSÕES ASFÁLTICAS RR-1C","2022-01-01",3.64766805476621,2.80377849203262,3.095501523045,2.81800971127579,2.75162196503377,3.18388245351018]
["EMULSÕES ASFÁLTICAS RR-1C","2022-02-01",3.91003092969939,3.00314323562368,3.59298202632467,2.97588236734564,2.993311606094,3.33653226642462]
["EMULSÕES ASFÁLTICAS RR-1C","2022-03-01",4.28703047682052,3.28201391363568,2.93578049469836,3.01896541033713,2.93400164227406,3.5172198644839]
["EMULSÕES ASFÁLTICAS RR-1C","2022-04-01",4.08351172961542,3.5908275641428,3.41775159864309,3.11497565405608,2.97410454075804,3.46425382066032]
["EMULSÕES ASFÁLTICAS RR-1C","2022-05-01",4.11921340687632,3.94186592103907,3.36364492271695,3.09394374433123,3.00467046960449,3.5074786705088]
["EMULSÕES ASFÁLTICAS RR-1C","2022-06-01",4.10978504217982,3.77063214410612,3.39172167689161,3.06785159276933,3.03469635674746,3.55939276047933]
["EMULSÕES ASFÁLTICAS RR-1C","2022-07-01",4.21991842287112,3.8077845185517,3.41311850209243,3.09255628706403,2.93060029076564,3.58380090931597]
["EMULSÕES ASFÁLTICAS RR-1C","2022-08-01",4.07185846226461,4.07743764563537,3.36086525603772,3.168138039974,3.01825916094004,3.583151503629]
["EMULSÕES ASFÁLTICAS RR-1C","2022-09-01",3.75457815469743,3.95542037359124,3.3313344196758,3.01074740299647,2.81849432586958,3.40156795999162]
["EMULSÕES ASFÁLTICAS RR-1C","2022-10-01",4.32185447382644,3.80540460439296,2.7621279141984,2.89938355663378,2.68587157325582,3.54756837395021]
["EMULSÕES ASFÁLTICAS RR-1C","2022-11-01",3.2576649313883,4.13834648455393,3.07099989392356,2.69165739401587,2.64252472978614,3.19129310257043]
["EMULSÕES ASFÁLTICAS RR-1C","2022-12-01",3.39488708088543,4.25522557332979,3.20572661102885,2.83336284255031,2.55066824551308,3.41840792310919]
["EMULSÕES ASFÁLTICAS RR-1C","2023-01-01",3.56644772218213,3.56822058656114,2.87187518137672,2.61911958401405,2.46215146668344,3.00102224748853]
["EMULSÕES ASFÁLTICAS RR-1C","2023-02-01",4.59594898560936,3.5569100939101,2.89226125437488,2.59124144279335,2.31043358814677,3.19059641598687]
["EMULSÕES ASFÁLTICAS RR-1C","2023-03-01",3.64665265442046,3.39846096802744,3.13309118996875,2.42822317994399,2.30264117372777,2.87701796157371]
["EMULSÕES ASFÁLTICAS RR-1C","2023-04-01",3.02985624751171,3.45669128687339,3.05813537194719,2.4459955727888,2.30756460120449,2.80414048763838]
["EMULSÕES ASFÁLTICAS RR-1C","2023-05-01",4.07403809381211,3.33176273851663,2.75617664909849,2.42016754215936,2.20493632550399,2.75837205042108]
["EMULSÕES ASFÁLTICAS RR-1C","2023-06-01",4.03678507905394,3.23885262356163,2.75179945526911,2.34152252145069,2.22619602926863,3.10319782707188]
["EMULSÕES ASFÁLTICAS RR-1C","2023-07-01",3.85298591317325,3.14832407081409,2.82546406997029,2.27410246392848,2.2548778139377,2.87502605056003]
["EMULSÕES ASFÁLTICAS RR-1C","2023-08-01",3.91786830141644,3.18956529412922,2.74672914694304,2.25043172800875,2.22394612618596,2.8054147502164]
["EMULSÕES ASFÁLTICAS RR-1C","2023-09-01",3.90330767754988,3.36074871440657,2.78408846620652,2.39430818731814,2.36140903553693,3.03740494209015]
["EMULSÕES ASFÁLTICAS RR-1C","2023-10-01",3.88774920385075,3.45031587335227,2.74907438140283,2.3787364253192,2.33231533401901,3.13459356201806]
["EMULSÕES ASFÁLTICAS RR-1C","2023-11-01",4.11076187578282,3.73533685567191,2.97418759687926,2.43157557843023,2.3061331180262,3.09370263205658]
["EMULSÕES ASFÁLTICAS RR-1C","2023-12-01",3.96656423607775,3.73420011902552,2.72888787702962,2.57503212080324,2.37323774051621,3.06347351098705]
["EMULSÕES ASFÁLTICAS RR-1C","2024-01-01",3.62576833484735,3.36717259334803,2.99514600524758,2.52827758679026,2.33960731208885,2.88206678981486]
["EMULSÕES ASFÁLTICAS RR-1C","2024-02-01",3.63035026908674,3.31400495879943,2.7066044979558,2.44219984486792,2.34172650571448,2.78021961907249]
["EMULSÕES ASFÁLTICAS RR-1C","2024-03-01",3.53260677725119,3.16452562297939,2.57141116235137,2.60743605806359,2.40930272636947,2.76504323644981]
["EMULSÕES ASFÁLTICAS RR-1C","2024-04-01",3.55301842902353,2.64416491832124,2.48932108800666,2.45817476993157,2.45085730994528,2.62188499874713]
["EMULSÕES ASFÁLTICAS RR-1C","2024-05-01",3.39324156980273,2.72279222234695,2.76265602858081,2.45408338234439,2.47685833573904,2.70725007687035]
["EMULSÕES ASFÁLTICAS RR-1C","2024-06-01",3.61165864577406,2.7811912364284,2.65063059872143,2.50890613496551,2.43138893706213,2.92376814576324]
["EMULSÕES ASFÁLTICAS RR-1C","2024-07-01",3.60133932701414,2.82058975089,2.7772496393074,2.55680470969276,2.4688140074002,2.81088177039872]
["EMULSÕES ASFÁLTICAS RR-1C","2024-08-01",3.65388061439255,3.01447488288402,2.98302539671038,2.66995984118828,2.61836831218142,2.90724457339773]
["EMULSÕES ASFÁLTICAS RR-2C","2008-11-01",1.18600476512077,0.777665572883963,1.03565948853835,0.878753367949455,0.878989305106956,0.937758878797878]
["EMULSÕES ASFÁLTICAS RR-2C","2008-12-01",1.02768763845902,0.784763077196066,1.0333839993271,0.922442373322125,0.820385627999979,0.91253332073152]
["EMULSÕES ASFÁLTICAS RR-2C","2009-01-01",1.05105712003597,0.777845773802125,1.03251679617422,0.884648536721919,0.799652880246276,0.884731070131277]
["EMULSÕES ASFÁLTICAS RR-2C","2009-02-01",0.962172359781933,0.766138327512039,1.04746702510357,0.837748810795334,0.804663895289044,0.845023493117435]
["EMULSÕES ASFÁLTICAS RR-2C","2009-03-01",0.985146358340368,0.778429698076303,1.06368893077379,0.840460005756796,0.801260934999768,0.864014670598929]
["EMULSÕES ASFÁLTICAS RR-2C","2009-04-01",1.04953753359226,0.768613385381746,1.15150996289861,0.853068889730258,0.806134449648788,0.877170235110751]
["EMULSÕES ASFÁLTICAS RR-2C","2009-05-01",1.01932643272073,0.757727487923441,1.12277238150324,0.745615404215721,0.789827509243532,0.859633565151148]
["EMULSÕES ASFÁLTICAS RR-2C","2009-06-01",1.08611105892175,0.744267625686563,1.05544389353358,0.72785718631909,0.761765825611396,0.847540626675691]
["EMULSÕES ASFÁLTICAS RR-2C","2009-07-01",1.28497579870934,0.740381536071366,1.10941481183553,0.787926911230419,0.791641412967668,0.921352931818572]
["EMULSÕES ASFÁLTICAS RR-2C","2009-08-01",1.08923191482919,0.720084973652032,1.02151122904908,0.818312704931808,0.779790047294062,0.883388264772458]
["EMULSÕES ASFÁLTICAS RR-2C","2009-09-01",1.09419128180004,0.715216363505855,1.02638160321377,0.821637079869938,0.77327177382058,0.870729685554349]
["EMULSÕES ASFÁLTICAS RR-2C","2009-10-01",0.940393714287119,0.73884200961329,1.03192945397362,0.823579661072313,0.760351934252691,0.899003606983275]
["EMULSÕES ASFÁLTICAS RR-2C","2009-11-01",1.05685326986943,0.732041771707135,1.07712508165268,0.790526525080017,0.771193894005538,0.8560742019225]
["EMULSÕES ASFÁLTICAS RR-2C","2009-12-01",1.12924115411749,0.736889097801673,1.02867714614707,0.77169688219632,0.755061233992925,0.824701939448421]
["EMULSÕES ASFÁLTICAS RR-2C","2010-01-01",1.04994648311935,0.723380632480496,1.04457638142911,0.772464501955655,0.756173881638906,0.793492551457117]
["EMULSÕES ASFÁLTICAS RR-2C","2010-02-01",1.05487329285599,0.724312622357579,0.995733748272002,0.763397344290689,0.751642829185822,0.787970348432126]
["EMULSÕES ASFÁLTICAS RR-2C","2010-03-01",1.02366631305633,0.721431425156979,1.0334486196248,0.751390809649818,0.7536004916292,0.789049085333164]
["EMULSÕES ASFÁLTICAS RR-2C","2010-04-01",1.02470153412951,0.725464260388692,1.01635237488028,0.77293297806637,0.769915842273326,0.805694583487842]
["EMULSÕES ASFÁLTICAS RR-2C","2010-05-01",1.06255213842793,0.711296090647008,1.01080200233455,0.75961664541191,0.775127481341605,0.823059430889243]
["EMULSÕES ASFÁLTICAS RR-2C","2010-06-01",0.898644306446764,0.697888713275694,0.934409869299006,0.765961083086378,0.754943560963267,0.803279654245737]
["EMULSÕES ASFÁLTICAS RR-2C","2010-07-01",0.886371854893559,0.692577394162509,0.931722460232079,0.768862403761363,0.766857121643207,0.809283710790271]
["EMULSÕES ASFÁLTICAS RR-2C","2010-08-01",0.889565626613703,0.699330128368814,0.914454299560941,0.713288489121359,0.771070300971858,0.791905207925034]
["EMULSÕES ASFÁLTICAS RR-2C","2010-09-01",0.922455660878298,0.699295110359589,0.906548506921615,0.730794741556172,0.762612192093688,0.801591606786129]
["EMULSÕES ASFÁLTICAS RR-2C","2010-10-01",0.887430565218808,0.710232077388215,0.914775425908623,0.735711588985825,0.735545860203535,0.799239557907594]
["EMULSÕES ASFÁLTICAS RR-2C","2010-11-01",0.914430511574931,0.706565123537781,0.911203916506652,0.738414424455486,0.744793202145576,0.79089742477566]
["EMULSÕES ASFÁLTICAS RR-2C","2010-12-01",0.899853411448291,0.703722845785301,0.949174534394534,0.763936074260374,0.744402672058832,0.781461792159944]
["EMULSÕES ASFÁLTICAS RR-2C","2011-01-01",0.950699527086642,0.711941040307255,0.997511456303712,0.752020526228075,0.735544782588281,0.765456326975471]
["EMULSÕES ASFÁLTICAS RR-2C","2011-02-01",0.988215786764927,0.715050581433695,0.944606970906289,0.742473725734903,0.739213601644786,0.769259722044044]
["EMULSÕES ASFÁLTICAS RR-2C","2011-03-01",0.995896583016895,0.717604353988501,0.954296564843993,0.730232681094128,0.721986414446129,0.758822364411415]
["EMULSÕES ASFÁLTICAS RR-2C","2011-04-01",0.98387739548687,0.706028337193402,0.862596871296785,0.713710931741205,0.743897737592039,0.76247597734657]
["EMULSÕES ASFÁLTICAS RR-2C","2011-05-01",0.916151267970219,0.682722576952589,0.876232406182461,0.722942663085853,0.749077410799091,0.774007820643233]
["EMULSÕES ASFÁLTICAS RR-2C","2011-06-01",0.947807153750188,0.671189446771637,0.925698392823048,0.725690251268086,0.744738567178979,0.806284407869593]
["EMULSÕES ASFÁLTICAS RR-2C","2011-07-01",0.793378122518448,0.643054244716287,0.932997200467302,0.72502093837009,0.744711882280817,0.787286616440815]
["EMULSÕES ASFÁLTICAS RR-2C","2011-08-01",0.796535912581373,0.664657915032364,0.909371229787504,0.722342229925953,0.739253417165349,0.782741472207664]
["EMULSÕES ASFÁLTICAS RR-2C","2011-09-01",0.898633044932006,0.673647789851197,0.908892642835379,0.674023180793081,0.736843638161125,0.775436648021137]
["EMULSÕES ASFÁLTICAS RR-2C","2011-10-01",0.920816409316164,0.679453738485983,0.911625458696054,0.697110192704948,0.741146399680314,0.786693956461642]
["EMULSÕES ASFÁLTICAS RR-2C","2011-11-01",0.918271617121367,0.665930228893357,0.922341980315453,0.711807686382269,0.738990428149513,0.792745645419499]
["EMULSÕES ASFÁLTICAS RR-2C","2011-12-01",0.871776232926019,0.677369551447874,0.967023884665081,0.749154536557541,0.738825240912412,0.788625958709134]
["EMULSÕES ASFÁLTICAS RR-2C","2012-01-01",0.906801828840643,0.689479666491429,0.946183792104273,0.751231759812068,0.761363600443731,0.758642430332173]
["EMULSÕES ASFÁLTICAS RR-2C","2012-02-01",0.879113677607446,0.695885993212155,0.957269012330471,0.737806396993336,0.756661262404408,0.757447446706718]
["EMULSÕES ASFÁLTICAS RR-2C","2012-03-01",0.892777440560559,0.699950035817614,0.926612246590935,0.763172902874332,0.780716372191345,0.780834335119849]
["EMULSÕES ASFÁLTICAS RR-2C","2012-04-01",0.90094780785887,0.707855869585467,0.918438791922567,0.75189698012071,0.775462205462413,0.778916921131754]
["EMULSÕES ASFÁLTICAS RR-2C","2012-05-01",1.2845665727523,0.713126120584736,0.932418233874475,0.757854473249617,0.756033828113108,0.822197328981209]
["EMULSÕES ASFÁLTICAS RR-2C","2012-06-01",0.92045606091092,0.717140453430409,0.943283480627414,0.745129416382966,0.787707670230129,0.834687517862634]
["EMULSÕES ASFÁLTICAS RR-2C","2012-07-01",1.07696397900873,0.719860526584948,0.94530689999743,0.745680821862666,0.826674452222017,0.82341589866826]
["EMULSÕES ASFÁLTICAS RR-2C","2012-08-01",1.04471012980935,0.74404995877506,0.958293524392167,0.7503801575055,0.794735591716148,0.837721290381205]
["EMULSÕES ASFÁLTICAS RR-2C","2012-09-01",1.11056991297894,0.764159340854049,0.965693033592727,0.782187573509156,0.807002180682292,0.865539889716559]
["EMULSÕES ASFÁLTICAS RR-2C","2012-10-01",0.896517824095143,0.764822686963981,0.983094573591399,0.777574871239428,0.801826117882988,0.863888192642505]
["EMULSÕES ASFÁLTICAS RR-2C","2012-11-01",0.983540027669306,0.775035691438395,1.01051943337693,0.792720781597,0.821220481640648,0.869551565086812]
["EMULSÕES ASFÁLTICAS RR-2C","2012-12-01",0.925959453029074,0.766232055710314,1.00141323642909,0.751875530753842,0.826092304121858,0.836692242529501]
["EMULSÕES ASFÁLTICAS RR-2C","2013-01-01",0.957748850804447,0.755884837399203,1.04278913070035,0.796436603681575,0.846165175984028,0.828871408283543]
["EMULSÕES ASFÁLTICAS RR-2C","2013-02-01",1.04063730204785,0.747593979348086,0.995081933117876,0.786258845246329,0.797846293784487,0.806730200273635]
["EMULSÕES ASFÁLTICAS RR-2C","2013-03-01",1.01054744872339,0.738943855882828,1.01311437204303,0.769490469648695,0.809342388920731,0.8061617854189]
["EMULSÕES ASFÁLTICAS RR-2C","2013-04-01",1.02811204711847,0.750674759857237,1.00136053902566,0.768556747601412,0.823380011093161,0.825986947879566]
["EMULSÕES ASFÁLTICAS RR-2C","2013-05-01",1.01206279069576,0.751711624212792,1.01493871580412,0.786901536521349,0.837438065867402,0.856935469942559]
["EMULSÕES ASFÁLTICAS RR-2C","2013-06-01",1.09844766737469,0.764603709625526,1.02301430422074,0.750089675452108,0.834919544184282,0.878475275117433]
["EMULSÕES ASFÁLTICAS RR-2C","2013-07-01",0.77392501190552,0.77878288626844,0.99877737062429,0.795085537128901,0.828136194639357,0.868155380660123]
["EMULSÕES ASFÁLTICAS RR-2C","2013-08-01",1.01173864291673,0.758860632094675,1.02217441081711,0.809917484008014,0.856380751132358,0.911028605694898]
["EMULSÕES ASFÁLTICAS RR-2C","2013-09-01",0.956833866361029,0.785005150828466,1.06702660466804,0.804237624039476,0.819054678536024,0.927565476854476]
["EMULSÕES ASFÁLTICAS RR-2C","2013-10-01",1.0257757814259,0.790524665651258,1.0278378140334,0.769850775944598,0.825614518874049,0.916296350870728]
["EMULSÕES ASFÁLTICAS RR-2C","2013-11-01",0.936915920157777,0.826920210008342,1.02754950107847,0.830776865893046,0.850161167483729,0.920423725604402]
["EMULSÕES ASFÁLTICAS RR-2C","2013-12-01",0.975433853011007,0.802576268700665,1.06274488771117,0.842147659789255,0.861304039824828,0.921730359319486]
["EMULSÕES ASFÁLTICAS RR-2C","2014-01-01",1.08372971410451,0.798589697397268,1.04971018390756,0.821905520263002,0.838975903490207,0.8746978216593]
["EMULSÕES ASFÁLTICAS RR-2C","2014-02-01",1.02569369693985,0.801797700423626,1.0590728731542,0.808806935003888,0.837816441266632,0.866680905698579]
["EMULSÕES ASFÁLTICAS RR-2C","2014-03-01",1.00086684966008,0.812395872480775,1.06163783497769,0.807632011902681,0.867799312725612,0.858411961291989]
["EMULSÕES ASFÁLTICAS RR-2C","2014-04-01",1.15948487110564,0.79691440009548,1.08590340377603,0.823440695946236,0.863682209807165,0.88272963249857]
["EMULSÕES ASFÁLTICAS RR-2C","2014-05-01",1.05826275176527,0.809492368679211,1.04911774703333,0.839984544750705,0.870503628395661,0.905544707905259]
["EMULSÕES ASFÁLTICAS RR-2C","2014-06-01",1.0109621677372,0.835521787124778,1.05877764157342,0.784818417873711,0.888703511600576,0.927085083963996]
["EMULSÕES ASFÁLTICAS RR-2C","2014-07-01",1.15083998302011,0.848917436885092,0.965914615187048,0.8181214096173,0.870379883153062,0.911711095856057]
["EMULSÕES ASFÁLTICAS RR-2C","2014-08-01",1.09167628275524,0.838087714860682,0.919472136448513,0.827385653429824,0.855860758797689,0.885431845125719]
["EMULSÕES ASFÁLTICAS RR-2C","2014-09-01",1.07422970931066,0.850088469918148,1.06590439397842,0.813533112664386,0.891197313343065,0.958662580884884]
["EMULSÕES ASFÁLTICAS RR-2C","2014-10-01",1.09337524282951,0.880609784105149,0.953028942304121,0.785541254905381,0.854437018492072,0.911399171600658]
["EMULSÕES ASFÁLTICAS RR-2C","2014-11-01",1.20849997285127,0.909296809795179,0.966716016333121,0.792810180690926,0.878307562542533,0.932625163433663]
["EMULSÕES ASFÁLTICAS RR-2C","2014-12-01",1.1733195141687,0.974799739139276,1.08110193582266,0.957431938791341,0.944717709021874,1.00885469003304]
["EMULSÕES ASFÁLTICAS RR-2C","2015-01-01",1.19749427613469,1.17357374825469,1.24677144199209,1.02534272138357,1.12255598100634,1.15859034844427]
["EMULSÕES ASFÁLTICAS RR-2C","2015-02-01",1.31385846834628,1.12136556133263,1.22160308628516,0.983113528966811,1.0495339345942,1.13683733747907]
["EMULSÕES ASFÁLTICAS RR-2C","2015-03-01",1.35599251132576,1.05968818957715,1.28940420199509,1.08096165904549,1.06366501253554,1.12892818059455]
["EMULSÕES ASFÁLTICAS RR-2C","2015-04-01",1.19855854225507,1.09583198722439,1.30055371471893,1.04288123354595,1.08262361512745,1.11489439078039]
["EMULSÕES ASFÁLTICAS RR-2C","2015-05-01",1.39606622773065,1.07336208601594,1.24618225932417,1.00218669764269,1.10075450046043,1.13360376026607]
["EMULSÕES ASFÁLTICAS RR-2C","2015-06-01",1.37380298361015,1.07059860139444,1.24002913682552,0.99510670262463,1.11371376172352,1.15814398803232]
["EMULSÕES ASFÁLTICAS RR-2C","2015-07-01",1.29155449011738,1.07823968213284,1.06119092868292,1.00724844454722,1.14041084116165,1.08867198061366]
["EMULSÕES ASFÁLTICAS RR-2C","2015-08-01",1.26443894923589,1.1098748142613,1.27857130024725,1.00932479841568,1.10178597440419,1.20073533050358]
["EMULSÕES ASFÁLTICAS RR-2C","2015-09-01",1.31782221671051,1.0793162903746,1.27299087193347,1.04121688297978,1.10150589889088,1.19932416677072]
["EMULSÕES ASFÁLTICAS RR-2C","2015-10-01",1.34759106093645,1.1515919369428,1.30343167989322,1.14088357083362,1.15383986343301,1.24455068410659]
["EMULSÕES ASFÁLTICAS RR-2C","2015-11-01",1.42194763110426,1.25289778230022,1.46326523828336,1.20232607223789,1.20910140971338,1.35094076541867]
["EMULSÕES ASFÁLTICAS RR-2C","2015-12-01",1.50057758997632,1.24669056749033,1.38579314697824,1.22744353176442,1.23524260920011,1.32473892483372]
["EMULSÕES ASFÁLTICAS RR-2C","2016-01-01",1.64898417512924,1.30762826323315,1.44914138888279,1.235873035008,1.26441552095587,1.3328124724101]
["EMULSÕES ASFÁLTICAS RR-2C","2016-02-01",1.40404259789669,1.29557961633007,1.45517202773923,1.2803424144946,1.25062115196313,1.32412490175822]
["EMULSÕES ASFÁLTICAS RR-2C","2016-03-01",1.37374047256816,1.27647148296601,1.47007694983541,1.23737761590794,1.27058617693724,1.30598513624423]
["EMULSÕES ASFÁLTICAS RR-2C","2016-04-01",1.80313232959409,1.3648774116951,1.54607239134278,1.33734030283245,1.37146737929701,1.42626941767701]
["EMULSÕES ASFÁLTICAS RR-2C","2016-05-01",1.71020556149992,1.39318710197035,1.53047379910344,1.37861051245282,1.38759559879013,1.44874651034718]
["EMULSÕES ASFÁLTICAS RR-2C","2016-06-01",1.68346219171612,1.30761581143044,1.60109196655534,1.35649316570637,1.42416570774391,1.46046169602429]
["EMULSÕES ASFÁLTICAS RR-2C","2016-07-01",1.61116512045691,1.30559620150366,1.58745774412605,1.43860167704269,1.42499585449426,1.46812976345428]
["EMULSÕES ASFÁLTICAS RR-2C","2016-08-01",1.60429445557309,1.30440066846289,1.61284861254953,1.42290434771481,1.4247229275759,1.49037354940374]
["EMULSÕES ASFÁLTICAS RR-2C","2016-09-01",1.55385149619653,1.21502836321303,1.48725241744426,1.31050371052534,1.26117118511445,1.38217421141938]
["EMULSÕES ASFÁLTICAS RR-2C","2017-01-01",1.32958767465873,0.975293680587108,1.50030935414317,1.36132558636552,1.22593104806353,1.16247375975562]
["EMULSÕES ASFÁLTICAS RR-2C","2017-02-01",1.40376589068244,1.0198585605871,1.46052515497524,1.34292406649974,1.20016389429683,1.20723044672766]
["EMULSÕES ASFÁLTICAS RR-2C","2017-03-01",1.3968718336947,1.16658441935831,1.42318763398361,1.31607236440597,1.21022259693681,1.27176574433373]
["EMULSÕES ASFÁLTICAS RR-2C","2017-04-01",1.40616311372621,1.15062546681792,1.47329794498182,1.31939404010535,1.18200127096033,1.29107106839703]
["EMULSÕES ASFÁLTICAS RR-2C","2017-05-01",1.40409059114202,1.17260072467092,1.48677330511409,1.31409679193201,1.18764659887391,1.34038869012337]
["EMULSÕES ASFÁLTICAS RR-2C","2017-06-01",1.4180165227813,1.1684172838845,1.53100110897076,1.31019092348129,1.19669203314587,1.36485001647229]
["EMULSÕES ASFÁLTICAS RR-2C","2017-07-01",1.46830323511327,1.18210423151794,1.51215184213935,1.27905480632534,1.1332529777844,1.35962061537649]
["EMULSÕES ASFÁLTICAS RR-2C","2017-08-01",1.46597326089047,1.17677557292918,1.4039573392311,1.26634312357384,1.17874326002349,1.32379181389539]
["EMULSÕES ASFÁLTICAS RR-2C","2017-09-01",1.43181698431846,1.18989362413531,1.4537715938762,1.28569373349931,1.18716018590748,1.35571044276797]
["EMULSÕES ASFÁLTICAS RR-2C","2017-10-01",1.44918251615735,1.20724793150744,1.46401866217294,1.33239823108696,1.17394161009929,1.36567936731176]
["EMULSÕES ASFÁLTICAS RR-2C","2017-11-01",1.61828212447238,1.30283395140313,1.61382234654819,1.32216530582495,1.31714890595171,1.47033334630405]
["EMULSÕES ASFÁLTICAS RR-2C","2017-12-01",1.71250024409713,1.28869349025226,1.54295483966599,1.3195933811261,1.29114706872116,1.45882245272244]
["EMULSÕES ASFÁLTICAS RR-2C","2018-01-01",1.75153362921512,1.3422873031568,1.50941095839301,1.43281836394858,1.33550808416533,1.48367157096722]
["EMULSÕES ASFÁLTICAS RR-2C","2018-02-01",1.66104473623744,1.36178596371294,1.48174839379011,1.44739276758215,1.37681732973459,1.46483102507921]
["EMULSÕES ASFÁLTICAS RR-2C","2018-03-01",1.69544100715789,1.35424305400924,1.53759087083807,1.4470604820109,1.3716501298317,1.47623332317719]
["EMULSÕES ASFÁLTICAS RR-2C","2018-04-01",1.56875280098897,1.33286290205615,1.55850336452588,1.44577200272223,1.32898729145751,1.4374587251282]
["EMULSÕES ASFÁLTICAS RR-2C","2018-05-01",1.71630260832364,1.38347882856078,1.51038353130129,1.45765757458627,1.38993760814478,1.47056889524979]
["EMULSÕES ASFÁLTICAS RR-2C","2018-06-01",1.67167418755764,1.460952662369,1.64778623513767,1.50561778866931,1.47733469643713,1.54931329041142]
["EMULSÕES ASFÁLTICAS RR-2C","2018-07-01",1.82530822279903,1.5732933125,1.75446777664756,1.60048749780747,1.54008331182413,1.66720310178218]
["EMULSÕES ASFÁLTICAS RR-2C","2018-08-01",1.82373483292192,1.68566838898895,1.91252867652493,1.79221645192978,1.67852646263157,1.80374707936966]
["EMULSÕES ASFÁLTICAS RR-2C","2018-09-01",2.05239860187,1.68604717957717,1.93613908551497,1.77766229864463,1.67103509806732,1.85923484385757]
["EMULSÕES ASFÁLTICAS RR-2C","2018-10-01",2.09482969373141,1.68832718186035,1.74628535957175,1.80218489568885,1.83604394802758,1.81573078904975]
["EMULSÕES ASFÁLTICAS RR-2C","2018-11-01",2.33021030856863,1.84119571280239,2.21800646994232,2.03131277763147,1.94651985117007,2.08700459566283]
["EMULSÕES ASFÁLTICAS RR-2C","2018-12-01",2.43613162660451,1.83934996225526,2.11976892371084,1.96503841468965,1.89615336203779,2.04151363075558]
["EMULSÕES ASFÁLTICAS RR-2C","2019-01-01",2.39913458430153,1.87942593722186,2.18537990536441,1.99301959494473,1.92918903992992,2.05670369294988]
["EMULSÕES ASFÁLTICAS RR-2C","2019-02-01",2.39353059331991,2.01009608616016,2.50457132268817,2.26307913731118,2.01111916332411,2.22164389310227]
["EMULSÕES ASFÁLTICAS RR-2C","2019-03-01",2.67968685637962,1.99019534121494,2.55791389282969,2.20450424921844,2.12218555759875,2.31860420992533]
["EMULSÕES ASFÁLTICAS RR-2C","2019-04-01",2.5151364924338,2.00087111336966,2.63339809697639,2.23286162677324,2.06407687097301,2.2770809235389]
["EMULSÕES ASFÁLTICAS RR-2C","2019-05-01",2.13023609903598,1.96028127733914,2.34247301747865,2.21077976408218,2.16677874042489,2.16307280569131]
["EMULSÕES ASFÁLTICAS RR-2C","2019-06-01",2.16400040233126,1.92500258930718,2.37953307918244,2.14248396323245,2.18024983351019,2.16642188761578]
["EMULSÕES ASFÁLTICAS RR-2C","2019-07-01",2.16151799434084,1.90513358770531,2.37009028772316,2.11331804056182,2.16660494324054,2.15967735135004]
["EMULSÕES ASFÁLTICAS RR-2C","2019-08-01",2.14818093664188,1.78712697068635,2.27366760896663,2.10172647207814,2.23056314708046,2.09611322231376]
["EMULSÕES ASFÁLTICAS RR-2C","2019-09-01",2.27499442957899,1.76859318970889,2.27495202292048,2.12254348420504,2.19522095334659,2.11485513769619]
["EMULSÕES ASFÁLTICAS RR-2C","2019-10-01",2.25249615672278,1.96752314726245,2.73849062297131,2.140464842921,2.03075872497547,2.29887458779018]
["EMULSÕES ASFÁLTICAS RR-2C","2019-11-01",2.3917174442554,1.92312272664564,2.51215253806782,2.21313984573081,2.04311288006644,2.25024731280283]
["EMULSÕES ASFÁLTICAS RR-2C","2019-12-01",2.39198840726245,1.97479966236185,2.25052378115164,2.16806592424861,2.05075050433285,2.14519356992726]
["EMULSÕES ASFÁLTICAS RR-2C","2020-01-01",2.6176967003232,1.87803820623144,2.33529366035614,2.18398919960755,2.04722214503935,2.16680409652058]
["EMULSÕES ASFÁLTICAS RR-2C","2020-02-01",2.32311939903557,1.80852699578694,1.97898995912727,2.08673649958032,2.02576610324885,2.02773992428732]
["EMULSÕES ASFÁLTICAS RR-2C","2020-03-01",2.34280800551331,1.79405576388629,1.72113041819934,2.04531418698321,1.97328405579894,1.97712183112914]
["EMULSÕES ASFÁLTICAS RR-2C","2020-04-01",2.2240730834885,1.71113604950334,1.94368003434791,1.98114040400705,2.05877877740688,1.97653093888272]
["EMULSÕES ASFÁLTICAS RR-2C","2020-05-01",2.15316478583723,1.68900049507051,1.91497449988374,1.9603349388846,2.01787184504444,1.93986058133922]
["EMULSÕES ASFÁLTICAS RR-2C","2020-06-01",2.07886795367711,1.66524102815593,1.83303574086182,1.89330003953256,2.01367530304283,1.8781888356284]
["EMULSÕES ASFÁLTICAS RR-2C","2020-07-01",2.05442190554955,1.66671896946591,1.91493951933172,1.89957642783472,1.94613582208481,1.88935777578905]
["EMULSÕES ASFÁLTICAS RR-2C","2020-08-01",2.15436782167576,1.77337300189102,2.0777540225278,1.99968925157513,1.99125680370379,2.0096793301248]
["EMULSÕES ASFÁLTICAS RR-2C","2020-09-01",2.11878316736823,1.7856461237044,2.00941541647615,1.98326519472094,1.98528460314845,1.97620086680365]
["EMULSÕES ASFÁLTICAS RR-2C","2020-10-01",2.14642861112457,1.82664820661258,1.97944506177594,1.98485178808524,1.99135621266825,1.97799571525648]
["EMULSÕES ASFÁLTICAS RR-2C","2020-11-01",2.13768167231144,1.9380777485028,2.1402438608489,2.16727476726376,2.09183113832582,2.09035357684841]
["EMULSÕES ASFÁLTICAS RR-2C","2020-12-01",2.1490044399501,1.94547776060499,1.96066964977712,2.18839897311234,2.09513760364456,2.03517933649546]
["EMULSÕES ASFÁLTICAS RR-2C","2021-01-01",2.13937358495402,1.89816122640094,1.83547259736865,2.21352635501441,2.05800720590813,2.00511775732153]
["EMULSÕES ASFÁLTICAS RR-2C","2021-02-01",2.35085775071187,2.05960274168897,2.25196600180721,2.4247311156864,2.21974720714077,2.24380693523174]
["EMULSÕES ASFÁLTICAS RR-2C","2021-03-01",2.325071430615,2.05179185590487,2.18282637720951,2.34666872992792,2.27349146365235,2.22704202651884]
["EMULSÕES ASFÁLTICAS RR-2C","2021-04-01",2.68898108678619,2.06452536636697,2.28914107016934,2.26272660308706,2.17790342008888,2.21113879247323]
["EMULSÕES ASFÁLTICAS RR-2C","2021-05-01",2.5745496094499,2.51803152134466,2.55678904744657,2.64002741838601,2.60948337318975,2.5778018499336]
["EMULSÕES ASFÁLTICAS RR-2C","2021-06-01",2.67223996757054,2.48935059018486,2.60099995367355,2.7064951331305,2.5552921185584,2.59312727986186]
["EMULSÕES ASFÁLTICAS RR-2C","2021-07-01",2.64317692065692,2.46926227992597,2.6563319289776,2.67931575752611,2.66207910962615,2.61063040206649]
["EMULSÕES ASFÁLTICAS RR-2C","2021-08-01",2.79614075278878,2.57599142483543,2.82580748184752,2.91914277758529,2.74945122394463,2.76642274918061]
["EMULSÕES ASFÁLTICAS RR-2C","2021-09-01",2.83009425869933,2.64446017843369,2.87616230139743,2.92674222560797,2.89184155677048,2.80687436008526]
["EMULSÕES ASFÁLTICAS RR-2C","2021-10-01",2.97028783794045,2.65964480610175,2.82097449271707,2.88785648136116,2.79319027649087,2.80430717097214]
["EMULSÕES ASFÁLTICAS RR-2C","2021-11-01",3.12884250546923,2.86415697978264,3.15507198377038,3.32988483394321,3.07086700427372,3.11018257747015]
["EMULSÕES ASFÁLTICAS RR-2C","2021-12-01",3.14161481382678,2.93947435126137,3.17961481502117,3.38322126572346,3.11742338949061,3.11907818391952]
["EMULSÕES ASFÁLTICAS RR-2C","2022-01-01",3.16801809667524,2.89788834106109,3.17183705269666,3.22454943571513,3.07669255937212,3.0550736209655]
["EMULSÕES ASFÁLTICAS RR-2C","2022-02-01",3.29227671126931,3.02971988725009,3.31772905023927,3.39964658986857,3.20989870266632,3.19900437311415]
["EMULSÕES ASFÁLTICAS RR-2C","2022-03-01",3.0825143735363,3.05000423850008,3.27906153433447,3.4098559609202,3.23837833483316,3.20885339281893]
["EMULSÕES ASFÁLTICAS RR-2C","2022-04-01",3.41049947478107,3.21622034222127,3.47892744698563,3.52527214588869,3.00054992574153,3.35396762965531]
["EMULSÕES ASFÁLTICAS RR-2C","2022-05-01",3.36363634623801,3.17437859845242,3.51199679374011,2.70241848741297,3.20709119915018,3.12925065817845]
["EMULSÕES ASFÁLTICAS RR-2C","2022-06-01",3.61530298942624,3.20539469132429,3.44558390711433,3.45823615263726,3.17744481208849,3.37358815301988]
["EMULSÕES ASFÁLTICAS RR-2C","2022-07-01",3.50300091549481,3.29693042437885,3.60246283980069,3.47508063341893,3.32037782621257,3.44794527041258]
["EMULSÕES ASFÁLTICAS RR-2C","2022-08-01",3.53170872207416,3.339516946709,3.54015306803032,3.38542738727485,3.15146148252281,3.43279313742332]
["EMULSÕES ASFÁLTICAS RR-2C","2022-09-01",3.46111662051962,3.34779916648317,3.37001470157341,3.23610761986578,3.04521929210354,3.34582844335246]
["EMULSÕES ASFÁLTICAS RR-2C","2022-10-01",3.44070872887309,3.23969736736311,3.08164063085536,3.08842577862562,2.97616749053704,3.17852135220372]
["EMULSÕES ASFÁLTICAS RR-2C","2022-11-01",3.23143870373945,3.14292957764671,3.22393812334142,2.9171046643982,2.7953862663168,3.12163302335794]
["EMULSÕES ASFÁLTICAS RR-2C","2022-12-01",3.17953237940248,3.13931225998669,3.06057590487921,2.92474462341003,2.74073307465818,3.04967631486385]
["EMULSÕES ASFÁLTICAS RR-2C","2023-01-01",3.23592404984563,2.88212758276743,3.1743967926609,2.79817872301864,2.6587045960863,2.90414372864178]
["EMULSÕES ASFÁLTICAS RR-2C","2023-02-01",3.12725829104748,2.86283929069143,3.189473897322,2.7364632961896,2.69851257097525,2.90037490351389]
["EMULSÕES ASFÁLTICAS RR-2C","2023-03-01",3.24171826111135,2.81905736570062,2.90869440631532,2.81721060558214,2.53038589636018,2.85073318920436]
["EMULSÕES ASFÁLTICAS RR-2C","2023-04-01",3.4081380308906,2.91935574737606,2.89655131620086,2.73949804980499,2.50356213787543,2.8547500149404]
["EMULSÕES ASFÁLTICAS RR-2C","2023-05-01",3.15118092779885,2.77779921654963,2.93247427361718,2.61864460880764,2.3897364325138,2.76877589052109]
["EMULSÕES ASFÁLTICAS RR-2C","2023-06-01",3.23360303733067,2.71940164508483,2.92754014898952,2.5910125840767,2.57253123790747,2.81851928788526]
["EMULSÕES ASFÁLTICAS RR-2C","2023-07-01",3.13079615361247,2.72475284931872,2.91639479461231,2.58210738096044,2.52365475111905,2.81181545069515]
["EMULSÕES ASFÁLTICAS RR-2C","2023-08-01",3.06770372329018,2.7216455673154,2.94436662467912,2.61783077818471,2.65771020243715,2.83676189901881]
["EMULSÕES ASFÁLTICAS RR-2C","2023-09-01",3.27444888498642,2.80964277556481,3.11901484431767,2.72455260814787,2.4250695979564,2.96641015320148]
["EMULSÕES ASFÁLTICAS RR-2C","2023-10-01",3.26269522345525,2.83988392841355,2.97098602908541,2.70510950960388,2.60572837323945,2.91420114318434]
["EMULSÕES ASFÁLTICAS RR-2C","2023-11-01",3.22358328005213,2.88723792341849,3.18430655343035,2.74140293688511,2.49772792478926,3.00281901832109]
["EMULSÕES ASFÁLTICAS RR-2C","2023-12-01",3.36888453240183,2.84899332513627,2.91429585121126,2.67371882905236,2.56524651204267,2.86049122240893]
["EMULSÕES ASFÁLTICAS RR-2C","2024-01-01",3.20432619797559,2.61378295624313,3.13476425619474,2.64903636363246,2.57834324237972,2.76072785812002]
["EMULSÕES ASFÁLTICAS RR-2C","2024-02-01",3.61096791545337,2.59628938428374,2.99028781284075,2.70486094165403,2.57401409782742,2.7715169451358]
["EMULSÕES ASFÁLTICAS RR-2C","2024-03-01",3.45201614965329,2.68757936551248,3.04797220021174,2.71968416853167,2.6062070216745,2.78825608501873]
["EMULSÕES ASFÁLTICAS RR-2C","2024-04-01",3.34072427200692,2.58142208991235,3.0003040366821,2.6795946273878,2.63188306305119,2.75928149202743]
["EMULSÕES ASFÁLTICAS RR-2C","2024-05-01",2.89962977935961,2.61706085198209,3.07879636620997,2.66281659784791,2.73255138518649,2.80244594500917]
["EMULSÕES ASFÁLTICAS RR-2C","2024-06-01",3.02508083293617,2.55239327936485,3.10704576685409,2.60467958543726,2.79234088318718,2.83262200709378]
["EMULSÕES ASFÁLTICAS RR-2C","2024-07-01",3.17381462810319,2.84136246318884,3.25250462452726,2.71120814932235,2.72250648082372,3.0077527774201]
["EMULSÕES ASFÁLTICAS RR-2C","2024-08-01",3.34573843119872,2.99223336980453,3.49289244806782,2.90627889794087,2.89116085551466,3.19246115857762]
["***: Sem comercialização."]
["Nota 1: Preços à vista, sem frete, com todos os impostos inclusos, à exceção do ICMS, do PIS/Pasep e da Cofins."]
["Nota 2: As informações são baseadas em dados preliminares, portanto sujeitos a reprocessamento por parte dos informantes nos moldes da Resolução ANP nº 729/2018."]

{"sheet":"Pessoal Sicro","index":20,"n_rows":106,"n_cols":7,"rows_kept":106,"cut":false,"hidden":false,"merged":[[2,0,2,6],[3,0,3,6],[0,0,1,0],[0,6,1,6],[0,1,1,5]]}
["CGCIT","SISTEMA DE CUSTOS REFERENCIAIS DE OBRAS - SICRO",{"$nulls":4},"DNIT"]
[]
["Pernambuco - Abril/2024"]
["Sem desoneração"]
["Código","Descrição","Unidade","Salário (R$)","Encargos Totais","Custo (R$)","Periculosidade/\nInsalubridade"]
["P9801","Ajudante","h",7.2271,2.027024,21.8766,0]
["P9802","Ajudante especializado","h",8.6547,1.963379,25.6471,0]
["P9803","Almoxarife","mês",2699.4,1.206473,5956.1532,0]
["P9804","Apontador","mês",2052.713,1.34485,4813.304,0]
["P9805","Armador","h",10.8106,1.724355,29.4519,0]
["P9806","Auxiliar administrativo","mês",2041.6,1.344179,4785.8758,0]
["P9807","Bombeiro hidráulico","h",11.0195,1.783982,30.678,0]
["P9808","Carpinteiro","h",9.3916,1.818858,26.4735,0]
["P9809","Encarregado administrativo","mês",3743.2324,0.97571,7395.5416,0]
["P9810","Eletricista","h",10.7359,1.774513,29.7868,0]
["P9811","Encarregado especializado","mês",3739.3906,1.000934,7482.2737,0]
["P9812","Engenheiro","mês",13036.6832,0.826138,23806.7825,0]
["P9814","Operacional","mês",1570.3441,1.489277,3909.0214,0]
["P9815","Jardineiro","h",9.63,1.797064,26.9357,0]
["P9819","Engenheiro supervisor","mês",13036.6832,0.826138,23806.7825,0]
["P9821","Pedreiro","h",9.3484,1.815697,26.3222,0]
["P9822","Pintor","h",10.8106,1.731084,29.5246,0]
["P9823","Serralheiro","h",9.8194,1.787157,27.3682,0]
["P9824","Servente","h",7,2.055112,21.3857,0]
["P9825","Soldador","h",12.6749,1.637995,33.4363,0]
["P9826","Chefe setor de finanças","mês",12413.5749,0.830541,22723.5578,0]
["P9827","Vigia","mês",1484.6236,1.800957,4603.7539,0.3]
["P9830","Montador","h",10.835,1.799184,30.3291,0]
["P9833","Auxiliar de laboratório","mês",2378.3386,1.27174,5402.9669,0]
["P9837","Oceanógrafo","mês",5313.4666,0.967307,10453.22,0]
["P9840","Encarregado geral","mês",5515.1157,0.922844,10604.707,0]
["P9842","Faxineiro","mês",1454.2,1.592262,3769.6674,0]
["P9843","Operador de equipamento leve","h",9.28,1.804293,26.0238,0]
["P9845","Operador de equipamento pesado","h",12.27,1.63003,32.2704,0]
["P9846","Operador de equipamento especial","h",15.3512,1.510926,38.5457,0]
["P9847","Perfurador de tubulão","h",7.2126,2.023496,21.8072,0]
["P9848","Desenhista","mês",3282.7894,1.106144,6914.0271,0]
["P9849","Condutor maquinista fluvial","mês",2497.4354,1.203174,5502.2847,0]
["P9850","Copeiro","mês",1579.6,1.502422,3952.8257,0]
["P9851","Médico do trabalho","mês",9683.7414,0.851193,17926.4742,0]
["P9852","Blaster","h",11.0884,2.051509,37.1628,0.3]
["P9853","Pré-marcador","h",7.2123,2.001182,21.6454,0]
["P9854","Recepcionista","mês",1633.1119,1.450687,4002.2461,0]
["P9855","Marinheiro de máquinas","mês",2228.695,1.253325,5021.9741,0]
["P9856","Marinheiro de convés","h",9.888,1.708729,26.7839,0]
["P9857","Marinheiro de convés - mensalista","mês",2175.3666,1.264919,4927.0291,0]
["P9858","Laboratorista","mês",3319.8,1.130737,7073.6206,0]
["P9859","Trabalhador de via","h",6.6885,2.110431,20.8041,0]
["P9861","Selecionador de material pétreo","h",7.2123,2.011271,21.7181,0]
["P9864","Engenheiro de segurança do trabalho","mês",12257.0437,0.836282,22507.3887,0]
["P9866","Motorista de caminhão","h",12.27,1.616199,32.1007,0]
["P9867","Técnico especializado - mensalista","mês",3179.2956,1.142942,6813.046,0]
["P9869","Encarregado de obras de artes especiais","mês",3739.3906,1.000934,7482.2737,0]
["P9870","Motorista de veículo leve","h",10.8106,1.688068,29.0596,0]
["P9871","Motorista de veículo especial","h",12.6707,1.599596,32.9387,0]
["P9875","Encarregado de turma","mês",2372.2927,1.26716,5378.3671,0]
["P9876","Técnico de segurança do trabalho","mês",3262.6,1.131918,6955.5956,0]
["P9878","Secretária","mês",2855.4584,1.152928,6147.5963,0]
["P9880","Piloto fluvial","mês",3456.53,1.073971,7168.7429,0]
["P9882","Técnico especializado","h",14.4513,1.550545,36.8586,0]
["P9883","Chefe do setor administrativo","mês",3743.2304,0.97571,7395.5377,0]
["P9884","Encarregado de terraplenagem","mês",3739.3906,1.000934,7482.2737,0]
["P9885","Frentista de túnel","h",9.28,1.859782,26.5387,0]
["P9889","Técnico da qualidade","mês",3566.9485,1.01635,7192.2166,0]
["P9892","Auxiliar de blaster","h",9.7647,2.136219,33.5536,0.3]
["P9893","Encarregado de pavimentação","mês",3739.3906,1.000934,7482.2737,0]
["P9896","Porteiro","mês",1454.2,1.592241,3769.6368,0]
["P9897","Técnico de meio ambiente","mês",3587.9112,1.026663,7271.4868,0]
["P9900","Comprador","mês",3365.3083,1.114845,7117.1054,0]
["P9901","Encarregado de superestrutura ferroviária","mês",3739.3906,1.000934,7482.2737,0]
["P9903","Auxiliar técnico","mês",1786.8663,1.424869,4332.9166,0]
["P9907","Comandante de longo curso","mês",11259.3057,0.85216,20854.0356,0]
["P9908","Imediato","mês",8904.606,0.878143,16724.1234,0]
["P9909","Oficial de náutica","mês",2834.3491,1.14877,6090.3643,0]
["P9910","Oficial de máquinas","mês",2921.1265,1.133052,6230.9147,0]
["P9913","Draguista","mês",3595.3388,1.061613,7412.1972,0]
["P9915","Maquinista","h",12.7876,1.604925,33.3107,0]
["P9916","Encarregado de conservação rodoviária","mês",3739.3906,1.000934,7482.2737,0]
["P9920","Mestre fluvial","mês",4677.0464,0.990445,9309.4036,0]
["P9921","Mergulhador raso autônomo de emergência","h",9.9237,2.46323,36.9353,0.2587]
["P9922","Mergulhador raso dependente de emergência","h",9.9208,2.539431,38.0902,0.3]
["P9924","Mergulhador raso dependente","h",9.9208,3.855917,51.1508,0.3]
["P9925","Mergulhador raso autônomo","h",9.9237,3.48923,47.117,0.2587]
["P9926","Mergulhador raso auxiliar de superfície","h",9.9237,2.237032,34.6905,0.2587]
["P9927","Frentista de túnel com periculosidade","h",9.28,2.187742,32.3662,0.3]
["P9930","Eletricista com periculosidade","h",10.7359,2.101666,36.5199,0.3]
["P9931","Operador de equipamento de mergulho","h",18.0118,1.800995,53.0176,0.1425]
["P9932","Operador de equipamento pesado com periculosidade","h",12.27,1.95742,39.9685,0.3]
["P9933","Supervisor de mergulho raso","mês",3962.5981,1.326142,9782.236,0.1425]
["P9934","Motorista de veículo especial com periculosidade","h",12.6707,1.926955,40.8877,0.3]
["P9938","Operador de equipamento leve com periculosidade","h",9.28,2.131683,31.846,0.3]
["P9939","Operador de equipamento leve com insalubridade","h",9.28,2.247525,32.7038,0.2766]
["P9942","Marinheiro de convés com periculosidade","h",9.888,2.037139,32.9976,0.3]
["P9944","Operador de equipamento especial com periculosidade","h",15.3512,1.838318,48.1769,0.3]
["P9946","Engenheiro auxiliar","mês",12002,0.831779,21985.0115,0]
["P9947","Técnico florestal","mês",3587.9112,1.026663,7271.4868,0]
["P9948","Motorista de veículo leve - mensalista","mês",2378.3386,1.25775,5369.6939,0]
["P9949","Topógrafo","mês",4037,1.002053,8082.2879,0]
["P9950","Auxiliar de topografia","mês",2378.3386,1.285493,5435.6762,0]
["P9951","Médico de câmara hiperbárica","mês",9683.7414,0.994129,19875.1916,0.0583]
["P9952","Pedreiro - mensalista","mês",2056.6571,1.365004,4864.0022,0]
["P9953","Eletricista - mensalista","mês",2361.8881,1.326436,5494.7815,0]
["P9954","Servente - mensalista","mês",1540,1.567021,3953.2123,0]
["P9955","Engenheiro chefe","mês",16586.2888,0.812134,30056.5778,0]
["P9956","Motorista de caminhão com periculosidade","h",12.27,1.943559,39.7984,0.3]
["P9972","Técnico de batimetria","mês",3322.76,1.108568,7006.2654,0]

{"sheet":"Equipamentos","index":21,"n_rows":541,"n_cols":11,"rows_kept":541,"cut":false,"hidden":false,"merged":[[0,1,0,9],[1,1,1,9],[382,2,382,8],[385,2,385,8],[389,2,389,8],[392,2,392,8],[395,2,395,8],[399,2,399,8],[404,2,404,8],[407,2,407,8],[410,2,410,8],[413,2,413,8],[415,2,415,8],[417,2,417,8],[419,2,419,8],[422,2,422,8],[425,2,425,8],[429,2,429,8],[434,2,434,8],[439,2,439,8],[442,2,442,8],[445,2,445,8],[448,2,448,8],[451,2,451,8],[454,2,454,8],[457,2,457,8],[460,2,460,8],[463,2,463,8],[466,2,466,8],[469,2,469,8],[472,2,472,8],[475,2,475,8],[478,2,478,8],[481,2,481,8],[484,2,484,8],[488,2,488,8],[491,2,491,8],[494,2,494,8],[497,2,497,8],[500,2,500,8],[503,2,503,8],[506,2,506,8],[509,2,509,8],[514,2,514,8],[517,2,517,8],[521,2,521,8],[524,2,524,8],[529,2,529,8],[532,2,532,8],[535,2,535,8],[538,2,538,8]]}
["CGCIT","SISTEMA DE CUSTOS REFERENCIAIS DE OBRAS - SICRO",{"$nulls":8},"DNIT"]
[null,"Pernambuco - Abril/2024"]
["Código","Descrição","Valor de Aquisição (R$)","Depreciação (R$/h)","Oportunidade de Capital (R$/h)","Seguros e Impostos (R$/h)","Manutenção (R$/h)","Operação (R$/h)","Mão de Obra de Operação (R$/h)","Custo Produtivo (R$/h)","Custo Improdutivo (R$/h)"]
["E9001","Conjunto vibratório para tubos de concreto com encaixe PB e 3 jogos de fôrmas - D = 0,60 m - 2,20 kW",67156.809,8.9542,2.0718,0,6.7157,0,0,17.7417,11.026]
["E9002","Conjunto vibratório para tubos de concreto com encaixe PB e 3 jogos de fôrmas - D = 0,80 m - 2,20 kW",83651.8154,11.1536,2.5807,0,8.3652,0,0,22.0995,13.7343]
["E9003","Conjunto vibratório para tubos de concreto com encaixe PB e 3 jogos de fôrmas - D = 1,00 m - 2,20 kW",103186.4897,13.7582,3.1833,0,10.3186,0,0,27.2601,16.9415]
["E9004","Conjunto vibratório para tubos de concreto com encaixe PB e 3 jogos de fôrmas - D = 1,20 m - 2,20 kW",109378.2226,14.5838,3.3743,0,10.9378,0,0,28.8959,17.9581]
["E9005","Conjunto vibratório para tubos de concreto com encaixe PB e 3 jogos de fôrmas - D = 1,50 m - 2,20 kW",114053.1059,15.2071,3.5185,0,11.4053,0,0,30.1309,18.7256]
["E9006","Equipamento para sondagem manual",3007.215,0.5112,0.1113,0,0.3007,0,0,0.9232,0.6225]
["E9007","Bomba de pistão triplex com capacidade de 7,80 m³/h (130 l/min) - 8,20 kW",158047.8395,12.6438,2.9255,0,11.0633,7.976,0,34.6086,15.5693]
["E9008","Transportador manual de tubos de concreto com capacidade de 1 t",1830.6368,1.6476,0.113,0,0.9153,0,0,2.6759,1.7606]
["E9009","Embarcação rebocadora - 268 kW",626619.7911,8.1591,3.6358,0,18.1314,260.6798,135.4673,426.0734,147.2622]
["E9010","Balança plataforma digital à bateria, com mesa de 75 x 75 cm e capacidade de 500 kg",5050.7569,0.7576,0.1039,0,0.4209,0,0,1.2824,0.8615]
["E9011","Carro manual modelo plataforma de 200 x 80 cm com capacidade de 800 kg",1896.8803,0.3414,0.0702,0,0.1897,0,0,0.6013,0.4116]
["E9014","Deflectômetro de impacto (FWD) instalado em picape com reboque e faixa de carga de 7 a 120 kN - 147 kW",2141825.9417,171.3461,39.6452,0,107.0913,0,32.9387,351.0213,243.93]
["E9015","Elevador de obra com capacidade de 1.000 kg - 9 kW",65864.4441,5.2692,1.2192,0,4.6105,0,26.0238,37.1227,32.5122]
["E9016","Usina misturadora móvel de reciclagem a frio com sistema de espuma de asfalto - 129,40 kW",10043259.5875,585.8568,180.7368,0,753.2445,92.7431,38.5457,1651.1269,805.1393]
["E9017","Escavadeira hidráulica sobre esteira com capacidade de 0,4 m³ - 64 kW",717121.1032,50.1985,13.2739,0,50.1985,42.5934,32.2704,188.5347,95.7428]
["E9020","Recicladora a frio - 455 kW",5012274.3173,292.3827,90.2001,0,417.6895,465.8654,38.5457,1304.6834,421.1285]
["E9021","Grupo gerador - 456 kVA",351611.8595,17.5806,6.1984,0,12.5576,355.0304,0,391.367,23.779]
["E9022","Pórtico metálico rolante com capacidade de 25 t - 30 kW",955979.7007,43.0191,16.2206,0,33.4593,0,26.0238,118.7228,85.2635]
["E9023","Guindaste móvel sobre esteiras com dragline com capacidade de 1,9 a 2,3 m³ - 270 kW",3551731.9933,124.3106,60.264,0,177.5866,69.1119,38.5457,469.8188,223.1203]
["E9024","Misturador de nata cimento - 1,50 kW",8056.6504,0.6445,0.1491,0,0.564,0,26.0238,27.3814,26.8174]
["E9025","Conjunto bomba e macaco hidráulico para protensão com capacidade de 7.000 kN - 15 kW",100887.3187,5.765,1.7785,0,5.765,0,38.5457,51.8542,46.0892]
["E9026","Bomba para injeção de nata de cimento com capacidade de 2 MPa - 2,20 kW",31815.051,2.5452,0.5889,0,2.2271,0,0,5.3612,3.1341]
["E9028","Bomba de alta pressão para hidrojateamento com capacidade de 18 MPa - 5,20 kW",4751.7912,0.3801,0.088,0,0.4277,9.1797,26.0238,36.0993,26.4919]
["E9029","Conjunto bomba e macaco hidráulico para protensão com capacidade de 8.000 kN - 20 kW",128255.1332,7.3289,2.261,0,7.3289,0,38.5457,55.4645,48.1356]
["E9030","Bomba de protensão com leitura digital para tensionamento de estais - 3 kW",13857.7478,0.7919,0.2443,0,0.7919,0,0,1.8281,1.0362]
["E9031","Elevador de cremalheira com cabine simples, com capacidade de 1.500 kg e altura de até 100 m - 15 kW",338552.6648,27.0842,6.2666,0,23.6987,0,26.0238,83.0733,59.3746]
["E9032","Equipamento para regulagem final de estais com até 37 cordoalhas - D = 15,7 mm - 20 kW",75135.7256,4.2935,1.3245,0,4.2935,0,38.5457,48.4572,44.1637]
["E9033","Equipamento para regulagem final de estais de 38 a 55 cordoalhas - D = 15,7 mm - 30 kW",107336.7509,6.1335,1.8922,0,6.1335,0,38.5457,52.7049,46.5714]
["E9034","Equipamento para regulagem final de estais de 56 a 73 cordoalhas - D = 15,7 mm - 40 kW",161005.1264,9.2003,2.8383,0,9.2003,0,38.5457,59.7846,50.5843]
["E9035","Equipamento para regulagem final de estais de 74 a 91 cordoalhas - D = 15,7 mm - 50 kW",214673.5019,12.2671,3.7844,0,12.2671,0,38.5457,66.8643,54.5972]
["E9036","Grua fixa para alturas de 60 a 102 m, com alcance de 60 m com capacidade de 1.500 kg na ponta da lança - 37 kW",3214869.372,160.7435,56.6736,0,183.7068,0,38.5457,439.6696,255.9628]
["E9038","Macaco hidráulico monocordoalha para tensionamento de estais - 3 kW",17408.8961,0.9948,0.3069,0,0.9948,0,38.5457,40.8422,39.8474]
["E9039","Máquina de solda por termofusão para tubos PEAD com gerador de 4 kW",117709.3278,6.7262,2.075,0,6.7262,3.8907,38.5457,57.9638,47.3469]
["E9040","Serra mármore - 1,45 kW",464.1588,0.0418,0.0086,0,0.0232,0,0,0.0736,0.0504]
["E9042","Trator sobre esteiras com lâmina - 97 kW",1332477.9765,51.8186,22.8372,0,74.0266,69.5215,32.2704,250.4743,106.9262]
["E9043","Embarcação de alumínio com comprimento de 6 m e motor de popa - 18,60 kW",25144.58,0.3929,0.1481,0,0.4365,37.5259,39.2829,77.7863,39.8239]
["E9044","Central de concreto com capacidade de 150 m³/h - dosadora e misturadora",2339276.7736,133.673,41.2381,0,116.9638,0,38.5457,330.4206,213.4568]
["E9045","Conjunto bomba e macaco hidráulico para elevação com capacidade de 496 kN",60120.0538,4.8096,1.1128,0,4.8096,5.8105,38.5457,55.0882,44.4681]
["E9046","Conjunto bomba e macaco hidráulico para elevação com capacidade de 929 kN",73002.1093,5.8402,1.3513,0,5.8402,5.8105,38.5457,57.3879,45.7372]
["E9047","Conjunto bomba e macaco hidráulico para elevação com capacidade de 1.390 kN",103673.2721,8.2939,1.919,0,8.2939,5.8105,38.5457,62.863,48.7586]
["E9048","Conjunto bomba e macaco hidráulico para elevação com capacidade de 1.859 kN",120351.9565,9.6282,2.2277,0,9.6282,5.8105,38.5457,65.8403,50.4016]
["E9049","Bomba de alta pressão para hidrojateamento com capacidade de 250 MPa - 72 kW",702722.464,56.2178,13.0074,0,63.245,55.2895,26.0238,213.7835,95.249]
["E9050","Guindaste móvel sobre pneus com 2 eixos com capacidade de 18 t - 97 kW",2836240.952,141.812,49.9989,0,182.3298,24.8291,32.9387,431.9085,224.7496]
["E9051","Máquina levantadora e posicionadora de via - 7,40 kW",780449.8393,62.436,14.4461,0,54.6315,10.4508,26.0238,167.9882,102.9059]
["E9052","Empilhadeira a diesel com capacidade de 10 t - 82 kW",749065.3003,59.9252,13.8652,0,52.4346,62.9686,26.0238,215.2174,99.8142]
["E9053","Perfuratriz hidráulica montada em flutuante - 32 kW",352717.8547,11.0224,2.2669,0,9.7977,16.3821,31.846,71.3151,45.1353]
["E9054","Equipamento sobre forma-trilho para execução e acabamento de pavimento de concreto - 13,40 kW",1375489.3504,110.0391,25.4603,0,68.7745,18.9243,26.0238,249.222,161.5232]
["E9055","Guincho pneumático com capacidade de 2,5 t",526134.7113,47.3521,9.7388,0,26.3067,0,0,83.3976,57.0909]
["E9056","Plataforma autoelevatória de 12 x 24 m com capacidade de 150 t",843670.7065,6.5912,4.7445,0,14.6471,0,103.158,129.1408,114.4937]
["E9057","Batelão sem propulsão com capacidade de 66 m³",225610.324,1.7626,1.2688,0,2.9376,0,26.7839,32.7529,29.8153]
["E9058","Plataforma flutuante de 12 x 24 x 1,8 m com capacidade de 150 t",674762.0961,5.2716,3.7947,0,8.786,0,26.7839,44.6362,35.8502]
["E9059","Plataforma autoelevatória de 12 x 24 m montada na obra com capacidade de 150 t",843670.7065,6.5912,4.7445,0,14.6471,0,103.158,129.1408,114.4937]
["E9060","Perfuratriz pneumática rotopercussiva montada em flutuante com pressão de 0,70 MPa e capacidade de 2.500 gpm",32255.9661,1.008,0.2073,0,0.896,0,63.692,65.8033,64.9073]
["E9061","Lixadeira elétrica manual angular - 2 kW",1387.3298,0.111,0.0257,0,0.0694,0,0,0.2061,0.1367]
["E9062","Soprador de ar quente manual - 1,60 kW",4563.5123,0.6085,0.0939,0,0.3803,0,0,1.0827,0.7024]
["E9063","Equipamento de estabilização dinâmica da via - 300 kW",24279358.0995,971.1743,411.96,0,971.1743,184.2984,38.5457,2577.1527,1421.68]
["E9064","Transportador manual gerica com capacidade de 180 l",997.3517,0.9974,0.0615,0,0.4987,0,0,1.5576,1.0589]
["E9065","Carro controle ferroviário - 186 kW",29557552.1681,1182.3021,501.5178,0,1034.5143,114.265,38.5457,2871.1449,1722.3656]
["E9066","Grupo gerador - 14 kVA",68316.717,3.4158,1.2043,0,2.4399,10.6995,0,17.7595,4.6201]
["E9067","Veículo ferroviário para capina química com capacidade de 12.000 l - 115 kW",1695107.7772,67.8043,28.7617,0,42.3777,70.6477,26.0238,235.6152,122.5898]
["E9068","Perfuratriz hidráulica rotopercussiva para CCPH - 123 kW",3513045.7997,234.2031,63.2202,0,234.2031,94.4529,32.2704,658.3497,329.6937]
["E9069","Vibrador de imersão para concreto - 4,10 kW",3885.7792,0.6217,0.1439,0,0.3886,7.2379,0,8.3921,0.7656]
["E9070","Ponte rolante com capacidade de 5 t e vão de até 15 m - 10 kW",329947.0595,13.1979,5.5984,0,8.2487,0,26.0238,53.0688,44.8201]
["E9071","Transportador manual carrinho de mão com capacidade de 80 l",466.9177,0.4669,0.0288,0,0.2335,0,0,0.7292,0.4957]
["E9072","Martelo hidráulico vibratório com unidade hidráulica - 486 kW",2863294.8885,190.8863,51.5274,0,167.0255,373.2043,38.5457,821.1892,280.9594]
["E9073","Bomba de concreto rebocável com capacidade de 30 m³/h - 74 kW",481600.6595,38.5281,8.9144,0,38.5281,71.9788,26.0238,183.9732,73.4663]
["E9074","Tanque de estocagem de asfalto com agitadores de 60.000 l",816000,34,11.8001,0,21.25,0,0,67.0501,45.8001]
["E9075","Trado cavadeira de 12\"",142.0739,0.071,0.0066,0,0.0355,0,0,0.1131,0.0776]
["E9076","Equipamento para pintura eletrostática com cabine dupla de 7,00 kW e estufa de 80.000 kCal",163944.5242,10.5393,2.8901,0,5.8552,0,26.0238,45.3084,39.4532]
["E9077","Perfuratriz de circulação reversa tipo Wirth ou similar com unidade hidráulica (Power Pack) - 273 kW",4242540.2139,282.836,76.348,0,282.836,139.7596,32.2704,814.05,391.4544]
["E9078","Treliça lançadeira com capacidade de carga de 100 a 120 t e vão máximo de 45 m - 110 kW",3541087.5969,94.429,58.2627,0,59.0181,0,38.5457,250.2555,191.2374]
["E9079","Bomba submersível com capacidade de 360 m³/h - 23 kW",179784.3819,14.3828,3.3278,0,12.5849,0,0,30.2955,17.7106]
["E9080","Carrelone com capacidade máxima de 70 t",1766402.0124,79.4881,29.9714,0,44.1601,0,26.0238,179.6434,135.4833]
["E9081","Fischietti simples com capacidade de 70 t",105480.8656,4.7466,1.7897,0,2.637,0,26.0238,35.1971,32.5601]
["E9083","Vagão fechado FLT com capacidade de 99 t",800000,12.6667,12.7513,0,6.6667,0,0,32.0847,25.418]
["E9084","Vagão tanque convencional TCT com capacidade de 97 t e 103.000 l",1195000,18.9208,19.0473,0,9.9583,0,0,47.9264,37.9681]
["E9085","Vagão gôndola GDE com capacidade de 93,5 t / 29 m³",620000,9.8167,9.8823,0,5.1667,0,0,24.8657,19.699]
["E9086","Bomba de concreto rebocável com capacidade de 41 m³/h - 74 kW",531750.6595,42.5401,9.8427,0,42.5401,71.9788,26.0238,192.9255,78.4066]
["E9089","Roçadeira costal - 1,40 kW",2859.323,0.4289,0.0588,0,0.3336,7.7675,0,8.5888,0.4877]
["E9093","Veículo leve - 53 kW (sem motorista)",71228.1739,4.2737,1.3184,0.5342,4.2737,24.0589,0,34.4589,6.1263]
["E9094","Guindaste móvel sobre pneus com 6 eixos com capacidade máxima de 350 t - 450 kW",16352814.8934,817.6407,288.2768,116.8058,1051.2524,115.1865,32.9387,2422.1009,1255.662]
["E9095","Guindaste móvel sobre pneus com 8 eixos com capacidade máxima de 500 t - 500 kW",28681053.7878,1434.0527,505.606,204.8647,1843.782,127.985,32.9387,4149.2291,2177.4621]
["E9096","Minicarregadeira de pneus - 45,50 kW",406060.7207,28.4243,7.5162,0,28.4243,58.2332,32.2704,154.8684,68.2109]
["E9101","Removedora de faixas de sinalização viária - 9,69 kW",50781.5902,4.0625,0.94,0,3.5547,17.106,0,25.6632,5.0025]
["E9102","Extrusora para sarjeta de concreto - 10,44 kW",75110.0606,6.0088,1.3903,0,5.2577,8.017,26.0238,46.6976,33.4229]
["E9103","Extrusora para meio-fio de concreto - 10,44 kW",63808.9721,5.1047,1.1811,0,4.4666,8.017,26.0238,44.7932,32.3096]
["E9105","Embarcação empurradora multipropósito - 2 x 186 kW",4997303.2631,65.0691,28.9955,0,144.5979,361.8392,135.4673,735.969,229.5319]
["E9106","Balsa de convés com capacidade de 200 t",1931635.1879,15.0909,10.8629,0,25.1515,0,26.7839,77.8892,52.7377]
["E9107","Compactador manual com soquete vibratório - 2,24 kW",9897.94,0.6599,0.1781,0,0.6599,3.9543,0,5.4522,0.838]
["E9108","Soldadora de trilho por caldeamento na via - 400 kW",9036682.1548,144.5869,144.9665,0,180.7336,245.7312,77.0914,793.1096,366.6448]
["E9110","Escavadeira hidráulica sobre esteiras para rocha com caçamba com capacidade de 1,56 m³ - 118 kW",1081666.7935,108.1667,21.4518,0,108.1667,114.7769,32.2704,384.8325,161.8889]
["E9111","Jateador abrasivo úmido com capacidade de 350 kg de abrasivo",247802.771,22.3022,4.5868,0,22.3022,0,26.0238,75.215,52.9128]
["E9112","Sinalizador direcional móvel com sistema fotovoltaico de energia e montado em chassi sobre pneus",22743.5921,2.0469,0.421,0,1.1372,0,0,3.6051,2.4679]
["E9113","Painel de Mensagem Variável - PMV móvel, com sistema fotovoltaico de energia e montado em chassi sobre pneus",170670.6595,15.3604,3.1591,0,8.5335,0,0,27.053,18.5195]
["E9116","Semáforo móvel com 3 lentes e bateria - D = 200 mm",7768.7512,0.6992,0.1438,0,0.3884,0,0,1.2314,0.843]
["E9117","Carregadeira de pneus para rocha com capacidade de 2,50 m³ - 105 kW",1000473.6827,100.0474,19.8415,0,100.0474,102.132,32.2704,354.3387,152.1593]
["E9118","Cortadora de pavimento com disco diamantado de 450 a 1.500 mm - 55,40 kW",485941.4004,38.8753,8.9948,0,38.8753,42.5422,26.0238,155.3114,73.8939]
["E9119","Minicarregadeira sobre pneus com valetadeira - 55,40 kW",618649.6595,43.3055,11.4512,0,43.3055,70.9037,32.2704,201.2363,87.0271]
["E9120","Equipamento de cravação sobre esteira para geodreno com haste para profundidade de até 20 m - 258 kW",3285244.4938,229.9671,60.8099,0,229.9671,171.7047,26.0238,718.4726,316.8008]
["E9122","Perfuratriz tipo Bottom Feed para coluna de brita - 194 kW",4531010.4236,302.0674,81.5393,0,302.0674,99.3164,32.2704,817.2609,415.8771]
["E9125","Veículo tipo van furgão com capacidade de 1,54 t - 93 kW",234565.0018,11.7283,4.2212,1.7104,11.7283,23.8052,29.0596,82.253,46.7195]
["E9126","Draga backhoe com capacidade de 7 m³ - 1.000 kW",82197311.5844,924.7198,665.6441,0,2054.9328,972.686,67.4009,4685.3836,1657.7648]
["E9127","Escavadeira hidráulica com martelo hidráulico de 520 kg - 75 kW",1112152.3067,127.1031,22.0564,0,158.8789,49.9142,32.2704,390.223,181.4299]
["E9134","Miniônibus com capacidade para 30 passageiros - 111 kW",640171.198,27.4359,11.2853,4.5727,41.1539,107.9681,32.1007,224.5166,75.3946]
["E9141","Rebarbador hidráulico com bomba manual com capacidade de força de 9.000 kgf",93421.4222,7.4737,1.7292,0,4.6711,0,0,13.874,9.2029]
["E9144","Pórtico metálico rolante com talha com capacidade de 5 t - 10 kW",302602.4185,12.1041,5.1344,0,7.5651,0,26.0238,50.8274,43.2623]
["E9148","Macaco de protensão de fios com bomba - 3,72 kW",101537.1861,5.8021,1.79,0,5.8021,0,38.5457,51.9399,46.1378]
["E9149","Máquina de aplicação e extração de grampo elástico tipo Pandrol - 6,70 kW",265341.0653,21.2273,4.9115,0,21.2273,9.4622,0,56.8283,26.1388]
["E9151","Britador de mandíbulas móvel sobre esteiras, sem peneira, com capacidade de 140 m³/h - 170 kW",2970314.3544,169.7322,52.3624,0,169.7322,156.6536,38.5457,587.0261,260.6403]
["E9152","Ferramenta de fixação à pólvora de ação direta",1049.6831,0.0892,0.0194,0,0.084,0,0,0.1926,0.1086]
["E9153","Ferramenta de fixação à pólvora e sistema à pistão",989.9836,0.0841,0.0183,0,0.0792,0,0,0.1816,0.1024]
["E9154","Equipamento para selagem com material asfáltico rebocável com capacidade de 370 l - 35 kW",463156.7494,29.7744,8.1648,0,9.9248,26.8769,26.0238,100.7647,63.963]
["E9155","Caldeira de asfalto rebocável com capacidade de 600 l - 5,20 kW",136247.6255,8.7588,2.4019,0,2.9196,3.7269,0,17.8072,11.1607]
["E9156","Soprador de ar costal - 2,6 kW",2525.093,0.404,0.0935,0,0.3535,4.5899,0,5.4409,0.4975]
["E9157","Locomotiva diesel-elétrica CC - bitola métrica - 2.237 kW",8250000,132,132.3465,0,165,1374.2517,33.3107,1836.9089,297.6572]
["E9158","Locomotiva diesel-elétrica CC - bitola larga - 2.237 kW",8250000,132,132.3465,0,165,1374.2517,33.3107,1836.9089,297.6572]
["E9159","Vagão plataforma PNE com capacidade de 82 t - bitola métrica",736000,11.6533,11.7312,0,6.1333,0,0,29.5178,23.3845]
["E9160","Vagão plataforma PNT com capacidade de 98 t - bitola larga",842000,13.3317,13.4208,0,7.0167,0,0,33.7692,26.7525]
["E9161","Vagão fechado com porta para carga e descarga de paletes FLD com capacidade de 64 t - bitola métrica",730000,11.5583,11.6356,0,6.0833,0,0,29.2772,23.1939]
["E9162","Vagão fechado com porta para carga e descarga de paletes FLT com capacidade de 99 t - bitola larga",800000,12.6667,12.7513,0,6.6667,0,0,32.0847,25.418]
["E9163","Vagão hopper aberto com descarga automática HNE com capacidade de 45 m³ - bitola métrica",880000,13.9333,14.0265,0,7.3333,0,0,35.2931,27.9598]
["E9164","Vagão hopper aberto com descarga automática HNT com capacidade de 63 m³ - bitola larga",915000,14.4875,14.5843,0,7.625,0,0,36.6968,29.0718]
["E9167","Equipamento para carga e descarga de TLS de até 250 m - 90 kW",2825081.4873,45.2013,45.32,0,56.5016,55.2895,38.5457,240.8581,129.067]
["E9168","Carregadeira de pneus com implemento de garfo - 195 kW",1733156.3864,121.3209,32.0807,0,121.3209,79.8626,32.2704,386.8555,185.672]
["E9200","Carregadeira de pneus para rocha com capacidade de 2,50 m³ - 105 kW com periculosidade",1000473.6827,100.0474,19.8415,0,100.0474,102.132,39.9685,362.0368,159.8574]
["E9203","Escavadeira hidráulica com martelo hidráulico de 1.700 kg - 103 kW com periculosidade",1919725.5317,219.3972,38.0723,0,274.2465,68.5488,39.9685,640.2333,297.438]
["E9204","Perfuratriz sobre esteiras - 145 kW com periculosidade",1698616.3665,113.2411,30.568,0,113.2411,111.347,39.9685,408.3657,183.7776]
["E9205","Equipamento de corte a plasma CNC - 12.000 x 5.500 mm - 19,5 kW",1070604.6114,85.6484,19.8169,0,64.2363,0,0,169.7016,105.4653]
["E9206","Equipamento de solda MIG automática com acessórios - 14,6 kVA",83499.938,6.68,1.5456,0,6.68,0,0,14.9056,8.2256]
["E9207","Máquina de solda elétrica retificadora 425 A - 18,70 kW",5926.7546,0.4741,0.1097,0,0.4741,0,0,1.0579,0.5838]
["E9209","Martelete perfurador/rompedor a ar comprimido de 25 kg para rocha, com insalubridade, com capacidade de 2.040 gpm",27681.1881,2.2145,0.5124,0,2.2145,0,32.7038,37.6452,35.4307]
["E9213","Jumbo eletro-hidráulico com 3 braços - 155 kW/237 kW com periculosidade",11632424.6002,775.495,209.3352,0,969.3687,166.6365,48.1769,2169.0123,1033.0071]
["E9231","Maçarico lança-chamas a gás liquefeito de petróleo (GLP)",86.171,0.0069,0.0016,0,0.0069,0,0,0.0154,0.0085]
["E9242","Estação transmissora de superfície para televisionamento",12122.3343,0.7793,0.2137,0,0.4329,0,0,1.4259,0.993]
["E9243","Câmara hiperbárica com filtro, serpentina e reservatório de ar para mergulho raso - D = 1,80 m e H = 2,22 m.",427665.5348,7.4841,6.9266,0,10.6916,0,53.0176,78.1199,67.4283]
["E9244","Estação transmissora de superfície para comunicação sem fio",38565.8635,2.4792,0.6799,0,1.3774,0,0,4.5365,3.1591]
["E9245","Estação transmissora de superfície para comunicação com fio",6463.8225,0.4155,0.1139,0,0.2309,0,0,0.7603,0.5294]
["E9246","Painel de controle de ar com manômetros e pneufatômetros",12404.1952,0.7974,0.2187,0,0.443,0,0,1.4591,1.0161]
["E9247","Sistema de Sino aberto (sinete) para mergulho até 50 m  - 33,50 kW",550152.4773,14.6707,9.0518,0,14.6707,0,53.0176,91.4108,76.7401]
["E9248","Sistema de ar comprimido para mergulho até 30 m com pressão de trabalho de 1,4 MPa - 7,46 kW",51798.7384,3.4532,0.9322,0,3.4532,6.4924,0,14.331,4.3854]
["E9249","Sistema de ar comprimido para mergulho até 50 m com pressão de trabalho de 1,7 MPa - 16,18 kW",78694.0046,5.2463,1.4162,0,5.2463,14.0814,0,25.9902,6.6625]
["E9251","Fonte de plasma para corte manual - 65A - 15 kW",32636.2828,2.6109,0.6041,0,2.6109,0,0,5.8259,3.215]
["E9252","Serra de esquadria com braço telescópico - D = 250 mm (10\") - 1,80 kW",5295.7152,0.4766,0.098,0,0.2648,0,0,0.8394,0.5746]
["E9253","Rebordeadeira diâmetro máximo 3,00 m - 4,85 kW",68579.0908,2.7432,1.1636,0,2.4003,0,0,6.3071,3.9068]
["E9254","Dobradeira viradeira manual comprimento máximo de dobra de até 2.000 mm",18844.3864,0.7538,0.3197,0,0.6596,0,0,1.7331,1.0735]
["E9255","Fonte de plasma para corte manual - 45A - 10 kW",21803.8828,1.7443,0.4036,0,1.7443,0,0,3.8922,2.1479]
["E9256","Equipamento para pintura com cal rebocável com dois bicos aplicadores e capacidade de 2.200 l",70852.0746,4.0487,1.249,0,4.0487,0,26.0238,35.3702,31.3215]
["E9259","Ventilador centrífugo média pressão com capacidade de 38 m³/min - 2,21 kW",17180,1.5462,0.318,0,1.0308,0,0,2.895,1.8642]
["E9260","Detector de gases com bomba elétrica para espaço confinado",4049,0.3239,0.0749,0,0.2025,0,0,0.6013,0.3988]
["E9261","Equipamento de pintura com pistola airless - 0,90 kW",2439.45,0.2196,0.0452,0,0.122,0,0,0.3868,0.2648]
["E9262","Escova rotativa com cerdas de aço para tratamento de superfície - 0,91 kW",19452,1.5562,0.3601,0,0.9726,0,26.0238,28.9127,27.9401]
["E9263","Tripé com guincho para espaço confinado",9781.53,0.7825,0.1811,0,0.5869,0,0,1.5505,0.9636]
["E9264","Respirador purificador de ar motorizado",8510.04,0.6808,0.1575,0,0.4255,0,0,1.2638,0.8383]
["E9265","Respirador de adução de ar tipo linha de ar comprimido para jateamento",17371.8396,1.3897,0.3216,0,0.8686,0,0,2.5799,1.7113]
["E9267","Exaustor centrífugo alta pressão com capacidade de 35 m³/min - 1,47 kW",5444.14,0.49,0.1008,0,0.3266,0,0,0.9174,0.5908]
["E9501","Ventilador axial para ventilação forçada com velocidade de saída de 32,8 m/s - D = 1.000 mm - 30 kW",441354.6356,39.7219,8.1695,0,26.4813,0,0,74.3727,47.8914]
["E9502","Bate-estaca de gravidade para 6 t - 119 kW",938230.532,53.6132,16.5397,0,40.2099,79.1971,32.2704,221.8303,102.4233]
["E9503","Guilhotina hidráulica 16 x 6.100 mm - 30 kW",1295891.0772,51.8356,21.988,0,45.3562,0,26.0238,145.2036,99.8474]
["E9505","Prensa dobradeira capacidade 320 t - comprimento até 3.100 mm - 30 kW",840657.7848,33.6263,14.2639,0,29.423,0,26.0238,103.337,73.914]
["E9507","Plotadora de recorte com computador e programa computacional",87562.4395,13.1344,1.8009,0,8.7562,0,0,23.6915,14.9353]
["E9510","Ventilador centrífugo baixa pressão com capacidade de 58 m³/min - 3,68 kW",13172.8295,1.1856,0.2438,0,0.7904,0,0,2.2198,1.4294]
["E9511","Carregadeira de pneus com capacidade de 3,40 m³ - 195 kW",2045424.6731,143.1797,37.8608,0,143.1797,79.8626,32.2704,436.3532,213.3109]
["E9512","Veículo leve - 53 kW",71228.1739,4.2737,1.3184,0.5342,4.2737,24.0589,29.0596,63.5185,35.1859]
["E9513","Compressor de ar portátil de 160,46 l/s (340 PCM) - 81 kW",320957.8697,21.3972,5.7759,0,21.3972,70.4941,0,119.0644,27.1731]
["E9514","Distribuidor de agregados sobre pneus autopropelido - 130 kW",947889.0865,54.1651,16.7099,0,47.3945,126.4492,32.2704,276.9891,103.1454]
["E9515","Escavadeira hidráulica sobre esteiras com caçamba com capacidade de 1,56 m³ - 118 kW",1081666.7935,75.7167,20.0217,0,75.7167,78.5316,32.2704,282.2571,128.0088]
["E9516","Perfuratriz hidráulica sobre esteiras - 283 kW",4999083.2713,333.2722,89.9627,0,333.2722,144.879,32.2704,933.6565,455.5053]
["E9518","Grade de 24 discos rebocável de D = 60 cm (24\")",41561.581,2.6718,0.7327,0,1.4843,0,0,4.8888,3.4045]
["E9519","Betoneira com motor a gasolina com capacidade de 600 l - 10 kW",36854.2101,2.9483,0.6822,0,2.2113,17.6533,26.0238,49.5189,29.6543]
["E9521","Grupo gerador - 3,2 kVA",3553.7502,0.1777,0.0626,0,0.1269,4.1964,0,4.5636,0.2403]
["E9522","Caldeira de asfalto rebocável com capacidade de 1.500 l - 6,5 kW",184863.6402,11.8841,3.2589,0,3.9614,4.6587,0,23.7631,15.143]
["E9523","Motoscraper - 304 kW",5534823.3343,260.4623,95.4187,0,293.0201,249.0076,32.2704,930.1791,388.1514]
["E9524","Motoniveladora - 93 kW",1361798.0278,68.0899,24.0066,0,87.5442,71.4156,32.2704,283.3267,124.3669]
["E9525","Ponte rolante com capacidade de 15 t e vão de até 15 m - 20 kW",3369751.602,134.7901,57.1763,0,84.2438,0,52.0476,328.2578,244.014]
["E9526","Retroescavadeira de pneus - capacidade da caçamba da pá-carregadeira de 0,76 m³ e da retroescavadeira de 0,29 m³ - 58 kW ",468024.1207,32.7617,8.6631,0,32.7617,38.6003,32.2704,145.0572,73.6952]
["E9527","Martelete perfurador/rompedor a ar comprimido de 25 kg para rocha com capacidade de 2.040 gpm",27681.1881,2.2145,0.5124,0,2.2145,0,26.0238,30.9652,28.7507]
["E9528","Empilhadeira a diesel com capacidade de 4 t - 60 kW",487441.9792,38.9954,9.0226,0,34.1209,46.0746,26.0238,154.2373,74.0418]
["E9529","Jateador para estruturas metálicas com transportador a roletes - 22 kW",4118631.1958,274.5754,74.1182,0,205.9316,0,26.0238,580.649,374.7174]
["E9530","Rolo compactador liso vibratório autopropelido por pneus de 11 t - 97 kW",878766.5116,58.5844,15.8141,0,58.5844,79.4531,32.2704,244.7064,106.6689]
["E9532","Equipamento de solda MIG com acessórios - 14,6 kVA",80263.932,6.4211,1.4857,0,6.4211,0,0,14.3279,7.9068]
["E9535","Serra circular com bancada - D = 30 cm - 4 kW",7176.5566,0.6459,0.1328,0,0.3588,0,26.0238,27.1613,26.8025]
["E9536","Embarcação de transporte de pessoal e apoio logístico - 30 kW",121178.9256,1.8934,0.7139,0,2.1038,60.5256,39.2829,104.5196,41.8902]
["E9538","Conjunto vibratório para meio tubo de concreto com encaixe PB e 3 jogos de fôrmas - D = 0,30 m - 2,20 kW",16530.854,2.2041,0.51,0,1.6531,0,0,4.3672,2.7141]
["E9539","Equipamento de batimetria monofeixe",98733.096,6.3471,1.7405,0,3.5262,0,38.3925,50.0063,46.4801]
["E9540","Trator sobre esteiras com lâmina - 127 kW",1725612.4724,67.1072,29.5751,0,95.8674,91.0229,32.2704,315.843,128.9527]
["E9541","Trator sobre esteiras com lâmina - 259 kW",4800022.2448,186.6675,82.267,0,266.6679,185.6294,32.2704,753.5022,301.2049]
["E9543","Compressor de ar respirável com capacidade de até 35 MPa e 3,58 l/s - 5,52 kW",50623.6634,3.3749,0.911,0,3.3749,0,0,7.6608,4.2859]
["E9544","Vassoura mecânica rebocável com largura de 2,44 m",74015.8935,6.6614,1.37,0,4.441,0,0,12.4724,8.0314]
["E9545","Vibroacabadora de asfalto sobre esteiras - 82 kW",3670115.9687,183.5058,64.6989,0,235.936,79.7603,38.5457,602.4467,286.7504]
["E9547","Máquina de solda elétrica transformadora 250 A - 9,20 kW",1379.2966,0.1103,0.0255,0,0.1103,0,0,0.2461,0.1358]
["E9548","Bomba centrífuga com capacidade de 7,1 a 22 m³/h - 1,50 kW",2494.0516,0.1995,0.0462,0,0.1746,0,0,0.4203,0.2457]
["E9551","Obturador mecânico simples com extensão de 12 m",4889.2881,0.44,0.0905,0,0.2445,0,0,0.775,0.5305]
["E9552","Nível ótico com capacidade de aumento de 32x",15448.6909,1.2359,0.286,0,0.7724,0,0,2.2943,1.5219]
["E9553","Estação total eletrônica com alcance máximo de 3.000 m",32006.4424,2.8806,0.5924,0,1.6003,0,0,5.0733,3.473]
["E9556","Compactador manual de placa vibratória - 3,00 kW",10833.2547,0.7222,0.195,0,0.7222,5.296,0,6.9354,0.9172]
["E9558","Tanque de estocagem de asfalto com capacidade de 30.000 l",686410.4019,28.6004,9.9261,0,17.8753,0,0,56.4018,38.5265]
["E9559","Aquecedor de fluido térmico - 12 kW",687409.1038,30.9334,9.543,0,20.6223,9.2149,0,70.3136,40.4764]
["E9560","Ônibus com capacidade para 80 passageiros - 175 kW",1094167.8329,46.8929,19.2886,7.8155,70.3394,170.2201,32.1007,346.6572,106.0977]
["E9561","GPS geodésico de simples frequência (L1)",31555.4516,2.5244,0.5841,0,1.5778,0,0,4.6863,3.1085]
["E9562","GPS geodésico de dupla frequência (L1/L2)",68011.3939,5.4409,1.2589,0,3.4006,0,0,10.1004,6.6998]
["E9563","Perfuratriz hidráulica sobre esteiras com clamshell - 220 kW",3020180.2498,201.3453,54.3507,0,201.3453,112.6268,32.2704,601.9385,287.9664]
["E9565","Trator sobre esteiras com lâmina e escarificador - 259 kW",4863880.4764,189.1509,83.3615,0,270.2156,185.6294,32.2704,760.6278,304.7828]
["E9566","Guindaste móvel sobre esteiras com clamshell de 1,9 m³ - 220 kW",3950654.8731,138.2729,67.0327,0,197.5327,56.3134,38.5457,497.6974,243.8513]
["E9567","Fresadora de piso de concreto - 6,7 kW",19153.5683,1.5323,0.3545,0,1.5323,11.8277,0,15.2468,1.8868]
["E9568","Furadeira de impacto de 12,5 mm - 0,80 kW",1384.4986,0.1108,0.0256,0,0.0692,0,0,0.2056,0.1364]
["E9569","Guindaste móvel sobre esteiras com clamshell de 4,6 m³ - 403 kW",6093990.0771,74.0589,35.9027,0,105.7984,103.1559,77.0914,396.0073,187.053]
["E9570","Furadeira com base magnética - 1,20 kW",6006.2725,0.3432,0.1059,0,0.2574,0,0,0.7065,0.4491]
["E9574","Perfuratriz sobre esteiras - 145 kW",1698616.3665,113.2411,30.568,0,113.2411,111.347,32.2704,400.6676,176.0795]
["E9576","Escavadeira hidráulica de longo alcance sobre esteiras - 103 kW",1076018.7701,75.3213,19.9171,0,75.3213,68.5488,32.2704,271.3789,127.5088]
["E9577","Trator agrícola sobre pneus - 77 kW",327243.444,21.8162,5.889,0,19.0892,70.9549,26.0238,143.7731,53.729]
["E9578","Conjunto vibratório para meio tubo de concreto com encaixe PB e 3 jogos de fôrmas - D = 0,40 m - 2,20 kW",17722.8414,2.363,0.5467,0,1.7723,0,0,4.682,2.9097]
["E9580","Fresadora e distribuidora com controle de greide - 287 kW",3045869.3421,177.6757,54.813,0,253.8224,264.4682,38.5457,789.325,271.0344]
["E9581","Carregadeira de pneus para rocha com capacidade de 1,72 m³ - 113 kW",752410.6595,75.2411,14.9219,0,75.2411,109.9135,32.2704,307.588,122.4334]
["E9583","Distribuidor de agregados rebocável com capacidade de 1,9 m³",83182.6537,7.4864,1.5397,0,4.991,0,0,14.0171,9.0261]
["E9584","Carregadeira de pneus com capacidade de 1,72 m³ - 113 kW",752410.6595,52.6687,13.9271,0,52.6687,46.2794,32.2704,197.8143,98.8662]
["E9585","Motosserra com motor a gasolina - 2,30 kW",1737.4991,1.3031,0.1787,0,1.3031,4.0603,26.0238,32.869,27.5056]
["E9586","Régua vibratória dupla com 4 m - 4,10 kW",5613.2638,0.5052,0.1039,0,0.3929,7.2379,0,8.2399,0.6091]
["E9587","Serra para corte de concreto - 4 kW",13139.8023,1.0512,0.2432,0,0.9198,7.0613,0,9.2755,1.2944]
["E9588","Vibroacabadora de concreto sobre esteiras com fôrmas deslizantes - 205 kW",5733511.4069,286.6756,101.0736,0,368.5829,199.4006,38.5457,994.2784,426.2949]
["E9589","Máquina texturizadora e aplicadora de cura química em pavimento de concreto - 44,80 kW",1437614.7644,71.8807,25.3431,0,71.8807,34.4024,32.2704,235.7773,129.4942]
["E9590","Central de concreto com capacidade de 40 m³/h - dosadora fixa",402891.5421,23.0224,7.1024,0,20.1446,0,38.5457,88.8151,68.6705]
["E9591","Serra para corte de concreto e asfalto - 10 kW",18904.1257,1.5123,0.3499,0,1.3233,17.6533,0,20.8388,1.8622]
["E9593","Draga hopper com capacidade de 750 m³",112978410.4038,882.6438,635.3565,0,1961.4307,614.328,168.9791,4262.7381,1686.9794]
["E9594","Draga hopper com capacidade de 1.000 m³",124575512.5842,973.2462,700.5751,0,2162.7693,737.1936,195.763,4769.5472,1869.5843]
["E9595","Draga hopper com capacidade de 2.000 m³",170963921.306,1335.6556,961.4494,0,2968.1236,1290.0888,195.763,6751.0804,2492.868]
["E9596","Draga hopper com capacidade de 3.000 m³",217352330.0279,1698.0651,1222.3238,0,3773.478,1842.984,348.3347,8885.1856,3268.7236]
["E9597","Draga hopper com capacidade de 4.000 m³",263740738.7498,2060.4745,1483.1982,0,4578.8323,2395.8792,405.2697,10923.6539,3948.9424]
["E9598","Draga hopper com capacidade de 5.000 m³",310129147.4714,2422.884,1744.0726,0,5384.1866,2948.7744,405.2697,12905.1873,4572.2263]
["E9599","Central de concreto com capacidade de 30 m³/h - dosadora RS",298404.2357,17.0517,5.2604,0,14.9202,0,38.5457,75.778,60.8578]
["E9601","Embarcação de transporte de pessoal e apoio logístico - 130 kW",520984.8144,8.1404,3.0694,0,9.0449,262.2776,39.2829,321.8152,50.4927]
["E9603","Embarcação empurradora multipropósito com guindaste hidráulico de 74 kN.m - 165 kW",2146604.4957,27.9506,12.4551,0,62.1124,160.4932,135.4673,398.4786,175.873]
["E9606","Embarcação rebocadora - 2 x 268 kW",1086279.3406,14.1443,6.3028,0,31.4317,522.3324,135.4673,709.6785,155.9144]
["E9607","Conjunto de britagem para rachão com capacidade de 80 m³/h - 224 kW",2272804.3855,129.8745,40.0663,0,97.4059,0,38.5457,305.8924,208.4865]
["E9609","Draga de sucção para extração de areia com tubo de descarga de 150 mm - 100 kW",653193.4133,5.1031,3.6734,0,11.3402,76.791,40.617,137.5247,49.3935]
["E9610","Compressor de ar portátil de 42,48 l/s (90 PCM) - 18,50 kW",118417.2114,7.8945,2.131,0,7.8945,16.1005,0,34.0205,10.0255]
["E9611","Conjunto de britagem com capacidade de 80 m³/h - 313 kW",8106360.58,463.2206,142.9036,0,347.4155,0,38.5457,992.0854,644.6699]
["E9612","Plataforma flutuante montada na obra de 12 x 24 x 1,8 m com capacidade de 150 t",674762.0961,5.2716,3.7947,0,8.786,0,53.5678,71.4201,62.6341]
["E9613","Guindaste móvel sobre esteiras com pinça com capacidade de 40 t - 186 kW",6889238.7566,241.1234,116.8932,0,344.4619,47.6104,38.5457,788.6346,396.5623]
["E9614","Bomba com capacidade de 136 m³/h e câmara de vácuo - 5,60 kW",10180.7177,0.8145,0.1884,0,0.7127,0,0,1.7156,1.0029]
["E9615","Usina misturadora de solos com capacidade de 300 t/h - 44 kW",1485222.2675,84.8698,26.1823,0,74.2611,0,32.2704,217.5836,143.3225]
["E9617","Usina misturadora de pré-misturado a frio com capacidade de 60 t/h - 23,50 kW",254726.7478,14.5558,4.4905,0,12.7363,0,32.2704,64.053,51.3167]
["E9618","Batelão autopropelido com capacidade de 300 m³ - 224 kW",20667572.3775,161.4654,116.2282,0,358.812,68.8047,105.3162,810.6265,383.0098]
["E9619","Batelão autopropelido com capacidade de 500 m³ - 373 kW",25354271.8286,198.0802,142.5848,0,440.1783,114.5722,105.3162,1000.7317,445.9812]
["E9620","Pontão flutuante de 15 x 30 x 1,8 m com capacidade de 500 t",3330277.7074,26.0178,18.7285,0,43.363,0,26.7839,114.8932,71.5302]
["E9621","Bomba de injeção de argamassa e nata com capacidade de 1,08 m³/h (18 l/min) e misturador com tambor de 0,100 m³ - 6,20 kW",48227.7561,3.8582,0.8927,0,3.8582,0,26.0238,34.6329,30.7747]
["E9622","Máquina de bancada universal para corte de chapa - 1,50 kW",105885.4168,6.0506,1.8666,0,4.5379,0,0,12.4551,7.9172]
["E9623","Máquina de bancada guilhotina - 4,00 kW",128153.3324,7.323,2.2592,0,5.4923,0,0,15.0745,9.5822]
["E9624","Draga hopper com capacidade de 10.000 m³",542071191.0806,4234.9312,3048.4446,0,9410.9582,5037.4896,537.3698,22269.1934,7820.7456]
["E9625","Draga hopper com capacidade de 15.000 m³",774013234.6896,6046.9784,4352.8166,0,13437.7298,7249.0704,564.8889,31651.4841,10964.6839]
["E9626","Draga hopper com capacidade de 20.000 m³",1005955278.2986,7859.0256,5657.1886,0,17464.5014,9522.084,591.6728,41094.4724,14107.887]
["E9627","Embarcação hotel com capacidade para 15 pessoas - 199 kW",2339880.9506,24.3738,10.8612,0,54.1639,193.5645,56.935,339.8984,92.17]
["E9628","Fábrica de pré-moldado de concreto para balizador - 2,20 kW",14233.7709,1.8978,0.4391,0,1.4234,0,0,3.7603,2.3369]
["E9629","Compressor de ar portátil de 185,95 l/s (394 PCM) - 81,50 kW",325148.9688,21.6766,5.8513,0,21.6766,70.9293,0,120.1338,27.5279]
["E9630","Bomba submersível com capacidade de 75 m³/h - 3,6 kW",5375.9453,0.4301,0.0995,0,0.3763,0,0,0.9059,0.5296]
["E9631","Bomba para concreto projetado via seca com capacidade de 6 m³/h - 7,5 kW",247252.8882,19.7802,4.5767,0,17.3077,0,38.5457,80.2103,62.9026]
["E9632","Conjunto vibratório para tubos de concreto com encaixe PB e 3 jogos de fôrmas - D = 0,20 m - 2,20 kW",51608.7691,6.8812,1.5921,0,5.1609,0,0,13.6342,8.4733]
["E9633","Conjunto vibratório para tubos de concreto com encaixe PB e 3 jogos de fôrmas - D = 0,30 m - 2,20 kW",59253.9302,7.9005,1.828,0,5.9254,0,0,15.6539,9.7285]
["E9634","Conjunto vibratório para tubos de concreto com encaixe PB e 3 jogos de fôrmas - D = 0,40 m - 2,20 kW",65213.8675,8.6952,2.0118,0,6.5214,0,0,17.2284,10.707]
["E9635","Draga de sucção e recalque com potência da bomba de 294 kW e cortador de 30 kW",4204093.2977,32.8445,23.6426,0,72.9877,225.7655,67.4009,422.6412,123.888]
["E9636","Draga de sucção e recalque com potência da bomba de 483 kW e cortador de 55 kW",7081844.3681,55.3269,39.8262,0,122.9487,370.9005,67.4009,656.4032,162.554]
["E9637","Draga de sucção e recalque com potência da bomba de 746 kW e cortador de 110 kW",13321767.7527,104.0763,74.9176,0,231.2807,572.8609,94.1848,1077.3203,273.1787]
["E9638","Draga de sucção e recalque com potência da bomba de 1.350 kW e cortador de 170 kW",20360000.051,159.0625,114.4985,0,353.4722,1036.6785,94.1848,1757.8965,367.7458]
["E9639","Embarcação hotel com capacidade para 30 pessoas - 2 x 112 kW",3734416.2053,38.9002,17.3343,0,86.4448,217.8817,135.4673,496.0283,191.7018]
["E9640","Compressor de ar portátil de 33,51 l/s (71 PCM) - 14 kW",100093.6885,6.6729,1.8013,0,6.6729,12.1842,0,27.3313,8.4742]
["E9641","Compressor de ar portátil de 75,04 l/s (159 PCM) - 33 kW",149900.3881,9.9934,2.6976,0,9.9934,28.7198,0,51.4042,12.691]
["E9642","Perfuratriz hidráulica sobre esteiras para estaca raiz - 56 kW",1481309.7502,98.754,26.6574,0,98.754,28.6686,32.2704,285.1044,157.6818]
["E9643","Equipamento para pintura a ar comprimido de pistola com caneca com capacidade de 1.000 ml e compressor de 1,50 kW",3068.3668,0.2762,0.0568,0,0.1534,0,0,0.4864,0.333]
["E9646","Compressor de ar portátil de 58,52 l/s (124 PCM) - 27 kW",129449.1872,8.6299,2.3295,0,8.6299,23.498,0,43.0873,10.9594]
["E9647","Compactador manual com soquete vibratório - 4,10 kW",12428.3939,0.8286,0.2237,0,0.8286,7.2379,0,9.1188,1.0523]
["E9648","Compressor de ar portátil de 422,86 l/s (896 PCM) - 213 kW",713735.1265,47.5823,12.8443,0,47.5823,185.3735,0,293.3824,60.4266]
["E9649","Compressor de ar portátil de 94,39 l/s (200 PCM) - 36 kW",170955.4217,11.397,3.0765,0,11.397,31.3307,0,57.2012,14.4735]
["E9651","Guindaste móvel sobre esteiras com Hammer Grab - 186 kW",3719510.8511,130.1829,63.1108,0,185.9755,47.6104,38.5457,465.4253,231.8394]
["E9652","Compressor de ar portátil de 540,85 l/s (1.146 PCM) - 331,10 kW",917454.3095,61.1636,16.5104,0,61.1636,288.1557,0,426.9933,77.674]
["E9653","Guindaste móvel sobre esteiras com trado para escavação em solos - 186 kW",5407303.5718,189.2556,91.7484,0,270.3652,47.6104,38.5457,637.5253,319.5497]
["E9654","Guindaste móvel sobre esteiras com trado com bits escavação em rocha - 186 kW",5407303.5718,189.2556,91.7484,0,270.3652,47.6104,38.5457,637.5253,319.5497]
["E9656","Guindaste móvel sobre esteiras com caçamba para escavação em solos - 186 kW",5390604.6039,188.6712,91.4651,0,269.5302,47.6104,38.5457,635.8226,318.682]
["E9657","Guindaste móvel sobre esteiras com caçamba para escavação em rocha - 186 kW",5390604.6039,188.6712,91.4651,0,269.5302,47.6104,38.5457,635.8226,318.682]
["E9660","Guindaste móvel sobre esteiras com capacidade de 40 t - 186 kW",3387623.8185,118.5668,57.4795,0,169.3812,47.6104,38.5457,431.5836,214.592]
["E9661","Compressor de ar portátil de 89,67 l/s (190 PCM) - 36 kW",162143.1598,10.8095,2.9179,0,10.8095,31.3307,0,55.8676,13.7274]
["E9662","Equipamento para solda e corte com oxiacetileno",6080.1487,0.4864,0.1125,0,0.4864,0,0,1.0853,0.5989]
["E9664","Guindaste móvel sobre esteiras com capacidade de 80 t - 212 kW",5796608.1971,202.8813,98.3539,0,289.8304,54.2656,38.5457,683.8769,339.7809]
["E9668","Mesa vibratória - 2,20 kW",13257.8538,1.7677,0.409,0,1.3258,0,0,3.5025,2.1767]
["E9671","Compressor de ar portátil de 363,87 l/s (771 PCM) - 158,13 kW",564267.9195,37.6179,10.1545,0,37.6179,137.6202,0,223.0105,47.7724]
["E9673","Equipamento de batimetria multifeixe",1906448.8819,61.2787,16.804,0,68.0875,0,76.785,222.9552,154.8677]
["E9674","Equipamento de medição de descarga líquida com ADCP",391918.8819,12.5974,3.4545,0,13.9971,0,76.785,106.834,92.8369]
["E9675","Martelete perfurador/rompedor elétrico - 1,50 kW",5704.7473,0.4564,0.1056,0,0.4564,0,0,1.0184,0.562]
["E9676","Embarcação de transporte de pessoal e apoio logístico - 90 kW",520714.1992,8.1362,3.0678,0,9.0402,181.5768,39.2829,241.1039,50.4869]
["E9677","Martelete perfurador/rompedor a ar comprimido de 10 kg com capacidade de 1.800 gpm",20604.6645,1.6484,0.3814,0,1.6484,0,26.0238,29.702,28.0536]
["E9678","Fresadora a frio - 455 kW",5755115.1743,335.7151,103.5681,0,479.5929,419.2789,38.5457,1376.7007,477.8289]
["E9681","Rolo compactador liso tandem vibratório autopropelido de 10,4 t - 82 kW",853606.6717,56.9071,15.3614,0,56.9071,113.3435,32.2704,274.7895,104.5389]
["E9682","Rolo compactador liso tandem vibratório autopropelido de 1,6 t - 18 kW",263194.2889,17.5463,4.7364,0,17.5463,24.8803,32.2704,96.9797,54.5531]
["E9683","Martelete perfurador/rompedor elétrico - 0,90 kW",5358.6172,0.4287,0.0992,0,0.4287,0,0,0.9566,0.5279]
["E9684","Veículo leve picape 4 x 4 com capacidade de 1,10 t - 147 kW",271394.4444,16.2837,5.0235,2.0355,16.2837,37.6276,29.0596,106.3136,52.4023]
["E9685","Rolo compactador pé de carneiro vibratório autopropelido por pneus de 11,6 t - 82 kW",768974.1907,51.2649,13.8383,0,51.2649,67.1665,32.2704,215.805,97.3736]
["E9689","Usina de asfalto a quente gravimétrica com capacidade de 100/140 t/h - 260 kW",9082878.8357,454.1439,160.1182,0,583.8994,0,38.5457,1236.7072,652.8078]
["E9691","Guincho tracionador de cordoalhas - 7,50 kW",389106.6232,31.1285,7.2024,0,19.4553,0,26.0238,83.81,64.3547]
["E9692","Caldeira para aquecimento e injeção de cera - 1 kW",110965.8437,7.1335,1.9562,0,2.3778,0,26.0238,37.4913,35.1135]
["E9694","Misturador de argamassa de alta turbulência com capacidade de 220 l - 13 kW",28563.5337,2.2851,0.5287,0,1.9994,0,26.0238,30.837,28.8376]
["E9697","Minicarregadeira de pneus com vassoura de 1,68 m - 45,50 kW",425754.8094,29.8028,7.8807,0,29.8028,58.2332,32.2704,157.9899,69.9539]
["E9699","Trituradora de galhos e troncos rebocável com capacidade de até 350 mm de diâmetro com guincho - 96,94 kW",417607.0401,46.9808,14.4936,0,52.2009,74.4412,26.0238,214.1403,87.4982]
["E9700","Fresadora a frio - 155 kW",3436003.03,200.4335,61.8337,0,286.3336,142.8313,38.5457,729.9778,300.8129]
["E9701","Jateador pressurizado multiabrasivo com capacidade de 280 l",24547.9043,2.2093,0.4544,0,2.2093,0,26.0238,30.8968,28.6875]
["E9703","Fábrica de pré-moldado de concreto para mourão - 2,20 kW",14233.7709,1.8978,0.4391,0,1.4234,0,0,3.7603,2.3369]
["E9704","Batelão sem propulsão montado na obra com capacidade de 66 m³",225610.324,1.7626,1.2688,0,2.9376,0,26.7839,32.7529,29.8153]
["E9705","Misturador de lama bentonítica - 4 kW",16607.7737,1.3286,0.3074,0,1.1625,0,26.0238,28.8223,27.6598]
["E9706","Martelete perfurador/rompedor a ar comprimido de 28 kg para concreto com capacidade de 1.230 gpm",26164.6507,2.0932,0.4843,0,2.0932,0,26.0238,30.6945,28.6013]
["E9707","Desarenador - 15 kW",13344.174,1.0675,0.247,0,1.0675,0,26.0238,28.4058,27.3383]
["E9708","Microtrator com roçadeira - 10 kW",51300.7403,3.42,0.9232,0,2.9925,7.6791,26.0238,41.0386,30.367]
["E9710","Socadora automática de linha - 253 kW",30713294.7749,1228.5318,521.1278,0,1228.5318,155.425,77.0914,3210.7078,1826.751]
["E9712","Reguladora e distribuidora de lastro - 300 kW",15400102.2995,616.0041,261.3012,0,616.0041,184.2984,77.0914,1754.6992,954.3967]
["E9714","Bate-estaca com martelo hidráulico - 450 kW",3259564.3411,186.2608,57.4615,0,139.6956,299.4849,32.2704,715.1732,275.9927]
["E9716","Conjunto bomba e macaco hidráulico para protensão com capacidade de 590 kN - 3,70 kW",15163.4919,0.8665,0.2673,0,0.8665,0,38.5457,40.546,39.6795]
["E9717","Máquina policorte - 2,20 kW",965.4538,0.0869,0.0179,0,0.0483,0,0,0.1531,0.1048]
["E9718","Pórtico duplo de descarga e posicionamento de dormente - 89 kW",10132238.6913,405.2895,171.9188,0,303.9672,54.6752,77.0914,1012.9421,654.2997]
["E9719","Talha manual com capacidade de 3 t",7657.134,0.3063,0.1299,0,0.1914,0,0,0.6276,0.4362]
["E9720","Conjunto bomba e macaco hidráulico para protensão com capacidade de 250 kN - 3,70 kW",11987.6341,0.685,0.2113,0,0.685,0,38.5457,40.127,39.442]
["E9721","Conjunto bomba e macaco hidráulico para protensão com capacidade de 1.150 kN - 5 kW",24901.8086,1.423,0.439,0,1.423,0,38.5457,41.8307,40.4077]
["E9722","Conjunto bomba e macaco hidráulico para protensão com capacidade de 2.000 kN - 5 kW",39731.0864,2.2703,0.7004,0,2.2703,0,38.5457,43.7867,41.5164]
["E9723","Conjunto bomba e macaco hidráulico para protensão com capacidade de 2.500 kN - 7 kW",46997.9228,2.6856,0.8285,0,2.6856,0,38.5457,44.7454,42.0598]
["E9724","Conjunto bomba e macaco hidráulico para protensão com capacidade de 4.000 kN - 10 kW",50250.4352,2.8715,0.8858,0,2.8715,0,38.5457,45.1745,42.303]
["E9725","Conjunto bomba e macaco hidráulico para protensão com capacidade de 5.400 kN - 10 kW",53958.8681,3.0834,0.9512,0,3.0834,0,38.5457,45.6637,42.5803]
["E9726","Bate-estaca Strauss - 15 kW",123551.7124,7.0601,2.178,0,5.2951,9.9828,32.2704,56.7864,41.5085]
["E9727","Posicionadora de trilhos - 7,40 kW",557825.0139,31.8757,9.8337,0,27.8913,4.546,0,74.1467,41.7094]
["E9728","Tirefonadora/parafusadora portátil - 3,10 kW",51919.688,4.1536,0.961,0,4.1536,4.378,0,13.6462,5.1146]
["E9729","Equipamento para pintura eletrostática com cabine simples de 5,50 kW e estufa de 2x120.000 kCal",153914.0104,11.7268,3.1655,0,11.7268,0,0,26.6191,14.8923]
["E9730","Grupo vibrador com gerador - 2,80 kW",80739.2546,4.037,1.4233,0,2.8835,3.9543,0,12.2981,5.4603]
["E9731","Máquina de furar dormente portátil - 1,50 kW",79779.7171,6.3824,1.4767,0,6.3824,2.1184,0,16.3599,7.8591]
["E9732","Máquina para furar dormente - 6,70 kW",80067.4691,6.4054,1.482,0,6.4054,9.4622,0,23.755,7.8874]
["E9733","Máquina tirefonadora e parafusadora - 6,70 kW",84278.7219,6.7423,1.56,0,6.7423,9.4622,0,24.5068,8.3023]
["E9734","Bomba projetora de argamassa com capacidade de 2 m³/h - 5,50 kW",176645.3947,14.1316,3.2697,0,12.3652,0,26.0238,55.7903,43.4251]
["E9735","Máquina para serrar trilho - 5,00 kW",25320.2197,2.0256,0.4687,0,2.0256,7.0613,0,11.5812,2.4943]
["E9736","Máquina para furar trilho - 1,20 kW",37507.8064,3.0006,0.6943,0,3.0006,1.6947,0,8.3902,3.6949]
["E9737","Conjunto para pré-aquecimento de trilho em solda aluminotérmica",4051.5371,0.3241,0.075,0,0.3241,0,0,0.7232,0.3991]
["E9738","Máquina de esmerilhar topo e lateral de boleto - 5,20 kW",86710.1532,6.9368,1.605,0,6.9368,7.3438,0,22.8224,8.5418]
["E9742","Trator agrícola sobre pneus com roçadeira articulada e capacidade de 1,12 m - 77 kW",633781.5782,42.2521,11.4054,0,36.9706,70.9549,26.0238,187.6068,79.6813]
["E9745","Trator agrícola sobre pneus com roçadeira de arraste e capacidade de 1,50 m - 77 kW",352342.9968,23.4895,6.3407,0,20.5533,70.9549,26.0238,147.3622,55.854]
["E9746","Conjunto bomba e prensa para luva de emenda de 25 mm",25152.3961,2.0122,0.4656,0,1.2576,0,26.0238,29.7592,28.5016]
["E9747","Conjunto bomba e prensa para luva de emenda de 32 mm",26410.0069,2.1128,0.4888,0,1.3205,0,26.0238,29.9459,28.6254]
["E9748","Rosqueadeira para rosca cônica - 0,75 kW",6037.7304,0.345,0.1064,0,0.345,0,26.0238,26.8202,26.4752]
["E9749","Jateador portátil multiabrasivo com capacidade de 300 kg",7949.8367,0.7155,0.1472,0,0.7155,0,26.0238,27.602,26.8865]
["E9750","Bomba de injeção de argamassa com capacidade de 50 l/min",42412.5311,3.393,0.7851,0,2.9689,0,0,7.147,4.1781]
["E9753","Grupo gerador - 23 kVA",81946.9012,4.0973,1.4446,0,2.9267,17.5083,0,25.9769,5.5419]
["E9754","Grupo gerador - 68 kVA",112307.0884,5.6154,1.9798,0,4.011,52.525,0,64.1312,7.5952]
["E9755","Bomba de alta pressão para jet grouting de até 45 MPa - 150 kW",1595689.1824,127.6551,29.5362,0,127.6551,145.9029,26.0238,456.7731,183.2151]
["E9756","Calandra para chapas de aço até 25 mm - 22 kW",1004891.0989,40.1956,17.0505,0,35.1712,0,26.0238,118.4411,83.2699]
["E9758","Vibroacabadora de asfalto sobre pneus - 82 kW",2124112.6872,121.3779,37.4451,0,136.5501,79.7603,38.5457,413.6791,197.3687]
["E9760","Perfuratriz manual para coroa diamantada - 1,60 kW",20028.1628,1.6023,0.3707,0,1.6023,0,0,3.5753,1.973]
["E9761","Guincho de coluna com capacidade de 200 kg - 0,92 kW",4188.1456,0.3351,0.0775,0,0.2513,0,0,0.6639,0.4126]
["E9762","Rolo compactador de pneus autopropelido de 27 t - 85 kW",1076776.5667,71.7851,19.3775,0,71.7851,56.5694,32.2704,251.7875,123.433]
["E9763","Grupo gerador - 40 kVA",106575.4441,5.3288,1.8788,0,3.8063,31.126,0,42.1399,7.2076]
["E9764","Grupo gerador - 7,2 kVA",7209.9673,0.3605,0.1271,0,0.2575,9.442,0,10.1871,0.4876]
["E9765","Grupo gerador - 569 kVA",430921.9811,21.5461,7.5965,0,15.3901,442.5721,0,487.1048,29.1426]
["E9766","Prensa hidráulica para fabricação de blocos pré-moldados - 20 kW",544051.5836,36.9178,9.5909,0,31.0887,0,26.0238,103.6212,72.5325]
["E9767","Compressor de ar portátil de 9,44 l/s (20 PCM) a gasolina - 5,22 kW",11625.404,0.775,0.2092,0,0.775,9.215,0,10.9742,0.9842]
["E9768","Compressor de ar portátil de 373,78 l/s (792 PCM) - 213,30 kW",590823.0312,39.3882,10.6324,0,39.3882,185.6346,0,275.0434,50.0206]
["E9769","Cunha hidráulica com três cilindros e acessórios com capacidade de 3.000 kN - 5,60 kW",243346.9583,19.4678,4.5044,0,19.4678,5.447,26.0238,74.9108,49.996]
["E9770","Retroescavadeira de pneus com caçamba de escavação trapezoidal ou triangular com seção de corte inferior a 0,10 m² - 58 kW",468024.1207,32.7617,8.6631,0,32.7617,38.6003,32.2704,145.0572,73.6952]
["E9771","Retroescavadeira de pneus com caçamba de escavação trapezoidal ou triangular com seção de corte de 0,10 a 0,15 m² - 58 kW",468024.1207,32.7617,8.6631,0,32.7617,38.6003,32.2704,145.0572,73.6952]
["E9772","Retroescavadeira de pneus com caçamba de escavação trapezoidal ou triangular com seção de corte de 0,15 a 0,20 m² - 58 kW",468024.1207,32.7617,8.6631,0,32.7617,38.6003,32.2704,145.0572,73.6952]
["E9773","Retroescavadeira de pneus com caçamba de escavação trapezoidal ou triangular com seção de corte de 0,20 a 0,30 m² - 58 kW",468024.1207,32.7617,8.6631,0,32.7617,38.6003,32.2704,145.0572,73.6952]
["E9774","Retroescavadeira de pneus com caçamba de escavação trapezoidal ou triangular com seção de corte de 0,30 a 0,50 m² - 58 kW",468024.1207,32.7617,8.6631,0,32.7617,38.6003,32.2704,145.0572,73.6952]
["E9775","Escavadeira hidráulica com martelo hidráulico de 1.700 kg - 103 kW",1919725.5317,219.3972,38.0723,0,274.2465,68.5488,32.2704,632.5352,289.7399]
["E9776","Grupo gerador - 174 kVA",186452.8904,9.3226,3.2869,0,6.659,135.2034,0,154.4719,12.6095]
["E9777","Extrusora de barreira de concreto - 74 kW",4556719.8743,318.9704,84.3449,0,410.1048,56.8253,32.2704,902.5158,435.5857]
["E9778","Grupo gerador - 338 kVA",260519.2648,13.026,4.5926,0,9.3043,262.6252,0,289.5481,17.6186]
["E9779","Grupo gerador - 113 kVA",126317.8648,6.3159,2.2268,0,4.5114,87.5417,0,100.5958,8.5427]
["E9780","Misturador automático para grauteamento com capacidade de 20 m³/h - 7 kW",264671.7297,21.1737,4.8991,0,21.1737,6.8088,26.0238,80.0791,52.0966]
["E9781","Misturador com bomba para grauteamento tipo Flex E ou similar - 25 kW",555434.7502,44.4348,10.2811,0,44.4348,0,26.0238,125.1745,80.7397]
["E9782","Perfuratriz pneumática com avanço de coluna de 33,5 kg com capacidade de 2.280 gpm",39514.8423,3.1612,0.7314,0,3.1612,0,26.0238,33.0776,29.9164]
["E9784","Plataforma autopropelida com alcance de 12 m com capacidade de 700 kg - 24 kW",556684.2365,37.1123,10.018,0,37.1123,18.4298,26.0238,128.6962,73.1541]
["E9785","Guindaste móvel sobre pneus com 2 eixos com capacidade máxima de 55 t - 186 kW",2165783.0945,108.2892,38.1797,15.4699,139.2289,47.6104,32.9387,381.7168,194.8775]
["E9788","Misturador de argamassa com capacidade de 0,250 m³ - 3,70 kW",21863.0491,1.749,0.4047,0,1.749,3.5989,26.0238,33.5254,28.1775]
["E9789","Carro manual modelo plataforma de 150 x 80 cm com capacidade de 800 kg",1797.6854,0.3236,0.0666,0,0.1798,0,0,0.57,0.3902]
["E9790","Bomba para concreto projetado via úmida com capacidade de 10 m³/h - 14,70 kW",294651.3324,23.5721,5.454,0,23.5721,14.2985,38.5457,105.4424,67.5718]
["E9791","Bomba pneumática para injeção de resina com capacidade de 0,18 m³/h",49623.8183,3.9699,0.9185,0,3.4737,0,0,8.3621,4.8884]
["E9793","Robot para concreto projetado com capacidade de 30 m³/h - 70 kW - com compressor diesel",5670357.8865,453.6286,104.9583,0,453.6286,68.088,38.5457,1118.8492,597.1326]
["E9795","Perfuratriz de superfície sobre pneus com martelo de topo e controle remoto via rádio - 60 kW",1460670.293,97.378,26.286,0,97.378,46.0746,32.2704,299.387,155.9344]
["E9797","Jumbo eletro-hidráulico com 3 braços - 155 kW/237 kW",11632424.6002,775.495,209.3352,0,969.3687,166.6365,38.5457,2159.3811,1023.3759]
["E9798","Perfuratriz hidráulica rotopercussiva - 123 kW",1565814.1326,104.3876,28.1781,0,104.3876,94.4529,32.2704,363.6766,164.8361]
["E9013","Caminhão tanque de asfalto com capacidade de 31.000 l - 265 kW",{"$nulls":7},432.6437,106.912]
["A9335","Cavalo mecânico estradeiro 6 x 2, PBT 23.000 kg - 265 kW - condição de trabalho severa - motorista de caminhão",882964.6972,37.8413,15.5654,6.3069,56.762,257.7618,32.1007,406.3381,91.8143]
["A9364","Tanque isotérmico de asfalto com capacidade de 31.000 l",280198.08,11.2079,3.8898,0,11.2079,0,0,26.3056,15.0977]
["E9018","Cavalo mecânico com dolly intermediário e semirreboque de 4 eixos com capacidade de 53 t - 323 kW",{"$nulls":7},514.2698,167.4977]
["A9324","Cavalo mecânico estradeiro 6 x 4, PBT 23.000 kg - 323 kW - motorista de veículo especial",1061216.7985,45.4807,18.7077,7.5801,68.2211,231.4993,32.9387,404.4276,104.7072]
["A9355","Semirreboque com 4 eixos",533596,35.5731,17.8332,0,40.0197,0,0,93.426,53.4063]
["A9382","Dolly intermediário com 2 eixos para semirreboque",93759.8482,6.2507,3.1335,0,7.032,0,0,16.4162,9.3842]
["E9027","Caminhão distribuidor de cimento e cal com capacidade de 17 m³ - 210 kW",{"$nulls":7},432.6495,133.863]
["A9333","Caminhão plataforma 8 x 2, PBTC 36.000 kg e distância entre eixos 4,8 m - 210 kW - motorista de caminhão",785895.4728,33.6812,13.8542,5.6135,50.5219,204.2641,32.1007,340.0356,85.2496]
["A9365","Distribuidor de cimento montado sobre chassi com capacidade de 17 m³",518227.5926,39.1115,9.5019,0,44.0005,0,0,92.6139,48.6134]
["E9037","Plataforma de inspeção sob pontes montada em caminhão com capacidade de 500 kg e alcance de 15 m - 188 kW",{"$nulls":7},650.3955,276.0637]
["A9334","Caminhão plataforma 8 x 2, PBT 29.000 kg e distância entre eixos 4,8 m - 188 kW - condição de trabalho severa - motorista de veículo especial",783450.0328,33.5764,13.8111,5.5961,50.3646,182.865,32.9387,319.1519,85.9223]
["A9378","Plataforma telescópica para inspeção de pontes montada sobre chassi com capacidade de 500 kg",2194922.6728,125.4242,38.6934,0,141.1022,0,26.0238,331.2436,190.1414]
["E9041","Caminhão carroceria com guindauto com capacidade de 45 t.m - 188 kW",{"$nulls":7},389.334,137.2288]
["A9313","Caminhão plataforma 6 x 2, PBT 23.000 kg e distância entre eixos 5,4 m - 188 kW - motorista de veículo especial",675608.6105,28.9547,11.91,4.8258,43.432,182.865,32.9387,304.9262,78.6292]
["A9351","Carroceria de madeira com capacidade de 11 t",37211.9619,2.5663,0.673,0,2.5663,0,0,5.8056,3.2393]
["A9373","Guindaste articulado montado sobre chassi com capacidade de 45 t.m",337008,23.2419,6.0946,0,23.2419,0,26.0238,78.6022,55.3603]
["E9082","Bate-estaca hidráulico para defensas montado em caminhão guindauto com capacidade de 20 t.m e carroceria de 4 t - 136 kW",{"$nulls":7},347.3501,155.2537]
["A9323","Caminhão plataforma 4 x 2, PBT 14.300 kg e distância entre eixos 4,8 m - 136 kW - condição de trabalho severa - motorista de caminhão",506965.4093,21.7271,8.9371,3.6212,32.5906,132.2853,32.1007,231.262,66.3861]
["A9347","Carroceria de madeira com capacidade de 4 t",25561.2544,1.7628,0.4623,0,1.7628,0,0,3.9879,2.2251]
["A9372","Guindaste articulado montado sobre chassi com capacidade de 20 t.m",210128.5,14.4916,3.8001,0,14.4916,0,26.0238,58.8071,44.3155]
["A9379","Bate-estaca hidráulico para defensas metálicas montada sobre chassi",205615,11.6515,4.6517,0,10.9661,0,26.0238,53.2931,42.327]
["E9097","Caminhão de resgate de veículos leves com plataforma com capacidade de 4 t - 115 kW",{"$nulls":7},210.4172,66.8418]
["A9326","Caminhão plataforma 4 x 2 PBT 9.600 kg e distância entre eixos 3,7 m - 115 kW - motorista de veículo especial",418143.4012,17.9204,7.3713,2.9867,26.8806,111.8589,32.9387,199.9566,61.2171]
["A9374","Plataforma hidráulica para resgate de veículos montada sobre chassi com capacidade de 4 t",75225,4.2986,1.3261,0,4.8359,0,0,10.4606,5.6247]
["E9098","Caminhão de resgate de veículos de porte médio com capacidade do guincho de 20 t - 136 kW",{"$nulls":7},290.4107,110.5208]
["A9306","Caminhão plataforma 4 x 2, PBT 16.000 kg e distância entre eixos 3,6 m - 136 kW - motorista de veículo especial",533570.7032,22.8673,9.4061,3.8112,34.301,132.2853,32.9387,235.6096,69.0233]
["A9375","Guincho rebocador para resgate de veículos montada sobre chassi com capacidade de 20 t",206945.6299,11.8255,3.6482,0,13.3036,0,26.0238,54.8011,41.4975]
["E9099","Caminhão de resgate de veículos pesados com dois guinchos com capacidade de 35 t - 240 kW",{"$nulls":7},488.309,161.473]
["A9320","Caminhão plataforma 6 x 2, PBT 23.000 kg e distância entre eixos 4,8 m - 240 kW - motorista de veículo especial",855969.1192,36.6844,15.0895,6.1141,55.0266,233.4446,32.9387,379.2979,90.8267]
["A9376","Guincho rebocador para resgate de veículos montada sobre chassi com capacidade de 35 t",596785,34.102,10.5205,0,38.3648,0,26.0238,109.0111,70.6463]
["E9100","Cavalo mecânico sem reboque - 210 kW",{"$nulls":7},261.5467,72.5687]
["A9310","Cavalo mecânico 4 x 2, PBT 16.000 kg - 210 kW - motorista de caminhão",598385.6021,25.6451,10.5487,4.2742,38.4676,150.5104,32.1007,261.5467,72.5687]
["E9114","Painel com seta luminosa para montagem em caminhão",{"$nulls":7},5.5419,3.7938]
["A9380","Painel com seta luminosa montado sobre chassi",34962.5829,3.1466,0.6472,0,1.7481,0,0,5.5419,3.7938]
["E9115","Amortecedor retrátil (AMC) para montagem em caminhão",{"$nulls":7},90.5323,49.487]
["A9381","Amortecedor retrátil montado em caminhão",456059.1494,41.0453,8.4417,0,41.0453,0,0,90.5323,49.487]
["E9145","Caminhão basculante para concreto com capacidade de 7 m³ - 210 kW",{"$nulls":7},291.9199,88.2749]
["A9316","Caminhão plataforma 8 x 4, PBT 29.000 kg e distância entre eixos 4,6 m - 210 kW - motorista de caminhão",745101.0449,31.9329,13.1351,5.3222,47.8994,150.5104,32.1007,280.9007,82.4909]
["A9340","Caçamba basculante para concreto com capacidade de 7 m³",61658.927,4.6535,1.1305,0,5.2352,0,0,11.0192,5.784]
["E9146","Caminhão silo com capacidade de 30 m³ - 265 kW",{"$nulls":7},449.3711,115.8249]
["A9335","Cavalo mecânico estradeiro 6 x 2, PBT 23.000 kg - 265 kW - condição de trabalho severa - motorista de caminhão",882964.6972,37.8413,15.5654,6.3069,56.762,257.7618,32.1007,406.3381,91.8143]
["A9357","Semirreboque silo para cimento com capacidade de 30 m³",275825,19.0224,4.9882,0,19.0224,0,0,43.033,24.0106]
["E9169","Cavalo mecânico com dolly pneumático de 4 eixos e mesas de giro com capacidade de 57 t - 323 kW",{"$nulls":7},544.8667,184.9882]
["A9324","Cavalo mecânico estradeiro 6 x 4, PBT 23.000 kg - 323 kW - motorista de veículo especial",1061216.7985,45.4807,18.7077,7.5801,68.2211,231.4993,32.9387,404.4276,104.7072]
["A9385","Conjunto de duas mesas de giro para quinta roda ou reboque com capacidade de 100 t cada",313868.5492,20.9246,10.4897,0,23.5401,0,0,54.9544,31.4143]
["A9389","Dolly pneumático com capacidade de 48 t e 4 eixos",488240.0792,32.5493,16.3174,0,36.618,0,0,85.4847,48.8667]
["E9170","Cavalo mecânico com dois dollys pneumáticos de 3 e 4 eixos e mesas de giro com capacidade de 77 t - 323 kW",{"$nulls":7},636.8125,235.9962]
["A9385","Conjunto de duas mesas de giro para quinta roda ou reboque com capacidade de 100 t cada",313868.5492,20.9246,10.4897,0,23.5401,0,0,54.9544,31.4143]
["A9386","Cavalo mecânico estradeiro 6 x 4, CMT 123.000 kg - 323 kW - motorista de veículo especial",1260747.9688,54.0321,22.2252,9.0053,81.0481,231.4993,32.9387,430.7487,118.2013]
["A9387","Dolly pneumático com capacidade de 28,5 t e 3 eixos",374810.5685,24.9874,12.5265,0,28.1108,0,0,65.6247,37.5139]
["A9389","Dolly pneumático com capacidade de 48 t e 4 eixos",488240.0792,32.5493,16.3174,0,36.618,0,0,85.4847,48.8667]
["E9171","Cavalo mecânico com dois dollys pneumáticos de 4 e 5 eixos e mesas de giro com capacidade de 111 t - 440 kW",{"$nulls":7},1253.7108,511.6138]
["A9325","Cavalo mecânico 8 x 8, PBT 26.000 kg - 440 kW -  motorista de veículo especial",5000468.1727,214.3058,88.1511,35.7176,321.4587,315.355,32.9387,1007.9269,371.1132]
["A9385","Conjunto de duas mesas de giro para quinta roda ou reboque com capacidade de 100 t cada",313868.5492,20.9246,10.4897,0,23.5401,0,0,54.9544,31.4143]
["A9388","Dolly pneumático com capacidade de 60 t e 5 eixos",601669.5899,40.1113,20.1083,0,45.1252,0,0,105.3448,60.2196]
["A9389","Dolly pneumático com capacidade de 48 t e 4 eixos",488240.0792,32.5493,16.3174,0,36.618,0,0,85.4847,48.8667]
["E9199","Caminhão com sistema de hidrojateamento de alta pressão e vácuo para limpeza e desobstrução de bueiros com capacidade total de 15.600 l - 188 kW",{"$nulls":7},343.8296,101.4846]
["A9299","Equipamento com sistema de hidrojateamento de alta pressão e vácuo para limpeza e desobstrução de bueiros com diâmetro de até 1.500 mm com capacidade total de 15.600 l",401200,16.048,6.8074,0,16.048,0,0,38.9034,22.8554]
["A9313","Caminhão plataforma 6 x 2, PBT 23.000 kg e distância entre eixos 5,4 m - 188 kW - motorista de veículo especial",675608.6105,28.9547,11.91,4.8258,43.432,182.865,32.9387,304.9262,78.6292]
["E9201","Caminhão basculante para rocha com capacidade de 12 m³ - 188 kW com periculosidade",{"$nulls":7},311.6639,111.028]
["A9327","Caminhão plataforma 8 x 2 PBT 29.000 kg e distância entre eixos 4,8 m - 188 kW - motorista de veículo especial com periculosidade",783450.0328,33.5764,13.8111,5.5961,50.3646,134.7426,40.8877,278.9785,93.8713]
["A9343","Caçamba basculante para rocha com capacidade de 12 m³",182894.041,13.8033,3.3534,0,15.5287,0,0,32.6854,17.1567]
["E9202","Plataforma pantográfica montada em caminhão - 115 kW com periculosidade",{"$nulls":7},309.5641,140.2117]
["A9300","Caminhão plataforma 4 x 2, PBT 8.300 kg e distância entre eixos 3,7 m - 115 kW - motorista de veículo especial com periculosidade",395071.8179,16.9316,6.9646,2.8219,25.3975,111.8589,40.8877,204.8622,67.6058]
["A9383","Plataforma pantográfica hidráulica montada sobre chassi com capacidade de 600 kg - com periculosidade",481440,32.096,8.6639,0,32.096,0,31.846,104.7019,72.6059]
["E9506","Caminhão basculante com capacidade de 6 m³ - 136 kW",{"$nulls":7},183.4028,74.1129]
["A9307","Caminhão plataforma 4 x 2, PBT 16.000 kg e distância entre eixos 3,6 m - 136 kW - motorista de caminhão",533570.7032,22.8673,9.4061,3.8112,34.301,69.6238,32.1007,172.1101,68.1853]
["A9338","Caçamba basculante com capacidade de 6 m³",63189,4.769,1.1586,0,5.3651,0,0,11.2927,5.9276]
["E9508","Caminhão carroceria com capacidade de 9 t - 136 kW",{"$nulls":7},182.7291,73.8845]
["A9309","Caminhão plataforma 4 x 2, PBT 16.000 kg e distância entre eixos 4,8 m - 136 kW - motorista de caminhão",571364.8935,24.4871,10.0723,4.0812,36.7306,69.6238,32.1007,177.0957,70.7413]
["A9350","Carroceria de madeira com capacidade de 9 t",36108,2.4902,0.653,0,2.4902,0,0,5.6334,3.1432]
["E9509","Caminhão tanque distribuidor de asfalto com capacidade de 6.000 l - 7 kW/136 kW",{"$nulls":7},256.3204,76.6545]
["A9323","Caminhão plataforma 4 x 2, PBT 14.300 kg e distância entre eixos 4,8 m - 136 kW - condição de trabalho severa - motorista de caminhão",506965.4093,21.7271,8.9371,3.6212,32.5906,132.2853,32.1007,231.262,66.3861]
["A9363","Tanque espargidor de asfalto com capacidade de 6.000 l - 7 kW",190570,7.6228,2.6456,0,7.6228,7.1672,0,25.0584,10.2684]
["E9520","Caminhão com caçamba térmica com capacidade de 6 m³ - 188 kW",{"$nulls":7},267.5669,84.1233]
["A9311","Caminhão plataforma 6 x 2, PBT 23.000 kg e distância entre eixos 4,8 m - 188 kW - motorista de caminhão",673149.5039,28.8493,11.8667,4.8082,43.2739,134.7426,32.1007,255.6414,77.6249]
["A9339","Caçamba térmica com capacidade de 6 m³",96481.589,4.8241,1.6743,0,5.4271,0,0,11.9255,6.4984]
["E9571","Caminhão tanque com capacidade de 10.000 l - 188 kW",{"$nulls":7},320.5074,86.9671]
["A9332","Caminhão plataforma 6 x 2, PBT 23.000 kg e distância entre eixos 4,8 m - 188 kW - condição de trabalho severa - motorista de caminhão",673149.5039,28.8493,11.8667,4.8082,43.2739,182.865,32.1007,303.7638,77.6249]
["A9360","Tanque para transporte de água com capacidade de 10.000 l",107321,7.4014,1.9408,0,7.4014,0,0,16.7436,9.3422]
["E9575","Caminhão basculante com caçamba estanque com capacidade de 14 m³ - 210 kW",{"$nulls":7},296.531,90.6953]
["A9316","Caminhão plataforma 8 x 4, PBT 29.000 kg e distância entre eixos 4,6 m - 210 kW - motorista de caminhão",745101.0449,31.9329,13.1351,5.3222,47.8994,150.5104,32.1007,280.9007,82.4909]
["A9345","Caçamba basculante estanque com capacidade de 14 m³",87460.5468,6.6008,1.6036,0,7.4259,0,0,15.6303,8.2044]
["E9579","Caminhão basculante com capacidade de 10 m³ - 210 kW",{"$nulls":7},295.0614,89.9239]
["A9316","Caminhão plataforma 8 x 4, PBT 29.000 kg e distância entre eixos 4,6 m - 210 kW - motorista de caminhão",745101.0449,31.9329,13.1351,5.3222,47.8994,150.5104,32.1007,280.9007,82.4909]
["A9342","Caçamba basculante com capacidade de 10 m³",79237,5.9802,1.4528,0,6.7277,0,0,14.1607,7.433]
["E9592","Caminhão carroceria com capacidade de 15 t - 188 kW",{"$nulls":7},262.6946,81.5456]
["A9314","Caminhão plataforma 6 x 2, PBT 23.000 kg e distância entre eixos 5,4 m - 188 kW - motorista de caminhão",675608.6105,28.9547,11.91,4.8258,43.432,134.7426,32.1007,255.9658,77.7912]
["A9352","Carroceria de madeira com capacidade de 15 t",43129,2.9744,0.78,0,2.9744,0,0,6.7288,3.7544]
["E9600","Caminhão betoneira com capacidade de 8 m³ - 188 kW",{"$nulls":7},301.5019,101.9174]
["A9317","Caminhão plataforma 8 x 2, PBT 29.000 kg e distância entre eixos 4,8 m - 188 kW - motorista de veículo especial",783450.0328,33.5764,13.8111,5.5961,50.3646,134.7426,32.9387,271.0295,85.9223]
["A9346","Misturador de concreto para montagem em chassi de caminhão com capacidade de 8 m³",170510,12.8687,3.1264,0,14.4773,0,0,30.4724,15.9951]
["E9604","Caminhão basculante para rocha com capacidade de 8 m³ - 210 kW",{"$nulls":7},296.0321,90.3856]
["A9315","Caminhão basculante 6 x 4, PBT 23.000 kg e distância entre eixos 3,6 m - 210 kW -  motorista de caminhão",774745.2516,33.2034,13.6577,5.5339,49.8051,150.5104,32.1007,284.8112,84.4957]
["A9341","Caçamba basculante para rocha com capacidade de 8 m³",62787.8,4.7387,1.1512,0,5.331,0,0,11.2209,5.8899]
["E9605","Caminhão tanque com capacidade de 6.000 l - 136 kW",{"$nulls":7},245.3455,74.2441]
["A9323","Caminhão plataforma 4 x 2, PBT 14.300 kg e distância entre eixos 4,8 m - 136 kW - condição de trabalho severa - motorista de caminhão",506965.4093,21.7271,8.9371,3.6212,32.5906,132.2853,32.1007,231.262,66.3861]
["A9358","Tanque para transporte de água com capacidade de 6.000 l",90270,6.2255,1.6325,0,6.2255,0,0,14.0835,7.858]
["E9644","Caminhão demarcador de faixas com sistema de pintura a frio - 28 kW/115 kW",{"$nulls":7},368.9457,157.6113]
["A9302","Caminhão plataforma 4 x 2, PBT 8.300 kg e distância entre eixos 4,4 m - 115 kW - motorista de veículo especial",397237.5125,17.0245,7.0027,2.8374,25.5367,111.8589,32.9387,197.1989,59.8033]
["A9368","Equipamento demarcador de faixas a frio montado sobre chassi com capacidade de 800 l - 28 kW",697085,52.6686,19.1156,0,49.5705,24.3683,26.0238,171.7468,97.808]
["E9645","Caminhão demarcador de faixas com sistema de pintura a quente - 5 kW/30,10 kW/136 kW",{"$nulls":7},554.5966,249.5405]
["A9305","Caminhão plataforma 4 x 2, PBT 14.300 kg e distância entre eixos 4,8 m - 136 kW - motorista de veículo especial",506965.4093,21.7271,8.9371,3.6212,32.5906,132.2853,32.9387,232.1,67.2241]
["A9328","Compressor de ar portátil de 70,79 l/s (150 PCM) sem reboque - 30,10 kW",145461.7122,9.6974,2.6177,0,9.6974,26.196,0,48.2085,12.3151]
["A9369","Equipamento demarcador de faixas a quente montado sobre chassi com capacidade de 500 l - 5,0 kW",1398141.5991,105.6374,38.3401,0,99.4234,4.8634,26.0238,274.2881,170.0013]
["E9663","Caminhão basculante com capacidade de 4 m³ - 136 kW",{"$nulls":7},177.7422,71.1846]
["A9304","Caminhão plataforma 4 x 2, PBT 14.300 kg e distância entre eixos 4,8 m - 136 kW - motorista de caminhão",506965.4093,21.7271,8.9371,3.6212,32.5906,69.6238,32.1007,168.6005,66.3861]
["A9336","Caçamba basculante com capacidade de 4 m³",51153,3.8606,0.9379,0,4.3432,0,0,9.1417,4.7985]
["E9665","Cavalo mecânico com semirreboque com capacidade de 22 t - 240 kW",{"$nulls":7},382.4024,127.7449]
["A9318","Cavalo mecânico 4 x 2, PBT 16.000 kg - 240 kW - motorista de veículo especial",852636.9444,36.5416,15.0308,6.0903,54.8124,172.0118,32.9387,317.4256,90.6014]
["A9353","Semirreboque com 2 eixos",371110,24.7407,12.4028,0,27.8333,0,0,64.9768,37.1435]
["E9666","Cavalo mecânico com semirreboque com capacidade de 30 t - 265 kW",{"$nulls":7},410.5072,132.9732]
["A9321","Cavalo mecânico estradeiro 6 x 2, PBT 23.000 kg - 265 kW - motorista de caminhão",882964.6972,37.8413,15.5654,6.3069,56.762,189.9297,32.1007,338.506,91.8143]
["A9354","Semirreboque com 3 eixos",411230,27.4153,13.7436,0,30.8423,0,0,72.0012,41.1589]
["E9667","Caminhão basculante com capacidade de 14 m³ - 210 kW",{"$nulls":7},296.1368,90.4884]
["A9316","Caminhão plataforma 8 x 4, PBT 29.000 kg e distância entre eixos 4,6 m - 210 kW - motorista de caminhão",745101.0449,31.9329,13.1351,5.3222,47.8994,150.5104,32.1007,280.9007,82.4909]
["A9344","Caçamba basculante com capacidade de 14 m³",85255,6.4343,1.5632,0,7.2386,0,0,15.2361,7.9975]
["E9669","Caminhão tanque com capacidade de 8.000 l - 136 kW",{"$nulls":7},254.4666,78.9485]
["A9331","Caminhão plataforma 4 x 2, PBT 16.000 kg e distância entre eixos 4,8 m - 136 kW - condição de trabalho severa - motorista de caminhão",571364.8935,24.4871,10.0723,4.0812,36.7306,132.2853,32.1007,239.7572,70.7413]
["A9359","Tanque para transporte de água com capacidade de 8.000 l",94282,6.5022,1.705,0,6.5022,0,0,14.7094,8.2072]
["E9670","Usina móvel de lama asfáltica ou microrrevestimento com cavalo mecânico com capacidade de 12 m³ - 95,6 kW/240 kW",{"$nulls":7},743.548,258.5296]
["A9319","Cavalo mecânico 4 x 2, PBT 16.000 kg - 240 kW - condição de trabalho severa - motorista de veículo especial",852636.9444,36.5416,15.0308,6.0903,54.8124,233.4446,32.9387,378.8584,90.6014]
["A9367","Usina de lama asfáltica ou microrrevestimento asfáltico rebocável com capacidade de 12 m³ - 95,6 kW",1538109.527,98.8785,30.504,0,98.8785,97.8829,38.5457,364.6896,167.9282]
["E9672","Caminhão basculante para rocha com capacidade de 12 m³ - 188 kW",{"$nulls":7},303.7149,103.079]
["A9317","Caminhão plataforma 8 x 2, PBT 29.000 kg e distância entre eixos 4,8 m - 188 kW - motorista de veículo especial",783450.0328,33.5764,13.8111,5.5961,50.3646,134.7426,32.9387,271.0295,85.9223]
["A9343","Caçamba basculante para rocha com capacidade de 12 m³",182894.041,13.8033,3.3534,0,15.5287,0,0,32.6854,17.1567]
["E9679","Cavalo mecânico com dois reboques hidropneumáticos de 5 e 4 eixos e mesas de giro com capacidade de 130 t - 440 kW",{"$nulls":7},1438.6769,617.3483]
["A9325","Cavalo mecânico 8 x 8, PBT 26.000 kg - 440 kW -  motorista de veículo especial",5000468.1727,214.3058,88.1511,35.7176,321.4587,315.355,32.9387,1007.9269,371.1132]
["A9384","Reboque hidropneumático com capacidade de 166 t e 4 eixos",979787.4226,65.3192,32.7453,0,73.4841,0,0,171.5486,98.0645]
["A9385","Conjunto de duas mesas de giro para quinta roda ou reboque com capacidade de 100 t cada",313868.5492,20.9246,10.4897,0,23.5401,0,0,54.9544,31.4143]
["A9390","Reboque hidropneumático com capacidade de 117 t e 5 eixos",1166542.4838,77.7695,38.9868,0,87.4907,0,0,204.247,116.7563]
["E9680","Caminhão tanque com capacidade de 13.000 l - 188 kW",{"$nulls":7},323.0113,88.3642]
["A9332","Caminhão plataforma 6 x 2, PBT 23.000 kg e distância entre eixos 4,8 m - 188 kW - condição de trabalho severa - motorista de caminhão",673149.5039,28.8493,11.8667,4.8082,43.2739,182.865,32.1007,303.7638,77.6249]
["A9361","Tanque para transporte de água com capacidade de 13.000 l",123369,8.5082,2.2311,0,8.5082,0,0,19.2475,10.7393]
["E9686","Caminhão carroceria com guindauto com capacidade de 20 t.m - 136 kW",{"$nulls":7},303.8621,118.3832]
["A9308","Caminhão plataforma 4 x 2, PBT 16.000 kg e distância entre eixos 4,8 m - 136 kW - motorista de veículo especial",571364.8935,24.4871,10.0723,4.0812,36.7306,132.2853,32.9387,240.5952,71.5793]
["A9349","Carroceria de madeira com capacidade de 7 t",28585.5,1.9714,0.517,0,1.9714,0,0,4.4598,2.4884]
["A9372","Guindaste articulado montado sobre chassi com capacidade de 20 t.m",210128.5,14.4916,3.8001,0,14.4916,0,26.0238,58.8071,44.3155]
["E9687","Caminhão carroceria com capacidade de 5 t - 115 kW",{"$nulls":7},150.3159,62.7131]
["A9303","Caminhão plataforma 4 x 2, PBT 9.600 kg e distância entre eixos 3,7 m - 115 kW - motorista de caminhão",418143.4012,17.9204,7.3713,2.9867,26.8806,58.8731,32.1007,146.1328,60.3791]
["A9348","Carroceria de madeira com capacidade de 5 t",26811.6543,1.8491,0.4849,0,1.8491,0,0,4.1831,2.334]
["E9690","Caminhão carroceria com guindauto e cesto aéreo com capacidade de 10 t.m - 136 kW",{"$nulls":7},326.1002,142.2947]
["A9308","Caminhão plataforma 4 x 2, PBT 16.000 kg e distância entre eixos 4,8 m - 136 kW - motorista de veículo especial",571364.8935,24.4871,10.0723,4.0812,36.7306,132.2853,32.9387,240.5952,71.5793]
["A9329","Cesto aéreo simples isolado com capacidade para 135 kg",24327.765,1.6778,0.44,0,1.6778,0,0,3.7956,2.1178]
["A9330","Guindaste articulado montado sobre chassi com capacidade de 10 t.m",154012.7763,10.6216,2.7852,0,10.6216,0,52.0476,76.076,65.4544]
["A9350","Carroceria de madeira com capacidade de 9 t",36108,2.4902,0.653,0,2.4902,0,0,5.6334,3.1432]
["E9693","Caminhão demarcador de faixas com sistema de pintura Spray - 115 kW",{"$nulls":7},786.7355,418.5988]
["A9322","Caminhão plataforma 4 x 2, PBT 9.600 kg e distância entre eixos 3,7 m - 115 kW - condição de trabalho severa - motorista de caminhão",418143.4012,17.9204,7.3713,2.9867,26.8806,111.8589,32.1007,199.1186,60.3791]
["A9370","Equipamento demarcador de faixas sistema spray montado sobre chassi com capacidade 1.080 l",3225898.75,243.7346,88.4613,0,229.3972,0,26.0238,587.6169,358.2197]
["E9783","Plataforma pantográfica montada em caminhão - 115 kW",{"$nulls":7},295.7929,126.4405]
["A9301","Caminhão plataforma 4 x 2, PBT 8.300 kg e distância entre eixos 3,7 m - 115 kW - motorista de veículo especial",395071.8179,16.9316,6.9646,2.8219,25.3975,111.8589,32.9387,196.9132,59.6568]
["A9377","Plataforma pantográfica hidráulica montada sobre chassi com capacidade de 600 kg",481440,32.096,8.6639,0,32.096,0,26.0238,98.8797,66.7837]
["E9787","Bomba para concreto com lança montada sobre chassi com capacidade de 50 m³/h - 136 kW",{"$nulls":7},542.6957,255.5666]
["A9308","Caminhão plataforma 4 x 2, PBT 16.000 kg e distância entre eixos 4,8 m - 136 kW - motorista de veículo especial",571364.8935,24.4871,10.0723,4.0812,36.7306,132.2853,32.9387,240.5952,71.5793]
["A9371","Bomba para concreto com lança montada sobre chassi com capacidade de 50 m³/h",1476415.1007,118.1132,27.3284,0,118.1132,0,38.5457,302.1005,183.9873]
["E9792","Caminhão para hidrossemeadura com capacidade de 7.500 l - 136 kW",{"$nulls":7},342.429,137.1019]
["A9323","Caminhão plataforma 4 x 2, PBT 14.300 kg e distância entre eixos 4,8 m - 136 kW - condição de trabalho severa - motorista de caminhão",506965.4093,21.7271,8.9371,3.6212,32.5906,132.2853,32.1007,231.262,66.3861]
["A9362","Tanque para hidrossemeadura com capacidade de 7.500 l",476425,35.9566,8.7354,0,40.4512,0,26.0238,111.167,70.7158]

{"sheet":"SINTÉTICO SICRO","index":22,"n_rows":6402,"n_cols":4,"rows_kept":6402,"cut":false,"hidden":false,"merged":[[0,1,0,2]]}
["CGCIT","SISTEMA DE CUSTOS REFERENCIAIS DE OBRAS - SICRO",null,"DNIT"]
[null,"Pernambuco - Abril/2024"]
["Código","Descrição do Serviço","Unidade","Custo Unitário (R$)"]
[307731,"Aparelho de apoio de neoprene fretado para estruturas moldadas no local - fornecimento e instalação","dm³",126.81]
[307732,"Aparelho de apoio de neoprene fretado para estruturas pré-moldadas - fornecimento e instalação","dm³",102.77]
[308308,"Aparelho de apoio metálico elastomérico fixo com capacidade de 1.500 kN - fornecimento e instalação","un",7338.57]
[308313,"Aparelho de apoio metálico elastomérico fixo com capacidade de 10.000 kN - fornecimento e instalação","un",46812.34]
[308309,"Aparelho de apoio metálico elastomérico fixo com capacidade de 2.500 kN - fornecimento e instalação","un",11918.74]
[308310,"Aparelho de apoio metálico elastomérico fixo com capacidade de 4.000 kN - fornecimento e instalação","un",17929.12]
[308311,"Aparelho de apoio metálico elastomérico fixo com capacidade de 5.500 kN - fornecimento e instalação","un",24628.64]
[308312,"Aparelho de apoio metálico elastomérico fixo com capacidade de 7.500 kN - fornecimento e instalação","un",34069.54]
[308307,"Aparelho de apoio metálico elastomérico fixo com capacidade de 700 kN - fornecimento e instalação","un",4881.16]
[308322,"Aparelho de apoio metálico elastomérico multidirecional com capacidade de 1.500 kN - fornecimento e instalação","un",5808.77]
[308327,"Aparelho de apoio metálico elastomérico multidirecional com capacidade de 10.000 kN - fornecimento e instalação","un",36044.03]
[308323,"Aparelho de apoio metálico elastomérico multidirecional com capacidade de 2.500 kN - fornecimento e instalação","un",8500.69]
[308324,"Aparelho de apoio metálico elastomérico multidirecional com capacidade de 4.000 kN - fornecimento e instalação","un",13327.07]
[308325,"Aparelho de apoio metálico elastomérico multidirecional com capacidade de 5.500 kN - fornecimento e instalação","un",18865.62]
[308326,"Aparelho de apoio metálico elastomérico multidirecional com capacidade de 7.500 kN - fornecimento e instalação","un",26623.89]
[308321,"Aparelho de apoio metálico elastomérico multidirecional com capacidade de 700 kN - fornecimento e instalação","un",3989.39]
[308315,"Aparelho de apoio metálico elastomérico unidirecional com capacidade de 1.500 kN - fornecimento e instalação","un",7154.26]
[308320,"Aparelho de apoio metálico elastomérico unidirecional com capacidade de 10.000 kN - fornecimento e instalação","un",45686.44]
[308316,"Aparelho de apoio metálico elastomérico unidirecional com capacidade de 2.500 kN - fornecimento e instalação","un",10212.21]
[308317,"Aparelho de apoio metálico elastomérico unidirecional com capacidade de 4.000 kN - fornecimento e instalação","un",17710.83]
[308318,"Aparelho de apoio metálico elastomérico unidirecional com capacidade de 5.500 kN - fornecimento e instalação","un",24047.38]
[308319,"Aparelho de apoio metálico elastomérico unidirecional com capacidade de 7.500 kN - fornecimento e instalação","un",30145.15]
[308314,"Aparelho de apoio metálico elastomérico unidirecional com capacidade de 700 kN - fornecimento e instalação","un",4809.34]
[308250,"Aparelho de apoio metálico esférico fixo com capacidade de 1.000 kN - fornecimento e instalação","un",6124.67]
[308251,"Aparelho de apoio metálico esférico fixo com capacidade de 1.500 kN - fornecimento e instalação","un",9390.89]
[308268,"Aparelho de apoio metálico esférico fixo com capacidade de 10.000 kN - fornecimento e instalação","un",79220.14]
[308252,"Aparelho de apoio metálico esférico fixo com capacidade de 2.000 kN - fornecimento e instalação","un",11542.22]
[308253,"Aparelho de apoio metálico esférico fixo com capacidade de 2.500 kN - fornecimento e instalação","un",14251.67]
[308254,"Aparelho de apoio metálico esférico fixo com capacidade de 3.000 kN - fornecimento e instalação","un",16038.87]
[308255,"Aparelho de apoio metálico esférico fixo com capacidade de 3.500 kN - fornecimento e instalação","un",19669.4]
[308256,"Aparelho de apoio metálico esférico fixo com capacidade de 4.000 kN - fornecimento e instalação","un",25118.06]
[308257,"Aparelho de apoio metálico esférico fixo com capacidade de 4.500 kN - fornecimento e instalação","un",32523.83]
[308258,"Aparelho de apoio metálico esférico fixo com capacidade de 5.000 kN - fornecimento e instalação","un",36244.37]
[308259,"Aparelho de apoio metálico esférico fixo com capacidade de 5.500 kN - fornecimento e instalação","un",41072.38]
[308260,"Aparelho de apoio metálico esférico fixo com capacidade de 6.000 kN - fornecimento e instalação","un",45316.94]
[308261,"Aparelho de apoio metálico esférico fixo com capacidade de 6.500 kN - fornecimento e instalação","un",50100.56]
[308262,"Aparelho de apoio metálico esférico fixo com capacidade de 7.000 kN - fornecimento e instalação","un",55086.26]
[308263,"Aparelho de apoio metálico esférico fixo com capacidade de 7.500 kN - fornecimento e instalação","un",56034.96]
[308264,"Aparelho de apoio metálico esférico fixo com capacidade de 8.000 kN - fornecimento e instalação","un",61999.36]
[308265,"Aparelho de apoio metálico esférico fixo com capacidade de 8.500 kN - fornecimento e instalação","un",63582.36]
[308266,"Aparelho de apoio metálico esférico fixo com capacidade de 9.000 kN - fornecimento e instalação","un",70919.3]
[308267,"Aparelho de apoio metálico esférico fixo com capacidade de 9.500 kN - fornecimento e instalação","un",75024.99]
[308288,"Aparelho de apoio metálico esférico multidirecional com capacidade de 1.000 kN - fornecimento e instalação","un",8809.61]
[308289,"Aparelho de apoio metálico esférico multidirecional com capacidade de 1.500 kN - fornecimento e instalação","un",12527.74]
[308306,"Aparelho de apoio metálico esférico multidirecional com capacidade de 10.000 kN - fornecimento e instalação","un",84050.11]
[308290,"Aparelho de apoio metálico esférico multidirecional com capacidade de 2.000 kN - fornecimento e instalação","un",16248.83]
[308291,"Aparelho de apoio metálico esférico multidirecional com capacidade de 2.500 kN - fornecimento e instalação","un",19735.06]
[308292,"Aparelho de apoio metálico esférico multidirecional com capacidade de 3.000 kN - fornecimento e instalação","un",22217.22]
[308293,"Aparelho de apoio metálico esférico multidirecional com capacidade de 3.500 kN - fornecimento e instalação","un",25562.4]
[308294,"Aparelho de apoio metálico esférico multidirecional com capacidade de 4.000 kN - fornecimento e instalação","un",27853.2]
[308295,"Aparelho de apoio metálico esférico multidirecional com capacidade de 4.500 kN - fornecimento e instalação","un",34214.12]
[308296,"Aparelho de apoio metálico esférico multidirecional com capacidade de 5.000 kN - fornecimento e instalação","un",37414.76]
[308297,"Aparelho de apoio metálico esférico multidirecional com capacidade de 5.500 kN - fornecimento e instalação","un",41260.93]
[308298,"Aparelho de apoio metálico esférico multidirecional com capacidade de 6.000 kN - fornecimento e instalação","un",46881.35]
[308299,"Aparelho de apoio metálico esférico multidirecional com capacidade de 6.500 kN - fornecimento e instalação","un",50641.15]
[308300,"Aparelho de apoio metálico esférico multidirecional com capacidade de 7.000 kN - fornecimento e instalação","un",54503.12]
[308301,"Aparelho de apoio metálico esférico multidirecional com capacidade de 7.500 kN - fornecimento e instalação","un",58793.47]
[308302,"Aparelho de apoio metálico esférico multidirecional com capacidade de 8.000 kN - fornecimento e instalação","un",65231.41]
[308303,"Aparelho de apoio metálico esférico multidirecional com capacidade de 8.500 kN - fornecimento e instalação","un",71485.16]
[308304,"Aparelho de apoio metálico esférico multidirecional com capacidade de 9.000 kN - fornecimento e instalação","un",75397.92]
[308305,"Aparelho de apoio metálico esférico multidirecional com capacidade de 9.500 kN - fornecimento e instalação","un",80045.41]
[308269,"Aparelho de apoio metálico esférico unidirecional com capacidade de 1.000 kN - fornecimento e instalação","un",9361.93]
[308270,"Aparelho de apoio metálico esférico unidirecional com capacidade de 1.500 kN - fornecimento e instalação","un",12891.97]
[308287,"Aparelho de apoio metálico esférico unidirecional com capacidade de 10.000 kN - fornecimento e instalação","un",85175.51]
[308271,"Aparelho de apoio metálico esférico unidirecional com capacidade de 2.000 kN - fornecimento e instalação","un",16089.37]
[308272,"Aparelho de apoio metálico esférico unidirecional com capacidade de 2.500 kN - fornecimento e instalação","un",18680.21]
[308273,"Aparelho de apoio metálico esférico unidirecional com capacidade de 3.000 kN - fornecimento e instalação","un",22323.46]
[308274,"Aparelho de apoio metálico esférico unidirecional com capacidade de 3.500 kN - fornecimento e instalação","un",25794.91]
[308275,"Aparelho de apoio metálico esférico unidirecional com capacidade de 4.000 kN - fornecimento e instalação","un",30419.89]
[308276,"Aparelho de apoio metálico esférico unidirecional com capacidade de 4.500 kN - fornecimento e instalação","un",40468.74]
[308277,"Aparelho de apoio metálico esférico unidirecional com capacidade de 5.000 kN - fornecimento e instalação","un",44782.39]
[308278,"Aparelho de apoio metálico esférico unidirecional com capacidade de 5.500 kN - fornecimento e instalação","un",48559.82]
[308279,"Aparelho de apoio metálico esférico unidirecional com capacidade de 6.000 kN - fornecimento e instalação","un",50488.44]
[308280,"Aparelho de apoio metálico esférico unidirecional com capacidade de 6.500 kN - fornecimento e instalação","un",54588.66]
[308281,"Aparelho de apoio metálico esférico unidirecional com capacidade de 7.000 kN - fornecimento e instalação","un",58639.81]
[308282,"Aparelho de apoio metálico esférico unidirecional com capacidade de 7.500 kN - fornecimento e instalação","un",62960.08]
[308283,"Aparelho de apoio metálico esférico unidirecional com capacidade de 8.000 kN - fornecimento e instalação","un",66929.74]
[308284,"Aparelho de apoio metálico esférico unidirecional com capacidade de 8.500 kN - fornecimento e instalação","un",72206.1]
[308285,"Aparelho de apoio metálico esférico unidirecional com capacidade de 9.000 kN - fornecimento e instalação","un",76529.41]
[308286,"Aparelho de apoio metálico esférico unidirecional com capacidade de 9.500 kN - fornecimento e instalação","un",80959.76]
[307733,"Junta de dilatação em elastômero e perfil VV - L = 20 mm e H = 40 mm - fornecimento e instalação","m",261.5]
[307734,"Junta de dilatação em elastômero e perfil VV - L = 25 mm e H = 50 mm - fornecimento e instalação","m",314.98]
[307735,"Junta de dilatação em elastômero e perfil VV - L = 35 mm e H = 60 mm - fornecimento e instalação","m",413.26]
[307736,"Junta de dilatação em elastômero e perfil VV - L = 40 mm e H = 70 mm - fornecimento e instalação","m",551.7]
[307737,"Junta de dilatação em elastômero e perfil VV - L = 50 mm e H = 80 mm - fornecimento e instalação","m",582.65]
[307730,"Junta de dilatação em perfil extrudado de borracha vulcanizada","m",0]
[307084,"Lábios poliméricos em junta de pavimento de concreto - L = 20 mm e H = 30 mm - confecção e assentamento","m",32.22]
[407818,"Armação em aço CA-25 - fornecimento, preparo e colocação","kg",11.16]
[407819,"Armação em aço CA-50 - fornecimento, preparo e colocação","kg",11.43]
[407820,"Armação em aço CA-60 - fornecimento, preparo e colocação","kg",12.62]
[407740,"Chumbador tipo espera em aço CA-25 para fixação de estrutura metálica em concreto - fornecimento e instalação","kg",13.92]
[408037,"Luva de emenda com rosca cônica para aço CA-50 - D = 12,5 mm - fornecimento e instalação","un",20.3]
[408038,"Luva de emenda com rosca cônica para aço CA-50 - D = 16 mm - fornecimento e instalação","un",32.81]
[408039,"Luva de emenda com rosca cônica para aço CA-50 - D = 20 mm - fornecimento e instalação","un",42.91]
[408041,"Luva de emenda com rosca cônica para aço CA-50 - D = 25 mm - fornecimento e instalação","un",57.99]
[408042,"Luva de emenda com rosca cônica para aço CA-50 - D = 32 mm - fornecimento e instalação","un",81.12]
[408031,"Luva de emenda prensada para aço CA-50 - D = 12,5 mm - fornecimento e instalação","un",21.32]
[408032,"Luva de emenda prensada para aço CA-50 - D = 16 mm - fornecimento e instalação","un",28.9]
[408033,"Luva de emenda prensada para aço CA-50 - D = 20 mm - fornecimento e instalação","un",39.27]
[408035,"Luva de emenda prensada para aço CA-50 - D = 25 mm - fornecimento e instalação","un",72.41]
[408036,"Luva de emenda prensada para aço CA-50 - D = 32 mm - fornecimento e instalação","un",145.39]
[408067,"Tela de aço eletrossoldada - fornecimento, preparo e colocação","kg",10.54]
[407743,"Treliça nervurada três barras longitudinais interligadas por duas diagonais sinusoidal - fornecimento e instalação","kg",11.64]
[607137,"Arco metálico galvanizado tipo MP 152S - arco alto - vão = 10,08 m e altura = 6,12 m - aterro rodoviário mínimo = 0,90 m e máximo = 5,00 m - areia e brita comerciais","m",60315.9]
[606785,"Arco metálico galvanizado tipo MP 152S - arco alto - vão = 10,08 m e altura = 6,12 m - aterro rodoviário mínimo = 0,90 m e máximo = 5,00 m - areia extraída e brita produzida","m",59689]
[607139,"Arco metálico galvanizado tipo MP 152S - arco alto - vão = 10,31 m e altura = 6,17 m - aterro rodoviário mínimo = 0,90 m e máximo = 4,90 m - areia e brita comerciais","m",61122.01]
[606787,"Arco metálico galvanizado tipo MP 152S - arco alto - vão = 10,31 m e altura = 6,17 m - aterro rodoviário mínimo = 0,90 m e máximo = 4,90 m - areia extraída e brita produzida","m",60192.14]
[607140,"Arco metálico galvanizado tipo MP 152S - arco alto - vão = 10,36 m e altura = 5,38 m - aterro rodoviário mínimo = 1,20 m e máximo = 3,60 m - areia e brita comerciais","m",55847.59]
[606788,"Arco metálico galvanizado tipo MP 152S - arco alto - vão = 10,36 m e altura = 5,38 m - aterro rodoviário mínimo = 1,20 m e máximo = 3,60 m - areia extraída e brita produzida","m",55584.01]
[607141,"Arco metálico galvanizado tipo MP 152S - arco alto - vão = 10,54 m e altura = 6,05 m - aterro rodoviário mínimo = 1,20 m e máximo = 4,20 m - areia e brita comerciais","m",62192.88]
[606789,"Arco metálico galvanizado tipo MP 152S - arco alto - vão = 10,54 m e altura = 6,05 m - aterro rodoviário mínimo = 1,20 m e máximo = 4,20 m - areia extraída e brita produzida","m",61541.37]
[607144,"Arco metálico galvanizado tipo MP 152S - arco alto - vão = 10,57 m e altura = 5,41 m - aterro rodoviário mínimo = 1,20 m e máximo = 4,10 m - areia e brita comerciais","m",73004.64]
[606792,"Arco metálico galvanizado tipo MP 152S - arco alto - vão = 10,57 m e altura = 5,41 m - aterro rodoviário mínimo = 1,20 m e máximo = 4,10 m - areia extraída e brita produzida","m",72409.57]
[607142,"Arco metálico galvanizado tipo MP 152S - arco alto - vão = 10,74 m e altura = 6,48 m - aterro rodoviário mínimo = 1,20 m e máximo = 4,70 m - areia e brita comerciais","m",65223.9]
[606790,"Arco metálico galvanizado tipo MP 152S - arco alto - vão = 10,74 m e altura = 6,48 m - aterro rodoviário mínimo = 1,20 m e máximo = 4,70 m - areia extraída e brita produzida","m",64523.13]
[607145,"Arco metálico galvanizado tipo MP 152S - arco alto - vão = 10,77 m e altura = 6,10 m - aterro rodoviário mínimo = 1,20 m e máximo = 4,70 m - areia e brita comerciais","m",80564.14]
[606793,"Arco metálico galvanizado tipo MP 152S - arco alto - vão = 10,77 m e altura = 6,10 m - aterro rodoviário mínimo = 1,20 m e máximo = 4,70 m - areia extraída e brita produzida","m",79898.6]
[607146,"Arco metálico galvanizado tipo MP 152S - arco alto - vão = 10,97 m e altura = 6,53 m - aterro rodoviário mínimo = 1,20 m e máximo = 4,70 m - areia e brita comerciais","m",84033.54]
[606794,"Arco metálico galvanizado tipo MP 152S - arco alto - vão = 10,97 m e altura = 6,53 m - aterro rodoviário mínimo = 1,20 m e máximo = 4,70 m - areia extraída e brita produzida","m",83311.19]
[607143,"Arco metálico galvanizado tipo MP 152S - arco alto - vão = 11,35 m e altura = 7,12 m - aterro rodoviário mínimo = 1,20 m e máximo = 4,70 m - areia e brita comerciais","m",70431.42]
[606791,"Arco metálico galvanizado tipo MP 152S - arco alto - vão = 11,35 m e altura = 7,12 m - aterro rodoviário mínimo = 1,20 m e máximo = 4,70 m - areia extraída e brita produzida","m",69624.64]
[607147,"Arco metálico galvanizado tipo MP 152S - arco alto - vão = 11,58 m e altura = 7,16 m - aterro rodoviário mínimo = 1,20 m e máximo = 6,40 m - areia e brita comerciais","m",90633.52]
[606795,"Arco metálico galvanizado tipo MP 152S - arco alto - vão = 11,58 m e altura = 7,16 m - aterro rodoviário mínimo = 1,20 m e máximo = 6,40 m - areia extraída e brita produzida","m",89801.14]
[607112,"Arco metálico galvanizado tipo MP 152S - arco alto - vão = 6,12 m e altura = 2,77 m - aterro rodoviário mínimo = 0,75 m e máximo = 5,40 m - areia e brita comerciais","m",29517.54]
[606760,"Arco metálico galvanizado tipo MP 152S - arco alto - vão = 6,12 m e altura = 2,77 m - aterro rodoviário mínimo = 0,75 m e máximo = 5,40 m - areia extraída e brita produzida","m",29299.35]
[607113,"Arco metálico galvanizado tipo MP 152S - arco alto - vão = 6,30 m e altura = 3,68 m - aterro rodoviário mínimo = 0,75 m e máximo = 7,50 m - areia e brita comerciais","m",34676.78]
[606761,"Arco metálico galvanizado tipo MP 152S - arco alto - vão = 6,30 m e altura = 3,68 m - aterro rodoviário mínimo = 0,75 m e máximo = 7,50 m - areia extraída e brita produzida","m",34425.97]
[606762,"Arco metálico galvanizado tipo MP 152S - arco alto - vão = 6,55 m e altura = 3,56 m - aterro rodoviário mínimo = 0,75 m e máximo = 4,9 m - areia extraída e brita produzida","m",34206.41]
[607114,"Arco metálico galvanizado tipo MP 152S - arco alto - vão = 6,55 m e altura = 3,56 m - aterro rodoviário mínimo = 0,75 m e máximo = 4,90 m - areia e brita comerciais","m",34461.96]
[607116,"Arco metálico galvanizado tipo MP 152S - arco alto - vão = 6,78 m e altura = 3,61 m - aterro rodoviário mínimo = 0,75 m e máximo = 4,80 m - areia e brita comerciais","m",36373.85]
[606764,"Arco metálico galvanizado tipo MP 152S - arco alto - vão = 6,78 m e altura = 3,61 m - aterro rodoviário mínimo = 0,75 m e máximo = 4,80 m - areia extraída e brita produzida","m",36107.54]
[607115,"Arco metálico galvanizado tipo MP 152S - arco alto - vão = 6,96 m e altura = 4,42 m - aterro rodoviário mínimo = 0,75 m e máximo = 8,10 m - areia e brita comerciais","m",41291.12]
[606763,"Arco metálico galvanizado tipo MP 152S - arco alto - vão = 6,96 m e altura = 4,42 m - aterro rodoviário mínimo = 0,75 m e máximo = 8,10 m - areia extraída e brita produzida","m",40970.74]
[607117,"Arco metálico galvanizado tipo MP 152S - arco alto - vão = 6,99 m e altura = 4,27 m - aterro rodoviário mínimo = 0,75 m e máximo = 5,70 m - areia e brita comerciais","m",41280.22]
[606765,"Arco metálico galvanizado tipo MP 152S - arco alto - vão = 6,99 m e altura = 4,27 m - aterro rodoviário mínimo = 0,75 m e máximo = 5,70 m - areia extraída e brita produzida","m",40968.63]
[607118,"Arco metálico galvanizado tipo MP 152S - arco alto - vão = 7,01 m e altura = 3,63 m - aterro rodoviário mínimo = 0,75 m e máximo = 4,60 m - areia e brita comerciais","m",37011.57]
[606766,"Arco metálico galvanizado tipo MP 152S - arco alto - vão = 7,01 m e altura = 3,63 m - aterro rodoviário mínimo = 0,75 m e máximo = 4,60 m - areia extraída e brita produzida","m",36736.64]
[607120,"Arco metálico galvanizado tipo MP 152S - arco alto - vão = 7,24 m e altura = 3,68 m - aterro rodoviário mínimo = 0,90 m e máximo = 4,4 m - areia e brita comerciais","m",37685.75]
[606768,"Arco metálico galvanizado tipo MP 152S - arco alto - vão = 7,24 m e altura = 3,68 m - aterro rodoviário mínimo = 0,90 m e máximo = 4,40 m - areia extraída e brita produzida","m",37396.24]
[607119,"Arco metálico galvanizado tipo MP 152S - arco alto - vão = 7,42 m e altura = 4,52 m - aterro rodoviário mínimo = 0,90 m e máximo = 6,40 m - areia e brita comerciais","m",43297.8]
[606767,"Arco metálico galvanizado tipo MP 152S - arco alto - vão = 7,42 m e altura = 4,52 m - aterro rodoviário mínimo = 0,90 m e máximo = 6,40 m - areia extraída e brita produzida","m",42944.74]
[607121,"Arco metálico galvanizado tipo MP 152S - arco alto - vão = 7,47 m e altura = 4,19 m - aterro rodoviário mínimo = 0,90 m e máximo = 4,30 m - areia e brita comerciais","m",40800.72]
[606769,"Arco metálico galvanizado tipo MP 152S - arco alto - vão = 7,47 m e altura = 4,19 m - aterro rodoviário mínimo = 0,90 m e máximo = 4,30 m - areia extraída e brita produzida","m",40470.65]
[607123,"Arco metálico galvanizado tipo MP 152S - arco alto - vão = 7,67 m e altura = 3,99 m - aterro rodoviário mínimo = 0,90 m e máximo = 4,10 m - areia e brita comerciais","m",40254.97]
[606771,"Arco metálico galvanizado tipo MP 152S - arco alto - vão = 7,67 m e altura = 3,99 m - aterro rodoviário mínimo = 0,90 m e máximo = 4,10 m - areia extraída e brita produzida","m",39926.13]
[607122,"Arco metálico galvanizado tipo MP 152S - arco alto - vão = 7,85 m e altura = 4,60 m - aterro rodoviário mínimo = 0,90 m e máximo = 6,00 m - areia e brita comerciais","m",44645.56]
[606770,"Arco metálico galvanizado tipo MP 152S - arco alto - vão = 7,85 m e altura = 4,60 m - aterro rodoviário mínimo = 0,90 m e máximo = 6,00 m - areia extraída e brita produzida","m",44266.31]
[607125,"Arco metálico galvanizado tipo MP 152S - arco alto - vão = 7,90 m e altura = 4,04 m - aterro rodoviário mínimo = 0,90 m e máximo = 4,00 m - areia e brita comerciais","m",41605.53]
[606773,"Arco metálico galvanizado tipo MP 152S - arco alto - vão = 7,90 m e altura = 4,04 m - aterro rodoviário mínimo = 0,90 m e máximo = 4,00 m - areia extraída e brita produzida","m",41259.54]
[607124,"Arco metálico galvanizado tipo MP 152S - arco alto - vão = 8,08 m e altura = 4,65 m - aterro rodoviário mínimo = 0,90 m e máximo = 5,80 m - areia e brita comerciais","m",45313.24]
[606772,"Arco metálico galvanizado tipo MP 152S - arco alto - vão = 8,08 m e altura = 4,65 m - aterro rodoviário mínimo = 0,90 m e máximo = 5,80 m - areia extraída e brita produzida","m",44921.85]
[607126,"Arco metálico galvanizado tipo MP 152S - arco alto - vão = 8,31 m e altura = 4,70 m - aterro rodoviário mínimo = 0,90 m e máximo = 5,60 m - areia e brita comerciais","m",46566.06]
[606774,"Arco metálico galvanizado tipo MP 152S - arco alto - vão = 8,31 m e altura = 4,70 m - aterro rodoviário mínimo = 0,90 m e máximo = 5,60 m - areia extraída e brita produzida","m",46155.82]
[607127,"Arco metálico galvanizado tipo MP 152S - arco alto - vão = 8,36 m e altura = 4,11 m - aterro rodoviário mínimo = 0,90 m e máximo = 3,70 m - areia e brita comerciais","m",42887.2]
[606775,"Arco metálico galvanizado tipo MP 152S - arco alto - vão = 8,36 m e altura = 4,11 m - aterro rodoviário mínimo = 0,90 m e máximo = 3,70 m - areia extraída e brita produzida","m",42520.42]
[607129,"Arco metálico galvanizado tipo MP 152S - arco alto - vão = 8,59 m e altura = 4,39 m - aterro rodoviário mínimo = 0,90 m e máximo = 3,60 m - areia e brita comerciais","m",44872.45]
[606777,"Arco metálico galvanizado tipo MP 152S - arco alto - vão = 8,59 m e altura = 4,39 m - aterro rodoviário mínimo = 0,90 m e máximo = 3,60 m - areia extraída e brita produzida","m",44470.76]
[607128,"Arco metálico galvanizado tipo MP 152S - arco alto - vão = 8,97 m e altura = 5,00 m - aterro rodoviário mínimo = 0,90 m e máximo = 5,80 m - areia e brita comerciais","m",49330.22]
[606776,"Arco metálico galvanizado tipo MP 152S - arco alto - vão = 8,97 m e altura = 5,00 m - aterro rodoviário mínimo = 0,90 m e máximo = 5,80 m - areia extraída e brita produzida","m",48860.87]
[607130,"Arco metálico galvanizado tipo MP 152S - arco alto - vão = 9,17 m e altura = 5,49 m - aterro rodoviário mínimo = 0,90 m e máximo = 5,60 m - areia e brita comerciais","m",52564.15]
[606778,"Arco metálico galvanizado tipo MP 152S - arco alto - vão = 9,17 m e altura = 5,49 m - aterro rodoviário mínimo = 0,90 m e máximo = 5,60 m - areia extraída e brita produzida","m",52048.26]
[607131,"Arco metálico galvanizado tipo MP 152S - arco alto - vão = 9,22 m e altura = 4,70 m - aterro rodoviário mínimo = 0,90 m e máximo = 4,10 m - areia e brita comerciais","m",49336.18]
[606779,"Arco metálico galvanizado tipo MP 152S - arco alto - vão = 9,22 m e altura = 4,70 m - aterro rodoviário mínimo = 0,90 m e máximo = 4,10 m - areia extraída e brita produzida","m",48879.79]
[607133,"Arco metálico galvanizado tipo MP 152S - arco alto - vão = 9,45 m e altura = 4,75 m - aterro rodoviário mínimo = 0,90 m e máximo = 4,00 m - areia e brita comerciais","m",50077.23]
[606781,"Arco metálico galvanizado tipo MP 152S - arco alto - vão = 9,45 m e altura = 4,75 m - aterro rodoviário mínimo = 0,90 m e máximo = 4,00 m - areia extraída e brita produzida","m",49607.11]
[607132,"Arco metálico galvanizado tipo MP 152S - arco alto - vão = 9,63 m e altura = 5,59 m - aterro rodoviário mínimo = 0,90 m e máximo = 5,30 m - areia e brita comerciais","m",54586.19]
[606780,"Arco metálico galvanizado tipo MP 152S - arco alto - vão = 9,63 m e altura = 5,59 m - aterro rodoviário mínimo = 0,90 m e máximo = 5,30 m - areia extraída e brita produzida","m",54034.13]
[607134,"Arco metálico galvanizado tipo MP 152S - arco alto - vão = 9,65 m e altura = 5,41 m - aterro rodoviário mínimo = 0,90 m e máximo = 4,70 m - areia e brita comerciais","m",54049.37]
[606782,"Arco metálico galvanizado tipo MP 152S - arco alto - vão = 9,65 m e altura = 5,41 m - aterro rodoviário mínimo = 0,90 m e máximo = 4,70 m - areia extraída e brita produzida","m",53509.94]
[607136,"Arco metálico galvanizado tipo MP 152S - arco alto - vão = 9,68 m e altura = 5,23 m - aterro rodoviário mínimo = 0,90 m e máximo = 3,90 m - areia e brita comerciais","m",53331.16]
[606784,"Arco metálico galvanizado tipo MP 152S - arco alto - vão = 9,68 m e altura = 5,23 m - aterro rodoviário mínimo = 0,90 m e máximo = 3,90 m - areia extraída e brita produzida","m",52808.96]
[607135,"Arco metálico galvanizado tipo MP 152S - arco alto - vão = 9,86 m e altura = 6,07 m - aterro rodoviário mínimo = 0,90 m e máximo = 5,20 m - areia e brita comerciais","m",59465.77]
[606783,"Arco metálico galvanizado tipo MP 152S - arco alto - vão = 9,86 m e altura = 6,07 m - aterro rodoviário mínimo = 0,90 m e máximo = 5,20 m - areia extraída e brita produzida","m",58860.4]
[607138,"Arco metálico galvanizado tipo MP 152S - arco alto - vão = 9,91 m e altura = 5,28 m - aterro rodoviário mínimo = 0,90 m e máximo = 3,80 m - areia e brita comerciais","m",54237.27]
[606786,"Arco metálico galvanizado tipo MP 152S - arco alto - vão = 9,91 m e altura = 5,28 m - aterro rodoviário mínimo = 0,90 m e máximo = 3,80 m - areia extraída e brita produzida","m",53680.97]
[606842,"Arco metálico galvanizado tipo MP 152S - ovoide - vão = 7,21 m e altura = 7,82 m - aterro rodoviário mínimo = 0,75 m e máximo = 6,70 m - areia e brita comerciais","m",67695.76]
[606832,"Arco metálico galvanizado tipo MP 152S - ovoide - vão = 7,21 m e altura = 7,82 m - aterro rodoviário mínimo = 0,75 m e máximo = 6,70 m - areia extraída e brita produzida","m",67372.74]
[606843,"Arco metálico galvanizado tipo MP 152S - ovoide - vão = 7,31 m e altura = 7,87 m - aterro rodoviário mínimo = 0,90 m e máximo = 6,80 m - areia e brita comerciais","m",70336.39]
[606833,"Arco metálico galvanizado tipo MP 152S - ovoide - vão = 7,31 m e altura = 7,87 m - aterro rodoviário mínimo = 0,90 m e máximo = 6,80 m - areia extraída e brita produzida","m",69997.3]
[606845,"Arco metálico galvanizado tipo MP 152S - ovoide - vão = 7,57 m e altura = 8,44 m - aterro rodoviário mínimo = 0,90 m e máximo = 5,60 m - areia e brita comerciais","m",72926.35]
[606835,"Arco metálico galvanizado tipo MP 152S - ovoide - vão = 7,57 m e altura = 8,44 m - aterro rodoviário mínimo = 0,90 m e máximo = 5,60 m - areia extraída e brita produzida","m",72588.11]
[606844,"Arco metálico galvanizado tipo MP 152S - ovoide - vão = 7,77 m e altura = 7,90 m - aterro rodoviário mínimo = 0,90 m e máximo = 6,80 m - areia e brita comerciais","m",71430.35]
[606834,"Arco metálico galvanizado tipo MP 152S - ovoide - vão = 7,77 m e altura = 7,90 m - aterro rodoviário mínimo = 0,90 m e máximo = 6,80 m - areia extraída e brita produzida","m",71082.24]
[606847,"Arco metálico galvanizado tipo MP 152S - ovoide - vão = 8,13 m e altura = 8,01 m - aterro rodoviário mínimo = 0,90 m e máximo = 3,50 m - areia e brita comerciais","m",76266.02]
[606837,"Arco metálico galvanizado tipo MP 152S - ovoide - vão = 8,13 m e altura = 8,01 m - aterro rodoviário mínimo = 0,90 m e máximo = 3,50 m - areia extraída e brita produzida","m",75885.98]
[606846,"Arco metálico galvanizado tipo MP 152S - ovoide - vão = 8,36 m e altura = 8,23 m - aterro rodoviário mínimo = 0,90 m e máximo = 4,30 m - areia e brita comerciais","m",76944.54]
[606836,"Arco metálico galvanizado tipo MP 152S - ovoide - vão = 8,36 m e altura = 8,23 m - aterro rodoviário mínimo = 0,90 m e máximo = 4,30 m - areia extraída e brita produzida","m",76560.22]
[606848,"Arco metálico galvanizado tipo MP 152S - ovoide - vão = 8,56 m e altura = 8,48 m - aterro rodoviário mínimo = 0,90 m e máximo = 5,30 m - areia e brita comerciais","m",77005.08]
[606838,"Arco metálico galvanizado tipo MP 152S - ovoide - vão = 8,56 m e altura = 8,48 m - aterro rodoviário mínimo = 0,90 m e máximo = 5,30 m - areia extraída e brita produzida","m",76605.53]
[606849,"Arco metálico galvanizado tipo MP 152S - ovoide - vão = 8,71 m e altura = 9,32 m - aterro rodoviário mínimo = 0,90 m e máximo = 6,00 m - areia e brita comerciais","m",83222.7]
[606839,"Arco metálico galvanizado tipo MP 152S - ovoide - vão = 8,71 m e altura = 9,32 m - aterro rodoviário mínimo = 0,90 m e máximo = 6,00 m - areia extraída e brita produzida","m",82832.61]
[606850,"Arco metálico galvanizado tipo MP 152S - ovoide - vão = 9,15 m e altura = 9,04 m - aterro rodoviário mínimo = 0,90 m e máximo = 4,70 m - areia e brita comerciais","m",83913.35]
[606840,"Arco metálico galvanizado tipo MP 152S - ovoide - vão = 9,15 m e altura = 9,04 m - aterro rodoviário mínimo = 0,90 m e máximo = 4,70 m - areia extraída e brita produzida","m",83487.25]
[606851,"Arco metálico galvanizado tipo MP 152S - ovoide - vão = 9,15 m e altura = 9,50 m - aterro rodoviário mínimo = 0,90 m e máximo = 5,70 m - areia e brita comerciais","m",84685.83]
[606841,"Arco metálico galvanizado tipo MP 152S - ovoide - vão = 9,15 m e altura = 9,50 m - aterro rodoviário mínimo = 0,90 m e máximo = 5,70 m - areia extraída e brita produzida","m",84277.49]
[605604,"Argamassa de solo-cimento com 10% de cimento e material de jazida - preparo e injeção em tunnel liner","m³",294.85]
[605695,"Bueiro metálico com chapas múltiplas MP 100 com revestimento em epóxi - D = 0,60 m - brita comercial","m",1612.28]
[605607,"Bueiro metálico com chapas múltiplas MP 100 com revestimento em epóxi - D = 0,60 m - brita produzida","m",1585.99]
[605696,"Bueiro metálico com chapas múltiplas MP 100 com revestimento em epóxi - D = 0,70 m - brita comercial","m",1856.22]
[605608,"Bueiro metálico com chapas múltiplas MP 100 com revestimento em epóxi - D = 0,70 m - brita produzida","m",1828.29]
[605697,"Bueiro metálico com chapas múltiplas MP 100 com revestimento em epóxi - D = 0,80 m - brita comercial","m",2100.18]
[605609,"Bueiro metálico com chapas múltiplas MP 100 com revestimento em epóxi - D = 0,80 m - brita produzida","m",2070.61]
[605698,"Bueiro metálico com chapas múltiplas MP 100 com revestimento em epóxi - D = 0,90 m - brita comercial","m",2296.52]
[605610,"Bueiro metálico com chapas múltiplas MP 100 com revestimento em epóxi - D = 0,90 m - brita produzida","m",2265.3]
[605699,"Bueiro metálico com chapas múltiplas MP 100 com revestimento em epóxi - D = 1,00 m - brita comercial","m",2540.42]
[605611,"Bueiro metálico com chapas múltiplas MP 100 com revestimento em epóxi - D = 1,00 m - brita produzida","m",2507.56]
[605700,"Bueiro metálico com chapas múltiplas MP 100 com revestimento em epóxi - D = 1,10 m - brita comercial","m",2879.74]
[605612,"Bueiro metálico com chapas múltiplas MP 100 com revestimento em epóxi - D = 1,10 m - brita produzida","m",2845.24]
[605701,"Bueiro metálico com chapas múltiplas MP 100 com revestimento em epóxi - D = 1,20 m - brita comercial","m",3076.05]
[605613,"Bueiro metálico com chapas múltiplas MP 100 com revestimento em epóxi - D = 1,20 m - brita produzida","m",3039.9]
[605702,"Bueiro metálico com chapas múltiplas MP 100 com revestimento em epóxi - D = 1,30 m - brita comercial","m",3358.63]
[605614,"Bueiro metálico com chapas múltiplas MP 100 com revestimento em epóxi - D = 1,30 m - brita produzida","m",3301.95]
[605703,"Bueiro metálico com chapas múltiplas MP 100 com revestimento em epóxi - D = 1,40 m - brita comercial","m",3559.13]
[605615,"Bueiro metálico com chapas múltiplas MP 100 com revestimento em epóxi - D = 1,40 m - brita produzida","m",3499.98]
[605704,"Bueiro metálico com chapas múltiplas MP 100 com revestimento em epóxi - D = 1,50 m - brita comercial","m",3807.85]
[605616,"Bueiro metálico com chapas múltiplas MP 100 com revestimento em epóxi - D = 1,50 m - brita produzida","m",3746.24]
[605705,"Bueiro metálico com chapas múltiplas MP 100 com revestimento em epóxi - D = 1,60 m - brita comercial","m",4060.22]
[605617,"Bueiro metálico com chapas múltiplas MP 100 com revestimento em epóxi - D = 1,60 m - brita produzida","m",3996.15]
[605706,"Bueiro metálico com chapas múltiplas MP 100 com revestimento em epóxi - D = 1,70 m - brita comercial","m",4266.24]
[605618,"Bueiro metálico com chapas múltiplas MP 100 com revestimento em epóxi - D = 1,70 m - brita produzida","m",4199.69]
[605707,"Bueiro metálico com chapas múltiplas MP 100 com revestimento em epóxi - D = 1,80 m - brita comercial","m",4724.84]
[605619,"Bueiro metálico com chapas múltiplas MP 100 com revestimento em epóxi - D = 1,80 m - brita produzida","m",4655.84]
[605708,"Bueiro metálico com chapas múltiplas MP 100 com revestimento em epóxi - D = 1,90 m - brita comercial","m",5540.45]
[605620,"Bueiro metálico com chapas múltiplas MP 100 com revestimento em epóxi - D = 1,90 m - brita produzida","m",5468.97]
[605709,"Bueiro metálico com chapas múltiplas MP 100 com revestimento em epóxi - D = 2,00 m - brita comercial","m",5805.87]
[605621,"Bueiro metálico com chapas múltiplas MP 100 com revestimento em epóxi - D = 2,00 m - brita produzida","m",5731.93]
[605710,"Bueiro metálico com chapas múltiplas MP 100 com revestimento em epóxi - D = 2,10 m - brita comercial","m",6233.71]
[605622,"Bueiro metálico com chapas múltiplas MP 100 com revestimento em epóxi - D = 2,10 m - brita produzida","m",6157.31]
[605711,"Bueiro metálico com chapas múltiplas MP 100 com revestimento em epóxi - D = 2,20 m - brita comercial","m",6440.76]
[605623,"Bueiro metálico com chapas múltiplas MP 100 com revestimento em epóxi - D = 2,20 m - brita produzida","m",6361.89]
[605712,"Bueiro metálico com chapas múltiplas MP 100 com revestimento em epóxi - D = 2,30 m - brita comercial","m",6777]
[605624,"Bueiro metálico com chapas múltiplas MP 100 com revestimento em epóxi - D = 2,30 m - brita produzida","m",6695.67]
[605713,"Bueiro metálico com chapas múltiplas MP 100 com revestimento em epóxi - D = 2,40 m - brita comercial","m",9093.68]
[605625,"Bueiro metálico com chapas múltiplas MP 100 com revestimento em epóxi - D = 2,40 m - brita produzida","m",9009.88]
[605714,"Bueiro metálico com chapas múltiplas MP 100 com revestimento em epóxi - D = 2,50 m - brita comercial","m",11451.99]
[605626,"Bueiro metálico com chapas múltiplas MP 100 com revestimento em epóxi - D = 2,50 m - brita produzida","m",11365.73]
[605715,"Bueiro metálico com chapas múltiplas MP 100 com revestimento em epóxi - D = 2,60 m - brita comercial","m",12221.65]
[605627,"Bueiro metálico com chapas múltiplas MP 100 com revestimento em epóxi - D = 2,60 m - brita produzida","m",12132.93]
[605716,"Bueiro metálico com chapas múltiplas MP 100 com revestimento em epóxi - D = 2,70 m - brita comercial","m",12666.85]
[605628,"Bueiro metálico com chapas múltiplas MP 100 com revestimento em epóxi - D = 2,70 m - brita produzida","m",12575.66]
[605717,"Bueiro metálico com chapas múltiplas MP 100 com revestimento em epóxi - D = 2,80 m - brita comercial","m",13486.76]
[605629,"Bueiro metálico com chapas múltiplas MP 100 com revestimento em epóxi - D = 2,80 m - brita produzida","m",13393.11]
[605651,"Bueiro metálico com chapas múltiplas MP 100 galvanizadas - D = 0,60 m - brita comercial","m",1523.17]
[605460,"Bueiro metálico com chapas múltiplas MP 100 galvanizadas - D = 0,60 m - brita produzida","m",1496.88]
[605652,"Bueiro metálico com chapas múltiplas MP 100 galvanizadas - D = 0,70 m - brita comercial","m",1753.18]
[605461,"Bueiro metálico com chapas múltiplas MP 100 galvanizadas - D = 0,70 m - brita produzida","m",1725.25]
[605653,"Bueiro metálico com chapas múltiplas MP 100 galvanizadas - D = 0,80 m - brita comercial","m",1983.22]
[605462,"Bueiro metálico com chapas múltiplas MP 100 galvanizadas - D = 0,80 m - brita produzida","m",1953.65]
[605654,"Bueiro metálico com chapas múltiplas MP 100 galvanizadas - D = 0,90 m - brita comercial","m",2168.42]
[605463,"Bueiro metálico com chapas múltiplas MP 100 galvanizadas - D = 0,90 m - brita produzida","m",2137.21]
[605655,"Bueiro metálico com chapas múltiplas MP 100 galvanizadas - D = 1,00 m - brita comercial","m",2398.4]
[605464,"Bueiro metálico com chapas múltiplas MP 100 galvanizadas - D = 1,00 m - brita produzida","m",2365.54]
[605656,"Bueiro metálico com chapas múltiplas MP 100 galvanizadas - D = 1,10 m - brita comercial","m",2718.22]
[605465,"Bueiro metálico com chapas múltiplas MP 100 galvanizadas - D = 1,10 m - brita produzida","m",2683.72]
[605657,"Bueiro metálico com chapas múltiplas MP 100 galvanizadas - D = 1,20 m - brita comercial","m",2903.39]
[605466,"Bueiro metálico com chapas múltiplas MP 100 galvanizadas - D = 1,20 m - brita produzida","m",2867.24]
[605658,"Bueiro metálico com chapas múltiplas MP 100 galvanizadas - D = 1,30 m - brita comercial","m",3172.06]
[605467,"Bueiro metálico com chapas múltiplas MP 100 galvanizadas - D = 1,30 m - brita produzida","m",3115.37]
[605659,"Bueiro metálico com chapas múltiplas MP 100 galvanizadas - D = 1,40 m - brita comercial","m",3361.41]
[605468,"Bueiro metálico com chapas múltiplas MP 100 galvanizadas - D = 1,40 m - brita produzida","m",3302.26]
[605660,"Bueiro metálico com chapas múltiplas MP 100 galvanizadas - D = 1,50 m - brita comercial","m",3596.21]
[605469,"Bueiro metálico com chapas múltiplas MP 100 galvanizadas - D = 1,50 m - brita produzida","m",3534.6]
[605661,"Bueiro metálico com chapas múltiplas MP 100 galvanizadas - D = 1,60 m - brita comercial","m",3834.66]
[605470,"Bueiro metálico com chapas múltiplas MP 100 galvanizadas - D = 1,60 m - brita produzida","m",3770.58]
[605662,"Bueiro metálico com chapas múltiplas MP 100 galvanizadas - D = 1,70 m - brita comercial","m",4029.53]
[605471,"Bueiro metálico com chapas múltiplas MP 100 galvanizadas - D = 1,70 m - brita produzida","m",3962.99]
[605663,"Bueiro metálico com chapas múltiplas MP 100 galvanizadas - D = 1,80 m - brita comercial","m",4474.23]
[605472,"Bueiro metálico com chapas múltiplas MP 100 galvanizadas - D = 1,80 m - brita produzida","m",4405.22]
[605664,"Bueiro metálico com chapas múltiplas MP 100 galvanizadas - D = 1,90 m - brita comercial","m",5240.12]
[605473,"Bueiro metálico com chapas múltiplas MP 100 galvanizadas - D = 1,90 m - brita produzida","m",5168.65]
[605665,"Bueiro metálico com chapas múltiplas MP 100 galvanizadas - D = 2,00 m - brita comercial","m",5489.31]
[605474,"Bueiro metálico com chapas múltiplas MP 100 galvanizadas - D = 2,00 m - brita produzida","m",5415.38]
[605666,"Bueiro metálico com chapas múltiplas MP 100 galvanizadas - D = 2,10 m - brita comercial","m",5895.51]
[605475,"Bueiro metálico com chapas múltiplas MP 100 galvanizadas - D = 2,10 m - brita produzida","m",5819.11]
[605667,"Bueiro metálico com chapas múltiplas MP 100 galvanizadas - D = 2,20 m - brita comercial","m",6094.44]
[605476,"Bueiro metálico com chapas múltiplas MP 100 galvanizadas - D = 2,20 m - brita produzida","m",6015.57]
[605668,"Bueiro metálico com chapas múltiplas MP 100 galvanizadas - D = 2,30 m - brita comercial","m",6417.16]
[605477,"Bueiro metálico com chapas múltiplas MP 100 galvanizadas - D = 2,30 m - brita produzida","m",6335.83]
[605669,"Bueiro metálico com chapas múltiplas MP 100 galvanizadas - D = 2,40 m - brita comercial","m",8426.11]
[605478,"Bueiro metálico com chapas múltiplas MP 100 galvanizadas - D = 2,40 m - brita produzida","m",8342.32]
[605670,"Bueiro metálico com chapas múltiplas MP 100 galvanizadas - D = 2,50 m - brita comercial","m",10610.75]
[605479,"Bueiro metálico com chapas múltiplas MP 100 galvanizadas - D = 2,50 m - brita produzida","m",10524.49]
[605671,"Bueiro metálico com chapas múltiplas MP 100 galvanizadas - D = 2,60 m - brita comercial","m",11332.53]
[605480,"Bueiro metálico com chapas múltiplas MP 100 galvanizadas - D = 2,60 m - brita produzida","m",11243.81]
[605672,"Bueiro metálico com chapas múltiplas MP 100 galvanizadas - D = 2,70 m - brita comercial","m",11760.61]
[605481,"Bueiro metálico com chapas múltiplas MP 100 galvanizadas - D = 2,70 m - brita produzida","m",11669.43]
[605673,"Bueiro metálico com chapas múltiplas MP 100 galvanizadas - D = 2,80 m - brita comercial","m",12536.08]
[605482,"Bueiro metálico com chapas múltiplas MP 100 galvanizadas - D = 2,80 m - brita produzida","m",12442.43]
[605718,"Bueiro metálico com chapas múltiplas MP 152 com revestimento em epóxi - D = 1,50 m - brita comercial","m",7586.91]
[605630,"Bueiro metálico com chapas múltiplas MP 152 com revestimento em epóxi - D = 1,50 m - brita produzida","m",7525.29]
[605719,"Bueiro metálico com chapas múltiplas MP 152 com revestimento em epóxi - D = 1,80 m - brita comercial","m",9386.8]
[605631,"Bueiro metálico com chapas múltiplas MP 152 com revestimento em epóxi - D = 1,80 m - brita produzida","m",9317.79]
[605720,"Bueiro metálico com chapas múltiplas MP 152 com revestimento em epóxi - D = 1,90 m - brita comercial","m",9686.59]
[605632,"Bueiro metálico com chapas múltiplas MP 152 com revestimento em epóxi - D = 1,90 m - brita produzida","m",9615.12]
[605721,"Bueiro metálico com chapas múltiplas MP 152 com revestimento em epóxi - D = 2,15 m - brita comercial","m",10976.53]
[605633,"Bueiro metálico com chapas múltiplas MP 152 com revestimento em epóxi - D = 2,15 m - brita produzida","m",10898.9]
[605722,"Bueiro metálico com chapas múltiplas MP 152 com revestimento em epóxi - D = 2,30 m - brita comercial","m",11627.17]
[605634,"Bueiro metálico com chapas múltiplas MP 152 com revestimento em epóxi - D = 2,30 m - brita produzida","m",11545.84]
[605723,"Bueiro metálico com chapas múltiplas MP 152 com revestimento em epóxi - D = 2,65 m - brita comercial","m",13603.8]
[605635,"Bueiro metálico com chapas múltiplas MP 152 com revestimento em epóxi - D = 2,65 m - brita produzida","m",13513.85]
[605724,"Bueiro metálico com chapas múltiplas MP 152 com revestimento em epóxi - D = 3,05 m - brita comercial","m",15536.23]
[605636,"Bueiro metálico com chapas múltiplas MP 152 com revestimento em epóxi - D = 3,05 m - brita produzida","m",15411.77]
[605725,"Bueiro metálico com chapas múltiplas MP 152 com revestimento em epóxi - D = 3,20 m - brita comercial","m",16493.41]
[605637,"Bueiro metálico com chapas múltiplas MP 152 com revestimento em epóxi - D = 3,20 m - brita produzida","m",16365.26]
[605726,"Bueiro metálico com chapas múltiplas MP 152 com revestimento em epóxi - D = 3,40 m - brita comercial","m",17457.02]
[605638,"Bueiro metálico com chapas múltiplas MP 152 com revestimento em epóxi - D = 3,40 m - brita produzida","m",17323.94]
[605727,"Bueiro metálico com chapas múltiplas MP 152 com revestimento em epóxi - D = 3,65 m - brita comercial","m",18711.05]
[605639,"Bueiro metálico com chapas múltiplas MP 152 com revestimento em epóxi - D = 3,65 m - brita produzida","m",18571.81]
[605728,"Bueiro metálico com chapas múltiplas MP 152 com revestimento em epóxi - D = 3,80 m - brita comercial","m",19408.38]
[605640,"Bueiro metálico com chapas múltiplas MP 152 com revestimento em epóxi - D = 3,80 m - brita produzida","m",19265.44]
[605729,"Bueiro metálico com chapas múltiplas MP 152 com revestimento em epóxi - D = 4,20 m - brita comercial","m",21320.59]
[605641,"Bueiro metálico com chapas múltiplas MP 152 com revestimento em epóxi - D = 4,20 m - brita produzida","m",21167.79]
[605730,"Bueiro metálico com chapas múltiplas MP 152 com revestimento em epóxi - D = 4,60 m - brita comercial","m",23287.53]
[605642,"Bueiro metálico com chapas múltiplas MP 152 com revestimento em epóxi - D = 4,60 m - brita produzida","m",23124.87]
[605731,"Bueiro metálico com chapas múltiplas MP 152 com revestimento em epóxi - D = 4,80 m - brita comercial","m",29523.74]
[605643,"Bueiro metálico com chapas múltiplas MP 152 com revestimento em epóxi - D = 4,80 m - brita produzida","m",29356.15]
[605732,"Bueiro metálico com chapas múltiplas MP 152 com revestimento em epóxi - D = 5,00 m - brita comercial","m",30524.78]
[605644,"Bueiro metálico com chapas múltiplas MP 152 com revestimento em epóxi - D = 5,00 m - brita produzida","m",30323.51]
[605733,"Bueiro metálico com chapas múltiplas MP 152 com revestimento em epóxi - D = 5,35 m - brita comercial","m",37180.68]
[605645,"Bueiro metálico com chapas múltiplas MP 152 com revestimento em epóxi - D = 5,35 m - brita produzida","m",36969.35]
[605734,"Bueiro metálico com chapas múltiplas MP 152 com revestimento em epóxi - D = 5,70 m - brita comercial","m",39940.64]
[605646,"Bueiro metálico com chapas múltiplas MP 152 com revestimento em epóxi - D = 5,70 m - brita produzida","m",39719.24]
[605735,"Bueiro metálico com chapas múltiplas MP 152 com revestimento em epóxi - D = 6,10 m - brita comercial","m",49247.58]
[605647,"Bueiro metálico com chapas múltiplas MP 152 com revestimento em epóxi - D = 6,10 m - brita produzida","m",49014.68]
[605736,"Bueiro metálico com chapas múltiplas MP 152 com revestimento em epóxi - D = 6,50 m - brita comercial","m",62937.87]
[605648,"Bueiro metálico com chapas múltiplas MP 152 com revestimento em epóxi - D = 6,50 m - brita produzida","m",62693.48]
[605737,"Bueiro metálico com chapas múltiplas MP 152 com revestimento em epóxi - D = 6,85 m - brita comercial","m",66914.98]
[605649,"Bueiro metálico com chapas múltiplas MP 152 com revestimento em epóxi - D = 6,85 m - brita produzida","m",66660.52]
[605738,"Bueiro metálico com chapas múltiplas MP 152 com revestimento em epóxi - D = 7,25 m - brita comercial","m",70932.43]
[605650,"Bueiro metálico com chapas múltiplas MP 152 com revestimento em epóxi - D = 7,25 m - brita produzida","m",70666.47]
[605674,"Bueiro metálico com chapas múltiplas MP 152 galvanizadas - D = 1,50 m - brita comercial","m",7332.16]
[605483,"Bueiro metálico com chapas múltiplas MP 152 galvanizadas - D = 1,50 m - brita produzida","m",7270.55]
[605675,"Bueiro metálico com chapas múltiplas MP 152 galvanizadas - D = 1,80 m - brita comercial","m",9078.78]
[605484,"Bueiro metálico com chapas múltiplas MP 152 galvanizadas - D = 1,80 m - brita produzida","m",9009.77]
[605676,"Bueiro metálico com chapas múltiplas MP 152 galvanizadas - D = 1,90 m - brita comercial","m",9368.58]
[605485,"Bueiro metálico com chapas múltiplas MP 152 galvanizadas - D = 1,90 m - brita produzida","m",9297.11]
[605677,"Bueiro metálico com chapas múltiplas MP 152 galvanizadas - D = 2,15 m - brita comercial","m",10615.23]
[605486,"Bueiro metálico com chapas múltiplas MP 152 galvanizadas - D = 2,15 m - brita produzida","m",10537.6]
[605678,"Bueiro metálico com chapas múltiplas MP 152 galvanizadas - D = 2,30 m - brita comercial","m",11245.88]
[605487,"Bueiro metálico com chapas múltiplas MP 152 galvanizadas - D = 2,30 m - brita produzida","m",11164.55]
[605679,"Bueiro metálico com chapas múltiplas MP 152 galvanizadas - D = 2,65 m - brita comercial","m",13157.59]
[605488,"Bueiro metálico com chapas múltiplas MP 152 galvanizadas - D = 2,65 m - brita produzida","m",13067.64]
[605680,"Bueiro metálico com chapas múltiplas MP 152 galvanizadas - D = 3,05 m - brita comercial","m",15026.75]
[605489,"Bueiro metálico com chapas múltiplas MP 152 galvanizadas - D = 3,05 m - brita produzida","m",14902.29]
[605681,"Bueiro metálico com chapas múltiplas MP 152 galvanizadas - D = 3,20 m - brita comercial","m",15952.3]
[605490,"Bueiro metálico com chapas múltiplas MP 152 galvanizadas - D = 3,20 m - brita produzida","m",15824.14]
[605682,"Bueiro metálico com chapas múltiplas MP 152 galvanizadas - D = 3,40 m - brita comercial","m",16884.27]
[605491,"Bueiro metálico com chapas múltiplas MP 152 galvanizadas - D = 3,40 m - brita produzida","m",16751.18]
[605683,"Bueiro metálico com chapas múltiplas MP 152 galvanizadas - D = 3,65 m - brita comercial","m",18096.67]
[605492,"Bueiro metálico com chapas múltiplas MP 152 galvanizadas - D = 3,65 m - brita produzida","m",17957.43]
[605684,"Bueiro metálico com chapas múltiplas MP 152 galvanizadas - D = 3,80 m - brita comercial","m",18772.35]
[605493,"Bueiro metálico com chapas múltiplas MP 152 galvanizadas - D = 3,80 m - brita produzida","m",18629.41]
[605685,"Bueiro metálico com chapas múltiplas MP 152 galvanizadas - D = 4,20 m - brita comercial","m",20619.64]
[605494,"Bueiro metálico com chapas múltiplas MP 152 galvanizadas - D = 4,20 m - brita produzida","m",20466.84]
[605686,"Bueiro metálico com chapas múltiplas MP 152 galvanizadas - D = 4,60 m - brita comercial","m",22523.3]
[605495,"Bueiro metálico com chapas múltiplas MP 152 galvanizadas - D = 4,60 m - brita produzida","m",22360.64]
[605687,"Bueiro metálico com chapas múltiplas MP 152 galvanizadas - D = 4,80 m - brita comercial","m",25747.56]
[605496,"Bueiro metálico com chapas múltiplas MP 152 galvanizadas - D = 4,80 m - brita produzida","m",25579.97]
[605688,"Bueiro metálico com chapas múltiplas MP 152 galvanizadas - D = 5,00 m - brita comercial","m",26641.95]
[605497,"Bueiro metálico com chapas múltiplas MP 152 galvanizadas - D = 5,00 m - brita produzida","m",26440.69]
[605689,"Bueiro metálico com chapas múltiplas MP 152 galvanizadas - D = 5,35 m - brita comercial","m",33415.32]
[605498,"Bueiro metálico com chapas múltiplas MP 152 galvanizadas - D = 5,35 m - brita produzida","m",33203.98]
[605690,"Bueiro metálico com chapas múltiplas MP 152 galvanizadas - D = 5,70 m - brita comercial","m",35905.98]
[605499,"Bueiro metálico com chapas múltiplas MP 152 galvanizadas - D = 5,70 m - brita produzida","m",35684.58]
[605691,"Bueiro metálico com chapas múltiplas MP 152 galvanizadas - D = 6,10 m - brita comercial","m",44112.98]
[605500,"Bueiro metálico com chapas múltiplas MP 152 galvanizadas - D = 6,10 m - brita produzida","m",43880.08]
[605692,"Bueiro metálico com chapas múltiplas MP 152 galvanizadas - D = 6,50 m - brita comercial","m",52863.39]
[605501,"Bueiro metálico com chapas múltiplas MP 152 galvanizadas - D = 6,50 m - brita produzida","m",52618.99]
[605693,"Bueiro metálico com chapas múltiplas MP 152 galvanizadas - D = 6,85 m - brita comercial","m",56250.21]
[605502,"Bueiro metálico com chapas múltiplas MP 152 galvanizadas - D = 6,85 m - brita produzida","m",55995.75]
[605694,"Bueiro metálico com chapas múltiplas MP 152 galvanizadas - D = 7,25 m - brita comercial","m",59677.39]
[605503,"Bueiro metálico com chapas múltiplas MP 152 galvanizadas - D = 7,25 m - brita produzida","m",59411.43]
[606433,"Bueiro metálico com chapas múltiplas MP 152 galvanizadas - lenticular - vão = 1,95 m e altura = 1,40 m - aterro rodoviário mínimo = 0,60 m e máximo = 8,40 m - brita comercial","m",8831.03]
[606343,"Bueiro metálico com chapas múltiplas MP 152 galvanizadas - lenticular - vão = 1,95 m e altura = 1,40 m - aterro rodoviário mínimo = 0,60 m e máximo = 8,40 m - brita produzida","m",8758.33]
[606434,"Bueiro metálico com chapas múltiplas MP 152 galvanizadas - lenticular - vão = 2,15 m e altura = 1,50 m - aterro rodoviário mínimo = 0,60 m e máximo = 7,50 m - brita comercial","m",9763.95]
[606344,"Bueiro metálico com chapas múltiplas MP 152 galvanizadas - lenticular - vão = 2,15 m e altura = 1,50 m - aterro rodoviário mínimo = 0,60 m e máximo = 7,50 m - brita produzida","m",9686.32]
[606435,"Bueiro metálico com chapas múltiplas MP 152 galvanizadas - lenticular - vão = 2,30 m e altura = 1,60 m - aterro rodoviário mínimo = 0,60 m e máximo = 7,20 m - brita comercial","m",10662.64]
[606345,"Bueiro metálico com chapas múltiplas MP 152 galvanizadas - lenticular - vão = 2,30 m e altura = 1,60 m - aterro rodoviário mínimo = 0,60 m e máximo = 7,20 m - brita produzida","m",10581.31]
[606436,"Bueiro metálico com chapas múltiplas MP 152 galvanizadas - lenticular - vão = 2,55 m e altura = 1,65 m - aterro rodoviário mínimo = 0,60 m e máximo = 6,50 m - brita comercial","m",11335.84]
[606346,"Bueiro metálico com chapas múltiplas MP 152 galvanizadas - lenticular - vão = 2,55 m e altura = 1,65 m - aterro rodoviário mínimo = 0,60 m e máximo = 6,50 m - brita produzida","m",11248.35]
[606437,"Bueiro metálico com chapas múltiplas MP 152 galvanizadas - lenticular - vão = 2,70 m e altura = 1,85 m - aterro rodoviário mínimo = 0,60 m e máximo = 6,60 m - brita comercial","m",12269.11]
[606347,"Bueiro metálico com chapas múltiplas MP 152 galvanizadas - lenticular - vão = 2,70 m e altura = 1,85 m - aterro rodoviário mínimo = 0,60 m e máximo = 6,60 m - brita produzida","m",12177.92]
[606438,"Bueiro metálico com chapas múltiplas MP 152 galvanizadas - lenticular - vão = 2,75 m e altura = 1,90 m - aterro rodoviário mínimo = 0,60 m e máximo = 6,50 m - brita comercial","m",12596.74]
[606348,"Bueiro metálico com chapas múltiplas MP 152 galvanizadas - lenticular - vão = 2,75 m e altura = 1,90 m - aterro rodoviário mínimo = 0,60 m e máximo = 6,50 m - brita produzida","m",12504.32]
[606439,"Bueiro metálico com chapas múltiplas MP 152 galvanizadas - lenticular - vão = 3,00 m e altura = 2,00 m - aterro rodoviário mínimo = 0,60 m e máximo = 6,00 m - brita comercial","m",13280.08]
[606349,"Bueiro metálico com chapas múltiplas MP 152 galvanizadas - lenticular - vão = 3,00 m e altura = 2,00 m - aterro rodoviário mínimo = 0,60 m e máximo = 6,00 m - brita produzida","m",13156.85]
[606440,"Bueiro metálico com chapas múltiplas MP 152 galvanizadas - lenticular - vão = 3,20 m e altura = 2,10 m - aterro rodoviário mínimo = 0,60 m e máximo = 5,60 m - brita comercial","m",13889.64]
[606350,"Bueiro metálico com chapas múltiplas MP 152 galvanizadas - lenticular - vão = 3,20 m e altura = 2,10 m - aterro rodoviário mínimo = 0,60 m e máximo = 5,60 m - brita produzida","m",13761.48]
[606441,"Bueiro metálico com chapas múltiplas MP 152 galvanizadas - lenticular - vão = 3,35 m e altura = 2,15 m - aterro rodoviário mínimo = 0,60 m e máximo = 5,30 m - brita comercial","m",14549.99]
[606351,"Bueiro metálico com chapas múltiplas MP 152 galvanizadas - lenticular - vão = 3,35 m e altura = 2,15 m - aterro rodoviário mínimo = 0,60 m e máximo = 5,30 m - brita produzida","m",14418.14]
[606442,"Bueiro metálico com chapas múltiplas MP 152 galvanizadas - lenticular - vão = 3,55 m e altura = 2,25 m - aterro rodoviário mínimo = 0,60 m e máximo = 5,00 m - brita comercial","m",15185.41]
[606352,"Bueiro metálico com chapas múltiplas MP 152 galvanizadas - lenticular - vão = 3,55 m e altura = 2,25 m - aterro rodoviário mínimo = 0,60 m e máximo = 5,00 m - brita produzida","m",15048.63]
[606443,"Bueiro metálico com chapas múltiplas MP 152 galvanizadas - lenticular - vão = 3,70 m e altura = 2,35 m - aterro rodoviário mínimo = 0,60 m e máximo = 4,90 m - brita comercial","m",16102.85]
[606353,"Bueiro metálico com chapas múltiplas MP 152 galvanizadas - lenticular - vão = 3,70 m e altura = 2,35 m - aterro rodoviário mínimo = 0,60 m e máximo = 4,90 m - brita produzida","m",15962.37]
[606444,"Bueiro metálico com chapas múltiplas MP 152 galvanizadas - lenticular - vão = 3,90 m e altura = 2,45 m - aterro rodoviário mínimo = 0,60 m e máximo = 4,60 m - brita comercial","m",16800.04]
[606354,"Bueiro metálico com chapas múltiplas MP 152 galvanizadas - lenticular - vão = 3,90 m e altura = 2,45 m - aterro rodoviário mínimo = 0,60 m e máximo = 4,60 m - brita produzida","m",16654.63]
[606445,"Bueiro metálico com chapas múltiplas MP 152 galvanizadas - lenticular - vão = 4,00 m e altura = 2,55 m - aterro rodoviário mínimo = 0,60 m e máximo = 4,50 m - brita comercial","m",17455.21]
[606355,"Bueiro metálico com chapas múltiplas MP 152 galvanizadas - lenticular - vão = 4,00 m e altura = 2,55 m - aterro rodoviário mínimo = 0,60 m e máximo = 4,50 m - brita produzida","m",17307.34]
[606446,"Bueiro metálico com chapas múltiplas MP 152 galvanizadas - lenticular - vão = 4,15 m e altura = 2,80 m - aterro rodoviário mínimo = 0,60 m e máximo = 6,80 m - brita comercial","m",18091.69]
[606356,"Bueiro metálico com chapas múltiplas MP 152 galvanizadas - lenticular - vão = 4,15 m e altura = 2,80 m - aterro rodoviário mínimo = 0,60 m e máximo = 6,80 m - brita produzida","m",17940.12]
[606447,"Bueiro metálico com chapas múltiplas MP 152 galvanizadas - lenticular - vão = 4,40 m e altura = 2,90 m - aterro rodoviário mínimo = 0,60 m e máximo = 6,40 m - brita comercial","m",18793.35]
[606357,"Bueiro metálico com chapas múltiplas MP 152 galvanizadas - lenticular - vão = 4,40 m e altura = 2,90 m - aterro rodoviário mínimo = 0,60 m e máximo = 6,40 m - brita produzida","m",18609.33]
[606448,"Bueiro metálico com chapas múltiplas MP 152 galvanizadas - lenticular - vão = 4,60 m e altura = 3,00 m - aterro rodoviário mínimo = 0,60 m e máximo = 6,10 m - brita comercial","m",19771.67]
[606358,"Bueiro metálico com chapas múltiplas MP 152 galvanizadas - lenticular - vão = 4,60 m e altura = 3,00 m - aterro rodoviário mínimo = 0,60 m e máximo = 6,10 m - brita produzida","m",19581.91]
[606449,"Bueiro metálico com chapas múltiplas MP 152 galvanizadas - lenticular - vão = 4,80 m e altura = 3,05 m - aterro rodoviário mínimo = 0,60 m e máximo = 5,80 m - brita comercial","m",24380.77]
[606359,"Bueiro metálico com chapas múltiplas MP 152 galvanizadas - lenticular - vão = 4,80 m e altura = 3,05 m - aterro rodoviário mínimo = 0,60 m e máximo = 5,80 m - brita produzida","m",24185.26]
[606450,"Bueiro metálico com chapas múltiplas MP 152 galvanizadas - lenticular - vão = 5,05 m e altura = 3,15 m - aterro rodoviário mínimo = 0,90 m e máximo = 5,50 m - brita comercial","m",25353.81]
[606360,"Bueiro metálico com chapas múltiplas MP 152 galvanizadas - lenticular - vão = 5,05 m e altura = 3,15 m - aterro rodoviário mínimo = 0,90 m e máximo = 5,50 m - brita produzida","m",25151.1]
[606451,"Bueiro metálico com chapas múltiplas MP 152 galvanizadas - lenticular - vão = 5,25 m e altura = 3,25 m - aterro rodoviário mínimo = 0,90 m e máximo = 5,30 m - brita comercial","m",26169.32]
[606361,"Bueiro metálico com chapas múltiplas MP 152 galvanizadas - lenticular - vão = 5,25 m e altura = 3,25 m - aterro rodoviário mínimo = 0,90 m e máximo = 5,30 m - brita produzida","m",25960.86]
[606452,"Bueiro metálico com chapas múltiplas MP 152 galvanizadas - lenticular - vão = 5,45 m e altura = 3,35 m - aterro rodoviário mínimo = 0,90 m e máximo = 5,10 m - brita comercial","m",29828.78]
[606362,"Bueiro metálico com chapas múltiplas MP 152 galvanizadas - lenticular - vão = 5,45 m e altura = 3,35 m - aterro rodoviário mínimo = 0,90 m e máximo = 5,10 m - brita produzida","m",29614.57]
[606453,"Bueiro metálico com chapas múltiplas MP 152 galvanizadas - lenticular - vão = 5,60 m e altura = 3,40 m - aterro rodoviário mínimo = 0,90 m e máximo = 4,90 m - brita comercial","m",30289.53]
[606363,"Bueiro metálico com chapas múltiplas MP 152 galvanizadas - lenticular - vão = 5,60 m e altura = 3,40 m - aterro rodoviário mínimo = 0,90 m e máximo = 4,90 m - brita produzida","m",30071.01]
[606454,"Bueiro metálico com chapas múltiplas MP 152 galvanizadas - lenticular - vão = 5,80 m e altura = 3,50 m - aterro rodoviário mínimo = 0,90 m e máximo = 4,70 m - brita comercial","m",36169.74]
[606364,"Bueiro metálico com chapas múltiplas MP 152 galvanizadas - lenticular - vão = 5,80 m e altura = 3,50 m - aterro rodoviário mínimo = 0,90 m e máximo = 4,70 m - brita produzida","m",35945.47]
[606455,"Bueiro metálico com chapas múltiplas MP 152 galvanizadas - lenticular - vão = 5,90 m e altura = 3,55 m - aterro rodoviário mínimo = 0,90 m e máximo = 4,70 m - brita comercial","m",36750.56]
[606365,"Bueiro metálico com chapas múltiplas MP 152 galvanizadas - lenticular - vão = 5,90 m e altura = 3,55 m - aterro rodoviário mínimo = 0,90 m e máximo = 4,70 m - brita produzida","m",36523.42]
[606456,"Bueiro metálico com chapas múltiplas MP 152 galvanizadas - lenticular - vão = 6,10 m e altura = 3,65 m - aterro rodoviário mínimo = 0,90 m e máximo = 4,50 m - brita comercial","m",38158.89]
[606366,"Bueiro metálico com chapas múltiplas MP 152 galvanizadas - lenticular - vão = 6,10 m e altura = 3,65 m - aterro rodoviário mínimo = 0,90 m e máximo = 4,50 m - brita produzida","m",37925.99]
[606457,"Bueiro metálico com chapas múltiplas MP 152 galvanizadas - lenticular - vão = 6,25 m e altura = 3,65 m - aterro rodoviário mínimo = 0,90 m e máximo = 4,30 m - brita comercial","m",38772.3]
[606367,"Bueiro metálico com chapas múltiplas MP 152 galvanizadas - lenticular - vão = 6,25 m e altura = 3,65 m - aterro rodoviário mínimo = 0,90 m e máximo = 4,30 m - brita produzida","m",38535.09]
[606458,"Bueiro metálico com chapas múltiplas MP 152 galvanizadas - lenticular - vão = 6,40 m e altura = 3,75 m - aterro rodoviário mínimo = 0,90 m e máximo = 4,30 m - brita comercial","m",52714.91]
[606368,"Bueiro metálico com chapas múltiplas MP 152 galvanizadas - lenticular - vão = 6,40 m e altura = 3,75 m - aterro rodoviário mínimo = 0,90 m e máximo = 4,30 m - brita produzida","m",52473.39]
[606459,"Bueiro metálico com chapas múltiplas MP 152 galvanizadas - lenticular - vão = 6,60 m e altura = 3,85 m - aterro rodoviário mínimo = 0,90 m e máximo = 4,10 m - brita comercial","m",54848.45]
[606369,"Bueiro metálico com chapas múltiplas MP 152 galvanizadas - lenticular - vão = 6,60 m e altura = 3,85 m - aterro rodoviário mínimo = 0,90 m e máximo = 4,10 m - brita produzida","m",54601.18]
[606479,"Bueiro metálico com chapas múltiplas MP 152 galvanizadas - passagem de gado - vão = 2,20 m e altura = 2,25 m -aterro rodoviário mínimo = 0,30 m e máximo = 8,90 m - brita comercial","m",12384.45]
[606460,"Bueiro metálico com chapas múltiplas MP 152 galvanizadas - passagem de gado - vão = 2,20 m e altura = 2,25 m -aterro rodoviário mínimo = 0,30 m e máximo = 8,90 m - brita produzida","m",12292.44]
[606480,"Bueiro metálico com chapas múltiplas MP 152 galvanizadas - passagem de gado - vão = 2,90 m e altura = 3,10 m - aterro rodoviário mínimo = 0,60 m e máximo = 11,40 m - brita comercial","m",16143.5]
[606461,"Bueiro metálico com chapas múltiplas MP 152 galvanizadas - passagem de gado - vão = 2,90 m e altura = 3,10 m - aterro rodoviário mínimo = 0,60 m e máximo = 11,40 m - brita produzida","m",16031.37]
[606481,"Bueiro metálico com chapas múltiplas MP 152 galvanizadas - passagem inferior - vão = 3,70 m e altura = 3,50 m - aterro rodoviário mínimo = 0,60 m e máximo = 10,30 m - brita comercial","m",18787.25]
[606462,"Bueiro metálico com chapas múltiplas MP 152 galvanizadas - passagem inferior - vão = 3,70 m e altura = 3,50 m - aterro rodoviário mínimo = 0,60 m e máximo = 10,30 m - brita produzida","m",18623.36]
[606482,"Bueiro metálico com chapas múltiplas MP 152 galvanizadas - passagem inferior - vão = 3,90 m e altura = 3,60 m - aterro rodoviário mínimo = 0,60 m e máximo = 9,80 m - brita comercial","m",19764.65]
[606463,"Bueiro metálico com chapas múltiplas MP 152 galvanizadas - passagem inferior - vão = 3,90 m e altura = 3,60 m - aterro rodoviário mínimo = 0,60 m e máximo = 9,80 m - brita produzida","m",19595.01]
[606483,"Bueiro metálico com chapas múltiplas MP 152 galvanizadas - passagem inferior - vão = 4,00 m e altura = 3,75 m - aterro rodoviário mínimo = 0,60 m e máximo = 9,50 m - brita comercial","m",20264.22]
[606464,"Bueiro metálico com chapas múltiplas MP 152 galvanizadas - passagem inferior - vão = 4,00 m e altura = 3,75 m - aterro rodoviário mínimo = 0,60 m e máximo = 9,50 m - brita produzida","m",20091.71]
[606484,"Bueiro metálico com chapas múltiplas MP 152 galvanizadas - passagem inferior - vão = 4,20 m e altura = 3,90 m - aterro rodoviário mínimo = 0,60 m e máximo = 9,10 m - brita comercial","m",20960.81]
[606465,"Bueiro metálico com chapas múltiplas MP 152 galvanizadas - passagem inferior - vão = 4,20 m e altura = 3,90 m - aterro rodoviário mínimo = 0,60 m e máximo = 9,10 m - brita produzida","m",20782.54]
[606485,"Bueiro metálico com chapas múltiplas MP 152 galvanizadas - passagem inferior - vão = 4,25 m e altura = 4,10 m - aterro rodoviário mínimo = 0,60 m e máximo = 8,90 m - brita comercial","m",21629.65]
[606466,"Bueiro metálico com chapas múltiplas MP 152 galvanizadas - passagem inferior - vão = 4,25 m e altura = 4,10 m - aterro rodoviário mínimo = 0,60 m e máximo = 8,90 m - brita produzida","m",21449.94]
[606486,"Bueiro metálico com chapas múltiplas MP 152 galvanizadas - passagem inferior - vão = 4,40 m e altura = 4,25 m - aterro rodoviário mínimo = 0,60 m e máximo = 8,60 m - brita comercial","m",22576.79]
[606467,"Bueiro metálico com chapas múltiplas MP 152 galvanizadas - passagem inferior - vão = 4,40 m e altura = 4,25 m - aterro rodoviário mínimo = 0,60 m e máximo = 8,60 m - brita produzida","m",22392.78]
[606487,"Bueiro metálico com chapas múltiplas MP 152 galvanizadas - passagem inferior - vão = 4,50 m e altura = 4,40 m - aterro rodoviário mínimo = 0,60 m e máximo = 8,40 m - brita comercial","m",23232]
[606468,"Bueiro metálico com chapas múltiplas MP 152 galvanizadas - passagem inferior - vão = 4,50 m e altura = 4,40 m - aterro rodoviário mínimo = 0,60 m e máximo = 8,40 m - brita produzida","m",23045.11]
[606488,"Bueiro metálico com chapas múltiplas MP 152 galvanizadas - passagem inferior - vão = 4,70 m e altura = 4,50 m - aterro rodoviário mínimo = 0,60 m e máximo = 8,90 m - brita comercial","m",28711.08]
[606469,"Bueiro metálico com chapas múltiplas MP 152 galvanizadas - passagem inferior - vão = 4,70 m e altura = 4,50 m - aterro rodoviário mínimo = 0,60 m e máximo = 8,90 m - brita produzida","m",28518.44]
[606489,"Bueiro metálico com chapas múltiplas MP 152 galvanizadas - passagem inferior - vão = 4,80 m e altura = 4,75 m - aterro rodoviário mínimo = 0,90 m e máximo = 9,00 m - brita comercial","m",30288.82]
[606470,"Bueiro metálico com chapas múltiplas MP 152 galvanizadas - passagem inferior - vão = 4,80 m e altura = 4,75 m - aterro rodoviário mínimo = 0,90 m e máximo = 9,00 m - brita produzida","m",30093.31]
[606490,"Bueiro metálico com chapas múltiplas MP 152 galvanizadas - passagem inferior - vão = 5,00 m e altura = 4,85 m - aterro rodoviário mínimo = 0,90 m e máximo = 8,60 m - brita comercial","m",31174.18]
[606471,"Bueiro metálico com chapas múltiplas MP 152 galvanizadas - passagem inferior - vão = 5,00 m e altura = 4,85 m - aterro rodoviário mínimo = 0,90 m e máximo = 8,60 m - brita produzida","m",30972.91]
[606491,"Bueiro metálico com chapas múltiplas MP 152 galvanizadas - passagem inferior - vão = 5,15 m e altura = 4,90 m - aterro rodoviário mínimo = 0,90 m e máximo = 8,50 m - brita comercial","m",32043.1]
[606472,"Bueiro metálico com chapas múltiplas MP 152 galvanizadas - passagem inferior - vão = 5,15 m e altura = 4,90 m - aterro rodoviário mínimo = 0,90 m e máximo = 8,50 m - brita produzida","m",31837.52]
[606492,"Bueiro metálico com chapas múltiplas MP 152 galvanizadas - passagem inferior - vão = 5,25 m e altura = 5,00 m - aterro rodoviário mínimo = 0,90 m e máximo = 8,40 m - brita comercial","m",32696.22]
[606473,"Bueiro metálico com chapas múltiplas MP 152 galvanizadas - passagem inferior - vão = 5,25 m e altura = 5,00 m - aterro rodoviário mínimo = 0,90 m e máximo = 8,40 m - brita produzida","m",32487.76]
[606493,"Bueiro metálico com chapas múltiplas MP 152 galvanizadas - passagem inferior - vão = 5,30 m e altura = 5,30 m - aterro rodoviário mínimo = 0,90 m e máximo = 9,60 m - brita comercial","m",34449.84]
[606474,"Bueiro metálico com chapas múltiplas MP 152 galvanizadas - passagem inferior - vão = 5,30 m e altura = 5,30 m - aterro rodoviário mínimo = 0,90 m e máximo = 9,60 m - brita produzida","m",34239.95]
[606494,"Bueiro metálico com chapas múltiplas MP 152 galvanizadas - passagem inferior - vão = 5,65 m e altura = 5,25 m - aterro rodoviário mínimo = 0,90 m e máximo = 9,00 m - brita comercial","m",39800.89]
[606475,"Bueiro metálico com chapas múltiplas MP 152 galvanizadas - passagem inferior - vão = 5,65 m e altura = 5,25 m - aterro rodoviário mínimo = 0,90 m e máximo = 9,00 m - brita produzida","m",39580.93]
[606495,"Bueiro metálico com chapas múltiplas MP 152 galvanizadas - passagem inferior - vão = 5,85 m e altura = 5,30 m - aterro rodoviário mínimo = 0,90 m e máximo = 8,40 m - brita comercial","m",46870.71]
[606476,"Bueiro metálico com chapas múltiplas MP 152 galvanizadas - passagem inferior - vão = 5,85 m e altura = 5,30 m - aterro rodoviário mínimo = 0,90 m e máximo = 8,40 m - brita produzida","m",46645]
[606496,"Bueiro metálico com chapas múltiplas MP 152 galvanizadas - passagem inferior - vão = 6,00 m e altura = 5,45 m - aterro rodoviário mínimo = 0,90 m e máximo = 8,30 m - brita comercial","m",47983.35]
[606477,"Bueiro metálico com chapas múltiplas MP 152 galvanizadas - passagem inferior - vão = 6,00 m e altura = 5,45 m - aterro rodoviário mínimo = 0,90 m e máximo = 8,30 m - brita produzida","m",47753.33]
[606497,"Bueiro metálico com chapas múltiplas MP 152 galvanizadas - passagem inferior - vão = 6,25 m e altura = 5,50 m - aterro rodoviário mínimo = 0,90 m e máximo = 7,90 m - brita comercial","m",49280.39]
[606478,"Bueiro metálico com chapas múltiplas MP 152 galvanizadas - passagem inferior - vão = 6,25 m e altura = 5,50 m - aterro rodoviário mínimo = 0,90 m e máximo = 7,90 m - brita produzida","m",49043.18]
[605835,"Bueiro metálico sem interrupção de tráfego - D = 1,20 m - chapa com epóxi - escavado em material de 1ª categoria - aterro ferroviário máximo = 12,90 m","m",7151.24]
[605571,"Bueiro metálico sem interrupção de tráfego - D = 1,20 m - chapa com epóxi - escavado em material de 1ª categoria - aterro rodoviário máximo = 9,00 m","m",6331.47]
[605850,"Bueiro metálico sem interrupção de tráfego - D = 1,20 m - chapa com epóxi - escavado em material de 2ª categoria - aterro ferroviário máximo = 12,90 m","m",7633.54]
[605582,"Bueiro metálico sem interrupção de tráfego - D = 1,20 m - chapa com epóxi - escavado em material de 2ª categoria - aterro rodoviário máximo = 9,00 m","m",6813.78]
[605889,"Bueiro metálico sem interrupção de tráfego - D = 1,20 m - chapa com epóxi - escavado em material de 3ª categoria - aterro ferroviário máximo = 12,90 m","m",8572.03]
[605593,"Bueiro metálico sem interrupção de tráfego - D = 1,20 m - chapa com epóxi - escavado em material de 3ª categoria - aterro rodoviário máximo = 9,00 m","m",7752.26]
[605739,"Bueiro metálico sem interrupção de tráfego - D = 1,20 m - chapa galvanizada - escavado em material de 1ª categoria - aterro ferroviário máximo = 12,90 m","m",6897.91]
[605504,"Bueiro metálico sem interrupção de tráfego - D = 1,20 m - chapa galvanizada - escavado em material de 1ª categoria - aterro rodoviário máximo = 9,00 m","m",6028.9]
[605781,"Bueiro metálico sem interrupção de tráfego - D = 1,20 m - chapa galvanizada - escavado em material de 2ª categoria - aterro ferroviário máximo = 12,90 m","m",7380.22]
[605524,"Bueiro metálico sem interrupção de tráfego - D = 1,20 m - chapa galvanizada - escavado em material de 2ª categoria - aterro rodoviário máximo = 9,00 m","m",6511.21]
[605815,"Bueiro metálico sem interrupção de tráfego - D = 1,20 m - chapa galvanizada - escavado em material de 3ª categoria - aterro ferroviário máximo = 12,90 m","m",8318.7]
[605544,"Bueiro metálico sem interrupção de tráfego - D = 1,20 m - chapa galvanizada - escavado em material de 3ª categoria - aterro rodoviário máximo = 9,00 m","m",7449.7]
[605836,"Bueiro metálico sem interrupção de tráfego - D = 1,40 m - chapa com epóxi - escavado em material de 1ª categoria - aterro ferroviário máximo = 11,00 m","m",8107.39]
[605572,"Bueiro metálico sem interrupção de tráfego - D = 1,40 m - chapa com epóxi - escavado em material de 1ª categoria - aterro rodoviário máximo = 7,70 m","m",7221.4]
[605851,"Bueiro metálico sem interrupção de tráfego - D = 1,40 m - chapa com epóxi - escavado em material de 2ª categoria - aterro ferroviário máximo = 11,00 m","m",8737.34]
[605583,"Bueiro metálico sem interrupção de tráfego - D = 1,40 m - chapa com epóxi - escavado em material de 2ª categoria - aterro rodoviário máximo = 7,70 m","m",7851.35]
[605890,"Bueiro metálico sem interrupção de tráfego - D = 1,40 m - chapa com epóxi - escavado em material de 3ª categoria - aterro ferroviário máximo = 11,00 m","m",9963.12]
[605594,"Bueiro metálico sem interrupção de tráfego - D = 1,40 m - chapa com epóxi - escavado em material de 3ª categoria - aterro rodoviário máximo = 7,70 m","m",9077.13]
[605740,"Bueiro metálico sem interrupção de tráfego - D = 1,40 m - chapa galvanizada - escavado em material de 1ª categoria - aterro ferroviário máximo = 11,00 m","m",7821.87]
[605505,"Bueiro metálico sem interrupção de tráfego - D = 1,40 m - chapa galvanizada - escavado em material de 1ª categoria - aterro rodoviário máximo = 7,70 m","m",6877.87]
[605782,"Bueiro metálico sem interrupção de tráfego - D = 1,40 m - chapa galvanizada - escavado em material de 2ª categoria - aterro ferroviário máximo = 11,00 m","m",8451.82]
[605525,"Bueiro metálico sem interrupção de tráfego - D = 1,40 m - chapa galvanizada - escavado em material de 2ª categoria - aterro rodoviário máximo = 7,70 m","m",7507.83]
[605816,"Bueiro metálico sem interrupção de tráfego - D = 1,40 m - chapa galvanizada - escavado em material de 3ª categoria - aterro ferroviário máximo = 11,00 m","m",9677.6]
[605545,"Bueiro metálico sem interrupção de tráfego - D = 1,40 m - chapa galvanizada - escavado em material de 3ª categoria - aterro rodoviário máximo = 7,70 m","m",8733.61]
[605837,"Bueiro metálico sem interrupção de tráfego - D = 1,60 m - chapa com epóxi - escavado em material de 1ª categoria - aterro ferroviário máximo = 9,60 m","m",9646.6]
[605573,"Bueiro metálico sem interrupção de tráfego - D = 1,60 m - chapa com epóxi - escavado em material de 1ª categoria - aterro rodoviário máximo = 6,70 m","m",8707.98]
[605852,"Bueiro metálico sem interrupção de tráfego - D = 1,60 m - chapa com epóxi - escavado em material de 2ª categoria - aterro ferroviário máximo = 9,60 m","m",10443.88]
[605584,"Bueiro metálico sem interrupção de tráfego - D = 1,60 m - chapa com epóxi - escavado em material de 2ª categoria - aterro rodoviário máximo = 6,70 m","m",9505.27]
[605891,"Bueiro metálico sem interrupção de tráfego - D = 1,60 m - chapa com epóxi - escavado em material de 3ª categoria - aterro ferroviário máximo = 9,60 m","m",11995.26]
[605595,"Bueiro metálico sem interrupção de tráfego - D = 1,60 m - chapa com epóxi - escavado em material de 3ª categoria - aterro rodoviário máximo = 6,70 m","m",11056.64]
[605741,"Bueiro metálico sem interrupção de tráfego - D = 1,60 m - chapa galvanizada - escavado em material de 1ª categoria - aterro ferroviário máximo = 9,60 m","m",9313.84]
[605506,"Bueiro metálico sem interrupção de tráfego - D = 1,60 m - chapa galvanizada - escavado em material de 1ª categoria - aterro rodoviário máximo = 6,70 m","m",8301.4]
[605783,"Bueiro metálico sem interrupção de tráfego - D = 1,60 m - chapa galvanizada - escavado em material de 2ª categoria - aterro ferroviário máximo = 9,60 m","m",10111.13]
[605526,"Bueiro metálico sem interrupção de tráfego - D = 1,60 m - chapa galvanizada - escavado em material de 2ª categoria - aterro rodoviário máximo = 6,70 m","m",9098.69]
[605817,"Bueiro metálico sem interrupção de tráfego - D = 1,60 m - chapa galvanizada - escavado em material de 3ª categoria - aterro ferroviário máximo = 9,60 m","m",11662.51]
[605546,"Bueiro metálico sem interrupção de tráfego - D = 1,60 m - chapa galvanizada - escavado em material de 3ª categoria - aterro rodoviário máximo = 6,70 m","m",10650.07]
[605838,"Bueiro metálico sem interrupção de tráfego - D = 1,80 m - chapa com epóxi - escavado em material de 1ª categoria - aterro ferroviário máximo = 8,00 m","m",10987.68]
[605574,"Bueiro metálico sem interrupção de tráfego - D = 1,80 m - chapa com epóxi - escavado em material de 1ª categoria - aterro rodoviário máximo = 6,00 m","m",9918.04]
[605853,"Bueiro metálico sem interrupção de tráfego - D = 1,80 m - chapa com epóxi - escavado em material de 2ª categoria - aterro ferroviário máximo = 8,00 m","m",11971.98]
[605585,"Bueiro metálico sem interrupção de tráfego - D = 1,80 m - chapa com epóxi - escavado em material de 2ª categoria - aterro rodoviário máximo = 6,00 m","m",10902.34]
[605892,"Bueiro metálico sem interrupção de tráfego - D = 1,80 m - chapa com epóxi - escavado em material de 3ª categoria - aterro ferroviário máximo = 8,00 m","m",13887.26]
[605596,"Bueiro metálico sem interrupção de tráfego - D = 1,80 m - chapa com epóxi - escavado em material de 3ª categoria - aterro rodoviário máximo = 6,00 m","m",12817.62]
[605742,"Bueiro metálico sem interrupção de tráfego - D = 1,80 m - chapa galvanizada - escavado em material de 1ª categoria - aterro ferroviário máximo = 8,00 m","m",10607.69]
[605507,"Bueiro metálico sem interrupção de tráfego - D = 1,80 m - chapa galvanizada - escavado em material de 1ª categoria - aterro rodoviário máximo = 6,00 m","m",9454.75]
[605784,"Bueiro metálico sem interrupção de tráfego - D = 1,80 m - chapa galvanizada - escavado em material de 2ª categoria - aterro ferroviário máximo = 8,00 m","m",11591.99]
[605527,"Bueiro metálico sem interrupção de tráfego - D = 1,80 m - chapa galvanizada - escavado em material de 2ª categoria - aterro rodoviário máximo = 6,00 m","m",10439.05]
[605818,"Bueiro metálico sem interrupção de tráfego - D = 1,80 m - chapa galvanizada - escavado em material de 3ª categoria - aterro ferroviário máximo = 8,00 m","m",13507.27]
[605547,"Bueiro metálico sem interrupção de tráfego - D = 1,80 m - chapa galvanizada - escavado em material de 3ª categoria - aterro rodoviário máximo = 6,00 m","m",12354.33]
[605839,"Bueiro metálico sem interrupção de tráfego - D = 2,00 m - chapa com epóxi - escavado em material de 1ª categoria - aterro ferroviário máximo = 6,90 m","m",12374.68]
[605575,"Bueiro metálico sem interrupção de tráfego - D = 2,00 m - chapa com epóxi - escavado em material de 1ª categoria - aterro rodoviário máximo = 5,40 m","m",11198.66]
[605854,"Bueiro metálico sem interrupção de tráfego - D = 2,00 m - chapa com epóxi - escavado em material de 2ª categoria - aterro ferroviário máximo = 6,90 m","m",13565.69]
[605586,"Bueiro metálico sem interrupção de tráfego - D = 2,00 m - chapa com epóxi - escavado em material de 2ª categoria - aterro rodoviário máximo = 5,40 m","m",12389.66]
[605893,"Bueiro metálico sem interrupção de tráfego - D = 2,00 m - chapa com epóxi - escavado em material de 3ª categoria - aterro ferroviário máximo = 6,90 m","m",15883.18]
[605597,"Bueiro metálico sem interrupção de tráfego - D = 2,00 m - chapa com epóxi - escavado em material de 3ª categoria - aterro rodoviário máximo = 5,40 m","m",14707.16]
[605743,"Bueiro metálico sem interrupção de tráfego - D = 2,00 m - chapa galvanizada - escavado em material de 1ª categoria - aterro ferroviário máximo = 6,90 m","m",11956.06]
[605508,"Bueiro metálico sem interrupção de tráfego - D = 2,00 m - chapa galvanizada - escavado em material de 1ª categoria - aterro rodoviário máximo = 5,40 m","m",10688.09]
[605785,"Bueiro metálico sem interrupção de tráfego - D = 2,00 m - chapa galvanizada - escavado em material de 2ª categoria - aterro ferroviário máximo = 6,90 m","m",13147.07]
[605528,"Bueiro metálico sem interrupção de tráfego - D = 2,00 m - chapa galvanizada - escavado em material de 2ª categoria - aterro rodoviário máximo = 5,40 m","m",11879.1]
[605819,"Bueiro metálico sem interrupção de tráfego - D = 2,00 m - chapa galvanizada - escavado em material de 3ª categoria - aterro ferroviário máximo = 6,90 m","m",15464.56]
[605548,"Bueiro metálico sem interrupção de tráfego - D = 2,00 m - chapa galvanizada - escavado em material de 3ª categoria - aterro rodoviário máximo = 5,40 m","m",14196.59]
[605840,"Bueiro metálico sem interrupção de tráfego - D = 2,20 m - chapa com epóxi - escavado em material de 1ª categoria - aterro ferroviário máximo = 7,90 m","m",16045.81]
[605576,"Bueiro metálico sem interrupção de tráfego - D = 2,20 m - chapa com epóxi - escavado em material de 1ª categoria - aterro rodoviário máximo = 4,90 m","m",12637.77]
[605855,"Bueiro metálico sem interrupção de tráfego - D = 2,20 m - chapa com epóxi - escavado em material de 2ª categoria - aterro ferroviário máximo = 7,90 m","m",17463.2]
[605587,"Bueiro metálico sem interrupção de tráfego - D = 2,20 m - chapa com epóxi - escavado em material de 2ª categoria - aterro rodoviário máximo = 4,90 m","m",14055.16]
[605898,"Bueiro metálico sem interrupção de tráfego - D = 2,20 m - chapa com epóxi - escavado em material de 3ª categoria - aterro ferroviário máximo = 7,90 m","m",20221.21]
[605598,"Bueiro metálico sem interrupção de tráfego - D = 2,20 m - chapa com epóxi - escavado em material de 3ª categoria - aterro rodoviário máximo = 4,90 m","m",16813.17]
[605744,"Bueiro metálico sem interrupção de tráfego - D = 2,20 m - chapa galvanizada - escavado em material de 1ª categoria - aterro ferroviário máximo = 7,90 m","m",15163.68]
[605509,"Bueiro metálico sem interrupção de tráfego - D = 2,20 m - chapa galvanizada - escavado em material de 1ª categoria - aterro rodoviário máximo = 4,90 m","m",12073.61]
[605787,"Bueiro metálico sem interrupção de tráfego - D = 2,20 m - chapa galvanizada - escavado em material de 2ª categoria - aterro ferroviário máximo = 7,90 m","m",16581.08]
[605529,"Bueiro metálico sem interrupção de tráfego - D = 2,20 m - chapa galvanizada - escavado em material de 2ª categoria - aterro rodoviário máximo = 4,90 m","m",13491.01]
[605820,"Bueiro metálico sem interrupção de tráfego - D = 2,20 m - chapa galvanizada - escavado em material de 3ª categoria - aterro ferroviário máximo = 7,90 m","m",19339.08]
[605549,"Bueiro metálico sem interrupção de tráfego - D = 2,20 m - chapa galvanizada - escavado em material de 3ª categoria - aterro rodoviário máximo = 4,90 m","m",16249.01]
[605841,"Bueiro metálico sem interrupção de tráfego - D = 2,40 m - chapa com epóxi - escavado em material de 1ª categoria - aterro ferroviário máximo = 7,00 m","m",17548.25]
[605577,"Bueiro metálico sem interrupção de tráfego - D = 2,40 m - chapa com epóxi - escavado em material de 1ª categoria - aterro rodoviário máximo = 4,50 m","m",13823.36]
[605856,"Bueiro metálico sem interrupção de tráfego - D = 2,40 m - chapa com epóxi - escavado em material de 2ª categoria - aterro ferroviário máximo = 7,00 m","m",19211.72]
[605588,"Bueiro metálico sem interrupção de tráfego - D = 2,40 m - chapa com epóxi - escavado em material de 2ª categoria - aterro rodoviário máximo = 4,50 m","m",15486.84]
[605899,"Bueiro metálico sem interrupção de tráfego - D = 2,40 m - chapa com epóxi - escavado em material de 3ª categoria - aterro ferroviário máximo = 7,00 m","m",22448.55]
[605599,"Bueiro metálico sem interrupção de tráfego - D = 2,40 m - chapa com epóxi - escavado em material de 3ª categoria - aterro rodoviário máximo = 4,50 m","m",18723.66]
[605745,"Bueiro metálico sem interrupção de tráfego - D = 2,40 m - chapa galvanizada - escavado em material de 1ª categoria - aterro ferroviário máximo = 7,00 m","m",16593.44]
[605510,"Bueiro metálico sem interrupção de tráfego - D = 2,40 m - chapa galvanizada - escavado em material de 1ª categoria - aterro rodoviário máximo = 4,50 m","m",13215.09]
[605788,"Bueiro metálico sem interrupção de tráfego - D = 2,40 m - chapa galvanizada - escavado em material de 2ª categoria - aterro ferroviário máximo = 7,00 m","m",18256.91]
[605530,"Bueiro metálico sem interrupção de tráfego - D = 2,40 m - chapa galvanizada - escavado em material de 2ª categoria - aterro rodoviário máximo = 4,50 m","m",14878.57]
[605821,"Bueiro metálico sem interrupção de tráfego - D = 2,40 m - chapa galvanizada - escavado em material de 3ª categoria - aterro ferroviário máximo = 7,00 m","m",21493.73]
[605550,"Bueiro metálico sem interrupção de tráfego - D = 2,40 m - chapa galvanizada - escavado em material de 3ª categoria - aterro rodoviário máximo = 4,50 m","m",18115.39]
[605842,"Bueiro metálico sem interrupção de tráfego - D = 2,60 m - chapa com epóxi - escavado em material de 1ª categoria - aterro ferroviário máximo = 6,40 m","m",19388.35]
[605578,"Bueiro metálico sem interrupção de tráfego - D = 2,60 m - chapa com epóxi - escavado em material de 1ª categoria - aterro rodoviário máximo = 4,10 m","m",15310.28]
[605857,"Bueiro metálico sem interrupção de tráfego - D = 2,60 m - chapa com epóxi - escavado em material de 2ª categoria - aterro ferroviário máximo = 6,40 m","m",21317.59]
[605589,"Bueiro metálico sem interrupção de tráfego - D = 2,60 m - chapa com epóxi - escavado em material de 2ª categoria - aterro rodoviário máximo = 4,10 m","m",17239.51]
[605900,"Bueiro metálico sem interrupção de tráfego - D = 2,60 m - chapa com epóxi - escavado em material de 3ª categoria - aterro ferroviário máximo = 6,40 m","m",25071.54]
[605600,"Bueiro metálico sem interrupção de tráfego - D = 2,60 m - chapa com epóxi - escavado em material de 3ª categoria - aterro rodoviário máximo = 4,10 m","m",20993.47]
[605746,"Bueiro metálico sem interrupção de tráfego - D = 2,60 m - chapa galvanizada - escavado em material de 1ª categoria - aterro ferroviário máximo = 6,40 m","m",18347.64]
[605511,"Bueiro metálico sem interrupção de tráfego - D = 2,60 m - chapa galvanizada - escavado em material de 1ª categoria - aterro rodoviário máximo = 4,10 m","m",14648.43]
[605789,"Bueiro metálico sem interrupção de tráfego - D = 2,60 m - chapa galvanizada - escavado em material de 2ª categoria - aterro ferroviário máximo = 6,40 m","m",20276.87]
[605531,"Bueiro metálico sem interrupção de tráfego - D = 2,60 m - chapa galvanizada - escavado em material de 2ª categoria - aterro rodoviário máximo = 4,10 m","m",16577.66]
[605822,"Bueiro metálico sem interrupção de tráfego - D = 2,60 m - chapa galvanizada - escavado em material de 3ª categoria - aterro ferroviário máximo = 6,40 m","m",24030.82]
[605551,"Bueiro metálico sem interrupção de tráfego - D = 2,60 m - chapa galvanizada - escavado em material de 3ª categoria - aterro rodoviário máximo = 4,10 m","m",20331.62]
[605843,"Bueiro metálico sem interrupção de tráfego - D = 2,80 m - chapa com epóxi - escavado em material de 1ª categoria - aterro ferroviário máximo = 5,50 m","m",20875.55]
[605579,"Bueiro metálico sem interrupção de tráfego - D = 2,80 m - chapa com epóxi - escavado em material de 1ª categoria - aterro rodoviário máximo = 3,80 m","m",16528.24]
[605858,"Bueiro metálico sem interrupção de tráfego - D = 2,80 m - chapa com epóxi - escavado em material de 2ª categoria - aterro ferroviário máximo = 5,50 m","m",23090.23]
[605590,"Bueiro metálico sem interrupção de tráfego - D = 2,80 m - chapa com epóxi - escavado em material de 2ª categoria - aterro rodoviário máximo = 3,80 m","m",18742.92]
[605901,"Bueiro metálico sem interrupção de tráfego - D = 2,80 m - chapa com epóxi - escavado em material de 3ª categoria - aterro ferroviário máximo = 5,50 m","m",27399.61]
[605601,"Bueiro metálico sem interrupção de tráfego - D = 2,80 m - chapa com epóxi - escavado em material de 3ª categoria - aterro rodoviário máximo = 3,80 m","m",23052.3]
[605747,"Bueiro metálico sem interrupção de tráfego - D = 2,80 m - chapa galvanizada - escavado em material de 1ª categoria - aterro ferroviário máximo = 5,50 m","m",19762.15]
[605512,"Bueiro metálico sem interrupção de tráfego - D = 2,80 m - chapa galvanizada - escavado em material de 1ª categoria - aterro rodoviário máximo = 3,80 m","m",15819.11]
[605790,"Bueiro metálico sem interrupção de tráfego - D = 2,80 m - chapa galvanizada - escavado em material de 2ª categoria - aterro ferroviário máximo = 5,50 m","m",21976.83]
[605532,"Bueiro metálico sem interrupção de tráfego - D = 2,80 m - chapa galvanizada - escavado em material de 2ª categoria - aterro rodoviário máximo = 3,80 m","m",18033.79]
[605823,"Bueiro metálico sem interrupção de tráfego - D = 2,80 m - chapa galvanizada - escavado em material de 3ª categoria - aterro ferroviário máximo = 5,50 m","m",26286.21]
[605552,"Bueiro metálico sem interrupção de tráfego - D = 2,80 m - chapa galvanizada - escavado em material de 3ª categoria - aterro rodoviário máximo = 3,80 m","m",22343.17]
[605844,"Bueiro metálico sem interrupção de tráfego - D = 3,00 m - chapa com epóxi - escavado em material de 1ª categoria - aterro ferroviário máximo = 4,70 m","m",22782.9]
[605580,"Bueiro metálico sem interrupção de tráfego - D = 3,00 m - chapa com epóxi - escavado em material de 1ª categoria - aterro rodoviário máximo = 3,60 m","m",18130.77]
[605887,"Bueiro metálico sem interrupção de tráfego - D = 3,00 m - chapa com epóxi - escavado em material de 2ª categoria - aterro ferroviário máximo = 4,70 m","m",25302.72]
[605591,"Bueiro metálico sem interrupção de tráfego - D = 3,00 m - chapa com epóxi - escavado em material de 2ª categoria - aterro rodoviário máximo = 3,60 m","m",20650.59]
[605902,"Bueiro metálico sem interrupção de tráfego - D = 3,00 m - chapa com epóxi - escavado em material de 3ª categoria - aterro ferroviário máximo = 4,70 m","m",30205.84]
[605602,"Bueiro metálico sem interrupção de tráfego - D = 3,00 m - chapa com epóxi - escavado em material de 3ª categoria - aterro rodoviário máximo = 3,60 m","m",25553.71]
[605748,"Bueiro metálico sem interrupção de tráfego - D = 3,00 m - chapa galvanizada - escavado em material de 1ª categoria - aterro ferroviário máximo = 4,70 m","m",21583.6]
[605513,"Bueiro metálico sem interrupção de tráfego - D = 3,00 m - chapa galvanizada - escavado em material de 1ª categoria - aterro rodoviário máximo = 3,60 m","m",17364.91]
[605804,"Bueiro metálico sem interrupção de tráfego - D = 3,00 m - chapa galvanizada - escavado em material de 2ª categoria - aterro ferroviário máximo = 4,70 m","m",24103.42]
[605533,"Bueiro metálico sem interrupção de tráfego - D = 3,00 m - chapa galvanizada - escavado em material de 2ª categoria - aterro rodoviário máximo = 3,60 m","m",19884.73]
[605824,"Bueiro metálico sem interrupção de tráfego - D = 3,00 m - chapa galvanizada - escavado em material de 3ª categoria - aterro ferroviário máximo = 4,70 m","m",29006.54]
[605553,"Bueiro metálico sem interrupção de tráfego - D = 3,00 m - chapa galvanizada - escavado em material de 3ª categoria - aterro rodoviário máximo = 3,60 m","m",24787.85]
[605845,"Bueiro metálico sem interrupção de tráfego - D = 3,20 m - chapa com epóxi - escavado em material de 1ª categoria - aterro ferroviário máximo = 4,00 m","m",24698.15]
[605581,"Bueiro metálico sem interrupção de tráfego - D = 3,20 m - chapa com epóxi - escavado em material de 1ª categoria - aterro rodoviário máximo = 4,80 m","m",21670.28]
[605888,"Bueiro metálico sem interrupção de tráfego - D = 3,20 m - chapa com epóxi - escavado em material de 2ª categoria - aterro ferroviário máximo = 4,00 m","m",27542.79]
[605592,"Bueiro metálico sem interrupção de tráfego - D = 3,20 m - chapa com epóxi - escavado em material de 2ª categoria - aterro rodoviário máximo = 4,80 m","m",24514.92]
[605903,"Bueiro metálico sem interrupção de tráfego - D = 3,20 m - chapa com epóxi - escavado em material de 3ª categoria - aterro ferroviário máximo = 4,00 m","m",33077.95]
[605603,"Bueiro metálico sem interrupção de tráfego - D = 3,20 m - chapa com epóxi - escavado em material de 3ª categoria - aterro rodoviário máximo = 4,80 m","m",30050.08]
[605771,"Bueiro metálico sem interrupção de tráfego - D = 3,20 m - chapa galvanizada - escavado em material de 1ª categoria - aterro ferroviário máximo = 4,00 m","m",23426.16]
[605514,"Bueiro metálico sem interrupção de tráfego - D = 3,20 m - chapa galvanizada - escavado em material de 1ª categoria - aterro rodoviário máximo = 4,80 m","m",21002.62]
[605805,"Bueiro metálico sem interrupção de tráfego - D = 3,20 m - chapa galvanizada - escavado em material de 2ª categoria - aterro ferroviário máximo = 4,00 m","m",26270.8]
[605534,"Bueiro metálico sem interrupção de tráfego - D = 3,20 m - chapa galvanizada - escavado em material de 2ª categoria - aterro rodoviário máximo = 4,80 m","m",23847.26]
[605825,"Bueiro metálico sem interrupção de tráfego - D = 3,20 m - chapa galvanizada - escavado em material de 3ª categoria - aterro ferroviário máximo = 4,00 m","m",31805.96]
[605554,"Bueiro metálico sem interrupção de tráfego - D = 3,20 m - chapa galvanizada - escavado em material de 3ª categoria - aterro rodoviário máximo = 4,80 m","m",29382.42]
[605772,"Bueiro metálico sem interrupção de tráfego - D = 3,40 m - chapa galvanizada - escavado em material de 1ª categoria - aterro ferroviário máximo = 7,00 m","m",27379.81]
[605515,"Bueiro metálico sem interrupção de tráfego - D = 3,40 m - chapa galvanizada - escavado em material de 1ª categoria - aterro rodoviário máximo = 4,50 m","m",22835.98]
[605806,"Bueiro metálico sem interrupção de tráfego - D = 3,40 m - chapa galvanizada - escavado em material de 2ª categoria - aterro ferroviário máximo = 7,00 m","m",30568.95]
[605535,"Bueiro metálico sem interrupção de tráfego - D = 3,40 m - chapa galvanizada - escavado em material de 2ª categoria - aterro rodoviário máximo = 4,50 m","m",26025.13]
[605826,"Bueiro metálico sem interrupção de tráfego - D = 3,40 m - chapa galvanizada - escavado em material de 3ª categoria - aterro ferroviário máximo = 7,00 m","m",36774.46]
[605555,"Bueiro metálico sem interrupção de tráfego - D = 3,40 m - chapa galvanizada - escavado em material de 3ª categoria - aterro rodoviário máximo = 4,50 m","m",32230.64]
[605773,"Bueiro metálico sem interrupção de tráfego - D = 3,60 m - chapa galvanizada - escavado em material de 1ª categoria - aterro ferroviário máximo = 6,60 m","m",29062.02]
[605516,"Bueiro metálico sem interrupção de tráfego - D = 3,60 m - chapa galvanizada - escavado em material de 1ª categoria - aterro rodoviário máximo = 4,30 m","m",24216.29]
[605807,"Bueiro metálico sem interrupção de tráfego - D = 3,60 m - chapa galvanizada - escavado em material de 2ª categoria - aterro ferroviário máximo = 6,60 m","m",32615.35]
[605536,"Bueiro metálico sem interrupção de tráfego - D = 3,60 m - chapa galvanizada - escavado em material de 2ª categoria - aterro rodoviário máximo = 4,30 m","m",27769.62]
[605827,"Bueiro metálico sem interrupção de tráfego - D = 3,60 m - chapa galvanizada - escavado em material de 3ª categoria - aterro ferroviário máximo = 6,60 m","m",39529.52]
[605556,"Bueiro metálico sem interrupção de tráfego - D = 3,60 m - chapa galvanizada - escavado em material de 3ª categoria - aterro rodoviário máximo = 4,30 m","m",34683.79]
[605774,"Bueiro metálico sem interrupção de tráfego - D = 3,80 m - chapa galvanizada - escavado em material de 1ª categoria - aterro ferroviário máximo = 6,20 m","m",31250.98]
[605517,"Bueiro metálico sem interrupção de tráfego - D = 3,80 m - chapa galvanizada - escavado em material de 1ª categoria - aterro rodoviário máximo = 4,00 m","m",26034.04]
[605808,"Bueiro metálico sem interrupção de tráfego - D = 3,80 m - chapa galvanizada - escavado em material de 2ª categoria - aterro ferroviário máximo = 6,20 m","m",35188.19]
[605537,"Bueiro metálico sem interrupção de tráfego - D = 3,80 m - chapa galvanizada - escavado em material de 2ª categoria - aterro rodoviário máximo = 4,00 m","m",29971.25]
[605828,"Bueiro metálico sem interrupção de tráfego - D = 3,80 m - chapa galvanizada - escavado em material de 3ª categoria - aterro ferroviário máximo = 6,20 m","m",42849.32]
[605557,"Bueiro metálico sem interrupção de tráfego - D = 3,80 m - chapa galvanizada - escavado em material de 3ª categoria - aterro rodoviário máximo = 4,00 m","m",37632.37]
[605775,"Bueiro metálico sem interrupção de tráfego - D = 4,00 m - chapa galvanizada - escavado em material de 1ª categoria - aterro ferroviário máximo = 5,10 m","m",32915.22]
[605518,"Bueiro metálico sem interrupção de tráfego - D = 4,00 m - chapa galvanizada - escavado em material de 1ª categoria - aterro rodoviário máximo = 3,10 m","m",27528.84]
[605809,"Bueiro metálico sem interrupção de tráfego - D = 4,00 m - chapa galvanizada - escavado em material de 2ª categoria - aterro ferroviário máximo = 5,10 m","m",37256]
[605538,"Bueiro metálico sem interrupção de tráfego - D = 4,00 m - chapa galvanizada - escavado em material de 2ª categoria - aterro rodoviário máximo = 3,10 m","m",31869.61]
[605829,"Bueiro metálico sem interrupção de tráfego - D = 4,00 m - chapa galvanizada - escavado em material de 3ª categoria - aterro ferroviário máximo = 5,10 m","m",45702.39]
[605558,"Bueiro metálico sem interrupção de tráfego - D = 4,00 m - chapa galvanizada - escavado em material de 3ª categoria - aterro rodoviário máximo = 3,10 m","m",40316]
[605776,"Bueiro metálico sem interrupção de tráfego - D = 4,20 m - chapa galvanizada - escavado em material de 1ª categoria - aterro ferroviário máximo = 4,80 m","m",35098.22]
[605519,"Bueiro metálico sem interrupção de tráfego - D = 4,20 m - chapa galvanizada - escavado em material de 1ª categoria - aterro rodoviário máximo = 4,40 m","m",32670.15]
[605810,"Bueiro metálico sem interrupção de tráfego - D = 4,20 m - chapa galvanizada - escavado em material de 2ª categoria - aterro ferroviário máximo = 4,80 m","m",39862.24]
[605539,"Bueiro metálico sem interrupção de tráfego - D = 4,20 m - chapa galvanizada - escavado em material de 2ª categoria - aterro rodoviário máximo = 4,40 m","m",37434.18]
[605830,"Bueiro metálico sem interrupção de tráfego - D = 4,20 m - chapa galvanizada - escavado em material de 3ª categoria - aterro ferroviário máximo = 4,80 m","m",49132.21]
[605559,"Bueiro metálico sem interrupção de tráfego - D = 4,20 m - chapa galvanizada - escavado em material de 3ª categoria - aterro rodoviário máximo = 4,40 m","m",46704.14]
[605777,"Bueiro metálico sem interrupção de tráfego - D = 4,40 m - chapa galvanizada - escavado em material de 1ª categoria - aterro ferroviário máximo = 4,20 m","m",37439.28]
[605520,"Bueiro metálico sem interrupção de tráfego - D = 4,40 m - chapa galvanizada - escavado em material de 1ª categoria - aterro rodoviário máximo = 4,20 m","m",34843.91]
[605811,"Bueiro metálico sem interrupção de tráfego - D = 4,40 m - chapa galvanizada - escavado em material de 2ª categoria - aterro ferroviário máximo = 4,20 m","m",42646.24]
[605540,"Bueiro metálico sem interrupção de tráfego - D = 4,40 m - chapa galvanizada - escavado em material de 2ª categoria - aterro rodoviário máximo = 4,20 m","m",40050.88]
[605831,"Bueiro metálico sem interrupção de tráfego - D = 4,40 m - chapa galvanizada - escavado em material de 3ª categoria - aterro ferroviário máximo = 4,20 m","m",52778.09]
[605560,"Bueiro metálico sem interrupção de tráfego - D = 4,40 m - chapa galvanizada - escavado em material de 3ª categoria - aterro rodoviário máximo = 4,20 m","m",50182.72]
[605778,"Bueiro metálico sem interrupção de tráfego - D = 4,60 m - chapa galvanizada - escavado em material de 1ª categoria - aterro ferroviário máximo = 4,00 m","m",39677.9]
[605521,"Bueiro metálico sem interrupção de tráfego - D = 4,60 m - chapa galvanizada - escavado em material de 1ª categoria - aterro rodoviário máximo = 4,00 m","m",37039.61]
[605812,"Bueiro metálico sem interrupção de tráfego - D = 4,60 m - chapa galvanizada - escavado em material de 2ª categoria - aterro ferroviário máximo = 4,00 m","m",45347.48]
[605541,"Bueiro metálico sem interrupção de tráfego - D = 4,60 m - chapa galvanizada - escavado em material de 2ª categoria - aterro rodoviário máximo = 4,00 m","m",42709.19]
[605832,"Bueiro metálico sem interrupção de tráfego - D = 4,60 m - chapa galvanizada - escavado em material de 3ª categoria - aterro ferroviário máximo = 4,00 m","m",56379.5]
[605561,"Bueiro metálico sem interrupção de tráfego - D = 4,60 m - chapa galvanizada - escavado em material de 3ª categoria - aterro rodoviário máximo = 4,00 m","m",53741.21]
[605779,"Bueiro metálico sem interrupção de tráfego - D = 4,80 m - chapa galvanizada - escavado em material de 1ª categoria - aterro ferroviário máximo = 5,10 m","m",45948.89]
[605522,"Bueiro metálico sem interrupção de tráfego - D = 4,80 m - chapa galvanizada - escavado em material de 1ª categoria - aterro rodoviário máximo = 5,50 m","m",41582.93]
[605813,"Bueiro metálico sem interrupção de tráfego - D = 4,80 m - chapa galvanizada - escavado em material de 2ª categoria - aterro ferroviário máximo = 5,10 m","m",52100.79]
[605542,"Bueiro metálico sem interrupção de tráfego - D = 4,80 m - chapa galvanizada - escavado em material de 2ª categoria - aterro rodoviário máximo = 5,50 m","m",47734.83]
[605833,"Bueiro metálico sem interrupção de tráfego - D = 4,80 m - chapa galvanizada - escavado em material de 3ª categoria - aterro ferroviário máximo = 5,10 m","m",64071.29]
[605562,"Bueiro metálico sem interrupção de tráfego - D = 4,80 m - chapa galvanizada - escavado em material de 3ª categoria - aterro rodoviário máximo = 5,50 m","m",59705.33]
[605780,"Bueiro metálico sem interrupção de tráfego - D = 5,00 m - chapa galvanizada - escavado em material de 1ª categoria - aterro ferroviário máximo = 4,80 m","m",48601.28]
[605523,"Bueiro metálico sem interrupção de tráfego - D = 5,00 m - chapa galvanizada - escavado em material de 1ª categoria - aterro rodoviário máximo = 5,30 m","m",44007.98]
[605814,"Bueiro metálico sem interrupção de tráfego - D = 5,00 m - chapa galvanizada - escavado em material de 2ª categoria - aterro ferroviário máximo = 4,80 m","m",55255.17]
[605543,"Bueiro metálico sem interrupção de tráfego - D = 5,00 m - chapa galvanizada - escavado em material de 2ª categoria - aterro rodoviário máximo = 5,30 m","m",50661.88]
[605834,"Bueiro metálico sem interrupção de tráfego - D = 5,00 m - chapa galvanizada - escavado em material de 3ª categoria - aterro ferroviário máximo = 4,80 m","m",68202.48]
[605563,"Bueiro metálico sem interrupção de tráfego - D = 5,00 m - chapa galvanizada - escavado em material de 3ª categoria - aterro rodoviário máximo = 5,30 m","m",63609.18]
[605606,"Sistema de escoramento telescópico regulável para tunnel liner","m³",14.04]
[705314,"Boca de BDCC 1,50 x 1,50 m - esconsidade 0° - areia e brita comerciais","un",13026.64]
[705312,"Boca de BDCC 1,50 x 1,50 m - esconsidade 0° - areia extraída e brita produzida","un",11905.15]
[705316,"Boca de BDCC 1,50 x 1,50 m - esconsidade 15° - areia e brita comerciais","un",14270.6]
[705315,"Boca de BDCC 1,50 x 1,50 m - esconsidade 15° - areia extraída e brita produzida","un",13061.79]
[705318,"Boca de BDCC 1,50 x 1,50 m - esconsidade 30° - areia e brita comerciais","un",15258.65]
[705317,"Boca de BDCC 1,50 x 1,50 m - esconsidade 30° - areia extraída e brita produzida","un",13896.26]
[705320,"Boca de BDCC 1,50 x 1,50 m - esconsidade 45° - areia e brita comerciais","un",19120.63]
[705319,"Boca de BDCC 1,50 x 1,50 m - esconsidade 45° - areia extraída e brita produzida","un",17453.28]
[705322,"Boca de BDCC 2,00 x 2,00 m - esconsidade 0° - areia e brita comerciais","un",20090.73]
[705321,"Boca de BDCC 2,00 x 2,00 m - esconsidade 0° - areia extraída e brita produzida","un",18205.82]
[705324,"Boca de BDCC 2,00 x 2,00 m - esconsidade 15° - areia e brita comerciais","un",22045.04]
[705323,"Boca de BDCC 2,00 x 2,00 m - esconsidade 15° - areia extraída e brita produzida","un",20026.84]
[705326,"Boca de BDCC 2,00 x 2,00 m - esconsidade 30° - areia e brita comerciais","un",23704.63]
[705325,"Boca de BDCC 2,00 x 2,00 m - esconsidade 30° - areia extraída e brita produzida","un",21495.39]
[705328,"Boca de BDCC 2,00 x 2,00 m - esconsidade 45° - areia e brita comerciais","un",30059.37]
[705327,"Boca de BDCC 2,00 x 2,00 m - esconsidade 45° - areia extraída e brita produzida","un",27318.55]
[705330,"Boca de BDCC 2,50 x 2,50 m - esconsidade 0° - areia e brita comerciais","un",28045.54]
[705329,"Boca de BDCC 2,50 x 2,50 m - esconsidade 0° - areia extraída e brita produzida","un",25303.04]
[705332,"Boca de BDCC 2,50 x 2,50 m - esconsidade 15° - areia e brita comerciais","un",30315.97]
[705331,"Boca de BDCC 2,50 x 2,50 m - esconsidade 15° - areia extraída e brita produzida","un",27521.11]
[705334,"Boca de BDCC 2,50 x 2,50 m - esconsidade 30° - areia e brita comerciais","un",32149.66]
[705333,"Boca de BDCC 2,50 x 2,50 m - esconsidade 30° - areia extraída e brita produzida","un",29380.65]
[705336,"Boca de BDCC 2,50 x 2,50 m - esconsidade 45° - areia e brita comerciais","un",43342.29]
[705335,"Boca de BDCC 2,50 x 2,50 m - esconsidade 45° - areia extraída e brita produzida","un",39482.48]
[705338,"Boca de BDCC 3,00 x 3,00 m - esconsidade 0° - areia e brita comerciais","un",40392.61]
[705337,"Boca de BDCC 3,00 x 3,00 m - esconsidade 0° - areia extraída e brita produzida","un",36396.6]
[705340,"Boca de BDCC 3,00 x 3,00 m - esconsidade 15° - areia e brita comerciais","un",43515.4]
[705339,"Boca de BDCC 3,00 x 3,00 m - esconsidade 15° - areia extraída e brita produzida","un",39480.38]
[705342,"Boca de BDCC 3,00 x 3,00 m - esconsidade 30° - areia e brita comerciais","un",49351.1]
[705341,"Boca de BDCC 3,00 x 3,00 m - esconsidade 30° - areia extraída e brita produzida","un",44863.25]
[705344,"Boca de BDCC 3,00 x 3,00 m - esconsidade 45° - areia e brita comerciais","un",62478.05]
[705343,"Boca de BDCC 3,00 x 3,00 m - esconsidade 45° - areia extraída e brita produzida","un",56980.47]
[705225,"Boca de BSCC 1,50 x 1,50 m - esconsidade 0° - areia e brita comerciais","un",11189.62]
[705224,"Boca de BSCC 1,50 x 1,50 m - esconsidade 0° - areia extraída e brita produzida","un",10155.27]
[705227,"Boca de BSCC 1,50 x 1,50 m - esconsidade 15° - areia e brita comerciais","un",11552.37]
[705226,"Boca de BSCC 1,50 x 1,50 m - esconsidade 15° - areia extraída e brita produzida","un",10606.3]
[705229,"Boca de BSCC 1,50 x 1,50 m - esconsidade 30° - areia e brita comerciais","un",12450.91]
[705228,"Boca de BSCC 1,50 x 1,50 m - esconsidade 30° - areia extraída e brita produzida","un",11358.78]
[705231,"Boca de BSCC 1,50 x 1,50 m - esconsidade 45° - areia e brita comerciais","un",15489.09]
[705230,"Boca de BSCC 1,50 x 1,50 m - esconsidade 45° - areia extraída e brita produzida","un",14210.5]
[705233,"Boca de BSCC 2,00 x 2,00 m - esconsidade 0° - areia e brita comerciais","un",17357.63]
[705232,"Boca de BSCC 2,00 x 2,00 m - esconsidade 0° - areia extraída e brita produzida","un",15712.37]
[705235,"Boca de BSCC 2,00 x 2,00 m - esconsidade 15° - areia e brita comerciais","un",17785.85]
[705234,"Boca de BSCC 2,00 x 2,00 m - esconsidade 15° - areia extraída e brita produzida","un",16253.95]
[705237,"Boca de BSCC 2,00 x 2,00 m - esconsidade 30° - areia e brita comerciais","un",19275.7]
[705236,"Boca de BSCC 2,00 x 2,00 m - esconsidade 30° - areia extraída e brita produzida","un",17556.44]
[705239,"Boca de BSCC 2,00 x 2,00 m - esconsidade 45° - areia e brita comerciais","un",24582.5]
[705238,"Boca de BSCC 2,00 x 2,00 m - esconsidade 45° - areia extraída e brita produzida","un",22432.98]
[705241,"Boca de BSCC 2,50 x 2,50 m - esconsidade 0° - areia e brita comerciais","un",23428.43]
[705240,"Boca de BSCC 2,50 x 2,50 m - esconsidade 0° - areia extraída e brita produzida","un",21168.47]
[705243,"Boca de BSCC 2,50 x 2,50 m - esconsidade 15° - areia e brita comerciais","un",24771.67]
[705242,"Boca de BSCC 2,50 x 2,50 m - esconsidade 15° - areia extraída e brita produzida","un",22510.67]
[705245,"Boca de BSCC 2,50 x 2,50 m - esconsidade 30° - areia e brita comerciais","un",27451.41]
[705244,"Boca de BSCC 2,50 x 2,50 m - esconsidade 30° - areia extraída e brita produzida","un",25039.2]
[705247,"Boca de BSCC 2,50 x 2,50 m - esconsidade 45° - areia e brita comerciais","un",34697.85]
[705246,"Boca de BSCC 2,50 x 2,50 m - esconsidade 45° - areia extraída e brita produzida","un",31742.44]
[705249,"Boca de BSCC 3,00 x 3,00 m - esconsidade 0° - areia e brita comerciais","un",33184.25]
[705248,"Boca de BSCC 3,00 x 3,00 m - esconsidade 0° - areia extraída e brita produzida","un",29906.65]
[705251,"Boca de BSCC 3,00 x 3,00 m - esconsidade 15° - areia e brita comerciais","un",35043.59]
[705250,"Boca de BSCC 3,00 x 3,00 m - esconsidade 15° - areia extraída e brita produzida","un",31763.58]
[705253,"Boca de BSCC 3,00 x 3,00 m - esconsidade 30° - areia e brita comerciais","un",38348.44]
[705252,"Boca de BSCC 3,00 x 3,00 m - esconsidade 30° - areia extraída e brita produzida","un",34781.01]
[705255,"Boca de BSCC 3,00 x 3,00 m - esconsidade 45° - areia e brita comerciais","un",48416.11]
[705254,"Boca de BSCC 3,00 x 3,00 m - esconsidade 45° - areia extraída e brita produzida","un",44102.42]
[705403,"Boca de BTCC 1,50 x 1,50 m - esconsidade 0° - areia e brita comerciais","un",16264.37]
[705402,"Boca de BTCC 1,50 x 1,50 m - esconsidade 0° - areia extraída e brita produzida","un",14762.22]
[705405,"Boca de BTCC 1,50 x 1,50 m - esconsidade 15° - areia e brita comerciais","un",17576.47]
[705404,"Boca de BTCC 1,50 x 1,50 m - esconsidade 15° - areia extraída e brita produzida","un",16057.44]
[705407,"Boca de BTCC 1,50 x 1,50 m - esconsidade 30° - areia e brita comerciais","un",18459.24]
[705406,"Boca de BTCC 1,50 x 1,50 m - esconsidade 30° - areia extraída e brita produzida","un",16767.27]
[705409,"Boca de BTCC 1,50 x 1,50 m - esconsidade 45° - areia e brita comerciais","un",23223.48]
[705408,"Boca de BTCC 1,50 x 1,50 m - esconsidade 45° - areia extraída e brita produzida","un",21139.17]
[705411,"Boca de BTCC 2,00 x 2,00 m - esconsidade 0° - areia e brita comerciais","un",24602.32]
[705410,"Boca de BTCC 2,00 x 2,00 m - esconsidade 0° - areia extraída e brita produzida","un",22180.61]
[705413,"Boca de BTCC 2,00 x 2,00 m - esconsidade 15° - areia e brita comerciais","un",26473.06]
[705412,"Boca de BTCC 2,00 x 2,00 m - esconsidade 15° - areia extraída e brita produzida","un",24049.09]
[705415,"Boca de BTCC 2,00 x 2,00 m - esconsidade 30° - areia e brita comerciais","un",29172.16]
[705414,"Boca de BTCC 2,00 x 2,00 m - esconsidade 30° - areia extraída e brita produzida","un",26440.88]
[705417,"Boca de BTCC 2,00 x 2,00 m - esconsidade 45° - areia e brita comerciais","un",36907.13]
[705416,"Boca de BTCC 2,00 x 2,00 m - esconsidade 45° - areia extraída e brita produzida","un",33545.31]
[705419,"Boca de BTCC 2,50 x 2,50 m - esconsidade 0° - areia e brita comerciais","un",34744.43]
[705418,"Boca de BTCC 2,50 x 2,50 m - esconsidade 0° - areia extraída e brita produzida","un",31359.9]
[705421,"Boca de BTCC 2,50 x 2,50 m - esconsidade 15° - areia e brita comerciais","un",37383.84]
[705420,"Boca de BTCC 2,50 x 2,50 m - esconsidade 15° - areia extraída e brita produzida","un",33983.8]
[705423,"Boca de BTCC 2,50 x 2,50 m - esconsidade 30° - areia e brita comerciais","un",42515.84]
[705422,"Boca de BTCC 2,50 x 2,50 m - esconsidade 30° - areia extraída e brita produzida","un",38711.56]
[705425,"Boca de BTCC 2,50 x 2,50 m - esconsidade 45° - areia e brita comerciais","un",53771.55]
[705424,"Boca de BTCC 2,50 x 2,50 m - esconsidade 45° - areia extraída e brita produzida","un",49103.4]
[705427,"Boca de BTCC 3,00 x 3,00 m - esconsidade 0° - areia e brita comerciais","un",48989.74]
[705426,"Boca de BTCC 3,00 x 3,00 m - esconsidade 0° - areia extraída e brita produzida","un",44094.65]
[705429,"Boca de BTCC 3,00 x 3,00 m - esconsidade 15° - areia e brita comerciais","un",50731.69]
[705428,"Boca de BTCC 3,00 x 3,00 m - esconsidade 15° - areia extraída e brita produzida","un",45916.44]
[705431,"Boca de BTCC 3,00 x 3,00 m - esconsidade 30° - areia e brita comerciais","un",60900.73]
[705430,"Boca de BTCC 3,00 x 3,00 m - esconsidade 30° - areia extraída e brita produzida","un",55527.04]
[705433,"Boca de BTCC 3,00 x 3,00 m - esconsidade 45° - areia e brita comerciais","un",77158.29]
[705432,"Boca de BTCC 3,00 x 3,00 m - esconsidade 45° - areia extraída e brita produzida","un",70502.49]
[705257,"Corpo de BDCC 1,50 x 1,50 m - moldado no local - altura do aterro 0,00 a 1,00 m - areia e brita comerciais","m",3919.88]
[705256,"Corpo de BDCC 1,50 x 1,50 m - moldado no local - altura do aterro 0,00 a 1,00 m - areia extraída e brita produzida","m",3614.92]
[705259,"Corpo de BDCC 1,50 x 1,50 m - moldado no local - altura do aterro 1,00 a 2,50 m - areia e brita comerciais","m",3449.02]
[705258,"Corpo de BDCC 1,50 x 1,50 m - moldado no local - altura do aterro 1,00 a 2,50 m - areia extraída e brita produzida","m",3144.06]
[705267,"Corpo de BDCC 1,50 x 1,50 m - moldado no local - altura do aterro 10,00 a 12,50 m - areia e brita comerciais","m",4876.19]
[705266,"Corpo de BDCC 1,50 x 1,50 m - moldado no local - altura do aterro 10,00 a 12,50 m - areia extraída e brita produzida","m",4472.76]
[705269,"Corpo de BDCC 1,50 x 1,50 m - moldado no local - altura do aterro 12,50 a 15,00 m - areia e brita comerciais","m",5106.33]
[705268,"Corpo de BDCC 1,50 x 1,50 m - moldado no local - altura do aterro 12,50 a 15,00 m - areia extraída e brita produzida","m",4702.89]
[705261,"Corpo de BDCC 1,50 x 1,50 m - moldado no local - altura do aterro 2,50 a 5,00 m - areia e brita comerciais","m",3668]
[705260,"Corpo de BDCC 1,50 x 1,50 m - moldado no local - altura do aterro 2,50 a 5,00 m - areia extraída e brita produzida","m",3363.04]
[705263,"Corpo de BDCC 1,50 x 1,50 m - moldado no local - altura do aterro 5,00 a 7,50 m - areia e brita comerciais","m",4100.79]
[705262,"Corpo de BDCC 1,50 x 1,50 m - moldado no local - altura do aterro 5,00 a 7,50 m - areia extraída e brita produzida","m",3795.83]
[705265,"Corpo de BDCC 1,50 x 1,50 m - moldado no local - altura do aterro 7,50 a 10,00 m - areia e brita comerciais","m",4472.78]
[705264,"Corpo de BDCC 1,50 x 1,50 m - moldado no local - altura do aterro 7,50 a 10,00 m - areia extraída e brita produzida","m",4167.82]
[705271,"Corpo de BDCC 2,00 x 2,00 m - moldado no local - altura do aterro 0,00 a 1,00 m - areia e brita comerciais","m",5623.66]
[705270,"Corpo de BDCC 2,00 x 2,00 m - moldado no local - altura do aterro 0,00 a 1,00 m - areia extraída e brita produzida","m",5229.35]
[705273,"Corpo de BDCC 2,00 x 2,00 m - moldado no local - altura do aterro 1,00 a 2,50 m - areia e brita comerciais","m",5047.23]
[705272,"Corpo de BDCC 2,00 x 2,00 m - moldado no local - altura do aterro 1,00 a 2,50 m - areia extraída e brita produzida","m",4652.92]
[705281,"Corpo de BDCC 2,00 x 2,00 m - moldado no local - altura do aterro 10,00 a 12,50 m - areia e brita comerciais","m",7623.8]
[705280,"Corpo de BDCC 2,00 x 2,00 m - moldado no local - altura do aterro 10,00 a 12,50 m - areia extraída e brita produzida","m",6988.65]
[705283,"Corpo de BDCC 2,00 x 2,00 m - moldado no local - altura do aterro 12,50 a 15,00 m - areia e brita comerciais","m",7804.17]
[705282,"Corpo de BDCC 2,00 x 2,00 m - moldado no local - altura do aterro 12,50 a 15,00 m - areia extraída e brita produzida","m",7169.01]
[705275,"Corpo de BDCC 2,00 x 2,00 m - moldado no local - altura do aterro 2,50 a 5,00 m - areia e brita comerciais","m",5614]
[705274,"Corpo de BDCC 2,00 x 2,00 m - moldado no local - altura do aterro 2,50 a 5,00 m - areia extraída e brita produzida","m",5219.69]
[705277,"Corpo de BDCC 2,00 x 2,00 m - moldado no local - altura do aterro 5,00 a 7,50 m - areia e brita comerciais","m",6284.27]
[705276,"Corpo de BDCC 2,00 x 2,00 m - moldado no local - altura do aterro 5,00 a 7,50 m - areia extraída e brita produzida","m",5768.85]
[705279,"Corpo de BDCC 2,00 x 2,00 m - moldado no local - altura do aterro 7,50 a 10,00 m - areia e brita comerciais","m",7077.69]
[705278,"Corpo de BDCC 2,00 x 2,00 m - moldado no local - altura do aterro 7,50 a 10,00 m - areia extraída e brita produzida","m",6562.27]
[705285,"Corpo de BDCC 2,50 x 2,50 m - moldado no local - altura do aterro 0,00 a 1,00 m - areia e brita comerciais","m",7234.38]
[705284,"Corpo de BDCC 2,50 x 2,50 m - moldado no local - altura do aterro 0,00 a 1,00 m - areia extraída e brita produzida","m",6738.74]
[705287,"Corpo de BDCC 2,50 x 2,50 m - moldado no local - altura do aterro 1,00 a 2,50 m - areia e brita comerciais","m",6664.53]
[705286,"Corpo de BDCC 2,50 x 2,50 m - moldado no local - altura do aterro 1,00 a 2,50 m - areia extraída e brita produzida","m",6168.88]
[705295,"Corpo de BDCC 2,50 x 2,50 m - moldado no local - altura do aterro 10,00 a 12,50 m - areia e brita comerciais","m",9978.75]
[705294,"Corpo de BDCC 2,50 x 2,50 m - moldado no local - altura do aterro 10,00 a 12,50 m - areia extraída e brita produzida","m",9214.31]
[705297,"Corpo de BDCC 2,50 x 2,50 m - moldado no local - altura do aterro 12,50 a 15,00 m - areia e brita comerciais","m",10725.11]
[705296,"Corpo de BDCC 2,50 x 2,50 m - moldado no local - altura do aterro 12,50 a 15,00 m - areia extraída e brita produzida","m",9960.66]
[705289,"Corpo de BDCC 2,50 x 2,50 m - moldado no local - altura do aterro 2,50 a 5,00 m - areia e brita comerciais","m",7489.94]
[705288,"Corpo de BDCC 2,50 x 2,50 m - moldado no local - altura do aterro 2,50 a 5,00 m - areia extraída e brita produzida","m",6862.53]
[705291,"Corpo de BDCC 2,50 x 2,50 m - moldado no local - altura do aterro 5,00 a 7,50 m - areia e brita comerciais","m",8445]
[705290,"Corpo de BDCC 2,50 x 2,50 m - moldado no local - altura do aterro 5,00 a 7,50 m - areia extraída e brita produzida","m",7817.59]
[705293,"Corpo de BDCC 2,50 x 2,50 m - moldado no local - altura do aterro 7,50 a 10,00 m - areia e brita comerciais","m",9101.02]
[705292,"Corpo de BDCC 2,50 x 2,50 m - moldado no local - altura do aterro 7,50 a 10,00 m - areia extraída e brita produzida","m",8336.58]
[705299,"Corpo de BDCC 3,00 x 3,00 m - moldado no local - altura do aterro 0,00 a 1,00 m - areia e brita comerciais","m",9323.81]
[705298,"Corpo de BDCC 3,00 x 3,00 m - moldado no local - altura do aterro 0,00 a 1,00 m - areia extraída e brita produzida","m",8584.42]
[705301,"Corpo de BDCC 3,00 x 3,00 m - moldado no local - altura do aterro 1,00 a 2,50 m - areia e brita comerciais","m",8780.96]
[705300,"Corpo de BDCC 3,00 x 3,00 m - moldado no local - altura do aterro 1,00 a 2,50 m - areia extraída e brita produzida","m",8041.56]
[705309,"Corpo de BDCC 3,00 x 3,00 m - moldado no local - altura do aterro 10,00 a 12,50 m - areia e brita comerciais","m",13806.12]
[705308,"Corpo de BDCC 3,00 x 3,00 m - moldado no local - altura do aterro 10,00 a 12,50 m - areia extraída e brita produzida","m",12700.73]
[705311,"Corpo de BDCC 3,00 x 3,00 m - moldado no local - altura do aterro 12,50 a 15,00 m - areia e brita comerciais","m",13720.83]
[705310,"Corpo de BDCC 3,00 x 3,00 m - moldado no local - altura do aterro 12,50 a 15,00 m - areia extraída e brita produzida","m",12615.44]
[705303,"Corpo de BDCC 3,00 x 3,00 m - moldado no local - altura do aterro 2,50 a 5,00 m - areia e brita comerciais","m",9433.25]
[705302,"Corpo de BDCC 3,00 x 3,00 m - moldado no local - altura do aterro 2,50 a 5,00 m - areia extraída e brita produzida","m",8532.86]
[705305,"Corpo de BDCC 3,00 x 3,00 m - moldado no local - altura do aterro 5,00 a 7,50 m - areia e brita comerciais","m",11315.74]
[705304,"Corpo de BDCC 3,00 x 3,00 m - moldado no local - altura do aterro 5,00 a 7,50 m - areia extraída e brita produzida","m",10415.34]
[705307,"Corpo de BDCC 3,00 x 3,00 m - moldado no local - altura do aterro 7,50 a 10,00 m - areia e brita comerciais","m",12450.13]
[705306,"Corpo de BDCC 3,00 x 3,00 m - moldado no local - altura do aterro 7,50 a 10,00 m - areia extraída e brita produzida","m",11344.74]
[705169,"Corpo de BSCC 1,50 x 1,50 m - moldado no local - altura do aterro 0,00 a 1,00 m - areia e brita comerciais","m",2353.59]
[705168,"Corpo de BSCC 1,50 x 1,50 m - moldado no local - altura do aterro 0,00 a 1,00 m - areia extraída e brita produzida","m",2182.63]
[705171,"Corpo de BSCC 1,50 x 1,50 m - moldado no local - altura do aterro 1,00 a 2,50 m - areia e brita comerciais","m",2103.39]
[705170,"Corpo de BSCC 1,50 x 1,50 m - moldado no local - altura do aterro 1,00 a 2,50 m - areia extraída e brita produzida","m",1932.44]
[705179,"Corpo de BSCC 1,50 x 1,50 m - moldado no local - altura do aterro 10,00 a 12,50 m - areia e brita comerciais","m",2928.27]
[705178,"Corpo de BSCC 1,50 x 1,50 m - moldado no local - altura do aterro 10,00 a 12,50 m - areia extraída e brita produzida","m",2702.78]
[705181,"Corpo de BSCC 1,50 x 1,50 m - moldado no local - altura do aterro 12,50 a 15,00 m - areia e brita comerciais","m",3051.08]
[705180,"Corpo de BSCC 1,50 x 1,50 m - moldado no local - altura do aterro 12,50 a 15,00 m - areia extraída e brita produzida","m",2825.58]
[705173,"Corpo de BSCC 1,50 x 1,50 m - moldado no local - altura do aterro 2,50 a 5,00 m - areia e brita comerciais","m",2277.88]
[705172,"Corpo de BSCC 1,50 x 1,50 m - moldado no local - altura do aterro 2,50 a 5,00 m - areia extraída e brita produzida","m",2106.93]
[705175,"Corpo de BSCC 1,50 x 1,50 m - moldado no local - altura do aterro 5,00 a 7,50 m - areia e brita comerciais","m",2518.25]
[705174,"Corpo de BSCC 1,50 x 1,50 m - moldado no local - altura do aterro 5,00 a 7,50 m - areia extraída e brita produzida","m",2347.29]
[705177,"Corpo de BSCC 1,50 x 1,50 m - moldado no local - altura do aterro 7,50 a 10,00 m - areia e brita comerciais","m",2826.45]
[705176,"Corpo de BSCC 1,50 x 1,50 m - moldado no local - altura do aterro 7,50 a 10,00 m - areia extraída e brita produzida","m",2600.96]
[705183,"Corpo de BSCC 2,00 x 2,00 m - moldado no local - altura do aterro 0,00 a 1,00 m - areia e brita comerciais","m",3281.42]
[705182,"Corpo de BSCC 2,00 x 2,00 m - moldado no local - altura do aterro 0,00 a 1,00 m - areia extraída e brita produzida","m",3061.73]
[705185,"Corpo de BSCC 2,00 x 2,00 m - moldado no local - altura do aterro 1,00 a 2,50 m - areia e brita comerciais","m",2991.43]
[705184,"Corpo de BSCC 2,00 x 2,00 m - moldado no local - altura do aterro 1,00 a 2,50 m - areia extraída e brita produzida","m",2771.73]
[705193,"Corpo de BSCC 2,00 x 2,00 m - moldado no local - altura do aterro 10,00 a 12,50 m - areia e brita comerciais","m",4447.09]
[705192,"Corpo de BSCC 2,00 x 2,00 m - moldado no local - altura do aterro 10,00 a 12,50 m - areia extraída e brita produzida","m",4093.02]
[705195,"Corpo de BSCC 2,00 x 2,00 m - moldado no local - altura do aterro 12,50 a 15,00 m - areia e brita comerciais","m",4741.46]
[705194,"Corpo de BSCC 2,00 x 2,00 m - moldado no local - altura do aterro 12,50 a 15,00 m - areia extraída e brita produzida","m",4387.39]
[705187,"Corpo de BSCC 2,00 x 2,00 m - moldado no local - altura do aterro 2,50 a 5,00 m - areia e brita comerciais","m",3379.99]
[705186,"Corpo de BSCC 2,00 x 2,00 m - moldado no local - altura do aterro 2,50 a 5,00 m - areia extraída e brita produzida","m",3092.44]
[705189,"Corpo de BSCC 2,00 x 2,00 m - moldado no local - altura do aterro 5,00 a 7,50 m - areia e brita comerciais","m",3762.45]
[705188,"Corpo de BSCC 2,00 x 2,00 m - moldado no local - altura do aterro 5,00 a 7,50 m - areia extraída e brita produzida","m",3474.9]
[705191,"Corpo de BSCC 2,00 x 2,00 m - moldado no local - altura do aterro 7,50 a 10,00 m - areia e brita comerciais","m",4113.36]
[705190,"Corpo de BSCC 2,00 x 2,00 m - moldado no local - altura do aterro 7,50 a 10,00 m - areia extraída e brita produzida","m",3759.29]
[705197,"Corpo de BSCC 2,50 x 2,50 m - moldado no local - altura do aterro 0,00 a 1,00 m - areia e brita comerciais","m",4477.55]
[705196,"Corpo de BSCC 2,50 x 2,50 m - moldado no local - altura do aterro 0,00 a 1,00 m - areia extraída e brita produzida","m",4126.76]
[705199,"Corpo de BSCC 2,50 x 2,50 m - moldado no local - altura do aterro 1,00 a 2,50 m - areia e brita comerciais","m",4258.18]
[705198,"Corpo de BSCC 2,50 x 2,50 m - moldado no local - altura do aterro 1,00 a 2,50 m - areia extraída e brita produzida","m",3907.38]
[705207,"Corpo de BSCC 2,50 x 2,50 m - moldado no local - altura do aterro 10,00 a 12,50 m - areia e brita comerciais","m",6276.3]
[705206,"Corpo de BSCC 2,50 x 2,50 m - moldado no local - altura do aterro 10,00 a 12,50 m - areia extraída e brita produzida","m",5753.85]
[705209,"Corpo de BSCC 2,50 x 2,50 m - moldado no local - altura do aterro 12,50 a 15,00 m - areia e brita comerciais","m",7090.79]
[705208,"Corpo de BSCC 2,50 x 2,50 m - moldado no local - altura do aterro 12,50 a 15,00 m - areia extraída e brita produzida","m",6481.85]
[705201,"Corpo de BSCC 2,50 x 2,50 m - moldado no local - altura do aterro 2,50 a 5,00 m - areia e brita comerciais","m",4834.76]
[705200,"Corpo de BSCC 2,50 x 2,50 m - moldado no local - altura do aterro 2,50 a 5,00 m - areia extraída e brita produzida","m",4483.97]
[705203,"Corpo de BSCC 2,50 x 2,50 m - moldado no local - altura do aterro 5,00 a 7,50 m - areia e brita comerciais","m",5300.22]
[705202,"Corpo de BSCC 2,50 x 2,50 m - moldado no local - altura do aterro 5,00 a 7,50 m - areia extraída e brita produzida","m",4869.59]
[705205,"Corpo de BSCC 2,50 x 2,50 m - moldado no local - altura do aterro 7,50 a 10,00 m - areia e brita comerciais","m",5762.32]
[705204,"Corpo de BSCC 2,50 x 2,50 m - moldado no local - altura do aterro 7,50 a 10,00 m - areia extraída e brita produzida","m",5331.68]
[705211,"Corpo de BSCC 3,00 x 3,00 m - moldado no local - altura do aterro 0,00 a 1,00 m - areia e brita comerciais","m",5728.22]
[705210,"Corpo de BSCC 3,00 x 3,00 m - moldado no local - altura do aterro 0,00 a 1,00 m - areia extraída e brita produzida","m",5222.21]
[705213,"Corpo de BSCC 3,00 x 3,00 m - moldado no local - altura do aterro 1,00 a 2,50 m - areia e brita comerciais","m",5662.22]
[705212,"Corpo de BSCC 3,00 x 3,00 m - moldado no local - altura do aterro 1,00 a 2,50 m - areia extraída e brita produzida","m",5156.22]
[705221,"Corpo de BSCC 3,00 x 3,00 m - moldado no local - altura do aterro 10,00 a 12,50 m - areia e brita comerciais","m",8588.19]
[705220,"Corpo de BSCC 3,00 x 3,00 m - moldado no local - altura do aterro 10,00 a 12,50 m - areia extraída e brita produzida","m",7877.25]
[705223,"Corpo de BSCC 3,00 x 3,00 m - moldado no local - altura do aterro 12,50 a 15,00 m - areia e brita comerciais","m",9276.57]
[705222,"Corpo de BSCC 3,00 x 3,00 m - moldado no local - altura do aterro 12,50 a 15,00 m - areia extraída e brita produzida","m",8457.83]
[705215,"Corpo de BSCC 3,00 x 3,00 m - moldado no local - altura do aterro 2,50 a 5,00 m - areia e brita comerciais","m",6649.56]
[705214,"Corpo de BSCC 3,00 x 3,00 m - moldado no local - altura do aterro 2,50 a 5,00 m - areia extraída e brita produzida","m",6037.1]
[705217,"Corpo de BSCC 3,00 x 3,00 m - moldado no local - altura do aterro 5,00 a 7,50 m - areia e brita comerciais","m",7331.77]
[705216,"Corpo de BSCC 3,00 x 3,00 m - moldado no local - altura do aterro 5,00 a 7,50 m - areia extraída e brita produzida","m",6719.31]
[705219,"Corpo de BSCC 3,00 x 3,00 m - moldado no local - altura do aterro 7,50 a 10,00 m - areia e brita comerciais","m",7966.13]
[705218,"Corpo de BSCC 3,00 x 3,00 m - moldado no local - altura do aterro 7,50 a 10,00 m - areia extraída e brita produzida","m",7255.19]
[705346,"Corpo de BTCC 1,50 x 1,50 m - moldado no local - altura do aterro 0,00 a 1,00 m - areia e brita comerciais","m",5396.34]
[705345,"Corpo de BTCC 1,50 x 1,50 m - moldado no local - altura do aterro 0,00 a 1,00 m - areia extraída e brita produzida","m",4957.48]
[705348,"Corpo de BTCC 1,50 x 1,50 m - moldado no local - altura do aterro 1,00 a 2,50 m - areia e brita comerciais","m",4889.21]
[705347,"Corpo de BTCC 1,50 x 1,50 m - moldado no local - altura do aterro 1,00 a 2,50 m - areia extraída e brita produzida","m",4450.34]
[705356,"Corpo de BTCC 1,50 x 1,50 m - moldado no local - altura do aterro 10,00 a 12,50 m - areia e brita comerciais","m",7082.85]
[705355,"Corpo de BTCC 1,50 x 1,50 m - moldado no local - altura do aterro 10,00 a 12,50 m - areia extraída e brita produzida","m",6498.96]
[705358,"Corpo de BTCC 1,50 x 1,50 m - moldado no local - altura do aterro 12,50 a 15,00 m - areia e brita comerciais","m",7185.67]
[705357,"Corpo de BTCC 1,50 x 1,50 m - moldado no local - altura do aterro 12,50 a 15,00 m - areia extraída e brita produzida","m",6601.77]
[705350,"Corpo de BTCC 1,50 x 1,50 m - moldado no local - altura do aterro 2,50 a 5,00 m - areia e brita comerciais","m",5303.7]
[705349,"Corpo de BTCC 1,50 x 1,50 m - moldado no local - altura do aterro 2,50 a 5,00 m - areia extraída e brita produzida","m",4864.84]
[705352,"Corpo de BTCC 1,50 x 1,50 m - moldado no local - altura do aterro 5,00 a 7,50 m - areia e brita comerciais","m",5657.73]
[705351,"Corpo de BTCC 1,50 x 1,50 m - moldado no local - altura do aterro 5,00 a 7,50 m - areia extraída e brita produzida","m",5218.86]
[705354,"Corpo de BTCC 1,50 x 1,50 m - moldado no local - altura do aterro 7,50 a 10,00 m - areia e brita comerciais","m",6192.88]
[705353,"Corpo de BTCC 1,50 x 1,50 m - moldado no local - altura do aterro 7,50 a 10,00 m - areia extraída e brita produzida","m",5754.01]
[705360,"Corpo de BTCC 2,00 x 2,00 m - moldado no local - altura do aterro 0,00 a 1,00 m - areia e brita comerciais","m",7742.36]
[705359,"Corpo de BTCC 2,00 x 2,00 m - moldado no local - altura do aterro 0,00 a 1,00 m - areia extraída e brita produzida","m",7176.05]
[705362,"Corpo de BTCC 2,00 x 2,00 m - moldado no local - altura do aterro 1,00 a 2,50 m - areia e brita comerciais","m",7087.94]
[705361,"Corpo de BTCC 2,00 x 2,00 m - moldado no local - altura do aterro 1,00 a 2,50 m - areia extraída e brita produzida","m",6521.63]
[705370,"Corpo de BTCC 2,00 x 2,00 m - moldado no local - altura do aterro 10,00 a 12,50 m - areia e brita comerciais","m",10397.75]
[705369,"Corpo de BTCC 2,00 x 2,00 m - moldado no local - altura do aterro 10,00 a 12,50 m - areia extraída e brita produzida","m",9493.46]
[705372,"Corpo de BTCC 2,00 x 2,00 m - moldado no local - altura do aterro 12,50 a 15,00 m - areia e brita comerciais","m",11038.6]
[705371,"Corpo de BTCC 2,00 x 2,00 m - moldado no local - altura do aterro 12,50 a 15,00 m - areia extraída e brita produzida","m",10134.3]
[705364,"Corpo de BTCC 2,00 x 2,00 m - moldado no local - altura do aterro 2,50 a 5,00 m - areia e brita comerciais","m",7963.25]
[705363,"Corpo de BTCC 2,00 x 2,00 m - moldado no local - altura do aterro 2,50 a 5,00 m - areia extraída e brita produzida","m",7396.94]
[705366,"Corpo de BTCC 2,00 x 2,00 m - moldado no local - altura do aterro 5,00 a 7,50 m - areia e brita comerciais","m",8684.2]
[705365,"Corpo de BTCC 2,00 x 2,00 m - moldado no local - altura do aterro 5,00 a 7,50 m - areia extraída e brita produzida","m",7939.57]
[705368,"Corpo de BTCC 2,00 x 2,00 m - moldado no local - altura do aterro 7,50 a 10,00 m - areia e brita comerciais","m",9674.19]
[705367,"Corpo de BTCC 2,00 x 2,00 m - moldado no local - altura do aterro 7,50 a 10,00 m - areia extraída e brita produzida","m",8929.57]
[705374,"Corpo de BTCC 2,50 x 2,50 m - moldado no local - altura do aterro 0,00 a 1,00 m - areia e brita comerciais","m",10226.8]
[705373,"Corpo de BTCC 2,50 x 2,50 m - moldado no local - altura do aterro 0,00 a 1,00 m - areia extraída e brita produzida","m",9507.89]
[705376,"Corpo de BTCC 2,50 x 2,50 m - moldado no local - altura do aterro 1,00 a 2,50 m - areia e brita comerciais","m",9232.8]
[705375,"Corpo de BTCC 2,50 x 2,50 m - moldado no local - altura do aterro 1,00 a 2,50 m - areia extraída e brita produzida","m",8513.9]
[705384,"Corpo de BTCC 2,50 x 2,50 m - moldado no local - altura do aterro 10,00 a 12,50 m - areia e brita comerciais","m",13751.51]
[705383,"Corpo de BTCC 2,50 x 2,50 m - moldado no local - altura do aterro 10,00 a 12,50 m - areia extraída e brita produzida","m",12652.01]
[705386,"Corpo de BTCC 2,50 x 2,50 m - moldado no local - altura do aterro 12,50 a 15,00 m - areia e brita comerciais","m",14769.01]
[705385,"Corpo de BTCC 2,50 x 2,50 m - moldado no local - altura do aterro 12,50 a 15,00 m - areia extraída e brita produzida","m",13669.51]
[705378,"Corpo de BTCC 2,50 x 2,50 m - moldado no local - altura do aterro 2,50 a 5,00 m - areia e brita comerciais","m",10437.13]
[705377,"Corpo de BTCC 2,50 x 2,50 m - moldado no local - altura do aterro 2,50 a 5,00 m - areia extraída e brita produzida","m",9530.59]
[705380,"Corpo de BTCC 2,50 x 2,50 m - moldado no local - altura do aterro 5,00 a 7,50 m - areia e brita comerciais","m",11749.61]
[705379,"Corpo de BTCC 2,50 x 2,50 m - moldado no local - altura do aterro 5,00 a 7,50 m - areia extraída e brita produzida","m",10843.07]
[705382,"Corpo de BTCC 2,50 x 2,50 m - moldado no local - altura do aterro 7,50 a 10,00 m - areia e brita comerciais","m",12908.12]
[705381,"Corpo de BTCC 2,50 x 2,50 m - moldado no local - altura do aterro 7,50 a 10,00 m - areia extraída e brita produzida","m",11808.62]
[705388,"Corpo de BTCC 3,00 x 3,00 m - moldado no local - altura do aterro 0,00 a 1,00 m - areia e brita comerciais","m",12897.85]
[705387,"Corpo de BTCC 3,00 x 3,00 m - moldado no local - altura do aterro 0,00 a 1,00 m - areia extraída e brita produzida","m",11830.59]
[705390,"Corpo de BTCC 3,00 x 3,00 m - moldado no local - altura do aterro 1,00 a 2,50 m - areia e brita comerciais","m",12194.68]
[705389,"Corpo de BTCC 3,00 x 3,00 m - moldado no local - altura do aterro 1,00 a 2,50 m - areia extraída e brita produzida","m",11127.41]
[705399,"Corpo de BTCC 3,00 x 3,00 m - moldado no local - altura do aterro 10,00 a 12,50 m - areia e brita comerciais","m",18429.82]
[705398,"Corpo de BTCC 3,00 x 3,00 m - moldado no local - altura do aterro 10,00 a 12,50 m - areia extraída e brita produzida","m",16830.18]
[705401,"Corpo de BTCC 3,00 x 3,00 m - moldado no local - altura do aterro 12,50 a 15,00 m - areia e brita comerciais","m",19807.8]
[705400,"Corpo de BTCC 3,00 x 3,00 m - moldado no local - altura do aterro 12,50 a 15,00 m - areia extraída e brita produzida","m",18208.16]
[705392,"Corpo de BTCC 3,00 x 3,00 m - moldado no local - altura do aterro 2,50 a 5,00 m - areia e brita comerciais","m",13827.27]
[705391,"Corpo de BTCC 3,00 x 3,00 m - moldado no local - altura do aterro 2,50 a 5,00 m - areia extraída e brita produzida","m",12533.76]
[705395,"Corpo de BTCC 3,00 x 3,00 m - moldado no local - altura do aterro 5,00 a 7,50 m - areia e brita comerciais","m",15655.29]
[705394,"Corpo de BTCC 3,00 x 3,00 m - moldado no local - altura do aterro 5,00 a 7,50 m - areia extraída e brita produzida","m",14361.78]
[705397,"Corpo de BTCC 3,00 x 3,00 m - moldado no local - altura do aterro 7,50 a 10,00 m - areia e brita comerciais","m",17114.3]
[705396,"Corpo de BTCC 3,00 x 3,00 m - moldado no local - altura do aterro 7,50 a 10,00 m - areia extraída e brita produzida","m",15514.66]
[804213,"Boca de BDTC D = 0,80 m - esconsidade 0° - areia e brita comerciais - alas retas","un",1526.34]
[804212,"Boca de BDTC D = 0,80 m - esconsidade 0° - areia extraída e brita produzida - alas retas","un",1265.78]
[804217,"Boca de BDTC D = 0,80 m - esconsidade 10° - areia e brita comerciais - alas retas","un",1535.3]
[804216,"Boca de BDTC D = 0,80 m - esconsidade 10° - areia extraída e brita produzida - alas retas","un",1274.21]
[804219,"Boca de BDTC D = 0,80 m - esconsidade 15° - areia e brita comerciais - alas retas","un",1546.65]
[804218,"Boca de BDTC D = 0,80 m - esconsidade 15° - areia extraída e brita produzida - alas retas","un",1285.03]
[804221,"Boca de BDTC D = 0,80 m - esconsidade 20° - areia e brita comerciais - alas retas","un",1564.93]
[804220,"Boca de BDTC D = 0,80 m - esconsidade 20° - areia extraída e brita produzida - alas retas","un",1302.38]
[804223,"Boca de BDTC D = 0,80 m - esconsidade 25° - areia e brita comerciais - alas retas","un",1588.88]
[804222,"Boca de BDTC D = 0,80 m - esconsidade 25° - areia extraída e brita produzida - alas retas","un",1325.13]
[804225,"Boca de BDTC D = 0,80 m - esconsidade 30° - areia e brita comerciais - alas retas","un",1620.46]
[804224,"Boca de BDTC D = 0,80 m - esconsidade 30° - areia extraída e brita produzida - alas retas","un",1355.38]
[804227,"Boca de BDTC D = 0,80 m - esconsidade 35° - areia e brita comerciais - alas retas","un",1663.31]
[804226,"Boca de BDTC D = 0,80 m - esconsidade 35° - areia extraída e brita produzida - alas retas","un",1396.63]
[804229,"Boca de BDTC D = 0,80 m - esconsidade 40° - areia e brita comerciais - alas retas","un",1719.38]
[804228,"Boca de BDTC D = 0,80 m - esconsidade 40° - areia extraída e brita produzida - alas retas","un",1450.97]
[804231,"Boca de BDTC D = 0,80 m - esconsidade 45° - areia e brita comerciais - alas retas","un",1796.3]
[804230,"Boca de BDTC D = 0,80 m - esconsidade 45° - areia extraída e brita produzida - alas retas","un",1525.89]
[804215,"Boca de BDTC D = 0,80 m - esconsidade 5° - areia e brita comerciais - alas retas","un",1528.38]
[804214,"Boca de BDTC D = 0,80 m - esconsidade 5° - areia extraída e brita produzida - alas retas","un",1267.69]
[804417,"Boca de BDTC D = 1,00 m - esconsidade 0° - areia e brita comerciais - alas esconsas","un",3946.83]
[804233,"Boca de BDTC D = 1,00 m - esconsidade 0° - areia e brita comerciais - alas retas","un",2265.44]
[804416,"Boca de BDTC D = 1,00 m - esconsidade 0° - areia extraída e brita produzida - alas esconsas","un",3267.02]
[804232,"Boca de BDTC D = 1,00 m - esconsidade 0° - areia extraída e brita produzida - alas retas","un",1861.09]
[804237,"Boca de BDTC D = 1,00 m - esconsidade 10° - areia e brita comerciais - alas retas","un",2278.92]
[804236,"Boca de BDTC D = 1,00 m - esconsidade 10° - areia extraída e brita produzida - alas retas","un",1873.64]
[804419,"Boca de BDTC D = 1,00 m - esconsidade 15° - areia e brita comerciais - alas esconsas","un",4128.46]
[804239,"Boca de BDTC D = 1,00 m - esconsidade 15° - areia e brita comerciais - alas retas","un",2296.48]
[804418,"Boca de BDTC D = 1,00 m - esconsidade 15° - areia extraída e brita produzida - alas esconsas","un",3416.16]
[804238,"Boca de BDTC D = 1,00 m - esconsidade 15° - areia extraída e brita produzida - alas retas","un",1890.01]
[804241,"Boca de BDTC D = 1,00 m - esconsidade 20° - areia e brita comerciais - alas retas","un",2321.77]
[804240,"Boca de BDTC D = 1,00 m - esconsidade 20° - areia extraída e brita produzida - alas retas","un",1913.69]
[804243,"Boca de BDTC D = 1,00 m - esconsidade 25° - areia e brita comerciais - alas retas","un",2356.36]
[804242,"Boca de BDTC D = 1,00 m - esconsidade 25° - areia extraída e brita produzida - alas retas","un",1946.29]
[804421,"Boca de BDTC D = 1,00 m - esconsidade 30° - areia e brita comerciais - alas esconsas","un",4606.49]
[804245,"Boca de BDTC D = 1,00 m - esconsidade 30° - areia e brita comerciais - alas retas","un",2403.12]
[804420,"Boca de BDTC D = 1,00 m - esconsidade 30° - areia extraída e brita produzida - alas esconsas","un",3809.38]
[804244,"Boca de BDTC D = 1,00 m - esconsidade 30° - areia extraída e brita produzida - alas retas","un",1990.51]
[804247,"Boca de BDTC D = 1,00 m - esconsidade 35° - areia e brita comerciais - alas retas","un",2464.33]
[804246,"Boca de BDTC D = 1,00 m - esconsidade 35° - areia extraída e brita produzida - alas retas","un",2048.93]
[804249,"Boca de BDTC D = 1,00 m - esconsidade 40° - areia e brita comerciais - alas retas","un",2546.48]
[804248,"Boca de BDTC D = 1,00 m - esconsidade 40° - areia extraída e brita produzida - alas retas","un",2127.75]
[804423,"Boca de BDTC D = 1,00 m - esconsidade 45° - areia e brita comerciais - alas esconsas","un",5702.31]
[804251,"Boca de BDTC D = 1,00 m - esconsidade 45° - areia e brita comerciais - alas retas","un",2656.22]
[804422,"Boca de BDTC D = 1,00 m - esconsidade 45° - areia extraída e brita produzida - alas esconsas","un",4707.75]
[804250,"Boca de BDTC D = 1,00 m - esconsidade 45° - areia extraída e brita produzida - alas retas","un",2234.03]
[804235,"Boca de BDTC D = 1,00 m - esconsidade 5° - areia e brita comerciais - alas retas","un",2268.72]
[804234,"Boca de BDTC D = 1,00 m - esconsidade 5° - areia extraída e brita produzida - alas retas","un",1864.11]
[804425,"Boca de BDTC D = 1,20 m - esconsidade 0° - areia e brita comerciais - alas esconsas","un",5713.19]
[804253,"Boca de BDTC D = 1,20 m - esconsidade 0° - areia e brita comerciais - alas retas","un",3145.52]
[804424,"Boca de BDTC D = 1,20 m - esconsidade 0° - areia extraída e brita produzida - alas esconsas","un",4662.85]
[804252,"Boca de BDTC D = 1,20 m - esconsidade 0° - areia extraída e brita produzida - alas retas","un",2558.64]
[804257,"Boca de BDTC D = 1,20 m - esconsidade 10° - areia e brita comerciais - alas retas","un",3165.3]
[804256,"Boca de BDTC D = 1,20 m - esconsidade 10° - areia extraída e brita produzida - alas retas","un",2576.55]
[804427,"Boca de BDTC D = 1,20 m - esconsidade 15° - areia e brita comerciais - alas esconsas","un",5989.53]
[804259,"Boca de BDTC D = 1,20 m - esconsidade 15° - areia e brita comerciais - alas retas","un",3190.4]
[804426,"Boca de BDTC D = 1,20 m - esconsidade 15° - areia extraída e brita produzida - alas esconsas","un",4885.93]
[804258,"Boca de BDTC D = 1,20 m - esconsidade 15° - areia extraída e brita produzida - alas retas","un",2599.39]
[804261,"Boca de BDTC D = 1,20 m - esconsidade 20° - areia e brita comerciais - alas retas","un",3227.39]
[804260,"Boca de BDTC D = 1,20 m - esconsidade 20° - areia extraída e brita produzida - alas retas","un",2633.19]
[804263,"Boca de BDTC D = 1,20 m - esconsidade 25° - areia e brita comerciais - alas retas","un",3277.87]
[804262,"Boca de BDTC D = 1,20 m - esconsidade 25° - areia extraída e brita produzida - alas retas","un",2679.53]
[804429,"Boca de BDTC D = 1,20 m - esconsidade 30° - areia e brita comerciais - alas esconsas","un",6685]
[804265,"Boca de BDTC D = 1,20 m - esconsidade 30° - areia e brita comerciais - alas retas","un",3345.37]
[804428,"Boca de BDTC D = 1,20 m - esconsidade 30° - areia extraída e brita produzida - alas esconsas","un",5448.8]
[804264,"Boca de BDTC D = 1,20 m - esconsidade 30° - areia extraída e brita produzida - alas retas","un",2742.11]
[804267,"Boca de BDTC D = 1,20 m - esconsidade 35° - areia e brita comerciais - alas retas","un",3431.86]
[804266,"Boca de BDTC D = 1,20 m - esconsidade 35° - areia extraída e brita produzida - alas retas","un",2823.01]
[804269,"Boca de BDTC D = 1,20 m - esconsidade 40° - areia e brita comerciais - alas retas","un",3547.01]
[804268,"Boca de BDTC D = 1,20 m - esconsidade 40° - areia extraída e brita produzida - alas retas","un",2931.64]
[804431,"Boca de BDTC D = 1,20 m - esconsidade 45° - areia e brita comerciais - alas esconsas","un",8287.71]
[804271,"Boca de BDTC D = 1,20 m - esconsidade 45° - areia e brita comerciais - alas retas","un",3701.11]
[804430,"Boca de BDTC D = 1,20 m - esconsidade 45° - areia extraída e brita produzida - alas esconsas","un",6742.36]
[804270,"Boca de BDTC D = 1,20 m - esconsidade 45° - areia extraída e brita produzida - alas retas","un",3078.54]
[804255,"Boca de BDTC D = 1,20 m - esconsidade 5° - areia e brita comerciais - alas retas","un",3150.48]
[804254,"Boca de BDTC D = 1,20 m - esconsidade 5° - areia extraída e brita produzida - alas retas","un",2563.07]
[804433,"Boca de BDTC D = 1,50 m - esconsidade 0° - areia e brita comerciais - alas esconsas","un",10075.86]
[804273,"Boca de BDTC D = 1,50 m - esconsidade 0° - areia e brita comerciais - alas retas","un",5392.81]
[804432,"Boca de BDTC D = 1,50 m - esconsidade 0° - areia extraída e brita produzida - alas esconsas","un",8060.38]
[804272,"Boca de BDTC D = 1,50 m - esconsidade 0° - areia extraída e brita produzida - alas retas","un",4343.01]
[804277,"Boca de BDTC D = 1,50 m - esconsidade 10° - areia e brita comerciais - alas retas","un",5422.62]
[804276,"Boca de BDTC D = 1,50 m - esconsidade 10° - areia extraída e brita produzida - alas retas","un",4369.61]
[804435,"Boca de BDTC D = 1,50 m - esconsidade 15° - areia e brita comerciais - alas esconsas","un",10574.69]
[804279,"Boca de BDTC D = 1,50 m - esconsidade 15° - areia e brita comerciais - alas retas","un",5459.87]
[804434,"Boca de BDTC D = 1,50 m - esconsidade 15° - areia extraída e brita produzida - alas esconsas","un",8456.17]
[804278,"Boca de BDTC D = 1,50 m - esconsidade 15° - areia extraída e brita produzida - alas retas","un",4402.87]
[804281,"Boca de BDTC D = 1,50 m - esconsidade 20° - areia e brita comerciais - alas retas","un",5514.78]
[804280,"Boca de BDTC D = 1,50 m - esconsidade 20° - areia extraída e brita produzida - alas retas","un",4452.32]
[804283,"Boca de BDTC D = 1,50 m - esconsidade 25° - areia e brita comerciais - alas retas","un",5589.73]
[804282,"Boca de BDTC D = 1,50 m - esconsidade 25° - areia extraída e brita produzida - alas retas","un",4520.35]
[804437,"Boca de BDTC D = 1,50 m - esconsidade 30° - areia e brita comerciais - alas esconsas","un",11842.23]
[804285,"Boca de BDTC D = 1,50 m - esconsidade 30° - areia e brita comerciais - alas retas","un",5688.38]
[804436,"Boca de BDTC D = 1,50 m - esconsidade 30° - areia extraída e brita produzida - alas esconsas","un",9462.22]
[804284,"Boca de BDTC D = 1,50 m - esconsidade 30° - areia extraída e brita produzida - alas retas","un",4610.47]
[804287,"Boca de BDTC D = 1,50 m - esconsidade 35° - areia e brita comerciais - alas retas","un",5816.56]
[804286,"Boca de BDTC D = 1,50 m - esconsidade 35° - areia extraída e brita produzida - alas retas","un",4728.94]
[804289,"Boca de BDTC D = 1,50 m - esconsidade 40° - areia e brita comerciais - alas retas","un",5984.75]
[804288,"Boca de BDTC D = 1,50 m - esconsidade 40° - areia extraída e brita produzida - alas retas","un",4885.95]
[804439,"Boca de BDTC D = 1,50 m - esconsidade 45° - areia e brita comerciais - alas esconsas","un",14745.49]
[804291,"Boca de BDTC D = 1,50 m - esconsidade 45° - areia e brita comerciais - alas retas","un",6207.59]
[804438,"Boca de BDTC D = 1,50 m - esconsidade 45° - areia extraída e brita produzida - alas esconsas","un",11760.23]
[804290,"Boca de BDTC D = 1,50 m - esconsidade 45° - areia extraída e brita produzida - alas retas","un",5096.54]
[804275,"Boca de BDTC D = 1,50 m - esconsidade 5° - areia e brita comerciais - alas retas","un",5400.27]
[804274,"Boca de BDTC D = 1,50 m - esconsidade 5° - areia extraída e brita produzida - alas retas","un",4349.66]
[804061,"Boca de BSTC D = 0,40 m - esconsidade 0° - areia e brita comerciais - alas retas","un",370.38]
[804060,"Boca de BSTC D = 0,40 m - esconsidade 0° - areia extraída e brita produzida - alas retas","un",314.06]
[804065,"Boca de BSTC D = 0,40 m - esconsidade 10° - areia e brita comerciais - alas retas","un",371.98]
[804064,"Boca de BSTC D = 0,40 m - esconsidade 10° - areia extraída e brita produzida - alas retas","un",315.66]
[804067,"Boca de BSTC D = 0,40 m - esconsidade 15° - areia e brita comerciais - alas retas","un",373.57]
[804066,"Boca de BSTC D = 0,40 m - esconsidade 15° - areia extraída e brita produzida - alas retas","un",317.26]
[804069,"Boca de BSTC D = 0,40 m - esconsidade 20° - areia e brita comerciais - alas retas","un",376.41]
[804068,"Boca de BSTC D = 0,40 m - esconsidade 20° - areia extraída e brita produzida - alas retas","un",319.96]
[804071,"Boca de BSTC D = 0,40 m - esconsidade 25° - areia e brita comerciais - alas retas","un",380.41]
[804070,"Boca de BSTC D = 0,40 m - esconsidade 25° - areia extraída e brita produzida - alas retas","un",323.95]
[804073,"Boca de BSTC D = 0,40 m - esconsidade 30° - areia e brita comerciais - alas retas","un",385.64]
[804072,"Boca de BSTC D = 0,40 m - esconsidade 30° - areia extraída e brita produzida - alas retas","un",329.06]
[804075,"Boca de BSTC D = 0,40 m - esconsidade 35° - areia e brita comerciais - alas retas","un",392.83]
[804074,"Boca de BSTC D = 0,40 m - esconsidade 35° - areia extraída e brita produzida - alas retas","un",336.24]
[804077,"Boca de BSTC D = 0,40 m - esconsidade 40° - areia e brita comerciais - alas retas","un",402.05]
[804076,"Boca de BSTC D = 0,40 m - esconsidade 40° - areia extraída e brita produzida - alas retas","un",345.34]
[804079,"Boca de BSTC D = 0,40 m - esconsidade 45° - areia e brita comerciais - alas retas","un",416.07]
[804078,"Boca de BSTC D = 0,40 m - esconsidade 45° - areia extraída e brita produzida - alas retas","un",359.22]
[804063,"Boca de BSTC D = 0,40 m - esconsidade 5° - areia e brita comerciais - alas retas","un",371.18]
[804062,"Boca de BSTC D = 0,40 m - esconsidade 5° - areia extraída e brita produzida - alas retas","un",314.86]
[804377,"Boca de BSTC D = 0,60 m - esconsidade 0° - areia e brita comerciais - alas esconsas","un",1106.03]
[804081,"Boca de BSTC D = 0,60 m - esconsidade 0° - areia e brita comerciais - alas retas","un",746.15]
[804376,"Boca de BSTC D = 0,60 m - esconsidade 0° - areia extraída e brita produzida - alas esconsas","un",952.52]
[804080,"Boca de BSTC D = 0,60 m - esconsidade 0° - areia extraída e brita produzida - alas retas","un",622.06]
[804085,"Boca de BSTC D = 0,60 m - esconsidade 10° - areia e brita comerciais - alas retas","un",748.99]
[804084,"Boca de BSTC D = 0,60 m - esconsidade 10° - areia extraída e brita produzida - alas retas","un",624.77]
[804379,"Boca de BSTC D = 0,60 m - esconsidade 15° - areia e brita comerciais - alas esconsas","un",924.84]
[804087,"Boca de BSTC D = 0,60 m - esconsidade 15° - areia e brita comerciais - alas retas","un",752.18]
[804378,"Boca de BSTC D = 0,60 m - esconsidade 15° - areia extraída e brita produzida - alas esconsas","un",762.68]
[804086,"Boca de BSTC D = 0,60 m - esconsidade 15° - areia extraída e brita produzida - alas retas","un",627.96]
[804089,"Boca de BSTC D = 0,60 m - esconsidade 20° - areia e brita comerciais - alas retas","un",757.42]
[804088,"Boca de BSTC D = 0,60 m - esconsidade 20° - areia extraída e brita produzida - alas retas","un",633.06]
[804091,"Boca de BSTC D = 0,60 m - esconsidade 25° - areia e brita comerciais - alas retas","un",764.25]
[804090,"Boca de BSTC D = 0,60 m - esconsidade 25° - areia extraída e brita produzida - alas retas","un",639.76]
[804381,"Boca de BSTC D = 0,60 m - esconsidade 30° - areia e brita comerciais - alas esconsas","un",1307.28]
[804093,"Boca de BSTC D = 0,60 m - esconsidade 30° - areia e brita comerciais - alas retas","un",773.92]
[804380,"Boca de BSTC D = 0,60 m - esconsidade 30° - areia extraída e brita produzida - alas esconsas","un",1123.54]
[804092,"Boca de BSTC D = 0,60 m - esconsidade 30° - areia extraída e brita produzida - alas retas","un",649.17]
[804095,"Boca de BSTC D = 0,60 m - esconsidade 35° - areia e brita comerciais - alas retas","un",787.14]
[804094,"Boca de BSTC D = 0,60 m - esconsidade 35° - areia extraída e brita produzida - alas retas","un",662.25]
[804097,"Boca de BSTC D = 0,60 m - esconsidade 40° - areia e brita comerciais - alas retas","un",803.99]
[804096,"Boca de BSTC D = 0,60 m - esconsidade 40° - areia extraída e brita produzida - alas retas","un",678.84]
[804383,"Boca de BSTC D = 0,60 m - esconsidade 45° - areia e brita comerciais - alas esconsas","un",1616.2]
[804099,"Boca de BSTC D = 0,60 m - esconsidade 45° - areia e brita comerciais - alas retas","un",828.04]
[804382,"Boca de BSTC D = 0,60 m - esconsidade 45° - areia extraída e brita produzida - alas esconsas","un",1386.93]
[804098,"Boca de BSTC D = 0,60 m - esconsidade 45° - areia extraída e brita produzida - alas retas","un",702.62]
[804083,"Boca de BSTC D = 0,60 m - esconsidade 5° - areia e brita comerciais - alas retas","un",746.95]
[804082,"Boca de BSTC D = 0,60 m - esconsidade 5° - areia extraída e brita produzida - alas retas","un",622.86]
[804385,"Boca de BSTC D = 0,80 m - esconsidade 0° - areia e brita comerciais - alas esconsas","un",1840.63]
[804101,"Boca de BSTC D = 0,80 m - esconsidade 0° - areia e brita comerciais - alas retas","un",1263.11]
[804384,"Boca de BSTC D = 0,80 m - esconsidade 0° - areia extraída e brita produzida - alas esconsas","un",1555.71]
[804100,"Boca de BSTC D = 0,80 m - esconsidade 0° - areia extraída e brita produzida - alas retas","un",1047.56]
[804105,"Boca de BSTC D = 0,80 m - esconsidade 10° - areia e brita comerciais - alas retas","un",1267.55]
[804104,"Boca de BSTC D = 0,80 m - esconsidade 10° - areia extraída e brita produzida - alas retas","un",1051.86]
[804387,"Boca de BSTC D = 0,80 m - esconsidade 15° - areia e brita comerciais - alas esconsas","un",1939.43]
[804107,"Boca de BSTC D = 0,80 m - esconsidade 15° - areia e brita comerciais - alas retas","un",1273.58]
[804386,"Boca de BSTC D = 0,80 m - esconsidade 15° - areia extraída e brita produzida - alas esconsas","un",1638.27]
[804106,"Boca de BSTC D = 0,80 m - esconsidade 15° - areia extraída e brita produzida - alas retas","un",1057.76]
[804109,"Boca de BSTC D = 0,80 m - esconsidade 20° - areia e brita comerciais - alas retas","un",1282.81]
[804108,"Boca de BSTC D = 0,80 m - esconsidade 20° - areia extraída e brita produzida - alas retas","un",1066.85]
[804111,"Boca de BSTC D = 0,80 m - esconsidade 25° - areia e brita comerciais - alas retas","un",1294.87]
[804110,"Boca de BSTC D = 0,80 m - esconsidade 25° - areia extraída e brita produzida - alas retas","un",1078.65]
[804389,"Boca de BSTC D = 0,80 m - esconsidade 30° - areia e brita comerciais - alas esconsas","un",2166.04]
[804113,"Boca de BSTC D = 0,80 m - esconsidade 30° - areia e brita comerciais - alas retas","un",1311.37]
[804388,"Boca de BSTC D = 0,80 m - esconsidade 30° - areia extraída e brita produzida - alas esconsas","un",1827.99]
[804112,"Boca de BSTC D = 0,80 m - esconsidade 30° - areia extraída e brita produzida - alas retas","un",1094.75]
[804115,"Boca de BSTC D = 0,80 m - esconsidade 35° - areia e brita comerciais - alas retas","un",1334.26]
[804114,"Boca de BSTC D = 0,80 m - esconsidade 35° - areia extraída e brita produzida - alas retas","un",1117.24]
[804117,"Boca de BSTC D = 0,80 m - esconsidade 40° - areia e brita comerciais - alas retas","un",1364.34]
[804116,"Boca de BSTC D = 0,80 m - esconsidade 40° - areia extraída e brita produzida - alas retas","un",1146.92]
[804391,"Boca de BSTC D = 0,80 m - esconsidade 45° - areia e brita comerciais - alas esconsas","un",2688.51]
[804119,"Boca de BSTC D = 0,80 m - esconsidade 45° - areia e brita comerciais - alas retas","un",1405.59]
[804390,"Boca de BSTC D = 0,80 m - esconsidade 45° - areia extraída e brita produzida - alas esconsas","un",2264.06]
[804118,"Boca de BSTC D = 0,80 m - esconsidade 45° - areia extraída e brita produzida - alas retas","un",1187.78]
[804103,"Boca de BSTC D = 0,80 m - esconsidade 5° - areia e brita comerciais - alas retas","un",1264.71]
[804102,"Boca de BSTC D = 0,80 m - esconsidade 5° - areia extraída e brita produzida - alas retas","un",1049.15]
[804393,"Boca de BSTC D = 1,00 m - esconsidade 0° - areia e brita comerciais - alas esconsas","un",2833.37]
[804121,"Boca de BSTC D = 1,00 m - esconsidade 0° - areia e brita comerciais - alas retas","un",1887.45]
[804392,"Boca de BSTC D = 1,00 m - esconsidade 0° - areia extraída e brita produzida - alas esconsas","un",2358.46]
[804120,"Boca de BSTC D = 1,00 m - esconsidade 0° - areia extraída e brita produzida - alas retas","un",1552.74]
[804125,"Boca de BSTC D = 1,00 m - esconsidade 10° - areia e brita comerciais - alas retas","un",1893.49]
[804124,"Boca de BSTC D = 1,00 m - esconsidade 10° - areia extraída e brita produzida - alas retas","un",1558.64]
[804395,"Boca de BSTC D = 1,00 m - esconsidade 15° - areia e brita comerciais - alas esconsas","un",2975.89]
[804127,"Boca de BSTC D = 1,00 m - esconsidade 15° - areia e brita comerciais - alas retas","un",1902.36]
[804394,"Boca de BSTC D = 1,00 m - esconsidade 15° - areia extraída e brita produzida - alas esconsas","un",2475.68]
[804126,"Boca de BSTC D = 1,00 m - esconsidade 15° - areia extraída e brita produzida - alas retas","un",1567.25]
[804129,"Boca de BSTC D = 1,00 m - esconsidade 20° - areia e brita comerciais - alas retas","un",1914.87]
[804128,"Boca de BSTC D = 1,00 m - esconsidade 20° - areia extraída e brita produzida - alas retas","un",1579.36]
[804131,"Boca de BSTC D = 1,00 m - esconsidade 25° - areia e brita comerciais - alas retas","un",1932.17]
[804130,"Boca de BSTC D = 1,00 m - esconsidade 25° - areia extraída e brita produzida - alas retas","un",1596.26]
[804397,"Boca de BSTC D = 1,00 m - esconsidade 30° - areia e brita comerciais - alas esconsas","un",3316.63]
[804133,"Boca de BSTC D = 1,00 m - esconsidade 30° - areia e brita comerciais - alas retas","un",1956.3]
[804396,"Boca de BSTC D = 1,00 m - esconsidade 30° - areia extraída e brita produzida - alas esconsas","un",2756.78]
[804132,"Boca de BSTC D = 1,00 m - esconsidade 30° - areia extraída e brita produzida - alas retas","un",1619.85]
[804135,"Boca de BSTC D = 1,00 m - esconsidade 35° - areia e brita comerciais - alas retas","un",1987.62]
[804134,"Boca de BSTC D = 1,00 m - esconsidade 35° - areia extraída e brita produzida - alas retas","un",1650.64]
[804137,"Boca de BSTC D = 1,00 m - esconsidade 40° - areia e brita comerciais - alas retas","un",1951.51]
[804136,"Boca de BSTC D = 1,00 m - esconsidade 40° - areia extraída e brita produzida - alas retas","un",1613.86]
[804399,"Boca de BSTC D = 1,00 m - esconsidade 45° - areia e brita comerciais - alas esconsas","un",4127.15]
[804139,"Boca de BSTC D = 1,00 m - esconsidade 45° - areia e brita comerciais - alas retas","un",2090.71]
[804398,"Boca de BSTC D = 1,00 m - esconsidade 45° - areia extraída e brita produzida - alas esconsas","un",3422.44]
[804138,"Boca de BSTC D = 1,00 m - esconsidade 45° - areia extraída e brita produzida - alas retas","un",1752.27]
[804123,"Boca de BSTC D = 1,00 m - esconsidade 5° - areia e brita comerciais - alas retas","un",1888.25]
[804122,"Boca de BSTC D = 1,00 m - esconsidade 5° - areia extraída e brita produzida - alas retas","un",1553.54]
[804401,"Boca de BSTC D = 1,20 m - esconsidade 0° - areia e brita comerciais - alas esconsas","un",4089.82]
[804141,"Boca de BSTC D = 1,20 m - esconsidade 0° - areia e brita comerciais - alas retas","un",2619.71]
[804400,"Boca de BSTC D = 1,20 m - esconsidade 0° - areia extraída e brita produzida - alas esconsas","un",3356.75]
[804140,"Boca de BSTC D = 1,20 m - esconsidade 0° - areia extraída e brita produzida - alas retas","un",2135.34]
[804145,"Boca de BSTC D = 1,20 m - esconsidade 10° - areia e brita comerciais - alas retas","un",2629.46]
[804144,"Boca de BSTC D = 1,20 m - esconsidade 10° - areia extraída e brita produzida - alas retas","un",2144.57]
[804403,"Boca de BSTC D = 1,20 m - esconsidade 15° - areia e brita comerciais - alas esconsas","un",4306.83]
[804147,"Boca de BSTC D = 1,20 m - esconsidade 15° - areia e brita comerciais - alas retas","un",2641.62]
[804402,"Boca de BSTC D = 1,20 m - esconsidade 15° - areia extraída e brita produzida - alas esconsas","un",3532.09]
[804146,"Boca de BSTC D = 1,20 m - esconsidade 15° - areia extraída e brita produzida - alas retas","un",2156.19]
[804149,"Boca de BSTC D = 1,20 m - esconsidade 20° - areia e brita comerciais - alas retas","un",2659.89]
[804148,"Boca de BSTC D = 1,20 m - esconsidade 20° - areia extraída e brita produzida - alas retas","un",2173.53]
[804151,"Boca de BSTC D = 1,20 m - esconsidade 25° - areia e brita comerciais - alas retas","un",2685]
[804150,"Boca de BSTC D = 1,20 m - esconsidade 25° - areia extraída e brita produzida - alas retas","un",2197.57]
[804405,"Boca de BSTC D = 1,20 m - esconsidade 30° - areia e brita comerciais - alas esconsas","un",4813.94]
[804153,"Boca de BSTC D = 1,20 m - esconsidade 30° - areia e brita comerciais - alas retas","un",2718.98]
[804404,"Boca de BSTC D = 1,20 m - esconsidade 30° - areia extraída e brita produzida - alas esconsas","un",3943.74]
[804152,"Boca de BSTC D = 1,20 m - esconsidade 30° - areia extraída e brita produzida - alas retas","un",2230.22]
[804155,"Boca de BSTC D = 1,20 m - esconsidade 35° - areia e brita comerciais - alas retas","un",2762.98]
[804154,"Boca de BSTC D = 1,20 m - esconsidade 35° - areia extraída e brita produzida - alas retas","un",2272.76]
[804157,"Boca de BSTC D = 1,20 m - esconsidade 40° - areia e brita comerciais - alas retas","un",2823.84]
[804156,"Boca de BSTC D = 1,20 m - esconsidade 40° - areia extraída e brita produzida - alas retas","un",2331.89]
[804407,"Boca de BSTC D = 1,20 m - esconsidade 45° - areia e brita comerciais - alas esconsas","un",5997.09]
[804159,"Boca de BSTC D = 1,20 m - esconsidade 45° - areia e brita comerciais - alas retas","un",2905.11]
[804406,"Boca de BSTC D = 1,20 m - esconsidade 45° - areia extraída e brita produzida - alas esconsas","un",4899.61]
[804158,"Boca de BSTC D = 1,20 m - esconsidade 45° - areia extraída e brita produzida - alas retas","un",2411.29]
[804143,"Boca de BSTC D = 1,20 m - esconsidade 5° - areia e brita comerciais - alas retas","un",2622.55]
[804142,"Boca de BSTC D = 1,20 m - esconsidade 5° - areia extraída e brita produzida - alas retas","un",2138.05]
[804409,"Boca de BSTC D = 1,50 m - esconsidade 0° - areia e brita comerciais - alas esconsas","un",7390.61]
[804161,"Boca de BSTC D = 1,50 m - esconsidade 0° - areia e brita comerciais - alas retas","un",4503.96]
[804408,"Boca de BSTC D = 1,50 m - esconsidade 0° - areia extraída e brita produzida - alas esconsas","un",5951.36]
[804160,"Boca de BSTC D = 1,50 m - esconsidade 0° - areia extraída e brita produzida - alas retas","un",3640.28]
[804165,"Boca de BSTC D = 1,50 m - esconsidade 10° - areia e brita comerciais - alas retas","un",4517.35]
[804164,"Boca de BSTC D = 1,50 m - esconsidade 10° - areia extraída e brita produzida - alas retas","un",3653.01]
[804411,"Boca de BSTC D = 1,50 m - esconsidade 15° - areia e brita comerciais - alas esconsas","un",7794.47]
[804167,"Boca de BSTC D = 1,50 m - esconsidade 15° - areia e brita comerciais - alas retas","un",4534.83]
[804410,"Boca de BSTC D = 1,50 m - esconsidade 15° - areia extraída e brita produzida - alas esconsas","un",6272.55]
[804166,"Boca de BSTC D = 1,50 m - esconsidade 15° - areia extraída e brita produzida - alas retas","un",3669.55]
[804169,"Boca de BSTC D = 1,50 m - esconsidade 20° - areia e brita comerciais - alas retas","un",4560.38]
[804168,"Boca de BSTC D = 1,50 m - esconsidade 20° - areia extraída e brita produzida - alas retas","un",3693.9]
[804171,"Boca de BSTC D = 1,50 m - esconsidade 25° - areia e brita comerciais - alas retas","un",4595.24]
[804170,"Boca de BSTC D = 1,50 m - esconsidade 25° - areia extraída e brita produzida - alas retas","un",3727.17]
[804413,"Boca de BSTC D = 1,50 m - esconsidade 30° - areia e brita comerciais - alas esconsas","un",8734.95]
[804173,"Boca de BSTC D = 1,50 m - esconsidade 30° - areia e brita comerciais - alas retas","un",4642.17]
[804412,"Boca de BSTC D = 1,50 m - esconsidade 30° - areia extraída e brita produzida - alas esconsas","un",7021.7]
[804172,"Boca de BSTC D = 1,50 m - esconsidade 30° - areia extraída e brita produzida - alas retas","un",3772.24]
[804175,"Boca de BSTC D = 1,50 m - esconsidade 35° - areia e brita comerciais - alas retas","un",4705.16]
[804174,"Boca de BSTC D = 1,50 m - esconsidade 35° - areia extraída e brita produzida - alas retas","un",3833.1]
[804177,"Boca de BSTC D = 1,50 m - esconsidade 40° - areia e brita comerciais - alas retas","un",4789.44]
[804176,"Boca de BSTC D = 1,50 m - esconsidade 40° - areia extraída e brita produzida - alas retas","un",3914.85]
[804415,"Boca de BSTC D = 1,50 m - esconsidade 45° - areia e brita comerciais - alas esconsas","un",10948.46]
[804179,"Boca de BSTC D = 1,50 m - esconsidade 45° - areia e brita comerciais - alas retas","un",4904.95]
[804414,"Boca de BSTC D = 1,50 m - esconsidade 45° - areia extraída e brita produzida - alas esconsas","un",8777.87]
[804178,"Boca de BSTC D = 1,50 m - esconsidade 45° - areia extraída e brita produzida - alas retas","un",4027.56]
[804163,"Boca de BSTC D = 1,50 m - esconsidade 5° - areia e brita comerciais - alas retas","un",4507.6]
[804162,"Boca de BSTC D = 1,50 m - esconsidade 5° - areia extraída e brita produzida - alas retas","un",3643.78]
[804441,"Boca de BTTC D = 1,00 m - esconsidade 0° - areia e brita comerciais - alas esconsas","un",5060.29]
[804317,"Boca de BTTC D = 1,00 m - esconsidade 0° - areia e brita comerciais - alas retas","un",2754.69]
[804440,"Boca de BTTC D = 1,00 m - esconsidade 0° - areia extraída e brita produzida - alas esconsas","un",4175.57]
[804316,"Boca de BTTC D = 1,00 m - esconsidade 0° - areia extraída e brita produzida - alas retas","un",2247.3]
[804321,"Boca de BTTC D = 1,00 m - esconsidade 10° - areia e brita comerciais - alas retas","un",2774.38]
[804320,"Boca de BTTC D = 1,00 m - esconsidade 10° - areia extraída e brita produzida - alas retas","un",2265.39]
[804443,"Boca de BTTC D = 1,00 m - esconsidade 15° - areia e brita comerciais - alas esconsas","un",5280.59]
[804323,"Boca de BTTC D = 1,00 m - esconsidade 15° - areia e brita comerciais - alas retas","un",2800.64]
[804442,"Boca de BTTC D = 1,00 m - esconsidade 15° - areia extraída e brita produzida - alas esconsas","un",4356.33]
[804322,"Boca de BTTC D = 1,00 m - esconsidade 15° - areia extraída e brita produzida - alas retas","un",2289.52]
[804325,"Boca de BTTC D = 1,00 m - esconsidade 20° - areia e brita comerciais - alas retas","un",2838.7]
[804324,"Boca de BTTC D = 1,00 m - esconsidade 20° - areia extraída e brita produzida - alas retas","un",2324.78]
[804327,"Boca de BTTC D = 1,00 m - esconsidade 25° - areia e brita comerciais - alas retas","un",2891.04]
[804326,"Boca de BTTC D = 1,00 m - esconsidade 25° - areia extraída e brita produzida - alas retas","un",2373.39]
[804445,"Boca de BTTC D = 1,00 m - esconsidade 30° - areia e brita comerciais - alas esconsas","un",5892.62]
[804329,"Boca de BTTC D = 1,00 m - esconsidade 30° - areia e brita comerciais - alas retas","un",2960.76]
[804444,"Boca de BTTC D = 1,00 m - esconsidade 30° - areia extraída e brita produzida - alas esconsas","un",4858.66]
[804328,"Boca de BTTC D = 1,00 m - esconsidade 30° - areia extraída e brita produzida - alas retas","un",2438.72]
[804331,"Boca de BTTC D = 1,00 m - esconsidade 35° - areia e brita comerciais - alas retas","un",3051.07]
[804330,"Boca de BTTC D = 1,00 m - esconsidade 35° - areia extraída e brita produzida - alas retas","un",2523.97]
[804333,"Boca de BTTC D = 1,00 m - esconsidade 40° - areia e brita comerciais - alas retas","un",3171.99]
[804332,"Boca de BTTC D = 1,00 m - esconsidade 40° - areia extraída e brita produzida - alas retas","un",2639.03]
[804447,"Boca de BTTC D = 1,00 m - esconsidade 45° - areia e brita comerciais - alas esconsas","un",7288.91]
[804335,"Boca de BTTC D = 1,00 m - esconsidade 45° - areia e brita comerciais - alas retas","un",3332.2]
[804446,"Boca de BTTC D = 1,00 m - esconsidade 45° - areia extraída e brita produzida - alas esconsas","un",6003.71]
[804334,"Boca de BTTC D = 1,00 m - esconsidade 45° - areia extraída e brita produzida - alas retas","un",2792.85]
[804319,"Boca de BTTC D = 1,00 m - esconsidade 5° - areia e brita comerciais - alas retas","un",2759.22]
[804318,"Boca de BTTC D = 1,00 m - esconsidade 5° - areia extraída e brita produzida - alas retas","un",2251.42]
[804449,"Boca de BTTC D = 1,20 m - esconsidade 0° - areia e brita comerciais - alas esconsas","un",7335.76]
[804337,"Boca de BTTC D = 1,20 m - esconsidade 0° - areia e brita comerciais - alas retas","un",3767.23]
[804448,"Boca de BTTC D = 1,20 m - esconsidade 0° - areia extraída e brita produzida - alas esconsas","un",5968.14]
[804336,"Boca de BTTC D = 1,20 m - esconsidade 0° - areia extraída e brita produzida - alas retas","un",3035.36]
[804341,"Boca de BTTC D = 1,20 m - esconsidade 10° - areia e brita comerciais - alas retas","un",3797.03]
[804340,"Boca de BTTC D = 1,20 m - esconsidade 10° - areia extraída e brita produzida - alas retas","un",3061.97]
[804451,"Boca de BTTC D = 1,20 m - esconsidade 15° - areia e brita comerciais - alas esconsas","un",7672.23]
[804343,"Boca de BTTC D = 1,20 m - esconsidade 15° - areia e brita comerciais - alas retas","un",3835.09]
[804450,"Boca de BTTC D = 1,20 m - esconsidade 15° - areia extraída e brita produzida - alas esconsas","un",6239.77]
[804342,"Boca de BTTC D = 1,20 m - esconsidade 15° - areia extraída e brita produzida - alas retas","un",3096.03]
[804345,"Boca de BTTC D = 1,20 m - esconsidade 20° - areia e brita comerciais - alas retas","un",3890.79]
[804344,"Boca de BTTC D = 1,20 m - esconsidade 20° - areia extraída e brita produzida - alas retas","un",3146.27]
[804347,"Boca de BTTC D = 1,20 m - esconsidade 25° - areia e brita comerciais - alas retas","un",3966.99]
[804346,"Boca de BTTC D = 1,20 m - esconsidade 25° - areia extraída e brita produzida - alas retas","un",3215.42]
[804453,"Boca de BTTC D = 1,20 m - esconsidade 30° - areia e brita comerciais - alas esconsas","un",8552.69]
[804349,"Boca de BTTC D = 1,20 m - esconsidade 30° - areia e brita comerciais - alas retas","un",4067.23]
[804452,"Boca de BTTC D = 1,20 m - esconsidade 30° - areia extraída e brita produzida - alas esconsas","un",6949.82]
[804348,"Boca de BTTC D = 1,20 m - esconsidade 30° - areia extraída e brita produzida - alas retas","un",3307.13]
[804351,"Boca de BTTC D = 1,20 m - esconsidade 35° - areia e brita comerciais - alas retas","un",4196.65]
[804350,"Boca de BTTC D = 1,20 m - esconsidade 35° - areia extraída e brita produzida - alas retas","un",3426.7]
[804353,"Boca de BTTC D = 1,20 m - esconsidade 40° - areia e brita comerciais - alas retas","un",4367.24]
[804352,"Boca de BTTC D = 1,20 m - esconsidade 40° - areia extraída e brita produzida - alas retas","un",3586.11]
[804455,"Boca de BTTC D = 1,20 m - esconsidade 45° - areia e brita comerciais - alas esconsas","un",10586.06]
[804355,"Boca de BTTC D = 1,20 m - esconsidade 45° - areia e brita comerciais - alas retas","un",4592.57]
[804454,"Boca de BTTC D = 1,20 m - esconsidade 45° - areia extraída e brita produzida - alas esconsas","un",8591.22]
[804354,"Boca de BTTC D = 1,20 m - esconsidade 45° - areia extraída e brita produzida - alas retas","un",3798.92]
[804339,"Boca de BTTC D = 1,20 m - esconsidade 5° - areia e brita comerciais - alas retas","un",3774.68]
[804338,"Boca de BTTC D = 1,20 m - esconsidade 5° - areia extraída e brita produzida - alas retas","un",3042.01]
[804457,"Boca de BTTC D = 1,50 m - esconsidade 0° - areia e brita comerciais - alas esconsas","un",12809.62]
[804357,"Boca de BTTC D = 1,50 m - esconsidade 0° - areia e brita comerciais - alas retas","un",6346.22]
[804456,"Boca de BTTC D = 1,50 m - esconsidade 0° - areia extraída e brita produzida - alas esconsas","un",10211.26]
[804356,"Boca de BTTC D = 1,50 m - esconsidade 0° - areia extraída e brita produzida - alas retas","un",5050.37]
[804361,"Boca de BTTC D = 1,50 m - esconsidade 10° - areia e brita comerciais - alas retas","un",6391.99]
[804360,"Boca de BTTC D = 1,50 m - esconsidade 10° - areia extraída e brita produzida - alas retas","un",5090.54]
[804459,"Boca de BTTC D = 1,50 m - esconsidade 15° - areia e brita comerciais - alas esconsas","un",13405.57]
[804363,"Boca de BTTC D = 1,50 m - esconsidade 15° - areia e brita comerciais - alas retas","un",6450.62]
[804458,"Boca de BTTC D = 1,50 m - esconsidade 15° - areia extraída e brita produzida - alas esconsas","un",10683.38]
[804362,"Boca de BTTC D = 1,50 m - esconsidade 15° - areia extraída e brita produzida - alas retas","un",5142.12]
[804365,"Boca de BTTC D = 1,50 m - esconsidade 20° - areia e brita comerciais - alas retas","un",6535.32]
[804364,"Boca de BTTC D = 1,50 m - esconsidade 20° - areia extraída e brita produzida - alas retas","un",5216.97]
[804367,"Boca de BTTC D = 1,50 m - esconsidade 25° - areia e brita comerciais - alas retas","un",6650.46]
[804366,"Boca de BTTC D = 1,50 m - esconsidade 25° - areia extraída e brita produzida - alas retas","un",5319.59]
[804461,"Boca de BTTC D = 1,50 m - esconsidade 30° - areia e brita comerciais - alas esconsas","un",14988.01]
[804369,"Boca de BTTC D = 1,50 m - esconsidade 30° - areia e brita comerciais - alas retas","un",6800.81]
[804460,"Boca de BTTC D = 1,50 m - esconsidade 30° - areia extraída e brita produzida - alas esconsas","un",11937.1]
[804371,"Boca de BTTC D = 1,50 m - esconsidade 35° - areia e brita comerciais - alas retas","un",6995.07]
[804370,"Boca de BTTC D = 1,50 m - esconsidade 35° - areia extraída e brita produzida - alas retas","un",5631.45]
[804373,"Boca de BTTC D = 1,50 m - esconsidade 40° - areia e brita comerciais - alas retas","un",7246.38]
[804372,"Boca de BTTC D = 1,50 m - esconsidade 40° - areia extraída e brita produzida - alas retas","un",5862.92]
[804463,"Boca de BTTC D = 1,50 m - esconsidade 45° - areia e brita comerciais - alas esconsas","un",18612.51]
[804375,"Boca de BTTC D = 1,50 m - esconsidade 45° - areia e brita comerciais - alas retas","un",7577.89]
[804462,"Boca de BTTC D = 1,50 m - esconsidade 45° - areia extraída e brita produzida - alas esconsas","un",14802.58]
[804374,"Boca de BTTC D = 1,50 m - esconsidade 45° - areia extraída e brita produzida - alas retas","un",6172.33]
[804359,"Boca de BTTC D = 1,50 m - esconsidade 5° - areia e brita comerciais - alas retas","un",6357.84]
[804358,"Boca de BTTC D = 1,50 m - esconsidade 5° - areia extraída e brita produzida - alas retas","un",5060.65]
[804368,"Boca de BTTC D = 1,50 m esconsidade 30° - areia extraída e brita produzida - alas retas","un",5454.76]
[804465,"Confecção de tubos de concreto armado D = 0,60 m PA1 - areia e brita comerciais","m",122.92]
[804464,"Confecção de tubos de concreto armado D = 0,60 m PA1 - areia extraída e brita produzida","m",104.96]
[804475,"Confecção de tubos de concreto armado D = 0,60 m PA2 - areia e brita comerciais","m",135.49]
[804474,"Confecção de tubos de concreto armado D = 0,60 m PA2 - areia extraída e brita produzida","m",117.54]
[804485,"Confecção de tubos de concreto armado D = 0,60 m PA3 - areia e brita comerciais","m",198.31]
[804484,"Confecção de tubos de concreto armado D = 0,60 m PA3 - areia extraída e brita produzida","m",180.44]
[804495,"Confecção de tubos de concreto armado D = 0,60 m PA4 - areia e brita comerciais","m",247.2]
[804494,"Confecção de tubos de concreto armado D = 0,60 m PA4 - areia extraída e brita produzida","m",226.02]
[804467,"Confecção de tubos de concreto armado D = 0,80 m PA1 - areia e brita comerciais","m",186.81]
[804466,"Confecção de tubos de concreto armado D = 0,80 m PA1 - areia extraída e brita produzida","m",158.21]
[804477,"Confecção de tubos de concreto armado D = 0,80 m PA2 - areia e brita comerciais","m",237.07]
[804476,"Confecção de tubos de concreto armado D = 0,80 m PA2 - areia extraída e brita produzida","m",208.53]
[804487,"Confecção de tubos de concreto armado D = 0,80 m PA3 - areia e brita comerciais","m",336.74]
[804486,"Confecção de tubos de concreto armado D = 0,80 m PA3 - areia extraída e brita produzida","m",304.8]
[804497,"Confecção de tubos de concreto armado D = 0,80 m PA4 - areia e brita comerciais","m",397.01]
[804496,"Confecção de tubos de concreto armado D = 0,80 m PA4 - areia extraída e brita produzida","m",358.34]
[804469,"Confecção de tubos de concreto armado D = 1,00 m PA1 - areia e brita comerciais","m",328.09]
[804468,"Confecção de tubos de concreto armado D = 1,00 m PA1 - areia extraída e brita produzida","m",288.87]
[804479,"Confecção de tubos de concreto armado D = 1,00 m PA2 - areia e brita comerciais","m",378.35]
[804478,"Confecção de tubos de concreto armado D = 1,00 m PA2 - areia extraída e brita produzida","m",339.19]
[804489,"Confecção de tubos de concreto armado D = 1,00 m PA3 - areia e brita comerciais","m",477.47]
[804488,"Confecção de tubos de concreto armado D = 1,00 m PA3 - areia extraída e brita produzida","m",427.5]
[804499,"Confecção de tubos de concreto armado D = 1,00 m PA4 - areia e brita comerciais","m",606.11]
[804498,"Confecção de tubos de concreto armado D = 1,00 m PA4 - areia extraída e brita produzida","m",547.82]
[804471,"Confecção de tubos de concreto armado D = 1,20 m PA1 - areia e brita comerciais","m",445.5]
[804470,"Confecção de tubos de concreto armado D = 1,20 m PA1 - areia extraída e brita produzida","m",388.39]
[804481,"Confecção de tubos de concreto armado D = 1,20 m PA2 - areia e brita comerciais","m",558.57]
[804480,"Confecção de tubos de concreto armado D = 1,20 m PA2 - areia extraída e brita produzida","m",501.61]
[804491,"Confecção de tubos de concreto armado D = 1,20 m PA3 - areia e brita comerciais","m",735.81]
[804490,"Confecção de tubos de concreto armado D = 1,20 m PA3 - areia extraída e brita produzida","m",659.74]
[804501,"Confecção de tubos de concreto armado D = 1,20 m PA4 - areia e brita comerciais","m",883.24]
[804500,"Confecção de tubos de concreto armado D = 1,20 m PA4 - areia extraída e brita produzida","m",797]
[804473,"Confecção de tubos de concreto armado D = 1,50 m PA1 - areia e brita comerciais","m",718.36]
[804472,"Confecção de tubos de concreto armado D = 1,50 m PA1 - areia extraída e brita produzida","m",629.15]
[804483,"Confecção de tubos de concreto armado D = 1,50 m PA2 - areia e brita comerciais","m",894.25]
[804482,"Confecção de tubos de concreto armado D = 1,50 m PA2 - areia extraída e brita produzida","m",805.28]
[804493,"Confecção de tubos de concreto armado D = 1,50 m PA3 - areia e brita comerciais","m",1179.43]
[804492,"Confecção de tubos de concreto armado D = 1,50 m PA3 - areia extraída e brita produzida","m",1061.66]
[804503,"Confecção de tubos de concreto armado D = 1,50 m PA4 - areia e brita comerciais","m",1407.18]
[804502,"Confecção de tubos de concreto armado D = 1,50 m PA4 - areia extraída e brita produzida","m",1285.45]
[804180,"Corpo de BDTC D = 0,80 m PA1 - areia extraída e brita e pedra de mão produzidas","m",1055.97]
[804181,"Corpo de BDTC D = 0,80 m PA1 - areia, brita e pedra de mão comerciais","m",1137.33]
[804182,"Corpo de BDTC D = 0,80 m PA2 - areia extraída e brita e pedra de mão produzidas","m",1102.05]
[804183,"Corpo de BDTC D = 0,80 m PA2 - areia, brita e pedra de mão comerciais","m",1183.4]
[804184,"Corpo de BDTC D = 0,80 m PA3 - areia extraída e brita e pedra de mão produzidas","m",1362.68]
[804185,"Corpo de BDTC D = 0,80 m PA3 - areia, brita e pedra de mão comerciais","m",1444.04]
[804186,"Corpo de BDTC D = 0,80 m PA4 - areia extraída e brita e pedra de mão produzidas","m",1614.12]
[804187,"Corpo de BDTC D = 0,80 m PA4 - areia, brita e pedra de mão comerciais","m",1695.48]
[804188,"Corpo de BDTC D = 1,00 m PA1 - areia extraída e brita e pedra de mão produzidas","m",1371.61]
[804189,"Corpo de BDTC D = 1,00 m PA1 - areia, brita e pedra de mão comerciais","m",1480.43]
[804190,"Corpo de BDTC D = 1,00 m PA2 - areia extraída e brita e pedra de mão produzidas","m",1460.15]
[804191,"Corpo de BDTC D = 1,00 m PA2 - areia, brita e pedra de mão comerciais","m",1568.97]
[804192,"Corpo de BDTC D = 1,00 m PA3 - areia extraída e brita e pedra de mão produzidas","m",1461.81]
[804193,"Corpo de BDTC D = 1,00 m PA3 - areia, brita e pedra de mão comerciais","m",1570.63]
[804194,"Corpo de BDTC D = 1,00 m PA4 - areia extraída e brita e pedra de mão produzidas","m",1553.9]
[804195,"Corpo de BDTC D = 1,00 m PA4 - areia, brita e pedra de mão comerciais","m",1662.72]
[804196,"Corpo de BDTC D = 1,20 m PA1 - areia extraída e brita e pedra de mão produzidas","m",1797.14]
[804197,"Corpo de BDTC D = 1,20 m PA1 - areia, brita e pedra de mão comerciais","m",1935.85]
[804198,"Corpo de BDTC D = 1,20 m PA2 - areia extraída e brita e pedra de mão produzidas","m",1852.26]
[804199,"Corpo de BDTC D = 1,20 m PA2 - areia, brita e pedra de mão comerciais","m",1990.97]
[804200,"Corpo de BDTC D = 1,20 m PA3 - areia extraída e brita e pedra de mão produzidas","m",2086.95]
[804201,"Corpo de BDTC D = 1,20 m PA3 - areia, brita e pedra de mão comerciais","m",2225.66]
[804202,"Corpo de BDTC D = 1,20 m PA4 - areia extraída e brita e pedra de mão produzidas","m",2254.13]
[804203,"Corpo de BDTC D = 1,20 m PA4 - areia, brita e pedra de mão comerciais","m",2392.84]
[804204,"Corpo de BDTC D = 1,50 m PA1 - areia extraída e brita e pedra de mão produzidas","m",2793.26]
[804205,"Corpo de BDTC D = 1,50 m PA1 - areia, brita e pedra de mão comerciais","m",2972.38]
[804206,"Corpo de BDTC D = 1,50 m PA2 - areia extraída e brita e pedra de mão produzidas","m",2905.39]
[804207,"Corpo de BDTC D = 1,50 m PA2 - areia, brita e pedra de mão comerciais","m",3084.5]
[804208,"Corpo de BDTC D = 1,50 m PA3 - areia extraída e brita e pedra de mão produzidas","m",3041.93]
[804209,"Corpo de BDTC D = 1,50 m PA3 - areia, brita e pedra de mão comerciais","m",3221.05]
[804210,"Corpo de BDTC D = 1,50 m PA4 - areia extraída e brita e pedra de mão produzidas","m",3200.61]
[804211,"Corpo de BDTC D = 1,50 m PA4 - areia, brita e pedra de mão comerciais","m",3379.73]
[804012,"Corpo de BSTC D = 0,40 m PA1 - areia extraída e brita e pedra de mão produzidas","m",206.74]
[804013,"Corpo de BSTC D = 0,40 m PA1 - areia, brita e pedra de mão comerciais","m",226.55]
[804014,"Corpo de BSTC D = 0,40 m PA2 - areia extraída e brita e pedra de mão produzidas","m",227.63]
[804015,"Corpo de BSTC D = 0,40 m PA2 - areia, brita e pedra de mão comerciais","m",247.44]
[804016,"Corpo de BSTC D = 0,40 m PA3 - areia extraída e brita e pedra de mão produzidas","m",233.33]
[804017,"Corpo de BSTC D = 0,40 m PA3 - areia, brita e pedra de mão comerciais","m",253.13]
[804018,"Corpo de BSTC D = 0,40 m PA4 - areia extraída e brita e pedra de mão produzidas","m",274.39]
[804019,"Corpo de BSTC D = 0,40 m PA4 - areia, brita e pedra de mão comerciais","m",294.2]
[804020,"Corpo de BSTC D = 0,60 m PA1 - areia extraída e brita e pedra de mão produzidas","m",347.18]
[804021,"Corpo de BSTC D = 0,60 m PA1 - areia, brita e pedra de mão comerciais","m",376.93]
[804022,"Corpo de BSTC D = 0,60 m PA2 - areia extraída e brita e pedra de mão produzidas","m",378.72]
[804023,"Corpo de BSTC D = 0,60 m PA2 - areia, brita e pedra de mão comerciais","m",408.48]
[804024,"Corpo de BSTC D = 0,60 m PA3 - areia extraída e brita e pedra de mão produzidas","m",395.88]
[804025,"Corpo de BSTC D = 0,60 m PA3 - areia, brita e pedra de mão comerciais","m",425.63]
[804026,"Corpo de BSTC D = 0,60 m PA4 - areia extraída e brita e pedra de mão produzidas","m",437.4]
[804027,"Corpo de BSTC D = 0,60 m PA4 - areia, brita e pedra de mão comerciais","m",467.15]
[804028,"Corpo de BSTC D = 0,80 m PA1 - areia extraída e brita e pedra de mão produzidas","m",555.93]
[804029,"Corpo de BSTC D = 0,80 m PA1 - areia, brita e pedra de mão comerciais","m",596.61]
[804030,"Corpo de BSTC D = 0,80 m PA2 - areia extraída e brita e pedra de mão produzidas","m",578.97]
[804031,"Corpo de BSTC D = 0,80 m PA2 - areia, brita e pedra de mão comerciais","m",619.65]
[804032,"Corpo de BSTC D = 0,80 m PA3 - areia extraída e brita e pedra de mão produzidas","m",709.29]
[804033,"Corpo de BSTC D = 0,80 m PA3 - areia, brita e pedra de mão comerciais","m",749.97]
[804034,"Corpo de BSTC D = 0,80 m PA4 - areia extraída e brita e pedra de mão produzidas","m",835.01]
[804035,"Corpo de BSTC D = 0,80 m PA4 - areia, brita e pedra de mão comerciais","m",875.68]
[804036,"Corpo de BSTC D = 1,00 m PA1 - areia extraída e brita e pedra de mão produzidas","m",715.23]
[804037,"Corpo de BSTC D = 1,00 m PA1 - areia, brita e pedra de mão comerciais","m",768.35]
[804038,"Corpo de BSTC D = 1,00 m PA2 - areia extraída e brita e pedra de mão produzidas","m",759.5]
[804039,"Corpo de BSTC D = 1,00 m PA2 - areia, brita e pedra de mão comerciais","m",812.62]
[804040,"Corpo de BSTC D = 1,00 m PA3 - areia extraída e brita e pedra de mão produzidas","m",760.33]
[804041,"Corpo de BSTC D = 1,00 m PA3 - areia, brita e pedra de mão comerciais","m",813.45]
[804042,"Corpo de BSTC D = 1,00 m PA4 - areia extraída e brita e pedra de mão produzidas","m",806.38]
[804043,"Corpo de BSTC D = 1,00 m PA4 - areia, brita e pedra de mão comerciais","m",859.49]
[804044,"Corpo de BSTC D = 1,20 m PA1 - areia extraída e brita e pedra de mão produzidas","m",928.73]
[804045,"Corpo de BSTC D = 1,20 m PA1 - areia, brita e pedra de mão comerciais","m",995.1]
[804046,"Corpo de BSTC D = 1,20 m PA2 - areia extraída e brita e pedra de mão produzidas","m",956.29]
[804047,"Corpo de BSTC D = 1,20 m PA2 - areia, brita e pedra de mão comerciais","m",1022.66]
[804048,"Corpo de BSTC D = 1,20 m PA3 - areia extraída e brita e pedra de mão produzidas","m",1073.63]
[804049,"Corpo de BSTC D = 1,20 m PA3 - areia, brita e pedra de mão comerciais","m",1140]
[804050,"Corpo de BSTC D = 1,20 m PA4 - areia extraída e brita e pedra de mão produzidas","m",1157.22]
[804051,"Corpo de BSTC D = 1,20 m PA4 - areia, brita e pedra de mão comerciais","m",1223.59]
[804052,"Corpo de BSTC D = 1,50 m PA1 - areia extraída e brita e pedra de mão produzidas","m",1430.28]
[804053,"Corpo de BSTC D = 1,50 m PA1 - areia, brita e pedra de mão comerciais","m",1516.59]
[804054,"Corpo de BSTC D = 1,50 m PA2 - areia extraída e brita e pedra de mão produzidas","m",1486.34]
[804055,"Corpo de BSTC D = 1,50 m PA2 - areia, brita e pedra de mão comerciais","m",1572.65]
[804056,"Corpo de BSTC D = 1,50 m PA3 - areia extraída e brita e pedra de mão produzidas","m",1554.61]
[804057,"Corpo de BSTC D = 1,50 m PA3 - areia, brita e pedra de mão comerciais","m",1640.92]
[804058,"Corpo de BSTC D = 1,50 m PA4 - areia extraída e brita e pedra de mão produzidas","m",1633.95]
[804059,"Corpo de BSTC D = 1,50 m PA4 - areia, brita e pedra de mão comerciais","m",1720.26]
[804292,"Corpo de BTTC D = 1,00 m PA1 - areia extraída e brita e pedra de mão produzidas","m",2027.98]
[804293,"Corpo de BTTC D = 1,00 m PA1 - areia, brita e pedra de mão comerciais","m",2192.51]
[804294,"Corpo de BTTC D = 1,00 m PA2 - areia extraída e brita e pedra de mão produzidas","m",2160.8]
[804295,"Corpo de BTTC D = 1,00 m PA2 - areia, brita e pedra de mão comerciais","m",2325.33]
[804296,"Corpo de BTTC D = 1,00 m PA3 - areia extraída e brita e pedra de mão produzidas","m",2163.29]
[804297,"Corpo de BTTC D = 1,00 m PA3 - areia, brita e pedra de mão comerciais","m",2327.82]
[804298,"Corpo de BTTC D = 1,00 m PA4 - areia extraída e brita e pedra de mão produzidas","m",2301.43]
[804299,"Corpo de BTTC D = 1,00 m PA4 - areia, brita e pedra de mão comerciais","m",2465.96]
[804300,"Corpo de BTTC D = 1,20 m PA1 - areia extraída e brita e pedra de mão produzidas","m",2665.31]
[804301,"Corpo de BTTC D = 1,20 m PA1 - areia, brita e pedra de mão comerciais","m",2876.23]
[804302,"Corpo de BTTC D = 1,20 m PA2 - areia extraída e brita e pedra de mão produzidas","m",2747.99]
[804303,"Corpo de BTTC D = 1,20 m PA2 - areia, brita e pedra de mão comerciais","m",2958.91]
[804304,"Corpo de BTTC D = 1,20 m PA3 - areia extraída e brita e pedra de mão produzidas","m",3100.02]
[804305,"Corpo de BTTC D = 1,20 m PA3 - areia, brita e pedra de mão comerciais","m",3310.94]
[804306,"Corpo de BTTC D = 1,20 m PA4 - areia extraída e brita e pedra de mão produzidas","m",3350.79]
[804307,"Corpo de BTTC D = 1,20 m PA4 - areia, brita e pedra de mão comerciais","m",3561.71]
[804308,"Corpo de BTTC D = 1,50 m PA1 - areia extraída e brita e pedra de mão produzidas","m",4156.5]
[804309,"Corpo de BTTC D = 1,50 m PA1 - areia, brita e pedra de mão comerciais","m",4428.54]
[804310,"Corpo de BTTC D = 1,50 m PA2 - areia extraída e brita e pedra de mão produzidas","m",4324.69]
[804311,"Corpo de BTTC D = 1,50 m PA2 - areia, brita e pedra de mão comerciais","m",4596.73]
[804312,"Corpo de BTTC D = 1,50 m PA3 - areia extraída e brita e pedra de mão produzidas","m",4529.51]
[804313,"Corpo de BTTC D = 1,50 m PA3 - areia, brita e pedra de mão comerciais","m",4801.55]
[804314,"Corpo de BTTC D = 1,50 m PA4 - areia extraída e brita e pedra de mão produzidas","m",4767.53]
[804315,"Corpo de BTTC D = 1,50 m PA4 - areia, brita e pedra de mão comerciais","m",5039.57]
[805446,"Dentes para bueiros duplos D = 0,80 m - areia extraída e brita e pedra de mão produzidas","un",38.4]
[805447,"Dentes para bueiros duplos D = 0,80 m - areia, brita e pedra de mão comerciais","un",50.86]
[805448,"Dentes para bueiros duplos D = 1,00 m - areia extraída e brita e pedra de mão produzidas","un",46.03]
[805449,"Dentes para bueiros duplos D = 1,00 m - areia, brita e pedra de mão comerciais","un",60.95]
[805450,"Dentes para bueiros duplos D = 1,20 m - areia extraída e brita e pedra de mão produzidas","un",53.41]
[805451,"Dentes para bueiros duplos D = 1,20 m - areia, brita e pedra de mão comerciais","un",70.67]
[805452,"Dentes para bueiros duplos D = 1,50 m - areia extraída e brita e pedra de mão produzidas","un",62.55]
[805453,"Dentes para bueiros duplos D = 1,50 m - areia, brita e pedra de mão comerciais","un",83.05]
[805434,"Dentes para bueiros simples D = 0,40 m - areia extraída e brita e pedra de mão produzidas","un",13]
[805435,"Dentes para bueiros simples D = 0,40 m - areia, brita e pedra de mão comerciais","un",16.76]
[805436,"Dentes para bueiros simples D = 0,60 m - areia extraída e brita e pedra de mão produzidas","un",15.26]
[805437,"Dentes para bueiros simples D = 0,60 m - areia, brita e pedra de mão comerciais","un",20.19]
[805438,"Dentes para bueiros simples D = 0,80 m - areia extraída e brita e pedra de mão produzidas","un",20.63]
[805439,"Dentes para bueiros simples D = 0,80 m - areia, brita e pedra de mão comerciais","un",26.86]
[805440,"Dentes para bueiros simples D = 1,00 m - areia extraída e brita e pedra de mão produzidas","un",23.14]
[805441,"Dentes para bueiros simples D = 1,00 m - areia, brita e pedra de mão comerciais","un",30.67]
[805442,"Dentes para bueiros simples D = 1,20 m - areia extraída e brita e pedra de mão produzidas","un",28.01]
[805443,"Dentes para bueiros simples D = 1,20 m - areia, brita e pedra de mão comerciais","un",36.57]
[805444,"Dentes para bueiros simples D = 1,50 m - areia extraída e brita e pedra de mão produzidas","un",31.28]
[805445,"Dentes para bueiros simples D = 1,50 m - areia, brita e pedra de mão comerciais","un",41.53]
[805454,"Dentes para bueiros triplos D = 1,00 m - areia extraída e brita e pedra de mão produzidas","un",69.18]
[805455,"Dentes para bueiros triplos D = 1,00 m - areia, brita e pedra de mão comerciais","un",91.62]
[805456,"Dentes para bueiros triplos D = 1,20 m - areia extraída e brita e pedra de mão produzidas","un",78.57]
[805457,"Dentes para bueiros triplos D = 1,20 m - areia, brita e pedra de mão comerciais","un",104.38]
[805458,"Dentes para bueiros triplos D = 1,50 m - areia extraída e brita e pedra de mão produzidas","un",94.08]
[805459,"Dentes para bueiros triplos D = 1,50 m - areia, brita e pedra de mão comerciais","un",124.96]
[909620,"Alvenaria de blocos de concreto 19 x 19 x 39 cm com espessura de 20 cm com argamassa traço 1:0,5:3,5 - areia comercial","m²",119.1]
[909621,"Alvenaria de blocos de concreto 19 x 19 x 39 cm com espessura de 20 cm com argamassa traço 1:0,5:3,5 - areia extraída","m²",117.64]
[903802,"Bacia de contenção para tanque de emulsão de 30.000 l - inclusive demolição","un",14251.56]
[919113,"Canaleta perfil cartola 50 x 70 x 3 mm - aba 20 mm","m",146.14]
[903788,"Chapisco com argamassa de cimento e areia 1:3 - aplicação manual","m²",4.15]
[919247,"Cobertura em chapas zincadas com espessura de 0,43 mm - utilização 2 vezes","m²",37.89]
[919016,"Depósito de óleo para oficina - inclusive demolição","un",7474.5]
[919078,"Dique de contenção para usina de asfalto a quente - inclusive demolição","un",34511.46]
[903789,"Emboço com argamassa de cimento, cal hidratada e areia 1:2:8 com espessura de 2 cm - aplicação manual","m²",31.16]
[919250,"Fornecimento e instalação de extintor de espuma 10 l","un",631.1]
[903807,"Instalação da central de britagem com capacidade de 80 m³/h","un",102362.79]
[903806,"Instalação da central de concreto com capacidade de 150 m³/h","un",171280.13]
[903804,"Instalação da central de concreto com capacidade de 30 m³/h","un",63545.18]
[903805,"Instalação da central de concreto com capacidade de 40 m³/h","un",73877.73]
[903810,"Instalação da usina de asfalto a quente capacidade de 120 t/h","un",182745.35]
[903809,"Instalação da usina de pré-misturado a frio com capacidade de 60 t/h","un",117717.26]
[903808,"Instalação da usina misturadora de solos com capacidade de 300 t/h","un",107122.5]
[903845,"Lastro de brita comercial - espalhamento mecânico","m³",137.22]
[919009,"Montagem e desmontagem da central de britagem com capacidade de 80 m³/h - inclusive construção de aterro, construção e demolição de rampa e bases","un",62403.42]
[919007,"Montagem e desmontagem da central de concreto com capacidade de 150 m³/h - inclusive construção e demolição de bases, rampas e depósitos de agregados","un",114574.08]
[919011,"Montagem e desmontagem da central de concreto com capacidade de 30 m³/h - inclusive construção e demolição de bases, rampas e depósitos de agregados","un",32769.54]
[919246,"Montagem e desmontagem da central de concreto com capacidade de 40 m³/h - inclusive construção e demolição de bases, rampas e depósitos de agregados","un",44835.79]
[919013,"Montagem e desmontagem da usina de asfalto a quente com capacidade de 120 t/h - inclusive construção e demolição de bases, rampas, depósitos de agregados e dique de contenção","un",125395.34]
[919008,"Montagem e desmontagem da usina de pré-misturado a frio com capacidade de 60 t/h - inclusive construção e demolição de bases, rampas, depósitos de agregados e bacia de contenção","un",90429.54]
[919012,"Montagem e desmontagem da usina misturadora de solos com capacidade de 300 t/h - inclusive construção e demolição de bases, rampas e depósitos de agregados","un",58809.47]
[903848,"Muro em alvenaria de blocos de concreto com espessura de 0,20 m h = 1,0 m","m",162]
[919002,"Posto de combustível - com reaproveitamento de 2 vezes do tanque/bomba/cobertura - inclusive demolição","un",38365.57]
[919210,"Rampa de lavagem - inclusive demolição","un",22097.33]
[909612,"Rampa para acesso do misturador de agregados para centrais de 30 m³ e 40 m³ - inclusive demolição","un",12687.5]
[909613,"Rampa para acesso do misturador de agregados para central de 150 m³ - inclusive demolição","un",20873.07]
[909614,"Rampa para acesso do misturador de agregados para central de britagem - inclusive demolição","un",45612.49]
[909616,"Rampa para acesso do misturador de agregados para PMF - inclusive demolição","un",36165.33]
[909617,"Rampa para acesso do misturador de agregados para usina de asfalto a quente - inclusive demolição","un",21449.76]
[909615,"Rampa para acesso do misturador de agregados para usina de solos - inclusive demolição","un",16479.69]
[903860,"Selador acrílico - camada de fundo com aplicação manual","m²",2.88]
[919101,"Sistema separador água e óleo, inclusive demolição","un",1844.36]
[903818,"Tinta látex - duas camadas com aplicação manual","m²",14.65]
[1100657,"Adensamento de concreto por vibrador de imersão","m³",3.31]
[1108055,"Argamassa autoadensável para reparos e grauteamento - confecção em misturador e lançamento manual","m³",3411.02]
[1109665,"Argamassa de cimento e areia 1:1 - confecção em betoneira e lançamento manual - areia comercial","m³",751.7]
[1109664,"Argamassa de cimento e areia 1:1 - confecção em betoneira e lançamento manual - areia extraída","m³",694.54]
[1109667,"Argamassa de cimento e areia 1:2 - confecção em betoneira e lançamento manual - areia comercial","m³",576.43]
[1109666,"Argamassa de cimento e areia 1:2 - confecção em betoneira e lançamento manual - areia extraída","m³",477.35]
[1109669,"Argamassa de cimento e areia 1:3 - confecção em betoneira e lançamento manual - areia comercial","m³",489.9]
[1109668,"Argamassa de cimento e areia 1:3 - confecção em betoneira e lançamento manual - areia extraída","m³",371.05]
[1108060,"Argamassa de cimento e areia 1:3 com 8% de microssílica - confecção em betoneira e lançamento manual - areia comercial","m³",613.05]
[1109626,"Argamassa de cimento e areia 1:3 com 8% de microssílica - confecção em betoneira e lançamento manual - areia extraída","m³",463.34]
[1109671,"Argamassa de cimento e areia 1:4 - confecção em betoneira e lançamento manual - areia comercial","m³",446.95]
[1109670,"Argamassa de cimento e areia 1:4 - confecção em betoneira e lançamento manual - areia extraída","m³",316.58]
[1109672,"Argamassa de cimento e areia com aditivo aglutinante 1:8 - confecção em betoneira e lançamento manual - areia comercial","m³",363.24]
[1109624,"Argamassa de cimento e areia com aditivo aglutinante 1:8 - confecção em betoneira e lançamento manual - areia extraída","m³",213.03]
[1109622,"Argamassa de cimento, cal hidratada e areia 1:0,5:3,5 - confecção em betoneira e lançamento manual - areia comercial","m³",455.84]
[1109623,"Argamassa de cimento, cal hidratada e areia 1:0,5:3,5 - confecção em betoneira e lançamento manual - areia extraída","m³",358.72]
[1109697,"Argamassa de cimento, cal hidratada e areia 1:0,5:8 - confecção em betoneira e lançamento manual - areia comercial","m³",341.55]
[1109698,"Argamassa de cimento, cal hidratada e areia 1:0,5:8 - confecção em betoneira e lançamento manual - areia extraída","m³",218.55]
[1109679,"Argamassa de cimento, cal hidratada e areia 1:1:6 - confecção em betoneira e lançamento manual - areia comercial","m³",400.32]
[1109625,"Argamassa de cimento, cal hidratada e areia 1:1:6 - confecção em betoneira e lançamento manual - areia extraída","m³",288.75]
[1109678,"Argamassa de cimento, cal hidratada e areia 1:2:10 - confecção em betoneira e lançamento manual - areia comercial","m³",372.14]
[1109694,"Argamassa de cimento, cal hidratada e areia 1:2:10 - confecção em betoneira e lançamento manual - areia extraída","m³",252.53]
[1109673,"Argamassa de cimento, cal hidratada e areia 1:2:6 - confecção em betoneira e lançamento manual - areia comercial","m³",448.54]
[1109690,"Argamassa de cimento, cal hidratada e areia 1:2:6 - confecção em betoneira e lançamento manual - areia extraída","m³",344.37]
[1109674,"Argamassa de cimento, cal hidratada e areia 1:2:7 - confecção em betoneira e lançamento manual - areia comercial","m³",422.82]
[1109691,"Argamassa de cimento, cal hidratada e areia 1:2:7 - confecção em betoneira e lançamento manual - areia extraída","m³",313.45]
[1109675,"Argamassa de cimento, cal hidratada e areia 1:2:8 - confecção em betoneira e lançamento manual - areia comercial","m³",402.33]
[1109692,"Argamassa de cimento, cal hidratada e areia 1:2:8 - confecção em betoneira e lançamento manual - areia extraída","m³",288.83]
[1109676,"Argamassa de cimento, cal hidratada e areia 1:2:9 - confecção em betoneira e lançamento manual - areia comercial","m³",385.75]
[1109693,"Argamassa de cimento, cal hidratada e areia 1:2:9 - confecção em betoneira e lançamento manual - areia extraída","m³",268.91]
[1109680,"Argamassa para reparos e grauteamento - confecção em misturador e lançamento manual","m³",4136.26]
[1107748,"Argamassa polimérica de alto desempenho projetada para reparos superficiais e reforços estruturais - confecção em misturador e lançamento projetado","m³",11734.72]
[1110000,"Concreto","m³",0]
[1106059,"Concreto autoadensável com silicato de alumínio fck = 20 MPa - confecção em betoneira e lançamento manual - areia e brita comerciais","m³",580.1]
[1106060,"Concreto autoadensável com silicato de alumínio fck = 20 MPa - confecção em betoneira e lançamento manual - areia extraída e brita produzida","m³",449.96]
[1100658,"Concreto autoadensável com silicato de alumínio fck = 20 MPa - confecção em central dosadora de 30 m³/h - areia e brita comerciais","m³",499.42]
[1106159,"Concreto autoadensável com silicato de alumínio fck = 25 MPa - confecção em central dosadora de 30 m³/h - areia e brita comerciais","m³",532.49]
[1107902,"Concreto autoadensável com silicato de alumínio fck = 30 MPa - confecção em central dosadora de 30 m³/h - areia e brita comerciais","m³",569.39]
[1107906,"Concreto autoadensável com silicato de alumínio fck = 35 MPa - confecção em central dosadora de 30 m³/h - areia e brita comerciais","m³",610.64]
[1107910,"Concreto autoadensável com silicato de alumínio fck = 40 MPa - confecção em central dosadora de 30 m³/h - areia e brita comerciais","m³",656.74]
[1107911,"Concreto autoadensável com silicato de alumínio fck = 45 MPa - confecção em central dosadora de 30 m³/h - areia e brita comerciais","m³",708.27]
[1107912,"Concreto autoadensável com silicato de alumínio fck = 50 MPa - confecção em central dosadora de 30 m³/h - areia e brita comerciais","m³",781.01]
[1106164,"Concreto ciclópico fck = 20 MPa - confecção em betoneira e lançamento manual - areia extraída, brita e pedra de mão produzidas","m³",251.21]
[1106165,"Concreto ciclópico fck = 20 MPa - confecção em betoneira e lançamento manual - areia, brita e pedra de mão comerciais","m³",380.95]
[1106156,"Concreto com 10% de microssílica fck = 45 MPa - confecção em central dosadora de 30 m³/h - areia e brita comerciais","m³",550.12]
[1107932,"Concreto com 10% de microssílica fck = 50 MPa - confecção em central dosadora de 30 m³/h - areia e brita comerciais","m³",588.42]
[1108111,"Concreto com 8% de microssílica fck = 25 MPa - confecção em central dosadora de 30 m³/h - areia e brita comerciais","m³",440.92]
[1108112,"Concreto com 8% de microssílica fck = 30 MPa - confecção em central dosadora de 30 m³/h - areia e brita comerciais","m³",451.39]
[1108113,"Concreto com 8% de microssílica fck = 35 MPa - confecção em central dosadora de 30 m³/h - areia e brita comerciais","m³",478.08]
[1108114,"Concreto com 8% de microssílica fck = 40 MPa - confecção em central dosadora de 30 m³/h - areia e brita comerciais","m³",507.87]
[1108061,"Concreto com látex SBR fck = 25 MPa - confecção em betoneira e lançamento manual - areia e brita comerciais","m³",872.02]
[1108064,"Concreto com látex SBR fck = 30 MPa - confecção em betoneira e lançamento manual - areia e brita comerciais","m³",942.54]
[1107888,"Concreto fck = 15 MPa - confecção em betoneira e lançamento manual - areia e brita comerciais","m³",425.29]
[1107889,"Concreto fck = 15 MPa - confecção em betoneira e lançamento manual - areia extraída e brita produzida","m³",290.16]
[1107892,"Concreto fck = 20 MPa - confecção em betoneira e lançamento manual - areia e brita comerciais","m³",443.32]
[1107891,"Concreto fck = 20 MPa - confecção em betoneira e lançamento manual - areia extraída e brita produzida","m³",310.18]
[1107928,"Concreto fck = 20 MPa - confecção em central dosadora de 30 m³/h - areia e brita comerciais","m³",382.72]
[1107929,"Concreto fck = 20 MPa - confecção em central dosadora de 30 m³/h - areia extraída e brita produzida","m³",249.07]
[1106109,"Concreto fck = 20 MPa - confecção em central dosadora de 40 m³/h - areia e brita comerciais","m³",373.43]
[1106117,"Concreto fck = 20 MPa - confecção em central dosadora de 40 m³/h - areia extraída e brita produzida","m³",239.78]
[1107896,"Concreto fck = 25 MPa - confecção em betoneira e lançamento manual - areia e brita comerciais","m³",463.55]
[1107895,"Concreto fck = 25 MPa - confecção em betoneira e lançamento manual - areia extraída e brita produzida","m³",332.62]
[1119528,"Concreto fck = 25 MPa - confecção em central dosadora de 30 m³/h - areia e brita comerciais","m³",396.21]
[1106135,"Concreto fck = 25 MPa - confecção em central dosadora de 30 m³/h - areia extraída e brita produzida","m³",264.09]
[1106136,"Concreto fck = 25 MPa - confecção em central dosadora de 40 m³/h - areia e brita comerciais","m³",386.49]
[1106137,"Concreto fck = 25 MPa - confecção em central dosadora de 40 m³/h - areia extraída e brita produzida","m³",254.38]
[1116127,"Concreto fck = 25 MPa para pré-moldados (mourões) - confecção em betoneira e lançamento manual - areia e brita comerciais","m³",481.27]
[1116126,"Concreto fck = 25 MPa para pré-moldados (mourões) - confecção em betoneira e lançamento manual - areia extraída e brita produzida","m³",357.37]
[1107900,"Concreto fck = 30 MPa - confecção em betoneira e lançamento manual - areia e brita comerciais","m³",486.07]
[1107899,"Concreto fck = 30 MPa - confecção em betoneira e lançamento manual - areia extraída e brita produzida","m³",357.63]
[1107890,"Concreto fck = 30 MPa - confecção em central dosadora de 30 m³/h - areia e brita comerciais","m³",413.8]
[1106138,"Concreto fck = 30 MPa - confecção em central dosadora de 30 m³/h - areia extraída e brita produzida","m³",283.69]
[1106139,"Concreto fck = 30 MPa - confecção em central dosadora de 40 m³/h - areia e brita comerciais","m³",403.61]
[1106140,"Concreto fck = 30 MPa - confecção em central dosadora de 40 m³/h - areia extraída e brita produzida","m³",273.49]
[1107904,"Concreto fck = 35 MPa - confecção em betoneira e lançamento manual - areia e brita comerciais","m³",511.3]
[1107903,"Concreto fck = 35 MPa - confecção em betoneira e lançamento manual - areia extraída e brita produzida","m³",385.62]
[1107908,"Concreto fck = 40 MPa - confecção em betoneira e lançamento manual - areia e brita comerciais","m³",539.39]
[1107907,"Concreto fck = 40 MPa - confecção em betoneira e lançamento manual - areia extraída e brita produzida","m³",416.81]
[1107871,"Concreto fctm,k = 4,5 MPa - confecção em central dosadora de 30 m³/h - areia e brita comerciais","m³",445.18]
[1107870,"Concreto fctm,k = 4,5 MPa - confecção em central dosadora de 30 m³/h - areia extraída e brita produzida","m³",318.06]
[1106057,"Concreto magro - confecção em betoneira e lançamento manual - areia e brita comerciais","m³",431.1]
[1106058,"Concreto magro - confecção em betoneira e lançamento manual - areia extraída e brita produzida","m³",302.65]
[1106380,"Concreto para bombeamento fck = 25 MPa - confecção em central dosadora de 30 m³/h - areia e brita comerciais","m³",420.78]
[1106378,"Concreto para bombeamento fck = 25 MPa - confecção em central dosadora de 30 m³/h - areia extraída e brita produzida","m³",295.5]
[1116263,"Concreto para bombeamento fck = 25 MPa - confecção em central dosadora de 40 m³/h - areia e brita comerciais","m³",410.21]
[1116267,"Concreto para bombeamento fck = 25 MPa - confecção em central dosadora de 40 m³/h - areia extraída e brita produzida","m³",284.93]
[1106280,"Concreto para bombeamento fck = 30 MPa - confecção em central dosadora de 30 m³/h - areia e brita comerciais","m³",441.49]
[1106289,"Concreto para bombeamento fck = 30 MPa - confecção em central dosadora de 30 m³/h - areia extraída e brita produzida","m³",318.54]
[1116264,"Concreto para bombeamento fck = 30 MPa - confecção em central dosadora de 40 m³/h - areia e brita comerciais","m³",430.36]
[1116268,"Concreto para bombeamento fck = 30 MPa - confecção em central dosadora de 40 m³/h - areia extraída e brita produzida","m³",307.41]
[1106281,"Concreto para bombeamento fck = 35 MPa - confecção em central dosadora de 30 m³/h - areia e brita comerciais","m³",468.18]
[1106382,"Concreto para bombeamento fck = 35 MPa - confecção em central dosadora de 30 m³/h - areia extraída e brita produzida","m³",348.23]
[1116265,"Concreto para bombeamento fck = 35 MPa - confecção em central dosadora de 40 m³/h - areia e brita comerciais","m³",456.24]
[1116269,"Concreto para bombeamento fck = 35 MPa - confecção em central dosadora de 40 m³/h - areia extraída e brita produzida","m³",336.29]
[1106282,"Concreto para bombeamento fck = 40 MPa - confecção em central dosadora de 30 m³/h - areia e brita comerciais","m³",497.96]
[1106384,"Concreto para bombeamento fck = 40 MPa - confecção em central dosadora de 30 m³/h - areia extraída e brita produzida","m³",381.36]
[1116266,"Concreto para bombeamento fck = 40 MPa - confecção em central dosadora de 40 m³/h - areia e brita comerciais","m³",485.17]
[1116270,"Concreto para bombeamento fck = 40 MPa - confecção em central dosadora de 40 m³/h - areia extraída e brita produzida","m³",368.56]
[1107868,"Concreto para sub-base adensado por vibração fck = 7,5 MPa - confecção em central dosadora de 30 m³/h - areia e brita comerciais","m³",337.96]
[1107869,"Concreto para sub-base adensado por vibração fck = 7,5 MPa - confecção em central dosadora de 30 m³/h - areia extraída e brita produzida","m³",199.22]
[1103853,"Concreto poroso para tubos de drenagem fck = 25 MPa - confecção em betoneira e lançamento manual - areia e brita comerciais","m³",425.28]
[1103852,"Concreto poroso para tubos de drenagem fck = 25 MPa - confecção em betoneira e lançamento manual - areia extraída e brita produzida","m³",346.23]
[1106284,"Concreto submerso fck = 20 MPa - confecção em central dosadora de 30 m³/h - areia e brita comerciais","m³",441.72]
[1108116,"Concreto submerso fck = 25 MPa - confecção em central dosadora de 30 m³/h - areia e brita comerciais","m³",446.65]
[1108118,"Concreto submerso fck = 30 MPa - confecção em central dosadora de 30 m³/h - areia e brita comerciais","m³",469.22]
[1106158,"Concreto submerso fck = 35 MPa - confecção em central dosadora de 30 m³/h - areia e brita comerciais","m³",498.84]
[1108120,"Concreto submerso fck = 40 MPa - confecção em central dosadora de 30 m³/h - areia e brita comerciais","m³",531.95]
[1106050,"Lançamento livre de concreto usinado por meio de caminhão betoneira - confecção em central dosadora de 30 m³/h","m³",45.66]
[1106051,"Lançamento livre de concreto usinado por meio de caminhão betoneira - confecção em central dosadora de 40 m³/h","m³",38.08]
[1106061,"Lançamento manual de concreto usinado - confecção em central dosadora de 30 m³/h","m³",53.02]
[1106087,"Lançamento manual de concreto usinado - confecção em central dosadora de 40 m³/h","m³",45.67]
[1107860,"Lançamento mecânico de concreto com bomba lança sobre chassi com capacidade de 50 m³/h - confecção em central dosadora de 40 m³/h","m³",53.34]
[1106088,"Lançamento mecânico de concreto com bomba rebocável com capacidade de 30 m³/h - confecção em central dosadora de 30 m³/h","m³",56.48]
[1106128,"Lançamento mecânico de concreto com bomba rebocável com capacidade de 41 m³/h - confecção em central dosadora de 40 m³/h","m³",46.4]
[1108056,"Microconcreto autoadensável para reparos e grauteamento - confecção em misturador e lançamento manual","m³",2958.39]
[1108059,"Microconcreto para reparos e grauteamento - confecção em misturador e lançamento manual","m³",3724.97]
[1207700,"Concreto fck = 20 MPa para projeção via seca - confecção em betoneira - areia e brita comerciais","m³",548.79]
[1207701,"Concreto fck = 25 MPa para projeção via seca - confecção em betoneira - areia e brita comerciais","m³",583.75]
[1207702,"Concreto fck = 30 MPa para projeção via seca - confecção em betoneira - areia e brita comerciais","m³",622.86]
[1207708,"Concreto fck = 30 MPa para projeção via úmida - confecção em central dosadora de 30 m³/h - areia e brita comerciais","m³",563.65]
[1207703,"Concreto fck = 40 MPa para projeção via seca - confecção em betoneira - areia e brita comerciais","m³",715.51]
[1207709,"Concreto fck = 40 MPa para projeção via úmida - confecção em central dosadora de 30 m³/h - areia e brita comerciais","m³",648.62]
[1207710,"Concreto projetado via seca fck = 20 MPa aplicado em pisos","m³",848.89]
[1207711,"Concreto projetado via seca fck = 20 MPa aplicado em superfícies inclinadas e verticais","m³",1059.62]
[1207713,"Concreto projetado via seca fck = 20 MPa aplicado em teto","m³",1607.53]
[1207714,"Concreto projetado via seca fck = 25 MPa aplicado em pisos","m³",890.02]
[1207715,"Concreto projetado via seca fck = 25 MPa aplicado em superfícies inclinadas e verticais","m³",1109.57]
[1207717,"Concreto projetado via seca fck = 25 MPa aplicado em teto","m³",1677.45]
[1207718,"Concreto projetado via seca fck = 30 MPa aplicado em pisos","m³",936.03]
[1207719,"Concreto projetado via seca fck = 30 MPa aplicado em superfícies inclinadas e verticais","m³",1165.44]
[1207721,"Concreto projetado via seca fck = 30 MPa aplicado em teto","m³",1755.67]
[1207722,"Concreto projetado via seca fck = 40 MPa aplicado em pisos","m³",1045.03]
[1207723,"Concreto projetado via seca fck = 40 MPa aplicado em superfícies inclinadas e verticais","m³",1297.8]
[1207725,"Concreto projetado via seca fck = 40 MPa via seca aplicado em teto","m³",1940.97]
[1207728,"Concreto projetado via úmida fck = 30 MPa aplicado em túneis classe I com seção de 20 a 40 m²","m³",827.9]
[1207727,"Concreto projetado via úmida fck = 30 MPa aplicado em túneis classe I com seção de 40 a 60 m²","m³",809.73]
[1207726,"Concreto projetado via úmida fck = 30 MPa aplicado em túneis classe I com seção de 60 a 90 m²","m³",795.2]
[1208329,"Concreto projetado via úmida fck = 30 MPa aplicado em túneis classe I com seção superior a 90 m²","m³",778.47]
[1207685,"Concreto projetado via úmida fck = 30 MPa aplicado em túneis classe II com seção de 20 a 40 m²","m³",869.98]
[1207684,"Concreto projetado via úmida fck = 30 MPa aplicado em túneis classe II com seção de 40 a 60 m²","m³",845.97]
[1207683,"Concreto projetado via úmida fck = 30 MPa aplicado em túneis classe II com seção de 60 a 90 m²","m³",827.68]
[1208337,"Concreto projetado via úmida fck = 30 MPa aplicado em túneis classe II com seção superior a 90 m²","m³",808.23]
[1207691,"Concreto projetado via úmida fck = 30 MPa aplicado em túneis classe III com seção de 20 a 40 m²","m³",920.51]
[1207690,"Concreto projetado via úmida fck = 30 MPa aplicado em túneis classe III com seção de 40 a 60 m²","m³",887.83]
[1207689,"Concreto projetado via úmida fck = 30 MPa aplicado em túneis classe III com seção de 60 a 90 m²","m³",860.35]
[1208345,"Concreto projetado via úmida fck = 30 MPa aplicado em túneis classe III com seção superior a 90 m²","m³",837.69]
[1207697,"Concreto projetado via úmida fck = 30 MPa aplicado em túneis classe IV com seção de 20 a 40 m²","m³",983.94]
[1207696,"Concreto projetado via úmida fck = 30 MPa aplicado em túneis classe IV com seção de 40 a 60 m²","m³",937.23]
[1207695,"Concreto projetado via úmida fck = 30 MPa aplicado em túneis classe IV com seção de 60 a 90 m²","m³",905.45]
[1208353,"Concreto projetado via úmida fck = 30 MPa aplicado em túneis classe IV com seção superior a 90 m²","m³",873.5]
[1207663,"Concreto projetado via úmida fck = 30 MPa aplicado em túneis classe V com seção de 20 a 40 m²","m³",1127.75]
[1207662,"Concreto projetado via úmida fck = 30 MPa aplicado em túneis classe V com seção de 40 a 60 m²","m³",1099.38]
[1207661,"Concreto projetado via úmida fck = 30 MPa aplicado em túneis classe V com seção de 60 a 90 m²","m³",1076.68]
[1208361,"Concreto projetado via úmida fck = 30 MPa aplicado em túneis classe V com seção superior a 90 m²","m³",1042.63]
[1207669,"Concreto projetado via úmida fck = 30 MPa aplicado em túneis classe VI com seção de 20 a 40 m²","m³",1254.7]
[1207668,"Concreto projetado via úmida fck = 30 MPa aplicado em túneis classe VI com seção de 40 a 60 m²","m³",1219.48]
[1207667,"Concreto projetado via úmida fck = 30 MPa aplicado em túneis classe VI com seção de 60 a 90 m²","m³",1166.64]
[1208369,"Concreto projetado via úmida fck = 30 MPa aplicado em túneis classe VI com seção superior a 90 m²","m³",1113.81]
[1207682,"Concreto projetado via úmida fck = 40 MPa aplicado em túneis classe I com seção de 20 a 40 m²","m³",927.87]
[1207681,"Concreto projetado via úmida fck = 40 MPa aplicado em túneis classe I com seção de 40 a 60 m²","m³",909.7]
[1207729,"Concreto projetado via úmida fck = 40 MPa aplicado em túneis classe I com seção de 60 a 90 m²","m³",895.17]
[1208333,"Concreto projetado via úmida fck = 40 MPa aplicado em túneis classe I com seção superior a 90 m²","m³",878.43]
[1207688,"Concreto projetado via úmida fck = 40 MPa aplicado em túneis classe II com seção de 20 a 40 m²","m³",972.97]
[1207687,"Concreto projetado via úmida fck = 40 MPa aplicado em túneis classe II com seção de 40 a 60 m²","m³",948.97]
[1207686,"Concreto projetado via úmida fck = 40 MPa aplicado em túneis classe II com seção de 60 a 90 m²","m³",930.67]
[1208341,"Concreto projetado via úmida fck = 40 MPa aplicado em túneis classe II com seção superior a 90 m²","m³",911.22]
[1207694,"Concreto projetado via úmida fck = 40 MPa aplicado em túneis classe III com seção de 20 a 40 m²","m³",1026.73]
[1207693,"Concreto projetado via úmida fck = 40 MPa aplicado em túneis classe III com seção de 40 a 60 m²","m³",994.04]
[1207692,"Concreto projetado via úmida fck = 40 MPa aplicado em túneis classe III com seção de 60 a 90 m²","m³",966.56]
[1208349,"Concreto projetado via úmida fck = 40 MPa aplicado em túneis classe III com seção superior a 90 m²","m³",943.91]
[1207660,"Concreto projetado via úmida fck = 40 MPa aplicado em túneis classe IV com seção de 20 a 40 m²","m³",1093.58]
[1207699,"Concreto projetado via úmida fck = 40 MPa aplicado em túneis classe IV com seção de 40 a 60 m²","m³",1046.87]
[1207698,"Concreto projetado via úmida fck = 40 MPa aplicado em túneis classe IV com seção de 60 a 90 m²","m³",1015.09]
[1208357,"Concreto projetado via úmida fck = 40 MPa aplicado em túneis classe IV com seção superior a 90 m²","m³",983.14]
[1207666,"Concreto projetado via úmida fck = 40 MPa aplicado em túneis classe V com seção de 20 a 40 m²","m³",1241.05]
[1207665,"Concreto projetado via úmida fck = 40 MPa aplicado em túneis classe V com seção de 40 a 60 m²","m³",1212.67]
[1207664,"Concreto projetado via úmida fck = 40 MPa aplicado em túneis classe V com seção de 60 a 90 m²","m³",1189.97]
[1208365,"Concreto projetado via úmida fck = 40 MPa aplicado em túneis classe V com seção superior a 90 m²","m³",1155.92]
[1207672,"Concreto projetado via úmida fck = 40 MPa aplicado em túneis classe VI com seção de 20 a 40 m²","m³",1371.9]
[1207671,"Concreto projetado via úmida fck = 40 MPa aplicado em túneis classe VI com seção de 40 a 60 m²","m³",1336.68]
[1207670,"Concreto projetado via úmida fck = 40 MPa aplicado em túneis classe VI com seção de 60 a 90 m²","m³",1283.84]
[1208373,"Concreto projetado via úmida fck = 40 MPa aplicado em túneis classe VI com seção superior a 90 m²","m³",1231.01]
[1400976,"Corte a plasma CNC em chapa com espessura de 6,3 a 10 mm","m",5.74]
[1400970,"Corte a plasma manual em chapa de aço-carbono com espessura de 4 a 8 mm","m",2.13]
[1400971,"Corte a plasma manual em chapa de aço-carbono com espessura de 9 a 25 mm","m",9.33]
[1400972,"Corte a plasma manual em chapa de alumínio com espessura de 1,5 mm","m",2.06]
[1416201,"Corte de barras de aço CA-50 com maçarico oxiacetileno","cm²",0.26]
[1400969,"Corte de cantoneira de alumínio","un",0.14]
[1400975,"Corte de chapa de aço com guilhotina hidráulica","m",4.02]
[1416141,"Corte de chapas de aço com espessura de 12,5 mm com maçarico oxiacetileno","m",4.13]
[1416142,"Corte de chapas de aço com espessura de 16 mm com maçarico oxiacetileno","m",6.44]
[1400973,"Corte de chapas de aço com espessura de 3 mm com maçarico oxiacetileno","m",1.69]
[1400974,"Corte de chapas de aço com espessura de 5 mm com maçarico oxiacetileno","m",2]
[1416139,"Corte de chapas de aço com espessura de 6,3 mm com maçarico oxiacetileno","m",2.24]
[1416202,"Corte de chapas de aço com espessura de 8 mm com maçarico oxiacetileno","m",2.62]
[1416140,"Corte de chapas de aço com espessura de 9,5 mm com maçarico oxiacetileno","m",3.02]
[1419543,"Corte de perfil metálico com máquina policorte com espessura de até 1/8\"","un",0.17]
[1408173,"Corte de perfis metálicos com maçarico oxiacetileno","cm²",0.07]
[1407063,"Corte de trilho TR45 com utilização de equipamento leve","un",7.57]
[1407064,"Corte de trilho TR57 com utilização de equipamento leve","un",7.8]
[1407065,"Corte de trilho TR68 com utilização de equipamento leve","un",7.98]
[1407066,"Corte de trilho UIC60 com utilização de equipamento leve","un",7.86]
[1400977,"Dobramento de chapas metálicas com espessuras de 6,3 a 10 mm","m",3.34]
[1407067,"Furação de trilho TR45 com utilização de equipamento leve","un",2.42]
[1407068,"Furação de trilho TR57 com utilização de equipamento leve","un",2.72]
[1407069,"Furação de trilho TR68 com utilização de equipamento leve","un",2.95]
[1407070,"Furação de trilho UIC60 com utilização de equipamento leve","un",2.81]
[1416257,"Solda com maçarico oxiacetileno de chapas de aço de 12,5 mm","m",316.85]
[1416253,"Solda com maçarico oxiacetileno de chapas de aço de 16 mm","m",744.93]
[1416254,"Solda com maçarico oxiacetileno de chapas de aço de 6,3 mm","m",57.83]
[1416255,"Solda com maçarico oxiacetileno de chapas de aço de 8 mm","m",103.32]
[1416256,"Solda com maçarico oxiacetileno de chapas de aço de 9,5 mm","m",161.68]
[1408028,"Solda elétrica manual de perfis metálicos e chapas de aço com eletrodo E70XX para beneficiamento de aço naval","kg",202.74]
[1408027,"Solda tipo MIG/MAG automatizada","kg",115.64]
[1400978,"Solda tipo MIG/MAG manual","kg",183.52]
[1513941,"Contenção em areia-cimento ensacada com mistura de areia com 8% de cimento - confecção e assentamento","m³",511.43]
[1513940,"Contenção em solo-cimento ensacado com mistura de solo de jazida com 8% de cimento - confecção e assentamento","m³",358.54]
[1505879,"Enrocamento de pedra arrumada manualmente - pedra de mão comercial - fornecimento e assentamento","m³",256.38]
[1505878,"Enrocamento de pedra arrumada manualmente - pedra de mão produzida - confecção e assentamento","m³",173.01]
[1505877,"Enrocamento de pedra espalhada e compactada mecanicamente - pedra de mão comercial - fornecimento e assentamento","m³",154.84]
[1505860,"Enrocamento de pedra jogada - pedra de mão comercial - fornecimento e assentamento","m³",162.92]
[1505859,"Enrocamento de pedra jogada - pedra de mão produzida - confecção e assentamento","m³",93.45]
[1516204,"Fabricação de blocos segmentais de face pré-moldados - C = 40 cm, L = 40 cm e H = 20 cm - massa de 25 kg","un",5.71]
[1516312,"Geocélula em PEAD, paredes perfuradas, soldadas - altura de 100 mm e 1.206 cm² de área de célula - fornecimento e instalação","m²",41.46]
[1516304,"Geocélula em PEAD, paredes perfuradas, soldadas - altura de 100 mm e 289 cm² de área de célula - fornecimento e instalação","m²",53.84]
[1516308,"Geocélula em PEAD, paredes perfuradas, soldadas - altura de 100 mm e 460 cm² de área de célula - fornecimento e instalação","m²",43.97]
[1516313,"Geocélula em PEAD, paredes perfuradas, soldadas - altura de 150 mm e 1.206 cm² de área de célula - fornecimento e instalação","m²",49.4]
[1516305,"Geocélula em PEAD, paredes perfuradas, soldadas - altura de 150 mm e 289 cm² de área de célula - fornecimento e instalação","m²",64.78]
[1516309,"Geocélula em PEAD, paredes perfuradas, soldadas - altura de 150 mm e 460 cm² de área de célula - fornecimento e instalação","m²",52.91]
[1516314,"Geocélula em PEAD, paredes perfuradas, soldadas - altura de 200 mm e 1.206 cm² de área de célula - fornecimento e instalação","m²",58.15]
[1516306,"Geocélula em PEAD, paredes perfuradas, soldadas - altura de 200 mm e 289 cm² de área de célula - fornecimento e instalação","m²",76.76]
[1516310,"Geocélula em PEAD, paredes perfuradas, soldadas - altura de 200 mm e 460 cm² de área de célula - fornecimento e instalação","m²",62.33]
[1516311,"Geocélula em PEAD, paredes perfuradas, soldadas - altura de 75 mm e 1.206 cm² de área de célula - fornecimento e instalação","m²",31.82]
[1516303,"Geocélula em PEAD, paredes perfuradas, soldadas - altura de 75 mm e 289 cm² de área de célula - fornecimento e instalação","m²",42.94]
[1516307,"Geocélula em PEAD, paredes perfuradas, soldadas - altura de 75 mm e 460 cm² de área de célula - fornecimento e instalação","m²",35.5]
[1516298,"Geogrelha unidirecional com resistência à tração de 100 kN/m - fornecimento e instalação","m²",29.92]
[1516299,"Geogrelha unidirecional com resistência à tração de 150 kN/m - fornecimento e instalação","m²",31.97]
[1516300,"Geogrelha unidirecional com resistência à tração de 200 kN/m - fornecimento e instalação","m²",41.77]
[1516301,"Geogrelha unidirecional com resistência à tração de 300 kN/m - fornecimento e instalação","m²",61.44]
[1516302,"Geogrelha unidirecional com resistência à tração de 400 kN/m - fornecimento e instalação","m²",80.99]
[1516296,"Geogrelha unidirecional com resistência à tração de 50 kN/m - fornecimento e instalação","m²",22.65]
[1516297,"Geogrelha unidirecional com resistência à tração de 90 kN/m - fornecimento e instalação","m²",28.94]
[1505847,"Muro em blocos segmentais de face pré-moldados - C = 40 cm, L = 40 cm, e H = 20 cm com altura de 4 a 6 m - confecção e assentamento","m²",174.99]
[1505848,"Muro em blocos segmentais de face pré-moldados - C = 40 cm, L = 40 cm, e H = 20 cm com altura de 6 a 8 m - confecção e assentamento","m²",170.65]
[1505849,"Muro em blocos segmentais de face pré-moldados - C = 40 cm, L = 40 cm, e H = 20 cm com altura de 8 a 10 m - confecção e assentamento","m²",168.24]
[1505930,"Muro em blocos segmentais de face pré-moldados - C = 40 cm, L = 40 cm, e H = 20 cm com altura de até 4 m - confecção e assentamento","m²",197.79]
[1506055,"Pedra argamassada com cimento e areia 1:3 - areia e pedra de mão comercial - fornecimento e assentamento","m³",402.76]
[1506056,"Pedra argamassada com cimento e areia 1:3 - areia extraída e pedra de mão produzida - confecção e assentamento","m³",281.88]
[1513943,"Proteção de taludes rochosos com telas metálicas - resistência longitudinal à tração de 121 kN/m - fornecimento e posicionamento - inclusive cabos de aço, grampos e clipes de junção","m²",181.02]
[1516318,"Tela metálica dobrada em L para muro em solo reforçado - C = 200 cm, L = 40 cm e H = 40 cm - fornecimento e instalação","m²",627.92]
[1516317,"Tela metálica dobrada em L para muro em solo reforçado - C = 200 cm, L = 50 cm e H = 50 cm - fornecimento e instalação","m²",518.88]
[1600965,"Abertura em muro de alvenaria de pedra argamassada com martelete","m³",97.93]
[1600408,"Apicoamento manual de concreto","m²",18.32]
[1600990,"Demolição de concreto armado com martelete e corte oxiacetileno","m³",754.75]
[1600989,"Demolição de concreto simples com martelete","m³",395.45]
[1600438,"Demolição manual de concreto armado","m³",580.24]
[1600436,"Demolição manual de concreto simples","m³",396.71]
[1600895,"Demolição manual de construções provisórias de madeira - sem reaproveitamento","m²",13.83]
[1600897,"Demolição manual de construções provisórias de madeira, sem fechamento lateral e sem pavimentação","m²",3.73]
[1619004,"Demolição mecânica de alvenaria com carregadeira de pneus","m³",7.37]
[1600896,"Demolição mecânica de alvenaria com escavadeira hidráulica","m²",15.64]
[1619003,"Demolição mecânica de concreto armado com escavadeira hidráulica","m³",69.05]
[1619006,"Demolição mecânica de concreto simples com escavadeira hidráulica","m³",49.63]
[1600414,"Fresagem de piso de concreto","m²",1.12]
[1608148,"Perfuração em concreto com coroa diamantada - D = 100 mm","m",272]
[1608021,"Perfuração em concreto com coroa diamantada - D = 16 mm","m",77.6]
[1608024,"Perfuração em concreto com coroa diamantada - D = 20 mm","m",80.76]
[1608026,"Perfuração em concreto com coroa diamantada - D = 25 mm","m",94.98]
[1608142,"Perfuração em concreto com coroa diamantada - D = 32 mm","m",112.55]
[1608143,"Perfuração em concreto com coroa diamantada - D = 38 mm","m",115.96]
[1608144,"Perfuração em concreto com coroa diamantada - D = 44 mm","m",125.54]
[1608145,"Perfuração em concreto com coroa diamantada - D = 50 mm","m",131.07]
[1608146,"Perfuração em concreto com coroa diamantada - D = 63 mm","m",149.13]
[1608147,"Perfuração em concreto com coroa diamantada - D = 75 mm","m",202.44]
[1608019,"Perfuração em concreto com martelete elétrico - D = 10 mm","m",18.83]
[1608020,"Perfuração em concreto com martelete elétrico - D = 13,0 mm","m",29.57]
[1608025,"Perfuração em concreto com martelete elétrico - D = 14 mm","m",36.08]
[1600966,"Remoção de cerca com mourões de concreto","m",0.75]
[1600898,"Remoção de painel publicitário, tipo outdoor, com estrutura e suportes em madeira","m²",11.53]
[1600441,"Remoção de paralelepípedos","m²",3.98]
[1600404,"Remoção de tubos de concreto com diâmetro de 0,40 m a 1,00 m em valas e bueiros","m",9.69]
[1600405,"Remoção de tubos de concreto com diâmetro de 1,20 m a 1,50 m em valas e bueiros","m",10.8]
[1716605,"Derrocagem subaquática de material de 3ª categoria - carga e limpeza - plataforma com clamshell - flutuante e batelão rebocado de 100 t montado na obra - DMT até 200 m","m³",109.28]
[1716610,"Derrocagem subaquática de material de 3ª categoria - carga e limpeza - plataforma com clamshell - flutuante e batelão rebocado de 100 t montado na obra - DMT de 1.000 a 1200 m","m³",113.43]
[1716611,"Derrocagem subaquática de material de 3ª categoria - carga e limpeza - plataforma com clamshell - flutuante e batelão rebocado de 100 t montado na obra - DMT de 1.200 a 1.400 m","m³",113.95]
[1716612,"Derrocagem subaquática de material de 3ª categoria - carga e limpeza - plataforma com clamshell - flutuante e batelão rebocado de 100 t montado na obra - DMT de 1.400 a 1.600 m","m³",114.47]
[1716613,"Derrocagem subaquática de material de 3ª categoria - carga e limpeza - plataforma com clamshell - flutuante e batelão rebocado de 100 t montado na obra - DMT de 1.600 a 1.800 m","m³",114.99]
[1716614,"Derrocagem subaquática de material de 3ª categoria - carga e limpeza - plataforma com clamshell - flutuante e batelão rebocado de 100 t montado na obra - DMT de 1.800 a 2.000 m","m³",116.03]
[1716615,"Derrocagem subaquática de material de 3ª categoria - carga e limpeza - plataforma com clamshell - flutuante e batelão rebocado de 100 t montado na obra - DMT de 2.000 a 2.500 m","m³",117.07]
[1716616,"Derrocagem subaquática de material de 3ª categoria - carga e limpeza - plataforma com clamshell - flutuante e batelão rebocado de 100 t montado na obra - DMT de 2.500 a 3.000 m","m³",118.62]
[1716606,"Derrocagem subaquática de material de 3ª categoria - carga e limpeza - plataforma com clamshell - flutuante e batelão rebocado de 100 t montado na obra - DMT de 200 a 400 m","m³",110.84]
[1716617,"Derrocagem subaquática de material de 3ª categoria - carga e limpeza - plataforma com clamshell - flutuante e batelão rebocado de 100 t montado na obra - DMT de 3.000 m","m³",119.66]
[1716607,"Derrocagem subaquática de material de 3ª categoria - carga e limpeza - plataforma com clamshell - flutuante e batelão rebocado de 100 t montado na obra - DMT de 400 a 600 m","m³",111.36]
[1716608,"Derrocagem subaquática de material de 3ª categoria - carga e limpeza - plataforma com clamshell - flutuante e batelão rebocado de 100 t montado na obra - DMT de 600 a 800 m","m³",112.4]
[1716609,"Derrocagem subaquática de material de 3ª categoria - carga e limpeza - plataforma com clamshell - flutuante e batelão rebocado de 100 t montado na obra - DMT de 800 a 1.000 m","m³",112.91]
[1716604,"Derrocagem subaquática de material de 3ª categoria - carga e limpeza - plataforma com clamshell - flutuante montado na obra - sem transporte","m³",62.38]
[1716623,"Derrocagem subaquática de material de 3ª categoria - carga e limpeza - plataforma flutuante com clamshell - sem transporte","m³",61.13]
[1716624,"Derrocagem subaquática de material de 3ª categoria - carga e limpeza - plataforma flutuante com clamshell e batelão rebocado de 100 t - DMT até 200 m","m³",108.03]
[1716629,"Derrocagem subaquática de material de 3ª categoria - carga e limpeza - plataforma flutuante com clamshell e batelão rebocado de 100 t - DMT de 1.000 a 1.200 m","m³",112.19]
[1716630,"Derrocagem subaquática de material de 3ª categoria - carga e limpeza - plataforma flutuante com clamshell e batelão rebocado de 100 t - DMT de 1.200 a 1.400 m","m³",112.7]
[1716631,"Derrocagem subaquática de material de 3ª categoria - carga e limpeza - plataforma flutuante com clamshell e batelão rebocado de 100 t - DMT de 1.400 a 1.600 m","m³",113.22]
[1716632,"Derrocagem subaquática de material de 3ª categoria - carga e limpeza - plataforma flutuante com clamshell e batelão rebocado de 100 t - DMT de 1.600 a 1.800 m","m³",113.74]
[1716633,"Derrocagem subaquática de material de 3ª categoria - carga e limpeza - plataforma flutuante com clamshell e batelão rebocado de 100 t - DMT de 1.800 a 2.000 m","m³",114.78]
[1716634,"Derrocagem subaquática de material de 3ª categoria - carga e limpeza - plataforma flutuante com clamshell e batelão rebocado de 100 t - DMT de 2.000 a 2.500 m","m³",115.82]
[1716635,"Derrocagem subaquática de material de 3ª categoria - carga e limpeza - plataforma flutuante com clamshell e batelão rebocado de 100 t - DMT de 2.500 a 3.000 m","m³",117.38]
[1716625,"Derrocagem subaquática de material de 3ª categoria - carga e limpeza - plataforma flutuante com clamshell e batelão rebocado de 100 t - DMT de 200 a 400 m","m³",109.59]
[1716636,"Derrocagem subaquática de material de 3ª categoria - carga e limpeza - plataforma flutuante com clamshell e batelão rebocado de 100 t - DMT de 3.000 m","m³",118.41]
[1716626,"Derrocagem subaquática de material de 3ª categoria - carga e limpeza - plataforma flutuante com clamshell e batelão rebocado de 100 t - DMT de 400 a 600 m","m³",110.11]
[1716627,"Derrocagem subaquática de material de 3ª categoria - carga e limpeza - plataforma flutuante com clamshell e batelão rebocado de 100 t - DMT de 600 a 800 m","m³",111.15]
[1716628,"Derrocagem subaquática de material de 3ª categoria - carga e limpeza - plataforma flutuante com clamshell e batelão rebocado de 100 t - DMT de 800 a 1.000 m","m³",111.67]
[1716640,"Derrocagem subaquática de material de 3ª categoria - carga e limpeza com draga backhoe de 7 m³ - sem transporte","m³",30.32]
[1716641,"Derrocagem subaquática de material de 3ª categoria - carga e limpeza com draga backhoe de 7 m³ - transporte com batelão autopropelido de 300 m³ - DMT até 200 m","m³",39.09]
[1716646,"Derrocagem subaquática de material de 3ª categoria - carga e limpeza com draga backhoe de 7 m³ - transporte com batelão autopropelido de 300 m³ - DMT de 1.000 a 1.200 m","m³",39.64]
[1716647,"Derrocagem subaquática de material de 3ª categoria - carga e limpeza com draga backhoe de 7 m³ - transporte com batelão autopropelido de 300 m³ - DMT de 1.200 a 1.400 m","m³",39.7]
[1716648,"Derrocagem subaquática de material de 3ª categoria - carga e limpeza com draga backhoe de 7 m³ - transporte com batelão autopropelido de 300 m³ - DMT de 1.400 a 1.600 m","m³",39.81]
[1716649,"Derrocagem subaquática de material de 3ª categoria - carga e limpeza com draga backhoe de 7 m³ - transporte com batelão autopropelido de 300 m³ - DMT de 1.600 a 1.800 m","m³",39.87]
[1716650,"Derrocagem subaquática de material de 3ª categoria - carga e limpeza com draga backhoe de 7 m³ - transporte com batelão autopropelido de 300 m³ - DMT de 1.800 a 2.000 m","m³",39.98]
[1716651,"Derrocagem subaquática de material de 3ª categoria - carga e limpeza com draga backhoe de 7 m³ - transporte com batelão autopropelido de 300 m³ - DMT de 2.000 a 2.500 m","m³",40.09]
[1716652,"Derrocagem subaquática de material de 3ª categoria - carga e limpeza com draga backhoe de 7 m³ - transporte com batelão autopropelido de 300 m³ - DMT de 2.500 a 3.000 m","m³",40.31]
[1716642,"Derrocagem subaquática de material de 3ª categoria - carga e limpeza com draga backhoe de 7 m³ - transporte com batelão autopropelido de 300 m³ - DMT de 200 a 400 m","m³",39.26]
[1716653,"Derrocagem subaquática de material de 3ª categoria - carga e limpeza com draga backhoe de 7 m³ - transporte com batelão autopropelido de 300 m³ - DMT de 3.000 m","m³",40.47]
[1716643,"Derrocagem subaquática de material de 3ª categoria - carga e limpeza com draga backhoe de 7 m³ - transporte com batelão autopropelido de 300 m³ - DMT de 400 a 600 m","m³",39.37]
[1716644,"Derrocagem subaquática de material de 3ª categoria - carga e limpeza com draga backhoe de 7 m³ - transporte com batelão autopropelido de 300 m³ - DMT de 600 a 800 m","m³",39.48]
[1716645,"Derrocagem subaquática de material de 3ª categoria - carga e limpeza com draga backhoe de 7 m³ - transporte com batelão autopropelido de 300 m³ - DMT de 800 a 1.000 m","m³",39.53]
[1716622,"Derrocagem subaquática de material de 3ª categoria - malha de 1,5 m² - perfuração e detonação - plataforma autoelevatória com três torres de perfuração","m³",88.07]
[1716603,"Derrocagem subaquática de material de 3ª categoria - malha de 1,5 m² - perfuração e detonação - plataforma autoelevatória montada na obra com três torres de perfuração","m³",88.07]
[1716620,"Derrocagem subaquática de material de 3ª categoria - malha de 1,5 m² - perfuração e detonação - plataforma flutuante com duas torres de perfuração","m³",120.02]
[1716621,"Derrocagem subaquática de material de 3ª categoria - malha de 1,5 m² - perfuração e detonação - plataforma flutuante com três torres de perfuração","m³",94.81]
[1716619,"Derrocagem subaquática de material de 3ª categoria - malha de 1,5 m² - perfuração e detonação - plataforma flutuante com uma torre de perfuração","m³",195.72]
[1716601,"Derrocagem subaquática de material de 3ª categoria - malha de 1,5 m² - perfuração e detonação - plataforma montada na obra com duas torres de perfuração","m³",121.69]
[1716602,"Derrocagem subaquática de material de 3ª categoria - malha de 1,5 m² - perfuração e detonação - plataforma montada na obra com três torres de perfuração","m³",95.92]
[1716600,"Derrocagem subaquática de material de 3ª categoria - malha de 1,5 m² - perfuração e detonação - plataforma montada na obra com uma torre de perfuração","m³",199.06]
[1716655,"Derrocagem subaquática de material de 3ª categoria - malha de 2,5 m² - perfuração e detonação - plataforma com duas torres de perfuração","m³",70.81]
[1716639,"Derrocagem subaquática de material de 3ª categoria - malha de 4,0 m² - perfuração e detonação - plataforma com duas torres de perfuração","m³",50.13]
[1801636,"Levantamento batimétrico monofeixe l